{"text_format":"1","workbook":"xlsx","n_sheets":15,"sheets":["Feuil2","generale","NGG","NPG","P","NGG (2)","NPG (2)","T","NGG (3)","NPG (3)","O","NGG (4)","NPG (4)","Feuil1","Feuil3"],"not_rendered":{"charts":0,"images":9,"macros":1,"external_links":4,"defined_names":129,"comments":1,"pivot_tables":0},"unopened":[],"bounds":{"document_bytes":16777216,"sheet_cells":100000,"rows_first":2000,"rows_last":500,"rows_between":2000,"halvings":0,"cell_chars":16384,"cell_head_chars":4096},"cells_cut":0,"cells_raw":0,"read":"whole","date_system":"1900"}

{"sheet":"Feuil2","index":0,"n_rows":33,"n_cols":17,"rows_kept":33,"cut":false,"hidden":false,"merged":[]}
[null,null,null,null,null,null,null,null,null,null,null,null,null,null,null,"GAGNANT","TOUTES "]
[null,null,null,"GAGNANT",null,"TROT",null,null,null,null,null,null,null,null,null,"PLACE","GALOP"]
[null,null,null,null,null,null,null,null,null,null,null,null,null,null,null,null,"TROT"]
[null,null,"numéros","nombre de fois sorties","écart","date dernière sortie","nombre de course","% de réussite",null,null,null,null,null,null,null,null,"HAIES"]
[null,null,1,{"$f":"INDEX(INDIRECT(ong&\"$H$\"&IF(pla,10,5)&\":$AA$\"&IF(pla,10,5)),,C5)","v":105},{"$f":"INDEX(INDIRECT(ong&\"$H$\"&IF(pla,4,3)&\":$AA$\"&IF(pla,4,3)),,C5)","v":5},{"$f":"der_sortie(IF(pla,\"NPG\",\"NGG\")&CHOOSE(MATCH($F$2,typ,0),\"\",\" (2)\",\" (3)\",\" (4)\"),\"$A$6:$A$5006\",\"$H$6:$AA$5006\",C5)","v":"2017-12-12"},{"$f":"INDIRECT(ong&\"$AB$6\")-OFFSET(INDIRECT(ong&\"$G$11\"),0,C5)","v":2332},{"$f":"SUM(D5/G5)","v":4.502572898799314E-2}]
[null,null,2,{"$f":"INDEX(INDIRECT(ong&\"$H$\"&IF(pla,10,5)&\":$AA$\"&IF(pla,10,5)),,C6)","v":130},{"$f":"INDEX(INDIRECT(ong&\"$H$\"&IF(pla,4,3)&\":$AA$\"&IF(pla,4,3)),,C6)","v":9},{"$f":"der_sortie(IF(pla,\"NPG\",\"NGG\")&CHOOSE(MATCH($F$2,typ,0),\"\",\" (2)\",\" (3)\",\" (4)\"),\"$A$6:$A$5006\",\"$H$6:$AA$5006\",C6)","v":"2017-12-06"},{"$f":"INDIRECT(ong&\"$AB$6\")-OFFSET(INDIRECT(ong&\"$G$11\"),0,C6)","v":2344},{"$f":"SUM(D6/G6)","v":5.546075085324232E-2}]
[null,null,3,{"$f":"INDEX(INDIRECT(ong&\"$H$\"&IF(pla,10,5)&\":$AA$\"&IF(pla,10,5)),,C7)","v":140},{"$f":"INDEX(INDIRECT(ong&\"$H$\"&IF(pla,4,3)&\":$AA$\"&IF(pla,4,3)),,C7)","v":30},{"$f":"der_sortie(IF(pla,\"NPG\",\"NGG\")&CHOOSE(MATCH($F$2,typ,0),\"\",\" (2)\",\" (3)\",\" (4)\"),\"$A$6:$A$5006\",\"$H$6:$AA$5006\",C7)","v":"2017-11-06"},{"$f":"INDIRECT(ong&\"$AB$6\")-OFFSET(INDIRECT(ong&\"$G$11\"),0,C7)","v":2354},5.9473237043330504E-2]
[null,null,4,{"$f":"INDEX(INDIRECT(ong&\"$H$\"&IF(pla,10,5)&\":$AA$\"&IF(pla,10,5)),,C8)","v":152},{"$f":"INDEX(INDIRECT(ong&\"$H$\"&IF(pla,4,3)&\":$AA$\"&IF(pla,4,3)),,C8)","v":2},{"$f":"der_sortie(IF(pla,\"NPG\",\"NGG\")&CHOOSE(MATCH($F$2,typ,0),\"\",\" (2)\",\" (3)\",\" (4)\"),\"$A$6:$A$5006\",\"$H$6:$AA$5006\",C8)","v":"2017-12-16"},{"$f":"INDIRECT(ong&\"$AB$6\")-OFFSET(INDIRECT(ong&\"$G$11\"),0,C8)","v":2358},6.4461407972858348E-2]
[null,null,5,{"$f":"INDEX(INDIRECT(ong&\"$H$\"&IF(pla,10,5)&\":$AA$\"&IF(pla,10,5)),,C9)","v":169},{"$f":"INDEX(INDIRECT(ong&\"$H$\"&IF(pla,4,3)&\":$AA$\"&IF(pla,4,3)),,C9)","v":19},{"$f":"der_sortie(IF(pla,\"NPG\",\"NGG\")&CHOOSE(MATCH($F$2,typ,0),\"\",\" (2)\",\" (3)\",\" (4)\"),\"$A$6:$A$5006\",\"$H$6:$AA$5006\",C9)","v":"2017-11-24"},{"$f":"INDIRECT(ong&\"$AB$6\")-OFFSET(INDIRECT(ong&\"$G$11\"),0,C9)","v":2351},7.1884304551254788E-2]
[null,null,6,{"$f":"INDEX(INDIRECT(ong&\"$H$\"&IF(pla,10,5)&\":$AA$\"&IF(pla,10,5)),,C10)","v":164},{"$f":"INDEX(INDIRECT(ong&\"$H$\"&IF(pla,4,3)&\":$AA$\"&IF(pla,4,3)),,C10)","v":3},{"$f":"der_sortie(IF(pla,\"NPG\",\"NGG\")&CHOOSE(MATCH($F$2,typ,0),\"\",\" (2)\",\" (3)\",\" (4)\"),\"$A$6:$A$5006\",\"$H$6:$AA$5006\",C10)","v":"2017-12-15"},{"$f":"INDIRECT(ong&\"$AB$6\")-OFFSET(INDIRECT(ong&\"$G$11\"),0,C10)","v":2349},6.9816943380161769E-2]
[null,null,7,{"$f":"INDEX(INDIRECT(ong&\"$H$\"&IF(pla,10,5)&\":$AA$\"&IF(pla,10,5)),,C11)","v":133},{"$f":"INDEX(INDIRECT(ong&\"$H$\"&IF(pla,4,3)&\":$AA$\"&IF(pla,4,3)),,C11)","v":25},{"$f":"der_sortie(IF(pla,\"NPG\",\"NGG\")&CHOOSE(MATCH($F$2,typ,0),\"\",\" (2)\",\" (3)\",\" (4)\"),\"$A$6:$A$5006\",\"$H$6:$AA$5006\",C11)","v":"2017-12-18"},{"$f":"INDIRECT(ong&\"$AB$6\")-OFFSET(INDIRECT(ong&\"$G$11\"),0,C11)","v":2344},5.6740614334470987E-2]
[null,null,8,{"$f":"INDEX(INDIRECT(ong&\"$H$\"&IF(pla,10,5)&\":$AA$\"&IF(pla,10,5)),,C12)","v":170},{"$f":"INDEX(INDIRECT(ong&\"$H$\"&IF(pla,4,3)&\":$AA$\"&IF(pla,4,3)),,C12)","v":13},{"$f":"der_sortie(IF(pla,\"NPG\",\"NGG\")&CHOOSE(MATCH($F$2,typ,0),\"\",\" (2)\",\" (3)\",\" (4)\"),\"$A$6:$A$5006\",\"$H$6:$AA$5006\",C12)","v":"2017-12-03"},{"$f":"INDIRECT(ong&\"$AB$6\")-OFFSET(INDIRECT(ong&\"$G$11\"),0,C12)","v":2350},7.2340425531914887E-2]
[null,null,9,{"$f":"INDEX(INDIRECT(ong&\"$H$\"&IF(pla,10,5)&\":$AA$\"&IF(pla,10,5)),,C13)","v":148},{"$f":"INDEX(INDIRECT(ong&\"$H$\"&IF(pla,4,3)&\":$AA$\"&IF(pla,4,3)),,C13)","v":7},{"$f":"der_sortie(IF(pla,\"NPG\",\"NGG\")&CHOOSE(MATCH($F$2,typ,0),\"\",\" (2)\",\" (3)\",\" (4)\"),\"$A$6:$A$5006\",\"$H$6:$AA$5006\",C13)","v":"2017-12-08"},{"$f":"INDIRECT(ong&\"$AB$6\")-OFFSET(INDIRECT(ong&\"$G$11\"),0,C13)","v":2342},6.3193851409052093E-2]
[null,null,10,{"$f":"INDEX(INDIRECT(ong&\"$H$\"&IF(pla,10,5)&\":$AA$\"&IF(pla,10,5)),,C14)","v":121},{"$f":"INDEX(INDIRECT(ong&\"$H$\"&IF(pla,4,3)&\":$AA$\"&IF(pla,4,3)),,C14)","v":20},{"$f":"der_sortie(IF(pla,\"NPG\",\"NGG\")&CHOOSE(MATCH($F$2,typ,0),\"\",\" (2)\",\" (3)\",\" (4)\"),\"$A$6:$A$5006\",\"$H$6:$AA$5006\",C14)","v":"2017-11-23"},{"$f":"INDIRECT(ong&\"$AB$6\")-OFFSET(INDIRECT(ong&\"$G$11\"),0,C14)","v":2350},5.1489361702127659E-2]
[null,null,11,{"$f":"INDEX(INDIRECT(ong&\"$H$\"&IF(pla,10,5)&\":$AA$\"&IF(pla,10,5)),,C15)","v":145},{"$f":"INDEX(INDIRECT(ong&\"$H$\"&IF(pla,4,3)&\":$AA$\"&IF(pla,4,3)),,C15)","v":1},{"$f":"der_sortie(IF(pla,\"NPG\",\"NGG\")&CHOOSE(MATCH($F$2,typ,0),\"\",\" (2)\",\" (3)\",\" (4)\"),\"$A$6:$A$5006\",\"$H$6:$AA$5006\",C15)","v":"2017-12-20"},{"$f":"INDIRECT(ong&\"$AB$6\")-OFFSET(INDIRECT(ong&\"$G$11\"),0,C15)","v":2340},6.1965811965811968E-2]
[null,null,12,{"$f":"INDEX(INDIRECT(ong&\"$H$\"&IF(pla,10,5)&\":$AA$\"&IF(pla,10,5)),,C16)","v":121},{"$f":"INDEX(INDIRECT(ong&\"$H$\"&IF(pla,4,3)&\":$AA$\"&IF(pla,4,3)),,C16)","v":26},{"$f":"der_sortie(IF(pla,\"NPG\",\"NGG\")&CHOOSE(MATCH($F$2,typ,0),\"\",\" (2)\",\" (3)\",\" (4)\"),\"$A$6:$A$5006\",\"$H$6:$AA$5006\",C16)","v":"2017-11-11"},{"$f":"INDIRECT(ong&\"$AB$6\")-OFFSET(INDIRECT(ong&\"$G$11\"),0,C16)","v":2346},5.1577152600170505E-2]
[null,null,13,{"$f":"INDEX(INDIRECT(ong&\"$H$\"&IF(pla,10,5)&\":$AA$\"&IF(pla,10,5)),,C17)","v":142},{"$f":"INDEX(INDIRECT(ong&\"$H$\"&IF(pla,4,3)&\":$AA$\"&IF(pla,4,3)),,C17)","v":0},{"$f":"der_sortie(IF(pla,\"NPG\",\"NGG\")&CHOOSE(MATCH($F$2,typ,0),\"\",\" (2)\",\" (3)\",\" (4)\"),\"$A$6:$A$5006\",\"$H$6:$AA$5006\",C17)","v":"2017-12-19"},{"$f":"INDIRECT(ong&\"$AB$6\")-OFFSET(INDIRECT(ong&\"$G$11\"),0,C17)","v":2347},6.0502769492969746E-2]
[null,null,14,{"$f":"INDEX(INDIRECT(ong&\"$H$\"&IF(pla,10,5)&\":$AA$\"&IF(pla,10,5)),,C18)","v":127},{"$f":"INDEX(INDIRECT(ong&\"$H$\"&IF(pla,4,3)&\":$AA$\"&IF(pla,4,3)),,C18)","v":7},{"$f":"der_sortie(IF(pla,\"NPG\",\"NGG\")&CHOOSE(MATCH($F$2,typ,0),\"\",\" (2)\",\" (3)\",\" (4)\"),\"$A$6:$A$5006\",\"$H$6:$AA$5006\",C18)","v":"2017-12-09"},{"$f":"INDIRECT(ong&\"$AB$6\")-OFFSET(INDIRECT(ong&\"$G$11\"),0,C18)","v":2328},5.4553264604810997E-2]
[null,null,15,{"$f":"INDEX(INDIRECT(ong&\"$H$\"&IF(pla,10,5)&\":$AA$\"&IF(pla,10,5)),,C19)","v":144},{"$f":"INDEX(INDIRECT(ong&\"$H$\"&IF(pla,4,3)&\":$AA$\"&IF(pla,4,3)),,C19)","v":4},{"$f":"der_sortie(IF(pla,\"NPG\",\"NGG\")&CHOOSE(MATCH($F$2,typ,0),\"\",\" (2)\",\" (3)\",\" (4)\"),\"$A$6:$A$5006\",\"$H$6:$AA$5006\",C19)","v":"2017-12-13"},{"$f":"INDIRECT(ong&\"$AB$6\")-OFFSET(INDIRECT(ong&\"$G$11\"),0,C19)","v":2214},6.5040650406504072E-2]
[null,null,16,{"$f":"INDEX(INDIRECT(ong&\"$H$\"&IF(pla,10,5)&\":$AA$\"&IF(pla,10,5)),,C20)","v":102},{"$f":"INDEX(INDIRECT(ong&\"$H$\"&IF(pla,4,3)&\":$AA$\"&IF(pla,4,3)),,C20)","v":6},{"$f":"der_sortie(IF(pla,\"NPG\",\"NGG\")&CHOOSE(MATCH($F$2,typ,0),\"\",\" (2)\",\" (3)\",\" (4)\"),\"$A$6:$A$5006\",\"$H$6:$AA$5006\",C20)","v":"2017-12-10"},{"$f":"INDIRECT(ong&\"$AB$6\")-OFFSET(INDIRECT(ong&\"$G$11\"),0,C20)","v":1976},5.1619433198380568E-2]
[null,null,17,{"$f":"INDEX(INDIRECT(ong&\"$H$\"&IF(pla,10,5)&\":$AA$\"&IF(pla,10,5)),,C21)","v":78},{"$f":"INDEX(INDIRECT(ong&\"$H$\"&IF(pla,4,3)&\":$AA$\"&IF(pla,4,3)),,C21)","v":23},{"$f":"der_sortie(IF(pla,\"NPG\",\"NGG\")&CHOOSE(MATCH($F$2,typ,0),\"\",\" (2)\",\" (3)\",\" (4)\"),\"$A$6:$A$5006\",\"$H$6:$AA$5006\",C21)","v":"2017-10-09"},{"$f":"INDIRECT(ong&\"$AB$6\")-OFFSET(INDIRECT(ong&\"$G$11\"),0,C21)","v":1551},5.0290135396518373E-2]
[null,null,18,{"$f":"INDEX(INDIRECT(ong&\"$H$\"&IF(pla,10,5)&\":$AA$\"&IF(pla,10,5)),,C22)","v":69},{"$f":"INDEX(INDIRECT(ong&\"$H$\"&IF(pla,4,3)&\":$AA$\"&IF(pla,4,3)),,C22)","v":4},{"$f":"der_sortie(IF(pla,\"NPG\",\"NGG\")&CHOOSE(MATCH($F$2,typ,0),\"\",\" (2)\",\" (3)\",\" (4)\"),\"$A$6:$A$5006\",\"$H$6:$AA$5006\",C22)","v":"2017-12-05"},{"$f":"INDIRECT(ong&\"$AB$6\")-OFFSET(INDIRECT(ong&\"$G$11\"),0,C22)","v":1365},5.054945054945055E-2]
[null,null,19,{"$f":"INDEX(INDIRECT(ong&\"$H$\"&IF(pla,10,5)&\":$AA$\"&IF(pla,10,5)),,C23)","v":11},{"$f":"INDEX(INDIRECT(ong&\"$H$\"&IF(pla,4,3)&\":$AA$\"&IF(pla,4,3)),,C23)","v":7},{"$f":"der_sortie(IF(pla,\"NPG\",\"NGG\")&CHOOSE(MATCH($F$2,typ,0),\"\",\" (2)\",\" (3)\",\" (4)\"),\"$A$6:$A$5006\",\"$H$6:$AA$5006\",C23)","v":"2013-12-24"},{"$f":"INDIRECT(ong&\"$AB$6\")-OFFSET(INDIRECT(ong&\"$G$11\"),0,C23)","v":331},3.3232628398791542E-2]
[null,null,20,{"$f":"INDEX(INDIRECT(ong&\"$H$\"&IF(pla,10,5)&\":$AA$\"&IF(pla,10,5)),,C24)","v":5},{"$f":"INDEX(INDIRECT(ong&\"$H$\"&IF(pla,4,3)&\":$AA$\"&IF(pla,4,3)),,C24)","v":21},{"$f":"der_sortie(IF(pla,\"NPG\",\"NGG\")&CHOOSE(MATCH($F$2,typ,0),\"\",\" (2)\",\" (3)\",\" (4)\"),\"$A$6:$A$5006\",\"$H$6:$AA$5006\",C24)","v":"2013-01-07"},{"$f":"INDIRECT(ong&\"$AB$6\")-OFFSET(INDIRECT(ong&\"$G$11\"),0,C24)","v":307},1.6286644951140065E-2]
[]
[]
[]
[]
[]
[]
[]
[]
[null,null,null,null,null,null,null,null,null,null," "]

{"sheet":"generale","index":1,"n_rows":6042,"n_cols":254,"rows_kept":2250,"cut":true,"hidden":false,"merged":[[14,1,14,5],[11,5,11,6],[12,5,12,6],[2,4,2,6],[3,4,3,6],[9,5,9,6]],"bounds":{"rows_first":1000,"rows_last":250,"rows_between":1000,"halvings":1}}
[]
[null,null,null,null,null,null,null,1,2,3,4,5,6,7,8,9,10,11,12,13,14,15,16,17,18,19,20,"plat",{"$f":"COUNTIF(G16:G5000,\"P\")","v":1774},null,1,2,3,4,5,6,7,8,9,10,11,12,13,14,15,16,17,18,19,20]
[null,null,null,null,"ecart gagnant",null,null,8,12,43,4,25,5,2,16,10,26,0,37,1,10,7,8,34,4,32,47,"obstacle ",{"$f":"COUNTIF(G16:G5000,\"O\")","v":571},null,{"$f":"SUM(H5:H8)","v":1114},1156,1213,1251,1187,1252,1142,1194,1140,1099,1106,1077,1090,1129,973,862,459,359,51,26,"quarte"]
[null,null,null,null,"ecart place",null,null,5,3,1,4,0,0,2,8,1,16,0,3,1,10,1,5,4,4,4,15,"trot",{"$f":"COUNTIF(G16:G5000,\"T\")","v":2376},null,{"$f":"SUM(H5:H9)","v":1405},1461,1509,1514,1525,1535,1449,1466,1408,1396,1364,1363,1370,1382,1221,1078,576,475,63,40,"quinte",{"$f":"SUM(AE4:AX4)","v":23600}]
[null,null,null,null,null,null,"1er",{"$f":"COUNTIF(H16:H7978,1)","v":265},289,318,319,307,304,271,316,299,261,300,266,243,249,244,220,126,100,17,6,{"$f":"SUM(H5:AA5)","v":4720},{"$f":"SUM(AC2:AC4)","v":4721},null,{"$f":"SUM(H5:H6)","v":563},573,635,641,611,613,558,601,581,526,570,518,509,551,490,437,236,184,30,13,"couple"]
[null,null,null,null,null,null,"2eme",{"$f":"COUNTIF(H16:H7978,2)","v":298},284,317,322,304,309,287,285,282,265,270,252,266,302,246,217,110,84,13,7,{"$f":"SUM(H6:AA6)","v":4720}," "]
[null,null,null,null,null,null,"3eme",{"$f":"COUNTIF(H16:H7978,3)","v":271},285,300,301,299,322,296,303,264,280,279,274,281,296,253,209,112,82,5,8,{"$f":"SUM(H7:AA7)","v":4720}]
[null,null,null,null,null,null,"4eme",{"$f":"COUNTIF(H16:H7978,4)","v":280},298,278,309,277,317,288,290,295,293,257,285,300,282,230,216,111,93,16,5,{"$f":"SUM(H8:AA8)","v":4720}]
[null,null,null,null,null,null,"5eme",{"$f":"COUNTIF(H16:H7978,5)","v":291},305,296,263,338,283,307,272,268,297,258,286,280,253,248,216,117,116,12,14,{"$f":"SUM(H9:AA9)","v":4720}]
[null,null,null,null,null,"TOTAL",null,{"$f":"SUM(H5:H7)","v":834},{"$f":"SUM(I5:I7)","v":858},935,942,910,935,854,904,845,806,849,792,790,847,743,646,348,266,35,21,{"$f":"SUM(H10:Z10)","v":14139}," "]
[null,null,null,null,null,null,null,{"$f":"COUNTIF(H:H INDIRECT(\"16:65536\"),\" \")","v":78},{"$f":"COUNTIF(I:I INDIRECT(\"16:65536\"),\" \")","v":56},{"$f":"COUNTIF(J:J INDIRECT(\"16:65536\"),\" \")","v":63},{"$f":"COUNTIF(K:K INDIRECT(\"16:65536\"),\" \")","v":53},{"$f":"COUNTIF(L:L INDIRECT(\"16:65536\"),\" \")","v":65},{"$f":"COUNTIF(M:M INDIRECT(\"16:65536\"),\" \")","v":58},{"$f":"COUNTIF(N:N INDIRECT(\"16:65536\"),\" \")","v":50},{"$f":"COUNTIF(O:O INDIRECT(\"16:65536\"),\" \")","v":62},{"$f":"COUNTIF(P:P INDIRECT(\"16:65536\"),\" \")","v":67},{"$f":"COUNTIF(Q:Q INDIRECT(\"16:65536\"),\" \")","v":52},{"$f":"COUNTIF(R:R INDIRECT(\"16:65536\"),\" \")","v":58},{"$f":"COUNTIF(S:S INDIRECT(\"16:65536\"),\" \")","v":80},{"$f":"COUNTIF(T:T INDIRECT(\"16:65536\"),\" \")","v":65},{"$f":"COUNTIF(U:U INDIRECT(\"16:65536\"),\" \")","v":92},{"$f":"COUNTIF(V:V INDIRECT(\"16:65536\"),\" \")","v":259},{"$f":"COUNTIF(W:W INDIRECT(\"16:65536\"),\" \")","v":594},{"$f":"COUNTIF(X:X INDIRECT(\"16:65536\"),\" \")","v":1857},{"$f":"COUNTIF(Y:Y INDIRECT(\"16:65536\"),\" \")","v":2225},{"$f":"COUNTIF(Z:Z INDIRECT(\"16:65536\"),\" \")","v":4484},{"$f":"COUNTIF(AA:AA INDIRECT(\"16:65536\"),\" \")","v":4553}]
[null,null,null,null,null,"% gagnant",null,{"$f":"SUM(H5/AB8)","v":5.6144067796610173E-2},{"$f":"SUM(I5/AB8)","v":6.1228813559322033E-2},{"$f":"SUM(J5/AB8)","v":6.737288135593221E-2},{"$f":"SUM(K5/AB8)","v":6.7584745762711868E-2},{"$f":"SUM(L5/AB8)","v":6.5042372881355934E-2},{"$f":"SUM(M5/AB8)","v":6.4406779661016947E-2},{"$f":"SUM(N5/AB8)","v":5.7415254237288132E-2},{"$f":"SUM(O5/AB8)","v":6.6949152542372881E-2},{"$f":"SUM(P5/AB8)","v":6.3347457627118645E-2},{"$f":"SUM(Q5/AB8)","v":5.5296610169491528E-2},{"$f":"SUM(R5/AB8)","v":6.3559322033898302E-2},{"$f":"SUM(S5/AB8)","v":5.635593220338983E-2},{"$f":"SUM(T5/AB8)","v":5.1483050847457627E-2},{"$f":"SUM(U5/AB8)","v":5.2754237288135594E-2},{"$f":"SUM(V5/AB8)","v":5.1694915254237285E-2},{"$f":"SUM(W5/AB8)","v":4.6610169491525424E-2},{"$f":"SUM(X5/AB8)","v":2.6694915254237287E-2},{"$f":"SUM(Y10/AB8)","v":5.635593220338983E-2},{"$f":"SUM(Z10/AB8)","v":7.4152542372881358E-3},{"$f":"SUM(AA10/AB8)","v":4.4491525423728815E-3}]
[null,null,null,null,null,"% placé",null,{"$f":"SUM(H10/AB8)","v":0.17669491525423728},{"$f":"SUM(I10/AB8)","v":0.18177966101694915},{"$f":"SUM(J10/AB8)","v":0.19809322033898305},{"$f":"SUM(K10/AB8)","v":0.19957627118644067},{"$f":"SUM(L10/AB8)","v":0.19279661016949154},{"$f":"SUM(M10/AB8)","v":0.19809322033898305},{"$f":"SUM(N10/AB8)","v":0.18093220338983051},{"$f":"SUM(O10/AB8)","v":0.19152542372881357},{"$f":"SUM(P10/AB8)","v":0.17902542372881355},{"$f":"SUM(Q10/AB8)","v":0.17076271186440678},{"$f":"SUM(R10/AB8)","v":0.17987288135593221},{"$f":"SUM(S10/AB8)","v":0.16779661016949152},{"$f":"SUM(T10/AB8)","v":0.1673728813559322},{"$f":"SUM(U10/AB8)","v":0.17944915254237287},{"$f":"SUM(V10/AB8)","v":0.15741525423728814},{"$f":"SUM(W10/AB8)","v":0.13686440677966102},{"$f":"SUM(X10/AB8)","v":7.3728813559322037E-2},{"$f":"SUM(Y10/AB8)","v":5.635593220338983E-2},{"$f":"SUM(Z10/AB8)","v":7.4152542372881358E-3},{"$f":"SUM(AA10/AB8)","v":4.4491525423728815E-3}]
[]
["dates","ARRIVEES",null,null,null,null,null,1,2,3,4,5,6,7,8,9,10,11,12,13,14,15,16,17,18,19,20,"nombre","hippodromme"]
["2005-01-01",9,2,6,5,17,"T",{"$f":"IF(COUNTIF($B16:$F16,H$15),MATCH(H$15,$B16:$F16,0),REPT(\" \",test))","v":""},2,"","",4,3,"","",1,"",{"$f":"IF(COUNTIF($B16:$F16,R$15),MATCH(R$15,$B16:$F16,0),REPT(\" \",test))","v":""},"","","","","",5," "," "," ",1,"Vincennes"]
["2005-01-02",8,5,7,2,3,"T","",4,5,"",2,"",3,1,"","",""," ","","",""," "," "," "," "," ",{"$f":"SUM(AB16+1)","v":2},"Vincennes",{"$f":"SUM(H17:AA17)","v":15},15,{"$f":"SUM(AD17-AE17)","v":0}]
["2005-01-03",5,13,4,3,10,"O","","",4,3,1,"","","","",5,"","",2,"","",""," "," "," "," ",{"$f":"SUM(AB17+1)","v":3},"Cagnes",{"$f":"SUM(H18:AA18)","v":15},15,{"$f":"SUM(AD18-AE18)","v":0}]
["2005-01-04",4,9,14,3,8,"T"," ","",4,1,"","","",5,2,"","","","",3,"","",""," "," "," ",4,"Vincennes",{"$f":"SUM(H19:AA19)","v":15},15,{"$f":"SUM(AD19-AE19)","v":0}]
["2005-01-05",3,7,6,2,9,"P","",4,1,"","",3,2,"",5,"","","",""," ",""," "," "," "," "," ",5,"Deauville",{"$f":"SUM(H20:AA20)","v":15},16,{"$f":"SUM(AD20-AE20)","v":-1}]
["2005-01-06",10,13,6,16,12,"T","","","","","",3,"","","",1,"",5,2,"","",4," "," "," "," ",6,"Vincennes",15]
["2005-01-07",11,12,2,1,9,"O",4,3,"","",""," ","","",5,"",1,2,"",""," "," "," "," "," "," ",7,"Pau",15]
["2005-01-08",6,11,4,2,18,"T","",4,"",3,"",1,"","","","",2,"","","","","","",5," "," ",8,"Vincennes",15]
["2005-01-09",5,4,9,12,8,"T","","","",2,1,"","",5,3,"","",4,"","","","","",""," "," ",9,"Vincennes",15]
["2005-01-10",9,16,5,14,11,"T","","","","",3,"","","",1,"",5,"","",4,"",2,""," "," "," ",10,"Vincennes",15]
["2005-01-11",19,9,4,12,11,"T",{"$f":"IF(COUNTIF($B26:$F26,H$15),MATCH(H$15,$B26:$F26,0),REPT(\" \",test))","v":""},"","",3,"","","","",2,"",{"$f":"IF(COUNTIF($B26:$F26,R$15),MATCH(R$15,$B26:$F26,0),REPT(\" \",test))","v":5},4,"","",""," ","","",1," ",11,"Vincennes",15]
["2005-01-12",13,5,11,12,15,"O","","","","",2,"","","","","",3,4,1,"",5,"",""," "," "," ",12,"Pau",15]
["2005-01-13",8,13,15,16,5,"T","","","","",5,"","",1,"","",""," ",2,"",3,4,""," "," "," ",13,"Cagnes",15]
["2005-01-14",11,3,5,15,13,"T","","",2,"",3,"","","","","",1,"",5,"",4," "," "," "," "," ",14,"Vincennes",15]
["2005-01-15",15,9,11,10,2,"T","",5," ","","","","","",2,4,3,"","","",1," "," "," "," "," ",15,"Vincennes",15]
["2005-01-16",6,2,3,14,15,"T","",2,3,"","",1,"","","","","","","",4,5," "," "," "," "," ",16,"Vincennes",15]
["2005-01-17",12,13,11,15,9,"T","","","","","","","","",5,"",3,1,2,"",4,"","",""," "," ",17,"Vincennes",15]
["2005-01-18",7,5,9,10,11,"T","","","","",2,"",1,"",3,4,5,"","","","","","",""," "," ",18,"Vincennes"]
["2005-01-19",15,4,13,5,6,"P","","","",2,4,5,"","",""," ","","",3,"",1,"",""," "," "," ",19,"Cagnes",15]
["2005-01-20",1,13,2,12,17,"T",1,3,"","","","","","","","","",4,2,"","","",5," "," "," ",20,"Vincennes",15]
["2005-01-21",1,8,10,13,9,"P",{"$f":"IF(COUNTIF($B36:$F36,H$15),MATCH(H$15,$B36:$F36,0),REPT(\" \",test))","v":1},"","","","","","",2,5,3,{"$f":"IF(COUNTIF($B36:$F36,R$15),MATCH(R$15,$B36:$F36,0),REPT(\" \",test))","v":""},"",4,"","","",""," "," "," ",21,"Cagnes",15]
["2005-01-22",19,11,14,7,15,"T","","","","","","",4,"","","",2,"","",3,5,"","","",1,"",22,"Vincennes",15]
["2005-01-23",19,18,16,13,4,"T","","","",5,"","","","","","","","",4,"","",3,"",2,1," ",23,"Vincennes",15]
["2005-01-24",3,18,4,8,1,"P",5,"",1,3,"","","",4,"","","","","","","","","",2," "," ",24,"Cagnes",15]
["2005-01-25",5,2,11,8,12,"T","",2,"","",1,"","",4,"","",3,5,"","",""," "," "," "," "," ",25,"Vincennes",15]
["2005-01-26",3,6,2,16,17,"P","",3,1,"","",2,"","","","","",""," ","","",4,5," "," "," ",26,"Cagnes",15]
["2005-01-27",3,1,2,13,11,"T",2,3,1,"","","","","","","",5,"",4,"","","","",""," "," ",27,"Vincennes",15]
["2005-01-28",13,5,14,17,8,"T","","","","",2,"","",5,"","","","",1,3,"","",4," "," "," ",28,"Cagnes",15]
["2005-01-29",14,9,2,13,12,"T","",3,"","","","","","",2,"","",5,4,1,""," "," "," "," "," ",29,"Vincennes",15]
["2005-01-30",18,14,12,15,11,"T","","","","","","","","","","",5,3,"",2,4,"","",1," "," ",30,"Vincennes",15]
["2005-01-31",7,1,5,6,10,"T",{"$f":"IF(COUNTIF($B46:$F46,H$15),MATCH(H$15,$B46:$F46,0),REPT(\" \",test))","v":2},"",""," ",3,4,1,"","",5,{"$f":"IF(COUNTIF($B46:$F46,R$15),MATCH(R$15,$B46:$F46,0),REPT(\" \",test))","v":""},""," ","","","","",""," "," ",31,"Vincennes",15]
["2005-02-01",10,9,1,5,17,"T",3,"","","",4,"","","",2,1,"","","","","","",5," "," "," ",32,"Vincennes",15]
["2005-02-02",7,11,1,5,9,"P",3,"","","",4,"",1,"",5,"",2,"","","","","","",""," "," ",33,"Cagnes",15]
["2005-02-03",8,7,2,11,5,"T","",3,"","",5,"",2,1,""," ",4,"","","","",""," "," "," "," ",34,"Vincennes",15]
["2005-02-04",6,14,7,3,16,"O","","",4,"","",1,3,"","","","","","",2,"",5,"",""," "," ",35,"Pau",15]
["2005-02-05",11,18,15,19,6,"T","","","","","",5,"","","","",1,"","","",3,"","",2,4," ",36,"Vincennes",15]
["2005-02-06",3,18,6,5,19,"T","","",1,"",4,3,"","","","","","","","","","","",2,5," ",37,"Vincennes",15]
["2005-02-07",11,15,17,4,5,"T","","","",4,5,"","","","","",1,"","","",2,"",3,""," "," ",38,"Enghien",15]
["2005-02-08",2,1,9,3,16,"T",2,1,4,"","","","","",3,"","","","","","",5,"",""," "," ",39,"Cagnes",15]
["2005-02-09",15,5,7,9,13,"T","","","","",2,"",3,"",4,"","","",5,"",1,"","",""," "," ",40,"Vincennes",15]
["2005-02-10",19,14,13,16,17,"T",{"$f":"IF(COUNTIF($B56:$F56,H$15),MATCH(H$15,$B56:$F56,0),REPT(\" \",test))","v":" "},"","","","","","","","","",{"$f":"IF(COUNTIF($B56:$F56,R$15),MATCH(R$15,$B56:$F56,0),REPT(\" \",test))","v":""},"",3,2,"",4,5,"",1," ",41,"Vincennes",15]
["2005-02-11",14,10,15,8,5,"T","","","","",5,"","",4,"",2,"","","",1,3," "," "," "," "," ",42,"Cagnes",15]
["2005-02-12",20,14,7,18,13,"T","","","","","","",3,"","","","","",5,2,"","","",4,"",1,43,"Vincennes",15]
["2005-02-13",4,7,15,8,9,"T",""," ","",1,"","",2,4,5," ","","",""," ",3," "," "," "," "," ",44,"Vincennes",15]
["2005-02-14",17,16,6,13,4,"T","","","",5,"",3,"","","","","","",4,"","",2,1,""," "," ",45,"Enghien",15]
["2005-02-15",14,15,11,12,17,"P","","","","","","","","","","",3,4,"",1,2,"",5,""," "," ",46,"Cagnes",15]
["2005-02-16",1,5,11,9,8,"T",1,"","","",2,"","",5,4,"",3,"","","","",""," "," "," "," ",47,"Cagnes",15]
["2005-02-17",11,7,2,6,1,"T",5,3,"","","",4,2,"","","",1,"","",""," "," "," "," "," "," ",48,"Vincennes",15]
["2005-02-18",8,15,6,14,12,"T","","","","","",3,"",1,"","","",5,"",4,2,"","",""," "," ",49,"Enghien",15]
["2005-02-19",5,14,2,8,17,"P","",3,"","",1,"","",4,"","","","","",2,"","",5,""," "," ",50,"Cagnes",15]
["2005-02-20",4,2,11,9,8,"T",{"$f":"IF(COUNTIF($B66:$F66,H$15),MATCH(H$15,$B66:$F66,0),REPT(\" \",test))","v":""},2,"",1,"","","",5,4,"",{"$f":"IF(COUNTIF($B66:$F66,R$15),MATCH(R$15,$B66:$F66,0),REPT(\" \",test))","v":3},"","",""," "," "," "," "," "," ",51,"Vincennes",15]
["2005-02-21",4,3,9,8,2,"T","",5,2,1,"","","",4,3,"","","","","",""," "," "," "," "," ",52,"Vincennes",15]
["2005-02-22",10,11,2,13,8,"T","",3,"","","","","",5,"",1,2,"",4,"","",""," "," "," "," ",53,"Vincennes",15]
["2005-02-23",14,16,10,3,6,"P","","",4,"","",5,"","","",3,"","","",1,"",2,"",""," "," ",54,"Cagnes",15]
["2005-02-24",13,2,6,5,15,"T","",2,"","",4,3,"","","","","","",1,"",5," "," "," "," "," ",55,"Vincennes",15]
["2005-02-25",18,16,17,19,9,"T","","","","","","","","",5,"",""," ","","","",2,3,1,4," ",56,"Vincennes",15]
["2005-02-26",18,6,14,7,11,"P","","","","","",2,4,"","","",5,"","",3,"","","",1," "," ",57,"Cagnes",15]
["2005-02-27",9,6,3,8,7,"T","","",3,"","",2,5,4,1,"","","","","",""," "," "," "," "," ",58,"Vincennes",15]
["2005-03-01",3,4,5,2,6,"T","",4,1,2,3,5,"","","","","","",""," "," "," "," "," "," "," ",59,"Cagnes",15]
["2005-03-02",6,5,8,7,4,"T","","","",5,2,1,4,3,"","","","","","","",""," "," "," "," ",60,"Enghien",15]
["2005-03-03",13,11,14,2,7,"T",{"$f":"IF(COUNTIF($B76:$F76,H$15),MATCH(H$15,$B76:$F76,0),REPT(\" \",test))","v":""},4,"","","","",5,"",""," ",{"$f":"IF(COUNTIF($B76:$F76,R$15),MATCH(R$15,$B76:$F76,0),REPT(\" \",test))","v":2}," ",1,3," "," "," "," "," "," ",61,"Vincennes",15]
["2005-03-04",12,6,7,1,2,"T",4,5,"","","",2,3,"","","","",1,"","","",""," "," "," "," ",62,"Cagnes",15]
["2005-03-05",12,2,8,6,7,"T","",2,"","","",4,5,3,"","","",1,"",""," "," "," "," "," "," ",63,"Vincennes",15]
["2005-03-06",15,10,5,2,6,"T","",4,""," ",3,5,"","","",2,"","","","",1," "," "," "," "," ",64,"Agen",15]
["2005-03-07",14,15,12,10,8,"T","","","","","","","",5,"",4,"",3,"",1,2," "," "," "," "," ",65,"Caen",15]
["2005-03-08",1,4,7,14,12,"O",1,"","",2,"","",3,""," ","","",5,"",4,""," "," "," "," "," ",66,"Nantes",15]
["2005-03-09",3,6,13,1,7,"T",4,"",1,"","",2,5,"","","","","",3,""," "," "," "," "," "," ",{"$f":"SUM(AB81+1)","v":67},"Amiens",15]
["2005-03-10",13,5,4,12,16,"P","","","",3,2,"","","","","","",4,1,"","",5,""," "," "," ",68,"Saint Cloud",15]
["2005-03-11",2,7,3,6,5,"P","",1,3,"",5,4,2,""," ","","","","","","","",""," "," "," ",69,"Fontainebleau",{"$f":"SUM(H84:AA84)","v":15}]
["2005-03-12",10,1,12,9,5,"P",2,"","","",5,"","","",4,1,"",3,"","","","","",""," "," ",70,"Saint Cloud",15]
["2005-03-13",6,1,14,10,11,"O",{"$f":"IF(COUNTIF($B86:$F86,H$15),MATCH(H$15,$B86:$F86,0),REPT(\" \",test))","v":2},"","","","",1,"",""," ",4,{"$f":"IF(COUNTIF($B86:$F86,R$15),MATCH(R$15,$B86:$F86,0),REPT(\" \",test))","v":5},"","",3,"","","","",""," ",71,"Auteuil",15]
["2005-03-14",5,18,4,2,12,"P","",4,"",3,1,"","","","","","",5,"","","","","",2," "," ",72,"Compiègne",15]
["2005-03-15",15,13,5,9,11,"P","","","","",3,"","","",4,"",5,"",2,"",1,"","",""," "," ",73,"Maisons-Laffitte",15]
["2005-03-16",1,2,5,4,3,"T",1,2,5,4,3,"","","","","","","","","",""," "," "," "," "," ",74,"Laval",15]
["2005-03-17",11,15,17,7,1,"P",5,"","","","","",4,"","","",1,"","","",2,"",3,""," "," ",75,"Saint Cloud",15]
["2005-03-18",2,7,17,4,14,"P","",1,"",4,"","",2,"","","","","","",5,"","",3,""," "," ",76,"Maisons-Laffitte",15]
["2005-03-19",8,10,6,11,9,"P","","","","","",3,"",1,5,2,4,"","","","",""," "," "," "," ",77,"Saint Cloud",15]
["2005-03-20",8,11,14,10,9,"O","","","","","","","",1,5,4,2,"","",3,"","","",""," "," ",78,"Auteuil",15]
["2005-03-21",4,1,13,8,11,"P",2,"","",1,"","","",4,"","",5,"",3,"","",""," "," "," "," ",79,"Compiègne",15]
["2005-03-22",5,2,8,15,7,"T","",2,"","",1,"",5,3,"","","","","","",4,"","",""," "," ",80,"Vincennes",15]
["2005-03-23",15,14,2,10,7,"T",{"$f":"IF(COUNTIF($B96:$F96,H$15),MATCH(H$15,$B96:$F96,0),REPT(\" \",test))","v":""},3,"","","","",5,"","",4,{"$f":"IF(COUNTIF($B96:$F96,R$15),MATCH(R$15,$B96:$F96,0),REPT(\" \",test))","v":""},"","",2,1," "," "," "," "," ",81,"Agen",15]
["2005-03-24",9,12,4,14,5,"P","","","",3,5,"","","",1,"","",2,"",4,"","","",""," "," ",82,"Longchamp",15]
["2005-03-25",7,15,2,13,11,"P","",3,"","","","",1,"","","",5,"",4,"",2,"",""," "," "," ",83,"Maisons-Laffitte",15]
["2005-03-26",17,16,1,13,3,"T",3,"",5,"","",""," ",""," ","","","",4,"","",2,1,""," "," ",84,"Vincennes",15]
["2005-03-27",1,15,5,4,20,"O",1,"","",4,3,"","","","","","","","","",2,"","","","",5,85,"Auteuil",15]
["2005-03-28",16,12,14,6,7,"P","","","","","",4,5,"","","","",2,"",3,"",1,"",""," "," ",86,"Saint Cloud",15]
["2005-03-29",10,12,18,3,16,"P","","",4,"","","","","","",1,"",2,"","","",5,"",3," "," ",87,"Fontainebleau",15]
["2005-03-30",15,8,14,5,6,"T","","","","",4,5,"",2,"","","","","",3,1,""," "," "," "," ",88,"Marseille Borely",15]
["2005-03-31",13,3,15,16,17,"P","","",2,"","","","","","","","","",1,"",3,4,5,""," "," ",89,"Longchamp",15]
["2005-04-01",1,3,8,7,2,"T",1,5,2,"","","",4,3,"","","","","",""," "," "," "," "," "," ",90,"Vincennes",15]
["2005-04-02",11,4,18,7,10,"O",{"$f":"IF(COUNTIF($B106:$F106,H$15),MATCH(H$15,$B106:$F106,0),REPT(\" \",test))","v":""},"","",2,"","",4," ","",5,{"$f":"IF(COUNTIF($B106:$F106,R$15),MATCH(R$15,$B106:$F106,0),REPT(\" \",test))","v":1},"","","","","","",3," "," ",91,"Auteuil",15]
["2005-04-03",16,3,11,12,9,"P","","",2,"","","","","",5,"",3,4,"","","",1," "," "," "," ",92,"Longchamp",15]
["2005-04-04",16,2,19,15,5,"P","",2,"","",5,"","",""," ","","","","","",4,1,"","",3," ",93,"Saint Cloud",15]
["2005-04-05",5,3,10,17,16,"P","","",2,"",1,"","","","",3,"","","","","",5,4,""," "," ",94,"Maisons-Laffitte",15]
["2005-04-06",4,3,15,14,2,"T","",5,2,1,"","","","",""," ","","","",4,3,""," "," "," "," ",95,"Angers",15]
["2005-04-07",9,4,13,8,15,"P","","","",2,"","","",4,1,"","","",3,"",5,""," "," "," "," ",96,"Longchamp",15]
["2005-04-08",11,14,7,6,5,"O","","","","",5,4,3,"","","",1,"","",2," "," "," "," "," "," ",97,"Auteuil",15]
["2005-04-09",13,7,15,16,12,"T","","","","","","",2,"","","","",5,1,"",3,4,""," "," "," ",98,"Vincennes",15]
["2005-04-10",17,16,9,14,6,"P","","","","","",5,"","",3,"","","","",4,"",2,1,""," "," ",99,"Longchamp",15]
["2005-04-11",17,7,16,2,18,"P","",4,"","","","",2,"","","","","","","","",3,1,5," "," ",100,"Saint Cloud",15]
["2005-04-12",8,5,16,12,18,"O",{"$f":"IF(COUNTIF($B116:$F116,H$15),MATCH(H$15,$B116:$F116,0),REPT(\" \",test))","v":""},"","","",2,"","",1,"","",{"$f":"IF(COUNTIF($B116:$F116,R$15),MATCH(R$15,$B116:$F116,0),REPT(\" \",test))","v":""},4,""," ","",3,"",5," "," ",101,"Auteuil",15]
["2005-04-13",16,12,8,15,9,"T","","","","","","","",3,5,"","",2,"","",4,1,""," "," "," ",102,"Saint Galmier",15]
["2005-04-14",1,20,4,13,7,"O",1,"","",3,"","",5,"","","","","",4,"","","","","","",2,103,"Enghien",15]
["2005-04-15",3,13,11,2,10,"P","",4,1,"","","","","","",5,3,"",2,"","","","",""," "," ",104,"Longchamp",15]
["2005-04-16",11,12,15,4,2,"T","",5,"",4,"","","","","","",1,2,"","",3," "," "," "," "," ",105,"Vincennes",15]
["2005-04-17",15,16,5,19,14,"O","","",""," ",3,"","","","","","","","",5,1,2,""," ",4," ",106,"Auteuil",15]
["2005-04-18",5,7,6,13,10,"P","","","","",1,3,2,"","",5,"","",4,"","",""," "," "," "," ",107,"Compiègne",15]
["2005-04-19",14,15,12,8,18,"P","","","","","","","",4,"","","",3,"",1,2,"","",5," "," ",108,"Saint Cloud",15]
["2005-04-20",5,9,4,7,13,"T","","","",3,1,"",4,"",2,"","","",5,"","","","",""," "," ",109,"Cordemais",15]
["2005-04-22",5,14,13,6,10,"T","","","","",1,4,"","","",5,"","",3,2,"",""," "," "," "," ",110,"Vincennes",15]
["2005-04-23",5,3,1,4,15,"T",{"$f":"IF(COUNTIF($B126:$F126,H$15),MATCH(H$15,$B126:$F126,0),REPT(\" \",test))","v":3},"",2,4,1,"","","","","",{"$f":"IF(COUNTIF($B126:$F126,R$15),MATCH(R$15,$B126:$F126,0),REPT(\" \",test))","v":""},"","","",5,""," "," "," "," ",111,"Enghien",15]
["2005-04-24",8,18,13,14,6,"P","","","","","",5,"",1,"","","","",3,4,"","","",2," "," ",112,"Longchamp",15]
["2005-04-25",11,8,9,6,16,"P","","","","","",4,"",2,3,"",1,"","","","",5,"",""," "," ",113,"Chantilly",15]
["2005-04-26",10,11,3,14,9,"T",""," ",3,"","","","","",5,1,2," ","",4,""," "," "," "," "," ",114,"Vincennes",15]
["2005-04-27",10,13,14,8,5,"T","","","","",5,"","",4,"",1,"","",2,3,""," "," "," "," "," ",115,"Toulouse",15]
["2005-04-28",4,10,3,1,12,"P",4,"",3,1,"","","","","",2,"",5,"","","","","",""," "," ",116,"Longchamp",15]
["2005-04-29",8,3,14,13,6,"T","","",2,"","",5,"",1,"","","","",4,3,""," "," "," "," "," ",117,"Vincennes",15]
["2005-04-30",9,17,11,4,16,"P","","","",4,"","","","",1,"",3,"","","","",5,2,""," "," ",118,"Longchamp",15]
["2005-05-01",17,6,13,15,2,"P","",5,"","","",2,"","","","","","",3,"",4,"",1,"","","",119,"Saint Cloud",15]
["2005-05-02",14,12,13,8,3,"T","","",5,"","","","",4,"","","",2,3,1,""," "," "," "," "," ",120,"Enghien",15]
["2005-05-03",4,14,9,5,17,"O",{"$f":"IF(COUNTIF($B136:$F136,H$15),MATCH(H$15,$B136:$F136,0),REPT(\" \",test))","v":""},"","",1,4,"","","",3,"",{"$f":"IF(COUNTIF($B136:$F136,R$15),MATCH(R$15,$B136:$F136,0),REPT(\" \",test))","v":""},"","",2,"","",5,"","","",121,"Auteuil",15]
["2005-05-04",13,9,10,14,5,"T","","","","",5,"","","",2,3,"","",1,4," "," "," "," "," "," ",122,"Lyon Parilly",15]
["2005-05-05",16,8,4,17,18,"P","","","",3,"","","",2,"","","","","","","",1,4,5," "," ",123,"Lyon Parilly",15]
["2005-05-06",9,12,16,1,7,"P",4,"","","","","",5,"",1,"","",2," ","","",3,""," "," "," ",124,"Lyon Parilly",15]
["2005-05-07",17,3,10,8,5,"T","","",2,"",5,"","",4,"",3,"","","","","","",1,""," "," ",125,"Vincennes",15]
["2005-05-08",14,15,11,10,18,"O","","","","","","","","","",4,3,"","",1,2,"","",5,"","",126,"Auteuil",15]
["2005-05-09",7,4,10,15,16,"P","",""," ",2,"","",1,"","",3,"","","","",4,5,""," "," "," ",127,"Longchamp",15]
["2005-05-10",13,18,9,2,3,"T","",4,5," ","","","","",3,"","","",1,"","","","",2,"","",128,"Vincennes",15]
["2005-05-11",11,4,10,14,3,"T","","",5,2,"","","","","",3,1,"","",4,"",""," "," "," "," ",129,"Beaumont",15]
["2005-05-12",15,12,5,8,1,"P",5,"","","",3,"","",4,"","","",2," ","",1,"","",""," "," ",130,"Longchamp",15]
["2005-05-13",11,7,10,16,17,"O",{"$f":"IF(COUNTIF($B146:$F146,H$15),MATCH(H$15,$B146:$F146,0),REPT(\" \",test))","v":""},""," ","","","",2,"","",3,{"$f":"IF(COUNTIF($B146:$F146,R$15),MATCH(R$15,$B146:$F146,0),REPT(\" \",test))","v":1},"","","","",4,5,""," "," ",{"$f":"SUM(AB145+1)","v":131},"Auteuil",15]
["2005-05-14",10,9,8,2,12,"T","",4,"","","","","",3,2,1,"",5,"",""," "," "," "," "," "," ",132,"Vincennes",15]
["2005-05-15",11,15,7,5,4,"P","",""," ",5,4,"",3,"","","",1,"","","",2,""," "," "," "," ",133,"Longchamp",{"$f":"SUM(H148:AA148)","v":15}]
["2005-05-16",3,10,9,16,14,"P","","",1,"","","","","",3,2,"","","",5,"",4,""," "," "," ",134,"Saint Cloud",15]
["2005-05-17",13,17,18,5,6,"T","","","","",4,5,"","","","",""," ",1,"","","",2,3,"","",135,"Vincennes",15]
["2005-05-18",3,15,2,13,10,"T","",3,1,"","","","","","",5,"","",4,"",2,"","",""," "," ",136,"Caen",15]
["2005-05-19",2,3,18,15,12,"P","",1,2,"","","","","","","","",5,"","",4,"","",3," "," ",137,"Longchamp",15]
["2005-05-20",5,7,6,4,12,"O","","","",4,1,3,2,"","","","",5,"","",""," "," "," "," "," ",138,"Auteuil",15]
["2005-05-21",4,11,2,13,6,"P","",3,"",1,"",5,"","","","",2,"",4,"","","","",""," "," ",139,"Maisons-Laffitte",15]
["2005-05-22",12,6,1,17,10,"P",3,"","","","",2,"","","",5,"",1,"","","","",4,""," "," ",140,"Longchamp",15]
["2005-05-23",9,14,15,7,8,"P",{"$f":"IF(COUNTIF($B156:$F156,H$15),MATCH(H$15,$B156:$F156,0),REPT(\" \",test))","v":""},"","","","","",4,5,1,"",{"$f":"IF(COUNTIF($B156:$F156,R$15),MATCH(R$15,$B156:$F156,0),REPT(\" \",test))","v":""},"","",2,3,"","",""," "," ",141,"Chantilly",15]
["2005-05-24",10,3,8,9,1,"T",5,"",2,"","","","",3,4,1,"","","","","","",""," "," "," ",142,"Vincennes",15]
["2005-05-25",15,14,3,2,7,"T","",4,3,"","","",5,"","","","","","",2,1,"","",""," "," ",143,"Le Croisé Laroche",15]
["2005-05-26",3,17,8,18,7,"P","","",1,"","","",5,3,"","","","","","","","",2,4," "," ",144,"Longchamp",15]
["2005-05-27",15,8,16,17,10,"T","","","","","","","",2,"",5,"","","","",1,3,4,""," "," ",145,"Vincennes",15]
["2005-05-28",12,15,3,7,14,"T","","",3,""," ","",4,"","","","",1,"",5,2," "," "," "," "," ",146,"Enghien",15]
["2005-05-29",15,18,8,9,5,"O","","","","",5,""," ",3,4,"","","","","",1,"","",2," "," ",147,"Auteuil",15]
["2005-05-30",9,10,11,6,4,"T","","","",5,"",4,"","",1,2,3,"","",""," "," "," "," "," "," ",148,"Vichy",15]
["2005-05-31",8,7,9,2,3,"T","",4,5,"",""," ",2,1,3,"","","","",""," "," "," "," "," "," ",149,"Vincennes",15]
["2005-06-01",3,8,7,14,5,"P","","",1,"",5,"",3,2,"","","","","",4,"","","",""," "," ",150,"Longchamp",15]
["2005-06-02",1,9,18,10,2,"P",{"$f":"IF(COUNTIF($B166:$F166,H$15),MATCH(H$15,$B166:$F166,0),REPT(\" \",test))","v":1},5,"","",""," ","","",2,4,{"$f":"IF(COUNTIF($B166:$F166,R$15),MATCH(R$15,$B166:$F166,0),REPT(\" \",test))","v":""}," ","","","","","",3," "," ",151,"Saint Cloud",15]
["2005-06-03",17,13,10,9,11,"T","",""," ","","","","","",4,3,5,"",2,"","","",1," "," "," ",152,"Vincennes",15]
["2005-06-04",17,13,4,12,6,"P","","","",3,"",5,"","","","","",4,2,"","","",1,""," "," ",153,"Chantilly",15]
["2005-06-05",8,6,16,1,3,"P",4,"",5,"","",2,"",1,"","","","","","","",3,""," "," "," ",154,"Chantilly",15]
["2005-06-06",7,3,2,9,10,"T","",3,2,"","","",1,"",4,5,"","","","",""," "," "," "," "," ",155,"Vichy",15]
["2005-06-07",1,16,14,17,5,"O",1,"","","",5,"","","","","","","","",3,"",2,4," "," "," ",156,"Auteuil",15]
["2005-06-08",12,17,9,6,13,"T","","","","","",4,"","",3,"","",1,5,"","","",2,""," "," ",157,"Laval",15]
["2005-06-09",15,7,4,3,8,"P","","",4,3,"","",2,5,"","","","","","",1,""," "," "," "," ",158,"Longchamp",15]
["2005-06-10",4,9,2,16,13,"P","",3,"",1,"","","","",2,"","","",5,"","",4," "," "," "," ",159,"Compiègne",15]
["2005-06-11",14,3,13,2,15,"T","",4,2,"","","","","","","","","",3,1,5,"","",""," "," ",160,"Vincennes",15]
["2005-06-12",11,6,2,13,7,"P",{"$f":"IF(COUNTIF($B176:$F176,H$15),MATCH(H$15,$B176:$F176,0),REPT(\" \",test))","v":""},3,"","","",2,5,"","","",{"$f":"IF(COUNTIF($B176:$F176,R$15),MATCH(R$15,$B176:$F176,0),REPT(\" \",test))","v":1},"",4,"","","","",""," "," ",161,"Chantilly",15]
["2005-06-13",1,3,5,6,18,"P",1," ",2,"",3,4,"","","","","","","","","","","",5," "," ",162,"Saint Cloud",15]
["2005-06-14",8,13,10,11,2,"T","",5,"","","","","",1,"",3,4,"",2," ","",""," "," "," "," ",163,"Vincennes",15]
["2005-06-15",15,9,3,6,1,"P",5,"",3,"","",4,"","",2,"","","","","",1," "," "," "," "," ",164,"Strasbourg",15]
["2005-06-16",9,8,10,5,1,"P",5,"","","",4,"","",2,1,3,"","","","","","","","","","",165,"Longchamp",15]
["2005-06-17",8,11,9,1,10,"T",4,"","","","","","",1,3,5,2,"","",""," "," "," "," "," "," ",166,"Vincennes",15]
["2005-06-18",1,2,4,7,3,"O",1,2,5,3,"","",4," ","","","","",""," ","",""," "," "," "," ",167,"Auteuil",15]
["2005-06-19",8,6,1,9,7,"T",3,"","","","",2,5,1,4,"","",""," ",""," "," "," "," "," "," ",168,"Vincennes",15]
["2005-06-20",7,2,9,10,6,"T","",2," ","","",5,1,"",3,4,"","","","",""," "," "," "," "," ",169,"Vichy",15]
["2005-06-21",1,16,17,3,5,"P",1,"",4,"",5,"","","",""," ","","","","","",2,3,""," "," ",170,"Longchamp",15]
["2005-06-22",14,1,5,2,12,"T",{"$f":"IF(COUNTIF($B186:$F186,H$15),MATCH(H$15,$B186:$F186,0),REPT(\" \",test))","v":2},4,"","",3,"","","","","",{"$f":"IF(COUNTIF($B186:$F186,R$15),MATCH(R$15,$B186:$F186,0),REPT(\" \",test))","v":""},5,"",1,"","",""," "," "," ",171,"Reims",15]
["2005-06-23",9,11,14,10,6,"P","","","","","",5,"","",1,4,2,"","",3,"",""," "," "," "," ",172,"Chantilly",15]
["2005-06-24",16,2,8,12,14,"O","",2,"","","","","",3," "," ","",4," ",5,"",1,""," "," "," ",173,"Auteuil",15]
["2005-06-25",11,14,3,12,4,"T","","",3,5,"","","","","","",1,4,"",2," "," "," "," "," "," ",174,"Enghien",15]
["2005-06-26",3,7,2,17,11,"P","",3,1,"","","",2,"","","",5," ","","","","",4,""," "," ",175,"Saint Cloud",15]
["2005-06-27",16,9,13,12,15,"P","","","","","","","","",2,"","",4,3,"",5,1,"",""," "," ",176,"Longchamp",15]
["2005-06-28",1,15,2,7,4,"T",1,3,"",5,"","",4,"","","","","","","",2," "," "," "," "," ",177,"Vincennes",15]
["2005-06-29",12,11,14,13,4,"P",""," ","",5,"","","","","","",2,1,4,3,"","",""," "," "," ",178,"Compiègne",15]
["2005-06-30",4,14,13,6,9,"T","","","",1,"",4,"","",5,"","","",3,2," "," "," "," "," "," ",179,"Enghien",15]
["2005-07-01",1,18,10,11,14,"T",1,"","","","","","","","",3,4,"","",5,"","","",2," "," ",180,"Vincennes",15]
["2005-07-02",8,1,3,7,2,"P",{"$f":"IF(COUNTIF($B196:$F196,H$15),MATCH(H$15,$B196:$F196,0),REPT(\" \",test))","v":2},5,3,"","","",4,1,"","",{"$f":"IF(COUNTIF($B196:$F196,R$15),MATCH(R$15,$B196:$F196,0),REPT(\" \",test))","v":""},"","",""," "," "," "," "," "," ",181,"Nantes",15]
["2005-07-03",12,4,3,5,7,"P","","",3,2,4,"",5,"","","","",1,"",""," "," "," "," "," "," ",182,"Chantilly",15]
["2005-07-04",15,16,10,1,9,"O",4,"","","","","","","",5,3,""," ","","",1,2," "," "," "," ",183,"Dieppe",15]
["2005-07-05",3,4,5,6,16,"P","","",1,2,3,4,"","","","","","","","","",5,"","","","",184,"Deauville",15]
["2005-07-06",15,5,6,3,12,"T","","",4,"",2,3,"","","","","",5,"","",1,""," "," "," "," ",185,"Vichy",15]
["2005-07-07",6,5,17,4,3,"T","","",5,4,2,1,"","","","","","","","","","",3,""," "," ",186,"Enghien",15]
["2005-07-08",8,12,4,13,1,"T",5,"","",3,"","","",1,"","","",2,4,"","",""," "," "," "," ",187,"Cabourg",15]
["2005-07-09",13,7,8,3,10,"T","","",4,"","","",2,3,"",5,"","",1," "," "," "," "," "," "," ",188,"Enghien",15]
["2005-07-10",15,6,9,8,17,"P","","","","","",2,"",4,3,"","","","","",1,"",5,""," "," ",189,"Maisons-Laffitte",15]
["2005-07-11",3,13,7,4,12,"P","","",1,4,"","",3,"","","","",5,2,"","","","",""," "," ",190,"Chantilly",15]
["2005-07-12",8,17,15,10,6,"O",{"$f":"IF(COUNTIF($B206:$F206,H$15),MATCH(H$15,$B206:$F206,0),REPT(\" \",test))","v":""},"","","","",5,"",1,"",4,{"$f":"IF(COUNTIF($B206:$F206,R$15),MATCH(R$15,$B206:$F206,0),REPT(\" \",test))","v":""},"","","",3,"",2,""," "," ",191,"Deauville Clairefontaine",15]
["2005-07-13",7,2,12,14,11,"T","",2,"","","","",1,"","","",5,3,"",4,"",""," "," "," "," ",192,"Enghien",15]
["2005-07-14",4,3,8,14,10,"P","","",2,1,"","","",3,"",5,"","","",4,""," "," "," "," "," ",193,"Longchamp",15]
["2005-07-15",1,8,10,5,3,"T",1,"",5,"",4,"","",2,"",3,"","","","",""," "," "," "," "," ",194,"Cabourg",15]
["2005-07-16",3,12,4,9,1,"P",5,"",1,3,"","","","",4,""," ",2,"","","","","",""," "," ",{"$f":"SUM(AB209+1)","v":195},"Maisons-Laffitte",15]
["2005-07-17",4,11,8,1,3,"T",4,"",5,1,"","","",3,"","",2,"","","",""," "," "," "," "," ",196,"Enghien",15]
["2005-07-18",15,9,17,7,12,"P","","","","","","",4,"",2,"","",5,"","",1,"",3,""," "," ",197,"Vichy",{"$f":"SUM(H212:AA212)","v":15}]
["2005-07-19",13,1,9,16,11,"T",2,"","","","","","","",3,"",5,"",1,"","",4," "," "," "," ",198,"Cabourg",15]
["2005-07-20",3,12,17,6,15,"T","","",1,"","",4,"","","","","",2,"","",5,"",3,""," "," ",199,"Chateaubriant",15]
["2005-07-21",1,4,5,10,13,"P",1,"","",2,3,"","","","",4," ","",5," "," "," "," "," "," "," ",200,"Vichy",15]
["2005-07-22",10,1,16,15,5,"P",{"$f":"IF(COUNTIF($B216:$F216,H$15),MATCH(H$15,$B216:$F216,0),REPT(\" \",test))","v":2},"","","",5,"","","","",1,{"$f":"IF(COUNTIF($B216:$F216,R$15),MATCH(R$15,$B216:$F216,0),REPT(\" \",test))","v":""},"","","",4,3,"",""," "," ",201,"Vichy",15]
["2005-07-23",5,10,2,8,7,"T"," ",3,"","",1,"",5,4,"",2,"","","","",""," "," "," "," "," ",202,"Enghien",15]
["2005-07-24",15,1,3,8,7,"P",2,"",3,"","","",5,4,"","","","","","",1,"","",""," "," ",203,"Maisons-Laffitte",15]
["2005-07-25",9,5,14,13,18,"P","","","","",2," ","","",1,"","","",4,3,"","","",5," "," ",204,"Chantilly",15]
["2005-07-26",2,6,9,11,3,"T","",1,5,"","",2,"","",3,"",4,"","",""," "," "," "," "," "," ",205,"Cabourg",15]
["2005-07-27",6,11,16,9,10,"P","","","","","",1,"","",4,5,2,"","","","",3,"",""," "," ",206,"Chateaubriant",15]
["2005-07-28",9,14,11,18,7,"T","","","","","","",5,"",1,"",3,"","",2,"","","",4," "," ",207,"Enghien",15]
["2005-07-29",6,8,18,3,11,"P","","",4,"","",1,"",2,"","",5,"","","","","","",3," "," ",208,"Compiègne",15]
["2005-07-30",7,18,17,6,10,"P","","","","","",4,1,"","",5,"","","","","","",3,2," "," ",209,"Deauville",15]
["2005-07-31",14,1,12,13,15,"T",2,"","","","","","","","","","",3,4,1,5,""," "," "," "," ",210,"Enghien",15]
["2005-08-01",8,5,3,15,1,"P",{"$f":"IF(COUNTIF($B226:$F226,H$15),MATCH(H$15,$B226:$F226,0),REPT(\" \",test))","v":5},"",3,"",2,"","",1,"","",{"$f":"IF(COUNTIF($B226:$F226,R$15),MATCH(R$15,$B226:$F226,0),REPT(\" \",test))","v":""},"","","",4,"",""," "," "," ",211,"Deauville Clairefontaine",15]
["2005-08-02",12,3,10,9,7,"P","","",2,"","","",5,"",4,3,"",1,"","","","",""," "," "," ",212,"Deauville",15]
["2005-08-03",9,8,15,6,4,"T","","","",5,"",4,"",2,1,"","","","","",3,"",""," "," "," ",213,"Saint Malo",15]
["2005-08-04",8,10,6,13,2,"T","",5,"","","",3,"",1,"",2,"","",4,""," "," "," "," "," "," ",214,"Enghien",15]
["2005-08-05",12,7,9,2,11,"T","",4,"","","","",2,"",3,"",5,1,"","","",""," "," "," "," ",215,"Cabourg",15]
["2005-08-06",15,2,3,11,10,"P","",2,3,"","","","","","",5,4,"","","",1,"","",""," "," ",216,"Deauville",15]
["2005-08-07",2,13,3,1,9,"P",4,1,3,"","","","","",5,"","","",2,"",""," "," "," "," "," ",217,"Deauville",15]
["2005-08-08",3,11,13,17,15,"P","","",1,"","",""," ","","","",2,"",3,"",5,"",4,""," "," ",218,"Deauville Clairefontaine",15]
["2005-08-09",3,8,14,6,5,"T","","",1,"",5,4,"",2,"","","","","",3,"",""," "," "," "," ",219,"Cabourg",15]
["2005-08-10",2,16,13,7,4,"P","",1,"",5,"","",4,"","","","","",3,"","",2,"",""," "," ",220,"Deauville",15]
["2005-08-11",16,7,4,2,6,"T",{"$f":"IF(COUNTIF($B236:$F236,H$15),MATCH(H$15,$B236:$F236,0),REPT(\" \",test))","v":""},4,"",3,"",5,2,""," ","",{"$f":"IF(COUNTIF($B236:$F236,R$15),MATCH(R$15,$B236:$F236,0),REPT(\" \",test))","v":""},"","","","",1,""," "," "," ",221,"Enghien",15]
["2005-08-12",6,3,15,7,17,"O","","",2,"","",1,4,"","","","","","","",3,"",5,""," "," ",222,"Deauville Clairefontaine",15]
["2005-08-13",11,9,10,1,6,"P",4,"","","","",5,"","",2,3,1,"","","","","","",""," "," ",223,"Deauville",15]
["2005-08-14",7,10,16,3,8,"P","","",4,"","","",1,5,"",2,"","","","","",3,"",""," "," ",224,"Deauville",15]
["2005-08-15",8,12,14,5,10,"P","","","","",4,"","",1,"",5,"",2,"",3,"","",""," "," "," ",225,"Deauville",15]
["2005-08-16",5,6,8,7,14,"T","","","","",1,2,4,3,"","","","","",5,""," "," "," "," "," ",226,"Cabourg",15]
["2005-08-17",17,7,8,11,14,"P","",""," ","","","",2,3,"","",4,"","",5,"","",1,""," "," ",227,"Deauville",15]
["2005-08-18",2,10,11,1,14,"T",4,1,"","","","","","","",2,3,"","",5,""," "," "," "," "," ",228,"Enghien",15]
["2005-08-19",4,11,15,5,14,"P","","","",1,4,"","","","","",2,"","",5,3,"","",""," "," ",229,"Deauville Clairefontaine",15]
["2005-08-20",12,8,13,1,4,"P",4,"","",5,"","","",2,"","","",1,3,"",""," "," "," "," "," ",230,"Deauville",15]
["2005-08-21",16,17,18,9,20,"P",{"$f":"IF(COUNTIF($B246:$F246,H$15),MATCH(H$15,$B246:$F246,0),REPT(\" \",test))","v":""},"","","","","","","",4,"",{"$f":"IF(COUNTIF($B246:$F246,R$15),MATCH(R$15,$B246:$F246,0),REPT(\" \",test))","v":""},"","","","",1,2,3,"",5,231,"Deauville",15]
["2005-08-22",15,4,8,6,12,"T","","","",2,"",4," ",3,"","","",5,"","",1,""," "," "," "," ",232,"Vincennes",15]
["2005-08-23",14,4,16,6,3,"P","","",5,2,"",4,"","","","","","","",1,"",3,"","","","",233,"Deauville",15]
["2005-08-24",9,15,7,8,3,"T","","",5,"","","",3,4,1,"","","","","",2,""," "," "," "," ",234,"Vincennes",15]
["2005-08-25",2,9,15,10,3,"O","",1,5,"","","","","",2,4,"","","","",3," ","",""," "," ",235,"Deauville Clairefontaine",15]
["2005-08-26",2,14,5,7,13,"P","",1,"","",3,"",4," "," ","","","",5,2,""," "," "," "," "," ",236,"Deauville",15]
["2005-08-27",8,10,15,4,11,"T","","","",4,"","","",1,"",2,5,"","","",3,"",""," "," "," ",237,"Vincennes",15]
["2005-08-28",4,7,3,5,6,"P","","",3,1,4,5,2,"","","","","","","","","",""," "," "," ",238,"Deauville",15]
["2005-08-29",8,18,9,5,7,"T","","","","",4,"",5,1,3,"","","","","","","","",2," "," ",239,"Vincennes",15]
["2005-08-30",17,9,12,15,18,"P","","","","","","","","",2,"","",3,"","",4,"",1,5," "," ",240,"Chantilly",15]
["2005-08-31",17,19,1,5,6,"T",{"$f":"IF(COUNTIF($B256:$F256,H$15),MATCH(H$15,$B256:$F256,0),REPT(\" \",test))","v":3},"","","",4,5,"","","","",{"$f":"IF(COUNTIF($B256:$F256,R$15),MATCH(R$15,$B256:$F256,0),REPT(\" \",test))","v":""},"","","","","",1,"",2,"",241,"Vincennes",15]
["2005-09-01",10,18,14,5,13,"T","","","","",4,"","","","",1,"","",5,3,"","","",2,"","",242,"Vincennes",15]
["2005-09-02",4,12,11,14,10,"T","","","",1,"","","","","",5,3,2,"",4,""," "," "," "," "," ",243,"Vincennes",15]
["2005-09-03",14,17,8,16,12,"T","","","",""," ","","",3,"","","",5,"",1,"",4,2," "," "," ",244,"Vincennes",15]
["2005-09-04",6,10,5,9,1,"P",5,"","","",3,1,"","",4,2,"","","","","","",""," "," "," ",245,"Longchamp",15]
["2005-09-05",4,7,12,13,1,"P",5,"","",1,"","",2,"","","","",3,4,"","",""," "," "," "," ",246,"Craon",15]
["2005-09-06",7,12,9,6,2,"O","",5,"","","",4,1,"",3,"","",2,"","","","","",""," "," ",247,"Auteuil",15]
["2005-09-07",13,3,6,1,5,"T",4,"",2,"",5,3,"","","","","","",1,"","",""," "," "," "," ",248,"Marseille Vivaux",15]
["2005-09-08",3,14,13,15,7,"P","","",1,"","","",5,"","","","","",3,2,4,"","",""," "," ",249,"Longchamp",15]
["2005-09-09",11,3,12,6,8,"O","","",2,"","",4,"",5,"","",1,3,"","","","","","","","",250,"Auteuil",15]
["2005-09-10",1,5,3,8,14,"T",{"$f":"IF(COUNTIF($B266:$F266,H$15),MATCH(H$15,$B266:$F266,0),REPT(\" \",test))","v":1},"",3,"",2,"","",4,"","",{"$f":"IF(COUNTIF($B266:$F266,R$15),MATCH(R$15,$B266:$F266,0),REPT(\" \",test))","v":""},"","",5,"","","",""," "," ",251,"Vincennes",15]
["2005-09-11",14,12,10,2,6,"P","",4,"","","",5,"","","",3,"",2,"",1,"",""," "," "," "," ",252,"Longchamp",15]
["2005-09-12",11,8,4,9,15,"T","","","",3,"","","",2,4,"",1,"","","",5,""," ",""," "," ",253,"Vincennes",15]
["2005-09-13",4,7,16,13,14,"T","","","",1,"","",2,"","","","","",4,5,"",3,""," "," "," ",254,"Vincennes",15]
["2005-09-14",5,6,2,9,13,"P","",3,"","",1,2,"","",4,"","","",5,"","","","",""," "," ",255,"Nancy",15]
["2005-09-15",7,3,13,17,11,"O","","",2,"","","",1,"","","",5,"",3,"","","",4,""," "," ",256,"Auteuil",15]
["2005-09-16",17,12,13,1,2,"P",4,5,"","","","","","","","","",2,3,"","","",1,""," "," ",257,"Chantilly",15]
["2005-09-17",13,5,1,9,18,"P",3,"","","",2,"","","",4,"","","",1,"","","","",5," "," ",258,"Longchamp",15]
["2005-09-18",11,8,12,9,4,"T","","","",5,"","","",2,4,"",1,3,"","",""," "," "," "," "," ",{"$f":"SUM(AB273+1)","v":259},"Vincennes",15]
["2005-09-19",9,11,7,12,5,"P","","","","",5,"",3,"",1,"",2,4,"","","",""," "," "," "," ",260,"Craon",15]
["2005-09-20",14,8,5,13,3,"T",{"$f":"IF(COUNTIF($B276:$F276,H$15),MATCH(H$15,$B276:$F276,0),REPT(\" \",test))","v":""},"",5,"",3,"","",2,"","",{"$f":"IF(COUNTIF($B276:$F276,R$15),MATCH(R$15,$B276:$F276,0),REPT(\" \",test))","v":""},"",4,1,"",""," "," "," "," ",261,"Vincennes",{"$f":"SUM(H276:AA276)","v":15}]
["2005-09-21",9,17,7,1,6,"T",4,"","","","",5,3,"",1,"","","","","","","",2," "," "," ",262,"La Capelle",15]
["2005-09-22",5,3,4,14,11,"T","","",2,3,1,""," ","","","",5,"","",4," "," "," "," "," "," ",263,"Vincennes",15]
["2005-09-23",14,3,1,9,2,"T",3,5,2,"","","","","",4,"","","","",1,"",""," "," "," "," ",264,"Vincennes",15]
["2005-09-24",3,12,9,11,6,"P","","",1,"","",5,"","",3,"",4,2,"","","","","",""," "," ",265,"Maisons-Laffitte",15]
["2005-09-25",16,17,20,1,19,"T",4,"","","","","","","","","","","","","","",1,2,"",5,3,266,"Vincennes",15]
["2005-09-26",2,9,15,11,7,"T","",1,"","","","",5,"",2,"",4,"","","",3,""," "," "," "," ",267,"Enghien",15]
["2005-09-27",1,8,15,16,7,"P",1,"","",""," ","",5,2,"","","","","","",3,4,""," "," "," ",268,"Saint Cloud",15]
["2005-09-28",8,15,18,17,16,"T","","","","","","","",1,"","","","","","",2,5,4,3," "," ",269,"Lisieux",15]
["2005-09-29",14,2,6,9,11,"P","",2,"","","",3,"","",4,"",5,"","",1,"",""," "," "," "," ",270,"Lion d'Angers",15]
["2005-09-30",6,10,12,7,11,"T",{"$f":"IF(COUNTIF($B286:$F286,H$15),MATCH(H$15,$B286:$F286,0),REPT(\" \",test))","v":""},"","","","",1,4,"","",2,{"$f":"IF(COUNTIF($B286:$F286,R$15),MATCH(R$15,$B286:$F286,0),REPT(\" \",test))","v":5},3,"","",""," "," "," "," "," ",271,"Vincennes",15]
["2005-10-01",4,13,3,8,17,"P","","",3,1,"","","",4,"","","","",2,"","","",5,""," "," ",272,"Longchamp",15]
["2005-10-02",13,2,5,7,12,"P","",2,"","",3,"",4,"","","","",5,1,"",""," "," "," "," "," ",273,"Longchamp",15]
["2005-10-03",10,12,7,2,6,"T","",4,"","","",5,3,"","",1,"",2,""," "," "," "," "," "," "," ",274,"Enghien",15]
["2005-10-04",7,11,5,1,3,"T",4,"",5,"",3,"",1,"","","",2,"","","",""," "," "," "," "," ",275,"Vincennes",15]
["2005-10-05",1,15,14,18,9,"T",1,"","","","","","","",5,"","","","",3,2,"","",4," "," ",276,"Angers",15]
["2005-10-06",9,5,17,7,1,"P",5,"","","",2,"",4,"",1,"","","","","","","",3,""," "," ",277,"Maisons-Laffitte",15]
["2005-10-07",11,12,8,15,3,"T","","",5,"","","","",3,"","",1,2,"","",4,"",""," "," "," ",278,"Vincennes",15]
["2005-10-08",11,4,17,9,5,"P","","","",2,5,"","","",4,"",1,"","","","","",3,""," "," ",279,"Saint Cloud",15]
["2005-10-09",8,4,13,9,14,"O","","","",2,"","","",1,4,"","","",3,5,"","","",""," "," ",280,"Auteuil",15]
["2005-10-10",9,17,16,13,12,"P",{"$f":"IF(COUNTIF($B296:$F296,H$15),MATCH(H$15,$B296:$F296,0),REPT(\" \",test))","v":""},"","","","","","","",1,"",{"$f":"IF(COUNTIF($B296:$F296,R$15),MATCH(R$15,$B296:$F296,0),REPT(\" \",test))","v":""},5,4," ","",3,2," "," "," ",281,"Chantilly",15]
["2005-10-11",14,16,6,5,12,"T","","","","",4,3,"","","",""," ",5,"",1,"",2,""," "," "," ",282,"Vincennes",15]
["2005-10-12",13,1,7,2,16,"P",2,4," ","","","",3,"","","","","",1,"","",5," "," "," "," ",283,"Bordeaux",15]
["2005-10-13",18,13,16,3,2,"T","",5,4,"","","","","","","","","",2,"","",3,"",1," "," ",284,"Enghien",15]
["2005-10-14",6,11,10,12,13,"P","","","","","",1,"","","",3,2,4,5,"","","",""," "," "," ",285,"Chantilly",15]
["2005-10-15",3,1,2,14,12,"T",2,3,1,"","","","","","","","",5,"",4,"","","",""," "," ",286,"Graignes",15]
["2005-10-16",10,5,14,2,6,"P","",4,"","",2,5,"","","",1,"","","",3,"","",""," "," "," ",287,"Longchamp",15]
["2005-10-17",9,17,8,4,16,"P","","","",4,"","","",3,1,"","","","","","",5,2,"",""," ",288,"Deauville",15]
["2005-10-18",6,14,16,4,9,"T","","","",4,"",1,"","",5,"","","","",2,"",3," "," "," "," ",289,"Vincennes",15]
["2005-10-19",15,16,13,6,10,"T","","","","","",4,"","","",5,"","",3,"",1,2," "," "," "," ",290,"Lyon Villeurbanne",15]
["2005-10-20",14,13,16,7,8,"P",{"$f":"IF(COUNTIF($B306:$F306,H$15),MATCH(H$15,$B306:$F306,0),REPT(\" \",test))","v":""},"","","","","",4,5,"","",{"$f":"IF(COUNTIF($B306:$F306,R$15),MATCH(R$15,$B306:$F306,0),REPT(\" \",test))","v":""},"",2,1,"",3," ",""," "," ",291,"Chantilly",15]
["2005-10-21",8,2,1,17,4,"T",3,2,"",5,"","","",1,"","","","","","","","",4,""," "," ",292,"Vincennes",15]
["2005-10-22",12,13,17,1,2,"O",4,5,"","","","","","","","","",1,2,"","","",3," "," "," ",293,"Auteuil",15]
["2005-10-23",5,1,14,17,12,"P",2,"","","",1,"","","","","","",5,"",3,"","",4,""," "," ",294,"Longchamp",15]
["2005-10-24",4,11,15,12,13,"T","","","",1,"","","","","","",2,4,5,"",3," "," "," "," "," ",295,"Enghien",15]
["2005-10-25",2,11,7,15,5,"T","",1,"","",5,"",3,"","","",2,"","","",4,""," "," "," "," ",296,"Vincennes",15]
["2005-10-26",16,11,2,1,5,"T",4,3,"","",5,"","","","","",2,"","","","",1,"",""," "," ",297,"Enghien",15]
["2005-10-27",5,19,2,1,10,"O",4,3,"","",1,"","","","",5,"","","","","","","","",2," ",298,"Auteuil",15]
["2005-10-28",4,2,14,10,5,"P","",2,"",1,5,"","","","",4,"","","",3,"","","",""," "," ",299,"Longchamp",15]
["2005-10-29",1,6,7,9,12,"O",1,"","","","",2,3,"",4,"","",5,"","","","","",""," "," ",300,"Enghien",15]
["2005-10-30",15,5,14,3,6,"P",{"$f":"IF(COUNTIF($B316:$F316,H$15),MATCH(H$15,$B316:$F316,0),REPT(\" \",test))","v":""},"",4,"",2,5,"","","","",{"$f":"IF(COUNTIF($B316:$F316,R$15),MATCH(R$15,$B316:$F316,0),REPT(\" \",test))","v":""},"","",3,1,"","",""," "," ",301,"Saint Cloud",15]
["2005-10-31",5,12,2,8,11,"P","",3,"","",1,"","",4,"","",5,2,"","","",""," "," "," "," ",302,"Compiègne",15]
["2005-11-01",18,1,15,11,3,"P",2,"",5,"","","","","","","",4,"","","",3,"","",1," "," ",303,"Maisons-Laffitte",15]
["2005-11-02",6,5,1,4,3,"T",3,"",5,4,2,1,"","","","","","","","","","","",""," "," ",304,"Cherbourg",15]
["2005-11-03",9,15,10,13,14,"T",""," ","","","","","","",1,3,"","",4,5,2," "," "," "," "," ",305,"Vincennes",15]
["2005-11-04",6,12,1,9,15,"T",3,"","","","",1,"","",4,"","",2,"","",5,"","",""," "," ",306,"Vincennes",15]
["2005-11-05",3,14,6,5,15,"O","","",1,"",4,3,"","","","","","","",2,5,"",""," "," "," ",307,"Auteuil",15]
["2005-11-06",4,6,12,11,3,"O","","",5,1,"",2,"","","","",4,3,"","","",""," "," "," "," ",308,"Auteuil",15]
["2005-11-07",6,13,3,5,1,"T",5,"",3,"",4,1,"","","","","","",2,"","",""," "," "," "," ",309,"Vincennes",15]
["2005-11-08",4,2,6,14,10,"P","",2,"",1,"",3,"","","",5,"","","",4,"","","",""," "," ",310,"Maisons-Laffitte",15]
["2005-11-09",17,2,1,4,8,"T",{"$f":"IF(COUNTIF($B326:$F326,H$15),MATCH(H$15,$B326:$F326,0),REPT(\" \",test))","v":3},2,"",4,"","","",5,"","",{"$f":"IF(COUNTIF($B326:$F326,R$15),MATCH(R$15,$B326:$F326,0),REPT(\" \",test))","v":""},""," ","","","",1,""," "," ",311,"Nantes",15]
["2005-11-10",5,6,18,15,10,"T","","","","",1,2,"","","",5,"","","","",4,"","",3," "," ",312,"Vincennes",15]
["2005-11-11",4,11,9,5,13,"P","","","",1,4,"","","",3,"",2,"",5,"","",""," "," "," "," ",313,"Toulouse",15]
["2005-11-12",14,11,8,5,4,"P","","","",5,4,"","",3,"","",2,"","",1,"","","",""," "," ",314,"Saint Cloud",15]
["2005-11-13",15,4,1,8,5,"O",3,"","",2,5,"","",4,"","","","","","",1,"","",""," "," ",315,"Auteuil",15]
["2005-11-14",17,11,9,13,14,"T","","","","","","","","",3,"",2,"",4,5,"","",1," "," "," ",316,"Vincennes",15]
["2005-11-15",12,9,13,5,15,"T","","","","",4,"","","",2,"","",1,3,"",5,""," "," "," "," ",317,"Vincennes",15]
["2005-11-16",4,12,3,6,5,"T","","",3,1,5,4,"","","","","",2,"","","",""," "," "," "," ",318,"Bordeaux",15]
["2005-11-17",7,6,5,3,15,"P","","",4," ",3,2,1,"","","","","","","",5,""," "," "," "," ",319,"Angers",15]
["2005-11-18",11,4,13,6,7,"P","","","",2,"",4,5,"","","",1,"",3,"",""," "," "," "," "," ",320,"Lyon Parilly",15]
["2005-11-19",7,3,4,14,11,"T",{"$f":"IF(COUNTIF($B336:$F336,H$15),MATCH(H$15,$B336:$F336,0),REPT(\" \",test))","v":""},"",2,3,"","",1,"","","",{"$f":"IF(COUNTIF($B336:$F336,R$15),MATCH(R$15,$B336:$F336,0),REPT(\" \",test))","v":5},"","",4," "," "," "," "," "," ",321,"Vincennes",15]
["2005-11-20",13,6,8,5,15,"O","","","","",4,2," ",3," ","","","",1,"",5," "," "," "," "," ",322,"Auteuil",15]
["2005-11-21",11,8,13,7,14,"P","","","","","","",4,2,"","",1,"",3,5,"","","",""," "," ",{"$f":"SUM(AB337+1)","v":323},"Maisons-Laffitte",15]
["2005-11-22",9,6,1,2,5,"T",3,4,"","",5,2,"","",1,"","","","","","","","",""," "," ",324,"Vincennes",15]
["2005-11-23",2,17,12,10,18,"T","",1,"","","","","","","",4,"",3,"","","","",2,5," "," ",325,"Mauquenchy",{"$f":"SUM(H340:AA340)","v":15}]
["2005-11-24",8,12,5,6,16,"T","","","","",3,4,"",1,"","","",2,"",""," ",5,"",""," "," ",326,"Vincennes",15]
["2005-11-25",1,5,7,13,16,"T",1,"","","",2,"",3,"","","","","",4,"","",5," "," "," "," ",327,"Vincennes",15]
["2005-11-27",11,2,12,10,1,"O",5,2,"","","","","","","",4,1,3,"","",""," "," "," "," "," ",328,"Auteuil",15]
["2005-11-28",18,14,1,2,15,"P",3,4,"","","","","","","","",""," ","",2,5,"","",1," "," ",329,"Fontainebleau",15]
["2005-11-29",6,1,18,17,8,"T",2,"","","","",1,"",5,"","","","","","","","",4,3," "," ",330,"Vincennes",15]
["2005-11-30",4,11,13,3,5,"T",{"$f":"IF(COUNTIF($B346:$F346,H$15),MATCH(H$15,$B346:$F346,0),REPT(\" \",test))","v":""},"",4,1,5,"","","","","",{"$f":"IF(COUNTIF($B346:$F346,R$15),MATCH(R$15,$B346:$F346,0),REPT(\" \",test))","v":2},"",3,"","","","",""," "," ",331,"Vincennes",15]
["2005-12-01",18,17,5,6,3,"T","","",5,"",3,4,"","","","",""," ","","","","",2,1,""," ",332,"Vincennes",15]
["2005-12-02",3,9,1,11,10,"T",3,"",1,"","","","","",2,5,4,"","","","",""," "," "," "," ",333,"Vincennes",15]
["2005-12-03",10,11,15,8,9,"T","","","","","","","",4,5,1,2,"","","",3,"","",""," "," ",334,"Vincennes",15]
["2005-12-04",6,5,12,7,11,"O","","","","",2,1,4,"","","",5,3,"","","","","",""," "," ",335,"Auteuil",15]
["2005-12-05",10,8,16,6,3,"T","","",5,"","",4,"",2,"",1,"","","","","",3," "," "," "," ",336,"Vincennes",15]
["2005-12-06",14,6,7,9,16,"T","","","","","",2,3,"",4,"","","","",1,"",5,"",""," "," ",337,"Vincennes",15]
["2005-12-07",2,12,15,3,11,"P","",1,4,"","","","","","","",5,2,"","",3,""," "," "," "," ",338,"Marseille Borely",15]
["2005-12-08",3,7,8,2,18,"T","",4,1,"","","",2,3,"","","","","","",""," ","",5," "," ",339,"Vincennes",15]
["2005-12-09",16,14,8,12,15,"P","","","","","","","",3,"","","",4,"",2,5,1,"",""," "," ",340,"Saint Cloud",15]
["2005-12-10",6,13,12,18,20,"T",{"$f":"IF(COUNTIF($B356:$F356,H$15),MATCH(H$15,$B356:$F356,0),REPT(\" \",test))","v":""},"","","","",1,"","","","",{"$f":"IF(COUNTIF($B356:$F356,R$15),MATCH(R$15,$B356:$F356,0),REPT(\" \",test))","v":""},3,2,"","","","",4,"",5,341,"Vincennes",15]
["2005-12-11",15,9,8,10,4,"T","","","",5,"","","",3,2,4,"","","","",1," "," "," "," "," ",342,"Vincennes",15]
["2005-12-12",2,15,13,14,8,"T","",1,"","","","","",5,"","","","",3,4,2,""," "," "," "," ",343,"Vincennes",15]
["2005-12-13",5,4,7,3,12,"T","","",4,2,1,"",3,"","","","",5,"","","","","","","","",344,"Vincennes",15]
["2005-12-14",1,6,11,5,2,"T",1,5,"","",4,2,"","","","",3,"","","",""," "," "," "," "," ",345,"Vincennes",15]
["2005-12-15",5,6,4,1,17,"T",4,"","",3,1,2,"","","","","","","","","","",5,""," "," ",346,"Vincennes",15]
["2005-12-16",4,10,6,15,9,"T","","","",1,"",3,"","",5,2,"","","","",4,""," "," "," "," ",347,"Cabourg",15]
["2005-12-17",8,4,2,14,12,"T","",3,"",2,"",""," ",1,"","","",5,"",4,"","",""," "," "," ",348,"Vincennes",15]
["2005-12-18",15,7,6,16,14,"T","","","","","",3,2," ","","","","","",5,1,4,""," "," "," ",349,"Vincennes",15]
["2005-12-19",16,11,9,4,15,"O","","","",4,"","","","",3,"",2,"","","",5,1," "," "," "," ",350,"Cagnes",15]
["2005-12-20",6,4,3,15,10,"T",{"$f":"IF(COUNTIF($B366:$F366,H$15),MATCH(H$15,$B366:$F366,0),REPT(\" \",test))","v":""},"",3,2,"",1,"","","",5,{"$f":"IF(COUNTIF($B366:$F366,R$15),MATCH(R$15,$B366:$F366,0),REPT(\" \",test))","v":""},"","","",4,""," "," "," "," ",351,"Vincennes",15]
["2005-12-21",6,4,5,8,2,"T","",5,"",2,3,1,"",4,"","","","","","","","","",""," "," ",352,"Vincennes",15]
["2005-12-22",17,10,2,5,15,"T","",3,"","",4,"","","","",2,"","","","",5,"",1,""," "," ",353,"Vincennes",15]
["2005-12-23",11,10,15,2,16,"O"," ",4,"","","","","",""," ",2,1,""," ","",3,5,"",""," "," ",354,"Pau",15]
["2005-12-24",13,8,7,16,15,"T","","","","","","",3,2,"","","","",1,"",5,4,"","","","",355,"Vincennes",15]
["2005-12-25",3,4,1,10,16,"T",3,"",1,2,"","",""," ","",4,"","","","","",5," "," "," "," ",356,"Vincennes",15]
["2005-12-26",5,3,13,7,6,"O","","",2,"",1,5,4,"","","","","",3,"","",""," "," "," "," ",357,"Cagnes",15]
["2005-12-27",5,2,12,11,15,"T","",2,"","",1,"","","","","",4,3,"","",5," "," "," "," "," ",358,"Vincennes",15]
["2005-12-29",19,16,18,10,15,"T","","",""," ","","","","","",4,"","","","",5,2,"",3,1," ",359,"Vincennes",15]
["2005-12-30",14,17,15,4,16,"T","","","",4,"","","","","","","","","",1,3,5,2,""," "," ",360,"Cagnes",15]
["2005-12-31",20,5,6,8,19,"T",{"$f":"IF(COUNTIF($B376:$F376,H$15),MATCH(H$15,$B376:$F376,0),REPT(\" \",test))","v":""},"","","",2,3,"",4,"","",{"$f":"IF(COUNTIF($B376:$F376,R$15),MATCH(R$15,$B376:$F376,0),REPT(\" \",test))","v":""},"","","","","","","",5,1,361,"Vincennes",15,null,null,null,null,null,null,null,null,null,null,null,null,null,null,null,null,null,null,null,null,null,null,null,null,null,null,null,null,null,null,null,null,null,null,null,null,null,null,null,null,null,null,null,null,null,null,null,null,null,null,null,null,null,null,null,null,null,null,null,null,null,null,null,null,null,null,null,null,null,null,null,null,null,null,null,null,null,null,null,null,null,null,null,null,null,null,null,null,null,null,null,null,null,null,null,null,null,null,null,null,null,null,null,null,null,null,null,null,null,null,null,null,null,null,null,null,null,null,null,null,null,null,null,null,null,null,null,null,null,null,null,null,null,null,null,null,null,null,null,null,null,null,null,null,null,null,null,null,null,null,null,null,null,null,null,null,null,null,null,null,null,null,null,null,null,null,null,null,null,null,null,null,null,null,null,null,null,null,null,null,null,null,null,null,null,null,null,null,null,null,null,null,null,null,null,null,null,null,null,null,null,null,null,null,null,null,null,null,null,null,null,null,null,null,null,null,null,null,null,null,null,null,null,{"$f":"SUM(H376:IS376)","v":391}]
["2006-01-01",13,4,8,12,5,"T","","","",2,5,"","",3,"","","",4,1,""," "," "," "," "," "," ",362,"Vincennes",15]
["2006-01-02",14,8,5,6,1,"O",5,"","","",3,4,"",2,"","","","","",1,"",""," "," "," "," ",363,"Cagnes",15,null,null,null,null,15]
["2006-01-03",4,3,17,13,11,"T","","",2,1,"","","","","","",5,"",4,"",""," ",3,""," "," ",364,"Vincennes",15,null,null,null,null,{"$f":"SUM(AH378/AI378)","v":0}]
["2006-01-04",16,10,12,8,14,"P","","","","","","","",4,"",2,"",3,"",5,"",1," "," "," "," ",365,"Deauville",15]
["2006-01-05",6,18,15,13,4,"T","","","",5,"",1,"","","","","","",4,"",3,"","",2," "," ",366,"Vincennes",15]
["2006-01-06",17,4,3,12,6,"O","","",3,2,"",5,"","","","","",4,"","","","",1,""," "," ",367,"Pau",15]
["2006-01-07",18,15,5,4,2,"T","",5,"",4,3,"","",""," ","","","","","",2,"","",1," "," ",368,"Vincennes",15]
["2006-01-08",9,5,6,13,1,"T",5,"","","",2,3,"","",1,"","","",4,"","",""," "," "," "," ",369,"Vincennes",15]
["2006-01-09",1,13,7,15,10,"T",1,"","","","","",3,"","",5,"","",2,"",4,""," "," "," "," ",370,"Vincennes",15]
["2006-01-10",7,18,16,4,6,"T",{"$f":"IF(COUNTIF($B386:$F386,H$15),MATCH(H$15,$B386:$F386,0),REPT(\" \",test))","v":""},"","",4,"",5,1,"","","",{"$f":"IF(COUNTIF($B386:$F386,R$15),MATCH(R$15,$B386:$F386,0),REPT(\" \",test))","v":""},"","","","",3,"",2," ","",371,"Vincennes",15]
["2006-01-11",10,4,3,6,16,"O","","",3,2,"",4,"","","",1,""," ","","","",5," "," "," "," ",372,"Pau",15]
["2006-01-12",9,4,7,10,15,"T","","","",2,"","",3,"",1,4,"","","","",5,""," "," "," "," ",373,"Cagnes",15]
["2006-01-13",4,13,11,9,14,"T","","","",1,"","","","",4,"",3,"",2,5,""," "," "," "," "," ",374,"Vincennes",15]
["2006-01-14",7,14,12,13,15,"T","","","","","","",1,"","","","",3,4,2,5,"","",""," "," ",375,"Vincennes",15]
["2006-01-15",2,1,12,13,6,"T",2,1,""," ","",5,"","","","","",3,4,"","","",""," "," "," ",376,"Vincennes",15]
["2006-01-16",6,16,18,8,5,"T","","","","",5,1,"",4,"","","","","","","",2,"",3," "," ",377,"Vincennes",15]
["2006-01-17",8,11,7,17,12,"T","","","","","","",3,1,"","",2,5,""," ","","",4,""," "," ",378,"Vincennes",15]
["2006-01-18",13,14,4,5,16,"P","","","",3,4,"","","","","","","",1,2,"",5,"",""," "," ",379,"Cagnes",15]
["2006-01-19",11,9,14,12,8,"T","","","","","","","",5,2,"",1,4,"",3,""," "," "," "," "," ",380,"Vincennes",15]
["2006-01-20",6,11,12,15,9,"P",{"$f":"IF(COUNTIF($B396:$F396,H$15),MATCH(H$15,$B396:$F396,0),REPT(\" \",test))","v":""},"","","","",1,"","",5,"",{"$f":"IF(COUNTIF($B396:$F396,R$15),MATCH(R$15,$B396:$F396,0),REPT(\" \",test))","v":2},3,"","",4,"","",""," "," ",381,"Cagnes",15]
["2006-01-21",3,7,13,17,9,"T","","",1,"","","",2,"",5,"","","",3,"","","",4,""," "," ",382,"Vincennes",15]
["2006-01-22",20,18,15,11,5,"T","","","","",5,"","","","","",4,"","","",3,"","",2,"",1,383,"Vincennes",15]
["2006-01-23",4,14,8,1,12,"P",4,"","",1,"","","",3,"","","",5,"",2,"","","",""," "," ",384,"Cagnes",15]
["2006-01-24",3,13,12,6,4,"T","","",1,5,"",4,"","","","","",3,2,"",""," "," "," "," "," ",385,"Vincennes",15]
["2006-01-25",1,9,6,7,14,"P",1,"","","","",3,4,"",2,"","","","",5,"","","",""," "," ",386,"Cagnes",15]
["2006-01-26",15,7,12,8,18,"T","","","",""," ","",2,4,"","","",3," ","",1,"","",5," "," ",{"$f":"SUM(AB401+1)","v":387},"Vincennes",15]
["2006-01-27",13,17,3,2,5,"T","",4,3,"",5,"","","","","","","",1,"","","",2," "," "," ",388,"Cagnes",15]
["2006-01-28",4,13,6,7,8,"T","","","",1,"",3,4,5,"","","","",2,"",""," "," "," "," "," ",389,"Vincennes",{"$f":"SUM(H404:AA404)","v":15}]
["2006-01-29",18,16,13,8,3,"T","","",5,"",""," ","",4,"","","","",3,"","",2,"",1," "," ",390,"Vincennes",15]
["2006-01-30",15,9,2,18,10,"T",{"$f":"IF(COUNTIF($B406:$F406,H$15),MATCH(H$15,$B406:$F406,0),REPT(\" \",test))","v":""},3,"","","","","","",2,5,{"$f":"IF(COUNTIF($B406:$F406,R$15),MATCH(R$15,$B406:$F406,0),REPT(\" \",test))","v":""},"","","",1,"","",4," "," ",391,"Vincennes",15]
["2006-01-31",13,7,10,8,12,"T","","",""," ","","",2,4,"",3,"",5,1,"",""," "," "," "," "," ",392,"Vincennes",15]
["2006-02-01",16,2,13,3,1,"P",5,2,4,"","","","","","","","","",3,"","",1,"",""," "," ",393,"Cagnes",15]
["2006-02-02",19,18,2,17,8,"T","",3,"","","","","",5,"","","","","","","","",4,2,1,"",394,"Vincennes",15]
["2006-02-03",5,10,6,12,15,"O","","","","",1,3,"","","",2,"",4,"","",5,"",""," "," "," ",395,"Pau",15]
["2006-02-04",6,20,14,10,16,"T","","","","","",1,"","","",4,"","","",3,"",5,"","","",2,396,"Vincennes",15]
["2006-02-05",11,7,8,12,5,"T","","","","",5,"",2,3,"","",1,4,"",""," "," "," "," "," "," ",397,"Vincennes",15]
["2006-02-06",16,4,13,10,3,"T","","",5,2,"","","","","",4,"","",3,"","",1,"",""," "," ",398,"Enghien",15]
["2006-02-07",9,12,14,4,16,"T","","","",4,"","","","",1,"","",2,"",3,"",5,"",""," "," ",399,"Cagnes",15]
["2006-02-08",13,4,12,18,10,"T","","","",2,"","","","","",5,"",3,1,"","","","",4," "," ",400,"Vincennes",15]
["2006-02-09",14,15,9,8,2,"T",{"$f":"IF(COUNTIF($B416:$F416,H$15),MATCH(H$15,$B416:$F416,0),REPT(\" \",test))","v":""},5,"","","","","",4,3,"",{"$f":"IF(COUNTIF($B416:$F416,R$15),MATCH(R$15,$B416:$F416,0),REPT(\" \",test))","v":""},"","",1,2,"","",""," "," ",401,"Vincennes",15]
["2006-02-10",3,11,13,2,5,"T","",4,1,"",5,"","","","","",2,"",3,"",""," "," "," "," "," ",402,"Cagnes",15]
["2006-02-11",13,16,15,17,7,"T","","","","","","",5,"","","","","",1,"",3,2,4," "," "," ",403,"Vincennes",15]
["2006-02-12",9,2,1,5,8,"T",3,2,"","",4,"","",5,1,"","","","",""," "," "," "," "," "," ",404,"Vincennes",15]
["2006-02-13",10,9,12,1,15,"T",4,"","","","","","","",2,1,"",3,"","",5," "," "," "," "," ",405,"Enghien",15]
["2006-02-14",1,6,9,5,3,"P",1,"",5,"",4,2,"","",3,""," ","","","","","","",""," "," ",406,"Cagnes",15]
["2006-02-15",8,6,7,9,5,"T","","","","",5,2,3,1,4,"","","","","","",""," "," "," "," ",407,"Cagnes",15]
["2006-02-16",16,13,10,1,11,"T",4,"","","","","","","","",3,5,"",2,"","",1," "," "," "," ",408,"Vincennes",15]
["2006-02-17",6,7,12,15,2,"T","",5,""," ","",1,2,"","","","",3,"","",4,""," "," "," "," ",409,"Enghien",15]
["2006-02-18",12,16,2,8,11,"P","",3,"","","","","",4,"","",5,1,"","","",2,"",""," "," ",410,"Cagnes",15]
["2006-02-19",13,11,8,10,9,"T",{"$f":"IF(COUNTIF($B426:$F426,H$15),MATCH(H$15,$B426:$F426,0),REPT(\" \",test))","v":""},"","","","","","",3,5,4,{"$f":"IF(COUNTIF($B426:$F426,R$15),MATCH(R$15,$B426:$F426,0),REPT(\" \",test))","v":2},"",1,""," "," "," "," "," "," ",411,"Vincennes",15]
["2006-02-20",13,4,9,7,3,"T","","",5,2,"","",4,"",3,"","","",1,"","","","",""," "," ",412,"Vincennes",15]
["2006-02-21",15,11,13,4,16,"T","","","",4,"","","","","","",2,"",3,"",1,5,"","","","",413,"Vincennes",15]
["2006-02-22",8,4,6,1,11,"P",4,"","",2,"",3,"",1,"","",5,"","","","","","",""," "," ",414,"Cagnes",15]
["2006-02-23",8,15,6,7,5,"T","","","","",5,3,4,1,"","","","","","",2,""," "," "," "," ",415,"Vincennes",15]
["2006-02-24",15,16,20,7,3,"T","","",5,"","","",4,"","","","","","","",1,2," ",""," ",3,416,"Vincennes",15]
["2006-02-25",6,12,14,1,3,"P",4,"",5,"","",1,"","","","","",2,"",3,"","","",""," "," ",417,"Cagnes",15]
["2006-02-26",3,9,15,10,7,"T","","",1,"","","",5,"",2,4,"","","","",3," "," "," "," "," ",418,"Vincennes",15]
["2006-02-27",12,1,7,10,6,"P",2,"","","","",5,3,"","",4,"",1,"","","",""," "," "," "," ",419,"Marseille Borely",15]
["2006-02-28",2,9,5,6,3,"O","",1,5,"",3,4,"","",2,"","","","",""," ","","","","","",420,"Auteuil",15]
["2006-03-01",14,15,16,12,11,"T",{"$f":"IF(COUNTIF($B436:$F436,H$15),MATCH(H$15,$B436:$F436,0),REPT(\" \",test))","v":""},"","","",""," ","","","","",{"$f":"IF(COUNTIF($B436:$F436,R$15),MATCH(R$15,$B436:$F436,0),REPT(\" \",test))","v":5},4,"",1,2,3," "," "," "," ",421,"Enghien",15]
["2006-03-02",12,13,16,2,9,"T","",4,"","","","","","",5,"","",1,2,"","",3,"",""," "," ",422,"Vincennes",15]
["2006-03-03",10,9,18,1,13,"P",4,"","","","","","","",2,1,"","",5,"","","","",3," "," ",423,"Maisons-Laffitte",15]
["2006-03-04",15,4,16,8,6,"T"," ","","",2,"",5,"",4,"","","","","","",1,3," "," "," "," ",424,"Vincennes",15]
["2006-03-05",1,5,13,6,10,"O",1,"","","",2,4,"","","",5,"","",3,"","","","",""," "," ",425,"Auteuil",15]
["2006-03-06",5,14,16,13,8,"T","","","","",1,"","",5,"","","","",4,2,"",3,"",""," "," ",426,"Caen",15]
["2006-03-07",4,3,2,14,18,"O","",3,2,1,"","","",""," ","","","","",4,"","","",5,""," ",427,"Enghien",15]
["2006-03-08",8,6,5,10,9,"T","","","","",3,2,"",1,5,4,"","","","","","","",""," "," ",428,"La Capelle",15]
["2006-03-09",3,13,14,10,6,"P","","",1,""," ",5,"","","",4,"","",2,3,""," "," "," "," "," ",429,"Maisons-Laffitte",15]
["2006-03-10",13,10,1,12,7,"P",3,"","","","","",5,"","",2," ",4,1,"","","",""," "," "," ",430,"Fontainebleau",15]
["2006-03-11",10,13,6,12,9,"P",{"$f":"IF(COUNTIF($B446:$F446,H$15),MATCH(H$15,$B446:$F446,0),REPT(\" \",test))","v":""},"","","","",3,"","",5,1,{"$f":"IF(COUNTIF($B446:$F446,R$15),MATCH(R$15,$B446:$F446,0),REPT(\" \",test))","v":""},4,2,"","","","",""," "," ",431,"Saint Cloud",15]
["2006-03-12",1,8,4,14,2,"O",1,5,"",3,"","","",2,"","","","","",4,"","",""," "," "," ",432,"Auteuil",15]
["2006-03-13",17,7,11,8,1,"P",5,"","","","","",2,4,"","",3,"","","","","",1," "," "," ",433,"Compiègne",15]
["2006-03-14",15,3,14,7,8,"P","","",2,"","","",4,5,"","","","","",3,1," "," "," "," "," ",434,"Maisons-Laffitte",15]
["2006-03-15",14,16,4,13,9,"T","","","",3,"","","","",5,"","","",4,1,"",2," "," "," "," ",435,"Laval",15]
["2006-03-16",7,16,3,15,12,"P","","",3,"","","",1,"","","","",5,"","",4,2," "," "," "," ",436,"Saint Cloud",15]
["2006-03-17",10,16,2,9,6,"P","",3,"","","",5,"","",4,1,"","","","","",2,"",""," "," ",437,"Fontainebleau",15]
["2006-03-18",2,11,6,3,4,"P","",1,4,5,"",3,"","","","",2,"","","","","","",""," "," ",438,"Saint Cloud",15]
["2006-03-19",6,16,11,15,4,"O","","","",5,"",1,"","","","",3,"","","",4,2,"",""," "," ",439,"Auteuil",15]
["2006-03-20",9,1,2,15,12,"P",2,3,"","","","","","",1,"","",5,"","",4," "," "," "," "," ",440,"Compiègne",15]
["2006-03-21",9,16,3,10,17,"T",{"$f":"IF(COUNTIF($B456:$F456,H$15),MATCH(H$15,$B456:$F456,0),REPT(\" \",test))","v":""},"",3,"","","","","",1,4,{"$f":"IF(COUNTIF($B456:$F456,R$15),MATCH(R$15,$B456:$F456,0),REPT(\" \",test))","v":""},"","","","",2,5,""," "," ",441,"Vincennes",15]
["2006-03-22",5,8,12,7,2,"T","",5,"","",1,"",4,2,"","","",3,"","","",""," "," "," "," ",442,"Toulouse",15]
["2006-03-23",9,13,1,16,6,"P",3,"","","","",5,"","",1,"","","",2,"","",4,"",""," "," ",443,"Longchamp",15]
["2006-03-24",12,1,6,9,5,"P",2,"","","",5,3,"","",4,"","",1,"","",""," "," "," "," "," ",444,"Maisons-Laffitte",15]
["2006-03-25",17,3,15,6,7,"T","","",2,"","",4,5,"","","","","","","",3,"",1," "," "," ",445,"Vincennes",15]
["2006-03-26",15,16,10,14,7,"O","","","","","","",5,"","",3," ","","",4,1,2,""," "," "," ",446,"Auteuil",15]
["2006-03-27",8,1,2,13,17,"P",2,3,"","","","","",1,"","","","",4,"","","",5," "," "," ",447,"Saint Cloud",15]
["2006-03-28",2,11,9,15,7,"P","",1,"","","","",5,"",3,"",2,"","","",4," "," "," "," "," ",448,"Compiègne",15]
["2006-03-29",3,12,7,8,13,"T","","",1,"","","",3,4,"","","",2,5,""," "," "," "," "," "," ",449,"Marseille Borely",15]
["2006-03-30",10,4,18,8,5,"P"," ","","",2,5,"","",4,"",1,"","","","","","","",3," "," ",450,"Longchamp",15]
["2006-03-31",13,10,14,3,7,"T",{"$f":"IF(COUNTIF($B466:$F466,H$15),MATCH(H$15,$B466:$F466,0),REPT(\" \",test))","v":""},"",4,"","","",5,"","",2,{"$f":"IF(COUNTIF($B466:$F466,R$15),MATCH(R$15,$B466:$F466,0),REPT(\" \",test))","v":""},"",1,3,"",""," "," "," "," ",{"$f":"SUM(AB465+1)","v":451},"Vincennes",15]
["2006-04-01",12,19,13,11,6,"P","","","","","",5,"","","","",4,1,3,"","","","","",2,"",452,"Saint Cloud",15]
["2006-04-02",3,5,16,9,4,"O","","",1,5,2,"","","",4,"","","","","","",3,"",""," "," ",453,"Auteuil",{"$f":"SUM(H468:AA468)","v":15}]
["2006-04-03",1,5,3,11,9,"P",1,"",3,"",2,"","","",5,"",4,"","",""," "," "," "," "," "," ",454,"Longchamp",15]
["2006-04-04",1,6,15,8,9,"P",1,"","","","",2,"",4,5,"","","","","",3,"","",""," "," ",455,"Maisons-Laffitte",15]
["2006-04-05",16,3,17,2,13,"T","",4,2,"",""," ","","","","","","",5,"","",1,3," "," "," ",456,"Angers",15]
["2006-04-06",4,2,10,12,17,"P","",2,"",1,"","","","","",3,"",4,"","","","",5,""," "," ",457,"Longchamp",15]
["2006-04-07",13,11,2,3,10,"O","",3,4,"","","","","","",5,2,"",1,"","","",""," "," "," ",458,"Auteuil",15]
["2006-04-08",14,7,11,4,2,"T","",5,"",4,"","",2,"","","",3,"","",1,"",""," "," "," "," ",459,"Vincennes",15]
["2006-04-09",1,5,15,2,6,"P",1,4,"","",2,5,"","","","","","","","",3," "," "," "," "," ",460,"Longchamp",15]
["2006-04-10",11,6,15,10,7,"P",{"$f":"IF(COUNTIF($B476:$F476,H$15),MATCH(H$15,$B476:$F476,0),REPT(\" \",test))","v":""},"","","","",2,5,"","",4,{"$f":"IF(COUNTIF($B476:$F476,R$15),MATCH(R$15,$B476:$F476,0),REPT(\" \",test))","v":1},"","","",3,"","",""," "," ",461,"Saint Cloud",15]
["2006-04-11",7,9,13,2,1,"O",5,4,"","","","",1,"",2,"","","",3,"","","","",""," "," ",462,"Auteuil",15]
["2006-04-12",4,6,12,9,11,"T","",""," ",1,"",2,"","",4,"",5,3,"","",""," "," "," "," "," ",463,"Lyon Villeurbanne",15]
["2006-04-13",3,5,4,10,12,"O","","",1,3,2,"","","","",4,"",5,"","","","",""," "," "," ",464,"Enghien",15]
["2006-04-14",4,2,3,16,15,"P","",2,3,1,"","","","","","","","","","",5,4,"",""," "," ",465,"Saint Cloud",15]
["2006-04-15",6,17,14,3,8,"T","","",4,"","",1,"",5,"","","","","",3,"","",2,""," "," ",466,"Vincennes",15]
["2006-04-16",14,2,15,13,11,"O","",2,"","","","","","","","",5,"",4,1,3,"","","","","",467,"Auteuil",15]
["2006-04-17",9,4,5,8,13,"P"," ","","",2,3,"","",4,1,"","","",5,"",""," "," "," "," "," ",468,"Longchamp",15]
["2006-04-18",10,14,4,6,2,"P","",5,"",3,"",4,"","","",1,"",""," ",2,"","","",""," "," ",469,"Saint Cloud",15]
["2006-04-19",18,15,11,1,17,"T",4,"","","","","","","","","",3,"","","",2,"",5,1," "," ",470,"Ponchateau",15]
["2006-04-20",8,6,9,7,3,"P",{"$f":"IF(COUNTIF($B486:$F486,H$15),MATCH(H$15,$B486:$F486,0),REPT(\" \",test))","v":""},"",5,"","",2,4,1,3,"",{"$f":"IF(COUNTIF($B486:$F486,R$15),MATCH(R$15,$B486:$F486,0),REPT(\" \",test))","v":""},"","","","",""," "," "," "," ",471,"Chantilly",15]
["2006-04-21",16,15,3,6,10,"T","","",3,"","",4,"","","",5,"","","","",2,1," "," "," "," ",472,"Vincennes",15]
["2006-04-22",7,8,1,3,13,"T",3,"",4,"","","",1,2,"","","","",5,"","",""," "," "," "," ",473,"Enghien",15]
["2006-04-23",7,1,17,3,2,"P",2,5,4,"","","",1,"","","","","","",""," ","",3," "," "," ",474,"Longchamp",15]
["2006-04-24",15,12,14,1,9,"P",4,"","","","","","","",5,"","",2,"",3,1,"","",""," "," ",475,"Chantilly",15]
["2006-04-25",11,15,10,7,2,"T","",5,"","","","",4,"","",3,1,"","","",2,"","",""," "," ",476,"Vincennes",15]
["2006-04-26",8,2,11,13,12,"T","",2,"","","","","",1,"","",3,5,4,"","",""," "," "," "," ",477,"Agen",15]
["2006-04-27",2,3,7,5,18,"P","",1,2,"",4,"",3,"","","","","","","","","","",5," "," ",478,"Longchamp",15]
["2006-04-28",17,18,8,10,1,"T",5,"","","","","","",3,"",4,"","","","","","",1,2," "," ",479,"Vincennes",15]
["2006-04-29",10,15,12,3,4,"O","","",4,5,"","","","","",1,"",3,"","",2,""," ","","","",480,"Auteuil",15]
["2006-04-30",8,4,14,13,5,"P",{"$f":"IF(COUNTIF($B496:$F496,H$15),MATCH(H$15,$B496:$F496,0),REPT(\" \",test))","v":""},"","",2,5,"","",1,"","",{"$f":"IF(COUNTIF($B496:$F496,R$15),MATCH(R$15,$B496:$F496,0),REPT(\" \",test))","v":""},"",4,3,"","","",""," "," ",481,"Longchamp",15]
["2006-05-01",4,1,2,17,9,"P",2,3,"",1,"","","","",5,"",""," ","","","","",4," "," "," ",482,"Saint Cloud",15]
["2006-05-02",9,15,12,6,5,"P","","","","",5,4,"","",1,"","",3,"","",2,"","",""," "," ",483,"Chantilly",15]
["2006-05-03",8,9,6,16,7,"T","","","","","",3,5,1,2,"","","","","","",4,""," "," "," ",484,"Saint Galmier",15]
["2006-05-04",10,8,14,17,16,"P","","","","","","","",2,"",1,"","","",3,"",5,4,""," "," ",485,"Longchamp",15]
["2006-05-05",2,14,13,5,16,"P","",1,"","",4,"","","","","","","",3,2,"",5,"",""," "," ",486,"Saint Cloud",15]
["2006-05-06",14,4,5,3,11,"T","","",4,2,3,"","","","","",5,"","",1," "," "," "," "," "," ",487,"Vincennes",15]
["2006-05-07",8,18,14,4,1,"O",5,"","",4,"","","",1,"","","",""," ",3,"","","",2,""," ",488,"Auteuil",15]
["2006-05-08",3,5,9,13,7,"P","","",1,"",2,"",5,"",3,"","","",4,"","","",""," "," "," ",489,"Longchamp",15]
["2006-05-09",14,12,11,13,15,"T","","","","","","","","","","",3,2,4,1,5,"","",""," "," ",490,"Vincennes",15]
["2006-05-10",8,15,11,6,7,"T",{"$f":"IF(COUNTIF($B506:$F506,H$15),MATCH(H$15,$B506:$F506,0),REPT(\" \",test))","v":""},"","","","",4,5,1,"","",{"$f":"IF(COUNTIF($B506:$F506,R$15),MATCH(R$15,$B506:$F506,0),REPT(\" \",test))","v":3},"","","",2,""," "," "," "," ",491,"Beaumont",15]
["2006-05-11",4,9,7,6,1,"P",5,"","",1,"",4,3,"",2,"","","","","","",""," "," "," "," ",492,"Longchamp",15]
["2006-05-12",1,3,15,4,14,"O",1,"",2,4," ","","","","","","","","",5,3,"","",""," "," ",493,"Auteuil",15]
["2006-05-13",3,4,10,16,5,"T","","",1,2,5,"","","","",3,"","","","","",4,"",""," "," ",494,"Vincennes",15]
["2006-05-14",12,6,2,5,17,"P","",3,"","",4,2,"","","","","",1,"","","","",5," "," "," ",495,"Longchamp",15]
["2006-05-15",1,15,7,14,11,"P",1,"","","","","",3,"","","",5,"","",4,2,"","",""," "," ",496,"Saint Cloud",15]
["2006-05-16",3,5,12,18,15,"T","","",1,"",2,"","","","","","",3,"","",5,"","",4," ","",497,"Vincennes",15]
["2006-05-17",15,12,4,7,2,"T","",5,"",3,"","",4,""," ","","",2,"","",1,""," "," "," "," ",498,"Caen",15]
["2006-05-18",4,2,12,17,3,"P","",2,5,1,"","","","","","","",3,"","","","",4,""," "," ",499,"Longchamp",15]
["2006-05-19",10,20,6,8,11,"O","","","","","",3,"",4,"",1,5,"","","","","","","","",2,500,"Auteuil",15]
["2006-05-20",9,12,15,10,16,"P",{"$f":"IF(COUNTIF($B516:$F516,H$15),MATCH(H$15,$B516:$F516,0),REPT(\" \",test))","v":""},"","","","","","","",1,4,{"$f":"IF(COUNTIF($B516:$F516,R$15),MATCH(R$15,$B516:$F516,0),REPT(\" \",test))","v":""},2,"","",3,5,"",""," "," ",501,"Maisons-Laffitte",15]
["2006-05-21",13,11,17,1,6,"P",4,""," ","","",5,"","","","",2,"",1,"","","",3,""," "," ",502,"Longchamp",15]
["2006-05-22",13,3,17,14,7,"P","","",2,"","","",5,"","","","","",1,4,"","",3," "," "," ",503,"Chantilly",15]
["2006-05-23",3,4,7,1,8,"T",4,"",1,2,"","",3,5,"",""," ","","","","",""," "," "," "," ",504,"Vincennes",15]
["2006-05-24",7,2,4,13,5,"T","",2,"",3,5,"",1,"","","","","",4,"","",""," "," "," "," ",505,"Le Croisé Laroche",15]
["2006-05-25",4,9,7,14,3,"P","","",5,1,"","",3,"",2,"","","","",4,"","","",""," "," ",506,"Lyon Parilly",15]
["2006-05-26",1,6,12,9,7,"P",1,"","","","",2,5,"",4,"","",3,"","","","","",""," "," ",507,"Lyon Parilly",15]
["2006-05-27",12,15,9,4,1,"T",5,"","",4,"","","","",3,"","",1,"","",2,""," "," "," "," ",508,"Enghien",15]
["2006-05-28",15,8,6,11,9,"O","","","","","",3,"",2,5,"",4,"","","",1,""," "," "," "," ",509,"Auteuil",15]
["2006-05-29",9,12,14,8,7,"T","","","","","","",5,4,1,"","",2,"",3,""," "," "," "," "," ",510,"Vichy",15]
["2006-05-30",5,15,10,6,8,"T",{"$f":"IF(COUNTIF($B526:$F526,H$15),MATCH(H$15,$B526:$F526,0),REPT(\" \",test))","v":""},"","","",1,4,"",5,"",3,{"$f":"IF(COUNTIF($B526:$F526,R$15),MATCH(R$15,$B526:$F526,0),REPT(\" \",test))","v":""},"","","",2,"","",""," "," ",511,"Vincennes",15]
["2006-05-31",14,1,2,10,5,"P",2,3,"","",5,"","","","",4,"","","",1,"","","",""," "," ",512,"Longchamp",15]
["2006-06-01",12,9,15,11,8,"P","","","","","","","",5,2," ",4,1,"","",3,"","",""," "," ",513,"Saint Cloud",15]
["2006-06-02",11,17,14,12,15,"T","","","","","","",""," ","","",1,4,"",3,5,"",2," "," "," ",514,"Vincennes",15]
["2006-06-03",9,7,3,14,5,"P"," "," ",3,"",5,"",2,"",1,"","","","",4,"","","",""," "," ",{"$f":"SUM(AB529+1)","v":515},"Chantilly",15]
["2006-06-04",2,15,13,7,4,"P","",1,"",5,"","",4,"","","","","",3,"",2," "," "," "," "," ",516,"Chantilly",15]
["2006-06-05",14,18,6,12,15,"P","","","","","",3,"","","","","",4,"",1,5,"","",2," "," ",517,"Longchamp",{"$f":"SUM(H532:AA532)","v":15}]
["2006-06-06",10,1,8,6,18,"O",2,"","","","",4,"",3,"",1,"","","","","","","",5,"","",518,"Auteuil",15]
["2006-06-07",6,14,3,2,15,"T","",4,3,"","",1,"","","","","","","",2,5,"","",""," "," ",519,"Laval",15]
["2006-06-08",8,5,14,9,6,"P","","","","",2,5,"",1,4,"","","","",3,"","","",""," "," ",520,"Longchamp",15]
["2006-06-09",14,15,6,16,8,"P",{"$f":"IF(COUNTIF($B536:$F536,H$15),MATCH(H$15,$B536:$F536,0),REPT(\" \",test))","v":""},"","","","",3,"",5,"","",{"$f":"IF(COUNTIF($B536:$F536,R$15),MATCH(R$15,$B536:$F536,0),REPT(\" \",test))","v":""},"","",1,2,4,"",""," "," ",521,"Compiègne",15]
["2006-06-10",16,14,17,9,10,"T","","","","","","","","",4,5,"","","",2,"",1,3," "," "," ",522,"Vincennes",15]
["2006-06-11",5,15,12,13,4,"P","","","",5,1,"","","","","","",3,4,"",2,""," "," "," "," ",523,"Chantilly",15]
["2006-06-12",10,16,11,12,6,"T","","","","","",5,"","","",1,3,4,"","","",2,""," "," "," ",524,"Vichy",15]
["2006-06-13",4,8,11,12,7,"T","","","",1,"","",5,2,"","",3,4,"","",""," "," "," "," "," ",525,"Vincennes",15]
["2006-06-14",8,4,3,7,1,"P",5,"",3,2,"","",4,1,"","","","","","","",""," "," "," "," ",526,"Strasbourg",15]
["2006-06-15",1,14,9,11,6,"P",1,"","","","",5,"","",3,"",4," ","",2,"","",""," "," "," ",527,"Longchamp",15]
["2006-06-16",6,9,3,10,17,"T","","",3,"","",1,"","",2,4,"","","","","","",5," "," "," ",528,"Vincennes",15]
["2006-06-17",14,16,5,3,9,"O","","",4,"",3,"","","",5,""," ","","",1,"",2," "," "," "," ",529,"Auteuil",15]
["2006-06-18",16,7,11,18,17,"T","","","","","","",2,"","","",3,"","","","",1,5,4,""," ",530,"Vincennes",15]
["2006-06-19",7,4,6,5,10,"T",{"$f":"IF(COUNTIF($B546:$F546,H$15),MATCH(H$15,$B546:$F546,0),REPT(\" \",test))","v":""},"","",2,4,3,1,"","",5,{"$f":"IF(COUNTIF($B546:$F546,R$15),MATCH(R$15,$B546:$F546,0),REPT(\" \",test))","v":""},"","","","",""," "," "," "," ",531,"Vichy",15]
["2006-06-20",8,10,3,13,2,"P","",5,3,"","","","",1,"",2,"","",4,"","","","","","","",532,"Longchamp",15]
["2006-06-21",15,3,6,10,8,"T","","",2,"","",3,"",5,"",4,"","","","",1,"",""," "," "," ",533,"Reims",15]
["2006-06-22",8,1,10,17,6,"P",2,"","","","",5,"",1,"",3,"","","","","","",4,""," "," ",534,"Chantilly",15]
["2006-06-23",17,9,10,12,13,"O","","","","","","","","",2,3,"",4,5,"","","",1,""," "," ",535,"Auteuil",15]
["2006-06-24",5,6,11,13,9,"T","","","","",1,2,"","",5,"",3,"",4,"",""," "," "," "," "," ",536,"Enghien",15]
["2006-06-25",12,15,11,4,17,"P","","","",4,"","","","","","",3,1,"","",2,"",5," "," "," ",537,"Saint Cloud",15]
["2006-06-26",15,1,11,18,13,"P",2,"","","","","",""," ","","",3,"",5,"",1,"","",4," "," ",538,"Longchamp",15]
["2006-06-27",15,14,3,12,13,"T","","",3,"","","","","","","","",4,5,2,1,""," "," "," "," ",539,"Vincennes",15]
["2006-06-28",8,11,3,6,12,"P","","",3,"","",4,"",1,"","",2,5,"","","","","",""," "," ",540,"Compiègne",15]
["2006-06-29",11,5,10,13,2,"T",{"$f":"IF(COUNTIF($B556:$F556,H$15),MATCH(H$15,$B556:$F556,0),REPT(\" \",test))","v":""},5,"","",2,"","","","",3,{"$f":"IF(COUNTIF($B556:$F556,R$15),MATCH(R$15,$B556:$F556,0),REPT(\" \",test))","v":1},"",4,""," "," "," "," "," "," ",541,"Enghien",15]
["2006-06-30",6,17,4,12,18,"T","","","",3,"",1,"",""," ","","",4,"","","","",2,5," "," ",542,"Vincennes",15]
["2006-07-01",11,1,15,12,3,"P",2,"",5,"","","","","","","",1,4,"","",3,""," "," "," "," ",543,"Nantes",15]
["2006-07-02",9,2,7,10,3,"P","",2,5,"","","",3,"",1,4,"","","","","","","",""," "," ",544,"Maisons-Laffitte",15]
["2006-07-03",11,13,3,16,5,"O","","",3,"",5,"","","",""," ",1,"",2,"","",4," "," "," "," ",545,"Dieppe",15]
["2006-07-04",11,4,17,14,3,"P","","",5,2,"","","","","","",1,"","",4,"","",3,""," "," ",546,"Deauville",15]
["2006-07-05",11,14,3,10,13,"T","","",3,"","","","","","",4,1,"",5,2,""," "," "," "," "," ",547,"Vichy",15]
["2006-07-06",1,2,5,13,18,"T",1,2,"","",3,"","","","","","","",4,"","","","",5," "," ",548,"Enghien",15]
["2006-07-07",2,13,8,7,5,"T","",1,"","",5,"",4,3,"","","","",2," ","",""," "," "," "," ",549,"Cabourg",15]
["2006-07-08",11,3,7,4,9,"T","","",2,4,"","",3,"",5,"",1,"","",""," "," "," "," "," "," ",550,"Enghien",15]
["2006-07-09",11,13,6,5,16,"P",{"$f":"IF(COUNTIF($B566:$F566,H$15),MATCH(H$15,$B566:$F566,0),REPT(\" \",test))","v":""},"","","",4,3,"","","","",{"$f":"IF(COUNTIF($B566:$F566,R$15),MATCH(R$15,$B566:$F566,0),REPT(\" \",test))","v":1},"",2,"","",5," "," "," "," ",551,"Chantilly",15]
["2006-07-10",2,1,7,9,5,"P",2,1,"","",5," ",3,"",4,"","","","","","","",""," "," "," ",552,"Compiègne",15]
["2006-07-11",2,3,14,15,17,"O","",1,2,"","","","","","","","",""," ",3,4,"",5,""," "," ",553,"Deauville Clairefontaine",15]
["2006-07-12",4,5,10,7,12,"T","","","",1,2,"",4,"","",3,"",5,"","","",""," "," "," "," ",554,"Les Sables d'Olonne",15]
["2006-07-13",9,6,2,13,11,"T","",3,"","","",2,"","",1,"",5,"",4,"",""," "," "," "," "," ",555,"Enghien",15]
["2006-07-14",2,3,7,4,6,"P","",1,2,4,"",5,3,"","","","","","","","","","",""," "," ",556,"Longchamp",15]
["2006-07-15",4,5,8,2,18,"P","",4,"",1,2,"","",3,"","","","","","","","","",5," "," ",557,"Maisons-Laffitte",15]
["2006-07-16",2,7,6,4,3,"T","",1,5,4,"",3,2,"","","","","","","","",""," "," "," "," ",558,"Enghien",15]
["2006-07-17",11,8,2,5,4,"P","",3,"",5,4,"","",2,"","",1,"","","","","","",""," "," ",559,"Vichy",15]
["2006-07-18",16,4,15,12,6,"T"," "," ","",2,"",5,"","","","","",4,"","",3,1," "," "," "," ",560,"Cabourg",15]
["2006-07-19",4,1,12,8,15,"T",{"$f":"IF(COUNTIF($B576:$F576,H$15),MATCH(H$15,$B576:$F576,0),REPT(\" \",test))","v":2},"","",1,"","","",4,"","",{"$f":"IF(COUNTIF($B576:$F576,R$15),MATCH(R$15,$B576:$F576,0),REPT(\" \",test))","v":""},3,"","",5," "," "," "," "," ",561,"Graignes",15]
["2006-07-20",16,1,4,5,10,"P",2,"","",3,4,"","","","",5,"","","","","",1,"","",""," ",562,"Vichy",15]
["2006-07-21",14,17,10,6,5,"P","","","","",5,4,"","","",3,"","","",1,"","",2,""," "," ",563,"Vichy",15]
["2006-07-22",15,14,13,5,6,"T","","","","",4,5,"","","","","","",3,2,1," "," "," "," "," ",564,"Enghien",15]
["2006-07-23",1,6,2,5,15,"P",1,3,"","",4,2,"","","","","","","","",5,""," ",""," "," ",565,"Maisons-Laffitte",15]
["2006-07-24",12,3,13,10,1,"P",5,"",2,"","","","","","",4,"",1,3,"","",""," "," "," "," ",566,"Chantilly",15]
["2006-07-25",6,10,12,4,7,"T","","","",4,"",1,5,"","",2,"",3,"","",""," "," "," "," "," ",567,"Cabourg",15]
["2006-07-26",5,7,1,13,14,"P",3,"","","",1,"",2,"","","","","",4,5,"",""," "," "," "," ",568,"Chateaubriant",15]
["2006-07-27",1,5,13,14,2,"T",1,5,"","",2,"","","",""," ","","",3,4,"",""," "," "," "," ",569,"Enghien",15]
["2006-07-28",7,12,8,18,6,"P","","","","","",5,1,3,"","","",2,"","","","","",4," "," ",570,"Compiègne",15]
["2006-07-29",6,14,18,12,2,"P",{"$f":"IF(COUNTIF($B586:$F586,H$15),MATCH(H$15,$B586:$F586,0),REPT(\" \",test))","v":""},5,"","","",1,"","","","",{"$f":"IF(COUNTIF($B586:$F586,R$15),MATCH(R$15,$B586:$F586,0),REPT(\" \",test))","v":""},4,"",2,"","","",3," "," ",571,"Deauville",15]
["2006-07-30",4,11,7,5,13,"T","","","",1,4,"",3,"","","",2,"",5," "," "," "," "," "," "," ",572,"Enghien",15]
["2006-07-31",1,16,15,12,17,"P",1,"","","","","","","","","","",4,"","",3,2,5,""," "," ",573,"Deauville Clairefontaine",15]
["2006-08-01",14,5,4,12,10,"P","","","",3,2,"","","","",5,"",4,"",1,"","","",""," "," ",574,"Deauville",15]
["2006-08-02",8,12,6,5,16,"T","","","","",4,3,"",1,"","","",2,"","","",5,""," "," "," ",575,"Saint Malo",15]
["2006-08-03",4,12,8,16,13,"T","","","",1,""," ","",3,"",""," ",2,5,"","",4," "," "," "," ",576,"Enghien",15]
["2006-08-04",7,6,3,10,8,"P","","",3,"","",2,1,5,"",4,"","","","","","","",""," "," ",577,"Deauville Clairefontaine",15]
["2006-08-05",7,17,5,12,9,"P","","","","",3,"",1,"",5,""," ",4,"","","","",2,""," "," ",578,"Deauville",15]
["2006-08-06",6,3,8,14,18,"P","","",2,"","",1,"",3,""," ","","","",4,"","","",5," "," ",{"$f":"SUM(AB593+1)","v":579},"Deauville",15]
["2006-08-07",10,4,7,2,11,"P","",4,"",2,"","",3,"","",1,5,"","","","","",""," "," "," ",580,"Deauville Clairefontaine",15]
["2006-08-08",3,2,4,15,7,"T",{"$f":"IF(COUNTIF($B596:$F596,H$15),MATCH(H$15,$B596:$F596,0),REPT(\" \",test))","v":""},2,1,3,"","",5,"","","",{"$f":"IF(COUNTIF($B596:$F596,R$15),MATCH(R$15,$B596:$F596,0),REPT(\" \",test))","v":""},"","","",4,""," "," "," "," ",581,"Cabourg",{"$f":"SUM(H596:AA596)","v":15}]
["2006-08-09",3,15,2,9,6,"P","",3,1,"","",5," ","",4,"","","","","",2," "," "," "," "," ",582,"Deauville",15]
["2006-08-10",1,5,3,14,7,"T",1,"",3,"",2,"",5,"","","","","","",4,""," "," "," "," "," ",583,"Enghien",15]
["2006-08-11",1,4,16,17,6,"O",1,"","",2,"",5,"","","","","","","","","",3,4,""," "," ",584,"Deauville Clairefontaine",15]
["2006-08-12",13,12,2,17,11,"P","",3,"","","","","","","","",5,2,1,"","","",4,""," "," ",585,"Deauville",15]
["2006-08-13",5,4,8,16,3,"T","","",5,2,1,"","",3,"","","","","","","",4,""," "," "," ",586,"Les Sables d'Olonne",15]
["2006-08-14",3,4,14,16,1,"P",5,"",1,2,"","","","","","","","","",3,"",4," "," "," "," ",587,"Deauville Clairefontaine",15]
["2006-08-15",18,13,12,10,3,"P","","",5,"","","","","","",4,"",3,2,""," ","","",1,"","",588,"Deauville",15]
["2006-08-16",3,16,12,5,8,"P","","",1,"",4,"","",5,"","","",3,"","","",2,"",""," "," ",589,"Deauville Clairefontaine",15]
["2006-08-17",4,3,7,10,5,"T","","",2,1,5,"",3,"","",4,"","","","",""," "," "," "," "," ",590,"Enghien",15]
["2006-08-18",13,15,3,8,10,"T",{"$f":"IF(COUNTIF($B606:$F606,H$15),MATCH(H$15,$B606:$F606,0),REPT(\" \",test))","v":""},"",3,"","","","",4,"",5,{"$f":"IF(COUNTIF($B606:$F606,R$15),MATCH(R$15,$B606:$F606,0),REPT(\" \",test))","v":""},"",1,"",2,""," "," "," "," ",591,"Cabourg",15]
["2006-08-19",14,2,15,13,12,"P","",2,"","","","","","","","","",5,4,1,3,"","",""," "," ",592,"Deauville",15]
["2006-08-20",7,15,12,6,2,"P","",5,"","","",4,1,"","","","",3,"","",2,"","","",""," ",593,"Deauville",15]
["2006-08-21",8,2,4,5,1,"T",5,2,"",3,4,"","",1,"","","","","","","","",""," "," "," ",594,"Vincennes",15]
["2006-08-22",10,11,5,3,16,"P","","",4,"",3," ","","","",1,2,"","","","",5,""," "," "," ",595,"Deauville",15]
["2006-08-23",13,8,1,4,11,"T",3,"","",4,"","","",2,"","",5,"",1,""," "," "," "," "," "," ",596,"Vincennes",15]
["2006-08-24",14,11,12,1,9,"O",4,"","","","","","","",5,"",2,3,"",1,"","","",""," "," ",597,"Deauville Clairefontaine",15]
["2006-08-25",16,15,10,18,11,"P","","","","","","","","","",3,5,"","","",2,1,"",4,""," ",598,"Deauville",15]
["2006-08-26",13,2,1,15,16,"T",3,2,"","","","","","","","","","",1,"",4,5,"",""," "," ",599,"Vincennes",15]
["2006-08-27",5,12,10,11,1,"P",5," ","","",1,"","","","",3,4,2,"","","","",""," "," "," ",600,"Deauville",15]
["2006-08-28",1,3,2,9,5,"T",{"$f":"IF(COUNTIF($B616:$F616,H$15),MATCH(H$15,$B616:$F616,0),REPT(\" \",test))","v":1},3,2,"",5,"","","",4,"",{"$f":"IF(COUNTIF($B616:$F616,R$15),MATCH(R$15,$B616:$F616,0),REPT(\" \",test))","v":""},"",""," ",""," "," "," "," "," ",601,"Vincennes",15]
["2006-08-29",12,7,13,10,5,"P"," ","","","",5,"",2,"","",4,"",1,3,"","","","",""," "," ",602,"Chantilly",15]
["2006-08-30",6,19,3,7,1,"T",5,"",3,"","",1,4,"","","","","","","","","","","",2,"",603,"Vincennes",15]
["2006-08-31",16,12,6,1,2,"T",4,5,"","","",3,"","","","","",2,"","","",1,"","","","",604,"Vincennes",15]
["2006-09-01",13,16,8,6,14,"T","","","","","",4,"",3,"","","","",1,5,"",2," "," "," "," ",605,"Vincennes",15]
["2006-09-02",12,7,15,5,3,"T","","",5,"",4,"",2,"","","","",1,"","",3,"","",""," "," ",606,"Vincennes",15]
["2006-09-03",4,12,5,17,9,"P","","","",1,3,"","","",5,"","",2,"","","","",4,""," "," ",607,"Longchamp",15]
["2006-09-04",6,11,3,10,1,"P",5,"",3,"","",1,"","","",4,2,"","","","",""," "," "," "," ",608,"Craon",15]
["2006-09-05",18,6,9,11,10,"T","","","","","",2,"","",3,5,4,"",""," ","","","",1," "," ",609,"Vincennes",15]
["2006-09-06",11,5,12,4,16,"T","","","",4,2,"","","","","",1,3,"","","",5," "," "," "," ",610,"Marseille Vivaux",15]
["2006-09-07",3,14,12,15,17,"P",{"$f":"IF(COUNTIF($B626:$F626,H$15),MATCH(H$15,$B626:$F626,0),REPT(\" \",test))","v":""},"",1,"","","","","","","",{"$f":"IF(COUNTIF($B626:$F626,R$15),MATCH(R$15,$B626:$F626,0),REPT(\" \",test))","v":""},3,"",2,4,"",5,""," "," ",611,"Longchamp",15]
["2006-09-08",14,9,2,5,15,"O","",3,"","",4,"","","",2,"","","","",1,5,""," "," "," "," ",612,"Auteuil",15]
["2006-09-09",10,3,9,13,2,"T","",5,2,""," ","","","",3,1,"","",4,"","",""," "," "," "," ",613,"Vincennes",15]
["2006-09-10",5,10,3,13,7,"P","","",3,"",1,"",5,"","",2,"","",4,"","","","",""," "," ",614,"Longchamp",15]
["2006-09-11",7,13,15,16,5,"T","","","","",5,"",1,"",""," ","","",2,"",3,4," "," "," "," ",615,"Vincennes",15]
["2006-09-12",10,2,12,3,1,"T",5,2,4,"","","","","","",1,"",3,"",""," ","","",""," "," ",616,"Vincennes",15]
["2006-09-13",11,15,6,4,9,"P","","","",4," ",3,"","",5,"",1,"","","",2,""," "," "," "," ",617,"Nancy",15]
["2006-09-14",13,16,11,1,7,"P",4,""," ","","","",5,"","","",3," ",1,"","",2,"",""," "," ",618,"Chantilly",15]
["2006-09-15",9,8,3,12,5,"O",""," ",3,"",5,"","",2,1,"","",4,"",""," "," "," "," "," "," ",619,"Auteuil",15]
["2006-09-16",3,17,5,15,9,"P","","",1,"",3,"","","",5,"","","","","",4,"",2,""," "," ",620,"Longchamp",15]
["2006-09-17",17,7,13,15,6,"T",{"$f":"IF(COUNTIF($B636:$F636,H$15),MATCH(H$15,$B636:$F636,0),REPT(\" \",test))","v":""},"","","","",5,2,"","","",{"$f":"IF(COUNTIF($B636:$F636,R$15),MATCH(R$15,$B636:$F636,0),REPT(\" \",test))","v":""}," ",3,"",4,"",1," "," "," ",621,"Vincennes",15]
["2006-09-18",3,6,2,5,10,"P","",3,1,"",4,2,"","","",5,""," ","","","",""," "," "," "," ",622,"Craon",15]
["2006-09-19",2,14,3,12,6,"T","",1,3,"","",5,"","","","","",4,"",2,"","","",""," "," ",623,"Vincennes",15]
["2006-09-20",5,9,7,11,6,"T","","","","",1,5,3,"",2,"",4,"","","",""," "," "," "," "," ",624,"Amiens",15]
["2006-09-21",6,7,2,4,11,"T","",3,"",4,"",1,2,"","","",5," ","","",""," "," "," "," "," ",625,"Vincennes",15]
["2006-09-22",11,15,17,7,5,"T","","","","",5,"",4,"","","",1,"","","",2,"",3," "," "," ",626,"Vincennes",15]
["2006-09-23",10,4,15,5,13,"O","","","",2,4,"","","","",1,"","",5,"",3,""," "," "," "," ",627,"Auteuil",15]
["2006-09-24",10,8,13,4,14,"T","","","",4,"","","",2,"",1,"","",3,5,""," "," "," "," "," ",628,"Vincennes",15]
["2006-09-25",4,15,10,12,3,"T","","",5,1,"","","","","",3,"",4,"","",2,""," "," "," "," ",629,"Enghien",15]
["2006-09-26",16,14,11,18,5,"P","","","","",5,"","","","","",3,"","",2,"",1,"",4," "," ",630,"Saint Cloud",15]
["2006-09-27",11,6,10,12,13,"T",{"$f":"IF(COUNTIF($B646:$F646,H$15),MATCH(H$15,$B646:$F646,0),REPT(\" \",test))","v":""},"","","","",2,"","","",3,{"$f":"IF(COUNTIF($B646:$F646,R$15),MATCH(R$15,$B646:$F646,0),REPT(\" \",test))","v":1},4,5,"","","","",""," "," ",631,"Vire",15]
["2006-09-28",14,4,9,15,5,"P","","","",2,5,"","","",3,"","","","",1,4,""," "," "," "," ",632,"Lion d'Angers",15]
["2006-09-29",17,18,6,16,4,"T","","","",5,"",3,"","","","","","","","","",4,1,2," "," ",633,"Vincennes",15]
["2006-09-30",2,9,14,3,11,"P","",1,4,"","","","","",2,"",5,"","",3,"","","",""," "," ",634,"Longchamp",15]
["2006-10-01",9,6,7,14,11,"P","","","","","",2,3,"",1,"",5,"","",4,"","","",""," "," ",635,"Longchamp",15]
["2006-10-02",9,5,14,7,2,"T","",5,"","",2,"",4,"",1,"","","","",3,""," "," "," "," "," ",636,"Enghien",15]
["2006-10-03",6,2,12,11,4,"T"," ",2,"",5,"",1,"","","","",4,3,"","",""," "," "," "," "," ",637,"Vincennes",15]
["2006-10-04",10,17,4,18,13,"T","","","",3,"","","","","",1,"","",5,"","","",2,4," "," ",638,"Laval",15]
["2006-10-05",13,12,1,8,2,"P",3,5,"","","","","",4,"","","",2,1,"","","","",""," "," ",639,"Chantilly",15]
["2006-10-06",9,5,8,15,11,"T","",""," ","",2,"","",3,1,"",5,"","","",4,""," "," "," "," ",640,"Vincennes",15]
["2006-10-07",15,14,13,9,1,"P",{"$f":"IF(COUNTIF($B656:$F656,H$15),MATCH(H$15,$B656:$F656,0),REPT(\" \",test))","v":5},"","","","","","","",4,"",{"$f":"IF(COUNTIF($B656:$F656,R$15),MATCH(R$15,$B656:$F656,0),REPT(\" \",test))","v":""},"",3,2,1,"","",""," "," ",641,"Maisons-Laffitte",15]
["2006-10-08",14,5,2,4,6,"O","",3,"",4,2,5,"","","",""," ","","",1,"","","",""," "," ",642,"Auteuil",15]
["2006-10-09",7,15,5,13,10,"T","","","","",3,"",1,"","",5,"","",4,"",2," "," "," "," "," ",{"$f":"SUM(AB657+1)","v":643},"Feurs",15]
["2006-10-10",5,9,17,2,3,"T","",4,5,"",1,"","","",2,"","","","","","","",3,""," "," ",644,"Vincennes",15]
["2006-10-11",4,5,2,11,12,"P","",3,"",1,2,"",""," ","","",4,5,"","","",""," "," "," "," ",645,"Bordeaux",{"$f":"SUM(H660:AA660)","v":15}]
["2006-10-12",9,7,13,5,4,"T","","","",5,4,"",2,"",1,"","","",3,"",""," "," "," "," "," ",646,"Enghien",15]
["2006-10-13",16,12,14,11,3,"P","","",5,"","","","","","","",4,2,"",3,"",1,"",""," "," ",647,"Maisons-Laffitte",15]
["2006-10-14",6,2,5,10,3,"O","",2,5,"",3,1,"","","",4," ","","","","","","","","","",648,"Auteuil",15]
["2006-10-15",9,16,2,14,5,"P","",3,"","",5,"","","",1,"","","","",4,"",2,""," "," "," ",649,"Longchamp",15]
["2006-10-16",6,11,16,7,3,"P","","",5,"","",1,4,"","","",2,"","","","",3,"",""," "," ",650,"Deauville",15]
["2006-10-17",6,16,14,7,3,"T",{"$f":"IF(COUNTIF($B666:$F666,H$15),MATCH(H$15,$B666:$F666,0),REPT(\" \",test))","v":""},"",5,"","",1,4,"","","",{"$f":"IF(COUNTIF($B666:$F666,R$15),MATCH(R$15,$B666:$F666,0),REPT(\" \",test))","v":""}," ","",3,"",2,"",""," "," ",651,"Vincennes",15]
["2006-10-18",9,4,17,11,6,"T","","","",2,"",5,"","",1,"",4,"","","","","",3,""," "," ",652,"Lyon Parilly",15]
["2006-10-19",1,11,3,10,5,"P",1,"",3,"",5,"","","","",4,2,"","","","","","",""," "," ",653,"Maisons-Laffitte",15]
["2006-10-20",3,4,2,6,11,"T","",3,1,2,"",4,"","","","",5,"","","",""," "," "," "," "," ",654,"Vincennes",15]
["2006-10-21",8,2,11,7,12,"O","",2,"","","","",4,1," ","",3,5,""," "," "," "," "," "," "," ",655,"Auteuil",15]
["2006-10-22",4,1,6,9,10,"P",2,"","",1,"",3,"","",4,5,"","","","","","","",""," "," ",656,"Longchamp",15]
["2006-10-23",6,13,7,4,3,"T","","",5,4,"",1,3,"","","","","",2,"","",""," ",""," "," ",657,"Enghien",15]
["2006-10-24",3,14,13,15,10,"T","","",1,"","","","","","",5,"","",3,2,4,""," "," "," "," ",658,"Vincennes",15]
["2006-10-25",16,4,13,18,14,"T","","","",2,"","","","","","","","",3,5,"",1,"",4," "," ",659,"Enghien",15]
["2006-10-26",2,3,17,1,11,"P",4,1,2,"","","","","","","",5,"","","",""," ",3,""," "," ",660,"Longchamp",15]
["2006-10-27",6,5,14,2,4,"O",{"$f":"IF(COUNTIF($B676:$F676,H$15),MATCH(H$15,$B676:$F676,0),REPT(\" \",test))","v":""},4," ",5,2,1,"","","","",{"$f":"IF(COUNTIF($B676:$F676,R$15),MATCH(R$15,$B676:$F676,0),REPT(\" \",test))","v":""},"","",3,""," "," "," "," "," ",661,"Auteuil",15]
["2006-10-28",5,7,1,16,9,"P",3,"","","",1,"",2,"",5,"","","","","","",4,""," "," "," ",662,"Maisons-Laffitte",15]
["2006-10-29",9,4,12,5,18,"P","","","",2,4,"",""," ",1,"","",3,"","","","","",5," "," ",663,"Saint Cloud",15]
["2006-10-30",11,1,14,12,16,"P",2,"","","",""," ","","","","",1,4,"",3,"",5,"",""," "," ",664,"Compiègne",15]
["2006-10-31",17,18,14,6,7,"T","","","","","",4,5,"","","","","","",3,"","",1,2," "," ",665,"Vincennes",15]
["2006-11-01",4,7,11,12,14,"O","","","",1,"","",2,"","","",3,4,"",5,"",""," "," "," "," ",666,"Enghien",15]
["2006-11-02",7,11,6,13,14,"T","","","","","",3,1,"","","",2,"",4,5,"","","",""," "," ",667,"Vincennes",15]
["2006-11-03",5,2,10,3,14,"T","",2,4,"",1,"","","","",3,"","","",5,"","","",""," "," ",668,"Vincennes",15]
["2006-11-04",3,4,7,5,15,"O","","",1,2,4,"",3,"","","","","","","",5,"","","","","",669,"Auteuil",15]
["2006-11-05",4,7,3,6,2,"O","",5,3,1,"",4,2,"","","","","","",""," "," "," "," "," "," ",670,"Auteuil",15]
["2006-11-06",5,8,1,3,9,"T",{"$f":"IF(COUNTIF($B686:$F686,H$15),MATCH(H$15,$B686:$F686,0),REPT(\" \",test))","v":3},"",4,"",1,"","",2,5,"",{"$f":"IF(COUNTIF($B686:$F686,R$15),MATCH(R$15,$B686:$F686,0),REPT(\" \",test))","v":""},"","","","","",""," "," "," ",671,"Vincennes",15,null,null,null,null,null,null,null,1]
["2006-11-07",18,5,12,3,13,"P","","",4,"",2,"","","","","","",3,5,"","","","",1," "," ",672,"Maisons-Laffitte",15]
["2006-11-08",3,4,16,14,11,"T","","",1,2,"","","","","","",5,"","",4,"",3,"",""," "," ",673,"Nantes",15]
["2006-11-09",3,6,11,8,13,"T","","",1,""," ",2,"",4,"","",3,"",5,"","","","",""," "," ",674,"Vincennes",15]
["2006-11-10",5,1,7,17,8,"O",2,"","","",1,"",3,5,"","","","","","","","",4," "," "," ",675,"Auteuil",15]
["2006-11-11",4,5,7,6,3,"P","","",5,1,2,4,3,"","","","","","","","",""," "," "," "," ",676,"Toulouse",15]
["2006-11-12",14,11,3,2,8,"P","",4,3,"","","","",5,"","",2,"","",1,"","","",""," "," ",677,"Saint Cloud",15]
["2006-11-13",17,11,14,1,8,"T",4,"","","","","","",5,"","",2,"","",3,"","",1,""," "," ",678,"Vincennes",15]
["2006-11-14",10,8,2,6,14,"T","",3,"","","",4,"",2,"",1,"","","",5,"",""," "," "," "," ",679,"Vincennes",15]
["2006-11-15",13,2,3,7,12,"T","",2,3,"","","",4,"","","","",5,1,"","",""," "," "," "," ",680,"Bordeaux",15]
["2006-11-16",11,1,16,2,7,"P",{"$f":"IF(COUNTIF($B696:$F696,H$15),MATCH(H$15,$B696:$F696,0),REPT(\" \",test))","v":2},4,"","","","",5,"","","",{"$f":"IF(COUNTIF($B696:$F696,R$15),MATCH(R$15,$B696:$F696,0),REPT(\" \",test))","v":1},"","","","",3," "," "," "," ",681,"Angers",15]
["2006-11-17",10,11,8,3,12,"O","","",4,"","","","",3,"",1,2,5,"","",""," "," "," "," "," ",682,"Enghien",15]
["2006-11-18",8,10,4,1,12,"T",4,"","",3,"","","",1,"",2,"",5,"","","","","","","","",683,"Vincennes",15]
["2006-11-19",2,13,3,5,4,"O","",1,3,5,4,"","","","","","","",2,"",""," "," "," "," "," ",684,"Auteuil",15]
["2006-11-20",10,2,9,5,4,"P","",2,"",5,4,"","","",3,1,"","","","","","",""," "," "," ",685,"Maisons-Laffitte",15]
["2006-11-21",13,18,14,8,17,"T","","","","","","","",4,"","","","",1,3,"","",5,2," "," ",686,"Vincennes",15]
["2006-11-22",8,9,13,7,5,"T","","","","",5,"",4,1,2,"","","",3,"","","","",""," "," ",687,"Mauquenchy",15]
["2006-11-23",18,4,7,5,8,"T","","","",2,4,"",3,5,"","","","","","","","","",1," "," ",688,"Vincennes",15]
["2006-11-24",14,9,7,15,3,"T","","",5,"","","",3,"",2,"","","","",1,4," "," "," "," "," ",689,"Vincennes",15]
["2006-11-25",3,5,14,17,9,"P","","",1,"",2,"","","",5,"","","","",3,"","",4,""," "," ",690,"Saint Cloud",15]
["2006-11-26",7,9,13,4,2,"O",{"$f":"IF(COUNTIF($B706:$F706,H$15),MATCH(H$15,$B706:$F706,0),REPT(\" \",test))","v":""},5,"",4,"","",1,"",2,"",{"$f":"IF(COUNTIF($B706:$F706,R$15),MATCH(R$15,$B706:$F706,0),REPT(\" \",test))","v":""},"",3,"","","",""," "," "," ",691,"Auteuil",15]
["2006-11-27",2,10,12,9,6,"P","",1,"","","",5,"","",4,2,"",3,"","","","","",""," "," ",692,"Fontainebleau",15]
["2006-11-28",7,16,9,3,17,"T","","",4,"","","",1,"",3,""," ","","","","",2,5,""," "," ",693,"Vincennes",15]
["2006-11-29",8,10,3,6,4,"T","","",3,5,"",4,"",1,"",2,"","","","","",""," "," "," "," ",694,"Vincennes",15]
["2006-11-30",8,13,14,1,15,"T",4,"","","","","","",1,"","","","",2,3,5,""," "," "," "," ",695,"Vincennes",15]
["2006-12-01",14,2,13,5,12,"T","",2,"","",4,"","","","","","",5,3,1,"",""," "," "," "," ",696,"Vincennes",15]
["2006-12-02",11,13,16,12,17,"T","","","","","","","","","","",1,4,2,"","",3,5,""," "," ",697,"Vincennes",15]
["2006-12-03",19,5,9,6,1,"O",5," ","","",2,4,"","",3,"","","","","","",""," ","",1,"",698,"Auteuil",15]
["2006-12-04",6,13,8,11,16,"T","","","","","",1,"",3,"","",4,"",2,"","",5,"",""," "," ",699,"Vincennes",15]
["2006-12-05",4,3,1,8,11,"T",3,"",2,1,"","","",4,"","",5,"","","","",""," "," "," "," ",700,"Vincennes",15]
["2006-12-06",2,10,7,13,11,"P",{"$f":"IF(COUNTIF($B716:$F716,H$15),MATCH(H$15,$B716:$F716,0),REPT(\" \",test))","v":""},1,"","","","",3,"","",2,{"$f":"IF(COUNTIF($B716:$F716,R$15),MATCH(R$15,$B716:$F716,0),REPT(\" \",test))","v":5},"",4,"",""," "," "," "," "," ",701,"Marseille Borely",15]
["2006-12-07",11,13,4,15,2,"T","",5,"",3,"","","","","","",1,"",2,"",4,"","",""," "," ",702,"Vincennes",15]
["2006-12-09",10,3,11,8,7,"T","","",2,"","","",5,4,"",1,3,"","","","","","","","","",703,"Vincennes",15]
["2006-12-10",14,11,13,9,2,"T","",5,"","","","","","",4,"",2,"",3,1," "," "," "," "," "," ",704,"Vincennes",15]
["2006-12-11",14,7,10,9,15,"T","","","","","","",2,"",4,3,"","","",1,5," "," "," "," "," ",705,"Vincennes",15]
["2006-12-12",18,9,15,16,4,"T","",""," ",5,"","","","",2,"","","","","",3,4,"",1,"","",706,"Vincennes",15]
["2006-12-13",12,8,15,4,10,"T",""," ","",4,"","","",2,"",5,"",1,"","",3,""," "," "," "," ",{"$f":"SUM(AB721+1)","v":707},"Vincennes",15]
["2006-12-14",1,10,12,7,9,"T",1,"","","","","",4,"",5,2,"",3,"","","",""," "," "," "," ",708,"Vincennes",15]
["2006-12-15",5,1,12,7,13,"T",2,"","","",1,"",4,"","","","",3,5,"","",""," "," "," "," ",709,"Cabourg",{"$f":"SUM(H724:AA724)","v":15}]
["2006-12-16",9,11,5,6,15,"T","","","","",3,4,"","",1,"",2,"","","",5,"","",""," "," ",710,"Vincennes",15]
["2006-12-17",6,13,8,18,10,"T",{"$f":"IF(COUNTIF($B726:$F726,H$15),MATCH(H$15,$B726:$F726,0),REPT(\" \",test))","v":""},"","","","",1,"",3,"",5,{"$f":"IF(COUNTIF($B726:$F726,R$15),MATCH(R$15,$B726:$F726,0),REPT(\" \",test))","v":""},"",2,"","","","",4,"","",711,"Vincennes",15]
["2006-12-18",11,10,8,5,2,"O","",5,"","",4,"","",3,"",2,1,"","","","",""," "," "," "," ",712,"Cagnes",15]
["2006-12-19",5,2,11,16,6,"T","",2,"","",1,5,"","","","",3,"","","","",4,"",""," "," ",713,"Vincennes",15]
["2006-12-20",1,2,9,8,13,"T",1,2,"","","","","",4,3,"","","",5,"","","","",""," "," ",714,"Vincennes",15]
["2006-12-21",8,5,12,4,13,"T","","","",4,2,"","",1,"","","",3,5,"","","",""," "," "," ",715,"Vincennes",15]
["2006-12-22",2,6,12,9,8,"O","",1,"","","",2,"",5,4,"","",3,"","","","","",""," "," ",716,"Pau",15]
["2006-12-23",18,8,13,15,12,"T","","","","","","","",2,"","","",5,3,"",4,"","",1,"","",717,"Vincennes",15]
["2006-12-24",6,15,2,1,8,"T",4,3,"","","",1,"",5,"","","","","","",2,"","",""," "," ",718,"Vincennes",15]
["2006-12-25",16,8,18,14,3,"T","","",5,"","","","",2,"","","","","",4,"",1,"",3," "," ",719,"Vincennes",15]
["2006-12-26",8,5,7,4,11,"O",""," ","",4,2,"",3,1,"","",5,"","",""," "," "," "," "," "," ",720,"Cagnes",15]
["2006-12-27",17,7,4,9,15,"P",{"$f":"IF(COUNTIF($B736:$F736,H$15),MATCH(H$15,$B736:$F736,0),REPT(\" \",test))","v":""},"","",3,"","",2,"",4,"",{"$f":"IF(COUNTIF($B736:$F736,R$15),MATCH(R$15,$B736:$F736,0),REPT(\" \",test))","v":""},"",""," ",5,"",1,""," "," ",721,"Deauville",15]
["2006-12-28",12,10,9,4,18,"T"," ","","",4,"","","","",3,2,"",1,"","","","","",5,"","",722,"Vincennes",15]
["2006-12-29",14,6,10,2,7,"P","",4,"","","",2,5,"","",3,"","","",1,"","","",""," "," ",723,"Deauville",15]
["2006-12-30",16,14,15,17,18,"T","","","","","","","","","","","","","",2,3,1,4,5," "," ",724,"Vincennes",15]
["2006-12-31",4,13,9,14,5,"T","","","",1,5,"","","",3,"","","",2,4,"",""," ",""," "," ",725,"Vincennes",15]
["2007-01-01",5,6,8,4,2,"T","",5,"",4,1,2,"",3," ","","","","","","","",""," "," "," ",726,"Vincennes",15]
["2007-01-02",10,15,3,11,7,"T","","",3,"","","",5,"","",1,4,"","","",2,"","",""," "," ",727,"Vincennes",15]
["2007-01-03",10,1,7,3,4,"P",2,"",4,5,"","",3,"","",1,"","","","","",""," "," "," "," ",728,"Deauville",15]
["2007-01-04",5,8,16,9,15,"T","","","","",1," ","",2,4,"","","","","",5,3,""," "," "," ",729,"Vincennes",15]
["2007-01-05",15,7,10,8,4,"O","","","",5,"","",2,4,"",3,"","","","",1,"","",""," "," ",730,"Pau",15]
["2007-01-06",13,14,7,10,19,"T",{"$f":"IF(COUNTIF($B746:$F746,H$15),MATCH(H$15,$B746:$F746,0),REPT(\" \",test))","v":""},"","","","","",3,"","",4,{"$f":"IF(COUNTIF($B746:$F746,R$15),MATCH(R$15,$B746:$F746,0),REPT(\" \",test))","v":""},"",1,2,"","","","",5,"",731,"Vincennes",15]
["2007-01-07",4,5,8,18,13,"T","","","",1,2,"","",3,"","","","",5,"","","","",4," "," ",732,"Vincennes",15]
["2007-01-08",7,16,3,15,2,"T","",5,3,"","","",1,"","","","","","","",4,2," "," "," "," ",733,"Vincennes",15]
["2007-01-09",8,4,2,11,5,"T","",3,"",2,5,""," ",1,"","",4,""," "," ","","","",""," "," ",734,"Vincennes",15]
["2007-01-10",16,7,11,13,3,"O","","",5,"","","",2,"","","",3," ",4,"","",1,""," "," "," ",735,"Pau",15]
["2007-01-11",13,12,4,3,16,"T","","",4,3,"","","","","","","",2,1,"","",5,"",""," "," ",736,"Cagnes",15]
["2007-01-12",12,6,14,11,4,"T","","","",5,"",2,"",""," ","",4,1,"",3," "," "," "," "," "," ",737,"Vincennes",15]
["2007-01-13",10,6,7,5,2,"T","",5,"","",4,2,3,"","",1,"","","","","","","",""," "," ",738,"Vincennes",15]
["2007-01-14",5,7,14,2,11,"T","",4,"","",1,"",2,"","","",5," ","",3,"",""," "," "," "," ",739,"Vincennes",15]
["2007-01-15",4,10,9,5,2,"T","",5,"",1,4,"","","",3,2,"",""," ","","","","","",""," ",740,"Vincennes",15]
["2007-01-16",12,4,10,7,2,"T",{"$f":"IF(COUNTIF($B756:$F756,H$15),MATCH(H$15,$B756:$F756,0),REPT(\" \",test))","v":""},5,"",2,"","",4,"","",3,{"$f":"IF(COUNTIF($B756:$F756,R$15),MATCH(R$15,$B756:$F756,0),REPT(\" \",test))","v":""},1,"","","","",""," "," "," ",741,"Cagnes",15]
["2007-01-17",3,11,1,16,2,"P",3,5,1,"","","","","","","",2,"","",""," ",4,"",""," "," ",742,"Cagnes",15]
["2007-01-18",8,14,17,5,7,"T","","","","",4,"",5,1,"","","","","",2,"","",3,""," "," ",743,"Vincennes",15]
["2007-01-19",6,3,14,16,5,"P","","",2,"",5,1,"","","","","","","",3,"",4,"",""," "," ",744,"Cagnes",15]
["2007-01-20",16,9,18,8,14,"T","","","",""," ",""," ",4,2,"","","","",5,"",1,"",3," "," ",745,"Vincennes",15]
["2007-01-21",9,5,16,11,20,"T","","","","",2,"","","",1,"",4,""," ","","",3,"","","",5,746,"Vincennes",15]
["2007-01-22",4,11,10,17,12,"P","","","",1,"","","","","",3,2,5," ","","","",4," "," "," ",747,"Cagnes",15]
["2007-01-23",11,2,16,1,5,"P",4,2,"","",5,"","","","","",1,"","","","",3,"",""," "," ",748,"Cagnes",15]
["2007-01-24",7,15,9,6,2,"T","",5,"","","",4,1,"",3,"","","","","",2,"","",""," "," ",749,"Cagnes",15]
["2007-01-25",1,15,9,7,13,"T",1,"","","","","",4,"",3,"","","",5,"",2,"","",""," "," ",750,"Vincennes",15]
["2007-01-26",3,12,13,10,1,"P",{"$f":"IF(COUNTIF($B766:$F766,H$15),MATCH(H$15,$B766:$F766,0),REPT(\" \",test))","v":5},"",1,"","","","","","",4,{"$f":"IF(COUNTIF($B766:$F766,R$15),MATCH(R$15,$B766:$F766,0),REPT(\" \",test))","v":""},2,3,"",""," "," "," "," "," ",751,"Pau",15]
["2007-01-27",13,1,10,3,15,"T",2,"",4,"","","","","","",3,"","",1,"",5," "," "," "," "," ",752,"Vincennes",15]
["2007-01-28",1,5,13,16,17,"T",1,"","","",2,"","","","","","","",3,"","",4,5,""," "," ",753,"Vincennes",15]
["2007-01-29",12,17,5,16,13,"T","","","","",3,"","","","","","",1,5,"","",4,2," "," "," ",754,"Vincennes",15]
["2007-01-30",12,13,9,1,14,"T",4,"","","","","","","",3,"","",1,2,5,"","",""," "," "," ",755,"Vincennes",15]
["2007-01-31",16,13,15,2,3,"P","",4,5,"","","","","","","","","",2,"",3,1,"",""," "," ",756,"Cagnes",15]
["2007-02-01",18,6,17,19,15,"T","","","",""," ",2,"","","","","","","","",5,"",3,1,4,"",757,"Vincennes",15]
["2007-02-02",6,3,12,1,18,"O",4,"",2,"","",1,"","","","","",3,"","","",""," ",5," "," ",758,"Pau",15]
["2007-02-03",18,12,16,9,17,"T","","","","","","","","",4,"","",2,"","","",3,5,1," "," ",759,"Vincennes",15]
["2007-02-04",4,3,9,7,15,"T","","",2,1,"","",4,"",3,"","","","","",5," "," "," "," "," ",760,"Vincennes",15]
["2007-02-05",5,8,7,16,12,"T",{"$f":"IF(COUNTIF($B776:$F776,H$15),MATCH(H$15,$B776:$F776,0),REPT(\" \",test))","v":""},"","","",1,"",3,2,"","",{"$f":"IF(COUNTIF($B776:$F776,R$15),MATCH(R$15,$B776:$F776,0),REPT(\" \",test))","v":""},5,"","","",4," "," "," "," ",761,"Enghien",15]
["2007-02-06",11,17,1,2,9,"T",3,4,"","","","","","",5,"",1,"","","","","",2,""," "," ",762,"Cagnes",15]
["2007-02-07",2,4,1,13,10,"T",3,1,"",2,"","","","","",5,"","",4,""," "," "," "," "," "," ",763,"Vincennes",15]
["2007-02-08",18,16,2,13,10,"T","",3,"","","","","","","",5,"","",4,"","",2,"",1," "," ",764,"Vincennes",15]
["2007-02-09",15,5,9,3,1,"T",5,"",4,"",2,"","","",3,""," ","","","",1," "," "," "," "," ",765,"Cagnes",15]
["2007-02-10",10,15,3,4,5,"T","","",3,4,5,"","","","",1,"","","","",2,""," "," "," "," ",766,"Vincennes",15]
["2007-02-11",1,9,8,2,11,"T",1,4,"","","","","",3,2,"",5,"","",""," "," "," "," "," "," ",767,"Vincennes",15]
["2007-02-12",1,3,2,12,8,"T",1,3,2,"","","","",5,"","","",4,"","","",""," "," "," "," ",768,"Enghien",15]
["2007-02-13",1,3,5,9,14,"T",1,"",2,"",3,"","","",4,"","","","",5,""," "," "," "," "," ",769,"Enghien",15]
["2007-02-14",8,13,7,1,15,"P",4,"","","","","",3,1,"","","","",2,"",5," "," "," "," "," ",770,"Cagnes",15]
["2007-02-15",8,5,7,3,12,"T",{"$f":"IF(COUNTIF($B786:$F786,H$15),MATCH(H$15,$B786:$F786,0),REPT(\" \",test))","v":""},"",4,"",2,"",3,1,"","",{"$f":"IF(COUNTIF($B786:$F786,R$15),MATCH(R$15,$B786:$F786,0),REPT(\" \",test))","v":""},5,"","","","",""," "," "," ",{"$f":"SUM(AB785+1)","v":771},"Vincennes",15]
["2007-02-16",9,7,5,13,1,"T",5,"","","",3,"",2,"",1,"","","",4,"",""," "," "," "," "," ",772,"Cagnes",15]
["2007-02-17",13,3,9,10,12,"P","","",2,"","","","","",3,4,"",5,1,"","","","",""," "," ",773,"Cagnes",{"$f":"SUM(H788:AA788)","v":15}]
["2007-02-18",6,11,1,10,13,"T",3,"","","","",1,"","","",4,2,"",5,"","","","",""," "," ",774,"Vincennes",15]
["2007-02-19",10,17,4,3,13,"T","","",4,3,"","","","","",1," ","",5,""," ","",2,""," "," ",775,"Vincennes",15]
["2007-02-20",11,19,8,7,15,"T","","","","","","",4,3,"","",1,"","","",5,"","","",2," ",776,"Vincennes",15]
["2007-02-21",17,14,4,13,7,"P",""," ","",3,"","",5,"","","","","",4,2,"","",1," "," "," ",777,"Cagnes",15]
["2007-02-22",5,10,14,7,4,"T","","","",5,1,"",4,"","",2,"","","",3," "," "," "," "," "," ",778,"Vincennes",15]
["2007-02-23",18,13,17,10,4,"T","","","",5,"","","",""," ",4,"","",2,"","","",3,1," "," ",779,"Vincennes",15]
["2007-02-24",2,1,14,7,9,"P",2,1,"","",""," ",4,"",5,"","","","",3,"","","",""," "," ",780,"Cagnes",15]
["2007-02-25",12,14,13,1,7,"T",{"$f":"IF(COUNTIF($B796:$F796,H$15),MATCH(H$15,$B796:$F796,0),REPT(\" \",test))","v":4},"","","","","",5,"","","",{"$f":"IF(COUNTIF($B796:$F796,R$15),MATCH(R$15,$B796:$F796,0),REPT(\" \",test))","v":""},1,3,2,"","","",""," "," ",781,"Vincennes",15]
["2007-02-26",9,4,16,8,2,"P","",5,"",2,"","","",4,1,"","","","","","",3," "," "," "," ",782,"Marseille Borely",15]
["2007-02-27",5,14,8,11,1,"O",5,"","","",1,"","",3,"","",4,"","",2,"",""," "," "," "," ",783,"Auteuil",15]
["2007-02-28",3,8,9,12,1,"T",5,"",1,"","","","",2,3,"","",4,"","","",""," "," "," "," ",784,"Enghien",15]
["2007-03-01",6,2,4,3,5,"T","",2,4,3,5,1," ","","","","","","","","","",""," "," "," ",785,"Vincennes",15]
["2007-03-02",5,4,1,11,7,"P",3,"","",2,1,"",5,"","","",4,"","","","",""," "," "," "," ",786,"Saint Cloud",15]
["2007-03-03",15,11,7,8,16,"T","","","","","","",3,4,"","",2,"","","",1,5," "," "," "," ",787,"Vincennes",15]
["2007-03-04",12,10,9,4,11,"O","","","",4,"","","","",3,2,5,1,"","",""," "," "," "," "," ",788,"Auteuil",15]
["2007-03-05",18,17,9,1,3,"T",4,"",5,"","","","","",3,"","","","","","","",2,1," "," ",789,"Caen",15]
["2007-03-06",11,7,10,20,13,"O","","","","","","",2,"","",3,1,"",5,"","","","",""," ",4,790,"Enghien",15]
["2007-03-07",3,6,9,13,1,"T",{"$f":"IF(COUNTIF($B806:$F806,H$15),MATCH(H$15,$B806:$F806,0),REPT(\" \",test))","v":5},"",1,""," ",2,"","",3,"",{"$f":"IF(COUNTIF($B806:$F806,R$15),MATCH(R$15,$B806:$F806,0),REPT(\" \",test))","v":""},"",4,"","","","",""," "," ",791,"Amiens",15]
["2007-03-08",5,14,4,6,9,"P","","","",3,1,4,"","",5,"","","","",2,"",""," "," "," "," ",792,"Deauville",15]
["2007-03-09",2,14,12,7,4,"P","",1,"",5,"","",4,"","","","",3,"",2,"","","",""," "," ",793,"Fontainebleau",15]
["2007-03-10",2,3,14,16,6,"P","",1,2,"","",5,"","","","","","","",3,"",4,"",""," "," ",794,"Saint Cloud",15]
["2007-03-11",7,1,15,12,6,"O",2,"","","","",5,1,"","","","",4,"","",3,""," "," "," "," ",795,"Auteuil",15]
["2007-03-12",11,15,7,14,18,"P","","","","","","",3,"","","",1,"","",4,2,"","",5," "," ",796,"Compiègne",15]
["2007-03-13",6,12,15,1,10,"P",4,"","","","",1,"","","",5,"",2,"","",3,""," "," "," "," ",797,"Deauville",15]
["2007-03-14",14,1,3,15,17,"T",2,"",3,"","","","","","","","","","",1,4,"",5," "," "," ",798,"Laval",15]
["2007-03-15",3,13,1,8,14,"P",3,"",1,"","","","",4,"","","","",2,5,"",""," "," "," "," ",799,"Saint Cloud",15]
["2007-03-16",18,13,10,3,9,"P","","",4,"","","","","",5,3,"","",2,"","","","",1," "," ",800,"Deauville",15]
["2007-03-17",11,2,8,9,3,"P",{"$f":"IF(COUNTIF($B816:$F816,H$15),MATCH(H$15,$B816:$F816,0),REPT(\" \",test))","v":""},2,5,"","","","",3,4,"",{"$f":"IF(COUNTIF($B816:$F816,R$15),MATCH(R$15,$B816:$F816,0),REPT(\" \",test))","v":1},"","","","",""," "," "," "," ",801,"Saint Cloud",15]
["2007-03-18",6,10,13,7,3,"O","","",5,"","",1,4,"","",2,"","",3," ","","","",""," "," ",802,"Auteuil",15]
["2007-03-19",7,10,1,11,4,"P",3,"","",5,"","",1,"","",2,4," ","","","",""," "," "," "," ",803,"Compiègne",15]
["2007-03-20",8,13,3,2,5,"T","",4,3,"",5,"","",1,"","","","",2,"","","","",""," "," ",804,"Vincennes",15]
["2007-03-21",6,2,9,7,12,"T","",2,"","","",1,4,"",3,"","",5,"","",""," "," "," "," "," ",805,"Agen",15]
["2007-03-22",2,14,11,4,13,"P","",1,"",4,"","","","",""," ",3,"",5,2,"",""," "," "," "," ",806,"Longchamp",15]
["2007-03-23",3,15,13,14,5,"P","","",1,"",5,"","","","","","","",3,4,2,"","",""," "," ",807,"Saint Cloud",15]
["2007-03-24",1,18,4,15,3,"T",1,"",5,3,"","","","","","","","","","",4,"","",2," "," ",808,"Vincennes",15]
["2007-03-25",3,1,11,9,6,"O",2,"",1,"","",5,"","",4,"",3,"","","","","","",""," "," ",809,"Auteuil",15]
["2007-03-26",12,1,7,5,10,"P",2,"","","",4,"",3,"","",5,"",1,"","","",""," "," "," "," ",810,"Compiègne",15]
["2007-03-27",5,9,11,10,4,"P",{"$f":"IF(COUNTIF($B826:$F826,H$15),MATCH(H$15,$B826:$F826,0),REPT(\" \",test))","v":""},"","",5,1,"","","",2,4,{"$f":"IF(COUNTIF($B826:$F826,R$15),MATCH(R$15,$B826:$F826,0),REPT(\" \",test))","v":3},"","","","","","",""," "," ",811,"Fontainebleau",15]
["2007-03-28",9,11,16,10,15,"T","","","","","","","","",1,4,2,"","","",5,3," "," "," "," ",812,"Marseille Borely",15]
["2007-03-29",4,3,1,8,2,"P",3,5,2,1," ","","",4,"","","","","","","","","",""," "," ",813,"Longchamp",15]
["2007-03-30",14,7,17,15,10,"T","","","","","","",2,"","",5,"","","",1,4,"",3,""," "," ",814,"Vincennes",15]
["2007-03-31",13,5,9,11,4,"O",""," ","",5,2," ","","",3,"",4,"",1,"","","","",""," "," ",815,"Auteuil",15]
["2007-04-01",5,12,9,17,8,"P","","","","",1,"","",5,3,"","",2,"","","","",4,""," "," ",816,"Longchamp",15]
["2007-04-02",15,11,4,19,3,"P","","",5,3,"","","","","","",2,"","","",1,"","","",4,"",817,"Saint Cloud",15]
["2007-04-03",11,10,1,16,15,"P",3,""," ","","","","","","",2,1,"","","",5,4," "," "," "," ",818,"Maisons-Laffitte",15]
["2007-04-04",17,5,15,1,12,"T",4,"","","",2,"","","","","","",5,"","",3,"",1,""," "," ",819,"Angers",15]
["2007-04-05",8,1,13,10,16,"P",2," ","","","","","",1,"",4,"","",3,"","",5," "," "," "," ",820,"Longchamp",15]
["2007-04-06",13,10,3,11,9,"O",{"$f":"IF(COUNTIF($B836:$F836,H$15),MATCH(H$15,$B836:$F836,0),REPT(\" \",test))","v":""},"",3,"","","","","",5,2,{"$f":"IF(COUNTIF($B836:$F836,R$15),MATCH(R$15,$B836:$F836,0),REPT(\" \",test))","v":4},"",1," "," ",""," "," "," "," ",821,"Auteuil",15]
["2007-04-07",14,17,9,5,2,"T","",5,"","",4,"","","",3,"","","","",1,"","",2,""," "," ",822,"Vincennes",15]
["2007-04-08",7,17,8,3,14,"P","","",4,"","","",1,3,"","",""," ","",5,"","",2," "," "," ",823,"Longchamp",15]
["2007-04-09",8,13,15,16,10,"P","",""," ","","","","",1,"",5,"","",2,"",3,4," "," "," "," ",824,"Saint Cloud",15]
["2007-04-10",16,14,12,4,9,"O","","","",4,"","","","",5,"","",3,"",2,"",1," "," "," "," ",825,"Auteuil",15]
["2007-04-11",9,6,10,15,1,"T",5,"","","","",2,"","",1,3,"","","","",4,""," "," "," "," ",826,"Saint Galmier",15]
["2007-04-12",12,13,2,17,9,"O","",3,"","","","","","",5,"","",1,2,"",""," ",4,""," "," ",827,"Enghien",15]
["2007-04-13",6,11,10,5,7,"T","","","","",4,1,5,"","",3,2,"","","","","","",""," "," ",828,"Vincennes",15]
["2007-04-14",18,1,3,15,12,"T",2,"",3,"","","","",""," ","","",5,"","",4,"","",1," "," ",829,"Vincennes",15]
["2007-04-15",10,18,3,7,1,"P",5,"",3,"","","",4,"","",1,"","","","","","","",2," "," ",830,"Longchamp",15]
["2007-04-16",11,16,12,15,1,"P",{"$f":"IF(COUNTIF($B846:$F846,H$15),MATCH(H$15,$B846:$F846,0),REPT(\" \",test))","v":5},"","","","","","","","","",{"$f":"IF(COUNTIF($B846:$F846,R$15),MATCH(R$15,$B846:$F846,0),REPT(\" \",test))","v":1},3,"","",4,2,"",""," "," ",831,"Maisons-Laffitte",15]
["2007-04-17",3,4,5,6,12,"P"," ","",1,2,3,4,"","","","","",5,"","","","","",""," "," ",832,"Saint Cloud",15]
["2007-04-18",17,3,4,1,10,"T",4,"",2,3,"","","","","",5,"","","","","","",1,""," "," ",833,"Cordemais",15]
["2007-04-19",9,6,16,1,3,"P",4,"",5,"","",2,"","",1,"","","","","","",3," "," "," "," ",834,"Longchamp",15]
["2007-04-20",11,5,4,2,6,"P","",4,"",3,2,5,"","","","",1,"","","",""," "," "," "," "," ",{"$f":"SUM(AB849+1)","v":835},"Maisons-Laffitte",15]
["2007-04-21",6,15,9,5,3,"T","","",5,"",4,1,"","",3,"","","","","",2,""," "," "," "," ",836,"Enghien",15]
["2007-04-22",14,9,3,18,17,"O","","",3,"","","","","",2,""," ","","",1,"","",5,4,"","",837,"Auteuil",{"$f":"SUM(H852:AA852)","v":15}]
["2007-04-23",19,4,3,8,2,"P","",5,3,2,"","","",4,"","","","","","","","","","",1,"",838,"Longchamp",15]
["2007-04-24",8,13,14,9,3,"T","","",5,"","","","",1,4,"","","",2,3,"",""," "," "," "," ",839,"Vincennes",15]
["2007-04-25",1,2,7,5,4,"T",1,2,"",5,4,"",3,"","","","","","","",""," "," "," "," "," ",840,"Beaumont",15]
["2007-04-26",7,3,6,12,4,"P",{"$f":"IF(COUNTIF($B856:$F856,H$15),MATCH(H$15,$B856:$F856,0),REPT(\" \",test))","v":""},"",2,5,"",3,1,"","","",{"$f":"IF(COUNTIF($B856:$F856,R$15),MATCH(R$15,$B856:$F856,0),REPT(\" \",test))","v":""},4,"","","",""," "," "," "," ",841,"Longchamp",15]
["2007-04-27",9,4,6,13,2,"T","",5,"",2,"",3,"","",1,"","","",4,"","","","","","","",842,"Vincennes",15]
["2007-04-28",9,11,7,10,14,"O","","","","","","",3,"",1,4,2,"","",5,"","","","","","",843,"Auteuil",15]
["2007-04-29",5,2,6,11,9,"P","",2,"","",1,3,"","",5,"",4,"","","","",""," "," "," "," ",844,"Longchamp",15]
["2007-04-30",14,2,9,1,12,"P",4,2,"","","","","","",3,"","",5,"",1,"",""," "," "," "," ",845,"Maisons-Laffitte",15]
["2007-05-01",6,11,2,10,9,"P","",3,"","","",1,"","",5,4,2,"","","","",""," "," "," "," ",846,"Saint Cloud",15]
["2007-05-02",6,5,4,12,7,"T","","","",3,2,1,5,"","","","",4,"","",""," "," "," "," "," ",847,"Saint Galmier",15]
["2007-05-03",12,14,13,5,2,"P"," ",5,"","",4,"","","","","","",1,3,2,"",""," "," "," "," ",848,"Longchamp",15]
["2007-05-04",4,14,11,3,10,"P","","",4,1,"","","","","",5,3,"","",2,""," "," "," "," "," ",849,"Saint Cloud",15]
["2007-05-05",13,15,1,5,16,"T",3,"","","",4,"","","","","","","",1,"",2,5," "," "," "," ",850,"Vincennes",15]
["2007-05-06",1,8,14,2,6,"O",{"$f":"IF(COUNTIF($B866:$F866,H$15),MATCH(H$15,$B866:$F866,0),REPT(\" \",test))","v":1},4,"","","",5,"",2,"","",{"$f":"IF(COUNTIF($B866:$F866,R$15),MATCH(R$15,$B866:$F866,0),REPT(\" \",test))","v":""},"","",3,"","","","","","",851,"Auteuil",15]
["2007-05-07",10,12,2,1,15,"P",4,3,"","","","","","","",1,"",2,"","",5,""," "," "," "," ",852,"Compiègne",15]
["2007-05-08",4,3,5,13,1,"P",5,"",2,1,3,"","","","","","","",4,"","","","",""," "," ",853,"Longchamp",15]
["2007-05-09",1,4,5,11,2,"T",1,5,"",2,3,"","","","","",4,"","",""," "," "," "," "," "," ",854,"Toulouse",15]
["2007-05-10",15,5,16,13,12,"P","","","","",2,"","","","","","",5,4,"",1,3," "," "," "," ",855,"Saint Cloud",15]
["2007-05-11",5,8,11,9,16,"O","","","","",1,"","",2,4,"",3,"","","","",5,"",""," "," ",856,"Auteuil",15]
["2007-05-12",12,6,2,11,9,"T","",3,"","","",2,"","",5,"",4,1,"",""," "," "," "," "," "," ",857,"Vincennes",15]
["2007-05-13",11,1,13,4,15,"P",2,"","",4,"","","","","","",1,"",3,"",5,""," "," "," "," ",858,"Longchamp",15]
["2007-05-14",3,2,17,9,6,"P","",2,1,"","",5,"","",4,"","","","","","","",3,"","","",859,"Saint Cloud",15]
["2007-05-15",18,8,15,1,16,"T",4,"","","","","","",2," ","","","","","",3,5,"",1,""," ",860,"Vincennes",15]
["2007-05-16",7,16,6,12,1,"T",{"$f":"IF(COUNTIF($B876:$F876,H$15),MATCH(H$15,$B876:$F876,0),REPT(\" \",test))","v":5},"","","","",3,1,"","","",{"$f":"IF(COUNTIF($B876:$F876,R$15),MATCH(R$15,$B876:$F876,0),REPT(\" \",test))","v":""},4,"","","",2," "," "," "," ",861,"Caen",15]
["2007-05-17",3,1,11,16,6,"P",2,"",1,"","",5,"","","","",3,"","","","",4," "," "," "," ",862,"Lyon Parilly",15]
["2007-05-18",12,11,8,10,16,"P"," ","","","","","","",3,"",4,2,1,"","","",5," "," "," "," ",863,"Lyon Parilly",15]
["2007-05-19",14,10,5,13,7,"P","","","","",3,"",5,"","",2,"","",4,1,""," "," "," "," "," ",864,"Chantilly",15]
["2007-05-20",10,9,16,14,6,"P","","","","","",5,"","",2,1,"","","",4,"",3," "," "," "," ",865,"Longchamp",15]
["2007-05-21",2,4,6,7,3,"O","",1,5,2,"",3,4,"","","","","","","",""," ",""," "," "," ",866,"Auteuil",15]
["2007-05-22",5,4,17,3,13,"T","","",4,2,1,"","",""," ","","","",5,"","","",3,""," "," ",867,"Vincennes",15]
["2007-05-23",10,12,14,2,9,"T","",4,"",""," ","","","",5,1,"",2,"",3,"","","",""," "," ",868,"La Capelle",15]
["2007-05-24",9,7,2,15,10,"P","",3,"",""," ","",2,"",1,5,"","","","",4,""," ",""," "," ",869,"Longchamp",15]
["2007-05-25",11,4,10,18,2,"T","",5,"",2,"","","","","",3,1,"","","","","","",4," "," ",870,"Vincennes",15]
["2007-05-26",4,8,12,3,2,"T",{"$f":"IF(COUNTIF($B886:$F886,H$15),MATCH(H$15,$B886:$F886,0),REPT(\" \",test))","v":""},5,4,1,"","","",2,"","",{"$f":"IF(COUNTIF($B886:$F886,R$15),MATCH(R$15,$B886:$F886,0),REPT(\" \",test))","v":""},3,"","","",""," "," "," "," ",871,"Enghien",15]
["2007-05-27",11,5,12,4,13,"O","","","",4,2,"","","","","",1,3,5,"",""," "," "," "," "," ",872,"Auteuil",15]
["2007-05-28",15,11,3,13,8,"P","","",3,"","","","",5,"","",2," ",4,"",1,""," "," "," "," ",873,"Longchamp",15]
["2007-05-29",5,10,9,15,11,"T","","","","",1,"","","",3,2,5,""," ","",4,"","",""," "," ",874,"Vincennes",15]
["2007-05-30",9,8,13,6,2,"P","",5,"","","",4,"",2,1,"","","",3,"","",""," "," "," "," ",875,"Saint Cloud",15]
["2007-05-31",19,7,8,1,16,"P",4,"","","",""," ",2,3,"","","","","","","",5,"","",1,"",876,"Longchamp",15]
["2007-06-01",16,1,6,17,15,"T",2,"","","","",3,"","","","","","","","",5,1,4,""," "," ",877,"Vincennes",15]
["2007-06-02",8,1,3,5,13,"P",2,"",3,"",4,"","",1,"","","","",5,"","",""," "," "," "," ",878,"Chantilly",15]
["2007-06-03",13,16,4,2,5,"P","",4,"",3,5,"","","","","","","",1,"","",2,"","","","",879,"Chantilly",15]
["2007-06-04",6,3,7,2,5,"T","",4,2,"",5,1,3,"","","","","","","",""," "," "," "," "," ",880,"Vichy",15]
["2007-06-05",10,3,2,1,15,"O",{"$f":"IF(COUNTIF($B896:$F896,H$15),MATCH(H$15,$B896:$F896,0),REPT(\" \",test))","v":4},3,2,"","","","","","",1,{"$f":"IF(COUNTIF($B896:$F896,R$15),MATCH(R$15,$B896:$F896,0),REPT(\" \",test))","v":""},"","","",5,"",""," "," "," ",881,"Auteuil",15]
["2007-06-06",7,13,4,11,16,"T",""," ","",3,"","",1,"","","",4,"",2,"","",5," ",""," "," ",882,"Laval",15]
["2007-06-07",12,5,7,3,1,"P",5,"",4,"",2,"",3,"","","","",1,"","","",""," "," "," "," ",883,"Longchamp",15]
["2007-06-08",6,16,3,11,10,"P","","",3,"","",1,"","","",5,4,"","","","",2," "," "," "," ",884,"Compiègne",15]
["2007-06-09",10,6,14,17,12,"T","","","","","",2,"","","",1,"",5,"",3,"","",4,""," "," ",885,"Vincennes",15]
["2007-06-10",4,9,10,12,13,"P","","","",1,"","","","",2,3,"",4,5,""," "," "," "," "," "," ",886,"Chantilly",15]
["2007-06-11",10,2,12,9,6,"T","",2,"","","",5,"","",4,1,"",3,""," "," "," "," "," "," "," ",887,"Vichy",15]
["2007-06-12",2,4,17,16,8,"T","",1,"",2," ","","",5,"","","","","","","",4,3,""," "," ",888,"Vincennes",15]
["2007-06-13",7,8,12,9,4,"P","","","",5,"","",1,2,4,"","",3,"","","",""," "," "," "," ",889,"Strasbourg",15]
["2007-06-14",12,7,2,1,16,"P",4,3,"","","","",2,"","","","",1,"","","",5," "," "," "," ",890,"Longchamp",15]
["2007-06-15",17,5,1,4,15,"T",{"$f":"IF(COUNTIF($B906:$F906,H$15),MATCH(H$15,$B906:$F906,0),REPT(\" \",test))","v":3},"","",4,2,"","",""," ","",{"$f":"IF(COUNTIF($B906:$F906,R$15),MATCH(R$15,$B906:$F906,0),REPT(\" \",test))","v":""},"","","",5,"",1,""," "," ",891,"Vincennes",15]
["2007-06-16",6,5,15,4,14,"O","","","",4,2,1,"","","","","","","",5,3,""," "," "," "," ",892,"Auteuil",15]
["2007-06-17",4,9,1,6,15,"T",3,"","",1,"",4,"","",2,"","","","","",5,""," "," "," "," ",893,"Vincennes",15]
["2007-06-18",15,11,8,4,6,"T","","","",4,"",5,"",3,"","",2,"","","",1,"",""," "," "," ",894,"Vichy",15]
["2007-06-19",7,14,5,10,18,"P","","","","",3,"",1,"","",4,"","","",2,"","","",5,"","",895,"Longchamp",15]
["2007-06-20",8,9,3,10,5,"T","","",3,"",5,"","",1,2,4,"","","",""," "," "," "," "," "," ",896,"Reims",15]
["2007-06-21",5,12,13,16,4,"P","","","",5,1,""," ","","","","",2,3,""," ",4," "," "," "," ",897,"Chantilly",15]
["2007-06-22",10,13,1,3,17,"O",3,"",4,"","","","","","",1,"","",2,"","","",5," "," "," ",898,"Auteuil",15]
["2007-06-23",17,12,11,3,7,"T","","",4,"","","",5,"","","",3,2,"","","","",1,""," "," ",{"$f":"SUM(AB913+1)","v":899},"Enghien",15]
["2007-06-24",15,12,3,9,16,"P","","",3,"","","","","",4,"","",2,"","",1,5,"",""," "," ",900,"Saint Cloud",15]
["2007-06-25",16,15,14,11,7,"P",{"$f":"IF(COUNTIF($B916:$F916,H$15),MATCH(H$15,$B916:$F916,0),REPT(\" \",test))","v":""},"","","","","",5,"","","",{"$f":"IF(COUNTIF($B916:$F916,R$15),MATCH(R$15,$B916:$F916,0),REPT(\" \",test))","v":4},"","",3,2,1,"",""," "," ",901,"Longchamp",{"$f":"SUM(H916:AA916)","v":15}]
["2007-06-26",9,1,2,6,14,"T",2,3,"","","",4,"","",1,"","","","",5," "," "," "," "," "," ",902,"Vincennes",15]
["2007-06-27",16,7,1,18,8,"P",3,"","","",""," ",2,5,"","","","","","","",1,"",4," "," ",903,"Compiègne",15]
["2007-06-28",10,12,8,16,2,"T","",5,"","","","","",3,"",1,"",2,"","","",4," "," "," "," ",904,"Enghien",15]
["2007-06-29",9,5,12,14,8,"T","","","","",2,"","",5,1,"","",3,"",4,"","","",""," "," ",905,"Vincennes",15]
["2007-06-30",3,10,1,8,7,"P",3,"",1,"","","",5,4,"",2,"","","","","",""," "," "," "," ",906,"Nantes",15]
["2007-07-01",3,6,15,4,1,"P",5,"",1,4,"",2,"","","","","","","","",3,"","",""," "," ",907,"Maisons-Laffitte",15]
["2007-07-02",8,4,10,12,3,"O","","",5,2,"","","",1,"",3,"",4,"","","",""," "," "," "," ",908,"Dieppe",15]
["2007-07-03",10,14,7,16,6,"P","","","","","",5,3,"","",1,"","","",2,"",4," "," "," "," ",909,"Deauville",15]
["2007-07-04",1,14,13,15,18,"T",1,"","","","","","","","","","","",3,2,4,"","",5," "," ",910,"Vichy",15]
["2007-07-05",15,8,3,5,7,"T",{"$f":"IF(COUNTIF($B926:$F926,H$15),MATCH(H$15,$B926:$F926,0),REPT(\" \",test))","v":""},"",3,"",4,"",5,2,"","",{"$f":"IF(COUNTIF($B926:$F926,R$15),MATCH(R$15,$B926:$F926,0),REPT(\" \",test))","v":""},"","","",1,"","",""," "," ",911,"Enghien",15]
["2007-07-06",12,15,9,10,6,"T","","","","","",5,""," ",3,4,"",1,""," ",2,""," "," "," "," ",912,"Cabourg",15]
["2007-07-07",10,13,11,16,15,"T","","","","","","","","","",1,3,"",2,"",5,4,"",""," "," ",913,"Enghien",15]
["2007-07-08",14,11,4,2,12,"P","",4,"",3,"","","","","","",2,5,"",1,"",""," "," "," "," ",914,"Chantilly",15]
["2007-07-09",1,5,14,8,7,"P",1,"","","",2,"",5,4,"","","","","",3," "," "," "," "," "," ",915,"Compiègne",15]
["2007-07-10",16,5,8,14,3,"O","","",5,"",2,"","",3,"","","","","",4,"",1,"",""," "," ",916,"Deauville Clairefontaine",15]
["2007-07-11",15,5,13,2,10,"T","",4,"","",2,"","","","",5,"","",3,"",1," "," "," "," "," ",917,"Chateaubriant",15]
["2007-07-12",14,12,7,6,2,"T","",5,"","","",4,3,"","","","",2,"",1,"",""," "," "," "," ",918,"Enghien",15]
["2007-07-13",11,16,3,12,5,"T","","",3,"",5,"","","","","",1,4,"","","",2," "," "," "," ",919,"Cabourg",15]
["2007-07-14",2,3,1,6,16,"P",3,1,2,"","",4,"","",""," ","","","","","",5," "," "," "," ",920,"Longchamp",15]
["2007-07-15",11,9,6,12,2,"T",{"$f":"IF(COUNTIF($B936:$F936,H$15),MATCH(H$15,$B936:$F936,0),REPT(\" \",test))","v":""},5,"","","",3,"","",2,"",{"$f":"IF(COUNTIF($B936:$F936,R$15),MATCH(R$15,$B936:$F936,0),REPT(\" \",test))","v":1},4,"",""," "," "," "," "," "," ",921,"Enghien",15]
["2007-07-16",6,11,14,18,3,"P","","",5,"","",1,""," ","","",2,"","",3,"","","",4," "," ",922,"Vichy",15]
["2007-07-17",7,3,15,4,6,"T","","",2,4,"",5,1,"","","","","","","",3,""," "," "," "," ",923,"Cabourg",15]
["2007-07-18",7,14,2,5,16,"T","",3,"","",4,"",1,"","","","","","",2," ",5," "," "," "," ",924,"Argentan",15]
["2007-07-19",15,5,3,6,20,"P","","",3,"",2,4,"","","","","","","","",1,"","","","",5,925,"Vichy",15]
["2007-07-20",11,2,12,8,14,"P","",2,""," ","","","",4,"","",1,3,"",5,"","",""," "," "," ",926,"Vichy",15]
["2007-07-21",4,7,10,11,12,"T","","","",1,"","",2,"","",3,4,5,"","",""," "," "," "," "," ",927,"Enghien",15]
["2007-07-22",10,14,15,2,8,"P"," ",4,"","","","","",5,"",1,"","","",2,3,""," "," "," "," ",928,"Maisons-Laffitte",15]
["2007-07-23",6,16,13,14,18,"P","","","","","",1,"","","","","","",3,4,"",2,"",5,"","",929,"Chantilly",15]
["2007-07-24",1,11,6,16,7,"T",1,"","","","",3,5,"","","",2,""," ","","",4," "," "," "," ",930,"Cabourg",15]
["2007-07-25",10,1,2,12,7,"P",{"$f":"IF(COUNTIF($B946:$F946,H$15),MATCH(H$15,$B946:$F946,0),REPT(\" \",test))","v":2},3,"",""," "," ",5,"","",1,{"$f":"IF(COUNTIF($B946:$F946,R$15),MATCH(R$15,$B946:$F946,0),REPT(\" \",test))","v":" "},4,"","","",""," "," "," "," ",931,"Chateaubriant",15]
["2007-07-26",10,14,1,7,17,"T",3,"","","","","",4,"","",1,"","","",2,"","",5,""," "," ",932,"Enghien",15]
["2007-07-27",10,6,13,14,7,"P","","","","","",2,5,"","",1,"","",3,4," "," "," "," "," "," ",933,"Compiègne",15]
["2007-07-28",1,8,11,13,7,"P",1,"","","","","",5,2,"","",3,"",4,"","","","",""," "," ",934,"Maisons-Laffitte",15]
["2007-07-29",2,5,7,1,4,"T",4,1,"",5,2,"",3,"","","","","","","","",""," "," "," "," ",935,"Enghien",15]
["2007-07-30",10,8,2,4,11,"P","",3,"",4,"","","",2,"",1,5,"","","","",""," "," "," "," ",936,"Deauville Clairefontaine",15]
["2007-07-31",7,10,11,14,8,"P","","","","","","",1,5,"",2,3,"","",4,"","","",""," "," ",937,"Deauville",15]
["2007-08-01",3,14,11,2,4,"T","",4,1,5,"","","","","","",3,"","",2," "," "," "," "," "," ",938,"Enghien",15]
["2007-08-02",6,13,3,11,18,"P","","",3,"","",1,"","","","",4,"",2,"","","","",5," "," ",939,"Deauville",15]
["2007-08-03",1,13,9,4,6,"P",1," ","",4,"",5,"","",3,"","","",2,"",""," "," "," "," "," ",940,"Deauville Clairefontaine",15]
["2007-08-04",4,6,2,3,8,"P",{"$f":"IF(COUNTIF($B956:$F956,H$15),MATCH(H$15,$B956:$F956,0),REPT(\" \",test))","v":""},3,4,1,"",2,"",5,"","",{"$f":"IF(COUNTIF($B956:$F956,R$15),MATCH(R$15,$B956:$F956,0),REPT(\" \",test))","v":""},"","","","",""," "," "," "," ",941,"Deauville",15]
["2007-08-05",5,3,11,7,10,"P","","",2,"",1,"",4,"","",5,3,"","","","",""," "," "," "," ",942,"Deauville",15]
["2007-08-06",5,1,16,2,12,"P",2,4,"","",1,"","","","","","",5,"","","",3,""," "," "," ",943,"Deauville Clairefontaine",15]
["2007-08-07",13,8,6,10,11,"T","","","","","",3,"",2,"",4,5,"",1,""," "," "," "," "," "," ",944,"Cabourg",15]
["2007-08-08",5,4,15,9,3,"T","","",5,2,1,"","","",4,"","","","","",3,"","",""," "," ",945,"Saint Malo",15]
["2007-08-09",10,15,1,5,6,"T",3,"","","",4,5,"","","",1,"","","","",2," "," "," "," "," ",946,"Enghien",15]
["2007-08-10",17,8,5,3,1,"O",5,"",4,"",3,"","",2,"","","","","","","","",1," "," "," ",947,"Deauville Clairefontaine",15]
["2007-08-11",4,9,13,1,6,"P",4,""," ",1,"",5,"","",2,"","","",3,"","",""," "," "," "," ",948,"Deauville",15]
["2007-08-12",15,6,13,1,4,"P",4,"","",5,"",2,"","","","","","",3,"",1,"","","","","",949,"Deauville",15]
["2007-08-13",1,7,8,10,2,"P",1,5,"","","","",2,3,"",4,"","","","","","","",""," "," ",950,"Deauville Clairefontaine",15]
["2007-08-14",9,6,3,18,5,"P",{"$f":"IF(COUNTIF($B966:$F966,H$15),MATCH(H$15,$B966:$F966,0),REPT(\" \",test))","v":""},"",3,"",5,2,"","",1,"",{"$f":"IF(COUNTIF($B966:$F966,R$15),MATCH(R$15,$B966:$F966,0),REPT(\" \",test))","v":""},"","","","","","",4," "," ",951,"Deauville Clairefontaine",15]
["2007-08-15",5,8,3,1,4,"P",4,"",3,5,1,"","",2,"","","","","","","",""," "," "," "," ",952,"Deauville",15]
["2007-08-16",11,12,2,10,14,"T","",3,"","","","","","","",4,1,2,"",5," "," "," "," "," "," ",953,"Enghien",15]
["2007-08-17",10,15,6,2,9,"T","",4,"","","",3,"","",5,1,"","","","",2,""," "," "," "," ",954,"Cabourg",15]
["2007-08-18",2,9,15,14,1,"P",5,1,"","","","","","",2,"","","","",4,3,""," "," "," "," ",955,"Deauville",15]
["2007-08-19",13,4,7,1,16,"P",4,"","",2," ","",3,"","","","","",1,"","",5," "," "," "," ",956,"Deauville",15]
["2007-08-20",12,15,11,3,13,"T","","",4,"","","","","","","",3,1,5,"",2," "," "," "," "," ",957,"Vincennes",15]
["2007-08-21",18,3,8,1,16,"P",4," ",2," ","","","",3,"","","","","","","",5,"",1,"","",958,"Deauville",15]
["2007-08-22",4,9,3,10,2,"T","",5,3,1,"","","","",2,4,"","","","","","","",""," "," ",959,"Vincennes",15]
["2007-08-23",11,2,5,6,8,"O","",2,"","",3,4,"",5," ","",1,"","","",""," "," "," "," "," ",960,"Deauville Clairefontaine",15]
["2007-08-24",2,11,12,6,1,"P",{"$f":"IF(COUNTIF($B976:$F976,H$15),MATCH(H$15,$B976:$F976,0),REPT(\" \",test))","v":5},1,"","","",4,"","","","",{"$f":"IF(COUNTIF($B976:$F976,R$15),MATCH(R$15,$B976:$F976,0),REPT(\" \",test))","v":2},3,"",""," ",""," "," "," "," ",961,"Deauville",15]
["2007-08-25",18,15,9,7,19,"T","","","","","","",4,"",3,"","","","","",2,"","",1,5,"",962,"Vincennes",15]
["2007-08-26",12,11,16,13,5,"P","","","","",5,"","","","","",2,1,4,"","",3,""," "," "," ",{"$f":"SUM(AB977+1)","v":963},"Deauville",15]
["2007-08-27",6,8,14,9,1,"P",5,"","","","",1,"",2,4,"","","","",3," "," "," "," "," "," ",964,"Vincennes",15]
["2007-08-28",11,3,12,13,15,"P","","",2,"","","","","","","",1,3,4,"",5,""," "," "," "," ",965,"Deauville",{"$f":"SUM(H980:AA980)","v":15}]
["2007-08-29",2,11,1,5,17,"T",3,1,"","",4,"","","","","",2,"","","","","",5,"",""," ",966,"Vincennes",15]
["2007-08-30",6,18,17,19,8,"T","","","","","",1,"",5,"","","","","","","","",3,2,4,"",967,"Vincennes",15]
["2007-08-31",11,9,15,17,13,"T","",""," ","","","","","",2,"",1,"",5,"",3,"",4," "," "," ",968,"Vincennes",15]
["2007-09-01",6,11,1,2,12,"P",3,4,"","","",1,"","","","",2,5," ","","",""," "," "," "," ",969,"Longchamp",15]
["2007-09-02",7,17,16,12,9,"T","","","","","","",1,"",5,"","",4,"","","",3,2," "," "," ",970,"Vincennes",15]
["2007-09-03",9,16,13,4,5,"P",{"$f":"IF(COUNTIF($B986:$F986,H$15),MATCH(H$15,$B986:$F986,0),REPT(\" \",test))","v":""},"","",4,5,"","","",1,"",{"$f":"IF(COUNTIF($B986:$F986,R$15),MATCH(R$15,$B986:$F986,0),REPT(\" \",test))","v":""},"",3,"","",2," "," "," "," ",971,"Chantilly",15]
["2007-09-04",15,8,14,5,4,"T","","","",5,4,"","",2,"","","","","",3,1," ","","","","",972,"Vincennes",15]
["2007-09-05",7,5,2,13,15,"T","",3,"","",2,"",1,""," ","","","",4,"",5,""," "," "," "," ",973,"Marseille Vivaux",15]
["2007-09-06",11,9,16,13,6,"O","","","","","",5,"","",2,"",1," ",4,"","",3," "," "," "," ",974,"Auteuil",15]
["2007-09-07",12,14,16,4,9,"P","","","",4,"","","","",5,"","",1,"",2,"",3," "," "," "," ",975,"Longchamp",15]
["2007-09-08",13,8,9,7,5,"T","","","","",5,"",4,2,3,"","","",1,"","","","",""," "," ",976,"Vincennes",15]
["2007-09-09",12,16,8,7,4,"P","","","",5,"","",4,3,"","","",1,"","","",2," "," "," "," ",977,"Longchamp",15]
["2007-09-10",7,4,3,2,6,"P","",4,3,2,"",5,1,"","","","",""," "," "," "," "," "," "," "," ",978,"Craon",15]
["2007-09-11",2,3,4,11,6,"T","",1,2,3," ",5,"","","","",4,"","","","","",""," "," "," ",979,"Vincennes",15]
["2007-09-12",8,4,15,16,1,"P",5,"","",2,"","","",1,""," ","","","","",3,4," "," "," "," ",980,"Nancy",15]
["2007-09-13",1,7,13,15,11,"P",{"$f":"IF(COUNTIF($B996:$F996,H$15),MATCH(H$15,$B996:$F996,0),REPT(\" \",test))","v":1},"","",""," ","",2,"","","",{"$f":"IF(COUNTIF($B996:$F996,R$15),MATCH(R$15,$B996:$F996,0),REPT(\" \",test))","v":5},"",3,"",4,"","",""," "," ",981,"Chantilly",15]
["2007-09-14",9,8,5,1,4,"P",4,"","",5,3,"","",2,1,"","","","","","",""," "," "," "," ",982,"Vichy",15]
["2007-09-15",2,10,13,7,6,"T","",1,"","","",5,4,"","",2,"","",3,"",""," "," "," "," "," ",983,"Vincennes",15]
["2007-09-16",8,4,13,2,17,"P","",4,"",2,"","","",1,"","","","",3,"","","",5," "," "," ",984,"Longchamp",15]
["2007-09-17",14,12,6,5,9,"T","","","","",4,3,"","",5,"","",2,"",1,""," "," "," "," "," ",985,"Vincennes",15]
["2007-09-19",5,15,9,6,16,"T"," ","","","",1,4,"","",3,"","","","","",2,5,"",""," "," ",987,"Le Croisé Laroche",15]
["2007-09-23",5,3,6,13,10,"T",{"$f":"IF(COUNTIF($B1006:$F1006,H$15),MATCH(H$15,$B1006:$F1006,0),REPT(\" \",test))","v":""},"",2,"",1,3,"","","",5,{"$f":"IF(COUNTIF($B1006:$F1006,R$15),MATCH(R$15,$B1006:$F1006,0),REPT(\" \",test))","v":""},"",4,"",""," "," "," "," "," ",991,"Vincennes",15]
["2007-09-28",3,5,1,13,8,"T",3,"",1,"",2,"","",5,"","","","",4,""," "," "," "," "," "," ",996,"Vincennes",15]
["2007-10-04",1,7,12,5,15,"P",1,"","","",4,"",2,"","","","",3,"","",5,""," "," "," "," ",1002,"Chantilly",15]
["2007-10-08",15,3,8,6,16,"T","","",2,"","",4,"",3,"","","","","","",1,5," "," "," "," ",1006,"Enghien",15]
["2007-10-13",1,2,6,10,12,"P",{"$f":"IF(COUNTIF($B1026:$F1026,H$15),MATCH(H$15,$B1026:$F1026,0),REPT(\" \",test))","v":1},2,"","","",3,"","","",4,{"$f":"IF(COUNTIF($B1026:$F1026,R$15),MATCH(R$15,$B1026:$F1026,0),REPT(\" \",test))","v":""},5,"","","",""," "," "," "," ",1011,"Saint Cloud",15]
["2007-10-19",8,6,14,9,1,"T",5,"","","","",2,"",1,4,"","","","",3,""," "," "," "," "," ",1017,"Vincennes",15]
["2007-10-24",7,9,18,15,8,"T","","","","","","",1,5,2,"","","","","",4,"","",3," "," ",1022,"Enghien",15]
["2007-10-30",5,16,7,3,10,"T","","",4,"",1,"",3,"","",5,"","","","","",2," "," "," "," ",1028,"Vincennes",15]
["2007-11-02",16,5,7,9,2,"T",{"$f":"IF(COUNTIF($B1046:$F1046,H$15),MATCH(H$15,$B1046:$F1046,0),REPT(\" \",test))","v":""},5,"","",2,"",3,"",4,"",{"$f":"IF(COUNTIF($B1046:$F1046,R$15),MATCH(R$15,$B1046:$F1046,0),REPT(\" \",test))","v":""},"","","","",1," "," "," "," ",1031,"Vincennes",15]
["2007-11-08",14,7,16,15,13,"T","","","","","","",2,"","","","","",5,1,4,3,""," "," "," ",1037,"Vincennes",15]
["2007-11-09",4,6,13,10,12,"O","","","",1,"",2,"","","",4,"",5,3,"",""," "," "," "," "," ",1038,"Auteuil",15]
["2007-11-14",16,14,5,7,3,"T","","",5,"",3,"",4,"","","","","","",2,"",1," "," "," "," ",1043,"Bordeaux",15]
["2007-11-19",10,15,6,7,8,"P","","","","","",3,4,5,"",1,"","","","",2,""," "," "," "," ",1048,"Deauville",15]
["2007-11-27",16,14,7,6,1,"T",5,"","","","",4,3,"","","","","","",2,"",1,"",""," "," ",1056,"Vincennes",15]
["2007-11-29",17,10,3,1,2,"T",4,5,3,"","","","","","",2,"","","","","","",1,"","","",1058,"Vincennes",15]
["2007-12-05",16,6,10,7,8,"P","","","","","",2,4,5,"",3,"","","","","",1," "," "," "," ",1064,"Marseille Borely",15]
["2007-12-10",15,10,5,6,8,"T","","","","",3,4,"",5,"",2,"","","","",1,""," "," "," "," ",1069,"Vincennes",15]
["2007-12-15",9,4,18,17,2,"T","",5,"",2,"","","","",1,"","","","","","","",4,3," "," ",1074,"Vincennes",15]
["2007-12-18",9,3,15,13,16,"T","","",2,"","","","","",1,"","","",4,"",3,5,"",""," "," ",1077,"Vincennes",15]
["2007-12-25",8,11,5,3,10,"T","","",4,"",3,"","",1,"",5,2,"","","","","",""," "," "," ",1084,"Vincennes",15]
["2007-12-31",1,9,13,2,12,"O",1,4,"","","",""," ","",2,"","",5,3,"","",""," "," "," "," ",1090,"Cagnes",15]
["2008-01-05",3,2,5,12,7,"T","",2,1,"",3,"",5,"","","","",4,"","","","",""," "," "," ",1095,"Vincennes",15]
["2008-01-10",7,8,4,3,6,"T","","",4,3,"",5,1,2,"","","","","","","","","",""," "," ",1100,"Cagnes/Mer",15]
["2008-01-12",6,5,17,8,16,"T","","","","",2,1,"",4,"","","","","","","",5,3,""," "," ",1102,"Vincennes",15]
["2008-01-15",14,18,6,5,1,"T",5,"","","",4,3,"","","","","","","",1,"","","",2," "," ",1105,"Cagnes/Mer",15]
["2008-01-20",16,8,14,12,17,"T","","","","","","","",2,"","","",4,"",3,"",1,5,"","","",1110,"Vincennes",15]
["2008-01-26",15,8,9,4,10,"T","","","",4,"","","",2,3,5,"","","","",1,"",""," "," "," ",1116,"Vincennes",15]
["2008-01-31",14,10,9,7,2,"T",{"$f":"IF(COUNTIF($B1136:$F1136,H$15),MATCH(H$15,$B1136:$F1136,0),REPT(\" \",test))","v":""},5,"","","","",4,"",3,2,{"$f":"IF(COUNTIF($B1136:$F1136,R$15),MATCH(R$15,$B1136:$F1136,0),REPT(\" \",test))","v":""},"","",1,"","","","","","",1121,"Vincennes",15]
["2008-02-05",8,2,3,16,10,"T","",2,3,"","","","",1,"",5,"","","","","",4," "," "," "," ",1126,"Cagnes/Mer",15]
["2008-02-10",6,7,11,3,9,"T",{"$f":"IF(COUNTIF($B1146:$F1146,H$15),MATCH(H$15,$B1146:$F1146,0),REPT(\" \",test))","v":""},"",4,"","",1,2," ",5,"",{"$f":"IF(COUNTIF($B1146:$F1146,R$15),MATCH(R$15,$B1146:$F1146,0),REPT(\" \",test))","v":3},"","",""," "," "," "," "," "," ",1131,"Vincennes",15]
["2008-02-15",10,8,18,14,9,"T","","","","","","","",2,5,1,"","","",4,"","","",3," "," ",1136,"Cagnes/Mer",15]
["2008-02-21",4,6,3,2,1,"T",5,4,3,1,"",2,"","","","","","","","",""," "," "," "," "," ",1142,"Vincennes",15]
["2008-02-25",14,13,1,15,10,"P",3,"","","","","","","","",5,"","",2,1,4,""," "," "," "," ",1146,"Marseille",15]
["2008-03-01",11,13,10,2,9,"T",{"$f":"IF(COUNTIF($B1166:$F1166,H$15),MATCH(H$15,$B1166:$F1166,0),REPT(\" \",test))","v":""},4,"","","","","","",5,3,{"$f":"IF(COUNTIF($B1166:$F1166,R$15),MATCH(R$15,$B1166:$F1166,0),REPT(\" \",test))","v":1},"",2," "," "," "," "," "," "," ",1151,"Vincennes",15]
["2008-03-07",9,1,7,12,16,"P",2,"","","","","",3,"",1,"","",4,"","","",5," "," "," "," ",1157,"Deauville",{"$f":"SUM(H1172:AA1172)","v":15}]
["2008-03-12",11,7,16,8,5,"T","","","","",5,"",2,4,"","",1,"","","","",3,"",""," "," ",1162,"Laval",15]
["2008-03-13",5,16,13,4,7,"P","","","",4,1,"",5,"","","","","",3,"","",2," "," "," "," ",1163,"Deauville",15]
["2008-03-21",11,4,15,6,10,"T",{"$f":"IF(COUNTIF($B1186:$F1186,H$15),MATCH(H$15,$B1186:$F1186,0),REPT(\" \",test))","v":""},"","",2,"",4,"","","",5,{"$f":"IF(COUNTIF($B1186:$F1186,R$15),MATCH(R$15,$B1186:$F1186,0),REPT(\" \",test))","v":1},"","","",3,"","",""," "," ",1171,"Vincennes",15]
["2008-03-22",17,10,5,11,9,"T","","","","",3,"","","",5,2,4,"","","","","",1,""," "," ",1172,"Vincennes",15]
["2008-03-28",5,17,7,15,12,"T","","","","",1,"",3,"","","","",5,"","",4,"",2,""," "," ",1178,"Vincennes",15]
["2008-04-02",7,14,10,18,2,"T","",5,"","","","",1,"","",3,"","","",2,"","","",4," "," ",1183,"Angers",15]
["2008-04-08",16,10,12,7,3,"O","","",5,"",""," ",4,"","",2,"",3,"","","",1," "," "," "," ",1189,"Auteuil",15]
["2008-04-11",1,14,7,9,15,"T",1,"","","","","",3," ",4,"","","","",2,5," ",""," "," "," ",1192,"Vincennes",15]
["2008-04-17",15,12,8,16,17,"P","","","","","","","",3,"","","",2,"","",1,4,5,""," "," ",1198,"Longchamp",15]
["2008-04-23",5,4,13,6,1,"T",5,"","",2,1,4,"","","","","","",3,""," "," "," "," "," "," ",1204,"Bordeaux",15]
["2008-04-28",3,15,12,17,16,"P","","",1,"","","","","","","","",3,"","",2,5,4,""," "," ",1209,"Maisons-Laffitte",15]
["2008-05-03",1,10,11,9,3,"T",1,"",5,"","","","","",4,2,3,"","","","","",""," "," "," ",1214,"Vincennes",15]
["2008-05-06",4,5,13,16,11,"T","","","",1,2," ","","","","",5,"",3,"","",4," "," "," "," ",1217,"Beaumont",15]
["2008-05-13",2,16,11,5,9,"P","",1,"","",4,"","","",5,"",3,"","","","",2," "," "," "," ",1224,"Chantilly",15]
["2008-05-14",11,13,2,9,14,"T","",3,"","","","","","",4,"",1,"",2,5," "," "," "," "," "," ",1225,"Caen",15]
["2008-05-19",1,4,10,2,9,"O",1,4,"",2,"","","","",5,3,"","","","","","","",""," "," ",1230,"Auteuil",15]
["2008-05-25",15,10,5,12,3,"O","","",5,"",3,"","","","",2,"",4,"","",1,""," "," "," "," ",1236,"Auteuil",15]
["2008-05-29",11,18,14,13,12,"P","","","","","","","","","","",1,5,4,3,""," ","",2,"","",1240,"Saint Cloud",15]
["2008-06-03",7,3,6,8,13,"O","","",2,"","",3,1,4,"","","","",5,"","","","","","","",1245,"Auteuil",15]
["2008-06-09",8,3,10,11,14,"T",{"$f":"IF(COUNTIF($B1266:$F1266,H$15),MATCH(H$15,$B1266:$F1266,0),REPT(\" \",test))","v":""},"",2,"","","","",1,"",3,{"$f":"IF(COUNTIF($B1266:$F1266,R$15),MATCH(R$15,$B1266:$F1266,0),REPT(\" \",test))","v":4},"","",5,"","",""," "," "," ",1251,"Vichy",15]
["2008-06-14",3,7,11,15,9,"P","","",1,"","","",2,"",5,"",3,"","","",4,"","",""," "," ",1256,"Longchamp",15]
["2008-06-19",3,5,14,9,2,"P",{"$f":"IF(COUNTIF($B1276:$F1276,H$15),MATCH(H$15,$B1276:$F1276,0),REPT(\" \",test))","v":""},5,1,"",2,"","","",4,"",{"$f":"IF(COUNTIF($B1276:$F1276,R$15),MATCH(R$15,$B1276:$F1276,0),REPT(\" \",test))","v":""},"","",3,"",""," "," "," "," ",1261,"Longchamp",15]
["2008-06-24",1,2,13,17,8,"P",1,2,"",""," ","","",5,"","","","",3,""," ","",4,""," "," ",1266,"Longchamp",15]
["2008-06-29",10,2,15,13,7,"P",{"$f":"IF(COUNTIF($B1286:$F1286,H$15),MATCH(H$15,$B1286:$F1286,0),REPT(\" \",test))","v":""},2,"","","","",5,"","",1,{"$f":"IF(COUNTIF($B1286:$F1286,R$15),MATCH(R$15,$B1286:$F1286,0),REPT(\" \",test))","v":""},"",4,"",3,""," "," "," "," ",1271,"Saint Cloud",15]
["2008-07-04",10,12,13,11,2,"T"," ",5,"","","","","","","",1,4,2,3,"",""," "," "," "," "," ",1276,"Cabourg",15]
["2008-07-10",7,6,16,12,2,"T","",5,"","","",2,1,"","","","",4,"","","",3," "," "," "," ",1282,"Enghien",15]
["2008-07-14",12,11,5,7,8,"P","","","","",3,"",4,5,"","",2,1,"","","",""," "," "," "," ",1286,"Longchamp",15]
["2008-07-15",15,3,6,7,9,"P","","",2,"","",3,4,"",5,"","","","","",1,""," "," "," "," ",1287,"Chateaubriant",15]
["2008-07-20",6,11,3,2,1,"T",5,4,3,"","",1,"","","","",2,"","","","",""," "," "," "," ",1292,"Enghien",15]
["2008-07-25",9,1,3,4,16,"T",2,"",3,4,"","","","",1,"","","","","","",5," "," "," "," ",1297,"Cabourg",15]
["2008-07-31",4,19,17,10,13,"P","","","",1," ","","","","",4,"","",5,"","","",3,"",2," ",1303,"Chantilly",15]
["2008-08-04",13,3,4,8,6,"P","","",2,3,"",5,"",4,"","",""," ",1,"","","",""," "," "," ",1307,"Deauville Clairefontaine",15]
["2008-08-09",11,6,5,15,10,"P","","","","",3,2,"","","",5,1,"","","",4,""," "," "," "," ",1312,"Deauville",15]
["2008-08-15",15,16,11,5,14,"T","","","","",4,"","","","","",3,"","",5,1,2," "," "," "," ",1318,"Cabourg",15]
["2008-08-20",2,5,8,13,9,"T","",1,"","",2,"","",3,5,"","","",4,"","",""," "," "," "," ",1323,"Vincennes",15]
["2008-08-26",3,15,14,9,5,"O","","",1,"",5,"","","",4,"","","","",3,2,"","",""," "," ",1329,"Deauville Clairefontaine",15]
["2008-08-29",5,13,15,4,8,"T"," ","","",4,1,"","",5,"","","","",2,"",3,""," "," "," "," ",1332,"Cabourg",15]
["2008-09-04",3,6,2,7,9,"O","",3,1,"","",2,4,"",5,"","","","","","",""," "," "," "," ",1338,"Auteuil",15]
["2008-09-10",2,10,12,1,11,"P",4,1,"","","","","","","",2,5,3,"","",""," "," "," "," "," ",1344,"Nancy",15]
["2008-09-15",1,5,8,7,10,"T",1,"","","",2,"",4,3,"",5,"","","","","","","",""," "," ",1349,"Vincennes",{"$f":"SUM(H1364:AA1364)","v":15}]
["2008-09-17",4,5,18,15,7,"T",{"$f":"IF(COUNTIF($B1366:$F1366,H$15),MATCH(H$15,$B1366:$F1366,0),REPT(\" \",test))","v":" "},"","",1,2,"",5,"","","",{"$f":"IF(COUNTIF($B1366:$F1366,R$15),MATCH(R$15,$B1366:$F1366,0),REPT(\" \",test))","v":""},"","","",4,"","",3," "," ",1351,"La Capelle",15]
["2008-09-20",14,10,13,3,5,"P","","",4,"",5,"","","","",2,"","",3,1,"",""," "," "," "," ",1354,"Longchamp",15]
["2008-09-25",3,6,10,5,18,"P","","",1,"",4,2,"","","",3,"","","","","","","",5," "," ",1359,"Maisons-Laffitte",15]
["2008-10-01",13,18,5,7,6,"T","","","","",3,5,4,"","","","","",1,"","","","",2," "," ",1365,"Angers",15]
["2008-10-06",16,14,1,6,4,"T",3,"","",5,"",4,""," ","","","","","",2,"",1," "," "," "," ",1370,"Feurs",15]
["2008-10-12",1,3,4,12,9,"O",1,"",2,3,"","","","",5,"","",4,"","","","",""," "," "," ",1376,"Auteuil",15]
["2008-10-16",18,1,14,3,12,"P",2,"",4,"","","","","","","","",5,"",3,"","","",1," "," ",1380,"Chantilly",15]
["2008-10-21",2,3,5,14,7,"P","",1,2,"",3,"",5,"","","","","","",4,"",""," "," "," "," ",1385,"Deauville",15]
["2008-10-27",10,9,4,13,2,"P",{"$f":"IF(COUNTIF($B1406:$F1406,H$15),MATCH(H$15,$B1406:$F1406,0),REPT(\" \",test))","v":""},5,"",3,"","","","",2,1,{"$f":"IF(COUNTIF($B1406:$F1406,R$15),MATCH(R$15,$B1406:$F1406,0),REPT(\" \",test))","v":""},"",4,"","",""," "," "," "," ",1391,"Saint Cloud",15]
["2008-11-01",14,3,17,9,11,"O","","",2,"","","","","",4,"",5,"","",1,"","",3,"","","",1396,"Auteuil",15]
["2008-11-06",10,2,7,1,3,"T",{"$f":"IF(COUNTIF($B1416:$F1416,H$15),MATCH(H$15,$B1416:$F1416,0),REPT(\" \",test))","v":4},2,5,"","","",3," ","",1,{"$f":"IF(COUNTIF($B1416:$F1416,R$15),MATCH(R$15,$B1416:$F1416,0),REPT(\" \",test))","v":""},"","","","","",""," "," "," ",1401,"Vincennes",15]
["2008-11-11",6,13,8,7,10,"P","","","","","",1,4,3,"",5,"","",2,"","",""," "," "," "," ",1406,"Toulouse",15]
["2008-11-16",12,14,4,10,1,"O",{"$f":"IF(COUNTIF($B1426:$F1426,H$15),MATCH(H$15,$B1426:$F1426,0),REPT(\" \",test))","v":5},"","",3,""," ","","","",4,{"$f":"IF(COUNTIF($B1426:$F1426,R$15),MATCH(R$15,$B1426:$F1426,0),REPT(\" \",test))","v":""},1,"",2,"",""," "," "," "," ",{"$f":"SUM(AB1425+1)","v":1411},"Auteuil",15]
["2008-11-21",3,16,13,10,2,"T","",5,1,"","","","","","",4,"","",3,"","",2," "," "," "," ",1416,"Vincennes",15]
["2008-11-22",9,7,8,18,3,"P","","",5,"","","",2,3,1,"","","","","","","","",4," "," ",1417,"Saint Cloud",15]
["2008-11-27",5,1,7,4,3,"T",2,"",5,4,1,"",3,"","","","","","","","","",""," "," "," ",1422,"Vincennes",15]
["2008-12-02",11,10,15,8,7,"T","","","","","","",5,4,"",2,1,"","","",3," "," "," "," "," ",1427,"Vincennes",15]
["2008-12-07",14,5,13,15,7,"T"," ","","","",2,"",5,"","","","","",3,1,4," "," "," "," "," ",1432,"Vincennes",15]
["2008-12-12",12,9,16,10,4,"T","","","",5,"","","","",2,4,"",1,"",""," ",3,"","","","",1437,"Vincennes",15]
["2008-12-19",10,4,2,9,16,"O","",3,"",2,"","","","",4,1,"","","","","",5,"",""," "," ",1443,"Pau",15]
["2008-12-23",12,8,4,14,15,"T","","","",3,"","","",2,"","","",1,"",4,5,""," "," "," "," ",1447,"Vincennes",15]
["2008-12-29",2,3,14,7,9,"O","",1,2,"","","",4,"",5,"",""," ","",3,"",""," "," "," "," ",1453,"Cagnes",15]
["2009-01-03",16,1,3,17,7,"T",2,"",3,"","","",5,"","","","","","","","",1,4,""," "," ",1458,"Vincennes",15]
["2009-01-08",11,1,8,15,4,"T",2,"","",5,"","","",3,"","",1,"","","",4,""," "," "," "," ",1463,"Vincennes",15]
["2009-01-11",8,7,13,4,6,"T","","","",4,"",5,2,1,"","","","",3,"",""," "," "," "," "," ",1466,"Vincennes",15,null,null,null,null,null,null,null,null,null,15]
["2009-01-18",11,14,8,16,4,"T","","","",5,"","","",3,"","",1,"","",2,"",4,"",""," "," ",1473,"Vincennes",15,null,null,null,null,null,null,null,null,null,18]
["2009-01-23",12,2,6,3,9,"O","",2,4,"","",3,"","",5,"","",1,"","","","","",""," "," ",1478,"Pau",15,null,null,null,null,null,null,null,null,null,14]
["2009-01-24",1,14,10,9,13,"T",1,"","","","","","","",4,3,"","",5,2,"","","",""," "," ",1479,"Vincennes",15,null,null,null,null,null,null,null,null,null,18]
["2009-01-29",16,4,6,1,7,"T",4,"","",2,"",3,5,"","","","","","","","",1,"",""," "," ",1484,"Vincennes",15,null,null,null,null,null,null,null,null,null,18]
["2009-02-05",13,10,6,4,9,"T",{"$f":"IF(COUNTIF($B1506:$F1506,H$15),MATCH(H$15,$B1506:$F1506,0),REPT(\" \",test))","v":""},"","",4,"",3,"","",5,2,{"$f":"IF(COUNTIF($B1506:$F1506,R$15),MATCH(R$15,$B1506:$F1506,0),REPT(\" \",test))","v":""},"",1,"","","","",""," "," ",1491,"Vincennes",15,null,null,null,null,null,null,null,null,null,18]
["2009-02-08",5,3,6,1,11,"T",4,"",2,"",1,3,"","","","",5,"","","","","","",""," "," ",1494,"Vincennes",15,null,null,null,null,null,null,null,null,null,16]
["2009-02-13",18,9,6,1,7,"T",4,"","","","",3,5,"",2,"","","","","","","","",1," "," ",1499,"Cagnes",15,null,null,null,null,null,null,null,null,null,16]
["2009-02-19",1,8,14,3,12,"T",1,"",4,"","","","",2,"","","",5,"",3,"","","",""," "," ",1505,"Vincennes",15,null,null,null,null,null,null,null,null,null,11]
["2009-02-24",7,8,15,14,11,"O","","","","","","",1,2,"","",5,"","",4,3,"","",""," "," ",1510,"Auteuil",15,null,null,null,null,null,null,null,null,null,13]
["2009-03-02",6,9,10,15,18,"T","","","","","",1,"","",2,3,"","","","",4,"","",5," "," ",1516,"Caen",15,null,null,null,null,null,null,null,null,null,20]
["2009-03-06",16,11,9,7,15,"P","","","","","","",4,"",3,"",2,"","","",5,1,"",""," "," ",1520,"Deauville",15,null,null,null,null,null,null,null,null,null,15]
["2009-03-11",15,3,12,9,11,"T","","",2,"","","","","",4,"",5,3,"","",1,"","",""," "," ",1525,"Laval",15,null,null,null,null,null,null,null,null,null,14]
["2009-03-17",6,4,9,15,16,"P",{"$f":"IF(COUNTIF($B1546:$F1546,H$15),MATCH(H$15,$B1546:$F1546,0),REPT(\" \",test))","v":""},"","",2,"",1,"","",3,"",{"$f":"IF(COUNTIF($B1546:$F1546,R$15),MATCH(R$15,$B1546:$F1546,0),REPT(\" \",test))","v":""},"","","",4,5,"",""," "," ",1531,"Saint Cloud",15,null,null,null,null,null,null,null,null,null,15]
["2009-03-22",8,11,2,10,12,"O","",3,"","","","","",1,"",4,2,5,"","","","","",""," "," ",1536,"Auteuil",15,null,null,null,null,null,null,null,null,null,18]
["2009-03-23",9,8,2,12,6,"P","",3,"","","",5,"",2,1,"","",4,"","","","","",""," "," ",1537,"Saint Cloud",15,null,null,null,null,null,null,null,null,null,17]
["2009-03-27",3,2,5,15,1,"T",{"$f":"IF(COUNTIF($B1556:$F1556,H$15),MATCH(H$15,$B1556:$F1556,0),REPT(\" \",test))","v":5},2,1,"",3,"","","","","",{"$f":"IF(COUNTIF($B1556:$F1556,R$15),MATCH(R$15,$B1556:$F1556,0),REPT(\" \",test))","v":""},"","","",4,"","",""," "," ",1541,"Vincennes",{"$f":"SUM(H1556:AA1556)","v":15},null,null,null,null,null,null,null,null,null,20]
["2009-04-01",10,13,15,7,12,"T","","","","","","",4,"","",1,"",5,2,"",3,"","","",""," ",1546,"Angers",15,null,null,null,null,null,null,null,null,null,15]
["2009-04-07",16,6,7,3,4,"O","","",4,5,"",2,3,"","","","","","","","",1,"",""," "," ",1552,"Auteuil",15,null,null,null,null,null,null,null,null,null,15]
["2009-04-12",8,3,16,5,9,"P","","",2,"",4,"","",1,5,"","","","","","",3,"",""," "," ",1557,"Longchamp",15,null,null,null,null,null,null,null,null,null,17]
["2009-04-17",10,7,5,4,12,"T","","","",4,3,"",2,"","",1,"",5,"","","","","",""," "," ",1562,"Vincennes",15,null,null,null,null,null,null,null,null,null,15]
["2009-04-22",7,1,5,4,2,"T",2,5,"",4,3,"",1,"","","","",""," ","","","","",""," "," ",1567,"Toulouse",15,null,null,null,null,null,null,null,null,null,18]
["2009-04-27",11,4,9,10,2,"P","",5," ",2,"","",""," ",3,4,1,"","","","","","",""," "," ",1572,"Maisons-Laffitte",15,null,null,null,null,null,null,null,null,null,15]
["2009-05-02",16,1,7,10,18,"T",2,"","","","","",3,"","",4,"","","","","",1,"",5," "," ",1577,"Vincennes",15,null,null,null,null,null,null,null,null,null,20]
["2009-05-08",4,2,6,17,1,"P",5,2,"",1,"",3,"","","","","","","","","","",4,""," "," ",1583,"Chantilly",15,null,null,null,null,null,null,null,null,null,17]
["2009-05-12",2,4,11,15,5,"P","",1,"",2,5,"","","","","",3,"","","",4,"","",""," "," ",1587,"Saint Cloud",15,null,null,null,null,null,null,null,null,null,15]
["2009-05-18",4,5,17,15,18,"O","","","",1,2,"","","","","","","","","",4,"",3,5," "," ",1593,"Auteuil",15,null,null,null,null,null,null,null,null,null,16]
["2009-05-23",3,12,13,9,2,"T","",5,1,"","","","","",4,"","",2,3,"","","","",""," "," ",1598,"Enghien",15,null,null,null,null,null,null,null,null,null,15]
["2009-05-28",13,5,6,2,10,"T","",4,"","",2,3,"","","",5,"","",1,"","","","",""," "," ",{"$f":"SUM(AB1617+1)","v":1603},"Vichy",15,null,null,null,null,null,null,null,null,null,16]
["2009-05-31",11,14,15,13,6,"P","","","","","",5,"","","","",1,"",4,2,3,"","",""," "," ",1606,"Chantilly",15,null,null,null,null,null,null,null,null,null,15]
["2009-06-02",12,13,1,17,19,"O",3,"","","","",""," ","","","","",1,2,"","","",4,"",5," ",1608,"Auteuil",15,null,null,null,null,null,null,null,null,null,15]
["2009-06-08",7,15,16,8,2,"T","",5,"","","","",1,4,"","","","","","",2,3,"",""," "," ",1614,"Vichy",15,null,null,null,null,null,null,null,null,null,17]
["2009-06-13",7,4,1,16,3,"T",3,"",5,2,"","",1,"","","","","","","","",4,"",""," "," ",1619,"Vincennes",15,null,null,null,null,null,null,null,null,null,17]
["2009-06-18",2,4,17,18,14,"P","",1,"",2,"","","","","","","","","",5,"","",3,4," "," ",1624,"Longchamp",15,null,null,null,null,null,null,null,null,null,14]
["2009-06-25",16,12,2,10,5,"T",{"$f":"IF(COUNTIF($B1646:$F1646,H$15),MATCH(H$15,$B1646:$F1646,0),REPT(\" \",test))","v":""},3,"","",5,"","","","",4,{"$f":"IF(COUNTIF($B1646:$F1646,R$15),MATCH(R$15,$B1646:$F1646,0),REPT(\" \",test))","v":""},2,"","","",1,"",""," "," ",1631,"Enghien",15,null,null,null,null,null,null,null,null,null,17]
["2009-06-28",1,2,14,3,15,"P",1,2,4,"","","",""," ","","","","","",3,5,"","",""," "," ",1634,"Saint Cloud",15,null,null,null,null,null,null,null,null,null,16]
["2009-07-03",6,10,16,9,14,"T","","","","","",1,"","",4,2,"","","",5,"",3,"",""," "," ",1639,"Cabourg",15,null,null,null,null,null,null,null,null,null,16]
["2009-07-09",15,3,2,5,4,"T","",3,2,5,4,"","","","","","","","","",1,"","",""," "," ",1645,"Enghien",15,null,null,null,null,null,null,null,null,null,16]
["2009-07-14",16,5,11,10,13,"P","","","","",2,"","","","",4,3,"",5,"","",1,"",""," "," ",1650,"Longchamp",15,null,null,null,null,null,null,null,null,null,15]
["2009-07-16",15,14,4,8,16,"P","","","",3,"","","",4,"","","","","",2,1,5,"",""," "," ",1652,"Compiègne",15,null,null,null,null,null,null,null,null,null,16]
["2009-07-24",7,15,14,10,6,"T","","","","","",5,1,"","",4,""," ","",3,2,"","",""," "," ",1660,"Cabourg",15,null,null,null,null,null,null,null,null,null,16]
["2009-07-29",3,4,15,17,14,"T","","",1,2,"","","","","","","",""," ",5,3,"",4,""," "," ",1665,"Enghien",15,null,null,null,null,null,null,null,null,null,19]
["2009-07-30",7,10,15,6,17,"P","","","","","",4,1,"","",2,"","","","",3,"",5,""," "," ",1666,"Chantilly",15,null,null,null,null,null,null,null,null,null,13]
["2009-08-04",8,13,2,16,10,"P",{"$f":"IF(COUNTIF($B1686:$F1686,H$15),MATCH(H$15,$B1686:$F1686,0),REPT(\" \",test))","v":""},3,""," ","","","",1,"",5,{"$f":"IF(COUNTIF($B1686:$F1686,R$15),MATCH(R$15,$B1686:$F1686,0),REPT(\" \",test))","v":""},"",2,"","",4,"",""," "," ",1671,"Deauville",15,null,null,null,null,null,null,null,null,null,16]
["2009-08-10",3,1,12,7,15,"P",2,"",1,"","","",4,"","","","",3,"","",5,"","",""," "," ",1677,"Deauville Clairefontaine",15,null,null,null,null,null,null,null,null,null,18]
["2009-08-14",5,7,15,13,11,"T",{"$f":"IF(COUNTIF($B1696:$F1696,H$15),MATCH(H$15,$B1696:$F1696,0),REPT(\" \",test))","v":""},"","","",1,"",2,"","","",{"$f":"IF(COUNTIF($B1696:$F1696,R$15),MATCH(R$15,$B1696:$F1696,0),REPT(\" \",test))","v":5},"",4,"",3,"","",""," "," ",1681,"Cabourg",15,null,null,null,null,null,null,null,null,null,17]
["2009-08-19",2,9,7,11,14,"T","",1,"","","","",3,"",2,"",4,"","",5,"","","",""," "," ",1686,"Vincennes",15,null,null,null,null,null,null,null,null,null,18]
["2009-08-25",18,3,6,1,16,"O",4,"",2,"","",3,"","","","","","","","","",5,"",1," "," ",1692,"Deauville Clairefontaine",15,null,null,null,null,null,null,null,null,null,18]
["2009-08-30",14,1,11,18,17,"P",2,"","","","","","","","","",3,"","",1,"","",5,4," "," ",1697,"Deauville",15,null,null,null,null,null,null,null,null,null,15]
["2009-09-04",15,13,3,17,1,"T",5,"",3," ","","","","","","","","",2,"",1,"",4,""," "," ",1702,"Vincennes",15,null,null,null,null,null,null,null,null,null,14]
["2009-09-09",15,1,10,13,14,"P",2,"","","","","","","","",3,"","",4,5,1,"","","",""," ",1707,"Nancy",15,null,null,null,null,null,null,null,null,null,18]
["2009-09-14",13,9,10,7,5,"T","","","","",5,"",4,"",2,3,"","",1,"","","","",""," "," ",1712,"Vincennes",15,null,null,null,null,null,null,null,null,null,15]
["2009-09-20",6,7,13,15,12,"T","","","","","",1,2,"","","","",5,3,"",4,"","",""," "," ",1718,"Vincennes",15,null,null,null,null,null,null,null,null,null,16]
["2009-09-23",14,1,10,7,6,"T",{"$f":"IF(COUNTIF($B1736:$F1736,H$15),MATCH(H$15,$B1736:$F1736,0),REPT(\" \",test))","v":2},"","","","",5,4,"","",3,{"$f":"IF(COUNTIF($B1736:$F1736,R$15),MATCH(R$15,$B1736:$F1736,0),REPT(\" \",test))","v":" "},"","",1,"","","",""," "," ",1721,"Argentan",15,null,null,null,null,null,null,null,null,null,18]
["2009-09-29",8,3,18,9,12,"O","","",2,"","","","",1,4,"","",5,"","","","","",3," "," ",1727,"Enghien",15,null,null,null,null,null,null,null,null,null,14]
["2009-09-30",4,14,7,8,10,"T","","","",1,"","",3,4,"",5,"","","",2,"","","",""," "," ",1728,"Laval",15,null,null,null,null,null,null,null,null,null,17]
["2009-10-05",12,1,2,11,9,"T",2,3,"","","","","","",5,"",4,1,"","","","","",""," "," ",1733,"Feurs",{"$f":"SUM(H1748:AA1748)","v":15},null,null,null,null,null,null,null,null,null,18]
["2009-10-10",15,8,16,7,13,"P","","","","","","",4,2,"","","","",5,"",1,3,"",""," "," ",1738,"Maisons-Laffitte",15,null,null,null,null,null,null,null,null,null,18]
["2009-10-18",13,4,18,3,15,"P","","",4,2,"","","","","","","","",1,"",5,"","",3," "," ",1746,"Longchamp",15,null,null,null,null,null,null,null,null,null,18]
["2009-10-20",5,13,8,12,4,"P","","","",5,1,"","",3,"","","",4,2,"","","","",""," "," ",1748,"Deauville",15,null,null,null,null,null,null,null,null,null,15]
["2009-10-26",9,1,12,17,11,"P",2,"","","","","","","",1,"",5,3,"","","","",4,""," "," ",1754,"Compiègne",15,null,null,null,null,null,null,null,null,null,16]
["2009-10-31",9,1,3,6,2,"O",2,5,3,"","",4,"","",1,"","","","","","","","",""," "," ",1759,"Auteuil",15,null,null,null,null,null,null,null,null,null,15]
["2009-11-05",8,11,14,9,1,"T",5,"","","","","","",1,4,"",2,"","",3,"","","",""," "," ",1764,"Vincennes",15,null,null,null,null,null,null,null,null,null,16]
["2009-11-08",3,11,6,2,1,"O",5,4,1,"","",3,"","","","",2,"","","","","","",""," "," ",1767,"Auteuil",15,null,null,null,null,null,null,null,null,null,17]
["2009-11-15",15,3,4,5,18,"O","","",2,3,4,"","","","","","","","","",1,"","",5," "," ",1774,"Auteuil",15,null,null,null,null,null,null,null,null,null,16]
["2009-11-21",9,6,17,1,15,"T",4,"","","","",2,"","",1,"","","","","",5,"",3,""," "," ",1780,"Vincennes",15,null,null,null,null,null,null,null,null,null,18]
["2009-11-26",6,11,13,8,9,"T","","","","","",1,"",4,5,"",2,"",3,"","","","",""," "," ",1785,"Vincennes",15,null,null,null,null,null,null,null,null,null,16]
["2009-12-01",6,10,4,2,13,"T","",4,"",3,"",1,"","","",2,"","",5,"","","","",""," "," ",1790,"Vincennes",15,null,null,null,null,null,null,null,null,null,16]
["2009-12-03",16,12,13,9,17,"T","","","","","","","","",4,"","",2,3,"","",1,5,""," "," ",1792,"Vincennes",15,null,null,null,null,null,null,null,null,null,16]
["2009-12-06",13,1,11,9,3,"T",2,"",5,"","","","","",4,"",3,"",1,"","","","",""," "," ",{"$f":"SUM(AB1809+1)","v":1795},"Vincennes",15,null,null,null,null,null,null,null,null,null,14]
["2009-12-11",6,12,13,11,10,"T","","","","","",1,"","","",5,4,2,3,"","","","",""," "," ",1800,"Vincennes",15,null,null,null,null,null,null,null,null,null,14]
["2009-12-17",1,15,4,8,6,"O",1,"","",3,"",5,"",4,"","","","","","",2,"","",""," "," ",1806,"Pau",15,null,null,null,null,null,null,null,null,null,20]
["2009-12-22",8,16,15,6,7,"T",{"$f":"IF(COUNTIF($B1826:$F1826,H$15),MATCH(H$15,$B1826:$F1826,0),REPT(\" \",test))","v":""},"","","","",4,5,1,"","",{"$f":"IF(COUNTIF($B1826:$F1826,R$15),MATCH(R$15,$B1826:$F1826,0),REPT(\" \",test))","v":""},"","","",3,2,"",""," "," ",1811,"Vincennes",15,null,null,null,null,null,null,null,null,null,18]
["2009-12-28",3,11,10,2,7,"O","",4,1,"","","",5,"","",3,2,"","","","","","",""," "," ",1817,"Cagnes",15,null,null,null,null,null,null,null,null,null,18]
["2010-01-01",14,11,2,6,19,"T",{"$f":"IF(COUNTIF($B1836:$F1836,H$15),MATCH(H$15,$B1836:$F1836,0),REPT(\" \",test))","v":""},3,"","","",4,"","","","",{"$f":"IF(COUNTIF($B1836:$F1836,R$15),MATCH(R$15,$B1836:$F1836,0),REPT(\" \",test))","v":2},"","",1,"",""," "," ",5," ",1821,"Vincennes ",15,null,null,null,null,null,null,null,null,null,15]
["2010-01-06",6,2,12,1,13,"T",4,2,"","","",1,"","","","","",3,5,"","","","",""," "," ",1826,"Vincennes (T)",15,null,null,null,null,null,null,null,null,null,16]
["2010-01-12",17,11,8,19,1,"T",5,"","","","","","",3,"","",2,"","","","","",1,"",4," ",1832,"Vincennes (T)",15,null,null,null,null,null,null,null,null,null,16]
["2010-01-16",15,13,9,10,6,"T","","","","","",5,"","",3,4,"","",2,"",1,"","",""," "," ",1836,"Vincennes (T)",15,null,null,null,null,null,null,null,null,null,17]
["2010-01-21",13,8,2,15,7,"T",{"$f":"IF(COUNTIF($B1856:$F1856,H$15),MATCH(H$15,$B1856:$F1856,0),REPT(\" \",test))","v":""},3,"","","","",5,2,"","",{"$f":"IF(COUNTIF($B1856:$F1856,R$15),MATCH(R$15,$B1856:$F1856,0),REPT(\" \",test))","v":""},"",1,"",4,"","",""," "," ",1841,"Vincennes (T)",15,null,null,null,null,null,null,null,null,null,16]
["2010-01-27",10,3,7,4,5,"T","","",2,4,5,"",3,"","",1,"","","","","","","",""," "," ",1847,"Cagnes/Mer (T)",15,null,null,null,null,null,null,null,null,null,18]
["2010-02-01",11,4,12,13,9,"T","","","",2,"","","","",5,"",1,3,4,"","","","",""," "," ",1852,"Vincennes (T)",15,null,null,null,null,null,null,null,null,null,18]
["2010-02-02",8,4,10,15,14,"T","","","",2,"","","",1,"",3,"","","",5,4,"","",""," "," ",1853,"Vincennes (T)",15,null,null,null,null,null,null,null,null,null,16]
["2010-02-10",12,7,15,3,5,"T",{"$f":"IF(COUNTIF($B1876:$F1876,H$15),MATCH(H$15,$B1876:$F1876,0),REPT(\" \",test))","v":""},"",4,"",5,"",2,"","","",{"$f":"IF(COUNTIF($B1876:$F1876,R$15),MATCH(R$15,$B1876:$F1876,0),REPT(\" \",test))","v":""},1,"","",3,"","",""," "," ",1861,"Vincennes (T)",{"$f":"SUM(H1876:AA1876)","v":15},null,null,null,null,null,null,null,null,null,17]
["2010-02-11",15,11,10,13,16,"T","","","","","","","","","",3,2,"",4,"",1,5,"",""," "," ",1862,"Vincennes (T)",15,null,null,null,null,null,null,null,null,null,17]
["2010-02-17",3,10,9,12,11,"P","","",1,"","","","","",3,2,5,4,"","","","","",""," "," ",1868,"Cagnes/Mer (P)",15,null,null,null,null,null,null,null,null,null,15]
["2010-02-22",8,6,9,11,10,"T","","","","","",2,"",1,3,5,4,"","","","","","",""," "," ",1873,"Vincennes (T)",15,null,null,null,null,null,null,null,null,null,18]
["2010-02-28",12,4,6,14,5,"T","","","",2,5,3,"","","","","",1,"",4,"","","",""," "," ",1879,"Vincennes (T)",15,null,null,null,null,null,null,null,null,null,16]
["2010-03-03",3,12,1,4,2,"T",3,5,1,4,"","","","","","","",2,"","","","","",""," "," ",1882,"Enghien (T)",15,null,null,null,null,null,null,null,null,null,16]
["2010-03-09",9,3,7,8,1,"O",5,"",2,"","","",3,4,1,"","","","","","","","",""," "," ",1888,"Enghien (O)",15,null,null,null,null,null,null,null,null,null,15]
["2010-03-15",12,16,11,5,14,"P","","","","",4,"","","","","",3,1,"",5,"",2,"",""," "," ",1894,"Compiègne (P)",15,null,null,null,null,null,null,null,null,null,18]
["2010-03-20",7,2,6,1,11,"P",4,2,"","","",3,1,"","","",5,"","","","","","",""," "," ",1899,"Saint-Cloud (P)",15,null,null,null,null,null,null,null,null,null,16]
["2010-03-25",12,2,9,15,10,"P","",2,"","","","","","",3,5,"",1,"","",4,"","",""," "," ",1904,"Deauville (P)",15,null,null,null,null,null,null,null,null,null,16]
["2010-03-28",11,9,18,1,10,"O",4,"","","","","","","",2,5,1,"","","","","","",3," "," ",1907,"Auteuil (O)",15,null,null,null,null,null,null,null,null,null,16]
["2010-04-04",6,12,4,16,2,"P","",5,"",3,"",1,"","","","","",2,"","","",4,"",""," "," ",1914,"Saint-Cloud (P)",15,null,null,null,null,null,null,null,null,null,17]
["2010-04-05",17,12,15,9,4,"P","","","",5,"","","","",4,"","",2,"","",3,"",1,""," "," ",1915,"Longchamp (P)",15,null,null,null,null,null,null,null,null,null,18]
["2010-04-10",5,7,8,4,2,"T","",5,"",4,1,"",2,3,"","","","","","","","","",""," "," ",1920,"Vincennes (T)",15,null,null,null,null,null,null,null,null,null,18]
["2010-04-15",2,18,16,6,10,"P","",1,"","","",4,"","","",5,"","","","","",3,"",2," "," ",1925,"Longchamp (P)",{"$f":"SUM(H1940:AA1940)","v":15},null,null,null,null,null,null,null,null,null,15]
["2010-04-22",3,1,7,13,4,"P",2,"",1,5,"","",3,"","","","","",4,"","","","",""," "," ",1932,"Saint-Cloud (P)",15,null,null,null,null,null,null,null,null,null,20]
["2010-04-25",9,10,5,1,11,"P",4,"","","",3,"","","",1,2,5,"","","","","","",""," "," ",1935,"Longchamp (P)",15,null,null,null,null,null,null,null,null,null,16]
["2010-05-01",1,3,14,4,6,"P",{"$f":"IF(COUNTIF($B1956:$F1956,H$15),MATCH(H$15,$B1956:$F1956,0),REPT(\" \",test))","v":1},"",2,4,"",5,"","","","",{"$f":"IF(COUNTIF($B1956:$F1956,R$15),MATCH(R$15,$B1956:$F1956,0),REPT(\" \",test))","v":""},"","",3,"","","",""," "," ",1941,"Saint-Cloud (P)",15,null,null,null,null,null,null,null,null,null,16]
["2010-05-06",16,14,13,18,2,"P","",5,"","","","","","","","","","",3,2,"",1,"",4," "," ",1946,"Longchamp (P)",15,null,null,null,null,null,null,null,null,null,15]
["2010-05-11",13,8,11,6,10,"T",{"$f":"IF(COUNTIF($B1966:$F1966,H$15),MATCH(H$15,$B1966:$F1966,0),REPT(\" \",test))","v":""},"","","","",4,"",2,"",5,{"$f":"IF(COUNTIF($B1966:$F1966,R$15),MATCH(R$15,$B1966:$F1966,0),REPT(\" \",test))","v":3},"",1,"","","","",""," "," ",1951,"Toulouse (T)",15,null,null,null,null,null,null,null,null,null,16]
["2010-05-16",8,6,12,16,4,"P","","","",5,"",2,"",1,"","","",3,"","","",4,"",""," "," ",1956,"Longchamp (P)",15,null,null,null,null,null,null,null,null,null,18]
["2010-05-21",5,1,6,12,4,"T",{"$f":"IF(COUNTIF($B1976:$F1976,H$15),MATCH(H$15,$B1976:$F1976,0),REPT(\" \",test))","v":2},"","",5,1,3,"","","","",{"$f":"IF(COUNTIF($B1976:$F1976,R$15),MATCH(R$15,$B1976:$F1976,0),REPT(\" \",test))","v":""},4,"","","","","",""," "," ",1961,"Vincennes-nuit (T)",15,null,null,null,null,null,null,null,null,null,18]
["2010-05-26",12,18,7,4,14,"T","","","",4,"","",3,"","","","",1,"",5,"","","",2," "," ",1966,"La Capelle (T)",15,null,null,null,null,null,null,null,null,null,16]
["2010-06-01",1,16,6,7,11,"P",1,"","","","",3,4,"","","",5,"","","","",2,"",""," "," ",1972,"Strasbourg (P)",15]
["2010-06-05",12,6,8,13,7,"P","","","","","",2,5,3,"","","",1,4,"","","","",""," "," ",1976,"Longchamp (P)",15]
["2010-06-06",4,1,7,10,13,"P",2,"","",1,"","",3,"","",4,"","",5,"","","","",""," "," ",1977,"Chantilly (P)",15]
["2010-06-11",13,6,3,7,8,"T","","",3,"","",2,4,5,"","","","",1,"","","","",""," "," ",1982,"Vincennes-nuit (T)",15]
["2010-06-16",10,18,2,12,11,"P","",3,"","","","","","","",1,5,4,"","","","","",2," "," ",{"$f":"SUM(AB2001+1)","v":1987},"Chantilly (P)",15]
["2010-06-22",6,5,8,7,16,"P","","","","",2,1,4,3,"","","","","","","",5,"",""," "," ",1993,"Chantilly (P)",15]
["2010-06-26",16,2,18,6,3,"T","",2,5,"","",4,"","","","","","","","","",1,"",3," "," ",1997,"Enghien (T)",15]
["2010-07-01",2,3,5,16,1,"T",5,1,2,"",3,"","","","","","","","","","",4,"",""," "," ",2002,"Enghien (T)",15]
["2010-07-07",13,1,7,2,12,"T",2,4,"","","","",3,"","","","",5,1,"","","","",""," "," ",2008,"Vichy (T)",15]
["2010-07-12",2,16,13,3,11,"P","",1,4,"","","","","","","",5,"",3,"","",2,"",""," "," ",2013,"Chantilly (P)",15]
["2010-07-18",1,16,4,14,2,"T",1,5,"",3,"","","","","","","","","",4,"",2,"",""," "," ",2019,"Enghien (T)",15]
["2010-07-21",1,9,15,12,17,"T",1,"","","","","","","",2,"","",4,"","",3,"",5,""," "," ",2022,"Vire (T)",15]
["2010-07-27",5,10,11,3,4,"P","","",4,5,1,"","","","",2,3,"","","","","","",""," "," ",2028,"Maisons-Laffitte (P)",15]
["2010-08-02",15,7,16,3,17,"P","","",4,"","","",2,"","","","","","","",1,3,5,""," "," ",2034,"Clairefontaine (P)",15]
["2010-08-07",18,2,1,4,7,"O",3,2,"",4,"","",5,"","","","","","","","","","",1," "," ",2039,"Clairefontaine (O)",15]
["2010-08-08",10,5,12,16,15,"P","","","","",2,"","","","",1,"",3,"","",5,4,"",""," "," ",2040,"Deauville (P)",15]
["2010-08-15",19,20,17,7,1,"P",5,"","","","","",4,"","","","","","","","","",3,"",1,2,2047,"Deauville (P)",15]
["2010-08-17",14,2,8,16,9,"P","",2,"","","","","",3,5,"","","","",1,"",4,"",""," "," ",2049,"Clairefontaine (P)",15]
["2010-08-23",8,10,2,14,7,"T","",3,"","","","",5,1,"",2,"","","",4,"","","",""," "," ",2055,"Vincennes (T)",15]
["2010-08-28",11,14,3,5,1,"P",5,"",3,"",4,"","","","","",1,"","",2,"","","",""," "," ",2060,"Clairefontaine (P)",15]
["2010-09-03",2,1,14,13,7,"T",2,1,"","","","",5,"","","","","",4,3,"","","",""," "," ",2066,"Vincennes-nuit (T)",15]
["2010-09-07",3,6,12,10,4,"P","","",1,5,"",2,"","","",4,"",3,"","","","","",""," "," ",2070,"Nancy (P)",15]
["2010-09-12",3,5,13,11,10,"P","","",1,"",2,"","","","",5,4,"",3,"","","","",""," "," ",2075,"Longchamp (P)",15]
["2010-09-18",8,18,10,17,2,"P",{"$f":"IF(COUNTIF($B2096:$F2096,H$15),MATCH(H$15,$B2096:$F2096,0),REPT(\" \",test))","v":""},5,"","","","","",1,"",3,{"$f":"IF(COUNTIF($B2096:$F2096,R$15),MATCH(R$15,$B2096:$F2096,0),REPT(\" \",test))","v":""},"","","","","",4,2," "," ",2081,"Longchamp (P)",15]
["2010-09-23",8,14,15,2,12,"T","",4,"","","","","",1,"","","",5,"",2,3,"","",""," "," ",2086,"Vincennes (T)",15]
["2010-09-28",8,16,1,14,12,"O",{"$f":"IF(COUNTIF($B2106:$F2106,H$15),MATCH(H$15,$B2106:$F2106,0),REPT(\" \",test))","v":3},"","","","","","",1,"","",{"$f":"IF(COUNTIF($B2106:$F2106,R$15),MATCH(R$15,$B2106:$F2106,0),REPT(\" \",test))","v":""},5,"",4,"",2,"",""," "," ",2091,"Enghien (O)",15]
["2010-10-03",13,7,20,14,3,"P","","",5,"","","",2,"","","","","",1,4,"","","",""," ",3,2096,"Longchamp (P)",15]
["2010-10-08",15,9,5,16,13,"T",{"$f":"IF(COUNTIF($B2116:$F2116,H$15),MATCH(H$15,$B2116:$F2116,0),REPT(\" \",test))","v":""},"","","",3,"","","",2,"",{"$f":"IF(COUNTIF($B2116:$F2116,R$15),MATCH(R$15,$B2116:$F2116,0),REPT(\" \",test))","v":""},"",5,"",1,4,"",""," "," ",2101,"Vincennes-nuit (T)",15]
["2010-10-13",10,3,11,15,14,"P","","",2,"","","","","","",1,3,"","",5,4,"","",""," "," ",2106,"Maisons-Laffitte (P)",15]
["2010-10-14",11,12,6,3,5,"P","","",4,"",5,3,"","","","",1,2,"","","","","",""," "," ",2107,"Bordeaux (P)",15]
["2010-10-19",4,5,2,13,14,"P","",3,"",1,2,"","","","","","","",4,5,"","","",""," "," ",2112,"Deauville (P)",15]
["2010-10-24",1,5,8,4,13,"P",1,"","",4,2,"","",3,"","","","",5,"","","","",""," "," ",2117,"Longchamp (P)",{"$f":"SUM(H2132:AA2132)","v":15}]
["2010-10-29",15,17,1,16,14,"T",3,"","","","","","","","","","","","",5,1,4,2,""," "," ",2122,"Vincennes-nuit (T)",15]
["2010-11-03",10,13,12,18,14,"T","","","","","","","","","",1,"",3,2,5,"","","",4," "," ",2127,"Vincennes (T)",15]
["2010-11-09",3,11,2,16,12,"P","",3,1,"","","","","","","",2,5,"","","",4,"",""," "," ",2133,"Saint-Cloud (P)",15]
["2010-11-13",4,11,10,2,15,"P","",4,"",1,"","","","","",3,2,"","","",5,"","",""," "," ",2137,"Saint-Cloud (P)",15]
["2010-11-19",1,3,4,2,5,"T",1,4,2,3,5,"","","","","","","","","","","","",""," "," ",2143,"Vincennes-nuit (T)",15]
["2010-11-24",13,10,8,12,2,"T","",5,"","","","","",3,"",2,"",4,1,"","","","",""," "," ",2148,"Mauquenchy (T)",15]
["2010-11-29",9,15,10,3,1,"T",5,"",4,"","","","","",1,3,"","","","",2,"","",""," "," ",2153,"Vincennes (T)",15]
["2010-12-05",7,5,6,8,9,"T","","","","",2,3,1,4,5,"","","","","","","","","",""," ",2159,"Vincennes (T)",15]
["2010-12-08",6,5,2,9,3,"T","",3,5,"",2,1,"","",4,"","","","","","","","",""," "," ",2162,"Vincennes (T)",15]
["2010-12-14",5,3,12,9,10,"T","","",2,"",1,"","","",4,5,"",3,"","","","","",""," "," ",2168,"Cabourg (T)",15]
["2010-12-15",3,12,14,13,11,"T","","",1,"","","","","","","",5,2,4,3,"","","",""," "," ",2169,"Vincennes (T)",15]
["2010-12-20",13,16,2,12,8,"O","",3,"","","","","",5,"","","",4,1,"","",2,"",""," "," ",2174,"Cagnes/Mer (O)",15]
["2010-12-26",5,6,15,1,13,"T",4,"","","",1,2,"","","","","","",5,"",3,"","",""," "," ",2180,"Vincennes (T)",15]
["2011-01-02",3,6,9,5,2,"T","",5,1,"",4,2,"","",3,"","","","","","","","",""," "," ",2187,null,15]
["2011-01-04",3,12,8,11,5,"O","","",1,"",5,"","",3,"","",4,2,"","","","","",""," "," ",2189,null,15]
["2011-01-10",8,18,9,20,10,"T","","","","","","","",1,3,5,"","","","","","","",2," ",4,2195,null,15]
["2011-01-15",1,9,7,16,11,"T",1,"","","","","",3,"",2,"",5,"","","","",4,"",""," "," ",2200,null,15]
["2011-01-21",3,12,1,14,18,"P",3,"",1,"","","","","","","","",2,"",4,"","","",5," "," ",2206,null,15]
["2011-01-25",1,16,11,14,3,"P",1,"",5,"","","","","","","",3,"","",4,"",2,"",""," "," ",2210,null,15]
["2011-01-30",15,13,18,16,10,"T","","","","","","","","","",5,"","",2,"",1,4,"",3," "," ",2215,null,15]
["2011-02-05",20,17,9,12,6,"T",{"$f":"IF(COUNTIF($B2236:$F2236,H$15),MATCH(H$15,$B2236:$F2236,0),REPT(\" \",test))","v":""},"","","","",5,"","",3,"",{"$f":"IF(COUNTIF($B2236:$F2236,R$15),MATCH(R$15,$B2236:$F2236,0),REPT(\" \",test))","v":""},4,"","","","",2,""," ",1,2221,null,15]
["2011-02-10",16,7,9,6,13,"T","","","","","",4,2,"",3,"","","",5,"","",1,"",""," "," ",2226,null,15]
["2011-02-11",2,1,11,10,13,"T",2,1,"","","","","","","",4,3,"",5,"","","","",""," "," ",2227,null,15]
["2011-02-15",7,17,2,5,18,"T",{"$f":"IF(COUNTIF($B2246:$F2246,H$15),MATCH(H$15,$B2246:$F2246,0),REPT(\" \",test))","v":""},3,"","",4,"",1,"","","",{"$f":"IF(COUNTIF($B2246:$F2246,R$15),MATCH(R$15,$B2246:$F2246,0),REPT(\" \",test))","v":""},"","","","","",2,5," "," ",2231,null,15]
["2011-02-20",13,14,1,11,3,"T",3,"",5,"","","","","","","",4,"",1,2,"","","",""," "," ",2236,null,15]
["2011-02-26",1,7,11,6,9,"P",1,"","","","",4,2,"",5,"",3,"","","","","","",""," "," ",2242,null,15]
["2011-03-03",4,17,15,3,14,"T","","",4,1,"","","","","","","","","",5,3,"",2,""," "," ",2247,null,15]
["2011-03-08",3,11,14,9,7,"O","","",1,"","","",5,"",4,"",2,"","",3,"","","",""," "," ",2252,null,15]
["2011-03-13",3,14,1,6,9,"O",3,"",1,"","",4,"","",5,"","","","",2,"","","",""," "," ",2257,null,15]
["2011-03-18",11,10,1,3,8,"T",3,"",4,"","","","",5,"",2,1,"","","","","","",""," "," ",2262,null,15]
["2011-03-23",16,4,7,10,17,"T","","","",2,"","",3,"","",4,"","","","","",1,5,""," "," ",2267,null,15]
["2011-03-29",8,12,14,10,4,"P","","","",5,"","","",1,"",4,"",2,"",3,"","","",""," "," ",2273,null,15]
["2011-04-02",4,2,14,6,12,"O","",2,"",1,"",4,"","","","","",5,"",3,"","","",""," "," ",2277,null,15]
["2011-04-08",10,14,11,4,16,"T","","","",4,"","","","","",1,3,"","",2,"",5,"",""," "," ",2283,null,15]
["2011-04-13",8,9,6,4,1,"T",5,"","",4,"",3,"",1,2,"","","","","","","","",""," "," ",2288,null,15]
["2011-04-18",14,7,4,9,3,"P","","",5,3,"","",2,"",4,"","","","",1,"","","",""," "," ",2293,null,15]
["2011-04-19",5,18,3,15,10,"P","","",3,"",1,"","","","",5,"","","","",4,"","",2," "," ",2294,null,15]
["2011-04-27",7,4,11,2,3,"O","",4,5,2,"","",1,"","","",3,"","","","","","",""," "," ",2302,null,15]
["2011-04-29",11,15,4,13,8,"T","","","",3,"","","",5,"","",1,"",4,"",2,"","",""," "," ",2304,null,15]
["2011-05-04",11,15,3,12,2,"T","",5,3,"","","","","","","",1,4,"","",2,"","","",""," ",2309,null,{"$f":"SUM(H2324:AA2324)","v":15}]
["2011-05-09",1,7,10,3,14,"P",1,"",4,"","","",2,"","",3,"","","",5,"","","",""," "," ",2314,null,15]
["2011-05-16",12,2,9,14,3,"P",{"$f":"IF(COUNTIF($B2336:$F2336,H$15),MATCH(H$15,$B2336:$F2336,0),REPT(\" \",test))","v":""},2,5,"","","","","",3,"",{"$f":"IF(COUNTIF($B2336:$F2336,R$15),MATCH(R$15,$B2336:$F2336,0),REPT(\" \",test))","v":""},1,"",4,"","","",""," "," ",2321,null,15]
["2011-05-19",12,14,3,1,15,"P",4,"",3,"","","","","","","","",1,"",2,5,"","",""," "," ",2324,null,15]
["2011-05-24",5,14,7,16,11,"P","","","","",1,"",3,"","","",5,"","",2,"",4,"",""," "," ",2329,null,15]
["2011-05-30",12,7,16,10,2,"P","",5,"","","","",2,"","",4,"",1,"","","",3,"",""," "," ",2335,null,15]
["2011-06-04",7,12,6,8,5,"P","","","","",5,3,1,4,"","","",2,"","","","","",""," "," ",2340,null,15]
["2011-06-06",5,2,8,10,18,"O","",2,"","",1,"","",3,"",4,"","","","","","","",5," "," ",2342,null,15]
["2011-06-14",5,10,6,4,7,"O","","","",4,1,3,5,"","",2,"","","","","","","",""," "," ",2350,null,15]
["2011-06-19",5,10,7,17,3,"T","","",5,"",1,"",3,"","",2,"","","","","","",4,""," "," ",2355,null,15]
["2011-06-20",5,7,10,3,6,"T","","",4,"",1,5,2,"","",3,"","","","","","","",""," "," ",2356,null,15]
["2011-06-25",16,13,10,17,9,"T",{"$f":"IF(COUNTIF($B2376:$F2376,H$15),MATCH(H$15,$B2376:$F2376,0),REPT(\" \",test))","v":""},"","","","","","","",5,3,{"$f":"IF(COUNTIF($B2376:$F2376,R$15),MATCH(R$15,$B2376:$F2376,0),REPT(\" \",test))","v":""},"",2,"","",1,4,""," "," ",2361,null,15]
["2011-07-01",1,9,16,5,17,"T",1,"","","",4,"","","",2,"","","","","","",3,5,""," "," ",2367,null,15]
["2011-07-05",5,4,8,13,7,"P",{"$f":"IF(COUNTIF($B2386:$F2386,H$15),MATCH(H$15,$B2386:$F2386,0),REPT(\" \",test))","v":""},"","",2,1,"",5,3,"","",{"$f":"IF(COUNTIF($B2386:$F2386,R$15),MATCH(R$15,$B2386:$F2386,0),REPT(\" \",test))","v":""},"",4,"","","","",""," "," ",{"$f":"SUM(AB2385+1)","v":2371},null,15]
["2011-07-10",2,6,1,16,13,"P",3,1,"","","",2,"","","","","","",5,"","",4,"",""," "," ",2376,null,15]
["2011-07-16",2,10,16,1,11,"P",4,1,"","","","","","","",2,5,"","","","",3,"",""," "," ",2382,null,15]
["2011-07-21",17,2,10,6,12,"P","",2,"","","",4,"","","",3,"",5,"","","","",1,""," "," ",2387,null,15]
["2011-07-26",5,2,4,11,14,"P","",2,"",3,1,"","","","","",4,"","",5,"","","",""," "," ",2392,null,15]
["2011-07-31",4,3,14,1,8,"P",4,"",2,1,"","","",5,"","","","","",3,"","","",""," "," ",2397,null,15]
["2011-08-05",12,13,7,1,3,"T",4,"",5,"","","",3,"","","","",1,2,"","","","",""," "," ",2402,null,15]
["2011-08-11",3,15,14,2,4,"T","",4,1,5,"","","","","","","","","",3,2,"","",""," "," ",2408,null,15]
["2011-08-16",1,16,8,7,3,"P",1,"",5,"","","",4,3,"","","","","","","",2,"","",""," ",2413,null,15]
["2011-08-20",13,3,9,11,12,"T","","",2,"","","","","",3,"",4,5,1,"","","","",""," "," ",2417,null,15]
["2011-08-21",1,12,10,6,5,"T",1,"","","",5,4,"","","",3,"",2,"","","","","",""," "," ",2418,null,15]
["2011-08-26",15,6,2,16,14,"P","",3,"","","",2,"","","","","","","",5,1,4,"",""," "," ",2423,null,15]
["2011-08-31",8,7,16,10,13,"T","","","","","","",2,1,"",4,"","",5,"","",3,"",""," "," ",2428,null,15]
["2011-09-08",2,11,14,18,8,"P","",1,"","","","","",5,"","",2,"","",3,"","","",4," "," ",2436,null,15]
["2011-09-10",11,4,13,1,12,"T",4,"","",2,"","","","","","",1,5,3,"","","","",""," "," ",2438,null,15]
["2011-09-16",4,14,18,15,17,"T","","","",1,"","","","","","","","","",2,4,"",5,3," "," ",2444,null,15]
["2011-09-21",16,2,3,12,6,"T","",2,3,"","",5,"","","","","",4,"","","",1,"",""," "," ",2449,null,15]
["2011-09-26",1,7,11,12,4,"P",1,"","",5,"","",2,"","","",3,4,"","","","","",""," "," ",2454,null,15]
["2011-09-29",11,2,1,3,5,"O",3,2,4,"",5,"","","","","",1,"","","","","","",""," "," ",2457,null,15]
["2011-10-06",8,4,5,13,7,"P","","","",2,3,"",5,1,"","","","",4,"","","","",""," "," ",2464,null,15]
["2011-10-12",3,9,8,5,14,"P","","",1,"",4,"","",3,2,"","","","",5,"","","",""," "," ",2470,null,15]
["2011-10-17",13,7,2,4,1,"T",5,3,"",4,"","",2,"","","","","",1,"","","","",""," "," ",2475,null,15]
["2011-10-22",3,1,16,17,14,"O",2,"",1,"","","","","","","","","","",5,"",3,4,""," "," ",2480,null,15]
["2011-10-24",11,10,18,13,1,"T",5,"","","","","","","","",2,1,"",4,"","","","",3," "," ",2482,null,15]
["2011-10-27",10,2,12,1,9,"P",4,2,"","","","","","",5,1,"",3,"","","","","",""," "," ",2485,null,15]
["2011-11-01",12,7,9,2,11,"P","",4,"","","","",2,"",3,"",5,1,"","","","","",""," "," ",2490,null,15]
["2011-11-07",15,1,5,4,7,"T",2,"","",4,3,"",5,"","","","","","","",1,"","",""," "," ",2496,null,15]
["2011-11-12",3,5,15,1,2,"p",{"$f":"IF(COUNTIF($B2516:$F2516,H$15),MATCH(H$15,$B2516:$F2516,0),REPT(\" \",test))","v":4},5,1,"",2,"","","","","",{"$f":"IF(COUNTIF($B2516:$F2516,R$15),MATCH(R$15,$B2516:$F2516,0),REPT(\" \",test))","v":""},"","","",3,"","",""," "," ",2501,null,{"$f":"SUM(H2516:AA2516)","v":15}]
["2011-11-18",5,8,2,6,14,"T","",3,"","",1,4,"",2,"","","","","",5,"","","",""," "," ",2507,null,15]
["2011-11-22",6,13,12,14,7,"P",{"$f":"IF(COUNTIF($B2526:$F2526,H$15),MATCH(H$15,$B2526:$F2526,0),REPT(\" \",test))","v":""},"","","","",1,5,"","","",{"$f":"IF(COUNTIF($B2526:$F2526,R$15),MATCH(R$15,$B2526:$F2526,0),REPT(\" \",test))","v":""},3,2,4,"","","",""," "," ",2511,null,15]
["2011-11-27",4,10,13,12,9,"O","","","",1,"","","","",5,2,"",4,3,"","","","",""," "," ",2516,null,15]
["2011-12-03",5,14,10,7,18,"T","","","","",1,"",4,"","",3,"","","",2,"","","",5," "," ",2522,null,15]
["2011-12-08",6,5,15,7,18,"T","","","","",2,1,4,"","","","","","","",3,"","",5," "," ",2527,null,15]
["2011-12-13",13,14,8,3,12,"T","","",4,"","","","",3,"","","",5,1,2,"","","",""," "," ",2532,null,15]
["2011-12-18",4,10,12,14,13,"T","","","",1,"","","","","",2,"",3,5,4,"","","",""," ","",2537,null,15]
["2011-12-23",3,4,10,15,18,"T","","",1,2,"","","","","",3,"","","","",4,"","",5," "," ",2542,null,15]
["2011-12-24",18,12,17,16,8,"T","","","","","","","",5,"","","",2,"","","",4,3,1," "," ",2543,null,15]
["2012-01-01",3,8,15,14,11,"T",{"$f":"IF(COUNTIF($B2566:$F2566,H$15),MATCH(H$15,$B2566:$F2566,0),REPT(\" \",test))","v":""},"",1,"","","","",2,"","",{"$f":"IF(COUNTIF($B2566:$F2566,R$15),MATCH(R$15,$B2566:$F2566,0),REPT(\" \",test))","v":5},"","",4,3,"","",""," "," ",2551,"Vincennes",15]
["2012-01-02",6,4,7,8,15,"P","","","",2,"",1,3,4,"","","","","","",5,"",""," "," "," ",2552,"Deauville",15]
["2012-01-08",10,11,4,7,1,"T",5,"","",3,"","",4,"","",1,2,"","","","",""," "," "," "," ",2558,"Vincennes",15]
["2012-01-13",4,18,8,9,11,"T","","","",1,"","","",3,4,"",5,"","","","","","",2," "," ",{"$f":"SUM(AB2577+1)","v":2563},"Cagnes/Mer",15]
["2012-01-19",13,14,4,11,15,"T","","","",3,"","","","","","",4,"",1,2,5,""," "," "," "," ",2569,"Vincennes",15]
["2012-01-22",6,12,14,18,4,"T","","","",5,"",1,"","","","","",2,"",3,"",""," ",4," "," ",2572,"Vincennes",15]
["2012-01-28",4,5,16,1,3,"T",4,"",5,1,2,"","","","","","","","","","",3,"",""," "," ",2578,"Vincennes",15]
["2012-02-03",9,11,1,4,10,"P",3,"","",4,"","","","",1,5,2,"","","","","","","","","",2584,"Pau",15]
["2012-02-08",18,14,2,7,10,"T","",3,"","","","",4,"","",5,"","","",2,"","","",1," "," ",2589,"Vincennes",15]
["2012-02-13",7,14,9,2,18,"T","",4,"","","","",1,"",3,"","","","",2,"","","",5,"","",2594,"Vincennes",15]
["2012-02-16",3,10,4,9,13,"T","","",1,3,"","","","",4,2,"","",5,"","",""," "," "," "," ",2597,"Vincennes",15]
["2012-02-23",8,12,5,10,7,"T","","","","",3,"",5,1,"",4,"",2,"","","","","",""," "," ",2604,"Vincennes",15]
["2012-02-24",5,1,16,9,12,"T",2,"","","",1,"","","",4,"","",5,"","","",3," "," "," "," ",2605,"Enghien",15]
["2012-02-29",11,3,2,5,14,"T","",3,2,"",4,"","","","","",1,"","",5,"",""," "," "," "," ",2610,"Enghien",15]
["2012-03-05",16,14,1,6,5,"O",3,"","","",5,4,"","","","","","","",2,"",1,"",""," "," ",2615,"Enghien",15]
["2012-03-12",15,12,5,3,1,"P",5,"",4,"",3,"","","","","","",2,"","",1,"","","",""," ",2622,"Compiegne",15]
["2012-03-15",6,9,15,14,7,"P","","","","","",1,5,"",2,"","","","",4,3,"","",""," "," ",2625,"Deauville",15]
["2012-03-21",11,12,7,14,3,"T",{"$f":"IF(COUNTIF($B2646:$F2646,H$15),MATCH(H$15,$B2646:$F2646,0),REPT(\" \",test))","v":""},"",5,"","","",3,"","","",{"$f":"IF(COUNTIF($B2646:$F2646,R$15),MATCH(R$15,$B2646:$F2646,0),REPT(\" \",test))","v":1},2,"",4,"",""," "," "," "," ",2631,"Agen",15]
["2012-03-26",2,6,10,8,11,"P","",1,"","","",2,"",4,"",3,5,"","","","","","",""," "," ",2636,"Fontinebleau",15]
["2012-03-31",10,7,6,3,2,"O",{"$f":"IF(COUNTIF($B2656:$F2656,H$15),MATCH(H$15,$B2656:$F2656,0),REPT(\" \",test))","v":""},5,4,"","",3,2,"","",1,{"$f":"IF(COUNTIF($B2656:$F2656,R$15),MATCH(R$15,$B2656:$F2656,0),REPT(\" \",test))","v":""},"","","","",""," "," "," "," ",2641,"Auteuil",15]
["2012-04-06",2,11,7,3,16,"T","",1,4,"","","",3,"","","",2,"","","","",5," "," "," "," ",2647,"Vincennes",15]
["2012-04-10",6,9,10,3,13,"O",{"$f":"IF(COUNTIF($B2666:$F2666,H$15),MATCH(H$15,$B2666:$F2666,0),REPT(\" \",test))","v":""},"",4,"","",1,"","",2,3,{"$f":"IF(COUNTIF($B2666:$F2666,R$15),MATCH(R$15,$B2666:$F2666,0),REPT(\" \",test))","v":""},"",5,"","",""," "," "," "," ",2651,"Enghien(O)",15]
["2012-04-15",1,4,15,9,3,"P",1,"",5,2,"","","","",4,"","","","","",3,""," "," "," "," ",2656,"Longchamp",15]
["2012-04-21",7,3,13,10,15,"T","","",2,"","","",1,"","",4,"","",3,"",5,""," "," "," "," ",2662,"Enghien (T)",15]
["2012-04-25",15,10,4,14,2,"T","",5,"",3,"","","","","",2,"","","",4,1,""," "," "," "," ",2666,"Bordeaux",15]
["2012-04-26",12,6,5,8,14,"P","","","","",3,2,"",4,"","","",1,"",5,"","","",""," "," ",2667,"Longchamp",15]
["2012-05-01",1,2,5,6,8,"P",1,2,"","",3,4,"",5,"","","","","","","","","",""," "," ",2672,"St Cloud",15]
["2012-05-06",13,10,1,3,5,"P",3,"",4,"",5,"","","","",2,"","",1,"","","",""," "," "," ",2677,"Auteuil",15]
["2012-05-12",8,17,4,6,5,"T","","","",3,5,4,"",1,"","","","","","","","",2," "," "," ",2683,"Vincennes",15]
["2012-05-16",3,15,13,8,9,"T","","",1,"","","","",4,5,"","","",3,"",2,"","",""," "," ",2687,"Caen",15]
["2012-05-21",9,14,7,12,6,"P","","","","","",5,3,"",1,"","",4,"",2,"","","","",""," ",2692,"Compiegne",15]
["2012-05-27",3,16,15,18,6,"P","","",1,"","",5,"","","","","","","","",3,2," ",4," "," ",2698,"Longchamp",15]
["2012-06-01",17,12,5,11,9,"T","","","","",3,"","","",5,"",4,2,"","","","",1," "," "," ",2703,"Vincennes",15]
["2012-06-07",11,8,2,5,16,"T","",3,"","",4,"","",2,"","",1,"","","","",5,"",""," "," ",2709,"Vichy",15]
["2012-06-10",8,12,7,3,17,"O","","",4,"","","",3,1,"","","",2,"","","","",5,""," "," ",2712,"Auteuil",15]
["2012-06-16",16,12,4,5,17,"T","","","",3,4,"","","","","","",2,"","","",1,5," "," "," ",2718,"Vincennes",15]
["2012-06-22",3,11,10,8,17,"T","","",1,"","","","",4,"",3,2,"","","",""," ",5," "," "," ",2724,"Vincennes",15]
["2012-06-27",13,15,8,7,11,"P","","","","","","",4,3,"","",5,"",1,"",2,""," "," "," "," ",2729,"Maisons-Laffite",15]
["2012-06-28",5,2,11,12,1,"T",5,2,"","",1,"","","","","",3,4,"","","",""," "," "," "," ",2730,"Enghien",15]
["2012-07-05",9,7,13,12,1,"T",5,"","","","","",2,"",1,"","",4,3,"",""," "," "," "," "," ",2737,"Enghien",15]
["2012-07-07",4,12,8,13,5,"T","","","",1,5,"","",3,"","","",2,4,"",""," "," "," "," "," ",2739,"Enghien",15]
["2012-07-13",5,14,9,1,12,"T",4,"","","",1,"","","",3,"","",5,"",2,"",""," "," "," "," ",2745,"Cabourg",15]
["2012-07-18",1,3,9,4,7,"T",1,"",2,4,"","",5,"",3,"","","","","","","","","","","",2750,"Graignes",15]
["2012-07-23",3,1,7,8,10,"P",2,"",1,"","","",3,4,"",5,"","","","","","",""," "," "," ",{"$f":"SUM(AB2769+1)","v":2755},"Compiegne",15]
["2012-07-30",3,11,6,8,4,"P","","",1,5,"",3,"",4,"","",2,"","","","",""," "," "," "," ",2762,"Deauville",15]
["2012-08-02",7,16,14,12,15,"P","","","","","","",1,"","","","",4,"",3,5,2," "," "," "," ",2765,"Deauville",15]
["2012-08-08",5,2,3,15,18,"T",{"$f":"IF(COUNTIF($B2786:$F2786,H$15),MATCH(H$15,$B2786:$F2786,0),REPT(\" \",test))","v":""},2,3,"",1,"","","","","",{"$f":"IF(COUNTIF($B2786:$F2786,R$15),MATCH(R$15,$B2786:$F2786,0),REPT(\" \",test))","v":""},"","","",4,""," ",5," "," ",2771,"St Malo",15]
["2012-08-13",11,2,3,1,7,"P",4,2,3,"","","",5,"","","",1,"","","","","","",""," "," ",2776,"Clairefontaine",15]
["2012-08-18",5,3,6,15,12,"P",{"$f":"IF(COUNTIF($B2796:$F2796,H$15),MATCH(H$15,$B2796:$F2796,0),REPT(\" \",test))","v":""},"",2,"",1,3,"","","","",{"$f":"IF(COUNTIF($B2796:$F2796,R$15),MATCH(R$15,$B2796:$F2796,0),REPT(\" \",test))","v":""},5,"","",4," "," "," "," "," ",2781,"Deauville",15]
["2012-08-20",13,17,4,18,15,"T","","","",3,"","","","","","","","",1,"",5,"",2,4," "," ",2783,"Vincennes",15]
["2012-08-28",8,15,12,1,4,"P",{"$f":"IF(COUNTIF($B2806:$F2806,H$15),MATCH(H$15,$B2806:$F2806,0),REPT(\" \",test))","v":4},"","",5,"","","",1,"","",{"$f":"IF(COUNTIF($B2806:$F2806,R$15),MATCH(R$15,$B2806:$F2806,0),REPT(\" \",test))","v":""},3,"","",2," "," "," "," "," ",2791,"Deauville",15]
["2012-08-29",4,9,8,12,5,"P","","","",1,5,"","",3,2,"","",4,"","","",""," "," "," "," ",2792,"Clairefontaine ",15]
["2012-09-03",3,6,4,14,2,"P","",5,1,3,"",2,"","","","","","","",4,"",""," "," "," "," ",2797,"Craon",15]
["2012-09-08",8,4,11,15,7,"T","","","",2,"","",5,1,"","",3,"","","",4,"",""," "," "," ",2802,"Vincennes",15]
["2012-09-13",10,6,5,7,2,"O","",5,"","",3,2,4,"","",1,"","","","","",""," "," "," "," ",2807,"Auteuil",15]
["2012-09-18",6,3,2,12,15,"P","",3,2,"","",1,"","","","","",4,"","",5," "," "," "," "," ",2812,"Maisons-Laffite",15]
["2012-09-23",7,9,14,2,13,"T","",4,"","","","",1,"",2,"","","",5,3,"","","",""," "," ",2817,"Vincennes",15]
["2012-09-29",2,14,12,9,4,"O","",1,"",5,"","","","",4,"","",3,"",2,"","",""," "," "," ",2823,"Auteuil",15]
["2012-10-03",17,16,5,6,13,"T","","","","",3,4,"","","","","","",5,"","",2,1," "," "," ",2827,"Laval",15]
["2012-10-09",8,11,16,10,3,"P","","",5,"","","","",1,"",4,2,"","","","",3,""," "," "," ",2833,"Maisons-Laffite",15]
["2012-10-14",16,7,14,11,5,"O","","","","",5,"",2,"","","",4,"","",3,"",1," "," "," "," ",2838,"Auteuil",15]
["2012-10-19",7,1,11,16,4,"T",2,"","",5,"","",1,"","","",3,"","","","",4,"",""," "," ",2843,"Vincennes (N)",15]
["2012-10-25",7,13,17,4,5,"O","","","",4,5,"",1,"","","","","",2,"","","",3," "," "," ",2849,"Auteuil",15]
["2012-10-28",7,9,1,13,14,"P",3,"","","","","",1,"",2,"","","",4,5,"","","",""," "," ",2852,"Longchamp",15]
["2012-11-03",2,4,1,14,7,"O",3,1,"",2,"","",5,"","","","","","",4,"","","",""," "," ",2858,"Auteuil",15]
["2012-11-04",9,14,12,4,1,"O",5,"","",4,"","","","",1,"","",3,"",2," ",""," "," "," "," ",2859,"Auteuil",15]
["2012-11-09",8,5,7,10,3,"T",""," ",5,"",2," ",3,1,"",4,"","","","","",""," "," "," "," ",2864,"Vincennes (N)",15]
["2012-11-15",14,1,9,5,13,"P",2,"","","",4,"","","",3,"","","",5,1,""," "," "," "," "," ",2870,"St Cloud",15]
["2012-11-22",18,10,11,7,1,"P",5,"","","","","",4,"","",2,3,"","","","","","",1," "," ",2877,"fontainebleau",15]
["2012-11-24",18,16,9,11,6,"T","","","","","",5,"","",3,"",4,"","","","",2," ",1," "," ",2879,"vin cennes",15]
["2012-11-30",12,7,13,4,1,"T",5,"","",4,"","",2,"","","","",1,3,"","","",""," "," "," ",2885,"Vincennes (N)",{"$f":"SUM(H2900:AA2900)","v":15}]
["2012-12-05",6,17,12,2,1,"T",5,4,"","","",1,"","","","","",3,"",""," ","",2,""," "," ",2890,"vincennes",15]
["2012-12-11",3,10,4,2,12,"T","",4,1,3,"","","","","",2,"",5,"","",""," "," "," "," "," ",2896,"Cabourg",15]
["2012-12-13",7,3,1,5,16,"T",3,"",2,"",4,"",1,"","","","","","","","",5,""," "," "," ",2898,"vincennes",15]
["2012-12-20",15,11,5,16,1,"T",5,"",""," ",3,"","","","","",2,"","","",1,4," "," "," "," ",2905,"Cabourg",15]
["2012-12-26",3,12,7,16,6,"O",{"$f":"IF(COUNTIF($B2926:$F2926,H$15),MATCH(H$15,$B2926:$F2926,0),REPT(\" \",test))","v":""},"",1,"","",5,3,"","","",{"$f":"IF(COUNTIF($B2926:$F2926,R$15),MATCH(R$15,$B2926:$F2926,0),REPT(\" \",test))","v":""},2,"","","",4,""," "," "," ",2911,"Cagnes/Mer",15]
["2012-12-31",15,7,17,3,13,"T","","",4,"","","",2,"","","","","",5,"",1,"",3," "," "," ",2916,"vincennes",15]
["2013-01-01",4,1,15,6,10,"T",2,"","",1,"",4,"","","",5,"","","","",3,"",""," "," "," ",2917,"vincennes",15]
["2013-01-05",16,10,4,14,2,"T",{"$f":"IF(COUNTIF($B2936:$F2936,H$15),MATCH(H$15,$B2936:$F2936,0),REPT(\" \",test))","v":""},5,"",3,"","","","","",2,{"$f":"IF(COUNTIF($B2936:$F2936,R$15),MATCH(R$15,$B2936:$F2936,0),REPT(\" \",test))","v":""},"","",4,"",1,"",""," "," ",2921,"vincennes",15]
["2013-01-10",11,7,15,8,16,"T","","","","","","",2,4,"","",1,"","","",3,5,"",""," "," ",2926,"Cagnes/Mer",15]
["2013-01-16",2,16,6,11,12,"P","",1,"",""," ",3,"","","","",4,5,"","","",2,"",""," "," ",2932,"cagnes/Mer",15]
["2013-01-21",12,2,15,1,4,"P",4,2,"",5,"","","","","","","",1,"","",3,"","",""," "," ",2937,"Cagnes/Mer",15]
["2013-01-26",14,12,3,4,5,"T","","",3,4,5,"","","","","","",2,"",1,"","",""," "," "," ",2942,"vincennes",15]
["2013-01-31",4,3,13,11,10,"T","","",2,1,"","","","","",5,4,"",3,"","","","",""," "," ",{"$f":"SUM(AB2961+1)","v":2947},"vincennes",15]
["2013-02-05",15,14,9,6,8,"T","","","","","",4,"",5,3,"","","","",2,1,"","",""," "," ",2952,"Cagnes/Mer",15]
["2013-02-10",2,5,9,6,8,"T","",1,"","",2,4,"",5,3,"","","","","","",""," "," "," "," ",2957,"vincennes",15]
["2013-02-16",1,9,6,3,10,"P",1,"",4,""," ",3,"","",2,5,"","","","","","","",""," "," ",2963,"Cagnes/Mer",15]
["2013-02-20",6,17,1,7,11,"P",3,"","","","",1,4,"","","",5,"","","","","",2," "," "," ",2967,"Cagnes/Mer",15]
["2013-02-26",8,17,18,1,15,"O",4,"","","","","","",1,"","","","","","",5,"",2,3," "," ",2973,"Enghien(o)",15]
["2013-03-03",7,6,3,1,13,"O",4,"",3,"","",2,1,"","","","","",5,""," "," "," "," "," "," ",2978,"Auteuil",15]
["2013-03-08",2,12,16,14,11,"P","",1," ","","","","","","","",5,2,"",4,"",3," "," "," "," ",2983,"deauville",15]
["2013-03-09",9,15,4,14,10,"P","","","",3,"","","","",1,5,"","","",4,2,""," "," "," "," ",2984,"saint cloud",15]
["2013-03-18",3,2,4,9,8,"P","",2,1,3,"","","",5,4,"","","","","","",""," "," "," "," ",2992,"Chantilly",15]
["2013-03-20",5,8,3,12,10,"T","","",3,"",1,"","",2,"",5,"",4,""," "," "," "," "," "," "," ",2994,"agen",15]
["2013-03-25",4,9,3,2,5,"P","",4,3,1,5,"","","",2,"","","","","","","","",""," "," ",2999,"fontainebleau",15]
["2013-03-30",1,10,4,3,7,"O",1,"",4,3,"","",5,"","",2,"","","","","",""," "," "," "," ",3004,"Auteuil",15]
["2013-04-05",18,16,10,7,11,"T","","","","","","",4,"","",3,5,"","","","",2,"",1," "," ",3010,"vincennes",15]
["2013-04-08",10,3,5,11,6,"O","","",2,"",3,5,"","","",1,4,"","","","","","",""," "," ",3013,"Auteuil",{"$f":"SUM(H3028:AA3028)","v":15}]
["2013-04-14",13,12,11,14,3,"P","","",5,""," ","","","","","",3,2,1,4," "," "," "," "," "," ",3019,"longchamp",15]
["2013-04-20",3,7,2,5,1,"T",5,3,1,"",4,"",2,"","","","","","","","","","",""," "," ",3025,"enghien",15]
["2013-04-25",14,13,12,6,4,"P","","","",5,"",4,"","","","","",3,2,1,"",""," "," "," "," ",3030,"longchamp",15]
["2013-04-27",4,3,9,2,6,"O","",4,2,1," ",5,"","",3,"","","","","","","","","",""," ",3032,"auteuil",15]
["2013-05-05",12,8,7,13,5,"O","","","","",5,"",3,2,"","","",1,4,"","","","",""," "," ",3040,"Auteuil",15]
["2013-05-10",4,9,8,6,14,"T","","","",1,"",4,"",3,2,"","","","",5,"",""," "," "," "," ",3045,"vincennes",15]
["2013-05-11",6,9,5,4,14,"T","","","",4,3,1,"","",2,""," ","","",5,"",""," "," "," "," ",3046,"vincennes",15]
["2013-05-16",15,3,6,7,12,"T",{"$f":"IF(COUNTIF($B3066:$F3066,H$15),MATCH(H$15,$B3066:$F3066,0),REPT(\" \",test))","v":""},"",2,"","",3,4,"","","",{"$f":"IF(COUNTIF($B3066:$F3066,R$15),MATCH(R$15,$B3066:$F3066,0),REPT(\" \",test))","v":""},5,"","",1,""," "," "," "," ",3051,"vichy",15]
["2013-05-22",7,1,13,10,11,"T",2,"","","","","",1,"","",4,5,"",3,"","",""," "," "," "," ",3057,"la capelle ",15]
["2013-05-26",5,12,2,18,13,"P",{"$f":"IF(COUNTIF($B3076:$F3076,H$15),MATCH(H$15,$B3076:$F3076,0),REPT(\" \",test))","v":""},3,"","",1,"","","","","",{"$f":"IF(COUNTIF($B3076:$F3076,R$15),MATCH(R$15,$B3076:$F3076,0),REPT(\" \",test))","v":""},2,5,"","","","",4," "," ",3061,"longchamp",15]
["2013-05-31",11,13,12,3,14,"T"," ","",4,"","","","","","","",1,3,2,5,"",""," "," "," "," ",3066,"vincennes",15]
["2013-06-06",8,13,17,18,6,"T","","","","","",5,"",1,"","","","",2,"","","",3,4," "," ",3072,"vichy",15]
["2013-06-12",2,3,10,13,12,"P","",1,2," ","","","","","",3,"",5,4,"","",""," "," "," "," ",3077,"Chantilly",{"$f":"SUM(H3092:AA3092)","v":15}]
["2013-06-17",5,6,9,3,16,"T","","",4,"",1,2,"","",3,"","","","","","",5,"",""," "," ",3082,"vichy",15]
["2013-06-22",16,14,13,12,6,"T","","","","","",5,"","","","","",4,3,2,"",1," "," "," "," ",3087,"enghien (t)",15]
["2013-06-27",14,5,1,8,7,"T",3,"","","",2,"",5,4,"","","","","",1,""," "," "," "," "," ",3092,"enghien (t)",15]
["2013-07-03",18,10,15,13,11,"T","",""," ","","","","","","",2,5,"",4,"",3,""," ",1," "," ",3098,"vichy",15]
["2013-07-08",6,5,16,10,8,"P","","","","",2,1,"",5,"",4,"","","","","",3," "," "," "," ",3103,"Chantilly",15]
["2013-07-12",15,16,8,13,7,"T","","","","","","",5,3,"","","","",4,"",1,2," "," "," "," ",3107,"cabourg",15]
["2013-07-13",10,2,13,12,8,"P","",2,"","","","","",5,"",1,"",4,3,"",""," "," "," "," "," ",3108,"longchamp",15]
["2013-07-18",8,6,2,7,5,"P","",3,"","",5,2,4,1,"","","","","","","","","","",""," ",3113,"vichy",15]
["2013-07-23",18,2,12,10,9,"P","",2,"","","","","","",5,4,"",3,"","","",""," ",1," "," ",3118,"Chantilly",15]
["2013-07-29",1,5,8,4,6,"P",1,"","",4,2,5,"",3,""," ","","","","","",""," "," "," "," ",3124,"clairefontaine",15]
["2013-08-02",11,1,6,9,8,"T",2,"","","","",3,"",5,4,"",1,"","","","",""," "," "," "," ",3128,"cabourg",15]
["2013-08-08",8,14,4,5,1,"T",5,"","",3,4,"","",1,"","","","","",2,"",""," "," "," "," ",3134,"enghien (t)",15]
["2013-08-13",2,3,4,11,6,"P","",1,2,3,"",5,"","","","",4,"","","","","","",""," "," ",{"$f":"SUM(AB3153+1)","v":3139},"deauville",15]
["2013-08-18",8,6,16,9,5,"P","","","","",5,2,"",1,4,"","","","","","",3," "," "," "," ",3144,"deauville",15]
["2013-08-21",14,9,3,12,10,"T","","",3,"","","","","",2,5,"",4,"",1,"",""," "," "," "," ",3147,"vincennes",15]
["2013-08-28",8,3,12,9,10,"P","","",2,"","","","",1,4,5,"",3,"","","",""," "," "," "," ",3154,"clairefontaine",15]
["2013-09-03",1,13,10,3,2,"P",1,5,4,"","","","","","",3,"","",2,"","","",""," "," "," ",3160,"nancy ",15]
["2013-09-08",1,5,6,9,12,"P",1,"","","",2,3,"","",4,"","",5,"","","",""," "," "," "," ",3165,"longchamp",15]
["2013-09-13",10,5,11,12,2,"T","",5,"","",2,"","","","",1,3,4,"","","","","","",""," ",3170,"vincennes",15]
["2013-09-15",2,1,11,9,13,"P",2,1,"","","","","","",4,"",3,"",5,"","","","","","","",3172,"longchamp",15]
["2013-09-18",2,4,9,13,14,"T","",1,"",2,"","","","",3,"","","",4,5,"",""," "," "," "," ",3175,"vincennes",15]
["2013-09-23",2,11,14,8,1,"P",5,1,"","","","","",4,"","",2,"","",3,""," "," "," "," "," ",3180,"craon",15]
["2013-09-29",16,14,1,10,2,"T",3,5,"","","","","","","",4,"","","",2,"",1,""," "," "," ",3186,"vincennes",15]
["2013-10-04",7,10,14,15,12,"T",{"$f":"IF(COUNTIF($B3206:$F3206,H$15),MATCH(H$15,$B3206:$F3206,0),REPT(\" \",test))","v":""},"","","","","",1,"","",2,{"$f":"IF(COUNTIF($B3206:$F3206,R$15),MATCH(R$15,$B3206:$F3206,0),REPT(\" \",test))","v":""},5,"",3,4,""," "," "," "," ",3191,"vincennes",15]
["2013-10-10",8,3,5,14,9,"P","","",2,"",3,"","",1,5,"","","","",4,"","",""," "," "," ",3197,"St Cloud",15]
["2013-10-14",14,7,11,6,5,"T",{"$f":"IF(COUNTIF($B3216:$F3216,H$15),MATCH(H$15,$B3216:$F3216,0),REPT(\" \",test))","v":""},"","","",5,4,2,"","","",{"$f":"IF(COUNTIF($B3216:$F3216,R$15),MATCH(R$15,$B3216:$F3216,0),REPT(\" \",test))","v":3},"","",1,"","","",""," "," ",3201,"enghien(t)",15]
["2013-10-19",13,7,14,1,2,"O",4,5,"","","","",2,"","","","","",1,3,"","","",""," "," ",3206,"auteuil",15]
["2013-10-25",15,9,10,12,11,"T","","","","","","","","",2,3,5,4,"","",1,""," "," "," "," ",3212,"vincennes",15]
["2013-10-30",11,4,5,6,2,"T","",5,"",2,3,4,"","","","",1,"","",""," "," "," "," "," "," ",3217,"vincennes",15]
["2013-11-04",8,9,15,7,3,"T","","",5,"","","",4,1,2,"","","","","",3,""," "," "," "," ",3222,"vincennes",15]
["2013-11-10",12,15,6,13,5,"O","","","","",5,3,"","","","","",1,4,"",2,"",""," "," "," ",3227,"Auteuil",15]
["2013-11-15",5,15,11,3,16,"T","","",4,"",1,"","","","","",3,"","","",2,5," "," "," "," ",3232,"vincennes",15]
["2013-11-16",14,9,12,5,1,"T",5,"","","",4,"","","",2,"","",3,"",1,"",""," "," "," "," ",3233,"vincennes",15]
["2013-11-21",2,16,7,14,3,"P","",1,5,"","","",3,"","","",""," ","",4,"",2," "," "," "," ",3238,"fontainebleau",15]
["2013-11-26",15,12,10,16,9,"P","","","","","","","","",5,3,"",2,"","",1,4," "," "," "," ",3243,"Chantilly",15]
["2013-12-01",12,6,17,14,5,"T","","","","",5,2,"","","","","",1,"",4,"","",3,""," "," ",3248,"vincennes",15]
["2013-12-06",8,11,10,13,15,"T","","","","","","","",1,"",3,2,"",4,"",5,"","",""," "," ",3253,"vincennes",15]
["2013-12-12",7,5,8,16,4,"T","","","",5,2,"",1,3,"","","","","","","",4," "," "," "," ",3259,"vincennes",15]
["2013-12-15",3,5,16,8,10,"T","","",1,"",2,"","",4,"",5," ","","","","",3,"","","","",3262,"vincennes",15]
["2013-12-21",5,1,14,12,18,"T",2,"","","",1,"","","","","","",4,"",3,"",""," ",5," "," ",3268,"vincennes",15]
["2013-12-27",15,10,17,9,5,"T","","","","",5,"","","",4,2,"","","","",1,"",3," "," "," ",3274,"vincennes",15]
["2014-01-01",12,8,9,13,3,"T","","",5,"","","","",2,3,"","",1,4,"","","","","","","",3279,"vincennes",15]
["2014-01-06",3,11,15,17,4,"T","","",1,5,"","","","","","",2,"","","",3,"",4,""," "," ",3284,"vincennes",15]
["2014-01-09",12,4,5,9,10,"T","","","",2,3,"","","",4,5,"",1,"","","",""," "," "," "," ",3287,"vincennes",15]
["2014-01-16",10,12,13,18,1,"T",5,"","","","","","","","",1,"",2,3,"",""," "," ",4," "," ",3294,"vincennes",15]
["2014-01-17",9,15,3,4,10,"P","","",3,4,"","","","",1,5,"","","","",2,"","",""," "," ",3295,"Cagnes/Mer",15]
["2014-01-22",8,15,3,11,1,"T",5,"",3,"","","","",1,"","",4,"","","",2,"",""," "," "," ",3300,"Cagnes/Mer",15]
["2014-01-27",10,15,12,4,1,"T",5,"","",4,"","","","","",1,"",3,"","",2,"","",""," "," ",3305,"vincennes",15]
["2014-02-03",4,15,7,10,11,"T","","","",1,"","",3,"","",4,5,"","","",2,"","","","","",3312,"vincennes",15]
["2014-02-06",14,11,13,5,12,"T","","","","",4,"","","","","",2,5,3,1,"","",""," "," "," ",3315,"vincennes",15]
["2014-02-12",10,3,8,6,11,"P",{"$f":"IF(COUNTIF($B3336:$F3336,H$15),MATCH(H$15,$B3336:$F3336,0),REPT(\" \",test))","v":""},"",2,"","",4,"",3,"",1,{"$f":"IF(COUNTIF($B3336:$F3336,R$15),MATCH(R$15,$B3336:$F3336,0),REPT(\" \",test))","v":5},"","","",""," "," "," "," "," ",3321,"Cagnes/Mer",15]
["2014-02-17",16,1,5,15,17,"T",2,"",""," ",3,"","","","","","","","","",4,1,5," "," "," ",3326,"vincennes",15]
["2014-02-22",7,3,6,1,9,"P",{"$f":"IF(COUNTIF($B3346:$F3346,H$15),MATCH(H$15,$B3346:$F3346,0),REPT(\" \",test))","v":4},"",2,"","",3,1,"",5,"",{"$f":"IF(COUNTIF($B3346:$F3346,R$15),MATCH(R$15,$B3346:$F3346,0),REPT(\" \",test))","v":""},"","","","","","",""," "," ",{"$f":"SUM(AB3345+1)","v":3331},"Cagnes/Mer",15]
["2014-02-28",9,2,13,1,6,"T",4,2,"","","",5,"","",1,"","","",3,"","",""," "," "," "," ",3337,"Cagnes/Mer",15]
["2014-03-04",17,5,12,3,2,"P",{"$f":"IF(COUNTIF($B3356:$F3356,H$15),MATCH(H$15,$B3356:$F3356,0),REPT(\" \",test))","v":""},5,4,"",2,"","","","","",{"$f":"IF(COUNTIF($B3356:$F3356,R$15),MATCH(R$15,$B3356:$F3356,0),REPT(\" \",test))","v":""},3,"","",""," ",1," "," "," ",3341,"Chantilly",15]
["2014-03-09",6,7,20,15,17,"O","","","","","",1,2,"","",""," ","","","",4," ",5," "," ",3,3346,"Auteuil",15]
["2014-03-15",4,7,14,2,5,"P","",4,"",1,5," ",2,"","","","","","",3,""," "," "," "," "," ",3352,"St Cloud",15]
["2014-03-20",10,4,5,14,9,"P","","","",2,3,"","","",5,1,"","","",4,"","",""," "," "," ",3357,"St Cloud",15]
["2014-03-21",8,18,12,13,16,"T"," ","","","","","","",1,"","","",3,4,"","",5," ",2," "," ",3358,"vincennes",15]
["2014-03-25",4,14,7,3,12,"P","","",4,1,"","",3,"","","","",5,"",2,"","","",""," "," ",3362,"St Cloud",15]
["2014-03-30",8,3,2,4,15,"P","",3,2,4,"","","",1,"","","","","","",5,""," "," "," "," ",3367,"St Cloud",15]
["2014-04-05",2,3,7,11,8,"T","",1,2,"","","",3,5,"","",4,"","","","","","",""," "," ",3373,"vincennes",15]
["2014-04-10",1,8,11,9,16,"P",1,"","","","","","",2,4,"",3,"","","","",5," "," "," "," ",3378,"longchamp",15]
["2014-04-15",8,7,15,16,14,"P","","","","","","",2,1,"","","","","",5,3,4," "," "," "," ",3383,"St Cloud",15]
["2014-04-20",8,1,15,19,5,"O",2," ","","",5,"","",1,"","","","","","",3,"","","",4," ",3388,"Auteuil",15]
["2014-04-25",1,11,15,13,4,"T",1,""," ",5,"","","","","","",2,"",4,"",3,""," "," "," "," ",3393,"vincennes",15]
["2014-05-01",9,4,3,5,15,"P","","",3,2,4,"","","",1,"","","","","",5,""," "," "," "," ",3399,"saint cloud",15]
["2014-05-04",12,14,8,11,18,"O","","","","","","","",3,"","",4,1,"",2,"",""," ",5," "," ",3402,"Auteuil",15]
["2014-05-10",2,3,9,17,5,"T","",1,2,"",5,"","","",3,"","","","","","","",4," "," "," ",3408,"vincennes",15]
["2014-05-16",14,12,4,9,13,"T","","","",3,"","","","",4,"","",2,5,1,"",""," "," "," "," ",3414,"vincennes",15]
["2014-05-21",3,15,8,11,14,"T","","",1,"","","","",3,"","",4,"","",5,2," "," "," "," "," ",3419,"croise laroche",15]
["2014-05-22",16,13,9,14,2,"O","",5,"","","","","","",3,"","","",2,4,"",1," "," "," "," ",3420,"Auteuil",15]
["2014-05-29",5,10,8,15,14,"P","","","","",1,"","",3,"",2,"","","",5,4,"",""," "," "," ",3427,"lyon",15]
["2014-05-31",16,4,1,2,11,"P",3,4,"",2,"","","","","","",5,""," ","","",1," "," "," "," ",3429,"longchamp",15]
["2014-06-06",10,8,7,6,2,"T","",5,"","","",4,3,2,"",1,"","","","","",""," "," "," "," ",3435,"vincennes",15]
["2014-06-11",13,1,3,10,5,"O",2,"",3,"",5,"","","","",4,"","",1,"",""," "," "," "," "," ",3440,"Auteuil",15]
["2014-06-16",9,1,14,6,17,"T",2,"","","","",4,"","",1,""," ","","",3,"","",5,""," "," ",3445,"vichy",15]
["2014-06-23",4,16,15,1,9,"P",4,"","",1,"","","","",5,"","","","","",3,2," "," "," "," ",3452,"Chantilly",15]
["2014-06-26",12,2,6,4,5,"T","",2,"",4,5,3,"","","","","",1,"",""," "," "," "," "," "," ",3455,"enghien",15]
["2014-07-02",16,7,17,3,11,"T",{"$f":"IF(COUNTIF($B3476:$F3476,H$15),MATCH(H$15,$B3476:$F3476,0),REPT(\" \",test))","v":""},"",4,"","","",2,"","","",{"$f":"IF(COUNTIF($B3476:$F3476,R$15),MATCH(R$15,$B3476:$F3476,0),REPT(\" \",test))","v":5},"","","","",1,3," "," "," ",3461,"vichy",{"$f":"SUM(H3476:AA3476)","v":15}]
["2014-07-07",15,2,6,14,7,"P","",2,"","","",3,5,"","","","","","",4,1,"","",""," "," ",3466,"compiegne",15]
["2014-07-12",5,11,6,9,2,"T",{"$f":"IF(COUNTIF($B3486:$F3486,H$15),MATCH(H$15,$B3486:$F3486,0),REPT(\" \",test))","v":""},5,"","",1,3,"","",4,"",{"$f":"IF(COUNTIF($B3486:$F3486,R$15),MATCH(R$15,$B3486:$F3486,0),REPT(\" \",test))","v":2},"","","",""," "," "," "," "," ",3471,"enghien",15]
["2014-07-14",12,9,13,5,7,"P","","","","",4,"",5,"",2,"","",1,3,"","","","","",""," ",3473,"Chantilly",15]
["2014-07-22",5,6,14,17,18,"P",{"$f":"IF(COUNTIF($B3496:$F3496,H$15),MATCH(H$15,$B3496:$F3496,0),REPT(\" \",test))","v":""},"","","",1,2,"","","","",{"$f":"IF(COUNTIF($B3496:$F3496,R$15),MATCH(R$15,$B3496:$F3496,0),REPT(\" \",test))","v":""},"","",3,"","",4,5," "," ",3481,"vichy",15]
["2014-07-23",3,7,4,6,5,"T","","",1,3,5,4,2,"","","","","","","","",""," "," "," "," ",3482,"enghien",15]
["2014-07-28",10,8,11,3,15,"P","","",4,"","","","",2,"",1,3,"","","",5,""," "," "," "," ",3487,"clairefontaine",15]
["2014-08-02",7,15,14,13,1,"P",5,"","","","","",1,"","","","","",4,3,2,"","","",""," ",3492,"deauville",15]
["2014-08-08",15,9,16,14,8,"T","","","","","","","",5,2," ","","","",4,1,3," "," "," "," ",3498,"cabourg",15]
["2014-08-12",1,2,9,5,10,"P",1,2,"","",4,"","","",3,5,"","","","","",""," "," "," "," ",3502,"deauville",15]
["2014-08-17",11,2,3,1,7,"P",4,2,3,"","","",5,"","","",1,"","","",""," "," "," "," "," ",3507,"deauville",15]
["2014-08-23",6,3,4,2,11,"P","",4,2,3,"",1,"",""," "," ",5,"","","","",""," "," "," "," ",3513,"deauville",15]
["2014-08-28",5,1,12,14,9,"O",2,"","","",1,"","","",5,"","",3,"",4,"",""," "," "," "," ",3517,"clairefontaine",15]
["2014-09-03",10,14,12,13,2,"T","",5,"","","","","","","",1,"",3,4,2,"",""," "," "," "," ",{"$f":"SUM(AB3537+1)","v":3523},"nancy",15]
["2014-09-08",11,2,8,14,13,"P","",2,"","","","","",3,"","",1,"",5,4," "," "," "," "," "," ",3528,"craon",15]
["2014-09-13",12,6,4,11,1,"T",5,"","",3,"",2,"","","","",4,1,"","","",""," "," "," "," ",3533,"vincennes",15]
["2014-09-19",17,18,6,2,10,"T","",4,"","","",3,"","","",5,"","","","","","",1,2," "," ",3539,"vincennes",15]
["2014-09-22",7,13,12,5,1,"P",5,"","","",4,"",1,"","","","",3,2,"",""," "," "," "," "," ",3542,"craon",15]
["2014-09-28",6,5,7,9,13,"T","","","","",2,1,3,"",4,"","","",5,"","","","","","","",3548,"vincennes",15]
["2014-09-29",5,11,15,10,1,"T",5,"","","",1,"","","","",4,2,"","","",3,"","",""," "," ",3549,"enghien",15]
["2014-10-04",8,13,1,12,5,"P",3,"","","",5,"","",1,"","","",4,2," ","",""," "," "," "," ",3554,"longchamp",15]
["2014-10-10",2,6,7,9,16,"T","",1,"","","",2,3,"",4,"","","","","","",5,"","","","",3560,"vincennes ",15]
["2014-10-17",3,7,4,5,15,"T","","",1,3,4,"",2,"","","","","","","",5,""," "," "," "," ",3567,"vincennes",15]
["2014-10-19",2,10,14,5,7,"P","",1,"","",4,"",5,"","",2,"","","",3,"",""," "," "," "," ",3569,"longchamp",15]
["2014-10-25",8,14,5,1,2,"O",4,5,"","",3,"","",1,"","","","","",2,"",""," "," "," "," ",3575,"enghien",15]
["2014-10-30",14,3,6,8,16,"P","","",2,"","",3,"",4,"","","","","",1,"",5," "," "," "," ",3580,"saint cloud",15]
["2014-11-05",9,1,13,5,7,"T",2,"","","",4,"",5,"",1,"","","",3,"","","","",""," "," ",3586,"nantes ",15]
["2014-11-07",14,7,5,4,8,"T","","","",4,3,"",2,5,"","","","","",1,"",""," "," "," "," ",3588,"vincennes",15]
["2014-11-14",8,10,13,1,7,"T",4,"","","","","",5,1,"",2,"","",3,"","","","",""," "," ",3595,"vincennes",15]
["2014-11-20",1,7,17,5,12,"P",{"$f":"IF(COUNTIF($B3616:$F3616,H$15),MATCH(H$15,$B3616:$F3616,0),REPT(\" \",test))","v":1},"","","",4,"",2,"","","",{"$f":"IF(COUNTIF($B3616:$F3616,R$15),MATCH(R$15,$B3616:$F3616,0),REPT(\" \",test))","v":""},5,"","","","",3,""," "," ",3601,"fontainebleau",15]
["2014-11-25",17,16,5,6,11,"P","","","","",3,4,"","","","",5,"","","","",2,1,""," "," ",3606,"Chantilly",15]
["2014-11-30",13,5,16,8,10,"T",{"$f":"IF(COUNTIF($B3626:$F3626,H$15),MATCH(H$15,$B3626:$F3626,0),REPT(\" \",test))","v":""},"","","",2,"","",4," ",5,{"$f":"IF(COUNTIF($B3626:$F3626,R$15),MATCH(R$15,$B3626:$F3626,0),REPT(\" \",test))","v":""},"",1,"","",3,""," "," "," ",3611,"vincennes",15]
["2014-12-02",17,13,4,18,5,"T","","","",3,5,"","","","","","","",2,"","","",1,4," "," ",3613,"vincennes",15]
["2014-12-05",11,9,8,1,14,"T",4,"","","","","","",3,2,"",1,"","",5,"",""," "," "," "," ",3616,"Vincennes",15]
["2014-12-11",3,13,6,14,11,"T","","",1,"","",3,""," ","","",5,"",2,4,"",""," "," "," "," ",3622,"vincennes",15]
["2014-12-16",9,7,11,15,14,"O","","","","","","",2,"",1,"",3,"","",5,4,"","",""," "," ",3627,"pau",15]
["2014-12-21",9,17,8,1,7,"T",4,"","","","","",5,3,1,"","","","","",""," ",2," "," "," ",3632,"vincennes",15]
["2014-12-26",14,16,4,9,7,"T","","","",3,"","",5,"",4,"","","","",1,"",2,"",""," "," ",3637,"vincennes",15]
["2014-12-31",14,7,6,12,8,"T","","","","","",3,2,5,"","","",4,"",1,"",""," "," "," "," ",3642,"Cagnes/Mer",15]
["2015-01-05",14,12,10,8,11,"T","","","","","","","",4,"",3,5,2,"",1,"",""," "," "," "," ",3647,"vincennes",15]
["2015-01-11",5,6,9,8,10,"T","","","","",1,2,"",4,3,5,"","","","","","","",""," "," ",3653,"vincennes",{"$f":"SUM(H3668:AA3668)","v":15}]
["2015-01-15",16,10,15,9,8,"T","","","","","","","",5,4,2,"","","","",3,1,""," "," "," ",3657,"vincennes",15]
["2015-01-21",2,3,9,10,8,"T","",1,2,"","","","",5,3,4,"","","","","",""," "," "," "," ",3663,"Cagnes/Mer",15]
["2015-01-26",3,2,6,16,1,"T",5,2,1,"","",3,"","","","","","","","","",4,"",""," "," ",3668,"vincennes",15]
["2015-01-31",14,9,10,5,4,"T","","","",5,4,"","","",2,3,"","","",1,"","","",""," "," ",3673,"vincennes",15]
["2015-02-01",14,12,5,6,10,"T","","","","",3,4,"",""," ",5,"",2,"",1,"",""," "," "," "," ",3674,"vincennes",15]
["2015-02-09",8,7,4,6,3,"T","","",5,3,"",4,2,1,"","","","",""," ","","","",""," "," ",3682,"vincennes",15]
["2015-02-11",12,15,8,7,3,"P","","",5,"","","",4,3,"","","",1,"","",2,"","",""," "," ",3684,"Cagnes/Mer",15]
["2015-02-16",12,14,17,5,10,"T","","","","",4,"","","","",5,"",1,"",2,"","",3," "," "," ",3689,"vincennes",15]
["2015-02-21",11,13,10,3,4,"P","","",4,5,"","","","","",3,1,"",2,"","","","",""," "," ",3694,"Cagnes/Mer",15]
["2015-02-27",9,1,2,11,3,"T",2,3,5,"","","","","",1,"",4,"","","","","",""," "," "," ",3700,"Cagnes/Mer",15]
["2015-03-02",14,9,3,15,13,"O","","",3,"","","","","",2,"","","",5,1,4,""," "," "," "," ",3703,"enghien",15]
["2015-03-08",7,17,6,1,10,"O",4,""," "," ","",3,1,"","",5,"","","","","","",2," "," "," ",3709,"Auteuil",15]
["2015-03-14",2,11,14,7,8,"O","",1,"","","","",4,5,"","",2,"","",3,"",""," "," "," "," ",{"$f":"SUM(AB3729+1)","v":3715},"auteuil",15]
["2015-03-19",4,14,15,10,2,"P","",5,"",1,"","","","","",4,"","","",2,3,""," "," "," "," ",3720,"St Cloud",15]
["2015-03-25",6,11,9,12,3,"T","","",5,"","",1,"","",3,"",2,4,"","","","","",""," "," ",3726,"marseille",15]
["2015-03-27",6,16,3,18,10,"T"," ","",3,"","",1,"","","",5,"",""," ","","",2,"",4,"","",3728,"vincennes",15]
["2015-04-03",15,9,6,8,12,"T","","","","","",3,"",4,2,"","",5,"","",1,"","","","","",3735,"vincennes",15]
["2015-04-04",5,11,4,13,10,"T","","","",3,1,"","","","",5,2,"",4,"","","",""," "," "," ",3736,"vincennes",15]
["2015-04-09",4,11,13,12,3,"P",{"$f":"IF(COUNTIF($B3756:$F3756,H$15),MATCH(H$15,$B3756:$F3756,0),REPT(\" \",test))","v":""},"",5,1,"","","","","","",{"$f":"IF(COUNTIF($B3756:$F3756,R$15),MATCH(R$15,$B3756:$F3756,0),REPT(\" \",test))","v":2},4,3,""," ","","",""," "," ",3741,"longchamp",15]
["2015-04-15",18,12,3,2,13,"T","",4,3,"","","","","","","","",2,5,"","",""," ",1," "," ",3747,"cordemais",15]
["2015-04-19",6,2,16,17,3,"O",{"$f":"IF(COUNTIF($B3766:$F3766,H$15),MATCH(H$15,$B3766:$F3766,0),REPT(\" \",test))","v":""},2,5,"","",1,"","","","",{"$f":"IF(COUNTIF($B3766:$F3766,R$15),MATCH(R$15,$B3766:$F3766,0),REPT(\" \",test))","v":""},"","","","",3,4," "," "," ",3751,"auteuil",15]
["2015-04-24",8,2,16,10,6,"T","",2,"","","",5,"",1,"",4,"","","","","",3,"",""," "," ",3756," vincennes",15]
["2015-04-30",14,4,12,10,7,"O","","","",2,"","",5,"","",4,"",3,"",1,"",""," "," "," "," ",3762,"auteuil",15]
["2015-05-05",13,7,1,2,4,"P",3,4,"",5,"","",2,"","","","","",1,"","",""," "," "," "," ",3767,"St Cloud",15]
["2015-05-10",9,1,13,3,6,"P",2,"",4,"","",5,"","",1,"","","",3,"","",""," "," "," "," ",3772,"longchamp",15]
["2015-05-15",11,14,7,10,13,"T","","","","","","",3,"","",4,1,"",5,2,"","","",""," "," ",3777,"vincennes",15]
["2015-05-20",12,3,6,5,7,"T","","",2,"",4,3,5,"","","","",1,"","",""," "," "," "," "," ",3782,"le croise laroche",15]
["2015-05-26",3,2,4,14,6,"P","",2,1,3,"",5,"","","","","","","",4,"",""," "," "," "," ",3788,"strasbourg",15]
["2015-06-01",8,13,3,16,9,"O","","",3,"","","","",1,5,"","","",2,"","",4," "," "," "," ",3793,"auteuil",15]
["2015-06-05",16,1,11,4,10,"T",2,"","",4,"","","","","",5,3,"","","","",1," "," "," "," ",3797,"vincennes",15]
["2015-06-06",11,7,8,2,10,"T","",4,"","","","",2,3,"",5,1,"","",""," "," "," "," "," "," ",3798,"vincennes",15]
["2015-06-11",15,9,16,10,14,"P","","",""," ","","","","",2,4,"","","",5,1,3," "," "," "," ",3803,"Maisons-Laffite"]
["2015-06-16",15,2,6,1,9,"O",4,2,"","","",3,"","",5,"","","","","",1,""," "," "," "," ",3808,"dieppe"]
["2015-06-22",2,1,3,8,7,"O",2,1,3,"",""," ",5,4,"","","","","","",""," "," "," "," "," ",3814,"auteuil"]
["2015-06-26",12,2,3,4,16,"T","",2,3,4,"","","","","","","",1,"","","",5,"",""," "," ",3818,"vincennes"]
["2015-07-02",9,17,3,7,8,"T","","",3,"","","",4,5,1,"","","","","","","",2,""," "," ",3824,"enghien"]
["2015-07-07",15,16,6,3,5,"T","","",4,"",5,3,"","","","","","","","",1,2,"",""," "," ",3829,"chateaubriand"]
["2015-07-12",2,6,7,5,12,"p","",1,"","",4,2,3,"","",""," ",5,"","","","",""," "," "," ",3834,"Chantilly"]
["2015-07-18",11,9,4,13,15,"T","","","",3,"","","","",2,"",1,"",4," ",5,""," "," "," "," ",3840,"enghien"]
["2015-07-21",8,4,14,1,3,"P",4,"",5,2," ","","",1,"","","","","",3,"",""," "," "," "," ",{"$f":"SUM(AB3857+1)","v":3843},"vichy"]
["2015-07-28",4,10,2,15,1,"P",5,3,"",1,"","","","","",2,"","","","",4,""," "," "," "," ",3850,"Chantilly"]
["2015-08-02",5,12,15,3,7,"P","","",4,"",1,"",5,"","","","",2,"","",3,""," "," "," "," ",3855,"deauville"]
["2015-08-07",12,15,5,4,3,"T","","",5,4,3,"","","","","","",1,"","",2,""," "," "," "," ",3860,"cabourg"]
["2015-08-09",8,16,11,7,4,"P","","","",5,"","",4,1,"","",3,"","","","",2," "," "," "," ",3862,"deauville"]
["2015-08-12",8,2,5,4,6,"T","",2,"",4,3,5,"",1,"","",""," ","","","",""," "," "," "," ",3865,"enghien"]
["2015-08-17",10,2,1,15,5,"P",3,2,"","",5,"","","","",1,"","","","",4,""," "," "," "," ",3870,"chateaubriand"]
["2015-08-23",16,14,5,2,9,"P","",4,"","",3,"","","",5,"","","","",2,"",1," "," "," "," ",3876,"deauville"]
["2015-08-28",4,6,10,1,12,"T",4,"","",1,"",2,"","","",3,"",5,"","","",""," "," "," "," ",3881,"cabourg"]
["2015-09-03",9,4,14,3,15,"P",{"$f":"IF(COUNTIF($B3902:$F3902,H$15),MATCH(H$15,$B3902:$F3902,0),REPT(\" \",test))","v":""}," ",4,2,"","","","",1,"",{"$f":"IF(COUNTIF($B3902:$F3902,R$15),MATCH(R$15,$B3902:$F3902,0),REPT(\" \",test))","v":""},"","",3,5,"","",""," "," ",3887,"longchamp"]
["2015-09-07",6,2,9,7,10,"P","",2,"","","",1,4,"",3,5,"","","","","",""," "," "," "," ",3891,"craon"]
["2015-09-12",16,9,12,18,15,"T","","","","","","","","",2,"","",3,"","",5,1,"",4," "," ",3896,"vincennes"]
["2015-09-18",15,4,13,14,17,"T","","","",2,"","","","","","","","",3,4,1,"",5," "," "," ",3902,"vincennes"]
["2015-09-23",11,6,10,8,4,"T",{"$f":"IF(COUNTIF($B3922:$F3922,H$15),MATCH(H$15,$B3922:$F3922,0),REPT(\" \",test))","v":""},"","",5,"",2,"",4,"",3,{"$f":"IF(COUNTIF($B3922:$F3922,R$15),MATCH(R$15,$B3922:$F3922,0),REPT(\" \",test))","v":1},"","","","","","",""," "," ",{"$f":"SUM(AB3921+1)","v":3907},"argentan"]
["2015-09-28",12,1,7,15,14,"T",2,"","","","","",3,"","","","",1,"",5,4,""," "," "," "," ",3912,"enghien"]
["2015-10-03",7,11,4,14,3,"P",{"$f":"IF(COUNTIF($B3932:$F3932,H$15),MATCH(H$15,$B3932:$F3932,0),REPT(\" \",test))","v":""},"",5,3,"","",1,"","","",{"$f":"IF(COUNTIF($B3932:$F3932,R$15),MATCH(R$15,$B3932:$F3932,0),REPT(\" \",test))","v":2},"","",4,"",""," "," "," "," ",3917,"longchamp"]
["2015-10-08",6,19,16,14,7,"P","","","","","",1,5,"","","","","","",4,"",3,"","",2," ",3922,"saint cloud"]
["2015-10-09",4,6,7,2,5,"T","",4," ",1,5,2,3,"","","",""," ","","","",""," "," "," "," ",3923,"vincennes"]
["2015-10-14",13,3,4,14,16,"T","","",2,3,"","","","","","","","",1,4,"",5,"",""," "," ",3928,"vichy"]
["2015-10-19",17,3,1,7,4,"T",3,"",2,5,"","",4,"","","","","","","","","",1,""," "," ",3933,"Enghien"]
["2015-10-24",9,16,3,12,15,"O","","",3,"","","","","",1,"","",4,"","",5,2," "," "," "," ",3938,"enghien"]
["2015-10-29",16,15,13,2,5,"P","",4,"","",5,"","","","","","","",3,"",2,1," "," "," "," ",3943,"saint cloud"]
["2015-11-04",9,8,5,13,11,"T","","","","",3,"","",2,1,"",5,"",4,""," "," "," "," "," "," ",3949,"nantes "]
["2015-11-09",10,9,11,1,15,"T",4,"","","","","","","",2,1,3,"","","",5,""," "," "," "," ",3954,"vincennes"]
["2015-11-13",2,4,18,1,14,"T",4,1,"",2,"","","","","","","","","",5,"",""," ",3," "," ",3958,"vincennes"]
["2015-11-20",16,7,1,8,3,"T",3,"",5,"","","",2,4,"","","","","","","",1," "," "," "," ",3964,"vincennes"]
["2015-11-25",3,5,7,12,14,"T","","",1,"",2,"",3,"","","","",4,"",5,"","","",""," "," ",3969,"vincennes"]
["2015-11-30",9,12,11,6,15,"T","","","","","",4," ","",1,"",3,2,"","",5,"","",""," "," ",3974,"vincennes"]
["2015-12-06",9,2,17,8,11,"T","",2,"","","","","",4,1,"",5,"","","",""," ",3," "," "," ",3980,"vincennes"]
["2015-12-09",1,12,2,3,16,"T",1,3,4,"","","","","","","","",2,"","","",5,"",""," "," ",3983,"vincennes"]
["2015-12-11",16,9,12,14,10,"T","","","","","","","","",2,5,"",3,"",4,"",1,"",""," "," ",3985,"vincennes"]
["2015-12-16",18,15,8,17,6,"T","","","","","",5,"",3,"","","","","","",2,"",4,1," "," ",3990,"Cagnes/Mer"]
["2015-12-21",3,6,8,5,9,"P","","",1,"",4,2," ",3,5,"","","","","","",""," "," "," "," ",3995,"deauville"]
["2015-12-28",12,16,13,17,3,"T","","",5,"","","","","","","","",1,3,"","",2,4," "," "," ",4002,"vincennes"]
["2015-12-31",9,10,17,4,2,"T","",5,"",4,"","","","",1,2,"","","","","","",3,""," "," ",4005,"vincennes"]
["2016-01-06",12,11,2,4,1,"O",5,3,"",4,"","",""," ","","",2,1,"","","","","",""," "," ",4011,"pau"]
["2016-01-11",16,13,10,12,5,"T","","","","",5,"","","","",3,"",4,2,"","",1,""," "," "," ",4016,"vincennes"]
["2016-01-16",1,5,10,4,9,"T",1,"","",4,2,"","","",5,3,"","","","",""," "," "," "," "," ",4021,"vincennes"]
["2016-01-22",10,1,17,11,13,"P",{"$f":"IF(COUNTIF($B4042:$F4042,H$15),MATCH(H$15,$B4042:$F4042,0),REPT(\" \",test))","v":2},"","","","","","","","",1,{"$f":"IF(COUNTIF($B4042:$F4042,R$15),MATCH(R$15,$B4042:$F4042,0),REPT(\" \",test))","v":4},"",5,"","","",3,""," "," ",4027,"Cagnes/Mer"]
["2016-01-26",7,13,15,5,3,"P","","",5,"",4,"",1,"","","",""," ",2,"",3,""," "," "," "," ",4031,"Cagnes/Mer"]
["2016-01-31",10,18,9,13,5,"T","","","","",5,"","","",3,1,"","",4,"","","","",2," "," ",4036,"vincennes"]
["2016-02-06",7,6,14,17,4,"T","","","",5,"",2,1,"","","","","","",3,"","",4,""," "," ",4042,"Vincennes"]
["2016-02-11",12,3,5,1,10,"T",{"$f":"IF(COUNTIF($B4062:$F4062,H$15),MATCH(H$15,$B4062:$F4062,0),REPT(\" \",test))","v":4},"",2,"",3,"","","","",5,{"$f":"IF(COUNTIF($B4062:$F4062,R$15),MATCH(R$15,$B4062:$F4062,0),REPT(\" \",test))","v":""},1,"","","",""," "," "," "," ",4047,"vincennes"]
["2016-02-12",15,11,12,3,2,"T","",5,4,"","","","","","","",2,3,"","",1," "," "," "," "," ",4048,"Cagnes/Mer"]
["2016-02-16",6,1,9,12,16,"T",2,"","","","",1,"","",3,"","",4,"","","",5,"",""," "," ",4052,"Vincennes"]
["2016-02-21",11,8,1,3,13,"T",{"$f":"IF(COUNTIF($B4072:$F4072,H$15),MATCH(H$15,$B4072:$F4072,0),REPT(\" \",test))","v":3},"",4,"","","","",2,"","",{"$f":"IF(COUNTIF($B4072:$F4072,R$15),MATCH(R$15,$B4072:$F4072,0),REPT(\" \",test))","v":1}," ",5,"","","",""," "," "," ",4057,"vincennes"]
["2016-02-27",3,7,18,13,2,"P","",5,1,"","","",2,"","","","","",4,"","","","",3," "," ",4063,"Cagnes/Mer"]
["2016-03-03",14,12,11,3,7,"T","","",4,"","","",5,"","","",3,2,"",1,"",""," "," "," "," ",4068,"vincennes"]
["2016-03-09",6,10,7,8,13,"T","","","","","",1,3,4,"",2,"","",5,"","",""," "," "," "," ",4073,"amiens"]
["2016-03-14",9,10,15,1,16,"P",4,"","","","","","","",1,2,"","","","",3,5," "," "," "," ",4078,"compiegne"]
["2016-03-19",16,10,12,1,2,"O",4,5,"","","","","","","",2,"",3,"","","",1,"",""," "," ",4083,"auteuil"]
["2016-03-25",12,17,13,16,14,"T","","","","","","","","","","","",1,3,5,"",4,2,""," "," ",4089,"vincennes"]
["2016-03-30",6,13,10,12,5,"T","","","","",5,1,"","","",3,"",4,2,"","",""," "," "," "," ",4094,"marseille borely"]
["2016-04-03",5,8,12,13,6,"P","","","","",1,5,"",2,"","","",3,4,"","",""," "," "," "," ",4098,"saint cloud"]
["2016-04-09",13,9,3,6,11,"T","","",3,"","",4,"","",2,"",5,"",1,""," "," "," "," "," "," ",4104,"Vincennes"]
["2016-04-14",14,13,2,4,16,"P","",3,"",4,"","","","","","","","",2,1,"",5," "," "," "," ",4109,"fontainebleau"]
["2016-04-15",6,4,14,13,7,"T","","","",2,"",1,5,"","","","","",4,3," "," "," "," "," "," ",4110,"Vincennes"]
["2016-04-22",15,17,4,16,13,"T","","","",3,"","","","","","","","",5,"",1,4,2," "," "," ",4117,"enghien"]
["2016-04-24",2,12,10,9,16,"P","",1,"","","","","","",4,3,"",2,"","","",5," "," "," "," ",4119,"chantilly"]
["2016-04-30",9,6,1,12,4,"O",3,"","",5,"",2,"","",1,"","",4,"","","","","",""," "," ",4125,"auteuil"]
["2016-05-05",12,1,5,4,3,"P",2,"",5,4,3,"","","","","","",1,""," "," "," "," "," "," "," ",4130,"Lyon"]
["2016-05-10",5,2,13,14,7,"P","",2,"","",1,"",5,"","","","","",3,4,"","",""," "," "," ",4135,"chantilly"]
["2016-05-17",6,17,14,12,8,"T","","","","","",1,"",5,"","","",4,"",3,"","",2," "," "," ",4142,"st galmier"]
["2016-05-20",1,12,11,13,8,"T",1,"","","","","","",5,"","",3,2,4,""," "," "," "," "," "," ",4145,"VIncennes"]
["2016-05-26",12,7,5,8,1,"P",5,"","","",3,"",2,4,"","","",1,"","","",""," "," "," "," ",4151,"compiegne"]
["2016-05-31",15,14,3,6,8,"P",{"$f":"IF(COUNTIF($B4171:$F4171,H$15),MATCH(H$15,$B4171:$F4171,0),REPT(\" \",test))","v":""},"",3,"","",4,"",5,"","",{"$f":"IF(COUNTIF($B4171:$F4171,R$15),MATCH(R$15,$B4171:$F4171,0),REPT(\" \",test))","v":""},"","",2,1,""," "," "," "," ",4156,"strasbourg"]
["2016-06-05",7,1,14,10,8,"P",2,"","","","","",1,5,"",4,"","","",3,"",""," "," "," "," ",4161,"chantilly"]
["2016-06-07",3,4,13,14,8,"P","","",1,2,"","","",5," ","","","",3,4,"",""," "," "," "," ",{"$f":"SUM(AB4177+1)","v":4163},"saint cloud"]
["2016-06-15",1,2,8,5,4,"O",1,2,"",5,4,"","",3,"","","","",""," "," "," "," "," "," "," ",4171,"auteuil"]
["2016-06-16",1,11,9,15,8,"P",1,"","","","","","",5,3,"",2,"","","",4,""," "," "," "," ",4172,"saint cloud"]
["2016-06-21",8,14,7,11,2,"O","",5,"","","","",3,1,"","",4,"","",2,"",""," "," ",null,null,4177,"dieppe"]
["2016-06-26",14,17,6,3,4,"T","","",4,5,"",3,"","","","","","","",1,"","",2," "," "," ",4182,"vincennes"]
["2016-07-02",3,11,5,10,6,"T","","",1,"",3,5,"","","",4,2,"","","","",""," "," "," "," ",4188,"enghien"]
["2016-07-06",10,8,9,7,5,"T","","","","",5,"",4,2,3,1,"","","","",""," "," "," "," "," ",4192,"vichy"]
["2016-07-11",10,3,4,16,14,"P","","",2,3,"",""," ","","",1,"","","",5,"",4,"",""," "," ",4197,"compiegne"]
["2016-07-17",13,12,8,9,2,"P","",5,"","","","","",3,4,"","",2,1,"","",""," "," "," "," ",4203,"maisons Laffitte"]
["2016-07-22",10,8,6,2,15,"T","",4,"","","",3,"",2,"",1,"","","","",5,""," "," "," "," ",4208,"cabourg"]
["2016-07-27",10,12,7,4,15,"T","","","",4,"","",3,"","",1,"",2,"","",5,"",""," "," "," ",4213,"enghien"]
["2016-08-01",12,2,5,7,13,"P","",2,"","",3,"",4,"","","","",1,5,"","",""," "," "," "," ",4218,"clairefontaine"]
["2016-08-06",4,15,16,6,3,"O"," ","",5,1,"",4,"","","","","","","","",2,3," "," "," "," ",4223,"clairefontaine"]
["2016-08-12",11,13,3,5,9,"T","","",3,"",4,"","","",5,"",1,"",2,"","",""," "," "," "," ",4229,"cabourg"]
["2016-08-15",7,3,2,11,4,"P","",3,2,5,"","",1,"","","",4,"",""," ","",""," "," "," "," ",4232,"deauville"]
["2016-08-21",16,14,12,15,7,"P","","","","","","",5," ","","","",3,"",2,4,1," "," "," "," ",4238,"deauville"]
["2016-08-22",13,7,3,12,9,"P","","",3,"","","",2,"",5,"","",4,1,"","","","",""," "," ",4239,"clairefontaine"]
["2016-08-27",10,2,9,5,13,"P","",2,"","",4,"","","",3,1,"","",5,"","","",""," "," "," ",4244,"deauville"]
["2016-09-02",14,16,13,8,17,"T","","","","","","","",4,"","","","",3,1,"",2,5,""," "," ",4250,"vincennes"]
["2016-09-09",10,5,9,3,1,"T",5,"",4,"",2,"","","",3,1,"","","","","",""," "," "," "," ",4257,"vincennes"]
["2016-09-11",5,16,1,6,3,"P",3,"",5,"",1,4,"","",""," ","",""," ","","",2,""," "," "," ",4259,"chantilly"]
["2016-09-17",16,15,13,12,14,"P","","","","","","","","","","","",4,3,5,2,1,"",""," "," ",4265,"maison laffitte"]
["2016-09-22",15,3,16,10,13,"T","","",2,"","","","","","",4,""," ",5,"",1,3,"",""," "," ",4270,"vincennes"]
["2016-09-28",9,8,5,10,12,"T","","","","",3,"","",2,1,4,"",5,"","","","","",""," "," ",4276,"le mont st michel"]
["2016-09-30",7,12,16,18,5,"T","","","","",5,"",1,"","","","",2,"","","",3,"",4," "," ",4278,"vincennes"]
["2016-10-07",6,7,5,14,9,"T","","","","",3,1,2,"",5,"","","","",4,""," "," "," "," "," ",4285,"vincennes"]
["2016-10-13",9,2,11,6,13,"P","",2,"","","",4,"","",1,"",3,"",5,"","",""," "," "," "," ",{"$f":"SUM(AB4305+1)","v":4291},"Lyon"]
["2016-10-18",11,6,16,4,3,"P",{"$f":"IF(COUNTIF($B4311:$F4311,H$15),MATCH(H$15,$B4311:$F4311,0),REPT(\" \",test))","v":""},"",5,4,"",2,"","","","",{"$f":"IF(COUNTIF($B4311:$F4311,R$15),MATCH(R$15,$B4311:$F4311,0),REPT(\" \",test))","v":1},"","","","",3," "," "," "," ",4296,"deauville"]
["2016-10-23",4,16,14,15,5,"P","","","",1,5,"","","","","",""," ","",3,4,2,"",""," "," ",4301,"saint cloud"]
["2016-10-25",12,4,6,3,8,"O",{"$f":"IF(COUNTIF($B4318:$F4318,H$15),MATCH(H$15,$B4318:$F4318,0),REPT(\" \",test))","v":""},"",4,2,"",3,"",5,"","",{"$f":"IF(COUNTIF($B4318:$F4318,R$15),MATCH(R$15,$B4318:$F4318,0),REPT(\" \",test))","v":""},1,"","","","","",""," "," ",4303,"auteuil"]
["2016-10-28",2,4,8,3,15,"T",{"$f":"IF(COUNTIF($B4321:$F4321,H$15),MATCH(H$15,$B4321:$F4321,0),REPT(\" \",test))","v":""},1,4,2,"","","",3,"","",{"$f":"IF(COUNTIF($B4321:$F4321,R$15),MATCH(R$15,$B4321:$F4321,0),REPT(\" \",test))","v":""},"","","",5,""," "," "," "," ",4306,"mons"]
["2016-11-03",3,1,15,10,12,"P",2,"",1,"","","","","","",4,"",5,"","",3,""," "," "," "," ",4312,"chantilly"]
["2016-11-08",8,16,15,5,2,"P","",5,"","",4,"","",1,"","","",""," ","",3,2," "," "," "," ",4317,"saint cloud"]
["2016-11-13",7,4,11,3,12,"O","","",4,2,"","",1,"","","",3,5,"","","",""," "," "," "," ",4322,"auteuil"]
["2016-11-19",10,11,15,16,12,"O","","","","","","","","","",1,2,5,"","",3,4," ",""," "," ",4328,"auteuil"]
["2016-11-23",2,10,8,18,6,"T","",1,"","","",5,"",3,"",2,"","","","","","","",4," "," ",4332,"mauquenchy"]
["2016-11-28",18,11,5,1,12,"T",4,"","","",3,"","","","","",2,5,"","","","","",1," "," ",4337,"vincennes"]
["2016-12-04",15,4,2,11,1,"T",5,3,"",2,"","","","","","",4,"","","",1,""," "," "," "," ",4343,"vincennes"]
["2016-12-08",4,11,9,14,10,"T","","","",1,"","",""," ",3,5,2,"","",4," "," "," "," "," "," ",4347,"vincennes"]
["2016-12-14",7,9,4,18,3,"T","","",5,3,"","",1,"",2,"","","","","","","","",4," "," ",4353,"vincennes"]
["2016-12-19",5,16,7,2,3,"P","",4,5,"",1,"",3,"","","","","","","","",2," "," "," "," ",4358,"deauville"]
["2016-12-24",15,12,3,10,17,"T","","",3,"","","","","","",4,"",2,"","",1,"",5,""," "," ",4363,"vincennes"]
["2016-12-25",11,13,6,8,9,"T","","","","","",3,"",4,5,"",1,"",2,"","",""," "," "," "," ",4364,"vincennes"]
["2017-01-02",17,7,15,14,18,"T","","","","","","",2," ","","","","","",4,3,"",1,5," "," ",4372,"vincennes"]
["2017-01-04",9,3,17,2,11,"O","",4,2,"","","","","",1,"",5,"","","",""," ",3,""," "," ",4374,"pau"]
["2017-01-09",15,11,5,14,10,"T","","","","",3,"","","","",5,2,"","",4,1,"","",""," "," ",4379,"vincennes"]
["2017-01-14",2,6,9,1,5,"T",4,1,"","",5,2,"","",3,"","","","",""," "," "," "," "," "," ",4384,"vincennes"]
["2017-01-20",8,7,6,14,3,"P","","",5,"","",3,2,1,"","","","","",4,"",""," "," "," "," ",4390,"Cagnes/Mer"]
["2017-01-23",7,3,1,14,2,"P",3,5,2,"","","",1,"","","","",""," ",4,"",""," "," "," "," ",4393,"Cagnes/Mer"]
["2017-01-29",17,5,6,4,2,"T","",5,"",4,2,3,"",""," ","","",{"$f":"IF(COUNTIF($B4414:$F4414,S$15),MATCH(S$15,$B4414:$F4414,0),REPT(\" \",test))","v":""},"","","","",1,""," "," ",4399,"vincennes"]
["2017-02-04",6,4,9,14,5,"T","","","",2,5,1,"","",3,"","","","",4,"","",""," "," "," ",4405,"vincennes"]
["2017-02-09",14,8,2,3,4,"T","",3,4,5,"","","",2,""," ","","","",1,"","",""," "," "," ",4410,"vincennes"]
["2017-02-15",9,11,4,6,15,"P","","","",3,"",4,"","",1,"",2,"","","",5,""," "," "," "," ",4416,"Cagnes/Mer"]
["2017-02-17",9,12,15,8,13,"T","","","","","","","",4,1,"","",2,5,"",3,"",""," "," "," ",4418,"Cagnes/Mer"]
["2017-02-24",2,4,9,5,11,"T","",1,"",2,4,"","","",3,"",5,"","","","",""," "," "," "," ",4425,"enghien"]
["2017-02-25",15,17,2,11,10,"P","",3,"","","","","","","",5,4,"","","",1,"",2,""," "," ",4426,"Cagnes/Mer"]
["2017-03-03",5,12,14,10,1,"T",5,"","","",1,"","","","",4,"",2,"",3,""," "," "," "," "," ",4431,"Cagnes/Mer"]
["2017-03-09",2,10,12,15,3,"P","",1,5,"","","","","","",2,"",3,"","",4,""," "," ",{"$f":"IF(COUNTIF($B4452:$F4452,Z$15),MATCH(Z$15,$B4452:$F4452,0),REPT(\" \",test))","v":" "}," ",4437,"fontainebleau"]
["2017-03-15",12,5,3,2,13,"T","",4,3,"",2,"","","","","","",1,5,"","","","",""," "," ",4443,"laval"]
["2017-03-18",3,2,6,10,15,"O","",2,1,"","",3,"","","",4,"","","","",5,"",""," "," "," ",4446,"auteuil"]
["2017-03-24",15,14,18,10,17,"T","","","","","","","","","",4,"","","",2,1,"",5,3," "," ",4452,"vincennes"]
["2017-03-29",8,6,13,2,5,"T","",4,"","",5,2,"",1,"","","","",3,"","",""," "," "," "," ",4457,"marseille"]
["2017-04-03",12,4,3,8,6,"P","","",3,2,"",5,"",4,"","","",1,"","","","",""," "," "," ",4462,"chantilly"]
["2017-04-08",9,6,8,10,15,"T","","","","","",2,"",3,1,4,"","","","",5,"","",""," "," ",4467,"vincennes"]
["2017-04-13",4,15,11,7,5,"O","","","",1,5,"",4,"","","",3,"","","",2,""," "," "," "," ",4472,"auteuil"]
["2017-04-19",17,7,18,5,6,"T","","","","",4,5,2,"","","","","","","","","",1,3," "," ",4478,"cordemais"]
["2017-04-24",15,11,14,4,17,"P"," ","","",4,"","","","","","",2,"","",3,1,"",{"$f":"IF(COUNTIF($B4498:$F4498,X$15),MATCH(X$15,$B4498:$F4498,0),REPT(\" \",test))","v":5},{"$f":"IF(COUNTIF($B4498:$F4498,Y$15),MATCH(Y$15,$B4498:$F4498,0),REPT(\" \",test))","v":""}," "," ",{"$f":"SUM(AB4497+1)","v":4483},"compiegne"]
["2017-04-28",18,11,15,13,7,"T","","","","","","",5,"","","",2,"",4,"",3,"","",1," "," ",4487,"Vincennes"]
["2017-04-30",13,7,5,4,9,"P","","","",4,3,"",2,"",5,"","","",1,"","","","",""," "," ",4488,"chantilly"]
["2017-05-05",13,15,16,14,1,"T",5,"","","","","","","","","","","",1,4,2,3,""," "," "," ",4493,"vincennes"]
["2017-05-10",10,13,15,14,12,"P","","","","","","","","","",{"$f":"IF(COUNTIF($B4513:$F4513,Q$15),MATCH(Q$15,$B4513:$F4513,0),REPT(\" \",test))","v":1},"",5,2,4,3,"","",""," "," ",4498,"chantilly"]
["2017-05-16",15,5,14,8,2,"T","",5,"","",2,"","",4,"","","","","",3,1,"","","",{"$f":"IF(COUNTIF($B4519:$F4519,Z$15),MATCH(Z$15,$B4519:$F4519,0),REPT(\" \",test))","v":" "},{"$f":"IF(COUNTIF($B4519:$F4519,AA$15),MATCH(AA$15,$B4519:$F4519,0),REPT(\" \",test))","v":" "},4504,"vichy"]
["2017-05-20",16,6,9,14,7,"O","",""," ","","",2,5,"",3,"","","","",4,"",1," "," "," "," ",{"$f":"SUM(AB4522+1)","v":4508},"auteuil"]
["2017-05-26",7,15,9,12,4,"T","","","",5,"","",1,"",3,"","",4,"","",2,"",""," "," "," ",4514,"vincennes"]
["2017-05-31",12,1,13,9,2,"P",2,5,"","","","",""," ",4,"","",1,3,""," "," "," "," "," "," ",4519,"chantilly"]
["2017-06-05",15,8,10,9,12,"O","","",""," ",{"$f":"IF(COUNTIF($B4539:$F4539,L$15),MATCH(L$15,$B4539:$F4539,0),REPT(\" \",test))","v":""},"","",2,4,3,"",5,"","",1,""," "," "," "," ",4524,"auteuil"]
["2017-06-11",8,3,10,9,14,"O","","",2,"","","","",1,4,3,"","","",5,"",""," "," "," "," ",4530,"auteuil"]
["2017-06-14",11,9,4,18,6,"O","","","",3,"",5,""," ",2,"",1,"","","",""," ",{"$f":"IF(COUNTIF($B4548:$F4548,X$15),MATCH(X$15,$B4548:$F4548,0),REPT(\" \",test))","v":""},{"$f":"IF(COUNTIF($B4548:$F4548,Y$15),MATCH(Y$15,$B4548:$F4548,0),REPT(\" \",test))","v":4}," "," ",4533,"auteuil"]
["2017-06-21",3,1,10,5,4,"T",2,"",1,5,4," ","","","",3,"","","","","",""," "," "," "," ",4540,"reims "]
["2017-06-26",5,8,11,10,4,"P","","","",5,1,"","",2,"",4,3,"","","","","",""," "," "," ",4545,"st cloud"]
["2017-07-01",8,1,10,9,2,"T",{"$f":"IF(COUNTIF($B4565:$F4565,H$15),MATCH(H$15,$B4565:$F4565,0),REPT(\" \",test))","v":2},5,"","","","","",1,4,3,"","","","","",""," "," "," "," ",4550,"enghien"]
["2017-07-02",18,3,8,15,7,"P","","",2," ","","",5,3,"","","",{"$f":"IF(COUNTIF($B4566:$F4566,S$15),MATCH(S$15,$B4566:$F4566,0),REPT(\" \",test))","v":""},"","",4,"","",1," "," ",4551,"saint cloud"]
["2017-07-09",2,6,12,5,7,"P","",1,"","",4,2,5,"","","","",3,"","","",""," "," "," "," ",4558,"chantilly"]
["2017-07-11",4,10,11,7,16,"T","","","",1,"","",4,"","",2,3,"","","","",5,"",""," "," ",4560,"chateaubriand"]
["2017-07-17",1,5,4,12,3,"P",1,"",5,3,2,"","","","","","",4,"","","",""," "," "," "," ",4566,"vichy"]
["2017-07-22",17,2,10,7,8,"T","",2,"","","","",4,5,"",3,"","","","","","",1," "," "," ",4571,"enghien"]
["2017-07-28",9,8,1,4,6,"T",3,"","",4,"",5,"",2,1,"","","","","","",""," "," "," "," ",4577,"cabourg"]
["2017-08-03",12,4,16,8,11,"P","","","",2,"","","",4,"","",5,1,"","","",3," "," "," "," ",4583,"clairefontaine"]
["2017-08-06",2,10,14,6,5,"P","",1,"","",5,4,"","","",2,"","","",3,"",""," "," "," "," ",4586,"deauville"]
["2017-08-12",10,11,2,1,15,"P",4,3,"","","","","","","",1,2,"","","",5,"","",""," "," ",4592,"deauville"]
["2017-08-17",11,3,4,6,1,"P",5,"",2,3,"",4,"","","","",1,"","","","","",""," "," "," ",4597,"deauville"]
["2017-08-22",3,4,8,2,14,"P","",4,1,2,"","","",3,"","","",{"$f":"IF(COUNTIF($B4617:$F4617,S$15),MATCH(S$15,$B4617:$F4617,0),REPT(\" \",test))","v":""}," ",5," ",""," "," "," "," ",4602,"deauville"]
["2017-08-27",16,4,5,1,9,"P",4,"","",2,3,"","","",5,"","","","","","",1,""," "," "," ",4607,"deauville"]
["2017-09-01",3,9,13,18,7,"T","","",1,"","","",5,"",2,"","","",3,"",""," "," ",4," "," ",4612,"vincennes"]
["2017-09-02",16,11,2,7,10,"T","",3,"","","","",4," ","",5,2,"","","","",1,"",""," "," ",4613,"vincennes"]
["2017-09-07",15,3,4,1,13,"O",4,"",2,3,"","","","","","","","",5,"",1," "," "," "," "," ",4618,"auteuil"]
["2017-09-12",1,11,6,10,5,"T",1,"","","",5,3,"","","",4,2,"","",""," "," "," "," "," "," ",4623,"beaumont de lomagne"]
["2017-09-17",11,12,7,9,14,"T","","","","","","",3,"",4,"",{"$f":"IF(COUNTIF($B4643:$F4643,R$15),MATCH(R$15,$B4643:$F4643,0),REPT(\" \",test))","v":1},2,"",5,""," "," "," "," "," ",4628,"vincennes"]
["2017-09-22",14,4,8,3,7,"T","","",4,2,""," ",5,3,"","","","","",1,"","","",""," "," ",4633,"vincennes"]
["2017-09-28",2,3,14,9,1,"P",5,1,2,"","","","","",4,"","","","",3,"","",""," "," "," ",4639,"compiegne"]
["2017-10-03",14,16,2,4,8,"O","",3,"",4,"","","",5,"","","","","",1,"",2,"",""," "," ",4644,"auteuil"]
["2017-10-07",11,1,7,14,4,"P",2,"","",5,"","",3,"","","",1,"","",4,"",""," "," "," "," ",4648,"chantilly"]
["2017-10-13",2,12,17,8,13,"T","",1,"","","","","",4,"","","",2,5,"","","",3,""," "," ",4654,"vincenness"]
["2017-10-18",3,7,8,16,11,"T","","",1,"","","",2,3,"","",5,"","","","",4,"",""," "," ",4659,"st galmier"]
["2017-10-23",5,13,7,4,10,"T","","","",4,1,"",3,""," ",5,"","",2,"","","","",{"$f":"IF(COUNTIF($B4679:$F4679,Y$15),MATCH(Y$15,$B4679:$F4679,0),REPT(\" \",test))","v":""}," "," ",4664,"enghien "]
["2017-10-29",21,22,23,24,25,"P","","","","","","","","","","","","","","","",""," "," "," "," ",4670,"saint cloud"]
["2017-11-01",8,1,14,2,5,"P",2,4,"","",5,"","",1,"","","","","",3,"",""," "," "," "," ",4673,"maisons Laffitte"]
["2017-11-03",6,1,3,8,14,"T",2,"",3,"","",1,"",4,"","","","","",5,"","","",""," "," ",{"$f":"SUM(AB4689+1)","v":4675},"vincennes"]
["2017-11-08",8,13,16,3,2,"T","",5,4,"","","","",1,"","","","",2,"","",3,"",""," "," ",4680,"nantes"]
["2017-11-13",11,10,2,13,5,"T","",3,"","",5,"","","","",2,1,"",4,"",""," "," "," "," "," ",4685,"vincennes"]
["2017-11-19",9,14,5,13,2,"T","",5,"","",3,"","","",1,"","","",4,2," "," "," "," "," "," ",4691,"vincennes"]
["2017-11-26",14,12,10,16,4,"O","","","",5,"","","","","",3,"",2,"",1,"",4,""," "," "," ",4698,"auteuil"]
["2017-11-29",8,15,9,16,5,"T","","","","",5,"","",1,3,"","","","","",2,4,"",""," "," ",4701,"vincennes"]
["2017-12-04",6,7,1,11,10,"T",3,"","","","",1,2,"","",5,4,"","","","","","",""," "," ",4706,"vincennes"]
["2017-12-09",14,15,9,1,6,"T",4,"","","","",5,"","",3,"","","","",1,2," "," "," "," "," ",4711,"vincennes"]
["2017-12-16",4,12,6,5,7,"T","","","",1,4,3,5,"","","","",2,"","","","","",""," "," ",4717,"vincennes"]
["2017-12-20",11,5,6,10,2,"O","",5,"","",2,3,"","","",4,1,"","","",""," "," "," "," "," ",4721,"pau"]
["2017-12-25",null,null,null,null,null,null,"","","","","","","","","","","","","","","","","","","","",4726]
["2017-12-31",null,null,null,null,null,null,"","","","","","","","","","","","","","","","","","","","",{"$f":"SUM(AB4746+1)","v":4732}]
["2018-01-02"]
["2018-01-03"]
["2018-01-07"]
["2018-01-12"]
["2018-01-18"]
["2018-01-23"]
["2018-01-28"]
["2018-02-02"]
["2018-02-07"]
["2018-02-13"]
["2018-02-18"]
["2018-02-22"]
["2018-02-28"]
["2018-03-05"]
["2018-03-06"]
["2018-03-11"]
["2018-03-19"]
["2018-03-21"]
["2018-03-26"]
["2018-03-31"]
["2018-04-07"]
["2018-04-10"]
["2018-04-16"]
["2018-04-21"]
["2018-04-26"]
["2018-04-28"]
["2018-05-06"]
["2018-05-07"]
["2018-05-12"]
["2018-05-17"]
["2018-05-23"]
["2018-05-27"]
["2018-06-01"]
["2018-06-07"]
["2018-06-12"]
["2018-06-17"]
["2018-06-22"]
["2018-06-27"]
["2018-07-03"]
["2018-07-08"]
["2018-07-12"]
["2018-07-13"]
["2018-07-18"]
["2018-07-24"]
["2018-07-31"]
["2018-08-02"]
["2018-08-08"]
["2018-08-13"]
["2018-08-19"]
["2018-08-21"]
["2018-08-28"]
["2018-09-03"]
["2018-09-08"]
["2018-09-13"]
["2018-09-15"]
["2018-09-18"]
["2018-09-24"]
["2018-09-29"]
["2018-10-04"]
["2018-10-10"]
["2018-10-14"]
["2018-10-19"]
["2018-10-25"]
["2018-10-30"]
["2018-11-04"]
["2018-11-09"]
["2018-11-14"]
["2018-11-15"]
["2018-11-23"]
["2018-11-25"]
["2018-11-30"]
["2018-12-05"]
["2018-12-11"]
["2018-12-14"]
["2018-12-20"]
["2018-12-26"]
["2018-12-31"]
["2019-01-06"]
["2019-01-08"]
["2019-01-15"]
["2019-01-16"]
["2019-01-21"]
["2019-01-27"]
["2019-02-02"]
["2019-02-05"]
["2019-02-11"]
["2019-02-16"]
["2019-02-21"]
["2019-02-27"]
["2019-03-03"]
["2019-03-09"]
["2019-03-14"]
["2019-03-19"]
["2019-03-20"]
["2019-03-24"]
["2019-03-29"]
["2019-04-04"]
["2019-04-08"]
["2019-04-14"]
["2019-04-19"]
["2019-04-24"]
["2019-04-30"]
["2019-05-03"]
["2019-05-10"]
["2019-05-15"]
["2019-05-20"]
["2019-05-21"]
["2019-05-28"]
["2019-05-30"]
["2019-06-05"]
["2019-06-10"]
["2019-06-16"]
["2019-06-22"]
["2019-06-25"]
["2019-07-01"]
["2019-07-06"]
["2019-07-12"]
["2019-07-13"]
["2019-07-21"]
["2019-07-22"]
["2019-07-27"]
["2019-08-01"]
["2019-08-06"]
["2019-08-11"]
["2019-08-17"]
["2019-08-22"]
["2019-08-26"]
["2019-09-01"]
["2019-09-06"]
["2019-09-11"]
["2019-09-17"]
["2019-09-20"]
["2019-09-22"]
["2019-09-27"]
["2019-10-02"]
["2019-10-08"]
["2019-10-15"]
["2019-10-18"]
["2019-10-23"]
["2019-10-28"]
["2019-11-03"]
["2019-11-05"]
["2019-11-12"]
["2019-11-18"]
["2019-11-23"]
["2019-11-24"]
["2019-11-28"]
["2019-12-03"]
["2019-12-09"]
["2019-12-14"]
["2019-12-19"]
["2019-12-24"]
["2019-12-29"]
["2020-01-04"]
["2020-01-09"]
["2020-01-13"]
["2020-01-19"]
["2020-01-24"]
["2020-01-25"]
["2020-01-30"]
["2020-02-07"]
["2020-02-09"]
["2020-02-14"]
["2020-02-19"]
["2020-02-25"]
["2020-02-28"]
["2020-03-06"]
["2020-03-11"]
["2020-03-16"]
["2020-03-18"]
["2020-03-26"]
["2020-03-27"]
["2020-04-01"]
["2020-04-06"]
["2020-04-12"]
["2020-04-16"]
["2020-04-21"]
["2020-04-27"]
["2020-05-02"]
["2020-05-07"]
["2020-05-12"]
["2020-05-17"]
["2020-05-23"]
["2020-05-28"]
["2020-06-01"]
["2020-06-02"]
["2020-06-07"]
["2020-06-13"]
["2020-06-18"]
["2020-06-22"]
["2020-06-28"]
["2020-07-03"]
["2020-07-09"]
["2020-07-11"]
["2020-07-18"]
["2020-07-24"]
["2020-07-29"]
["2020-08-03"]
["2020-08-05"]
["2020-08-08"]
["2020-08-14"]
["2020-08-19"]
["2020-08-24"]
["2020-08-30"]
["2020-09-03"]
["2020-09-09"]
["2020-09-14"]
["2020-09-19"]
["2020-09-24"]
["2020-09-29"]
["2020-10-04"]
["2020-10-05"]
["2020-10-10"]
["2020-10-15"]
["2020-10-20"]
["2020-10-25"]
["2020-10-31"]
["2020-11-05"]
["2020-11-08"]
["2020-11-09"]
["2020-11-10"]
["2020-11-11"]
["2020-11-12"]
["2020-11-13"]
["2020-11-14"]
["2020-11-15"]
["2020-11-16"]
["2020-11-17"]
["2020-11-18"]
["2020-11-19"]
["2020-11-20"]
["2020-11-21"]
["2020-11-22"]
["2020-11-23"]
["2020-11-24"]
["2020-11-25"]
["2020-11-26"]
["2020-11-27"]
["2020-11-28"]
["2020-11-29"]
["2020-11-30"]
["2020-12-01"]
["2020-12-02"]
["2020-12-03"]
["2020-12-04"]
["2020-12-05"]
["2020-12-06"]
["2020-12-07"]
["2020-12-08"]
["2020-12-09"]
["2020-12-10"]
["2020-12-11"]
["2020-12-12"]
["2020-12-13"]
["2020-12-14"]
["2020-12-15"]
["2020-12-16"]
["2020-12-17"]
["2020-12-18"]
["2020-12-19"]
["2020-12-20"]
["2020-12-21"]
["2020-12-22"]
["2020-12-23"]
["2020-12-24"]
["2020-12-25"]
["2020-12-26"]
["2020-12-27"]
["2020-12-28"]
["2020-12-29"]
["2020-12-30"]
["2020-12-31"]
["2021-01-01"]
["2021-01-02"]
["2021-01-03"]
["2021-01-04"]
["2021-01-05"]
["2021-01-06"]
["2021-01-07"]
["2021-01-08"]
["2021-01-09"]
["2021-01-10"]
["2021-01-11"]
["2021-01-12"]
["2021-01-13"]
["2021-01-14"]
["2021-01-15"]
["2021-01-16"]
["2021-01-17"]
["2021-01-18"]
["2021-01-19"]
["2021-01-20"]
["2021-01-21"]
["2021-01-22"]
["2021-01-23"]
["2021-01-24"]
["2021-01-25"]
["2021-01-26"]
["2021-01-27"]
["2021-01-28"]
["2021-01-29"]
["2021-01-30"]
["2021-01-31"]
["2021-02-01"]
["2021-02-02"]
["2021-02-03"]
["2021-02-04"]
["2021-02-05"]
["2021-02-06"]
["2021-02-07"]
["2021-02-08"]
["2021-02-09"]
["2021-02-10"]
["2021-02-11"]
["2021-02-12"]
["2021-02-13"]
["2021-02-14"]
["2021-02-15"]
["2021-02-16"]
["2021-02-17"]
["2021-02-18"]
["2021-02-19"]
["2021-02-20"]
["2021-02-21"]
["2021-02-22"]
["2021-02-23"]
["2021-02-24"]
["2021-02-25"]
["2021-02-26"]
["2021-02-27"]
["2021-02-28"]
["2021-03-01"]
["2021-03-02"]
["2021-03-03"]
["2021-03-04"]
["2021-03-05"]
["2021-03-06"]
["2021-03-07"]
["2021-03-08"]
["2021-03-09"]
["2021-03-10"]
["2021-03-11"]
["2021-03-12"]
["2021-03-13"]
["2021-03-14"]
["2021-03-15"]
["2021-03-16"]
["2021-03-17"]
["2021-03-18"]
["2021-03-19"]
["2021-03-20"]
["2021-03-21"]
["2021-03-22"]
["2021-03-23"]
["2021-03-24"]
["2021-03-25"]
["2021-03-26"]
["2021-03-27"]
["2021-03-28"]
["2021-03-29"]
["2021-03-30"]
["2021-03-31"]
["2021-04-01"]
["2021-04-02"]
["2021-04-03"]
["2021-04-04"]
["2021-04-05"]
["2021-04-06"]
["2021-04-07"]
["2021-04-08"]
["2021-04-09"]
["2021-04-10"]
["2021-04-11"]
["2021-04-12"]
["2021-04-13"]
["2021-04-14"]
["2021-04-15"]
["2021-04-16"]
["2021-04-17"]
["2021-04-18"]
["2021-04-19"]
["2021-04-20"]
["2021-04-21"]
["2021-04-22"]
["2021-04-23"]
["2021-04-24"]
["2021-04-25"]
["2021-04-26"]
["2021-04-27"]
["2021-04-28"]
["2021-04-29"]
["2021-04-30"]
["2021-05-01"]
["2021-05-02"]
["2021-05-03"]
["2021-05-04"]
["2021-05-05"]
["2021-05-06"]
["2021-05-07"]
["2021-05-08"]
["2021-05-09"]
["2021-05-10"]
["2021-05-11"]
["2021-05-12"]
["2021-05-13"]
["2021-05-14"]
["2021-05-15"]
["2021-05-16"]
["2021-05-17"]
["2021-05-18"]
["2021-05-19"]
["2021-05-20"]
["2021-05-21"]
["2021-05-22"]
["2021-05-23"]
["2021-05-24"]
["2021-05-25"]
["2021-05-26"]
["2021-05-27"]
["2021-05-28"]
["2021-05-29"]
["2021-05-30"]
["2021-05-31"]
["2021-06-01"]
["2021-06-02"]
["2021-06-03"]
["2021-06-04"]
["2021-06-05"]
["2021-06-06"]
["2021-06-07"]
["2021-06-08"]
["2021-06-09"]
["2021-06-10"]
["2021-06-11"]
["2021-06-12"]
["2021-06-13"]
["2021-06-14"]
["2021-06-15"]
["2021-06-16"]
["2021-06-17"]
["2021-06-18"]
["2021-06-19"]
["2021-06-20"]
["2021-06-21"]
["2021-06-22"]
["2021-06-23"]
["2021-06-24"]
["2021-06-25"]
["2021-06-26"]
["2021-06-27"]
["2021-06-28"]
["2021-06-29"]
["2021-06-30"]
["2021-07-01"]
["2021-07-02"]
["2021-07-03"]
["2021-07-04"]
["2021-07-05"]
["2021-07-06"]
["2021-07-07"]
["2021-07-08"]
["2021-07-09"]
["2021-07-10"]
["2021-07-11"]
["2021-07-12"]
["2021-07-13"]
["2021-07-14"]
["2021-07-15"]

{"sheet":"NGG","index":2,"n_rows":4952,"n_cols":51,"rows_kept":1125,"cut":true,"hidden":false,"merged":[[2,1,2,6],[3,1,3,6],[4,1,4,6]],"bounds":{"rows_first":500,"rows_last":125,"rows_between":500,"halvings":2}}
[null,null,null,null,null,null,null,1,2,3,4,5,6,7,8,9,10,11,12,13,14,15,16,17,18,19,20,null,1,2,3,4,5,6,7,8,9,10,11,12,13,14,15,16,17,18,19,20]
[null,null,null,null,null,null,null,"G","G","G","G","G","G","G","G","G","G","G","G","G","G","G","G","G","G","G","G"]
[null,"Ecart Moyen",null,null,null,null,null,{"$f":"AVEDEV(H6:H5749)","v":11.373705113473235},11.496216335105096,10.211462223499257,11.733570184573145,10.4604215742603,13.022899310543236,9.9936917372879002,10.122522712582287,10.482111103131251,13.008819663890044,10.001377477736193,12.738917516518333,14.365045155845809,11.308669383797579,12.605231255386647,14.107051134731663,5.5314209278937598,5.9053349432639317,1.8128417660152085,11.987695705257918]
[null,"Ecart Maximum",null,null,null,null,null,{"$f":"MAX(H6:H4952)","v":77},80,78,107,99,104,70,129,89,121,65,99,93,96,113,94,71,53,19,36]
[null,"report ",null,null,null,null,null,0,0,0,0,0,0,0,0,0,0,0,0,0,0,0,0,0,0,0,0]
[{"$f":"IF(generale!$A16>0,generale!$A16,\"\")","v":"2005-01-01"},{"$f":"IF(INDEX(generale!$A$16:$G$4963,MATCH(NGG!$A6,generale!$A$16:$A$4963,0),COLUMN())=0,0,INDEX(generale!$A$16:$G$4963,MATCH(NGG!$A6,generale!$A$16:$A$4963,0),COLUMN()))","v":9},{"$f":"IF(INDEX(generale!$A$16:$G$4963,MATCH(NGG!$A6,generale!$A$16:$A$4963,0),COLUMN())=0,0,INDEX(generale!$A$16:$G$4963,MATCH(NGG!$A6,generale!$A$16:$A$4963,0),COLUMN()))","v":2},{"$f":"IF(INDEX(generale!$A$16:$G$4963,MATCH(NGG!$A6,generale!$A$16:$A$4963,0),COLUMN())=0,0,INDEX(generale!$A$16:$G$4963,MATCH(NGG!$A6,generale!$A$16:$A$4963,0),COLUMN()))","v":6},{"$f":"IF(INDEX(generale!$A$16:$G$4963,MATCH(NGG!$A6,generale!$A$16:$A$4963,0),COLUMN())=0,0,INDEX(generale!$A$16:$G$4963,MATCH(NGG!$A6,generale!$A$16:$A$4963,0),COLUMN()))","v":5},{"$f":"IF(INDEX(generale!$A$16:$G$4963,MATCH(NGG!$A6,generale!$A$16:$A$4963,0),COLUMN())=0,0,INDEX(generale!$A$16:$G$4963,MATCH(NGG!$A6,generale!$A$16:$A$4963,0),COLUMN()))","v":17},{"$f":"generale!G16","v":"T"},{"$f":"IF(COUNTIF($B6:$D6,0)<3,IF(LEN(SUBSTITUTE(SUBSTITUTE($B6,H$1,,1),,1))=0,0,H5+1-AC6),\"\")","v":1},{"$f":"IF(COUNTIF($B6:$D6,0)<3,IF(LEN(SUBSTITUTE(SUBSTITUTE($B6,I$1,,1),,1))=0,0,I5+1-AD6),\"\")","v":1},1,1,1,1,1,1,0,1,1,1,1,1,1,1,1,0,0,0,null,null,null,null,null,null,null,null,null,null,null,null,null,null,null,null,null,null,1,1,1,{"$f":"IF(A6<>\"\",20-SUM(AC6:AV6),\"\")","v":17},"9",20]
[{"$f":"IF(generale!$A17>0,generale!$A17,\"\")","v":"2005-01-02"},{"$f":"IF(INDEX(generale!$A$16:$G$4963,MATCH(NGG!$A7,generale!$A$16:$A$4963,0),COLUMN())=0,0,INDEX(generale!$A$16:$G$4963,MATCH(NGG!$A7,generale!$A$16:$A$4963,0),COLUMN()))","v":8},{"$f":"IF(INDEX(generale!$A$16:$G$4963,MATCH(NGG!$A7,generale!$A$16:$A$4963,0),COLUMN())=0,0,INDEX(generale!$A$16:$G$4963,MATCH(NGG!$A7,generale!$A$16:$A$4963,0),COLUMN()))","v":5},{"$f":"IF(INDEX(generale!$A$16:$G$4963,MATCH(NGG!$A7,generale!$A$16:$A$4963,0),COLUMN())=0,0,INDEX(generale!$A$16:$G$4963,MATCH(NGG!$A7,generale!$A$16:$A$4963,0),COLUMN()))","v":7},{"$f":"IF(INDEX(generale!$A$16:$G$4963,MATCH(NGG!$A7,generale!$A$16:$A$4963,0),COLUMN())=0,0,INDEX(generale!$A$16:$G$4963,MATCH(NGG!$A7,generale!$A$16:$A$4963,0),COLUMN()))","v":2},{"$f":"IF(INDEX(generale!$A$16:$G$4963,MATCH(NGG!$A7,generale!$A$16:$A$4963,0),COLUMN())=0,0,INDEX(generale!$A$16:$G$4963,MATCH(NGG!$A7,generale!$A$16:$A$4963,0),COLUMN()))","v":3},{"$f":"generale!G17","v":"T"},2,2,2,2,2,2,2,0,1,2,2,2,2,2,2,2,2,0,0,0,null,null,null,null,null,null,null,null,null,null,null,null,null,null,null,null,null,null,1,1,1,17,null,15]
[{"$f":"IF(generale!$A18>0,generale!$A18,\"\")","v":"2005-01-03"},{"$f":"IF(INDEX(generale!$A$16:$G$4963,MATCH(NGG!$A8,generale!$A$16:$A$4963,0),COLUMN())=0,0,INDEX(generale!$A$16:$G$4963,MATCH(NGG!$A8,generale!$A$16:$A$4963,0),COLUMN()))","v":5},{"$f":"IF(INDEX(generale!$A$16:$G$4963,MATCH(NGG!$A8,generale!$A$16:$A$4963,0),COLUMN())=0,0,INDEX(generale!$A$16:$G$4963,MATCH(NGG!$A8,generale!$A$16:$A$4963,0),COLUMN()))","v":13},{"$f":"IF(INDEX(generale!$A$16:$G$4963,MATCH(NGG!$A8,generale!$A$16:$A$4963,0),COLUMN())=0,0,INDEX(generale!$A$16:$G$4963,MATCH(NGG!$A8,generale!$A$16:$A$4963,0),COLUMN()))","v":4},{"$f":"IF(INDEX(generale!$A$16:$G$4963,MATCH(NGG!$A8,generale!$A$16:$A$4963,0),COLUMN())=0,0,INDEX(generale!$A$16:$G$4963,MATCH(NGG!$A8,generale!$A$16:$A$4963,0),COLUMN()))","v":3},{"$f":"IF(INDEX(generale!$A$16:$G$4963,MATCH(NGG!$A8,generale!$A$16:$A$4963,0),COLUMN())=0,0,INDEX(generale!$A$16:$G$4963,MATCH(NGG!$A8,generale!$A$16:$A$4963,0),COLUMN()))","v":10},{"$f":"generale!G18","v":"O"},3,3,3,3,0,3,3,1,2,3,3,3,3,3,3,3,3,1,0,0,null,null,null,null,null,null,null,null,null,null,null,null,null,null,null,null,null,null,null,1,1,18,null,16]
[{"$f":"IF(generale!$A19>0,generale!$A19,\"\")","v":"2005-01-04"},{"$f":"IF(INDEX(generale!$A$16:$G$4963,MATCH(NGG!$A9,generale!$A$16:$A$4963,0),COLUMN())=0,0,INDEX(generale!$A$16:$G$4963,MATCH(NGG!$A9,generale!$A$16:$A$4963,0),COLUMN()))","v":4},{"$f":"IF(INDEX(generale!$A$16:$G$4963,MATCH(NGG!$A9,generale!$A$16:$A$4963,0),COLUMN())=0,0,INDEX(generale!$A$16:$G$4963,MATCH(NGG!$A9,generale!$A$16:$A$4963,0),COLUMN()))","v":9},{"$f":"IF(INDEX(generale!$A$16:$G$4963,MATCH(NGG!$A9,generale!$A$16:$A$4963,0),COLUMN())=0,0,INDEX(generale!$A$16:$G$4963,MATCH(NGG!$A9,generale!$A$16:$A$4963,0),COLUMN()))","v":14},{"$f":"IF(INDEX(generale!$A$16:$G$4963,MATCH(NGG!$A9,generale!$A$16:$A$4963,0),COLUMN())=0,0,INDEX(generale!$A$16:$G$4963,MATCH(NGG!$A9,generale!$A$16:$A$4963,0),COLUMN()))","v":3},{"$f":"IF(INDEX(generale!$A$16:$G$4963,MATCH(NGG!$A9,generale!$A$16:$A$4963,0),COLUMN())=0,0,INDEX(generale!$A$16:$G$4963,MATCH(NGG!$A9,generale!$A$16:$A$4963,0),COLUMN()))","v":8},{"$f":"generale!G19","v":"T"},4,4,4,0,1,4,4,2,3,4,4,4,4,4,4,4,4,2,0,0,null,null,null,null,null,null,null,null,null,null,null,null,null,null,null,null,null,null,null,1,1,18,"6",17]
[{"$f":"IF(generale!$A20>0,generale!$A20,\"\")","v":"2005-01-05"},{"$f":"IF(INDEX(generale!$A$16:$G$4963,MATCH(NGG!$A10,generale!$A$16:$A$4963,0),COLUMN())=0,0,INDEX(generale!$A$16:$G$4963,MATCH(NGG!$A10,generale!$A$16:$A$4963,0),COLUMN()))","v":3},{"$f":"IF(INDEX(generale!$A$16:$G$4963,MATCH(NGG!$A10,generale!$A$16:$A$4963,0),COLUMN())=0,0,INDEX(generale!$A$16:$G$4963,MATCH(NGG!$A10,generale!$A$16:$A$4963,0),COLUMN()))","v":7},{"$f":"IF(INDEX(generale!$A$16:$G$4963,MATCH(NGG!$A10,generale!$A$16:$A$4963,0),COLUMN())=0,0,INDEX(generale!$A$16:$G$4963,MATCH(NGG!$A10,generale!$A$16:$A$4963,0),COLUMN()))","v":6},{"$f":"IF(INDEX(generale!$A$16:$G$4963,MATCH(NGG!$A10,generale!$A$16:$A$4963,0),COLUMN())=0,0,INDEX(generale!$A$16:$G$4963,MATCH(NGG!$A10,generale!$A$16:$A$4963,0),COLUMN()))","v":2},{"$f":"IF(INDEX(generale!$A$16:$G$4963,MATCH(NGG!$A10,generale!$A$16:$A$4963,0),COLUMN())=0,0,INDEX(generale!$A$16:$G$4963,MATCH(NGG!$A10,generale!$A$16:$A$4963,0),COLUMN()))","v":9},{"$f":"generale!G20","v":"P"},5,5,0,1,2,5,5,3,4,5,5,5,5,5,5,5,4,2,0,0,null,null,null,null,null,null,null,null,null,null,null,null,null,null,null,null,null,1,1,1,1,16,null,15]
[{"$f":"IF(generale!$A21>0,generale!$A21,\"\")","v":"2005-01-06"},{"$f":"IF(INDEX(generale!$A$16:$G$4963,MATCH(NGG!$A11,generale!$A$16:$A$4963,0),COLUMN())=0,0,INDEX(generale!$A$16:$G$4963,MATCH(NGG!$A11,generale!$A$16:$A$4963,0),COLUMN()))","v":10},{"$f":"IF(INDEX(generale!$A$16:$G$4963,MATCH(NGG!$A11,generale!$A$16:$A$4963,0),COLUMN())=0,0,INDEX(generale!$A$16:$G$4963,MATCH(NGG!$A11,generale!$A$16:$A$4963,0),COLUMN()))","v":13},{"$f":"IF(INDEX(generale!$A$16:$G$4963,MATCH(NGG!$A11,generale!$A$16:$A$4963,0),COLUMN())=0,0,INDEX(generale!$A$16:$G$4963,MATCH(NGG!$A11,generale!$A$16:$A$4963,0),COLUMN()))","v":6},{"$f":"IF(INDEX(generale!$A$16:$G$4963,MATCH(NGG!$A11,generale!$A$16:$A$4963,0),COLUMN())=0,0,INDEX(generale!$A$16:$G$4963,MATCH(NGG!$A11,generale!$A$16:$A$4963,0),COLUMN()))","v":16},{"$f":"IF(INDEX(generale!$A$16:$G$4963,MATCH(NGG!$A11,generale!$A$16:$A$4963,0),COLUMN())=0,0,INDEX(generale!$A$16:$G$4963,MATCH(NGG!$A11,generale!$A$16:$A$4963,0),COLUMN()))","v":12},{"$f":"generale!G21","v":"T"},6,6,1,2,3,6,6,4,5,0,6,6,6,6,6,6,5,2,0,0,null,null,null,null,null,null,null,null,null,null,null,null,null,null,null,null,null,null,1,1,1,17,null,16]
[{"$f":"IF(generale!$A22>0,generale!$A22,\"\")","v":"2005-01-07"},{"$f":"IF(INDEX(generale!$A$16:$G$4963,MATCH(NGG!$A12,generale!$A$16:$A$4963,0),COLUMN())=0,0,INDEX(generale!$A$16:$G$4963,MATCH(NGG!$A12,generale!$A$16:$A$4963,0),COLUMN()))","v":11},{"$f":"IF(INDEX(generale!$A$16:$G$4963,MATCH(NGG!$A12,generale!$A$16:$A$4963,0),COLUMN())=0,0,INDEX(generale!$A$16:$G$4963,MATCH(NGG!$A12,generale!$A$16:$A$4963,0),COLUMN()))","v":12},{"$f":"IF(INDEX(generale!$A$16:$G$4963,MATCH(NGG!$A12,generale!$A$16:$A$4963,0),COLUMN())=0,0,INDEX(generale!$A$16:$G$4963,MATCH(NGG!$A12,generale!$A$16:$A$4963,0),COLUMN()))","v":2},{"$f":"IF(INDEX(generale!$A$16:$G$4963,MATCH(NGG!$A12,generale!$A$16:$A$4963,0),COLUMN())=0,0,INDEX(generale!$A$16:$G$4963,MATCH(NGG!$A12,generale!$A$16:$A$4963,0),COLUMN()))","v":1},{"$f":"IF(INDEX(generale!$A$16:$G$4963,MATCH(NGG!$A12,generale!$A$16:$A$4963,0),COLUMN())=0,0,INDEX(generale!$A$16:$G$4963,MATCH(NGG!$A12,generale!$A$16:$A$4963,0),COLUMN()))","v":9},{"$f":"generale!G22","v":"O"},7,7,2,3,4,7,7,5,6,1,0,7,7,7,7,6,5,2,0,0,null,null,null,null,null,null,null,null,null,null,null,null,null,null,null,null,1,1,1,1,1,15,null,14]
[{"$f":"IF(generale!$A23>0,generale!$A23,\"\")","v":"2005-01-08"},{"$f":"IF(INDEX(generale!$A$16:$G$4963,MATCH(NGG!$A13,generale!$A$16:$A$4963,0),COLUMN())=0,0,INDEX(generale!$A$16:$G$4963,MATCH(NGG!$A13,generale!$A$16:$A$4963,0),COLUMN()))","v":6},{"$f":"IF(INDEX(generale!$A$16:$G$4963,MATCH(NGG!$A13,generale!$A$16:$A$4963,0),COLUMN())=0,0,INDEX(generale!$A$16:$G$4963,MATCH(NGG!$A13,generale!$A$16:$A$4963,0),COLUMN()))","v":11},{"$f":"IF(INDEX(generale!$A$16:$G$4963,MATCH(NGG!$A13,generale!$A$16:$A$4963,0),COLUMN())=0,0,INDEX(generale!$A$16:$G$4963,MATCH(NGG!$A13,generale!$A$16:$A$4963,0),COLUMN()))","v":4},{"$f":"IF(INDEX(generale!$A$16:$G$4963,MATCH(NGG!$A13,generale!$A$16:$A$4963,0),COLUMN())=0,0,INDEX(generale!$A$16:$G$4963,MATCH(NGG!$A13,generale!$A$16:$A$4963,0),COLUMN()))","v":2},{"$f":"IF(INDEX(generale!$A$16:$G$4963,MATCH(NGG!$A13,generale!$A$16:$A$4963,0),COLUMN())=0,0,INDEX(generale!$A$16:$G$4963,MATCH(NGG!$A13,generale!$A$16:$A$4963,0),COLUMN()))","v":18},{"$f":"generale!G23","v":"T"},8,8,3,4,5,0,8,6,7,2,1,8,8,8,8,7,6,3,1,1,null,null,null,null,null,null,null,null,null,null,null,null,null,null,null,null,null,null,null,null,null,20,null,18]
[{"$f":"IF(generale!$A24>0,generale!$A24,\"\")","v":"2005-01-09"},{"$f":"IF(INDEX(generale!$A$16:$G$4963,MATCH(NGG!$A14,generale!$A$16:$A$4963,0),COLUMN())=0,0,INDEX(generale!$A$16:$G$4963,MATCH(NGG!$A14,generale!$A$16:$A$4963,0),COLUMN()))","v":5},{"$f":"IF(INDEX(generale!$A$16:$G$4963,MATCH(NGG!$A14,generale!$A$16:$A$4963,0),COLUMN())=0,0,INDEX(generale!$A$16:$G$4963,MATCH(NGG!$A14,generale!$A$16:$A$4963,0),COLUMN()))","v":4},{"$f":"IF(INDEX(generale!$A$16:$G$4963,MATCH(NGG!$A14,generale!$A$16:$A$4963,0),COLUMN())=0,0,INDEX(generale!$A$16:$G$4963,MATCH(NGG!$A14,generale!$A$16:$A$4963,0),COLUMN()))","v":9},{"$f":"IF(INDEX(generale!$A$16:$G$4963,MATCH(NGG!$A14,generale!$A$16:$A$4963,0),COLUMN())=0,0,INDEX(generale!$A$16:$G$4963,MATCH(NGG!$A14,generale!$A$16:$A$4963,0),COLUMN()))","v":12},{"$f":"IF(INDEX(generale!$A$16:$G$4963,MATCH(NGG!$A14,generale!$A$16:$A$4963,0),COLUMN())=0,0,INDEX(generale!$A$16:$G$4963,MATCH(NGG!$A14,generale!$A$16:$A$4963,0),COLUMN()))","v":8},{"$f":"generale!G24","v":"T"},9,9,4,5,0,1,9,7,8,3,2,9,9,9,9,8,7,4,1,1,null,null,null,null,null,null,null,null,null,null,null,null,null,null,null,null,null,null,null,1,1,18,"7-13-14",18]
[{"$f":"IF(generale!$A25>0,generale!$A25,\"\")","v":"2005-01-10"},{"$f":"IF(INDEX(generale!$A$16:$G$4963,MATCH(NGG!$A15,generale!$A$16:$A$4963,0),COLUMN())=0,0,INDEX(generale!$A$16:$G$4963,MATCH(NGG!$A15,generale!$A$16:$A$4963,0),COLUMN()))","v":9},{"$f":"IF(INDEX(generale!$A$16:$G$4963,MATCH(NGG!$A15,generale!$A$16:$A$4963,0),COLUMN())=0,0,INDEX(generale!$A$16:$G$4963,MATCH(NGG!$A15,generale!$A$16:$A$4963,0),COLUMN()))","v":16},{"$f":"IF(INDEX(generale!$A$16:$G$4963,MATCH(NGG!$A15,generale!$A$16:$A$4963,0),COLUMN())=0,0,INDEX(generale!$A$16:$G$4963,MATCH(NGG!$A15,generale!$A$16:$A$4963,0),COLUMN()))","v":5},{"$f":"IF(INDEX(generale!$A$16:$G$4963,MATCH(NGG!$A15,generale!$A$16:$A$4963,0),COLUMN())=0,0,INDEX(generale!$A$16:$G$4963,MATCH(NGG!$A15,generale!$A$16:$A$4963,0),COLUMN()))","v":14},{"$f":"IF(INDEX(generale!$A$16:$G$4963,MATCH(NGG!$A15,generale!$A$16:$A$4963,0),COLUMN())=0,0,INDEX(generale!$A$16:$G$4963,MATCH(NGG!$A15,generale!$A$16:$A$4963,0),COLUMN()))","v":11},{"$f":"generale!G25","v":"T"},10,10,5,6,1,2,10,8,0,4,3,10,10,10,10,9,8,5,1,1,null,null,null,null,null,null,null,null,null,null,null,null,null,null,null,null,null,null,null,1,1,18,"12",17]
[{"$f":"IF(generale!$A26>0,generale!$A26,\"\")","v":"2005-01-11"},{"$f":"IF(INDEX(generale!$A$16:$G$4963,MATCH(NGG!$A16,generale!$A$16:$A$4963,0),COLUMN())=0,0,INDEX(generale!$A$16:$G$4963,MATCH(NGG!$A16,generale!$A$16:$A$4963,0),COLUMN()))","v":19},{"$f":"IF(INDEX(generale!$A$16:$G$4963,MATCH(NGG!$A16,generale!$A$16:$A$4963,0),COLUMN())=0,0,INDEX(generale!$A$16:$G$4963,MATCH(NGG!$A16,generale!$A$16:$A$4963,0),COLUMN()))","v":9},{"$f":"IF(INDEX(generale!$A$16:$G$4963,MATCH(NGG!$A16,generale!$A$16:$A$4963,0),COLUMN())=0,0,INDEX(generale!$A$16:$G$4963,MATCH(NGG!$A16,generale!$A$16:$A$4963,0),COLUMN()))","v":4},{"$f":"IF(INDEX(generale!$A$16:$G$4963,MATCH(NGG!$A16,generale!$A$16:$A$4963,0),COLUMN())=0,0,INDEX(generale!$A$16:$G$4963,MATCH(NGG!$A16,generale!$A$16:$A$4963,0),COLUMN()))","v":12},{"$f":"IF(INDEX(generale!$A$16:$G$4963,MATCH(NGG!$A16,generale!$A$16:$A$4963,0),COLUMN())=0,0,INDEX(generale!$A$16:$G$4963,MATCH(NGG!$A16,generale!$A$16:$A$4963,0),COLUMN()))","v":11},{"$f":"generale!G26","v":"T"},11,11,6,7,2,3,11,9,1,5,4,11,11,11,11,10,9,6,0,1,null,null,null,null,null,null,null,null,null,null,null,null,null,null,null,null,null,null,null,null,1,19,null,19]
[{"$f":"IF(generale!$A27>0,generale!$A27,\"\")","v":"2005-01-12"},{"$f":"IF(INDEX(generale!$A$16:$G$4963,MATCH(NGG!$A17,generale!$A$16:$A$4963,0),COLUMN())=0,0,INDEX(generale!$A$16:$G$4963,MATCH(NGG!$A17,generale!$A$16:$A$4963,0),COLUMN()))","v":13},{"$f":"IF(INDEX(generale!$A$16:$G$4963,MATCH(NGG!$A17,generale!$A$16:$A$4963,0),COLUMN())=0,0,INDEX(generale!$A$16:$G$4963,MATCH(NGG!$A17,generale!$A$16:$A$4963,0),COLUMN()))","v":5},{"$f":"IF(INDEX(generale!$A$16:$G$4963,MATCH(NGG!$A17,generale!$A$16:$A$4963,0),COLUMN())=0,0,INDEX(generale!$A$16:$G$4963,MATCH(NGG!$A17,generale!$A$16:$A$4963,0),COLUMN()))","v":11},{"$f":"IF(INDEX(generale!$A$16:$G$4963,MATCH(NGG!$A17,generale!$A$16:$A$4963,0),COLUMN())=0,0,INDEX(generale!$A$16:$G$4963,MATCH(NGG!$A17,generale!$A$16:$A$4963,0),COLUMN()))","v":12},{"$f":"IF(INDEX(generale!$A$16:$G$4963,MATCH(NGG!$A17,generale!$A$16:$A$4963,0),COLUMN())=0,0,INDEX(generale!$A$16:$G$4963,MATCH(NGG!$A17,generale!$A$16:$A$4963,0),COLUMN()))","v":15},{"$f":"generale!G27","v":"O"},12,12,7,8,3,4,12,10,2,6,5,12,0,12,12,11,10,7,0,1,null,null,null,null,null,null,null,null,null,null,null,null,null,null,null,null,null,null,null,1,1,18,"9",17]
[{"$f":"IF(generale!$A28>0,generale!$A28,\"\")","v":"2005-01-13"},{"$f":"IF(INDEX(generale!$A$16:$G$4963,MATCH(NGG!$A18,generale!$A$16:$A$4963,0),COLUMN())=0,0,INDEX(generale!$A$16:$G$4963,MATCH(NGG!$A18,generale!$A$16:$A$4963,0),COLUMN()))","v":8},{"$f":"IF(INDEX(generale!$A$16:$G$4963,MATCH(NGG!$A18,generale!$A$16:$A$4963,0),COLUMN())=0,0,INDEX(generale!$A$16:$G$4963,MATCH(NGG!$A18,generale!$A$16:$A$4963,0),COLUMN()))","v":13},{"$f":"IF(INDEX(generale!$A$16:$G$4963,MATCH(NGG!$A18,generale!$A$16:$A$4963,0),COLUMN())=0,0,INDEX(generale!$A$16:$G$4963,MATCH(NGG!$A18,generale!$A$16:$A$4963,0),COLUMN()))","v":15},{"$f":"IF(INDEX(generale!$A$16:$G$4963,MATCH(NGG!$A18,generale!$A$16:$A$4963,0),COLUMN())=0,0,INDEX(generale!$A$16:$G$4963,MATCH(NGG!$A18,generale!$A$16:$A$4963,0),COLUMN()))","v":16},{"$f":"IF(INDEX(generale!$A$16:$G$4963,MATCH(NGG!$A18,generale!$A$16:$A$4963,0),COLUMN())=0,0,INDEX(generale!$A$16:$G$4963,MATCH(NGG!$A18,generale!$A$16:$A$4963,0),COLUMN()))","v":5},{"$f":"generale!G28","v":"T"},13,13,8,9,4,5,13,0,3,7,6,13,1,13,13,11,10,7,0,1,null,null,null,null,null,null,null,null,null,null,null,null,null,null,null,null,1,1,1,1,1,15,null,17]
[{"$f":"IF(generale!$A29>0,generale!$A29,\"\")","v":"2005-01-14"},{"$f":"IF(INDEX(generale!$A$16:$G$4963,MATCH(NGG!$A19,generale!$A$16:$A$4963,0),COLUMN())=0,0,INDEX(generale!$A$16:$G$4963,MATCH(NGG!$A19,generale!$A$16:$A$4963,0),COLUMN()))","v":11},{"$f":"IF(INDEX(generale!$A$16:$G$4963,MATCH(NGG!$A19,generale!$A$16:$A$4963,0),COLUMN())=0,0,INDEX(generale!$A$16:$G$4963,MATCH(NGG!$A19,generale!$A$16:$A$4963,0),COLUMN()))","v":3},{"$f":"IF(INDEX(generale!$A$16:$G$4963,MATCH(NGG!$A19,generale!$A$16:$A$4963,0),COLUMN())=0,0,INDEX(generale!$A$16:$G$4963,MATCH(NGG!$A19,generale!$A$16:$A$4963,0),COLUMN()))","v":5},{"$f":"IF(INDEX(generale!$A$16:$G$4963,MATCH(NGG!$A19,generale!$A$16:$A$4963,0),COLUMN())=0,0,INDEX(generale!$A$16:$G$4963,MATCH(NGG!$A19,generale!$A$16:$A$4963,0),COLUMN()))","v":15},{"$f":"IF(INDEX(generale!$A$16:$G$4963,MATCH(NGG!$A19,generale!$A$16:$A$4963,0),COLUMN())=0,0,INDEX(generale!$A$16:$G$4963,MATCH(NGG!$A19,generale!$A$16:$A$4963,0),COLUMN()))","v":13},{"$f":"generale!G29","v":"T"},14,14,9,10,5,6,14,1,4,{"$f":"IF(COUNTIF($B19:$D19,0)<3,IF(LEN(SUBSTITUTE(SUBSTITUTE($B19,Q$1,,1),,1))=0,0,Q18+1-AL19),\"\")","v":8},0,14,2,14,14,12,11,8,0,1,null,null,null,null,null,null,null,null,null,null,null,null,null,null,null,null,null,null,null,1,1,18,"12",15]
[{"$f":"IF(generale!$A30>0,generale!$A30,\"\")","v":"2005-01-15"},{"$f":"IF(INDEX(generale!$A$16:$G$4963,MATCH(NGG!$A20,generale!$A$16:$A$4963,0),COLUMN())=0,0,INDEX(generale!$A$16:$G$4963,MATCH(NGG!$A20,generale!$A$16:$A$4963,0),COLUMN()))","v":15},{"$f":"IF(INDEX(generale!$A$16:$G$4963,MATCH(NGG!$A20,generale!$A$16:$A$4963,0),COLUMN())=0,0,INDEX(generale!$A$16:$G$4963,MATCH(NGG!$A20,generale!$A$16:$A$4963,0),COLUMN()))","v":9},{"$f":"IF(INDEX(generale!$A$16:$G$4963,MATCH(NGG!$A20,generale!$A$16:$A$4963,0),COLUMN())=0,0,INDEX(generale!$A$16:$G$4963,MATCH(NGG!$A20,generale!$A$16:$A$4963,0),COLUMN()))","v":11},{"$f":"IF(INDEX(generale!$A$16:$G$4963,MATCH(NGG!$A20,generale!$A$16:$A$4963,0),COLUMN())=0,0,INDEX(generale!$A$16:$G$4963,MATCH(NGG!$A20,generale!$A$16:$A$4963,0),COLUMN()))","v":10},{"$f":"IF(INDEX(generale!$A$16:$G$4963,MATCH(NGG!$A20,generale!$A$16:$A$4963,0),COLUMN())=0,0,INDEX(generale!$A$16:$G$4963,MATCH(NGG!$A20,generale!$A$16:$A$4963,0),COLUMN()))","v":2},{"$f":"generale!G30","v":"T"},15,{"$f":"IF(COUNTIF($B20:$D20,0)<3,IF(LEN(SUBSTITUTE(SUBSTITUTE($B20,I$1,,1),,1))=0,0,I19+1-AD20),\"\")","v":15},10,11,6,7,15,2,5,9,1,15,3,15,0,13,12,9,0,1,null,null,null,null,null,null,null,null,null,null,null,null,null,null,null,null,null,null,null,1,1,18,"13",15]
[{"$f":"IF(generale!$A31>0,generale!$A31,\"\")","v":"2005-01-16"},{"$f":"IF(INDEX(generale!$A$16:$G$4963,MATCH(NGG!$A21,generale!$A$16:$A$4963,0),COLUMN())=0,0,INDEX(generale!$A$16:$G$4963,MATCH(NGG!$A21,generale!$A$16:$A$4963,0),COLUMN()))","v":6},{"$f":"IF(INDEX(generale!$A$16:$G$4963,MATCH(NGG!$A21,generale!$A$16:$A$4963,0),COLUMN())=0,0,INDEX(generale!$A$16:$G$4963,MATCH(NGG!$A21,generale!$A$16:$A$4963,0),COLUMN()))","v":2},{"$f":"IF(INDEX(generale!$A$16:$G$4963,MATCH(NGG!$A21,generale!$A$16:$A$4963,0),COLUMN())=0,0,INDEX(generale!$A$16:$G$4963,MATCH(NGG!$A21,generale!$A$16:$A$4963,0),COLUMN()))","v":3},{"$f":"IF(INDEX(generale!$A$16:$G$4963,MATCH(NGG!$A21,generale!$A$16:$A$4963,0),COLUMN())=0,0,INDEX(generale!$A$16:$G$4963,MATCH(NGG!$A21,generale!$A$16:$A$4963,0),COLUMN()))","v":14},{"$f":"IF(INDEX(generale!$A$16:$G$4963,MATCH(NGG!$A21,generale!$A$16:$A$4963,0),COLUMN())=0,0,INDEX(generale!$A$16:$G$4963,MATCH(NGG!$A21,generale!$A$16:$A$4963,0),COLUMN()))","v":15},{"$f":"generale!G31","v":"T"},16,16,11,12,7,0,16,3,6,10,2,16,4,16,1,14,13,10,0,1,null,null,null,null,null,null,null,null,null,null,null,null,null,null,null,null,null,null,null,1,1,18,null,15]
[{"$f":"IF(generale!$A32>0,generale!$A32,\"\")","v":"2005-01-17"},{"$f":"IF(INDEX(generale!$A$16:$G$4963,MATCH(NGG!$A22,generale!$A$16:$A$4963,0),COLUMN())=0,0,INDEX(generale!$A$16:$G$4963,MATCH(NGG!$A22,generale!$A$16:$A$4963,0),COLUMN()))","v":12},{"$f":"IF(INDEX(generale!$A$16:$G$4963,MATCH(NGG!$A22,generale!$A$16:$A$4963,0),COLUMN())=0,0,INDEX(generale!$A$16:$G$4963,MATCH(NGG!$A22,generale!$A$16:$A$4963,0),COLUMN()))","v":13},{"$f":"IF(INDEX(generale!$A$16:$G$4963,MATCH(NGG!$A22,generale!$A$16:$A$4963,0),COLUMN())=0,0,INDEX(generale!$A$16:$G$4963,MATCH(NGG!$A22,generale!$A$16:$A$4963,0),COLUMN()))","v":11},{"$f":"IF(INDEX(generale!$A$16:$G$4963,MATCH(NGG!$A22,generale!$A$16:$A$4963,0),COLUMN())=0,0,INDEX(generale!$A$16:$G$4963,MATCH(NGG!$A22,generale!$A$16:$A$4963,0),COLUMN()))","v":15},{"$f":"IF(INDEX(generale!$A$16:$G$4963,MATCH(NGG!$A22,generale!$A$16:$A$4963,0),COLUMN())=0,0,INDEX(generale!$A$16:$G$4963,MATCH(NGG!$A22,generale!$A$16:$A$4963,0),COLUMN()))","v":9},{"$f":"generale!G32","v":"T"},17,17,12,13,8,1,17,4,7,11,3,0,5,17,2,15,14,11,0,1,null,null,null,null,null,null,null,null,null,null,null,null,null,null,null,null,null,null,null,1,1,18,"15",18]
[{"$f":"IF(generale!$A33>0,generale!$A33,\"\")","v":"2005-01-18"},{"$f":"IF(INDEX(generale!$A$16:$G$4963,MATCH(NGG!$A23,generale!$A$16:$A$4963,0),COLUMN())=0,0,INDEX(generale!$A$16:$G$4963,MATCH(NGG!$A23,generale!$A$16:$A$4963,0),COLUMN()))","v":7},{"$f":"IF(INDEX(generale!$A$16:$G$4963,MATCH(NGG!$A23,generale!$A$16:$A$4963,0),COLUMN())=0,0,INDEX(generale!$A$16:$G$4963,MATCH(NGG!$A23,generale!$A$16:$A$4963,0),COLUMN()))","v":5},{"$f":"IF(INDEX(generale!$A$16:$G$4963,MATCH(NGG!$A23,generale!$A$16:$A$4963,0),COLUMN())=0,0,INDEX(generale!$A$16:$G$4963,MATCH(NGG!$A23,generale!$A$16:$A$4963,0),COLUMN()))","v":9},{"$f":"IF(INDEX(generale!$A$16:$G$4963,MATCH(NGG!$A23,generale!$A$16:$A$4963,0),COLUMN())=0,0,INDEX(generale!$A$16:$G$4963,MATCH(NGG!$A23,generale!$A$16:$A$4963,0),COLUMN()))","v":10},{"$f":"IF(INDEX(generale!$A$16:$G$4963,MATCH(NGG!$A23,generale!$A$16:$A$4963,0),COLUMN())=0,0,INDEX(generale!$A$16:$G$4963,MATCH(NGG!$A23,generale!$A$16:$A$4963,0),COLUMN()))","v":11},{"$f":"generale!G33","v":"T"},{"$f":"IF(COUNTIF($B23:$D23,0)<3,IF(LEN(SUBSTITUTE(SUBSTITUTE($B23,H$1,,1),,1))=0,0,H22+1-AC23),\"\")","v":18},18,13,14,9,2,0,5,8,12,4,1,6,18,3,16,15,12,0,1,null,null,null,null,null,null,null,null,null,null,null,null,null,null,null,null,null,null,null,1,1,18,null,18]
[{"$f":"IF(generale!$A34>0,generale!$A34,\"\")","v":"2005-01-19"},{"$f":"IF(INDEX(generale!$A$16:$G$4963,MATCH(NGG!$A24,generale!$A$16:$A$4963,0),COLUMN())=0,0,INDEX(generale!$A$16:$G$4963,MATCH(NGG!$A24,generale!$A$16:$A$4963,0),COLUMN()))","v":15},{"$f":"IF(INDEX(generale!$A$16:$G$4963,MATCH(NGG!$A24,generale!$A$16:$A$4963,0),COLUMN())=0,0,INDEX(generale!$A$16:$G$4963,MATCH(NGG!$A24,generale!$A$16:$A$4963,0),COLUMN()))","v":4},{"$f":"IF(INDEX(generale!$A$16:$G$4963,MATCH(NGG!$A24,generale!$A$16:$A$4963,0),COLUMN())=0,0,INDEX(generale!$A$16:$G$4963,MATCH(NGG!$A24,generale!$A$16:$A$4963,0),COLUMN()))","v":13},{"$f":"IF(INDEX(generale!$A$16:$G$4963,MATCH(NGG!$A24,generale!$A$16:$A$4963,0),COLUMN())=0,0,INDEX(generale!$A$16:$G$4963,MATCH(NGG!$A24,generale!$A$16:$A$4963,0),COLUMN()))","v":5},{"$f":"IF(INDEX(generale!$A$16:$G$4963,MATCH(NGG!$A24,generale!$A$16:$A$4963,0),COLUMN())=0,0,INDEX(generale!$A$16:$G$4963,MATCH(NGG!$A24,generale!$A$16:$A$4963,0),COLUMN()))","v":6},{"$f":"generale!G34","v":"P"},19,19,14,15,10,3,1,6,9,13,5,2,7,19,0,17,16,12,0,1,null,null,null,null,null,null,null,null,null,null,null,null,null,null,null,null,null,null,1,1,1,17,null,17]
[{"$f":"IF(generale!$A35>0,generale!$A35,\"\")","v":"2005-01-20"},{"$f":"IF(INDEX(generale!$A$16:$G$4963,MATCH(NGG!$A25,generale!$A$16:$A$4963,0),COLUMN())=0,0,INDEX(generale!$A$16:$G$4963,MATCH(NGG!$A25,generale!$A$16:$A$4963,0),COLUMN()))","v":1},{"$f":"IF(INDEX(generale!$A$16:$G$4963,MATCH(NGG!$A25,generale!$A$16:$A$4963,0),COLUMN())=0,0,INDEX(generale!$A$16:$G$4963,MATCH(NGG!$A25,generale!$A$16:$A$4963,0),COLUMN()))","v":13},{"$f":"IF(INDEX(generale!$A$16:$G$4963,MATCH(NGG!$A25,generale!$A$16:$A$4963,0),COLUMN())=0,0,INDEX(generale!$A$16:$G$4963,MATCH(NGG!$A25,generale!$A$16:$A$4963,0),COLUMN()))","v":2},{"$f":"IF(INDEX(generale!$A$16:$G$4963,MATCH(NGG!$A25,generale!$A$16:$A$4963,0),COLUMN())=0,0,INDEX(generale!$A$16:$G$4963,MATCH(NGG!$A25,generale!$A$16:$A$4963,0),COLUMN()))","v":12},{"$f":"IF(INDEX(generale!$A$16:$G$4963,MATCH(NGG!$A25,generale!$A$16:$A$4963,0),COLUMN())=0,0,INDEX(generale!$A$16:$G$4963,MATCH(NGG!$A25,generale!$A$16:$A$4963,0),COLUMN()))","v":17},{"$f":"generale!G35","v":"T"},0,20,15,16,11,4,2,7,10,14,6,3,8,20,1,18,17,13,0,1,null,null,null,null,null,null,null,null,null,null,null,null,null,null,null,null,null,null,null,1,1,18,"5-7",17]
[{"$f":"IF(generale!$A36>0,generale!$A36,\"\")","v":"2005-01-21"},{"$f":"IF(INDEX(generale!$A$16:$G$4963,MATCH(NGG!$A26,generale!$A$16:$A$4963,0),COLUMN())=0,0,INDEX(generale!$A$16:$G$4963,MATCH(NGG!$A26,generale!$A$16:$A$4963,0),COLUMN()))","v":1},{"$f":"IF(INDEX(generale!$A$16:$G$4963,MATCH(NGG!$A26,generale!$A$16:$A$4963,0),COLUMN())=0,0,INDEX(generale!$A$16:$G$4963,MATCH(NGG!$A26,generale!$A$16:$A$4963,0),COLUMN()))","v":8},{"$f":"IF(INDEX(generale!$A$16:$G$4963,MATCH(NGG!$A26,generale!$A$16:$A$4963,0),COLUMN())=0,0,INDEX(generale!$A$16:$G$4963,MATCH(NGG!$A26,generale!$A$16:$A$4963,0),COLUMN()))","v":10},{"$f":"IF(INDEX(generale!$A$16:$G$4963,MATCH(NGG!$A26,generale!$A$16:$A$4963,0),COLUMN())=0,0,INDEX(generale!$A$16:$G$4963,MATCH(NGG!$A26,generale!$A$16:$A$4963,0),COLUMN()))","v":13},{"$f":"IF(INDEX(generale!$A$16:$G$4963,MATCH(NGG!$A26,generale!$A$16:$A$4963,0),COLUMN())=0,0,INDEX(generale!$A$16:$G$4963,MATCH(NGG!$A26,generale!$A$16:$A$4963,0),COLUMN()))","v":9},{"$f":"generale!G36","v":"P"},0,21,16,17,12,5,3,8,11,15,7,4,9,21,2,19,17,13,0,1,null,null,null,null,null,null,null,null,null,null,null,null,null,null,null,null,null,1,1,1,1,16,"13",17]
[{"$f":"IF(generale!$A37>0,generale!$A37,\"\")","v":"2005-01-22"},{"$f":"IF(INDEX(generale!$A$16:$G$4963,MATCH(NGG!$A27,generale!$A$16:$A$4963,0),COLUMN())=0,0,INDEX(generale!$A$16:$G$4963,MATCH(NGG!$A27,generale!$A$16:$A$4963,0),COLUMN()))","v":19},{"$f":"IF(INDEX(generale!$A$16:$G$4963,MATCH(NGG!$A27,generale!$A$16:$A$4963,0),COLUMN())=0,0,INDEX(generale!$A$16:$G$4963,MATCH(NGG!$A27,generale!$A$16:$A$4963,0),COLUMN()))","v":11},{"$f":"IF(INDEX(generale!$A$16:$G$4963,MATCH(NGG!$A27,generale!$A$16:$A$4963,0),COLUMN())=0,0,INDEX(generale!$A$16:$G$4963,MATCH(NGG!$A27,generale!$A$16:$A$4963,0),COLUMN()))","v":14},{"$f":"IF(INDEX(generale!$A$16:$G$4963,MATCH(NGG!$A27,generale!$A$16:$A$4963,0),COLUMN())=0,0,INDEX(generale!$A$16:$G$4963,MATCH(NGG!$A27,generale!$A$16:$A$4963,0),COLUMN()))","v":7},{"$f":"IF(INDEX(generale!$A$16:$G$4963,MATCH(NGG!$A27,generale!$A$16:$A$4963,0),COLUMN())=0,0,INDEX(generale!$A$16:$G$4963,MATCH(NGG!$A27,generale!$A$16:$A$4963,0),COLUMN()))","v":15},{"$f":"generale!G37","v":"T"},1,22,17,18,13,6,4,9,12,16,8,5,10,22,3,20,18,14,0,1,null,null,null,null,null,null,null,null,null,null,null,null,null,null,null,null,null,null,null,null,1,19,"13",20]
[{"$f":"IF(generale!$A38>0,generale!$A38,\"\")","v":"2005-01-23"},{"$f":"IF(INDEX(generale!$A$16:$G$4963,MATCH(NGG!$A28,generale!$A$16:$A$4963,0),COLUMN())=0,0,INDEX(generale!$A$16:$G$4963,MATCH(NGG!$A28,generale!$A$16:$A$4963,0),COLUMN()))","v":19},{"$f":"IF(INDEX(generale!$A$16:$G$4963,MATCH(NGG!$A28,generale!$A$16:$A$4963,0),COLUMN())=0,0,INDEX(generale!$A$16:$G$4963,MATCH(NGG!$A28,generale!$A$16:$A$4963,0),COLUMN()))","v":18},{"$f":"IF(INDEX(generale!$A$16:$G$4963,MATCH(NGG!$A28,generale!$A$16:$A$4963,0),COLUMN())=0,0,INDEX(generale!$A$16:$G$4963,MATCH(NGG!$A28,generale!$A$16:$A$4963,0),COLUMN()))","v":16},{"$f":"IF(INDEX(generale!$A$16:$G$4963,MATCH(NGG!$A28,generale!$A$16:$A$4963,0),COLUMN())=0,0,INDEX(generale!$A$16:$G$4963,MATCH(NGG!$A28,generale!$A$16:$A$4963,0),COLUMN()))","v":13},{"$f":"IF(INDEX(generale!$A$16:$G$4963,MATCH(NGG!$A28,generale!$A$16:$A$4963,0),COLUMN())=0,0,INDEX(generale!$A$16:$G$4963,MATCH(NGG!$A28,generale!$A$16:$A$4963,0),COLUMN()))","v":4},{"$f":"generale!G38","v":"T"},2,23,18,19,14,7,5,10,13,17,9,6,11,23,4,21,19,15,0,1,null,null,null,null,null,null,null,null,null,null,null,null,null,null,null,null,null,null,null,null,1,19,null,19]
[{"$f":"IF(generale!$A39>0,generale!$A39,\"\")","v":"2005-01-24"},{"$f":"IF(INDEX(generale!$A$16:$G$4963,MATCH(NGG!$A29,generale!$A$16:$A$4963,0),COLUMN())=0,0,INDEX(generale!$A$16:$G$4963,MATCH(NGG!$A29,generale!$A$16:$A$4963,0),COLUMN()))","v":3},{"$f":"IF(INDEX(generale!$A$16:$G$4963,MATCH(NGG!$A29,generale!$A$16:$A$4963,0),COLUMN())=0,0,INDEX(generale!$A$16:$G$4963,MATCH(NGG!$A29,generale!$A$16:$A$4963,0),COLUMN()))","v":18},{"$f":"IF(INDEX(generale!$A$16:$G$4963,MATCH(NGG!$A29,generale!$A$16:$A$4963,0),COLUMN())=0,0,INDEX(generale!$A$16:$G$4963,MATCH(NGG!$A29,generale!$A$16:$A$4963,0),COLUMN()))","v":4},{"$f":"IF(INDEX(generale!$A$16:$G$4963,MATCH(NGG!$A29,generale!$A$16:$A$4963,0),COLUMN())=0,0,INDEX(generale!$A$16:$G$4963,MATCH(NGG!$A29,generale!$A$16:$A$4963,0),COLUMN()))","v":8},{"$f":"IF(INDEX(generale!$A$16:$G$4963,MATCH(NGG!$A29,generale!$A$16:$A$4963,0),COLUMN())=0,0,INDEX(generale!$A$16:$G$4963,MATCH(NGG!$A29,generale!$A$16:$A$4963,0),COLUMN()))","v":1},{"$f":"generale!G39","v":"P"},3,24,0,20,15,8,6,11,14,18,10,7,12,24,5,22,20,15,0,1,null,null,null,null,null,null,null,null,null,null,null,null,null,null,null,null,null,null,1,1,1,17,null,18]
[{"$f":"IF(generale!$A40>0,generale!$A40,\"\")","v":"2005-01-25"},{"$f":"IF(INDEX(generale!$A$16:$G$4963,MATCH(NGG!$A30,generale!$A$16:$A$4963,0),COLUMN())=0,0,INDEX(generale!$A$16:$G$4963,MATCH(NGG!$A30,generale!$A$16:$A$4963,0),COLUMN()))","v":5},{"$f":"IF(INDEX(generale!$A$16:$G$4963,MATCH(NGG!$A30,generale!$A$16:$A$4963,0),COLUMN())=0,0,INDEX(generale!$A$16:$G$4963,MATCH(NGG!$A30,generale!$A$16:$A$4963,0),COLUMN()))","v":2},{"$f":"IF(INDEX(generale!$A$16:$G$4963,MATCH(NGG!$A30,generale!$A$16:$A$4963,0),COLUMN())=0,0,INDEX(generale!$A$16:$G$4963,MATCH(NGG!$A30,generale!$A$16:$A$4963,0),COLUMN()))","v":11},{"$f":"IF(INDEX(generale!$A$16:$G$4963,MATCH(NGG!$A30,generale!$A$16:$A$4963,0),COLUMN())=0,0,INDEX(generale!$A$16:$G$4963,MATCH(NGG!$A30,generale!$A$16:$A$4963,0),COLUMN()))","v":8},{"$f":"IF(INDEX(generale!$A$16:$G$4963,MATCH(NGG!$A30,generale!$A$16:$A$4963,0),COLUMN())=0,0,INDEX(generale!$A$16:$G$4963,MATCH(NGG!$A30,generale!$A$16:$A$4963,0),COLUMN()))","v":12},{"$f":"generale!G40","v":"T"},4,25,1,21,0,9,7,12,15,19,11,8,13,25,6,23,21,16,0,1,null,null,null,null,null,null,null,null,null,null,null,null,null,null,null,null,null,null,null,1,1,18,null,16]
[{"$f":"IF(generale!$A41>0,generale!$A41,\"\")","v":"2005-01-26"},{"$f":"IF(INDEX(generale!$A$16:$G$4963,MATCH(NGG!$A31,generale!$A$16:$A$4963,0),COLUMN())=0,0,INDEX(generale!$A$16:$G$4963,MATCH(NGG!$A31,generale!$A$16:$A$4963,0),COLUMN()))","v":3},{"$f":"IF(INDEX(generale!$A$16:$G$4963,MATCH(NGG!$A31,generale!$A$16:$A$4963,0),COLUMN())=0,0,INDEX(generale!$A$16:$G$4963,MATCH(NGG!$A31,generale!$A$16:$A$4963,0),COLUMN()))","v":6},{"$f":"IF(INDEX(generale!$A$16:$G$4963,MATCH(NGG!$A31,generale!$A$16:$A$4963,0),COLUMN())=0,0,INDEX(generale!$A$16:$G$4963,MATCH(NGG!$A31,generale!$A$16:$A$4963,0),COLUMN()))","v":2},{"$f":"IF(INDEX(generale!$A$16:$G$4963,MATCH(NGG!$A31,generale!$A$16:$A$4963,0),COLUMN())=0,0,INDEX(generale!$A$16:$G$4963,MATCH(NGG!$A31,generale!$A$16:$A$4963,0),COLUMN()))","v":16},{"$f":"IF(INDEX(generale!$A$16:$G$4963,MATCH(NGG!$A31,generale!$A$16:$A$4963,0),COLUMN())=0,0,INDEX(generale!$A$16:$G$4963,MATCH(NGG!$A31,generale!$A$16:$A$4963,0),COLUMN()))","v":17},{"$f":"generale!G41","v":"P"},5,26,0,22,1,10,8,13,16,20,12,9,14,26,7,24,22,16,0,1,null,null,null,null,null,null,null,null,null,null,null,null,null,null,null,null,null,null,1,1,1,17,null,17]
[{"$f":"IF(generale!$A42>0,generale!$A42,\"\")","v":"2005-01-27"},{"$f":"IF(INDEX(generale!$A$16:$G$4963,MATCH(NGG!$A32,generale!$A$16:$A$4963,0),COLUMN())=0,0,INDEX(generale!$A$16:$G$4963,MATCH(NGG!$A32,generale!$A$16:$A$4963,0),COLUMN()))","v":3},{"$f":"IF(INDEX(generale!$A$16:$G$4963,MATCH(NGG!$A32,generale!$A$16:$A$4963,0),COLUMN())=0,0,INDEX(generale!$A$16:$G$4963,MATCH(NGG!$A32,generale!$A$16:$A$4963,0),COLUMN()))","v":1},{"$f":"IF(INDEX(generale!$A$16:$G$4963,MATCH(NGG!$A32,generale!$A$16:$A$4963,0),COLUMN())=0,0,INDEX(generale!$A$16:$G$4963,MATCH(NGG!$A32,generale!$A$16:$A$4963,0),COLUMN()))","v":2},{"$f":"IF(INDEX(generale!$A$16:$G$4963,MATCH(NGG!$A32,generale!$A$16:$A$4963,0),COLUMN())=0,0,INDEX(generale!$A$16:$G$4963,MATCH(NGG!$A32,generale!$A$16:$A$4963,0),COLUMN()))","v":13},{"$f":"IF(INDEX(generale!$A$16:$G$4963,MATCH(NGG!$A32,generale!$A$16:$A$4963,0),COLUMN())=0,0,INDEX(generale!$A$16:$G$4963,MATCH(NGG!$A32,generale!$A$16:$A$4963,0),COLUMN()))","v":11},{"$f":"generale!G42","v":"T"},6,27,0,23,2,11,9,14,17,21,13,10,15,27,8,25,23,17,0,1,null,null,null,null,null,null,null,null,null,null,null,null,null,null,null,null,null,null,null,1,1,18,null,18]
[{"$f":"IF(generale!$A43>0,generale!$A43,\"\")","v":"2005-01-28"},{"$f":"IF(INDEX(generale!$A$16:$G$4963,MATCH(NGG!$A33,generale!$A$16:$A$4963,0),COLUMN())=0,0,INDEX(generale!$A$16:$G$4963,MATCH(NGG!$A33,generale!$A$16:$A$4963,0),COLUMN()))","v":13},{"$f":"IF(INDEX(generale!$A$16:$G$4963,MATCH(NGG!$A33,generale!$A$16:$A$4963,0),COLUMN())=0,0,INDEX(generale!$A$16:$G$4963,MATCH(NGG!$A33,generale!$A$16:$A$4963,0),COLUMN()))","v":5},{"$f":"IF(INDEX(generale!$A$16:$G$4963,MATCH(NGG!$A33,generale!$A$16:$A$4963,0),COLUMN())=0,0,INDEX(generale!$A$16:$G$4963,MATCH(NGG!$A33,generale!$A$16:$A$4963,0),COLUMN()))","v":14},{"$f":"IF(INDEX(generale!$A$16:$G$4963,MATCH(NGG!$A33,generale!$A$16:$A$4963,0),COLUMN())=0,0,INDEX(generale!$A$16:$G$4963,MATCH(NGG!$A33,generale!$A$16:$A$4963,0),COLUMN()))","v":17},{"$f":"IF(INDEX(generale!$A$16:$G$4963,MATCH(NGG!$A33,generale!$A$16:$A$4963,0),COLUMN())=0,0,INDEX(generale!$A$16:$G$4963,MATCH(NGG!$A33,generale!$A$16:$A$4963,0),COLUMN()))","v":8},{"$f":"generale!G43","v":"T"},7,28,1,24,3,12,10,15,18,22,14,11,0,28,9,26,24,17,0,1,null,null,null,null,null,null,null,null,null,null,null,null,null,null,null,null,null,null,1,1,1,17,null,17]
[{"$f":"IF(generale!$A44>0,generale!$A44,\"\")","v":"2005-01-29"},{"$f":"IF(INDEX(generale!$A$16:$G$4963,MATCH(NGG!$A34,generale!$A$16:$A$4963,0),COLUMN())=0,0,INDEX(generale!$A$16:$G$4963,MATCH(NGG!$A34,generale!$A$16:$A$4963,0),COLUMN()))","v":14},{"$f":"IF(INDEX(generale!$A$16:$G$4963,MATCH(NGG!$A34,generale!$A$16:$A$4963,0),COLUMN())=0,0,INDEX(generale!$A$16:$G$4963,MATCH(NGG!$A34,generale!$A$16:$A$4963,0),COLUMN()))","v":9},{"$f":"IF(INDEX(generale!$A$16:$G$4963,MATCH(NGG!$A34,generale!$A$16:$A$4963,0),COLUMN())=0,0,INDEX(generale!$A$16:$G$4963,MATCH(NGG!$A34,generale!$A$16:$A$4963,0),COLUMN()))","v":2},{"$f":"IF(INDEX(generale!$A$16:$G$4963,MATCH(NGG!$A34,generale!$A$16:$A$4963,0),COLUMN())=0,0,INDEX(generale!$A$16:$G$4963,MATCH(NGG!$A34,generale!$A$16:$A$4963,0),COLUMN()))","v":13},{"$f":"IF(INDEX(generale!$A$16:$G$4963,MATCH(NGG!$A34,generale!$A$16:$A$4963,0),COLUMN())=0,0,INDEX(generale!$A$16:$G$4963,MATCH(NGG!$A34,generale!$A$16:$A$4963,0),COLUMN()))","v":12},{"$f":"generale!G44","v":"T"},8,29,2,25,4,13,11,16,19,23,15,12,1,0,10,26,24,17,0,1,null,null,null,null,null,null,null,null,null,null,null,null,null,null,null,null,1,1,1,1,1,15,null,15]
[{"$f":"IF(generale!$A45>0,generale!$A45,\"\")","v":"2005-01-30"},{"$f":"IF(INDEX(generale!$A$16:$G$4963,MATCH(NGG!$A35,generale!$A$16:$A$4963,0),COLUMN())=0,0,INDEX(generale!$A$16:$G$4963,MATCH(NGG!$A35,generale!$A$16:$A$4963,0),COLUMN()))","v":18},{"$f":"IF(INDEX(generale!$A$16:$G$4963,MATCH(NGG!$A35,generale!$A$16:$A$4963,0),COLUMN())=0,0,INDEX(generale!$A$16:$G$4963,MATCH(NGG!$A35,generale!$A$16:$A$4963,0),COLUMN()))","v":14},{"$f":"IF(INDEX(generale!$A$16:$G$4963,MATCH(NGG!$A35,generale!$A$16:$A$4963,0),COLUMN())=0,0,INDEX(generale!$A$16:$G$4963,MATCH(NGG!$A35,generale!$A$16:$A$4963,0),COLUMN()))","v":12},{"$f":"IF(INDEX(generale!$A$16:$G$4963,MATCH(NGG!$A35,generale!$A$16:$A$4963,0),COLUMN())=0,0,INDEX(generale!$A$16:$G$4963,MATCH(NGG!$A35,generale!$A$16:$A$4963,0),COLUMN()))","v":15},{"$f":"IF(INDEX(generale!$A$16:$G$4963,MATCH(NGG!$A35,generale!$A$16:$A$4963,0),COLUMN())=0,0,INDEX(generale!$A$16:$G$4963,MATCH(NGG!$A35,generale!$A$16:$A$4963,0),COLUMN()))","v":11},{"$f":"generale!G45","v":"T"},9,30,3,26,5,14,12,17,20,24,16,13,2,1,11,27,{"$f":"IF(COUNTIF($B35:$D35,0)<3,IF(LEN(SUBSTITUTE(SUBSTITUTE($B35,X$1,,1),,1))=0,0,X34+1-AS35),\"\")","v":25},0,0,1,null,null,null,null,null,null,null,null,null,null,null,null,null,null,null,null,null,null,null,1,1,18,null,18]
[{"$f":"IF(generale!$A46>0,generale!$A46,\"\")","v":"2005-01-31"},{"$f":"IF(INDEX(generale!$A$16:$G$4963,MATCH(NGG!$A36,generale!$A$16:$A$4963,0),COLUMN())=0,0,INDEX(generale!$A$16:$G$4963,MATCH(NGG!$A36,generale!$A$16:$A$4963,0),COLUMN()))","v":7},{"$f":"IF(INDEX(generale!$A$16:$G$4963,MATCH(NGG!$A36,generale!$A$16:$A$4963,0),COLUMN())=0,0,INDEX(generale!$A$16:$G$4963,MATCH(NGG!$A36,generale!$A$16:$A$4963,0),COLUMN()))","v":1},{"$f":"IF(INDEX(generale!$A$16:$G$4963,MATCH(NGG!$A36,generale!$A$16:$A$4963,0),COLUMN())=0,0,INDEX(generale!$A$16:$G$4963,MATCH(NGG!$A36,generale!$A$16:$A$4963,0),COLUMN()))","v":5},{"$f":"IF(INDEX(generale!$A$16:$G$4963,MATCH(NGG!$A36,generale!$A$16:$A$4963,0),COLUMN())=0,0,INDEX(generale!$A$16:$G$4963,MATCH(NGG!$A36,generale!$A$16:$A$4963,0),COLUMN()))","v":6},{"$f":"IF(INDEX(generale!$A$16:$G$4963,MATCH(NGG!$A36,generale!$A$16:$A$4963,0),COLUMN())=0,0,INDEX(generale!$A$16:$G$4963,MATCH(NGG!$A36,generale!$A$16:$A$4963,0),COLUMN()))","v":10},{"$f":"generale!G46","v":"T"},10,31,4,27,6,15,0,18,21,25,17,14,3,2,12,27,25,0,0,1,null,null,null,null,null,null,null,null,null,null,null,null,null,null,null,null,1,1,1,1,1,15,null,18]
[{"$f":"IF(generale!$A47>0,generale!$A47,\"\")","v":"2005-02-01"},{"$f":"IF(INDEX(generale!$A$16:$G$4963,MATCH(NGG!$A37,generale!$A$16:$A$4963,0),COLUMN())=0,0,INDEX(generale!$A$16:$G$4963,MATCH(NGG!$A37,generale!$A$16:$A$4963,0),COLUMN()))","v":10},{"$f":"IF(INDEX(generale!$A$16:$G$4963,MATCH(NGG!$A37,generale!$A$16:$A$4963,0),COLUMN())=0,0,INDEX(generale!$A$16:$G$4963,MATCH(NGG!$A37,generale!$A$16:$A$4963,0),COLUMN()))","v":9},{"$f":"IF(INDEX(generale!$A$16:$G$4963,MATCH(NGG!$A37,generale!$A$16:$A$4963,0),COLUMN())=0,0,INDEX(generale!$A$16:$G$4963,MATCH(NGG!$A37,generale!$A$16:$A$4963,0),COLUMN()))","v":1},{"$f":"IF(INDEX(generale!$A$16:$G$4963,MATCH(NGG!$A37,generale!$A$16:$A$4963,0),COLUMN())=0,0,INDEX(generale!$A$16:$G$4963,MATCH(NGG!$A37,generale!$A$16:$A$4963,0),COLUMN()))","v":5},{"$f":"IF(INDEX(generale!$A$16:$G$4963,MATCH(NGG!$A37,generale!$A$16:$A$4963,0),COLUMN())=0,0,INDEX(generale!$A$16:$G$4963,MATCH(NGG!$A37,generale!$A$16:$A$4963,0),COLUMN()))","v":17},{"$f":"generale!G47","v":"T"},11,32,5,28,7,16,1,19,22,0,18,15,4,3,13,28,26,1,0,1,null,null,null,null,null,null,null,null,null,null,null,null,null,null,null,null,null,null,null,1,1,18,"5",17]
[{"$f":"IF(generale!$A48>0,generale!$A48,\"\")","v":"2005-02-02"},{"$f":"IF(INDEX(generale!$A$16:$G$4963,MATCH(NGG!$A38,generale!$A$16:$A$4963,0),COLUMN())=0,0,INDEX(generale!$A$16:$G$4963,MATCH(NGG!$A38,generale!$A$16:$A$4963,0),COLUMN()))","v":7},{"$f":"IF(INDEX(generale!$A$16:$G$4963,MATCH(NGG!$A38,generale!$A$16:$A$4963,0),COLUMN())=0,0,INDEX(generale!$A$16:$G$4963,MATCH(NGG!$A38,generale!$A$16:$A$4963,0),COLUMN()))","v":11},{"$f":"IF(INDEX(generale!$A$16:$G$4963,MATCH(NGG!$A38,generale!$A$16:$A$4963,0),COLUMN())=0,0,INDEX(generale!$A$16:$G$4963,MATCH(NGG!$A38,generale!$A$16:$A$4963,0),COLUMN()))","v":1},{"$f":"IF(INDEX(generale!$A$16:$G$4963,MATCH(NGG!$A38,generale!$A$16:$A$4963,0),COLUMN())=0,0,INDEX(generale!$A$16:$G$4963,MATCH(NGG!$A38,generale!$A$16:$A$4963,0),COLUMN()))","v":5},{"$f":"IF(INDEX(generale!$A$16:$G$4963,MATCH(NGG!$A38,generale!$A$16:$A$4963,0),COLUMN())=0,0,INDEX(generale!$A$16:$G$4963,MATCH(NGG!$A38,generale!$A$16:$A$4963,0),COLUMN()))","v":9},{"$f":"generale!G48","v":"P"},12,33,6,29,8,17,0,20,23,1,19,16,5,4,14,29,26,1,0,1,null,null,null,null,null,null,null,null,null,null,null,null,null,null,null,null,null,1,1,1,1,16,"17",18]
[{"$f":"IF(generale!$A49>0,generale!$A49,\"\")","v":"2005-02-03"},{"$f":"IF(INDEX(generale!$A$16:$G$4963,MATCH(NGG!$A39,generale!$A$16:$A$4963,0),COLUMN())=0,0,INDEX(generale!$A$16:$G$4963,MATCH(NGG!$A39,generale!$A$16:$A$4963,0),COLUMN()))","v":8},{"$f":"IF(INDEX(generale!$A$16:$G$4963,MATCH(NGG!$A39,generale!$A$16:$A$4963,0),COLUMN())=0,0,INDEX(generale!$A$16:$G$4963,MATCH(NGG!$A39,generale!$A$16:$A$4963,0),COLUMN()))","v":7},{"$f":"IF(INDEX(generale!$A$16:$G$4963,MATCH(NGG!$A39,generale!$A$16:$A$4963,0),COLUMN())=0,0,INDEX(generale!$A$16:$G$4963,MATCH(NGG!$A39,generale!$A$16:$A$4963,0),COLUMN()))","v":2},{"$f":"IF(INDEX(generale!$A$16:$G$4963,MATCH(NGG!$A39,generale!$A$16:$A$4963,0),COLUMN())=0,0,INDEX(generale!$A$16:$G$4963,MATCH(NGG!$A39,generale!$A$16:$A$4963,0),COLUMN()))","v":11},{"$f":"IF(INDEX(generale!$A$16:$G$4963,MATCH(NGG!$A39,generale!$A$16:$A$4963,0),COLUMN())=0,0,INDEX(generale!$A$16:$G$4963,MATCH(NGG!$A39,generale!$A$16:$A$4963,0),COLUMN()))","v":5},{"$f":"generale!G49","v":"T"},{"$f":"IF(COUNTIF($B39:$D39,0)<3,IF(LEN(SUBSTITUTE(SUBSTITUTE($B39,H$1,,1),,1))=0,0,H38+1-AC39),\"\")","v":13},34,7,30,9,18,1,0,24,2,20,17,6,5,15,29,26,1,0,1,null,null,null,null,null,null,null,null,null,null,null,null,null,null,null,null,1,1,1,1,1,15,null,16]
[{"$f":"IF(generale!$A50>0,generale!$A50,\"\")","v":"2005-02-04"},{"$f":"IF(INDEX(generale!$A$16:$G$4963,MATCH(NGG!$A40,generale!$A$16:$A$4963,0),COLUMN())=0,0,INDEX(generale!$A$16:$G$4963,MATCH(NGG!$A40,generale!$A$16:$A$4963,0),COLUMN()))","v":6},{"$f":"IF(INDEX(generale!$A$16:$G$4963,MATCH(NGG!$A40,generale!$A$16:$A$4963,0),COLUMN())=0,0,INDEX(generale!$A$16:$G$4963,MATCH(NGG!$A40,generale!$A$16:$A$4963,0),COLUMN()))","v":14},{"$f":"IF(INDEX(generale!$A$16:$G$4963,MATCH(NGG!$A40,generale!$A$16:$A$4963,0),COLUMN())=0,0,INDEX(generale!$A$16:$G$4963,MATCH(NGG!$A40,generale!$A$16:$A$4963,0),COLUMN()))","v":7},{"$f":"IF(INDEX(generale!$A$16:$G$4963,MATCH(NGG!$A40,generale!$A$16:$A$4963,0),COLUMN())=0,0,INDEX(generale!$A$16:$G$4963,MATCH(NGG!$A40,generale!$A$16:$A$4963,0),COLUMN()))","v":3},{"$f":"IF(INDEX(generale!$A$16:$G$4963,MATCH(NGG!$A40,generale!$A$16:$A$4963,0),COLUMN())=0,0,INDEX(generale!$A$16:$G$4963,MATCH(NGG!$A40,generale!$A$16:$A$4963,0),COLUMN()))","v":16},{"$f":"generale!G50","v":"O"},14,35,8,31,10,0,2,1,25,3,21,18,7,6,16,30,27,2,0,1,null,null,null,null,null,null,null,null,null,null,null,null,null,null,null,null,null,null,null,1,1,18,null,18]
[{"$f":"IF(generale!$A51>0,generale!$A51,\"\")","v":"2005-02-05"},{"$f":"IF(INDEX(generale!$A$16:$G$4963,MATCH(NGG!$A41,generale!$A$16:$A$4963,0),COLUMN())=0,0,INDEX(generale!$A$16:$G$4963,MATCH(NGG!$A41,generale!$A$16:$A$4963,0),COLUMN()))","v":11},{"$f":"IF(INDEX(generale!$A$16:$G$4963,MATCH(NGG!$A41,generale!$A$16:$A$4963,0),COLUMN())=0,0,INDEX(generale!$A$16:$G$4963,MATCH(NGG!$A41,generale!$A$16:$A$4963,0),COLUMN()))","v":18},{"$f":"IF(INDEX(generale!$A$16:$G$4963,MATCH(NGG!$A41,generale!$A$16:$A$4963,0),COLUMN())=0,0,INDEX(generale!$A$16:$G$4963,MATCH(NGG!$A41,generale!$A$16:$A$4963,0),COLUMN()))","v":15},{"$f":"IF(INDEX(generale!$A$16:$G$4963,MATCH(NGG!$A41,generale!$A$16:$A$4963,0),COLUMN())=0,0,INDEX(generale!$A$16:$G$4963,MATCH(NGG!$A41,generale!$A$16:$A$4963,0),COLUMN()))","v":19},{"$f":"IF(INDEX(generale!$A$16:$G$4963,MATCH(NGG!$A41,generale!$A$16:$A$4963,0),COLUMN())=0,0,INDEX(generale!$A$16:$G$4963,MATCH(NGG!$A41,generale!$A$16:$A$4963,0),COLUMN()))","v":6},{"$f":"generale!G51","v":"T"},15,36,9,32,11,1,3,2,26,4,0,19,8,7,17,31,28,3,0,1,null,null,null,null,null,null,null,null,null,null,null,null,null,null,null,null,null,null,null,1,1,18,null,19]
[{"$f":"IF(generale!$A52>0,generale!$A52,\"\")","v":"2005-02-06"},{"$f":"IF(INDEX(generale!$A$16:$G$4963,MATCH(NGG!$A42,generale!$A$16:$A$4963,0),COLUMN())=0,0,INDEX(generale!$A$16:$G$4963,MATCH(NGG!$A42,generale!$A$16:$A$4963,0),COLUMN()))","v":3},{"$f":"IF(INDEX(generale!$A$16:$G$4963,MATCH(NGG!$A42,generale!$A$16:$A$4963,0),COLUMN())=0,0,INDEX(generale!$A$16:$G$4963,MATCH(NGG!$A42,generale!$A$16:$A$4963,0),COLUMN()))","v":18},{"$f":"IF(INDEX(generale!$A$16:$G$4963,MATCH(NGG!$A42,generale!$A$16:$A$4963,0),COLUMN())=0,0,INDEX(generale!$A$16:$G$4963,MATCH(NGG!$A42,generale!$A$16:$A$4963,0),COLUMN()))","v":6},{"$f":"IF(INDEX(generale!$A$16:$G$4963,MATCH(NGG!$A42,generale!$A$16:$A$4963,0),COLUMN())=0,0,INDEX(generale!$A$16:$G$4963,MATCH(NGG!$A42,generale!$A$16:$A$4963,0),COLUMN()))","v":5},{"$f":"IF(INDEX(generale!$A$16:$G$4963,MATCH(NGG!$A42,generale!$A$16:$A$4963,0),COLUMN())=0,0,INDEX(generale!$A$16:$G$4963,MATCH(NGG!$A42,generale!$A$16:$A$4963,0),COLUMN()))","v":19},{"$f":"generale!G52","v":"T"},16,37,0,33,12,2,4,3,27,5,1,20,9,8,18,32,29,4,0,1,null,null,null,null,null,null,null,null,null,null,null,null,null,null,null,null,null,null,null,1,1,18,null,19]
[{"$f":"IF(generale!$A53>0,generale!$A53,\"\")","v":"2005-02-07"},{"$f":"IF(INDEX(generale!$A$16:$G$4963,MATCH(NGG!$A43,generale!$A$16:$A$4963,0),COLUMN())=0,0,INDEX(generale!$A$16:$G$4963,MATCH(NGG!$A43,generale!$A$16:$A$4963,0),COLUMN()))","v":11},{"$f":"IF(INDEX(generale!$A$16:$G$4963,MATCH(NGG!$A43,generale!$A$16:$A$4963,0),COLUMN())=0,0,INDEX(generale!$A$16:$G$4963,MATCH(NGG!$A43,generale!$A$16:$A$4963,0),COLUMN()))","v":15},{"$f":"IF(INDEX(generale!$A$16:$G$4963,MATCH(NGG!$A43,generale!$A$16:$A$4963,0),COLUMN())=0,0,INDEX(generale!$A$16:$G$4963,MATCH(NGG!$A43,generale!$A$16:$A$4963,0),COLUMN()))","v":17},{"$f":"IF(INDEX(generale!$A$16:$G$4963,MATCH(NGG!$A43,generale!$A$16:$A$4963,0),COLUMN())=0,0,INDEX(generale!$A$16:$G$4963,MATCH(NGG!$A43,generale!$A$16:$A$4963,0),COLUMN()))","v":4},{"$f":"IF(INDEX(generale!$A$16:$G$4963,MATCH(NGG!$A43,generale!$A$16:$A$4963,0),COLUMN())=0,0,INDEX(generale!$A$16:$G$4963,MATCH(NGG!$A43,generale!$A$16:$A$4963,0),COLUMN()))","v":5},{"$f":"generale!G53","v":"T"},17,38,1,34,13,3,5,4,28,6,0,21,10,9,19,33,30,4,0,1,null,null,null,null,null,null,null,null,null,null,null,null,null,null,null,null,null,null,1,1,1,17,null,18]
[{"$f":"IF(generale!$A54>0,generale!$A54,\"\")","v":"2005-02-08"},{"$f":"IF(INDEX(generale!$A$16:$G$4963,MATCH(NGG!$A44,generale!$A$16:$A$4963,0),COLUMN())=0,0,INDEX(generale!$A$16:$G$4963,MATCH(NGG!$A44,generale!$A$16:$A$4963,0),COLUMN()))","v":2},{"$f":"IF(INDEX(generale!$A$16:$G$4963,MATCH(NGG!$A44,generale!$A$16:$A$4963,0),COLUMN())=0,0,INDEX(generale!$A$16:$G$4963,MATCH(NGG!$A44,generale!$A$16:$A$4963,0),COLUMN()))","v":1},{"$f":"IF(INDEX(generale!$A$16:$G$4963,MATCH(NGG!$A44,generale!$A$16:$A$4963,0),COLUMN())=0,0,INDEX(generale!$A$16:$G$4963,MATCH(NGG!$A44,generale!$A$16:$A$4963,0),COLUMN()))","v":9},{"$f":"IF(INDEX(generale!$A$16:$G$4963,MATCH(NGG!$A44,generale!$A$16:$A$4963,0),COLUMN())=0,0,INDEX(generale!$A$16:$G$4963,MATCH(NGG!$A44,generale!$A$16:$A$4963,0),COLUMN()))","v":3},{"$f":"IF(INDEX(generale!$A$16:$G$4963,MATCH(NGG!$A44,generale!$A$16:$A$4963,0),COLUMN())=0,0,INDEX(generale!$A$16:$G$4963,MATCH(NGG!$A44,generale!$A$16:$A$4963,0),COLUMN()))","v":16},{"$f":"generale!G54","v":"T"},18,0,2,35,14,4,6,5,29,7,1,22,11,10,20,34,31,5,0,1,null,null,null,null,null,null,null,null,null,null,null,null,null,null,null,null,null,null,null,1,1,18,null,18]
[{"$f":"IF(generale!$A55>0,generale!$A55,\"\")","v":"2005-02-09"},{"$f":"IF(INDEX(generale!$A$16:$G$4963,MATCH(NGG!$A45,generale!$A$16:$A$4963,0),COLUMN())=0,0,INDEX(generale!$A$16:$G$4963,MATCH(NGG!$A45,generale!$A$16:$A$4963,0),COLUMN()))","v":15},{"$f":"IF(INDEX(generale!$A$16:$G$4963,MATCH(NGG!$A45,generale!$A$16:$A$4963,0),COLUMN())=0,0,INDEX(generale!$A$16:$G$4963,MATCH(NGG!$A45,generale!$A$16:$A$4963,0),COLUMN()))","v":5},{"$f":"IF(INDEX(generale!$A$16:$G$4963,MATCH(NGG!$A45,generale!$A$16:$A$4963,0),COLUMN())=0,0,INDEX(generale!$A$16:$G$4963,MATCH(NGG!$A45,generale!$A$16:$A$4963,0),COLUMN()))","v":7},{"$f":"IF(INDEX(generale!$A$16:$G$4963,MATCH(NGG!$A45,generale!$A$16:$A$4963,0),COLUMN())=0,0,INDEX(generale!$A$16:$G$4963,MATCH(NGG!$A45,generale!$A$16:$A$4963,0),COLUMN()))","v":9},{"$f":"IF(INDEX(generale!$A$16:$G$4963,MATCH(NGG!$A45,generale!$A$16:$A$4963,0),COLUMN())=0,0,INDEX(generale!$A$16:$G$4963,MATCH(NGG!$A45,generale!$A$16:$A$4963,0),COLUMN()))","v":13},{"$f":"generale!G55","v":"T"},19,1,3,36,15,5,7,6,30,8,2,23,12,11,0,35,31,5,0,1,null,null,null,null,null,null,null,null,null,null,null,null,null,null,null,null,null,1,1,1,1,16,"11",18]
[{"$f":"IF(generale!$A56>0,generale!$A56,\"\")","v":"2005-02-10"},{"$f":"IF(INDEX(generale!$A$16:$G$4963,MATCH(NGG!$A46,generale!$A$16:$A$4963,0),COLUMN())=0,0,INDEX(generale!$A$16:$G$4963,MATCH(NGG!$A46,generale!$A$16:$A$4963,0),COLUMN()))","v":19},{"$f":"IF(INDEX(generale!$A$16:$G$4963,MATCH(NGG!$A46,generale!$A$16:$A$4963,0),COLUMN())=0,0,INDEX(generale!$A$16:$G$4963,MATCH(NGG!$A46,generale!$A$16:$A$4963,0),COLUMN()))","v":14},{"$f":"IF(INDEX(generale!$A$16:$G$4963,MATCH(NGG!$A46,generale!$A$16:$A$4963,0),COLUMN())=0,0,INDEX(generale!$A$16:$G$4963,MATCH(NGG!$A46,generale!$A$16:$A$4963,0),COLUMN()))","v":13},{"$f":"IF(INDEX(generale!$A$16:$G$4963,MATCH(NGG!$A46,generale!$A$16:$A$4963,0),COLUMN())=0,0,INDEX(generale!$A$16:$G$4963,MATCH(NGG!$A46,generale!$A$16:$A$4963,0),COLUMN()))","v":16},{"$f":"IF(INDEX(generale!$A$16:$G$4963,MATCH(NGG!$A46,generale!$A$16:$A$4963,0),COLUMN())=0,0,INDEX(generale!$A$16:$G$4963,MATCH(NGG!$A46,generale!$A$16:$A$4963,0),COLUMN()))","v":17},{"$f":"generale!G56","v":"T"},20,2,4,37,16,6,8,7,31,9,3,24,13,12,1,36,32,6,0,1,null,null,null,null,null,null,null,null,null,null,null,null,null,null,null,null,null,null,null,null,1,19,null,19]
[{"$f":"IF(generale!$A57>0,generale!$A57,\"\")","v":"2005-02-11"},{"$f":"IF(INDEX(generale!$A$16:$G$4963,MATCH(NGG!$A47,generale!$A$16:$A$4963,0),COLUMN())=0,0,INDEX(generale!$A$16:$G$4963,MATCH(NGG!$A47,generale!$A$16:$A$4963,0),COLUMN()))","v":14},{"$f":"IF(INDEX(generale!$A$16:$G$4963,MATCH(NGG!$A47,generale!$A$16:$A$4963,0),COLUMN())=0,0,INDEX(generale!$A$16:$G$4963,MATCH(NGG!$A47,generale!$A$16:$A$4963,0),COLUMN()))","v":10},{"$f":"IF(INDEX(generale!$A$16:$G$4963,MATCH(NGG!$A47,generale!$A$16:$A$4963,0),COLUMN())=0,0,INDEX(generale!$A$16:$G$4963,MATCH(NGG!$A47,generale!$A$16:$A$4963,0),COLUMN()))","v":15},{"$f":"IF(INDEX(generale!$A$16:$G$4963,MATCH(NGG!$A47,generale!$A$16:$A$4963,0),COLUMN())=0,0,INDEX(generale!$A$16:$G$4963,MATCH(NGG!$A47,generale!$A$16:$A$4963,0),COLUMN()))","v":8},{"$f":"IF(INDEX(generale!$A$16:$G$4963,MATCH(NGG!$A47,generale!$A$16:$A$4963,0),COLUMN())=0,0,INDEX(generale!$A$16:$G$4963,MATCH(NGG!$A47,generale!$A$16:$A$4963,0),COLUMN()))","v":5},{"$f":"generale!G57","v":"T"},21,3,5,38,17,7,9,8,32,10,4,25,14,0,2,37,33,6,0,1,null,null,null,null,null,null,null,null,null,null,null,null,null,null,null,null,null,null,1,1,1,17,null,15]
[{"$f":"IF(generale!$A58>0,generale!$A58,\"\")","v":"2005-02-12"},{"$f":"IF(INDEX(generale!$A$16:$G$4963,MATCH(NGG!$A48,generale!$A$16:$A$4963,0),COLUMN())=0,0,INDEX(generale!$A$16:$G$4963,MATCH(NGG!$A48,generale!$A$16:$A$4963,0),COLUMN()))","v":20},{"$f":"IF(INDEX(generale!$A$16:$G$4963,MATCH(NGG!$A48,generale!$A$16:$A$4963,0),COLUMN())=0,0,INDEX(generale!$A$16:$G$4963,MATCH(NGG!$A48,generale!$A$16:$A$4963,0),COLUMN()))","v":14},{"$f":"IF(INDEX(generale!$A$16:$G$4963,MATCH(NGG!$A48,generale!$A$16:$A$4963,0),COLUMN())=0,0,INDEX(generale!$A$16:$G$4963,MATCH(NGG!$A48,generale!$A$16:$A$4963,0),COLUMN()))","v":7},{"$f":"IF(INDEX(generale!$A$16:$G$4963,MATCH(NGG!$A48,generale!$A$16:$A$4963,0),COLUMN())=0,0,INDEX(generale!$A$16:$G$4963,MATCH(NGG!$A48,generale!$A$16:$A$4963,0),COLUMN()))","v":18},{"$f":"IF(INDEX(generale!$A$16:$G$4963,MATCH(NGG!$A48,generale!$A$16:$A$4963,0),COLUMN())=0,0,INDEX(generale!$A$16:$G$4963,MATCH(NGG!$A48,generale!$A$16:$A$4963,0),COLUMN()))","v":13},{"$f":"generale!G58","v":"T"},22,4,6,39,18,8,10,9,33,11,5,26,15,1,3,38,34,7,1,0,null,null,null,null,null,null,null,null,null,null,null,null,null,null,null,null,null,null,null,null,null,20,null,20]
[{"$f":"IF(generale!$A59>0,generale!$A59,\"\")","v":"2005-02-13"},{"$f":"IF(INDEX(generale!$A$16:$G$4963,MATCH(NGG!$A49,generale!$A$16:$A$4963,0),COLUMN())=0,0,INDEX(generale!$A$16:$G$4963,MATCH(NGG!$A49,generale!$A$16:$A$4963,0),COLUMN()))","v":4},{"$f":"IF(INDEX(generale!$A$16:$G$4963,MATCH(NGG!$A49,generale!$A$16:$A$4963,0),COLUMN())=0,0,INDEX(generale!$A$16:$G$4963,MATCH(NGG!$A49,generale!$A$16:$A$4963,0),COLUMN()))","v":7},{"$f":"IF(INDEX(generale!$A$16:$G$4963,MATCH(NGG!$A49,generale!$A$16:$A$4963,0),COLUMN())=0,0,INDEX(generale!$A$16:$G$4963,MATCH(NGG!$A49,generale!$A$16:$A$4963,0),COLUMN()))","v":15},{"$f":"IF(INDEX(generale!$A$16:$G$4963,MATCH(NGG!$A49,generale!$A$16:$A$4963,0),COLUMN())=0,0,INDEX(generale!$A$16:$G$4963,MATCH(NGG!$A49,generale!$A$16:$A$4963,0),COLUMN()))","v":8},{"$f":"IF(INDEX(generale!$A$16:$G$4963,MATCH(NGG!$A49,generale!$A$16:$A$4963,0),COLUMN())=0,0,INDEX(generale!$A$16:$G$4963,MATCH(NGG!$A49,generale!$A$16:$A$4963,0),COLUMN()))","v":9},{"$f":"generale!G59","v":"T"},23,5,7,0,19,9,11,10,34,12,6,27,16,2,4,39,34,7,1,0,null,null,null,null,null,null,null,null,null,null,null,null,null,null,null,null,null,1,1,1,1,16,null,13]
[{"$f":"IF(generale!$A60>0,generale!$A60,\"\")","v":"2005-02-14"},{"$f":"IF(INDEX(generale!$A$16:$G$4963,MATCH(NGG!$A50,generale!$A$16:$A$4963,0),COLUMN())=0,0,INDEX(generale!$A$16:$G$4963,MATCH(NGG!$A50,generale!$A$16:$A$4963,0),COLUMN()))","v":17},{"$f":"IF(INDEX(generale!$A$16:$G$4963,MATCH(NGG!$A50,generale!$A$16:$A$4963,0),COLUMN())=0,0,INDEX(generale!$A$16:$G$4963,MATCH(NGG!$A50,generale!$A$16:$A$4963,0),COLUMN()))","v":16},{"$f":"IF(INDEX(generale!$A$16:$G$4963,MATCH(NGG!$A50,generale!$A$16:$A$4963,0),COLUMN())=0,0,INDEX(generale!$A$16:$G$4963,MATCH(NGG!$A50,generale!$A$16:$A$4963,0),COLUMN()))","v":6},{"$f":"IF(INDEX(generale!$A$16:$G$4963,MATCH(NGG!$A50,generale!$A$16:$A$4963,0),COLUMN())=0,0,INDEX(generale!$A$16:$G$4963,MATCH(NGG!$A50,generale!$A$16:$A$4963,0),COLUMN()))","v":13},{"$f":"IF(INDEX(generale!$A$16:$G$4963,MATCH(NGG!$A50,generale!$A$16:$A$4963,0),COLUMN())=0,0,INDEX(generale!$A$16:$G$4963,MATCH(NGG!$A50,generale!$A$16:$A$4963,0),COLUMN()))","v":4},{"$f":"generale!G60","v":"T"},24,6,8,1,20,10,12,11,35,13,7,28,17,3,5,40,0,8,1,0,null,null,null,null,null,null,null,null,null,null,null,null,null,null,null,null,null,null,null,1,1,18,null,18]
[{"$f":"IF(generale!$A61>0,generale!$A61,\"\")","v":"2005-02-15"},{"$f":"IF(INDEX(generale!$A$16:$G$4963,MATCH(NGG!$A51,generale!$A$16:$A$4963,0),COLUMN())=0,0,INDEX(generale!$A$16:$G$4963,MATCH(NGG!$A51,generale!$A$16:$A$4963,0),COLUMN()))","v":14},{"$f":"IF(INDEX(generale!$A$16:$G$4963,MATCH(NGG!$A51,generale!$A$16:$A$4963,0),COLUMN())=0,0,INDEX(generale!$A$16:$G$4963,MATCH(NGG!$A51,generale!$A$16:$A$4963,0),COLUMN()))","v":15},{"$f":"IF(INDEX(generale!$A$16:$G$4963,MATCH(NGG!$A51,generale!$A$16:$A$4963,0),COLUMN())=0,0,INDEX(generale!$A$16:$G$4963,MATCH(NGG!$A51,generale!$A$16:$A$4963,0),COLUMN()))","v":11},{"$f":"IF(INDEX(generale!$A$16:$G$4963,MATCH(NGG!$A51,generale!$A$16:$A$4963,0),COLUMN())=0,0,INDEX(generale!$A$16:$G$4963,MATCH(NGG!$A51,generale!$A$16:$A$4963,0),COLUMN()))","v":12},{"$f":"IF(INDEX(generale!$A$16:$G$4963,MATCH(NGG!$A51,generale!$A$16:$A$4963,0),COLUMN())=0,0,INDEX(generale!$A$16:$G$4963,MATCH(NGG!$A51,generale!$A$16:$A$4963,0),COLUMN()))","v":17},{"$f":"generale!G61","v":"P"},25,7,9,2,21,11,13,12,36,14,8,29,18,0,6,41,{"$f":"IF(COUNTIF($B51:$D51,0)<3,IF(LEN(SUBSTITUTE(SUBSTITUTE($B51,X$1,,1),,1))=0,0,X50+1-AS51),\"\")","v":1},9,1,0,null,null,null,null,null,null,null,null,null,null,null,null,null,null,null,null,null,null,null,1,1,18,null,18]
[{"$f":"IF(generale!$A62>0,generale!$A62,\"\")","v":"2005-02-16"},{"$f":"IF(INDEX(generale!$A$16:$G$4963,MATCH(NGG!$A52,generale!$A$16:$A$4963,0),COLUMN())=0,0,INDEX(generale!$A$16:$G$4963,MATCH(NGG!$A52,generale!$A$16:$A$4963,0),COLUMN()))","v":1},{"$f":"IF(INDEX(generale!$A$16:$G$4963,MATCH(NGG!$A52,generale!$A$16:$A$4963,0),COLUMN())=0,0,INDEX(generale!$A$16:$G$4963,MATCH(NGG!$A52,generale!$A$16:$A$4963,0),COLUMN()))","v":5},{"$f":"IF(INDEX(generale!$A$16:$G$4963,MATCH(NGG!$A52,generale!$A$16:$A$4963,0),COLUMN())=0,0,INDEX(generale!$A$16:$G$4963,MATCH(NGG!$A52,generale!$A$16:$A$4963,0),COLUMN()))","v":11},{"$f":"IF(INDEX(generale!$A$16:$G$4963,MATCH(NGG!$A52,generale!$A$16:$A$4963,0),COLUMN())=0,0,INDEX(generale!$A$16:$G$4963,MATCH(NGG!$A52,generale!$A$16:$A$4963,0),COLUMN()))","v":9},{"$f":"IF(INDEX(generale!$A$16:$G$4963,MATCH(NGG!$A52,generale!$A$16:$A$4963,0),COLUMN())=0,0,INDEX(generale!$A$16:$G$4963,MATCH(NGG!$A52,generale!$A$16:$A$4963,0),COLUMN()))","v":8},{"$f":"generale!G62","v":"T"},0,8,10,3,22,12,14,13,37,15,9,30,19,1,7,42,1,9,1,0,null,null,null,null,null,null,null,null,null,null,null,null,null,null,null,null,null,1,1,1,1,16,null,16]
[{"$f":"IF(generale!$A63>0,generale!$A63,\"\")","v":"2005-02-17"},{"$f":"IF(INDEX(generale!$A$16:$G$4963,MATCH(NGG!$A53,generale!$A$16:$A$4963,0),COLUMN())=0,0,INDEX(generale!$A$16:$G$4963,MATCH(NGG!$A53,generale!$A$16:$A$4963,0),COLUMN()))","v":11},{"$f":"IF(INDEX(generale!$A$16:$G$4963,MATCH(NGG!$A53,generale!$A$16:$A$4963,0),COLUMN())=0,0,INDEX(generale!$A$16:$G$4963,MATCH(NGG!$A53,generale!$A$16:$A$4963,0),COLUMN()))","v":7},{"$f":"IF(INDEX(generale!$A$16:$G$4963,MATCH(NGG!$A53,generale!$A$16:$A$4963,0),COLUMN())=0,0,INDEX(generale!$A$16:$G$4963,MATCH(NGG!$A53,generale!$A$16:$A$4963,0),COLUMN()))","v":2},{"$f":"IF(INDEX(generale!$A$16:$G$4963,MATCH(NGG!$A53,generale!$A$16:$A$4963,0),COLUMN())=0,0,INDEX(generale!$A$16:$G$4963,MATCH(NGG!$A53,generale!$A$16:$A$4963,0),COLUMN()))","v":6},{"$f":"IF(INDEX(generale!$A$16:$G$4963,MATCH(NGG!$A53,generale!$A$16:$A$4963,0),COLUMN())=0,0,INDEX(generale!$A$16:$G$4963,MATCH(NGG!$A53,generale!$A$16:$A$4963,0),COLUMN()))","v":1},{"$f":"generale!G63","v":"T"},1,9,11,4,23,13,15,14,38,16,0,31,20,2,8,42,1,9,1,0,null,null,null,null,null,null,null,null,null,null,null,null,null,null,null,null,1,1,1,1,1,15,null,14]
[{"$f":"IF(generale!$A64>0,generale!$A64,\"\")","v":"2005-02-18"},{"$f":"IF(INDEX(generale!$A$16:$G$4963,MATCH(NGG!$A54,generale!$A$16:$A$4963,0),COLUMN())=0,0,INDEX(generale!$A$16:$G$4963,MATCH(NGG!$A54,generale!$A$16:$A$4963,0),COLUMN()))","v":8},{"$f":"IF(INDEX(generale!$A$16:$G$4963,MATCH(NGG!$A54,generale!$A$16:$A$4963,0),COLUMN())=0,0,INDEX(generale!$A$16:$G$4963,MATCH(NGG!$A54,generale!$A$16:$A$4963,0),COLUMN()))","v":15},{"$f":"IF(INDEX(generale!$A$16:$G$4963,MATCH(NGG!$A54,generale!$A$16:$A$4963,0),COLUMN())=0,0,INDEX(generale!$A$16:$G$4963,MATCH(NGG!$A54,generale!$A$16:$A$4963,0),COLUMN()))","v":6},{"$f":"IF(INDEX(generale!$A$16:$G$4963,MATCH(NGG!$A54,generale!$A$16:$A$4963,0),COLUMN())=0,0,INDEX(generale!$A$16:$G$4963,MATCH(NGG!$A54,generale!$A$16:$A$4963,0),COLUMN()))","v":14},{"$f":"IF(INDEX(generale!$A$16:$G$4963,MATCH(NGG!$A54,generale!$A$16:$A$4963,0),COLUMN())=0,0,INDEX(generale!$A$16:$G$4963,MATCH(NGG!$A54,generale!$A$16:$A$4963,0),COLUMN()))","v":12},{"$f":"generale!G64","v":"T"},2,10,12,5,24,14,16,0,39,17,1,32,21,3,9,{"$f":"IF(COUNTIF($B54:$D54,0)<3,IF(LEN(SUBSTITUTE(SUBSTITUTE($B54,W$1,,1),,1))=0,0,W53+1-AR54),\"\")","v":43},2,10,1,0,null,null,null,null,null,null,null,null,null,null,null,null,null,null,null,null,null,null,null,1,1,18,null,18]
[{"$f":"IF(generale!$A65>0,generale!$A65,\"\")","v":"2005-02-19"},{"$f":"IF(INDEX(generale!$A$16:$G$4963,MATCH(NGG!$A55,generale!$A$16:$A$4963,0),COLUMN())=0,0,INDEX(generale!$A$16:$G$4963,MATCH(NGG!$A55,generale!$A$16:$A$4963,0),COLUMN()))","v":5},{"$f":"IF(INDEX(generale!$A$16:$G$4963,MATCH(NGG!$A55,generale!$A$16:$A$4963,0),COLUMN())=0,0,INDEX(generale!$A$16:$G$4963,MATCH(NGG!$A55,generale!$A$16:$A$4963,0),COLUMN()))","v":14},{"$f":"IF(INDEX(generale!$A$16:$G$4963,MATCH(NGG!$A55,generale!$A$16:$A$4963,0),COLUMN())=0,0,INDEX(generale!$A$16:$G$4963,MATCH(NGG!$A55,generale!$A$16:$A$4963,0),COLUMN()))","v":2},{"$f":"IF(INDEX(generale!$A$16:$G$4963,MATCH(NGG!$A55,generale!$A$16:$A$4963,0),COLUMN())=0,0,INDEX(generale!$A$16:$G$4963,MATCH(NGG!$A55,generale!$A$16:$A$4963,0),COLUMN()))","v":8},{"$f":"IF(INDEX(generale!$A$16:$G$4963,MATCH(NGG!$A55,generale!$A$16:$A$4963,0),COLUMN())=0,0,INDEX(generale!$A$16:$G$4963,MATCH(NGG!$A55,generale!$A$16:$A$4963,0),COLUMN()))","v":17},{"$f":"generale!G65","v":"P"},{"$f":"IF(COUNTIF($B55:$D55,0)<3,IF(LEN(SUBSTITUTE(SUBSTITUTE($B55,H$1,,1),,1))=0,0,H54+1-AC55),\"\")","v":3},11,13,6,0,15,17,1,40,18,2,33,22,4,10,44,3,10,1,0,null,null,null,null,null,null,null,null,null,null,null,null,null,null,null,null,null,null,1,1,1,17,"11-15",18]
[{"$f":"IF(generale!$A66>0,generale!$A66,\"\")","v":"2005-02-20"},{"$f":"IF(INDEX(generale!$A$16:$G$4963,MATCH(NGG!$A56,generale!$A$16:$A$4963,0),COLUMN())=0,0,INDEX(generale!$A$16:$G$4963,MATCH(NGG!$A56,generale!$A$16:$A$4963,0),COLUMN()))","v":4},{"$f":"IF(INDEX(generale!$A$16:$G$4963,MATCH(NGG!$A56,generale!$A$16:$A$4963,0),COLUMN())=0,0,INDEX(generale!$A$16:$G$4963,MATCH(NGG!$A56,generale!$A$16:$A$4963,0),COLUMN()))","v":2},{"$f":"IF(INDEX(generale!$A$16:$G$4963,MATCH(NGG!$A56,generale!$A$16:$A$4963,0),COLUMN())=0,0,INDEX(generale!$A$16:$G$4963,MATCH(NGG!$A56,generale!$A$16:$A$4963,0),COLUMN()))","v":11},{"$f":"IF(INDEX(generale!$A$16:$G$4963,MATCH(NGG!$A56,generale!$A$16:$A$4963,0),COLUMN())=0,0,INDEX(generale!$A$16:$G$4963,MATCH(NGG!$A56,generale!$A$16:$A$4963,0),COLUMN()))","v":9},{"$f":"IF(INDEX(generale!$A$16:$G$4963,MATCH(NGG!$A56,generale!$A$16:$A$4963,0),COLUMN())=0,0,INDEX(generale!$A$16:$G$4963,MATCH(NGG!$A56,generale!$A$16:$A$4963,0),COLUMN()))","v":8},{"$f":"generale!G66","v":"T"},4,12,14,0,1,16,18,2,41,19,3,34,23,5,11,45,4,11,1,0,null,null,null,null,null,null,null,null,null,null,null,null,null,null,null,null,null,null,null,1,1,18,null,14]
[{"$f":"IF(generale!$A67>0,generale!$A67,\"\")","v":"2005-02-21"},{"$f":"IF(INDEX(generale!$A$16:$G$4963,MATCH(NGG!$A57,generale!$A$16:$A$4963,0),COLUMN())=0,0,INDEX(generale!$A$16:$G$4963,MATCH(NGG!$A57,generale!$A$16:$A$4963,0),COLUMN()))","v":4},{"$f":"IF(INDEX(generale!$A$16:$G$4963,MATCH(NGG!$A57,generale!$A$16:$A$4963,0),COLUMN())=0,0,INDEX(generale!$A$16:$G$4963,MATCH(NGG!$A57,generale!$A$16:$A$4963,0),COLUMN()))","v":3},{"$f":"IF(INDEX(generale!$A$16:$G$4963,MATCH(NGG!$A57,generale!$A$16:$A$4963,0),COLUMN())=0,0,INDEX(generale!$A$16:$G$4963,MATCH(NGG!$A57,generale!$A$16:$A$4963,0),COLUMN()))","v":9},{"$f":"IF(INDEX(generale!$A$16:$G$4963,MATCH(NGG!$A57,generale!$A$16:$A$4963,0),COLUMN())=0,0,INDEX(generale!$A$16:$G$4963,MATCH(NGG!$A57,generale!$A$16:$A$4963,0),COLUMN()))","v":8},{"$f":"IF(INDEX(generale!$A$16:$G$4963,MATCH(NGG!$A57,generale!$A$16:$A$4963,0),COLUMN())=0,0,INDEX(generale!$A$16:$G$4963,MATCH(NGG!$A57,generale!$A$16:$A$4963,0),COLUMN()))","v":2},{"$f":"generale!G67","v":"T"},5,13,15,0,2,17,19,3,42,20,4,35,24,6,12,46,5,12,2,1,null,null,null,null,null,null,null,null,null,null,null,null,null,null,null,null,null,null,null,null,null,20,"2",15]
[{"$f":"IF(generale!$A68>0,generale!$A68,\"\")","v":"2005-02-22"},{"$f":"IF(INDEX(generale!$A$16:$G$4963,MATCH(NGG!$A58,generale!$A$16:$A$4963,0),COLUMN())=0,0,INDEX(generale!$A$16:$G$4963,MATCH(NGG!$A58,generale!$A$16:$A$4963,0),COLUMN()))","v":10},{"$f":"IF(INDEX(generale!$A$16:$G$4963,MATCH(NGG!$A58,generale!$A$16:$A$4963,0),COLUMN())=0,0,INDEX(generale!$A$16:$G$4963,MATCH(NGG!$A58,generale!$A$16:$A$4963,0),COLUMN()))","v":11},{"$f":"IF(INDEX(generale!$A$16:$G$4963,MATCH(NGG!$A58,generale!$A$16:$A$4963,0),COLUMN())=0,0,INDEX(generale!$A$16:$G$4963,MATCH(NGG!$A58,generale!$A$16:$A$4963,0),COLUMN()))","v":2},{"$f":"IF(INDEX(generale!$A$16:$G$4963,MATCH(NGG!$A58,generale!$A$16:$A$4963,0),COLUMN())=0,0,INDEX(generale!$A$16:$G$4963,MATCH(NGG!$A58,generale!$A$16:$A$4963,0),COLUMN()))","v":13},{"$f":"IF(INDEX(generale!$A$16:$G$4963,MATCH(NGG!$A58,generale!$A$16:$A$4963,0),COLUMN())=0,0,INDEX(generale!$A$16:$G$4963,MATCH(NGG!$A58,generale!$A$16:$A$4963,0),COLUMN()))","v":8},{"$f":"generale!G68","v":"T"},6,14,16,1,3,18,20,4,43,0,5,36,25,7,13,47,5,12,2,1,null,null,null,null,null,null,null,null,null,null,null,null,null,null,null,null,null,1,1,1,1,16,null,16]
[{"$f":"IF(generale!$A69>0,generale!$A69,\"\")","v":"2005-02-23"},{"$f":"IF(INDEX(generale!$A$16:$G$4963,MATCH(NGG!$A59,generale!$A$16:$A$4963,0),COLUMN())=0,0,INDEX(generale!$A$16:$G$4963,MATCH(NGG!$A59,generale!$A$16:$A$4963,0),COLUMN()))","v":14},{"$f":"IF(INDEX(generale!$A$16:$G$4963,MATCH(NGG!$A59,generale!$A$16:$A$4963,0),COLUMN())=0,0,INDEX(generale!$A$16:$G$4963,MATCH(NGG!$A59,generale!$A$16:$A$4963,0),COLUMN()))","v":16},{"$f":"IF(INDEX(generale!$A$16:$G$4963,MATCH(NGG!$A59,generale!$A$16:$A$4963,0),COLUMN())=0,0,INDEX(generale!$A$16:$G$4963,MATCH(NGG!$A59,generale!$A$16:$A$4963,0),COLUMN()))","v":10},{"$f":"IF(INDEX(generale!$A$16:$G$4963,MATCH(NGG!$A59,generale!$A$16:$A$4963,0),COLUMN())=0,0,INDEX(generale!$A$16:$G$4963,MATCH(NGG!$A59,generale!$A$16:$A$4963,0),COLUMN()))","v":3},{"$f":"IF(INDEX(generale!$A$16:$G$4963,MATCH(NGG!$A59,generale!$A$16:$A$4963,0),COLUMN())=0,0,INDEX(generale!$A$16:$G$4963,MATCH(NGG!$A59,generale!$A$16:$A$4963,0),COLUMN()))","v":6},{"$f":"generale!G69","v":"P"},7,15,17,2,4,19,21,5,44,1,6,37,26,0,14,48,6,13,2,1,null,null,null,null,null,null,null,null,null,null,null,null,null,null,null,null,null,null,null,1,1,18,"8",18]
[{"$f":"IF(generale!$A70>0,generale!$A70,\"\")","v":"2005-02-24"},{"$f":"IF(INDEX(generale!$A$16:$G$4963,MATCH(NGG!$A60,generale!$A$16:$A$4963,0),COLUMN())=0,0,INDEX(generale!$A$16:$G$4963,MATCH(NGG!$A60,generale!$A$16:$A$4963,0),COLUMN()))","v":13},{"$f":"IF(INDEX(generale!$A$16:$G$4963,MATCH(NGG!$A60,generale!$A$16:$A$4963,0),COLUMN())=0,0,INDEX(generale!$A$16:$G$4963,MATCH(NGG!$A60,generale!$A$16:$A$4963,0),COLUMN()))","v":2},{"$f":"IF(INDEX(generale!$A$16:$G$4963,MATCH(NGG!$A60,generale!$A$16:$A$4963,0),COLUMN())=0,0,INDEX(generale!$A$16:$G$4963,MATCH(NGG!$A60,generale!$A$16:$A$4963,0),COLUMN()))","v":6},{"$f":"IF(INDEX(generale!$A$16:$G$4963,MATCH(NGG!$A60,generale!$A$16:$A$4963,0),COLUMN())=0,0,INDEX(generale!$A$16:$G$4963,MATCH(NGG!$A60,generale!$A$16:$A$4963,0),COLUMN()))","v":5},{"$f":"IF(INDEX(generale!$A$16:$G$4963,MATCH(NGG!$A60,generale!$A$16:$A$4963,0),COLUMN())=0,0,INDEX(generale!$A$16:$G$4963,MATCH(NGG!$A60,generale!$A$16:$A$4963,0),COLUMN()))","v":15},{"$f":"generale!G70","v":"T"},8,16,18,3,5,20,22,6,45,2,7,38,0,1,15,49,6,13,2,1,null,null,null,null,null,null,null,null,null,null,null,null,null,null,null,null,null,1,1,1,1,16,"6",15]
[{"$f":"IF(generale!$A71>0,generale!$A71,\"\")","v":"2005-02-25"},{"$f":"IF(INDEX(generale!$A$16:$G$4963,MATCH(NGG!$A61,generale!$A$16:$A$4963,0),COLUMN())=0,0,INDEX(generale!$A$16:$G$4963,MATCH(NGG!$A61,generale!$A$16:$A$4963,0),COLUMN()))","v":18},{"$f":"IF(INDEX(generale!$A$16:$G$4963,MATCH(NGG!$A61,generale!$A$16:$A$4963,0),COLUMN())=0,0,INDEX(generale!$A$16:$G$4963,MATCH(NGG!$A61,generale!$A$16:$A$4963,0),COLUMN()))","v":16},{"$f":"IF(INDEX(generale!$A$16:$G$4963,MATCH(NGG!$A61,generale!$A$16:$A$4963,0),COLUMN())=0,0,INDEX(generale!$A$16:$G$4963,MATCH(NGG!$A61,generale!$A$16:$A$4963,0),COLUMN()))","v":17},{"$f":"IF(INDEX(generale!$A$16:$G$4963,MATCH(NGG!$A61,generale!$A$16:$A$4963,0),COLUMN())=0,0,INDEX(generale!$A$16:$G$4963,MATCH(NGG!$A61,generale!$A$16:$A$4963,0),COLUMN()))","v":19},{"$f":"IF(INDEX(generale!$A$16:$G$4963,MATCH(NGG!$A61,generale!$A$16:$A$4963,0),COLUMN())=0,0,INDEX(generale!$A$16:$G$4963,MATCH(NGG!$A61,generale!$A$16:$A$4963,0),COLUMN()))","v":9},{"$f":"generale!G71","v":"T"},9,17,19,4,6,21,23,7,46,3,8,39,1,2,16,50,6,0,2,1,null,null,null,null,null,null,null,null,null,null,null,null,null,null,null,null,null,1,1,1,1,16,null,18]
[{"$f":"IF(generale!$A72>0,generale!$A72,\"\")","v":"2005-02-26"},{"$f":"IF(INDEX(generale!$A$16:$G$4963,MATCH(NGG!$A62,generale!$A$16:$A$4963,0),COLUMN())=0,0,INDEX(generale!$A$16:$G$4963,MATCH(NGG!$A62,generale!$A$16:$A$4963,0),COLUMN()))","v":18},{"$f":"IF(INDEX(generale!$A$16:$G$4963,MATCH(NGG!$A62,generale!$A$16:$A$4963,0),COLUMN())=0,0,INDEX(generale!$A$16:$G$4963,MATCH(NGG!$A62,generale!$A$16:$A$4963,0),COLUMN()))","v":6},{"$f":"IF(INDEX(generale!$A$16:$G$4963,MATCH(NGG!$A62,generale!$A$16:$A$4963,0),COLUMN())=0,0,INDEX(generale!$A$16:$G$4963,MATCH(NGG!$A62,generale!$A$16:$A$4963,0),COLUMN()))","v":14},{"$f":"IF(INDEX(generale!$A$16:$G$4963,MATCH(NGG!$A62,generale!$A$16:$A$4963,0),COLUMN())=0,0,INDEX(generale!$A$16:$G$4963,MATCH(NGG!$A62,generale!$A$16:$A$4963,0),COLUMN()))","v":7},{"$f":"IF(INDEX(generale!$A$16:$G$4963,MATCH(NGG!$A62,generale!$A$16:$A$4963,0),COLUMN())=0,0,INDEX(generale!$A$16:$G$4963,MATCH(NGG!$A62,generale!$A$16:$A$4963,0),COLUMN()))","v":11},{"$f":"generale!G72","v":"P"},10,18,20,5,7,22,24,8,47,4,9,40,2,3,17,51,7,0,2,1,null,null,null,null,null,null,null,null,null,null,null,null,null,null,null,null,null,null,null,1,1,18,null,18]
[{"$f":"IF(generale!$A73>0,generale!$A73,\"\")","v":"2005-02-27"},{"$f":"IF(INDEX(generale!$A$16:$G$4963,MATCH(NGG!$A63,generale!$A$16:$A$4963,0),COLUMN())=0,0,INDEX(generale!$A$16:$G$4963,MATCH(NGG!$A63,generale!$A$16:$A$4963,0),COLUMN()))","v":9},{"$f":"IF(INDEX(generale!$A$16:$G$4963,MATCH(NGG!$A63,generale!$A$16:$A$4963,0),COLUMN())=0,0,INDEX(generale!$A$16:$G$4963,MATCH(NGG!$A63,generale!$A$16:$A$4963,0),COLUMN()))","v":6},{"$f":"IF(INDEX(generale!$A$16:$G$4963,MATCH(NGG!$A63,generale!$A$16:$A$4963,0),COLUMN())=0,0,INDEX(generale!$A$16:$G$4963,MATCH(NGG!$A63,generale!$A$16:$A$4963,0),COLUMN()))","v":3},{"$f":"IF(INDEX(generale!$A$16:$G$4963,MATCH(NGG!$A63,generale!$A$16:$A$4963,0),COLUMN())=0,0,INDEX(generale!$A$16:$G$4963,MATCH(NGG!$A63,generale!$A$16:$A$4963,0),COLUMN()))","v":8},{"$f":"IF(INDEX(generale!$A$16:$G$4963,MATCH(NGG!$A63,generale!$A$16:$A$4963,0),COLUMN())=0,0,INDEX(generale!$A$16:$G$4963,MATCH(NGG!$A63,generale!$A$16:$A$4963,0),COLUMN()))","v":7},{"$f":"generale!G73","v":"T"},11,19,21,6,8,23,25,9,0,5,10,41,3,4,18,52,7,0,2,1,null,null,null,null,null,null,null,null,null,null,null,null,null,null,null,null,null,1,1,1,1,16,null,15]
[{"$f":"IF(generale!$A74>0,generale!$A74,\"\")","v":"2005-03-01"},{"$f":"IF(INDEX(generale!$A$16:$G$4963,MATCH(NGG!$A64,generale!$A$16:$A$4963,0),COLUMN())=0,0,INDEX(generale!$A$16:$G$4963,MATCH(NGG!$A64,generale!$A$16:$A$4963,0),COLUMN()))","v":3},{"$f":"IF(INDEX(generale!$A$16:$G$4963,MATCH(NGG!$A64,generale!$A$16:$A$4963,0),COLUMN())=0,0,INDEX(generale!$A$16:$G$4963,MATCH(NGG!$A64,generale!$A$16:$A$4963,0),COLUMN()))","v":4},{"$f":"IF(INDEX(generale!$A$16:$G$4963,MATCH(NGG!$A64,generale!$A$16:$A$4963,0),COLUMN())=0,0,INDEX(generale!$A$16:$G$4963,MATCH(NGG!$A64,generale!$A$16:$A$4963,0),COLUMN()))","v":5},{"$f":"IF(INDEX(generale!$A$16:$G$4963,MATCH(NGG!$A64,generale!$A$16:$A$4963,0),COLUMN())=0,0,INDEX(generale!$A$16:$G$4963,MATCH(NGG!$A64,generale!$A$16:$A$4963,0),COLUMN()))","v":2},{"$f":"IF(INDEX(generale!$A$16:$G$4963,MATCH(NGG!$A64,generale!$A$16:$A$4963,0),COLUMN())=0,0,INDEX(generale!$A$16:$G$4963,MATCH(NGG!$A64,generale!$A$16:$A$4963,0),COLUMN()))","v":6},{"$f":"generale!G74","v":"T"},{"$f":"IF(COUNTIF($B64:$D64,0)<3,IF(LEN(SUBSTITUTE(SUBSTITUTE($B64,H$1,,1),,1))=0,0,H63+1-AC64),\"\")","v":12},{"$f":"IF(COUNTIF($B64:$D64,0)<3,IF(LEN(SUBSTITUTE(SUBSTITUTE($B64,I$1,,1),,1))=0,0,I63+1-AD64),\"\")","v":20},{"$f":"IF(COUNTIF($B64:$D64,0)<3,IF(LEN(SUBSTITUTE(SUBSTITUTE($B64,J$1,,1),,1))=0,0,J63+1-AE64),\"\")","v":0},{"$f":"IF(COUNTIF($B64:$D64,0)<3,IF(LEN(SUBSTITUTE(SUBSTITUTE($B64,K$1,,1),,1))=0,0,K63+1-AF64),\"\")","v":7},{"$f":"IF(COUNTIF($B64:$D64,0)<3,IF(LEN(SUBSTITUTE(SUBSTITUTE($B64,L$1,,1),,1))=0,0,L63+1-AG64),\"\")","v":9},{"$f":"IF(COUNTIF($B64:$D64,0)<3,IF(LEN(SUBSTITUTE(SUBSTITUTE($B64,M$1,,1),,1))=0,0,M63+1-AH64),\"\")","v":24},{"$f":"IF(COUNTIF($B64:$D64,0)<3,IF(LEN(SUBSTITUTE(SUBSTITUTE($B64,N$1,,1),,1))=0,0,N63+1-AI64),\"\")","v":26},{"$f":"IF(COUNTIF($B64:$D64,0)<3,IF(LEN(SUBSTITUTE(SUBSTITUTE($B64,O$1,,1),,1))=0,0,O63+1-AJ64),\"\")","v":10},{"$f":"IF(COUNTIF($B64:$D64,0)<3,IF(LEN(SUBSTITUTE(SUBSTITUTE($B64,P$1,,1),,1))=0,0,P63+1-AK64),\"\")","v":1},{"$f":"IF(COUNTIF($B64:$D64,0)<3,IF(LEN(SUBSTITUTE(SUBSTITUTE($B64,Q$1,,1),,1))=0,0,Q63+1-AL64),\"\")","v":6},{"$f":"IF(COUNTIF($B64:$D64,0)<3,IF(LEN(SUBSTITUTE(SUBSTITUTE($B64,R$1,,1),,1))=0,0,R63+1-AM64),\"\")","v":11},{"$f":"IF(COUNTIF($B64:$D64,0)<3,IF(LEN(SUBSTITUTE(SUBSTITUTE($B64,S$1,,1),,1))=0,0,S63+1-AN64),\"\")","v":42},{"$f":"IF(COUNTIF($B64:$D64,0)<3,IF(LEN(SUBSTITUTE(SUBSTITUTE($B64,T$1,,1),,1))=0,0,T63+1-AO64),\"\")","v":4},{"$f":"IF(COUNTIF($B64:$D64,0)<3,IF(LEN(SUBSTITUTE(SUBSTITUTE($B64,U$1,,1),,1))=0,0,U63+1-AP64),\"\")","v":5},{"$f":"IF(COUNTIF($B64:$D64,0)<3,IF(LEN(SUBSTITUTE(SUBSTITUTE($B64,V$1,,1),,1))=0,0,V63+1-AQ64),\"\")","v":19},{"$f":"IF(COUNTIF($B64:$D64,0)<3,IF(LEN(SUBSTITUTE(SUBSTITUTE($B64,W$1,,1),,1))=0,0,W63+1-AR64),\"\")","v":53},{"$f":"IF(COUNTIF($B64:$D64,0)<3,IF(LEN(SUBSTITUTE(SUBSTITUTE($B64,X$1,,1),,1))=0,0,X63+1-AS64),\"\")","v":8},{"$f":"IF(COUNTIF($B64:$D64,0)<3,IF(LEN(SUBSTITUTE(SUBSTITUTE($B64,Y$1,,1),,1))=0,0,Y63+1-AT64),\"\")","v":1},{"$f":"IF(COUNTIF($B64:$D64,0)<3,IF(LEN(SUBSTITUTE(SUBSTITUTE($B64,Z$1,,1),,1))=0,0,Z63+1-AU64),\"\")","v":2},{"$f":"IF(COUNTIF($B64:$D64,0)<3,IF(LEN(SUBSTITUTE(SUBSTITUTE($B64,AA$1,,1),,1))=0,0,AA63+1-AV64),\"\")","v":1},null,null,null,null,null,null,null,null,null,null,null,null,null,null,null,null,null,null,null,1,1,18,"7",13]
[{"$f":"IF(generale!$A75>0,generale!$A75,\"\")","v":"2005-03-02"},{"$f":"IF(INDEX(generale!$A$16:$G$4963,MATCH(NGG!$A65,generale!$A$16:$A$4963,0),COLUMN())=0,0,INDEX(generale!$A$16:$G$4963,MATCH(NGG!$A65,generale!$A$16:$A$4963,0),COLUMN()))","v":6},{"$f":"IF(INDEX(generale!$A$16:$G$4963,MATCH(NGG!$A65,generale!$A$16:$A$4963,0),COLUMN())=0,0,INDEX(generale!$A$16:$G$4963,MATCH(NGG!$A65,generale!$A$16:$A$4963,0),COLUMN()))","v":5},{"$f":"IF(INDEX(generale!$A$16:$G$4963,MATCH(NGG!$A65,generale!$A$16:$A$4963,0),COLUMN())=0,0,INDEX(generale!$A$16:$G$4963,MATCH(NGG!$A65,generale!$A$16:$A$4963,0),COLUMN()))","v":8},{"$f":"IF(INDEX(generale!$A$16:$G$4963,MATCH(NGG!$A65,generale!$A$16:$A$4963,0),COLUMN())=0,0,INDEX(generale!$A$16:$G$4963,MATCH(NGG!$A65,generale!$A$16:$A$4963,0),COLUMN()))","v":7},{"$f":"IF(INDEX(generale!$A$16:$G$4963,MATCH(NGG!$A65,generale!$A$16:$A$4963,0),COLUMN())=0,0,INDEX(generale!$A$16:$G$4963,MATCH(NGG!$A65,generale!$A$16:$A$4963,0),COLUMN()))","v":4},{"$f":"generale!G75","v":"T"},13,21,1,8,10,0,27,11,2,7,12,43,5,6,19,53,8,1,2,1,null,null,null,null,null,null,null,null,null,null,null,null,null,null,null,1,1,1,1,1,1,14,null,16]
[{"$f":"IF(generale!$A76>0,generale!$A76,\"\")","v":"2005-03-03"},{"$f":"IF(INDEX(generale!$A$16:$G$4963,MATCH(NGG!$A66,generale!$A$16:$A$4963,0),COLUMN())=0,0,INDEX(generale!$A$16:$G$4963,MATCH(NGG!$A66,generale!$A$16:$A$4963,0),COLUMN()))","v":13},{"$f":"IF(INDEX(generale!$A$16:$G$4963,MATCH(NGG!$A66,generale!$A$16:$A$4963,0),COLUMN())=0,0,INDEX(generale!$A$16:$G$4963,MATCH(NGG!$A66,generale!$A$16:$A$4963,0),COLUMN()))","v":11},{"$f":"IF(INDEX(generale!$A$16:$G$4963,MATCH(NGG!$A66,generale!$A$16:$A$4963,0),COLUMN())=0,0,INDEX(generale!$A$16:$G$4963,MATCH(NGG!$A66,generale!$A$16:$A$4963,0),COLUMN()))","v":14},{"$f":"IF(INDEX(generale!$A$16:$G$4963,MATCH(NGG!$A66,generale!$A$16:$A$4963,0),COLUMN())=0,0,INDEX(generale!$A$16:$G$4963,MATCH(NGG!$A66,generale!$A$16:$A$4963,0),COLUMN()))","v":2},{"$f":"IF(INDEX(generale!$A$16:$G$4963,MATCH(NGG!$A66,generale!$A$16:$A$4963,0),COLUMN())=0,0,INDEX(generale!$A$16:$G$4963,MATCH(NGG!$A66,generale!$A$16:$A$4963,0),COLUMN()))","v":7},{"$f":"generale!G76","v":"T"},14,22,2,9,11,1,28,12,3,8,13,44,0,7,20,54,9,1,2,1,null,null,null,null,null,null,null,null,null,null,null,null,null,null,null,null,null,null,1,1,1,17,null,12]
[{"$f":"IF(generale!$A77>0,generale!$A77,\"\")","v":"2005-03-04"},{"$f":"IF(INDEX(generale!$A$16:$G$4963,MATCH(NGG!$A67,generale!$A$16:$A$4963,0),COLUMN())=0,0,INDEX(generale!$A$16:$G$4963,MATCH(NGG!$A67,generale!$A$16:$A$4963,0),COLUMN()))","v":12},{"$f":"IF(INDEX(generale!$A$16:$G$4963,MATCH(NGG!$A67,generale!$A$16:$A$4963,0),COLUMN())=0,0,INDEX(generale!$A$16:$G$4963,MATCH(NGG!$A67,generale!$A$16:$A$4963,0),COLUMN()))","v":6},{"$f":"IF(INDEX(generale!$A$16:$G$4963,MATCH(NGG!$A67,generale!$A$16:$A$4963,0),COLUMN())=0,0,INDEX(generale!$A$16:$G$4963,MATCH(NGG!$A67,generale!$A$16:$A$4963,0),COLUMN()))","v":7},{"$f":"IF(INDEX(generale!$A$16:$G$4963,MATCH(NGG!$A67,generale!$A$16:$A$4963,0),COLUMN())=0,0,INDEX(generale!$A$16:$G$4963,MATCH(NGG!$A67,generale!$A$16:$A$4963,0),COLUMN()))","v":1},{"$f":"IF(INDEX(generale!$A$16:$G$4963,MATCH(NGG!$A67,generale!$A$16:$A$4963,0),COLUMN())=0,0,INDEX(generale!$A$16:$G$4963,MATCH(NGG!$A67,generale!$A$16:$A$4963,0),COLUMN()))","v":2},{"$f":"generale!G77","v":"T"},15,23,3,10,12,2,29,13,4,9,14,0,1,8,21,{"$f":"IF(COUNTIF($B67:$D67,0)<3,IF(LEN(SUBSTITUTE(SUBSTITUTE($B67,W$1,,1),,1))=0,0,W66+1-AR67),\"\")","v":55},{"$f":"IF(COUNTIF($B67:$D67,0)<3,IF(LEN(SUBSTITUTE(SUBSTITUTE($B67,X$1,,1),,1))=0,0,X66+1-AS67),\"\")","v":9},1,2,1,null,null,null,null,null,null,null,null,null,null,null,null,null,null,null,null,null,1,1,1,1,16,null,16]
[{"$f":"IF(generale!$A78>0,generale!$A78,\"\")","v":"2005-03-05"},{"$f":"IF(INDEX(generale!$A$16:$G$4963,MATCH(NGG!$A68,generale!$A$16:$A$4963,0),COLUMN())=0,0,INDEX(generale!$A$16:$G$4963,MATCH(NGG!$A68,generale!$A$16:$A$4963,0),COLUMN()))","v":12},{"$f":"IF(INDEX(generale!$A$16:$G$4963,MATCH(NGG!$A68,generale!$A$16:$A$4963,0),COLUMN())=0,0,INDEX(generale!$A$16:$G$4963,MATCH(NGG!$A68,generale!$A$16:$A$4963,0),COLUMN()))","v":2},{"$f":"IF(INDEX(generale!$A$16:$G$4963,MATCH(NGG!$A68,generale!$A$16:$A$4963,0),COLUMN())=0,0,INDEX(generale!$A$16:$G$4963,MATCH(NGG!$A68,generale!$A$16:$A$4963,0),COLUMN()))","v":8},{"$f":"IF(INDEX(generale!$A$16:$G$4963,MATCH(NGG!$A68,generale!$A$16:$A$4963,0),COLUMN())=0,0,INDEX(generale!$A$16:$G$4963,MATCH(NGG!$A68,generale!$A$16:$A$4963,0),COLUMN()))","v":6},{"$f":"IF(INDEX(generale!$A$16:$G$4963,MATCH(NGG!$A68,generale!$A$16:$A$4963,0),COLUMN())=0,0,INDEX(generale!$A$16:$G$4963,MATCH(NGG!$A68,generale!$A$16:$A$4963,0),COLUMN()))","v":7},{"$f":"generale!G78","v":"T"},16,24,4,11,13,3,30,14,5,10,15,0,2,9,22,{"$f":"IF(COUNTIF($B68:$D68,0)<3,IF(LEN(SUBSTITUTE(SUBSTITUTE($B68,W$1,,1),,1))=0,0,W67+1-AR68),\"\")","v":56},10,1,2,1,null,null,null,null,null,null,null,null,null,null,null,null,null,null,null,null,null,null,1,1,1,17,null,15]
[{"$f":"IF(generale!$A79>0,generale!$A79,\"\")","v":"2005-03-06"},{"$f":"IF(INDEX(generale!$A$16:$G$4963,MATCH(NGG!$A69,generale!$A$16:$A$4963,0),COLUMN())=0,0,INDEX(generale!$A$16:$G$4963,MATCH(NGG!$A69,generale!$A$16:$A$4963,0),COLUMN()))","v":15},{"$f":"IF(INDEX(generale!$A$16:$G$4963,MATCH(NGG!$A69,generale!$A$16:$A$4963,0),COLUMN())=0,0,INDEX(generale!$A$16:$G$4963,MATCH(NGG!$A69,generale!$A$16:$A$4963,0),COLUMN()))","v":10},{"$f":"IF(INDEX(generale!$A$16:$G$4963,MATCH(NGG!$A69,generale!$A$16:$A$4963,0),COLUMN())=0,0,INDEX(generale!$A$16:$G$4963,MATCH(NGG!$A69,generale!$A$16:$A$4963,0),COLUMN()))","v":5},{"$f":"IF(INDEX(generale!$A$16:$G$4963,MATCH(NGG!$A69,generale!$A$16:$A$4963,0),COLUMN())=0,0,INDEX(generale!$A$16:$G$4963,MATCH(NGG!$A69,generale!$A$16:$A$4963,0),COLUMN()))","v":2},{"$f":"IF(INDEX(generale!$A$16:$G$4963,MATCH(NGG!$A69,generale!$A$16:$A$4963,0),COLUMN())=0,0,INDEX(generale!$A$16:$G$4963,MATCH(NGG!$A69,generale!$A$16:$A$4963,0),COLUMN()))","v":6},{"$f":"generale!G79","v":"T"},17,25,5,12,14,4,31,15,6,11,16,1,3,10,0,57,{"$f":"IF(COUNTIF($B69:$D69,0)<3,IF(LEN(SUBSTITUTE(SUBSTITUTE($B69,X$1,,1),,1))=0,0,X68+1-AS69),\"\")","v":11},2,2,1,null,null,null,null,null,null,null,null,null,null,null,null,null,null,null,null,null,null,null,1,1,{"$f":"IF(A69<>\"\",20-SUM(AC69:AV69),\"\")","v":18},"19",14]
[{"$f":"IF(generale!$A80>0,generale!$A80,\"\")","v":"2005-03-07"},{"$f":"IF(INDEX(generale!$A$16:$G$4963,MATCH(NGG!$A70,generale!$A$16:$A$4963,0),COLUMN())=0,0,INDEX(generale!$A$16:$G$4963,MATCH(NGG!$A70,generale!$A$16:$A$4963,0),COLUMN()))","v":14},{"$f":"IF(INDEX(generale!$A$16:$G$4963,MATCH(NGG!$A70,generale!$A$16:$A$4963,0),COLUMN())=0,0,INDEX(generale!$A$16:$G$4963,MATCH(NGG!$A70,generale!$A$16:$A$4963,0),COLUMN()))","v":15},{"$f":"IF(INDEX(generale!$A$16:$G$4963,MATCH(NGG!$A70,generale!$A$16:$A$4963,0),COLUMN())=0,0,INDEX(generale!$A$16:$G$4963,MATCH(NGG!$A70,generale!$A$16:$A$4963,0),COLUMN()))","v":12},{"$f":"IF(INDEX(generale!$A$16:$G$4963,MATCH(NGG!$A70,generale!$A$16:$A$4963,0),COLUMN())=0,0,INDEX(generale!$A$16:$G$4963,MATCH(NGG!$A70,generale!$A$16:$A$4963,0),COLUMN()))","v":10},{"$f":"IF(INDEX(generale!$A$16:$G$4963,MATCH(NGG!$A70,generale!$A$16:$A$4963,0),COLUMN())=0,0,INDEX(generale!$A$16:$G$4963,MATCH(NGG!$A70,generale!$A$16:$A$4963,0),COLUMN()))","v":8},{"$f":"generale!G80","v":"T"},{"$f":"IF(COUNTIF($B70:$D70,0)<3,IF(LEN(SUBSTITUTE(SUBSTITUTE($B70,H$1,,1),,1))=0,0,H69+1-AC70),\"\")","v":18},26,6,13,15,5,32,16,7,12,17,2,4,0,1,58,11,2,2,1,null,null,null,null,null,null,null,null,null,null,null,null,null,null,null,null,null,1,1,1,1,16,"5",14]
[{"$f":"IF(generale!$A81>0,generale!$A81,\"\")","v":"2005-03-08"},{"$f":"IF(INDEX(generale!$A$16:$G$4963,MATCH(NGG!$A71,generale!$A$16:$A$4963,0),COLUMN())=0,0,INDEX(generale!$A$16:$G$4963,MATCH(NGG!$A71,generale!$A$16:$A$4963,0),COLUMN()))","v":1},{"$f":"IF(INDEX(generale!$A$16:$G$4963,MATCH(NGG!$A71,generale!$A$16:$A$4963,0),COLUMN())=0,0,INDEX(generale!$A$16:$G$4963,MATCH(NGG!$A71,generale!$A$16:$A$4963,0),COLUMN()))","v":4},{"$f":"IF(INDEX(generale!$A$16:$G$4963,MATCH(NGG!$A71,generale!$A$16:$A$4963,0),COLUMN())=0,0,INDEX(generale!$A$16:$G$4963,MATCH(NGG!$A71,generale!$A$16:$A$4963,0),COLUMN()))","v":7},{"$f":"IF(INDEX(generale!$A$16:$G$4963,MATCH(NGG!$A71,generale!$A$16:$A$4963,0),COLUMN())=0,0,INDEX(generale!$A$16:$G$4963,MATCH(NGG!$A71,generale!$A$16:$A$4963,0),COLUMN()))","v":14},{"$f":"IF(INDEX(generale!$A$16:$G$4963,MATCH(NGG!$A71,generale!$A$16:$A$4963,0),COLUMN())=0,0,INDEX(generale!$A$16:$G$4963,MATCH(NGG!$A71,generale!$A$16:$A$4963,0),COLUMN()))","v":12},{"$f":"generale!G81","v":"O"},0,27,7,14,16,6,33,17,8,13,18,3,5,1,2,59,11,2,2,1,null,null,null,null,null,null,null,null,null,null,null,null,null,null,null,null,null,1,1,1,1,16,null,15]
[{"$f":"IF(generale!$A82>0,generale!$A82,\"\")","v":"2005-03-09"},{"$f":"IF(INDEX(generale!$A$16:$G$4963,MATCH(NGG!$A72,generale!$A$16:$A$4963,0),COLUMN())=0,0,INDEX(generale!$A$16:$G$4963,MATCH(NGG!$A72,generale!$A$16:$A$4963,0),COLUMN()))","v":3},{"$f":"IF(INDEX(generale!$A$16:$G$4963,MATCH(NGG!$A72,generale!$A$16:$A$4963,0),COLUMN())=0,0,INDEX(generale!$A$16:$G$4963,MATCH(NGG!$A72,generale!$A$16:$A$4963,0),COLUMN()))","v":6},{"$f":"IF(INDEX(generale!$A$16:$G$4963,MATCH(NGG!$A72,generale!$A$16:$A$4963,0),COLUMN())=0,0,INDEX(generale!$A$16:$G$4963,MATCH(NGG!$A72,generale!$A$16:$A$4963,0),COLUMN()))","v":13},{"$f":"IF(INDEX(generale!$A$16:$G$4963,MATCH(NGG!$A72,generale!$A$16:$A$4963,0),COLUMN())=0,0,INDEX(generale!$A$16:$G$4963,MATCH(NGG!$A72,generale!$A$16:$A$4963,0),COLUMN()))","v":1},{"$f":"IF(INDEX(generale!$A$16:$G$4963,MATCH(NGG!$A72,generale!$A$16:$A$4963,0),COLUMN())=0,0,INDEX(generale!$A$16:$G$4963,MATCH(NGG!$A72,generale!$A$16:$A$4963,0),COLUMN()))","v":7},{"$f":"generale!G82","v":"T"},1,28,0,15,17,7,34,18,9,14,19,4,6,2,3,60,11,2,2,1,null,null,null,null,null,null,null,null,null,null,null,null,null,null,null,null,null,1,1,1,1,16,null,14]
[{"$f":"IF(generale!$A83>0,generale!$A83,\"\")","v":"2005-03-10"},{"$f":"IF(INDEX(generale!$A$16:$G$4963,MATCH(NGG!$A73,generale!$A$16:$A$4963,0),COLUMN())=0,0,INDEX(generale!$A$16:$G$4963,MATCH(NGG!$A73,generale!$A$16:$A$4963,0),COLUMN()))","v":13},{"$f":"IF(INDEX(generale!$A$16:$G$4963,MATCH(NGG!$A73,generale!$A$16:$A$4963,0),COLUMN())=0,0,INDEX(generale!$A$16:$G$4963,MATCH(NGG!$A73,generale!$A$16:$A$4963,0),COLUMN()))","v":5},{"$f":"IF(INDEX(generale!$A$16:$G$4963,MATCH(NGG!$A73,generale!$A$16:$A$4963,0),COLUMN())=0,0,INDEX(generale!$A$16:$G$4963,MATCH(NGG!$A73,generale!$A$16:$A$4963,0),COLUMN()))","v":4},{"$f":"IF(INDEX(generale!$A$16:$G$4963,MATCH(NGG!$A73,generale!$A$16:$A$4963,0),COLUMN())=0,0,INDEX(generale!$A$16:$G$4963,MATCH(NGG!$A73,generale!$A$16:$A$4963,0),COLUMN()))","v":12},{"$f":"IF(INDEX(generale!$A$16:$G$4963,MATCH(NGG!$A73,generale!$A$16:$A$4963,0),COLUMN())=0,0,INDEX(generale!$A$16:$G$4963,MATCH(NGG!$A73,generale!$A$16:$A$4963,0),COLUMN()))","v":16},{"$f":"generale!G83","v":"P"},2,29,1,16,18,8,35,19,10,15,20,5,0,3,4,61,11,2,2,1,null,null,null,null,null,null,null,null,null,null,null,null,null,null,null,null,null,1,1,1,1,16,null,17]
[{"$f":"IF(generale!$A84>0,generale!$A84,\"\")","v":"2005-03-11"},{"$f":"IF(INDEX(generale!$A$16:$G$4963,MATCH(NGG!$A74,generale!$A$16:$A$4963,0),COLUMN())=0,0,INDEX(generale!$A$16:$G$4963,MATCH(NGG!$A74,generale!$A$16:$A$4963,0),COLUMN()))","v":2},{"$f":"IF(INDEX(generale!$A$16:$G$4963,MATCH(NGG!$A74,generale!$A$16:$A$4963,0),COLUMN())=0,0,INDEX(generale!$A$16:$G$4963,MATCH(NGG!$A74,generale!$A$16:$A$4963,0),COLUMN()))","v":7},{"$f":"IF(INDEX(generale!$A$16:$G$4963,MATCH(NGG!$A74,generale!$A$16:$A$4963,0),COLUMN())=0,0,INDEX(generale!$A$16:$G$4963,MATCH(NGG!$A74,generale!$A$16:$A$4963,0),COLUMN()))","v":3},{"$f":"IF(INDEX(generale!$A$16:$G$4963,MATCH(NGG!$A74,generale!$A$16:$A$4963,0),COLUMN())=0,0,INDEX(generale!$A$16:$G$4963,MATCH(NGG!$A74,generale!$A$16:$A$4963,0),COLUMN()))","v":6},{"$f":"IF(INDEX(generale!$A$16:$G$4963,MATCH(NGG!$A74,generale!$A$16:$A$4963,0),COLUMN())=0,0,INDEX(generale!$A$16:$G$4963,MATCH(NGG!$A74,generale!$A$16:$A$4963,0),COLUMN()))","v":5},{"$f":"generale!G84","v":"P"},3,0,2,17,19,9,36,20,11,16,21,6,1,4,5,62,11,2,2,1,null,null,null,null,null,null,null,null,null,null,null,null,null,null,null,null,null,1,1,1,1,16,null,17]
[{"$f":"IF(generale!$A85>0,generale!$A85,\"\")","v":"2005-03-12"},{"$f":"IF(INDEX(generale!$A$16:$G$4963,MATCH(NGG!$A75,generale!$A$16:$A$4963,0),COLUMN())=0,0,INDEX(generale!$A$16:$G$4963,MATCH(NGG!$A75,generale!$A$16:$A$4963,0),COLUMN()))","v":10},{"$f":"IF(INDEX(generale!$A$16:$G$4963,MATCH(NGG!$A75,generale!$A$16:$A$4963,0),COLUMN())=0,0,INDEX(generale!$A$16:$G$4963,MATCH(NGG!$A75,generale!$A$16:$A$4963,0),COLUMN()))","v":1},{"$f":"IF(INDEX(generale!$A$16:$G$4963,MATCH(NGG!$A75,generale!$A$16:$A$4963,0),COLUMN())=0,0,INDEX(generale!$A$16:$G$4963,MATCH(NGG!$A75,generale!$A$16:$A$4963,0),COLUMN()))","v":12},{"$f":"IF(INDEX(generale!$A$16:$G$4963,MATCH(NGG!$A75,generale!$A$16:$A$4963,0),COLUMN())=0,0,INDEX(generale!$A$16:$G$4963,MATCH(NGG!$A75,generale!$A$16:$A$4963,0),COLUMN()))","v":9},{"$f":"IF(INDEX(generale!$A$16:$G$4963,MATCH(NGG!$A75,generale!$A$16:$A$4963,0),COLUMN())=0,0,INDEX(generale!$A$16:$G$4963,MATCH(NGG!$A75,generale!$A$16:$A$4963,0),COLUMN()))","v":5},{"$f":"generale!G85","v":"P"},23,3,38,20,1,12,8,13,2,30,22,15,9,0,14,9,15,19,2,2,null,null,null,null,null,null,null,null,null,null,null,null,null,null,null,null,null,null,null,1,1,18,null,18]
[{"$f":"IF(generale!$A86>0,generale!$A86,\"\")","v":"2005-03-13"},{"$f":"IF(INDEX(generale!$A$16:$G$4963,MATCH(NGG!$A76,generale!$A$16:$A$4963,0),COLUMN())=0,0,INDEX(generale!$A$16:$G$4963,MATCH(NGG!$A76,generale!$A$16:$A$4963,0),COLUMN()))","v":6},{"$f":"IF(INDEX(generale!$A$16:$G$4963,MATCH(NGG!$A76,generale!$A$16:$A$4963,0),COLUMN())=0,0,INDEX(generale!$A$16:$G$4963,MATCH(NGG!$A76,generale!$A$16:$A$4963,0),COLUMN()))","v":1},{"$f":"IF(INDEX(generale!$A$16:$G$4963,MATCH(NGG!$A76,generale!$A$16:$A$4963,0),COLUMN())=0,0,INDEX(generale!$A$16:$G$4963,MATCH(NGG!$A76,generale!$A$16:$A$4963,0),COLUMN()))","v":14},{"$f":"IF(INDEX(generale!$A$16:$G$4963,MATCH(NGG!$A76,generale!$A$16:$A$4963,0),COLUMN())=0,0,INDEX(generale!$A$16:$G$4963,MATCH(NGG!$A76,generale!$A$16:$A$4963,0),COLUMN()))","v":10},{"$f":"IF(INDEX(generale!$A$16:$G$4963,MATCH(NGG!$A76,generale!$A$16:$A$4963,0),COLUMN())=0,0,INDEX(generale!$A$16:$G$4963,MATCH(NGG!$A76,generale!$A$16:$A$4963,0),COLUMN()))","v":11},{"$f":"generale!G86","v":"O"},24,4,39,21,2,0,9,14,3,31,23,16,10,1,15,10,16,20,2,2,null,null,null,null,null,null,null,null,null,null,null,null,null,null,null,null,null,null,null,1,1,18,null,19]
[{"$f":"IF(generale!$A87>0,generale!$A87,\"\")","v":"2005-03-14"},{"$f":"IF(INDEX(generale!$A$16:$G$4963,MATCH(NGG!$A77,generale!$A$16:$A$4963,0),COLUMN())=0,0,INDEX(generale!$A$16:$G$4963,MATCH(NGG!$A77,generale!$A$16:$A$4963,0),COLUMN()))","v":5},{"$f":"IF(INDEX(generale!$A$16:$G$4963,MATCH(NGG!$A77,generale!$A$16:$A$4963,0),COLUMN())=0,0,INDEX(generale!$A$16:$G$4963,MATCH(NGG!$A77,generale!$A$16:$A$4963,0),COLUMN()))","v":18},{"$f":"IF(INDEX(generale!$A$16:$G$4963,MATCH(NGG!$A77,generale!$A$16:$A$4963,0),COLUMN())=0,0,INDEX(generale!$A$16:$G$4963,MATCH(NGG!$A77,generale!$A$16:$A$4963,0),COLUMN()))","v":4},{"$f":"IF(INDEX(generale!$A$16:$G$4963,MATCH(NGG!$A77,generale!$A$16:$A$4963,0),COLUMN())=0,0,INDEX(generale!$A$16:$G$4963,MATCH(NGG!$A77,generale!$A$16:$A$4963,0),COLUMN()))","v":2},{"$f":"IF(INDEX(generale!$A$16:$G$4963,MATCH(NGG!$A77,generale!$A$16:$A$4963,0),COLUMN())=0,0,INDEX(generale!$A$16:$G$4963,MATCH(NGG!$A77,generale!$A$16:$A$4963,0),COLUMN()))","v":12},{"$f":"generale!G87","v":"P"},25,5,40,22,0,1,10,15,4,32,24,17,11,2,16,10,16,20,2,2,null,null,null,null,null,null,null,null,null,null,null,null,null,null,null,null,1,1,1,1,1,15,null,18]
[{"$f":"IF(generale!$A88>0,generale!$A88,\"\")","v":"2005-03-15"},{"$f":"IF(INDEX(generale!$A$16:$G$4963,MATCH(NGG!$A78,generale!$A$16:$A$4963,0),COLUMN())=0,0,INDEX(generale!$A$16:$G$4963,MATCH(NGG!$A78,generale!$A$16:$A$4963,0),COLUMN()))","v":15},{"$f":"IF(INDEX(generale!$A$16:$G$4963,MATCH(NGG!$A78,generale!$A$16:$A$4963,0),COLUMN())=0,0,INDEX(generale!$A$16:$G$4963,MATCH(NGG!$A78,generale!$A$16:$A$4963,0),COLUMN()))","v":13},{"$f":"IF(INDEX(generale!$A$16:$G$4963,MATCH(NGG!$A78,generale!$A$16:$A$4963,0),COLUMN())=0,0,INDEX(generale!$A$16:$G$4963,MATCH(NGG!$A78,generale!$A$16:$A$4963,0),COLUMN()))","v":5},{"$f":"IF(INDEX(generale!$A$16:$G$4963,MATCH(NGG!$A78,generale!$A$16:$A$4963,0),COLUMN())=0,0,INDEX(generale!$A$16:$G$4963,MATCH(NGG!$A78,generale!$A$16:$A$4963,0),COLUMN()))","v":9},{"$f":"IF(INDEX(generale!$A$16:$G$4963,MATCH(NGG!$A78,generale!$A$16:$A$4963,0),COLUMN())=0,0,INDEX(generale!$A$16:$G$4963,MATCH(NGG!$A78,generale!$A$16:$A$4963,0),COLUMN()))","v":11},{"$f":"generale!G88","v":"P"},26,6,41,23,1,2,11,16,5,33,25,18,12,3,0,11,17,21,2,2,null,null,null,null,null,null,null,null,null,null,null,null,null,null,null,null,null,null,null,1,1,18,null,18]
[{"$f":"IF(generale!$A89>0,generale!$A89,\"\")","v":"2005-03-16"},{"$f":"IF(INDEX(generale!$A$16:$G$4963,MATCH(NGG!$A79,generale!$A$16:$A$4963,0),COLUMN())=0,0,INDEX(generale!$A$16:$G$4963,MATCH(NGG!$A79,generale!$A$16:$A$4963,0),COLUMN()))","v":1},{"$f":"IF(INDEX(generale!$A$16:$G$4963,MATCH(NGG!$A79,generale!$A$16:$A$4963,0),COLUMN())=0,0,INDEX(generale!$A$16:$G$4963,MATCH(NGG!$A79,generale!$A$16:$A$4963,0),COLUMN()))","v":2},{"$f":"IF(INDEX(generale!$A$16:$G$4963,MATCH(NGG!$A79,generale!$A$16:$A$4963,0),COLUMN())=0,0,INDEX(generale!$A$16:$G$4963,MATCH(NGG!$A79,generale!$A$16:$A$4963,0),COLUMN()))","v":5},{"$f":"IF(INDEX(generale!$A$16:$G$4963,MATCH(NGG!$A79,generale!$A$16:$A$4963,0),COLUMN())=0,0,INDEX(generale!$A$16:$G$4963,MATCH(NGG!$A79,generale!$A$16:$A$4963,0),COLUMN()))","v":4},{"$f":"IF(INDEX(generale!$A$16:$G$4963,MATCH(NGG!$A79,generale!$A$16:$A$4963,0),COLUMN())=0,0,INDEX(generale!$A$16:$G$4963,MATCH(NGG!$A79,generale!$A$16:$A$4963,0),COLUMN()))","v":3},{"$f":"generale!G89","v":"T"},0,7,42,24,2,3,12,17,6,34,26,19,13,4,1,12,17,21,2,2,null,null,null,null,null,null,null,null,null,null,null,null,null,null,null,null,null,1,1,1,1,16,null,15]
[{"$f":"IF(generale!$A90>0,generale!$A90,\"\")","v":"2005-03-17"},{"$f":"IF(INDEX(generale!$A$16:$G$4963,MATCH(NGG!$A80,generale!$A$16:$A$4963,0),COLUMN())=0,0,INDEX(generale!$A$16:$G$4963,MATCH(NGG!$A80,generale!$A$16:$A$4963,0),COLUMN()))","v":11},{"$f":"IF(INDEX(generale!$A$16:$G$4963,MATCH(NGG!$A80,generale!$A$16:$A$4963,0),COLUMN())=0,0,INDEX(generale!$A$16:$G$4963,MATCH(NGG!$A80,generale!$A$16:$A$4963,0),COLUMN()))","v":15},{"$f":"IF(INDEX(generale!$A$16:$G$4963,MATCH(NGG!$A80,generale!$A$16:$A$4963,0),COLUMN())=0,0,INDEX(generale!$A$16:$G$4963,MATCH(NGG!$A80,generale!$A$16:$A$4963,0),COLUMN()))","v":17},{"$f":"IF(INDEX(generale!$A$16:$G$4963,MATCH(NGG!$A80,generale!$A$16:$A$4963,0),COLUMN())=0,0,INDEX(generale!$A$16:$G$4963,MATCH(NGG!$A80,generale!$A$16:$A$4963,0),COLUMN()))","v":7},{"$f":"IF(INDEX(generale!$A$16:$G$4963,MATCH(NGG!$A80,generale!$A$16:$A$4963,0),COLUMN())=0,0,INDEX(generale!$A$16:$G$4963,MATCH(NGG!$A80,generale!$A$16:$A$4963,0),COLUMN()))","v":1},{"$f":"generale!G90","v":"P"},1,8,43,25,3,4,13,18,7,35,0,20,14,5,2,13,17,21,2,2,null,null,null,null,null,null,null,null,null,null,null,null,null,null,null,null,null,1,1,1,1,16,null,18]
[{"$f":"IF(generale!$A91>0,generale!$A91,\"\")","v":"2005-03-18"},{"$f":"IF(INDEX(generale!$A$16:$G$4963,MATCH(NGG!$A81,generale!$A$16:$A$4963,0),COLUMN())=0,0,INDEX(generale!$A$16:$G$4963,MATCH(NGG!$A81,generale!$A$16:$A$4963,0),COLUMN()))","v":2},{"$f":"IF(INDEX(generale!$A$16:$G$4963,MATCH(NGG!$A81,generale!$A$16:$A$4963,0),COLUMN())=0,0,INDEX(generale!$A$16:$G$4963,MATCH(NGG!$A81,generale!$A$16:$A$4963,0),COLUMN()))","v":7},{"$f":"IF(INDEX(generale!$A$16:$G$4963,MATCH(NGG!$A81,generale!$A$16:$A$4963,0),COLUMN())=0,0,INDEX(generale!$A$16:$G$4963,MATCH(NGG!$A81,generale!$A$16:$A$4963,0),COLUMN()))","v":17},{"$f":"IF(INDEX(generale!$A$16:$G$4963,MATCH(NGG!$A81,generale!$A$16:$A$4963,0),COLUMN())=0,0,INDEX(generale!$A$16:$G$4963,MATCH(NGG!$A81,generale!$A$16:$A$4963,0),COLUMN()))","v":4},{"$f":"IF(INDEX(generale!$A$16:$G$4963,MATCH(NGG!$A81,generale!$A$16:$A$4963,0),COLUMN())=0,0,INDEX(generale!$A$16:$G$4963,MATCH(NGG!$A81,generale!$A$16:$A$4963,0),COLUMN()))","v":14},{"$f":"generale!G91","v":"P"},2,0,44,26,4,5,14,19,8,36,1,21,15,5,2,13,17,21,2,2,null,null,null,null,null,null,null,null,null,null,null,null,null,null,1,1,1,1,1,1,1,13,"14",18]
[{"$f":"IF(generale!$A92>0,generale!$A92,\"\")","v":"2005-03-19"},{"$f":"IF(INDEX(generale!$A$16:$G$4963,MATCH(NGG!$A82,generale!$A$16:$A$4963,0),COLUMN())=0,0,INDEX(generale!$A$16:$G$4963,MATCH(NGG!$A82,generale!$A$16:$A$4963,0),COLUMN()))","v":8},{"$f":"IF(INDEX(generale!$A$16:$G$4963,MATCH(NGG!$A82,generale!$A$16:$A$4963,0),COLUMN())=0,0,INDEX(generale!$A$16:$G$4963,MATCH(NGG!$A82,generale!$A$16:$A$4963,0),COLUMN()))","v":10},{"$f":"IF(INDEX(generale!$A$16:$G$4963,MATCH(NGG!$A82,generale!$A$16:$A$4963,0),COLUMN())=0,0,INDEX(generale!$A$16:$G$4963,MATCH(NGG!$A82,generale!$A$16:$A$4963,0),COLUMN()))","v":6},{"$f":"IF(INDEX(generale!$A$16:$G$4963,MATCH(NGG!$A82,generale!$A$16:$A$4963,0),COLUMN())=0,0,INDEX(generale!$A$16:$G$4963,MATCH(NGG!$A82,generale!$A$16:$A$4963,0),COLUMN()))","v":11},{"$f":"IF(INDEX(generale!$A$16:$G$4963,MATCH(NGG!$A82,generale!$A$16:$A$4963,0),COLUMN())=0,0,INDEX(generale!$A$16:$G$4963,MATCH(NGG!$A82,generale!$A$16:$A$4963,0),COLUMN()))","v":9},{"$f":"generale!G92","v":"P"},3,1,45,27,5,6,15,0,9,37,2,22,16,6,3,14,17,21,2,2,null,null,null,null,null,null,null,null,null,null,null,null,null,null,null,null,null,1,1,1,1,16,"12",16]
[{"$f":"IF(generale!$A93>0,generale!$A93,\"\")","v":"2005-03-20"},{"$f":"IF(INDEX(generale!$A$16:$G$4963,MATCH(NGG!$A83,generale!$A$16:$A$4963,0),COLUMN())=0,0,INDEX(generale!$A$16:$G$4963,MATCH(NGG!$A83,generale!$A$16:$A$4963,0),COLUMN()))","v":8},{"$f":"IF(INDEX(generale!$A$16:$G$4963,MATCH(NGG!$A83,generale!$A$16:$A$4963,0),COLUMN())=0,0,INDEX(generale!$A$16:$G$4963,MATCH(NGG!$A83,generale!$A$16:$A$4963,0),COLUMN()))","v":11},{"$f":"IF(INDEX(generale!$A$16:$G$4963,MATCH(NGG!$A83,generale!$A$16:$A$4963,0),COLUMN())=0,0,INDEX(generale!$A$16:$G$4963,MATCH(NGG!$A83,generale!$A$16:$A$4963,0),COLUMN()))","v":14},{"$f":"IF(INDEX(generale!$A$16:$G$4963,MATCH(NGG!$A83,generale!$A$16:$A$4963,0),COLUMN())=0,0,INDEX(generale!$A$16:$G$4963,MATCH(NGG!$A83,generale!$A$16:$A$4963,0),COLUMN()))","v":10},{"$f":"IF(INDEX(generale!$A$16:$G$4963,MATCH(NGG!$A83,generale!$A$16:$A$4963,0),COLUMN())=0,0,INDEX(generale!$A$16:$G$4963,MATCH(NGG!$A83,generale!$A$16:$A$4963,0),COLUMN()))","v":9},{"$f":"generale!G93","v":"O"},4,2,46,28,6,7,16,0,10,38,3,23,17,7,3,14,17,21,2,2,null,null,null,null,null,null,null,null,null,null,null,null,null,null,null,1,1,1,1,1,1,14,null,18]
[{"$f":"IF(generale!$A94>0,generale!$A94,\"\")","v":"2005-03-21"},{"$f":"IF(INDEX(generale!$A$16:$G$4963,MATCH(NGG!$A84,generale!$A$16:$A$4963,0),COLUMN())=0,0,INDEX(generale!$A$16:$G$4963,MATCH(NGG!$A84,generale!$A$16:$A$4963,0),COLUMN()))","v":4},{"$f":"IF(INDEX(generale!$A$16:$G$4963,MATCH(NGG!$A84,generale!$A$16:$A$4963,0),COLUMN())=0,0,INDEX(generale!$A$16:$G$4963,MATCH(NGG!$A84,generale!$A$16:$A$4963,0),COLUMN()))","v":1},{"$f":"IF(INDEX(generale!$A$16:$G$4963,MATCH(NGG!$A84,generale!$A$16:$A$4963,0),COLUMN())=0,0,INDEX(generale!$A$16:$G$4963,MATCH(NGG!$A84,generale!$A$16:$A$4963,0),COLUMN()))","v":13},{"$f":"IF(INDEX(generale!$A$16:$G$4963,MATCH(NGG!$A84,generale!$A$16:$A$4963,0),COLUMN())=0,0,INDEX(generale!$A$16:$G$4963,MATCH(NGG!$A84,generale!$A$16:$A$4963,0),COLUMN()))","v":8},{"$f":"IF(INDEX(generale!$A$16:$G$4963,MATCH(NGG!$A84,generale!$A$16:$A$4963,0),COLUMN())=0,0,INDEX(generale!$A$16:$G$4963,MATCH(NGG!$A84,generale!$A$16:$A$4963,0),COLUMN()))","v":11},{"$f":"generale!G94","v":"P"},5,3,47,0,7,8,17,1,11,39,4,24,18,8,4,15,17,21,2,2,null,null,null,null,null,null,null,null,null,null,null,null,null,null,null,null,null,1,1,1,1,16,null,16]
[{"$f":"IF(generale!$A95>0,generale!$A95,\"\")","v":"2005-03-22"},{"$f":"IF(INDEX(generale!$A$16:$G$4963,MATCH(NGG!$A85,generale!$A$16:$A$4963,0),COLUMN())=0,0,INDEX(generale!$A$16:$G$4963,MATCH(NGG!$A85,generale!$A$16:$A$4963,0),COLUMN()))","v":5},{"$f":"IF(INDEX(generale!$A$16:$G$4963,MATCH(NGG!$A85,generale!$A$16:$A$4963,0),COLUMN())=0,0,INDEX(generale!$A$16:$G$4963,MATCH(NGG!$A85,generale!$A$16:$A$4963,0),COLUMN()))","v":2},{"$f":"IF(INDEX(generale!$A$16:$G$4963,MATCH(NGG!$A85,generale!$A$16:$A$4963,0),COLUMN())=0,0,INDEX(generale!$A$16:$G$4963,MATCH(NGG!$A85,generale!$A$16:$A$4963,0),COLUMN()))","v":8},{"$f":"IF(INDEX(generale!$A$16:$G$4963,MATCH(NGG!$A85,generale!$A$16:$A$4963,0),COLUMN())=0,0,INDEX(generale!$A$16:$G$4963,MATCH(NGG!$A85,generale!$A$16:$A$4963,0),COLUMN()))","v":15},{"$f":"IF(INDEX(generale!$A$16:$G$4963,MATCH(NGG!$A85,generale!$A$16:$A$4963,0),COLUMN())=0,0,INDEX(generale!$A$16:$G$4963,MATCH(NGG!$A85,generale!$A$16:$A$4963,0),COLUMN()))","v":7},{"$f":"generale!G95","v":"T"},6,4,48,1,0,9,18,2,12,40,5,25,19,9,5,16,{"$f":"IF(COUNTIF($B85:$D85,0)<3,IF(LEN(SUBSTITUTE(SUBSTITUTE($B85,X$1,,1),,1))=0,0,X84+1-AS85),\"\")","v":18},22,2,2,null,null,null,null,null,null,null,null,null,null,null,null,null,null,null,null,null,null,null,1,1,18,"10",18]
[{"$f":"IF(generale!$A96>0,generale!$A96,\"\")","v":"2005-03-23"},{"$f":"IF(INDEX(generale!$A$16:$G$4963,MATCH(NGG!$A86,generale!$A$16:$A$4963,0),COLUMN())=0,0,INDEX(generale!$A$16:$G$4963,MATCH(NGG!$A86,generale!$A$16:$A$4963,0),COLUMN()))","v":15},{"$f":"IF(INDEX(generale!$A$16:$G$4963,MATCH(NGG!$A86,generale!$A$16:$A$4963,0),COLUMN())=0,0,INDEX(generale!$A$16:$G$4963,MATCH(NGG!$A86,generale!$A$16:$A$4963,0),COLUMN()))","v":14},{"$f":"IF(INDEX(generale!$A$16:$G$4963,MATCH(NGG!$A86,generale!$A$16:$A$4963,0),COLUMN())=0,0,INDEX(generale!$A$16:$G$4963,MATCH(NGG!$A86,generale!$A$16:$A$4963,0),COLUMN()))","v":2},{"$f":"IF(INDEX(generale!$A$16:$G$4963,MATCH(NGG!$A86,generale!$A$16:$A$4963,0),COLUMN())=0,0,INDEX(generale!$A$16:$G$4963,MATCH(NGG!$A86,generale!$A$16:$A$4963,0),COLUMN()))","v":10},{"$f":"IF(INDEX(generale!$A$16:$G$4963,MATCH(NGG!$A86,generale!$A$16:$A$4963,0),COLUMN())=0,0,INDEX(generale!$A$16:$G$4963,MATCH(NGG!$A86,generale!$A$16:$A$4963,0),COLUMN()))","v":7},{"$f":"generale!G96","v":"T"},{"$f":"IF(COUNTIF($B86:$D86,0)<3,IF(LEN(SUBSTITUTE(SUBSTITUTE($B86,H$1,,1),,1))=0,0,H85+1-AC86),\"\")","v":7},5,49,2,1,10,19,3,13,41,6,26,20,10,0,17,19,23,2,2,null,null,null,null,null,null,null,null,null,null,null,null,null,null,null,null,null,null,null,1,1,18,null,15]
[{"$f":"IF(generale!$A97>0,generale!$A97,\"\")","v":"2005-03-24"},{"$f":"IF(INDEX(generale!$A$16:$G$4963,MATCH(NGG!$A87,generale!$A$16:$A$4963,0),COLUMN())=0,0,INDEX(generale!$A$16:$G$4963,MATCH(NGG!$A87,generale!$A$16:$A$4963,0),COLUMN()))","v":9},{"$f":"IF(INDEX(generale!$A$16:$G$4963,MATCH(NGG!$A87,generale!$A$16:$A$4963,0),COLUMN())=0,0,INDEX(generale!$A$16:$G$4963,MATCH(NGG!$A87,generale!$A$16:$A$4963,0),COLUMN()))","v":12},{"$f":"IF(INDEX(generale!$A$16:$G$4963,MATCH(NGG!$A87,generale!$A$16:$A$4963,0),COLUMN())=0,0,INDEX(generale!$A$16:$G$4963,MATCH(NGG!$A87,generale!$A$16:$A$4963,0),COLUMN()))","v":4},{"$f":"IF(INDEX(generale!$A$16:$G$4963,MATCH(NGG!$A87,generale!$A$16:$A$4963,0),COLUMN())=0,0,INDEX(generale!$A$16:$G$4963,MATCH(NGG!$A87,generale!$A$16:$A$4963,0),COLUMN()))","v":14},{"$f":"IF(INDEX(generale!$A$16:$G$4963,MATCH(NGG!$A87,generale!$A$16:$A$4963,0),COLUMN())=0,0,INDEX(generale!$A$16:$G$4963,MATCH(NGG!$A87,generale!$A$16:$A$4963,0),COLUMN()))","v":5},{"$f":"generale!G97","v":"P"},8,6,50,3,2,11,20,4,0,42,7,27,21,11,1,18,20,24,2,2,null,null,null,null,null,null,null,null,null,null,null,null,null,null,null,null,null,null,null,1,1,18,null,18]
[{"$f":"IF(generale!$A98>0,generale!$A98,\"\")","v":"2005-03-25"},{"$f":"IF(INDEX(generale!$A$16:$G$4963,MATCH(NGG!$A88,generale!$A$16:$A$4963,0),COLUMN())=0,0,INDEX(generale!$A$16:$G$4963,MATCH(NGG!$A88,generale!$A$16:$A$4963,0),COLUMN()))","v":7},{"$f":"IF(INDEX(generale!$A$16:$G$4963,MATCH(NGG!$A88,generale!$A$16:$A$4963,0),COLUMN())=0,0,INDEX(generale!$A$16:$G$4963,MATCH(NGG!$A88,generale!$A$16:$A$4963,0),COLUMN()))","v":15},{"$f":"IF(INDEX(generale!$A$16:$G$4963,MATCH(NGG!$A88,generale!$A$16:$A$4963,0),COLUMN())=0,0,INDEX(generale!$A$16:$G$4963,MATCH(NGG!$A88,generale!$A$16:$A$4963,0),COLUMN()))","v":2},{"$f":"IF(INDEX(generale!$A$16:$G$4963,MATCH(NGG!$A88,generale!$A$16:$A$4963,0),COLUMN())=0,0,INDEX(generale!$A$16:$G$4963,MATCH(NGG!$A88,generale!$A$16:$A$4963,0),COLUMN()))","v":13},{"$f":"IF(INDEX(generale!$A$16:$G$4963,MATCH(NGG!$A88,generale!$A$16:$A$4963,0),COLUMN())=0,0,INDEX(generale!$A$16:$G$4963,MATCH(NGG!$A88,generale!$A$16:$A$4963,0),COLUMN()))","v":11},{"$f":"generale!G98","v":"P"},9,7,51,4,3,12,0,5,1,43,8,28,22,12,2,19,20,24,2,2,null,null,null,null,null,null,null,null,null,null,null,null,null,null,null,null,null,1,1,1,1,16,null,17]
[{"$f":"IF(generale!$A99>0,generale!$A99,\"\")","v":"2005-03-26"},{"$f":"IF(INDEX(generale!$A$16:$G$4963,MATCH(NGG!$A89,generale!$A$16:$A$4963,0),COLUMN())=0,0,INDEX(generale!$A$16:$G$4963,MATCH(NGG!$A89,generale!$A$16:$A$4963,0),COLUMN()))","v":17},{"$f":"IF(INDEX(generale!$A$16:$G$4963,MATCH(NGG!$A89,generale!$A$16:$A$4963,0),COLUMN())=0,0,INDEX(generale!$A$16:$G$4963,MATCH(NGG!$A89,generale!$A$16:$A$4963,0),COLUMN()))","v":16},{"$f":"IF(INDEX(generale!$A$16:$G$4963,MATCH(NGG!$A89,generale!$A$16:$A$4963,0),COLUMN())=0,0,INDEX(generale!$A$16:$G$4963,MATCH(NGG!$A89,generale!$A$16:$A$4963,0),COLUMN()))","v":1},{"$f":"IF(INDEX(generale!$A$16:$G$4963,MATCH(NGG!$A89,generale!$A$16:$A$4963,0),COLUMN())=0,0,INDEX(generale!$A$16:$G$4963,MATCH(NGG!$A89,generale!$A$16:$A$4963,0),COLUMN()))","v":13},{"$f":"IF(INDEX(generale!$A$16:$G$4963,MATCH(NGG!$A89,generale!$A$16:$A$4963,0),COLUMN())=0,0,INDEX(generale!$A$16:$G$4963,MATCH(NGG!$A89,generale!$A$16:$A$4963,0),COLUMN()))","v":3},{"$f":"generale!G99","v":"T"},10,8,52,5,4,13,1,6,2,44,9,29,23,13,3,20,0,24,2,2,null,null,null,null,null,null,null,null,null,null,null,null,null,null,null,null,null,1,1,1,1,16,null,16]
[{"$f":"IF(generale!$A100>0,generale!$A100,\"\")","v":"2005-03-27"},{"$f":"IF(INDEX(generale!$A$16:$G$4963,MATCH(NGG!$A90,generale!$A$16:$A$4963,0),COLUMN())=0,0,INDEX(generale!$A$16:$G$4963,MATCH(NGG!$A90,generale!$A$16:$A$4963,0),COLUMN()))","v":1},{"$f":"IF(INDEX(generale!$A$16:$G$4963,MATCH(NGG!$A90,generale!$A$16:$A$4963,0),COLUMN())=0,0,INDEX(generale!$A$16:$G$4963,MATCH(NGG!$A90,generale!$A$16:$A$4963,0),COLUMN()))","v":15},{"$f":"IF(INDEX(generale!$A$16:$G$4963,MATCH(NGG!$A90,generale!$A$16:$A$4963,0),COLUMN())=0,0,INDEX(generale!$A$16:$G$4963,MATCH(NGG!$A90,generale!$A$16:$A$4963,0),COLUMN()))","v":5},{"$f":"IF(INDEX(generale!$A$16:$G$4963,MATCH(NGG!$A90,generale!$A$16:$A$4963,0),COLUMN())=0,0,INDEX(generale!$A$16:$G$4963,MATCH(NGG!$A90,generale!$A$16:$A$4963,0),COLUMN()))","v":4},{"$f":"IF(INDEX(generale!$A$16:$G$4963,MATCH(NGG!$A90,generale!$A$16:$A$4963,0),COLUMN())=0,0,INDEX(generale!$A$16:$G$4963,MATCH(NGG!$A90,generale!$A$16:$A$4963,0),COLUMN()))","v":20},{"$f":"generale!G100","v":"O"},0,9,53,6,5,14,2,7,3,45,10,30,24,14,4,21,0,24,2,2,null,null,null,null,null,null,null,null,null,null,null,null,null,null,null,null,null,1,1,1,1,16,null,20]
[{"$f":"IF(generale!$A101>0,generale!$A101,\"\")","v":"2005-03-28"},{"$f":"IF(INDEX(generale!$A$16:$G$4963,MATCH(NGG!$A91,generale!$A$16:$A$4963,0),COLUMN())=0,0,INDEX(generale!$A$16:$G$4963,MATCH(NGG!$A91,generale!$A$16:$A$4963,0),COLUMN()))","v":16},{"$f":"IF(INDEX(generale!$A$16:$G$4963,MATCH(NGG!$A91,generale!$A$16:$A$4963,0),COLUMN())=0,0,INDEX(generale!$A$16:$G$4963,MATCH(NGG!$A91,generale!$A$16:$A$4963,0),COLUMN()))","v":12},{"$f":"IF(INDEX(generale!$A$16:$G$4963,MATCH(NGG!$A91,generale!$A$16:$A$4963,0),COLUMN())=0,0,INDEX(generale!$A$16:$G$4963,MATCH(NGG!$A91,generale!$A$16:$A$4963,0),COLUMN()))","v":14},{"$f":"IF(INDEX(generale!$A$16:$G$4963,MATCH(NGG!$A91,generale!$A$16:$A$4963,0),COLUMN())=0,0,INDEX(generale!$A$16:$G$4963,MATCH(NGG!$A91,generale!$A$16:$A$4963,0),COLUMN()))","v":6},{"$f":"IF(INDEX(generale!$A$16:$G$4963,MATCH(NGG!$A91,generale!$A$16:$A$4963,0),COLUMN())=0,0,INDEX(generale!$A$16:$G$4963,MATCH(NGG!$A91,generale!$A$16:$A$4963,0),COLUMN()))","v":7},{"$f":"generale!G101","v":"P"},1,10,54,7,6,15,3,8,4,46,11,31,25,15,5,0,0,24,2,2,null,null,null,null,null,null,null,null,null,null,null,null,null,null,null,null,null,1,1,1,1,16,null,18]
[{"$f":"IF(generale!$A102>0,generale!$A102,\"\")","v":"2005-03-29"},{"$f":"IF(INDEX(generale!$A$16:$G$4963,MATCH(NGG!$A92,generale!$A$16:$A$4963,0),COLUMN())=0,0,INDEX(generale!$A$16:$G$4963,MATCH(NGG!$A92,generale!$A$16:$A$4963,0),COLUMN()))","v":10},{"$f":"IF(INDEX(generale!$A$16:$G$4963,MATCH(NGG!$A92,generale!$A$16:$A$4963,0),COLUMN())=0,0,INDEX(generale!$A$16:$G$4963,MATCH(NGG!$A92,generale!$A$16:$A$4963,0),COLUMN()))","v":12},{"$f":"IF(INDEX(generale!$A$16:$G$4963,MATCH(NGG!$A92,generale!$A$16:$A$4963,0),COLUMN())=0,0,INDEX(generale!$A$16:$G$4963,MATCH(NGG!$A92,generale!$A$16:$A$4963,0),COLUMN()))","v":18},{"$f":"IF(INDEX(generale!$A$16:$G$4963,MATCH(NGG!$A92,generale!$A$16:$A$4963,0),COLUMN())=0,0,INDEX(generale!$A$16:$G$4963,MATCH(NGG!$A92,generale!$A$16:$A$4963,0),COLUMN()))","v":3},{"$f":"IF(INDEX(generale!$A$16:$G$4963,MATCH(NGG!$A92,generale!$A$16:$A$4963,0),COLUMN())=0,0,INDEX(generale!$A$16:$G$4963,MATCH(NGG!$A92,generale!$A$16:$A$4963,0),COLUMN()))","v":16},{"$f":"generale!G102","v":"P"},2,11,55,8,7,16,4,9,5,0,12,32,26,16,6,1,1,24,2,2,null,null,null,null,null,null,null,null,null,null,null,null,null,null,null,null,null,null,1,1,1,17,"5",18]
[{"$f":"IF(generale!$A103>0,generale!$A103,\"\")","v":"2005-03-30"},{"$f":"IF(INDEX(generale!$A$16:$G$4963,MATCH(NGG!$A93,generale!$A$16:$A$4963,0),COLUMN())=0,0,INDEX(generale!$A$16:$G$4963,MATCH(NGG!$A93,generale!$A$16:$A$4963,0),COLUMN()))","v":15},{"$f":"IF(INDEX(generale!$A$16:$G$4963,MATCH(NGG!$A93,generale!$A$16:$A$4963,0),COLUMN())=0,0,INDEX(generale!$A$16:$G$4963,MATCH(NGG!$A93,generale!$A$16:$A$4963,0),COLUMN()))","v":8},{"$f":"IF(INDEX(generale!$A$16:$G$4963,MATCH(NGG!$A93,generale!$A$16:$A$4963,0),COLUMN())=0,0,INDEX(generale!$A$16:$G$4963,MATCH(NGG!$A93,generale!$A$16:$A$4963,0),COLUMN()))","v":14},{"$f":"IF(INDEX(generale!$A$16:$G$4963,MATCH(NGG!$A93,generale!$A$16:$A$4963,0),COLUMN())=0,0,INDEX(generale!$A$16:$G$4963,MATCH(NGG!$A93,generale!$A$16:$A$4963,0),COLUMN()))","v":5},{"$f":"IF(INDEX(generale!$A$16:$G$4963,MATCH(NGG!$A93,generale!$A$16:$A$4963,0),COLUMN())=0,0,INDEX(generale!$A$16:$G$4963,MATCH(NGG!$A93,generale!$A$16:$A$4963,0),COLUMN()))","v":6},{"$f":"generale!G103","v":"T"},3,12,56,9,8,17,5,10,6,1,13,33,27,17,0,2,2,25,2,2,null,null,null,null,null,null,null,null,null,null,null,null,null,null,null,null,null,null,null,1,1,18,"18",16]
[{"$f":"IF(generale!$A104>0,generale!$A104,\"\")","v":"2005-03-31"},{"$f":"IF(INDEX(generale!$A$16:$G$4963,MATCH(NGG!$A94,generale!$A$16:$A$4963,0),COLUMN())=0,0,INDEX(generale!$A$16:$G$4963,MATCH(NGG!$A94,generale!$A$16:$A$4963,0),COLUMN()))","v":13},{"$f":"IF(INDEX(generale!$A$16:$G$4963,MATCH(NGG!$A94,generale!$A$16:$A$4963,0),COLUMN())=0,0,INDEX(generale!$A$16:$G$4963,MATCH(NGG!$A94,generale!$A$16:$A$4963,0),COLUMN()))","v":3},{"$f":"IF(INDEX(generale!$A$16:$G$4963,MATCH(NGG!$A94,generale!$A$16:$A$4963,0),COLUMN())=0,0,INDEX(generale!$A$16:$G$4963,MATCH(NGG!$A94,generale!$A$16:$A$4963,0),COLUMN()))","v":15},{"$f":"IF(INDEX(generale!$A$16:$G$4963,MATCH(NGG!$A94,generale!$A$16:$A$4963,0),COLUMN())=0,0,INDEX(generale!$A$16:$G$4963,MATCH(NGG!$A94,generale!$A$16:$A$4963,0),COLUMN()))","v":16},{"$f":"IF(INDEX(generale!$A$16:$G$4963,MATCH(NGG!$A94,generale!$A$16:$A$4963,0),COLUMN())=0,0,INDEX(generale!$A$16:$G$4963,MATCH(NGG!$A94,generale!$A$16:$A$4963,0),COLUMN()))","v":17},{"$f":"generale!G104","v":"P"},4,13,57,10,9,18,6,11,7,2,14,34,0,18,1,3,2,25,2,2,null,null,null,null,null,null,null,null,null,null,null,null,null,null,null,null,null,1,1,1,1,16,"2-6",18]
[{"$f":"IF(generale!$A105>0,generale!$A105,\"\")","v":"2005-04-01"},{"$f":"IF(INDEX(generale!$A$16:$G$4963,MATCH(NGG!$A95,generale!$A$16:$A$4963,0),COLUMN())=0,0,INDEX(generale!$A$16:$G$4963,MATCH(NGG!$A95,generale!$A$16:$A$4963,0),COLUMN()))","v":1},{"$f":"IF(INDEX(generale!$A$16:$G$4963,MATCH(NGG!$A95,generale!$A$16:$A$4963,0),COLUMN())=0,0,INDEX(generale!$A$16:$G$4963,MATCH(NGG!$A95,generale!$A$16:$A$4963,0),COLUMN()))","v":3},{"$f":"IF(INDEX(generale!$A$16:$G$4963,MATCH(NGG!$A95,generale!$A$16:$A$4963,0),COLUMN())=0,0,INDEX(generale!$A$16:$G$4963,MATCH(NGG!$A95,generale!$A$16:$A$4963,0),COLUMN()))","v":8},{"$f":"IF(INDEX(generale!$A$16:$G$4963,MATCH(NGG!$A95,generale!$A$16:$A$4963,0),COLUMN())=0,0,INDEX(generale!$A$16:$G$4963,MATCH(NGG!$A95,generale!$A$16:$A$4963,0),COLUMN()))","v":7},{"$f":"IF(INDEX(generale!$A$16:$G$4963,MATCH(NGG!$A95,generale!$A$16:$A$4963,0),COLUMN())=0,0,INDEX(generale!$A$16:$G$4963,MATCH(NGG!$A95,generale!$A$16:$A$4963,0),COLUMN()))","v":2},{"$f":"generale!G105","v":"T"},0,14,58,11,10,19,7,12,8,3,15,35,1,19,2,4,2,25,2,2,null,null,null,null,null,null,null,null,null,null,null,null,null,null,null,null,null,1,1,1,1,16,null,14]
[{"$f":"IF(generale!$A106>0,generale!$A106,\"\")","v":"2005-04-02"},{"$f":"IF(INDEX(generale!$A$16:$G$4963,MATCH(NGG!$A96,generale!$A$16:$A$4963,0),COLUMN())=0,0,INDEX(generale!$A$16:$G$4963,MATCH(NGG!$A96,generale!$A$16:$A$4963,0),COLUMN()))","v":11},{"$f":"IF(INDEX(generale!$A$16:$G$4963,MATCH(NGG!$A96,generale!$A$16:$A$4963,0),COLUMN())=0,0,INDEX(generale!$A$16:$G$4963,MATCH(NGG!$A96,generale!$A$16:$A$4963,0),COLUMN()))","v":4},{"$f":"IF(INDEX(generale!$A$16:$G$4963,MATCH(NGG!$A96,generale!$A$16:$A$4963,0),COLUMN())=0,0,INDEX(generale!$A$16:$G$4963,MATCH(NGG!$A96,generale!$A$16:$A$4963,0),COLUMN()))","v":18},{"$f":"IF(INDEX(generale!$A$16:$G$4963,MATCH(NGG!$A96,generale!$A$16:$A$4963,0),COLUMN())=0,0,INDEX(generale!$A$16:$G$4963,MATCH(NGG!$A96,generale!$A$16:$A$4963,0),COLUMN()))","v":7},{"$f":"IF(INDEX(generale!$A$16:$G$4963,MATCH(NGG!$A96,generale!$A$16:$A$4963,0),COLUMN())=0,0,INDEX(generale!$A$16:$G$4963,MATCH(NGG!$A96,generale!$A$16:$A$4963,0),COLUMN()))","v":10},{"$f":"generale!G106","v":"O"},1,15,59,12,11,20,8,13,9,4,0,36,2,20,3,5,3,26,2,2,null,null,null,null,null,null,null,null,null,null,null,null,null,null,null,null,null,null,null,1,1,18,null,17]
[{"$f":"IF(generale!$A107>0,generale!$A107,\"\")","v":"2005-04-03"},{"$f":"IF(INDEX(generale!$A$16:$G$4963,MATCH(NGG!$A97,generale!$A$16:$A$4963,0),COLUMN())=0,0,INDEX(generale!$A$16:$G$4963,MATCH(NGG!$A97,generale!$A$16:$A$4963,0),COLUMN()))","v":16},{"$f":"IF(INDEX(generale!$A$16:$G$4963,MATCH(NGG!$A97,generale!$A$16:$A$4963,0),COLUMN())=0,0,INDEX(generale!$A$16:$G$4963,MATCH(NGG!$A97,generale!$A$16:$A$4963,0),COLUMN()))","v":3},{"$f":"IF(INDEX(generale!$A$16:$G$4963,MATCH(NGG!$A97,generale!$A$16:$A$4963,0),COLUMN())=0,0,INDEX(generale!$A$16:$G$4963,MATCH(NGG!$A97,generale!$A$16:$A$4963,0),COLUMN()))","v":11},{"$f":"IF(INDEX(generale!$A$16:$G$4963,MATCH(NGG!$A97,generale!$A$16:$A$4963,0),COLUMN())=0,0,INDEX(generale!$A$16:$G$4963,MATCH(NGG!$A97,generale!$A$16:$A$4963,0),COLUMN()))","v":12},{"$f":"IF(INDEX(generale!$A$16:$G$4963,MATCH(NGG!$A97,generale!$A$16:$A$4963,0),COLUMN())=0,0,INDEX(generale!$A$16:$G$4963,MATCH(NGG!$A97,generale!$A$16:$A$4963,0),COLUMN()))","v":9},{"$f":"generale!G107","v":"P"},2,16,60,13,12,21,9,14,10,5,1,37,3,21,4,0,4,27,2,2,null,null,null,null,null,null,null,null,null,null,null,null,null,null,null,null,null,null,null,1,1,18,"3",16]
[{"$f":"IF(generale!$A108>0,generale!$A108,\"\")","v":"2005-04-04"},{"$f":"IF(INDEX(generale!$A$16:$G$4963,MATCH(NGG!$A98,generale!$A$16:$A$4963,0),COLUMN())=0,0,INDEX(generale!$A$16:$G$4963,MATCH(NGG!$A98,generale!$A$16:$A$4963,0),COLUMN()))","v":16},{"$f":"IF(INDEX(generale!$A$16:$G$4963,MATCH(NGG!$A98,generale!$A$16:$A$4963,0),COLUMN())=0,0,INDEX(generale!$A$16:$G$4963,MATCH(NGG!$A98,generale!$A$16:$A$4963,0),COLUMN()))","v":2},{"$f":"IF(INDEX(generale!$A$16:$G$4963,MATCH(NGG!$A98,generale!$A$16:$A$4963,0),COLUMN())=0,0,INDEX(generale!$A$16:$G$4963,MATCH(NGG!$A98,generale!$A$16:$A$4963,0),COLUMN()))","v":19},{"$f":"IF(INDEX(generale!$A$16:$G$4963,MATCH(NGG!$A98,generale!$A$16:$A$4963,0),COLUMN())=0,0,INDEX(generale!$A$16:$G$4963,MATCH(NGG!$A98,generale!$A$16:$A$4963,0),COLUMN()))","v":15},{"$f":"IF(INDEX(generale!$A$16:$G$4963,MATCH(NGG!$A98,generale!$A$16:$A$4963,0),COLUMN())=0,0,INDEX(generale!$A$16:$G$4963,MATCH(NGG!$A98,generale!$A$16:$A$4963,0),COLUMN()))","v":5},{"$f":"generale!G108","v":"P"},3,17,61,14,13,22,10,15,11,6,2,38,4,22,5,0,5,27,2,2,null,null,null,null,null,null,null,null,null,null,null,null,null,null,null,null,null,null,1,1,1,17,null,18]
[{"$f":"IF(generale!$A109>0,generale!$A109,\"\")","v":"2005-04-05"},{"$f":"IF(INDEX(generale!$A$16:$G$4963,MATCH(NGG!$A99,generale!$A$16:$A$4963,0),COLUMN())=0,0,INDEX(generale!$A$16:$G$4963,MATCH(NGG!$A99,generale!$A$16:$A$4963,0),COLUMN()))","v":5},{"$f":"IF(INDEX(generale!$A$16:$G$4963,MATCH(NGG!$A99,generale!$A$16:$A$4963,0),COLUMN())=0,0,INDEX(generale!$A$16:$G$4963,MATCH(NGG!$A99,generale!$A$16:$A$4963,0),COLUMN()))","v":3},{"$f":"IF(INDEX(generale!$A$16:$G$4963,MATCH(NGG!$A99,generale!$A$16:$A$4963,0),COLUMN())=0,0,INDEX(generale!$A$16:$G$4963,MATCH(NGG!$A99,generale!$A$16:$A$4963,0),COLUMN()))","v":10},{"$f":"IF(INDEX(generale!$A$16:$G$4963,MATCH(NGG!$A99,generale!$A$16:$A$4963,0),COLUMN())=0,0,INDEX(generale!$A$16:$G$4963,MATCH(NGG!$A99,generale!$A$16:$A$4963,0),COLUMN()))","v":17},{"$f":"IF(INDEX(generale!$A$16:$G$4963,MATCH(NGG!$A99,generale!$A$16:$A$4963,0),COLUMN())=0,0,INDEX(generale!$A$16:$G$4963,MATCH(NGG!$A99,generale!$A$16:$A$4963,0),COLUMN()))","v":16},{"$f":"generale!G109","v":"P"},4,18,62,15,0,23,11,16,12,7,3,39,5,23,6,1,6,28,2,2,null,null,null,null,null,null,null,null,null,null,null,null,null,null,null,null,null,null,null,1,1,18,"2",18]
[{"$f":"IF(generale!$A110>0,generale!$A110,\"\")","v":"2005-04-06"},{"$f":"IF(INDEX(generale!$A$16:$G$4963,MATCH(NGG!$A100,generale!$A$16:$A$4963,0),COLUMN())=0,0,INDEX(generale!$A$16:$G$4963,MATCH(NGG!$A100,generale!$A$16:$A$4963,0),COLUMN()))","v":4},{"$f":"IF(INDEX(generale!$A$16:$G$4963,MATCH(NGG!$A100,generale!$A$16:$A$4963,0),COLUMN())=0,0,INDEX(generale!$A$16:$G$4963,MATCH(NGG!$A100,generale!$A$16:$A$4963,0),COLUMN()))","v":3},{"$f":"IF(INDEX(generale!$A$16:$G$4963,MATCH(NGG!$A100,generale!$A$16:$A$4963,0),COLUMN())=0,0,INDEX(generale!$A$16:$G$4963,MATCH(NGG!$A100,generale!$A$16:$A$4963,0),COLUMN()))","v":15},{"$f":"IF(INDEX(generale!$A$16:$G$4963,MATCH(NGG!$A100,generale!$A$16:$A$4963,0),COLUMN())=0,0,INDEX(generale!$A$16:$G$4963,MATCH(NGG!$A100,generale!$A$16:$A$4963,0),COLUMN()))","v":14},{"$f":"IF(INDEX(generale!$A$16:$G$4963,MATCH(NGG!$A100,generale!$A$16:$A$4963,0),COLUMN())=0,0,INDEX(generale!$A$16:$G$4963,MATCH(NGG!$A100,generale!$A$16:$A$4963,0),COLUMN()))","v":2},{"$f":"generale!G110","v":"T"},5,19,63,0,1,24,12,17,13,8,4,40,6,24,7,2,7,29,2,2,null,null,null,null,null,null,null,null,null,null,null,null,null,null,null,null,null,null,null,1,1,18,"14-15",16]
[{"$f":"IF(generale!$A111>0,generale!$A111,\"\")","v":"2005-04-07"},{"$f":"IF(INDEX(generale!$A$16:$G$4963,MATCH(NGG!$A101,generale!$A$16:$A$4963,0),COLUMN())=0,0,INDEX(generale!$A$16:$G$4963,MATCH(NGG!$A101,generale!$A$16:$A$4963,0),COLUMN()))","v":9},{"$f":"IF(INDEX(generale!$A$16:$G$4963,MATCH(NGG!$A101,generale!$A$16:$A$4963,0),COLUMN())=0,0,INDEX(generale!$A$16:$G$4963,MATCH(NGG!$A101,generale!$A$16:$A$4963,0),COLUMN()))","v":4},{"$f":"IF(INDEX(generale!$A$16:$G$4963,MATCH(NGG!$A101,generale!$A$16:$A$4963,0),COLUMN())=0,0,INDEX(generale!$A$16:$G$4963,MATCH(NGG!$A101,generale!$A$16:$A$4963,0),COLUMN()))","v":13},{"$f":"IF(INDEX(generale!$A$16:$G$4963,MATCH(NGG!$A101,generale!$A$16:$A$4963,0),COLUMN())=0,0,INDEX(generale!$A$16:$G$4963,MATCH(NGG!$A101,generale!$A$16:$A$4963,0),COLUMN()))","v":8},{"$f":"IF(INDEX(generale!$A$16:$G$4963,MATCH(NGG!$A101,generale!$A$16:$A$4963,0),COLUMN())=0,0,INDEX(generale!$A$16:$G$4963,MATCH(NGG!$A101,generale!$A$16:$A$4963,0),COLUMN()))","v":15},{"$f":"generale!G111","v":"P"},6,20,64,1,2,25,13,18,0,9,5,41,7,25,8,{"$f":"IF(COUNTIF($B101:$D101,0)<3,IF(LEN(SUBSTITUTE(SUBSTITUTE($B101,W$1,,1),,1))=0,0,W100+1-AR101),\"\")","v":3},7,29,2,2,null,null,null,null,null,null,null,null,null,null,null,null,null,null,null,null,null,1,1,1,1,16,null,16]
[{"$f":"IF(generale!$A112>0,generale!$A112,\"\")","v":"2005-04-08"},{"$f":"IF(INDEX(generale!$A$16:$G$4963,MATCH(NGG!$A102,generale!$A$16:$A$4963,0),COLUMN())=0,0,INDEX(generale!$A$16:$G$4963,MATCH(NGG!$A102,generale!$A$16:$A$4963,0),COLUMN()))","v":11},{"$f":"IF(INDEX(generale!$A$16:$G$4963,MATCH(NGG!$A102,generale!$A$16:$A$4963,0),COLUMN())=0,0,INDEX(generale!$A$16:$G$4963,MATCH(NGG!$A102,generale!$A$16:$A$4963,0),COLUMN()))","v":14},{"$f":"IF(INDEX(generale!$A$16:$G$4963,MATCH(NGG!$A102,generale!$A$16:$A$4963,0),COLUMN())=0,0,INDEX(generale!$A$16:$G$4963,MATCH(NGG!$A102,generale!$A$16:$A$4963,0),COLUMN()))","v":7},{"$f":"IF(INDEX(generale!$A$16:$G$4963,MATCH(NGG!$A102,generale!$A$16:$A$4963,0),COLUMN())=0,0,INDEX(generale!$A$16:$G$4963,MATCH(NGG!$A102,generale!$A$16:$A$4963,0),COLUMN()))","v":6},{"$f":"IF(INDEX(generale!$A$16:$G$4963,MATCH(NGG!$A102,generale!$A$16:$A$4963,0),COLUMN())=0,0,INDEX(generale!$A$16:$G$4963,MATCH(NGG!$A102,generale!$A$16:$A$4963,0),COLUMN()))","v":5},{"$f":"generale!G112","v":"O"},{"$f":"IF(COUNTIF($B102:$D102,0)<3,IF(LEN(SUBSTITUTE(SUBSTITUTE($B102,H$1,,1),,1))=0,0,H101+1-AC102),\"\")","v":7},21,65,2,3,26,14,19,1,10,0,42,8,26,9,4,7,29,2,2,null,null,null,null,null,null,null,null,null,null,null,null,null,null,null,null,null,1,1,1,1,16,"12",15]
[{"$f":"IF(generale!$A113>0,generale!$A113,\"\")","v":"2005-04-09"},{"$f":"IF(INDEX(generale!$A$16:$G$4963,MATCH(NGG!$A103,generale!$A$16:$A$4963,0),COLUMN())=0,0,INDEX(generale!$A$16:$G$4963,MATCH(NGG!$A103,generale!$A$16:$A$4963,0),COLUMN()))","v":13},{"$f":"IF(INDEX(generale!$A$16:$G$4963,MATCH(NGG!$A103,generale!$A$16:$A$4963,0),COLUMN())=0,0,INDEX(generale!$A$16:$G$4963,MATCH(NGG!$A103,generale!$A$16:$A$4963,0),COLUMN()))","v":7},{"$f":"IF(INDEX(generale!$A$16:$G$4963,MATCH(NGG!$A103,generale!$A$16:$A$4963,0),COLUMN())=0,0,INDEX(generale!$A$16:$G$4963,MATCH(NGG!$A103,generale!$A$16:$A$4963,0),COLUMN()))","v":15},{"$f":"IF(INDEX(generale!$A$16:$G$4963,MATCH(NGG!$A103,generale!$A$16:$A$4963,0),COLUMN())=0,0,INDEX(generale!$A$16:$G$4963,MATCH(NGG!$A103,generale!$A$16:$A$4963,0),COLUMN()))","v":16},{"$f":"IF(INDEX(generale!$A$16:$G$4963,MATCH(NGG!$A103,generale!$A$16:$A$4963,0),COLUMN())=0,0,INDEX(generale!$A$16:$G$4963,MATCH(NGG!$A103,generale!$A$16:$A$4963,0),COLUMN()))","v":12},{"$f":"generale!G113","v":"T"},8,22,66,3,4,27,15,20,2,11,1,43,0,27,10,5,7,29,2,2,null,null,null,null,null,null,null,null,null,null,null,null,null,null,null,null,null,1,1,1,1,16,"3",17]
[{"$f":"IF(generale!$A114>0,generale!$A114,\"\")","v":"2005-04-10"},{"$f":"IF(INDEX(generale!$A$16:$G$4963,MATCH(NGG!$A104,generale!$A$16:$A$4963,0),COLUMN())=0,0,INDEX(generale!$A$16:$G$4963,MATCH(NGG!$A104,generale!$A$16:$A$4963,0),COLUMN()))","v":17},{"$f":"IF(INDEX(generale!$A$16:$G$4963,MATCH(NGG!$A104,generale!$A$16:$A$4963,0),COLUMN())=0,0,INDEX(generale!$A$16:$G$4963,MATCH(NGG!$A104,generale!$A$16:$A$4963,0),COLUMN()))","v":16},{"$f":"IF(INDEX(generale!$A$16:$G$4963,MATCH(NGG!$A104,generale!$A$16:$A$4963,0),COLUMN())=0,0,INDEX(generale!$A$16:$G$4963,MATCH(NGG!$A104,generale!$A$16:$A$4963,0),COLUMN()))","v":9},{"$f":"IF(INDEX(generale!$A$16:$G$4963,MATCH(NGG!$A104,generale!$A$16:$A$4963,0),COLUMN())=0,0,INDEX(generale!$A$16:$G$4963,MATCH(NGG!$A104,generale!$A$16:$A$4963,0),COLUMN()))","v":14},{"$f":"IF(INDEX(generale!$A$16:$G$4963,MATCH(NGG!$A104,generale!$A$16:$A$4963,0),COLUMN())=0,0,INDEX(generale!$A$16:$G$4963,MATCH(NGG!$A104,generale!$A$16:$A$4963,0),COLUMN()))","v":6},{"$f":"generale!G114","v":"P"},9,23,67,4,5,28,16,21,3,12,2,44,1,28,11,6,0,29,2,2,null,null,null,null,null,null,null,null,null,null,null,null,null,null,null,null,null,null,1,1,1,17,null,18]
[{"$f":"IF(generale!$A115>0,generale!$A115,\"\")","v":"2005-04-11"},{"$f":"IF(INDEX(generale!$A$16:$G$4963,MATCH(NGG!$A105,generale!$A$16:$A$4963,0),COLUMN())=0,0,INDEX(generale!$A$16:$G$4963,MATCH(NGG!$A105,generale!$A$16:$A$4963,0),COLUMN()))","v":17},{"$f":"IF(INDEX(generale!$A$16:$G$4963,MATCH(NGG!$A105,generale!$A$16:$A$4963,0),COLUMN())=0,0,INDEX(generale!$A$16:$G$4963,MATCH(NGG!$A105,generale!$A$16:$A$4963,0),COLUMN()))","v":7},{"$f":"IF(INDEX(generale!$A$16:$G$4963,MATCH(NGG!$A105,generale!$A$16:$A$4963,0),COLUMN())=0,0,INDEX(generale!$A$16:$G$4963,MATCH(NGG!$A105,generale!$A$16:$A$4963,0),COLUMN()))","v":16},{"$f":"IF(INDEX(generale!$A$16:$G$4963,MATCH(NGG!$A105,generale!$A$16:$A$4963,0),COLUMN())=0,0,INDEX(generale!$A$16:$G$4963,MATCH(NGG!$A105,generale!$A$16:$A$4963,0),COLUMN()))","v":2},{"$f":"IF(INDEX(generale!$A$16:$G$4963,MATCH(NGG!$A105,generale!$A$16:$A$4963,0),COLUMN())=0,0,INDEX(generale!$A$16:$G$4963,MATCH(NGG!$A105,generale!$A$16:$A$4963,0),COLUMN()))","v":18},{"$f":"generale!G115","v":"P"},10,24,68,5,6,29,17,22,4,13,3,45,2,29,12,7,0,29,2,2,null,null,null,null,null,null,null,null,null,null,null,null,null,null,null,null,null,1,1,1,1,16,null,18]
[{"$f":"IF(generale!$A116>0,generale!$A116,\"\")","v":"2005-04-12"},{"$f":"IF(INDEX(generale!$A$16:$G$4963,MATCH(NGG!$A106,generale!$A$16:$A$4963,0),COLUMN())=0,0,INDEX(generale!$A$16:$G$4963,MATCH(NGG!$A106,generale!$A$16:$A$4963,0),COLUMN()))","v":8},{"$f":"IF(INDEX(generale!$A$16:$G$4963,MATCH(NGG!$A106,generale!$A$16:$A$4963,0),COLUMN())=0,0,INDEX(generale!$A$16:$G$4963,MATCH(NGG!$A106,generale!$A$16:$A$4963,0),COLUMN()))","v":5},{"$f":"IF(INDEX(generale!$A$16:$G$4963,MATCH(NGG!$A106,generale!$A$16:$A$4963,0),COLUMN())=0,0,INDEX(generale!$A$16:$G$4963,MATCH(NGG!$A106,generale!$A$16:$A$4963,0),COLUMN()))","v":16},{"$f":"IF(INDEX(generale!$A$16:$G$4963,MATCH(NGG!$A106,generale!$A$16:$A$4963,0),COLUMN())=0,0,INDEX(generale!$A$16:$G$4963,MATCH(NGG!$A106,generale!$A$16:$A$4963,0),COLUMN()))","v":12},{"$f":"IF(INDEX(generale!$A$16:$G$4963,MATCH(NGG!$A106,generale!$A$16:$A$4963,0),COLUMN())=0,0,INDEX(generale!$A$16:$G$4963,MATCH(NGG!$A106,generale!$A$16:$A$4963,0),COLUMN()))","v":18},{"$f":"generale!G116","v":"O"},11,25,69,6,7,30,18,0,5,14,4,46,3,29,12,7,0,29,2,2,null,null,null,null,null,null,null,null,null,null,null,null,null,null,1,1,1,1,1,1,1,13,"16",17]
[{"$f":"IF(generale!$A117>0,generale!$A117,\"\")","v":"2005-04-13"},{"$f":"IF(INDEX(generale!$A$16:$G$4963,MATCH(NGG!$A107,generale!$A$16:$A$4963,0),COLUMN())=0,0,INDEX(generale!$A$16:$G$4963,MATCH(NGG!$A107,generale!$A$16:$A$4963,0),COLUMN()))","v":16},{"$f":"IF(INDEX(generale!$A$16:$G$4963,MATCH(NGG!$A107,generale!$A$16:$A$4963,0),COLUMN())=0,0,INDEX(generale!$A$16:$G$4963,MATCH(NGG!$A107,generale!$A$16:$A$4963,0),COLUMN()))","v":12},{"$f":"IF(INDEX(generale!$A$16:$G$4963,MATCH(NGG!$A107,generale!$A$16:$A$4963,0),COLUMN())=0,0,INDEX(generale!$A$16:$G$4963,MATCH(NGG!$A107,generale!$A$16:$A$4963,0),COLUMN()))","v":8},{"$f":"IF(INDEX(generale!$A$16:$G$4963,MATCH(NGG!$A107,generale!$A$16:$A$4963,0),COLUMN())=0,0,INDEX(generale!$A$16:$G$4963,MATCH(NGG!$A107,generale!$A$16:$A$4963,0),COLUMN()))","v":15},{"$f":"IF(INDEX(generale!$A$16:$G$4963,MATCH(NGG!$A107,generale!$A$16:$A$4963,0),COLUMN())=0,0,INDEX(generale!$A$16:$G$4963,MATCH(NGG!$A107,generale!$A$16:$A$4963,0),COLUMN()))","v":9},{"$f":"generale!G117","v":"T"},12,26,70,7,8,31,19,1,6,15,5,47,4,30,13,0,0,29,2,2,null,null,null,null,null,null,null,null,null,null,null,null,null,null,null,null,null,1,1,1,1,16,null,17]
[{"$f":"IF(generale!$A118>0,generale!$A118,\"\")","v":"2005-04-14"},{"$f":"IF(INDEX(generale!$A$16:$G$4963,MATCH(NGG!$A108,generale!$A$16:$A$4963,0),COLUMN())=0,0,INDEX(generale!$A$16:$G$4963,MATCH(NGG!$A108,generale!$A$16:$A$4963,0),COLUMN()))","v":1},{"$f":"IF(INDEX(generale!$A$16:$G$4963,MATCH(NGG!$A108,generale!$A$16:$A$4963,0),COLUMN())=0,0,INDEX(generale!$A$16:$G$4963,MATCH(NGG!$A108,generale!$A$16:$A$4963,0),COLUMN()))","v":20},{"$f":"IF(INDEX(generale!$A$16:$G$4963,MATCH(NGG!$A108,generale!$A$16:$A$4963,0),COLUMN())=0,0,INDEX(generale!$A$16:$G$4963,MATCH(NGG!$A108,generale!$A$16:$A$4963,0),COLUMN()))","v":4},{"$f":"IF(INDEX(generale!$A$16:$G$4963,MATCH(NGG!$A108,generale!$A$16:$A$4963,0),COLUMN())=0,0,INDEX(generale!$A$16:$G$4963,MATCH(NGG!$A108,generale!$A$16:$A$4963,0),COLUMN()))","v":13},{"$f":"IF(INDEX(generale!$A$16:$G$4963,MATCH(NGG!$A108,generale!$A$16:$A$4963,0),COLUMN())=0,0,INDEX(generale!$A$16:$G$4963,MATCH(NGG!$A108,generale!$A$16:$A$4963,0),COLUMN()))","v":7},{"$f":"generale!G118","v":"O"},0,27,71,8,9,32,20,2,7,16,6,48,5,31,14,1,1,30,3,3,null,null,null,null,null,null,null,null,null,null,null,null,null,null,null,null,null,null,null,null,null,20,"9",20]
[{"$f":"IF(generale!$A119>0,generale!$A119,\"\")","v":"2005-04-15"},{"$f":"IF(INDEX(generale!$A$16:$G$4963,MATCH(NGG!$A109,generale!$A$16:$A$4963,0),COLUMN())=0,0,INDEX(generale!$A$16:$G$4963,MATCH(NGG!$A109,generale!$A$16:$A$4963,0),COLUMN()))","v":3},{"$f":"IF(INDEX(generale!$A$16:$G$4963,MATCH(NGG!$A109,generale!$A$16:$A$4963,0),COLUMN())=0,0,INDEX(generale!$A$16:$G$4963,MATCH(NGG!$A109,generale!$A$16:$A$4963,0),COLUMN()))","v":13},{"$f":"IF(INDEX(generale!$A$16:$G$4963,MATCH(NGG!$A109,generale!$A$16:$A$4963,0),COLUMN())=0,0,INDEX(generale!$A$16:$G$4963,MATCH(NGG!$A109,generale!$A$16:$A$4963,0),COLUMN()))","v":11},{"$f":"IF(INDEX(generale!$A$16:$G$4963,MATCH(NGG!$A109,generale!$A$16:$A$4963,0),COLUMN())=0,0,INDEX(generale!$A$16:$G$4963,MATCH(NGG!$A109,generale!$A$16:$A$4963,0),COLUMN()))","v":2},{"$f":"IF(INDEX(generale!$A$16:$G$4963,MATCH(NGG!$A109,generale!$A$16:$A$4963,0),COLUMN())=0,0,INDEX(generale!$A$16:$G$4963,MATCH(NGG!$A109,generale!$A$16:$A$4963,0),COLUMN()))","v":10},{"$f":"generale!G119","v":"P"},1,28,0,9,10,33,21,3,8,17,7,49,6,32,15,2,1,30,3,3,null,null,null,null,null,null,null,null,null,null,null,null,null,null,null,null,null,1,1,1,1,16,null,18]
[{"$f":"IF(generale!$A120>0,generale!$A120,\"\")","v":"2005-04-16"},{"$f":"IF(INDEX(generale!$A$16:$G$4963,MATCH(NGG!$A110,generale!$A$16:$A$4963,0),COLUMN())=0,0,INDEX(generale!$A$16:$G$4963,MATCH(NGG!$A110,generale!$A$16:$A$4963,0),COLUMN()))","v":11},{"$f":"IF(INDEX(generale!$A$16:$G$4963,MATCH(NGG!$A110,generale!$A$16:$A$4963,0),COLUMN())=0,0,INDEX(generale!$A$16:$G$4963,MATCH(NGG!$A110,generale!$A$16:$A$4963,0),COLUMN()))","v":12},{"$f":"IF(INDEX(generale!$A$16:$G$4963,MATCH(NGG!$A110,generale!$A$16:$A$4963,0),COLUMN())=0,0,INDEX(generale!$A$16:$G$4963,MATCH(NGG!$A110,generale!$A$16:$A$4963,0),COLUMN()))","v":15},{"$f":"IF(INDEX(generale!$A$16:$G$4963,MATCH(NGG!$A110,generale!$A$16:$A$4963,0),COLUMN())=0,0,INDEX(generale!$A$16:$G$4963,MATCH(NGG!$A110,generale!$A$16:$A$4963,0),COLUMN()))","v":4},{"$f":"IF(INDEX(generale!$A$16:$G$4963,MATCH(NGG!$A110,generale!$A$16:$A$4963,0),COLUMN())=0,0,INDEX(generale!$A$16:$G$4963,MATCH(NGG!$A110,generale!$A$16:$A$4963,0),COLUMN()))","v":2},{"$f":"generale!G120","v":"T"},2,29,1,10,11,34,22,4,9,18,0,50,7,33,16,3,1,30,3,3,null,null,null,null,null,null,null,null,null,null,null,null,null,null,null,null,null,1,1,1,1,16,null,15]
[{"$f":"IF(generale!$A121>0,generale!$A121,\"\")","v":"2005-04-17"},{"$f":"IF(INDEX(generale!$A$16:$G$4963,MATCH(NGG!$A111,generale!$A$16:$A$4963,0),COLUMN())=0,0,INDEX(generale!$A$16:$G$4963,MATCH(NGG!$A111,generale!$A$16:$A$4963,0),COLUMN()))","v":15},{"$f":"IF(INDEX(generale!$A$16:$G$4963,MATCH(NGG!$A111,generale!$A$16:$A$4963,0),COLUMN())=0,0,INDEX(generale!$A$16:$G$4963,MATCH(NGG!$A111,generale!$A$16:$A$4963,0),COLUMN()))","v":16},{"$f":"IF(INDEX(generale!$A$16:$G$4963,MATCH(NGG!$A111,generale!$A$16:$A$4963,0),COLUMN())=0,0,INDEX(generale!$A$16:$G$4963,MATCH(NGG!$A111,generale!$A$16:$A$4963,0),COLUMN()))","v":5},{"$f":"IF(INDEX(generale!$A$16:$G$4963,MATCH(NGG!$A111,generale!$A$16:$A$4963,0),COLUMN())=0,0,INDEX(generale!$A$16:$G$4963,MATCH(NGG!$A111,generale!$A$16:$A$4963,0),COLUMN()))","v":19},{"$f":"IF(INDEX(generale!$A$16:$G$4963,MATCH(NGG!$A111,generale!$A$16:$A$4963,0),COLUMN())=0,0,INDEX(generale!$A$16:$G$4963,MATCH(NGG!$A111,generale!$A$16:$A$4963,0),COLUMN()))","v":14},{"$f":"generale!G121","v":"O"},3,30,2,11,12,35,23,5,10,19,1,51,8,34,0,4,2,31,3,3,null,null,null,null,null,null,null,null,null,null,null,null,null,null,null,null,null,null,null,1,1,18,"1",17]
[{"$f":"IF(generale!$A122>0,generale!$A122,\"\")","v":"2005-04-18"},{"$f":"IF(INDEX(generale!$A$16:$G$4963,MATCH(NGG!$A112,generale!$A$16:$A$4963,0),COLUMN())=0,0,INDEX(generale!$A$16:$G$4963,MATCH(NGG!$A112,generale!$A$16:$A$4963,0),COLUMN()))","v":5},{"$f":"IF(INDEX(generale!$A$16:$G$4963,MATCH(NGG!$A112,generale!$A$16:$A$4963,0),COLUMN())=0,0,INDEX(generale!$A$16:$G$4963,MATCH(NGG!$A112,generale!$A$16:$A$4963,0),COLUMN()))","v":7},{"$f":"IF(INDEX(generale!$A$16:$G$4963,MATCH(NGG!$A112,generale!$A$16:$A$4963,0),COLUMN())=0,0,INDEX(generale!$A$16:$G$4963,MATCH(NGG!$A112,generale!$A$16:$A$4963,0),COLUMN()))","v":6},{"$f":"IF(INDEX(generale!$A$16:$G$4963,MATCH(NGG!$A112,generale!$A$16:$A$4963,0),COLUMN())=0,0,INDEX(generale!$A$16:$G$4963,MATCH(NGG!$A112,generale!$A$16:$A$4963,0),COLUMN()))","v":13},{"$f":"IF(INDEX(generale!$A$16:$G$4963,MATCH(NGG!$A112,generale!$A$16:$A$4963,0),COLUMN())=0,0,INDEX(generale!$A$16:$G$4963,MATCH(NGG!$A112,generale!$A$16:$A$4963,0),COLUMN()))","v":10},{"$f":"generale!G122","v":"P"},4,31,3,12,0,36,24,6,11,20,2,52,9,35,1,5,3,32,3,3,null,null,null,null,null,null,null,null,null,null,null,null,null,null,null,null,null,null,null,1,1,18,null,16]
[{"$f":"IF(generale!$A123>0,generale!$A123,\"\")","v":"2005-04-19"},{"$f":"IF(INDEX(generale!$A$16:$G$4963,MATCH(NGG!$A113,generale!$A$16:$A$4963,0),COLUMN())=0,0,INDEX(generale!$A$16:$G$4963,MATCH(NGG!$A113,generale!$A$16:$A$4963,0),COLUMN()))","v":14},{"$f":"IF(INDEX(generale!$A$16:$G$4963,MATCH(NGG!$A113,generale!$A$16:$A$4963,0),COLUMN())=0,0,INDEX(generale!$A$16:$G$4963,MATCH(NGG!$A113,generale!$A$16:$A$4963,0),COLUMN()))","v":15},{"$f":"IF(INDEX(generale!$A$16:$G$4963,MATCH(NGG!$A113,generale!$A$16:$A$4963,0),COLUMN())=0,0,INDEX(generale!$A$16:$G$4963,MATCH(NGG!$A113,generale!$A$16:$A$4963,0),COLUMN()))","v":12},{"$f":"IF(INDEX(generale!$A$16:$G$4963,MATCH(NGG!$A113,generale!$A$16:$A$4963,0),COLUMN())=0,0,INDEX(generale!$A$16:$G$4963,MATCH(NGG!$A113,generale!$A$16:$A$4963,0),COLUMN()))","v":8},{"$f":"IF(INDEX(generale!$A$16:$G$4963,MATCH(NGG!$A113,generale!$A$16:$A$4963,0),COLUMN())=0,0,INDEX(generale!$A$16:$G$4963,MATCH(NGG!$A113,generale!$A$16:$A$4963,0),COLUMN()))","v":18},{"$f":"generale!G123","v":"P"},5,32,4,13,1,37,25,7,12,21,3,53,10,0,2,6,4,33,4,3,null,null,null,null,null,null,null,null,null,null,null,null,null,null,null,null,null,null,null,null,1,19,null,18]
[{"$f":"IF(generale!$A124>0,generale!$A124,\"\")","v":"2005-04-20"},{"$f":"IF(INDEX(generale!$A$16:$G$4963,MATCH(NGG!$A114,generale!$A$16:$A$4963,0),COLUMN())=0,0,INDEX(generale!$A$16:$G$4963,MATCH(NGG!$A114,generale!$A$16:$A$4963,0),COLUMN()))","v":5},{"$f":"IF(INDEX(generale!$A$16:$G$4963,MATCH(NGG!$A114,generale!$A$16:$A$4963,0),COLUMN())=0,0,INDEX(generale!$A$16:$G$4963,MATCH(NGG!$A114,generale!$A$16:$A$4963,0),COLUMN()))","v":9},{"$f":"IF(INDEX(generale!$A$16:$G$4963,MATCH(NGG!$A114,generale!$A$16:$A$4963,0),COLUMN())=0,0,INDEX(generale!$A$16:$G$4963,MATCH(NGG!$A114,generale!$A$16:$A$4963,0),COLUMN()))","v":4},{"$f":"IF(INDEX(generale!$A$16:$G$4963,MATCH(NGG!$A114,generale!$A$16:$A$4963,0),COLUMN())=0,0,INDEX(generale!$A$16:$G$4963,MATCH(NGG!$A114,generale!$A$16:$A$4963,0),COLUMN()))","v":7},{"$f":"IF(INDEX(generale!$A$16:$G$4963,MATCH(NGG!$A114,generale!$A$16:$A$4963,0),COLUMN())=0,0,INDEX(generale!$A$16:$G$4963,MATCH(NGG!$A114,generale!$A$16:$A$4963,0),COLUMN()))","v":13},{"$f":"generale!G124","v":"T"},{"$f":"IF(COUNTIF($B114:$D114,0)<3,IF(LEN(SUBSTITUTE(SUBSTITUTE($B114,H$1,,1),,1))=0,0,H113+1-AC114),\"\")","v":6},{"$f":"IF(COUNTIF($B114:$D114,0)<3,IF(LEN(SUBSTITUTE(SUBSTITUTE($B114,I$1,,1),,1))=0,0,I113+1-AD114),\"\")","v":33},{"$f":"IF(COUNTIF($B114:$D114,0)<3,IF(LEN(SUBSTITUTE(SUBSTITUTE($B114,J$1,,1),,1))=0,0,J113+1-AE114),\"\")","v":5},{"$f":"IF(COUNTIF($B114:$D114,0)<3,IF(LEN(SUBSTITUTE(SUBSTITUTE($B114,K$1,,1),,1))=0,0,K113+1-AF114),\"\")","v":14},{"$f":"IF(COUNTIF($B114:$D114,0)<3,IF(LEN(SUBSTITUTE(SUBSTITUTE($B114,L$1,,1),,1))=0,0,L113+1-AG114),\"\")","v":0},{"$f":"IF(COUNTIF($B114:$D114,0)<3,IF(LEN(SUBSTITUTE(SUBSTITUTE($B114,M$1,,1),,1))=0,0,M113+1-AH114),\"\")","v":38},{"$f":"IF(COUNTIF($B114:$D114,0)<3,IF(LEN(SUBSTITUTE(SUBSTITUTE($B114,N$1,,1),,1))=0,0,N113+1-AI114),\"\")","v":26},{"$f":"IF(COUNTIF($B114:$D114,0)<3,IF(LEN(SUBSTITUTE(SUBSTITUTE($B114,O$1,,1),,1))=0,0,O113+1-AJ114),\"\")","v":8},{"$f":"IF(COUNTIF($B114:$D114,0)<3,IF(LEN(SUBSTITUTE(SUBSTITUTE($B114,P$1,,1),,1))=0,0,P113+1-AK114),\"\")","v":13},{"$f":"IF(COUNTIF($B114:$D114,0)<3,IF(LEN(SUBSTITUTE(SUBSTITUTE($B114,Q$1,,1),,1))=0,0,Q113+1-AL114),\"\")","v":22},{"$f":"IF(COUNTIF($B114:$D114,0)<3,IF(LEN(SUBSTITUTE(SUBSTITUTE($B114,R$1,,1),,1))=0,0,R113+1-AM114),\"\")","v":4},{"$f":"IF(COUNTIF($B114:$D114,0)<3,IF(LEN(SUBSTITUTE(SUBSTITUTE($B114,S$1,,1),,1))=0,0,S113+1-AN114),\"\")","v":54},{"$f":"IF(COUNTIF($B114:$D114,0)<3,IF(LEN(SUBSTITUTE(SUBSTITUTE($B114,T$1,,1),,1))=0,0,T113+1-AO114),\"\")","v":11},{"$f":"IF(COUNTIF($B114:$D114,0)<3,IF(LEN(SUBSTITUTE(SUBSTITUTE($B114,U$1,,1),,1))=0,0,U113+1-AP114),\"\")","v":1},{"$f":"IF(COUNTIF($B114:$D114,0)<3,IF(LEN(SUBSTITUTE(SUBSTITUTE($B114,V$1,,1),,1))=0,0,V113+1-AQ114),\"\")","v":3},{"$f":"IF(COUNTIF($B114:$D114,0)<3,IF(LEN(SUBSTITUTE(SUBSTITUTE($B114,W$1,,1),,1))=0,0,W113+1-AR114),\"\")","v":6},{"$f":"IF(COUNTIF($B114:$D114,0)<3,IF(LEN(SUBSTITUTE(SUBSTITUTE($B114,X$1,,1),,1))=0,0,X113+1-AS114),\"\")","v":4},{"$f":"IF(COUNTIF($B114:$D114,0)<3,IF(LEN(SUBSTITUTE(SUBSTITUTE($B114,Y$1,,1),,1))=0,0,Y113+1-AT114),\"\")","v":33},{"$f":"IF(COUNTIF($B114:$D114,0)<3,IF(LEN(SUBSTITUTE(SUBSTITUTE($B114,Z$1,,1),,1))=0,0,Z113+1-AU114),\"\")","v":4},{"$f":"IF(COUNTIF($B114:$D114,0)<3,IF(LEN(SUBSTITUTE(SUBSTITUTE($B114,AA$1,,1),,1))=0,0,AA113+1-AV114),\"\")","v":3},null,null,null,null,null,null,null,null,null,null,null,null,null,null,null,null,1,1,1,1,1,15,"16",18]
[{"$f":"IF(generale!$A125>0,generale!$A125,\"\")","v":"2005-04-22"},{"$f":"IF(INDEX(generale!$A$16:$G$4963,MATCH(NGG!$A115,generale!$A$16:$A$4963,0),COLUMN())=0,0,INDEX(generale!$A$16:$G$4963,MATCH(NGG!$A115,generale!$A$16:$A$4963,0),COLUMN()))","v":5},{"$f":"IF(INDEX(generale!$A$16:$G$4963,MATCH(NGG!$A115,generale!$A$16:$A$4963,0),COLUMN())=0,0,INDEX(generale!$A$16:$G$4963,MATCH(NGG!$A115,generale!$A$16:$A$4963,0),COLUMN()))","v":14},{"$f":"IF(INDEX(generale!$A$16:$G$4963,MATCH(NGG!$A115,generale!$A$16:$A$4963,0),COLUMN())=0,0,INDEX(generale!$A$16:$G$4963,MATCH(NGG!$A115,generale!$A$16:$A$4963,0),COLUMN()))","v":13},{"$f":"IF(INDEX(generale!$A$16:$G$4963,MATCH(NGG!$A115,generale!$A$16:$A$4963,0),COLUMN())=0,0,INDEX(generale!$A$16:$G$4963,MATCH(NGG!$A115,generale!$A$16:$A$4963,0),COLUMN()))","v":6},{"$f":"IF(INDEX(generale!$A$16:$G$4963,MATCH(NGG!$A115,generale!$A$16:$A$4963,0),COLUMN())=0,0,INDEX(generale!$A$16:$G$4963,MATCH(NGG!$A115,generale!$A$16:$A$4963,0),COLUMN()))","v":10},{"$f":"generale!G125","v":"T"},7,34,6,15,0,39,27,9,14,23,5,55,12,2,4,7,5,34,4,3,null,null,null,null,null,null,null,null,null,null,null,null,null,null,null,null,null,null,null,1,1,18,"11",16]
[{"$f":"IF(generale!$A126>0,generale!$A126,\"\")","v":"2005-04-23"},{"$f":"IF(INDEX(generale!$A$16:$G$4963,MATCH(NGG!$A116,generale!$A$16:$A$4963,0),COLUMN())=0,0,INDEX(generale!$A$16:$G$4963,MATCH(NGG!$A116,generale!$A$16:$A$4963,0),COLUMN()))","v":5},{"$f":"IF(INDEX(generale!$A$16:$G$4963,MATCH(NGG!$A116,generale!$A$16:$A$4963,0),COLUMN())=0,0,INDEX(generale!$A$16:$G$4963,MATCH(NGG!$A116,generale!$A$16:$A$4963,0),COLUMN()))","v":3},{"$f":"IF(INDEX(generale!$A$16:$G$4963,MATCH(NGG!$A116,generale!$A$16:$A$4963,0),COLUMN())=0,0,INDEX(generale!$A$16:$G$4963,MATCH(NGG!$A116,generale!$A$16:$A$4963,0),COLUMN()))","v":1},{"$f":"IF(INDEX(generale!$A$16:$G$4963,MATCH(NGG!$A116,generale!$A$16:$A$4963,0),COLUMN())=0,0,INDEX(generale!$A$16:$G$4963,MATCH(NGG!$A116,generale!$A$16:$A$4963,0),COLUMN()))","v":4},{"$f":"IF(INDEX(generale!$A$16:$G$4963,MATCH(NGG!$A116,generale!$A$16:$A$4963,0),COLUMN())=0,0,INDEX(generale!$A$16:$G$4963,MATCH(NGG!$A116,generale!$A$16:$A$4963,0),COLUMN()))","v":15},{"$f":"generale!G126","v":"T"},8,35,7,16,0,40,28,10,15,24,6,56,13,3,5,8,{"$f":"IF(COUNTIF($B116:$D116,0)<3,IF(LEN(SUBSTITUTE(SUBSTITUTE($B116,X$1,,1),,1))=0,0,X115+1-AS116),\"\")","v":5},34,4,3,null,null,null,null,null,null,null,null,null,null,null,null,null,null,null,null,null,1,1,1,1,16,null,16]
[{"$f":"IF(generale!$A127>0,generale!$A127,\"\")","v":"2005-04-24"},{"$f":"IF(INDEX(generale!$A$16:$G$4963,MATCH(NGG!$A117,generale!$A$16:$A$4963,0),COLUMN())=0,0,INDEX(generale!$A$16:$G$4963,MATCH(NGG!$A117,generale!$A$16:$A$4963,0),COLUMN()))","v":8},{"$f":"IF(INDEX(generale!$A$16:$G$4963,MATCH(NGG!$A117,generale!$A$16:$A$4963,0),COLUMN())=0,0,INDEX(generale!$A$16:$G$4963,MATCH(NGG!$A117,generale!$A$16:$A$4963,0),COLUMN()))","v":18},{"$f":"IF(INDEX(generale!$A$16:$G$4963,MATCH(NGG!$A117,generale!$A$16:$A$4963,0),COLUMN())=0,0,INDEX(generale!$A$16:$G$4963,MATCH(NGG!$A117,generale!$A$16:$A$4963,0),COLUMN()))","v":13},{"$f":"IF(INDEX(generale!$A$16:$G$4963,MATCH(NGG!$A117,generale!$A$16:$A$4963,0),COLUMN())=0,0,INDEX(generale!$A$16:$G$4963,MATCH(NGG!$A117,generale!$A$16:$A$4963,0),COLUMN()))","v":14},{"$f":"IF(INDEX(generale!$A$16:$G$4963,MATCH(NGG!$A117,generale!$A$16:$A$4963,0),COLUMN())=0,0,INDEX(generale!$A$16:$G$4963,MATCH(NGG!$A117,generale!$A$16:$A$4963,0),COLUMN()))","v":6},{"$f":"generale!G127","v":"P"},{"$f":"IF(COUNTIF($B117:$D117,0)<3,IF(LEN(SUBSTITUTE(SUBSTITUTE($B117,H$1,,1),,1))=0,0,H116+1-AC117),\"\")","v":9},36,8,17,1,41,29,0,16,25,7,57,14,4,6,9,6,35,4,3,null,null,null,null,null,null,null,null,null,null,null,null,null,null,null,null,null,null,null,1,1,18,null,18]
[{"$f":"IF(generale!$A128>0,generale!$A128,\"\")","v":"2005-04-25"},{"$f":"IF(INDEX(generale!$A$16:$G$4963,MATCH(NGG!$A118,generale!$A$16:$A$4963,0),COLUMN())=0,0,INDEX(generale!$A$16:$G$4963,MATCH(NGG!$A118,generale!$A$16:$A$4963,0),COLUMN()))","v":11},{"$f":"IF(INDEX(generale!$A$16:$G$4963,MATCH(NGG!$A118,generale!$A$16:$A$4963,0),COLUMN())=0,0,INDEX(generale!$A$16:$G$4963,MATCH(NGG!$A118,generale!$A$16:$A$4963,0),COLUMN()))","v":8},{"$f":"IF(INDEX(generale!$A$16:$G$4963,MATCH(NGG!$A118,generale!$A$16:$A$4963,0),COLUMN())=0,0,INDEX(generale!$A$16:$G$4963,MATCH(NGG!$A118,generale!$A$16:$A$4963,0),COLUMN()))","v":9},{"$f":"IF(INDEX(generale!$A$16:$G$4963,MATCH(NGG!$A118,generale!$A$16:$A$4963,0),COLUMN())=0,0,INDEX(generale!$A$16:$G$4963,MATCH(NGG!$A118,generale!$A$16:$A$4963,0),COLUMN()))","v":6},{"$f":"IF(INDEX(generale!$A$16:$G$4963,MATCH(NGG!$A118,generale!$A$16:$A$4963,0),COLUMN())=0,0,INDEX(generale!$A$16:$G$4963,MATCH(NGG!$A118,generale!$A$16:$A$4963,0),COLUMN()))","v":16},{"$f":"generale!G128","v":"P"},10,37,9,18,2,42,30,1,17,26,0,58,15,5,7,10,7,36,5,3,null,null,null,null,null,null,null,null,null,null,null,null,null,null,null,null,null,null,null,null,1,19,null,18]
[{"$f":"IF(generale!$A129>0,generale!$A129,\"\")","v":"2005-04-26"},{"$f":"IF(INDEX(generale!$A$16:$G$4963,MATCH(NGG!$A119,generale!$A$16:$A$4963,0),COLUMN())=0,0,INDEX(generale!$A$16:$G$4963,MATCH(NGG!$A119,generale!$A$16:$A$4963,0),COLUMN()))","v":10},{"$f":"IF(INDEX(generale!$A$16:$G$4963,MATCH(NGG!$A119,generale!$A$16:$A$4963,0),COLUMN())=0,0,INDEX(generale!$A$16:$G$4963,MATCH(NGG!$A119,generale!$A$16:$A$4963,0),COLUMN()))","v":11},{"$f":"IF(INDEX(generale!$A$16:$G$4963,MATCH(NGG!$A119,generale!$A$16:$A$4963,0),COLUMN())=0,0,INDEX(generale!$A$16:$G$4963,MATCH(NGG!$A119,generale!$A$16:$A$4963,0),COLUMN()))","v":3},{"$f":"IF(INDEX(generale!$A$16:$G$4963,MATCH(NGG!$A119,generale!$A$16:$A$4963,0),COLUMN())=0,0,INDEX(generale!$A$16:$G$4963,MATCH(NGG!$A119,generale!$A$16:$A$4963,0),COLUMN()))","v":14},{"$f":"IF(INDEX(generale!$A$16:$G$4963,MATCH(NGG!$A119,generale!$A$16:$A$4963,0),COLUMN())=0,0,INDEX(generale!$A$16:$G$4963,MATCH(NGG!$A119,generale!$A$16:$A$4963,0),COLUMN()))","v":9},{"$f":"generale!G129","v":"T"},11,38,10,19,3,43,31,2,18,0,1,59,16,6,8,11,8,36,5,3,null,null,null,null,null,null,null,null,null,null,null,null,null,null,null,null,null,null,1,1,1,17,null,13]
[{"$f":"IF(generale!$A130>0,generale!$A130,\"\")","v":"2005-04-27"},{"$f":"IF(INDEX(generale!$A$16:$G$4963,MATCH(NGG!$A120,generale!$A$16:$A$4963,0),COLUMN())=0,0,INDEX(generale!$A$16:$G$4963,MATCH(NGG!$A120,generale!$A$16:$A$4963,0),COLUMN()))","v":10},{"$f":"IF(INDEX(generale!$A$16:$G$4963,MATCH(NGG!$A120,generale!$A$16:$A$4963,0),COLUMN())=0,0,INDEX(generale!$A$16:$G$4963,MATCH(NGG!$A120,generale!$A$16:$A$4963,0),COLUMN()))","v":13},{"$f":"IF(INDEX(generale!$A$16:$G$4963,MATCH(NGG!$A120,generale!$A$16:$A$4963,0),COLUMN())=0,0,INDEX(generale!$A$16:$G$4963,MATCH(NGG!$A120,generale!$A$16:$A$4963,0),COLUMN()))","v":14},{"$f":"IF(INDEX(generale!$A$16:$G$4963,MATCH(NGG!$A120,generale!$A$16:$A$4963,0),COLUMN())=0,0,INDEX(generale!$A$16:$G$4963,MATCH(NGG!$A120,generale!$A$16:$A$4963,0),COLUMN()))","v":8},{"$f":"IF(INDEX(generale!$A$16:$G$4963,MATCH(NGG!$A120,generale!$A$16:$A$4963,0),COLUMN())=0,0,INDEX(generale!$A$16:$G$4963,MATCH(NGG!$A120,generale!$A$16:$A$4963,0),COLUMN()))","v":5},{"$f":"generale!G130","v":"T"},12,39,11,20,4,44,32,3,19,0,2,60,17,7,9,12,8,36,5,3,null,null,null,null,null,null,null,null,null,null,null,null,null,null,null,null,null,1,1,1,1,16,null,14]
[{"$f":"IF(generale!$A131>0,generale!$A131,\"\")","v":"2005-04-28"},{"$f":"IF(INDEX(generale!$A$16:$G$4963,MATCH(NGG!$A121,generale!$A$16:$A$4963,0),COLUMN())=0,0,INDEX(generale!$A$16:$G$4963,MATCH(NGG!$A121,generale!$A$16:$A$4963,0),COLUMN()))","v":4},{"$f":"IF(INDEX(generale!$A$16:$G$4963,MATCH(NGG!$A121,generale!$A$16:$A$4963,0),COLUMN())=0,0,INDEX(generale!$A$16:$G$4963,MATCH(NGG!$A121,generale!$A$16:$A$4963,0),COLUMN()))","v":10},{"$f":"IF(INDEX(generale!$A$16:$G$4963,MATCH(NGG!$A121,generale!$A$16:$A$4963,0),COLUMN())=0,0,INDEX(generale!$A$16:$G$4963,MATCH(NGG!$A121,generale!$A$16:$A$4963,0),COLUMN()))","v":3},{"$f":"IF(INDEX(generale!$A$16:$G$4963,MATCH(NGG!$A121,generale!$A$16:$A$4963,0),COLUMN())=0,0,INDEX(generale!$A$16:$G$4963,MATCH(NGG!$A121,generale!$A$16:$A$4963,0),COLUMN()))","v":1},{"$f":"IF(INDEX(generale!$A$16:$G$4963,MATCH(NGG!$A121,generale!$A$16:$A$4963,0),COLUMN())=0,0,INDEX(generale!$A$16:$G$4963,MATCH(NGG!$A121,generale!$A$16:$A$4963,0),COLUMN()))","v":12},{"$f":"generale!G131","v":"P"},13,40,12,0,5,45,33,4,20,1,3,61,18,8,10,13,8,36,5,3,null,null,null,null,null,null,null,null,null,null,null,null,null,null,null,null,null,1,1,1,1,16,null,18]
[{"$f":"IF(generale!$A132>0,generale!$A132,\"\")","v":"2005-04-29"},{"$f":"IF(INDEX(generale!$A$16:$G$4963,MATCH(NGG!$A122,generale!$A$16:$A$4963,0),COLUMN())=0,0,INDEX(generale!$A$16:$G$4963,MATCH(NGG!$A122,generale!$A$16:$A$4963,0),COLUMN()))","v":8},{"$f":"IF(INDEX(generale!$A$16:$G$4963,MATCH(NGG!$A122,generale!$A$16:$A$4963,0),COLUMN())=0,0,INDEX(generale!$A$16:$G$4963,MATCH(NGG!$A122,generale!$A$16:$A$4963,0),COLUMN()))","v":3},{"$f":"IF(INDEX(generale!$A$16:$G$4963,MATCH(NGG!$A122,generale!$A$16:$A$4963,0),COLUMN())=0,0,INDEX(generale!$A$16:$G$4963,MATCH(NGG!$A122,generale!$A$16:$A$4963,0),COLUMN()))","v":14},{"$f":"IF(INDEX(generale!$A$16:$G$4963,MATCH(NGG!$A122,generale!$A$16:$A$4963,0),COLUMN())=0,0,INDEX(generale!$A$16:$G$4963,MATCH(NGG!$A122,generale!$A$16:$A$4963,0),COLUMN()))","v":13},{"$f":"IF(INDEX(generale!$A$16:$G$4963,MATCH(NGG!$A122,generale!$A$16:$A$4963,0),COLUMN())=0,0,INDEX(generale!$A$16:$G$4963,MATCH(NGG!$A122,generale!$A$16:$A$4963,0),COLUMN()))","v":6},{"$f":"generale!G132","v":"T"},14,41,13,1,6,46,34,0,21,2,4,62,19,9,11,14,9,37,5,3,null,null,null,null,null,null,null,null,null,null,null,null,null,null,null,null,null,null,null,1,1,18,null,15]
[{"$f":"IF(generale!$A133>0,generale!$A133,\"\")","v":"2005-04-30"},{"$f":"IF(INDEX(generale!$A$16:$G$4963,MATCH(NGG!$A123,generale!$A$16:$A$4963,0),COLUMN())=0,0,INDEX(generale!$A$16:$G$4963,MATCH(NGG!$A123,generale!$A$16:$A$4963,0),COLUMN()))","v":9},{"$f":"IF(INDEX(generale!$A$16:$G$4963,MATCH(NGG!$A123,generale!$A$16:$A$4963,0),COLUMN())=0,0,INDEX(generale!$A$16:$G$4963,MATCH(NGG!$A123,generale!$A$16:$A$4963,0),COLUMN()))","v":17},{"$f":"IF(INDEX(generale!$A$16:$G$4963,MATCH(NGG!$A123,generale!$A$16:$A$4963,0),COLUMN())=0,0,INDEX(generale!$A$16:$G$4963,MATCH(NGG!$A123,generale!$A$16:$A$4963,0),COLUMN()))","v":11},{"$f":"IF(INDEX(generale!$A$16:$G$4963,MATCH(NGG!$A123,generale!$A$16:$A$4963,0),COLUMN())=0,0,INDEX(generale!$A$16:$G$4963,MATCH(NGG!$A123,generale!$A$16:$A$4963,0),COLUMN()))","v":4},{"$f":"IF(INDEX(generale!$A$16:$G$4963,MATCH(NGG!$A123,generale!$A$16:$A$4963,0),COLUMN())=0,0,INDEX(generale!$A$16:$G$4963,MATCH(NGG!$A123,generale!$A$16:$A$4963,0),COLUMN()))","v":16},{"$f":"generale!G133","v":"P"},15,42,14,2,7,47,35,1,0,3,5,63,20,10,12,15,10,38,5,3,null,null,null,null,null,null,null,null,null,null,null,null,null,null,null,null,null,null,null,1,1,18,null,18]
[{"$f":"IF(generale!$A134>0,generale!$A134,\"\")","v":"2005-05-01"},{"$f":"IF(INDEX(generale!$A$16:$G$4963,MATCH(NGG!$A124,generale!$A$16:$A$4963,0),COLUMN())=0,0,INDEX(generale!$A$16:$G$4963,MATCH(NGG!$A124,generale!$A$16:$A$4963,0),COLUMN()))","v":17},{"$f":"IF(INDEX(generale!$A$16:$G$4963,MATCH(NGG!$A124,generale!$A$16:$A$4963,0),COLUMN())=0,0,INDEX(generale!$A$16:$G$4963,MATCH(NGG!$A124,generale!$A$16:$A$4963,0),COLUMN()))","v":6},{"$f":"IF(INDEX(generale!$A$16:$G$4963,MATCH(NGG!$A124,generale!$A$16:$A$4963,0),COLUMN())=0,0,INDEX(generale!$A$16:$G$4963,MATCH(NGG!$A124,generale!$A$16:$A$4963,0),COLUMN()))","v":13},{"$f":"IF(INDEX(generale!$A$16:$G$4963,MATCH(NGG!$A124,generale!$A$16:$A$4963,0),COLUMN())=0,0,INDEX(generale!$A$16:$G$4963,MATCH(NGG!$A124,generale!$A$16:$A$4963,0),COLUMN()))","v":15},{"$f":"IF(INDEX(generale!$A$16:$G$4963,MATCH(NGG!$A124,generale!$A$16:$A$4963,0),COLUMN())=0,0,INDEX(generale!$A$16:$G$4963,MATCH(NGG!$A124,generale!$A$16:$A$4963,0),COLUMN()))","v":2},{"$f":"generale!G134","v":"P"},16,43,15,3,8,48,36,2,1,4,6,64,21,11,13,16,0,38,5,3,null,null,null,null,null,null,null,null,null,null,null,null,null,null,null,null,null,null,1,1,1,17,null,18]
[{"$f":"IF(generale!$A135>0,generale!$A135,\"\")","v":"2005-05-02"},{"$f":"IF(INDEX(generale!$A$16:$G$4963,MATCH(NGG!$A125,generale!$A$16:$A$4963,0),COLUMN())=0,0,INDEX(generale!$A$16:$G$4963,MATCH(NGG!$A125,generale!$A$16:$A$4963,0),COLUMN()))","v":14},{"$f":"IF(INDEX(generale!$A$16:$G$4963,MATCH(NGG!$A125,generale!$A$16:$A$4963,0),COLUMN())=0,0,INDEX(generale!$A$16:$G$4963,MATCH(NGG!$A125,generale!$A$16:$A$4963,0),COLUMN()))","v":12},{"$f":"IF(INDEX(generale!$A$16:$G$4963,MATCH(NGG!$A125,generale!$A$16:$A$4963,0),COLUMN())=0,0,INDEX(generale!$A$16:$G$4963,MATCH(NGG!$A125,generale!$A$16:$A$4963,0),COLUMN()))","v":13},{"$f":"IF(INDEX(generale!$A$16:$G$4963,MATCH(NGG!$A125,generale!$A$16:$A$4963,0),COLUMN())=0,0,INDEX(generale!$A$16:$G$4963,MATCH(NGG!$A125,generale!$A$16:$A$4963,0),COLUMN()))","v":8},{"$f":"IF(INDEX(generale!$A$16:$G$4963,MATCH(NGG!$A125,generale!$A$16:$A$4963,0),COLUMN())=0,0,INDEX(generale!$A$16:$G$4963,MATCH(NGG!$A125,generale!$A$16:$A$4963,0),COLUMN()))","v":3},{"$f":"generale!G135","v":"T"},17,44,16,4,9,49,37,3,2,5,7,65,22,0,14,17,0,38,5,3,null,null,null,null,null,null,null,null,null,null,null,null,null,null,null,null,null,1,1,1,1,16,null,15]
[{"$f":"IF(generale!$A136>0,generale!$A136,\"\")","v":"2005-05-03"},{"$f":"IF(INDEX(generale!$A$16:$G$4963,MATCH(NGG!$A126,generale!$A$16:$A$4963,0),COLUMN())=0,0,INDEX(generale!$A$16:$G$4963,MATCH(NGG!$A126,generale!$A$16:$A$4963,0),COLUMN()))","v":4},{"$f":"IF(INDEX(generale!$A$16:$G$4963,MATCH(NGG!$A126,generale!$A$16:$A$4963,0),COLUMN())=0,0,INDEX(generale!$A$16:$G$4963,MATCH(NGG!$A126,generale!$A$16:$A$4963,0),COLUMN()))","v":14},{"$f":"IF(INDEX(generale!$A$16:$G$4963,MATCH(NGG!$A126,generale!$A$16:$A$4963,0),COLUMN())=0,0,INDEX(generale!$A$16:$G$4963,MATCH(NGG!$A126,generale!$A$16:$A$4963,0),COLUMN()))","v":9},{"$f":"IF(INDEX(generale!$A$16:$G$4963,MATCH(NGG!$A126,generale!$A$16:$A$4963,0),COLUMN())=0,0,INDEX(generale!$A$16:$G$4963,MATCH(NGG!$A126,generale!$A$16:$A$4963,0),COLUMN()))","v":5},{"$f":"IF(INDEX(generale!$A$16:$G$4963,MATCH(NGG!$A126,generale!$A$16:$A$4963,0),COLUMN())=0,0,INDEX(generale!$A$16:$G$4963,MATCH(NGG!$A126,generale!$A$16:$A$4963,0),COLUMN()))","v":17},{"$f":"generale!G136","v":"O"},18,45,17,0,10,50,38,4,3,6,8,66,23,1,15,18,1,39,5,3,null,null,null,null,null,null,null,null,null,null,null,null,null,null,null,null,null,null,null,1,1,18,"1",20]
[{"$f":"IF(generale!$A137>0,generale!$A137,\"\")","v":"2005-05-04"},{"$f":"IF(INDEX(generale!$A$16:$G$4963,MATCH(NGG!$A127,generale!$A$16:$A$4963,0),COLUMN())=0,0,INDEX(generale!$A$16:$G$4963,MATCH(NGG!$A127,generale!$A$16:$A$4963,0),COLUMN()))","v":13},{"$f":"IF(INDEX(generale!$A$16:$G$4963,MATCH(NGG!$A127,generale!$A$16:$A$4963,0),COLUMN())=0,0,INDEX(generale!$A$16:$G$4963,MATCH(NGG!$A127,generale!$A$16:$A$4963,0),COLUMN()))","v":9},{"$f":"IF(INDEX(generale!$A$16:$G$4963,MATCH(NGG!$A127,generale!$A$16:$A$4963,0),COLUMN())=0,0,INDEX(generale!$A$16:$G$4963,MATCH(NGG!$A127,generale!$A$16:$A$4963,0),COLUMN()))","v":10},{"$f":"IF(INDEX(generale!$A$16:$G$4963,MATCH(NGG!$A127,generale!$A$16:$A$4963,0),COLUMN())=0,0,INDEX(generale!$A$16:$G$4963,MATCH(NGG!$A127,generale!$A$16:$A$4963,0),COLUMN()))","v":14},{"$f":"IF(INDEX(generale!$A$16:$G$4963,MATCH(NGG!$A127,generale!$A$16:$A$4963,0),COLUMN())=0,0,INDEX(generale!$A$16:$G$4963,MATCH(NGG!$A127,generale!$A$16:$A$4963,0),COLUMN()))","v":5},{"$f":"generale!G137","v":"T"},19,46,18,1,11,51,39,5,4,7,9,67,0,2,16,19,2,40,5,3,null,null,null,null,null,null,null,null,null,null,null,null,null,null,null,null,null,null,null,1,1,18,null,14]
[{"$f":"IF(generale!$A138>0,generale!$A138,\"\")","v":"2005-05-05"},{"$f":"IF(INDEX(generale!$A$16:$G$4963,MATCH(NGG!$A128,generale!$A$16:$A$4963,0),COLUMN())=0,0,INDEX(generale!$A$16:$G$4963,MATCH(NGG!$A128,generale!$A$16:$A$4963,0),COLUMN()))","v":16},{"$f":"IF(INDEX(generale!$A$16:$G$4963,MATCH(NGG!$A128,generale!$A$16:$A$4963,0),COLUMN())=0,0,INDEX(generale!$A$16:$G$4963,MATCH(NGG!$A128,generale!$A$16:$A$4963,0),COLUMN()))","v":8},{"$f":"IF(INDEX(generale!$A$16:$G$4963,MATCH(NGG!$A128,generale!$A$16:$A$4963,0),COLUMN())=0,0,INDEX(generale!$A$16:$G$4963,MATCH(NGG!$A128,generale!$A$16:$A$4963,0),COLUMN()))","v":4},{"$f":"IF(INDEX(generale!$A$16:$G$4963,MATCH(NGG!$A128,generale!$A$16:$A$4963,0),COLUMN())=0,0,INDEX(generale!$A$16:$G$4963,MATCH(NGG!$A128,generale!$A$16:$A$4963,0),COLUMN()))","v":17},{"$f":"IF(INDEX(generale!$A$16:$G$4963,MATCH(NGG!$A128,generale!$A$16:$A$4963,0),COLUMN())=0,0,INDEX(generale!$A$16:$G$4963,MATCH(NGG!$A128,generale!$A$16:$A$4963,0),COLUMN()))","v":18},{"$f":"generale!G138","v":"P"},20,47,19,2,12,52,40,6,5,8,10,68,1,3,17,0,3,41,6,4,null,null,null,null,null,null,null,null,null,null,null,null,null,null,null,null,null,null,null,null,null,20,null,18]
[{"$f":"IF(generale!$A139>0,generale!$A139,\"\")","v":"2005-05-06"},{"$f":"IF(INDEX(generale!$A$16:$G$4963,MATCH(NGG!$A129,generale!$A$16:$A$4963,0),COLUMN())=0,0,INDEX(generale!$A$16:$G$4963,MATCH(NGG!$A129,generale!$A$16:$A$4963,0),COLUMN()))","v":9},{"$f":"IF(INDEX(generale!$A$16:$G$4963,MATCH(NGG!$A129,generale!$A$16:$A$4963,0),COLUMN())=0,0,INDEX(generale!$A$16:$G$4963,MATCH(NGG!$A129,generale!$A$16:$A$4963,0),COLUMN()))","v":12},{"$f":"IF(INDEX(generale!$A$16:$G$4963,MATCH(NGG!$A129,generale!$A$16:$A$4963,0),COLUMN())=0,0,INDEX(generale!$A$16:$G$4963,MATCH(NGG!$A129,generale!$A$16:$A$4963,0),COLUMN()))","v":16},{"$f":"IF(INDEX(generale!$A$16:$G$4963,MATCH(NGG!$A129,generale!$A$16:$A$4963,0),COLUMN())=0,0,INDEX(generale!$A$16:$G$4963,MATCH(NGG!$A129,generale!$A$16:$A$4963,0),COLUMN()))","v":1},{"$f":"IF(INDEX(generale!$A$16:$G$4963,MATCH(NGG!$A129,generale!$A$16:$A$4963,0),COLUMN())=0,0,INDEX(generale!$A$16:$G$4963,MATCH(NGG!$A129,generale!$A$16:$A$4963,0),COLUMN()))","v":7},{"$f":"generale!G139","v":"P"},21,48,20,3,13,53,41,7,0,9,11,69,2,4,18,1,4,42,6,4,null,null,null,null,null,null,null,null,null,null,null,null,null,null,null,null,null,null,null,1,1,18,null,17]
[{"$f":"IF(generale!$A140>0,generale!$A140,\"\")","v":"2005-05-07"},{"$f":"IF(INDEX(generale!$A$16:$G$4963,MATCH(NGG!$A130,generale!$A$16:$A$4963,0),COLUMN())=0,0,INDEX(generale!$A$16:$G$4963,MATCH(NGG!$A130,generale!$A$16:$A$4963,0),COLUMN()))","v":17},{"$f":"IF(INDEX(generale!$A$16:$G$4963,MATCH(NGG!$A130,generale!$A$16:$A$4963,0),COLUMN())=0,0,INDEX(generale!$A$16:$G$4963,MATCH(NGG!$A130,generale!$A$16:$A$4963,0),COLUMN()))","v":3},{"$f":"IF(INDEX(generale!$A$16:$G$4963,MATCH(NGG!$A130,generale!$A$16:$A$4963,0),COLUMN())=0,0,INDEX(generale!$A$16:$G$4963,MATCH(NGG!$A130,generale!$A$16:$A$4963,0),COLUMN()))","v":10},{"$f":"IF(INDEX(generale!$A$16:$G$4963,MATCH(NGG!$A130,generale!$A$16:$A$4963,0),COLUMN())=0,0,INDEX(generale!$A$16:$G$4963,MATCH(NGG!$A130,generale!$A$16:$A$4963,0),COLUMN()))","v":8},{"$f":"IF(INDEX(generale!$A$16:$G$4963,MATCH(NGG!$A130,generale!$A$16:$A$4963,0),COLUMN())=0,0,INDEX(generale!$A$16:$G$4963,MATCH(NGG!$A130,generale!$A$16:$A$4963,0),COLUMN()))","v":5},{"$f":"generale!G140","v":"T"},22,49,21,4,14,54,42,8,1,10,12,70,3,5,19,2,0,42,6,4,null,null,null,null,null,null,null,null,null,null,null,null,null,null,null,null,null,null,1,1,1,17,null,18]
[{"$f":"IF(generale!$A141>0,generale!$A141,\"\")","v":"2005-05-08"},{"$f":"IF(INDEX(generale!$A$16:$G$4963,MATCH(NGG!$A131,generale!$A$16:$A$4963,0),COLUMN())=0,0,INDEX(generale!$A$16:$G$4963,MATCH(NGG!$A131,generale!$A$16:$A$4963,0),COLUMN()))","v":14},{"$f":"IF(INDEX(generale!$A$16:$G$4963,MATCH(NGG!$A131,generale!$A$16:$A$4963,0),COLUMN())=0,0,INDEX(generale!$A$16:$G$4963,MATCH(NGG!$A131,generale!$A$16:$A$4963,0),COLUMN()))","v":15},{"$f":"IF(INDEX(generale!$A$16:$G$4963,MATCH(NGG!$A131,generale!$A$16:$A$4963,0),COLUMN())=0,0,INDEX(generale!$A$16:$G$4963,MATCH(NGG!$A131,generale!$A$16:$A$4963,0),COLUMN()))","v":11},{"$f":"IF(INDEX(generale!$A$16:$G$4963,MATCH(NGG!$A131,generale!$A$16:$A$4963,0),COLUMN())=0,0,INDEX(generale!$A$16:$G$4963,MATCH(NGG!$A131,generale!$A$16:$A$4963,0),COLUMN()))","v":10},{"$f":"IF(INDEX(generale!$A$16:$G$4963,MATCH(NGG!$A131,generale!$A$16:$A$4963,0),COLUMN())=0,0,INDEX(generale!$A$16:$G$4963,MATCH(NGG!$A131,generale!$A$16:$A$4963,0),COLUMN()))","v":18},{"$f":"generale!G141","v":"O"},23,50,22,5,15,55,43,9,2,11,13,71,4,0,20,3,0,42,6,4,null,null,null,null,null,null,null,null,null,null,null,null,null,null,null,null,null,1,1,1,1,16,null,20]
[{"$f":"IF(generale!$A142>0,generale!$A142,\"\")","v":"2005-05-09"},{"$f":"IF(INDEX(generale!$A$16:$G$4963,MATCH(NGG!$A132,generale!$A$16:$A$4963,0),COLUMN())=0,0,INDEX(generale!$A$16:$G$4963,MATCH(NGG!$A132,generale!$A$16:$A$4963,0),COLUMN()))","v":7},{"$f":"IF(INDEX(generale!$A$16:$G$4963,MATCH(NGG!$A132,generale!$A$16:$A$4963,0),COLUMN())=0,0,INDEX(generale!$A$16:$G$4963,MATCH(NGG!$A132,generale!$A$16:$A$4963,0),COLUMN()))","v":4},{"$f":"IF(INDEX(generale!$A$16:$G$4963,MATCH(NGG!$A132,generale!$A$16:$A$4963,0),COLUMN())=0,0,INDEX(generale!$A$16:$G$4963,MATCH(NGG!$A132,generale!$A$16:$A$4963,0),COLUMN()))","v":10},{"$f":"IF(INDEX(generale!$A$16:$G$4963,MATCH(NGG!$A132,generale!$A$16:$A$4963,0),COLUMN())=0,0,INDEX(generale!$A$16:$G$4963,MATCH(NGG!$A132,generale!$A$16:$A$4963,0),COLUMN()))","v":15},{"$f":"IF(INDEX(generale!$A$16:$G$4963,MATCH(NGG!$A132,generale!$A$16:$A$4963,0),COLUMN())=0,0,INDEX(generale!$A$16:$G$4963,MATCH(NGG!$A132,generale!$A$16:$A$4963,0),COLUMN()))","v":16},{"$f":"generale!G142","v":"P"},24,51,23,6,16,56,0,10,3,12,14,72,5,1,21,{"$f":"IF(COUNTIF($B132:$D132,0)<3,IF(LEN(SUBSTITUTE(SUBSTITUTE($B132,W$1,,1),,1))=0,0,W131+1-AR132),\"\")","v":4},0,42,6,4,null,null,null,null,null,null,null,null,null,null,null,null,null,null,null,null,null,1,1,1,1,{"$f":"IF(A132<>\"\",20-SUM(AC132:AV132),\"\")","v":16},null,17]
[{"$f":"IF(generale!$A143>0,generale!$A143,\"\")","v":"2005-05-10"},{"$f":"IF(INDEX(generale!$A$16:$G$4963,MATCH(NGG!$A133,generale!$A$16:$A$4963,0),COLUMN())=0,0,INDEX(generale!$A$16:$G$4963,MATCH(NGG!$A133,generale!$A$16:$A$4963,0),COLUMN()))","v":13},{"$f":"IF(INDEX(generale!$A$16:$G$4963,MATCH(NGG!$A133,generale!$A$16:$A$4963,0),COLUMN())=0,0,INDEX(generale!$A$16:$G$4963,MATCH(NGG!$A133,generale!$A$16:$A$4963,0),COLUMN()))","v":18},{"$f":"IF(INDEX(generale!$A$16:$G$4963,MATCH(NGG!$A133,generale!$A$16:$A$4963,0),COLUMN())=0,0,INDEX(generale!$A$16:$G$4963,MATCH(NGG!$A133,generale!$A$16:$A$4963,0),COLUMN()))","v":9},{"$f":"IF(INDEX(generale!$A$16:$G$4963,MATCH(NGG!$A133,generale!$A$16:$A$4963,0),COLUMN())=0,0,INDEX(generale!$A$16:$G$4963,MATCH(NGG!$A133,generale!$A$16:$A$4963,0),COLUMN()))","v":2},{"$f":"IF(INDEX(generale!$A$16:$G$4963,MATCH(NGG!$A133,generale!$A$16:$A$4963,0),COLUMN())=0,0,INDEX(generale!$A$16:$G$4963,MATCH(NGG!$A133,generale!$A$16:$A$4963,0),COLUMN()))","v":3},{"$f":"generale!G143","v":"T"},{"$f":"IF(COUNTIF($B133:$D133,0)<3,IF(LEN(SUBSTITUTE(SUBSTITUTE($B133,H$1,,1),,1))=0,0,H132+1-AC133),\"\")","v":25},52,24,7,17,57,1,11,4,13,15,73,0,2,22,4,0,42,6,4,null,null,null,null,null,null,null,null,null,null,null,null,null,null,null,null,1,1,1,1,1,15,null,19]
[{"$f":"IF(generale!$A144>0,generale!$A144,\"\")","v":"2005-05-11"},{"$f":"IF(INDEX(generale!$A$16:$G$4963,MATCH(NGG!$A134,generale!$A$16:$A$4963,0),COLUMN())=0,0,INDEX(generale!$A$16:$G$4963,MATCH(NGG!$A134,generale!$A$16:$A$4963,0),COLUMN()))","v":11},{"$f":"IF(INDEX(generale!$A$16:$G$4963,MATCH(NGG!$A134,generale!$A$16:$A$4963,0),COLUMN())=0,0,INDEX(generale!$A$16:$G$4963,MATCH(NGG!$A134,generale!$A$16:$A$4963,0),COLUMN()))","v":4},{"$f":"IF(INDEX(generale!$A$16:$G$4963,MATCH(NGG!$A134,generale!$A$16:$A$4963,0),COLUMN())=0,0,INDEX(generale!$A$16:$G$4963,MATCH(NGG!$A134,generale!$A$16:$A$4963,0),COLUMN()))","v":10},{"$f":"IF(INDEX(generale!$A$16:$G$4963,MATCH(NGG!$A134,generale!$A$16:$A$4963,0),COLUMN())=0,0,INDEX(generale!$A$16:$G$4963,MATCH(NGG!$A134,generale!$A$16:$A$4963,0),COLUMN()))","v":14},{"$f":"IF(INDEX(generale!$A$16:$G$4963,MATCH(NGG!$A134,generale!$A$16:$A$4963,0),COLUMN())=0,0,INDEX(generale!$A$16:$G$4963,MATCH(NGG!$A134,generale!$A$16:$A$4963,0),COLUMN()))","v":3},{"$f":"generale!G144","v":"T"},26,53,25,8,18,58,2,12,5,14,0,74,1,3,22,4,0,42,6,4,null,null,null,null,null,null,null,null,null,null,null,null,null,null,null,1,1,1,1,1,1,14,null,16]
[{"$f":"IF(generale!$A145>0,generale!$A145,\"\")","v":"2005-05-12"},{"$f":"IF(INDEX(generale!$A$16:$G$4963,MATCH(NGG!$A135,generale!$A$16:$A$4963,0),COLUMN())=0,0,INDEX(generale!$A$16:$G$4963,MATCH(NGG!$A135,generale!$A$16:$A$4963,0),COLUMN()))","v":15},{"$f":"IF(INDEX(generale!$A$16:$G$4963,MATCH(NGG!$A135,generale!$A$16:$A$4963,0),COLUMN())=0,0,INDEX(generale!$A$16:$G$4963,MATCH(NGG!$A135,generale!$A$16:$A$4963,0),COLUMN()))","v":12},{"$f":"IF(INDEX(generale!$A$16:$G$4963,MATCH(NGG!$A135,generale!$A$16:$A$4963,0),COLUMN())=0,0,INDEX(generale!$A$16:$G$4963,MATCH(NGG!$A135,generale!$A$16:$A$4963,0),COLUMN()))","v":5},{"$f":"IF(INDEX(generale!$A$16:$G$4963,MATCH(NGG!$A135,generale!$A$16:$A$4963,0),COLUMN())=0,0,INDEX(generale!$A$16:$G$4963,MATCH(NGG!$A135,generale!$A$16:$A$4963,0),COLUMN()))","v":8},{"$f":"IF(INDEX(generale!$A$16:$G$4963,MATCH(NGG!$A135,generale!$A$16:$A$4963,0),COLUMN())=0,0,INDEX(generale!$A$16:$G$4963,MATCH(NGG!$A135,generale!$A$16:$A$4963,0),COLUMN()))","v":1},{"$f":"generale!G145","v":"P"},27,54,26,9,19,59,3,13,6,15,1,75,2,4,0,5,1,43,6,4,null,null,null,null,null,null,null,null,null,null,null,null,null,null,null,null,null,null,null,1,1,18,null,17]
[{"$f":"IF(generale!$A146>0,generale!$A146,\"\")","v":"2005-05-13"},{"$f":"IF(INDEX(generale!$A$16:$G$4963,MATCH(NGG!$A136,generale!$A$16:$A$4963,0),COLUMN())=0,0,INDEX(generale!$A$16:$G$4963,MATCH(NGG!$A136,generale!$A$16:$A$4963,0),COLUMN()))","v":11},{"$f":"IF(INDEX(generale!$A$16:$G$4963,MATCH(NGG!$A136,generale!$A$16:$A$4963,0),COLUMN())=0,0,INDEX(generale!$A$16:$G$4963,MATCH(NGG!$A136,generale!$A$16:$A$4963,0),COLUMN()))","v":7},{"$f":"IF(INDEX(generale!$A$16:$G$4963,MATCH(NGG!$A136,generale!$A$16:$A$4963,0),COLUMN())=0,0,INDEX(generale!$A$16:$G$4963,MATCH(NGG!$A136,generale!$A$16:$A$4963,0),COLUMN()))","v":10},{"$f":"IF(INDEX(generale!$A$16:$G$4963,MATCH(NGG!$A136,generale!$A$16:$A$4963,0),COLUMN())=0,0,INDEX(generale!$A$16:$G$4963,MATCH(NGG!$A136,generale!$A$16:$A$4963,0),COLUMN()))","v":16},{"$f":"IF(INDEX(generale!$A$16:$G$4963,MATCH(NGG!$A136,generale!$A$16:$A$4963,0),COLUMN())=0,0,INDEX(generale!$A$16:$G$4963,MATCH(NGG!$A136,generale!$A$16:$A$4963,0),COLUMN()))","v":17},{"$f":"generale!G146","v":"O"},28,55,27,10,20,60,4,14,7,16,0,76,3,5,1,6,1,43,6,4,null,null,null,null,null,null,null,null,null,null,null,null,null,null,null,null,null,1,1,1,1,16,null,17]
[{"$f":"IF(generale!$A147>0,generale!$A147,\"\")","v":"2005-05-14"},{"$f":"IF(INDEX(generale!$A$16:$G$4963,MATCH(NGG!$A137,generale!$A$16:$A$4963,0),COLUMN())=0,0,INDEX(generale!$A$16:$G$4963,MATCH(NGG!$A137,generale!$A$16:$A$4963,0),COLUMN()))","v":10},{"$f":"IF(INDEX(generale!$A$16:$G$4963,MATCH(NGG!$A137,generale!$A$16:$A$4963,0),COLUMN())=0,0,INDEX(generale!$A$16:$G$4963,MATCH(NGG!$A137,generale!$A$16:$A$4963,0),COLUMN()))","v":9},{"$f":"IF(INDEX(generale!$A$16:$G$4963,MATCH(NGG!$A137,generale!$A$16:$A$4963,0),COLUMN())=0,0,INDEX(generale!$A$16:$G$4963,MATCH(NGG!$A137,generale!$A$16:$A$4963,0),COLUMN()))","v":8},{"$f":"IF(INDEX(generale!$A$16:$G$4963,MATCH(NGG!$A137,generale!$A$16:$A$4963,0),COLUMN())=0,0,INDEX(generale!$A$16:$G$4963,MATCH(NGG!$A137,generale!$A$16:$A$4963,0),COLUMN()))","v":2},{"$f":"IF(INDEX(generale!$A$16:$G$4963,MATCH(NGG!$A137,generale!$A$16:$A$4963,0),COLUMN())=0,0,INDEX(generale!$A$16:$G$4963,MATCH(NGG!$A137,generale!$A$16:$A$4963,0),COLUMN()))","v":12},{"$f":"generale!G147","v":"T"},29,56,28,11,21,61,5,15,8,0,1,77,4,6,2,7,1,43,6,4,null,null,null,null,null,null,null,null,null,null,null,null,null,null,null,null,null,1,1,1,1,16,null,14]
[{"$f":"IF(generale!$A148>0,generale!$A148,\"\")","v":"2005-05-15"},{"$f":"IF(INDEX(generale!$A$16:$G$4963,MATCH(NGG!$A138,generale!$A$16:$A$4963,0),COLUMN())=0,0,INDEX(generale!$A$16:$G$4963,MATCH(NGG!$A138,generale!$A$16:$A$4963,0),COLUMN()))","v":11},{"$f":"IF(INDEX(generale!$A$16:$G$4963,MATCH(NGG!$A138,generale!$A$16:$A$4963,0),COLUMN())=0,0,INDEX(generale!$A$16:$G$4963,MATCH(NGG!$A138,generale!$A$16:$A$4963,0),COLUMN()))","v":15},{"$f":"IF(INDEX(generale!$A$16:$G$4963,MATCH(NGG!$A138,generale!$A$16:$A$4963,0),COLUMN())=0,0,INDEX(generale!$A$16:$G$4963,MATCH(NGG!$A138,generale!$A$16:$A$4963,0),COLUMN()))","v":7},{"$f":"IF(INDEX(generale!$A$16:$G$4963,MATCH(NGG!$A138,generale!$A$16:$A$4963,0),COLUMN())=0,0,INDEX(generale!$A$16:$G$4963,MATCH(NGG!$A138,generale!$A$16:$A$4963,0),COLUMN()))","v":5},{"$f":"IF(INDEX(generale!$A$16:$G$4963,MATCH(NGG!$A138,generale!$A$16:$A$4963,0),COLUMN())=0,0,INDEX(generale!$A$16:$G$4963,MATCH(NGG!$A138,generale!$A$16:$A$4963,0),COLUMN()))","v":4},{"$f":"generale!G148","v":"P"},30,57,29,12,22,62,6,16,9,1,0,78,5,7,3,8,1,43,6,4,null,null,null,null,null,null,null,null,null,null,null,null,null,null,null,null,null,1,1,1,1,16,"9",15]
[{"$f":"IF(generale!$A149>0,generale!$A149,\"\")","v":"2005-05-16"},{"$f":"IF(INDEX(generale!$A$16:$G$4963,MATCH(NGG!$A139,generale!$A$16:$A$4963,0),COLUMN())=0,0,INDEX(generale!$A$16:$G$4963,MATCH(NGG!$A139,generale!$A$16:$A$4963,0),COLUMN()))","v":3},{"$f":"IF(INDEX(generale!$A$16:$G$4963,MATCH(NGG!$A139,generale!$A$16:$A$4963,0),COLUMN())=0,0,INDEX(generale!$A$16:$G$4963,MATCH(NGG!$A139,generale!$A$16:$A$4963,0),COLUMN()))","v":10},{"$f":"IF(INDEX(generale!$A$16:$G$4963,MATCH(NGG!$A139,generale!$A$16:$A$4963,0),COLUMN())=0,0,INDEX(generale!$A$16:$G$4963,MATCH(NGG!$A139,generale!$A$16:$A$4963,0),COLUMN()))","v":9},{"$f":"IF(INDEX(generale!$A$16:$G$4963,MATCH(NGG!$A139,generale!$A$16:$A$4963,0),COLUMN())=0,0,INDEX(generale!$A$16:$G$4963,MATCH(NGG!$A139,generale!$A$16:$A$4963,0),COLUMN()))","v":16},{"$f":"IF(INDEX(generale!$A$16:$G$4963,MATCH(NGG!$A139,generale!$A$16:$A$4963,0),COLUMN())=0,0,INDEX(generale!$A$16:$G$4963,MATCH(NGG!$A139,generale!$A$16:$A$4963,0),COLUMN()))","v":14},{"$f":"generale!G149","v":"P"},31,58,0,13,23,63,7,17,10,2,1,79,6,8,4,9,1,43,6,4,null,null,null,null,null,null,null,null,null,null,null,null,null,null,null,null,null,1,1,1,1,16,null,17]
[{"$f":"IF(generale!$A150>0,generale!$A150,\"\")","v":"2005-05-17"},{"$f":"IF(INDEX(generale!$A$16:$G$4963,MATCH(NGG!$A140,generale!$A$16:$A$4963,0),COLUMN())=0,0,INDEX(generale!$A$16:$G$4963,MATCH(NGG!$A140,generale!$A$16:$A$4963,0),COLUMN()))","v":13},{"$f":"IF(INDEX(generale!$A$16:$G$4963,MATCH(NGG!$A140,generale!$A$16:$A$4963,0),COLUMN())=0,0,INDEX(generale!$A$16:$G$4963,MATCH(NGG!$A140,generale!$A$16:$A$4963,0),COLUMN()))","v":17},{"$f":"IF(INDEX(generale!$A$16:$G$4963,MATCH(NGG!$A140,generale!$A$16:$A$4963,0),COLUMN())=0,0,INDEX(generale!$A$16:$G$4963,MATCH(NGG!$A140,generale!$A$16:$A$4963,0),COLUMN()))","v":18},{"$f":"IF(INDEX(generale!$A$16:$G$4963,MATCH(NGG!$A140,generale!$A$16:$A$4963,0),COLUMN())=0,0,INDEX(generale!$A$16:$G$4963,MATCH(NGG!$A140,generale!$A$16:$A$4963,0),COLUMN()))","v":5},{"$f":"IF(INDEX(generale!$A$16:$G$4963,MATCH(NGG!$A140,generale!$A$16:$A$4963,0),COLUMN())=0,0,INDEX(generale!$A$16:$G$4963,MATCH(NGG!$A140,generale!$A$16:$A$4963,0),COLUMN()))","v":6},{"$f":"generale!G150","v":"T"},32,59,1,14,24,64,8,18,11,3,2,80,0,9,5,9,1,43,6,4,null,null,null,null,null,null,null,null,null,null,null,null,null,null,null,null,1,1,1,1,1,15,null,19]
[{"$f":"IF(generale!$A151>0,generale!$A151,\"\")","v":"2005-05-18"},{"$f":"IF(INDEX(generale!$A$16:$G$4963,MATCH(NGG!$A141,generale!$A$16:$A$4963,0),COLUMN())=0,0,INDEX(generale!$A$16:$G$4963,MATCH(NGG!$A141,generale!$A$16:$A$4963,0),COLUMN()))","v":3},{"$f":"IF(INDEX(generale!$A$16:$G$4963,MATCH(NGG!$A141,generale!$A$16:$A$4963,0),COLUMN())=0,0,INDEX(generale!$A$16:$G$4963,MATCH(NGG!$A141,generale!$A$16:$A$4963,0),COLUMN()))","v":15},{"$f":"IF(INDEX(generale!$A$16:$G$4963,MATCH(NGG!$A141,generale!$A$16:$A$4963,0),COLUMN())=0,0,INDEX(generale!$A$16:$G$4963,MATCH(NGG!$A141,generale!$A$16:$A$4963,0),COLUMN()))","v":2},{"$f":"IF(INDEX(generale!$A$16:$G$4963,MATCH(NGG!$A141,generale!$A$16:$A$4963,0),COLUMN())=0,0,INDEX(generale!$A$16:$G$4963,MATCH(NGG!$A141,generale!$A$16:$A$4963,0),COLUMN()))","v":13},{"$f":"IF(INDEX(generale!$A$16:$G$4963,MATCH(NGG!$A141,generale!$A$16:$A$4963,0),COLUMN())=0,0,INDEX(generale!$A$16:$G$4963,MATCH(NGG!$A141,generale!$A$16:$A$4963,0),COLUMN()))","v":10},{"$f":"generale!G151","v":"T"},33,60,0,15,25,65,9,19,12,4,3,81,1,10,6,10,1,43,6,4,null,null,null,null,null,null,null,null,null,null,null,null,null,null,null,null,null,1,1,1,1,16,"1",18]
[{"$f":"IF(generale!$A152>0,generale!$A152,\"\")","v":"2005-05-19"},{"$f":"IF(INDEX(generale!$A$16:$G$4963,MATCH(NGG!$A142,generale!$A$16:$A$4963,0),COLUMN())=0,0,INDEX(generale!$A$16:$G$4963,MATCH(NGG!$A142,generale!$A$16:$A$4963,0),COLUMN()))","v":2},{"$f":"IF(INDEX(generale!$A$16:$G$4963,MATCH(NGG!$A142,generale!$A$16:$A$4963,0),COLUMN())=0,0,INDEX(generale!$A$16:$G$4963,MATCH(NGG!$A142,generale!$A$16:$A$4963,0),COLUMN()))","v":3},{"$f":"IF(INDEX(generale!$A$16:$G$4963,MATCH(NGG!$A142,generale!$A$16:$A$4963,0),COLUMN())=0,0,INDEX(generale!$A$16:$G$4963,MATCH(NGG!$A142,generale!$A$16:$A$4963,0),COLUMN()))","v":18},{"$f":"IF(INDEX(generale!$A$16:$G$4963,MATCH(NGG!$A142,generale!$A$16:$A$4963,0),COLUMN())=0,0,INDEX(generale!$A$16:$G$4963,MATCH(NGG!$A142,generale!$A$16:$A$4963,0),COLUMN()))","v":15},{"$f":"IF(INDEX(generale!$A$16:$G$4963,MATCH(NGG!$A142,generale!$A$16:$A$4963,0),COLUMN())=0,0,INDEX(generale!$A$16:$G$4963,MATCH(NGG!$A142,generale!$A$16:$A$4963,0),COLUMN()))","v":12},{"$f":"generale!G152","v":"P"},34,0,1,16,26,66,10,20,13,5,4,82,2,11,7,11,1,43,6,4,null,null,null,null,null,null,null,null,null,null,null,null,null,null,null,null,null,1,1,1,1,16,null,18]
[{"$f":"IF(generale!$A153>0,generale!$A153,\"\")","v":"2005-05-20"},{"$f":"IF(INDEX(generale!$A$16:$G$4963,MATCH(NGG!$A143,generale!$A$16:$A$4963,0),COLUMN())=0,0,INDEX(generale!$A$16:$G$4963,MATCH(NGG!$A143,generale!$A$16:$A$4963,0),COLUMN()))","v":5},{"$f":"IF(INDEX(generale!$A$16:$G$4963,MATCH(NGG!$A143,generale!$A$16:$A$4963,0),COLUMN())=0,0,INDEX(generale!$A$16:$G$4963,MATCH(NGG!$A143,generale!$A$16:$A$4963,0),COLUMN()))","v":7},{"$f":"IF(INDEX(generale!$A$16:$G$4963,MATCH(NGG!$A143,generale!$A$16:$A$4963,0),COLUMN())=0,0,INDEX(generale!$A$16:$G$4963,MATCH(NGG!$A143,generale!$A$16:$A$4963,0),COLUMN()))","v":6},{"$f":"IF(INDEX(generale!$A$16:$G$4963,MATCH(NGG!$A143,generale!$A$16:$A$4963,0),COLUMN())=0,0,INDEX(generale!$A$16:$G$4963,MATCH(NGG!$A143,generale!$A$16:$A$4963,0),COLUMN()))","v":4},{"$f":"IF(INDEX(generale!$A$16:$G$4963,MATCH(NGG!$A143,generale!$A$16:$A$4963,0),COLUMN())=0,0,INDEX(generale!$A$16:$G$4963,MATCH(NGG!$A143,generale!$A$16:$A$4963,0),COLUMN()))","v":12},{"$f":"generale!G153","v":"O"},35,1,2,17,0,67,11,21,14,6,5,83,3,12,8,12,1,43,6,4,null,null,null,null,null,null,null,null,null,null,null,null,null,null,null,null,null,1,1,1,1,16,null,15]
[{"$f":"IF(generale!$A154>0,generale!$A154,\"\")","v":"2005-05-21"},{"$f":"IF(INDEX(generale!$A$16:$G$4963,MATCH(NGG!$A144,generale!$A$16:$A$4963,0),COLUMN())=0,0,INDEX(generale!$A$16:$G$4963,MATCH(NGG!$A144,generale!$A$16:$A$4963,0),COLUMN()))","v":4},{"$f":"IF(INDEX(generale!$A$16:$G$4963,MATCH(NGG!$A144,generale!$A$16:$A$4963,0),COLUMN())=0,0,INDEX(generale!$A$16:$G$4963,MATCH(NGG!$A144,generale!$A$16:$A$4963,0),COLUMN()))","v":11},{"$f":"IF(INDEX(generale!$A$16:$G$4963,MATCH(NGG!$A144,generale!$A$16:$A$4963,0),COLUMN())=0,0,INDEX(generale!$A$16:$G$4963,MATCH(NGG!$A144,generale!$A$16:$A$4963,0),COLUMN()))","v":2},{"$f":"IF(INDEX(generale!$A$16:$G$4963,MATCH(NGG!$A144,generale!$A$16:$A$4963,0),COLUMN())=0,0,INDEX(generale!$A$16:$G$4963,MATCH(NGG!$A144,generale!$A$16:$A$4963,0),COLUMN()))","v":13},{"$f":"IF(INDEX(generale!$A$16:$G$4963,MATCH(NGG!$A144,generale!$A$16:$A$4963,0),COLUMN())=0,0,INDEX(generale!$A$16:$G$4963,MATCH(NGG!$A144,generale!$A$16:$A$4963,0),COLUMN()))","v":6},{"$f":"generale!G154","v":"P"},36,2,3,0,1,68,12,22,15,7,6,84,4,13,9,13,1,43,6,4,null,null,null,null,null,null,null,null,null,null,null,null,null,null,null,null,null,1,1,1,1,16,"16-18",18]
[{"$f":"IF(generale!$A155>0,generale!$A155,\"\")","v":"2005-05-22"},{"$f":"IF(INDEX(generale!$A$16:$G$4963,MATCH(NGG!$A145,generale!$A$16:$A$4963,0),COLUMN())=0,0,INDEX(generale!$A$16:$G$4963,MATCH(NGG!$A145,generale!$A$16:$A$4963,0),COLUMN()))","v":12},{"$f":"IF(INDEX(generale!$A$16:$G$4963,MATCH(NGG!$A145,generale!$A$16:$A$4963,0),COLUMN())=0,0,INDEX(generale!$A$16:$G$4963,MATCH(NGG!$A145,generale!$A$16:$A$4963,0),COLUMN()))","v":6},{"$f":"IF(INDEX(generale!$A$16:$G$4963,MATCH(NGG!$A145,generale!$A$16:$A$4963,0),COLUMN())=0,0,INDEX(generale!$A$16:$G$4963,MATCH(NGG!$A145,generale!$A$16:$A$4963,0),COLUMN()))","v":1},{"$f":"IF(INDEX(generale!$A$16:$G$4963,MATCH(NGG!$A145,generale!$A$16:$A$4963,0),COLUMN())=0,0,INDEX(generale!$A$16:$G$4963,MATCH(NGG!$A145,generale!$A$16:$A$4963,0),COLUMN()))","v":17},{"$f":"IF(INDEX(generale!$A$16:$G$4963,MATCH(NGG!$A145,generale!$A$16:$A$4963,0),COLUMN())=0,0,INDEX(generale!$A$16:$G$4963,MATCH(NGG!$A145,generale!$A$16:$A$4963,0),COLUMN()))","v":10},{"$f":"generale!G155","v":"P"},37,3,4,1,2,69,13,23,16,8,7,0,5,14,10,14,2,44,6,4,null,null,null,null,null,null,null,null,null,null,null,null,null,null,null,null,null,null,null,1,1,18,"9",18]
[{"$f":"IF(generale!$A156>0,generale!$A156,\"\")","v":"2005-05-23"},{"$f":"IF(INDEX(generale!$A$16:$G$4963,MATCH(NGG!$A146,generale!$A$16:$A$4963,0),COLUMN())=0,0,INDEX(generale!$A$16:$G$4963,MATCH(NGG!$A146,generale!$A$16:$A$4963,0),COLUMN()))","v":9},{"$f":"IF(INDEX(generale!$A$16:$G$4963,MATCH(NGG!$A146,generale!$A$16:$A$4963,0),COLUMN())=0,0,INDEX(generale!$A$16:$G$4963,MATCH(NGG!$A146,generale!$A$16:$A$4963,0),COLUMN()))","v":14},{"$f":"IF(INDEX(generale!$A$16:$G$4963,MATCH(NGG!$A146,generale!$A$16:$A$4963,0),COLUMN())=0,0,INDEX(generale!$A$16:$G$4963,MATCH(NGG!$A146,generale!$A$16:$A$4963,0),COLUMN()))","v":15},{"$f":"IF(INDEX(generale!$A$16:$G$4963,MATCH(NGG!$A146,generale!$A$16:$A$4963,0),COLUMN())=0,0,INDEX(generale!$A$16:$G$4963,MATCH(NGG!$A146,generale!$A$16:$A$4963,0),COLUMN()))","v":7},{"$f":"IF(INDEX(generale!$A$16:$G$4963,MATCH(NGG!$A146,generale!$A$16:$A$4963,0),COLUMN())=0,0,INDEX(generale!$A$16:$G$4963,MATCH(NGG!$A146,generale!$A$16:$A$4963,0),COLUMN()))","v":8},{"$f":"generale!G156","v":"P"},38,4,5,2,3,70,14,24,0,9,8,1,6,15,11,15,2,44,6,4,null,null,null,null,null,null,null,null,null,null,null,null,null,null,null,null,null,1,1,1,1,16,"5",18]
[{"$f":"IF(generale!$A157>0,generale!$A157,\"\")","v":"2005-05-24"},{"$f":"IF(INDEX(generale!$A$16:$G$4963,MATCH(NGG!$A147,generale!$A$16:$A$4963,0),COLUMN())=0,0,INDEX(generale!$A$16:$G$4963,MATCH(NGG!$A147,generale!$A$16:$A$4963,0),COLUMN()))","v":10},{"$f":"IF(INDEX(generale!$A$16:$G$4963,MATCH(NGG!$A147,generale!$A$16:$A$4963,0),COLUMN())=0,0,INDEX(generale!$A$16:$G$4963,MATCH(NGG!$A147,generale!$A$16:$A$4963,0),COLUMN()))","v":3},{"$f":"IF(INDEX(generale!$A$16:$G$4963,MATCH(NGG!$A147,generale!$A$16:$A$4963,0),COLUMN())=0,0,INDEX(generale!$A$16:$G$4963,MATCH(NGG!$A147,generale!$A$16:$A$4963,0),COLUMN()))","v":8},{"$f":"IF(INDEX(generale!$A$16:$G$4963,MATCH(NGG!$A147,generale!$A$16:$A$4963,0),COLUMN())=0,0,INDEX(generale!$A$16:$G$4963,MATCH(NGG!$A147,generale!$A$16:$A$4963,0),COLUMN()))","v":9},{"$f":"IF(INDEX(generale!$A$16:$G$4963,MATCH(NGG!$A147,generale!$A$16:$A$4963,0),COLUMN())=0,0,INDEX(generale!$A$16:$G$4963,MATCH(NGG!$A147,generale!$A$16:$A$4963,0),COLUMN()))","v":1},{"$f":"generale!G157","v":"T"},39,5,6,3,4,71,15,25,1,0,9,2,7,16,12,16,3,45,6,4,null,null,null,null,null,null,null,null,null,null,null,null,null,null,null,null,null,null,null,1,1,18,"5-17",17]
[{"$f":"IF(generale!$A158>0,generale!$A158,\"\")","v":"2005-05-25"},{"$f":"IF(INDEX(generale!$A$16:$G$4963,MATCH(NGG!$A148,generale!$A$16:$A$4963,0),COLUMN())=0,0,INDEX(generale!$A$16:$G$4963,MATCH(NGG!$A148,generale!$A$16:$A$4963,0),COLUMN()))","v":15},{"$f":"IF(INDEX(generale!$A$16:$G$4963,MATCH(NGG!$A148,generale!$A$16:$A$4963,0),COLUMN())=0,0,INDEX(generale!$A$16:$G$4963,MATCH(NGG!$A148,generale!$A$16:$A$4963,0),COLUMN()))","v":14},{"$f":"IF(INDEX(generale!$A$16:$G$4963,MATCH(NGG!$A148,generale!$A$16:$A$4963,0),COLUMN())=0,0,INDEX(generale!$A$16:$G$4963,MATCH(NGG!$A148,generale!$A$16:$A$4963,0),COLUMN()))","v":3},{"$f":"IF(INDEX(generale!$A$16:$G$4963,MATCH(NGG!$A148,generale!$A$16:$A$4963,0),COLUMN())=0,0,INDEX(generale!$A$16:$G$4963,MATCH(NGG!$A148,generale!$A$16:$A$4963,0),COLUMN()))","v":2},{"$f":"IF(INDEX(generale!$A$16:$G$4963,MATCH(NGG!$A148,generale!$A$16:$A$4963,0),COLUMN())=0,0,INDEX(generale!$A$16:$G$4963,MATCH(NGG!$A148,generale!$A$16:$A$4963,0),COLUMN()))","v":7},{"$f":"generale!G158","v":"T"},40,6,7,4,5,72,16,26,2,1,10,3,8,17,0,17,{"$f":"IF(COUNTIF($B148:$D148,0)<3,IF(LEN(SUBSTITUTE(SUBSTITUTE($B148,X$1,,1),,1))=0,0,X147+1-AS148),\"\")","v":3},45,6,4,null,null,null,null,null,null,null,null,null,null,null,null,null,null,null,null,null,1,1,1,1,16,null,18]
[{"$f":"IF(generale!$A159>0,generale!$A159,\"\")","v":"2005-05-26"},{"$f":"IF(INDEX(generale!$A$16:$G$4963,MATCH(NGG!$A149,generale!$A$16:$A$4963,0),COLUMN())=0,0,INDEX(generale!$A$16:$G$4963,MATCH(NGG!$A149,generale!$A$16:$A$4963,0),COLUMN()))","v":3},{"$f":"IF(INDEX(generale!$A$16:$G$4963,MATCH(NGG!$A149,generale!$A$16:$A$4963,0),COLUMN())=0,0,INDEX(generale!$A$16:$G$4963,MATCH(NGG!$A149,generale!$A$16:$A$4963,0),COLUMN()))","v":17},{"$f":"IF(INDEX(generale!$A$16:$G$4963,MATCH(NGG!$A149,generale!$A$16:$A$4963,0),COLUMN())=0,0,INDEX(generale!$A$16:$G$4963,MATCH(NGG!$A149,generale!$A$16:$A$4963,0),COLUMN()))","v":8},{"$f":"IF(INDEX(generale!$A$16:$G$4963,MATCH(NGG!$A149,generale!$A$16:$A$4963,0),COLUMN())=0,0,INDEX(generale!$A$16:$G$4963,MATCH(NGG!$A149,generale!$A$16:$A$4963,0),COLUMN()))","v":18},{"$f":"IF(INDEX(generale!$A$16:$G$4963,MATCH(NGG!$A149,generale!$A$16:$A$4963,0),COLUMN())=0,0,INDEX(generale!$A$16:$G$4963,MATCH(NGG!$A149,generale!$A$16:$A$4963,0),COLUMN()))","v":7},{"$f":"generale!G159","v":"P"},{"$f":"IF(COUNTIF($B149:$D149,0)<3,IF(LEN(SUBSTITUTE(SUBSTITUTE($B149,H$1,,1),,1))=0,0,H148+1-AC149),\"\")","v":41},7,0,5,6,73,17,27,3,2,11,4,9,18,1,18,4,46,6,4,null,null,null,null,null,null,null,null,null,null,null,null,null,null,null,null,null,null,null,1,1,18,null,18]
[{"$f":"IF(generale!$A160>0,generale!$A160,\"\")","v":"2005-05-27"},{"$f":"IF(INDEX(generale!$A$16:$G$4963,MATCH(NGG!$A150,generale!$A$16:$A$4963,0),COLUMN())=0,0,INDEX(generale!$A$16:$G$4963,MATCH(NGG!$A150,generale!$A$16:$A$4963,0),COLUMN()))","v":15},{"$f":"IF(INDEX(generale!$A$16:$G$4963,MATCH(NGG!$A150,generale!$A$16:$A$4963,0),COLUMN())=0,0,INDEX(generale!$A$16:$G$4963,MATCH(NGG!$A150,generale!$A$16:$A$4963,0),COLUMN()))","v":8},{"$f":"IF(INDEX(generale!$A$16:$G$4963,MATCH(NGG!$A150,generale!$A$16:$A$4963,0),COLUMN())=0,0,INDEX(generale!$A$16:$G$4963,MATCH(NGG!$A150,generale!$A$16:$A$4963,0),COLUMN()))","v":16},{"$f":"IF(INDEX(generale!$A$16:$G$4963,MATCH(NGG!$A150,generale!$A$16:$A$4963,0),COLUMN())=0,0,INDEX(generale!$A$16:$G$4963,MATCH(NGG!$A150,generale!$A$16:$A$4963,0),COLUMN()))","v":17},{"$f":"IF(INDEX(generale!$A$16:$G$4963,MATCH(NGG!$A150,generale!$A$16:$A$4963,0),COLUMN())=0,0,INDEX(generale!$A$16:$G$4963,MATCH(NGG!$A150,generale!$A$16:$A$4963,0),COLUMN()))","v":10},{"$f":"generale!G160","v":"T"},42,8,1,6,7,74,18,28,4,3,12,5,10,19,0,19,4,46,6,4,null,null,null,null,null,null,null,null,null,null,null,null,null,null,null,null,null,1,1,1,1,16,null,18]
[{"$f":"IF(generale!$A161>0,generale!$A161,\"\")","v":"2005-05-28"},{"$f":"IF(INDEX(generale!$A$16:$G$4963,MATCH(NGG!$A151,generale!$A$16:$A$4963,0),COLUMN())=0,0,INDEX(generale!$A$16:$G$4963,MATCH(NGG!$A151,generale!$A$16:$A$4963,0),COLUMN()))","v":12},{"$f":"IF(INDEX(generale!$A$16:$G$4963,MATCH(NGG!$A151,generale!$A$16:$A$4963,0),COLUMN())=0,0,INDEX(generale!$A$16:$G$4963,MATCH(NGG!$A151,generale!$A$16:$A$4963,0),COLUMN()))","v":15},{"$f":"IF(INDEX(generale!$A$16:$G$4963,MATCH(NGG!$A151,generale!$A$16:$A$4963,0),COLUMN())=0,0,INDEX(generale!$A$16:$G$4963,MATCH(NGG!$A151,generale!$A$16:$A$4963,0),COLUMN()))","v":3},{"$f":"IF(INDEX(generale!$A$16:$G$4963,MATCH(NGG!$A151,generale!$A$16:$A$4963,0),COLUMN())=0,0,INDEX(generale!$A$16:$G$4963,MATCH(NGG!$A151,generale!$A$16:$A$4963,0),COLUMN()))","v":7},{"$f":"IF(INDEX(generale!$A$16:$G$4963,MATCH(NGG!$A151,generale!$A$16:$A$4963,0),COLUMN())=0,0,INDEX(generale!$A$16:$G$4963,MATCH(NGG!$A151,generale!$A$16:$A$4963,0),COLUMN()))","v":14},{"$f":"generale!G161","v":"T"},43,9,2,7,8,75,19,29,5,4,13,0,11,20,1,20,4,46,6,4,null,null,null,null,null,null,null,null,null,null,null,null,null,null,null,null,null,1,1,1,1,16,"12",15]
[{"$f":"IF(generale!$A162>0,generale!$A162,\"\")","v":"2005-05-29"},{"$f":"IF(INDEX(generale!$A$16:$G$4963,MATCH(NGG!$A152,generale!$A$16:$A$4963,0),COLUMN())=0,0,INDEX(generale!$A$16:$G$4963,MATCH(NGG!$A152,generale!$A$16:$A$4963,0),COLUMN()))","v":15},{"$f":"IF(INDEX(generale!$A$16:$G$4963,MATCH(NGG!$A152,generale!$A$16:$A$4963,0),COLUMN())=0,0,INDEX(generale!$A$16:$G$4963,MATCH(NGG!$A152,generale!$A$16:$A$4963,0),COLUMN()))","v":18},{"$f":"IF(INDEX(generale!$A$16:$G$4963,MATCH(NGG!$A152,generale!$A$16:$A$4963,0),COLUMN())=0,0,INDEX(generale!$A$16:$G$4963,MATCH(NGG!$A152,generale!$A$16:$A$4963,0),COLUMN()))","v":8},{"$f":"IF(INDEX(generale!$A$16:$G$4963,MATCH(NGG!$A152,generale!$A$16:$A$4963,0),COLUMN())=0,0,INDEX(generale!$A$16:$G$4963,MATCH(NGG!$A152,generale!$A$16:$A$4963,0),COLUMN()))","v":9},{"$f":"IF(INDEX(generale!$A$16:$G$4963,MATCH(NGG!$A152,generale!$A$16:$A$4963,0),COLUMN())=0,0,INDEX(generale!$A$16:$G$4963,MATCH(NGG!$A152,generale!$A$16:$A$4963,0),COLUMN()))","v":5},{"$f":"generale!G162","v":"O"},44,10,3,8,9,76,20,30,6,5,14,1,12,21,0,21,4,46,6,4,null,null,null,null,null,null,null,null,null,null,null,null,null,null,null,null,null,1,1,1,1,16,"13",17]
[{"$f":"IF(generale!$A163>0,generale!$A163,\"\")","v":"2005-05-30"},{"$f":"IF(INDEX(generale!$A$16:$G$4963,MATCH(NGG!$A153,generale!$A$16:$A$4963,0),COLUMN())=0,0,INDEX(generale!$A$16:$G$4963,MATCH(NGG!$A153,generale!$A$16:$A$4963,0),COLUMN()))","v":9},{"$f":"IF(INDEX(generale!$A$16:$G$4963,MATCH(NGG!$A153,generale!$A$16:$A$4963,0),COLUMN())=0,0,INDEX(generale!$A$16:$G$4963,MATCH(NGG!$A153,generale!$A$16:$A$4963,0),COLUMN()))","v":10},{"$f":"IF(INDEX(generale!$A$16:$G$4963,MATCH(NGG!$A153,generale!$A$16:$A$4963,0),COLUMN())=0,0,INDEX(generale!$A$16:$G$4963,MATCH(NGG!$A153,generale!$A$16:$A$4963,0),COLUMN()))","v":11},{"$f":"IF(INDEX(generale!$A$16:$G$4963,MATCH(NGG!$A153,generale!$A$16:$A$4963,0),COLUMN())=0,0,INDEX(generale!$A$16:$G$4963,MATCH(NGG!$A153,generale!$A$16:$A$4963,0),COLUMN()))","v":6},{"$f":"IF(INDEX(generale!$A$16:$G$4963,MATCH(NGG!$A153,generale!$A$16:$A$4963,0),COLUMN())=0,0,INDEX(generale!$A$16:$G$4963,MATCH(NGG!$A153,generale!$A$16:$A$4963,0),COLUMN()))","v":4},{"$f":"generale!G163","v":"T"},45,11,4,9,10,77,21,31,0,6,15,2,13,22,1,22,5,47,6,4,null,null,null,null,null,null,null,null,null,null,null,null,null,null,null,null,null,null,null,1,1,18,null,14]
[{"$f":"IF(generale!$A164>0,generale!$A164,\"\")","v":"2005-05-31"},{"$f":"IF(INDEX(generale!$A$16:$G$4963,MATCH(NGG!$A154,generale!$A$16:$A$4963,0),COLUMN())=0,0,INDEX(generale!$A$16:$G$4963,MATCH(NGG!$A154,generale!$A$16:$A$4963,0),COLUMN()))","v":8},{"$f":"IF(INDEX(generale!$A$16:$G$4963,MATCH(NGG!$A154,generale!$A$16:$A$4963,0),COLUMN())=0,0,INDEX(generale!$A$16:$G$4963,MATCH(NGG!$A154,generale!$A$16:$A$4963,0),COLUMN()))","v":7},{"$f":"IF(INDEX(generale!$A$16:$G$4963,MATCH(NGG!$A154,generale!$A$16:$A$4963,0),COLUMN())=0,0,INDEX(generale!$A$16:$G$4963,MATCH(NGG!$A154,generale!$A$16:$A$4963,0),COLUMN()))","v":9},{"$f":"IF(INDEX(generale!$A$16:$G$4963,MATCH(NGG!$A154,generale!$A$16:$A$4963,0),COLUMN())=0,0,INDEX(generale!$A$16:$G$4963,MATCH(NGG!$A154,generale!$A$16:$A$4963,0),COLUMN()))","v":2},{"$f":"IF(INDEX(generale!$A$16:$G$4963,MATCH(NGG!$A154,generale!$A$16:$A$4963,0),COLUMN())=0,0,INDEX(generale!$A$16:$G$4963,MATCH(NGG!$A154,generale!$A$16:$A$4963,0),COLUMN()))","v":3},{"$f":"generale!G164","v":"T"},46,12,5,10,11,78,22,0,1,7,16,3,14,23,2,23,5,47,6,4,null,null,null,null,null,null,null,null,null,null,null,null,null,null,null,null,null,1,1,1,1,16,"6",13]
[{"$f":"IF(generale!$A165>0,generale!$A165,\"\")","v":"2005-06-01"},{"$f":"IF(INDEX(generale!$A$16:$G$4963,MATCH(NGG!$A155,generale!$A$16:$A$4963,0),COLUMN())=0,0,INDEX(generale!$A$16:$G$4963,MATCH(NGG!$A155,generale!$A$16:$A$4963,0),COLUMN()))","v":3},{"$f":"IF(INDEX(generale!$A$16:$G$4963,MATCH(NGG!$A155,generale!$A$16:$A$4963,0),COLUMN())=0,0,INDEX(generale!$A$16:$G$4963,MATCH(NGG!$A155,generale!$A$16:$A$4963,0),COLUMN()))","v":8},{"$f":"IF(INDEX(generale!$A$16:$G$4963,MATCH(NGG!$A155,generale!$A$16:$A$4963,0),COLUMN())=0,0,INDEX(generale!$A$16:$G$4963,MATCH(NGG!$A155,generale!$A$16:$A$4963,0),COLUMN()))","v":7},{"$f":"IF(INDEX(generale!$A$16:$G$4963,MATCH(NGG!$A155,generale!$A$16:$A$4963,0),COLUMN())=0,0,INDEX(generale!$A$16:$G$4963,MATCH(NGG!$A155,generale!$A$16:$A$4963,0),COLUMN()))","v":14},{"$f":"IF(INDEX(generale!$A$16:$G$4963,MATCH(NGG!$A155,generale!$A$16:$A$4963,0),COLUMN())=0,0,INDEX(generale!$A$16:$G$4963,MATCH(NGG!$A155,generale!$A$16:$A$4963,0),COLUMN()))","v":5},{"$f":"generale!G165","v":"P"},47,13,0,11,12,79,23,1,2,8,17,4,15,24,3,24,6,48,6,4,null,null,null,null,null,null,null,null,null,null,null,null,null,null,null,null,null,null,null,1,1,18,null,18]
[{"$f":"IF(generale!$A166>0,generale!$A166,\"\")","v":"2005-06-02"},{"$f":"IF(INDEX(generale!$A$16:$G$4963,MATCH(NGG!$A156,generale!$A$16:$A$4963,0),COLUMN())=0,0,INDEX(generale!$A$16:$G$4963,MATCH(NGG!$A156,generale!$A$16:$A$4963,0),COLUMN()))","v":1},{"$f":"IF(INDEX(generale!$A$16:$G$4963,MATCH(NGG!$A156,generale!$A$16:$A$4963,0),COLUMN())=0,0,INDEX(generale!$A$16:$G$4963,MATCH(NGG!$A156,generale!$A$16:$A$4963,0),COLUMN()))","v":9},{"$f":"IF(INDEX(generale!$A$16:$G$4963,MATCH(NGG!$A156,generale!$A$16:$A$4963,0),COLUMN())=0,0,INDEX(generale!$A$16:$G$4963,MATCH(NGG!$A156,generale!$A$16:$A$4963,0),COLUMN()))","v":18},{"$f":"IF(INDEX(generale!$A$16:$G$4963,MATCH(NGG!$A156,generale!$A$16:$A$4963,0),COLUMN())=0,0,INDEX(generale!$A$16:$G$4963,MATCH(NGG!$A156,generale!$A$16:$A$4963,0),COLUMN()))","v":10},{"$f":"IF(INDEX(generale!$A$16:$G$4963,MATCH(NGG!$A156,generale!$A$16:$A$4963,0),COLUMN())=0,0,INDEX(generale!$A$16:$G$4963,MATCH(NGG!$A156,generale!$A$16:$A$4963,0),COLUMN()))","v":2},{"$f":"generale!G166","v":"P"},0,14,1,12,13,80,24,2,3,9,18,5,16,25,4,25,7,49,7,4,null,null,null,null,null,null,null,null,null,null,null,null,null,null,null,null,null,null,null,null,1,19,null,16]
[{"$f":"IF(generale!$A167>0,generale!$A167,\"\")","v":"2005-06-03"},{"$f":"IF(INDEX(generale!$A$16:$G$4963,MATCH(NGG!$A157,generale!$A$16:$A$4963,0),COLUMN())=0,0,INDEX(generale!$A$16:$G$4963,MATCH(NGG!$A157,generale!$A$16:$A$4963,0),COLUMN()))","v":17},{"$f":"IF(INDEX(generale!$A$16:$G$4963,MATCH(NGG!$A157,generale!$A$16:$A$4963,0),COLUMN())=0,0,INDEX(generale!$A$16:$G$4963,MATCH(NGG!$A157,generale!$A$16:$A$4963,0),COLUMN()))","v":13},{"$f":"IF(INDEX(generale!$A$16:$G$4963,MATCH(NGG!$A157,generale!$A$16:$A$4963,0),COLUMN())=0,0,INDEX(generale!$A$16:$G$4963,MATCH(NGG!$A157,generale!$A$16:$A$4963,0),COLUMN()))","v":10},{"$f":"IF(INDEX(generale!$A$16:$G$4963,MATCH(NGG!$A157,generale!$A$16:$A$4963,0),COLUMN())=0,0,INDEX(generale!$A$16:$G$4963,MATCH(NGG!$A157,generale!$A$16:$A$4963,0),COLUMN()))","v":9},{"$f":"IF(INDEX(generale!$A$16:$G$4963,MATCH(NGG!$A157,generale!$A$16:$A$4963,0),COLUMN())=0,0,INDEX(generale!$A$16:$G$4963,MATCH(NGG!$A157,generale!$A$16:$A$4963,0),COLUMN()))","v":11},{"$f":"generale!G167","v":"T"},1,15,2,13,14,81,25,3,4,10,19,6,17,26,5,26,0,50,8,4,null,null,null,null,null,null,null,null,null,null,null,null,null,null,null,null,null,null,null,null,1,19,null,17]
[{"$f":"IF(generale!$A168>0,generale!$A168,\"\")","v":"2005-06-04"},{"$f":"IF(INDEX(generale!$A$16:$G$4963,MATCH(NGG!$A158,generale!$A$16:$A$4963,0),COLUMN())=0,0,INDEX(generale!$A$16:$G$4963,MATCH(NGG!$A158,generale!$A$16:$A$4963,0),COLUMN()))","v":17},{"$f":"IF(INDEX(generale!$A$16:$G$4963,MATCH(NGG!$A158,generale!$A$16:$A$4963,0),COLUMN())=0,0,INDEX(generale!$A$16:$G$4963,MATCH(NGG!$A158,generale!$A$16:$A$4963,0),COLUMN()))","v":13},{"$f":"IF(INDEX(generale!$A$16:$G$4963,MATCH(NGG!$A158,generale!$A$16:$A$4963,0),COLUMN())=0,0,INDEX(generale!$A$16:$G$4963,MATCH(NGG!$A158,generale!$A$16:$A$4963,0),COLUMN()))","v":4},{"$f":"IF(INDEX(generale!$A$16:$G$4963,MATCH(NGG!$A158,generale!$A$16:$A$4963,0),COLUMN())=0,0,INDEX(generale!$A$16:$G$4963,MATCH(NGG!$A158,generale!$A$16:$A$4963,0),COLUMN()))","v":12},{"$f":"IF(INDEX(generale!$A$16:$G$4963,MATCH(NGG!$A158,generale!$A$16:$A$4963,0),COLUMN())=0,0,INDEX(generale!$A$16:$G$4963,MATCH(NGG!$A158,generale!$A$16:$A$4963,0),COLUMN()))","v":6},{"$f":"generale!G168","v":"P"},2,16,3,14,15,82,26,4,5,11,20,7,18,27,6,27,0,50,8,4,null,null,null,null,null,null,null,null,null,null,null,null,null,null,null,null,null,1,1,1,1,16,null,18]
[{"$f":"IF(generale!$A169>0,generale!$A169,\"\")","v":"2005-06-05"},{"$f":"IF(INDEX(generale!$A$16:$G$4963,MATCH(NGG!$A159,generale!$A$16:$A$4963,0),COLUMN())=0,0,INDEX(generale!$A$16:$G$4963,MATCH(NGG!$A159,generale!$A$16:$A$4963,0),COLUMN()))","v":8},{"$f":"IF(INDEX(generale!$A$16:$G$4963,MATCH(NGG!$A159,generale!$A$16:$A$4963,0),COLUMN())=0,0,INDEX(generale!$A$16:$G$4963,MATCH(NGG!$A159,generale!$A$16:$A$4963,0),COLUMN()))","v":6},{"$f":"IF(INDEX(generale!$A$16:$G$4963,MATCH(NGG!$A159,generale!$A$16:$A$4963,0),COLUMN())=0,0,INDEX(generale!$A$16:$G$4963,MATCH(NGG!$A159,generale!$A$16:$A$4963,0),COLUMN()))","v":16},{"$f":"IF(INDEX(generale!$A$16:$G$4963,MATCH(NGG!$A159,generale!$A$16:$A$4963,0),COLUMN())=0,0,INDEX(generale!$A$16:$G$4963,MATCH(NGG!$A159,generale!$A$16:$A$4963,0),COLUMN()))","v":1},{"$f":"IF(INDEX(generale!$A$16:$G$4963,MATCH(NGG!$A159,generale!$A$16:$A$4963,0),COLUMN())=0,0,INDEX(generale!$A$16:$G$4963,MATCH(NGG!$A159,generale!$A$16:$A$4963,0),COLUMN()))","v":3},{"$f":"generale!G169","v":"P"},3,17,4,15,16,83,27,0,6,12,21,8,19,28,7,28,1,51,8,4,null,null,null,null,null,null,null,null,null,null,null,null,null,null,null,null,null,null,null,1,1,18,null,17]
[{"$f":"IF(generale!$A170>0,generale!$A170,\"\")","v":"2005-06-06"},{"$f":"IF(INDEX(generale!$A$16:$G$4963,MATCH(NGG!$A160,generale!$A$16:$A$4963,0),COLUMN())=0,0,INDEX(generale!$A$16:$G$4963,MATCH(NGG!$A160,generale!$A$16:$A$4963,0),COLUMN()))","v":7},{"$f":"IF(INDEX(generale!$A$16:$G$4963,MATCH(NGG!$A160,generale!$A$16:$A$4963,0),COLUMN())=0,0,INDEX(generale!$A$16:$G$4963,MATCH(NGG!$A160,generale!$A$16:$A$4963,0),COLUMN()))","v":3},{"$f":"IF(INDEX(generale!$A$16:$G$4963,MATCH(NGG!$A160,generale!$A$16:$A$4963,0),COLUMN())=0,0,INDEX(generale!$A$16:$G$4963,MATCH(NGG!$A160,generale!$A$16:$A$4963,0),COLUMN()))","v":2},{"$f":"IF(INDEX(generale!$A$16:$G$4963,MATCH(NGG!$A160,generale!$A$16:$A$4963,0),COLUMN())=0,0,INDEX(generale!$A$16:$G$4963,MATCH(NGG!$A160,generale!$A$16:$A$4963,0),COLUMN()))","v":9},{"$f":"IF(INDEX(generale!$A$16:$G$4963,MATCH(NGG!$A160,generale!$A$16:$A$4963,0),COLUMN())=0,0,INDEX(generale!$A$16:$G$4963,MATCH(NGG!$A160,generale!$A$16:$A$4963,0),COLUMN()))","v":10},{"$f":"generale!G170","v":"T"},4,18,5,16,17,84,0,1,7,13,22,9,20,29,8,29,2,52,8,4,null,null,null,null,null,null,null,null,null,null,null,null,null,null,null,null,null,null,null,1,1,18,"2-17",15]
[{"$f":"IF(generale!$A171>0,generale!$A171,\"\")","v":"2005-06-07"},{"$f":"IF(INDEX(generale!$A$16:$G$4963,MATCH(NGG!$A161,generale!$A$16:$A$4963,0),COLUMN())=0,0,INDEX(generale!$A$16:$G$4963,MATCH(NGG!$A161,generale!$A$16:$A$4963,0),COLUMN()))","v":1},{"$f":"IF(INDEX(generale!$A$16:$G$4963,MATCH(NGG!$A161,generale!$A$16:$A$4963,0),COLUMN())=0,0,INDEX(generale!$A$16:$G$4963,MATCH(NGG!$A161,generale!$A$16:$A$4963,0),COLUMN()))","v":16},{"$f":"IF(INDEX(generale!$A$16:$G$4963,MATCH(NGG!$A161,generale!$A$16:$A$4963,0),COLUMN())=0,0,INDEX(generale!$A$16:$G$4963,MATCH(NGG!$A161,generale!$A$16:$A$4963,0),COLUMN()))","v":14},{"$f":"IF(INDEX(generale!$A$16:$G$4963,MATCH(NGG!$A161,generale!$A$16:$A$4963,0),COLUMN())=0,0,INDEX(generale!$A$16:$G$4963,MATCH(NGG!$A161,generale!$A$16:$A$4963,0),COLUMN()))","v":17},{"$f":"IF(INDEX(generale!$A$16:$G$4963,MATCH(NGG!$A161,generale!$A$16:$A$4963,0),COLUMN())=0,0,INDEX(generale!$A$16:$G$4963,MATCH(NGG!$A161,generale!$A$16:$A$4963,0),COLUMN()))","v":5},{"$f":"generale!G171","v":"O"},0,19,6,17,18,85,1,2,8,14,23,10,21,30,9,30,3,53,8,4,null,null,null,null,null,null,null,null,null,null,null,null,null,null,null,null,null,null,null,1,1,18,null,17]
[{"$f":"IF(generale!$A172>0,generale!$A172,\"\")","v":"2005-06-08"},{"$f":"IF(INDEX(generale!$A$16:$G$4963,MATCH(NGG!$A162,generale!$A$16:$A$4963,0),COLUMN())=0,0,INDEX(generale!$A$16:$G$4963,MATCH(NGG!$A162,generale!$A$16:$A$4963,0),COLUMN()))","v":12},{"$f":"IF(INDEX(generale!$A$16:$G$4963,MATCH(NGG!$A162,generale!$A$16:$A$4963,0),COLUMN())=0,0,INDEX(generale!$A$16:$G$4963,MATCH(NGG!$A162,generale!$A$16:$A$4963,0),COLUMN()))","v":17},{"$f":"IF(INDEX(generale!$A$16:$G$4963,MATCH(NGG!$A162,generale!$A$16:$A$4963,0),COLUMN())=0,0,INDEX(generale!$A$16:$G$4963,MATCH(NGG!$A162,generale!$A$16:$A$4963,0),COLUMN()))","v":9},{"$f":"IF(INDEX(generale!$A$16:$G$4963,MATCH(NGG!$A162,generale!$A$16:$A$4963,0),COLUMN())=0,0,INDEX(generale!$A$16:$G$4963,MATCH(NGG!$A162,generale!$A$16:$A$4963,0),COLUMN()))","v":6},{"$f":"IF(INDEX(generale!$A$16:$G$4963,MATCH(NGG!$A162,generale!$A$16:$A$4963,0),COLUMN())=0,0,INDEX(generale!$A$16:$G$4963,MATCH(NGG!$A162,generale!$A$16:$A$4963,0),COLUMN()))","v":13},{"$f":"generale!G172","v":"T"},1,20,7,18,19,86,2,3,9,15,24,0,22,31,10,31,3,53,8,4,null,null,null,null,null,null,null,null,null,null,null,null,null,null,null,null,null,1,1,1,1,16,null,18]
[{"$f":"IF(generale!$A173>0,generale!$A173,\"\")","v":"2005-06-09"},{"$f":"IF(INDEX(generale!$A$16:$G$4963,MATCH(NGG!$A163,generale!$A$16:$A$4963,0),COLUMN())=0,0,INDEX(generale!$A$16:$G$4963,MATCH(NGG!$A163,generale!$A$16:$A$4963,0),COLUMN()))","v":15},{"$f":"IF(INDEX(generale!$A$16:$G$4963,MATCH(NGG!$A163,generale!$A$16:$A$4963,0),COLUMN())=0,0,INDEX(generale!$A$16:$G$4963,MATCH(NGG!$A163,generale!$A$16:$A$4963,0),COLUMN()))","v":7},{"$f":"IF(INDEX(generale!$A$16:$G$4963,MATCH(NGG!$A163,generale!$A$16:$A$4963,0),COLUMN())=0,0,INDEX(generale!$A$16:$G$4963,MATCH(NGG!$A163,generale!$A$16:$A$4963,0),COLUMN()))","v":4},{"$f":"IF(INDEX(generale!$A$16:$G$4963,MATCH(NGG!$A163,generale!$A$16:$A$4963,0),COLUMN())=0,0,INDEX(generale!$A$16:$G$4963,MATCH(NGG!$A163,generale!$A$16:$A$4963,0),COLUMN()))","v":3},{"$f":"IF(INDEX(generale!$A$16:$G$4963,MATCH(NGG!$A163,generale!$A$16:$A$4963,0),COLUMN())=0,0,INDEX(generale!$A$16:$G$4963,MATCH(NGG!$A163,generale!$A$16:$A$4963,0),COLUMN()))","v":8},{"$f":"generale!G173","v":"P"},2,21,8,19,20,87,3,4,10,16,25,1,23,32,0,32,3,53,8,4,null,null,null,null,null,null,null,null,null,null,null,null,null,null,null,null,null,1,1,1,1,16,null,16]
[{"$f":"IF(generale!$A174>0,generale!$A174,\"\")","v":"2005-06-10"},{"$f":"IF(INDEX(generale!$A$16:$G$4963,MATCH(NGG!$A164,generale!$A$16:$A$4963,0),COLUMN())=0,0,INDEX(generale!$A$16:$G$4963,MATCH(NGG!$A164,generale!$A$16:$A$4963,0),COLUMN()))","v":4},{"$f":"IF(INDEX(generale!$A$16:$G$4963,MATCH(NGG!$A164,generale!$A$16:$A$4963,0),COLUMN())=0,0,INDEX(generale!$A$16:$G$4963,MATCH(NGG!$A164,generale!$A$16:$A$4963,0),COLUMN()))","v":9},{"$f":"IF(INDEX(generale!$A$16:$G$4963,MATCH(NGG!$A164,generale!$A$16:$A$4963,0),COLUMN())=0,0,INDEX(generale!$A$16:$G$4963,MATCH(NGG!$A164,generale!$A$16:$A$4963,0),COLUMN()))","v":2},{"$f":"IF(INDEX(generale!$A$16:$G$4963,MATCH(NGG!$A164,generale!$A$16:$A$4963,0),COLUMN())=0,0,INDEX(generale!$A$16:$G$4963,MATCH(NGG!$A164,generale!$A$16:$A$4963,0),COLUMN()))","v":16},{"$f":"IF(INDEX(generale!$A$16:$G$4963,MATCH(NGG!$A164,generale!$A$16:$A$4963,0),COLUMN())=0,0,INDEX(generale!$A$16:$G$4963,MATCH(NGG!$A164,generale!$A$16:$A$4963,0),COLUMN()))","v":13},{"$f":"generale!G174","v":"P"},3,22,9,0,21,88,4,5,11,17,26,2,24,33,1,{"$f":"IF(COUNTIF($B164:$D164,0)<3,IF(LEN(SUBSTITUTE(SUBSTITUTE($B164,W$1,,1),,1))=0,0,W163+1-AR164),\"\")","v":33},3,53,8,4,null,null,null,null,null,null,null,null,null,null,null,null,null,null,null,null,null,1,1,1,1,16,null,16]
[{"$f":"IF(generale!$A175>0,generale!$A175,\"\")","v":"2005-06-11"},{"$f":"IF(INDEX(generale!$A$16:$G$4963,MATCH(NGG!$A165,generale!$A$16:$A$4963,0),COLUMN())=0,0,INDEX(generale!$A$16:$G$4963,MATCH(NGG!$A165,generale!$A$16:$A$4963,0),COLUMN()))","v":14},{"$f":"IF(INDEX(generale!$A$16:$G$4963,MATCH(NGG!$A165,generale!$A$16:$A$4963,0),COLUMN())=0,0,INDEX(generale!$A$16:$G$4963,MATCH(NGG!$A165,generale!$A$16:$A$4963,0),COLUMN()))","v":3},{"$f":"IF(INDEX(generale!$A$16:$G$4963,MATCH(NGG!$A165,generale!$A$16:$A$4963,0),COLUMN())=0,0,INDEX(generale!$A$16:$G$4963,MATCH(NGG!$A165,generale!$A$16:$A$4963,0),COLUMN()))","v":13},{"$f":"IF(INDEX(generale!$A$16:$G$4963,MATCH(NGG!$A165,generale!$A$16:$A$4963,0),COLUMN())=0,0,INDEX(generale!$A$16:$G$4963,MATCH(NGG!$A165,generale!$A$16:$A$4963,0),COLUMN()))","v":2},{"$f":"IF(INDEX(generale!$A$16:$G$4963,MATCH(NGG!$A165,generale!$A$16:$A$4963,0),COLUMN())=0,0,INDEX(generale!$A$16:$G$4963,MATCH(NGG!$A165,generale!$A$16:$A$4963,0),COLUMN()))","v":15},{"$f":"generale!G175","v":"T"},21,28,51,16,1,14,17,4,9,24,10,2,57,46,3,0,55,25,1,3,null,null,null,null,null,null,null,null,null,null,null,null,null,null,null,null,null,null,null,1,1,18,null,18]
[{"$f":"IF(generale!$A176>0,generale!$A176,\"\")","v":"2005-06-12"},{"$f":"IF(INDEX(generale!$A$16:$G$4963,MATCH(NGG!$A166,generale!$A$16:$A$4963,0),COLUMN())=0,0,INDEX(generale!$A$16:$G$4963,MATCH(NGG!$A166,generale!$A$16:$A$4963,0),COLUMN()))","v":11},{"$f":"IF(INDEX(generale!$A$16:$G$4963,MATCH(NGG!$A166,generale!$A$16:$A$4963,0),COLUMN())=0,0,INDEX(generale!$A$16:$G$4963,MATCH(NGG!$A166,generale!$A$16:$A$4963,0),COLUMN()))","v":6},{"$f":"IF(INDEX(generale!$A$16:$G$4963,MATCH(NGG!$A166,generale!$A$16:$A$4963,0),COLUMN())=0,0,INDEX(generale!$A$16:$G$4963,MATCH(NGG!$A166,generale!$A$16:$A$4963,0),COLUMN()))","v":2},{"$f":"IF(INDEX(generale!$A$16:$G$4963,MATCH(NGG!$A166,generale!$A$16:$A$4963,0),COLUMN())=0,0,INDEX(generale!$A$16:$G$4963,MATCH(NGG!$A166,generale!$A$16:$A$4963,0),COLUMN()))","v":13},{"$f":"IF(INDEX(generale!$A$16:$G$4963,MATCH(NGG!$A166,generale!$A$16:$A$4963,0),COLUMN())=0,0,INDEX(generale!$A$16:$G$4963,MATCH(NGG!$A166,generale!$A$16:$A$4963,0),COLUMN()))","v":7},{"$f":"generale!G176","v":"P"},{"$f":"IF(COUNTIF($B166:$D166,0)<3,IF(LEN(SUBSTITUTE(SUBSTITUTE($B166,H$1,,1),,1))=0,0,H165+1-AC166),\"\")","v":22},29,52,17,2,15,18,5,10,25,0,3,58,47,4,1,55,25,1,3,null,null,null,null,null,null,null,null,null,null,null,null,null,null,null,null,null,1,1,1,1,16,"5",18]
[{"$f":"IF(generale!$A177>0,generale!$A177,\"\")","v":"2005-06-13"},{"$f":"IF(INDEX(generale!$A$16:$G$4963,MATCH(NGG!$A167,generale!$A$16:$A$4963,0),COLUMN())=0,0,INDEX(generale!$A$16:$G$4963,MATCH(NGG!$A167,generale!$A$16:$A$4963,0),COLUMN()))","v":1},{"$f":"IF(INDEX(generale!$A$16:$G$4963,MATCH(NGG!$A167,generale!$A$16:$A$4963,0),COLUMN())=0,0,INDEX(generale!$A$16:$G$4963,MATCH(NGG!$A167,generale!$A$16:$A$4963,0),COLUMN()))","v":3},{"$f":"IF(INDEX(generale!$A$16:$G$4963,MATCH(NGG!$A167,generale!$A$16:$A$4963,0),COLUMN())=0,0,INDEX(generale!$A$16:$G$4963,MATCH(NGG!$A167,generale!$A$16:$A$4963,0),COLUMN()))","v":5},{"$f":"IF(INDEX(generale!$A$16:$G$4963,MATCH(NGG!$A167,generale!$A$16:$A$4963,0),COLUMN())=0,0,INDEX(generale!$A$16:$G$4963,MATCH(NGG!$A167,generale!$A$16:$A$4963,0),COLUMN()))","v":6},{"$f":"IF(INDEX(generale!$A$16:$G$4963,MATCH(NGG!$A167,generale!$A$16:$A$4963,0),COLUMN())=0,0,INDEX(generale!$A$16:$G$4963,MATCH(NGG!$A167,generale!$A$16:$A$4963,0),COLUMN()))","v":18},{"$f":"generale!G177","v":"P"},0,30,53,18,3,16,19,6,11,26,1,4,59,48,5,2,56,25,1,3,null,null,null,null,null,null,null,null,null,null,null,null,null,null,null,null,null,null,1,1,1,17,null,17]
[{"$f":"IF(generale!$A178>0,generale!$A178,\"\")","v":"2005-06-14"},{"$f":"IF(INDEX(generale!$A$16:$G$4963,MATCH(NGG!$A168,generale!$A$16:$A$4963,0),COLUMN())=0,0,INDEX(generale!$A$16:$G$4963,MATCH(NGG!$A168,generale!$A$16:$A$4963,0),COLUMN()))","v":8},{"$f":"IF(INDEX(generale!$A$16:$G$4963,MATCH(NGG!$A168,generale!$A$16:$A$4963,0),COLUMN())=0,0,INDEX(generale!$A$16:$G$4963,MATCH(NGG!$A168,generale!$A$16:$A$4963,0),COLUMN()))","v":13},{"$f":"IF(INDEX(generale!$A$16:$G$4963,MATCH(NGG!$A168,generale!$A$16:$A$4963,0),COLUMN())=0,0,INDEX(generale!$A$16:$G$4963,MATCH(NGG!$A168,generale!$A$16:$A$4963,0),COLUMN()))","v":10},{"$f":"IF(INDEX(generale!$A$16:$G$4963,MATCH(NGG!$A168,generale!$A$16:$A$4963,0),COLUMN())=0,0,INDEX(generale!$A$16:$G$4963,MATCH(NGG!$A168,generale!$A$16:$A$4963,0),COLUMN()))","v":11},{"$f":"IF(INDEX(generale!$A$16:$G$4963,MATCH(NGG!$A168,generale!$A$16:$A$4963,0),COLUMN())=0,0,INDEX(generale!$A$16:$G$4963,MATCH(NGG!$A168,generale!$A$16:$A$4963,0),COLUMN()))","v":2},{"$f":"generale!G178","v":"T"},1,31,54,19,4,17,20,0,12,27,2,5,60,49,6,3,57,26,1,3,null,null,null,null,null,null,null,null,null,null,null,null,null,null,null,null,null,null,null,1,1,18,null,15]
[{"$f":"IF(generale!$A179>0,generale!$A179,\"\")","v":"2005-06-15"},{"$f":"IF(INDEX(generale!$A$16:$G$4963,MATCH(NGG!$A169,generale!$A$16:$A$4963,0),COLUMN())=0,0,INDEX(generale!$A$16:$G$4963,MATCH(NGG!$A169,generale!$A$16:$A$4963,0),COLUMN()))","v":15},{"$f":"IF(INDEX(generale!$A$16:$G$4963,MATCH(NGG!$A169,generale!$A$16:$A$4963,0),COLUMN())=0,0,INDEX(generale!$A$16:$G$4963,MATCH(NGG!$A169,generale!$A$16:$A$4963,0),COLUMN()))","v":9},{"$f":"IF(INDEX(generale!$A$16:$G$4963,MATCH(NGG!$A169,generale!$A$16:$A$4963,0),COLUMN())=0,0,INDEX(generale!$A$16:$G$4963,MATCH(NGG!$A169,generale!$A$16:$A$4963,0),COLUMN()))","v":3},{"$f":"IF(INDEX(generale!$A$16:$G$4963,MATCH(NGG!$A169,generale!$A$16:$A$4963,0),COLUMN())=0,0,INDEX(generale!$A$16:$G$4963,MATCH(NGG!$A169,generale!$A$16:$A$4963,0),COLUMN()))","v":6},{"$f":"IF(INDEX(generale!$A$16:$G$4963,MATCH(NGG!$A169,generale!$A$16:$A$4963,0),COLUMN())=0,0,INDEX(generale!$A$16:$G$4963,MATCH(NGG!$A169,generale!$A$16:$A$4963,0),COLUMN()))","v":1},{"$f":"generale!G179","v":"P"},2,32,55,20,5,18,21,1,13,28,3,6,61,50,0,4,57,26,1,3,null,null,null,null,null,null,null,null,null,null,null,null,null,null,null,null,null,1,1,1,1,16,"9",15]
[{"$f":"IF(generale!$A180>0,generale!$A180,\"\")","v":"2005-06-16"},{"$f":"IF(INDEX(generale!$A$16:$G$4963,MATCH(NGG!$A170,generale!$A$16:$A$4963,0),COLUMN())=0,0,INDEX(generale!$A$16:$G$4963,MATCH(NGG!$A170,generale!$A$16:$A$4963,0),COLUMN()))","v":9},{"$f":"IF(INDEX(generale!$A$16:$G$4963,MATCH(NGG!$A170,generale!$A$16:$A$4963,0),COLUMN())=0,0,INDEX(generale!$A$16:$G$4963,MATCH(NGG!$A170,generale!$A$16:$A$4963,0),COLUMN()))","v":8},{"$f":"IF(INDEX(generale!$A$16:$G$4963,MATCH(NGG!$A170,generale!$A$16:$A$4963,0),COLUMN())=0,0,INDEX(generale!$A$16:$G$4963,MATCH(NGG!$A170,generale!$A$16:$A$4963,0),COLUMN()))","v":10},{"$f":"IF(INDEX(generale!$A$16:$G$4963,MATCH(NGG!$A170,generale!$A$16:$A$4963,0),COLUMN())=0,0,INDEX(generale!$A$16:$G$4963,MATCH(NGG!$A170,generale!$A$16:$A$4963,0),COLUMN()))","v":5},{"$f":"IF(INDEX(generale!$A$16:$G$4963,MATCH(NGG!$A170,generale!$A$16:$A$4963,0),COLUMN())=0,0,INDEX(generale!$A$16:$G$4963,MATCH(NGG!$A170,generale!$A$16:$A$4963,0),COLUMN()))","v":1},{"$f":"generale!G180","v":"P"},3,33,56,21,6,19,22,2,0,29,4,7,62,51,1,5,57,26,1,3,null,null,null,null,null,null,null,null,null,null,null,null,null,null,null,null,null,1,1,1,1,16,null,20]
[{"$f":"IF(generale!$A181>0,generale!$A181,\"\")","v":"2005-06-17"},{"$f":"IF(INDEX(generale!$A$16:$G$4963,MATCH(NGG!$A171,generale!$A$16:$A$4963,0),COLUMN())=0,0,INDEX(generale!$A$16:$G$4963,MATCH(NGG!$A171,generale!$A$16:$A$4963,0),COLUMN()))","v":8},{"$f":"IF(INDEX(generale!$A$16:$G$4963,MATCH(NGG!$A171,generale!$A$16:$A$4963,0),COLUMN())=0,0,INDEX(generale!$A$16:$G$4963,MATCH(NGG!$A171,generale!$A$16:$A$4963,0),COLUMN()))","v":11},{"$f":"IF(INDEX(generale!$A$16:$G$4963,MATCH(NGG!$A171,generale!$A$16:$A$4963,0),COLUMN())=0,0,INDEX(generale!$A$16:$G$4963,MATCH(NGG!$A171,generale!$A$16:$A$4963,0),COLUMN()))","v":9},{"$f":"IF(INDEX(generale!$A$16:$G$4963,MATCH(NGG!$A171,generale!$A$16:$A$4963,0),COLUMN())=0,0,INDEX(generale!$A$16:$G$4963,MATCH(NGG!$A171,generale!$A$16:$A$4963,0),COLUMN()))","v":1},{"$f":"IF(INDEX(generale!$A$16:$G$4963,MATCH(NGG!$A171,generale!$A$16:$A$4963,0),COLUMN())=0,0,INDEX(generale!$A$16:$G$4963,MATCH(NGG!$A171,generale!$A$16:$A$4963,0),COLUMN()))","v":10},{"$f":"generale!G181","v":"T"},4,34,57,22,7,20,23,0,1,30,5,8,63,52,2,6,58,27,1,3,null,null,null,null,null,null,null,null,null,null,null,null,null,null,null,null,null,null,null,1,1,18,null,14]
[{"$f":"IF(generale!$A182>0,generale!$A182,\"\")","v":"2005-06-18"},{"$f":"IF(INDEX(generale!$A$16:$G$4963,MATCH(NGG!$A172,generale!$A$16:$A$4963,0),COLUMN())=0,0,INDEX(generale!$A$16:$G$4963,MATCH(NGG!$A172,generale!$A$16:$A$4963,0),COLUMN()))","v":1},{"$f":"IF(INDEX(generale!$A$16:$G$4963,MATCH(NGG!$A172,generale!$A$16:$A$4963,0),COLUMN())=0,0,INDEX(generale!$A$16:$G$4963,MATCH(NGG!$A172,generale!$A$16:$A$4963,0),COLUMN()))","v":2},{"$f":"IF(INDEX(generale!$A$16:$G$4963,MATCH(NGG!$A172,generale!$A$16:$A$4963,0),COLUMN())=0,0,INDEX(generale!$A$16:$G$4963,MATCH(NGG!$A172,generale!$A$16:$A$4963,0),COLUMN()))","v":4},{"$f":"IF(INDEX(generale!$A$16:$G$4963,MATCH(NGG!$A172,generale!$A$16:$A$4963,0),COLUMN())=0,0,INDEX(generale!$A$16:$G$4963,MATCH(NGG!$A172,generale!$A$16:$A$4963,0),COLUMN()))","v":7},{"$f":"IF(INDEX(generale!$A$16:$G$4963,MATCH(NGG!$A172,generale!$A$16:$A$4963,0),COLUMN())=0,0,INDEX(generale!$A$16:$G$4963,MATCH(NGG!$A172,generale!$A$16:$A$4963,0),COLUMN()))","v":3},{"$f":"generale!G182","v":"O"},0,35,58,23,8,21,24,1,2,31,6,9,64,53,3,7,58,27,1,3,null,null,null,null,null,null,null,null,null,null,null,null,null,null,null,null,null,1,1,1,1,16,null,14]
[{"$f":"IF(generale!$A183>0,generale!$A183,\"\")","v":"2005-06-19"},{"$f":"IF(INDEX(generale!$A$16:$G$4963,MATCH(NGG!$A173,generale!$A$16:$A$4963,0),COLUMN())=0,0,INDEX(generale!$A$16:$G$4963,MATCH(NGG!$A173,generale!$A$16:$A$4963,0),COLUMN()))","v":8},{"$f":"IF(INDEX(generale!$A$16:$G$4963,MATCH(NGG!$A173,generale!$A$16:$A$4963,0),COLUMN())=0,0,INDEX(generale!$A$16:$G$4963,MATCH(NGG!$A173,generale!$A$16:$A$4963,0),COLUMN()))","v":6},{"$f":"IF(INDEX(generale!$A$16:$G$4963,MATCH(NGG!$A173,generale!$A$16:$A$4963,0),COLUMN())=0,0,INDEX(generale!$A$16:$G$4963,MATCH(NGG!$A173,generale!$A$16:$A$4963,0),COLUMN()))","v":1},{"$f":"IF(INDEX(generale!$A$16:$G$4963,MATCH(NGG!$A173,generale!$A$16:$A$4963,0),COLUMN())=0,0,INDEX(generale!$A$16:$G$4963,MATCH(NGG!$A173,generale!$A$16:$A$4963,0),COLUMN()))","v":9},{"$f":"IF(INDEX(generale!$A$16:$G$4963,MATCH(NGG!$A173,generale!$A$16:$A$4963,0),COLUMN())=0,0,INDEX(generale!$A$16:$G$4963,MATCH(NGG!$A173,generale!$A$16:$A$4963,0),COLUMN()))","v":7},{"$f":"generale!G183","v":"T"},1,36,59,24,9,22,25,0,3,32,7,10,65,54,4,8,58,27,1,3,null,null,null,null,null,null,null,null,null,null,null,null,null,null,null,null,null,1,1,1,1,16,null,13]
[{"$f":"IF(generale!$A184>0,generale!$A184,\"\")","v":"2005-06-20"},{"$f":"IF(INDEX(generale!$A$16:$G$4963,MATCH(NGG!$A174,generale!$A$16:$A$4963,0),COLUMN())=0,0,INDEX(generale!$A$16:$G$4963,MATCH(NGG!$A174,generale!$A$16:$A$4963,0),COLUMN()))","v":7},{"$f":"IF(INDEX(generale!$A$16:$G$4963,MATCH(NGG!$A174,generale!$A$16:$A$4963,0),COLUMN())=0,0,INDEX(generale!$A$16:$G$4963,MATCH(NGG!$A174,generale!$A$16:$A$4963,0),COLUMN()))","v":2},{"$f":"IF(INDEX(generale!$A$16:$G$4963,MATCH(NGG!$A174,generale!$A$16:$A$4963,0),COLUMN())=0,0,INDEX(generale!$A$16:$G$4963,MATCH(NGG!$A174,generale!$A$16:$A$4963,0),COLUMN()))","v":9},{"$f":"IF(INDEX(generale!$A$16:$G$4963,MATCH(NGG!$A174,generale!$A$16:$A$4963,0),COLUMN())=0,0,INDEX(generale!$A$16:$G$4963,MATCH(NGG!$A174,generale!$A$16:$A$4963,0),COLUMN()))","v":10},{"$f":"IF(INDEX(generale!$A$16:$G$4963,MATCH(NGG!$A174,generale!$A$16:$A$4963,0),COLUMN())=0,0,INDEX(generale!$A$16:$G$4963,MATCH(NGG!$A174,generale!$A$16:$A$4963,0),COLUMN()))","v":6},{"$f":"generale!G184","v":"T"},2,37,60,25,10,23,0,1,4,33,8,11,66,55,5,8,58,27,1,3,null,null,null,null,null,null,null,null,null,null,null,null,null,null,null,null,1,1,1,1,1,15,null,14]
[{"$f":"IF(generale!$A185>0,generale!$A185,\"\")","v":"2005-06-21"},{"$f":"IF(INDEX(generale!$A$16:$G$4963,MATCH(NGG!$A175,generale!$A$16:$A$4963,0),COLUMN())=0,0,INDEX(generale!$A$16:$G$4963,MATCH(NGG!$A175,generale!$A$16:$A$4963,0),COLUMN()))","v":1},{"$f":"IF(INDEX(generale!$A$16:$G$4963,MATCH(NGG!$A175,generale!$A$16:$A$4963,0),COLUMN())=0,0,INDEX(generale!$A$16:$G$4963,MATCH(NGG!$A175,generale!$A$16:$A$4963,0),COLUMN()))","v":16},{"$f":"IF(INDEX(generale!$A$16:$G$4963,MATCH(NGG!$A175,generale!$A$16:$A$4963,0),COLUMN())=0,0,INDEX(generale!$A$16:$G$4963,MATCH(NGG!$A175,generale!$A$16:$A$4963,0),COLUMN()))","v":17},{"$f":"IF(INDEX(generale!$A$16:$G$4963,MATCH(NGG!$A175,generale!$A$16:$A$4963,0),COLUMN())=0,0,INDEX(generale!$A$16:$G$4963,MATCH(NGG!$A175,generale!$A$16:$A$4963,0),COLUMN()))","v":3},{"$f":"IF(INDEX(generale!$A$16:$G$4963,MATCH(NGG!$A175,generale!$A$16:$A$4963,0),COLUMN())=0,0,INDEX(generale!$A$16:$G$4963,MATCH(NGG!$A175,generale!$A$16:$A$4963,0),COLUMN()))","v":5},{"$f":"generale!G185","v":"P"},0,38,61,26,11,24,1,2,5,34,9,12,67,56,6,8,58,27,1,3,null,null,null,null,null,null,null,null,null,null,null,null,null,null,null,null,1,1,1,1,1,15,"7-15",17]
[{"$f":"IF(generale!$A186>0,generale!$A186,\"\")","v":"2005-06-22"},{"$f":"IF(INDEX(generale!$A$16:$G$4963,MATCH(NGG!$A176,generale!$A$16:$A$4963,0),COLUMN())=0,0,INDEX(generale!$A$16:$G$4963,MATCH(NGG!$A176,generale!$A$16:$A$4963,0),COLUMN()))","v":14},{"$f":"IF(INDEX(generale!$A$16:$G$4963,MATCH(NGG!$A176,generale!$A$16:$A$4963,0),COLUMN())=0,0,INDEX(generale!$A$16:$G$4963,MATCH(NGG!$A176,generale!$A$16:$A$4963,0),COLUMN()))","v":1},{"$f":"IF(INDEX(generale!$A$16:$G$4963,MATCH(NGG!$A176,generale!$A$16:$A$4963,0),COLUMN())=0,0,INDEX(generale!$A$16:$G$4963,MATCH(NGG!$A176,generale!$A$16:$A$4963,0),COLUMN()))","v":5},{"$f":"IF(INDEX(generale!$A$16:$G$4963,MATCH(NGG!$A176,generale!$A$16:$A$4963,0),COLUMN())=0,0,INDEX(generale!$A$16:$G$4963,MATCH(NGG!$A176,generale!$A$16:$A$4963,0),COLUMN()))","v":2},{"$f":"IF(INDEX(generale!$A$16:$G$4963,MATCH(NGG!$A176,generale!$A$16:$A$4963,0),COLUMN())=0,0,INDEX(generale!$A$16:$G$4963,MATCH(NGG!$A176,generale!$A$16:$A$4963,0),COLUMN()))","v":12},{"$f":"generale!G186","v":"T"},1,39,62,27,12,25,2,3,6,35,10,13,68,0,7,9,59,28,1,3,null,null,null,null,null,null,null,null,null,null,null,null,null,null,null,null,null,null,null,1,1,18,null,17]
[{"$f":"IF(generale!$A187>0,generale!$A187,\"\")","v":"2005-06-23"},{"$f":"IF(INDEX(generale!$A$16:$G$4963,MATCH(NGG!$A177,generale!$A$16:$A$4963,0),COLUMN())=0,0,INDEX(generale!$A$16:$G$4963,MATCH(NGG!$A177,generale!$A$16:$A$4963,0),COLUMN()))","v":9},{"$f":"IF(INDEX(generale!$A$16:$G$4963,MATCH(NGG!$A177,generale!$A$16:$A$4963,0),COLUMN())=0,0,INDEX(generale!$A$16:$G$4963,MATCH(NGG!$A177,generale!$A$16:$A$4963,0),COLUMN()))","v":11},{"$f":"IF(INDEX(generale!$A$16:$G$4963,MATCH(NGG!$A177,generale!$A$16:$A$4963,0),COLUMN())=0,0,INDEX(generale!$A$16:$G$4963,MATCH(NGG!$A177,generale!$A$16:$A$4963,0),COLUMN()))","v":14},{"$f":"IF(INDEX(generale!$A$16:$G$4963,MATCH(NGG!$A177,generale!$A$16:$A$4963,0),COLUMN())=0,0,INDEX(generale!$A$16:$G$4963,MATCH(NGG!$A177,generale!$A$16:$A$4963,0),COLUMN()))","v":10},{"$f":"IF(INDEX(generale!$A$16:$G$4963,MATCH(NGG!$A177,generale!$A$16:$A$4963,0),COLUMN())=0,0,INDEX(generale!$A$16:$G$4963,MATCH(NGG!$A177,generale!$A$16:$A$4963,0),COLUMN()))","v":6},{"$f":"generale!G187","v":"P"},2,40,63,28,13,26,3,4,0,36,11,14,69,1,8,10,59,28,1,3,null,null,null,null,null,null,null,null,null,null,null,null,null,null,null,null,null,1,1,1,1,16,null,16]
[{"$f":"IF(generale!$A188>0,generale!$A188,\"\")","v":"2005-06-24"},{"$f":"IF(INDEX(generale!$A$16:$G$4963,MATCH(NGG!$A178,generale!$A$16:$A$4963,0),COLUMN())=0,0,INDEX(generale!$A$16:$G$4963,MATCH(NGG!$A178,generale!$A$16:$A$4963,0),COLUMN()))","v":16},{"$f":"IF(INDEX(generale!$A$16:$G$4963,MATCH(NGG!$A178,generale!$A$16:$A$4963,0),COLUMN())=0,0,INDEX(generale!$A$16:$G$4963,MATCH(NGG!$A178,generale!$A$16:$A$4963,0),COLUMN()))","v":2},{"$f":"IF(INDEX(generale!$A$16:$G$4963,MATCH(NGG!$A178,generale!$A$16:$A$4963,0),COLUMN())=0,0,INDEX(generale!$A$16:$G$4963,MATCH(NGG!$A178,generale!$A$16:$A$4963,0),COLUMN()))","v":8},{"$f":"IF(INDEX(generale!$A$16:$G$4963,MATCH(NGG!$A178,generale!$A$16:$A$4963,0),COLUMN())=0,0,INDEX(generale!$A$16:$G$4963,MATCH(NGG!$A178,generale!$A$16:$A$4963,0),COLUMN()))","v":12},{"$f":"IF(INDEX(generale!$A$16:$G$4963,MATCH(NGG!$A178,generale!$A$16:$A$4963,0),COLUMN())=0,0,INDEX(generale!$A$16:$G$4963,MATCH(NGG!$A178,generale!$A$16:$A$4963,0),COLUMN()))","v":14},{"$f":"generale!G188","v":"O"},3,41,64,29,14,27,4,5,1,37,12,15,70,2,9,0,59,28,1,3,null,null,null,null,null,null,null,null,null,null,null,null,null,null,null,null,1,1,1,1,1,15,null,14]
[{"$f":"IF(generale!$A189>0,generale!$A189,\"\")","v":"2005-06-25"},{"$f":"IF(INDEX(generale!$A$16:$G$4963,MATCH(NGG!$A179,generale!$A$16:$A$4963,0),COLUMN())=0,0,INDEX(generale!$A$16:$G$4963,MATCH(NGG!$A179,generale!$A$16:$A$4963,0),COLUMN()))","v":11},{"$f":"IF(INDEX(generale!$A$16:$G$4963,MATCH(NGG!$A179,generale!$A$16:$A$4963,0),COLUMN())=0,0,INDEX(generale!$A$16:$G$4963,MATCH(NGG!$A179,generale!$A$16:$A$4963,0),COLUMN()))","v":14},{"$f":"IF(INDEX(generale!$A$16:$G$4963,MATCH(NGG!$A179,generale!$A$16:$A$4963,0),COLUMN())=0,0,INDEX(generale!$A$16:$G$4963,MATCH(NGG!$A179,generale!$A$16:$A$4963,0),COLUMN()))","v":3},{"$f":"IF(INDEX(generale!$A$16:$G$4963,MATCH(NGG!$A179,generale!$A$16:$A$4963,0),COLUMN())=0,0,INDEX(generale!$A$16:$G$4963,MATCH(NGG!$A179,generale!$A$16:$A$4963,0),COLUMN()))","v":12},{"$f":"IF(INDEX(generale!$A$16:$G$4963,MATCH(NGG!$A179,generale!$A$16:$A$4963,0),COLUMN())=0,0,INDEX(generale!$A$16:$G$4963,MATCH(NGG!$A179,generale!$A$16:$A$4963,0),COLUMN()))","v":4},{"$f":"generale!G189","v":"T"},4,42,65,30,15,28,5,6,2,38,0,16,71,3,10,1,60,29,1,3,null,null,null,null,null,null,null,null,null,null,null,null,null,null,null,null,null,null,null,1,1,18,null,14]
[{"$f":"IF(generale!$A190>0,generale!$A190,\"\")","v":"2005-06-26"},{"$f":"IF(INDEX(generale!$A$16:$G$4963,MATCH(NGG!$A180,generale!$A$16:$A$4963,0),COLUMN())=0,0,INDEX(generale!$A$16:$G$4963,MATCH(NGG!$A180,generale!$A$16:$A$4963,0),COLUMN()))","v":3},{"$f":"IF(INDEX(generale!$A$16:$G$4963,MATCH(NGG!$A180,generale!$A$16:$A$4963,0),COLUMN())=0,0,INDEX(generale!$A$16:$G$4963,MATCH(NGG!$A180,generale!$A$16:$A$4963,0),COLUMN()))","v":7},{"$f":"IF(INDEX(generale!$A$16:$G$4963,MATCH(NGG!$A180,generale!$A$16:$A$4963,0),COLUMN())=0,0,INDEX(generale!$A$16:$G$4963,MATCH(NGG!$A180,generale!$A$16:$A$4963,0),COLUMN()))","v":2},{"$f":"IF(INDEX(generale!$A$16:$G$4963,MATCH(NGG!$A180,generale!$A$16:$A$4963,0),COLUMN())=0,0,INDEX(generale!$A$16:$G$4963,MATCH(NGG!$A180,generale!$A$16:$A$4963,0),COLUMN()))","v":17},{"$f":"IF(INDEX(generale!$A$16:$G$4963,MATCH(NGG!$A180,generale!$A$16:$A$4963,0),COLUMN())=0,0,INDEX(generale!$A$16:$G$4963,MATCH(NGG!$A180,generale!$A$16:$A$4963,0),COLUMN()))","v":11},{"$f":"generale!G190","v":"P"},5,43,0,31,16,29,6,7,3,39,1,17,72,4,11,2,{"$f":"IF(COUNTIF($B180:$D180,0)<3,IF(LEN(SUBSTITUTE(SUBSTITUTE($B180,X$1,,1),,1))=0,0,X179+1-AS180),\"\")","v":61},29,1,3,null,null,null,null,null,null,null,null,null,null,null,null,null,null,null,null,null,null,1,1,1,17,null,17]
[{"$f":"IF(generale!$A191>0,generale!$A191,\"\")","v":"2005-06-27"},{"$f":"IF(INDEX(generale!$A$16:$G$4963,MATCH(NGG!$A181,generale!$A$16:$A$4963,0),COLUMN())=0,0,INDEX(generale!$A$16:$G$4963,MATCH(NGG!$A181,generale!$A$16:$A$4963,0),COLUMN()))","v":16},{"$f":"IF(INDEX(generale!$A$16:$G$4963,MATCH(NGG!$A181,generale!$A$16:$A$4963,0),COLUMN())=0,0,INDEX(generale!$A$16:$G$4963,MATCH(NGG!$A181,generale!$A$16:$A$4963,0),COLUMN()))","v":9},{"$f":"IF(INDEX(generale!$A$16:$G$4963,MATCH(NGG!$A181,generale!$A$16:$A$4963,0),COLUMN())=0,0,INDEX(generale!$A$16:$G$4963,MATCH(NGG!$A181,generale!$A$16:$A$4963,0),COLUMN()))","v":13},{"$f":"IF(INDEX(generale!$A$16:$G$4963,MATCH(NGG!$A181,generale!$A$16:$A$4963,0),COLUMN())=0,0,INDEX(generale!$A$16:$G$4963,MATCH(NGG!$A181,generale!$A$16:$A$4963,0),COLUMN()))","v":12},{"$f":"IF(INDEX(generale!$A$16:$G$4963,MATCH(NGG!$A181,generale!$A$16:$A$4963,0),COLUMN())=0,0,INDEX(generale!$A$16:$G$4963,MATCH(NGG!$A181,generale!$A$16:$A$4963,0),COLUMN()))","v":15},{"$f":"generale!G191","v":"P"},6,44,1,32,17,30,7,8,4,40,2,18,73,5,12,0,61,29,1,3,null,null,null,null,null,null,null,null,null,null,null,null,null,null,null,null,null,1,1,1,1,16,"6",18]
[{"$f":"IF(generale!$A192>0,generale!$A192,\"\")","v":"2005-06-28"},{"$f":"IF(INDEX(generale!$A$16:$G$4963,MATCH(NGG!$A182,generale!$A$16:$A$4963,0),COLUMN())=0,0,INDEX(generale!$A$16:$G$4963,MATCH(NGG!$A182,generale!$A$16:$A$4963,0),COLUMN()))","v":1},{"$f":"IF(INDEX(generale!$A$16:$G$4963,MATCH(NGG!$A182,generale!$A$16:$A$4963,0),COLUMN())=0,0,INDEX(generale!$A$16:$G$4963,MATCH(NGG!$A182,generale!$A$16:$A$4963,0),COLUMN()))","v":15},{"$f":"IF(INDEX(generale!$A$16:$G$4963,MATCH(NGG!$A182,generale!$A$16:$A$4963,0),COLUMN())=0,0,INDEX(generale!$A$16:$G$4963,MATCH(NGG!$A182,generale!$A$16:$A$4963,0),COLUMN()))","v":2},{"$f":"IF(INDEX(generale!$A$16:$G$4963,MATCH(NGG!$A182,generale!$A$16:$A$4963,0),COLUMN())=0,0,INDEX(generale!$A$16:$G$4963,MATCH(NGG!$A182,generale!$A$16:$A$4963,0),COLUMN()))","v":7},{"$f":"IF(INDEX(generale!$A$16:$G$4963,MATCH(NGG!$A182,generale!$A$16:$A$4963,0),COLUMN())=0,0,INDEX(generale!$A$16:$G$4963,MATCH(NGG!$A182,generale!$A$16:$A$4963,0),COLUMN()))","v":4},{"$f":"generale!G192","v":"T"},{"$f":"IF(COUNTIF($B182:$D182,0)<3,IF(LEN(SUBSTITUTE(SUBSTITUTE($B182,H$1,,1),,1))=0,0,H181+1-AC182),\"\")","v":0},45,2,33,18,31,8,9,5,41,3,19,74,6,13,1,61,29,1,3,null,null,null,null,null,null,null,null,null,null,null,null,null,null,null,null,null,1,1,1,1,16,null,15]
[{"$f":"IF(generale!$A193>0,generale!$A193,\"\")","v":"2005-06-29"},{"$f":"IF(INDEX(generale!$A$16:$G$4963,MATCH(NGG!$A183,generale!$A$16:$A$4963,0),COLUMN())=0,0,INDEX(generale!$A$16:$G$4963,MATCH(NGG!$A183,generale!$A$16:$A$4963,0),COLUMN()))","v":12},{"$f":"IF(INDEX(generale!$A$16:$G$4963,MATCH(NGG!$A183,generale!$A$16:$A$4963,0),COLUMN())=0,0,INDEX(generale!$A$16:$G$4963,MATCH(NGG!$A183,generale!$A$16:$A$4963,0),COLUMN()))","v":11},{"$f":"IF(INDEX(generale!$A$16:$G$4963,MATCH(NGG!$A183,generale!$A$16:$A$4963,0),COLUMN())=0,0,INDEX(generale!$A$16:$G$4963,MATCH(NGG!$A183,generale!$A$16:$A$4963,0),COLUMN()))","v":14},{"$f":"IF(INDEX(generale!$A$16:$G$4963,MATCH(NGG!$A183,generale!$A$16:$A$4963,0),COLUMN())=0,0,INDEX(generale!$A$16:$G$4963,MATCH(NGG!$A183,generale!$A$16:$A$4963,0),COLUMN()))","v":13},{"$f":"IF(INDEX(generale!$A$16:$G$4963,MATCH(NGG!$A183,generale!$A$16:$A$4963,0),COLUMN())=0,0,INDEX(generale!$A$16:$G$4963,MATCH(NGG!$A183,generale!$A$16:$A$4963,0),COLUMN()))","v":4},{"$f":"generale!G193","v":"P"},1,46,3,34,19,32,9,10,6,42,4,0,75,7,14,2,61,29,1,3,null,null,null,null,null,null,null,null,null,null,null,null,null,null,null,null,null,1,1,1,1,16,null,15]
[{"$f":"IF(generale!$A194>0,generale!$A194,\"\")","v":"2005-06-30"},{"$f":"IF(INDEX(generale!$A$16:$G$4963,MATCH(NGG!$A184,generale!$A$16:$A$4963,0),COLUMN())=0,0,INDEX(generale!$A$16:$G$4963,MATCH(NGG!$A184,generale!$A$16:$A$4963,0),COLUMN()))","v":4},{"$f":"IF(INDEX(generale!$A$16:$G$4963,MATCH(NGG!$A184,generale!$A$16:$A$4963,0),COLUMN())=0,0,INDEX(generale!$A$16:$G$4963,MATCH(NGG!$A184,generale!$A$16:$A$4963,0),COLUMN()))","v":14},{"$f":"IF(INDEX(generale!$A$16:$G$4963,MATCH(NGG!$A184,generale!$A$16:$A$4963,0),COLUMN())=0,0,INDEX(generale!$A$16:$G$4963,MATCH(NGG!$A184,generale!$A$16:$A$4963,0),COLUMN()))","v":13},{"$f":"IF(INDEX(generale!$A$16:$G$4963,MATCH(NGG!$A184,generale!$A$16:$A$4963,0),COLUMN())=0,0,INDEX(generale!$A$16:$G$4963,MATCH(NGG!$A184,generale!$A$16:$A$4963,0),COLUMN()))","v":6},{"$f":"IF(INDEX(generale!$A$16:$G$4963,MATCH(NGG!$A184,generale!$A$16:$A$4963,0),COLUMN())=0,0,INDEX(generale!$A$16:$G$4963,MATCH(NGG!$A184,generale!$A$16:$A$4963,0),COLUMN()))","v":9},{"$f":"generale!G194","v":"T"},2,47,4,0,20,33,10,11,7,43,5,1,76,8,15,3,61,29,1,3,null,null,null,null,null,null,null,null,null,null,null,null,null,null,null,null,null,1,1,1,1,16,null,14]
[{"$f":"IF(generale!$A195>0,generale!$A195,\"\")","v":"2005-07-01"},{"$f":"IF(INDEX(generale!$A$16:$G$4963,MATCH(NGG!$A185,generale!$A$16:$A$4963,0),COLUMN())=0,0,INDEX(generale!$A$16:$G$4963,MATCH(NGG!$A185,generale!$A$16:$A$4963,0),COLUMN()))","v":1},{"$f":"IF(INDEX(generale!$A$16:$G$4963,MATCH(NGG!$A185,generale!$A$16:$A$4963,0),COLUMN())=0,0,INDEX(generale!$A$16:$G$4963,MATCH(NGG!$A185,generale!$A$16:$A$4963,0),COLUMN()))","v":18},{"$f":"IF(INDEX(generale!$A$16:$G$4963,MATCH(NGG!$A185,generale!$A$16:$A$4963,0),COLUMN())=0,0,INDEX(generale!$A$16:$G$4963,MATCH(NGG!$A185,generale!$A$16:$A$4963,0),COLUMN()))","v":10},{"$f":"IF(INDEX(generale!$A$16:$G$4963,MATCH(NGG!$A185,generale!$A$16:$A$4963,0),COLUMN())=0,0,INDEX(generale!$A$16:$G$4963,MATCH(NGG!$A185,generale!$A$16:$A$4963,0),COLUMN()))","v":11},{"$f":"IF(INDEX(generale!$A$16:$G$4963,MATCH(NGG!$A185,generale!$A$16:$A$4963,0),COLUMN())=0,0,INDEX(generale!$A$16:$G$4963,MATCH(NGG!$A185,generale!$A$16:$A$4963,0),COLUMN()))","v":14},{"$f":"generale!G195","v":"T"},0,48,5,1,21,34,11,12,8,44,6,2,77,9,16,4,61,29,1,3,null,null,null,null,null,null,null,null,null,null,null,null,null,null,null,null,null,1,1,1,1,16,null,18]
[{"$f":"IF(generale!$A196>0,generale!$A196,\"\")","v":"2005-07-02"},{"$f":"IF(INDEX(generale!$A$16:$G$4963,MATCH(NGG!$A186,generale!$A$16:$A$4963,0),COLUMN())=0,0,INDEX(generale!$A$16:$G$4963,MATCH(NGG!$A186,generale!$A$16:$A$4963,0),COLUMN()))","v":8},{"$f":"IF(INDEX(generale!$A$16:$G$4963,MATCH(NGG!$A186,generale!$A$16:$A$4963,0),COLUMN())=0,0,INDEX(generale!$A$16:$G$4963,MATCH(NGG!$A186,generale!$A$16:$A$4963,0),COLUMN()))","v":1},{"$f":"IF(INDEX(generale!$A$16:$G$4963,MATCH(NGG!$A186,generale!$A$16:$A$4963,0),COLUMN())=0,0,INDEX(generale!$A$16:$G$4963,MATCH(NGG!$A186,generale!$A$16:$A$4963,0),COLUMN()))","v":3},{"$f":"IF(INDEX(generale!$A$16:$G$4963,MATCH(NGG!$A186,generale!$A$16:$A$4963,0),COLUMN())=0,0,INDEX(generale!$A$16:$G$4963,MATCH(NGG!$A186,generale!$A$16:$A$4963,0),COLUMN()))","v":7},{"$f":"IF(INDEX(generale!$A$16:$G$4963,MATCH(NGG!$A186,generale!$A$16:$A$4963,0),COLUMN())=0,0,INDEX(generale!$A$16:$G$4963,MATCH(NGG!$A186,generale!$A$16:$A$4963,0),COLUMN()))","v":2},{"$f":"generale!G196","v":"P"},1,49,6,2,22,35,12,0,9,45,7,3,78,10,17,5,61,29,1,3,null,null,null,null,null,null,null,null,null,null,null,null,null,null,null,null,null,1,1,1,1,16,null,14]
[{"$f":"IF(generale!$A197>0,generale!$A197,\"\")","v":"2005-07-03"},{"$f":"IF(INDEX(generale!$A$16:$G$4963,MATCH(NGG!$A187,generale!$A$16:$A$4963,0),COLUMN())=0,0,INDEX(generale!$A$16:$G$4963,MATCH(NGG!$A187,generale!$A$16:$A$4963,0),COLUMN()))","v":12},{"$f":"IF(INDEX(generale!$A$16:$G$4963,MATCH(NGG!$A187,generale!$A$16:$A$4963,0),COLUMN())=0,0,INDEX(generale!$A$16:$G$4963,MATCH(NGG!$A187,generale!$A$16:$A$4963,0),COLUMN()))","v":4},{"$f":"IF(INDEX(generale!$A$16:$G$4963,MATCH(NGG!$A187,generale!$A$16:$A$4963,0),COLUMN())=0,0,INDEX(generale!$A$16:$G$4963,MATCH(NGG!$A187,generale!$A$16:$A$4963,0),COLUMN()))","v":3},{"$f":"IF(INDEX(generale!$A$16:$G$4963,MATCH(NGG!$A187,generale!$A$16:$A$4963,0),COLUMN())=0,0,INDEX(generale!$A$16:$G$4963,MATCH(NGG!$A187,generale!$A$16:$A$4963,0),COLUMN()))","v":5},{"$f":"IF(INDEX(generale!$A$16:$G$4963,MATCH(NGG!$A187,generale!$A$16:$A$4963,0),COLUMN())=0,0,INDEX(generale!$A$16:$G$4963,MATCH(NGG!$A187,generale!$A$16:$A$4963,0),COLUMN()))","v":7},{"$f":"generale!G197","v":"P"},2,50,7,3,23,36,13,1,10,46,8,0,79,11,18,6,61,29,1,3,null,null,null,null,null,null,null,null,null,null,null,null,null,null,null,null,null,1,1,1,1,16,null,14]
[{"$f":"IF(generale!$A198>0,generale!$A198,\"\")","v":"2005-07-04"},{"$f":"IF(INDEX(generale!$A$16:$G$4963,MATCH(NGG!$A188,generale!$A$16:$A$4963,0),COLUMN())=0,0,INDEX(generale!$A$16:$G$4963,MATCH(NGG!$A188,generale!$A$16:$A$4963,0),COLUMN()))","v":15},{"$f":"IF(INDEX(generale!$A$16:$G$4963,MATCH(NGG!$A188,generale!$A$16:$A$4963,0),COLUMN())=0,0,INDEX(generale!$A$16:$G$4963,MATCH(NGG!$A188,generale!$A$16:$A$4963,0),COLUMN()))","v":16},{"$f":"IF(INDEX(generale!$A$16:$G$4963,MATCH(NGG!$A188,generale!$A$16:$A$4963,0),COLUMN())=0,0,INDEX(generale!$A$16:$G$4963,MATCH(NGG!$A188,generale!$A$16:$A$4963,0),COLUMN()))","v":10},{"$f":"IF(INDEX(generale!$A$16:$G$4963,MATCH(NGG!$A188,generale!$A$16:$A$4963,0),COLUMN())=0,0,INDEX(generale!$A$16:$G$4963,MATCH(NGG!$A188,generale!$A$16:$A$4963,0),COLUMN()))","v":1},{"$f":"IF(INDEX(generale!$A$16:$G$4963,MATCH(NGG!$A188,generale!$A$16:$A$4963,0),COLUMN())=0,0,INDEX(generale!$A$16:$G$4963,MATCH(NGG!$A188,generale!$A$16:$A$4963,0),COLUMN()))","v":9},{"$f":"generale!G198","v":"O"},3,51,8,4,24,37,14,2,11,47,9,1,80,12,0,7,62,30,1,3,null,null,null,null,null,null,null,null,null,null,null,null,null,null,null,null,null,null,null,1,1,18,null,15]
[{"$f":"IF(generale!$A199>0,generale!$A199,\"\")","v":"2005-07-05"},{"$f":"IF(INDEX(generale!$A$16:$G$4963,MATCH(NGG!$A189,generale!$A$16:$A$4963,0),COLUMN())=0,0,INDEX(generale!$A$16:$G$4963,MATCH(NGG!$A189,generale!$A$16:$A$4963,0),COLUMN()))","v":3},{"$f":"IF(INDEX(generale!$A$16:$G$4963,MATCH(NGG!$A189,generale!$A$16:$A$4963,0),COLUMN())=0,0,INDEX(generale!$A$16:$G$4963,MATCH(NGG!$A189,generale!$A$16:$A$4963,0),COLUMN()))","v":4},{"$f":"IF(INDEX(generale!$A$16:$G$4963,MATCH(NGG!$A189,generale!$A$16:$A$4963,0),COLUMN())=0,0,INDEX(generale!$A$16:$G$4963,MATCH(NGG!$A189,generale!$A$16:$A$4963,0),COLUMN()))","v":5},{"$f":"IF(INDEX(generale!$A$16:$G$4963,MATCH(NGG!$A189,generale!$A$16:$A$4963,0),COLUMN())=0,0,INDEX(generale!$A$16:$G$4963,MATCH(NGG!$A189,generale!$A$16:$A$4963,0),COLUMN()))","v":6},{"$f":"IF(INDEX(generale!$A$16:$G$4963,MATCH(NGG!$A189,generale!$A$16:$A$4963,0),COLUMN())=0,0,INDEX(generale!$A$16:$G$4963,MATCH(NGG!$A189,generale!$A$16:$A$4963,0),COLUMN()))","v":16},{"$f":"generale!G199","v":"P"},4,52,0,5,25,38,15,3,12,48,10,2,81,13,1,7,62,30,1,3,null,null,null,null,null,null,null,null,null,null,null,null,null,null,null,null,1,1,1,1,1,15,null,20]
[{"$f":"IF(generale!$A200>0,generale!$A200,\"\")","v":"2005-07-06"},{"$f":"IF(INDEX(generale!$A$16:$G$4963,MATCH(NGG!$A190,generale!$A$16:$A$4963,0),COLUMN())=0,0,INDEX(generale!$A$16:$G$4963,MATCH(NGG!$A190,generale!$A$16:$A$4963,0),COLUMN()))","v":15},{"$f":"IF(INDEX(generale!$A$16:$G$4963,MATCH(NGG!$A190,generale!$A$16:$A$4963,0),COLUMN())=0,0,INDEX(generale!$A$16:$G$4963,MATCH(NGG!$A190,generale!$A$16:$A$4963,0),COLUMN()))","v":5},{"$f":"IF(INDEX(generale!$A$16:$G$4963,MATCH(NGG!$A190,generale!$A$16:$A$4963,0),COLUMN())=0,0,INDEX(generale!$A$16:$G$4963,MATCH(NGG!$A190,generale!$A$16:$A$4963,0),COLUMN()))","v":6},{"$f":"IF(INDEX(generale!$A$16:$G$4963,MATCH(NGG!$A190,generale!$A$16:$A$4963,0),COLUMN())=0,0,INDEX(generale!$A$16:$G$4963,MATCH(NGG!$A190,generale!$A$16:$A$4963,0),COLUMN()))","v":3},{"$f":"IF(INDEX(generale!$A$16:$G$4963,MATCH(NGG!$A190,generale!$A$16:$A$4963,0),COLUMN())=0,0,INDEX(generale!$A$16:$G$4963,MATCH(NGG!$A190,generale!$A$16:$A$4963,0),COLUMN()))","v":12},{"$f":"generale!G200","v":"T"},5,53,1,6,26,39,16,4,13,49,11,3,82,14,0,8,62,30,1,3,null,null,null,null,null,null,null,null,null,null,null,null,null,null,null,null,null,1,1,1,1,16,"8-14",16]
[{"$f":"IF(generale!$A201>0,generale!$A201,\"\")","v":"2005-07-07"},{"$f":"IF(INDEX(generale!$A$16:$G$4963,MATCH(NGG!$A191,generale!$A$16:$A$4963,0),COLUMN())=0,0,INDEX(generale!$A$16:$G$4963,MATCH(NGG!$A191,generale!$A$16:$A$4963,0),COLUMN()))","v":6},{"$f":"IF(INDEX(generale!$A$16:$G$4963,MATCH(NGG!$A191,generale!$A$16:$A$4963,0),COLUMN())=0,0,INDEX(generale!$A$16:$G$4963,MATCH(NGG!$A191,generale!$A$16:$A$4963,0),COLUMN()))","v":5},{"$f":"IF(INDEX(generale!$A$16:$G$4963,MATCH(NGG!$A191,generale!$A$16:$A$4963,0),COLUMN())=0,0,INDEX(generale!$A$16:$G$4963,MATCH(NGG!$A191,generale!$A$16:$A$4963,0),COLUMN()))","v":17},{"$f":"IF(INDEX(generale!$A$16:$G$4963,MATCH(NGG!$A191,generale!$A$16:$A$4963,0),COLUMN())=0,0,INDEX(generale!$A$16:$G$4963,MATCH(NGG!$A191,generale!$A$16:$A$4963,0),COLUMN()))","v":4},{"$f":"IF(INDEX(generale!$A$16:$G$4963,MATCH(NGG!$A191,generale!$A$16:$A$4963,0),COLUMN())=0,0,INDEX(generale!$A$16:$G$4963,MATCH(NGG!$A191,generale!$A$16:$A$4963,0),COLUMN()))","v":3},{"$f":"generale!G201","v":"T"},6,54,2,7,27,0,17,5,14,50,12,4,83,15,1,9,62,30,1,3,null,null,null,null,null,null,null,null,null,null,null,null,null,null,null,null,null,1,1,1,1,16,null,18]
[{"$f":"IF(generale!$A202>0,generale!$A202,\"\")","v":"2005-07-08"},{"$f":"IF(INDEX(generale!$A$16:$G$4963,MATCH(NGG!$A192,generale!$A$16:$A$4963,0),COLUMN())=0,0,INDEX(generale!$A$16:$G$4963,MATCH(NGG!$A192,generale!$A$16:$A$4963,0),COLUMN()))","v":8},{"$f":"IF(INDEX(generale!$A$16:$G$4963,MATCH(NGG!$A192,generale!$A$16:$A$4963,0),COLUMN())=0,0,INDEX(generale!$A$16:$G$4963,MATCH(NGG!$A192,generale!$A$16:$A$4963,0),COLUMN()))","v":12},{"$f":"IF(INDEX(generale!$A$16:$G$4963,MATCH(NGG!$A192,generale!$A$16:$A$4963,0),COLUMN())=0,0,INDEX(generale!$A$16:$G$4963,MATCH(NGG!$A192,generale!$A$16:$A$4963,0),COLUMN()))","v":4},{"$f":"IF(INDEX(generale!$A$16:$G$4963,MATCH(NGG!$A192,generale!$A$16:$A$4963,0),COLUMN())=0,0,INDEX(generale!$A$16:$G$4963,MATCH(NGG!$A192,generale!$A$16:$A$4963,0),COLUMN()))","v":13},{"$f":"IF(INDEX(generale!$A$16:$G$4963,MATCH(NGG!$A192,generale!$A$16:$A$4963,0),COLUMN())=0,0,INDEX(generale!$A$16:$G$4963,MATCH(NGG!$A192,generale!$A$16:$A$4963,0),COLUMN()))","v":1},{"$f":"generale!G202","v":"T"},7,55,3,8,28,1,18,0,15,51,13,5,84,16,2,10,62,30,1,3,null,null,null,null,null,null,null,null,null,null,null,null,null,null,null,null,null,1,1,1,1,16,null,16]
[{"$f":"IF(generale!$A203>0,generale!$A203,\"\")","v":"2005-07-09"},{"$f":"IF(INDEX(generale!$A$16:$G$4963,MATCH(NGG!$A193,generale!$A$16:$A$4963,0),COLUMN())=0,0,INDEX(generale!$A$16:$G$4963,MATCH(NGG!$A193,generale!$A$16:$A$4963,0),COLUMN()))","v":13},{"$f":"IF(INDEX(generale!$A$16:$G$4963,MATCH(NGG!$A193,generale!$A$16:$A$4963,0),COLUMN())=0,0,INDEX(generale!$A$16:$G$4963,MATCH(NGG!$A193,generale!$A$16:$A$4963,0),COLUMN()))","v":7},{"$f":"IF(INDEX(generale!$A$16:$G$4963,MATCH(NGG!$A193,generale!$A$16:$A$4963,0),COLUMN())=0,0,INDEX(generale!$A$16:$G$4963,MATCH(NGG!$A193,generale!$A$16:$A$4963,0),COLUMN()))","v":8},{"$f":"IF(INDEX(generale!$A$16:$G$4963,MATCH(NGG!$A193,generale!$A$16:$A$4963,0),COLUMN())=0,0,INDEX(generale!$A$16:$G$4963,MATCH(NGG!$A193,generale!$A$16:$A$4963,0),COLUMN()))","v":3},{"$f":"IF(INDEX(generale!$A$16:$G$4963,MATCH(NGG!$A193,generale!$A$16:$A$4963,0),COLUMN())=0,0,INDEX(generale!$A$16:$G$4963,MATCH(NGG!$A193,generale!$A$16:$A$4963,0),COLUMN()))","v":10},{"$f":"generale!G203","v":"T"},8,56,4,9,29,2,19,1,16,52,14,6,0,17,3,10,62,30,1,3,null,null,null,null,null,null,null,null,null,null,null,null,null,null,null,null,1,1,1,1,1,15,null,13]
[{"$f":"IF(generale!$A204>0,generale!$A204,\"\")","v":"2005-07-10"},{"$f":"IF(INDEX(generale!$A$16:$G$4963,MATCH(NGG!$A194,generale!$A$16:$A$4963,0),COLUMN())=0,0,INDEX(generale!$A$16:$G$4963,MATCH(NGG!$A194,generale!$A$16:$A$4963,0),COLUMN()))","v":15},{"$f":"IF(INDEX(generale!$A$16:$G$4963,MATCH(NGG!$A194,generale!$A$16:$A$4963,0),COLUMN())=0,0,INDEX(generale!$A$16:$G$4963,MATCH(NGG!$A194,generale!$A$16:$A$4963,0),COLUMN()))","v":6},{"$f":"IF(INDEX(generale!$A$16:$G$4963,MATCH(NGG!$A194,generale!$A$16:$A$4963,0),COLUMN())=0,0,INDEX(generale!$A$16:$G$4963,MATCH(NGG!$A194,generale!$A$16:$A$4963,0),COLUMN()))","v":9},{"$f":"IF(INDEX(generale!$A$16:$G$4963,MATCH(NGG!$A194,generale!$A$16:$A$4963,0),COLUMN())=0,0,INDEX(generale!$A$16:$G$4963,MATCH(NGG!$A194,generale!$A$16:$A$4963,0),COLUMN()))","v":8},{"$f":"IF(INDEX(generale!$A$16:$G$4963,MATCH(NGG!$A194,generale!$A$16:$A$4963,0),COLUMN())=0,0,INDEX(generale!$A$16:$G$4963,MATCH(NGG!$A194,generale!$A$16:$A$4963,0),COLUMN()))","v":17},{"$f":"generale!G204","v":"P"},9,57,5,10,30,3,20,2,17,53,15,7,1,18,0,10,62,30,1,3,null,null,null,null,null,null,null,null,null,null,null,null,null,null,null,null,1,1,1,1,1,15,null,18]
[{"$f":"IF(generale!$A205>0,generale!$A205,\"\")","v":"2005-07-11"},{"$f":"IF(INDEX(generale!$A$16:$G$4963,MATCH(NGG!$A195,generale!$A$16:$A$4963,0),COLUMN())=0,0,INDEX(generale!$A$16:$G$4963,MATCH(NGG!$A195,generale!$A$16:$A$4963,0),COLUMN()))","v":3},{"$f":"IF(INDEX(generale!$A$16:$G$4963,MATCH(NGG!$A195,generale!$A$16:$A$4963,0),COLUMN())=0,0,INDEX(generale!$A$16:$G$4963,MATCH(NGG!$A195,generale!$A$16:$A$4963,0),COLUMN()))","v":13},{"$f":"IF(INDEX(generale!$A$16:$G$4963,MATCH(NGG!$A195,generale!$A$16:$A$4963,0),COLUMN())=0,0,INDEX(generale!$A$16:$G$4963,MATCH(NGG!$A195,generale!$A$16:$A$4963,0),COLUMN()))","v":7},{"$f":"IF(INDEX(generale!$A$16:$G$4963,MATCH(NGG!$A195,generale!$A$16:$A$4963,0),COLUMN())=0,0,INDEX(generale!$A$16:$G$4963,MATCH(NGG!$A195,generale!$A$16:$A$4963,0),COLUMN()))","v":4},{"$f":"IF(INDEX(generale!$A$16:$G$4963,MATCH(NGG!$A195,generale!$A$16:$A$4963,0),COLUMN())=0,0,INDEX(generale!$A$16:$G$4963,MATCH(NGG!$A195,generale!$A$16:$A$4963,0),COLUMN()))","v":12},{"$f":"generale!G205","v":"P"},10,58,0,11,31,4,21,3,18,54,16,8,2,19,1,10,62,30,1,3,null,null,null,null,null,null,null,null,null,null,null,null,null,null,null,null,1,1,1,1,1,15,null,18]
[{"$f":"IF(generale!$A206>0,generale!$A206,\"\")","v":"2005-07-12"},{"$f":"IF(INDEX(generale!$A$16:$G$4963,MATCH(NGG!$A196,generale!$A$16:$A$4963,0),COLUMN())=0,0,INDEX(generale!$A$16:$G$4963,MATCH(NGG!$A196,generale!$A$16:$A$4963,0),COLUMN()))","v":8},{"$f":"IF(INDEX(generale!$A$16:$G$4963,MATCH(NGG!$A196,generale!$A$16:$A$4963,0),COLUMN())=0,0,INDEX(generale!$A$16:$G$4963,MATCH(NGG!$A196,generale!$A$16:$A$4963,0),COLUMN()))","v":17},{"$f":"IF(INDEX(generale!$A$16:$G$4963,MATCH(NGG!$A196,generale!$A$16:$A$4963,0),COLUMN())=0,0,INDEX(generale!$A$16:$G$4963,MATCH(NGG!$A196,generale!$A$16:$A$4963,0),COLUMN()))","v":15},{"$f":"IF(INDEX(generale!$A$16:$G$4963,MATCH(NGG!$A196,generale!$A$16:$A$4963,0),COLUMN())=0,0,INDEX(generale!$A$16:$G$4963,MATCH(NGG!$A196,generale!$A$16:$A$4963,0),COLUMN()))","v":10},{"$f":"IF(INDEX(generale!$A$16:$G$4963,MATCH(NGG!$A196,generale!$A$16:$A$4963,0),COLUMN())=0,0,INDEX(generale!$A$16:$G$4963,MATCH(NGG!$A196,generale!$A$16:$A$4963,0),COLUMN()))","v":6},{"$f":"generale!G206","v":"O"},11,59,1,12,32,5,22,0,19,55,17,9,3,20,2,11,{"$f":"IF(COUNTIF($B196:$D196,0)<3,IF(LEN(SUBSTITUTE(SUBSTITUTE($B196,X$1,,1),,1))=0,0,X195+1-AS196),\"\")","v":62},30,1,3,null,null,null,null,null,null,null,null,null,null,null,null,null,null,null,null,null,1,1,1,1,{"$f":"IF(A196<>\"\",20-SUM(AC196:AV196),\"\")","v":16},null,18]
[{"$f":"IF(generale!$A207>0,generale!$A207,\"\")","v":"2005-07-13"},{"$f":"IF(INDEX(generale!$A$16:$G$4963,MATCH(NGG!$A197,generale!$A$16:$A$4963,0),COLUMN())=0,0,INDEX(generale!$A$16:$G$4963,MATCH(NGG!$A197,generale!$A$16:$A$4963,0),COLUMN()))","v":7},{"$f":"IF(INDEX(generale!$A$16:$G$4963,MATCH(NGG!$A197,generale!$A$16:$A$4963,0),COLUMN())=0,0,INDEX(generale!$A$16:$G$4963,MATCH(NGG!$A197,generale!$A$16:$A$4963,0),COLUMN()))","v":2},{"$f":"IF(INDEX(generale!$A$16:$G$4963,MATCH(NGG!$A197,generale!$A$16:$A$4963,0),COLUMN())=0,0,INDEX(generale!$A$16:$G$4963,MATCH(NGG!$A197,generale!$A$16:$A$4963,0),COLUMN()))","v":12},{"$f":"IF(INDEX(generale!$A$16:$G$4963,MATCH(NGG!$A197,generale!$A$16:$A$4963,0),COLUMN())=0,0,INDEX(generale!$A$16:$G$4963,MATCH(NGG!$A197,generale!$A$16:$A$4963,0),COLUMN()))","v":14},{"$f":"IF(INDEX(generale!$A$16:$G$4963,MATCH(NGG!$A197,generale!$A$16:$A$4963,0),COLUMN())=0,0,INDEX(generale!$A$16:$G$4963,MATCH(NGG!$A197,generale!$A$16:$A$4963,0),COLUMN()))","v":11},{"$f":"generale!G207","v":"T"},12,60,2,13,33,6,0,1,20,56,18,10,4,21,3,{"$f":"IF(COUNTIF($B197:$D197,0)<3,IF(LEN(SUBSTITUTE(SUBSTITUTE($B197,W$1,,1),,1))=0,0,W196+1-AR197),\"\")","v":11},62,30,1,3,null,null,null,null,null,null,null,null,null,null,null,null,null,null,null,null,1,1,1,1,1,15,null,16]
[{"$f":"IF(generale!$A208>0,generale!$A208,\"\")","v":"2005-07-14"},{"$f":"IF(INDEX(generale!$A$16:$G$4963,MATCH(NGG!$A198,generale!$A$16:$A$4963,0),COLUMN())=0,0,INDEX(generale!$A$16:$G$4963,MATCH(NGG!$A198,generale!$A$16:$A$4963,0),COLUMN()))","v":4},{"$f":"IF(INDEX(generale!$A$16:$G$4963,MATCH(NGG!$A198,generale!$A$16:$A$4963,0),COLUMN())=0,0,INDEX(generale!$A$16:$G$4963,MATCH(NGG!$A198,generale!$A$16:$A$4963,0),COLUMN()))","v":3},{"$f":"IF(INDEX(generale!$A$16:$G$4963,MATCH(NGG!$A198,generale!$A$16:$A$4963,0),COLUMN())=0,0,INDEX(generale!$A$16:$G$4963,MATCH(NGG!$A198,generale!$A$16:$A$4963,0),COLUMN()))","v":8},{"$f":"IF(INDEX(generale!$A$16:$G$4963,MATCH(NGG!$A198,generale!$A$16:$A$4963,0),COLUMN())=0,0,INDEX(generale!$A$16:$G$4963,MATCH(NGG!$A198,generale!$A$16:$A$4963,0),COLUMN()))","v":14},{"$f":"IF(INDEX(generale!$A$16:$G$4963,MATCH(NGG!$A198,generale!$A$16:$A$4963,0),COLUMN())=0,0,INDEX(generale!$A$16:$G$4963,MATCH(NGG!$A198,generale!$A$16:$A$4963,0),COLUMN()))","v":10},{"$f":"generale!G208","v":"P"},{"$f":"IF(COUNTIF($B198:$D198,0)<3,IF(LEN(SUBSTITUTE(SUBSTITUTE($B198,H$1,,1),,1))=0,0,H197+1-AC198),\"\")","v":13},61,3,0,34,7,1,2,21,57,19,11,5,22,4,12,62,30,1,3,null,null,null,null,null,null,null,null,null,null,null,null,null,null,null,null,null,1,1,1,1,16,"10",15]
[{"$f":"IF(generale!$A209>0,generale!$A209,\"\")","v":"2005-07-15"},{"$f":"IF(INDEX(generale!$A$16:$G$4963,MATCH(NGG!$A199,generale!$A$16:$A$4963,0),COLUMN())=0,0,INDEX(generale!$A$16:$G$4963,MATCH(NGG!$A199,generale!$A$16:$A$4963,0),COLUMN()))","v":1},{"$f":"IF(INDEX(generale!$A$16:$G$4963,MATCH(NGG!$A199,generale!$A$16:$A$4963,0),COLUMN())=0,0,INDEX(generale!$A$16:$G$4963,MATCH(NGG!$A199,generale!$A$16:$A$4963,0),COLUMN()))","v":8},{"$f":"IF(INDEX(generale!$A$16:$G$4963,MATCH(NGG!$A199,generale!$A$16:$A$4963,0),COLUMN())=0,0,INDEX(generale!$A$16:$G$4963,MATCH(NGG!$A199,generale!$A$16:$A$4963,0),COLUMN()))","v":10},{"$f":"IF(INDEX(generale!$A$16:$G$4963,MATCH(NGG!$A199,generale!$A$16:$A$4963,0),COLUMN())=0,0,INDEX(generale!$A$16:$G$4963,MATCH(NGG!$A199,generale!$A$16:$A$4963,0),COLUMN()))","v":5},{"$f":"IF(INDEX(generale!$A$16:$G$4963,MATCH(NGG!$A199,generale!$A$16:$A$4963,0),COLUMN())=0,0,INDEX(generale!$A$16:$G$4963,MATCH(NGG!$A199,generale!$A$16:$A$4963,0),COLUMN()))","v":3},{"$f":"generale!G209","v":"T"},0,62,4,1,35,8,2,3,22,58,20,12,6,23,5,13,63,31,2,3,null,null,null,null,null,null,null,null,null,null,null,null,null,null,null,null,null,null,null,null,1,19,null,15]
[{"$f":"IF(generale!$A210>0,generale!$A210,\"\")","v":"2005-07-16"},{"$f":"IF(INDEX(generale!$A$16:$G$4963,MATCH(NGG!$A200,generale!$A$16:$A$4963,0),COLUMN())=0,0,INDEX(generale!$A$16:$G$4963,MATCH(NGG!$A200,generale!$A$16:$A$4963,0),COLUMN()))","v":3},{"$f":"IF(INDEX(generale!$A$16:$G$4963,MATCH(NGG!$A200,generale!$A$16:$A$4963,0),COLUMN())=0,0,INDEX(generale!$A$16:$G$4963,MATCH(NGG!$A200,generale!$A$16:$A$4963,0),COLUMN()))","v":12},{"$f":"IF(INDEX(generale!$A$16:$G$4963,MATCH(NGG!$A200,generale!$A$16:$A$4963,0),COLUMN())=0,0,INDEX(generale!$A$16:$G$4963,MATCH(NGG!$A200,generale!$A$16:$A$4963,0),COLUMN()))","v":4},{"$f":"IF(INDEX(generale!$A$16:$G$4963,MATCH(NGG!$A200,generale!$A$16:$A$4963,0),COLUMN())=0,0,INDEX(generale!$A$16:$G$4963,MATCH(NGG!$A200,generale!$A$16:$A$4963,0),COLUMN()))","v":9},{"$f":"IF(INDEX(generale!$A$16:$G$4963,MATCH(NGG!$A200,generale!$A$16:$A$4963,0),COLUMN())=0,0,INDEX(generale!$A$16:$G$4963,MATCH(NGG!$A200,generale!$A$16:$A$4963,0),COLUMN()))","v":1},{"$f":"generale!G210","v":"P"},1,63,0,2,36,9,3,4,23,59,21,13,7,24,6,14,64,32,2,3,null,null,null,null,null,null,null,null,null,null,null,null,null,null,null,null,null,null,null,1,1,18,"8",17]
[{"$f":"IF(generale!$A211>0,generale!$A211,\"\")","v":"2005-07-17"},{"$f":"IF(INDEX(generale!$A$16:$G$4963,MATCH(NGG!$A201,generale!$A$16:$A$4963,0),COLUMN())=0,0,INDEX(generale!$A$16:$G$4963,MATCH(NGG!$A201,generale!$A$16:$A$4963,0),COLUMN()))","v":4},{"$f":"IF(INDEX(generale!$A$16:$G$4963,MATCH(NGG!$A201,generale!$A$16:$A$4963,0),COLUMN())=0,0,INDEX(generale!$A$16:$G$4963,MATCH(NGG!$A201,generale!$A$16:$A$4963,0),COLUMN()))","v":11},{"$f":"IF(INDEX(generale!$A$16:$G$4963,MATCH(NGG!$A201,generale!$A$16:$A$4963,0),COLUMN())=0,0,INDEX(generale!$A$16:$G$4963,MATCH(NGG!$A201,generale!$A$16:$A$4963,0),COLUMN()))","v":8},{"$f":"IF(INDEX(generale!$A$16:$G$4963,MATCH(NGG!$A201,generale!$A$16:$A$4963,0),COLUMN())=0,0,INDEX(generale!$A$16:$G$4963,MATCH(NGG!$A201,generale!$A$16:$A$4963,0),COLUMN()))","v":1},{"$f":"IF(INDEX(generale!$A$16:$G$4963,MATCH(NGG!$A201,generale!$A$16:$A$4963,0),COLUMN())=0,0,INDEX(generale!$A$16:$G$4963,MATCH(NGG!$A201,generale!$A$16:$A$4963,0),COLUMN()))","v":3},{"$f":"generale!G211","v":"T"},2,64,1,0,37,10,4,5,24,60,22,14,8,25,7,15,65,33,2,3,null,null,null,null,null,null,null,null,null,null,null,null,null,null,null,null,null,null,null,1,1,18,null,16]
[{"$f":"IF(generale!$A212>0,generale!$A212,\"\")","v":"2005-07-18"},{"$f":"IF(INDEX(generale!$A$16:$G$4963,MATCH(NGG!$A202,generale!$A$16:$A$4963,0),COLUMN())=0,0,INDEX(generale!$A$16:$G$4963,MATCH(NGG!$A202,generale!$A$16:$A$4963,0),COLUMN()))","v":15},{"$f":"IF(INDEX(generale!$A$16:$G$4963,MATCH(NGG!$A202,generale!$A$16:$A$4963,0),COLUMN())=0,0,INDEX(generale!$A$16:$G$4963,MATCH(NGG!$A202,generale!$A$16:$A$4963,0),COLUMN()))","v":9},{"$f":"IF(INDEX(generale!$A$16:$G$4963,MATCH(NGG!$A202,generale!$A$16:$A$4963,0),COLUMN())=0,0,INDEX(generale!$A$16:$G$4963,MATCH(NGG!$A202,generale!$A$16:$A$4963,0),COLUMN()))","v":17},{"$f":"IF(INDEX(generale!$A$16:$G$4963,MATCH(NGG!$A202,generale!$A$16:$A$4963,0),COLUMN())=0,0,INDEX(generale!$A$16:$G$4963,MATCH(NGG!$A202,generale!$A$16:$A$4963,0),COLUMN()))","v":7},{"$f":"IF(INDEX(generale!$A$16:$G$4963,MATCH(NGG!$A202,generale!$A$16:$A$4963,0),COLUMN())=0,0,INDEX(generale!$A$16:$G$4963,MATCH(NGG!$A202,generale!$A$16:$A$4963,0),COLUMN()))","v":12},{"$f":"generale!G212","v":"P"},3,65,2,1,38,11,5,6,25,61,23,15,9,26,0,15,65,33,2,3,null,null,null,null,null,null,null,null,null,null,null,null,null,null,null,1,1,1,1,1,1,14,"15",18]
[{"$f":"IF(generale!$A213>0,generale!$A213,\"\")","v":"2005-07-19"},{"$f":"IF(INDEX(generale!$A$16:$G$4963,MATCH(NGG!$A203,generale!$A$16:$A$4963,0),COLUMN())=0,0,INDEX(generale!$A$16:$G$4963,MATCH(NGG!$A203,generale!$A$16:$A$4963,0),COLUMN()))","v":13},{"$f":"IF(INDEX(generale!$A$16:$G$4963,MATCH(NGG!$A203,generale!$A$16:$A$4963,0),COLUMN())=0,0,INDEX(generale!$A$16:$G$4963,MATCH(NGG!$A203,generale!$A$16:$A$4963,0),COLUMN()))","v":1},{"$f":"IF(INDEX(generale!$A$16:$G$4963,MATCH(NGG!$A203,generale!$A$16:$A$4963,0),COLUMN())=0,0,INDEX(generale!$A$16:$G$4963,MATCH(NGG!$A203,generale!$A$16:$A$4963,0),COLUMN()))","v":9},{"$f":"IF(INDEX(generale!$A$16:$G$4963,MATCH(NGG!$A203,generale!$A$16:$A$4963,0),COLUMN())=0,0,INDEX(generale!$A$16:$G$4963,MATCH(NGG!$A203,generale!$A$16:$A$4963,0),COLUMN()))","v":16},{"$f":"IF(INDEX(generale!$A$16:$G$4963,MATCH(NGG!$A203,generale!$A$16:$A$4963,0),COLUMN())=0,0,INDEX(generale!$A$16:$G$4963,MATCH(NGG!$A203,generale!$A$16:$A$4963,0),COLUMN()))","v":11},{"$f":"generale!G213","v":"T"},4,66,3,2,39,12,6,7,26,62,24,16,0,27,1,16,65,33,2,3,null,null,null,null,null,null,null,null,null,null,null,null,null,null,null,null,null,1,1,1,1,16,null,16]
[{"$f":"IF(generale!$A214>0,generale!$A214,\"\")","v":"2005-07-20"},{"$f":"IF(INDEX(generale!$A$16:$G$4963,MATCH(NGG!$A204,generale!$A$16:$A$4963,0),COLUMN())=0,0,INDEX(generale!$A$16:$G$4963,MATCH(NGG!$A204,generale!$A$16:$A$4963,0),COLUMN()))","v":3},{"$f":"IF(INDEX(generale!$A$16:$G$4963,MATCH(NGG!$A204,generale!$A$16:$A$4963,0),COLUMN())=0,0,INDEX(generale!$A$16:$G$4963,MATCH(NGG!$A204,generale!$A$16:$A$4963,0),COLUMN()))","v":12},{"$f":"IF(INDEX(generale!$A$16:$G$4963,MATCH(NGG!$A204,generale!$A$16:$A$4963,0),COLUMN())=0,0,INDEX(generale!$A$16:$G$4963,MATCH(NGG!$A204,generale!$A$16:$A$4963,0),COLUMN()))","v":17},{"$f":"IF(INDEX(generale!$A$16:$G$4963,MATCH(NGG!$A204,generale!$A$16:$A$4963,0),COLUMN())=0,0,INDEX(generale!$A$16:$G$4963,MATCH(NGG!$A204,generale!$A$16:$A$4963,0),COLUMN()))","v":6},{"$f":"IF(INDEX(generale!$A$16:$G$4963,MATCH(NGG!$A204,generale!$A$16:$A$4963,0),COLUMN())=0,0,INDEX(generale!$A$16:$G$4963,MATCH(NGG!$A204,generale!$A$16:$A$4963,0),COLUMN()))","v":15},{"$f":"generale!G214","v":"T"},5,67,0,3,40,13,7,8,27,63,25,17,1,28,2,17,65,33,2,3,null,null,null,null,null,null,null,null,null,null,null,null,null,null,null,null,null,1,1,1,1,16,"4",17]
[{"$f":"IF(generale!$A215>0,generale!$A215,\"\")","v":"2005-07-21"},{"$f":"IF(INDEX(generale!$A$16:$G$4963,MATCH(NGG!$A205,generale!$A$16:$A$4963,0),COLUMN())=0,0,INDEX(generale!$A$16:$G$4963,MATCH(NGG!$A205,generale!$A$16:$A$4963,0),COLUMN()))","v":1},{"$f":"IF(INDEX(generale!$A$16:$G$4963,MATCH(NGG!$A205,generale!$A$16:$A$4963,0),COLUMN())=0,0,INDEX(generale!$A$16:$G$4963,MATCH(NGG!$A205,generale!$A$16:$A$4963,0),COLUMN()))","v":4},{"$f":"IF(INDEX(generale!$A$16:$G$4963,MATCH(NGG!$A205,generale!$A$16:$A$4963,0),COLUMN())=0,0,INDEX(generale!$A$16:$G$4963,MATCH(NGG!$A205,generale!$A$16:$A$4963,0),COLUMN()))","v":5},{"$f":"IF(INDEX(generale!$A$16:$G$4963,MATCH(NGG!$A205,generale!$A$16:$A$4963,0),COLUMN())=0,0,INDEX(generale!$A$16:$G$4963,MATCH(NGG!$A205,generale!$A$16:$A$4963,0),COLUMN()))","v":10},{"$f":"IF(INDEX(generale!$A$16:$G$4963,MATCH(NGG!$A205,generale!$A$16:$A$4963,0),COLUMN())=0,0,INDEX(generale!$A$16:$G$4963,MATCH(NGG!$A205,generale!$A$16:$A$4963,0),COLUMN()))","v":13},{"$f":"generale!G215","v":"P"},0,68,1,4,41,14,8,9,28,64,26,18,2,29,3,17,65,33,2,3,null,null,null,null,null,null,null,null,null,null,null,null,null,null,null,null,1,1,1,1,1,15,null,12]
[{"$f":"IF(generale!$A216>0,generale!$A216,\"\")","v":"2005-07-22"},{"$f":"IF(INDEX(generale!$A$16:$G$4963,MATCH(NGG!$A206,generale!$A$16:$A$4963,0),COLUMN())=0,0,INDEX(generale!$A$16:$G$4963,MATCH(NGG!$A206,generale!$A$16:$A$4963,0),COLUMN()))","v":10},{"$f":"IF(INDEX(generale!$A$16:$G$4963,MATCH(NGG!$A206,generale!$A$16:$A$4963,0),COLUMN())=0,0,INDEX(generale!$A$16:$G$4963,MATCH(NGG!$A206,generale!$A$16:$A$4963,0),COLUMN()))","v":1},{"$f":"IF(INDEX(generale!$A$16:$G$4963,MATCH(NGG!$A206,generale!$A$16:$A$4963,0),COLUMN())=0,0,INDEX(generale!$A$16:$G$4963,MATCH(NGG!$A206,generale!$A$16:$A$4963,0),COLUMN()))","v":16},{"$f":"IF(INDEX(generale!$A$16:$G$4963,MATCH(NGG!$A206,generale!$A$16:$A$4963,0),COLUMN())=0,0,INDEX(generale!$A$16:$G$4963,MATCH(NGG!$A206,generale!$A$16:$A$4963,0),COLUMN()))","v":15},{"$f":"IF(INDEX(generale!$A$16:$G$4963,MATCH(NGG!$A206,generale!$A$16:$A$4963,0),COLUMN())=0,0,INDEX(generale!$A$16:$G$4963,MATCH(NGG!$A206,generale!$A$16:$A$4963,0),COLUMN()))","v":5},{"$f":"generale!G216","v":"P"},1,69,2,5,42,15,9,10,29,0,27,19,3,30,4,17,65,33,2,3,null,null,null,null,null,null,null,null,null,null,null,null,null,null,null,null,1,1,1,1,1,15,"1",18]
[{"$f":"IF(generale!$A217>0,generale!$A217,\"\")","v":"2005-07-23"},{"$f":"IF(INDEX(generale!$A$16:$G$4963,MATCH(NGG!$A207,generale!$A$16:$A$4963,0),COLUMN())=0,0,INDEX(generale!$A$16:$G$4963,MATCH(NGG!$A207,generale!$A$16:$A$4963,0),COLUMN()))","v":5},{"$f":"IF(INDEX(generale!$A$16:$G$4963,MATCH(NGG!$A207,generale!$A$16:$A$4963,0),COLUMN())=0,0,INDEX(generale!$A$16:$G$4963,MATCH(NGG!$A207,generale!$A$16:$A$4963,0),COLUMN()))","v":10},{"$f":"IF(INDEX(generale!$A$16:$G$4963,MATCH(NGG!$A207,generale!$A$16:$A$4963,0),COLUMN())=0,0,INDEX(generale!$A$16:$G$4963,MATCH(NGG!$A207,generale!$A$16:$A$4963,0),COLUMN()))","v":2},{"$f":"IF(INDEX(generale!$A$16:$G$4963,MATCH(NGG!$A207,generale!$A$16:$A$4963,0),COLUMN())=0,0,INDEX(generale!$A$16:$G$4963,MATCH(NGG!$A207,generale!$A$16:$A$4963,0),COLUMN()))","v":8},{"$f":"IF(INDEX(generale!$A$16:$G$4963,MATCH(NGG!$A207,generale!$A$16:$A$4963,0),COLUMN())=0,0,INDEX(generale!$A$16:$G$4963,MATCH(NGG!$A207,generale!$A$16:$A$4963,0),COLUMN()))","v":7},{"$f":"generale!G217","v":"T"},2,70,3,6,0,16,10,11,30,1,28,20,4,31,5,18,66,34,2,3,null,null,null,null,null,null,null,null,null,null,null,null,null,null,null,null,null,null,null,1,1,18,null,14]
[{"$f":"IF(generale!$A218>0,generale!$A218,\"\")","v":"2005-07-24"},{"$f":"IF(INDEX(generale!$A$16:$G$4963,MATCH(NGG!$A208,generale!$A$16:$A$4963,0),COLUMN())=0,0,INDEX(generale!$A$16:$G$4963,MATCH(NGG!$A208,generale!$A$16:$A$4963,0),COLUMN()))","v":15},{"$f":"IF(INDEX(generale!$A$16:$G$4963,MATCH(NGG!$A208,generale!$A$16:$A$4963,0),COLUMN())=0,0,INDEX(generale!$A$16:$G$4963,MATCH(NGG!$A208,generale!$A$16:$A$4963,0),COLUMN()))","v":1},{"$f":"IF(INDEX(generale!$A$16:$G$4963,MATCH(NGG!$A208,generale!$A$16:$A$4963,0),COLUMN())=0,0,INDEX(generale!$A$16:$G$4963,MATCH(NGG!$A208,generale!$A$16:$A$4963,0),COLUMN()))","v":3},{"$f":"IF(INDEX(generale!$A$16:$G$4963,MATCH(NGG!$A208,generale!$A$16:$A$4963,0),COLUMN())=0,0,INDEX(generale!$A$16:$G$4963,MATCH(NGG!$A208,generale!$A$16:$A$4963,0),COLUMN()))","v":8},{"$f":"IF(INDEX(generale!$A$16:$G$4963,MATCH(NGG!$A208,generale!$A$16:$A$4963,0),COLUMN())=0,0,INDEX(generale!$A$16:$G$4963,MATCH(NGG!$A208,generale!$A$16:$A$4963,0),COLUMN()))","v":7},{"$f":"generale!G218","v":"P"},3,71,4,7,1,17,11,12,31,2,29,21,5,32,0,19,67,34,2,3,null,null,null,null,null,null,null,null,null,null,null,null,null,null,null,null,null,null,1,1,1,17,"13",18]
[{"$f":"IF(generale!$A219>0,generale!$A219,\"\")","v":"2005-07-25"},{"$f":"IF(INDEX(generale!$A$16:$G$4963,MATCH(NGG!$A209,generale!$A$16:$A$4963,0),COLUMN())=0,0,INDEX(generale!$A$16:$G$4963,MATCH(NGG!$A209,generale!$A$16:$A$4963,0),COLUMN()))","v":9},{"$f":"IF(INDEX(generale!$A$16:$G$4963,MATCH(NGG!$A209,generale!$A$16:$A$4963,0),COLUMN())=0,0,INDEX(generale!$A$16:$G$4963,MATCH(NGG!$A209,generale!$A$16:$A$4963,0),COLUMN()))","v":5},{"$f":"IF(INDEX(generale!$A$16:$G$4963,MATCH(NGG!$A209,generale!$A$16:$A$4963,0),COLUMN())=0,0,INDEX(generale!$A$16:$G$4963,MATCH(NGG!$A209,generale!$A$16:$A$4963,0),COLUMN()))","v":14},{"$f":"IF(INDEX(generale!$A$16:$G$4963,MATCH(NGG!$A209,generale!$A$16:$A$4963,0),COLUMN())=0,0,INDEX(generale!$A$16:$G$4963,MATCH(NGG!$A209,generale!$A$16:$A$4963,0),COLUMN()))","v":13},{"$f":"IF(INDEX(generale!$A$16:$G$4963,MATCH(NGG!$A209,generale!$A$16:$A$4963,0),COLUMN())=0,0,INDEX(generale!$A$16:$G$4963,MATCH(NGG!$A209,generale!$A$16:$A$4963,0),COLUMN()))","v":18},{"$f":"generale!G219","v":"P"},4,72,5,8,2,18,12,13,0,3,30,22,6,33,1,20,67,34,2,3,null,null,null,null,null,null,null,null,null,null,null,null,null,null,null,null,null,1,1,1,1,16,"5-6-11",17]
[{"$f":"IF(generale!$A220>0,generale!$A220,\"\")","v":"2005-07-26"},{"$f":"IF(INDEX(generale!$A$16:$G$4963,MATCH(NGG!$A210,generale!$A$16:$A$4963,0),COLUMN())=0,0,INDEX(generale!$A$16:$G$4963,MATCH(NGG!$A210,generale!$A$16:$A$4963,0),COLUMN()))","v":2},{"$f":"IF(INDEX(generale!$A$16:$G$4963,MATCH(NGG!$A210,generale!$A$16:$A$4963,0),COLUMN())=0,0,INDEX(generale!$A$16:$G$4963,MATCH(NGG!$A210,generale!$A$16:$A$4963,0),COLUMN()))","v":6},{"$f":"IF(INDEX(generale!$A$16:$G$4963,MATCH(NGG!$A210,generale!$A$16:$A$4963,0),COLUMN())=0,0,INDEX(generale!$A$16:$G$4963,MATCH(NGG!$A210,generale!$A$16:$A$4963,0),COLUMN()))","v":9},{"$f":"IF(INDEX(generale!$A$16:$G$4963,MATCH(NGG!$A210,generale!$A$16:$A$4963,0),COLUMN())=0,0,INDEX(generale!$A$16:$G$4963,MATCH(NGG!$A210,generale!$A$16:$A$4963,0),COLUMN()))","v":11},{"$f":"IF(INDEX(generale!$A$16:$G$4963,MATCH(NGG!$A210,generale!$A$16:$A$4963,0),COLUMN())=0,0,INDEX(generale!$A$16:$G$4963,MATCH(NGG!$A210,generale!$A$16:$A$4963,0),COLUMN()))","v":3},{"$f":"generale!G220","v":"T"},5,0,6,9,3,19,13,14,1,4,31,23,7,34,2,21,67,34,2,3,null,null,null,null,null,null,null,null,null,null,null,null,null,null,null,null,null,1,1,1,1,16,null,14]
[{"$f":"IF(generale!$A221>0,generale!$A221,\"\")","v":"2005-07-27"},{"$f":"IF(INDEX(generale!$A$16:$G$4963,MATCH(NGG!$A211,generale!$A$16:$A$4963,0),COLUMN())=0,0,INDEX(generale!$A$16:$G$4963,MATCH(NGG!$A211,generale!$A$16:$A$4963,0),COLUMN()))","v":6},{"$f":"IF(INDEX(generale!$A$16:$G$4963,MATCH(NGG!$A211,generale!$A$16:$A$4963,0),COLUMN())=0,0,INDEX(generale!$A$16:$G$4963,MATCH(NGG!$A211,generale!$A$16:$A$4963,0),COLUMN()))","v":11},{"$f":"IF(INDEX(generale!$A$16:$G$4963,MATCH(NGG!$A211,generale!$A$16:$A$4963,0),COLUMN())=0,0,INDEX(generale!$A$16:$G$4963,MATCH(NGG!$A211,generale!$A$16:$A$4963,0),COLUMN()))","v":16},{"$f":"IF(INDEX(generale!$A$16:$G$4963,MATCH(NGG!$A211,generale!$A$16:$A$4963,0),COLUMN())=0,0,INDEX(generale!$A$16:$G$4963,MATCH(NGG!$A211,generale!$A$16:$A$4963,0),COLUMN()))","v":9},{"$f":"IF(INDEX(generale!$A$16:$G$4963,MATCH(NGG!$A211,generale!$A$16:$A$4963,0),COLUMN())=0,0,INDEX(generale!$A$16:$G$4963,MATCH(NGG!$A211,generale!$A$16:$A$4963,0),COLUMN()))","v":10},{"$f":"generale!G221","v":"P"},6,1,7,10,4,0,14,15,2,5,32,24,8,35,3,21,67,34,2,3,null,null,null,null,null,null,null,null,null,null,null,null,null,null,null,null,1,1,1,1,1,15,null,16]
[{"$f":"IF(generale!$A222>0,generale!$A222,\"\")","v":"2005-07-28"},{"$f":"IF(INDEX(generale!$A$16:$G$4963,MATCH(NGG!$A212,generale!$A$16:$A$4963,0),COLUMN())=0,0,INDEX(generale!$A$16:$G$4963,MATCH(NGG!$A212,generale!$A$16:$A$4963,0),COLUMN()))","v":9},{"$f":"IF(INDEX(generale!$A$16:$G$4963,MATCH(NGG!$A212,generale!$A$16:$A$4963,0),COLUMN())=0,0,INDEX(generale!$A$16:$G$4963,MATCH(NGG!$A212,generale!$A$16:$A$4963,0),COLUMN()))","v":14},{"$f":"IF(INDEX(generale!$A$16:$G$4963,MATCH(NGG!$A212,generale!$A$16:$A$4963,0),COLUMN())=0,0,INDEX(generale!$A$16:$G$4963,MATCH(NGG!$A212,generale!$A$16:$A$4963,0),COLUMN()))","v":11},{"$f":"IF(INDEX(generale!$A$16:$G$4963,MATCH(NGG!$A212,generale!$A$16:$A$4963,0),COLUMN())=0,0,INDEX(generale!$A$16:$G$4963,MATCH(NGG!$A212,generale!$A$16:$A$4963,0),COLUMN()))","v":18},{"$f":"IF(INDEX(generale!$A$16:$G$4963,MATCH(NGG!$A212,generale!$A$16:$A$4963,0),COLUMN())=0,0,INDEX(generale!$A$16:$G$4963,MATCH(NGG!$A212,generale!$A$16:$A$4963,0),COLUMN()))","v":7},{"$f":"generale!G222","v":"T"},7,2,8,11,5,1,15,16,0,6,33,25,9,36,4,22,{"$f":"IF(COUNTIF($B212:$D212,0)<3,IF(LEN(SUBSTITUTE(SUBSTITUTE($B212,X$1,,1),,1))=0,0,X211+1-AS212),\"\")","v":67},{"$f":"IF(COUNTIF($B212:$D212,0)<3,IF(LEN(SUBSTITUTE(SUBSTITUTE($B212,Y$1,,1),,1))=0,0,Y211+1-AT212),\"\")","v":34},{"$f":"IF(COUNTIF($B212:$D212,0)<3,IF(LEN(SUBSTITUTE(SUBSTITUTE($B212,Z$1,,1),,1))=0,0,Z211+1-AU212),\"\")","v":2},{"$f":"IF(COUNTIF($B212:$D212,0)<3,IF(LEN(SUBSTITUTE(SUBSTITUTE($B212,AA$1,,1),,1))=0,0,AA211+1-AV212),\"\")","v":3},null,null,null,null,null,null,null,null,null,null,null,null,null,null,null,null,null,1,1,1,1,16,null,18]
[{"$f":"IF(generale!$A223>0,generale!$A223,\"\")","v":"2005-07-29"},{"$f":"IF(INDEX(generale!$A$16:$G$4963,MATCH(NGG!$A213,generale!$A$16:$A$4963,0),COLUMN())=0,0,INDEX(generale!$A$16:$G$4963,MATCH(NGG!$A213,generale!$A$16:$A$4963,0),COLUMN()))","v":6},{"$f":"IF(INDEX(generale!$A$16:$G$4963,MATCH(NGG!$A213,generale!$A$16:$A$4963,0),COLUMN())=0,0,INDEX(generale!$A$16:$G$4963,MATCH(NGG!$A213,generale!$A$16:$A$4963,0),COLUMN()))","v":8},{"$f":"IF(INDEX(generale!$A$16:$G$4963,MATCH(NGG!$A213,generale!$A$16:$A$4963,0),COLUMN())=0,0,INDEX(generale!$A$16:$G$4963,MATCH(NGG!$A213,generale!$A$16:$A$4963,0),COLUMN()))","v":18},{"$f":"IF(INDEX(generale!$A$16:$G$4963,MATCH(NGG!$A213,generale!$A$16:$A$4963,0),COLUMN())=0,0,INDEX(generale!$A$16:$G$4963,MATCH(NGG!$A213,generale!$A$16:$A$4963,0),COLUMN()))","v":3},{"$f":"IF(INDEX(generale!$A$16:$G$4963,MATCH(NGG!$A213,generale!$A$16:$A$4963,0),COLUMN())=0,0,INDEX(generale!$A$16:$G$4963,MATCH(NGG!$A213,generale!$A$16:$A$4963,0),COLUMN()))","v":11},{"$f":"generale!G223","v":"P"},8,3,9,12,6,0,16,17,1,7,34,26,10,37,5,22,{"$f":"IF(COUNTIF($B213:$D213,0)<3,IF(LEN(SUBSTITUTE(SUBSTITUTE($B213,X$1,,1),,1))=0,0,X212+1-AS213),\"\")","v":67},34,2,3,null,null,null,null,null,null,null,null,null,null,null,null,null,null,null,null,1,1,1,1,1,15,null,18]
[{"$f":"IF(generale!$A224>0,generale!$A224,\"\")","v":"2005-07-30"},{"$f":"IF(INDEX(generale!$A$16:$G$4963,MATCH(NGG!$A214,generale!$A$16:$A$4963,0),COLUMN())=0,0,INDEX(generale!$A$16:$G$4963,MATCH(NGG!$A214,generale!$A$16:$A$4963,0),COLUMN()))","v":7},{"$f":"IF(INDEX(generale!$A$16:$G$4963,MATCH(NGG!$A214,generale!$A$16:$A$4963,0),COLUMN())=0,0,INDEX(generale!$A$16:$G$4963,MATCH(NGG!$A214,generale!$A$16:$A$4963,0),COLUMN()))","v":18},{"$f":"IF(INDEX(generale!$A$16:$G$4963,MATCH(NGG!$A214,generale!$A$16:$A$4963,0),COLUMN())=0,0,INDEX(generale!$A$16:$G$4963,MATCH(NGG!$A214,generale!$A$16:$A$4963,0),COLUMN()))","v":17},{"$f":"IF(INDEX(generale!$A$16:$G$4963,MATCH(NGG!$A214,generale!$A$16:$A$4963,0),COLUMN())=0,0,INDEX(generale!$A$16:$G$4963,MATCH(NGG!$A214,generale!$A$16:$A$4963,0),COLUMN()))","v":6},{"$f":"IF(INDEX(generale!$A$16:$G$4963,MATCH(NGG!$A214,generale!$A$16:$A$4963,0),COLUMN())=0,0,INDEX(generale!$A$16:$G$4963,MATCH(NGG!$A214,generale!$A$16:$A$4963,0),COLUMN()))","v":10},{"$f":"generale!G224","v":"P"},{"$f":"IF(COUNTIF($B214:$D214,0)<3,IF(LEN(SUBSTITUTE(SUBSTITUTE($B214,H$1,,1),,1))=0,0,H213+1-AC214),\"\")","v":9},4,10,13,7,1,0,18,2,8,35,27,11,38,6,23,67,34,2,3,null,null,null,null,null,null,null,null,null,null,null,null,null,null,null,null,null,1,1,1,1,16,null,18]
[{"$f":"IF(generale!$A225>0,generale!$A225,\"\")","v":"2005-07-31"},{"$f":"IF(INDEX(generale!$A$16:$G$4963,MATCH(NGG!$A215,generale!$A$16:$A$4963,0),COLUMN())=0,0,INDEX(generale!$A$16:$G$4963,MATCH(NGG!$A215,generale!$A$16:$A$4963,0),COLUMN()))","v":14},{"$f":"IF(INDEX(generale!$A$16:$G$4963,MATCH(NGG!$A215,generale!$A$16:$A$4963,0),COLUMN())=0,0,INDEX(generale!$A$16:$G$4963,MATCH(NGG!$A215,generale!$A$16:$A$4963,0),COLUMN()))","v":1},{"$f":"IF(INDEX(generale!$A$16:$G$4963,MATCH(NGG!$A215,generale!$A$16:$A$4963,0),COLUMN())=0,0,INDEX(generale!$A$16:$G$4963,MATCH(NGG!$A215,generale!$A$16:$A$4963,0),COLUMN()))","v":12},{"$f":"IF(INDEX(generale!$A$16:$G$4963,MATCH(NGG!$A215,generale!$A$16:$A$4963,0),COLUMN())=0,0,INDEX(generale!$A$16:$G$4963,MATCH(NGG!$A215,generale!$A$16:$A$4963,0),COLUMN()))","v":13},{"$f":"IF(INDEX(generale!$A$16:$G$4963,MATCH(NGG!$A215,generale!$A$16:$A$4963,0),COLUMN())=0,0,INDEX(generale!$A$16:$G$4963,MATCH(NGG!$A215,generale!$A$16:$A$4963,0),COLUMN()))","v":15},{"$f":"generale!G225","v":"T"},10,5,11,14,8,2,1,19,3,9,36,28,12,0,6,23,67,34,2,3,null,null,null,null,null,null,null,null,null,null,null,null,null,null,1,1,1,1,1,1,1,13,null,16]
[{"$f":"IF(generale!$A226>0,generale!$A226,\"\")","v":"2005-08-01"},{"$f":"IF(INDEX(generale!$A$16:$G$4963,MATCH(NGG!$A216,generale!$A$16:$A$4963,0),COLUMN())=0,0,INDEX(generale!$A$16:$G$4963,MATCH(NGG!$A216,generale!$A$16:$A$4963,0),COLUMN()))","v":8},{"$f":"IF(INDEX(generale!$A$16:$G$4963,MATCH(NGG!$A216,generale!$A$16:$A$4963,0),COLUMN())=0,0,INDEX(generale!$A$16:$G$4963,MATCH(NGG!$A216,generale!$A$16:$A$4963,0),COLUMN()))","v":5},{"$f":"IF(INDEX(generale!$A$16:$G$4963,MATCH(NGG!$A216,generale!$A$16:$A$4963,0),COLUMN())=0,0,INDEX(generale!$A$16:$G$4963,MATCH(NGG!$A216,generale!$A$16:$A$4963,0),COLUMN()))","v":3},{"$f":"IF(INDEX(generale!$A$16:$G$4963,MATCH(NGG!$A216,generale!$A$16:$A$4963,0),COLUMN())=0,0,INDEX(generale!$A$16:$G$4963,MATCH(NGG!$A216,generale!$A$16:$A$4963,0),COLUMN()))","v":15},{"$f":"IF(INDEX(generale!$A$16:$G$4963,MATCH(NGG!$A216,generale!$A$16:$A$4963,0),COLUMN())=0,0,INDEX(generale!$A$16:$G$4963,MATCH(NGG!$A216,generale!$A$16:$A$4963,0),COLUMN()))","v":1},{"$f":"generale!G226","v":"P"},11,6,12,15,9,3,2,0,4,10,37,29,13,1,7,24,67,34,2,3,null,null,null,null,null,null,null,null,null,null,null,null,null,null,null,null,null,1,1,1,1,16,null,17]
[{"$f":"IF(generale!$A227>0,generale!$A227,\"\")","v":"2005-08-02"},{"$f":"IF(INDEX(generale!$A$16:$G$4963,MATCH(NGG!$A217,generale!$A$16:$A$4963,0),COLUMN())=0,0,INDEX(generale!$A$16:$G$4963,MATCH(NGG!$A217,generale!$A$16:$A$4963,0),COLUMN()))","v":12},{"$f":"IF(INDEX(generale!$A$16:$G$4963,MATCH(NGG!$A217,generale!$A$16:$A$4963,0),COLUMN())=0,0,INDEX(generale!$A$16:$G$4963,MATCH(NGG!$A217,generale!$A$16:$A$4963,0),COLUMN()))","v":3},{"$f":"IF(INDEX(generale!$A$16:$G$4963,MATCH(NGG!$A217,generale!$A$16:$A$4963,0),COLUMN())=0,0,INDEX(generale!$A$16:$G$4963,MATCH(NGG!$A217,generale!$A$16:$A$4963,0),COLUMN()))","v":10},{"$f":"IF(INDEX(generale!$A$16:$G$4963,MATCH(NGG!$A217,generale!$A$16:$A$4963,0),COLUMN())=0,0,INDEX(generale!$A$16:$G$4963,MATCH(NGG!$A217,generale!$A$16:$A$4963,0),COLUMN()))","v":9},{"$f":"IF(INDEX(generale!$A$16:$G$4963,MATCH(NGG!$A217,generale!$A$16:$A$4963,0),COLUMN())=0,0,INDEX(generale!$A$16:$G$4963,MATCH(NGG!$A217,generale!$A$16:$A$4963,0),COLUMN()))","v":7},{"$f":"generale!G227","v":"P"},12,7,13,16,10,4,3,1,5,11,38,0,14,2,8,25,67,34,2,3,null,null,null,null,null,null,null,null,null,null,null,null,null,null,null,null,null,1,1,1,1,16,null,17]
[{"$f":"IF(generale!$A228>0,generale!$A228,\"\")","v":"2005-08-03"},{"$f":"IF(INDEX(generale!$A$16:$G$4963,MATCH(NGG!$A218,generale!$A$16:$A$4963,0),COLUMN())=0,0,INDEX(generale!$A$16:$G$4963,MATCH(NGG!$A218,generale!$A$16:$A$4963,0),COLUMN()))","v":9},{"$f":"IF(INDEX(generale!$A$16:$G$4963,MATCH(NGG!$A218,generale!$A$16:$A$4963,0),COLUMN())=0,0,INDEX(generale!$A$16:$G$4963,MATCH(NGG!$A218,generale!$A$16:$A$4963,0),COLUMN()))","v":8},{"$f":"IF(INDEX(generale!$A$16:$G$4963,MATCH(NGG!$A218,generale!$A$16:$A$4963,0),COLUMN())=0,0,INDEX(generale!$A$16:$G$4963,MATCH(NGG!$A218,generale!$A$16:$A$4963,0),COLUMN()))","v":15},{"$f":"IF(INDEX(generale!$A$16:$G$4963,MATCH(NGG!$A218,generale!$A$16:$A$4963,0),COLUMN())=0,0,INDEX(generale!$A$16:$G$4963,MATCH(NGG!$A218,generale!$A$16:$A$4963,0),COLUMN()))","v":6},{"$f":"IF(INDEX(generale!$A$16:$G$4963,MATCH(NGG!$A218,generale!$A$16:$A$4963,0),COLUMN())=0,0,INDEX(generale!$A$16:$G$4963,MATCH(NGG!$A218,generale!$A$16:$A$4963,0),COLUMN()))","v":4},{"$f":"generale!G228","v":"T"},13,8,14,17,11,5,4,2,0,12,39,1,15,3,9,26,68,35,2,3,null,null,null,null,null,null,null,null,null,null,null,null,null,null,null,null,null,null,null,1,1,18,"2",17]
[{"$f":"IF(generale!$A229>0,generale!$A229,\"\")","v":"2005-08-04"},{"$f":"IF(INDEX(generale!$A$16:$G$4963,MATCH(NGG!$A219,generale!$A$16:$A$4963,0),COLUMN())=0,0,INDEX(generale!$A$16:$G$4963,MATCH(NGG!$A219,generale!$A$16:$A$4963,0),COLUMN()))","v":8},{"$f":"IF(INDEX(generale!$A$16:$G$4963,MATCH(NGG!$A219,generale!$A$16:$A$4963,0),COLUMN())=0,0,INDEX(generale!$A$16:$G$4963,MATCH(NGG!$A219,generale!$A$16:$A$4963,0),COLUMN()))","v":10},{"$f":"IF(INDEX(generale!$A$16:$G$4963,MATCH(NGG!$A219,generale!$A$16:$A$4963,0),COLUMN())=0,0,INDEX(generale!$A$16:$G$4963,MATCH(NGG!$A219,generale!$A$16:$A$4963,0),COLUMN()))","v":6},{"$f":"IF(INDEX(generale!$A$16:$G$4963,MATCH(NGG!$A219,generale!$A$16:$A$4963,0),COLUMN())=0,0,INDEX(generale!$A$16:$G$4963,MATCH(NGG!$A219,generale!$A$16:$A$4963,0),COLUMN()))","v":13},{"$f":"IF(INDEX(generale!$A$16:$G$4963,MATCH(NGG!$A219,generale!$A$16:$A$4963,0),COLUMN())=0,0,INDEX(generale!$A$16:$G$4963,MATCH(NGG!$A219,generale!$A$16:$A$4963,0),COLUMN()))","v":2},{"$f":"generale!G229","v":"T"},14,9,15,18,12,6,5,0,1,13,40,2,16,4,9,26,68,35,2,3,null,null,null,null,null,null,null,null,null,null,null,null,null,null,null,1,1,1,1,1,1,14,null,14]
[{"$f":"IF(generale!$A230>0,generale!$A230,\"\")","v":"2005-08-05"},{"$f":"IF(INDEX(generale!$A$16:$G$4963,MATCH(NGG!$A220,generale!$A$16:$A$4963,0),COLUMN())=0,0,INDEX(generale!$A$16:$G$4963,MATCH(NGG!$A220,generale!$A$16:$A$4963,0),COLUMN()))","v":12},{"$f":"IF(INDEX(generale!$A$16:$G$4963,MATCH(NGG!$A220,generale!$A$16:$A$4963,0),COLUMN())=0,0,INDEX(generale!$A$16:$G$4963,MATCH(NGG!$A220,generale!$A$16:$A$4963,0),COLUMN()))","v":7},{"$f":"IF(INDEX(generale!$A$16:$G$4963,MATCH(NGG!$A220,generale!$A$16:$A$4963,0),COLUMN())=0,0,INDEX(generale!$A$16:$G$4963,MATCH(NGG!$A220,generale!$A$16:$A$4963,0),COLUMN()))","v":9},{"$f":"IF(INDEX(generale!$A$16:$G$4963,MATCH(NGG!$A220,generale!$A$16:$A$4963,0),COLUMN())=0,0,INDEX(generale!$A$16:$G$4963,MATCH(NGG!$A220,generale!$A$16:$A$4963,0),COLUMN()))","v":2},{"$f":"IF(INDEX(generale!$A$16:$G$4963,MATCH(NGG!$A220,generale!$A$16:$A$4963,0),COLUMN())=0,0,INDEX(generale!$A$16:$G$4963,MATCH(NGG!$A220,generale!$A$16:$A$4963,0),COLUMN()))","v":11},{"$f":"generale!G230","v":"T"},15,10,16,19,13,7,6,1,2,14,41,0,17,5,10,27,68,35,2,3,null,null,null,null,null,null,null,null,null,null,null,null,null,null,null,null,null,1,1,1,1,16,null,16]
[{"$f":"IF(generale!$A231>0,generale!$A231,\"\")","v":"2005-08-06"},{"$f":"IF(INDEX(generale!$A$16:$G$4963,MATCH(NGG!$A221,generale!$A$16:$A$4963,0),COLUMN())=0,0,INDEX(generale!$A$16:$G$4963,MATCH(NGG!$A221,generale!$A$16:$A$4963,0),COLUMN()))","v":15},{"$f":"IF(INDEX(generale!$A$16:$G$4963,MATCH(NGG!$A221,generale!$A$16:$A$4963,0),COLUMN())=0,0,INDEX(generale!$A$16:$G$4963,MATCH(NGG!$A221,generale!$A$16:$A$4963,0),COLUMN()))","v":2},{"$f":"IF(INDEX(generale!$A$16:$G$4963,MATCH(NGG!$A221,generale!$A$16:$A$4963,0),COLUMN())=0,0,INDEX(generale!$A$16:$G$4963,MATCH(NGG!$A221,generale!$A$16:$A$4963,0),COLUMN()))","v":3},{"$f":"IF(INDEX(generale!$A$16:$G$4963,MATCH(NGG!$A221,generale!$A$16:$A$4963,0),COLUMN())=0,0,INDEX(generale!$A$16:$G$4963,MATCH(NGG!$A221,generale!$A$16:$A$4963,0),COLUMN()))","v":11},{"$f":"IF(INDEX(generale!$A$16:$G$4963,MATCH(NGG!$A221,generale!$A$16:$A$4963,0),COLUMN())=0,0,INDEX(generale!$A$16:$G$4963,MATCH(NGG!$A221,generale!$A$16:$A$4963,0),COLUMN()))","v":10},{"$f":"generale!G231","v":"P"},16,11,17,20,14,8,7,2,3,15,42,1,18,6,0,28,68,35,2,3,null,null,null,null,null,null,null,null,null,null,null,null,null,null,null,null,null,1,1,1,1,16,null,18]
[{"$f":"IF(generale!$A232>0,generale!$A232,\"\")","v":"2005-08-07"},{"$f":"IF(INDEX(generale!$A$16:$G$4963,MATCH(NGG!$A222,generale!$A$16:$A$4963,0),COLUMN())=0,0,INDEX(generale!$A$16:$G$4963,MATCH(NGG!$A222,generale!$A$16:$A$4963,0),COLUMN()))","v":2},{"$f":"IF(INDEX(generale!$A$16:$G$4963,MATCH(NGG!$A222,generale!$A$16:$A$4963,0),COLUMN())=0,0,INDEX(generale!$A$16:$G$4963,MATCH(NGG!$A222,generale!$A$16:$A$4963,0),COLUMN()))","v":13},{"$f":"IF(INDEX(generale!$A$16:$G$4963,MATCH(NGG!$A222,generale!$A$16:$A$4963,0),COLUMN())=0,0,INDEX(generale!$A$16:$G$4963,MATCH(NGG!$A222,generale!$A$16:$A$4963,0),COLUMN()))","v":3},{"$f":"IF(INDEX(generale!$A$16:$G$4963,MATCH(NGG!$A222,generale!$A$16:$A$4963,0),COLUMN())=0,0,INDEX(generale!$A$16:$G$4963,MATCH(NGG!$A222,generale!$A$16:$A$4963,0),COLUMN()))","v":1},{"$f":"IF(INDEX(generale!$A$16:$G$4963,MATCH(NGG!$A222,generale!$A$16:$A$4963,0),COLUMN())=0,0,INDEX(generale!$A$16:$G$4963,MATCH(NGG!$A222,generale!$A$16:$A$4963,0),COLUMN()))","v":9},{"$f":"generale!G232","v":"P"},17,0,18,21,15,9,8,3,4,16,43,2,19,7,1,29,68,35,2,3,null,null,null,null,null,null,null,null,null,null,null,null,null,null,null,null,null,1,1,1,1,16,null,15]
[{"$f":"IF(generale!$A233>0,generale!$A233,\"\")","v":"2005-08-08"},{"$f":"IF(INDEX(generale!$A$16:$G$4963,MATCH(NGG!$A223,generale!$A$16:$A$4963,0),COLUMN())=0,0,INDEX(generale!$A$16:$G$4963,MATCH(NGG!$A223,generale!$A$16:$A$4963,0),COLUMN()))","v":3},{"$f":"IF(INDEX(generale!$A$16:$G$4963,MATCH(NGG!$A223,generale!$A$16:$A$4963,0),COLUMN())=0,0,INDEX(generale!$A$16:$G$4963,MATCH(NGG!$A223,generale!$A$16:$A$4963,0),COLUMN()))","v":11},{"$f":"IF(INDEX(generale!$A$16:$G$4963,MATCH(NGG!$A223,generale!$A$16:$A$4963,0),COLUMN())=0,0,INDEX(generale!$A$16:$G$4963,MATCH(NGG!$A223,generale!$A$16:$A$4963,0),COLUMN()))","v":13},{"$f":"IF(INDEX(generale!$A$16:$G$4963,MATCH(NGG!$A223,generale!$A$16:$A$4963,0),COLUMN())=0,0,INDEX(generale!$A$16:$G$4963,MATCH(NGG!$A223,generale!$A$16:$A$4963,0),COLUMN()))","v":17},{"$f":"IF(INDEX(generale!$A$16:$G$4963,MATCH(NGG!$A223,generale!$A$16:$A$4963,0),COLUMN())=0,0,INDEX(generale!$A$16:$G$4963,MATCH(NGG!$A223,generale!$A$16:$A$4963,0),COLUMN()))","v":15},{"$f":"generale!G233","v":"P"},18,1,0,22,16,10,9,4,5,17,44,3,20,8,2,29,68,35,2,3,null,null,null,null,null,null,null,null,null,null,null,null,null,null,null,null,1,1,1,1,1,15,null,17]
[{"$f":"IF(generale!$A234>0,generale!$A234,\"\")","v":"2005-08-09"},{"$f":"IF(INDEX(generale!$A$16:$G$4963,MATCH(NGG!$A224,generale!$A$16:$A$4963,0),COLUMN())=0,0,INDEX(generale!$A$16:$G$4963,MATCH(NGG!$A224,generale!$A$16:$A$4963,0),COLUMN()))","v":3},{"$f":"IF(INDEX(generale!$A$16:$G$4963,MATCH(NGG!$A224,generale!$A$16:$A$4963,0),COLUMN())=0,0,INDEX(generale!$A$16:$G$4963,MATCH(NGG!$A224,generale!$A$16:$A$4963,0),COLUMN()))","v":8},{"$f":"IF(INDEX(generale!$A$16:$G$4963,MATCH(NGG!$A224,generale!$A$16:$A$4963,0),COLUMN())=0,0,INDEX(generale!$A$16:$G$4963,MATCH(NGG!$A224,generale!$A$16:$A$4963,0),COLUMN()))","v":14},{"$f":"IF(INDEX(generale!$A$16:$G$4963,MATCH(NGG!$A224,generale!$A$16:$A$4963,0),COLUMN())=0,0,INDEX(generale!$A$16:$G$4963,MATCH(NGG!$A224,generale!$A$16:$A$4963,0),COLUMN()))","v":6},{"$f":"IF(INDEX(generale!$A$16:$G$4963,MATCH(NGG!$A224,generale!$A$16:$A$4963,0),COLUMN())=0,0,INDEX(generale!$A$16:$G$4963,MATCH(NGG!$A224,generale!$A$16:$A$4963,0),COLUMN()))","v":5},{"$f":"generale!G234","v":"T"},19,2,0,23,17,11,10,5,6,18,45,4,21,9,3,30,68,35,2,3,null,null,null,null,null,null,null,null,null,null,null,null,null,null,null,null,null,1,1,1,1,16,null,16]
[{"$f":"IF(generale!$A235>0,generale!$A235,\"\")","v":"2005-08-10"},{"$f":"IF(INDEX(generale!$A$16:$G$4963,MATCH(NGG!$A225,generale!$A$16:$A$4963,0),COLUMN())=0,0,INDEX(generale!$A$16:$G$4963,MATCH(NGG!$A225,generale!$A$16:$A$4963,0),COLUMN()))","v":2},{"$f":"IF(INDEX(generale!$A$16:$G$4963,MATCH(NGG!$A225,generale!$A$16:$A$4963,0),COLUMN())=0,0,INDEX(generale!$A$16:$G$4963,MATCH(NGG!$A225,generale!$A$16:$A$4963,0),COLUMN()))","v":16},{"$f":"IF(INDEX(generale!$A$16:$G$4963,MATCH(NGG!$A225,generale!$A$16:$A$4963,0),COLUMN())=0,0,INDEX(generale!$A$16:$G$4963,MATCH(NGG!$A225,generale!$A$16:$A$4963,0),COLUMN()))","v":13},{"$f":"IF(INDEX(generale!$A$16:$G$4963,MATCH(NGG!$A225,generale!$A$16:$A$4963,0),COLUMN())=0,0,INDEX(generale!$A$16:$G$4963,MATCH(NGG!$A225,generale!$A$16:$A$4963,0),COLUMN()))","v":7},{"$f":"IF(INDEX(generale!$A$16:$G$4963,MATCH(NGG!$A225,generale!$A$16:$A$4963,0),COLUMN())=0,0,INDEX(generale!$A$16:$G$4963,MATCH(NGG!$A225,generale!$A$16:$A$4963,0),COLUMN()))","v":4},{"$f":"generale!G235","v":"P"},20,0,1,24,18,12,11,6,7,19,46,5,22,10,4,31,69,36,2,3,null,null,null,null,null,null,null,null,null,null,null,null,null,null,null,null,null,null,null,1,1,18,"18",18]
[{"$f":"IF(generale!$A236>0,generale!$A236,\"\")","v":"2005-08-11"},{"$f":"IF(INDEX(generale!$A$16:$G$4963,MATCH(NGG!$A226,generale!$A$16:$A$4963,0),COLUMN())=0,0,INDEX(generale!$A$16:$G$4963,MATCH(NGG!$A226,generale!$A$16:$A$4963,0),COLUMN()))","v":16},{"$f":"IF(INDEX(generale!$A$16:$G$4963,MATCH(NGG!$A226,generale!$A$16:$A$4963,0),COLUMN())=0,0,INDEX(generale!$A$16:$G$4963,MATCH(NGG!$A226,generale!$A$16:$A$4963,0),COLUMN()))","v":7},{"$f":"IF(INDEX(generale!$A$16:$G$4963,MATCH(NGG!$A226,generale!$A$16:$A$4963,0),COLUMN())=0,0,INDEX(generale!$A$16:$G$4963,MATCH(NGG!$A226,generale!$A$16:$A$4963,0),COLUMN()))","v":4},{"$f":"IF(INDEX(generale!$A$16:$G$4963,MATCH(NGG!$A226,generale!$A$16:$A$4963,0),COLUMN())=0,0,INDEX(generale!$A$16:$G$4963,MATCH(NGG!$A226,generale!$A$16:$A$4963,0),COLUMN()))","v":2},{"$f":"IF(INDEX(generale!$A$16:$G$4963,MATCH(NGG!$A226,generale!$A$16:$A$4963,0),COLUMN())=0,0,INDEX(generale!$A$16:$G$4963,MATCH(NGG!$A226,generale!$A$16:$A$4963,0),COLUMN()))","v":6},{"$f":"generale!G236","v":"T"},21,1,2,25,19,13,12,7,8,20,47,6,23,11,5,0,70,36,2,3,null,null,null,null,null,null,null,null,null,null,null,null,null,null,null,null,null,null,1,1,1,17,"3",16]
[{"$f":"IF(generale!$A237>0,generale!$A237,\"\")","v":"2005-08-12"},{"$f":"IF(INDEX(generale!$A$16:$G$4963,MATCH(NGG!$A227,generale!$A$16:$A$4963,0),COLUMN())=0,0,INDEX(generale!$A$16:$G$4963,MATCH(NGG!$A227,generale!$A$16:$A$4963,0),COLUMN()))","v":6},{"$f":"IF(INDEX(generale!$A$16:$G$4963,MATCH(NGG!$A227,generale!$A$16:$A$4963,0),COLUMN())=0,0,INDEX(generale!$A$16:$G$4963,MATCH(NGG!$A227,generale!$A$16:$A$4963,0),COLUMN()))","v":3},{"$f":"IF(INDEX(generale!$A$16:$G$4963,MATCH(NGG!$A227,generale!$A$16:$A$4963,0),COLUMN())=0,0,INDEX(generale!$A$16:$G$4963,MATCH(NGG!$A227,generale!$A$16:$A$4963,0),COLUMN()))","v":15},{"$f":"IF(INDEX(generale!$A$16:$G$4963,MATCH(NGG!$A227,generale!$A$16:$A$4963,0),COLUMN())=0,0,INDEX(generale!$A$16:$G$4963,MATCH(NGG!$A227,generale!$A$16:$A$4963,0),COLUMN()))","v":7},{"$f":"IF(INDEX(generale!$A$16:$G$4963,MATCH(NGG!$A227,generale!$A$16:$A$4963,0),COLUMN())=0,0,INDEX(generale!$A$16:$G$4963,MATCH(NGG!$A227,generale!$A$16:$A$4963,0),COLUMN()))","v":17},{"$f":"generale!G237","v":"O"},22,2,3,26,20,0,13,8,9,21,48,7,24,12,6,1,71,36,2,3,null,null,null,null,null,null,null,null,null,null,null,null,null,null,null,null,null,null,1,1,1,17,null,18]
[{"$f":"IF(generale!$A238>0,generale!$A238,\"\")","v":"2005-08-13"},{"$f":"IF(INDEX(generale!$A$16:$G$4963,MATCH(NGG!$A228,generale!$A$16:$A$4963,0),COLUMN())=0,0,INDEX(generale!$A$16:$G$4963,MATCH(NGG!$A228,generale!$A$16:$A$4963,0),COLUMN()))","v":11},{"$f":"IF(INDEX(generale!$A$16:$G$4963,MATCH(NGG!$A228,generale!$A$16:$A$4963,0),COLUMN())=0,0,INDEX(generale!$A$16:$G$4963,MATCH(NGG!$A228,generale!$A$16:$A$4963,0),COLUMN()))","v":9},{"$f":"IF(INDEX(generale!$A$16:$G$4963,MATCH(NGG!$A228,generale!$A$16:$A$4963,0),COLUMN())=0,0,INDEX(generale!$A$16:$G$4963,MATCH(NGG!$A228,generale!$A$16:$A$4963,0),COLUMN()))","v":10},{"$f":"IF(INDEX(generale!$A$16:$G$4963,MATCH(NGG!$A228,generale!$A$16:$A$4963,0),COLUMN())=0,0,INDEX(generale!$A$16:$G$4963,MATCH(NGG!$A228,generale!$A$16:$A$4963,0),COLUMN()))","v":1},{"$f":"IF(INDEX(generale!$A$16:$G$4963,MATCH(NGG!$A228,generale!$A$16:$A$4963,0),COLUMN())=0,0,INDEX(generale!$A$16:$G$4963,MATCH(NGG!$A228,generale!$A$16:$A$4963,0),COLUMN()))","v":6},{"$f":"generale!G238","v":"P"},23,3,4,27,21,1,14,9,10,22,0,8,25,13,7,2,71,36,2,3,null,null,null,null,null,null,null,null,null,null,null,null,null,null,null,null,null,1,1,1,1,16,null,18]
[{"$f":"IF(generale!$A239>0,generale!$A239,\"\")","v":"2005-08-14"},{"$f":"IF(INDEX(generale!$A$16:$G$4963,MATCH(NGG!$A229,generale!$A$16:$A$4963,0),COLUMN())=0,0,INDEX(generale!$A$16:$G$4963,MATCH(NGG!$A229,generale!$A$16:$A$4963,0),COLUMN()))","v":7},{"$f":"IF(INDEX(generale!$A$16:$G$4963,MATCH(NGG!$A229,generale!$A$16:$A$4963,0),COLUMN())=0,0,INDEX(generale!$A$16:$G$4963,MATCH(NGG!$A229,generale!$A$16:$A$4963,0),COLUMN()))","v":10},{"$f":"IF(INDEX(generale!$A$16:$G$4963,MATCH(NGG!$A229,generale!$A$16:$A$4963,0),COLUMN())=0,0,INDEX(generale!$A$16:$G$4963,MATCH(NGG!$A229,generale!$A$16:$A$4963,0),COLUMN()))","v":16},{"$f":"IF(INDEX(generale!$A$16:$G$4963,MATCH(NGG!$A229,generale!$A$16:$A$4963,0),COLUMN())=0,0,INDEX(generale!$A$16:$G$4963,MATCH(NGG!$A229,generale!$A$16:$A$4963,0),COLUMN()))","v":3},{"$f":"IF(INDEX(generale!$A$16:$G$4963,MATCH(NGG!$A229,generale!$A$16:$A$4963,0),COLUMN())=0,0,INDEX(generale!$A$16:$G$4963,MATCH(NGG!$A229,generale!$A$16:$A$4963,0),COLUMN()))","v":8},{"$f":"generale!G239","v":"P"},24,4,5,28,22,2,0,10,11,23,1,9,26,14,8,{"$f":"IF(COUNTIF($B229:$D229,0)<3,IF(LEN(SUBSTITUTE(SUBSTITUTE($B229,W$1,,1),,1))=0,0,W228+1-AR229),\"\")","v":3},71,36,2,3,null,null,null,null,null,null,null,null,null,null,null,null,null,null,null,null,null,1,1,1,1,16,null,18]
[{"$f":"IF(generale!$A240>0,generale!$A240,\"\")","v":"2005-08-15"},{"$f":"IF(INDEX(generale!$A$16:$G$4963,MATCH(NGG!$A230,generale!$A$16:$A$4963,0),COLUMN())=0,0,INDEX(generale!$A$16:$G$4963,MATCH(NGG!$A230,generale!$A$16:$A$4963,0),COLUMN()))","v":8},{"$f":"IF(INDEX(generale!$A$16:$G$4963,MATCH(NGG!$A230,generale!$A$16:$A$4963,0),COLUMN())=0,0,INDEX(generale!$A$16:$G$4963,MATCH(NGG!$A230,generale!$A$16:$A$4963,0),COLUMN()))","v":12},{"$f":"IF(INDEX(generale!$A$16:$G$4963,MATCH(NGG!$A230,generale!$A$16:$A$4963,0),COLUMN())=0,0,INDEX(generale!$A$16:$G$4963,MATCH(NGG!$A230,generale!$A$16:$A$4963,0),COLUMN()))","v":14},{"$f":"IF(INDEX(generale!$A$16:$G$4963,MATCH(NGG!$A230,generale!$A$16:$A$4963,0),COLUMN())=0,0,INDEX(generale!$A$16:$G$4963,MATCH(NGG!$A230,generale!$A$16:$A$4963,0),COLUMN()))","v":5},{"$f":"IF(INDEX(generale!$A$16:$G$4963,MATCH(NGG!$A230,generale!$A$16:$A$4963,0),COLUMN())=0,0,INDEX(generale!$A$16:$G$4963,MATCH(NGG!$A230,generale!$A$16:$A$4963,0),COLUMN()))","v":10},{"$f":"generale!G240","v":"P"},{"$f":"IF(COUNTIF($B230:$D230,0)<3,IF(LEN(SUBSTITUTE(SUBSTITUTE($B230,H$1,,1),,1))=0,0,H229+1-AC230),\"\")","v":25},5,6,29,23,3,1,0,12,24,2,10,27,15,9,4,71,36,2,3,null,null,null,null,null,null,null,null,null,null,null,null,null,null,null,null,null,1,1,1,1,16,null,17]
[{"$f":"IF(generale!$A241>0,generale!$A241,\"\")","v":"2005-08-16"},{"$f":"IF(INDEX(generale!$A$16:$G$4963,MATCH(NGG!$A231,generale!$A$16:$A$4963,0),COLUMN())=0,0,INDEX(generale!$A$16:$G$4963,MATCH(NGG!$A231,generale!$A$16:$A$4963,0),COLUMN()))","v":5},{"$f":"IF(INDEX(generale!$A$16:$G$4963,MATCH(NGG!$A231,generale!$A$16:$A$4963,0),COLUMN())=0,0,INDEX(generale!$A$16:$G$4963,MATCH(NGG!$A231,generale!$A$16:$A$4963,0),COLUMN()))","v":6},{"$f":"IF(INDEX(generale!$A$16:$G$4963,MATCH(NGG!$A231,generale!$A$16:$A$4963,0),COLUMN())=0,0,INDEX(generale!$A$16:$G$4963,MATCH(NGG!$A231,generale!$A$16:$A$4963,0),COLUMN()))","v":8},{"$f":"IF(INDEX(generale!$A$16:$G$4963,MATCH(NGG!$A231,generale!$A$16:$A$4963,0),COLUMN())=0,0,INDEX(generale!$A$16:$G$4963,MATCH(NGG!$A231,generale!$A$16:$A$4963,0),COLUMN()))","v":7},{"$f":"IF(INDEX(generale!$A$16:$G$4963,MATCH(NGG!$A231,generale!$A$16:$A$4963,0),COLUMN())=0,0,INDEX(generale!$A$16:$G$4963,MATCH(NGG!$A231,generale!$A$16:$A$4963,0),COLUMN()))","v":14},{"$f":"generale!G241","v":"T"},26,6,7,30,0,4,2,1,13,25,3,11,28,16,10,5,71,36,2,3,null,null,null,null,null,null,null,null,null,null,null,null,null,null,null,null,null,1,1,1,1,16,null,15]
[{"$f":"IF(generale!$A242>0,generale!$A242,\"\")","v":"2005-08-17"},{"$f":"IF(INDEX(generale!$A$16:$G$4963,MATCH(NGG!$A232,generale!$A$16:$A$4963,0),COLUMN())=0,0,INDEX(generale!$A$16:$G$4963,MATCH(NGG!$A232,generale!$A$16:$A$4963,0),COLUMN()))","v":17},{"$f":"IF(INDEX(generale!$A$16:$G$4963,MATCH(NGG!$A232,generale!$A$16:$A$4963,0),COLUMN())=0,0,INDEX(generale!$A$16:$G$4963,MATCH(NGG!$A232,generale!$A$16:$A$4963,0),COLUMN()))","v":7},{"$f":"IF(INDEX(generale!$A$16:$G$4963,MATCH(NGG!$A232,generale!$A$16:$A$4963,0),COLUMN())=0,0,INDEX(generale!$A$16:$G$4963,MATCH(NGG!$A232,generale!$A$16:$A$4963,0),COLUMN()))","v":8},{"$f":"IF(INDEX(generale!$A$16:$G$4963,MATCH(NGG!$A232,generale!$A$16:$A$4963,0),COLUMN())=0,0,INDEX(generale!$A$16:$G$4963,MATCH(NGG!$A232,generale!$A$16:$A$4963,0),COLUMN()))","v":11},{"$f":"IF(INDEX(generale!$A$16:$G$4963,MATCH(NGG!$A232,generale!$A$16:$A$4963,0),COLUMN())=0,0,INDEX(generale!$A$16:$G$4963,MATCH(NGG!$A232,generale!$A$16:$A$4963,0),COLUMN()))","v":14},{"$f":"generale!G242","v":"P"},27,7,8,31,1,5,3,2,14,26,4,12,29,17,11,6,0,36,2,3,null,null,null,null,null,null,null,null,null,null,null,null,null,null,null,null,null,1,1,1,1,16,null,17]
[{"$f":"IF(generale!$A243>0,generale!$A243,\"\")","v":"2005-08-18"},{"$f":"IF(INDEX(generale!$A$16:$G$4963,MATCH(NGG!$A233,generale!$A$16:$A$4963,0),COLUMN())=0,0,INDEX(generale!$A$16:$G$4963,MATCH(NGG!$A233,generale!$A$16:$A$4963,0),COLUMN()))","v":2},{"$f":"IF(INDEX(generale!$A$16:$G$4963,MATCH(NGG!$A233,generale!$A$16:$A$4963,0),COLUMN())=0,0,INDEX(generale!$A$16:$G$4963,MATCH(NGG!$A233,generale!$A$16:$A$4963,0),COLUMN()))","v":10},{"$f":"IF(INDEX(generale!$A$16:$G$4963,MATCH(NGG!$A233,generale!$A$16:$A$4963,0),COLUMN())=0,0,INDEX(generale!$A$16:$G$4963,MATCH(NGG!$A233,generale!$A$16:$A$4963,0),COLUMN()))","v":11},{"$f":"IF(INDEX(generale!$A$16:$G$4963,MATCH(NGG!$A233,generale!$A$16:$A$4963,0),COLUMN())=0,0,INDEX(generale!$A$16:$G$4963,MATCH(NGG!$A233,generale!$A$16:$A$4963,0),COLUMN()))","v":1},{"$f":"IF(INDEX(generale!$A$16:$G$4963,MATCH(NGG!$A233,generale!$A$16:$A$4963,0),COLUMN())=0,0,INDEX(generale!$A$16:$G$4963,MATCH(NGG!$A233,generale!$A$16:$A$4963,0),COLUMN()))","v":14},{"$f":"generale!G243","v":"T"},28,0,9,32,2,6,4,3,15,27,5,13,30,18,12,7,0,36,2,3,null,null,null,null,null,null,null,null,null,null,null,null,null,null,null,null,null,1,1,1,1,16,null,15]
[{"$f":"IF(generale!$A244>0,generale!$A244,\"\")","v":"2005-08-19"},{"$f":"IF(INDEX(generale!$A$16:$G$4963,MATCH(NGG!$A234,generale!$A$16:$A$4963,0),COLUMN())=0,0,INDEX(generale!$A$16:$G$4963,MATCH(NGG!$A234,generale!$A$16:$A$4963,0),COLUMN()))","v":4},{"$f":"IF(INDEX(generale!$A$16:$G$4963,MATCH(NGG!$A234,generale!$A$16:$A$4963,0),COLUMN())=0,0,INDEX(generale!$A$16:$G$4963,MATCH(NGG!$A234,generale!$A$16:$A$4963,0),COLUMN()))","v":11},{"$f":"IF(INDEX(generale!$A$16:$G$4963,MATCH(NGG!$A234,generale!$A$16:$A$4963,0),COLUMN())=0,0,INDEX(generale!$A$16:$G$4963,MATCH(NGG!$A234,generale!$A$16:$A$4963,0),COLUMN()))","v":15},{"$f":"IF(INDEX(generale!$A$16:$G$4963,MATCH(NGG!$A234,generale!$A$16:$A$4963,0),COLUMN())=0,0,INDEX(generale!$A$16:$G$4963,MATCH(NGG!$A234,generale!$A$16:$A$4963,0),COLUMN()))","v":5},{"$f":"IF(INDEX(generale!$A$16:$G$4963,MATCH(NGG!$A234,generale!$A$16:$A$4963,0),COLUMN())=0,0,INDEX(generale!$A$16:$G$4963,MATCH(NGG!$A234,generale!$A$16:$A$4963,0),COLUMN()))","v":14},{"$f":"generale!G244","v":"P"},29,1,10,0,3,7,5,4,16,28,5,14,31,19,13,7,0,36,2,3,null,null,null,null,null,null,null,null,null,null,null,1,null,null,null,null,1,1,1,1,1,14,"5",18]
[{"$f":"IF(generale!$A245>0,generale!$A245,\"\")","v":"2005-08-20"},{"$f":"IF(INDEX(generale!$A$16:$G$4963,MATCH(NGG!$A235,generale!$A$16:$A$4963,0),COLUMN())=0,0,INDEX(generale!$A$16:$G$4963,MATCH(NGG!$A235,generale!$A$16:$A$4963,0),COLUMN()))","v":12},{"$f":"IF(INDEX(generale!$A$16:$G$4963,MATCH(NGG!$A235,generale!$A$16:$A$4963,0),COLUMN())=0,0,INDEX(generale!$A$16:$G$4963,MATCH(NGG!$A235,generale!$A$16:$A$4963,0),COLUMN()))","v":8},{"$f":"IF(INDEX(generale!$A$16:$G$4963,MATCH(NGG!$A235,generale!$A$16:$A$4963,0),COLUMN())=0,0,INDEX(generale!$A$16:$G$4963,MATCH(NGG!$A235,generale!$A$16:$A$4963,0),COLUMN()))","v":13},{"$f":"IF(INDEX(generale!$A$16:$G$4963,MATCH(NGG!$A235,generale!$A$16:$A$4963,0),COLUMN())=0,0,INDEX(generale!$A$16:$G$4963,MATCH(NGG!$A235,generale!$A$16:$A$4963,0),COLUMN()))","v":1},{"$f":"IF(INDEX(generale!$A$16:$G$4963,MATCH(NGG!$A235,generale!$A$16:$A$4963,0),COLUMN())=0,0,INDEX(generale!$A$16:$G$4963,MATCH(NGG!$A235,generale!$A$16:$A$4963,0),COLUMN()))","v":4},{"$f":"generale!G245","v":"P"},30,2,11,1,4,8,6,5,17,29,6,0,32,20,14,7,0,36,2,3,null,null,null,null,null,null,null,null,null,null,null,null,null,null,null,null,1,1,1,1,1,15,null,15]
[{"$f":"IF(generale!$A246>0,generale!$A246,\"\")","v":"2005-08-21"},{"$f":"IF(INDEX(generale!$A$16:$G$4963,MATCH(NGG!$A236,generale!$A$16:$A$4963,0),COLUMN())=0,0,INDEX(generale!$A$16:$G$4963,MATCH(NGG!$A236,generale!$A$16:$A$4963,0),COLUMN()))","v":16},{"$f":"IF(INDEX(generale!$A$16:$G$4963,MATCH(NGG!$A236,generale!$A$16:$A$4963,0),COLUMN())=0,0,INDEX(generale!$A$16:$G$4963,MATCH(NGG!$A236,generale!$A$16:$A$4963,0),COLUMN()))","v":17},{"$f":"IF(INDEX(generale!$A$16:$G$4963,MATCH(NGG!$A236,generale!$A$16:$A$4963,0),COLUMN())=0,0,INDEX(generale!$A$16:$G$4963,MATCH(NGG!$A236,generale!$A$16:$A$4963,0),COLUMN()))","v":18},{"$f":"IF(INDEX(generale!$A$16:$G$4963,MATCH(NGG!$A236,generale!$A$16:$A$4963,0),COLUMN())=0,0,INDEX(generale!$A$16:$G$4963,MATCH(NGG!$A236,generale!$A$16:$A$4963,0),COLUMN()))","v":9},{"$f":"IF(INDEX(generale!$A$16:$G$4963,MATCH(NGG!$A236,generale!$A$16:$A$4963,0),COLUMN())=0,0,INDEX(generale!$A$16:$G$4963,MATCH(NGG!$A236,generale!$A$16:$A$4963,0),COLUMN()))","v":20},{"$f":"generale!G246","v":"P"},31,3,12,2,5,9,7,6,18,30,7,1,33,21,15,0,0,36,2,3,null,null,null,null,null,null,null,null,null,null,null,null,null,null,null,null,null,1,1,1,1,16,"2-4",20]
[{"$f":"IF(generale!$A247>0,generale!$A247,\"\")","v":"2005-08-22"},{"$f":"IF(INDEX(generale!$A$16:$G$4963,MATCH(NGG!$A237,generale!$A$16:$A$4963,0),COLUMN())=0,0,INDEX(generale!$A$16:$G$4963,MATCH(NGG!$A237,generale!$A$16:$A$4963,0),COLUMN()))","v":15},{"$f":"IF(INDEX(generale!$A$16:$G$4963,MATCH(NGG!$A237,generale!$A$16:$A$4963,0),COLUMN())=0,0,INDEX(generale!$A$16:$G$4963,MATCH(NGG!$A237,generale!$A$16:$A$4963,0),COLUMN()))","v":4},{"$f":"IF(INDEX(generale!$A$16:$G$4963,MATCH(NGG!$A237,generale!$A$16:$A$4963,0),COLUMN())=0,0,INDEX(generale!$A$16:$G$4963,MATCH(NGG!$A237,generale!$A$16:$A$4963,0),COLUMN()))","v":8},{"$f":"IF(INDEX(generale!$A$16:$G$4963,MATCH(NGG!$A237,generale!$A$16:$A$4963,0),COLUMN())=0,0,INDEX(generale!$A$16:$G$4963,MATCH(NGG!$A237,generale!$A$16:$A$4963,0),COLUMN()))","v":6},{"$f":"IF(INDEX(generale!$A$16:$G$4963,MATCH(NGG!$A237,generale!$A$16:$A$4963,0),COLUMN())=0,0,INDEX(generale!$A$16:$G$4963,MATCH(NGG!$A237,generale!$A$16:$A$4963,0),COLUMN()))","v":12},{"$f":"generale!G247","v":"T"},32,4,13,3,6,10,8,7,19,31,8,2,34,22,0,1,0,36,2,3,null,null,null,null,null,null,null,null,null,null,null,null,null,null,null,null,null,1,1,1,1,16,null,15]
[{"$f":"IF(generale!$A248>0,generale!$A248,\"\")","v":"2005-08-23"},{"$f":"IF(INDEX(generale!$A$16:$G$4963,MATCH(NGG!$A238,generale!$A$16:$A$4963,0),COLUMN())=0,0,INDEX(generale!$A$16:$G$4963,MATCH(NGG!$A238,generale!$A$16:$A$4963,0),COLUMN()))","v":14},{"$f":"IF(INDEX(generale!$A$16:$G$4963,MATCH(NGG!$A238,generale!$A$16:$A$4963,0),COLUMN())=0,0,INDEX(generale!$A$16:$G$4963,MATCH(NGG!$A238,generale!$A$16:$A$4963,0),COLUMN()))","v":4},{"$f":"IF(INDEX(generale!$A$16:$G$4963,MATCH(NGG!$A238,generale!$A$16:$A$4963,0),COLUMN())=0,0,INDEX(generale!$A$16:$G$4963,MATCH(NGG!$A238,generale!$A$16:$A$4963,0),COLUMN()))","v":16},{"$f":"IF(INDEX(generale!$A$16:$G$4963,MATCH(NGG!$A238,generale!$A$16:$A$4963,0),COLUMN())=0,0,INDEX(generale!$A$16:$G$4963,MATCH(NGG!$A238,generale!$A$16:$A$4963,0),COLUMN()))","v":6},{"$f":"IF(INDEX(generale!$A$16:$G$4963,MATCH(NGG!$A238,generale!$A$16:$A$4963,0),COLUMN())=0,0,INDEX(generale!$A$16:$G$4963,MATCH(NGG!$A238,generale!$A$16:$A$4963,0),COLUMN()))","v":3},{"$f":"generale!G248","v":"P"},33,5,14,4,7,11,9,8,20,32,9,3,35,0,0,1,0,36,2,3,null,null,null,null,null,null,null,null,null,null,null,null,null,null,null,1,1,1,1,1,1,14,"9",20]
[{"$f":"IF(generale!$A249>0,generale!$A249,\"\")","v":"2005-08-24"},{"$f":"IF(INDEX(generale!$A$16:$G$4963,MATCH(NGG!$A239,generale!$A$16:$A$4963,0),COLUMN())=0,0,INDEX(generale!$A$16:$G$4963,MATCH(NGG!$A239,generale!$A$16:$A$4963,0),COLUMN()))","v":9},{"$f":"IF(INDEX(generale!$A$16:$G$4963,MATCH(NGG!$A239,generale!$A$16:$A$4963,0),COLUMN())=0,0,INDEX(generale!$A$16:$G$4963,MATCH(NGG!$A239,generale!$A$16:$A$4963,0),COLUMN()))","v":15},{"$f":"IF(INDEX(generale!$A$16:$G$4963,MATCH(NGG!$A239,generale!$A$16:$A$4963,0),COLUMN())=0,0,INDEX(generale!$A$16:$G$4963,MATCH(NGG!$A239,generale!$A$16:$A$4963,0),COLUMN()))","v":7},{"$f":"IF(INDEX(generale!$A$16:$G$4963,MATCH(NGG!$A239,generale!$A$16:$A$4963,0),COLUMN())=0,0,INDEX(generale!$A$16:$G$4963,MATCH(NGG!$A239,generale!$A$16:$A$4963,0),COLUMN()))","v":8},{"$f":"IF(INDEX(generale!$A$16:$G$4963,MATCH(NGG!$A239,generale!$A$16:$A$4963,0),COLUMN())=0,0,INDEX(generale!$A$16:$G$4963,MATCH(NGG!$A239,generale!$A$16:$A$4963,0),COLUMN()))","v":3},{"$f":"generale!G249","v":"T"},34,6,15,5,8,12,10,9,0,33,10,4,36,1,1,2,1,37,2,3,null,null,null,null,null,null,null,null,null,null,null,null,null,null,null,null,null,null,null,1,1,18,"15",16]
[{"$f":"IF(generale!$A250>0,generale!$A250,\"\")","v":"2005-08-25"},{"$f":"IF(INDEX(generale!$A$16:$G$4963,MATCH(NGG!$A240,generale!$A$16:$A$4963,0),COLUMN())=0,0,INDEX(generale!$A$16:$G$4963,MATCH(NGG!$A240,generale!$A$16:$A$4963,0),COLUMN()))","v":2},{"$f":"IF(INDEX(generale!$A$16:$G$4963,MATCH(NGG!$A240,generale!$A$16:$A$4963,0),COLUMN())=0,0,INDEX(generale!$A$16:$G$4963,MATCH(NGG!$A240,generale!$A$16:$A$4963,0),COLUMN()))","v":9},{"$f":"IF(INDEX(generale!$A$16:$G$4963,MATCH(NGG!$A240,generale!$A$16:$A$4963,0),COLUMN())=0,0,INDEX(generale!$A$16:$G$4963,MATCH(NGG!$A240,generale!$A$16:$A$4963,0),COLUMN()))","v":15},{"$f":"IF(INDEX(generale!$A$16:$G$4963,MATCH(NGG!$A240,generale!$A$16:$A$4963,0),COLUMN())=0,0,INDEX(generale!$A$16:$G$4963,MATCH(NGG!$A240,generale!$A$16:$A$4963,0),COLUMN()))","v":10},{"$f":"IF(INDEX(generale!$A$16:$G$4963,MATCH(NGG!$A240,generale!$A$16:$A$4963,0),COLUMN())=0,0,INDEX(generale!$A$16:$G$4963,MATCH(NGG!$A240,generale!$A$16:$A$4963,0),COLUMN()))","v":3},{"$f":"generale!G250","v":"O"},35,0,16,6,9,13,11,10,1,34,11,5,37,2,2,3,1,37,2,3,null,null,null,null,null,null,null,null,null,null,null,null,null,null,null,null,null,1,1,1,1,16,null,17]
[{"$f":"IF(generale!$A251>0,generale!$A251,\"\")","v":"2005-08-26"},{"$f":"IF(INDEX(generale!$A$16:$G$4963,MATCH(NGG!$A241,generale!$A$16:$A$4963,0),COLUMN())=0,0,INDEX(generale!$A$16:$G$4963,MATCH(NGG!$A241,generale!$A$16:$A$4963,0),COLUMN()))","v":2},{"$f":"IF(INDEX(generale!$A$16:$G$4963,MATCH(NGG!$A241,generale!$A$16:$A$4963,0),COLUMN())=0,0,INDEX(generale!$A$16:$G$4963,MATCH(NGG!$A241,generale!$A$16:$A$4963,0),COLUMN()))","v":14},{"$f":"IF(INDEX(generale!$A$16:$G$4963,MATCH(NGG!$A241,generale!$A$16:$A$4963,0),COLUMN())=0,0,INDEX(generale!$A$16:$G$4963,MATCH(NGG!$A241,generale!$A$16:$A$4963,0),COLUMN()))","v":5},{"$f":"IF(INDEX(generale!$A$16:$G$4963,MATCH(NGG!$A241,generale!$A$16:$A$4963,0),COLUMN())=0,0,INDEX(generale!$A$16:$G$4963,MATCH(NGG!$A241,generale!$A$16:$A$4963,0),COLUMN()))","v":7},{"$f":"IF(INDEX(generale!$A$16:$G$4963,MATCH(NGG!$A241,generale!$A$16:$A$4963,0),COLUMN())=0,0,INDEX(generale!$A$16:$G$4963,MATCH(NGG!$A241,generale!$A$16:$A$4963,0),COLUMN()))","v":13},{"$f":"generale!G251","v":"P"},36,0,17,7,10,14,12,11,2,35,12,6,38,3,3,4,2,38,2,3,null,null,null,null,null,null,null,null,null,null,null,null,null,null,null,null,null,null,null,1,1,18,null,13]
[{"$f":"IF(generale!$A252>0,generale!$A252,\"\")","v":"2005-08-27"},{"$f":"IF(INDEX(generale!$A$16:$G$4963,MATCH(NGG!$A242,generale!$A$16:$A$4963,0),COLUMN())=0,0,INDEX(generale!$A$16:$G$4963,MATCH(NGG!$A242,generale!$A$16:$A$4963,0),COLUMN()))","v":8},{"$f":"IF(INDEX(generale!$A$16:$G$4963,MATCH(NGG!$A242,generale!$A$16:$A$4963,0),COLUMN())=0,0,INDEX(generale!$A$16:$G$4963,MATCH(NGG!$A242,generale!$A$16:$A$4963,0),COLUMN()))","v":10},{"$f":"IF(INDEX(generale!$A$16:$G$4963,MATCH(NGG!$A242,generale!$A$16:$A$4963,0),COLUMN())=0,0,INDEX(generale!$A$16:$G$4963,MATCH(NGG!$A242,generale!$A$16:$A$4963,0),COLUMN()))","v":15},{"$f":"IF(INDEX(generale!$A$16:$G$4963,MATCH(NGG!$A242,generale!$A$16:$A$4963,0),COLUMN())=0,0,INDEX(generale!$A$16:$G$4963,MATCH(NGG!$A242,generale!$A$16:$A$4963,0),COLUMN()))","v":4},{"$f":"IF(INDEX(generale!$A$16:$G$4963,MATCH(NGG!$A242,generale!$A$16:$A$4963,0),COLUMN())=0,0,INDEX(generale!$A$16:$G$4963,MATCH(NGG!$A242,generale!$A$16:$A$4963,0),COLUMN()))","v":11},{"$f":"generale!G252","v":"T"},37,1,18,8,11,15,13,0,3,36,13,7,39,4,4,5,2,38,2,3,null,null,null,null,null,null,null,null,null,null,null,null,null,null,null,null,null,1,1,1,1,16,null,17]
[{"$f":"IF(generale!$A253>0,generale!$A253,\"\")","v":"2005-08-28"},{"$f":"IF(INDEX(generale!$A$16:$G$4963,MATCH(NGG!$A243,generale!$A$16:$A$4963,0),COLUMN())=0,0,INDEX(generale!$A$16:$G$4963,MATCH(NGG!$A243,generale!$A$16:$A$4963,0),COLUMN()))","v":4},{"$f":"IF(INDEX(generale!$A$16:$G$4963,MATCH(NGG!$A243,generale!$A$16:$A$4963,0),COLUMN())=0,0,INDEX(generale!$A$16:$G$4963,MATCH(NGG!$A243,generale!$A$16:$A$4963,0),COLUMN()))","v":7},{"$f":"IF(INDEX(generale!$A$16:$G$4963,MATCH(NGG!$A243,generale!$A$16:$A$4963,0),COLUMN())=0,0,INDEX(generale!$A$16:$G$4963,MATCH(NGG!$A243,generale!$A$16:$A$4963,0),COLUMN()))","v":3},{"$f":"IF(INDEX(generale!$A$16:$G$4963,MATCH(NGG!$A243,generale!$A$16:$A$4963,0),COLUMN())=0,0,INDEX(generale!$A$16:$G$4963,MATCH(NGG!$A243,generale!$A$16:$A$4963,0),COLUMN()))","v":5},{"$f":"IF(INDEX(generale!$A$16:$G$4963,MATCH(NGG!$A243,generale!$A$16:$A$4963,0),COLUMN())=0,0,INDEX(generale!$A$16:$G$4963,MATCH(NGG!$A243,generale!$A$16:$A$4963,0),COLUMN()))","v":6},{"$f":"generale!G253","v":"P"},38,2,19,0,12,16,14,1,4,37,14,8,40,5,5,6,2,38,2,3,null,null,null,null,null,null,null,null,null,null,null,null,null,null,null,null,null,1,1,1,1,16,null,17]
[{"$f":"IF(generale!$A254>0,generale!$A254,\"\")","v":"2005-08-29"},{"$f":"IF(INDEX(generale!$A$16:$G$4963,MATCH(NGG!$A244,generale!$A$16:$A$4963,0),COLUMN())=0,0,INDEX(generale!$A$16:$G$4963,MATCH(NGG!$A244,generale!$A$16:$A$4963,0),COLUMN()))","v":8},{"$f":"IF(INDEX(generale!$A$16:$G$4963,MATCH(NGG!$A244,generale!$A$16:$A$4963,0),COLUMN())=0,0,INDEX(generale!$A$16:$G$4963,MATCH(NGG!$A244,generale!$A$16:$A$4963,0),COLUMN()))","v":18},{"$f":"IF(INDEX(generale!$A$16:$G$4963,MATCH(NGG!$A244,generale!$A$16:$A$4963,0),COLUMN())=0,0,INDEX(generale!$A$16:$G$4963,MATCH(NGG!$A244,generale!$A$16:$A$4963,0),COLUMN()))","v":9},{"$f":"IF(INDEX(generale!$A$16:$G$4963,MATCH(NGG!$A244,generale!$A$16:$A$4963,0),COLUMN())=0,0,INDEX(generale!$A$16:$G$4963,MATCH(NGG!$A244,generale!$A$16:$A$4963,0),COLUMN()))","v":5},{"$f":"IF(INDEX(generale!$A$16:$G$4963,MATCH(NGG!$A244,generale!$A$16:$A$4963,0),COLUMN())=0,0,INDEX(generale!$A$16:$G$4963,MATCH(NGG!$A244,generale!$A$16:$A$4963,0),COLUMN()))","v":7},{"$f":"generale!G254","v":"T"},39,3,20,1,13,17,15,0,5,38,15,9,41,6,6,7,2,38,2,3,null,null,null,null,null,null,null,null,null,null,null,null,null,null,null,null,null,1,1,1,1,16,null,18]
[{"$f":"IF(generale!$A255>0,generale!$A255,\"\")","v":"2005-08-30"},{"$f":"IF(INDEX(generale!$A$16:$G$4963,MATCH(NGG!$A245,generale!$A$16:$A$4963,0),COLUMN())=0,0,INDEX(generale!$A$16:$G$4963,MATCH(NGG!$A245,generale!$A$16:$A$4963,0),COLUMN()))","v":17},{"$f":"IF(INDEX(generale!$A$16:$G$4963,MATCH(NGG!$A245,generale!$A$16:$A$4963,0),COLUMN())=0,0,INDEX(generale!$A$16:$G$4963,MATCH(NGG!$A245,generale!$A$16:$A$4963,0),COLUMN()))","v":9},{"$f":"IF(INDEX(generale!$A$16:$G$4963,MATCH(NGG!$A245,generale!$A$16:$A$4963,0),COLUMN())=0,0,INDEX(generale!$A$16:$G$4963,MATCH(NGG!$A245,generale!$A$16:$A$4963,0),COLUMN()))","v":12},{"$f":"IF(INDEX(generale!$A$16:$G$4963,MATCH(NGG!$A245,generale!$A$16:$A$4963,0),COLUMN())=0,0,INDEX(generale!$A$16:$G$4963,MATCH(NGG!$A245,generale!$A$16:$A$4963,0),COLUMN()))","v":15},{"$f":"IF(INDEX(generale!$A$16:$G$4963,MATCH(NGG!$A245,generale!$A$16:$A$4963,0),COLUMN())=0,0,INDEX(generale!$A$16:$G$4963,MATCH(NGG!$A245,generale!$A$16:$A$4963,0),COLUMN()))","v":18},{"$f":"generale!G255","v":"P"},40,4,21,2,14,18,16,1,6,39,16,10,42,7,7,8,{"$f":"IF(COUNTIF($B245:$D245,0)<3,IF(LEN(SUBSTITUTE(SUBSTITUTE($B245,X$1,,1),,1))=0,0,X244+1-AS245),\"\")","v":0},38,2,3,null,null,null,null,null,null,null,null,null,null,null,null,null,null,null,null,null,1,1,1,1,16,null,18]
[{"$f":"IF(generale!$A256>0,generale!$A256,\"\")","v":"2005-08-31"},{"$f":"IF(INDEX(generale!$A$16:$G$4963,MATCH(NGG!$A246,generale!$A$16:$A$4963,0),COLUMN())=0,0,INDEX(generale!$A$16:$G$4963,MATCH(NGG!$A246,generale!$A$16:$A$4963,0),COLUMN()))","v":17},{"$f":"IF(INDEX(generale!$A$16:$G$4963,MATCH(NGG!$A246,generale!$A$16:$A$4963,0),COLUMN())=0,0,INDEX(generale!$A$16:$G$4963,MATCH(NGG!$A246,generale!$A$16:$A$4963,0),COLUMN()))","v":19},{"$f":"IF(INDEX(generale!$A$16:$G$4963,MATCH(NGG!$A246,generale!$A$16:$A$4963,0),COLUMN())=0,0,INDEX(generale!$A$16:$G$4963,MATCH(NGG!$A246,generale!$A$16:$A$4963,0),COLUMN()))","v":1},{"$f":"IF(INDEX(generale!$A$16:$G$4963,MATCH(NGG!$A246,generale!$A$16:$A$4963,0),COLUMN())=0,0,INDEX(generale!$A$16:$G$4963,MATCH(NGG!$A246,generale!$A$16:$A$4963,0),COLUMN()))","v":5},{"$f":"IF(INDEX(generale!$A$16:$G$4963,MATCH(NGG!$A246,generale!$A$16:$A$4963,0),COLUMN())=0,0,INDEX(generale!$A$16:$G$4963,MATCH(NGG!$A246,generale!$A$16:$A$4963,0),COLUMN()))","v":6},{"$f":"generale!G256","v":"T"},{"$f":"IF(COUNTIF($B246:$D246,0)<3,IF(LEN(SUBSTITUTE(SUBSTITUTE($B246,H$1,,1),,1))=0,0,H245+1-AC246),\"\")","v":41},5,22,3,15,19,17,2,7,40,17,11,43,8,8,9,0,38,2,3,null,null,null,null,null,null,null,null,null,null,null,null,null,null,null,null,null,null,1,1,1,17,"3",20]
[{"$f":"IF(generale!$A257>0,generale!$A257,\"\")","v":"2005-09-01"},{"$f":"IF(INDEX(generale!$A$16:$G$4963,MATCH(NGG!$A247,generale!$A$16:$A$4963,0),COLUMN())=0,0,INDEX(generale!$A$16:$G$4963,MATCH(NGG!$A247,generale!$A$16:$A$4963,0),COLUMN()))","v":10},{"$f":"IF(INDEX(generale!$A$16:$G$4963,MATCH(NGG!$A247,generale!$A$16:$A$4963,0),COLUMN())=0,0,INDEX(generale!$A$16:$G$4963,MATCH(NGG!$A247,generale!$A$16:$A$4963,0),COLUMN()))","v":18},{"$f":"IF(INDEX(generale!$A$16:$G$4963,MATCH(NGG!$A247,generale!$A$16:$A$4963,0),COLUMN())=0,0,INDEX(generale!$A$16:$G$4963,MATCH(NGG!$A247,generale!$A$16:$A$4963,0),COLUMN()))","v":14},{"$f":"IF(INDEX(generale!$A$16:$G$4963,MATCH(NGG!$A247,generale!$A$16:$A$4963,0),COLUMN())=0,0,INDEX(generale!$A$16:$G$4963,MATCH(NGG!$A247,generale!$A$16:$A$4963,0),COLUMN()))","v":5},{"$f":"IF(INDEX(generale!$A$16:$G$4963,MATCH(NGG!$A247,generale!$A$16:$A$4963,0),COLUMN())=0,0,INDEX(generale!$A$16:$G$4963,MATCH(NGG!$A247,generale!$A$16:$A$4963,0),COLUMN()))","v":13},{"$f":"generale!G257","v":"T"},42,6,23,4,16,20,18,3,8,0,18,12,44,9,9,10,0,38,2,3,null,null,null,null,null,null,null,null,null,null,null,null,null,null,null,null,null,1,1,1,1,16,"13",20]
[{"$f":"IF(generale!$A258>0,generale!$A258,\"\")","v":"2005-09-02"},{"$f":"IF(INDEX(generale!$A$16:$G$4963,MATCH(NGG!$A248,generale!$A$16:$A$4963,0),COLUMN())=0,0,INDEX(generale!$A$16:$G$4963,MATCH(NGG!$A248,generale!$A$16:$A$4963,0),COLUMN()))","v":4},{"$f":"IF(INDEX(generale!$A$16:$G$4963,MATCH(NGG!$A248,generale!$A$16:$A$4963,0),COLUMN())=0,0,INDEX(generale!$A$16:$G$4963,MATCH(NGG!$A248,generale!$A$16:$A$4963,0),COLUMN()))","v":12},{"$f":"IF(INDEX(generale!$A$16:$G$4963,MATCH(NGG!$A248,generale!$A$16:$A$4963,0),COLUMN())=0,0,INDEX(generale!$A$16:$G$4963,MATCH(NGG!$A248,generale!$A$16:$A$4963,0),COLUMN()))","v":11},{"$f":"IF(INDEX(generale!$A$16:$G$4963,MATCH(NGG!$A248,generale!$A$16:$A$4963,0),COLUMN())=0,0,INDEX(generale!$A$16:$G$4963,MATCH(NGG!$A248,generale!$A$16:$A$4963,0),COLUMN()))","v":14},{"$f":"IF(INDEX(generale!$A$16:$G$4963,MATCH(NGG!$A248,generale!$A$16:$A$4963,0),COLUMN())=0,0,INDEX(generale!$A$16:$G$4963,MATCH(NGG!$A248,generale!$A$16:$A$4963,0),COLUMN()))","v":10},{"$f":"generale!G258","v":"T"},43,7,24,0,16,21,19,4,9,1,19,13,45,9,10,11,1,39,2,4,null,null,null,null,null,1,null,null,null,null,null,null,null,null,1,null,null,null,null,1,null,17,null,15]
[{"$f":"IF(generale!$A259>0,generale!$A259,\"\")","v":"2005-09-03"},{"$f":"IF(INDEX(generale!$A$16:$G$4963,MATCH(NGG!$A249,generale!$A$16:$A$4963,0),COLUMN())=0,0,INDEX(generale!$A$16:$G$4963,MATCH(NGG!$A249,generale!$A$16:$A$4963,0),COLUMN()))","v":14},{"$f":"IF(INDEX(generale!$A$16:$G$4963,MATCH(NGG!$A249,generale!$A$16:$A$4963,0),COLUMN())=0,0,INDEX(generale!$A$16:$G$4963,MATCH(NGG!$A249,generale!$A$16:$A$4963,0),COLUMN()))","v":17},{"$f":"IF(INDEX(generale!$A$16:$G$4963,MATCH(NGG!$A249,generale!$A$16:$A$4963,0),COLUMN())=0,0,INDEX(generale!$A$16:$G$4963,MATCH(NGG!$A249,generale!$A$16:$A$4963,0),COLUMN()))","v":8},{"$f":"IF(INDEX(generale!$A$16:$G$4963,MATCH(NGG!$A249,generale!$A$16:$A$4963,0),COLUMN())=0,0,INDEX(generale!$A$16:$G$4963,MATCH(NGG!$A249,generale!$A$16:$A$4963,0),COLUMN()))","v":16},{"$f":"IF(INDEX(generale!$A$16:$G$4963,MATCH(NGG!$A249,generale!$A$16:$A$4963,0),COLUMN())=0,0,INDEX(generale!$A$16:$G$4963,MATCH(NGG!$A249,generale!$A$16:$A$4963,0),COLUMN()))","v":12},{"$f":"generale!G259","v":"T"},44,8,25,1,17,22,20,5,10,2,20,14,46,0,10,11,1,39,2,4,null,null,null,null,null,null,null,null,null,null,null,null,null,null,null,1,1,1,1,1,1,14,null,16]
[{"$f":"IF(generale!$A260>0,generale!$A260,\"\")","v":"2005-09-04"},{"$f":"IF(INDEX(generale!$A$16:$G$4963,MATCH(NGG!$A250,generale!$A$16:$A$4963,0),COLUMN())=0,0,INDEX(generale!$A$16:$G$4963,MATCH(NGG!$A250,generale!$A$16:$A$4963,0),COLUMN()))","v":6},{"$f":"IF(INDEX(generale!$A$16:$G$4963,MATCH(NGG!$A250,generale!$A$16:$A$4963,0),COLUMN())=0,0,INDEX(generale!$A$16:$G$4963,MATCH(NGG!$A250,generale!$A$16:$A$4963,0),COLUMN()))","v":10},{"$f":"IF(INDEX(generale!$A$16:$G$4963,MATCH(NGG!$A250,generale!$A$16:$A$4963,0),COLUMN())=0,0,INDEX(generale!$A$16:$G$4963,MATCH(NGG!$A250,generale!$A$16:$A$4963,0),COLUMN()))","v":5},{"$f":"IF(INDEX(generale!$A$16:$G$4963,MATCH(NGG!$A250,generale!$A$16:$A$4963,0),COLUMN())=0,0,INDEX(generale!$A$16:$G$4963,MATCH(NGG!$A250,generale!$A$16:$A$4963,0),COLUMN()))","v":9},{"$f":"IF(INDEX(generale!$A$16:$G$4963,MATCH(NGG!$A250,generale!$A$16:$A$4963,0),COLUMN())=0,0,INDEX(generale!$A$16:$G$4963,MATCH(NGG!$A250,generale!$A$16:$A$4963,0),COLUMN()))","v":1},{"$f":"generale!G260","v":"P"},45,9,26,2,18,0,21,6,11,3,21,15,47,1,11,12,1,39,2,4,null,null,null,null,null,null,null,null,null,null,null,null,null,null,null,null,null,1,1,1,1,16,"16",17]
[{"$f":"IF(generale!$A261>0,generale!$A261,\"\")","v":"2005-09-05"},{"$f":"IF(INDEX(generale!$A$16:$G$4963,MATCH(NGG!$A251,generale!$A$16:$A$4963,0),COLUMN())=0,0,INDEX(generale!$A$16:$G$4963,MATCH(NGG!$A251,generale!$A$16:$A$4963,0),COLUMN()))","v":4},{"$f":"IF(INDEX(generale!$A$16:$G$4963,MATCH(NGG!$A251,generale!$A$16:$A$4963,0),COLUMN())=0,0,INDEX(generale!$A$16:$G$4963,MATCH(NGG!$A251,generale!$A$16:$A$4963,0),COLUMN()))","v":7},{"$f":"IF(INDEX(generale!$A$16:$G$4963,MATCH(NGG!$A251,generale!$A$16:$A$4963,0),COLUMN())=0,0,INDEX(generale!$A$16:$G$4963,MATCH(NGG!$A251,generale!$A$16:$A$4963,0),COLUMN()))","v":12},{"$f":"IF(INDEX(generale!$A$16:$G$4963,MATCH(NGG!$A251,generale!$A$16:$A$4963,0),COLUMN())=0,0,INDEX(generale!$A$16:$G$4963,MATCH(NGG!$A251,generale!$A$16:$A$4963,0),COLUMN()))","v":13},{"$f":"IF(INDEX(generale!$A$16:$G$4963,MATCH(NGG!$A251,generale!$A$16:$A$4963,0),COLUMN())=0,0,INDEX(generale!$A$16:$G$4963,MATCH(NGG!$A251,generale!$A$16:$A$4963,0),COLUMN()))","v":1},{"$f":"generale!G261","v":"P"},46,10,27,0,19,1,22,7,12,4,22,16,48,2,12,13,1,39,2,4,null,null,null,null,null,null,null,null,null,null,null,null,null,null,null,null,null,1,1,1,1,16,"9",16]
[{"$f":"IF(generale!$A262>0,generale!$A262,\"\")","v":"2005-09-06"},{"$f":"IF(INDEX(generale!$A$16:$G$4963,MATCH(NGG!$A252,generale!$A$16:$A$4963,0),COLUMN())=0,0,INDEX(generale!$A$16:$G$4963,MATCH(NGG!$A252,generale!$A$16:$A$4963,0),COLUMN()))","v":7},{"$f":"IF(INDEX(generale!$A$16:$G$4963,MATCH(NGG!$A252,generale!$A$16:$A$4963,0),COLUMN())=0,0,INDEX(generale!$A$16:$G$4963,MATCH(NGG!$A252,generale!$A$16:$A$4963,0),COLUMN()))","v":12},{"$f":"IF(INDEX(generale!$A$16:$G$4963,MATCH(NGG!$A252,generale!$A$16:$A$4963,0),COLUMN())=0,0,INDEX(generale!$A$16:$G$4963,MATCH(NGG!$A252,generale!$A$16:$A$4963,0),COLUMN()))","v":9},{"$f":"IF(INDEX(generale!$A$16:$G$4963,MATCH(NGG!$A252,generale!$A$16:$A$4963,0),COLUMN())=0,0,INDEX(generale!$A$16:$G$4963,MATCH(NGG!$A252,generale!$A$16:$A$4963,0),COLUMN()))","v":6},{"$f":"IF(INDEX(generale!$A$16:$G$4963,MATCH(NGG!$A252,generale!$A$16:$A$4963,0),COLUMN())=0,0,INDEX(generale!$A$16:$G$4963,MATCH(NGG!$A252,generale!$A$16:$A$4963,0),COLUMN()))","v":2},{"$f":"generale!G262","v":"O"},47,11,28,1,20,2,0,8,13,5,23,17,49,3,13,14,2,40,2,4,null,null,null,null,null,null,null,null,null,null,null,null,null,null,null,null,null,null,null,1,1,18,"12",18]
[{"$f":"IF(generale!$A263>0,generale!$A263,\"\")","v":"2005-09-07"},{"$f":"IF(INDEX(generale!$A$16:$G$4963,MATCH(NGG!$A253,generale!$A$16:$A$4963,0),COLUMN())=0,0,INDEX(generale!$A$16:$G$4963,MATCH(NGG!$A253,generale!$A$16:$A$4963,0),COLUMN()))","v":13},{"$f":"IF(INDEX(generale!$A$16:$G$4963,MATCH(NGG!$A253,generale!$A$16:$A$4963,0),COLUMN())=0,0,INDEX(generale!$A$16:$G$4963,MATCH(NGG!$A253,generale!$A$16:$A$4963,0),COLUMN()))","v":3},{"$f":"IF(INDEX(generale!$A$16:$G$4963,MATCH(NGG!$A253,generale!$A$16:$A$4963,0),COLUMN())=0,0,INDEX(generale!$A$16:$G$4963,MATCH(NGG!$A253,generale!$A$16:$A$4963,0),COLUMN()))","v":6},{"$f":"IF(INDEX(generale!$A$16:$G$4963,MATCH(NGG!$A253,generale!$A$16:$A$4963,0),COLUMN())=0,0,INDEX(generale!$A$16:$G$4963,MATCH(NGG!$A253,generale!$A$16:$A$4963,0),COLUMN()))","v":1},{"$f":"IF(INDEX(generale!$A$16:$G$4963,MATCH(NGG!$A253,generale!$A$16:$A$4963,0),COLUMN())=0,0,INDEX(generale!$A$16:$G$4963,MATCH(NGG!$A253,generale!$A$16:$A$4963,0),COLUMN()))","v":5},{"$f":"generale!G263","v":"T"},48,12,29,2,21,3,1,9,14,6,24,18,0,4,14,15,2,40,2,4,null,null,null,null,null,null,null,null,null,null,null,null,null,null,null,null,null,1,1,1,1,16,null,16]
[{"$f":"IF(generale!$A264>0,generale!$A264,\"\")","v":"2005-09-08"},{"$f":"IF(INDEX(generale!$A$16:$G$4963,MATCH(NGG!$A254,generale!$A$16:$A$4963,0),COLUMN())=0,0,INDEX(generale!$A$16:$G$4963,MATCH(NGG!$A254,generale!$A$16:$A$4963,0),COLUMN()))","v":3},{"$f":"IF(INDEX(generale!$A$16:$G$4963,MATCH(NGG!$A254,generale!$A$16:$A$4963,0),COLUMN())=0,0,INDEX(generale!$A$16:$G$4963,MATCH(NGG!$A254,generale!$A$16:$A$4963,0),COLUMN()))","v":14},{"$f":"IF(INDEX(generale!$A$16:$G$4963,MATCH(NGG!$A254,generale!$A$16:$A$4963,0),COLUMN())=0,0,INDEX(generale!$A$16:$G$4963,MATCH(NGG!$A254,generale!$A$16:$A$4963,0),COLUMN()))","v":13},{"$f":"IF(INDEX(generale!$A$16:$G$4963,MATCH(NGG!$A254,generale!$A$16:$A$4963,0),COLUMN())=0,0,INDEX(generale!$A$16:$G$4963,MATCH(NGG!$A254,generale!$A$16:$A$4963,0),COLUMN()))","v":15},{"$f":"IF(INDEX(generale!$A$16:$G$4963,MATCH(NGG!$A254,generale!$A$16:$A$4963,0),COLUMN())=0,0,INDEX(generale!$A$16:$G$4963,MATCH(NGG!$A254,generale!$A$16:$A$4963,0),COLUMN()))","v":7},{"$f":"generale!G264","v":"P"},49,13,0,3,22,4,2,10,15,7,25,19,1,5,15,16,2,40,2,4,null,null,null,null,null,null,null,null,null,null,null,null,null,null,null,null,null,1,1,1,1,16,null,18]
[{"$f":"IF(generale!$A265>0,generale!$A265,\"\")","v":"2005-09-09"},{"$f":"IF(INDEX(generale!$A$16:$G$4963,MATCH(NGG!$A255,generale!$A$16:$A$4963,0),COLUMN())=0,0,INDEX(generale!$A$16:$G$4963,MATCH(NGG!$A255,generale!$A$16:$A$4963,0),COLUMN()))","v":11},{"$f":"IF(INDEX(generale!$A$16:$G$4963,MATCH(NGG!$A255,generale!$A$16:$A$4963,0),COLUMN())=0,0,INDEX(generale!$A$16:$G$4963,MATCH(NGG!$A255,generale!$A$16:$A$4963,0),COLUMN()))","v":3},{"$f":"IF(INDEX(generale!$A$16:$G$4963,MATCH(NGG!$A255,generale!$A$16:$A$4963,0),COLUMN())=0,0,INDEX(generale!$A$16:$G$4963,MATCH(NGG!$A255,generale!$A$16:$A$4963,0),COLUMN()))","v":12},{"$f":"IF(INDEX(generale!$A$16:$G$4963,MATCH(NGG!$A255,generale!$A$16:$A$4963,0),COLUMN())=0,0,INDEX(generale!$A$16:$G$4963,MATCH(NGG!$A255,generale!$A$16:$A$4963,0),COLUMN()))","v":6},{"$f":"IF(INDEX(generale!$A$16:$G$4963,MATCH(NGG!$A255,generale!$A$16:$A$4963,0),COLUMN())=0,0,INDEX(generale!$A$16:$G$4963,MATCH(NGG!$A255,generale!$A$16:$A$4963,0),COLUMN()))","v":8},{"$f":"generale!G265","v":"O"},50,14,1,4,23,5,3,11,16,8,0,20,2,6,16,17,2,40,2,4,null,null,null,null,null,null,null,null,null,null,null,null,null,null,null,null,null,1,1,1,1,16,null,15]
[{"$f":"IF(generale!$A266>0,generale!$A266,\"\")","v":"2005-09-10"},{"$f":"IF(INDEX(generale!$A$16:$G$4963,MATCH(NGG!$A256,generale!$A$16:$A$4963,0),COLUMN())=0,0,INDEX(generale!$A$16:$G$4963,MATCH(NGG!$A256,generale!$A$16:$A$4963,0),COLUMN()))","v":1},{"$f":"IF(INDEX(generale!$A$16:$G$4963,MATCH(NGG!$A256,generale!$A$16:$A$4963,0),COLUMN())=0,0,INDEX(generale!$A$16:$G$4963,MATCH(NGG!$A256,generale!$A$16:$A$4963,0),COLUMN()))","v":5},{"$f":"IF(INDEX(generale!$A$16:$G$4963,MATCH(NGG!$A256,generale!$A$16:$A$4963,0),COLUMN())=0,0,INDEX(generale!$A$16:$G$4963,MATCH(NGG!$A256,generale!$A$16:$A$4963,0),COLUMN()))","v":3},{"$f":"IF(INDEX(generale!$A$16:$G$4963,MATCH(NGG!$A256,generale!$A$16:$A$4963,0),COLUMN())=0,0,INDEX(generale!$A$16:$G$4963,MATCH(NGG!$A256,generale!$A$16:$A$4963,0),COLUMN()))","v":8},{"$f":"IF(INDEX(generale!$A$16:$G$4963,MATCH(NGG!$A256,generale!$A$16:$A$4963,0),COLUMN())=0,0,INDEX(generale!$A$16:$G$4963,MATCH(NGG!$A256,generale!$A$16:$A$4963,0),COLUMN()))","v":14},{"$f":"generale!G266","v":"T"},0,15,2,5,24,6,4,12,17,9,1,21,3,7,17,18,3,41,3,4,null,null,null,null,null,null,null,null,null,null,null,null,null,null,null,null,null,null,null,null,1,19,"13",17]
[{"$f":"IF(generale!$A267>0,generale!$A267,\"\")","v":"2005-09-11"},{"$f":"IF(INDEX(generale!$A$16:$G$4963,MATCH(NGG!$A257,generale!$A$16:$A$4963,0),COLUMN())=0,0,INDEX(generale!$A$16:$G$4963,MATCH(NGG!$A257,generale!$A$16:$A$4963,0),COLUMN()))","v":14},{"$f":"IF(INDEX(generale!$A$16:$G$4963,MATCH(NGG!$A257,generale!$A$16:$A$4963,0),COLUMN())=0,0,INDEX(generale!$A$16:$G$4963,MATCH(NGG!$A257,generale!$A$16:$A$4963,0),COLUMN()))","v":12},{"$f":"IF(INDEX(generale!$A$16:$G$4963,MATCH(NGG!$A257,generale!$A$16:$A$4963,0),COLUMN())=0,0,INDEX(generale!$A$16:$G$4963,MATCH(NGG!$A257,generale!$A$16:$A$4963,0),COLUMN()))","v":10},{"$f":"IF(INDEX(generale!$A$16:$G$4963,MATCH(NGG!$A257,generale!$A$16:$A$4963,0),COLUMN())=0,0,INDEX(generale!$A$16:$G$4963,MATCH(NGG!$A257,generale!$A$16:$A$4963,0),COLUMN()))","v":2},{"$f":"IF(INDEX(generale!$A$16:$G$4963,MATCH(NGG!$A257,generale!$A$16:$A$4963,0),COLUMN())=0,0,INDEX(generale!$A$16:$G$4963,MATCH(NGG!$A257,generale!$A$16:$A$4963,0),COLUMN()))","v":6},{"$f":"generale!G267","v":"P"},1,16,3,6,25,7,5,13,18,10,2,22,4,0,18,19,3,41,3,4,null,null,null,null,null,null,null,null,null,null,null,null,null,null,null,null,null,1,1,1,1,16,"5",18]
[{"$f":"IF(generale!$A268>0,generale!$A268,\"\")","v":"2005-09-12"},{"$f":"IF(INDEX(generale!$A$16:$G$4963,MATCH(NGG!$A258,generale!$A$16:$A$4963,0),COLUMN())=0,0,INDEX(generale!$A$16:$G$4963,MATCH(NGG!$A258,generale!$A$16:$A$4963,0),COLUMN()))","v":11},{"$f":"IF(INDEX(generale!$A$16:$G$4963,MATCH(NGG!$A258,generale!$A$16:$A$4963,0),COLUMN())=0,0,INDEX(generale!$A$16:$G$4963,MATCH(NGG!$A258,generale!$A$16:$A$4963,0),COLUMN()))","v":8},{"$f":"IF(INDEX(generale!$A$16:$G$4963,MATCH(NGG!$A258,generale!$A$16:$A$4963,0),COLUMN())=0,0,INDEX(generale!$A$16:$G$4963,MATCH(NGG!$A258,generale!$A$16:$A$4963,0),COLUMN()))","v":4},{"$f":"IF(INDEX(generale!$A$16:$G$4963,MATCH(NGG!$A258,generale!$A$16:$A$4963,0),COLUMN())=0,0,INDEX(generale!$A$16:$G$4963,MATCH(NGG!$A258,generale!$A$16:$A$4963,0),COLUMN()))","v":9},{"$f":"IF(INDEX(generale!$A$16:$G$4963,MATCH(NGG!$A258,generale!$A$16:$A$4963,0),COLUMN())=0,0,INDEX(generale!$A$16:$G$4963,MATCH(NGG!$A258,generale!$A$16:$A$4963,0),COLUMN()))","v":15},{"$f":"generale!G268","v":"T"},2,17,4,7,26,8,6,14,19,11,0,23,5,1,19,20,4,42,4,5,null,null,null,null,null,null,null,null,null,null,null,null,null,null,null,null,null,null,null,null,null,20,"10",17]
[{"$f":"IF(generale!$A269>0,generale!$A269,\"\")","v":"2005-09-13"},{"$f":"IF(INDEX(generale!$A$16:$G$4963,MATCH(NGG!$A259,generale!$A$16:$A$4963,0),COLUMN())=0,0,INDEX(generale!$A$16:$G$4963,MATCH(NGG!$A259,generale!$A$16:$A$4963,0),COLUMN()))","v":4},{"$f":"IF(INDEX(generale!$A$16:$G$4963,MATCH(NGG!$A259,generale!$A$16:$A$4963,0),COLUMN())=0,0,INDEX(generale!$A$16:$G$4963,MATCH(NGG!$A259,generale!$A$16:$A$4963,0),COLUMN()))","v":7},{"$f":"IF(INDEX(generale!$A$16:$G$4963,MATCH(NGG!$A259,generale!$A$16:$A$4963,0),COLUMN())=0,0,INDEX(generale!$A$16:$G$4963,MATCH(NGG!$A259,generale!$A$16:$A$4963,0),COLUMN()))","v":16},{"$f":"IF(INDEX(generale!$A$16:$G$4963,MATCH(NGG!$A259,generale!$A$16:$A$4963,0),COLUMN())=0,0,INDEX(generale!$A$16:$G$4963,MATCH(NGG!$A259,generale!$A$16:$A$4963,0),COLUMN()))","v":13},{"$f":"IF(INDEX(generale!$A$16:$G$4963,MATCH(NGG!$A259,generale!$A$16:$A$4963,0),COLUMN())=0,0,INDEX(generale!$A$16:$G$4963,MATCH(NGG!$A259,generale!$A$16:$A$4963,0),COLUMN()))","v":14},{"$f":"generale!G269","v":"T"},3,18,5,0,27,9,7,15,20,12,1,24,6,2,19,20,4,42,4,5,null,null,null,null,null,null,null,null,null,null,null,null,null,null,null,1,1,1,1,1,1,14,"5",17]
[{"$f":"IF(generale!$A270>0,generale!$A270,\"\")","v":"2005-09-14"},{"$f":"IF(INDEX(generale!$A$16:$G$4963,MATCH(NGG!$A260,generale!$A$16:$A$4963,0),COLUMN())=0,0,INDEX(generale!$A$16:$G$4963,MATCH(NGG!$A260,generale!$A$16:$A$4963,0),COLUMN()))","v":5},{"$f":"IF(INDEX(generale!$A$16:$G$4963,MATCH(NGG!$A260,generale!$A$16:$A$4963,0),COLUMN())=0,0,INDEX(generale!$A$16:$G$4963,MATCH(NGG!$A260,generale!$A$16:$A$4963,0),COLUMN()))","v":6},{"$f":"IF(INDEX(generale!$A$16:$G$4963,MATCH(NGG!$A260,generale!$A$16:$A$4963,0),COLUMN())=0,0,INDEX(generale!$A$16:$G$4963,MATCH(NGG!$A260,generale!$A$16:$A$4963,0),COLUMN()))","v":2},{"$f":"IF(INDEX(generale!$A$16:$G$4963,MATCH(NGG!$A260,generale!$A$16:$A$4963,0),COLUMN())=0,0,INDEX(generale!$A$16:$G$4963,MATCH(NGG!$A260,generale!$A$16:$A$4963,0),COLUMN()))","v":9},{"$f":"IF(INDEX(generale!$A$16:$G$4963,MATCH(NGG!$A260,generale!$A$16:$A$4963,0),COLUMN())=0,0,INDEX(generale!$A$16:$G$4963,MATCH(NGG!$A260,generale!$A$16:$A$4963,0),COLUMN()))","v":13},{"$f":"generale!G270","v":"P"},4,19,6,1,0,10,8,16,21,13,2,25,7,3,20,20,4,42,4,5,null,null,null,null,null,null,null,null,null,null,null,null,null,null,null,null,1,1,1,1,1,{"$f":"IF(A260<>\"\",20-SUM(AC260:AV260),\"\")","v":15},null,16]
[{"$f":"IF(generale!$A271>0,generale!$A271,\"\")","v":"2005-09-15"},{"$f":"IF(INDEX(generale!$A$16:$G$4963,MATCH(NGG!$A261,generale!$A$16:$A$4963,0),COLUMN())=0,0,INDEX(generale!$A$16:$G$4963,MATCH(NGG!$A261,generale!$A$16:$A$4963,0),COLUMN()))","v":7},{"$f":"IF(INDEX(generale!$A$16:$G$4963,MATCH(NGG!$A261,generale!$A$16:$A$4963,0),COLUMN())=0,0,INDEX(generale!$A$16:$G$4963,MATCH(NGG!$A261,generale!$A$16:$A$4963,0),COLUMN()))","v":3},{"$f":"IF(INDEX(generale!$A$16:$G$4963,MATCH(NGG!$A261,generale!$A$16:$A$4963,0),COLUMN())=0,0,INDEX(generale!$A$16:$G$4963,MATCH(NGG!$A261,generale!$A$16:$A$4963,0),COLUMN()))","v":13},{"$f":"IF(INDEX(generale!$A$16:$G$4963,MATCH(NGG!$A261,generale!$A$16:$A$4963,0),COLUMN())=0,0,INDEX(generale!$A$16:$G$4963,MATCH(NGG!$A261,generale!$A$16:$A$4963,0),COLUMN()))","v":17},{"$f":"IF(INDEX(generale!$A$16:$G$4963,MATCH(NGG!$A261,generale!$A$16:$A$4963,0),COLUMN())=0,0,INDEX(generale!$A$16:$G$4963,MATCH(NGG!$A261,generale!$A$16:$A$4963,0),COLUMN()))","v":11},{"$f":"generale!G271","v":"O"},5,20,7,2,1,11,0,17,22,14,3,26,8,4,21,{"$f":"IF(COUNTIF($B261:$D261,0)<3,IF(LEN(SUBSTITUTE(SUBSTITUTE($B261,W$1,,1),,1))=0,0,W260+1-AR261),\"\")","v":21},4,42,4,5,null,null,null,null,null,null,null,null,null,null,null,null,null,null,null,null,null,1,1,1,1,16,null,18]
[{"$f":"IF(generale!$A272>0,generale!$A272,\"\")","v":"2005-09-16"},{"$f":"IF(INDEX(generale!$A$16:$G$4963,MATCH(NGG!$A262,generale!$A$16:$A$4963,0),COLUMN())=0,0,INDEX(generale!$A$16:$G$4963,MATCH(NGG!$A262,generale!$A$16:$A$4963,0),COLUMN()))","v":17},{"$f":"IF(INDEX(generale!$A$16:$G$4963,MATCH(NGG!$A262,generale!$A$16:$A$4963,0),COLUMN())=0,0,INDEX(generale!$A$16:$G$4963,MATCH(NGG!$A262,generale!$A$16:$A$4963,0),COLUMN()))","v":12},{"$f":"IF(INDEX(generale!$A$16:$G$4963,MATCH(NGG!$A262,generale!$A$16:$A$4963,0),COLUMN())=0,0,INDEX(generale!$A$16:$G$4963,MATCH(NGG!$A262,generale!$A$16:$A$4963,0),COLUMN()))","v":13},{"$f":"IF(INDEX(generale!$A$16:$G$4963,MATCH(NGG!$A262,generale!$A$16:$A$4963,0),COLUMN())=0,0,INDEX(generale!$A$16:$G$4963,MATCH(NGG!$A262,generale!$A$16:$A$4963,0),COLUMN()))","v":1},{"$f":"IF(INDEX(generale!$A$16:$G$4963,MATCH(NGG!$A262,generale!$A$16:$A$4963,0),COLUMN())=0,0,INDEX(generale!$A$16:$G$4963,MATCH(NGG!$A262,generale!$A$16:$A$4963,0),COLUMN()))","v":2},{"$f":"generale!G272","v":"P"},{"$f":"IF(COUNTIF($B262:$D262,0)<3,IF(LEN(SUBSTITUTE(SUBSTITUTE($B262,H$1,,1),,1))=0,0,H261+1-AC262),\"\")","v":6},21,8,3,2,12,1,18,23,15,4,27,9,5,22,22,0,42,4,5,null,null,null,null,null,null,null,null,null,null,null,null,null,null,null,null,null,1,1,1,1,16,null,18]
[{"$f":"IF(generale!$A273>0,generale!$A273,\"\")","v":"2005-09-17"},{"$f":"IF(INDEX(generale!$A$16:$G$4963,MATCH(NGG!$A263,generale!$A$16:$A$4963,0),COLUMN())=0,0,INDEX(generale!$A$16:$G$4963,MATCH(NGG!$A263,generale!$A$16:$A$4963,0),COLUMN()))","v":13},{"$f":"IF(INDEX(generale!$A$16:$G$4963,MATCH(NGG!$A263,generale!$A$16:$A$4963,0),COLUMN())=0,0,INDEX(generale!$A$16:$G$4963,MATCH(NGG!$A263,generale!$A$16:$A$4963,0),COLUMN()))","v":5},{"$f":"IF(INDEX(generale!$A$16:$G$4963,MATCH(NGG!$A263,generale!$A$16:$A$4963,0),COLUMN())=0,0,INDEX(generale!$A$16:$G$4963,MATCH(NGG!$A263,generale!$A$16:$A$4963,0),COLUMN()))","v":1},{"$f":"IF(INDEX(generale!$A$16:$G$4963,MATCH(NGG!$A263,generale!$A$16:$A$4963,0),COLUMN())=0,0,INDEX(generale!$A$16:$G$4963,MATCH(NGG!$A263,generale!$A$16:$A$4963,0),COLUMN()))","v":9},{"$f":"IF(INDEX(generale!$A$16:$G$4963,MATCH(NGG!$A263,generale!$A$16:$A$4963,0),COLUMN())=0,0,INDEX(generale!$A$16:$G$4963,MATCH(NGG!$A263,generale!$A$16:$A$4963,0),COLUMN()))","v":18},{"$f":"generale!G273","v":"P"},7,22,9,4,3,13,2,19,24,16,5,28,0,6,23,23,1,43,4,5,null,null,null,null,null,null,null,null,null,null,null,null,null,null,null,null,null,null,null,1,1,18,null,18]
[{"$f":"IF(generale!$A274>0,generale!$A274,\"\")","v":"2005-09-18"},{"$f":"IF(INDEX(generale!$A$16:$G$4963,MATCH(NGG!$A264,generale!$A$16:$A$4963,0),COLUMN())=0,0,INDEX(generale!$A$16:$G$4963,MATCH(NGG!$A264,generale!$A$16:$A$4963,0),COLUMN()))","v":11},{"$f":"IF(INDEX(generale!$A$16:$G$4963,MATCH(NGG!$A264,generale!$A$16:$A$4963,0),COLUMN())=0,0,INDEX(generale!$A$16:$G$4963,MATCH(NGG!$A264,generale!$A$16:$A$4963,0),COLUMN()))","v":8},{"$f":"IF(INDEX(generale!$A$16:$G$4963,MATCH(NGG!$A264,generale!$A$16:$A$4963,0),COLUMN())=0,0,INDEX(generale!$A$16:$G$4963,MATCH(NGG!$A264,generale!$A$16:$A$4963,0),COLUMN()))","v":12},{"$f":"IF(INDEX(generale!$A$16:$G$4963,MATCH(NGG!$A264,generale!$A$16:$A$4963,0),COLUMN())=0,0,INDEX(generale!$A$16:$G$4963,MATCH(NGG!$A264,generale!$A$16:$A$4963,0),COLUMN()))","v":9},{"$f":"IF(INDEX(generale!$A$16:$G$4963,MATCH(NGG!$A264,generale!$A$16:$A$4963,0),COLUMN())=0,0,INDEX(generale!$A$16:$G$4963,MATCH(NGG!$A264,generale!$A$16:$A$4963,0),COLUMN()))","v":4},{"$f":"generale!G274","v":"T"},8,23,10,5,4,14,3,20,25,17,0,28,1,7,24,23,1,43,4,5,null,null,null,null,null,null,null,null,null,null,null,null,1,null,null,null,1,1,1,1,1,14,null,15]
[{"$f":"IF(generale!$A275>0,generale!$A275,\"\")","v":"2005-09-19"},{"$f":"IF(INDEX(generale!$A$16:$G$4963,MATCH(NGG!$A265,generale!$A$16:$A$4963,0),COLUMN())=0,0,INDEX(generale!$A$16:$G$4963,MATCH(NGG!$A265,generale!$A$16:$A$4963,0),COLUMN()))","v":9},{"$f":"IF(INDEX(generale!$A$16:$G$4963,MATCH(NGG!$A265,generale!$A$16:$A$4963,0),COLUMN())=0,0,INDEX(generale!$A$16:$G$4963,MATCH(NGG!$A265,generale!$A$16:$A$4963,0),COLUMN()))","v":11},{"$f":"IF(INDEX(generale!$A$16:$G$4963,MATCH(NGG!$A265,generale!$A$16:$A$4963,0),COLUMN())=0,0,INDEX(generale!$A$16:$G$4963,MATCH(NGG!$A265,generale!$A$16:$A$4963,0),COLUMN()))","v":7},{"$f":"IF(INDEX(generale!$A$16:$G$4963,MATCH(NGG!$A265,generale!$A$16:$A$4963,0),COLUMN())=0,0,INDEX(generale!$A$16:$G$4963,MATCH(NGG!$A265,generale!$A$16:$A$4963,0),COLUMN()))","v":12},{"$f":"IF(INDEX(generale!$A$16:$G$4963,MATCH(NGG!$A265,generale!$A$16:$A$4963,0),COLUMN())=0,0,INDEX(generale!$A$16:$G$4963,MATCH(NGG!$A265,generale!$A$16:$A$4963,0),COLUMN()))","v":5},{"$f":"generale!G275","v":"P"},9,24,11,6,5,15,4,21,0,18,1,29,2,8,25,24,2,43,4,5,null,null,null,null,null,null,null,null,null,null,null,null,null,null,null,null,null,null,1,1,1,17,null,16]
[{"$f":"IF(generale!$A276>0,generale!$A276,\"\")","v":"2005-09-20"},{"$f":"IF(INDEX(generale!$A$16:$G$4963,MATCH(NGG!$A266,generale!$A$16:$A$4963,0),COLUMN())=0,0,INDEX(generale!$A$16:$G$4963,MATCH(NGG!$A266,generale!$A$16:$A$4963,0),COLUMN()))","v":14},{"$f":"IF(INDEX(generale!$A$16:$G$4963,MATCH(NGG!$A266,generale!$A$16:$A$4963,0),COLUMN())=0,0,INDEX(generale!$A$16:$G$4963,MATCH(NGG!$A266,generale!$A$16:$A$4963,0),COLUMN()))","v":8},{"$f":"IF(INDEX(generale!$A$16:$G$4963,MATCH(NGG!$A266,generale!$A$16:$A$4963,0),COLUMN())=0,0,INDEX(generale!$A$16:$G$4963,MATCH(NGG!$A266,generale!$A$16:$A$4963,0),COLUMN()))","v":5},{"$f":"IF(INDEX(generale!$A$16:$G$4963,MATCH(NGG!$A266,generale!$A$16:$A$4963,0),COLUMN())=0,0,INDEX(generale!$A$16:$G$4963,MATCH(NGG!$A266,generale!$A$16:$A$4963,0),COLUMN()))","v":13},{"$f":"IF(INDEX(generale!$A$16:$G$4963,MATCH(NGG!$A266,generale!$A$16:$A$4963,0),COLUMN())=0,0,INDEX(generale!$A$16:$G$4963,MATCH(NGG!$A266,generale!$A$16:$A$4963,0),COLUMN()))","v":3},{"$f":"generale!G276","v":"T"},10,24,12,7,6,16,5,22,1,19,2,30,3,0,26,24,2,43,4,5,null,null,1,null,null,null,null,null,null,null,null,null,null,null,null,null,1,1,1,1,1,14,null,16]
[{"$f":"IF(generale!$A277>0,generale!$A277,\"\")","v":"2005-09-21"},{"$f":"IF(INDEX(generale!$A$16:$G$4963,MATCH(NGG!$A267,generale!$A$16:$A$4963,0),COLUMN())=0,0,INDEX(generale!$A$16:$G$4963,MATCH(NGG!$A267,generale!$A$16:$A$4963,0),COLUMN()))","v":9},{"$f":"IF(INDEX(generale!$A$16:$G$4963,MATCH(NGG!$A267,generale!$A$16:$A$4963,0),COLUMN())=0,0,INDEX(generale!$A$16:$G$4963,MATCH(NGG!$A267,generale!$A$16:$A$4963,0),COLUMN()))","v":17},{"$f":"IF(INDEX(generale!$A$16:$G$4963,MATCH(NGG!$A267,generale!$A$16:$A$4963,0),COLUMN())=0,0,INDEX(generale!$A$16:$G$4963,MATCH(NGG!$A267,generale!$A$16:$A$4963,0),COLUMN()))","v":7},{"$f":"IF(INDEX(generale!$A$16:$G$4963,MATCH(NGG!$A267,generale!$A$16:$A$4963,0),COLUMN())=0,0,INDEX(generale!$A$16:$G$4963,MATCH(NGG!$A267,generale!$A$16:$A$4963,0),COLUMN()))","v":1},{"$f":"IF(INDEX(generale!$A$16:$G$4963,MATCH(NGG!$A267,generale!$A$16:$A$4963,0),COLUMN())=0,0,INDEX(generale!$A$16:$G$4963,MATCH(NGG!$A267,generale!$A$16:$A$4963,0),COLUMN()))","v":6},{"$f":"generale!G277","v":"T"},11,25,13,8,6,17,6,23,0,20,3,31,4,0,26,24,2,43,4,5,null,null,null,null,null,1,null,null,null,null,null,null,null,null,1,1,1,1,1,1,1,12,null,17]
[{"$f":"IF(generale!$A278>0,generale!$A278,\"\")","v":"2005-09-22"},{"$f":"IF(INDEX(generale!$A$16:$G$4963,MATCH(NGG!$A268,generale!$A$16:$A$4963,0),COLUMN())=0,0,INDEX(generale!$A$16:$G$4963,MATCH(NGG!$A268,generale!$A$16:$A$4963,0),COLUMN()))","v":5},{"$f":"IF(INDEX(generale!$A$16:$G$4963,MATCH(NGG!$A268,generale!$A$16:$A$4963,0),COLUMN())=0,0,INDEX(generale!$A$16:$G$4963,MATCH(NGG!$A268,generale!$A$16:$A$4963,0),COLUMN()))","v":3},{"$f":"IF(INDEX(generale!$A$16:$G$4963,MATCH(NGG!$A268,generale!$A$16:$A$4963,0),COLUMN())=0,0,INDEX(generale!$A$16:$G$4963,MATCH(NGG!$A268,generale!$A$16:$A$4963,0),COLUMN()))","v":4},{"$f":"IF(INDEX(generale!$A$16:$G$4963,MATCH(NGG!$A268,generale!$A$16:$A$4963,0),COLUMN())=0,0,INDEX(generale!$A$16:$G$4963,MATCH(NGG!$A268,generale!$A$16:$A$4963,0),COLUMN()))","v":14},{"$f":"IF(INDEX(generale!$A$16:$G$4963,MATCH(NGG!$A268,generale!$A$16:$A$4963,0),COLUMN())=0,0,INDEX(generale!$A$16:$G$4963,MATCH(NGG!$A268,generale!$A$16:$A$4963,0),COLUMN()))","v":11},{"$f":"generale!G278","v":"T"},12,26,14,9,0,18,7,24,1,21,4,32,5,1,27,25,3,44,4,5,null,null,null,null,null,null,null,null,null,null,null,null,null,null,null,null,null,null,null,1,1,18,null,13]
[{"$f":"IF(generale!$A279>0,generale!$A279,\"\")","v":"2005-09-23"},{"$f":"IF(INDEX(generale!$A$16:$G$4963,MATCH(NGG!$A269,generale!$A$16:$A$4963,0),COLUMN())=0,0,INDEX(generale!$A$16:$G$4963,MATCH(NGG!$A269,generale!$A$16:$A$4963,0),COLUMN()))","v":14},{"$f":"IF(INDEX(generale!$A$16:$G$4963,MATCH(NGG!$A269,generale!$A$16:$A$4963,0),COLUMN())=0,0,INDEX(generale!$A$16:$G$4963,MATCH(NGG!$A269,generale!$A$16:$A$4963,0),COLUMN()))","v":3},{"$f":"IF(INDEX(generale!$A$16:$G$4963,MATCH(NGG!$A269,generale!$A$16:$A$4963,0),COLUMN())=0,0,INDEX(generale!$A$16:$G$4963,MATCH(NGG!$A269,generale!$A$16:$A$4963,0),COLUMN()))","v":1},{"$f":"IF(INDEX(generale!$A$16:$G$4963,MATCH(NGG!$A269,generale!$A$16:$A$4963,0),COLUMN())=0,0,INDEX(generale!$A$16:$G$4963,MATCH(NGG!$A269,generale!$A$16:$A$4963,0),COLUMN()))","v":9},{"$f":"IF(INDEX(generale!$A$16:$G$4963,MATCH(NGG!$A269,generale!$A$16:$A$4963,0),COLUMN())=0,0,INDEX(generale!$A$16:$G$4963,MATCH(NGG!$A269,generale!$A$16:$A$4963,0),COLUMN()))","v":2},{"$f":"generale!G279","v":"T"},13,27,15,10,1,19,8,25,2,22,5,33,6,0,27,25,3,44,4,5,null,null,null,null,null,null,null,null,null,null,null,null,null,null,null,1,1,1,1,1,1,14,null,16]
[{"$f":"IF(generale!$A280>0,generale!$A280,\"\")","v":"2005-09-24"},{"$f":"IF(INDEX(generale!$A$16:$G$4963,MATCH(NGG!$A270,generale!$A$16:$A$4963,0),COLUMN())=0,0,INDEX(generale!$A$16:$G$4963,MATCH(NGG!$A270,generale!$A$16:$A$4963,0),COLUMN()))","v":3},{"$f":"IF(INDEX(generale!$A$16:$G$4963,MATCH(NGG!$A270,generale!$A$16:$A$4963,0),COLUMN())=0,0,INDEX(generale!$A$16:$G$4963,MATCH(NGG!$A270,generale!$A$16:$A$4963,0),COLUMN()))","v":12},{"$f":"IF(INDEX(generale!$A$16:$G$4963,MATCH(NGG!$A270,generale!$A$16:$A$4963,0),COLUMN())=0,0,INDEX(generale!$A$16:$G$4963,MATCH(NGG!$A270,generale!$A$16:$A$4963,0),COLUMN()))","v":9},{"$f":"IF(INDEX(generale!$A$16:$G$4963,MATCH(NGG!$A270,generale!$A$16:$A$4963,0),COLUMN())=0,0,INDEX(generale!$A$16:$G$4963,MATCH(NGG!$A270,generale!$A$16:$A$4963,0),COLUMN()))","v":11},{"$f":"IF(INDEX(generale!$A$16:$G$4963,MATCH(NGG!$A270,generale!$A$16:$A$4963,0),COLUMN())=0,0,INDEX(generale!$A$16:$G$4963,MATCH(NGG!$A270,generale!$A$16:$A$4963,0),COLUMN()))","v":6},{"$f":"generale!G280","v":"P"},14,28,0,11,2,20,9,26,3,23,6,34,7,1,27,25,3,44,4,5,null,null,null,null,null,null,null,null,null,null,null,null,null,null,null,1,1,1,1,1,1,14,null,18]
[{"$f":"IF(generale!$A281>0,generale!$A281,\"\")","v":"2005-09-25"},{"$f":"IF(INDEX(generale!$A$16:$G$4963,MATCH(NGG!$A271,generale!$A$16:$A$4963,0),COLUMN())=0,0,INDEX(generale!$A$16:$G$4963,MATCH(NGG!$A271,generale!$A$16:$A$4963,0),COLUMN()))","v":16},{"$f":"IF(INDEX(generale!$A$16:$G$4963,MATCH(NGG!$A271,generale!$A$16:$A$4963,0),COLUMN())=0,0,INDEX(generale!$A$16:$G$4963,MATCH(NGG!$A271,generale!$A$16:$A$4963,0),COLUMN()))","v":17},{"$f":"IF(INDEX(generale!$A$16:$G$4963,MATCH(NGG!$A271,generale!$A$16:$A$4963,0),COLUMN())=0,0,INDEX(generale!$A$16:$G$4963,MATCH(NGG!$A271,generale!$A$16:$A$4963,0),COLUMN()))","v":20},{"$f":"IF(INDEX(generale!$A$16:$G$4963,MATCH(NGG!$A271,generale!$A$16:$A$4963,0),COLUMN())=0,0,INDEX(generale!$A$16:$G$4963,MATCH(NGG!$A271,generale!$A$16:$A$4963,0),COLUMN()))","v":1},{"$f":"IF(INDEX(generale!$A$16:$G$4963,MATCH(NGG!$A271,generale!$A$16:$A$4963,0),COLUMN())=0,0,INDEX(generale!$A$16:$G$4963,MATCH(NGG!$A271,generale!$A$16:$A$4963,0),COLUMN()))","v":19},{"$f":"generale!G281","v":"T"},15,29,1,12,3,21,10,27,4,24,7,35,8,2,28,0,4,45,4,5,null,null,null,null,null,null,null,null,null,null,null,null,null,null,null,null,null,null,null,1,1,18,null,20]
[{"$f":"IF(generale!$A282>0,generale!$A282,\"\")","v":"2005-09-26"},{"$f":"IF(INDEX(generale!$A$16:$G$4963,MATCH(NGG!$A272,generale!$A$16:$A$4963,0),COLUMN())=0,0,INDEX(generale!$A$16:$G$4963,MATCH(NGG!$A272,generale!$A$16:$A$4963,0),COLUMN()))","v":2},{"$f":"IF(INDEX(generale!$A$16:$G$4963,MATCH(NGG!$A272,generale!$A$16:$A$4963,0),COLUMN())=0,0,INDEX(generale!$A$16:$G$4963,MATCH(NGG!$A272,generale!$A$16:$A$4963,0),COLUMN()))","v":9},{"$f":"IF(INDEX(generale!$A$16:$G$4963,MATCH(NGG!$A272,generale!$A$16:$A$4963,0),COLUMN())=0,0,INDEX(generale!$A$16:$G$4963,MATCH(NGG!$A272,generale!$A$16:$A$4963,0),COLUMN()))","v":15},{"$f":"IF(INDEX(generale!$A$16:$G$4963,MATCH(NGG!$A272,generale!$A$16:$A$4963,0),COLUMN())=0,0,INDEX(generale!$A$16:$G$4963,MATCH(NGG!$A272,generale!$A$16:$A$4963,0),COLUMN()))","v":11},{"$f":"IF(INDEX(generale!$A$16:$G$4963,MATCH(NGG!$A272,generale!$A$16:$A$4963,0),COLUMN())=0,0,INDEX(generale!$A$16:$G$4963,MATCH(NGG!$A272,generale!$A$16:$A$4963,0),COLUMN()))","v":7},{"$f":"generale!G282","v":"T"},16,0,2,13,4,22,11,28,5,25,8,36,9,3,29,1,5,45,4,5,null,null,null,null,null,null,null,null,null,null,null,null,null,null,null,null,null,null,1,1,1,17,null,16]
[{"$f":"IF(generale!$A283>0,generale!$A283,\"\")","v":"2005-09-27"},{"$f":"IF(INDEX(generale!$A$16:$G$4963,MATCH(NGG!$A273,generale!$A$16:$A$4963,0),COLUMN())=0,0,INDEX(generale!$A$16:$G$4963,MATCH(NGG!$A273,generale!$A$16:$A$4963,0),COLUMN()))","v":1},{"$f":"IF(INDEX(generale!$A$16:$G$4963,MATCH(NGG!$A273,generale!$A$16:$A$4963,0),COLUMN())=0,0,INDEX(generale!$A$16:$G$4963,MATCH(NGG!$A273,generale!$A$16:$A$4963,0),COLUMN()))","v":8},{"$f":"IF(INDEX(generale!$A$16:$G$4963,MATCH(NGG!$A273,generale!$A$16:$A$4963,0),COLUMN())=0,0,INDEX(generale!$A$16:$G$4963,MATCH(NGG!$A273,generale!$A$16:$A$4963,0),COLUMN()))","v":15},{"$f":"IF(INDEX(generale!$A$16:$G$4963,MATCH(NGG!$A273,generale!$A$16:$A$4963,0),COLUMN())=0,0,INDEX(generale!$A$16:$G$4963,MATCH(NGG!$A273,generale!$A$16:$A$4963,0),COLUMN()))","v":16},{"$f":"IF(INDEX(generale!$A$16:$G$4963,MATCH(NGG!$A273,generale!$A$16:$A$4963,0),COLUMN())=0,0,INDEX(generale!$A$16:$G$4963,MATCH(NGG!$A273,generale!$A$16:$A$4963,0),COLUMN()))","v":7},{"$f":"generale!G283","v":"P"},0,1,3,13,5,23,12,29,6,26,9,37,10,4,30,2,6,46,4,5,null,null,null,null,1,null,null,null,null,null,null,null,null,null,null,null,null,null,null,1,1,17,null,17]
[{"$f":"IF(generale!$A284>0,generale!$A284,\"\")","v":"2005-09-28"},{"$f":"IF(INDEX(generale!$A$16:$G$4963,MATCH(NGG!$A274,generale!$A$16:$A$4963,0),COLUMN())=0,0,INDEX(generale!$A$16:$G$4963,MATCH(NGG!$A274,generale!$A$16:$A$4963,0),COLUMN()))","v":8},{"$f":"IF(INDEX(generale!$A$16:$G$4963,MATCH(NGG!$A274,generale!$A$16:$A$4963,0),COLUMN())=0,0,INDEX(generale!$A$16:$G$4963,MATCH(NGG!$A274,generale!$A$16:$A$4963,0),COLUMN()))","v":15},{"$f":"IF(INDEX(generale!$A$16:$G$4963,MATCH(NGG!$A274,generale!$A$16:$A$4963,0),COLUMN())=0,0,INDEX(generale!$A$16:$G$4963,MATCH(NGG!$A274,generale!$A$16:$A$4963,0),COLUMN()))","v":18},{"$f":"IF(INDEX(generale!$A$16:$G$4963,MATCH(NGG!$A274,generale!$A$16:$A$4963,0),COLUMN())=0,0,INDEX(generale!$A$16:$G$4963,MATCH(NGG!$A274,generale!$A$16:$A$4963,0),COLUMN()))","v":17},{"$f":"IF(INDEX(generale!$A$16:$G$4963,MATCH(NGG!$A274,generale!$A$16:$A$4963,0),COLUMN())=0,0,INDEX(generale!$A$16:$G$4963,MATCH(NGG!$A274,generale!$A$16:$A$4963,0),COLUMN()))","v":16},{"$f":"generale!G284","v":"T"},1,2,4,14,6,24,13,0,7,27,10,38,11,5,31,3,7,47,4,5,null,null,null,null,null,null,null,null,null,null,null,null,null,null,null,null,null,null,null,1,1,18,null,18]
[{"$f":"IF(generale!$A285>0,generale!$A285,\"\")","v":"2005-09-29"},{"$f":"IF(INDEX(generale!$A$16:$G$4963,MATCH(NGG!$A275,generale!$A$16:$A$4963,0),COLUMN())=0,0,INDEX(generale!$A$16:$G$4963,MATCH(NGG!$A275,generale!$A$16:$A$4963,0),COLUMN()))","v":14},{"$f":"IF(INDEX(generale!$A$16:$G$4963,MATCH(NGG!$A275,generale!$A$16:$A$4963,0),COLUMN())=0,0,INDEX(generale!$A$16:$G$4963,MATCH(NGG!$A275,generale!$A$16:$A$4963,0),COLUMN()))","v":2},{"$f":"IF(INDEX(generale!$A$16:$G$4963,MATCH(NGG!$A275,generale!$A$16:$A$4963,0),COLUMN())=0,0,INDEX(generale!$A$16:$G$4963,MATCH(NGG!$A275,generale!$A$16:$A$4963,0),COLUMN()))","v":6},{"$f":"IF(INDEX(generale!$A$16:$G$4963,MATCH(NGG!$A275,generale!$A$16:$A$4963,0),COLUMN())=0,0,INDEX(generale!$A$16:$G$4963,MATCH(NGG!$A275,generale!$A$16:$A$4963,0),COLUMN()))","v":9},{"$f":"IF(INDEX(generale!$A$16:$G$4963,MATCH(NGG!$A275,generale!$A$16:$A$4963,0),COLUMN())=0,0,INDEX(generale!$A$16:$G$4963,MATCH(NGG!$A275,generale!$A$16:$A$4963,0),COLUMN()))","v":11},{"$f":"generale!G285","v":"P"},2,3,5,15,7,25,14,1,8,28,11,39,12,0,32,4,7,47,4,5,null,null,null,null,null,null,null,null,null,null,null,null,null,null,null,null,null,1,1,1,1,16,null,16]
[{"$f":"IF(generale!$A286>0,generale!$A286,\"\")","v":"2005-09-30"},{"$f":"IF(INDEX(generale!$A$16:$G$4963,MATCH(NGG!$A276,generale!$A$16:$A$4963,0),COLUMN())=0,0,INDEX(generale!$A$16:$G$4963,MATCH(NGG!$A276,generale!$A$16:$A$4963,0),COLUMN()))","v":6},{"$f":"IF(INDEX(generale!$A$16:$G$4963,MATCH(NGG!$A276,generale!$A$16:$A$4963,0),COLUMN())=0,0,INDEX(generale!$A$16:$G$4963,MATCH(NGG!$A276,generale!$A$16:$A$4963,0),COLUMN()))","v":10},{"$f":"IF(INDEX(generale!$A$16:$G$4963,MATCH(NGG!$A276,generale!$A$16:$A$4963,0),COLUMN())=0,0,INDEX(generale!$A$16:$G$4963,MATCH(NGG!$A276,generale!$A$16:$A$4963,0),COLUMN()))","v":12},{"$f":"IF(INDEX(generale!$A$16:$G$4963,MATCH(NGG!$A276,generale!$A$16:$A$4963,0),COLUMN())=0,0,INDEX(generale!$A$16:$G$4963,MATCH(NGG!$A276,generale!$A$16:$A$4963,0),COLUMN()))","v":7},{"$f":"IF(INDEX(generale!$A$16:$G$4963,MATCH(NGG!$A276,generale!$A$16:$A$4963,0),COLUMN())=0,0,INDEX(generale!$A$16:$G$4963,MATCH(NGG!$A276,generale!$A$16:$A$4963,0),COLUMN()))","v":11},{"$f":"generale!G286","v":"T"},3,4,6,16,8,0,15,2,9,29,12,40,13,1,33,5,7,47,4,5,null,null,null,null,null,null,null,null,null,null,null,null,null,null,null,null,null,1,1,1,1,16,null,15]
[{"$f":"IF(generale!$A287>0,generale!$A287,\"\")","v":"2005-10-01"},{"$f":"IF(INDEX(generale!$A$16:$G$4963,MATCH(NGG!$A277,generale!$A$16:$A$4963,0),COLUMN())=0,0,INDEX(generale!$A$16:$G$4963,MATCH(NGG!$A277,generale!$A$16:$A$4963,0),COLUMN()))","v":4},{"$f":"IF(INDEX(generale!$A$16:$G$4963,MATCH(NGG!$A277,generale!$A$16:$A$4963,0),COLUMN())=0,0,INDEX(generale!$A$16:$G$4963,MATCH(NGG!$A277,generale!$A$16:$A$4963,0),COLUMN()))","v":13},{"$f":"IF(INDEX(generale!$A$16:$G$4963,MATCH(NGG!$A277,generale!$A$16:$A$4963,0),COLUMN())=0,0,INDEX(generale!$A$16:$G$4963,MATCH(NGG!$A277,generale!$A$16:$A$4963,0),COLUMN()))","v":3},{"$f":"IF(INDEX(generale!$A$16:$G$4963,MATCH(NGG!$A277,generale!$A$16:$A$4963,0),COLUMN())=0,0,INDEX(generale!$A$16:$G$4963,MATCH(NGG!$A277,generale!$A$16:$A$4963,0),COLUMN()))","v":8},{"$f":"IF(INDEX(generale!$A$16:$G$4963,MATCH(NGG!$A277,generale!$A$16:$A$4963,0),COLUMN())=0,0,INDEX(generale!$A$16:$G$4963,MATCH(NGG!$A277,generale!$A$16:$A$4963,0),COLUMN()))","v":17},{"$f":"generale!G287","v":"P"},4,5,7,0,9,1,16,3,10,30,13,41,14,2,34,6,{"$f":"IF(COUNTIF($B277:$D277,0)<3,IF(LEN(SUBSTITUTE(SUBSTITUTE($B277,X$1,,1),,1))=0,0,X276+1-AS277),\"\")","v":7},47,4,5,null,null,null,null,null,null,null,null,null,null,null,null,null,null,null,null,null,1,1,1,1,16,null,18]
[{"$f":"IF(generale!$A288>0,generale!$A288,\"\")","v":"2005-10-02"},{"$f":"IF(INDEX(generale!$A$16:$G$4963,MATCH(NGG!$A278,generale!$A$16:$A$4963,0),COLUMN())=0,0,INDEX(generale!$A$16:$G$4963,MATCH(NGG!$A278,generale!$A$16:$A$4963,0),COLUMN()))","v":13},{"$f":"IF(INDEX(generale!$A$16:$G$4963,MATCH(NGG!$A278,generale!$A$16:$A$4963,0),COLUMN())=0,0,INDEX(generale!$A$16:$G$4963,MATCH(NGG!$A278,generale!$A$16:$A$4963,0),COLUMN()))","v":2},{"$f":"IF(INDEX(generale!$A$16:$G$4963,MATCH(NGG!$A278,generale!$A$16:$A$4963,0),COLUMN())=0,0,INDEX(generale!$A$16:$G$4963,MATCH(NGG!$A278,generale!$A$16:$A$4963,0),COLUMN()))","v":5},{"$f":"IF(INDEX(generale!$A$16:$G$4963,MATCH(NGG!$A278,generale!$A$16:$A$4963,0),COLUMN())=0,0,INDEX(generale!$A$16:$G$4963,MATCH(NGG!$A278,generale!$A$16:$A$4963,0),COLUMN()))","v":7},{"$f":"IF(INDEX(generale!$A$16:$G$4963,MATCH(NGG!$A278,generale!$A$16:$A$4963,0),COLUMN())=0,0,INDEX(generale!$A$16:$G$4963,MATCH(NGG!$A278,generale!$A$16:$A$4963,0),COLUMN()))","v":12},{"$f":"generale!G288","v":"P"},{"$f":"IF(COUNTIF($B278:$D278,0)<3,IF(LEN(SUBSTITUTE(SUBSTITUTE($B278,H$1,,1),,1))=0,0,H277+1-AC278),\"\")","v":5},6,8,1,10,2,17,4,11,31,14,42,0,3,35,7,8,47,4,5,null,null,null,null,null,null,null,null,null,null,null,null,null,null,null,null,null,null,1,1,1,17,null,15]
[{"$f":"IF(generale!$A289>0,generale!$A289,\"\")","v":"2005-10-03"},{"$f":"IF(INDEX(generale!$A$16:$G$4963,MATCH(NGG!$A279,generale!$A$16:$A$4963,0),COLUMN())=0,0,INDEX(generale!$A$16:$G$4963,MATCH(NGG!$A279,generale!$A$16:$A$4963,0),COLUMN()))","v":10},{"$f":"IF(INDEX(generale!$A$16:$G$4963,MATCH(NGG!$A279,generale!$A$16:$A$4963,0),COLUMN())=0,0,INDEX(generale!$A$16:$G$4963,MATCH(NGG!$A279,generale!$A$16:$A$4963,0),COLUMN()))","v":12},{"$f":"IF(INDEX(generale!$A$16:$G$4963,MATCH(NGG!$A279,generale!$A$16:$A$4963,0),COLUMN())=0,0,INDEX(generale!$A$16:$G$4963,MATCH(NGG!$A279,generale!$A$16:$A$4963,0),COLUMN()))","v":7},{"$f":"IF(INDEX(generale!$A$16:$G$4963,MATCH(NGG!$A279,generale!$A$16:$A$4963,0),COLUMN())=0,0,INDEX(generale!$A$16:$G$4963,MATCH(NGG!$A279,generale!$A$16:$A$4963,0),COLUMN()))","v":2},{"$f":"IF(INDEX(generale!$A$16:$G$4963,MATCH(NGG!$A279,generale!$A$16:$A$4963,0),COLUMN())=0,0,INDEX(generale!$A$16:$G$4963,MATCH(NGG!$A279,generale!$A$16:$A$4963,0),COLUMN()))","v":6},{"$f":"generale!G289","v":"T"},6,7,9,2,11,3,18,5,12,0,15,43,1,4,36,8,9,48,5,6,null,null,null,null,null,null,null,null,null,null,null,null,null,null,null,null,null,null,null,null,null,20,null,13]
[{"$f":"IF(generale!$A290>0,generale!$A290,\"\")","v":"2005-10-04"},{"$f":"IF(INDEX(generale!$A$16:$G$4963,MATCH(NGG!$A280,generale!$A$16:$A$4963,0),COLUMN())=0,0,INDEX(generale!$A$16:$G$4963,MATCH(NGG!$A280,generale!$A$16:$A$4963,0),COLUMN()))","v":7},{"$f":"IF(INDEX(generale!$A$16:$G$4963,MATCH(NGG!$A280,generale!$A$16:$A$4963,0),COLUMN())=0,0,INDEX(generale!$A$16:$G$4963,MATCH(NGG!$A280,generale!$A$16:$A$4963,0),COLUMN()))","v":11},{"$f":"IF(INDEX(generale!$A$16:$G$4963,MATCH(NGG!$A280,generale!$A$16:$A$4963,0),COLUMN())=0,0,INDEX(generale!$A$16:$G$4963,MATCH(NGG!$A280,generale!$A$16:$A$4963,0),COLUMN()))","v":5},{"$f":"IF(INDEX(generale!$A$16:$G$4963,MATCH(NGG!$A280,generale!$A$16:$A$4963,0),COLUMN())=0,0,INDEX(generale!$A$16:$G$4963,MATCH(NGG!$A280,generale!$A$16:$A$4963,0),COLUMN()))","v":1},{"$f":"IF(INDEX(generale!$A$16:$G$4963,MATCH(NGG!$A280,generale!$A$16:$A$4963,0),COLUMN())=0,0,INDEX(generale!$A$16:$G$4963,MATCH(NGG!$A280,generale!$A$16:$A$4963,0),COLUMN()))","v":3},{"$f":"generale!G290","v":"T"},7,8,10,3,12,4,0,6,13,1,16,44,2,5,37,9,9,48,5,6,null,null,null,null,null,null,null,null,null,null,null,null,null,null,null,null,null,1,1,1,1,16,null,15]
[{"$f":"IF(generale!$A291>0,generale!$A291,\"\")","v":"2005-10-05"},{"$f":"IF(INDEX(generale!$A$16:$G$4963,MATCH(NGG!$A281,generale!$A$16:$A$4963,0),COLUMN())=0,0,INDEX(generale!$A$16:$G$4963,MATCH(NGG!$A281,generale!$A$16:$A$4963,0),COLUMN()))","v":1},{"$f":"IF(INDEX(generale!$A$16:$G$4963,MATCH(NGG!$A281,generale!$A$16:$A$4963,0),COLUMN())=0,0,INDEX(generale!$A$16:$G$4963,MATCH(NGG!$A281,generale!$A$16:$A$4963,0),COLUMN()))","v":15},{"$f":"IF(INDEX(generale!$A$16:$G$4963,MATCH(NGG!$A281,generale!$A$16:$A$4963,0),COLUMN())=0,0,INDEX(generale!$A$16:$G$4963,MATCH(NGG!$A281,generale!$A$16:$A$4963,0),COLUMN()))","v":14},{"$f":"IF(INDEX(generale!$A$16:$G$4963,MATCH(NGG!$A281,generale!$A$16:$A$4963,0),COLUMN())=0,0,INDEX(generale!$A$16:$G$4963,MATCH(NGG!$A281,generale!$A$16:$A$4963,0),COLUMN()))","v":18},{"$f":"IF(INDEX(generale!$A$16:$G$4963,MATCH(NGG!$A281,generale!$A$16:$A$4963,0),COLUMN())=0,0,INDEX(generale!$A$16:$G$4963,MATCH(NGG!$A281,generale!$A$16:$A$4963,0),COLUMN()))","v":9},{"$f":"generale!G291","v":"T"},0,9,11,4,13,5,1,7,14,2,17,45,3,6,38,10,10,48,5,6,null,null,null,null,null,null,null,null,null,null,null,null,null,null,null,null,null,null,1,1,1,17,null,18]
[{"$f":"IF(generale!$A292>0,generale!$A292,\"\")","v":"2005-10-06"},{"$f":"IF(INDEX(generale!$A$16:$G$4963,MATCH(NGG!$A282,generale!$A$16:$A$4963,0),COLUMN())=0,0,INDEX(generale!$A$16:$G$4963,MATCH(NGG!$A282,generale!$A$16:$A$4963,0),COLUMN()))","v":9},{"$f":"IF(INDEX(generale!$A$16:$G$4963,MATCH(NGG!$A282,generale!$A$16:$A$4963,0),COLUMN())=0,0,INDEX(generale!$A$16:$G$4963,MATCH(NGG!$A282,generale!$A$16:$A$4963,0),COLUMN()))","v":5},{"$f":"IF(INDEX(generale!$A$16:$G$4963,MATCH(NGG!$A282,generale!$A$16:$A$4963,0),COLUMN())=0,0,INDEX(generale!$A$16:$G$4963,MATCH(NGG!$A282,generale!$A$16:$A$4963,0),COLUMN()))","v":17},{"$f":"IF(INDEX(generale!$A$16:$G$4963,MATCH(NGG!$A282,generale!$A$16:$A$4963,0),COLUMN())=0,0,INDEX(generale!$A$16:$G$4963,MATCH(NGG!$A282,generale!$A$16:$A$4963,0),COLUMN()))","v":7},{"$f":"IF(INDEX(generale!$A$16:$G$4963,MATCH(NGG!$A282,generale!$A$16:$A$4963,0),COLUMN())=0,0,INDEX(generale!$A$16:$G$4963,MATCH(NGG!$A282,generale!$A$16:$A$4963,0),COLUMN()))","v":1},{"$f":"generale!G292","v":"P"},1,10,12,5,14,6,2,8,0,3,18,46,4,7,39,11,11,49,5,6,null,null,null,null,null,null,null,null,null,null,null,null,null,null,null,null,null,null,null,1,1,18,null,18]
[{"$f":"IF(generale!$A293>0,generale!$A293,\"\")","v":"2005-10-07"},{"$f":"IF(INDEX(generale!$A$16:$G$4963,MATCH(NGG!$A283,generale!$A$16:$A$4963,0),COLUMN())=0,0,INDEX(generale!$A$16:$G$4963,MATCH(NGG!$A283,generale!$A$16:$A$4963,0),COLUMN()))","v":11},{"$f":"IF(INDEX(generale!$A$16:$G$4963,MATCH(NGG!$A283,generale!$A$16:$A$4963,0),COLUMN())=0,0,INDEX(generale!$A$16:$G$4963,MATCH(NGG!$A283,generale!$A$16:$A$4963,0),COLUMN()))","v":12},{"$f":"IF(INDEX(generale!$A$16:$G$4963,MATCH(NGG!$A283,generale!$A$16:$A$4963,0),COLUMN())=0,0,INDEX(generale!$A$16:$G$4963,MATCH(NGG!$A283,generale!$A$16:$A$4963,0),COLUMN()))","v":8},{"$f":"IF(INDEX(generale!$A$16:$G$4963,MATCH(NGG!$A283,generale!$A$16:$A$4963,0),COLUMN())=0,0,INDEX(generale!$A$16:$G$4963,MATCH(NGG!$A283,generale!$A$16:$A$4963,0),COLUMN()))","v":15},{"$f":"IF(INDEX(generale!$A$16:$G$4963,MATCH(NGG!$A283,generale!$A$16:$A$4963,0),COLUMN())=0,0,INDEX(generale!$A$16:$G$4963,MATCH(NGG!$A283,generale!$A$16:$A$4963,0),COLUMN()))","v":3},{"$f":"generale!G293","v":"T"},2,11,13,6,15,7,3,9,1,4,0,47,5,8,40,12,12,49,5,6,null,null,null,null,null,null,null,null,null,null,null,null,null,null,null,null,null,null,1,1,1,17,null,17]
[{"$f":"IF(generale!$A294>0,generale!$A294,\"\")","v":"2005-10-08"},{"$f":"IF(INDEX(generale!$A$16:$G$4963,MATCH(NGG!$A284,generale!$A$16:$A$4963,0),COLUMN())=0,0,INDEX(generale!$A$16:$G$4963,MATCH(NGG!$A284,generale!$A$16:$A$4963,0),COLUMN()))","v":11},{"$f":"IF(INDEX(generale!$A$16:$G$4963,MATCH(NGG!$A284,generale!$A$16:$A$4963,0),COLUMN())=0,0,INDEX(generale!$A$16:$G$4963,MATCH(NGG!$A284,generale!$A$16:$A$4963,0),COLUMN()))","v":4},{"$f":"IF(INDEX(generale!$A$16:$G$4963,MATCH(NGG!$A284,generale!$A$16:$A$4963,0),COLUMN())=0,0,INDEX(generale!$A$16:$G$4963,MATCH(NGG!$A284,generale!$A$16:$A$4963,0),COLUMN()))","v":17},{"$f":"IF(INDEX(generale!$A$16:$G$4963,MATCH(NGG!$A284,generale!$A$16:$A$4963,0),COLUMN())=0,0,INDEX(generale!$A$16:$G$4963,MATCH(NGG!$A284,generale!$A$16:$A$4963,0),COLUMN()))","v":9},{"$f":"IF(INDEX(generale!$A$16:$G$4963,MATCH(NGG!$A284,generale!$A$16:$A$4963,0),COLUMN())=0,0,INDEX(generale!$A$16:$G$4963,MATCH(NGG!$A284,generale!$A$16:$A$4963,0),COLUMN()))","v":5},{"$f":"generale!G294","v":"P"},3,12,14,7,16,8,4,10,2,5,0,48,6,9,41,13,12,49,5,6,null,null,null,null,null,null,null,null,null,null,null,null,null,null,null,null,null,1,1,1,1,16,null,18]
[{"$f":"IF(generale!$A295>0,generale!$A295,\"\")","v":"2005-10-09"},{"$f":"IF(INDEX(generale!$A$16:$G$4963,MATCH(NGG!$A285,generale!$A$16:$A$4963,0),COLUMN())=0,0,INDEX(generale!$A$16:$G$4963,MATCH(NGG!$A285,generale!$A$16:$A$4963,0),COLUMN()))","v":8},{"$f":"IF(INDEX(generale!$A$16:$G$4963,MATCH(NGG!$A285,generale!$A$16:$A$4963,0),COLUMN())=0,0,INDEX(generale!$A$16:$G$4963,MATCH(NGG!$A285,generale!$A$16:$A$4963,0),COLUMN()))","v":4},{"$f":"IF(INDEX(generale!$A$16:$G$4963,MATCH(NGG!$A285,generale!$A$16:$A$4963,0),COLUMN())=0,0,INDEX(generale!$A$16:$G$4963,MATCH(NGG!$A285,generale!$A$16:$A$4963,0),COLUMN()))","v":13},{"$f":"IF(INDEX(generale!$A$16:$G$4963,MATCH(NGG!$A285,generale!$A$16:$A$4963,0),COLUMN())=0,0,INDEX(generale!$A$16:$G$4963,MATCH(NGG!$A285,generale!$A$16:$A$4963,0),COLUMN()))","v":9},{"$f":"IF(INDEX(generale!$A$16:$G$4963,MATCH(NGG!$A285,generale!$A$16:$A$4963,0),COLUMN())=0,0,INDEX(generale!$A$16:$G$4963,MATCH(NGG!$A285,generale!$A$16:$A$4963,0),COLUMN()))","v":14},{"$f":"generale!G295","v":"O"},4,13,15,8,17,9,5,0,3,6,1,49,7,10,42,14,12,49,5,6,null,null,null,null,null,null,null,null,null,null,null,null,null,null,null,null,null,1,1,1,1,16,null,18]
[{"$f":"IF(generale!$A296>0,generale!$A296,\"\")","v":"2005-10-10"},{"$f":"IF(INDEX(generale!$A$16:$G$4963,MATCH(NGG!$A286,generale!$A$16:$A$4963,0),COLUMN())=0,0,INDEX(generale!$A$16:$G$4963,MATCH(NGG!$A286,generale!$A$16:$A$4963,0),COLUMN()))","v":9},{"$f":"IF(INDEX(generale!$A$16:$G$4963,MATCH(NGG!$A286,generale!$A$16:$A$4963,0),COLUMN())=0,0,INDEX(generale!$A$16:$G$4963,MATCH(NGG!$A286,generale!$A$16:$A$4963,0),COLUMN()))","v":17},{"$f":"IF(INDEX(generale!$A$16:$G$4963,MATCH(NGG!$A286,generale!$A$16:$A$4963,0),COLUMN())=0,0,INDEX(generale!$A$16:$G$4963,MATCH(NGG!$A286,generale!$A$16:$A$4963,0),COLUMN()))","v":16},{"$f":"IF(INDEX(generale!$A$16:$G$4963,MATCH(NGG!$A286,generale!$A$16:$A$4963,0),COLUMN())=0,0,INDEX(generale!$A$16:$G$4963,MATCH(NGG!$A286,generale!$A$16:$A$4963,0),COLUMN()))","v":13},{"$f":"IF(INDEX(generale!$A$16:$G$4963,MATCH(NGG!$A286,generale!$A$16:$A$4963,0),COLUMN())=0,0,INDEX(generale!$A$16:$G$4963,MATCH(NGG!$A286,generale!$A$16:$A$4963,0),COLUMN()))","v":12},{"$f":"generale!G296","v":"P"},5,14,16,9,18,10,6,1,0,7,2,50,8,11,43,15,13,50,5,6,null,null,null,null,null,null,null,null,null,null,null,null,null,null,null,null,null,null,null,1,1,18,null,17]
[{"$f":"IF(generale!$A297>0,generale!$A297,\"\")","v":"2005-10-11"},{"$f":"IF(INDEX(generale!$A$16:$G$4963,MATCH(NGG!$A287,generale!$A$16:$A$4963,0),COLUMN())=0,0,INDEX(generale!$A$16:$G$4963,MATCH(NGG!$A287,generale!$A$16:$A$4963,0),COLUMN()))","v":14},{"$f":"IF(INDEX(generale!$A$16:$G$4963,MATCH(NGG!$A287,generale!$A$16:$A$4963,0),COLUMN())=0,0,INDEX(generale!$A$16:$G$4963,MATCH(NGG!$A287,generale!$A$16:$A$4963,0),COLUMN()))","v":16},{"$f":"IF(INDEX(generale!$A$16:$G$4963,MATCH(NGG!$A287,generale!$A$16:$A$4963,0),COLUMN())=0,0,INDEX(generale!$A$16:$G$4963,MATCH(NGG!$A287,generale!$A$16:$A$4963,0),COLUMN()))","v":6},{"$f":"IF(INDEX(generale!$A$16:$G$4963,MATCH(NGG!$A287,generale!$A$16:$A$4963,0),COLUMN())=0,0,INDEX(generale!$A$16:$G$4963,MATCH(NGG!$A287,generale!$A$16:$A$4963,0),COLUMN()))","v":5},{"$f":"IF(INDEX(generale!$A$16:$G$4963,MATCH(NGG!$A287,generale!$A$16:$A$4963,0),COLUMN())=0,0,INDEX(generale!$A$16:$G$4963,MATCH(NGG!$A287,generale!$A$16:$A$4963,0),COLUMN()))","v":12},{"$f":"generale!G297","v":"T"},6,15,17,10,19,11,7,2,1,8,3,51,9,0,44,16,14,51,5,6,null,null,null,null,null,null,null,null,null,null,null,null,null,null,null,null,null,null,null,1,1,18,null,16]
[{"$f":"IF(generale!$A298>0,generale!$A298,\"\")","v":"2005-10-12"},{"$f":"IF(INDEX(generale!$A$16:$G$4963,MATCH(NGG!$A288,generale!$A$16:$A$4963,0),COLUMN())=0,0,INDEX(generale!$A$16:$G$4963,MATCH(NGG!$A288,generale!$A$16:$A$4963,0),COLUMN()))","v":13},{"$f":"IF(INDEX(generale!$A$16:$G$4963,MATCH(NGG!$A288,generale!$A$16:$A$4963,0),COLUMN())=0,0,INDEX(generale!$A$16:$G$4963,MATCH(NGG!$A288,generale!$A$16:$A$4963,0),COLUMN()))","v":1},{"$f":"IF(INDEX(generale!$A$16:$G$4963,MATCH(NGG!$A288,generale!$A$16:$A$4963,0),COLUMN())=0,0,INDEX(generale!$A$16:$G$4963,MATCH(NGG!$A288,generale!$A$16:$A$4963,0),COLUMN()))","v":7},{"$f":"IF(INDEX(generale!$A$16:$G$4963,MATCH(NGG!$A288,generale!$A$16:$A$4963,0),COLUMN())=0,0,INDEX(generale!$A$16:$G$4963,MATCH(NGG!$A288,generale!$A$16:$A$4963,0),COLUMN()))","v":2},{"$f":"IF(INDEX(generale!$A$16:$G$4963,MATCH(NGG!$A288,generale!$A$16:$A$4963,0),COLUMN())=0,0,INDEX(generale!$A$16:$G$4963,MATCH(NGG!$A288,generale!$A$16:$A$4963,0),COLUMN()))","v":16},{"$f":"generale!G298","v":"P"},7,16,18,11,20,12,8,3,2,9,4,52,0,1,45,17,14,51,5,6,null,null,null,null,null,null,null,null,null,null,null,null,null,null,null,null,null,1,1,1,1,16,null,15]
[{"$f":"IF(generale!$A299>0,generale!$A299,\"\")","v":"2005-10-13"},{"$f":"IF(INDEX(generale!$A$16:$G$4963,MATCH(NGG!$A289,generale!$A$16:$A$4963,0),COLUMN())=0,0,INDEX(generale!$A$16:$G$4963,MATCH(NGG!$A289,generale!$A$16:$A$4963,0),COLUMN()))","v":18},{"$f":"IF(INDEX(generale!$A$16:$G$4963,MATCH(NGG!$A289,generale!$A$16:$A$4963,0),COLUMN())=0,0,INDEX(generale!$A$16:$G$4963,MATCH(NGG!$A289,generale!$A$16:$A$4963,0),COLUMN()))","v":13},{"$f":"IF(INDEX(generale!$A$16:$G$4963,MATCH(NGG!$A289,generale!$A$16:$A$4963,0),COLUMN())=0,0,INDEX(generale!$A$16:$G$4963,MATCH(NGG!$A289,generale!$A$16:$A$4963,0),COLUMN()))","v":16},{"$f":"IF(INDEX(generale!$A$16:$G$4963,MATCH(NGG!$A289,generale!$A$16:$A$4963,0),COLUMN())=0,0,INDEX(generale!$A$16:$G$4963,MATCH(NGG!$A289,generale!$A$16:$A$4963,0),COLUMN()))","v":3},{"$f":"IF(INDEX(generale!$A$16:$G$4963,MATCH(NGG!$A289,generale!$A$16:$A$4963,0),COLUMN())=0,0,INDEX(generale!$A$16:$G$4963,MATCH(NGG!$A289,generale!$A$16:$A$4963,0),COLUMN()))","v":2},{"$f":"generale!G299","v":"T"},8,17,19,12,21,13,9,4,3,10,5,53,1,2,46,17,14,0,5,6,null,null,null,null,null,null,null,null,null,null,null,null,null,null,null,null,1,1,1,1,1,15,null,18]
[{"$f":"IF(generale!$A300>0,generale!$A300,\"\")","v":"2005-10-14"},{"$f":"IF(INDEX(generale!$A$16:$G$4963,MATCH(NGG!$A290,generale!$A$16:$A$4963,0),COLUMN())=0,0,INDEX(generale!$A$16:$G$4963,MATCH(NGG!$A290,generale!$A$16:$A$4963,0),COLUMN()))","v":6},{"$f":"IF(INDEX(generale!$A$16:$G$4963,MATCH(NGG!$A290,generale!$A$16:$A$4963,0),COLUMN())=0,0,INDEX(generale!$A$16:$G$4963,MATCH(NGG!$A290,generale!$A$16:$A$4963,0),COLUMN()))","v":11},{"$f":"IF(INDEX(generale!$A$16:$G$4963,MATCH(NGG!$A290,generale!$A$16:$A$4963,0),COLUMN())=0,0,INDEX(generale!$A$16:$G$4963,MATCH(NGG!$A290,generale!$A$16:$A$4963,0),COLUMN()))","v":10},{"$f":"IF(INDEX(generale!$A$16:$G$4963,MATCH(NGG!$A290,generale!$A$16:$A$4963,0),COLUMN())=0,0,INDEX(generale!$A$16:$G$4963,MATCH(NGG!$A290,generale!$A$16:$A$4963,0),COLUMN()))","v":12},{"$f":"IF(INDEX(generale!$A$16:$G$4963,MATCH(NGG!$A290,generale!$A$16:$A$4963,0),COLUMN())=0,0,INDEX(generale!$A$16:$G$4963,MATCH(NGG!$A290,generale!$A$16:$A$4963,0),COLUMN()))","v":13},{"$f":"generale!G300","v":"P"},9,18,20,13,22,0,10,5,4,11,6,53,2,3,46,18,14,0,5,6,null,null,null,null,null,null,null,null,null,null,null,null,1,null,null,1,null,1,1,1,1,14,null,17]
[{"$f":"IF(generale!$A301>0,generale!$A301,\"\")","v":"2005-10-15"},{"$f":"IF(INDEX(generale!$A$16:$G$4963,MATCH(NGG!$A291,generale!$A$16:$A$4963,0),COLUMN())=0,0,INDEX(generale!$A$16:$G$4963,MATCH(NGG!$A291,generale!$A$16:$A$4963,0),COLUMN()))","v":3},{"$f":"IF(INDEX(generale!$A$16:$G$4963,MATCH(NGG!$A291,generale!$A$16:$A$4963,0),COLUMN())=0,0,INDEX(generale!$A$16:$G$4963,MATCH(NGG!$A291,generale!$A$16:$A$4963,0),COLUMN()))","v":1},{"$f":"IF(INDEX(generale!$A$16:$G$4963,MATCH(NGG!$A291,generale!$A$16:$A$4963,0),COLUMN())=0,0,INDEX(generale!$A$16:$G$4963,MATCH(NGG!$A291,generale!$A$16:$A$4963,0),COLUMN()))","v":2},{"$f":"IF(INDEX(generale!$A$16:$G$4963,MATCH(NGG!$A291,generale!$A$16:$A$4963,0),COLUMN())=0,0,INDEX(generale!$A$16:$G$4963,MATCH(NGG!$A291,generale!$A$16:$A$4963,0),COLUMN()))","v":14},{"$f":"IF(INDEX(generale!$A$16:$G$4963,MATCH(NGG!$A291,generale!$A$16:$A$4963,0),COLUMN())=0,0,INDEX(generale!$A$16:$G$4963,MATCH(NGG!$A291,generale!$A$16:$A$4963,0),COLUMN()))","v":12},{"$f":"generale!G301","v":"T"},10,19,0,14,23,1,11,6,5,12,7,54,3,4,47,19,14,0,5,6,null,null,null,null,null,null,null,null,null,null,null,null,null,null,null,null,null,1,1,1,1,16,null,18]
[{"$f":"IF(generale!$A302>0,generale!$A302,\"\")","v":"2005-10-16"},{"$f":"IF(INDEX(generale!$A$16:$G$4963,MATCH(NGG!$A292,generale!$A$16:$A$4963,0),COLUMN())=0,0,INDEX(generale!$A$16:$G$4963,MATCH(NGG!$A292,generale!$A$16:$A$4963,0),COLUMN()))","v":10},{"$f":"IF(INDEX(generale!$A$16:$G$4963,MATCH(NGG!$A292,generale!$A$16:$A$4963,0),COLUMN())=0,0,INDEX(generale!$A$16:$G$4963,MATCH(NGG!$A292,generale!$A$16:$A$4963,0),COLUMN()))","v":5},{"$f":"IF(INDEX(generale!$A$16:$G$4963,MATCH(NGG!$A292,generale!$A$16:$A$4963,0),COLUMN())=0,0,INDEX(generale!$A$16:$G$4963,MATCH(NGG!$A292,generale!$A$16:$A$4963,0),COLUMN()))","v":14},{"$f":"IF(INDEX(generale!$A$16:$G$4963,MATCH(NGG!$A292,generale!$A$16:$A$4963,0),COLUMN())=0,0,INDEX(generale!$A$16:$G$4963,MATCH(NGG!$A292,generale!$A$16:$A$4963,0),COLUMN()))","v":2},{"$f":"IF(INDEX(generale!$A$16:$G$4963,MATCH(NGG!$A292,generale!$A$16:$A$4963,0),COLUMN())=0,0,INDEX(generale!$A$16:$G$4963,MATCH(NGG!$A292,generale!$A$16:$A$4963,0),COLUMN()))","v":6},{"$f":"generale!G302","v":"P"},11,20,1,15,24,2,12,7,6,0,8,55,4,5,48,20,15,1,5,6,null,null,null,null,null,null,null,null,null,null,null,null,null,null,null,null,null,null,null,1,1,18,null,17]
[{"$f":"IF(generale!$A303>0,generale!$A303,\"\")","v":"2005-10-17"},{"$f":"IF(INDEX(generale!$A$16:$G$4963,MATCH(NGG!$A293,generale!$A$16:$A$4963,0),COLUMN())=0,0,INDEX(generale!$A$16:$G$4963,MATCH(NGG!$A293,generale!$A$16:$A$4963,0),COLUMN()))","v":9},{"$f":"IF(INDEX(generale!$A$16:$G$4963,MATCH(NGG!$A293,generale!$A$16:$A$4963,0),COLUMN())=0,0,INDEX(generale!$A$16:$G$4963,MATCH(NGG!$A293,generale!$A$16:$A$4963,0),COLUMN()))","v":17},{"$f":"IF(INDEX(generale!$A$16:$G$4963,MATCH(NGG!$A293,generale!$A$16:$A$4963,0),COLUMN())=0,0,INDEX(generale!$A$16:$G$4963,MATCH(NGG!$A293,generale!$A$16:$A$4963,0),COLUMN()))","v":8},{"$f":"IF(INDEX(generale!$A$16:$G$4963,MATCH(NGG!$A293,generale!$A$16:$A$4963,0),COLUMN())=0,0,INDEX(generale!$A$16:$G$4963,MATCH(NGG!$A293,generale!$A$16:$A$4963,0),COLUMN()))","v":4},{"$f":"IF(INDEX(generale!$A$16:$G$4963,MATCH(NGG!$A293,generale!$A$16:$A$4963,0),COLUMN())=0,0,INDEX(generale!$A$16:$G$4963,MATCH(NGG!$A293,generale!$A$16:$A$4963,0),COLUMN()))","v":16},{"$f":"generale!G303","v":"P"},12,21,2,16,25,3,13,8,0,1,9,56,5,6,49,{"$f":"IF(COUNTIF($B293:$D293,0)<3,IF(LEN(SUBSTITUTE(SUBSTITUTE($B293,W$1,,1),,1))=0,0,W292+1-AR293),\"\")","v":21},15,1,5,6,null,null,null,null,null,null,null,null,null,null,null,null,null,null,null,null,null,1,1,1,1,16,null,18]
[{"$f":"IF(generale!$A304>0,generale!$A304,\"\")","v":"2005-10-18"},{"$f":"IF(INDEX(generale!$A$16:$G$4963,MATCH(NGG!$A294,generale!$A$16:$A$4963,0),COLUMN())=0,0,INDEX(generale!$A$16:$G$4963,MATCH(NGG!$A294,generale!$A$16:$A$4963,0),COLUMN()))","v":6},{"$f":"IF(INDEX(generale!$A$16:$G$4963,MATCH(NGG!$A294,generale!$A$16:$A$4963,0),COLUMN())=0,0,INDEX(generale!$A$16:$G$4963,MATCH(NGG!$A294,generale!$A$16:$A$4963,0),COLUMN()))","v":14},{"$f":"IF(INDEX(generale!$A$16:$G$4963,MATCH(NGG!$A294,generale!$A$16:$A$4963,0),COLUMN())=0,0,INDEX(generale!$A$16:$G$4963,MATCH(NGG!$A294,generale!$A$16:$A$4963,0),COLUMN()))","v":16},{"$f":"IF(INDEX(generale!$A$16:$G$4963,MATCH(NGG!$A294,generale!$A$16:$A$4963,0),COLUMN())=0,0,INDEX(generale!$A$16:$G$4963,MATCH(NGG!$A294,generale!$A$16:$A$4963,0),COLUMN()))","v":4},{"$f":"IF(INDEX(generale!$A$16:$G$4963,MATCH(NGG!$A294,generale!$A$16:$A$4963,0),COLUMN())=0,0,INDEX(generale!$A$16:$G$4963,MATCH(NGG!$A294,generale!$A$16:$A$4963,0),COLUMN()))","v":9},{"$f":"generale!G304","v":"T"},{"$f":"IF(COUNTIF($B294:$D294,0)<3,IF(LEN(SUBSTITUTE(SUBSTITUTE($B294,H$1,,1),,1))=0,0,H293+1-AC294),\"\")","v":13},22,3,17,26,0,14,9,1,2,10,57,6,7,50,22,16,2,5,6,null,null,null,null,null,null,null,null,null,null,null,null,null,null,null,null,null,null,null,1,1,18,null,16]
[{"$f":"IF(generale!$A305>0,generale!$A305,\"\")","v":"2005-10-19"},{"$f":"IF(INDEX(generale!$A$16:$G$4963,MATCH(NGG!$A295,generale!$A$16:$A$4963,0),COLUMN())=0,0,INDEX(generale!$A$16:$G$4963,MATCH(NGG!$A295,generale!$A$16:$A$4963,0),COLUMN()))","v":15},{"$f":"IF(INDEX(generale!$A$16:$G$4963,MATCH(NGG!$A295,generale!$A$16:$A$4963,0),COLUMN())=0,0,INDEX(generale!$A$16:$G$4963,MATCH(NGG!$A295,generale!$A$16:$A$4963,0),COLUMN()))","v":16},{"$f":"IF(INDEX(generale!$A$16:$G$4963,MATCH(NGG!$A295,generale!$A$16:$A$4963,0),COLUMN())=0,0,INDEX(generale!$A$16:$G$4963,MATCH(NGG!$A295,generale!$A$16:$A$4963,0),COLUMN()))","v":13},{"$f":"IF(INDEX(generale!$A$16:$G$4963,MATCH(NGG!$A295,generale!$A$16:$A$4963,0),COLUMN())=0,0,INDEX(generale!$A$16:$G$4963,MATCH(NGG!$A295,generale!$A$16:$A$4963,0),COLUMN()))","v":6},{"$f":"IF(INDEX(generale!$A$16:$G$4963,MATCH(NGG!$A295,generale!$A$16:$A$4963,0),COLUMN())=0,0,INDEX(generale!$A$16:$G$4963,MATCH(NGG!$A295,generale!$A$16:$A$4963,0),COLUMN()))","v":10},{"$f":"generale!G305","v":"T"},14,23,4,18,27,1,15,10,2,3,11,58,7,8,0,23,17,2,5,6,null,null,null,null,null,null,null,null,null,null,null,null,null,null,null,null,null,null,1,1,1,17,null,16]
[{"$f":"IF(generale!$A306>0,generale!$A306,\"\")","v":"2005-10-20"},{"$f":"IF(INDEX(generale!$A$16:$G$4963,MATCH(NGG!$A296,generale!$A$16:$A$4963,0),COLUMN())=0,0,INDEX(generale!$A$16:$G$4963,MATCH(NGG!$A296,generale!$A$16:$A$4963,0),COLUMN()))","v":14},{"$f":"IF(INDEX(generale!$A$16:$G$4963,MATCH(NGG!$A296,generale!$A$16:$A$4963,0),COLUMN())=0,0,INDEX(generale!$A$16:$G$4963,MATCH(NGG!$A296,generale!$A$16:$A$4963,0),COLUMN()))","v":13},{"$f":"IF(INDEX(generale!$A$16:$G$4963,MATCH(NGG!$A296,generale!$A$16:$A$4963,0),COLUMN())=0,0,INDEX(generale!$A$16:$G$4963,MATCH(NGG!$A296,generale!$A$16:$A$4963,0),COLUMN()))","v":16},{"$f":"IF(INDEX(generale!$A$16:$G$4963,MATCH(NGG!$A296,generale!$A$16:$A$4963,0),COLUMN())=0,0,INDEX(generale!$A$16:$G$4963,MATCH(NGG!$A296,generale!$A$16:$A$4963,0),COLUMN()))","v":7},{"$f":"IF(INDEX(generale!$A$16:$G$4963,MATCH(NGG!$A296,generale!$A$16:$A$4963,0),COLUMN())=0,0,INDEX(generale!$A$16:$G$4963,MATCH(NGG!$A296,generale!$A$16:$A$4963,0),COLUMN()))","v":8},{"$f":"generale!G306","v":"P"},15,24,5,19,28,2,16,11,3,4,12,59,8,0,0,23,17,2,5,6,null,null,null,null,null,null,null,null,null,null,null,null,null,null,null,1,1,1,1,1,1,14,null,17]
[{"$f":"IF(generale!$A307>0,generale!$A307,\"\")","v":"2005-10-21"},{"$f":"IF(INDEX(generale!$A$16:$G$4963,MATCH(NGG!$A297,generale!$A$16:$A$4963,0),COLUMN())=0,0,INDEX(generale!$A$16:$G$4963,MATCH(NGG!$A297,generale!$A$16:$A$4963,0),COLUMN()))","v":8},{"$f":"IF(INDEX(generale!$A$16:$G$4963,MATCH(NGG!$A297,generale!$A$16:$A$4963,0),COLUMN())=0,0,INDEX(generale!$A$16:$G$4963,MATCH(NGG!$A297,generale!$A$16:$A$4963,0),COLUMN()))","v":2},{"$f":"IF(INDEX(generale!$A$16:$G$4963,MATCH(NGG!$A297,generale!$A$16:$A$4963,0),COLUMN())=0,0,INDEX(generale!$A$16:$G$4963,MATCH(NGG!$A297,generale!$A$16:$A$4963,0),COLUMN()))","v":1},{"$f":"IF(INDEX(generale!$A$16:$G$4963,MATCH(NGG!$A297,generale!$A$16:$A$4963,0),COLUMN())=0,0,INDEX(generale!$A$16:$G$4963,MATCH(NGG!$A297,generale!$A$16:$A$4963,0),COLUMN()))","v":17},{"$f":"IF(INDEX(generale!$A$16:$G$4963,MATCH(NGG!$A297,generale!$A$16:$A$4963,0),COLUMN())=0,0,INDEX(generale!$A$16:$G$4963,MATCH(NGG!$A297,generale!$A$16:$A$4963,0),COLUMN()))","v":4},{"$f":"generale!G307","v":"T"},16,25,6,20,29,3,17,0,4,5,13,60,9,1,1,24,18,3,5,6,null,null,null,null,null,null,null,null,null,null,null,null,null,null,null,null,null,null,null,1,1,18,null,18]
[{"$f":"IF(generale!$A308>0,generale!$A308,\"\")","v":"2005-10-22"},{"$f":"IF(INDEX(generale!$A$16:$G$4963,MATCH(NGG!$A298,generale!$A$16:$A$4963,0),COLUMN())=0,0,INDEX(generale!$A$16:$G$4963,MATCH(NGG!$A298,generale!$A$16:$A$4963,0),COLUMN()))","v":12},{"$f":"IF(INDEX(generale!$A$16:$G$4963,MATCH(NGG!$A298,generale!$A$16:$A$4963,0),COLUMN())=0,0,INDEX(generale!$A$16:$G$4963,MATCH(NGG!$A298,generale!$A$16:$A$4963,0),COLUMN()))","v":13},{"$f":"IF(INDEX(generale!$A$16:$G$4963,MATCH(NGG!$A298,generale!$A$16:$A$4963,0),COLUMN())=0,0,INDEX(generale!$A$16:$G$4963,MATCH(NGG!$A298,generale!$A$16:$A$4963,0),COLUMN()))","v":17},{"$f":"IF(INDEX(generale!$A$16:$G$4963,MATCH(NGG!$A298,generale!$A$16:$A$4963,0),COLUMN())=0,0,INDEX(generale!$A$16:$G$4963,MATCH(NGG!$A298,generale!$A$16:$A$4963,0),COLUMN()))","v":1},{"$f":"IF(INDEX(generale!$A$16:$G$4963,MATCH(NGG!$A298,generale!$A$16:$A$4963,0),COLUMN())=0,0,INDEX(generale!$A$16:$G$4963,MATCH(NGG!$A298,generale!$A$16:$A$4963,0),COLUMN()))","v":2},{"$f":"generale!G308","v":"O"},17,26,7,21,30,4,18,1,5,6,14,0,10,2,2,25,18,3,5,6,null,null,null,null,null,null,null,null,null,null,null,null,null,null,null,null,null,1,1,1,1,16,null,17]
[{"$f":"IF(generale!$A309>0,generale!$A309,\"\")","v":"2005-10-23"},{"$f":"IF(INDEX(generale!$A$16:$G$4963,MATCH(NGG!$A299,generale!$A$16:$A$4963,0),COLUMN())=0,0,INDEX(generale!$A$16:$G$4963,MATCH(NGG!$A299,generale!$A$16:$A$4963,0),COLUMN()))","v":5},{"$f":"IF(INDEX(generale!$A$16:$G$4963,MATCH(NGG!$A299,generale!$A$16:$A$4963,0),COLUMN())=0,0,INDEX(generale!$A$16:$G$4963,MATCH(NGG!$A299,generale!$A$16:$A$4963,0),COLUMN()))","v":1},{"$f":"IF(INDEX(generale!$A$16:$G$4963,MATCH(NGG!$A299,generale!$A$16:$A$4963,0),COLUMN())=0,0,INDEX(generale!$A$16:$G$4963,MATCH(NGG!$A299,generale!$A$16:$A$4963,0),COLUMN()))","v":14},{"$f":"IF(INDEX(generale!$A$16:$G$4963,MATCH(NGG!$A299,generale!$A$16:$A$4963,0),COLUMN())=0,0,INDEX(generale!$A$16:$G$4963,MATCH(NGG!$A299,generale!$A$16:$A$4963,0),COLUMN()))","v":17},{"$f":"IF(INDEX(generale!$A$16:$G$4963,MATCH(NGG!$A299,generale!$A$16:$A$4963,0),COLUMN())=0,0,INDEX(generale!$A$16:$G$4963,MATCH(NGG!$A299,generale!$A$16:$A$4963,0),COLUMN()))","v":12},{"$f":"generale!G309","v":"P"},18,27,8,22,0,5,19,2,6,7,15,1,11,3,3,25,18,3,5,6,null,null,null,null,null,null,null,null,null,null,null,null,null,null,null,null,1,1,1,1,1,15,null,18]
[{"$f":"IF(generale!$A310>0,generale!$A310,\"\")","v":"2005-10-24"},{"$f":"IF(INDEX(generale!$A$16:$G$4963,MATCH(NGG!$A300,generale!$A$16:$A$4963,0),COLUMN())=0,0,INDEX(generale!$A$16:$G$4963,MATCH(NGG!$A300,generale!$A$16:$A$4963,0),COLUMN()))","v":4},{"$f":"IF(INDEX(generale!$A$16:$G$4963,MATCH(NGG!$A300,generale!$A$16:$A$4963,0),COLUMN())=0,0,INDEX(generale!$A$16:$G$4963,MATCH(NGG!$A300,generale!$A$16:$A$4963,0),COLUMN()))","v":11},{"$f":"IF(INDEX(generale!$A$16:$G$4963,MATCH(NGG!$A300,generale!$A$16:$A$4963,0),COLUMN())=0,0,INDEX(generale!$A$16:$G$4963,MATCH(NGG!$A300,generale!$A$16:$A$4963,0),COLUMN()))","v":15},{"$f":"IF(INDEX(generale!$A$16:$G$4963,MATCH(NGG!$A300,generale!$A$16:$A$4963,0),COLUMN())=0,0,INDEX(generale!$A$16:$G$4963,MATCH(NGG!$A300,generale!$A$16:$A$4963,0),COLUMN()))","v":12},{"$f":"IF(INDEX(generale!$A$16:$G$4963,MATCH(NGG!$A300,generale!$A$16:$A$4963,0),COLUMN())=0,0,INDEX(generale!$A$16:$G$4963,MATCH(NGG!$A300,generale!$A$16:$A$4963,0),COLUMN()))","v":13},{"$f":"generale!G310","v":"T"},19,28,9,0,1,6,20,3,7,8,16,2,12,4,3,26,18,3,5,6,null,null,null,null,null,null,null,null,null,null,null,null,null,null,null,1,null,1,1,1,1,15,null,15]
[{"$f":"IF(generale!$A311>0,generale!$A311,\"\")","v":"2005-10-25"},{"$f":"IF(INDEX(generale!$A$16:$G$4963,MATCH(NGG!$A301,generale!$A$16:$A$4963,0),COLUMN())=0,0,INDEX(generale!$A$16:$G$4963,MATCH(NGG!$A301,generale!$A$16:$A$4963,0),COLUMN()))","v":2},{"$f":"IF(INDEX(generale!$A$16:$G$4963,MATCH(NGG!$A301,generale!$A$16:$A$4963,0),COLUMN())=0,0,INDEX(generale!$A$16:$G$4963,MATCH(NGG!$A301,generale!$A$16:$A$4963,0),COLUMN()))","v":11},{"$f":"IF(INDEX(generale!$A$16:$G$4963,MATCH(NGG!$A301,generale!$A$16:$A$4963,0),COLUMN())=0,0,INDEX(generale!$A$16:$G$4963,MATCH(NGG!$A301,generale!$A$16:$A$4963,0),COLUMN()))","v":7},{"$f":"IF(INDEX(generale!$A$16:$G$4963,MATCH(NGG!$A301,generale!$A$16:$A$4963,0),COLUMN())=0,0,INDEX(generale!$A$16:$G$4963,MATCH(NGG!$A301,generale!$A$16:$A$4963,0),COLUMN()))","v":15},{"$f":"IF(INDEX(generale!$A$16:$G$4963,MATCH(NGG!$A301,generale!$A$16:$A$4963,0),COLUMN())=0,0,INDEX(generale!$A$16:$G$4963,MATCH(NGG!$A301,generale!$A$16:$A$4963,0),COLUMN()))","v":5},{"$f":"generale!G311","v":"T"},20,0,10,1,2,7,21,4,8,9,17,3,13,5,4,27,19,4,5,6,null,null,null,null,null,null,null,null,null,null,null,null,null,null,null,null,null,null,null,1,1,18,null,16]
[{"$f":"IF(generale!$A312>0,generale!$A312,\"\")","v":"2005-10-26"},{"$f":"IF(INDEX(generale!$A$16:$G$4963,MATCH(NGG!$A302,generale!$A$16:$A$4963,0),COLUMN())=0,0,INDEX(generale!$A$16:$G$4963,MATCH(NGG!$A302,generale!$A$16:$A$4963,0),COLUMN()))","v":16},{"$f":"IF(INDEX(generale!$A$16:$G$4963,MATCH(NGG!$A302,generale!$A$16:$A$4963,0),COLUMN())=0,0,INDEX(generale!$A$16:$G$4963,MATCH(NGG!$A302,generale!$A$16:$A$4963,0),COLUMN()))","v":11},{"$f":"IF(INDEX(generale!$A$16:$G$4963,MATCH(NGG!$A302,generale!$A$16:$A$4963,0),COLUMN())=0,0,INDEX(generale!$A$16:$G$4963,MATCH(NGG!$A302,generale!$A$16:$A$4963,0),COLUMN()))","v":2},{"$f":"IF(INDEX(generale!$A$16:$G$4963,MATCH(NGG!$A302,generale!$A$16:$A$4963,0),COLUMN())=0,0,INDEX(generale!$A$16:$G$4963,MATCH(NGG!$A302,generale!$A$16:$A$4963,0),COLUMN()))","v":1},{"$f":"IF(INDEX(generale!$A$16:$G$4963,MATCH(NGG!$A302,generale!$A$16:$A$4963,0),COLUMN())=0,0,INDEX(generale!$A$16:$G$4963,MATCH(NGG!$A302,generale!$A$16:$A$4963,0),COLUMN()))","v":5},{"$f":"generale!G312","v":"T"},21,1,11,2,3,8,22,5,9,10,18,4,14,6,5,0,19,4,5,6,null,null,null,null,null,null,null,null,null,null,null,null,null,null,null,null,null,1,1,1,1,16,null,18]
[{"$f":"IF(generale!$A313>0,generale!$A313,\"\")","v":"2005-10-27"},{"$f":"IF(INDEX(generale!$A$16:$G$4963,MATCH(NGG!$A303,generale!$A$16:$A$4963,0),COLUMN())=0,0,INDEX(generale!$A$16:$G$4963,MATCH(NGG!$A303,generale!$A$16:$A$4963,0),COLUMN()))","v":5},{"$f":"IF(INDEX(generale!$A$16:$G$4963,MATCH(NGG!$A303,generale!$A$16:$A$4963,0),COLUMN())=0,0,INDEX(generale!$A$16:$G$4963,MATCH(NGG!$A303,generale!$A$16:$A$4963,0),COLUMN()))","v":19},{"$f":"IF(INDEX(generale!$A$16:$G$4963,MATCH(NGG!$A303,generale!$A$16:$A$4963,0),COLUMN())=0,0,INDEX(generale!$A$16:$G$4963,MATCH(NGG!$A303,generale!$A$16:$A$4963,0),COLUMN()))","v":2},{"$f":"IF(INDEX(generale!$A$16:$G$4963,MATCH(NGG!$A303,generale!$A$16:$A$4963,0),COLUMN())=0,0,INDEX(generale!$A$16:$G$4963,MATCH(NGG!$A303,generale!$A$16:$A$4963,0),COLUMN()))","v":1},{"$f":"IF(INDEX(generale!$A$16:$G$4963,MATCH(NGG!$A303,generale!$A$16:$A$4963,0),COLUMN())=0,0,INDEX(generale!$A$16:$G$4963,MATCH(NGG!$A303,generale!$A$16:$A$4963,0),COLUMN()))","v":10},{"$f":"generale!G313","v":"O"},22,2,12,3,0,9,23,6,10,11,19,5,15,7,5,0,19,4,5,6,null,null,null,null,null,null,null,null,null,null,null,null,null,null,null,1,1,1,1,1,1,14,null,19]
[{"$f":"IF(generale!$A314>0,generale!$A314,\"\")","v":"2005-10-28"},{"$f":"IF(INDEX(generale!$A$16:$G$4963,MATCH(NGG!$A304,generale!$A$16:$A$4963,0),COLUMN())=0,0,INDEX(generale!$A$16:$G$4963,MATCH(NGG!$A304,generale!$A$16:$A$4963,0),COLUMN()))","v":4},{"$f":"IF(INDEX(generale!$A$16:$G$4963,MATCH(NGG!$A304,generale!$A$16:$A$4963,0),COLUMN())=0,0,INDEX(generale!$A$16:$G$4963,MATCH(NGG!$A304,generale!$A$16:$A$4963,0),COLUMN()))","v":2},{"$f":"IF(INDEX(generale!$A$16:$G$4963,MATCH(NGG!$A304,generale!$A$16:$A$4963,0),COLUMN())=0,0,INDEX(generale!$A$16:$G$4963,MATCH(NGG!$A304,generale!$A$16:$A$4963,0),COLUMN()))","v":14},{"$f":"IF(INDEX(generale!$A$16:$G$4963,MATCH(NGG!$A304,generale!$A$16:$A$4963,0),COLUMN())=0,0,INDEX(generale!$A$16:$G$4963,MATCH(NGG!$A304,generale!$A$16:$A$4963,0),COLUMN()))","v":10},{"$f":"IF(INDEX(generale!$A$16:$G$4963,MATCH(NGG!$A304,generale!$A$16:$A$4963,0),COLUMN())=0,0,INDEX(generale!$A$16:$G$4963,MATCH(NGG!$A304,generale!$A$16:$A$4963,0),COLUMN()))","v":5},{"$f":"generale!G314","v":"P"},23,3,13,0,1,10,24,7,11,12,20,6,16,8,6,0,19,4,5,6,null,null,null,null,null,null,null,null,null,null,null,null,null,null,null,null,1,1,1,1,1,15,null,18]
[{"$f":"IF(generale!$A315>0,generale!$A315,\"\")","v":"2005-10-29"},{"$f":"IF(INDEX(generale!$A$16:$G$4963,MATCH(NGG!$A305,generale!$A$16:$A$4963,0),COLUMN())=0,0,INDEX(generale!$A$16:$G$4963,MATCH(NGG!$A305,generale!$A$16:$A$4963,0),COLUMN()))","v":1},{"$f":"IF(INDEX(generale!$A$16:$G$4963,MATCH(NGG!$A305,generale!$A$16:$A$4963,0),COLUMN())=0,0,INDEX(generale!$A$16:$G$4963,MATCH(NGG!$A305,generale!$A$16:$A$4963,0),COLUMN()))","v":6},{"$f":"IF(INDEX(generale!$A$16:$G$4963,MATCH(NGG!$A305,generale!$A$16:$A$4963,0),COLUMN())=0,0,INDEX(generale!$A$16:$G$4963,MATCH(NGG!$A305,generale!$A$16:$A$4963,0),COLUMN()))","v":7},{"$f":"IF(INDEX(generale!$A$16:$G$4963,MATCH(NGG!$A305,generale!$A$16:$A$4963,0),COLUMN())=0,0,INDEX(generale!$A$16:$G$4963,MATCH(NGG!$A305,generale!$A$16:$A$4963,0),COLUMN()))","v":9},{"$f":"IF(INDEX(generale!$A$16:$G$4963,MATCH(NGG!$A305,generale!$A$16:$A$4963,0),COLUMN())=0,0,INDEX(generale!$A$16:$G$4963,MATCH(NGG!$A305,generale!$A$16:$A$4963,0),COLUMN()))","v":12},{"$f":"generale!G315","v":"O"},0,4,14,1,2,11,25,8,12,13,21,7,17,9,7,1,20,5,5,6,null,null,null,null,null,null,null,null,null,null,null,null,null,null,null,null,null,null,null,1,1,18,null,18]
[{"$f":"IF(generale!$A316>0,generale!$A316,\"\")","v":"2005-10-30"},{"$f":"IF(INDEX(generale!$A$16:$G$4963,MATCH(NGG!$A306,generale!$A$16:$A$4963,0),COLUMN())=0,0,INDEX(generale!$A$16:$G$4963,MATCH(NGG!$A306,generale!$A$16:$A$4963,0),COLUMN()))","v":15},{"$f":"IF(INDEX(generale!$A$16:$G$4963,MATCH(NGG!$A306,generale!$A$16:$A$4963,0),COLUMN())=0,0,INDEX(generale!$A$16:$G$4963,MATCH(NGG!$A306,generale!$A$16:$A$4963,0),COLUMN()))","v":5},{"$f":"IF(INDEX(generale!$A$16:$G$4963,MATCH(NGG!$A306,generale!$A$16:$A$4963,0),COLUMN())=0,0,INDEX(generale!$A$16:$G$4963,MATCH(NGG!$A306,generale!$A$16:$A$4963,0),COLUMN()))","v":14},{"$f":"IF(INDEX(generale!$A$16:$G$4963,MATCH(NGG!$A306,generale!$A$16:$A$4963,0),COLUMN())=0,0,INDEX(generale!$A$16:$G$4963,MATCH(NGG!$A306,generale!$A$16:$A$4963,0),COLUMN()))","v":3},{"$f":"IF(INDEX(generale!$A$16:$G$4963,MATCH(NGG!$A306,generale!$A$16:$A$4963,0),COLUMN())=0,0,INDEX(generale!$A$16:$G$4963,MATCH(NGG!$A306,generale!$A$16:$A$4963,0),COLUMN()))","v":6},{"$f":"generale!G316","v":"P"},1,5,15,2,3,12,26,9,13,14,22,8,18,10,0,2,21,6,5,6,null,null,null,null,null,null,null,null,null,null,null,null,null,null,null,null,null,null,null,1,1,18,null,18]
[{"$f":"IF(generale!$A317>0,generale!$A317,\"\")","v":"2005-10-31"},{"$f":"IF(INDEX(generale!$A$16:$G$4963,MATCH(NGG!$A307,generale!$A$16:$A$4963,0),COLUMN())=0,0,INDEX(generale!$A$16:$G$4963,MATCH(NGG!$A307,generale!$A$16:$A$4963,0),COLUMN()))","v":5},{"$f":"IF(INDEX(generale!$A$16:$G$4963,MATCH(NGG!$A307,generale!$A$16:$A$4963,0),COLUMN())=0,0,INDEX(generale!$A$16:$G$4963,MATCH(NGG!$A307,generale!$A$16:$A$4963,0),COLUMN()))","v":12},{"$f":"IF(INDEX(generale!$A$16:$G$4963,MATCH(NGG!$A307,generale!$A$16:$A$4963,0),COLUMN())=0,0,INDEX(generale!$A$16:$G$4963,MATCH(NGG!$A307,generale!$A$16:$A$4963,0),COLUMN()))","v":2},{"$f":"IF(INDEX(generale!$A$16:$G$4963,MATCH(NGG!$A307,generale!$A$16:$A$4963,0),COLUMN())=0,0,INDEX(generale!$A$16:$G$4963,MATCH(NGG!$A307,generale!$A$16:$A$4963,0),COLUMN()))","v":8},{"$f":"IF(INDEX(generale!$A$16:$G$4963,MATCH(NGG!$A307,generale!$A$16:$A$4963,0),COLUMN())=0,0,INDEX(generale!$A$16:$G$4963,MATCH(NGG!$A307,generale!$A$16:$A$4963,0),COLUMN()))","v":11},{"$f":"generale!G317","v":"P"},2,6,16,3,0,13,27,10,14,15,23,9,19,11,1,3,21,6,5,6,null,null,null,null,null,null,null,null,null,null,null,null,null,null,null,null,null,1,1,1,1,16,null,16]
[{"$f":"IF(generale!$A318>0,generale!$A318,\"\")","v":"2005-11-01"},{"$f":"IF(INDEX(generale!$A$16:$G$4963,MATCH(NGG!$A308,generale!$A$16:$A$4963,0),COLUMN())=0,0,INDEX(generale!$A$16:$G$4963,MATCH(NGG!$A308,generale!$A$16:$A$4963,0),COLUMN()))","v":18},{"$f":"IF(INDEX(generale!$A$16:$G$4963,MATCH(NGG!$A308,generale!$A$16:$A$4963,0),COLUMN())=0,0,INDEX(generale!$A$16:$G$4963,MATCH(NGG!$A308,generale!$A$16:$A$4963,0),COLUMN()))","v":1},{"$f":"IF(INDEX(generale!$A$16:$G$4963,MATCH(NGG!$A308,generale!$A$16:$A$4963,0),COLUMN())=0,0,INDEX(generale!$A$16:$G$4963,MATCH(NGG!$A308,generale!$A$16:$A$4963,0),COLUMN()))","v":15},{"$f":"IF(INDEX(generale!$A$16:$G$4963,MATCH(NGG!$A308,generale!$A$16:$A$4963,0),COLUMN())=0,0,INDEX(generale!$A$16:$G$4963,MATCH(NGG!$A308,generale!$A$16:$A$4963,0),COLUMN()))","v":11},{"$f":"IF(INDEX(generale!$A$16:$G$4963,MATCH(NGG!$A308,generale!$A$16:$A$4963,0),COLUMN())=0,0,INDEX(generale!$A$16:$G$4963,MATCH(NGG!$A308,generale!$A$16:$A$4963,0),COLUMN()))","v":3},{"$f":"generale!G318","v":"P"},3,7,17,4,1,14,28,11,15,16,24,10,20,12,2,4,21,0,5,6,null,null,null,null,null,null,null,null,null,null,null,null,null,null,null,null,null,1,1,1,1,16,null,18]
[{"$f":"IF(generale!$A319>0,generale!$A319,\"\")","v":"2005-11-02"},{"$f":"IF(INDEX(generale!$A$16:$G$4963,MATCH(NGG!$A309,generale!$A$16:$A$4963,0),COLUMN())=0,0,INDEX(generale!$A$16:$G$4963,MATCH(NGG!$A309,generale!$A$16:$A$4963,0),COLUMN()))","v":6},{"$f":"IF(INDEX(generale!$A$16:$G$4963,MATCH(NGG!$A309,generale!$A$16:$A$4963,0),COLUMN())=0,0,INDEX(generale!$A$16:$G$4963,MATCH(NGG!$A309,generale!$A$16:$A$4963,0),COLUMN()))","v":5},{"$f":"IF(INDEX(generale!$A$16:$G$4963,MATCH(NGG!$A309,generale!$A$16:$A$4963,0),COLUMN())=0,0,INDEX(generale!$A$16:$G$4963,MATCH(NGG!$A309,generale!$A$16:$A$4963,0),COLUMN()))","v":1},{"$f":"IF(INDEX(generale!$A$16:$G$4963,MATCH(NGG!$A309,generale!$A$16:$A$4963,0),COLUMN())=0,0,INDEX(generale!$A$16:$G$4963,MATCH(NGG!$A309,generale!$A$16:$A$4963,0),COLUMN()))","v":4},{"$f":"IF(INDEX(generale!$A$16:$G$4963,MATCH(NGG!$A309,generale!$A$16:$A$4963,0),COLUMN())=0,0,INDEX(generale!$A$16:$G$4963,MATCH(NGG!$A309,generale!$A$16:$A$4963,0),COLUMN()))","v":3},{"$f":"generale!G319","v":"T"},4,8,18,5,2,0,29,12,16,17,25,11,21,13,3,5,{"$f":"IF(COUNTIF($B309:$D309,0)<3,IF(LEN(SUBSTITUTE(SUBSTITUTE($B309,X$1,,1),,1))=0,0,X308+1-AS309),\"\")","v":21},0,5,6,null,null,null,null,null,null,null,null,null,null,null,null,null,null,null,null,null,1,1,1,1,16,null,18]
[{"$f":"IF(generale!$A320>0,generale!$A320,\"\")","v":"2005-11-03"},{"$f":"IF(INDEX(generale!$A$16:$G$4963,MATCH(NGG!$A310,generale!$A$16:$A$4963,0),COLUMN())=0,0,INDEX(generale!$A$16:$G$4963,MATCH(NGG!$A310,generale!$A$16:$A$4963,0),COLUMN()))","v":9},{"$f":"IF(INDEX(generale!$A$16:$G$4963,MATCH(NGG!$A310,generale!$A$16:$A$4963,0),COLUMN())=0,0,INDEX(generale!$A$16:$G$4963,MATCH(NGG!$A310,generale!$A$16:$A$4963,0),COLUMN()))","v":15},{"$f":"IF(INDEX(generale!$A$16:$G$4963,MATCH(NGG!$A310,generale!$A$16:$A$4963,0),COLUMN())=0,0,INDEX(generale!$A$16:$G$4963,MATCH(NGG!$A310,generale!$A$16:$A$4963,0),COLUMN()))","v":10},{"$f":"IF(INDEX(generale!$A$16:$G$4963,MATCH(NGG!$A310,generale!$A$16:$A$4963,0),COLUMN())=0,0,INDEX(generale!$A$16:$G$4963,MATCH(NGG!$A310,generale!$A$16:$A$4963,0),COLUMN()))","v":13},{"$f":"IF(INDEX(generale!$A$16:$G$4963,MATCH(NGG!$A310,generale!$A$16:$A$4963,0),COLUMN())=0,0,INDEX(generale!$A$16:$G$4963,MATCH(NGG!$A310,generale!$A$16:$A$4963,0),COLUMN()))","v":14},{"$f":"generale!G320","v":"T"},{"$f":"IF(COUNTIF($B310:$D310,0)<3,IF(LEN(SUBSTITUTE(SUBSTITUTE($B310,H$1,,1),,1))=0,0,H309+1-AC310),\"\")","v":5},9,19,6,3,0,30,13,0,18,26,12,22,14,3,5,21,0,5,6,null,null,null,null,null,null,1,null,null,null,null,null,null,null,null,1,1,1,1,1,1,13,null,14]
[{"$f":"IF(generale!$A321>0,generale!$A321,\"\")","v":"2005-11-04"},{"$f":"IF(INDEX(generale!$A$16:$G$4963,MATCH(NGG!$A311,generale!$A$16:$A$4963,0),COLUMN())=0,0,INDEX(generale!$A$16:$G$4963,MATCH(NGG!$A311,generale!$A$16:$A$4963,0),COLUMN()))","v":6},{"$f":"IF(INDEX(generale!$A$16:$G$4963,MATCH(NGG!$A311,generale!$A$16:$A$4963,0),COLUMN())=0,0,INDEX(generale!$A$16:$G$4963,MATCH(NGG!$A311,generale!$A$16:$A$4963,0),COLUMN()))","v":12},{"$f":"IF(INDEX(generale!$A$16:$G$4963,MATCH(NGG!$A311,generale!$A$16:$A$4963,0),COLUMN())=0,0,INDEX(generale!$A$16:$G$4963,MATCH(NGG!$A311,generale!$A$16:$A$4963,0),COLUMN()))","v":1},{"$f":"IF(INDEX(generale!$A$16:$G$4963,MATCH(NGG!$A311,generale!$A$16:$A$4963,0),COLUMN())=0,0,INDEX(generale!$A$16:$G$4963,MATCH(NGG!$A311,generale!$A$16:$A$4963,0),COLUMN()))","v":9},{"$f":"IF(INDEX(generale!$A$16:$G$4963,MATCH(NGG!$A311,generale!$A$16:$A$4963,0),COLUMN())=0,0,INDEX(generale!$A$16:$G$4963,MATCH(NGG!$A311,generale!$A$16:$A$4963,0),COLUMN()))","v":15},{"$f":"generale!G321","v":"T"},6,10,20,7,4,0,31,14,1,19,27,13,23,15,4,6,21,0,5,6,null,null,null,null,null,null,null,null,null,null,null,null,null,null,null,null,null,1,1,1,1,16,null,18]
[{"$f":"IF(generale!$A322>0,generale!$A322,\"\")","v":"2005-11-05"},{"$f":"IF(INDEX(generale!$A$16:$G$4963,MATCH(NGG!$A312,generale!$A$16:$A$4963,0),COLUMN())=0,0,INDEX(generale!$A$16:$G$4963,MATCH(NGG!$A312,generale!$A$16:$A$4963,0),COLUMN()))","v":3},{"$f":"IF(INDEX(generale!$A$16:$G$4963,MATCH(NGG!$A312,generale!$A$16:$A$4963,0),COLUMN())=0,0,INDEX(generale!$A$16:$G$4963,MATCH(NGG!$A312,generale!$A$16:$A$4963,0),COLUMN()))","v":14},{"$f":"IF(INDEX(generale!$A$16:$G$4963,MATCH(NGG!$A312,generale!$A$16:$A$4963,0),COLUMN())=0,0,INDEX(generale!$A$16:$G$4963,MATCH(NGG!$A312,generale!$A$16:$A$4963,0),COLUMN()))","v":6},{"$f":"IF(INDEX(generale!$A$16:$G$4963,MATCH(NGG!$A312,generale!$A$16:$A$4963,0),COLUMN())=0,0,INDEX(generale!$A$16:$G$4963,MATCH(NGG!$A312,generale!$A$16:$A$4963,0),COLUMN()))","v":5},{"$f":"IF(INDEX(generale!$A$16:$G$4963,MATCH(NGG!$A312,generale!$A$16:$A$4963,0),COLUMN())=0,0,INDEX(generale!$A$16:$G$4963,MATCH(NGG!$A312,generale!$A$16:$A$4963,0),COLUMN()))","v":15},{"$f":"generale!G322","v":"O"},1,14,4,76,18,1,31,0,3,13,5,17,16,7,8,15,6,8,5,6,null,null,null,null,null,null,null,null,null,null,null,null,null,null,null,null,null,null,1,1,1,17,null,17]
[{"$f":"IF(generale!$A323>0,generale!$A323,\"\")","v":"2005-11-06"},{"$f":"IF(INDEX(generale!$A$16:$G$4963,MATCH(NGG!$A313,generale!$A$16:$A$4963,0),COLUMN())=0,0,INDEX(generale!$A$16:$G$4963,MATCH(NGG!$A313,generale!$A$16:$A$4963,0),COLUMN()))","v":4},{"$f":"IF(INDEX(generale!$A$16:$G$4963,MATCH(NGG!$A313,generale!$A$16:$A$4963,0),COLUMN())=0,0,INDEX(generale!$A$16:$G$4963,MATCH(NGG!$A313,generale!$A$16:$A$4963,0),COLUMN()))","v":6},{"$f":"IF(INDEX(generale!$A$16:$G$4963,MATCH(NGG!$A313,generale!$A$16:$A$4963,0),COLUMN())=0,0,INDEX(generale!$A$16:$G$4963,MATCH(NGG!$A313,generale!$A$16:$A$4963,0),COLUMN()))","v":12},{"$f":"IF(INDEX(generale!$A$16:$G$4963,MATCH(NGG!$A313,generale!$A$16:$A$4963,0),COLUMN())=0,0,INDEX(generale!$A$16:$G$4963,MATCH(NGG!$A313,generale!$A$16:$A$4963,0),COLUMN()))","v":11},{"$f":"IF(INDEX(generale!$A$16:$G$4963,MATCH(NGG!$A313,generale!$A$16:$A$4963,0),COLUMN())=0,0,INDEX(generale!$A$16:$G$4963,MATCH(NGG!$A313,generale!$A$16:$A$4963,0),COLUMN()))","v":3},{"$f":"generale!G323","v":"O"},2,15,5,0,19,2,32,1,4,14,6,18,17,8,9,16,7,8,5,6,null,null,null,null,null,null,null,null,null,null,null,null,null,null,null,null,null,null,1,1,1,17,null,16]
[{"$f":"IF(generale!$A324>0,generale!$A324,\"\")","v":"2005-11-07"},{"$f":"IF(INDEX(generale!$A$16:$G$4963,MATCH(NGG!$A314,generale!$A$16:$A$4963,0),COLUMN())=0,0,INDEX(generale!$A$16:$G$4963,MATCH(NGG!$A314,generale!$A$16:$A$4963,0),COLUMN()))","v":6},{"$f":"IF(INDEX(generale!$A$16:$G$4963,MATCH(NGG!$A314,generale!$A$16:$A$4963,0),COLUMN())=0,0,INDEX(generale!$A$16:$G$4963,MATCH(NGG!$A314,generale!$A$16:$A$4963,0),COLUMN()))","v":13},{"$f":"IF(INDEX(generale!$A$16:$G$4963,MATCH(NGG!$A314,generale!$A$16:$A$4963,0),COLUMN())=0,0,INDEX(generale!$A$16:$G$4963,MATCH(NGG!$A314,generale!$A$16:$A$4963,0),COLUMN()))","v":3},{"$f":"IF(INDEX(generale!$A$16:$G$4963,MATCH(NGG!$A314,generale!$A$16:$A$4963,0),COLUMN())=0,0,INDEX(generale!$A$16:$G$4963,MATCH(NGG!$A314,generale!$A$16:$A$4963,0),COLUMN()))","v":5},{"$f":"IF(INDEX(generale!$A$16:$G$4963,MATCH(NGG!$A314,generale!$A$16:$A$4963,0),COLUMN())=0,0,INDEX(generale!$A$16:$G$4963,MATCH(NGG!$A314,generale!$A$16:$A$4963,0),COLUMN()))","v":1},{"$f":"generale!G324","v":"T"},3,16,6,1,20,0,33,2,5,15,7,19,18,9,10,17,8,8,5,6,null,null,null,null,null,null,null,null,null,null,null,null,null,null,null,null,null,null,1,1,1,17,null,16]
[{"$f":"IF(generale!$A325>0,generale!$A325,\"\")","v":"2005-11-08"},{"$f":"IF(INDEX(generale!$A$16:$G$4963,MATCH(NGG!$A315,generale!$A$16:$A$4963,0),COLUMN())=0,0,INDEX(generale!$A$16:$G$4963,MATCH(NGG!$A315,generale!$A$16:$A$4963,0),COLUMN()))","v":4},{"$f":"IF(INDEX(generale!$A$16:$G$4963,MATCH(NGG!$A315,generale!$A$16:$A$4963,0),COLUMN())=0,0,INDEX(generale!$A$16:$G$4963,MATCH(NGG!$A315,generale!$A$16:$A$4963,0),COLUMN()))","v":2},{"$f":"IF(INDEX(generale!$A$16:$G$4963,MATCH(NGG!$A315,generale!$A$16:$A$4963,0),COLUMN())=0,0,INDEX(generale!$A$16:$G$4963,MATCH(NGG!$A315,generale!$A$16:$A$4963,0),COLUMN()))","v":6},{"$f":"IF(INDEX(generale!$A$16:$G$4963,MATCH(NGG!$A315,generale!$A$16:$A$4963,0),COLUMN())=0,0,INDEX(generale!$A$16:$G$4963,MATCH(NGG!$A315,generale!$A$16:$A$4963,0),COLUMN()))","v":14},{"$f":"IF(INDEX(generale!$A$16:$G$4963,MATCH(NGG!$A315,generale!$A$16:$A$4963,0),COLUMN())=0,0,INDEX(generale!$A$16:$G$4963,MATCH(NGG!$A315,generale!$A$16:$A$4963,0),COLUMN()))","v":10},{"$f":"generale!G325","v":"P"},4,17,7,0,21,1,34,3,6,16,8,20,19,10,11,18,9,8,5,6,null,null,null,null,null,null,null,null,null,null,null,null,null,null,null,null,null,null,1,1,1,17,null,18]
[{"$f":"IF(generale!$A326>0,generale!$A326,\"\")","v":"2005-11-09"},{"$f":"IF(INDEX(generale!$A$16:$G$4963,MATCH(NGG!$A316,generale!$A$16:$A$4963,0),COLUMN())=0,0,INDEX(generale!$A$16:$G$4963,MATCH(NGG!$A316,generale!$A$16:$A$4963,0),COLUMN()))","v":17},{"$f":"IF(INDEX(generale!$A$16:$G$4963,MATCH(NGG!$A316,generale!$A$16:$A$4963,0),COLUMN())=0,0,INDEX(generale!$A$16:$G$4963,MATCH(NGG!$A316,generale!$A$16:$A$4963,0),COLUMN()))","v":2},{"$f":"IF(INDEX(generale!$A$16:$G$4963,MATCH(NGG!$A316,generale!$A$16:$A$4963,0),COLUMN())=0,0,INDEX(generale!$A$16:$G$4963,MATCH(NGG!$A316,generale!$A$16:$A$4963,0),COLUMN()))","v":1},{"$f":"IF(INDEX(generale!$A$16:$G$4963,MATCH(NGG!$A316,generale!$A$16:$A$4963,0),COLUMN())=0,0,INDEX(generale!$A$16:$G$4963,MATCH(NGG!$A316,generale!$A$16:$A$4963,0),COLUMN()))","v":4},{"$f":"IF(INDEX(generale!$A$16:$G$4963,MATCH(NGG!$A316,generale!$A$16:$A$4963,0),COLUMN())=0,0,INDEX(generale!$A$16:$G$4963,MATCH(NGG!$A316,generale!$A$16:$A$4963,0),COLUMN()))","v":8},{"$f":"generale!G326","v":"T"},5,18,8,1,22,2,35,4,7,17,9,21,20,11,12,19,0,9,5,6,null,null,null,null,null,null,null,null,null,null,null,null,null,null,null,null,null,null,null,1,1,18,null,18]
[{"$f":"IF(generale!$A327>0,generale!$A327,\"\")","v":"2005-11-10"},{"$f":"IF(INDEX(generale!$A$16:$G$4963,MATCH(NGG!$A317,generale!$A$16:$A$4963,0),COLUMN())=0,0,INDEX(generale!$A$16:$G$4963,MATCH(NGG!$A317,generale!$A$16:$A$4963,0),COLUMN()))","v":5},{"$f":"IF(INDEX(generale!$A$16:$G$4963,MATCH(NGG!$A317,generale!$A$16:$A$4963,0),COLUMN())=0,0,INDEX(generale!$A$16:$G$4963,MATCH(NGG!$A317,generale!$A$16:$A$4963,0),COLUMN()))","v":6},{"$f":"IF(INDEX(generale!$A$16:$G$4963,MATCH(NGG!$A317,generale!$A$16:$A$4963,0),COLUMN())=0,0,INDEX(generale!$A$16:$G$4963,MATCH(NGG!$A317,generale!$A$16:$A$4963,0),COLUMN()))","v":18},{"$f":"IF(INDEX(generale!$A$16:$G$4963,MATCH(NGG!$A317,generale!$A$16:$A$4963,0),COLUMN())=0,0,INDEX(generale!$A$16:$G$4963,MATCH(NGG!$A317,generale!$A$16:$A$4963,0),COLUMN()))","v":15},{"$f":"IF(INDEX(generale!$A$16:$G$4963,MATCH(NGG!$A317,generale!$A$16:$A$4963,0),COLUMN())=0,0,INDEX(generale!$A$16:$G$4963,MATCH(NGG!$A317,generale!$A$16:$A$4963,0),COLUMN()))","v":10},{"$f":"generale!G327","v":"T"},6,19,9,2,0,3,36,5,8,18,10,22,21,12,13,19,1,9,5,6,null,null,null,null,null,null,null,null,null,null,null,null,null,null,null,null,1,null,1,1,1,16,null,17]
[{"$f":"IF(generale!$A328>0,generale!$A328,\"\")","v":"2005-11-11"},{"$f":"IF(INDEX(generale!$A$16:$G$4963,MATCH(NGG!$A318,generale!$A$16:$A$4963,0),COLUMN())=0,0,INDEX(generale!$A$16:$G$4963,MATCH(NGG!$A318,generale!$A$16:$A$4963,0),COLUMN()))","v":4},{"$f":"IF(INDEX(generale!$A$16:$G$4963,MATCH(NGG!$A318,generale!$A$16:$A$4963,0),COLUMN())=0,0,INDEX(generale!$A$16:$G$4963,MATCH(NGG!$A318,generale!$A$16:$A$4963,0),COLUMN()))","v":11},{"$f":"IF(INDEX(generale!$A$16:$G$4963,MATCH(NGG!$A318,generale!$A$16:$A$4963,0),COLUMN())=0,0,INDEX(generale!$A$16:$G$4963,MATCH(NGG!$A318,generale!$A$16:$A$4963,0),COLUMN()))","v":9},{"$f":"IF(INDEX(generale!$A$16:$G$4963,MATCH(NGG!$A318,generale!$A$16:$A$4963,0),COLUMN())=0,0,INDEX(generale!$A$16:$G$4963,MATCH(NGG!$A318,generale!$A$16:$A$4963,0),COLUMN()))","v":5},{"$f":"IF(INDEX(generale!$A$16:$G$4963,MATCH(NGG!$A318,generale!$A$16:$A$4963,0),COLUMN())=0,0,INDEX(generale!$A$16:$G$4963,MATCH(NGG!$A318,generale!$A$16:$A$4963,0),COLUMN()))","v":13},{"$f":"generale!G328","v":"P"},7,20,10,0,1,4,37,6,9,19,11,23,22,13,14,20,1,9,5,6,null,null,null,null,null,null,null,null,null,null,null,null,null,null,null,null,null,1,1,1,1,16,null,16]
[{"$f":"IF(generale!$A329>0,generale!$A329,\"\")","v":"2005-11-12"},{"$f":"IF(INDEX(generale!$A$16:$G$4963,MATCH(NGG!$A319,generale!$A$16:$A$4963,0),COLUMN())=0,0,INDEX(generale!$A$16:$G$4963,MATCH(NGG!$A319,generale!$A$16:$A$4963,0),COLUMN()))","v":14},{"$f":"IF(INDEX(generale!$A$16:$G$4963,MATCH(NGG!$A319,generale!$A$16:$A$4963,0),COLUMN())=0,0,INDEX(generale!$A$16:$G$4963,MATCH(NGG!$A319,generale!$A$16:$A$4963,0),COLUMN()))","v":11},{"$f":"IF(INDEX(generale!$A$16:$G$4963,MATCH(NGG!$A319,generale!$A$16:$A$4963,0),COLUMN())=0,0,INDEX(generale!$A$16:$G$4963,MATCH(NGG!$A319,generale!$A$16:$A$4963,0),COLUMN()))","v":8},{"$f":"IF(INDEX(generale!$A$16:$G$4963,MATCH(NGG!$A319,generale!$A$16:$A$4963,0),COLUMN())=0,0,INDEX(generale!$A$16:$G$4963,MATCH(NGG!$A319,generale!$A$16:$A$4963,0),COLUMN()))","v":5},{"$f":"IF(INDEX(generale!$A$16:$G$4963,MATCH(NGG!$A319,generale!$A$16:$A$4963,0),COLUMN())=0,0,INDEX(generale!$A$16:$G$4963,MATCH(NGG!$A319,generale!$A$16:$A$4963,0),COLUMN()))","v":4},{"$f":"generale!G329","v":"P"},8,21,11,1,2,5,38,7,10,20,12,24,23,0,15,21,1,9,5,6,null,null,null,null,null,null,null,null,null,null,null,null,null,null,null,null,null,1,1,1,1,16,null,18]
[{"$f":"IF(generale!$A330>0,generale!$A330,\"\")","v":"2005-11-13"},{"$f":"IF(INDEX(generale!$A$16:$G$4963,MATCH(NGG!$A320,generale!$A$16:$A$4963,0),COLUMN())=0,0,INDEX(generale!$A$16:$G$4963,MATCH(NGG!$A320,generale!$A$16:$A$4963,0),COLUMN()))","v":15},{"$f":"IF(INDEX(generale!$A$16:$G$4963,MATCH(NGG!$A320,generale!$A$16:$A$4963,0),COLUMN())=0,0,INDEX(generale!$A$16:$G$4963,MATCH(NGG!$A320,generale!$A$16:$A$4963,0),COLUMN()))","v":4},{"$f":"IF(INDEX(generale!$A$16:$G$4963,MATCH(NGG!$A320,generale!$A$16:$A$4963,0),COLUMN())=0,0,INDEX(generale!$A$16:$G$4963,MATCH(NGG!$A320,generale!$A$16:$A$4963,0),COLUMN()))","v":1},{"$f":"IF(INDEX(generale!$A$16:$G$4963,MATCH(NGG!$A320,generale!$A$16:$A$4963,0),COLUMN())=0,0,INDEX(generale!$A$16:$G$4963,MATCH(NGG!$A320,generale!$A$16:$A$4963,0),COLUMN()))","v":8},{"$f":"IF(INDEX(generale!$A$16:$G$4963,MATCH(NGG!$A320,generale!$A$16:$A$4963,0),COLUMN())=0,0,INDEX(generale!$A$16:$G$4963,MATCH(NGG!$A320,generale!$A$16:$A$4963,0),COLUMN()))","v":5},{"$f":"generale!G330","v":"O"},9,22,12,2,3,6,39,8,11,21,13,25,24,1,0,22,1,9,5,6,null,null,null,null,null,null,null,null,null,null,null,null,null,null,null,null,null,1,1,1,1,16,null,18]
[{"$f":"IF(generale!$A331>0,generale!$A331,\"\")","v":"2005-11-14"},{"$f":"IF(INDEX(generale!$A$16:$G$4963,MATCH(NGG!$A321,generale!$A$16:$A$4963,0),COLUMN())=0,0,INDEX(generale!$A$16:$G$4963,MATCH(NGG!$A321,generale!$A$16:$A$4963,0),COLUMN()))","v":17},{"$f":"IF(INDEX(generale!$A$16:$G$4963,MATCH(NGG!$A321,generale!$A$16:$A$4963,0),COLUMN())=0,0,INDEX(generale!$A$16:$G$4963,MATCH(NGG!$A321,generale!$A$16:$A$4963,0),COLUMN()))","v":11},{"$f":"IF(INDEX(generale!$A$16:$G$4963,MATCH(NGG!$A321,generale!$A$16:$A$4963,0),COLUMN())=0,0,INDEX(generale!$A$16:$G$4963,MATCH(NGG!$A321,generale!$A$16:$A$4963,0),COLUMN()))","v":9},{"$f":"IF(INDEX(generale!$A$16:$G$4963,MATCH(NGG!$A321,generale!$A$16:$A$4963,0),COLUMN())=0,0,INDEX(generale!$A$16:$G$4963,MATCH(NGG!$A321,generale!$A$16:$A$4963,0),COLUMN()))","v":13},{"$f":"IF(INDEX(generale!$A$16:$G$4963,MATCH(NGG!$A321,generale!$A$16:$A$4963,0),COLUMN())=0,0,INDEX(generale!$A$16:$G$4963,MATCH(NGG!$A321,generale!$A$16:$A$4963,0),COLUMN()))","v":14},{"$f":"generale!G331","v":"T"},10,23,13,3,4,7,40,9,12,22,14,26,25,2,1,23,0,10,5,6,null,null,null,null,null,null,null,null,null,null,null,null,null,null,null,null,null,null,null,1,1,18,null,17]
[{"$f":"IF(generale!$A332>0,generale!$A332,\"\")","v":"2005-11-15"},{"$f":"IF(INDEX(generale!$A$16:$G$4963,MATCH(NGG!$A322,generale!$A$16:$A$4963,0),COLUMN())=0,0,INDEX(generale!$A$16:$G$4963,MATCH(NGG!$A322,generale!$A$16:$A$4963,0),COLUMN()))","v":12},{"$f":"IF(INDEX(generale!$A$16:$G$4963,MATCH(NGG!$A322,generale!$A$16:$A$4963,0),COLUMN())=0,0,INDEX(generale!$A$16:$G$4963,MATCH(NGG!$A322,generale!$A$16:$A$4963,0),COLUMN()))","v":9},{"$f":"IF(INDEX(generale!$A$16:$G$4963,MATCH(NGG!$A322,generale!$A$16:$A$4963,0),COLUMN())=0,0,INDEX(generale!$A$16:$G$4963,MATCH(NGG!$A322,generale!$A$16:$A$4963,0),COLUMN()))","v":13},{"$f":"IF(INDEX(generale!$A$16:$G$4963,MATCH(NGG!$A322,generale!$A$16:$A$4963,0),COLUMN())=0,0,INDEX(generale!$A$16:$G$4963,MATCH(NGG!$A322,generale!$A$16:$A$4963,0),COLUMN()))","v":5},{"$f":"IF(INDEX(generale!$A$16:$G$4963,MATCH(NGG!$A322,generale!$A$16:$A$4963,0),COLUMN())=0,0,INDEX(generale!$A$16:$G$4963,MATCH(NGG!$A322,generale!$A$16:$A$4963,0),COLUMN()))","v":15},{"$f":"generale!G332","v":"T"},11,24,14,4,5,8,41,10,13,23,15,0,26,3,2,24,0,10,5,6,null,null,null,null,null,null,null,null,null,null,null,null,null,null,null,null,null,1,1,1,1,16,null,16]
[{"$f":"IF(generale!$A333>0,generale!$A333,\"\")","v":"2005-11-16"},{"$f":"IF(INDEX(generale!$A$16:$G$4963,MATCH(NGG!$A323,generale!$A$16:$A$4963,0),COLUMN())=0,0,INDEX(generale!$A$16:$G$4963,MATCH(NGG!$A323,generale!$A$16:$A$4963,0),COLUMN()))","v":4},{"$f":"IF(INDEX(generale!$A$16:$G$4963,MATCH(NGG!$A323,generale!$A$16:$A$4963,0),COLUMN())=0,0,INDEX(generale!$A$16:$G$4963,MATCH(NGG!$A323,generale!$A$16:$A$4963,0),COLUMN()))","v":12},{"$f":"IF(INDEX(generale!$A$16:$G$4963,MATCH(NGG!$A323,generale!$A$16:$A$4963,0),COLUMN())=0,0,INDEX(generale!$A$16:$G$4963,MATCH(NGG!$A323,generale!$A$16:$A$4963,0),COLUMN()))","v":3},{"$f":"IF(INDEX(generale!$A$16:$G$4963,MATCH(NGG!$A323,generale!$A$16:$A$4963,0),COLUMN())=0,0,INDEX(generale!$A$16:$G$4963,MATCH(NGG!$A323,generale!$A$16:$A$4963,0),COLUMN()))","v":6},{"$f":"IF(INDEX(generale!$A$16:$G$4963,MATCH(NGG!$A323,generale!$A$16:$A$4963,0),COLUMN())=0,0,INDEX(generale!$A$16:$G$4963,MATCH(NGG!$A323,generale!$A$16:$A$4963,0),COLUMN()))","v":5},{"$f":"generale!G333","v":"T"},12,25,15,0,6,9,42,11,14,24,16,1,27,4,3,25,0,10,5,6,null,null,null,null,null,null,null,null,null,null,null,null,null,null,null,null,null,1,1,1,1,16,null,16]
[{"$f":"IF(generale!$A334>0,generale!$A334,\"\")","v":"2005-11-17"},{"$f":"IF(INDEX(generale!$A$16:$G$4963,MATCH(NGG!$A324,generale!$A$16:$A$4963,0),COLUMN())=0,0,INDEX(generale!$A$16:$G$4963,MATCH(NGG!$A324,generale!$A$16:$A$4963,0),COLUMN()))","v":7},{"$f":"IF(INDEX(generale!$A$16:$G$4963,MATCH(NGG!$A324,generale!$A$16:$A$4963,0),COLUMN())=0,0,INDEX(generale!$A$16:$G$4963,MATCH(NGG!$A324,generale!$A$16:$A$4963,0),COLUMN()))","v":6},{"$f":"IF(INDEX(generale!$A$16:$G$4963,MATCH(NGG!$A324,generale!$A$16:$A$4963,0),COLUMN())=0,0,INDEX(generale!$A$16:$G$4963,MATCH(NGG!$A324,generale!$A$16:$A$4963,0),COLUMN()))","v":5},{"$f":"IF(INDEX(generale!$A$16:$G$4963,MATCH(NGG!$A324,generale!$A$16:$A$4963,0),COLUMN())=0,0,INDEX(generale!$A$16:$G$4963,MATCH(NGG!$A324,generale!$A$16:$A$4963,0),COLUMN()))","v":3},{"$f":"IF(INDEX(generale!$A$16:$G$4963,MATCH(NGG!$A324,generale!$A$16:$A$4963,0),COLUMN())=0,0,INDEX(generale!$A$16:$G$4963,MATCH(NGG!$A324,generale!$A$16:$A$4963,0),COLUMN()))","v":15},{"$f":"generale!G334","v":"P"},13,26,16,1,7,10,0,12,15,25,17,1,28,4,4,25,0,10,5,6,null,null,null,null,null,null,null,null,null,null,null,null,1,null,1,null,1,1,1,1,1,{"$f":"IF(A324<>\"\",20-SUM(AC324:AV324),\"\")","v":13},null,15]
[{"$f":"IF(generale!$A335>0,generale!$A335,\"\")","v":"2005-11-18"},{"$f":"IF(INDEX(generale!$A$16:$G$4963,MATCH(NGG!$A325,generale!$A$16:$A$4963,0),COLUMN())=0,0,INDEX(generale!$A$16:$G$4963,MATCH(NGG!$A325,generale!$A$16:$A$4963,0),COLUMN()))","v":11},{"$f":"IF(INDEX(generale!$A$16:$G$4963,MATCH(NGG!$A325,generale!$A$16:$A$4963,0),COLUMN())=0,0,INDEX(generale!$A$16:$G$4963,MATCH(NGG!$A325,generale!$A$16:$A$4963,0),COLUMN()))","v":4},{"$f":"IF(INDEX(generale!$A$16:$G$4963,MATCH(NGG!$A325,generale!$A$16:$A$4963,0),COLUMN())=0,0,INDEX(generale!$A$16:$G$4963,MATCH(NGG!$A325,generale!$A$16:$A$4963,0),COLUMN()))","v":13},{"$f":"IF(INDEX(generale!$A$16:$G$4963,MATCH(NGG!$A325,generale!$A$16:$A$4963,0),COLUMN())=0,0,INDEX(generale!$A$16:$G$4963,MATCH(NGG!$A325,generale!$A$16:$A$4963,0),COLUMN()))","v":6},{"$f":"IF(INDEX(generale!$A$16:$G$4963,MATCH(NGG!$A325,generale!$A$16:$A$4963,0),COLUMN())=0,0,INDEX(generale!$A$16:$G$4963,MATCH(NGG!$A325,generale!$A$16:$A$4963,0),COLUMN()))","v":7},{"$f":"generale!G335","v":"P"},14,27,17,2,8,11,1,13,16,26,0,2,29,5,5,26,{"$f":"IF(COUNTIF($B325:$D325,0)<3,IF(LEN(SUBSTITUTE(SUBSTITUTE($B325,X$1,,1),,1))=0,0,X324+1-AS325),\"\")","v":1},10,5,6,null,null,null,null,null,null,null,null,null,null,null,null,null,null,null,null,null,null,1,1,1,17,null,15]
[{"$f":"IF(generale!$A336>0,generale!$A336,\"\")","v":"2005-11-19"},{"$f":"IF(INDEX(generale!$A$16:$G$4963,MATCH(NGG!$A326,generale!$A$16:$A$4963,0),COLUMN())=0,0,INDEX(generale!$A$16:$G$4963,MATCH(NGG!$A326,generale!$A$16:$A$4963,0),COLUMN()))","v":7},{"$f":"IF(INDEX(generale!$A$16:$G$4963,MATCH(NGG!$A326,generale!$A$16:$A$4963,0),COLUMN())=0,0,INDEX(generale!$A$16:$G$4963,MATCH(NGG!$A326,generale!$A$16:$A$4963,0),COLUMN()))","v":3},{"$f":"IF(INDEX(generale!$A$16:$G$4963,MATCH(NGG!$A326,generale!$A$16:$A$4963,0),COLUMN())=0,0,INDEX(generale!$A$16:$G$4963,MATCH(NGG!$A326,generale!$A$16:$A$4963,0),COLUMN()))","v":4},{"$f":"IF(INDEX(generale!$A$16:$G$4963,MATCH(NGG!$A326,generale!$A$16:$A$4963,0),COLUMN())=0,0,INDEX(generale!$A$16:$G$4963,MATCH(NGG!$A326,generale!$A$16:$A$4963,0),COLUMN()))","v":14},{"$f":"IF(INDEX(generale!$A$16:$G$4963,MATCH(NGG!$A326,generale!$A$16:$A$4963,0),COLUMN())=0,0,INDEX(generale!$A$16:$G$4963,MATCH(NGG!$A326,generale!$A$16:$A$4963,0),COLUMN()))","v":11},{"$f":"generale!G336","v":"T"},{"$f":"IF(COUNTIF($B326:$D326,0)<3,IF(LEN(SUBSTITUTE(SUBSTITUTE($B326,H$1,,1),,1))=0,0,H325+1-AC326),\"\")","v":15},28,18,2,9,12,0,14,17,27,1,3,30,6,6,26,1,10,5,6,null,null,null,null,1,null,null,1,null,null,null,null,null,null,null,null,1,1,1,1,1,13,null,14]
[{"$f":"IF(generale!$A337>0,generale!$A337,\"\")","v":"2005-11-20"},{"$f":"IF(INDEX(generale!$A$16:$G$4963,MATCH(NGG!$A327,generale!$A$16:$A$4963,0),COLUMN())=0,0,INDEX(generale!$A$16:$G$4963,MATCH(NGG!$A327,generale!$A$16:$A$4963,0),COLUMN()))","v":13},{"$f":"IF(INDEX(generale!$A$16:$G$4963,MATCH(NGG!$A327,generale!$A$16:$A$4963,0),COLUMN())=0,0,INDEX(generale!$A$16:$G$4963,MATCH(NGG!$A327,generale!$A$16:$A$4963,0),COLUMN()))","v":6},{"$f":"IF(INDEX(generale!$A$16:$G$4963,MATCH(NGG!$A327,generale!$A$16:$A$4963,0),COLUMN())=0,0,INDEX(generale!$A$16:$G$4963,MATCH(NGG!$A327,generale!$A$16:$A$4963,0),COLUMN()))","v":8},{"$f":"IF(INDEX(generale!$A$16:$G$4963,MATCH(NGG!$A327,generale!$A$16:$A$4963,0),COLUMN())=0,0,INDEX(generale!$A$16:$G$4963,MATCH(NGG!$A327,generale!$A$16:$A$4963,0),COLUMN()))","v":5},{"$f":"IF(INDEX(generale!$A$16:$G$4963,MATCH(NGG!$A327,generale!$A$16:$A$4963,0),COLUMN())=0,0,INDEX(generale!$A$16:$G$4963,MATCH(NGG!$A327,generale!$A$16:$A$4963,0),COLUMN()))","v":15},{"$f":"generale!G337","v":"O"},16,29,19,3,10,13,1,15,18,28,2,4,0,7,7,27,1,11,5,6,null,null,null,null,null,null,null,null,null,null,null,null,null,null,null,null,null,1,null,1,1,17,null,13]
[{"$f":"IF(generale!$A338>0,generale!$A338,\"\")","v":"2005-11-21"},{"$f":"IF(INDEX(generale!$A$16:$G$4963,MATCH(NGG!$A328,generale!$A$16:$A$4963,0),COLUMN())=0,0,INDEX(generale!$A$16:$G$4963,MATCH(NGG!$A328,generale!$A$16:$A$4963,0),COLUMN()))","v":11},{"$f":"IF(INDEX(generale!$A$16:$G$4963,MATCH(NGG!$A328,generale!$A$16:$A$4963,0),COLUMN())=0,0,INDEX(generale!$A$16:$G$4963,MATCH(NGG!$A328,generale!$A$16:$A$4963,0),COLUMN()))","v":8},{"$f":"IF(INDEX(generale!$A$16:$G$4963,MATCH(NGG!$A328,generale!$A$16:$A$4963,0),COLUMN())=0,0,INDEX(generale!$A$16:$G$4963,MATCH(NGG!$A328,generale!$A$16:$A$4963,0),COLUMN()))","v":13},{"$f":"IF(INDEX(generale!$A$16:$G$4963,MATCH(NGG!$A328,generale!$A$16:$A$4963,0),COLUMN())=0,0,INDEX(generale!$A$16:$G$4963,MATCH(NGG!$A328,generale!$A$16:$A$4963,0),COLUMN()))","v":7},{"$f":"IF(INDEX(generale!$A$16:$G$4963,MATCH(NGG!$A328,generale!$A$16:$A$4963,0),COLUMN())=0,0,INDEX(generale!$A$16:$G$4963,MATCH(NGG!$A328,generale!$A$16:$A$4963,0),COLUMN()))","v":14},{"$f":"generale!G338","v":"P"},17,30,20,4,11,14,2,16,19,29,0,5,1,8,8,28,2,12,5,6,null,null,null,null,null,null,null,null,null,null,null,null,null,null,null,null,null,null,null,1,1,18,null,18]
[{"$f":"IF(generale!$A339>0,generale!$A339,\"\")","v":"2005-11-22"},{"$f":"IF(INDEX(generale!$A$16:$G$4963,MATCH(NGG!$A329,generale!$A$16:$A$4963,0),COLUMN())=0,0,INDEX(generale!$A$16:$G$4963,MATCH(NGG!$A329,generale!$A$16:$A$4963,0),COLUMN()))","v":9},{"$f":"IF(INDEX(generale!$A$16:$G$4963,MATCH(NGG!$A329,generale!$A$16:$A$4963,0),COLUMN())=0,0,INDEX(generale!$A$16:$G$4963,MATCH(NGG!$A329,generale!$A$16:$A$4963,0),COLUMN()))","v":6},{"$f":"IF(INDEX(generale!$A$16:$G$4963,MATCH(NGG!$A329,generale!$A$16:$A$4963,0),COLUMN())=0,0,INDEX(generale!$A$16:$G$4963,MATCH(NGG!$A329,generale!$A$16:$A$4963,0),COLUMN()))","v":1},{"$f":"IF(INDEX(generale!$A$16:$G$4963,MATCH(NGG!$A329,generale!$A$16:$A$4963,0),COLUMN())=0,0,INDEX(generale!$A$16:$G$4963,MATCH(NGG!$A329,generale!$A$16:$A$4963,0),COLUMN()))","v":2},{"$f":"IF(INDEX(generale!$A$16:$G$4963,MATCH(NGG!$A329,generale!$A$16:$A$4963,0),COLUMN())=0,0,INDEX(generale!$A$16:$G$4963,MATCH(NGG!$A329,generale!$A$16:$A$4963,0),COLUMN()))","v":5},{"$f":"generale!G339","v":"T"},18,31,21,5,12,15,3,17,0,30,1,6,2,9,9,29,2,12,5,6,null,null,null,null,null,null,null,null,null,null,null,null,null,null,null,null,null,1,1,1,1,16,null,18]
[{"$f":"IF(generale!$A340>0,generale!$A340,\"\")","v":"2005-11-23"},{"$f":"IF(INDEX(generale!$A$16:$G$4963,MATCH(NGG!$A330,generale!$A$16:$A$4963,0),COLUMN())=0,0,INDEX(generale!$A$16:$G$4963,MATCH(NGG!$A330,generale!$A$16:$A$4963,0),COLUMN()))","v":2},{"$f":"IF(INDEX(generale!$A$16:$G$4963,MATCH(NGG!$A330,generale!$A$16:$A$4963,0),COLUMN())=0,0,INDEX(generale!$A$16:$G$4963,MATCH(NGG!$A330,generale!$A$16:$A$4963,0),COLUMN()))","v":17},{"$f":"IF(INDEX(generale!$A$16:$G$4963,MATCH(NGG!$A330,generale!$A$16:$A$4963,0),COLUMN())=0,0,INDEX(generale!$A$16:$G$4963,MATCH(NGG!$A330,generale!$A$16:$A$4963,0),COLUMN()))","v":12},{"$f":"IF(INDEX(generale!$A$16:$G$4963,MATCH(NGG!$A330,generale!$A$16:$A$4963,0),COLUMN())=0,0,INDEX(generale!$A$16:$G$4963,MATCH(NGG!$A330,generale!$A$16:$A$4963,0),COLUMN()))","v":10},{"$f":"IF(INDEX(generale!$A$16:$G$4963,MATCH(NGG!$A330,generale!$A$16:$A$4963,0),COLUMN())=0,0,INDEX(generale!$A$16:$G$4963,MATCH(NGG!$A330,generale!$A$16:$A$4963,0),COLUMN()))","v":18},{"$f":"generale!G340","v":"T"},19,0,22,6,13,16,4,18,1,31,2,7,3,10,10,30,2,12,5,6,null,null,null,null,null,null,null,null,null,null,null,null,null,null,null,null,null,1,1,1,1,16,null,18]
[{"$f":"IF(generale!$A341>0,generale!$A341,\"\")","v":"2005-11-24"},{"$f":"IF(INDEX(generale!$A$16:$G$4963,MATCH(NGG!$A331,generale!$A$16:$A$4963,0),COLUMN())=0,0,INDEX(generale!$A$16:$G$4963,MATCH(NGG!$A331,generale!$A$16:$A$4963,0),COLUMN()))","v":8},{"$f":"IF(INDEX(generale!$A$16:$G$4963,MATCH(NGG!$A331,generale!$A$16:$A$4963,0),COLUMN())=0,0,INDEX(generale!$A$16:$G$4963,MATCH(NGG!$A331,generale!$A$16:$A$4963,0),COLUMN()))","v":12},{"$f":"IF(INDEX(generale!$A$16:$G$4963,MATCH(NGG!$A331,generale!$A$16:$A$4963,0),COLUMN())=0,0,INDEX(generale!$A$16:$G$4963,MATCH(NGG!$A331,generale!$A$16:$A$4963,0),COLUMN()))","v":5},{"$f":"IF(INDEX(generale!$A$16:$G$4963,MATCH(NGG!$A331,generale!$A$16:$A$4963,0),COLUMN())=0,0,INDEX(generale!$A$16:$G$4963,MATCH(NGG!$A331,generale!$A$16:$A$4963,0),COLUMN()))","v":6},{"$f":"IF(INDEX(generale!$A$16:$G$4963,MATCH(NGG!$A331,generale!$A$16:$A$4963,0),COLUMN())=0,0,INDEX(generale!$A$16:$G$4963,MATCH(NGG!$A331,generale!$A$16:$A$4963,0),COLUMN()))","v":16},{"$f":"generale!G341","v":"T"},20,1,23,7,14,17,5,0,2,32,3,8,4,11,11,31,3,13,5,6,null,null,null,null,null,null,null,null,null,null,null,null,null,null,null,null,null,null,null,1,1,18,null,17]
[{"$f":"IF(generale!$A342>0,generale!$A342,\"\")","v":"2005-11-25"},{"$f":"IF(INDEX(generale!$A$16:$G$4963,MATCH(NGG!$A332,generale!$A$16:$A$4963,0),COLUMN())=0,0,INDEX(generale!$A$16:$G$4963,MATCH(NGG!$A332,generale!$A$16:$A$4963,0),COLUMN()))","v":1},{"$f":"IF(INDEX(generale!$A$16:$G$4963,MATCH(NGG!$A332,generale!$A$16:$A$4963,0),COLUMN())=0,0,INDEX(generale!$A$16:$G$4963,MATCH(NGG!$A332,generale!$A$16:$A$4963,0),COLUMN()))","v":5},{"$f":"IF(INDEX(generale!$A$16:$G$4963,MATCH(NGG!$A332,generale!$A$16:$A$4963,0),COLUMN())=0,0,INDEX(generale!$A$16:$G$4963,MATCH(NGG!$A332,generale!$A$16:$A$4963,0),COLUMN()))","v":7},{"$f":"IF(INDEX(generale!$A$16:$G$4963,MATCH(NGG!$A332,generale!$A$16:$A$4963,0),COLUMN())=0,0,INDEX(generale!$A$16:$G$4963,MATCH(NGG!$A332,generale!$A$16:$A$4963,0),COLUMN()))","v":13},{"$f":"IF(INDEX(generale!$A$16:$G$4963,MATCH(NGG!$A332,generale!$A$16:$A$4963,0),COLUMN())=0,0,INDEX(generale!$A$16:$G$4963,MATCH(NGG!$A332,generale!$A$16:$A$4963,0),COLUMN()))","v":16},{"$f":"generale!G342","v":"T"},{"$f":"IF(COUNTIF($B332:$D332,0)<3,IF(LEN(SUBSTITUTE(SUBSTITUTE($B332,H$1,,1),,1))=0,0,H331+1-AC332),\"\")","v":0},{"$f":"IF(COUNTIF($B332:$D332,0)<3,IF(LEN(SUBSTITUTE(SUBSTITUTE($B332,I$1,,1),,1))=0,0,I331+1-AD332),\"\")","v":2},{"$f":"IF(COUNTIF($B332:$D332,0)<3,IF(LEN(SUBSTITUTE(SUBSTITUTE($B332,J$1,,1),,1))=0,0,J331+1-AE332),\"\")","v":24},{"$f":"IF(COUNTIF($B332:$D332,0)<3,IF(LEN(SUBSTITUTE(SUBSTITUTE($B332,K$1,,1),,1))=0,0,K331+1-AF332),\"\")","v":8},{"$f":"IF(COUNTIF($B332:$D332,0)<3,IF(LEN(SUBSTITUTE(SUBSTITUTE($B332,L$1,,1),,1))=0,0,L331+1-AG332),\"\")","v":15},{"$f":"IF(COUNTIF($B332:$D332,0)<3,IF(LEN(SUBSTITUTE(SUBSTITUTE($B332,M$1,,1),,1))=0,0,M331+1-AH332),\"\")","v":18},{"$f":"IF(COUNTIF($B332:$D332,0)<3,IF(LEN(SUBSTITUTE(SUBSTITUTE($B332,N$1,,1),,1))=0,0,N331+1-AI332),\"\")","v":6},{"$f":"IF(COUNTIF($B332:$D332,0)<3,IF(LEN(SUBSTITUTE(SUBSTITUTE($B332,O$1,,1),,1))=0,0,O331+1-AJ332),\"\")","v":1},{"$f":"IF(COUNTIF($B332:$D332,0)<3,IF(LEN(SUBSTITUTE(SUBSTITUTE($B332,P$1,,1),,1))=0,0,P331+1-AK332),\"\")","v":3},{"$f":"IF(COUNTIF($B332:$D332,0)<3,IF(LEN(SUBSTITUTE(SUBSTITUTE($B332,Q$1,,1),,1))=0,0,Q331+1-AL332),\"\")","v":33},{"$f":"IF(COUNTIF($B332:$D332,0)<3,IF(LEN(SUBSTITUTE(SUBSTITUTE($B332,R$1,,1),,1))=0,0,R331+1-AM332),\"\")","v":4},{"$f":"IF(COUNTIF($B332:$D332,0)<3,IF(LEN(SUBSTITUTE(SUBSTITUTE($B332,S$1,,1),,1))=0,0,S331+1-AN332),\"\")","v":9},{"$f":"IF(COUNTIF($B332:$D332,0)<3,IF(LEN(SUBSTITUTE(SUBSTITUTE($B332,T$1,,1),,1))=0,0,T331+1-AO332),\"\")","v":5},{"$f":"IF(COUNTIF($B332:$D332,0)<3,IF(LEN(SUBSTITUTE(SUBSTITUTE($B332,U$1,,1),,1))=0,0,U331+1-AP332),\"\")","v":12},{"$f":"IF(COUNTIF($B332:$D332,0)<3,IF(LEN(SUBSTITUTE(SUBSTITUTE($B332,V$1,,1),,1))=0,0,V331+1-AQ332),\"\")","v":12},{"$f":"IF(COUNTIF($B332:$D332,0)<3,IF(LEN(SUBSTITUTE(SUBSTITUTE($B332,W$1,,1),,1))=0,0,W331+1-AR332),\"\")","v":32},{"$f":"IF(COUNTIF($B332:$D332,0)<3,IF(LEN(SUBSTITUTE(SUBSTITUTE($B332,X$1,,1),,1))=0,0,X331+1-AS332),\"\")","v":4},{"$f":"IF(COUNTIF($B332:$D332,0)<3,IF(LEN(SUBSTITUTE(SUBSTITUTE($B332,Y$1,,1),,1))=0,0,Y331+1-AT332),\"\")","v":14},{"$f":"IF(COUNTIF($B332:$D332,0)<3,IF(LEN(SUBSTITUTE(SUBSTITUTE($B332,Z$1,,1),,1))=0,0,Z331+1-AU332),\"\")","v":5},{"$f":"IF(COUNTIF($B332:$D332,0)<3,IF(LEN(SUBSTITUTE(SUBSTITUTE($B332,AA$1,,1),,1))=0,0,AA331+1-AV332),\"\")","v":6},null,null,null,null,null,null,null,null,null,null,null,null,null,null,null,null,null,null,null,1,1,18,null,16]
[{"$f":"IF(generale!$A343>0,generale!$A343,\"\")","v":"2005-11-27"},{"$f":"IF(INDEX(generale!$A$16:$G$4963,MATCH(NGG!$A333,generale!$A$16:$A$4963,0),COLUMN())=0,0,INDEX(generale!$A$16:$G$4963,MATCH(NGG!$A333,generale!$A$16:$A$4963,0),COLUMN()))","v":11},{"$f":"IF(INDEX(generale!$A$16:$G$4963,MATCH(NGG!$A333,generale!$A$16:$A$4963,0),COLUMN())=0,0,INDEX(generale!$A$16:$G$4963,MATCH(NGG!$A333,generale!$A$16:$A$4963,0),COLUMN()))","v":2},{"$f":"IF(INDEX(generale!$A$16:$G$4963,MATCH(NGG!$A333,generale!$A$16:$A$4963,0),COLUMN())=0,0,INDEX(generale!$A$16:$G$4963,MATCH(NGG!$A333,generale!$A$16:$A$4963,0),COLUMN()))","v":12},{"$f":"IF(INDEX(generale!$A$16:$G$4963,MATCH(NGG!$A333,generale!$A$16:$A$4963,0),COLUMN())=0,0,INDEX(generale!$A$16:$G$4963,MATCH(NGG!$A333,generale!$A$16:$A$4963,0),COLUMN()))","v":10},{"$f":"IF(INDEX(generale!$A$16:$G$4963,MATCH(NGG!$A333,generale!$A$16:$A$4963,0),COLUMN())=0,0,INDEX(generale!$A$16:$G$4963,MATCH(NGG!$A333,generale!$A$16:$A$4963,0),COLUMN()))","v":1},{"$f":"generale!G343","v":"O"},1,3,25,9,16,19,7,2,4,34,0,10,6,13,13,33,5,15,5,6,null,null,null,null,null,null,null,null,null,null,null,null,null,null,null,null,null,null,null,1,1,18,null,15]
[{"$f":"IF(generale!$A344>0,generale!$A344,\"\")","v":"2005-11-28"},{"$f":"IF(INDEX(generale!$A$16:$G$4963,MATCH(NGG!$A334,generale!$A$16:$A$4963,0),COLUMN())=0,0,INDEX(generale!$A$16:$G$4963,MATCH(NGG!$A334,generale!$A$16:$A$4963,0),COLUMN()))","v":18},{"$f":"IF(INDEX(generale!$A$16:$G$4963,MATCH(NGG!$A334,generale!$A$16:$A$4963,0),COLUMN())=0,0,INDEX(generale!$A$16:$G$4963,MATCH(NGG!$A334,generale!$A$16:$A$4963,0),COLUMN()))","v":14},{"$f":"IF(INDEX(generale!$A$16:$G$4963,MATCH(NGG!$A334,generale!$A$16:$A$4963,0),COLUMN())=0,0,INDEX(generale!$A$16:$G$4963,MATCH(NGG!$A334,generale!$A$16:$A$4963,0),COLUMN()))","v":1},{"$f":"IF(INDEX(generale!$A$16:$G$4963,MATCH(NGG!$A334,generale!$A$16:$A$4963,0),COLUMN())=0,0,INDEX(generale!$A$16:$G$4963,MATCH(NGG!$A334,generale!$A$16:$A$4963,0),COLUMN()))","v":2},{"$f":"IF(INDEX(generale!$A$16:$G$4963,MATCH(NGG!$A334,generale!$A$16:$A$4963,0),COLUMN())=0,0,INDEX(generale!$A$16:$G$4963,MATCH(NGG!$A334,generale!$A$16:$A$4963,0),COLUMN()))","v":15},{"$f":"generale!G344","v":"P"},2,4,26,10,17,20,8,3,5,35,1,11,7,14,14,34,6,0,5,6,null,null,null,null,null,null,null,null,null,null,null,null,null,null,null,null,null,null,1,1,1,17,null,17]
[{"$f":"IF(generale!$A345>0,generale!$A345,\"\")","v":"2005-11-29"},{"$f":"IF(INDEX(generale!$A$16:$G$4963,MATCH(NGG!$A335,generale!$A$16:$A$4963,0),COLUMN())=0,0,INDEX(generale!$A$16:$G$4963,MATCH(NGG!$A335,generale!$A$16:$A$4963,0),COLUMN()))","v":6},{"$f":"IF(INDEX(generale!$A$16:$G$4963,MATCH(NGG!$A335,generale!$A$16:$A$4963,0),COLUMN())=0,0,INDEX(generale!$A$16:$G$4963,MATCH(NGG!$A335,generale!$A$16:$A$4963,0),COLUMN()))","v":1},{"$f":"IF(INDEX(generale!$A$16:$G$4963,MATCH(NGG!$A335,generale!$A$16:$A$4963,0),COLUMN())=0,0,INDEX(generale!$A$16:$G$4963,MATCH(NGG!$A335,generale!$A$16:$A$4963,0),COLUMN()))","v":18},{"$f":"IF(INDEX(generale!$A$16:$G$4963,MATCH(NGG!$A335,generale!$A$16:$A$4963,0),COLUMN())=0,0,INDEX(generale!$A$16:$G$4963,MATCH(NGG!$A335,generale!$A$16:$A$4963,0),COLUMN()))","v":17},{"$f":"IF(INDEX(generale!$A$16:$G$4963,MATCH(NGG!$A335,generale!$A$16:$A$4963,0),COLUMN())=0,0,INDEX(generale!$A$16:$G$4963,MATCH(NGG!$A335,generale!$A$16:$A$4963,0),COLUMN()))","v":8},{"$f":"generale!G345","v":"T"},3,5,27,11,18,0,9,4,6,36,2,12,8,15,15,35,6,0,5,6,null,null,null,null,null,null,null,null,null,null,null,null,null,null,null,null,null,1,1,1,1,16,null,18]
[{"$f":"IF(generale!$A346>0,generale!$A346,\"\")","v":"2005-11-30"},{"$f":"IF(INDEX(generale!$A$16:$G$4963,MATCH(NGG!$A336,generale!$A$16:$A$4963,0),COLUMN())=0,0,INDEX(generale!$A$16:$G$4963,MATCH(NGG!$A336,generale!$A$16:$A$4963,0),COLUMN()))","v":4},{"$f":"IF(INDEX(generale!$A$16:$G$4963,MATCH(NGG!$A336,generale!$A$16:$A$4963,0),COLUMN())=0,0,INDEX(generale!$A$16:$G$4963,MATCH(NGG!$A336,generale!$A$16:$A$4963,0),COLUMN()))","v":11},{"$f":"IF(INDEX(generale!$A$16:$G$4963,MATCH(NGG!$A336,generale!$A$16:$A$4963,0),COLUMN())=0,0,INDEX(generale!$A$16:$G$4963,MATCH(NGG!$A336,generale!$A$16:$A$4963,0),COLUMN()))","v":13},{"$f":"IF(INDEX(generale!$A$16:$G$4963,MATCH(NGG!$A336,generale!$A$16:$A$4963,0),COLUMN())=0,0,INDEX(generale!$A$16:$G$4963,MATCH(NGG!$A336,generale!$A$16:$A$4963,0),COLUMN()))","v":3},{"$f":"IF(INDEX(generale!$A$16:$G$4963,MATCH(NGG!$A336,generale!$A$16:$A$4963,0),COLUMN())=0,0,INDEX(generale!$A$16:$G$4963,MATCH(NGG!$A336,generale!$A$16:$A$4963,0),COLUMN()))","v":5},{"$f":"generale!G346","v":"T"},4,6,28,0,19,1,10,5,7,37,3,13,9,16,16,36,7,1,6,7,null,null,null,null,null,null,null,null,null,null,null,null,null,null,null,null,null,null,null,null,null,20,null,18]
[{"$f":"IF(generale!$A347>0,generale!$A347,\"\")","v":"2005-12-01"},{"$f":"IF(INDEX(generale!$A$16:$G$4963,MATCH(NGG!$A337,generale!$A$16:$A$4963,0),COLUMN())=0,0,INDEX(generale!$A$16:$G$4963,MATCH(NGG!$A337,generale!$A$16:$A$4963,0),COLUMN()))","v":18},{"$f":"IF(INDEX(generale!$A$16:$G$4963,MATCH(NGG!$A337,generale!$A$16:$A$4963,0),COLUMN())=0,0,INDEX(generale!$A$16:$G$4963,MATCH(NGG!$A337,generale!$A$16:$A$4963,0),COLUMN()))","v":17},{"$f":"IF(INDEX(generale!$A$16:$G$4963,MATCH(NGG!$A337,generale!$A$16:$A$4963,0),COLUMN())=0,0,INDEX(generale!$A$16:$G$4963,MATCH(NGG!$A337,generale!$A$16:$A$4963,0),COLUMN()))","v":5},{"$f":"IF(INDEX(generale!$A$16:$G$4963,MATCH(NGG!$A337,generale!$A$16:$A$4963,0),COLUMN())=0,0,INDEX(generale!$A$16:$G$4963,MATCH(NGG!$A337,generale!$A$16:$A$4963,0),COLUMN()))","v":6},{"$f":"IF(INDEX(generale!$A$16:$G$4963,MATCH(NGG!$A337,generale!$A$16:$A$4963,0),COLUMN())=0,0,INDEX(generale!$A$16:$G$4963,MATCH(NGG!$A337,generale!$A$16:$A$4963,0),COLUMN()))","v":3},{"$f":"generale!G347","v":"T"},5,7,29,1,20,2,11,6,8,38,4,14,10,17,17,37,8,0,6,7,null,null,null,null,null,null,null,null,null,null,null,null,null,null,null,null,null,null,1,1,1,17,null,18]
[{"$f":"IF(generale!$A348>0,generale!$A348,\"\")","v":"2005-12-02"},{"$f":"IF(INDEX(generale!$A$16:$G$4963,MATCH(NGG!$A338,generale!$A$16:$A$4963,0),COLUMN())=0,0,INDEX(generale!$A$16:$G$4963,MATCH(NGG!$A338,generale!$A$16:$A$4963,0),COLUMN()))","v":3},{"$f":"IF(INDEX(generale!$A$16:$G$4963,MATCH(NGG!$A338,generale!$A$16:$A$4963,0),COLUMN())=0,0,INDEX(generale!$A$16:$G$4963,MATCH(NGG!$A338,generale!$A$16:$A$4963,0),COLUMN()))","v":9},{"$f":"IF(INDEX(generale!$A$16:$G$4963,MATCH(NGG!$A338,generale!$A$16:$A$4963,0),COLUMN())=0,0,INDEX(generale!$A$16:$G$4963,MATCH(NGG!$A338,generale!$A$16:$A$4963,0),COLUMN()))","v":1},{"$f":"IF(INDEX(generale!$A$16:$G$4963,MATCH(NGG!$A338,generale!$A$16:$A$4963,0),COLUMN())=0,0,INDEX(generale!$A$16:$G$4963,MATCH(NGG!$A338,generale!$A$16:$A$4963,0),COLUMN()))","v":11},{"$f":"IF(INDEX(generale!$A$16:$G$4963,MATCH(NGG!$A338,generale!$A$16:$A$4963,0),COLUMN())=0,0,INDEX(generale!$A$16:$G$4963,MATCH(NGG!$A338,generale!$A$16:$A$4963,0),COLUMN()))","v":10},{"$f":"generale!G348","v":"T"},6,8,0,2,21,3,12,7,9,39,5,15,11,18,18,38,9,1,6,7,null,null,null,null,null,null,null,null,null,null,null,null,null,null,null,null,null,null,null,1,1,18,null,16]
[{"$f":"IF(generale!$A349>0,generale!$A349,\"\")","v":"2005-12-03"},{"$f":"IF(INDEX(generale!$A$16:$G$4963,MATCH(NGG!$A339,generale!$A$16:$A$4963,0),COLUMN())=0,0,INDEX(generale!$A$16:$G$4963,MATCH(NGG!$A339,generale!$A$16:$A$4963,0),COLUMN()))","v":10},{"$f":"IF(INDEX(generale!$A$16:$G$4963,MATCH(NGG!$A339,generale!$A$16:$A$4963,0),COLUMN())=0,0,INDEX(generale!$A$16:$G$4963,MATCH(NGG!$A339,generale!$A$16:$A$4963,0),COLUMN()))","v":11},{"$f":"IF(INDEX(generale!$A$16:$G$4963,MATCH(NGG!$A339,generale!$A$16:$A$4963,0),COLUMN())=0,0,INDEX(generale!$A$16:$G$4963,MATCH(NGG!$A339,generale!$A$16:$A$4963,0),COLUMN()))","v":15},{"$f":"IF(INDEX(generale!$A$16:$G$4963,MATCH(NGG!$A339,generale!$A$16:$A$4963,0),COLUMN())=0,0,INDEX(generale!$A$16:$G$4963,MATCH(NGG!$A339,generale!$A$16:$A$4963,0),COLUMN()))","v":8},{"$f":"IF(INDEX(generale!$A$16:$G$4963,MATCH(NGG!$A339,generale!$A$16:$A$4963,0),COLUMN())=0,0,INDEX(generale!$A$16:$G$4963,MATCH(NGG!$A339,generale!$A$16:$A$4963,0),COLUMN()))","v":9},{"$f":"generale!G349","v":"T"},7,9,1,3,22,4,13,8,10,0,6,16,12,19,19,39,9,1,6,7,null,null,null,null,null,null,null,null,null,null,null,null,null,null,null,null,null,1,1,1,1,16,null,18]
[{"$f":"IF(generale!$A350>0,generale!$A350,\"\")","v":"2005-12-04"},{"$f":"IF(INDEX(generale!$A$16:$G$4963,MATCH(NGG!$A340,generale!$A$16:$A$4963,0),COLUMN())=0,0,INDEX(generale!$A$16:$G$4963,MATCH(NGG!$A340,generale!$A$16:$A$4963,0),COLUMN()))","v":6},{"$f":"IF(INDEX(generale!$A$16:$G$4963,MATCH(NGG!$A340,generale!$A$16:$A$4963,0),COLUMN())=0,0,INDEX(generale!$A$16:$G$4963,MATCH(NGG!$A340,generale!$A$16:$A$4963,0),COLUMN()))","v":5},{"$f":"IF(INDEX(generale!$A$16:$G$4963,MATCH(NGG!$A340,generale!$A$16:$A$4963,0),COLUMN())=0,0,INDEX(generale!$A$16:$G$4963,MATCH(NGG!$A340,generale!$A$16:$A$4963,0),COLUMN()))","v":12},{"$f":"IF(INDEX(generale!$A$16:$G$4963,MATCH(NGG!$A340,generale!$A$16:$A$4963,0),COLUMN())=0,0,INDEX(generale!$A$16:$G$4963,MATCH(NGG!$A340,generale!$A$16:$A$4963,0),COLUMN()))","v":7},{"$f":"IF(INDEX(generale!$A$16:$G$4963,MATCH(NGG!$A340,generale!$A$16:$A$4963,0),COLUMN())=0,0,INDEX(generale!$A$16:$G$4963,MATCH(NGG!$A340,generale!$A$16:$A$4963,0),COLUMN()))","v":11},{"$f":"generale!G350","v":"O"},8,10,2,4,23,0,14,9,11,1,7,17,13,20,20,{"$f":"IF(COUNTIF($B340:$D340,0)<3,IF(LEN(SUBSTITUTE(SUBSTITUTE($B340,W$1,,1),,1))=0,0,W339+1-AR340),\"\")","v":39},9,1,6,7,null,null,null,null,null,null,null,null,null,null,null,null,null,null,null,null,1,1,1,1,1,15,null,18]
[{"$f":"IF(generale!$A351>0,generale!$A351,\"\")","v":"2005-12-05"},{"$f":"IF(INDEX(generale!$A$16:$G$4963,MATCH(NGG!$A341,generale!$A$16:$A$4963,0),COLUMN())=0,0,INDEX(generale!$A$16:$G$4963,MATCH(NGG!$A341,generale!$A$16:$A$4963,0),COLUMN()))","v":10},{"$f":"IF(INDEX(generale!$A$16:$G$4963,MATCH(NGG!$A341,generale!$A$16:$A$4963,0),COLUMN())=0,0,INDEX(generale!$A$16:$G$4963,MATCH(NGG!$A341,generale!$A$16:$A$4963,0),COLUMN()))","v":8},{"$f":"IF(INDEX(generale!$A$16:$G$4963,MATCH(NGG!$A341,generale!$A$16:$A$4963,0),COLUMN())=0,0,INDEX(generale!$A$16:$G$4963,MATCH(NGG!$A341,generale!$A$16:$A$4963,0),COLUMN()))","v":16},{"$f":"IF(INDEX(generale!$A$16:$G$4963,MATCH(NGG!$A341,generale!$A$16:$A$4963,0),COLUMN())=0,0,INDEX(generale!$A$16:$G$4963,MATCH(NGG!$A341,generale!$A$16:$A$4963,0),COLUMN()))","v":6},{"$f":"IF(INDEX(generale!$A$16:$G$4963,MATCH(NGG!$A341,generale!$A$16:$A$4963,0),COLUMN())=0,0,INDEX(generale!$A$16:$G$4963,MATCH(NGG!$A341,generale!$A$16:$A$4963,0),COLUMN()))","v":3},{"$f":"generale!G351","v":"T"},{"$f":"IF(COUNTIF($B341:$D341,0)<3,IF(LEN(SUBSTITUTE(SUBSTITUTE($B341,H$1,,1),,1))=0,0,H340+1-AC341),\"\")","v":9},11,3,5,24,1,15,10,12,0,8,18,14,21,21,40,10,2,6,7,null,null,null,null,null,null,null,null,null,null,null,null,null,null,null,null,null,null,null,1,1,18,null,16]
[{"$f":"IF(generale!$A352>0,generale!$A352,\"\")","v":"2005-12-06"},{"$f":"IF(INDEX(generale!$A$16:$G$4963,MATCH(NGG!$A342,generale!$A$16:$A$4963,0),COLUMN())=0,0,INDEX(generale!$A$16:$G$4963,MATCH(NGG!$A342,generale!$A$16:$A$4963,0),COLUMN()))","v":14},{"$f":"IF(INDEX(generale!$A$16:$G$4963,MATCH(NGG!$A342,generale!$A$16:$A$4963,0),COLUMN())=0,0,INDEX(generale!$A$16:$G$4963,MATCH(NGG!$A342,generale!$A$16:$A$4963,0),COLUMN()))","v":6},{"$f":"IF(INDEX(generale!$A$16:$G$4963,MATCH(NGG!$A342,generale!$A$16:$A$4963,0),COLUMN())=0,0,INDEX(generale!$A$16:$G$4963,MATCH(NGG!$A342,generale!$A$16:$A$4963,0),COLUMN()))","v":7},{"$f":"IF(INDEX(generale!$A$16:$G$4963,MATCH(NGG!$A342,generale!$A$16:$A$4963,0),COLUMN())=0,0,INDEX(generale!$A$16:$G$4963,MATCH(NGG!$A342,generale!$A$16:$A$4963,0),COLUMN()))","v":9},{"$f":"IF(INDEX(generale!$A$16:$G$4963,MATCH(NGG!$A342,generale!$A$16:$A$4963,0),COLUMN())=0,0,INDEX(generale!$A$16:$G$4963,MATCH(NGG!$A342,generale!$A$16:$A$4963,0),COLUMN()))","v":16},{"$f":"generale!G352","v":"T"},10,12,4,6,25,2,16,11,13,1,9,19,15,0,22,41,10,2,6,7,null,null,null,null,null,null,null,null,null,null,null,null,null,null,null,null,null,1,1,1,1,16,null,18]
[{"$f":"IF(generale!$A353>0,generale!$A353,\"\")","v":"2005-12-07"},{"$f":"IF(INDEX(generale!$A$16:$G$4963,MATCH(NGG!$A343,generale!$A$16:$A$4963,0),COLUMN())=0,0,INDEX(generale!$A$16:$G$4963,MATCH(NGG!$A343,generale!$A$16:$A$4963,0),COLUMN()))","v":2},{"$f":"IF(INDEX(generale!$A$16:$G$4963,MATCH(NGG!$A343,generale!$A$16:$A$4963,0),COLUMN())=0,0,INDEX(generale!$A$16:$G$4963,MATCH(NGG!$A343,generale!$A$16:$A$4963,0),COLUMN()))","v":12},{"$f":"IF(INDEX(generale!$A$16:$G$4963,MATCH(NGG!$A343,generale!$A$16:$A$4963,0),COLUMN())=0,0,INDEX(generale!$A$16:$G$4963,MATCH(NGG!$A343,generale!$A$16:$A$4963,0),COLUMN()))","v":15},{"$f":"IF(INDEX(generale!$A$16:$G$4963,MATCH(NGG!$A343,generale!$A$16:$A$4963,0),COLUMN())=0,0,INDEX(generale!$A$16:$G$4963,MATCH(NGG!$A343,generale!$A$16:$A$4963,0),COLUMN()))","v":3},{"$f":"IF(INDEX(generale!$A$16:$G$4963,MATCH(NGG!$A343,generale!$A$16:$A$4963,0),COLUMN())=0,0,INDEX(generale!$A$16:$G$4963,MATCH(NGG!$A343,generale!$A$16:$A$4963,0),COLUMN()))","v":11},{"$f":"generale!G353","v":"P"},11,0,5,7,26,3,17,12,14,2,10,20,16,1,23,41,10,2,6,7,null,null,null,null,null,null,null,null,null,null,null,null,null,null,null,null,1,1,1,1,1,15,null,16]
[{"$f":"IF(generale!$A354>0,generale!$A354,\"\")","v":"2005-12-08"},{"$f":"IF(INDEX(generale!$A$16:$G$4963,MATCH(NGG!$A344,generale!$A$16:$A$4963,0),COLUMN())=0,0,INDEX(generale!$A$16:$G$4963,MATCH(NGG!$A344,generale!$A$16:$A$4963,0),COLUMN()))","v":3},{"$f":"IF(INDEX(generale!$A$16:$G$4963,MATCH(NGG!$A344,generale!$A$16:$A$4963,0),COLUMN())=0,0,INDEX(generale!$A$16:$G$4963,MATCH(NGG!$A344,generale!$A$16:$A$4963,0),COLUMN()))","v":7},{"$f":"IF(INDEX(generale!$A$16:$G$4963,MATCH(NGG!$A344,generale!$A$16:$A$4963,0),COLUMN())=0,0,INDEX(generale!$A$16:$G$4963,MATCH(NGG!$A344,generale!$A$16:$A$4963,0),COLUMN()))","v":8},{"$f":"IF(INDEX(generale!$A$16:$G$4963,MATCH(NGG!$A344,generale!$A$16:$A$4963,0),COLUMN())=0,0,INDEX(generale!$A$16:$G$4963,MATCH(NGG!$A344,generale!$A$16:$A$4963,0),COLUMN()))","v":2},{"$f":"IF(INDEX(generale!$A$16:$G$4963,MATCH(NGG!$A344,generale!$A$16:$A$4963,0),COLUMN())=0,0,INDEX(generale!$A$16:$G$4963,MATCH(NGG!$A344,generale!$A$16:$A$4963,0),COLUMN()))","v":18},{"$f":"generale!G354","v":"T"},12,1,0,8,27,4,18,13,15,3,11,21,17,2,24,41,10,2,6,7,null,null,null,null,null,null,null,null,null,null,null,null,null,null,null,null,1,1,1,1,1,15,null,17]
[{"$f":"IF(generale!$A355>0,generale!$A355,\"\")","v":"2005-12-09"},{"$f":"IF(INDEX(generale!$A$16:$G$4963,MATCH(NGG!$A345,generale!$A$16:$A$4963,0),COLUMN())=0,0,INDEX(generale!$A$16:$G$4963,MATCH(NGG!$A345,generale!$A$16:$A$4963,0),COLUMN()))","v":16},{"$f":"IF(INDEX(generale!$A$16:$G$4963,MATCH(NGG!$A345,generale!$A$16:$A$4963,0),COLUMN())=0,0,INDEX(generale!$A$16:$G$4963,MATCH(NGG!$A345,generale!$A$16:$A$4963,0),COLUMN()))","v":14},{"$f":"IF(INDEX(generale!$A$16:$G$4963,MATCH(NGG!$A345,generale!$A$16:$A$4963,0),COLUMN())=0,0,INDEX(generale!$A$16:$G$4963,MATCH(NGG!$A345,generale!$A$16:$A$4963,0),COLUMN()))","v":8},{"$f":"IF(INDEX(generale!$A$16:$G$4963,MATCH(NGG!$A345,generale!$A$16:$A$4963,0),COLUMN())=0,0,INDEX(generale!$A$16:$G$4963,MATCH(NGG!$A345,generale!$A$16:$A$4963,0),COLUMN()))","v":12},{"$f":"IF(INDEX(generale!$A$16:$G$4963,MATCH(NGG!$A345,generale!$A$16:$A$4963,0),COLUMN())=0,0,INDEX(generale!$A$16:$G$4963,MATCH(NGG!$A345,generale!$A$16:$A$4963,0),COLUMN()))","v":15},{"$f":"generale!G355","v":"P"},13,2,1,9,28,5,19,14,16,4,12,22,18,3,25,0,10,2,6,7,null,null,null,null,null,null,null,null,null,null,null,null,null,null,null,null,null,1,1,1,1,16,null,18]
[{"$f":"IF(generale!$A356>0,generale!$A356,\"\")","v":"2005-12-10"},{"$f":"IF(INDEX(generale!$A$16:$G$4963,MATCH(NGG!$A346,generale!$A$16:$A$4963,0),COLUMN())=0,0,INDEX(generale!$A$16:$G$4963,MATCH(NGG!$A346,generale!$A$16:$A$4963,0),COLUMN()))","v":6},{"$f":"IF(INDEX(generale!$A$16:$G$4963,MATCH(NGG!$A346,generale!$A$16:$A$4963,0),COLUMN())=0,0,INDEX(generale!$A$16:$G$4963,MATCH(NGG!$A346,generale!$A$16:$A$4963,0),COLUMN()))","v":13},{"$f":"IF(INDEX(generale!$A$16:$G$4963,MATCH(NGG!$A346,generale!$A$16:$A$4963,0),COLUMN())=0,0,INDEX(generale!$A$16:$G$4963,MATCH(NGG!$A346,generale!$A$16:$A$4963,0),COLUMN()))","v":12},{"$f":"IF(INDEX(generale!$A$16:$G$4963,MATCH(NGG!$A346,generale!$A$16:$A$4963,0),COLUMN())=0,0,INDEX(generale!$A$16:$G$4963,MATCH(NGG!$A346,generale!$A$16:$A$4963,0),COLUMN()))","v":18},{"$f":"IF(INDEX(generale!$A$16:$G$4963,MATCH(NGG!$A346,generale!$A$16:$A$4963,0),COLUMN())=0,0,INDEX(generale!$A$16:$G$4963,MATCH(NGG!$A346,generale!$A$16:$A$4963,0),COLUMN()))","v":20},{"$f":"generale!G356","v":"T"},14,3,2,10,29,0,20,15,17,5,13,23,19,4,26,1,10,2,6,7,null,null,null,null,null,null,null,null,null,null,null,null,null,null,null,null,null,1,1,1,1,16,null,20]
[{"$f":"IF(generale!$A357>0,generale!$A357,\"\")","v":"2005-12-11"},{"$f":"IF(INDEX(generale!$A$16:$G$4963,MATCH(NGG!$A347,generale!$A$16:$A$4963,0),COLUMN())=0,0,INDEX(generale!$A$16:$G$4963,MATCH(NGG!$A347,generale!$A$16:$A$4963,0),COLUMN()))","v":15},{"$f":"IF(INDEX(generale!$A$16:$G$4963,MATCH(NGG!$A347,generale!$A$16:$A$4963,0),COLUMN())=0,0,INDEX(generale!$A$16:$G$4963,MATCH(NGG!$A347,generale!$A$16:$A$4963,0),COLUMN()))","v":9},{"$f":"IF(INDEX(generale!$A$16:$G$4963,MATCH(NGG!$A347,generale!$A$16:$A$4963,0),COLUMN())=0,0,INDEX(generale!$A$16:$G$4963,MATCH(NGG!$A347,generale!$A$16:$A$4963,0),COLUMN()))","v":8},{"$f":"IF(INDEX(generale!$A$16:$G$4963,MATCH(NGG!$A347,generale!$A$16:$A$4963,0),COLUMN())=0,0,INDEX(generale!$A$16:$G$4963,MATCH(NGG!$A347,generale!$A$16:$A$4963,0),COLUMN()))","v":10},{"$f":"IF(INDEX(generale!$A$16:$G$4963,MATCH(NGG!$A347,generale!$A$16:$A$4963,0),COLUMN())=0,0,INDEX(generale!$A$16:$G$4963,MATCH(NGG!$A347,generale!$A$16:$A$4963,0),COLUMN()))","v":4},{"$f":"generale!G357","v":"T"},15,4,3,11,30,1,21,16,18,6,13,24,20,5,0,2,11,3,7,8,null,null,null,null,null,null,null,null,null,null,null,1,null,null,null,null,null,null,null,null,null,19,null,15]
[{"$f":"IF(generale!$A358>0,generale!$A358,\"\")","v":"2005-12-12"},{"$f":"IF(INDEX(generale!$A$16:$G$4963,MATCH(NGG!$A348,generale!$A$16:$A$4963,0),COLUMN())=0,0,INDEX(generale!$A$16:$G$4963,MATCH(NGG!$A348,generale!$A$16:$A$4963,0),COLUMN()))","v":2},{"$f":"IF(INDEX(generale!$A$16:$G$4963,MATCH(NGG!$A348,generale!$A$16:$A$4963,0),COLUMN())=0,0,INDEX(generale!$A$16:$G$4963,MATCH(NGG!$A348,generale!$A$16:$A$4963,0),COLUMN()))","v":15},{"$f":"IF(INDEX(generale!$A$16:$G$4963,MATCH(NGG!$A348,generale!$A$16:$A$4963,0),COLUMN())=0,0,INDEX(generale!$A$16:$G$4963,MATCH(NGG!$A348,generale!$A$16:$A$4963,0),COLUMN()))","v":13},{"$f":"IF(INDEX(generale!$A$16:$G$4963,MATCH(NGG!$A348,generale!$A$16:$A$4963,0),COLUMN())=0,0,INDEX(generale!$A$16:$G$4963,MATCH(NGG!$A348,generale!$A$16:$A$4963,0),COLUMN()))","v":14},{"$f":"IF(INDEX(generale!$A$16:$G$4963,MATCH(NGG!$A348,generale!$A$16:$A$4963,0),COLUMN())=0,0,INDEX(generale!$A$16:$G$4963,MATCH(NGG!$A348,generale!$A$16:$A$4963,0),COLUMN()))","v":8},{"$f":"generale!G358","v":"T"},15,0,4,12,31,2,22,17,19,7,14,24,21,6,1,3,11,3,7,8,null,1,null,null,null,null,null,null,null,null,null,null,1,null,null,null,null,1,1,1,1,14,null,16]
[{"$f":"IF(generale!$A359>0,generale!$A359,\"\")","v":"2005-12-13"},{"$f":"IF(INDEX(generale!$A$16:$G$4963,MATCH(NGG!$A349,generale!$A$16:$A$4963,0),COLUMN())=0,0,INDEX(generale!$A$16:$G$4963,MATCH(NGG!$A349,generale!$A$16:$A$4963,0),COLUMN()))","v":5},{"$f":"IF(INDEX(generale!$A$16:$G$4963,MATCH(NGG!$A349,generale!$A$16:$A$4963,0),COLUMN())=0,0,INDEX(generale!$A$16:$G$4963,MATCH(NGG!$A349,generale!$A$16:$A$4963,0),COLUMN()))","v":4},{"$f":"IF(INDEX(generale!$A$16:$G$4963,MATCH(NGG!$A349,generale!$A$16:$A$4963,0),COLUMN())=0,0,INDEX(generale!$A$16:$G$4963,MATCH(NGG!$A349,generale!$A$16:$A$4963,0),COLUMN()))","v":7},{"$f":"IF(INDEX(generale!$A$16:$G$4963,MATCH(NGG!$A349,generale!$A$16:$A$4963,0),COLUMN())=0,0,INDEX(generale!$A$16:$G$4963,MATCH(NGG!$A349,generale!$A$16:$A$4963,0),COLUMN()))","v":3},{"$f":"IF(INDEX(generale!$A$16:$G$4963,MATCH(NGG!$A349,generale!$A$16:$A$4963,0),COLUMN())=0,0,INDEX(generale!$A$16:$G$4963,MATCH(NGG!$A349,generale!$A$16:$A$4963,0),COLUMN()))","v":12},{"$f":"generale!G359","v":"T"},16,1,5,13,0,3,23,18,20,8,15,25,22,7,2,4,12,4,8,8,null,null,null,null,null,null,null,null,null,null,null,null,null,null,null,null,null,null,null,null,1,19,null,20]
[{"$f":"IF(generale!$A360>0,generale!$A360,\"\")","v":"2005-12-14"},{"$f":"IF(INDEX(generale!$A$16:$G$4963,MATCH(NGG!$A350,generale!$A$16:$A$4963,0),COLUMN())=0,0,INDEX(generale!$A$16:$G$4963,MATCH(NGG!$A350,generale!$A$16:$A$4963,0),COLUMN()))","v":1},{"$f":"IF(INDEX(generale!$A$16:$G$4963,MATCH(NGG!$A350,generale!$A$16:$A$4963,0),COLUMN())=0,0,INDEX(generale!$A$16:$G$4963,MATCH(NGG!$A350,generale!$A$16:$A$4963,0),COLUMN()))","v":6},{"$f":"IF(INDEX(generale!$A$16:$G$4963,MATCH(NGG!$A350,generale!$A$16:$A$4963,0),COLUMN())=0,0,INDEX(generale!$A$16:$G$4963,MATCH(NGG!$A350,generale!$A$16:$A$4963,0),COLUMN()))","v":11},{"$f":"IF(INDEX(generale!$A$16:$G$4963,MATCH(NGG!$A350,generale!$A$16:$A$4963,0),COLUMN())=0,0,INDEX(generale!$A$16:$G$4963,MATCH(NGG!$A350,generale!$A$16:$A$4963,0),COLUMN()))","v":5},{"$f":"IF(INDEX(generale!$A$16:$G$4963,MATCH(NGG!$A350,generale!$A$16:$A$4963,0),COLUMN())=0,0,INDEX(generale!$A$16:$G$4963,MATCH(NGG!$A350,generale!$A$16:$A$4963,0),COLUMN()))","v":2},{"$f":"generale!G360","v":"T"},0,2,6,14,1,4,24,19,21,9,16,26,23,8,3,5,13,4,8,8,null,null,null,null,null,null,null,null,null,null,null,null,null,null,null,null,null,null,1,1,1,17,null,15]
[{"$f":"IF(generale!$A361>0,generale!$A361,\"\")","v":"2005-12-15"},{"$f":"IF(INDEX(generale!$A$16:$G$4963,MATCH(NGG!$A351,generale!$A$16:$A$4963,0),COLUMN())=0,0,INDEX(generale!$A$16:$G$4963,MATCH(NGG!$A351,generale!$A$16:$A$4963,0),COLUMN()))","v":5},{"$f":"IF(INDEX(generale!$A$16:$G$4963,MATCH(NGG!$A351,generale!$A$16:$A$4963,0),COLUMN())=0,0,INDEX(generale!$A$16:$G$4963,MATCH(NGG!$A351,generale!$A$16:$A$4963,0),COLUMN()))","v":6},{"$f":"IF(INDEX(generale!$A$16:$G$4963,MATCH(NGG!$A351,generale!$A$16:$A$4963,0),COLUMN())=0,0,INDEX(generale!$A$16:$G$4963,MATCH(NGG!$A351,generale!$A$16:$A$4963,0),COLUMN()))","v":4},{"$f":"IF(INDEX(generale!$A$16:$G$4963,MATCH(NGG!$A351,generale!$A$16:$A$4963,0),COLUMN())=0,0,INDEX(generale!$A$16:$G$4963,MATCH(NGG!$A351,generale!$A$16:$A$4963,0),COLUMN()))","v":1},{"$f":"IF(INDEX(generale!$A$16:$G$4963,MATCH(NGG!$A351,generale!$A$16:$A$4963,0),COLUMN())=0,0,INDEX(generale!$A$16:$G$4963,MATCH(NGG!$A351,generale!$A$16:$A$4963,0),COLUMN()))","v":17},{"$f":"generale!G361","v":"T"},1,3,7,15,0,5,25,20,22,10,17,27,24,9,4,6,14,4,8,8,null,null,null,null,null,null,null,null,null,null,null,null,null,null,null,null,null,null,1,1,1,17,null,18]
[{"$f":"IF(generale!$A362>0,generale!$A362,\"\")","v":"2005-12-16"},{"$f":"IF(INDEX(generale!$A$16:$G$4963,MATCH(NGG!$A352,generale!$A$16:$A$4963,0),COLUMN())=0,0,INDEX(generale!$A$16:$G$4963,MATCH(NGG!$A352,generale!$A$16:$A$4963,0),COLUMN()))","v":4},{"$f":"IF(INDEX(generale!$A$16:$G$4963,MATCH(NGG!$A352,generale!$A$16:$A$4963,0),COLUMN())=0,0,INDEX(generale!$A$16:$G$4963,MATCH(NGG!$A352,generale!$A$16:$A$4963,0),COLUMN()))","v":10},{"$f":"IF(INDEX(generale!$A$16:$G$4963,MATCH(NGG!$A352,generale!$A$16:$A$4963,0),COLUMN())=0,0,INDEX(generale!$A$16:$G$4963,MATCH(NGG!$A352,generale!$A$16:$A$4963,0),COLUMN()))","v":6},{"$f":"IF(INDEX(generale!$A$16:$G$4963,MATCH(NGG!$A352,generale!$A$16:$A$4963,0),COLUMN())=0,0,INDEX(generale!$A$16:$G$4963,MATCH(NGG!$A352,generale!$A$16:$A$4963,0),COLUMN()))","v":15},{"$f":"IF(INDEX(generale!$A$16:$G$4963,MATCH(NGG!$A352,generale!$A$16:$A$4963,0),COLUMN())=0,0,INDEX(generale!$A$16:$G$4963,MATCH(NGG!$A352,generale!$A$16:$A$4963,0),COLUMN()))","v":9},{"$f":"generale!G362","v":"T"},2,4,8,0,1,6,26,21,23,11,18,28,25,10,5,7,14,4,8,8,null,null,null,null,null,null,null,null,null,null,null,null,null,null,null,null,null,1,1,1,1,16,null,16]
[{"$f":"IF(generale!$A363>0,generale!$A363,\"\")","v":"2005-12-17"},{"$f":"IF(INDEX(generale!$A$16:$G$4963,MATCH(NGG!$A353,generale!$A$16:$A$4963,0),COLUMN())=0,0,INDEX(generale!$A$16:$G$4963,MATCH(NGG!$A353,generale!$A$16:$A$4963,0),COLUMN()))","v":8},{"$f":"IF(INDEX(generale!$A$16:$G$4963,MATCH(NGG!$A353,generale!$A$16:$A$4963,0),COLUMN())=0,0,INDEX(generale!$A$16:$G$4963,MATCH(NGG!$A353,generale!$A$16:$A$4963,0),COLUMN()))","v":4},{"$f":"IF(INDEX(generale!$A$16:$G$4963,MATCH(NGG!$A353,generale!$A$16:$A$4963,0),COLUMN())=0,0,INDEX(generale!$A$16:$G$4963,MATCH(NGG!$A353,generale!$A$16:$A$4963,0),COLUMN()))","v":2},{"$f":"IF(INDEX(generale!$A$16:$G$4963,MATCH(NGG!$A353,generale!$A$16:$A$4963,0),COLUMN())=0,0,INDEX(generale!$A$16:$G$4963,MATCH(NGG!$A353,generale!$A$16:$A$4963,0),COLUMN()))","v":14},{"$f":"IF(INDEX(generale!$A$16:$G$4963,MATCH(NGG!$A353,generale!$A$16:$A$4963,0),COLUMN())=0,0,INDEX(generale!$A$16:$G$4963,MATCH(NGG!$A353,generale!$A$16:$A$4963,0),COLUMN()))","v":12},{"$f":"generale!G363","v":"T"},3,5,9,1,2,7,27,0,24,12,19,29,26,11,6,8,14,4,8,8,null,null,null,null,null,null,null,null,null,null,null,null,null,null,null,null,null,1,1,1,1,16,null,16]
[{"$f":"IF(generale!$A364>0,generale!$A364,\"\")","v":"2005-12-18"},{"$f":"IF(INDEX(generale!$A$16:$G$4963,MATCH(NGG!$A354,generale!$A$16:$A$4963,0),COLUMN())=0,0,INDEX(generale!$A$16:$G$4963,MATCH(NGG!$A354,generale!$A$16:$A$4963,0),COLUMN()))","v":15},{"$f":"IF(INDEX(generale!$A$16:$G$4963,MATCH(NGG!$A354,generale!$A$16:$A$4963,0),COLUMN())=0,0,INDEX(generale!$A$16:$G$4963,MATCH(NGG!$A354,generale!$A$16:$A$4963,0),COLUMN()))","v":7},{"$f":"IF(INDEX(generale!$A$16:$G$4963,MATCH(NGG!$A354,generale!$A$16:$A$4963,0),COLUMN())=0,0,INDEX(generale!$A$16:$G$4963,MATCH(NGG!$A354,generale!$A$16:$A$4963,0),COLUMN()))","v":6},{"$f":"IF(INDEX(generale!$A$16:$G$4963,MATCH(NGG!$A354,generale!$A$16:$A$4963,0),COLUMN())=0,0,INDEX(generale!$A$16:$G$4963,MATCH(NGG!$A354,generale!$A$16:$A$4963,0),COLUMN()))","v":16},{"$f":"IF(INDEX(generale!$A$16:$G$4963,MATCH(NGG!$A354,generale!$A$16:$A$4963,0),COLUMN())=0,0,INDEX(generale!$A$16:$G$4963,MATCH(NGG!$A354,generale!$A$16:$A$4963,0),COLUMN()))","v":14},{"$f":"generale!G364","v":"T"},4,6,10,2,3,8,28,1,25,13,20,30,27,12,0,9,15,5,8,8,null,null,null,null,null,null,null,null,null,null,null,null,null,null,null,null,null,null,null,1,1,18,null,16]
[{"$f":"IF(generale!$A365>0,generale!$A365,\"\")","v":"2005-12-19"},{"$f":"IF(INDEX(generale!$A$16:$G$4963,MATCH(NGG!$A355,generale!$A$16:$A$4963,0),COLUMN())=0,0,INDEX(generale!$A$16:$G$4963,MATCH(NGG!$A355,generale!$A$16:$A$4963,0),COLUMN()))","v":16},{"$f":"IF(INDEX(generale!$A$16:$G$4963,MATCH(NGG!$A355,generale!$A$16:$A$4963,0),COLUMN())=0,0,INDEX(generale!$A$16:$G$4963,MATCH(NGG!$A355,generale!$A$16:$A$4963,0),COLUMN()))","v":11},{"$f":"IF(INDEX(generale!$A$16:$G$4963,MATCH(NGG!$A355,generale!$A$16:$A$4963,0),COLUMN())=0,0,INDEX(generale!$A$16:$G$4963,MATCH(NGG!$A355,generale!$A$16:$A$4963,0),COLUMN()))","v":9},{"$f":"IF(INDEX(generale!$A$16:$G$4963,MATCH(NGG!$A355,generale!$A$16:$A$4963,0),COLUMN())=0,0,INDEX(generale!$A$16:$G$4963,MATCH(NGG!$A355,generale!$A$16:$A$4963,0),COLUMN()))","v":4},{"$f":"IF(INDEX(generale!$A$16:$G$4963,MATCH(NGG!$A355,generale!$A$16:$A$4963,0),COLUMN())=0,0,INDEX(generale!$A$16:$G$4963,MATCH(NGG!$A355,generale!$A$16:$A$4963,0),COLUMN()))","v":15},{"$f":"generale!G365","v":"O"},5,7,11,3,4,9,29,2,26,14,21,31,28,13,1,0,15,5,8,8,null,null,null,null,null,null,null,null,null,null,null,null,null,null,null,null,null,1,1,1,1,16,null,16]
[{"$f":"IF(generale!$A366>0,generale!$A366,\"\")","v":"2005-12-20"},{"$f":"IF(INDEX(generale!$A$16:$G$4963,MATCH(NGG!$A356,generale!$A$16:$A$4963,0),COLUMN())=0,0,INDEX(generale!$A$16:$G$4963,MATCH(NGG!$A356,generale!$A$16:$A$4963,0),COLUMN()))","v":6},{"$f":"IF(INDEX(generale!$A$16:$G$4963,MATCH(NGG!$A356,generale!$A$16:$A$4963,0),COLUMN())=0,0,INDEX(generale!$A$16:$G$4963,MATCH(NGG!$A356,generale!$A$16:$A$4963,0),COLUMN()))","v":4},{"$f":"IF(INDEX(generale!$A$16:$G$4963,MATCH(NGG!$A356,generale!$A$16:$A$4963,0),COLUMN())=0,0,INDEX(generale!$A$16:$G$4963,MATCH(NGG!$A356,generale!$A$16:$A$4963,0),COLUMN()))","v":3},{"$f":"IF(INDEX(generale!$A$16:$G$4963,MATCH(NGG!$A356,generale!$A$16:$A$4963,0),COLUMN())=0,0,INDEX(generale!$A$16:$G$4963,MATCH(NGG!$A356,generale!$A$16:$A$4963,0),COLUMN()))","v":15},{"$f":"IF(INDEX(generale!$A$16:$G$4963,MATCH(NGG!$A356,generale!$A$16:$A$4963,0),COLUMN())=0,0,INDEX(generale!$A$16:$G$4963,MATCH(NGG!$A356,generale!$A$16:$A$4963,0),COLUMN()))","v":10},{"$f":"generale!G366","v":"T"},6,8,12,4,5,0,30,3,27,15,22,32,29,14,2,1,{"$f":"IF(COUNTIF($B356:$D356,0)<3,IF(LEN(SUBSTITUTE(SUBSTITUTE($B356,X$1,,1),,1))=0,0,X355+1-AS356),\"\")","v":16},6,8,8,null,null,null,null,null,null,null,null,null,null,null,null,null,null,null,null,null,null,null,1,1,18,null,16]
[{"$f":"IF(generale!$A367>0,generale!$A367,\"\")","v":"2005-12-21"},{"$f":"IF(INDEX(generale!$A$16:$G$4963,MATCH(NGG!$A357,generale!$A$16:$A$4963,0),COLUMN())=0,0,INDEX(generale!$A$16:$G$4963,MATCH(NGG!$A357,generale!$A$16:$A$4963,0),COLUMN()))","v":6},{"$f":"IF(INDEX(generale!$A$16:$G$4963,MATCH(NGG!$A357,generale!$A$16:$A$4963,0),COLUMN())=0,0,INDEX(generale!$A$16:$G$4963,MATCH(NGG!$A357,generale!$A$16:$A$4963,0),COLUMN()))","v":4},{"$f":"IF(INDEX(generale!$A$16:$G$4963,MATCH(NGG!$A357,generale!$A$16:$A$4963,0),COLUMN())=0,0,INDEX(generale!$A$16:$G$4963,MATCH(NGG!$A357,generale!$A$16:$A$4963,0),COLUMN()))","v":5},{"$f":"IF(INDEX(generale!$A$16:$G$4963,MATCH(NGG!$A357,generale!$A$16:$A$4963,0),COLUMN())=0,0,INDEX(generale!$A$16:$G$4963,MATCH(NGG!$A357,generale!$A$16:$A$4963,0),COLUMN()))","v":8},{"$f":"IF(INDEX(generale!$A$16:$G$4963,MATCH(NGG!$A357,generale!$A$16:$A$4963,0),COLUMN())=0,0,INDEX(generale!$A$16:$G$4963,MATCH(NGG!$A357,generale!$A$16:$A$4963,0),COLUMN()))","v":2},{"$f":"generale!G367","v":"T"},{"$f":"IF(COUNTIF($B357:$D357,0)<3,IF(LEN(SUBSTITUTE(SUBSTITUTE($B357,H$1,,1),,1))=0,0,H356+1-AC357),\"\")","v":7},9,13,5,6,0,31,4,28,16,23,33,30,15,3,2,17,7,8,8,null,null,null,null,null,null,null,null,null,null,null,null,null,null,null,null,null,null,null,1,1,18,null,18]
[{"$f":"IF(generale!$A368>0,generale!$A368,\"\")","v":"2005-12-22"},{"$f":"IF(INDEX(generale!$A$16:$G$4963,MATCH(NGG!$A358,generale!$A$16:$A$4963,0),COLUMN())=0,0,INDEX(generale!$A$16:$G$4963,MATCH(NGG!$A358,generale!$A$16:$A$4963,0),COLUMN()))","v":17},{"$f":"IF(INDEX(generale!$A$16:$G$4963,MATCH(NGG!$A358,generale!$A$16:$A$4963,0),COLUMN())=0,0,INDEX(generale!$A$16:$G$4963,MATCH(NGG!$A358,generale!$A$16:$A$4963,0),COLUMN()))","v":10},{"$f":"IF(INDEX(generale!$A$16:$G$4963,MATCH(NGG!$A358,generale!$A$16:$A$4963,0),COLUMN())=0,0,INDEX(generale!$A$16:$G$4963,MATCH(NGG!$A358,generale!$A$16:$A$4963,0),COLUMN()))","v":2},{"$f":"IF(INDEX(generale!$A$16:$G$4963,MATCH(NGG!$A358,generale!$A$16:$A$4963,0),COLUMN())=0,0,INDEX(generale!$A$16:$G$4963,MATCH(NGG!$A358,generale!$A$16:$A$4963,0),COLUMN()))","v":5},{"$f":"IF(INDEX(generale!$A$16:$G$4963,MATCH(NGG!$A358,generale!$A$16:$A$4963,0),COLUMN())=0,0,INDEX(generale!$A$16:$G$4963,MATCH(NGG!$A358,generale!$A$16:$A$4963,0),COLUMN()))","v":15},{"$f":"generale!G368","v":"T"},8,10,14,6,7,1,32,5,29,17,24,34,31,16,4,3,0,7,8,8,null,null,null,null,null,null,null,null,null,null,null,null,null,null,null,null,null,1,1,1,1,16,null,18]
[{"$f":"IF(generale!$A369>0,generale!$A369,\"\")","v":"2005-12-23"},{"$f":"IF(INDEX(generale!$A$16:$G$4963,MATCH(NGG!$A359,generale!$A$16:$A$4963,0),COLUMN())=0,0,INDEX(generale!$A$16:$G$4963,MATCH(NGG!$A359,generale!$A$16:$A$4963,0),COLUMN()))","v":11},{"$f":"IF(INDEX(generale!$A$16:$G$4963,MATCH(NGG!$A359,generale!$A$16:$A$4963,0),COLUMN())=0,0,INDEX(generale!$A$16:$G$4963,MATCH(NGG!$A359,generale!$A$16:$A$4963,0),COLUMN()))","v":10},{"$f":"IF(INDEX(generale!$A$16:$G$4963,MATCH(NGG!$A359,generale!$A$16:$A$4963,0),COLUMN())=0,0,INDEX(generale!$A$16:$G$4963,MATCH(NGG!$A359,generale!$A$16:$A$4963,0),COLUMN()))","v":15},{"$f":"IF(INDEX(generale!$A$16:$G$4963,MATCH(NGG!$A359,generale!$A$16:$A$4963,0),COLUMN())=0,0,INDEX(generale!$A$16:$G$4963,MATCH(NGG!$A359,generale!$A$16:$A$4963,0),COLUMN()))","v":2},{"$f":"IF(INDEX(generale!$A$16:$G$4963,MATCH(NGG!$A359,generale!$A$16:$A$4963,0),COLUMN())=0,0,INDEX(generale!$A$16:$G$4963,MATCH(NGG!$A359,generale!$A$16:$A$4963,0),COLUMN()))","v":16},{"$f":"generale!G369","v":"O"},9,11,15,7,8,2,33,6,30,18,0,35,32,17,5,3,0,7,8,8,null,null,null,null,null,null,null,null,null,null,null,null,null,null,null,null,1,1,1,1,1,15,null,15]
[{"$f":"IF(generale!$A370>0,generale!$A370,\"\")","v":"2005-12-24"},{"$f":"IF(INDEX(generale!$A$16:$G$4963,MATCH(NGG!$A360,generale!$A$16:$A$4963,0),COLUMN())=0,0,INDEX(generale!$A$16:$G$4963,MATCH(NGG!$A360,generale!$A$16:$A$4963,0),COLUMN()))","v":13},{"$f":"IF(INDEX(generale!$A$16:$G$4963,MATCH(NGG!$A360,generale!$A$16:$A$4963,0),COLUMN())=0,0,INDEX(generale!$A$16:$G$4963,MATCH(NGG!$A360,generale!$A$16:$A$4963,0),COLUMN()))","v":8},{"$f":"IF(INDEX(generale!$A$16:$G$4963,MATCH(NGG!$A360,generale!$A$16:$A$4963,0),COLUMN())=0,0,INDEX(generale!$A$16:$G$4963,MATCH(NGG!$A360,generale!$A$16:$A$4963,0),COLUMN()))","v":7},{"$f":"IF(INDEX(generale!$A$16:$G$4963,MATCH(NGG!$A360,generale!$A$16:$A$4963,0),COLUMN())=0,0,INDEX(generale!$A$16:$G$4963,MATCH(NGG!$A360,generale!$A$16:$A$4963,0),COLUMN()))","v":16},{"$f":"IF(INDEX(generale!$A$16:$G$4963,MATCH(NGG!$A360,generale!$A$16:$A$4963,0),COLUMN())=0,0,INDEX(generale!$A$16:$G$4963,MATCH(NGG!$A360,generale!$A$16:$A$4963,0),COLUMN()))","v":15},{"$f":"generale!G370","v":"T"},10,12,16,8,9,3,34,7,31,19,1,36,0,17,5,3,0,7,8,8,null,null,null,null,null,null,null,null,null,null,null,null,null,null,1,1,1,1,1,1,1,13,null,20]
[{"$f":"IF(generale!$A371>0,generale!$A371,\"\")","v":"2005-12-25"},{"$f":"IF(INDEX(generale!$A$16:$G$4963,MATCH(NGG!$A361,generale!$A$16:$A$4963,0),COLUMN())=0,0,INDEX(generale!$A$16:$G$4963,MATCH(NGG!$A361,generale!$A$16:$A$4963,0),COLUMN()))","v":3},{"$f":"IF(INDEX(generale!$A$16:$G$4963,MATCH(NGG!$A361,generale!$A$16:$A$4963,0),COLUMN())=0,0,INDEX(generale!$A$16:$G$4963,MATCH(NGG!$A361,generale!$A$16:$A$4963,0),COLUMN()))","v":4},{"$f":"IF(INDEX(generale!$A$16:$G$4963,MATCH(NGG!$A361,generale!$A$16:$A$4963,0),COLUMN())=0,0,INDEX(generale!$A$16:$G$4963,MATCH(NGG!$A361,generale!$A$16:$A$4963,0),COLUMN()))","v":1},{"$f":"IF(INDEX(generale!$A$16:$G$4963,MATCH(NGG!$A361,generale!$A$16:$A$4963,0),COLUMN())=0,0,INDEX(generale!$A$16:$G$4963,MATCH(NGG!$A361,generale!$A$16:$A$4963,0),COLUMN()))","v":10},{"$f":"IF(INDEX(generale!$A$16:$G$4963,MATCH(NGG!$A361,generale!$A$16:$A$4963,0),COLUMN())=0,0,INDEX(generale!$A$16:$G$4963,MATCH(NGG!$A361,generale!$A$16:$A$4963,0),COLUMN()))","v":16},{"$f":"generale!G371","v":"T"},11,13,0,9,10,4,35,8,32,20,2,37,1,18,6,4,1,8,9,8,null,null,null,null,null,null,null,null,null,null,null,null,null,null,null,null,null,null,null,null,1,19,null,15]
[{"$f":"IF(generale!$A372>0,generale!$A372,\"\")","v":"2005-12-26"},{"$f":"IF(INDEX(generale!$A$16:$G$4963,MATCH(NGG!$A362,generale!$A$16:$A$4963,0),COLUMN())=0,0,INDEX(generale!$A$16:$G$4963,MATCH(NGG!$A362,generale!$A$16:$A$4963,0),COLUMN()))","v":5},{"$f":"IF(INDEX(generale!$A$16:$G$4963,MATCH(NGG!$A362,generale!$A$16:$A$4963,0),COLUMN())=0,0,INDEX(generale!$A$16:$G$4963,MATCH(NGG!$A362,generale!$A$16:$A$4963,0),COLUMN()))","v":3},{"$f":"IF(INDEX(generale!$A$16:$G$4963,MATCH(NGG!$A362,generale!$A$16:$A$4963,0),COLUMN())=0,0,INDEX(generale!$A$16:$G$4963,MATCH(NGG!$A362,generale!$A$16:$A$4963,0),COLUMN()))","v":13},{"$f":"IF(INDEX(generale!$A$16:$G$4963,MATCH(NGG!$A362,generale!$A$16:$A$4963,0),COLUMN())=0,0,INDEX(generale!$A$16:$G$4963,MATCH(NGG!$A362,generale!$A$16:$A$4963,0),COLUMN()))","v":7},{"$f":"IF(INDEX(generale!$A$16:$G$4963,MATCH(NGG!$A362,generale!$A$16:$A$4963,0),COLUMN())=0,0,INDEX(generale!$A$16:$G$4963,MATCH(NGG!$A362,generale!$A$16:$A$4963,0),COLUMN()))","v":6},{"$f":"generale!G372","v":"O"},12,14,1,10,0,5,36,9,33,21,3,38,2,19,7,5,2,8,9,8,null,null,null,null,null,null,null,null,null,null,null,null,null,null,null,null,null,null,1,1,1,17,null,16]
[{"$f":"IF(generale!$A373>0,generale!$A373,\"\")","v":"2005-12-27"},{"$f":"IF(INDEX(generale!$A$16:$G$4963,MATCH(NGG!$A363,generale!$A$16:$A$4963,0),COLUMN())=0,0,INDEX(generale!$A$16:$G$4963,MATCH(NGG!$A363,generale!$A$16:$A$4963,0),COLUMN()))","v":5},{"$f":"IF(INDEX(generale!$A$16:$G$4963,MATCH(NGG!$A363,generale!$A$16:$A$4963,0),COLUMN())=0,0,INDEX(generale!$A$16:$G$4963,MATCH(NGG!$A363,generale!$A$16:$A$4963,0),COLUMN()))","v":2},{"$f":"IF(INDEX(generale!$A$16:$G$4963,MATCH(NGG!$A363,generale!$A$16:$A$4963,0),COLUMN())=0,0,INDEX(generale!$A$16:$G$4963,MATCH(NGG!$A363,generale!$A$16:$A$4963,0),COLUMN()))","v":12},{"$f":"IF(INDEX(generale!$A$16:$G$4963,MATCH(NGG!$A363,generale!$A$16:$A$4963,0),COLUMN())=0,0,INDEX(generale!$A$16:$G$4963,MATCH(NGG!$A363,generale!$A$16:$A$4963,0),COLUMN()))","v":11},{"$f":"IF(INDEX(generale!$A$16:$G$4963,MATCH(NGG!$A363,generale!$A$16:$A$4963,0),COLUMN())=0,0,INDEX(generale!$A$16:$G$4963,MATCH(NGG!$A363,generale!$A$16:$A$4963,0),COLUMN()))","v":15},{"$f":"generale!G373","v":"T"},{"$f":"IF(COUNTIF($B363:$D363,0)<3,IF(LEN(SUBSTITUTE(SUBSTITUTE($B363,H$1,,1),,1))=0,0,H362+1-AC363),\"\")","v":13},{"$f":"IF(COUNTIF($B363:$D363,0)<3,IF(LEN(SUBSTITUTE(SUBSTITUTE($B363,I$1,,1),,1))=0,0,I362+1-AD363),\"\")","v":15},{"$f":"IF(COUNTIF($B363:$D363,0)<3,IF(LEN(SUBSTITUTE(SUBSTITUTE($B363,J$1,,1),,1))=0,0,J362+1-AE363),\"\")","v":2},{"$f":"IF(COUNTIF($B363:$D363,0)<3,IF(LEN(SUBSTITUTE(SUBSTITUTE($B363,K$1,,1),,1))=0,0,K362+1-AF363),\"\")","v":11},{"$f":"IF(COUNTIF($B363:$D363,0)<3,IF(LEN(SUBSTITUTE(SUBSTITUTE($B363,L$1,,1),,1))=0,0,L362+1-AG363),\"\")","v":0},{"$f":"IF(COUNTIF($B363:$D363,0)<3,IF(LEN(SUBSTITUTE(SUBSTITUTE($B363,M$1,,1),,1))=0,0,M362+1-AH363),\"\")","v":6},{"$f":"IF(COUNTIF($B363:$D363,0)<3,IF(LEN(SUBSTITUTE(SUBSTITUTE($B363,N$1,,1),,1))=0,0,N362+1-AI363),\"\")","v":37},{"$f":"IF(COUNTIF($B363:$D363,0)<3,IF(LEN(SUBSTITUTE(SUBSTITUTE($B363,O$1,,1),,1))=0,0,O362+1-AJ363),\"\")","v":10},{"$f":"IF(COUNTIF($B363:$D363,0)<3,IF(LEN(SUBSTITUTE(SUBSTITUTE($B363,P$1,,1),,1))=0,0,P362+1-AK363),\"\")","v":34},{"$f":"IF(COUNTIF($B363:$D363,0)<3,IF(LEN(SUBSTITUTE(SUBSTITUTE($B363,Q$1,,1),,1))=0,0,Q362+1-AL363),\"\")","v":22},{"$f":"IF(COUNTIF($B363:$D363,0)<3,IF(LEN(SUBSTITUTE(SUBSTITUTE($B363,R$1,,1),,1))=0,0,R362+1-AM363),\"\")","v":4},{"$f":"IF(COUNTIF($B363:$D363,0)<3,IF(LEN(SUBSTITUTE(SUBSTITUTE($B363,S$1,,1),,1))=0,0,S362+1-AN363),\"\")","v":39},{"$f":"IF(COUNTIF($B363:$D363,0)<3,IF(LEN(SUBSTITUTE(SUBSTITUTE($B363,T$1,,1),,1))=0,0,T362+1-AO363),\"\")","v":3},{"$f":"IF(COUNTIF($B363:$D363,0)<3,IF(LEN(SUBSTITUTE(SUBSTITUTE($B363,U$1,,1),,1))=0,0,U362+1-AP363),\"\")","v":20},{"$f":"IF(COUNTIF($B363:$D363,0)<3,IF(LEN(SUBSTITUTE(SUBSTITUTE($B363,V$1,,1),,1))=0,0,V362+1-AQ363),\"\")","v":8},{"$f":"IF(COUNTIF($B363:$D363,0)<3,IF(LEN(SUBSTITUTE(SUBSTITUTE($B363,W$1,,1),,1))=0,0,W362+1-AR363),\"\")","v":6},{"$f":"IF(COUNTIF($B363:$D363,0)<3,IF(LEN(SUBSTITUTE(SUBSTITUTE($B363,X$1,,1),,1))=0,0,X362+1-AS363),\"\")","v":3},{"$f":"IF(COUNTIF($B363:$D363,0)<3,IF(LEN(SUBSTITUTE(SUBSTITUTE($B363,Y$1,,1),,1))=0,0,Y362+1-AT363),\"\")","v":9},{"$f":"IF(COUNTIF($B363:$D363,0)<3,IF(LEN(SUBSTITUTE(SUBSTITUTE($B363,Z$1,,1),,1))=0,0,Z362+1-AU363),\"\")","v":10},{"$f":"IF(COUNTIF($B363:$D363,0)<3,IF(LEN(SUBSTITUTE(SUBSTITUTE($B363,AA$1,,1),,1))=0,0,AA362+1-AV363),\"\")","v":9},null,null,null,null,null,null,null,null,null,null,null,null,null,null,null,null,null,null,null,null,null,20,null,15]
[{"$f":"IF(generale!$A374>0,generale!$A374,\"\")","v":"2005-12-29"},{"$f":"IF(INDEX(generale!$A$16:$G$4963,MATCH(NGG!$A364,generale!$A$16:$A$4963,0),COLUMN())=0,0,INDEX(generale!$A$16:$G$4963,MATCH(NGG!$A364,generale!$A$16:$A$4963,0),COLUMN()))","v":19},{"$f":"IF(INDEX(generale!$A$16:$G$4963,MATCH(NGG!$A364,generale!$A$16:$A$4963,0),COLUMN())=0,0,INDEX(generale!$A$16:$G$4963,MATCH(NGG!$A364,generale!$A$16:$A$4963,0),COLUMN()))","v":16},{"$f":"IF(INDEX(generale!$A$16:$G$4963,MATCH(NGG!$A364,generale!$A$16:$A$4963,0),COLUMN())=0,0,INDEX(generale!$A$16:$G$4963,MATCH(NGG!$A364,generale!$A$16:$A$4963,0),COLUMN()))","v":18},{"$f":"IF(INDEX(generale!$A$16:$G$4963,MATCH(NGG!$A364,generale!$A$16:$A$4963,0),COLUMN())=0,0,INDEX(generale!$A$16:$G$4963,MATCH(NGG!$A364,generale!$A$16:$A$4963,0),COLUMN()))","v":10},{"$f":"IF(INDEX(generale!$A$16:$G$4963,MATCH(NGG!$A364,generale!$A$16:$A$4963,0),COLUMN())=0,0,INDEX(generale!$A$16:$G$4963,MATCH(NGG!$A364,generale!$A$16:$A$4963,0),COLUMN()))","v":15},{"$f":"generale!G374","v":"T"},14,16,3,12,1,7,38,11,35,23,5,40,4,21,9,7,4,10,0,9,null,null,null,null,null,null,null,null,null,null,null,null,null,null,null,null,null,null,null,null,1,19,null,19]
[{"$f":"IF(generale!$A375>0,generale!$A375,\"\")","v":"2005-12-30"},{"$f":"IF(INDEX(generale!$A$16:$G$4963,MATCH(NGG!$A365,generale!$A$16:$A$4963,0),COLUMN())=0,0,INDEX(generale!$A$16:$G$4963,MATCH(NGG!$A365,generale!$A$16:$A$4963,0),COLUMN()))","v":14},{"$f":"IF(INDEX(generale!$A$16:$G$4963,MATCH(NGG!$A365,generale!$A$16:$A$4963,0),COLUMN())=0,0,INDEX(generale!$A$16:$G$4963,MATCH(NGG!$A365,generale!$A$16:$A$4963,0),COLUMN()))","v":17},{"$f":"IF(INDEX(generale!$A$16:$G$4963,MATCH(NGG!$A365,generale!$A$16:$A$4963,0),COLUMN())=0,0,INDEX(generale!$A$16:$G$4963,MATCH(NGG!$A365,generale!$A$16:$A$4963,0),COLUMN()))","v":15},{"$f":"IF(INDEX(generale!$A$16:$G$4963,MATCH(NGG!$A365,generale!$A$16:$A$4963,0),COLUMN())=0,0,INDEX(generale!$A$16:$G$4963,MATCH(NGG!$A365,generale!$A$16:$A$4963,0),COLUMN()))","v":4},{"$f":"IF(INDEX(generale!$A$16:$G$4963,MATCH(NGG!$A365,generale!$A$16:$A$4963,0),COLUMN())=0,0,INDEX(generale!$A$16:$G$4963,MATCH(NGG!$A365,generale!$A$16:$A$4963,0),COLUMN()))","v":16},{"$f":"generale!G375","v":"T"},15,17,4,13,2,8,39,12,36,24,6,41,5,0,10,8,4,10,0,9,null,null,null,null,null,null,null,null,null,null,null,null,null,null,null,null,null,1,1,1,1,16,null,18]
[{"$f":"IF(generale!$A376>0,generale!$A376,\"\")","v":"2005-12-31"},{"$f":"IF(INDEX(generale!$A$16:$G$4963,MATCH(NGG!$A366,generale!$A$16:$A$4963,0),COLUMN())=0,0,INDEX(generale!$A$16:$G$4963,MATCH(NGG!$A366,generale!$A$16:$A$4963,0),COLUMN()))","v":20},{"$f":"IF(INDEX(generale!$A$16:$G$4963,MATCH(NGG!$A366,generale!$A$16:$A$4963,0),COLUMN())=0,0,INDEX(generale!$A$16:$G$4963,MATCH(NGG!$A366,generale!$A$16:$A$4963,0),COLUMN()))","v":5},{"$f":"IF(INDEX(generale!$A$16:$G$4963,MATCH(NGG!$A366,generale!$A$16:$A$4963,0),COLUMN())=0,0,INDEX(generale!$A$16:$G$4963,MATCH(NGG!$A366,generale!$A$16:$A$4963,0),COLUMN()))","v":6},{"$f":"IF(INDEX(generale!$A$16:$G$4963,MATCH(NGG!$A366,generale!$A$16:$A$4963,0),COLUMN())=0,0,INDEX(generale!$A$16:$G$4963,MATCH(NGG!$A366,generale!$A$16:$A$4963,0),COLUMN()))","v":8},{"$f":"IF(INDEX(generale!$A$16:$G$4963,MATCH(NGG!$A366,generale!$A$16:$A$4963,0),COLUMN())=0,0,INDEX(generale!$A$16:$G$4963,MATCH(NGG!$A366,generale!$A$16:$A$4963,0),COLUMN()))","v":19},{"$f":"generale!G376","v":"T"},16,18,5,14,3,9,40,13,37,25,7,42,6,1,11,9,5,11,1,0,null,null,null,null,null,null,null,null,null,null,null,null,null,null,null,null,null,null,null,null,null,{"$f":"IF(A366<>\"\",20-SUM(AC366:AV366),\"\")","v":20},null,20]
[{"$f":"IF(generale!$A377>0,generale!$A377,\"\")","v":"2006-01-01"},{"$f":"IF(INDEX(generale!$A$16:$G$4963,MATCH(NGG!$A367,generale!$A$16:$A$4963,0),COLUMN())=0,0,INDEX(generale!$A$16:$G$4963,MATCH(NGG!$A367,generale!$A$16:$A$4963,0),COLUMN()))","v":13},{"$f":"IF(INDEX(generale!$A$16:$G$4963,MATCH(NGG!$A367,generale!$A$16:$A$4963,0),COLUMN())=0,0,INDEX(generale!$A$16:$G$4963,MATCH(NGG!$A367,generale!$A$16:$A$4963,0),COLUMN()))","v":4},{"$f":"IF(INDEX(generale!$A$16:$G$4963,MATCH(NGG!$A367,generale!$A$16:$A$4963,0),COLUMN())=0,0,INDEX(generale!$A$16:$G$4963,MATCH(NGG!$A367,generale!$A$16:$A$4963,0),COLUMN()))","v":8},{"$f":"IF(INDEX(generale!$A$16:$G$4963,MATCH(NGG!$A367,generale!$A$16:$A$4963,0),COLUMN())=0,0,INDEX(generale!$A$16:$G$4963,MATCH(NGG!$A367,generale!$A$16:$A$4963,0),COLUMN()))","v":12},{"$f":"IF(INDEX(generale!$A$16:$G$4963,MATCH(NGG!$A367,generale!$A$16:$A$4963,0),COLUMN())=0,0,INDEX(generale!$A$16:$G$4963,MATCH(NGG!$A367,generale!$A$16:$A$4963,0),COLUMN()))","v":5},{"$f":"generale!G377","v":"T"},17,18,6,15,4,10,41,14,38,26,8,43,0,2,12,10,6,12,2,1,null,null,1,null,null,null,null,null,null,null,null,null,null,null,null,null,null,null,null,null,null,{"$f":"IF(A367<>\"\",20-SUM(AC367:AV367),\"\")","v":19},null,13]
[{"$f":"IF(generale!$A378>0,generale!$A378,\"\")","v":"2006-01-02"},{"$f":"IF(INDEX(generale!$A$16:$G$4963,MATCH(NGG!$A368,generale!$A$16:$A$4963,0),COLUMN())=0,0,INDEX(generale!$A$16:$G$4963,MATCH(NGG!$A368,generale!$A$16:$A$4963,0),COLUMN()))","v":14},{"$f":"IF(INDEX(generale!$A$16:$G$4963,MATCH(NGG!$A368,generale!$A$16:$A$4963,0),COLUMN())=0,0,INDEX(generale!$A$16:$G$4963,MATCH(NGG!$A368,generale!$A$16:$A$4963,0),COLUMN()))","v":8},{"$f":"IF(INDEX(generale!$A$16:$G$4963,MATCH(NGG!$A368,generale!$A$16:$A$4963,0),COLUMN())=0,0,INDEX(generale!$A$16:$G$4963,MATCH(NGG!$A368,generale!$A$16:$A$4963,0),COLUMN()))","v":5},{"$f":"IF(INDEX(generale!$A$16:$G$4963,MATCH(NGG!$A368,generale!$A$16:$A$4963,0),COLUMN())=0,0,INDEX(generale!$A$16:$G$4963,MATCH(NGG!$A368,generale!$A$16:$A$4963,0),COLUMN()))","v":6},{"$f":"IF(INDEX(generale!$A$16:$G$4963,MATCH(NGG!$A368,generale!$A$16:$A$4963,0),COLUMN())=0,0,INDEX(generale!$A$16:$G$4963,MATCH(NGG!$A368,generale!$A$16:$A$4963,0),COLUMN()))","v":1},{"$f":"generale!G378","v":"O"},18,19,7,16,5,11,42,15,39,27,9,44,1,0,13,11,7,13,2,1,null,null,null,null,null,null,null,null,null,null,null,null,null,null,null,null,null,null,null,1,1,18,null,16]
[{"$f":"IF(generale!$A379>0,generale!$A379,\"\")","v":"2006-01-03"},{"$f":"IF(INDEX(generale!$A$16:$G$4963,MATCH(NGG!$A369,generale!$A$16:$A$4963,0),COLUMN())=0,0,INDEX(generale!$A$16:$G$4963,MATCH(NGG!$A369,generale!$A$16:$A$4963,0),COLUMN()))","v":4},{"$f":"IF(INDEX(generale!$A$16:$G$4963,MATCH(NGG!$A369,generale!$A$16:$A$4963,0),COLUMN())=0,0,INDEX(generale!$A$16:$G$4963,MATCH(NGG!$A369,generale!$A$16:$A$4963,0),COLUMN()))","v":3},{"$f":"IF(INDEX(generale!$A$16:$G$4963,MATCH(NGG!$A369,generale!$A$16:$A$4963,0),COLUMN())=0,0,INDEX(generale!$A$16:$G$4963,MATCH(NGG!$A369,generale!$A$16:$A$4963,0),COLUMN()))","v":17},{"$f":"IF(INDEX(generale!$A$16:$G$4963,MATCH(NGG!$A369,generale!$A$16:$A$4963,0),COLUMN())=0,0,INDEX(generale!$A$16:$G$4963,MATCH(NGG!$A369,generale!$A$16:$A$4963,0),COLUMN()))","v":13},{"$f":"IF(INDEX(generale!$A$16:$G$4963,MATCH(NGG!$A369,generale!$A$16:$A$4963,0),COLUMN())=0,0,INDEX(generale!$A$16:$G$4963,MATCH(NGG!$A369,generale!$A$16:$A$4963,0),COLUMN()))","v":11},{"$f":"generale!G379","v":"T"},19,20,8,0,6,12,43,16,40,28,10,45,2,1,14,12,7,13,2,1,null,null,null,null,1,null,null,null,null,null,null,null,null,null,null,null,null,1,1,1,1,15,null,17]
[{"$f":"IF(generale!$A380>0,generale!$A380,\"\")","v":"2006-01-04"},{"$f":"IF(INDEX(generale!$A$16:$G$4963,MATCH(NGG!$A370,generale!$A$16:$A$4963,0),COLUMN())=0,0,INDEX(generale!$A$16:$G$4963,MATCH(NGG!$A370,generale!$A$16:$A$4963,0),COLUMN()))","v":16},{"$f":"IF(INDEX(generale!$A$16:$G$4963,MATCH(NGG!$A370,generale!$A$16:$A$4963,0),COLUMN())=0,0,INDEX(generale!$A$16:$G$4963,MATCH(NGG!$A370,generale!$A$16:$A$4963,0),COLUMN()))","v":10},{"$f":"IF(INDEX(generale!$A$16:$G$4963,MATCH(NGG!$A370,generale!$A$16:$A$4963,0),COLUMN())=0,0,INDEX(generale!$A$16:$G$4963,MATCH(NGG!$A370,generale!$A$16:$A$4963,0),COLUMN()))","v":12},{"$f":"IF(INDEX(generale!$A$16:$G$4963,MATCH(NGG!$A370,generale!$A$16:$A$4963,0),COLUMN())=0,0,INDEX(generale!$A$16:$G$4963,MATCH(NGG!$A370,generale!$A$16:$A$4963,0),COLUMN()))","v":8},{"$f":"IF(INDEX(generale!$A$16:$G$4963,MATCH(NGG!$A370,generale!$A$16:$A$4963,0),COLUMN())=0,0,INDEX(generale!$A$16:$G$4963,MATCH(NGG!$A370,generale!$A$16:$A$4963,0),COLUMN()))","v":14},{"$f":"generale!G380","v":"P"},20,21,9,1,7,13,44,17,41,29,11,46,3,2,15,0,7,13,2,1,null,null,null,null,null,null,null,null,null,null,null,null,null,null,null,null,null,1,1,1,1,16,null,16]
[{"$f":"IF(generale!$A381>0,generale!$A381,\"\")","v":"2006-01-05"},{"$f":"IF(INDEX(generale!$A$16:$G$4963,MATCH(NGG!$A371,generale!$A$16:$A$4963,0),COLUMN())=0,0,INDEX(generale!$A$16:$G$4963,MATCH(NGG!$A371,generale!$A$16:$A$4963,0),COLUMN()))","v":6},{"$f":"IF(INDEX(generale!$A$16:$G$4963,MATCH(NGG!$A371,generale!$A$16:$A$4963,0),COLUMN())=0,0,INDEX(generale!$A$16:$G$4963,MATCH(NGG!$A371,generale!$A$16:$A$4963,0),COLUMN()))","v":18},{"$f":"IF(INDEX(generale!$A$16:$G$4963,MATCH(NGG!$A371,generale!$A$16:$A$4963,0),COLUMN())=0,0,INDEX(generale!$A$16:$G$4963,MATCH(NGG!$A371,generale!$A$16:$A$4963,0),COLUMN()))","v":15},{"$f":"IF(INDEX(generale!$A$16:$G$4963,MATCH(NGG!$A371,generale!$A$16:$A$4963,0),COLUMN())=0,0,INDEX(generale!$A$16:$G$4963,MATCH(NGG!$A371,generale!$A$16:$A$4963,0),COLUMN()))","v":13},{"$f":"IF(INDEX(generale!$A$16:$G$4963,MATCH(NGG!$A371,generale!$A$16:$A$4963,0),COLUMN())=0,0,INDEX(generale!$A$16:$G$4963,MATCH(NGG!$A371,generale!$A$16:$A$4963,0),COLUMN()))","v":4},{"$f":"generale!G381","v":"T"},21,22,10,2,8,0,45,18,42,30,12,47,4,3,16,{"$f":"IF(COUNTIF($B371:$D371,0)<3,IF(LEN(SUBSTITUTE(SUBSTITUTE($B371,W$1,,1),,1))=0,0,W370+1-AR371),\"\")","v":1},7,13,2,1,null,null,null,null,null,null,null,null,null,null,null,null,null,null,null,null,null,1,1,1,1,16,null,18]
[{"$f":"IF(generale!$A382>0,generale!$A382,\"\")","v":"2006-01-06"},{"$f":"IF(INDEX(generale!$A$16:$G$4963,MATCH(NGG!$A372,generale!$A$16:$A$4963,0),COLUMN())=0,0,INDEX(generale!$A$16:$G$4963,MATCH(NGG!$A372,generale!$A$16:$A$4963,0),COLUMN()))","v":17},{"$f":"IF(INDEX(generale!$A$16:$G$4963,MATCH(NGG!$A372,generale!$A$16:$A$4963,0),COLUMN())=0,0,INDEX(generale!$A$16:$G$4963,MATCH(NGG!$A372,generale!$A$16:$A$4963,0),COLUMN()))","v":4},{"$f":"IF(INDEX(generale!$A$16:$G$4963,MATCH(NGG!$A372,generale!$A$16:$A$4963,0),COLUMN())=0,0,INDEX(generale!$A$16:$G$4963,MATCH(NGG!$A372,generale!$A$16:$A$4963,0),COLUMN()))","v":3},{"$f":"IF(INDEX(generale!$A$16:$G$4963,MATCH(NGG!$A372,generale!$A$16:$A$4963,0),COLUMN())=0,0,INDEX(generale!$A$16:$G$4963,MATCH(NGG!$A372,generale!$A$16:$A$4963,0),COLUMN()))","v":12},{"$f":"IF(INDEX(generale!$A$16:$G$4963,MATCH(NGG!$A372,generale!$A$16:$A$4963,0),COLUMN())=0,0,INDEX(generale!$A$16:$G$4963,MATCH(NGG!$A372,generale!$A$16:$A$4963,0),COLUMN()))","v":6},{"$f":"generale!G382","v":"O"},{"$f":"IF(COUNTIF($B372:$D372,0)<3,IF(LEN(SUBSTITUTE(SUBSTITUTE($B372,H$1,,1),,1))=0,0,H371+1-AC372),\"\")","v":22},23,11,3,9,1,46,19,43,31,13,48,5,3,17,2,0,14,2,1,null,null,null,null,null,null,null,null,null,null,null,null,null,null,1,null,null,null,null,1,1,17,null,18]
[{"$f":"IF(generale!$A383>0,generale!$A383,\"\")","v":"2006-01-07"},{"$f":"IF(INDEX(generale!$A$16:$G$4963,MATCH(NGG!$A373,generale!$A$16:$A$4963,0),COLUMN())=0,0,INDEX(generale!$A$16:$G$4963,MATCH(NGG!$A373,generale!$A$16:$A$4963,0),COLUMN()))","v":18},{"$f":"IF(INDEX(generale!$A$16:$G$4963,MATCH(NGG!$A373,generale!$A$16:$A$4963,0),COLUMN())=0,0,INDEX(generale!$A$16:$G$4963,MATCH(NGG!$A373,generale!$A$16:$A$4963,0),COLUMN()))","v":15},{"$f":"IF(INDEX(generale!$A$16:$G$4963,MATCH(NGG!$A373,generale!$A$16:$A$4963,0),COLUMN())=0,0,INDEX(generale!$A$16:$G$4963,MATCH(NGG!$A373,generale!$A$16:$A$4963,0),COLUMN()))","v":5},{"$f":"IF(INDEX(generale!$A$16:$G$4963,MATCH(NGG!$A373,generale!$A$16:$A$4963,0),COLUMN())=0,0,INDEX(generale!$A$16:$G$4963,MATCH(NGG!$A373,generale!$A$16:$A$4963,0),COLUMN()))","v":4},{"$f":"IF(INDEX(generale!$A$16:$G$4963,MATCH(NGG!$A373,generale!$A$16:$A$4963,0),COLUMN())=0,0,INDEX(generale!$A$16:$G$4963,MATCH(NGG!$A373,generale!$A$16:$A$4963,0),COLUMN()))","v":2},{"$f":"generale!G383","v":"T"},23,24,12,4,10,2,47,20,44,32,14,49,6,4,18,3,1,0,3,1,null,null,null,null,null,null,null,null,null,null,null,null,null,null,null,null,null,null,null,null,1,19,null,17]
[{"$f":"IF(generale!$A384>0,generale!$A384,\"\")","v":"2006-01-08"},{"$f":"IF(INDEX(generale!$A$16:$G$4963,MATCH(NGG!$A374,generale!$A$16:$A$4963,0),COLUMN())=0,0,INDEX(generale!$A$16:$G$4963,MATCH(NGG!$A374,generale!$A$16:$A$4963,0),COLUMN()))","v":9},{"$f":"IF(INDEX(generale!$A$16:$G$4963,MATCH(NGG!$A374,generale!$A$16:$A$4963,0),COLUMN())=0,0,INDEX(generale!$A$16:$G$4963,MATCH(NGG!$A374,generale!$A$16:$A$4963,0),COLUMN()))","v":5},{"$f":"IF(INDEX(generale!$A$16:$G$4963,MATCH(NGG!$A374,generale!$A$16:$A$4963,0),COLUMN())=0,0,INDEX(generale!$A$16:$G$4963,MATCH(NGG!$A374,generale!$A$16:$A$4963,0),COLUMN()))","v":6},{"$f":"IF(INDEX(generale!$A$16:$G$4963,MATCH(NGG!$A374,generale!$A$16:$A$4963,0),COLUMN())=0,0,INDEX(generale!$A$16:$G$4963,MATCH(NGG!$A374,generale!$A$16:$A$4963,0),COLUMN()))","v":13},{"$f":"IF(INDEX(generale!$A$16:$G$4963,MATCH(NGG!$A374,generale!$A$16:$A$4963,0),COLUMN())=0,0,INDEX(generale!$A$16:$G$4963,MATCH(NGG!$A374,generale!$A$16:$A$4963,0),COLUMN()))","v":1},{"$f":"generale!G384","v":"T"},24,25,13,5,11,3,48,21,0,33,15,49,7,5,19,4,2,1,3,1,null,null,null,null,null,null,null,null,null,null,null,null,1,null,null,null,null,null,null,1,1,17,null,16]
[{"$f":"IF(generale!$A385>0,generale!$A385,\"\")","v":"2006-01-09"},{"$f":"IF(INDEX(generale!$A$16:$G$4963,MATCH(NGG!$A375,generale!$A$16:$A$4963,0),COLUMN())=0,0,INDEX(generale!$A$16:$G$4963,MATCH(NGG!$A375,generale!$A$16:$A$4963,0),COLUMN()))","v":1},{"$f":"IF(INDEX(generale!$A$16:$G$4963,MATCH(NGG!$A375,generale!$A$16:$A$4963,0),COLUMN())=0,0,INDEX(generale!$A$16:$G$4963,MATCH(NGG!$A375,generale!$A$16:$A$4963,0),COLUMN()))","v":13},{"$f":"IF(INDEX(generale!$A$16:$G$4963,MATCH(NGG!$A375,generale!$A$16:$A$4963,0),COLUMN())=0,0,INDEX(generale!$A$16:$G$4963,MATCH(NGG!$A375,generale!$A$16:$A$4963,0),COLUMN()))","v":7},{"$f":"IF(INDEX(generale!$A$16:$G$4963,MATCH(NGG!$A375,generale!$A$16:$A$4963,0),COLUMN())=0,0,INDEX(generale!$A$16:$G$4963,MATCH(NGG!$A375,generale!$A$16:$A$4963,0),COLUMN()))","v":15},{"$f":"IF(INDEX(generale!$A$16:$G$4963,MATCH(NGG!$A375,generale!$A$16:$A$4963,0),COLUMN())=0,0,INDEX(generale!$A$16:$G$4963,MATCH(NGG!$A375,generale!$A$16:$A$4963,0),COLUMN()))","v":10},{"$f":"generale!G385","v":"T"},0,26,14,6,12,4,48,22,1,34,16,50,8,5,19,4,2,1,3,1,null,null,null,null,null,null,null,1,null,null,null,null,null,null,1,1,1,1,1,1,1,12,null,16]
[{"$f":"IF(generale!$A386>0,generale!$A386,\"\")","v":"2006-01-10"},{"$f":"IF(INDEX(generale!$A$16:$G$4963,MATCH(NGG!$A376,generale!$A$16:$A$4963,0),COLUMN())=0,0,INDEX(generale!$A$16:$G$4963,MATCH(NGG!$A376,generale!$A$16:$A$4963,0),COLUMN()))","v":7},{"$f":"IF(INDEX(generale!$A$16:$G$4963,MATCH(NGG!$A376,generale!$A$16:$A$4963,0),COLUMN())=0,0,INDEX(generale!$A$16:$G$4963,MATCH(NGG!$A376,generale!$A$16:$A$4963,0),COLUMN()))","v":18},{"$f":"IF(INDEX(generale!$A$16:$G$4963,MATCH(NGG!$A376,generale!$A$16:$A$4963,0),COLUMN())=0,0,INDEX(generale!$A$16:$G$4963,MATCH(NGG!$A376,generale!$A$16:$A$4963,0),COLUMN()))","v":16},{"$f":"IF(INDEX(generale!$A$16:$G$4963,MATCH(NGG!$A376,generale!$A$16:$A$4963,0),COLUMN())=0,0,INDEX(generale!$A$16:$G$4963,MATCH(NGG!$A376,generale!$A$16:$A$4963,0),COLUMN()))","v":4},{"$f":"IF(INDEX(generale!$A$16:$G$4963,MATCH(NGG!$A376,generale!$A$16:$A$4963,0),COLUMN())=0,0,INDEX(generale!$A$16:$G$4963,MATCH(NGG!$A376,generale!$A$16:$A$4963,0),COLUMN()))","v":6},{"$f":"generale!G386","v":"T"},1,27,15,7,13,5,0,23,1,35,17,51,9,6,20,5,3,1,3,1,null,null,null,null,null,null,null,null,null,1,null,null,null,null,null,null,null,null,1,1,1,16,null,19]
[{"$f":"IF(generale!$A387>0,generale!$A387,\"\")","v":"2006-01-11"},{"$f":"IF(INDEX(generale!$A$16:$G$4963,MATCH(NGG!$A377,generale!$A$16:$A$4963,0),COLUMN())=0,0,INDEX(generale!$A$16:$G$4963,MATCH(NGG!$A377,generale!$A$16:$A$4963,0),COLUMN()))","v":10},{"$f":"IF(INDEX(generale!$A$16:$G$4963,MATCH(NGG!$A377,generale!$A$16:$A$4963,0),COLUMN())=0,0,INDEX(generale!$A$16:$G$4963,MATCH(NGG!$A377,generale!$A$16:$A$4963,0),COLUMN()))","v":4},{"$f":"IF(INDEX(generale!$A$16:$G$4963,MATCH(NGG!$A377,generale!$A$16:$A$4963,0),COLUMN())=0,0,INDEX(generale!$A$16:$G$4963,MATCH(NGG!$A377,generale!$A$16:$A$4963,0),COLUMN()))","v":3},{"$f":"IF(INDEX(generale!$A$16:$G$4963,MATCH(NGG!$A377,generale!$A$16:$A$4963,0),COLUMN())=0,0,INDEX(generale!$A$16:$G$4963,MATCH(NGG!$A377,generale!$A$16:$A$4963,0),COLUMN()))","v":6},{"$f":"IF(INDEX(generale!$A$16:$G$4963,MATCH(NGG!$A377,generale!$A$16:$A$4963,0),COLUMN())=0,0,INDEX(generale!$A$16:$G$4963,MATCH(NGG!$A377,generale!$A$16:$A$4963,0),COLUMN()))","v":16},{"$f":"generale!G387","v":"O"},2,28,16,8,14,6,1,24,2,0,18,52,10,7,21,6,4,2,3,1,null,null,null,null,null,null,null,null,null,null,null,null,null,null,null,null,null,null,null,1,1,18,null,17]
[{"$f":"IF(generale!$A388>0,generale!$A388,\"\")","v":"2006-01-12"},{"$f":"IF(INDEX(generale!$A$16:$G$4963,MATCH(NGG!$A378,generale!$A$16:$A$4963,0),COLUMN())=0,0,INDEX(generale!$A$16:$G$4963,MATCH(NGG!$A378,generale!$A$16:$A$4963,0),COLUMN()))","v":9},{"$f":"IF(INDEX(generale!$A$16:$G$4963,MATCH(NGG!$A378,generale!$A$16:$A$4963,0),COLUMN())=0,0,INDEX(generale!$A$16:$G$4963,MATCH(NGG!$A378,generale!$A$16:$A$4963,0),COLUMN()))","v":4},{"$f":"IF(INDEX(generale!$A$16:$G$4963,MATCH(NGG!$A378,generale!$A$16:$A$4963,0),COLUMN())=0,0,INDEX(generale!$A$16:$G$4963,MATCH(NGG!$A378,generale!$A$16:$A$4963,0),COLUMN()))","v":7},{"$f":"IF(INDEX(generale!$A$16:$G$4963,MATCH(NGG!$A378,generale!$A$16:$A$4963,0),COLUMN())=0,0,INDEX(generale!$A$16:$G$4963,MATCH(NGG!$A378,generale!$A$16:$A$4963,0),COLUMN()))","v":10},{"$f":"IF(INDEX(generale!$A$16:$G$4963,MATCH(NGG!$A378,generale!$A$16:$A$4963,0),COLUMN())=0,0,INDEX(generale!$A$16:$G$4963,MATCH(NGG!$A378,generale!$A$16:$A$4963,0),COLUMN()))","v":15},{"$f":"generale!G388","v":"T"},3,29,17,9,15,7,2,25,0,1,19,53,11,8,22,6,4,2,3,1,null,null,null,null,null,null,null,null,null,null,null,null,null,null,null,null,1,1,1,1,1,15,null,16]
[{"$f":"IF(generale!$A389>0,generale!$A389,\"\")","v":"2006-01-13"},{"$f":"IF(INDEX(generale!$A$16:$G$4963,MATCH(NGG!$A379,generale!$A$16:$A$4963,0),COLUMN())=0,0,INDEX(generale!$A$16:$G$4963,MATCH(NGG!$A379,generale!$A$16:$A$4963,0),COLUMN()))","v":4},{"$f":"IF(INDEX(generale!$A$16:$G$4963,MATCH(NGG!$A379,generale!$A$16:$A$4963,0),COLUMN())=0,0,INDEX(generale!$A$16:$G$4963,MATCH(NGG!$A379,generale!$A$16:$A$4963,0),COLUMN()))","v":13},{"$f":"IF(INDEX(generale!$A$16:$G$4963,MATCH(NGG!$A379,generale!$A$16:$A$4963,0),COLUMN())=0,0,INDEX(generale!$A$16:$G$4963,MATCH(NGG!$A379,generale!$A$16:$A$4963,0),COLUMN()))","v":11},{"$f":"IF(INDEX(generale!$A$16:$G$4963,MATCH(NGG!$A379,generale!$A$16:$A$4963,0),COLUMN())=0,0,INDEX(generale!$A$16:$G$4963,MATCH(NGG!$A379,generale!$A$16:$A$4963,0),COLUMN()))","v":9},{"$f":"IF(INDEX(generale!$A$16:$G$4963,MATCH(NGG!$A379,generale!$A$16:$A$4963,0),COLUMN())=0,0,INDEX(generale!$A$16:$G$4963,MATCH(NGG!$A379,generale!$A$16:$A$4963,0),COLUMN()))","v":14},{"$f":"generale!G389","v":"T"},4,30,18,0,16,8,3,26,1,2,20,54,12,9,23,7,5,3,3,1,null,null,null,null,null,null,null,null,null,null,null,null,null,null,null,null,null,null,null,1,1,18,null,15]
[{"$f":"IF(generale!$A390>0,generale!$A390,\"\")","v":"2006-01-14"},{"$f":"IF(INDEX(generale!$A$16:$G$4963,MATCH(NGG!$A380,generale!$A$16:$A$4963,0),COLUMN())=0,0,INDEX(generale!$A$16:$G$4963,MATCH(NGG!$A380,generale!$A$16:$A$4963,0),COLUMN()))","v":7},{"$f":"IF(INDEX(generale!$A$16:$G$4963,MATCH(NGG!$A380,generale!$A$16:$A$4963,0),COLUMN())=0,0,INDEX(generale!$A$16:$G$4963,MATCH(NGG!$A380,generale!$A$16:$A$4963,0),COLUMN()))","v":14},{"$f":"IF(INDEX(generale!$A$16:$G$4963,MATCH(NGG!$A380,generale!$A$16:$A$4963,0),COLUMN())=0,0,INDEX(generale!$A$16:$G$4963,MATCH(NGG!$A380,generale!$A$16:$A$4963,0),COLUMN()))","v":12},{"$f":"IF(INDEX(generale!$A$16:$G$4963,MATCH(NGG!$A380,generale!$A$16:$A$4963,0),COLUMN())=0,0,INDEX(generale!$A$16:$G$4963,MATCH(NGG!$A380,generale!$A$16:$A$4963,0),COLUMN()))","v":13},{"$f":"IF(INDEX(generale!$A$16:$G$4963,MATCH(NGG!$A380,generale!$A$16:$A$4963,0),COLUMN())=0,0,INDEX(generale!$A$16:$G$4963,MATCH(NGG!$A380,generale!$A$16:$A$4963,0),COLUMN()))","v":15},{"$f":"generale!G390","v":"T"},5,31,19,1,17,9,0,27,2,3,21,55,13,10,24,8,6,4,3,1,null,null,null,null,null,null,null,null,null,null,null,null,null,null,null,null,null,null,null,1,1,18,null,15]
[{"$f":"IF(generale!$A391>0,generale!$A391,\"\")","v":"2006-01-15"},{"$f":"IF(INDEX(generale!$A$16:$G$4963,MATCH(NGG!$A381,generale!$A$16:$A$4963,0),COLUMN())=0,0,INDEX(generale!$A$16:$G$4963,MATCH(NGG!$A381,generale!$A$16:$A$4963,0),COLUMN()))","v":2},{"$f":"IF(INDEX(generale!$A$16:$G$4963,MATCH(NGG!$A381,generale!$A$16:$A$4963,0),COLUMN())=0,0,INDEX(generale!$A$16:$G$4963,MATCH(NGG!$A381,generale!$A$16:$A$4963,0),COLUMN()))","v":1},{"$f":"IF(INDEX(generale!$A$16:$G$4963,MATCH(NGG!$A381,generale!$A$16:$A$4963,0),COLUMN())=0,0,INDEX(generale!$A$16:$G$4963,MATCH(NGG!$A381,generale!$A$16:$A$4963,0),COLUMN()))","v":12},{"$f":"IF(INDEX(generale!$A$16:$G$4963,MATCH(NGG!$A381,generale!$A$16:$A$4963,0),COLUMN())=0,0,INDEX(generale!$A$16:$G$4963,MATCH(NGG!$A381,generale!$A$16:$A$4963,0),COLUMN()))","v":13},{"$f":"IF(INDEX(generale!$A$16:$G$4963,MATCH(NGG!$A381,generale!$A$16:$A$4963,0),COLUMN())=0,0,INDEX(generale!$A$16:$G$4963,MATCH(NGG!$A381,generale!$A$16:$A$4963,0),COLUMN()))","v":6},{"$f":"generale!G391","v":"T"},6,0,20,2,18,10,1,28,3,4,22,56,14,11,25,9,7,5,3,1,null,null,null,null,null,null,null,null,null,null,null,null,null,null,null,null,null,null,null,1,1,18,null,16]
[{"$f":"IF(generale!$A392>0,generale!$A392,\"\")","v":"2006-01-16"},{"$f":"IF(INDEX(generale!$A$16:$G$4963,MATCH(NGG!$A382,generale!$A$16:$A$4963,0),COLUMN())=0,0,INDEX(generale!$A$16:$G$4963,MATCH(NGG!$A382,generale!$A$16:$A$4963,0),COLUMN()))","v":6},{"$f":"IF(INDEX(generale!$A$16:$G$4963,MATCH(NGG!$A382,generale!$A$16:$A$4963,0),COLUMN())=0,0,INDEX(generale!$A$16:$G$4963,MATCH(NGG!$A382,generale!$A$16:$A$4963,0),COLUMN()))","v":16},{"$f":"IF(INDEX(generale!$A$16:$G$4963,MATCH(NGG!$A382,generale!$A$16:$A$4963,0),COLUMN())=0,0,INDEX(generale!$A$16:$G$4963,MATCH(NGG!$A382,generale!$A$16:$A$4963,0),COLUMN()))","v":18},{"$f":"IF(INDEX(generale!$A$16:$G$4963,MATCH(NGG!$A382,generale!$A$16:$A$4963,0),COLUMN())=0,0,INDEX(generale!$A$16:$G$4963,MATCH(NGG!$A382,generale!$A$16:$A$4963,0),COLUMN()))","v":8},{"$f":"IF(INDEX(generale!$A$16:$G$4963,MATCH(NGG!$A382,generale!$A$16:$A$4963,0),COLUMN())=0,0,INDEX(generale!$A$16:$G$4963,MATCH(NGG!$A382,generale!$A$16:$A$4963,0),COLUMN()))","v":5},{"$f":"generale!G392","v":"T"},7,1,21,3,19,0,2,29,4,5,23,57,15,12,26,10,8,6,3,1,null,null,null,null,null,null,null,null,null,null,null,null,null,null,null,null,null,null,null,1,1,18,null,18]
[{"$f":"IF(generale!$A393>0,generale!$A393,\"\")","v":"2006-01-17"},{"$f":"IF(INDEX(generale!$A$16:$G$4963,MATCH(NGG!$A383,generale!$A$16:$A$4963,0),COLUMN())=0,0,INDEX(generale!$A$16:$G$4963,MATCH(NGG!$A383,generale!$A$16:$A$4963,0),COLUMN()))","v":8},{"$f":"IF(INDEX(generale!$A$16:$G$4963,MATCH(NGG!$A383,generale!$A$16:$A$4963,0),COLUMN())=0,0,INDEX(generale!$A$16:$G$4963,MATCH(NGG!$A383,generale!$A$16:$A$4963,0),COLUMN()))","v":11},{"$f":"IF(INDEX(generale!$A$16:$G$4963,MATCH(NGG!$A383,generale!$A$16:$A$4963,0),COLUMN())=0,0,INDEX(generale!$A$16:$G$4963,MATCH(NGG!$A383,generale!$A$16:$A$4963,0),COLUMN()))","v":7},{"$f":"IF(INDEX(generale!$A$16:$G$4963,MATCH(NGG!$A383,generale!$A$16:$A$4963,0),COLUMN())=0,0,INDEX(generale!$A$16:$G$4963,MATCH(NGG!$A383,generale!$A$16:$A$4963,0),COLUMN()))","v":17},{"$f":"IF(INDEX(generale!$A$16:$G$4963,MATCH(NGG!$A383,generale!$A$16:$A$4963,0),COLUMN())=0,0,INDEX(generale!$A$16:$G$4963,MATCH(NGG!$A383,generale!$A$16:$A$4963,0),COLUMN()))","v":12},{"$f":"generale!G393","v":"T"},8,2,22,4,20,1,3,0,5,6,23,58,16,13,27,10,8,6,3,1,null,null,null,null,null,null,null,null,null,null,null,1,null,null,null,null,1,1,1,1,1,14,null,17]
[{"$f":"IF(generale!$A394>0,generale!$A394,\"\")","v":"2006-01-18"},{"$f":"IF(INDEX(generale!$A$16:$G$4963,MATCH(NGG!$A384,generale!$A$16:$A$4963,0),COLUMN())=0,0,INDEX(generale!$A$16:$G$4963,MATCH(NGG!$A384,generale!$A$16:$A$4963,0),COLUMN()))","v":13},{"$f":"IF(INDEX(generale!$A$16:$G$4963,MATCH(NGG!$A384,generale!$A$16:$A$4963,0),COLUMN())=0,0,INDEX(generale!$A$16:$G$4963,MATCH(NGG!$A384,generale!$A$16:$A$4963,0),COLUMN()))","v":14},{"$f":"IF(INDEX(generale!$A$16:$G$4963,MATCH(NGG!$A384,generale!$A$16:$A$4963,0),COLUMN())=0,0,INDEX(generale!$A$16:$G$4963,MATCH(NGG!$A384,generale!$A$16:$A$4963,0),COLUMN()))","v":4},{"$f":"IF(INDEX(generale!$A$16:$G$4963,MATCH(NGG!$A384,generale!$A$16:$A$4963,0),COLUMN())=0,0,INDEX(generale!$A$16:$G$4963,MATCH(NGG!$A384,generale!$A$16:$A$4963,0),COLUMN()))","v":5},{"$f":"IF(INDEX(generale!$A$16:$G$4963,MATCH(NGG!$A384,generale!$A$16:$A$4963,0),COLUMN())=0,0,INDEX(generale!$A$16:$G$4963,MATCH(NGG!$A384,generale!$A$16:$A$4963,0),COLUMN()))","v":16},{"$f":"generale!G394","v":"P"},9,3,23,5,21,2,4,1,6,7,24,59,0,14,28,11,9,6,3,1,null,null,null,null,null,null,null,null,null,null,null,null,null,null,null,null,null,null,1,1,1,17,null,18]
[{"$f":"IF(generale!$A395>0,generale!$A395,\"\")","v":"2006-01-19"},{"$f":"IF(INDEX(generale!$A$16:$G$4963,MATCH(NGG!$A385,generale!$A$16:$A$4963,0),COLUMN())=0,0,INDEX(generale!$A$16:$G$4963,MATCH(NGG!$A385,generale!$A$16:$A$4963,0),COLUMN()))","v":11},{"$f":"IF(INDEX(generale!$A$16:$G$4963,MATCH(NGG!$A385,generale!$A$16:$A$4963,0),COLUMN())=0,0,INDEX(generale!$A$16:$G$4963,MATCH(NGG!$A385,generale!$A$16:$A$4963,0),COLUMN()))","v":9},{"$f":"IF(INDEX(generale!$A$16:$G$4963,MATCH(NGG!$A385,generale!$A$16:$A$4963,0),COLUMN())=0,0,INDEX(generale!$A$16:$G$4963,MATCH(NGG!$A385,generale!$A$16:$A$4963,0),COLUMN()))","v":14},{"$f":"IF(INDEX(generale!$A$16:$G$4963,MATCH(NGG!$A385,generale!$A$16:$A$4963,0),COLUMN())=0,0,INDEX(generale!$A$16:$G$4963,MATCH(NGG!$A385,generale!$A$16:$A$4963,0),COLUMN()))","v":12},{"$f":"IF(INDEX(generale!$A$16:$G$4963,MATCH(NGG!$A385,generale!$A$16:$A$4963,0),COLUMN())=0,0,INDEX(generale!$A$16:$G$4963,MATCH(NGG!$A385,generale!$A$16:$A$4963,0),COLUMN()))","v":8},{"$f":"generale!G395","v":"T"},10,4,24,6,22,3,5,2,7,8,0,60,1,15,29,12,10,6,3,1,null,null,null,null,null,null,null,null,null,null,null,null,null,null,null,null,null,null,1,1,1,17,null,15]
[{"$f":"IF(generale!$A396>0,generale!$A396,\"\")","v":"2006-01-20"},{"$f":"IF(INDEX(generale!$A$16:$G$4963,MATCH(NGG!$A386,generale!$A$16:$A$4963,0),COLUMN())=0,0,INDEX(generale!$A$16:$G$4963,MATCH(NGG!$A386,generale!$A$16:$A$4963,0),COLUMN()))","v":6},{"$f":"IF(INDEX(generale!$A$16:$G$4963,MATCH(NGG!$A386,generale!$A$16:$A$4963,0),COLUMN())=0,0,INDEX(generale!$A$16:$G$4963,MATCH(NGG!$A386,generale!$A$16:$A$4963,0),COLUMN()))","v":11},{"$f":"IF(INDEX(generale!$A$16:$G$4963,MATCH(NGG!$A386,generale!$A$16:$A$4963,0),COLUMN())=0,0,INDEX(generale!$A$16:$G$4963,MATCH(NGG!$A386,generale!$A$16:$A$4963,0),COLUMN()))","v":12},{"$f":"IF(INDEX(generale!$A$16:$G$4963,MATCH(NGG!$A386,generale!$A$16:$A$4963,0),COLUMN())=0,0,INDEX(generale!$A$16:$G$4963,MATCH(NGG!$A386,generale!$A$16:$A$4963,0),COLUMN()))","v":15},{"$f":"IF(INDEX(generale!$A$16:$G$4963,MATCH(NGG!$A386,generale!$A$16:$A$4963,0),COLUMN())=0,0,INDEX(generale!$A$16:$G$4963,MATCH(NGG!$A386,generale!$A$16:$A$4963,0),COLUMN()))","v":9},{"$f":"generale!G396","v":"P"},11,5,25,7,23,0,6,3,8,9,1,61,2,16,30,13,10,6,3,1,null,null,null,null,null,null,null,null,null,null,null,null,null,null,null,null,null,1,1,1,1,16,null,18]
[{"$f":"IF(generale!$A397>0,generale!$A397,\"\")","v":"2006-01-21"},{"$f":"IF(INDEX(generale!$A$16:$G$4963,MATCH(NGG!$A387,generale!$A$16:$A$4963,0),COLUMN())=0,0,INDEX(generale!$A$16:$G$4963,MATCH(NGG!$A387,generale!$A$16:$A$4963,0),COLUMN()))","v":3},{"$f":"IF(INDEX(generale!$A$16:$G$4963,MATCH(NGG!$A387,generale!$A$16:$A$4963,0),COLUMN())=0,0,INDEX(generale!$A$16:$G$4963,MATCH(NGG!$A387,generale!$A$16:$A$4963,0),COLUMN()))","v":7},{"$f":"IF(INDEX(generale!$A$16:$G$4963,MATCH(NGG!$A387,generale!$A$16:$A$4963,0),COLUMN())=0,0,INDEX(generale!$A$16:$G$4963,MATCH(NGG!$A387,generale!$A$16:$A$4963,0),COLUMN()))","v":13},{"$f":"IF(INDEX(generale!$A$16:$G$4963,MATCH(NGG!$A387,generale!$A$16:$A$4963,0),COLUMN())=0,0,INDEX(generale!$A$16:$G$4963,MATCH(NGG!$A387,generale!$A$16:$A$4963,0),COLUMN()))","v":17},{"$f":"IF(INDEX(generale!$A$16:$G$4963,MATCH(NGG!$A387,generale!$A$16:$A$4963,0),COLUMN())=0,0,INDEX(generale!$A$16:$G$4963,MATCH(NGG!$A387,generale!$A$16:$A$4963,0),COLUMN()))","v":9},{"$f":"generale!G397","v":"T"},12,6,0,8,24,1,7,4,9,10,2,62,3,17,31,14,{"$f":"IF(COUNTIF($B387:$D387,0)<3,IF(LEN(SUBSTITUTE(SUBSTITUTE($B387,X$1,,1),,1))=0,0,X386+1-AS387),\"\")","v":10},6,3,1,null,null,null,null,null,null,null,null,null,null,null,null,null,null,null,null,null,1,1,1,1,16,null,18]
[{"$f":"IF(generale!$A398>0,generale!$A398,\"\")","v":"2006-01-22"},{"$f":"IF(INDEX(generale!$A$16:$G$4963,MATCH(NGG!$A388,generale!$A$16:$A$4963,0),COLUMN())=0,0,INDEX(generale!$A$16:$G$4963,MATCH(NGG!$A388,generale!$A$16:$A$4963,0),COLUMN()))","v":20},{"$f":"IF(INDEX(generale!$A$16:$G$4963,MATCH(NGG!$A388,generale!$A$16:$A$4963,0),COLUMN())=0,0,INDEX(generale!$A$16:$G$4963,MATCH(NGG!$A388,generale!$A$16:$A$4963,0),COLUMN()))","v":18},{"$f":"IF(INDEX(generale!$A$16:$G$4963,MATCH(NGG!$A388,generale!$A$16:$A$4963,0),COLUMN())=0,0,INDEX(generale!$A$16:$G$4963,MATCH(NGG!$A388,generale!$A$16:$A$4963,0),COLUMN()))","v":15},{"$f":"IF(INDEX(generale!$A$16:$G$4963,MATCH(NGG!$A388,generale!$A$16:$A$4963,0),COLUMN())=0,0,INDEX(generale!$A$16:$G$4963,MATCH(NGG!$A388,generale!$A$16:$A$4963,0),COLUMN()))","v":11},{"$f":"IF(INDEX(generale!$A$16:$G$4963,MATCH(NGG!$A388,generale!$A$16:$A$4963,0),COLUMN())=0,0,INDEX(generale!$A$16:$G$4963,MATCH(NGG!$A388,generale!$A$16:$A$4963,0),COLUMN()))","v":5},{"$f":"generale!G398","v":"T"},{"$f":"IF(COUNTIF($B388:$D388,0)<3,IF(LEN(SUBSTITUTE(SUBSTITUTE($B388,H$1,,1),,1))=0,0,H387+1-AC388),\"\")","v":13},7,1,9,25,2,8,5,10,11,3,63,4,18,32,14,11,7,4,0,null,null,null,null,null,null,null,null,null,null,null,null,null,null,null,null,1,null,null,null,null,19,null,20]
[{"$f":"IF(generale!$A399>0,generale!$A399,\"\")","v":"2006-01-23"},{"$f":"IF(INDEX(generale!$A$16:$G$4963,MATCH(NGG!$A389,generale!$A$16:$A$4963,0),COLUMN())=0,0,INDEX(generale!$A$16:$G$4963,MATCH(NGG!$A389,generale!$A$16:$A$4963,0),COLUMN()))","v":4},{"$f":"IF(INDEX(generale!$A$16:$G$4963,MATCH(NGG!$A389,generale!$A$16:$A$4963,0),COLUMN())=0,0,INDEX(generale!$A$16:$G$4963,MATCH(NGG!$A389,generale!$A$16:$A$4963,0),COLUMN()))","v":14},{"$f":"IF(INDEX(generale!$A$16:$G$4963,MATCH(NGG!$A389,generale!$A$16:$A$4963,0),COLUMN())=0,0,INDEX(generale!$A$16:$G$4963,MATCH(NGG!$A389,generale!$A$16:$A$4963,0),COLUMN()))","v":8},{"$f":"IF(INDEX(generale!$A$16:$G$4963,MATCH(NGG!$A389,generale!$A$16:$A$4963,0),COLUMN())=0,0,INDEX(generale!$A$16:$G$4963,MATCH(NGG!$A389,generale!$A$16:$A$4963,0),COLUMN()))","v":1},{"$f":"IF(INDEX(generale!$A$16:$G$4963,MATCH(NGG!$A389,generale!$A$16:$A$4963,0),COLUMN())=0,0,INDEX(generale!$A$16:$G$4963,MATCH(NGG!$A389,generale!$A$16:$A$4963,0),COLUMN()))","v":12},{"$f":"generale!G399","v":"P"},14,8,2,0,26,3,9,6,11,12,4,64,5,19,33,15,12,8,4,0,null,null,null,null,null,null,null,null,null,null,null,null,null,null,null,null,null,null,null,1,1,18,null,18]
[{"$f":"IF(generale!$A400>0,generale!$A400,\"\")","v":"2006-01-24"},{"$f":"IF(INDEX(generale!$A$16:$G$4963,MATCH(NGG!$A390,generale!$A$16:$A$4963,0),COLUMN())=0,0,INDEX(generale!$A$16:$G$4963,MATCH(NGG!$A390,generale!$A$16:$A$4963,0),COLUMN()))","v":3},{"$f":"IF(INDEX(generale!$A$16:$G$4963,MATCH(NGG!$A390,generale!$A$16:$A$4963,0),COLUMN())=0,0,INDEX(generale!$A$16:$G$4963,MATCH(NGG!$A390,generale!$A$16:$A$4963,0),COLUMN()))","v":13},{"$f":"IF(INDEX(generale!$A$16:$G$4963,MATCH(NGG!$A390,generale!$A$16:$A$4963,0),COLUMN())=0,0,INDEX(generale!$A$16:$G$4963,MATCH(NGG!$A390,generale!$A$16:$A$4963,0),COLUMN()))","v":12},{"$f":"IF(INDEX(generale!$A$16:$G$4963,MATCH(NGG!$A390,generale!$A$16:$A$4963,0),COLUMN())=0,0,INDEX(generale!$A$16:$G$4963,MATCH(NGG!$A390,generale!$A$16:$A$4963,0),COLUMN()))","v":6},{"$f":"IF(INDEX(generale!$A$16:$G$4963,MATCH(NGG!$A390,generale!$A$16:$A$4963,0),COLUMN())=0,0,INDEX(generale!$A$16:$G$4963,MATCH(NGG!$A390,generale!$A$16:$A$4963,0),COLUMN()))","v":4},{"$f":"generale!G400","v":"T"},15,9,0,1,27,4,10,7,11,13,5,65,6,20,34,16,13,9,4,0,null,null,null,null,null,null,null,null,null,1,null,null,null,null,null,null,null,null,null,1,1,17,null,15]
[{"$f":"IF(generale!$A401>0,generale!$A401,\"\")","v":"2006-01-25"},{"$f":"IF(INDEX(generale!$A$16:$G$4963,MATCH(NGG!$A391,generale!$A$16:$A$4963,0),COLUMN())=0,0,INDEX(generale!$A$16:$G$4963,MATCH(NGG!$A391,generale!$A$16:$A$4963,0),COLUMN()))","v":1},{"$f":"IF(INDEX(generale!$A$16:$G$4963,MATCH(NGG!$A391,generale!$A$16:$A$4963,0),COLUMN())=0,0,INDEX(generale!$A$16:$G$4963,MATCH(NGG!$A391,generale!$A$16:$A$4963,0),COLUMN()))","v":9},{"$f":"IF(INDEX(generale!$A$16:$G$4963,MATCH(NGG!$A391,generale!$A$16:$A$4963,0),COLUMN())=0,0,INDEX(generale!$A$16:$G$4963,MATCH(NGG!$A391,generale!$A$16:$A$4963,0),COLUMN()))","v":6},{"$f":"IF(INDEX(generale!$A$16:$G$4963,MATCH(NGG!$A391,generale!$A$16:$A$4963,0),COLUMN())=0,0,INDEX(generale!$A$16:$G$4963,MATCH(NGG!$A391,generale!$A$16:$A$4963,0),COLUMN()))","v":7},{"$f":"IF(INDEX(generale!$A$16:$G$4963,MATCH(NGG!$A391,generale!$A$16:$A$4963,0),COLUMN())=0,0,INDEX(generale!$A$16:$G$4963,MATCH(NGG!$A391,generale!$A$16:$A$4963,0),COLUMN()))","v":14},{"$f":"generale!G401","v":"P"},0,10,1,2,28,5,11,8,12,14,6,66,7,21,35,17,14,10,5,0,null,null,null,null,null,null,null,null,null,null,null,null,null,null,null,null,null,null,null,null,1,19,null,18]
[{"$f":"IF(generale!$A402>0,generale!$A402,\"\")","v":"2006-01-26"},{"$f":"IF(INDEX(generale!$A$16:$G$4963,MATCH(NGG!$A392,generale!$A$16:$A$4963,0),COLUMN())=0,0,INDEX(generale!$A$16:$G$4963,MATCH(NGG!$A392,generale!$A$16:$A$4963,0),COLUMN()))","v":15},{"$f":"IF(INDEX(generale!$A$16:$G$4963,MATCH(NGG!$A392,generale!$A$16:$A$4963,0),COLUMN())=0,0,INDEX(generale!$A$16:$G$4963,MATCH(NGG!$A392,generale!$A$16:$A$4963,0),COLUMN()))","v":7},{"$f":"IF(INDEX(generale!$A$16:$G$4963,MATCH(NGG!$A392,generale!$A$16:$A$4963,0),COLUMN())=0,0,INDEX(generale!$A$16:$G$4963,MATCH(NGG!$A392,generale!$A$16:$A$4963,0),COLUMN()))","v":12},{"$f":"IF(INDEX(generale!$A$16:$G$4963,MATCH(NGG!$A392,generale!$A$16:$A$4963,0),COLUMN())=0,0,INDEX(generale!$A$16:$G$4963,MATCH(NGG!$A392,generale!$A$16:$A$4963,0),COLUMN()))","v":8},{"$f":"IF(INDEX(generale!$A$16:$G$4963,MATCH(NGG!$A392,generale!$A$16:$A$4963,0),COLUMN())=0,0,INDEX(generale!$A$16:$G$4963,MATCH(NGG!$A392,generale!$A$16:$A$4963,0),COLUMN()))","v":18},{"$f":"generale!G402","v":"T"},1,11,2,3,29,6,12,9,13,15,7,67,8,22,0,18,15,11,5,0,null,null,null,null,null,null,null,null,null,null,null,null,null,null,null,null,null,null,null,1,1,18,null,16]
[{"$f":"IF(generale!$A403>0,generale!$A403,\"\")","v":"2006-01-27"},{"$f":"IF(INDEX(generale!$A$16:$G$4963,MATCH(NGG!$A393,generale!$A$16:$A$4963,0),COLUMN())=0,0,INDEX(generale!$A$16:$G$4963,MATCH(NGG!$A393,generale!$A$16:$A$4963,0),COLUMN()))","v":13},{"$f":"IF(INDEX(generale!$A$16:$G$4963,MATCH(NGG!$A393,generale!$A$16:$A$4963,0),COLUMN())=0,0,INDEX(generale!$A$16:$G$4963,MATCH(NGG!$A393,generale!$A$16:$A$4963,0),COLUMN()))","v":17},{"$f":"IF(INDEX(generale!$A$16:$G$4963,MATCH(NGG!$A393,generale!$A$16:$A$4963,0),COLUMN())=0,0,INDEX(generale!$A$16:$G$4963,MATCH(NGG!$A393,generale!$A$16:$A$4963,0),COLUMN()))","v":3},{"$f":"IF(INDEX(generale!$A$16:$G$4963,MATCH(NGG!$A393,generale!$A$16:$A$4963,0),COLUMN())=0,0,INDEX(generale!$A$16:$G$4963,MATCH(NGG!$A393,generale!$A$16:$A$4963,0),COLUMN()))","v":2},{"$f":"IF(INDEX(generale!$A$16:$G$4963,MATCH(NGG!$A393,generale!$A$16:$A$4963,0),COLUMN())=0,0,INDEX(generale!$A$16:$G$4963,MATCH(NGG!$A393,generale!$A$16:$A$4963,0),COLUMN()))","v":5},{"$f":"generale!G403","v":"T"},2,12,3,4,30,7,13,10,14,16,8,68,0,23,1,19,16,12,5,0,null,null,null,null,null,null,null,null,null,null,null,null,null,null,null,null,null,null,null,1,1,18,null,17]
[{"$f":"IF(generale!$A404>0,generale!$A404,\"\")","v":"2006-01-28"},{"$f":"IF(INDEX(generale!$A$16:$G$4963,MATCH(NGG!$A394,generale!$A$16:$A$4963,0),COLUMN())=0,0,INDEX(generale!$A$16:$G$4963,MATCH(NGG!$A394,generale!$A$16:$A$4963,0),COLUMN()))","v":4},{"$f":"IF(INDEX(generale!$A$16:$G$4963,MATCH(NGG!$A394,generale!$A$16:$A$4963,0),COLUMN())=0,0,INDEX(generale!$A$16:$G$4963,MATCH(NGG!$A394,generale!$A$16:$A$4963,0),COLUMN()))","v":13},{"$f":"IF(INDEX(generale!$A$16:$G$4963,MATCH(NGG!$A394,generale!$A$16:$A$4963,0),COLUMN())=0,0,INDEX(generale!$A$16:$G$4963,MATCH(NGG!$A394,generale!$A$16:$A$4963,0),COLUMN()))","v":6},{"$f":"IF(INDEX(generale!$A$16:$G$4963,MATCH(NGG!$A394,generale!$A$16:$A$4963,0),COLUMN())=0,0,INDEX(generale!$A$16:$G$4963,MATCH(NGG!$A394,generale!$A$16:$A$4963,0),COLUMN()))","v":7},{"$f":"IF(INDEX(generale!$A$16:$G$4963,MATCH(NGG!$A394,generale!$A$16:$A$4963,0),COLUMN())=0,0,INDEX(generale!$A$16:$G$4963,MATCH(NGG!$A394,generale!$A$16:$A$4963,0),COLUMN()))","v":8},{"$f":"generale!G404","v":"T"},3,13,4,0,31,8,14,11,15,17,9,69,1,24,2,19,16,12,5,0,null,null,null,null,null,null,null,null,null,null,null,null,null,null,null,null,1,1,1,1,1,15,null,15]
[{"$f":"IF(generale!$A405>0,generale!$A405,\"\")","v":"2006-01-29"},{"$f":"IF(INDEX(generale!$A$16:$G$4963,MATCH(NGG!$A395,generale!$A$16:$A$4963,0),COLUMN())=0,0,INDEX(generale!$A$16:$G$4963,MATCH(NGG!$A395,generale!$A$16:$A$4963,0),COLUMN()))","v":18},{"$f":"IF(INDEX(generale!$A$16:$G$4963,MATCH(NGG!$A395,generale!$A$16:$A$4963,0),COLUMN())=0,0,INDEX(generale!$A$16:$G$4963,MATCH(NGG!$A395,generale!$A$16:$A$4963,0),COLUMN()))","v":16},{"$f":"IF(INDEX(generale!$A$16:$G$4963,MATCH(NGG!$A395,generale!$A$16:$A$4963,0),COLUMN())=0,0,INDEX(generale!$A$16:$G$4963,MATCH(NGG!$A395,generale!$A$16:$A$4963,0),COLUMN()))","v":13},{"$f":"IF(INDEX(generale!$A$16:$G$4963,MATCH(NGG!$A395,generale!$A$16:$A$4963,0),COLUMN())=0,0,INDEX(generale!$A$16:$G$4963,MATCH(NGG!$A395,generale!$A$16:$A$4963,0),COLUMN()))","v":8},{"$f":"IF(INDEX(generale!$A$16:$G$4963,MATCH(NGG!$A395,generale!$A$16:$A$4963,0),COLUMN())=0,0,INDEX(generale!$A$16:$G$4963,MATCH(NGG!$A395,generale!$A$16:$A$4963,0),COLUMN()))","v":3},{"$f":"generale!G405","v":"T"},4,14,5,1,32,9,15,12,16,18,10,70,2,25,3,20,17,0,5,0,null,null,null,null,null,null,null,null,null,null,null,null,null,null,null,null,null,null,null,1,1,18,null,17]
[{"$f":"IF(generale!$A406>0,generale!$A406,\"\")","v":"2006-01-30"},{"$f":"IF(INDEX(generale!$A$16:$G$4963,MATCH(NGG!$A396,generale!$A$16:$A$4963,0),COLUMN())=0,0,INDEX(generale!$A$16:$G$4963,MATCH(NGG!$A396,generale!$A$16:$A$4963,0),COLUMN()))","v":15},{"$f":"IF(INDEX(generale!$A$16:$G$4963,MATCH(NGG!$A396,generale!$A$16:$A$4963,0),COLUMN())=0,0,INDEX(generale!$A$16:$G$4963,MATCH(NGG!$A396,generale!$A$16:$A$4963,0),COLUMN()))","v":9},{"$f":"IF(INDEX(generale!$A$16:$G$4963,MATCH(NGG!$A396,generale!$A$16:$A$4963,0),COLUMN())=0,0,INDEX(generale!$A$16:$G$4963,MATCH(NGG!$A396,generale!$A$16:$A$4963,0),COLUMN()))","v":2},{"$f":"IF(INDEX(generale!$A$16:$G$4963,MATCH(NGG!$A396,generale!$A$16:$A$4963,0),COLUMN())=0,0,INDEX(generale!$A$16:$G$4963,MATCH(NGG!$A396,generale!$A$16:$A$4963,0),COLUMN()))","v":18},{"$f":"IF(INDEX(generale!$A$16:$G$4963,MATCH(NGG!$A396,generale!$A$16:$A$4963,0),COLUMN())=0,0,INDEX(generale!$A$16:$G$4963,MATCH(NGG!$A396,generale!$A$16:$A$4963,0),COLUMN()))","v":10},{"$f":"generale!G406","v":"T"},5,15,6,2,33,10,16,13,17,19,11,71,3,26,0,21,18,1,6,1,null,null,null,null,null,null,null,null,null,null,null,null,null,null,null,null,null,null,null,null,null,20,null,18]
[{"$f":"IF(generale!$A407>0,generale!$A407,\"\")","v":"2006-01-31"},{"$f":"IF(INDEX(generale!$A$16:$G$4963,MATCH(NGG!$A397,generale!$A$16:$A$4963,0),COLUMN())=0,0,INDEX(generale!$A$16:$G$4963,MATCH(NGG!$A397,generale!$A$16:$A$4963,0),COLUMN()))","v":13},{"$f":"IF(INDEX(generale!$A$16:$G$4963,MATCH(NGG!$A397,generale!$A$16:$A$4963,0),COLUMN())=0,0,INDEX(generale!$A$16:$G$4963,MATCH(NGG!$A397,generale!$A$16:$A$4963,0),COLUMN()))","v":7},{"$f":"IF(INDEX(generale!$A$16:$G$4963,MATCH(NGG!$A397,generale!$A$16:$A$4963,0),COLUMN())=0,0,INDEX(generale!$A$16:$G$4963,MATCH(NGG!$A397,generale!$A$16:$A$4963,0),COLUMN()))","v":10},{"$f":"IF(INDEX(generale!$A$16:$G$4963,MATCH(NGG!$A397,generale!$A$16:$A$4963,0),COLUMN())=0,0,INDEX(generale!$A$16:$G$4963,MATCH(NGG!$A397,generale!$A$16:$A$4963,0),COLUMN()))","v":8},{"$f":"IF(INDEX(generale!$A$16:$G$4963,MATCH(NGG!$A397,generale!$A$16:$A$4963,0),COLUMN())=0,0,INDEX(generale!$A$16:$G$4963,MATCH(NGG!$A397,generale!$A$16:$A$4963,0),COLUMN()))","v":12},{"$f":"generale!G407","v":"T"},6,16,7,3,34,11,17,14,18,20,12,72,0,27,0,21,18,1,6,1,null,null,null,null,null,null,null,null,null,null,null,null,null,null,null,1,1,1,1,1,1,14,null,14]
[{"$f":"IF(generale!$A408>0,generale!$A408,\"\")","v":"2006-02-01"},{"$f":"IF(INDEX(generale!$A$16:$G$4963,MATCH(NGG!$A398,generale!$A$16:$A$4963,0),COLUMN())=0,0,INDEX(generale!$A$16:$G$4963,MATCH(NGG!$A398,generale!$A$16:$A$4963,0),COLUMN()))","v":16},{"$f":"IF(INDEX(generale!$A$16:$G$4963,MATCH(NGG!$A398,generale!$A$16:$A$4963,0),COLUMN())=0,0,INDEX(generale!$A$16:$G$4963,MATCH(NGG!$A398,generale!$A$16:$A$4963,0),COLUMN()))","v":2},{"$f":"IF(INDEX(generale!$A$16:$G$4963,MATCH(NGG!$A398,generale!$A$16:$A$4963,0),COLUMN())=0,0,INDEX(generale!$A$16:$G$4963,MATCH(NGG!$A398,generale!$A$16:$A$4963,0),COLUMN()))","v":13},{"$f":"IF(INDEX(generale!$A$16:$G$4963,MATCH(NGG!$A398,generale!$A$16:$A$4963,0),COLUMN())=0,0,INDEX(generale!$A$16:$G$4963,MATCH(NGG!$A398,generale!$A$16:$A$4963,0),COLUMN()))","v":3},{"$f":"IF(INDEX(generale!$A$16:$G$4963,MATCH(NGG!$A398,generale!$A$16:$A$4963,0),COLUMN())=0,0,INDEX(generale!$A$16:$G$4963,MATCH(NGG!$A398,generale!$A$16:$A$4963,0),COLUMN()))","v":1},{"$f":"generale!G408","v":"P"},7,17,8,4,35,12,18,15,19,21,13,73,1,28,1,0,19,2,7,1,null,null,null,null,null,null,null,null,null,null,null,null,null,null,null,null,null,null,null,null,1,{"$f":"IF(A398<>\"\",20-SUM(AC398:AV398),\"\")","v":19},null,18]
[{"$f":"IF(generale!$A409>0,generale!$A409,\"\")","v":"2006-02-02"},{"$f":"IF(INDEX(generale!$A$16:$G$4963,MATCH(NGG!$A399,generale!$A$16:$A$4963,0),COLUMN())=0,0,INDEX(generale!$A$16:$G$4963,MATCH(NGG!$A399,generale!$A$16:$A$4963,0),COLUMN()))","v":19},{"$f":"IF(INDEX(generale!$A$16:$G$4963,MATCH(NGG!$A399,generale!$A$16:$A$4963,0),COLUMN())=0,0,INDEX(generale!$A$16:$G$4963,MATCH(NGG!$A399,generale!$A$16:$A$4963,0),COLUMN()))","v":18},{"$f":"IF(INDEX(generale!$A$16:$G$4963,MATCH(NGG!$A399,generale!$A$16:$A$4963,0),COLUMN())=0,0,INDEX(generale!$A$16:$G$4963,MATCH(NGG!$A399,generale!$A$16:$A$4963,0),COLUMN()))","v":2},{"$f":"IF(INDEX(generale!$A$16:$G$4963,MATCH(NGG!$A399,generale!$A$16:$A$4963,0),COLUMN())=0,0,INDEX(generale!$A$16:$G$4963,MATCH(NGG!$A399,generale!$A$16:$A$4963,0),COLUMN()))","v":17},{"$f":"IF(INDEX(generale!$A$16:$G$4963,MATCH(NGG!$A399,generale!$A$16:$A$4963,0),COLUMN())=0,0,INDEX(generale!$A$16:$G$4963,MATCH(NGG!$A399,generale!$A$16:$A$4963,0),COLUMN()))","v":8},{"$f":"generale!G409","v":"T"},8,18,9,5,36,13,19,16,20,22,14,74,2,29,2,1,20,3,0,2,null,null,null,null,null,null,null,null,null,null,null,null,null,null,null,null,null,null,null,null,null,{"$f":"IF(A399<>\"\",20-SUM(AC399:AV399),\"\")","v":20},null,20]
[{"$f":"IF(generale!$A410>0,generale!$A410,\"\")","v":"2006-02-03"},{"$f":"IF(INDEX(generale!$A$16:$G$4963,MATCH(NGG!$A400,generale!$A$16:$A$4963,0),COLUMN())=0,0,INDEX(generale!$A$16:$G$4963,MATCH(NGG!$A400,generale!$A$16:$A$4963,0),COLUMN()))","v":5},{"$f":"IF(INDEX(generale!$A$16:$G$4963,MATCH(NGG!$A400,generale!$A$16:$A$4963,0),COLUMN())=0,0,INDEX(generale!$A$16:$G$4963,MATCH(NGG!$A400,generale!$A$16:$A$4963,0),COLUMN()))","v":10},{"$f":"IF(INDEX(generale!$A$16:$G$4963,MATCH(NGG!$A400,generale!$A$16:$A$4963,0),COLUMN())=0,0,INDEX(generale!$A$16:$G$4963,MATCH(NGG!$A400,generale!$A$16:$A$4963,0),COLUMN()))","v":6},{"$f":"IF(INDEX(generale!$A$16:$G$4963,MATCH(NGG!$A400,generale!$A$16:$A$4963,0),COLUMN())=0,0,INDEX(generale!$A$16:$G$4963,MATCH(NGG!$A400,generale!$A$16:$A$4963,0),COLUMN()))","v":12},{"$f":"IF(INDEX(generale!$A$16:$G$4963,MATCH(NGG!$A400,generale!$A$16:$A$4963,0),COLUMN())=0,0,INDEX(generale!$A$16:$G$4963,MATCH(NGG!$A400,generale!$A$16:$A$4963,0),COLUMN()))","v":15},{"$f":"generale!G410","v":"O"},9,19,10,6,0,14,20,17,21,23,15,75,3,30,3,2,21,3,0,2,null,null,null,null,null,null,null,null,null,null,null,null,null,null,null,null,null,null,1,1,1,17,null,17]
[{"$f":"IF(generale!$A411>0,generale!$A411,\"\")","v":"2006-02-04"},{"$f":"IF(INDEX(generale!$A$16:$G$4963,MATCH(NGG!$A401,generale!$A$16:$A$4963,0),COLUMN())=0,0,INDEX(generale!$A$16:$G$4963,MATCH(NGG!$A401,generale!$A$16:$A$4963,0),COLUMN()))","v":6},{"$f":"IF(INDEX(generale!$A$16:$G$4963,MATCH(NGG!$A401,generale!$A$16:$A$4963,0),COLUMN())=0,0,INDEX(generale!$A$16:$G$4963,MATCH(NGG!$A401,generale!$A$16:$A$4963,0),COLUMN()))","v":20},{"$f":"IF(INDEX(generale!$A$16:$G$4963,MATCH(NGG!$A401,generale!$A$16:$A$4963,0),COLUMN())=0,0,INDEX(generale!$A$16:$G$4963,MATCH(NGG!$A401,generale!$A$16:$A$4963,0),COLUMN()))","v":14},{"$f":"IF(INDEX(generale!$A$16:$G$4963,MATCH(NGG!$A401,generale!$A$16:$A$4963,0),COLUMN())=0,0,INDEX(generale!$A$16:$G$4963,MATCH(NGG!$A401,generale!$A$16:$A$4963,0),COLUMN()))","v":10},{"$f":"IF(INDEX(generale!$A$16:$G$4963,MATCH(NGG!$A401,generale!$A$16:$A$4963,0),COLUMN())=0,0,INDEX(generale!$A$16:$G$4963,MATCH(NGG!$A401,generale!$A$16:$A$4963,0),COLUMN()))","v":16},{"$f":"generale!G411","v":"T"},10,20,11,7,1,0,21,18,22,24,16,76,4,31,4,3,22,3,0,2,null,null,null,null,null,null,null,null,null,null,null,null,null,null,null,null,null,null,1,1,1,17,null,20]
[{"$f":"IF(generale!$A412>0,generale!$A412,\"\")","v":"2006-02-05"},{"$f":"IF(INDEX(generale!$A$16:$G$4963,MATCH(NGG!$A402,generale!$A$16:$A$4963,0),COLUMN())=0,0,INDEX(generale!$A$16:$G$4963,MATCH(NGG!$A402,generale!$A$16:$A$4963,0),COLUMN()))","v":11},{"$f":"IF(INDEX(generale!$A$16:$G$4963,MATCH(NGG!$A402,generale!$A$16:$A$4963,0),COLUMN())=0,0,INDEX(generale!$A$16:$G$4963,MATCH(NGG!$A402,generale!$A$16:$A$4963,0),COLUMN()))","v":7},{"$f":"IF(INDEX(generale!$A$16:$G$4963,MATCH(NGG!$A402,generale!$A$16:$A$4963,0),COLUMN())=0,0,INDEX(generale!$A$16:$G$4963,MATCH(NGG!$A402,generale!$A$16:$A$4963,0),COLUMN()))","v":8},{"$f":"IF(INDEX(generale!$A$16:$G$4963,MATCH(NGG!$A402,generale!$A$16:$A$4963,0),COLUMN())=0,0,INDEX(generale!$A$16:$G$4963,MATCH(NGG!$A402,generale!$A$16:$A$4963,0),COLUMN()))","v":12},{"$f":"IF(INDEX(generale!$A$16:$G$4963,MATCH(NGG!$A402,generale!$A$16:$A$4963,0),COLUMN())=0,0,INDEX(generale!$A$16:$G$4963,MATCH(NGG!$A402,generale!$A$16:$A$4963,0),COLUMN()))","v":5},{"$f":"generale!G412","v":"T"},11,21,12,8,2,1,22,19,23,25,0,77,5,32,5,4,23,3,0,2,null,null,null,null,null,null,null,null,null,null,null,null,null,null,null,null,null,null,1,1,1,17,null,14]
[{"$f":"IF(generale!$A413>0,generale!$A413,\"\")","v":"2006-02-06"},{"$f":"IF(INDEX(generale!$A$16:$G$4963,MATCH(NGG!$A403,generale!$A$16:$A$4963,0),COLUMN())=0,0,INDEX(generale!$A$16:$G$4963,MATCH(NGG!$A403,generale!$A$16:$A$4963,0),COLUMN()))","v":16},{"$f":"IF(INDEX(generale!$A$16:$G$4963,MATCH(NGG!$A403,generale!$A$16:$A$4963,0),COLUMN())=0,0,INDEX(generale!$A$16:$G$4963,MATCH(NGG!$A403,generale!$A$16:$A$4963,0),COLUMN()))","v":4},{"$f":"IF(INDEX(generale!$A$16:$G$4963,MATCH(NGG!$A403,generale!$A$16:$A$4963,0),COLUMN())=0,0,INDEX(generale!$A$16:$G$4963,MATCH(NGG!$A403,generale!$A$16:$A$4963,0),COLUMN()))","v":13},{"$f":"IF(INDEX(generale!$A$16:$G$4963,MATCH(NGG!$A403,generale!$A$16:$A$4963,0),COLUMN())=0,0,INDEX(generale!$A$16:$G$4963,MATCH(NGG!$A403,generale!$A$16:$A$4963,0),COLUMN()))","v":10},{"$f":"IF(INDEX(generale!$A$16:$G$4963,MATCH(NGG!$A403,generale!$A$16:$A$4963,0),COLUMN())=0,0,INDEX(generale!$A$16:$G$4963,MATCH(NGG!$A403,generale!$A$16:$A$4963,0),COLUMN()))","v":3},{"$f":"generale!G413","v":"T"},12,22,13,9,3,2,23,20,24,26,1,78,6,33,5,{"$f":"IF(COUNTIF($B403:$D403,0)<3,IF(LEN(SUBSTITUTE(SUBSTITUTE($B403,W$1,,1),,1))=0,0,W402+1-AR403),\"\")","v":0},23,3,0,2,null,null,null,null,null,null,null,null,null,null,null,null,null,null,null,1,1,1,1,1,1,14,null,16]
[{"$f":"IF(generale!$A414>0,generale!$A414,\"\")","v":"2006-02-07"},{"$f":"IF(INDEX(generale!$A$16:$G$4963,MATCH(NGG!$A404,generale!$A$16:$A$4963,0),COLUMN())=0,0,INDEX(generale!$A$16:$G$4963,MATCH(NGG!$A404,generale!$A$16:$A$4963,0),COLUMN()))","v":9},{"$f":"IF(INDEX(generale!$A$16:$G$4963,MATCH(NGG!$A404,generale!$A$16:$A$4963,0),COLUMN())=0,0,INDEX(generale!$A$16:$G$4963,MATCH(NGG!$A404,generale!$A$16:$A$4963,0),COLUMN()))","v":12},{"$f":"IF(INDEX(generale!$A$16:$G$4963,MATCH(NGG!$A404,generale!$A$16:$A$4963,0),COLUMN())=0,0,INDEX(generale!$A$16:$G$4963,MATCH(NGG!$A404,generale!$A$16:$A$4963,0),COLUMN()))","v":14},{"$f":"IF(INDEX(generale!$A$16:$G$4963,MATCH(NGG!$A404,generale!$A$16:$A$4963,0),COLUMN())=0,0,INDEX(generale!$A$16:$G$4963,MATCH(NGG!$A404,generale!$A$16:$A$4963,0),COLUMN()))","v":4},{"$f":"IF(INDEX(generale!$A$16:$G$4963,MATCH(NGG!$A404,generale!$A$16:$A$4963,0),COLUMN())=0,0,INDEX(generale!$A$16:$G$4963,MATCH(NGG!$A404,generale!$A$16:$A$4963,0),COLUMN()))","v":16},{"$f":"generale!G414","v":"T"},{"$f":"IF(COUNTIF($B404:$D404,0)<3,IF(LEN(SUBSTITUTE(SUBSTITUTE($B404,H$1,,1),,1))=0,0,H403+1-AC404),\"\")","v":13},23,14,9,4,3,24,21,0,27,2,79,7,34,5,0,23,3,0,2,null,null,null,null,1,null,null,null,null,null,null,null,null,null,null,1,1,1,1,1,1,13,null,18]
[{"$f":"IF(generale!$A415>0,generale!$A415,\"\")","v":"2006-02-08"},{"$f":"IF(INDEX(generale!$A$16:$G$4963,MATCH(NGG!$A405,generale!$A$16:$A$4963,0),COLUMN())=0,0,INDEX(generale!$A$16:$G$4963,MATCH(NGG!$A405,generale!$A$16:$A$4963,0),COLUMN()))","v":13},{"$f":"IF(INDEX(generale!$A$16:$G$4963,MATCH(NGG!$A405,generale!$A$16:$A$4963,0),COLUMN())=0,0,INDEX(generale!$A$16:$G$4963,MATCH(NGG!$A405,generale!$A$16:$A$4963,0),COLUMN()))","v":4},{"$f":"IF(INDEX(generale!$A$16:$G$4963,MATCH(NGG!$A405,generale!$A$16:$A$4963,0),COLUMN())=0,0,INDEX(generale!$A$16:$G$4963,MATCH(NGG!$A405,generale!$A$16:$A$4963,0),COLUMN()))","v":12},{"$f":"IF(INDEX(generale!$A$16:$G$4963,MATCH(NGG!$A405,generale!$A$16:$A$4963,0),COLUMN())=0,0,INDEX(generale!$A$16:$G$4963,MATCH(NGG!$A405,generale!$A$16:$A$4963,0),COLUMN()))","v":18},{"$f":"IF(INDEX(generale!$A$16:$G$4963,MATCH(NGG!$A405,generale!$A$16:$A$4963,0),COLUMN())=0,0,INDEX(generale!$A$16:$G$4963,MATCH(NGG!$A405,generale!$A$16:$A$4963,0),COLUMN()))","v":10},{"$f":"generale!G415","v":"T"},14,24,15,10,5,4,25,22,1,28,3,80,0,35,6,0,23,3,0,2,null,null,null,null,null,null,null,null,null,null,null,null,null,null,null,null,1,1,1,1,1,15,null,18]
[{"$f":"IF(generale!$A416>0,generale!$A416,\"\")","v":"2006-02-09"},{"$f":"IF(INDEX(generale!$A$16:$G$4963,MATCH(NGG!$A406,generale!$A$16:$A$4963,0),COLUMN())=0,0,INDEX(generale!$A$16:$G$4963,MATCH(NGG!$A406,generale!$A$16:$A$4963,0),COLUMN()))","v":14},{"$f":"IF(INDEX(generale!$A$16:$G$4963,MATCH(NGG!$A406,generale!$A$16:$A$4963,0),COLUMN())=0,0,INDEX(generale!$A$16:$G$4963,MATCH(NGG!$A406,generale!$A$16:$A$4963,0),COLUMN()))","v":15},{"$f":"IF(INDEX(generale!$A$16:$G$4963,MATCH(NGG!$A406,generale!$A$16:$A$4963,0),COLUMN())=0,0,INDEX(generale!$A$16:$G$4963,MATCH(NGG!$A406,generale!$A$16:$A$4963,0),COLUMN()))","v":9},{"$f":"IF(INDEX(generale!$A$16:$G$4963,MATCH(NGG!$A406,generale!$A$16:$A$4963,0),COLUMN())=0,0,INDEX(generale!$A$16:$G$4963,MATCH(NGG!$A406,generale!$A$16:$A$4963,0),COLUMN()))","v":8},{"$f":"IF(INDEX(generale!$A$16:$G$4963,MATCH(NGG!$A406,generale!$A$16:$A$4963,0),COLUMN())=0,0,INDEX(generale!$A$16:$G$4963,MATCH(NGG!$A406,generale!$A$16:$A$4963,0),COLUMN()))","v":2},{"$f":"generale!G416","v":"T"},15,25,16,11,6,5,26,23,2,29,4,81,1,0,6,0,23,3,0,2,null,null,null,null,null,null,null,null,null,null,null,null,null,null,1,1,1,1,1,1,1,13,null,18]
[{"$f":"IF(generale!$A417>0,generale!$A417,\"\")","v":"2006-02-10"},{"$f":"IF(INDEX(generale!$A$16:$G$4963,MATCH(NGG!$A407,generale!$A$16:$A$4963,0),COLUMN())=0,0,INDEX(generale!$A$16:$G$4963,MATCH(NGG!$A407,generale!$A$16:$A$4963,0),COLUMN()))","v":3},{"$f":"IF(INDEX(generale!$A$16:$G$4963,MATCH(NGG!$A407,generale!$A$16:$A$4963,0),COLUMN())=0,0,INDEX(generale!$A$16:$G$4963,MATCH(NGG!$A407,generale!$A$16:$A$4963,0),COLUMN()))","v":11},{"$f":"IF(INDEX(generale!$A$16:$G$4963,MATCH(NGG!$A407,generale!$A$16:$A$4963,0),COLUMN())=0,0,INDEX(generale!$A$16:$G$4963,MATCH(NGG!$A407,generale!$A$16:$A$4963,0),COLUMN()))","v":13},{"$f":"IF(INDEX(generale!$A$16:$G$4963,MATCH(NGG!$A407,generale!$A$16:$A$4963,0),COLUMN())=0,0,INDEX(generale!$A$16:$G$4963,MATCH(NGG!$A407,generale!$A$16:$A$4963,0),COLUMN()))","v":2},{"$f":"IF(INDEX(generale!$A$16:$G$4963,MATCH(NGG!$A407,generale!$A$16:$A$4963,0),COLUMN())=0,0,INDEX(generale!$A$16:$G$4963,MATCH(NGG!$A407,generale!$A$16:$A$4963,0),COLUMN()))","v":5},{"$f":"generale!G417","v":"T"},16,26,0,12,7,6,27,24,2,30,5,82,2,1,7,1,24,3,0,2,null,null,null,null,null,null,null,null,null,1,null,null,null,null,null,null,null,null,1,1,1,16,null,15]
[{"$f":"IF(generale!$A418>0,generale!$A418,\"\")","v":"2006-02-11"},{"$f":"IF(INDEX(generale!$A$16:$G$4963,MATCH(NGG!$A408,generale!$A$16:$A$4963,0),COLUMN())=0,0,INDEX(generale!$A$16:$G$4963,MATCH(NGG!$A408,generale!$A$16:$A$4963,0),COLUMN()))","v":13},{"$f":"IF(INDEX(generale!$A$16:$G$4963,MATCH(NGG!$A408,generale!$A$16:$A$4963,0),COLUMN())=0,0,INDEX(generale!$A$16:$G$4963,MATCH(NGG!$A408,generale!$A$16:$A$4963,0),COLUMN()))","v":16},{"$f":"IF(INDEX(generale!$A$16:$G$4963,MATCH(NGG!$A408,generale!$A$16:$A$4963,0),COLUMN())=0,0,INDEX(generale!$A$16:$G$4963,MATCH(NGG!$A408,generale!$A$16:$A$4963,0),COLUMN()))","v":15},{"$f":"IF(INDEX(generale!$A$16:$G$4963,MATCH(NGG!$A408,generale!$A$16:$A$4963,0),COLUMN())=0,0,INDEX(generale!$A$16:$G$4963,MATCH(NGG!$A408,generale!$A$16:$A$4963,0),COLUMN()))","v":17},{"$f":"IF(INDEX(generale!$A$16:$G$4963,MATCH(NGG!$A408,generale!$A$16:$A$4963,0),COLUMN())=0,0,INDEX(generale!$A$16:$G$4963,MATCH(NGG!$A408,generale!$A$16:$A$4963,0),COLUMN()))","v":7},{"$f":"generale!G418","v":"T"},17,27,1,13,8,7,28,25,3,31,6,83,0,2,8,2,24,3,0,2,null,null,null,null,null,null,null,null,null,null,null,null,null,null,null,null,null,1,1,1,1,16,null,17]
[{"$f":"IF(generale!$A419>0,generale!$A419,\"\")","v":"2006-02-12"},{"$f":"IF(INDEX(generale!$A$16:$G$4963,MATCH(NGG!$A409,generale!$A$16:$A$4963,0),COLUMN())=0,0,INDEX(generale!$A$16:$G$4963,MATCH(NGG!$A409,generale!$A$16:$A$4963,0),COLUMN()))","v":9},{"$f":"IF(INDEX(generale!$A$16:$G$4963,MATCH(NGG!$A409,generale!$A$16:$A$4963,0),COLUMN())=0,0,INDEX(generale!$A$16:$G$4963,MATCH(NGG!$A409,generale!$A$16:$A$4963,0),COLUMN()))","v":2},{"$f":"IF(INDEX(generale!$A$16:$G$4963,MATCH(NGG!$A409,generale!$A$16:$A$4963,0),COLUMN())=0,0,INDEX(generale!$A$16:$G$4963,MATCH(NGG!$A409,generale!$A$16:$A$4963,0),COLUMN()))","v":1},{"$f":"IF(INDEX(generale!$A$16:$G$4963,MATCH(NGG!$A409,generale!$A$16:$A$4963,0),COLUMN())=0,0,INDEX(generale!$A$16:$G$4963,MATCH(NGG!$A409,generale!$A$16:$A$4963,0),COLUMN()))","v":5},{"$f":"IF(INDEX(generale!$A$16:$G$4963,MATCH(NGG!$A409,generale!$A$16:$A$4963,0),COLUMN())=0,0,INDEX(generale!$A$16:$G$4963,MATCH(NGG!$A409,generale!$A$16:$A$4963,0),COLUMN()))","v":8},{"$f":"generale!G419","v":"T"},18,28,2,14,9,8,29,26,0,32,7,84,1,3,9,3,24,3,0,2,null,null,null,null,null,null,null,null,null,null,null,null,null,null,null,null,null,1,1,1,1,16,null,15]
[{"$f":"IF(generale!$A420>0,generale!$A420,\"\")","v":"2006-02-13"},{"$f":"IF(INDEX(generale!$A$16:$G$4963,MATCH(NGG!$A410,generale!$A$16:$A$4963,0),COLUMN())=0,0,INDEX(generale!$A$16:$G$4963,MATCH(NGG!$A410,generale!$A$16:$A$4963,0),COLUMN()))","v":10},{"$f":"IF(INDEX(generale!$A$16:$G$4963,MATCH(NGG!$A410,generale!$A$16:$A$4963,0),COLUMN())=0,0,INDEX(generale!$A$16:$G$4963,MATCH(NGG!$A410,generale!$A$16:$A$4963,0),COLUMN()))","v":9},{"$f":"IF(INDEX(generale!$A$16:$G$4963,MATCH(NGG!$A410,generale!$A$16:$A$4963,0),COLUMN())=0,0,INDEX(generale!$A$16:$G$4963,MATCH(NGG!$A410,generale!$A$16:$A$4963,0),COLUMN()))","v":12},{"$f":"IF(INDEX(generale!$A$16:$G$4963,MATCH(NGG!$A410,generale!$A$16:$A$4963,0),COLUMN())=0,0,INDEX(generale!$A$16:$G$4963,MATCH(NGG!$A410,generale!$A$16:$A$4963,0),COLUMN()))","v":1},{"$f":"IF(INDEX(generale!$A$16:$G$4963,MATCH(NGG!$A410,generale!$A$16:$A$4963,0),COLUMN())=0,0,INDEX(generale!$A$16:$G$4963,MATCH(NGG!$A410,generale!$A$16:$A$4963,0),COLUMN()))","v":15},{"$f":"generale!G420","v":"T"},19,29,3,14,10,9,30,27,1,0,8,85,2,4,10,4,24,3,0,2,null,null,null,null,1,null,null,null,null,null,null,null,null,null,null,null,null,1,1,1,1,15,null,16]
[{"$f":"IF(generale!$A421>0,generale!$A421,\"\")","v":"2006-02-14"},{"$f":"IF(INDEX(generale!$A$16:$G$4963,MATCH(NGG!$A411,generale!$A$16:$A$4963,0),COLUMN())=0,0,INDEX(generale!$A$16:$G$4963,MATCH(NGG!$A411,generale!$A$16:$A$4963,0),COLUMN()))","v":1},{"$f":"IF(INDEX(generale!$A$16:$G$4963,MATCH(NGG!$A411,generale!$A$16:$A$4963,0),COLUMN())=0,0,INDEX(generale!$A$16:$G$4963,MATCH(NGG!$A411,generale!$A$16:$A$4963,0),COLUMN()))","v":6},{"$f":"IF(INDEX(generale!$A$16:$G$4963,MATCH(NGG!$A411,generale!$A$16:$A$4963,0),COLUMN())=0,0,INDEX(generale!$A$16:$G$4963,MATCH(NGG!$A411,generale!$A$16:$A$4963,0),COLUMN()))","v":9},{"$f":"IF(INDEX(generale!$A$16:$G$4963,MATCH(NGG!$A411,generale!$A$16:$A$4963,0),COLUMN())=0,0,INDEX(generale!$A$16:$G$4963,MATCH(NGG!$A411,generale!$A$16:$A$4963,0),COLUMN()))","v":5},{"$f":"IF(INDEX(generale!$A$16:$G$4963,MATCH(NGG!$A411,generale!$A$16:$A$4963,0),COLUMN())=0,0,INDEX(generale!$A$16:$G$4963,MATCH(NGG!$A411,generale!$A$16:$A$4963,0),COLUMN()))","v":3},{"$f":"generale!G421","v":"P"},0,30,4,15,11,10,31,28,2,1,9,86,3,5,11,5,25,4,0,2,null,null,null,null,null,null,null,null,null,null,null,null,null,null,null,null,null,null,null,1,1,18,null,17]
[{"$f":"IF(generale!$A422>0,generale!$A422,\"\")","v":"2006-02-15"},{"$f":"IF(INDEX(generale!$A$16:$G$4963,MATCH(NGG!$A412,generale!$A$16:$A$4963,0),COLUMN())=0,0,INDEX(generale!$A$16:$G$4963,MATCH(NGG!$A412,generale!$A$16:$A$4963,0),COLUMN()))","v":8},{"$f":"IF(INDEX(generale!$A$16:$G$4963,MATCH(NGG!$A412,generale!$A$16:$A$4963,0),COLUMN())=0,0,INDEX(generale!$A$16:$G$4963,MATCH(NGG!$A412,generale!$A$16:$A$4963,0),COLUMN()))","v":6},{"$f":"IF(INDEX(generale!$A$16:$G$4963,MATCH(NGG!$A412,generale!$A$16:$A$4963,0),COLUMN())=0,0,INDEX(generale!$A$16:$G$4963,MATCH(NGG!$A412,generale!$A$16:$A$4963,0),COLUMN()))","v":7},{"$f":"IF(INDEX(generale!$A$16:$G$4963,MATCH(NGG!$A412,generale!$A$16:$A$4963,0),COLUMN())=0,0,INDEX(generale!$A$16:$G$4963,MATCH(NGG!$A412,generale!$A$16:$A$4963,0),COLUMN()))","v":9},{"$f":"IF(INDEX(generale!$A$16:$G$4963,MATCH(NGG!$A412,generale!$A$16:$A$4963,0),COLUMN())=0,0,INDEX(generale!$A$16:$G$4963,MATCH(NGG!$A412,generale!$A$16:$A$4963,0),COLUMN()))","v":5},{"$f":"generale!G422","v":"T"},1,31,5,16,12,11,32,0,3,2,10,87,4,5,11,5,25,4,0,2,null,null,null,null,null,null,null,null,null,null,null,null,null,null,1,1,1,1,1,1,1,13,null,16]
[{"$f":"IF(generale!$A423>0,generale!$A423,\"\")","v":"2006-02-16"},{"$f":"IF(INDEX(generale!$A$16:$G$4963,MATCH(NGG!$A413,generale!$A$16:$A$4963,0),COLUMN())=0,0,INDEX(generale!$A$16:$G$4963,MATCH(NGG!$A413,generale!$A$16:$A$4963,0),COLUMN()))","v":16},{"$f":"IF(INDEX(generale!$A$16:$G$4963,MATCH(NGG!$A413,generale!$A$16:$A$4963,0),COLUMN())=0,0,INDEX(generale!$A$16:$G$4963,MATCH(NGG!$A413,generale!$A$16:$A$4963,0),COLUMN()))","v":13},{"$f":"IF(INDEX(generale!$A$16:$G$4963,MATCH(NGG!$A413,generale!$A$16:$A$4963,0),COLUMN())=0,0,INDEX(generale!$A$16:$G$4963,MATCH(NGG!$A413,generale!$A$16:$A$4963,0),COLUMN()))","v":10},{"$f":"IF(INDEX(generale!$A$16:$G$4963,MATCH(NGG!$A413,generale!$A$16:$A$4963,0),COLUMN())=0,0,INDEX(generale!$A$16:$G$4963,MATCH(NGG!$A413,generale!$A$16:$A$4963,0),COLUMN()))","v":1},{"$f":"IF(INDEX(generale!$A$16:$G$4963,MATCH(NGG!$A413,generale!$A$16:$A$4963,0),COLUMN())=0,0,INDEX(generale!$A$16:$G$4963,MATCH(NGG!$A413,generale!$A$16:$A$4963,0),COLUMN()))","v":11},{"$f":"generale!G423","v":"T"},2,32,6,17,13,12,33,1,4,3,11,88,5,6,12,0,25,4,0,2,null,null,null,null,null,null,null,null,null,null,null,null,null,null,null,null,1,1,1,1,1,15,null,16]
[{"$f":"IF(generale!$A424>0,generale!$A424,\"\")","v":"2006-02-17"},{"$f":"IF(INDEX(generale!$A$16:$G$4963,MATCH(NGG!$A414,generale!$A$16:$A$4963,0),COLUMN())=0,0,INDEX(generale!$A$16:$G$4963,MATCH(NGG!$A414,generale!$A$16:$A$4963,0),COLUMN()))","v":6},{"$f":"IF(INDEX(generale!$A$16:$G$4963,MATCH(NGG!$A414,generale!$A$16:$A$4963,0),COLUMN())=0,0,INDEX(generale!$A$16:$G$4963,MATCH(NGG!$A414,generale!$A$16:$A$4963,0),COLUMN()))","v":7},{"$f":"IF(INDEX(generale!$A$16:$G$4963,MATCH(NGG!$A414,generale!$A$16:$A$4963,0),COLUMN())=0,0,INDEX(generale!$A$16:$G$4963,MATCH(NGG!$A414,generale!$A$16:$A$4963,0),COLUMN()))","v":12},{"$f":"IF(INDEX(generale!$A$16:$G$4963,MATCH(NGG!$A414,generale!$A$16:$A$4963,0),COLUMN())=0,0,INDEX(generale!$A$16:$G$4963,MATCH(NGG!$A414,generale!$A$16:$A$4963,0),COLUMN()))","v":15},{"$f":"IF(INDEX(generale!$A$16:$G$4963,MATCH(NGG!$A414,generale!$A$16:$A$4963,0),COLUMN())=0,0,INDEX(generale!$A$16:$G$4963,MATCH(NGG!$A414,generale!$A$16:$A$4963,0),COLUMN()))","v":2},{"$f":"generale!G424","v":"T"},3,33,7,18,14,0,34,2,5,4,12,89,6,7,13,1,26,5,0,2,null,null,null,null,null,null,null,null,null,null,null,null,null,null,null,null,null,null,null,1,1,18,null,15]
[{"$f":"IF(generale!$A425>0,generale!$A425,\"\")","v":"2006-02-18"},{"$f":"IF(INDEX(generale!$A$16:$G$4963,MATCH(NGG!$A415,generale!$A$16:$A$4963,0),COLUMN())=0,0,INDEX(generale!$A$16:$G$4963,MATCH(NGG!$A415,generale!$A$16:$A$4963,0),COLUMN()))","v":12},{"$f":"IF(INDEX(generale!$A$16:$G$4963,MATCH(NGG!$A415,generale!$A$16:$A$4963,0),COLUMN())=0,0,INDEX(generale!$A$16:$G$4963,MATCH(NGG!$A415,generale!$A$16:$A$4963,0),COLUMN()))","v":16},{"$f":"IF(INDEX(generale!$A$16:$G$4963,MATCH(NGG!$A415,generale!$A$16:$A$4963,0),COLUMN())=0,0,INDEX(generale!$A$16:$G$4963,MATCH(NGG!$A415,generale!$A$16:$A$4963,0),COLUMN()))","v":2},{"$f":"IF(INDEX(generale!$A$16:$G$4963,MATCH(NGG!$A415,generale!$A$16:$A$4963,0),COLUMN())=0,0,INDEX(generale!$A$16:$G$4963,MATCH(NGG!$A415,generale!$A$16:$A$4963,0),COLUMN()))","v":8},{"$f":"IF(INDEX(generale!$A$16:$G$4963,MATCH(NGG!$A415,generale!$A$16:$A$4963,0),COLUMN())=0,0,INDEX(generale!$A$16:$G$4963,MATCH(NGG!$A415,generale!$A$16:$A$4963,0),COLUMN()))","v":11},{"$f":"generale!G425","v":"P"},4,34,8,19,15,1,35,3,6,5,13,0,7,8,14,2,27,6,0,2,null,null,null,null,null,null,null,null,null,null,null,null,null,null,null,null,null,null,null,1,1,18,null,18]
[{"$f":"IF(generale!$A426>0,generale!$A426,\"\")","v":"2006-02-19"},{"$f":"IF(INDEX(generale!$A$16:$G$4963,MATCH(NGG!$A416,generale!$A$16:$A$4963,0),COLUMN())=0,0,INDEX(generale!$A$16:$G$4963,MATCH(NGG!$A416,generale!$A$16:$A$4963,0),COLUMN()))","v":13},{"$f":"IF(INDEX(generale!$A$16:$G$4963,MATCH(NGG!$A416,generale!$A$16:$A$4963,0),COLUMN())=0,0,INDEX(generale!$A$16:$G$4963,MATCH(NGG!$A416,generale!$A$16:$A$4963,0),COLUMN()))","v":11},{"$f":"IF(INDEX(generale!$A$16:$G$4963,MATCH(NGG!$A416,generale!$A$16:$A$4963,0),COLUMN())=0,0,INDEX(generale!$A$16:$G$4963,MATCH(NGG!$A416,generale!$A$16:$A$4963,0),COLUMN()))","v":8},{"$f":"IF(INDEX(generale!$A$16:$G$4963,MATCH(NGG!$A416,generale!$A$16:$A$4963,0),COLUMN())=0,0,INDEX(generale!$A$16:$G$4963,MATCH(NGG!$A416,generale!$A$16:$A$4963,0),COLUMN()))","v":10},{"$f":"IF(INDEX(generale!$A$16:$G$4963,MATCH(NGG!$A416,generale!$A$16:$A$4963,0),COLUMN())=0,0,INDEX(generale!$A$16:$G$4963,MATCH(NGG!$A416,generale!$A$16:$A$4963,0),COLUMN()))","v":9},{"$f":"generale!G426","v":"T"},5,35,9,20,16,2,36,4,7,6,14,1,0,9,15,3,28,7,0,2,null,null,null,null,null,null,null,null,null,null,null,null,null,null,null,null,null,null,null,1,1,18,null,14]
[{"$f":"IF(generale!$A427>0,generale!$A427,\"\")","v":"2006-02-20"},{"$f":"IF(INDEX(generale!$A$16:$G$4963,MATCH(NGG!$A417,generale!$A$16:$A$4963,0),COLUMN())=0,0,INDEX(generale!$A$16:$G$4963,MATCH(NGG!$A417,generale!$A$16:$A$4963,0),COLUMN()))","v":13},{"$f":"IF(INDEX(generale!$A$16:$G$4963,MATCH(NGG!$A417,generale!$A$16:$A$4963,0),COLUMN())=0,0,INDEX(generale!$A$16:$G$4963,MATCH(NGG!$A417,generale!$A$16:$A$4963,0),COLUMN()))","v":4},{"$f":"IF(INDEX(generale!$A$16:$G$4963,MATCH(NGG!$A417,generale!$A$16:$A$4963,0),COLUMN())=0,0,INDEX(generale!$A$16:$G$4963,MATCH(NGG!$A417,generale!$A$16:$A$4963,0),COLUMN()))","v":9},{"$f":"IF(INDEX(generale!$A$16:$G$4963,MATCH(NGG!$A417,generale!$A$16:$A$4963,0),COLUMN())=0,0,INDEX(generale!$A$16:$G$4963,MATCH(NGG!$A417,generale!$A$16:$A$4963,0),COLUMN()))","v":7},{"$f":"IF(INDEX(generale!$A$16:$G$4963,MATCH(NGG!$A417,generale!$A$16:$A$4963,0),COLUMN())=0,0,INDEX(generale!$A$16:$G$4963,MATCH(NGG!$A417,generale!$A$16:$A$4963,0),COLUMN()))","v":3},{"$f":"generale!G427","v":"T"},6,36,10,21,17,3,37,5,8,7,15,1,0,10,16,4,28,7,0,2,null,null,null,null,null,null,null,null,null,null,null,null,1,null,null,null,null,1,1,1,1,15,null,17]
[{"$f":"IF(generale!$A428>0,generale!$A428,\"\")","v":"2006-02-21"},{"$f":"IF(INDEX(generale!$A$16:$G$4963,MATCH(NGG!$A418,generale!$A$16:$A$4963,0),COLUMN())=0,0,INDEX(generale!$A$16:$G$4963,MATCH(NGG!$A418,generale!$A$16:$A$4963,0),COLUMN()))","v":15},{"$f":"IF(INDEX(generale!$A$16:$G$4963,MATCH(NGG!$A418,generale!$A$16:$A$4963,0),COLUMN())=0,0,INDEX(generale!$A$16:$G$4963,MATCH(NGG!$A418,generale!$A$16:$A$4963,0),COLUMN()))","v":11},{"$f":"IF(INDEX(generale!$A$16:$G$4963,MATCH(NGG!$A418,generale!$A$16:$A$4963,0),COLUMN())=0,0,INDEX(generale!$A$16:$G$4963,MATCH(NGG!$A418,generale!$A$16:$A$4963,0),COLUMN()))","v":13},{"$f":"IF(INDEX(generale!$A$16:$G$4963,MATCH(NGG!$A418,generale!$A$16:$A$4963,0),COLUMN())=0,0,INDEX(generale!$A$16:$G$4963,MATCH(NGG!$A418,generale!$A$16:$A$4963,0),COLUMN()))","v":4},{"$f":"IF(INDEX(generale!$A$16:$G$4963,MATCH(NGG!$A418,generale!$A$16:$A$4963,0),COLUMN())=0,0,INDEX(generale!$A$16:$G$4963,MATCH(NGG!$A418,generale!$A$16:$A$4963,0),COLUMN()))","v":16},{"$f":"generale!G428","v":"T"},7,37,11,22,18,4,38,6,9,8,16,2,1,11,0,5,28,7,0,2,null,null,null,null,null,null,null,null,null,null,null,null,null,null,null,null,null,1,1,1,1,16,null,20]
[{"$f":"IF(generale!$A429>0,generale!$A429,\"\")","v":"2006-02-22"},{"$f":"IF(INDEX(generale!$A$16:$G$4963,MATCH(NGG!$A419,generale!$A$16:$A$4963,0),COLUMN())=0,0,INDEX(generale!$A$16:$G$4963,MATCH(NGG!$A419,generale!$A$16:$A$4963,0),COLUMN()))","v":8},{"$f":"IF(INDEX(generale!$A$16:$G$4963,MATCH(NGG!$A419,generale!$A$16:$A$4963,0),COLUMN())=0,0,INDEX(generale!$A$16:$G$4963,MATCH(NGG!$A419,generale!$A$16:$A$4963,0),COLUMN()))","v":4},{"$f":"IF(INDEX(generale!$A$16:$G$4963,MATCH(NGG!$A419,generale!$A$16:$A$4963,0),COLUMN())=0,0,INDEX(generale!$A$16:$G$4963,MATCH(NGG!$A419,generale!$A$16:$A$4963,0),COLUMN()))","v":6},{"$f":"IF(INDEX(generale!$A$16:$G$4963,MATCH(NGG!$A419,generale!$A$16:$A$4963,0),COLUMN())=0,0,INDEX(generale!$A$16:$G$4963,MATCH(NGG!$A419,generale!$A$16:$A$4963,0),COLUMN()))","v":1},{"$f":"IF(INDEX(generale!$A$16:$G$4963,MATCH(NGG!$A419,generale!$A$16:$A$4963,0),COLUMN())=0,0,INDEX(generale!$A$16:$G$4963,MATCH(NGG!$A419,generale!$A$16:$A$4963,0),COLUMN()))","v":11},{"$f":"generale!G429","v":"P"},8,38,12,23,19,5,39,0,10,9,17,3,2,12,1,6,{"$f":"IF(COUNTIF($B419:$D419,0)<3,IF(LEN(SUBSTITUTE(SUBSTITUTE($B419,X$1,,1),,1))=0,0,X418+1-AS419),\"\")","v":29},8,0,2,null,null,null,null,null,null,null,null,null,null,null,null,null,null,null,null,null,null,null,1,1,18,null,18]
[{"$f":"IF(generale!$A430>0,generale!$A430,\"\")","v":"2006-02-23"},{"$f":"IF(INDEX(generale!$A$16:$G$4963,MATCH(NGG!$A420,generale!$A$16:$A$4963,0),COLUMN())=0,0,INDEX(generale!$A$16:$G$4963,MATCH(NGG!$A420,generale!$A$16:$A$4963,0),COLUMN()))","v":8},{"$f":"IF(INDEX(generale!$A$16:$G$4963,MATCH(NGG!$A420,generale!$A$16:$A$4963,0),COLUMN())=0,0,INDEX(generale!$A$16:$G$4963,MATCH(NGG!$A420,generale!$A$16:$A$4963,0),COLUMN()))","v":15},{"$f":"IF(INDEX(generale!$A$16:$G$4963,MATCH(NGG!$A420,generale!$A$16:$A$4963,0),COLUMN())=0,0,INDEX(generale!$A$16:$G$4963,MATCH(NGG!$A420,generale!$A$16:$A$4963,0),COLUMN()))","v":6},{"$f":"IF(INDEX(generale!$A$16:$G$4963,MATCH(NGG!$A420,generale!$A$16:$A$4963,0),COLUMN())=0,0,INDEX(generale!$A$16:$G$4963,MATCH(NGG!$A420,generale!$A$16:$A$4963,0),COLUMN()))","v":7},{"$f":"IF(INDEX(generale!$A$16:$G$4963,MATCH(NGG!$A420,generale!$A$16:$A$4963,0),COLUMN())=0,0,INDEX(generale!$A$16:$G$4963,MATCH(NGG!$A420,generale!$A$16:$A$4963,0),COLUMN()))","v":5},{"$f":"generale!G430","v":"T"},{"$f":"IF(COUNTIF($B420:$D420,0)<3,IF(LEN(SUBSTITUTE(SUBSTITUTE($B420,H$1,,1),,1))=0,0,H419+1-AC420),\"\")","v":9},39,13,24,20,6,40,0,11,10,18,4,3,13,2,6,29,8,0,2,null,null,null,null,null,null,null,null,null,null,null,null,null,null,null,null,1,1,1,1,1,15,null,16]
[{"$f":"IF(generale!$A431>0,generale!$A431,\"\")","v":"2006-02-24"},{"$f":"IF(INDEX(generale!$A$16:$G$4963,MATCH(NGG!$A421,generale!$A$16:$A$4963,0),COLUMN())=0,0,INDEX(generale!$A$16:$G$4963,MATCH(NGG!$A421,generale!$A$16:$A$4963,0),COLUMN()))","v":15},{"$f":"IF(INDEX(generale!$A$16:$G$4963,MATCH(NGG!$A421,generale!$A$16:$A$4963,0),COLUMN())=0,0,INDEX(generale!$A$16:$G$4963,MATCH(NGG!$A421,generale!$A$16:$A$4963,0),COLUMN()))","v":16},{"$f":"IF(INDEX(generale!$A$16:$G$4963,MATCH(NGG!$A421,generale!$A$16:$A$4963,0),COLUMN())=0,0,INDEX(generale!$A$16:$G$4963,MATCH(NGG!$A421,generale!$A$16:$A$4963,0),COLUMN()))","v":20},{"$f":"IF(INDEX(generale!$A$16:$G$4963,MATCH(NGG!$A421,generale!$A$16:$A$4963,0),COLUMN())=0,0,INDEX(generale!$A$16:$G$4963,MATCH(NGG!$A421,generale!$A$16:$A$4963,0),COLUMN()))","v":7},{"$f":"IF(INDEX(generale!$A$16:$G$4963,MATCH(NGG!$A421,generale!$A$16:$A$4963,0),COLUMN())=0,0,INDEX(generale!$A$16:$G$4963,MATCH(NGG!$A421,generale!$A$16:$A$4963,0),COLUMN()))","v":3},{"$f":"generale!G431","v":"T"},10,40,14,25,21,7,41,1,12,11,19,5,4,14,0,7,29,8,0,2,null,null,null,null,null,null,null,null,null,null,null,null,null,null,null,null,null,1,1,1,1,16,null,19]
[{"$f":"IF(generale!$A432>0,generale!$A432,\"\")","v":"2006-02-25"},{"$f":"IF(INDEX(generale!$A$16:$G$4963,MATCH(NGG!$A422,generale!$A$16:$A$4963,0),COLUMN())=0,0,INDEX(generale!$A$16:$G$4963,MATCH(NGG!$A422,generale!$A$16:$A$4963,0),COLUMN()))","v":6},{"$f":"IF(INDEX(generale!$A$16:$G$4963,MATCH(NGG!$A422,generale!$A$16:$A$4963,0),COLUMN())=0,0,INDEX(generale!$A$16:$G$4963,MATCH(NGG!$A422,generale!$A$16:$A$4963,0),COLUMN()))","v":12},{"$f":"IF(INDEX(generale!$A$16:$G$4963,MATCH(NGG!$A422,generale!$A$16:$A$4963,0),COLUMN())=0,0,INDEX(generale!$A$16:$G$4963,MATCH(NGG!$A422,generale!$A$16:$A$4963,0),COLUMN()))","v":14},{"$f":"IF(INDEX(generale!$A$16:$G$4963,MATCH(NGG!$A422,generale!$A$16:$A$4963,0),COLUMN())=0,0,INDEX(generale!$A$16:$G$4963,MATCH(NGG!$A422,generale!$A$16:$A$4963,0),COLUMN()))","v":1},{"$f":"IF(INDEX(generale!$A$16:$G$4963,MATCH(NGG!$A422,generale!$A$16:$A$4963,0),COLUMN())=0,0,INDEX(generale!$A$16:$G$4963,MATCH(NGG!$A422,generale!$A$16:$A$4963,0),COLUMN()))","v":3},{"$f":"generale!G432","v":"P"},11,41,15,26,22,0,42,2,13,12,20,6,5,15,1,8,30,9,0,2,null,null,null,null,null,null,null,null,null,null,null,null,null,null,null,null,null,null,null,1,1,18,null,18]
[{"$f":"IF(generale!$A433>0,generale!$A433,\"\")","v":"2006-02-26"},{"$f":"IF(INDEX(generale!$A$16:$G$4963,MATCH(NGG!$A423,generale!$A$16:$A$4963,0),COLUMN())=0,0,INDEX(generale!$A$16:$G$4963,MATCH(NGG!$A423,generale!$A$16:$A$4963,0),COLUMN()))","v":3},{"$f":"IF(INDEX(generale!$A$16:$G$4963,MATCH(NGG!$A423,generale!$A$16:$A$4963,0),COLUMN())=0,0,INDEX(generale!$A$16:$G$4963,MATCH(NGG!$A423,generale!$A$16:$A$4963,0),COLUMN()))","v":9},{"$f":"IF(INDEX(generale!$A$16:$G$4963,MATCH(NGG!$A423,generale!$A$16:$A$4963,0),COLUMN())=0,0,INDEX(generale!$A$16:$G$4963,MATCH(NGG!$A423,generale!$A$16:$A$4963,0),COLUMN()))","v":15},{"$f":"IF(INDEX(generale!$A$16:$G$4963,MATCH(NGG!$A423,generale!$A$16:$A$4963,0),COLUMN())=0,0,INDEX(generale!$A$16:$G$4963,MATCH(NGG!$A423,generale!$A$16:$A$4963,0),COLUMN()))","v":10},{"$f":"IF(INDEX(generale!$A$16:$G$4963,MATCH(NGG!$A423,generale!$A$16:$A$4963,0),COLUMN())=0,0,INDEX(generale!$A$16:$G$4963,MATCH(NGG!$A423,generale!$A$16:$A$4963,0),COLUMN()))","v":7},{"$f":"generale!G433","v":"T"},12,42,0,27,23,1,43,3,14,13,21,7,6,16,2,9,30,9,0,2,null,null,null,null,null,null,null,null,null,null,null,null,null,null,null,null,null,1,1,1,1,16,null,15]
[{"$f":"IF(generale!$A434>0,generale!$A434,\"\")","v":"2006-02-27"},{"$f":"IF(INDEX(generale!$A$16:$G$4963,MATCH(NGG!$A424,generale!$A$16:$A$4963,0),COLUMN())=0,0,INDEX(generale!$A$16:$G$4963,MATCH(NGG!$A424,generale!$A$16:$A$4963,0),COLUMN()))","v":12},{"$f":"IF(INDEX(generale!$A$16:$G$4963,MATCH(NGG!$A424,generale!$A$16:$A$4963,0),COLUMN())=0,0,INDEX(generale!$A$16:$G$4963,MATCH(NGG!$A424,generale!$A$16:$A$4963,0),COLUMN()))","v":1},{"$f":"IF(INDEX(generale!$A$16:$G$4963,MATCH(NGG!$A424,generale!$A$16:$A$4963,0),COLUMN())=0,0,INDEX(generale!$A$16:$G$4963,MATCH(NGG!$A424,generale!$A$16:$A$4963,0),COLUMN()))","v":7},{"$f":"IF(INDEX(generale!$A$16:$G$4963,MATCH(NGG!$A424,generale!$A$16:$A$4963,0),COLUMN())=0,0,INDEX(generale!$A$16:$G$4963,MATCH(NGG!$A424,generale!$A$16:$A$4963,0),COLUMN()))","v":10},{"$f":"IF(INDEX(generale!$A$16:$G$4963,MATCH(NGG!$A424,generale!$A$16:$A$4963,0),COLUMN())=0,0,INDEX(generale!$A$16:$G$4963,MATCH(NGG!$A424,generale!$A$16:$A$4963,0),COLUMN()))","v":6},{"$f":"generale!G434","v":"P"},13,43,1,28,24,2,44,4,15,14,22,0,7,17,3,10,30,9,0,2,null,null,null,null,null,null,null,null,null,null,null,null,null,null,null,null,null,1,1,1,1,16,null,16]
[{"$f":"IF(generale!$A435>0,generale!$A435,\"\")","v":"2006-02-28"},{"$f":"IF(INDEX(generale!$A$16:$G$4963,MATCH(NGG!$A425,generale!$A$16:$A$4963,0),COLUMN())=0,0,INDEX(generale!$A$16:$G$4963,MATCH(NGG!$A425,generale!$A$16:$A$4963,0),COLUMN()))","v":2},{"$f":"IF(INDEX(generale!$A$16:$G$4963,MATCH(NGG!$A425,generale!$A$16:$A$4963,0),COLUMN())=0,0,INDEX(generale!$A$16:$G$4963,MATCH(NGG!$A425,generale!$A$16:$A$4963,0),COLUMN()))","v":9},{"$f":"IF(INDEX(generale!$A$16:$G$4963,MATCH(NGG!$A425,generale!$A$16:$A$4963,0),COLUMN())=0,0,INDEX(generale!$A$16:$G$4963,MATCH(NGG!$A425,generale!$A$16:$A$4963,0),COLUMN()))","v":5},{"$f":"IF(INDEX(generale!$A$16:$G$4963,MATCH(NGG!$A425,generale!$A$16:$A$4963,0),COLUMN())=0,0,INDEX(generale!$A$16:$G$4963,MATCH(NGG!$A425,generale!$A$16:$A$4963,0),COLUMN()))","v":6},{"$f":"IF(INDEX(generale!$A$16:$G$4963,MATCH(NGG!$A425,generale!$A$16:$A$4963,0),COLUMN())=0,0,INDEX(generale!$A$16:$G$4963,MATCH(NGG!$A425,generale!$A$16:$A$4963,0),COLUMN()))","v":3},{"$f":"generale!G435","v":"O"},14,0,2,29,25,3,45,5,16,15,23,1,8,18,4,10,30,9,0,2,null,null,null,null,null,null,null,null,null,null,null,null,null,null,null,null,1,1,1,1,1,15,null,19]
[{"$f":"IF(generale!$A436>0,generale!$A436,\"\")","v":"2006-03-01"},{"$f":"IF(INDEX(generale!$A$16:$G$4963,MATCH(NGG!$A426,generale!$A$16:$A$4963,0),COLUMN())=0,0,INDEX(generale!$A$16:$G$4963,MATCH(NGG!$A426,generale!$A$16:$A$4963,0),COLUMN()))","v":14},{"$f":"IF(INDEX(generale!$A$16:$G$4963,MATCH(NGG!$A426,generale!$A$16:$A$4963,0),COLUMN())=0,0,INDEX(generale!$A$16:$G$4963,MATCH(NGG!$A426,generale!$A$16:$A$4963,0),COLUMN()))","v":15},{"$f":"IF(INDEX(generale!$A$16:$G$4963,MATCH(NGG!$A426,generale!$A$16:$A$4963,0),COLUMN())=0,0,INDEX(generale!$A$16:$G$4963,MATCH(NGG!$A426,generale!$A$16:$A$4963,0),COLUMN()))","v":16},{"$f":"IF(INDEX(generale!$A$16:$G$4963,MATCH(NGG!$A426,generale!$A$16:$A$4963,0),COLUMN())=0,0,INDEX(generale!$A$16:$G$4963,MATCH(NGG!$A426,generale!$A$16:$A$4963,0),COLUMN()))","v":12},{"$f":"IF(INDEX(generale!$A$16:$G$4963,MATCH(NGG!$A426,generale!$A$16:$A$4963,0),COLUMN())=0,0,INDEX(generale!$A$16:$G$4963,MATCH(NGG!$A426,generale!$A$16:$A$4963,0),COLUMN()))","v":11},{"$f":"generale!G436","v":"T"},15,1,3,29,26,3,46,6,17,16,24,2,9,0,5,11,30,9,0,2,null,null,null,null,1,null,1,null,null,null,null,null,null,null,null,null,null,1,1,1,1,14,null,15]
[{"$f":"IF(generale!$A437>0,generale!$A437,\"\")","v":"2006-03-02"},{"$f":"IF(INDEX(generale!$A$16:$G$4963,MATCH(NGG!$A427,generale!$A$16:$A$4963,0),COLUMN())=0,0,INDEX(generale!$A$16:$G$4963,MATCH(NGG!$A427,generale!$A$16:$A$4963,0),COLUMN()))","v":12},{"$f":"IF(INDEX(generale!$A$16:$G$4963,MATCH(NGG!$A427,generale!$A$16:$A$4963,0),COLUMN())=0,0,INDEX(generale!$A$16:$G$4963,MATCH(NGG!$A427,generale!$A$16:$A$4963,0),COLUMN()))","v":13},{"$f":"IF(INDEX(generale!$A$16:$G$4963,MATCH(NGG!$A427,generale!$A$16:$A$4963,0),COLUMN())=0,0,INDEX(generale!$A$16:$G$4963,MATCH(NGG!$A427,generale!$A$16:$A$4963,0),COLUMN()))","v":16},{"$f":"IF(INDEX(generale!$A$16:$G$4963,MATCH(NGG!$A427,generale!$A$16:$A$4963,0),COLUMN())=0,0,INDEX(generale!$A$16:$G$4963,MATCH(NGG!$A427,generale!$A$16:$A$4963,0),COLUMN()))","v":2},{"$f":"IF(INDEX(generale!$A$16:$G$4963,MATCH(NGG!$A427,generale!$A$16:$A$4963,0),COLUMN())=0,0,INDEX(generale!$A$16:$G$4963,MATCH(NGG!$A427,generale!$A$16:$A$4963,0),COLUMN()))","v":9},{"$f":"generale!G437","v":"T"},16,2,4,30,27,4,47,7,18,17,25,0,10,1,6,12,31,10,0,2,null,null,null,null,null,null,null,null,null,null,null,null,null,null,null,null,null,null,null,1,1,18,null,18]
[{"$f":"IF(generale!$A438>0,generale!$A438,\"\")","v":"2006-03-03"},{"$f":"IF(INDEX(generale!$A$16:$G$4963,MATCH(NGG!$A428,generale!$A$16:$A$4963,0),COLUMN())=0,0,INDEX(generale!$A$16:$G$4963,MATCH(NGG!$A428,generale!$A$16:$A$4963,0),COLUMN()))","v":10},{"$f":"IF(INDEX(generale!$A$16:$G$4963,MATCH(NGG!$A428,generale!$A$16:$A$4963,0),COLUMN())=0,0,INDEX(generale!$A$16:$G$4963,MATCH(NGG!$A428,generale!$A$16:$A$4963,0),COLUMN()))","v":9},{"$f":"IF(INDEX(generale!$A$16:$G$4963,MATCH(NGG!$A428,generale!$A$16:$A$4963,0),COLUMN())=0,0,INDEX(generale!$A$16:$G$4963,MATCH(NGG!$A428,generale!$A$16:$A$4963,0),COLUMN()))","v":18},{"$f":"IF(INDEX(generale!$A$16:$G$4963,MATCH(NGG!$A428,generale!$A$16:$A$4963,0),COLUMN())=0,0,INDEX(generale!$A$16:$G$4963,MATCH(NGG!$A428,generale!$A$16:$A$4963,0),COLUMN()))","v":1},{"$f":"IF(INDEX(generale!$A$16:$G$4963,MATCH(NGG!$A428,generale!$A$16:$A$4963,0),COLUMN())=0,0,INDEX(generale!$A$16:$G$4963,MATCH(NGG!$A428,generale!$A$16:$A$4963,0),COLUMN()))","v":13},{"$f":"generale!G438","v":"P"},17,3,5,31,28,5,48,8,19,0,26,0,11,2,7,13,32,11,0,2,null,null,null,null,null,null,null,null,null,null,1,null,1,null,null,null,null,null,null,1,1,16,null,18]
[{"$f":"IF(generale!$A439>0,generale!$A439,\"\")","v":"2006-03-04"},{"$f":"IF(INDEX(generale!$A$16:$G$4963,MATCH(NGG!$A429,generale!$A$16:$A$4963,0),COLUMN())=0,0,INDEX(generale!$A$16:$G$4963,MATCH(NGG!$A429,generale!$A$16:$A$4963,0),COLUMN()))","v":15},{"$f":"IF(INDEX(generale!$A$16:$G$4963,MATCH(NGG!$A429,generale!$A$16:$A$4963,0),COLUMN())=0,0,INDEX(generale!$A$16:$G$4963,MATCH(NGG!$A429,generale!$A$16:$A$4963,0),COLUMN()))","v":4},{"$f":"IF(INDEX(generale!$A$16:$G$4963,MATCH(NGG!$A429,generale!$A$16:$A$4963,0),COLUMN())=0,0,INDEX(generale!$A$16:$G$4963,MATCH(NGG!$A429,generale!$A$16:$A$4963,0),COLUMN()))","v":16},{"$f":"IF(INDEX(generale!$A$16:$G$4963,MATCH(NGG!$A429,generale!$A$16:$A$4963,0),COLUMN())=0,0,INDEX(generale!$A$16:$G$4963,MATCH(NGG!$A429,generale!$A$16:$A$4963,0),COLUMN()))","v":8},{"$f":"IF(INDEX(generale!$A$16:$G$4963,MATCH(NGG!$A429,generale!$A$16:$A$4963,0),COLUMN())=0,0,INDEX(generale!$A$16:$G$4963,MATCH(NGG!$A429,generale!$A$16:$A$4963,0),COLUMN()))","v":6},{"$f":"generale!G439","v":"T"},18,4,6,32,29,6,49,9,20,1,27,1,12,3,0,14,33,12,0,2,null,null,null,null,null,null,null,null,null,null,null,null,null,null,null,null,null,null,null,1,1,18,null,16]
[{"$f":"IF(generale!$A440>0,generale!$A440,\"\")","v":"2006-03-05"},{"$f":"IF(INDEX(generale!$A$16:$G$4963,MATCH(NGG!$A430,generale!$A$16:$A$4963,0),COLUMN())=0,0,INDEX(generale!$A$16:$G$4963,MATCH(NGG!$A430,generale!$A$16:$A$4963,0),COLUMN()))","v":1},{"$f":"IF(INDEX(generale!$A$16:$G$4963,MATCH(NGG!$A430,generale!$A$16:$A$4963,0),COLUMN())=0,0,INDEX(generale!$A$16:$G$4963,MATCH(NGG!$A430,generale!$A$16:$A$4963,0),COLUMN()))","v":5},{"$f":"IF(INDEX(generale!$A$16:$G$4963,MATCH(NGG!$A430,generale!$A$16:$A$4963,0),COLUMN())=0,0,INDEX(generale!$A$16:$G$4963,MATCH(NGG!$A430,generale!$A$16:$A$4963,0),COLUMN()))","v":13},{"$f":"IF(INDEX(generale!$A$16:$G$4963,MATCH(NGG!$A430,generale!$A$16:$A$4963,0),COLUMN())=0,0,INDEX(generale!$A$16:$G$4963,MATCH(NGG!$A430,generale!$A$16:$A$4963,0),COLUMN()))","v":6},{"$f":"IF(INDEX(generale!$A$16:$G$4963,MATCH(NGG!$A430,generale!$A$16:$A$4963,0),COLUMN())=0,0,INDEX(generale!$A$16:$G$4963,MATCH(NGG!$A430,generale!$A$16:$A$4963,0),COLUMN()))","v":10},{"$f":"generale!G440","v":"O"},0,5,7,33,30,7,50,10,21,2,27,2,13,4,1,14,33,12,0,2,null,null,null,null,null,null,null,null,null,null,null,1,null,null,null,null,1,1,1,1,1,14,null,18]
[{"$f":"IF(generale!$A441>0,generale!$A441,\"\")","v":"2006-03-06"},{"$f":"IF(INDEX(generale!$A$16:$G$4963,MATCH(NGG!$A431,generale!$A$16:$A$4963,0),COLUMN())=0,0,INDEX(generale!$A$16:$G$4963,MATCH(NGG!$A431,generale!$A$16:$A$4963,0),COLUMN()))","v":5},{"$f":"IF(INDEX(generale!$A$16:$G$4963,MATCH(NGG!$A431,generale!$A$16:$A$4963,0),COLUMN())=0,0,INDEX(generale!$A$16:$G$4963,MATCH(NGG!$A431,generale!$A$16:$A$4963,0),COLUMN()))","v":14},{"$f":"IF(INDEX(generale!$A$16:$G$4963,MATCH(NGG!$A431,generale!$A$16:$A$4963,0),COLUMN())=0,0,INDEX(generale!$A$16:$G$4963,MATCH(NGG!$A431,generale!$A$16:$A$4963,0),COLUMN()))","v":16},{"$f":"IF(INDEX(generale!$A$16:$G$4963,MATCH(NGG!$A431,generale!$A$16:$A$4963,0),COLUMN())=0,0,INDEX(generale!$A$16:$G$4963,MATCH(NGG!$A431,generale!$A$16:$A$4963,0),COLUMN()))","v":13},{"$f":"IF(INDEX(generale!$A$16:$G$4963,MATCH(NGG!$A431,generale!$A$16:$A$4963,0),COLUMN())=0,0,INDEX(generale!$A$16:$G$4963,MATCH(NGG!$A431,generale!$A$16:$A$4963,0),COLUMN()))","v":8},{"$f":"generale!G441","v":"T"},1,6,8,34,0,8,51,11,22,3,28,3,14,5,2,15,33,12,0,2,null,null,null,null,null,null,null,null,null,null,null,null,null,null,null,null,null,1,1,1,1,16,null,16]
[{"$f":"IF(generale!$A442>0,generale!$A442,\"\")","v":"2006-03-07"},{"$f":"IF(INDEX(generale!$A$16:$G$4963,MATCH(NGG!$A432,generale!$A$16:$A$4963,0),COLUMN())=0,0,INDEX(generale!$A$16:$G$4963,MATCH(NGG!$A432,generale!$A$16:$A$4963,0),COLUMN()))","v":4},{"$f":"IF(INDEX(generale!$A$16:$G$4963,MATCH(NGG!$A432,generale!$A$16:$A$4963,0),COLUMN())=0,0,INDEX(generale!$A$16:$G$4963,MATCH(NGG!$A432,generale!$A$16:$A$4963,0),COLUMN()))","v":3},{"$f":"IF(INDEX(generale!$A$16:$G$4963,MATCH(NGG!$A432,generale!$A$16:$A$4963,0),COLUMN())=0,0,INDEX(generale!$A$16:$G$4963,MATCH(NGG!$A432,generale!$A$16:$A$4963,0),COLUMN()))","v":2},{"$f":"IF(INDEX(generale!$A$16:$G$4963,MATCH(NGG!$A432,generale!$A$16:$A$4963,0),COLUMN())=0,0,INDEX(generale!$A$16:$G$4963,MATCH(NGG!$A432,generale!$A$16:$A$4963,0),COLUMN()))","v":14},{"$f":"IF(INDEX(generale!$A$16:$G$4963,MATCH(NGG!$A432,generale!$A$16:$A$4963,0),COLUMN())=0,0,INDEX(generale!$A$16:$G$4963,MATCH(NGG!$A432,generale!$A$16:$A$4963,0),COLUMN()))","v":18},{"$f":"generale!G442","v":"O"},2,7,9,0,1,9,52,12,23,4,29,4,15,6,3,16,33,12,0,2,null,null,null,null,null,null,null,null,null,null,null,null,null,null,null,null,null,1,1,1,1,16,null,18]
[{"$f":"IF(generale!$A443>0,generale!$A443,\"\")","v":"2006-03-08"},{"$f":"IF(INDEX(generale!$A$16:$G$4963,MATCH(NGG!$A433,generale!$A$16:$A$4963,0),COLUMN())=0,0,INDEX(generale!$A$16:$G$4963,MATCH(NGG!$A433,generale!$A$16:$A$4963,0),COLUMN()))","v":8},{"$f":"IF(INDEX(generale!$A$16:$G$4963,MATCH(NGG!$A433,generale!$A$16:$A$4963,0),COLUMN())=0,0,INDEX(generale!$A$16:$G$4963,MATCH(NGG!$A433,generale!$A$16:$A$4963,0),COLUMN()))","v":6},{"$f":"IF(INDEX(generale!$A$16:$G$4963,MATCH(NGG!$A433,generale!$A$16:$A$4963,0),COLUMN())=0,0,INDEX(generale!$A$16:$G$4963,MATCH(NGG!$A433,generale!$A$16:$A$4963,0),COLUMN()))","v":5},{"$f":"IF(INDEX(generale!$A$16:$G$4963,MATCH(NGG!$A433,generale!$A$16:$A$4963,0),COLUMN())=0,0,INDEX(generale!$A$16:$G$4963,MATCH(NGG!$A433,generale!$A$16:$A$4963,0),COLUMN()))","v":10},{"$f":"IF(INDEX(generale!$A$16:$G$4963,MATCH(NGG!$A433,generale!$A$16:$A$4963,0),COLUMN())=0,0,INDEX(generale!$A$16:$G$4963,MATCH(NGG!$A433,generale!$A$16:$A$4963,0),COLUMN()))","v":9},{"$f":"generale!G443","v":"T"},3,8,10,1,2,10,53,0,24,5,30,5,16,7,4,17,33,12,0,2,null,null,null,null,null,null,null,null,null,null,null,null,null,null,null,null,null,1,1,1,1,16,null,18]
[{"$f":"IF(generale!$A444>0,generale!$A444,\"\")","v":"2006-03-09"},{"$f":"IF(INDEX(generale!$A$16:$G$4963,MATCH(NGG!$A434,generale!$A$16:$A$4963,0),COLUMN())=0,0,INDEX(generale!$A$16:$G$4963,MATCH(NGG!$A434,generale!$A$16:$A$4963,0),COLUMN()))","v":3},{"$f":"IF(INDEX(generale!$A$16:$G$4963,MATCH(NGG!$A434,generale!$A$16:$A$4963,0),COLUMN())=0,0,INDEX(generale!$A$16:$G$4963,MATCH(NGG!$A434,generale!$A$16:$A$4963,0),COLUMN()))","v":13},{"$f":"IF(INDEX(generale!$A$16:$G$4963,MATCH(NGG!$A434,generale!$A$16:$A$4963,0),COLUMN())=0,0,INDEX(generale!$A$16:$G$4963,MATCH(NGG!$A434,generale!$A$16:$A$4963,0),COLUMN()))","v":14},{"$f":"IF(INDEX(generale!$A$16:$G$4963,MATCH(NGG!$A434,generale!$A$16:$A$4963,0),COLUMN())=0,0,INDEX(generale!$A$16:$G$4963,MATCH(NGG!$A434,generale!$A$16:$A$4963,0),COLUMN()))","v":10},{"$f":"IF(INDEX(generale!$A$16:$G$4963,MATCH(NGG!$A434,generale!$A$16:$A$4963,0),COLUMN())=0,0,INDEX(generale!$A$16:$G$4963,MATCH(NGG!$A434,generale!$A$16:$A$4963,0),COLUMN()))","v":6},{"$f":"generale!G444","v":"P"},4,9,0,2,3,11,54,1,25,6,31,6,17,8,5,18,34,13,1,3,null,null,null,null,null,null,null,null,null,null,null,null,null,null,null,null,null,null,null,null,null,20,null,15]
[{"$f":"IF(generale!$A445>0,generale!$A445,\"\")","v":"2006-03-10"},{"$f":"IF(INDEX(generale!$A$16:$G$4963,MATCH(NGG!$A435,generale!$A$16:$A$4963,0),COLUMN())=0,0,INDEX(generale!$A$16:$G$4963,MATCH(NGG!$A435,generale!$A$16:$A$4963,0),COLUMN()))","v":13},{"$f":"IF(INDEX(generale!$A$16:$G$4963,MATCH(NGG!$A435,generale!$A$16:$A$4963,0),COLUMN())=0,0,INDEX(generale!$A$16:$G$4963,MATCH(NGG!$A435,generale!$A$16:$A$4963,0),COLUMN()))","v":10},{"$f":"IF(INDEX(generale!$A$16:$G$4963,MATCH(NGG!$A435,generale!$A$16:$A$4963,0),COLUMN())=0,0,INDEX(generale!$A$16:$G$4963,MATCH(NGG!$A435,generale!$A$16:$A$4963,0),COLUMN()))","v":1},{"$f":"IF(INDEX(generale!$A$16:$G$4963,MATCH(NGG!$A435,generale!$A$16:$A$4963,0),COLUMN())=0,0,INDEX(generale!$A$16:$G$4963,MATCH(NGG!$A435,generale!$A$16:$A$4963,0),COLUMN()))","v":12},{"$f":"IF(INDEX(generale!$A$16:$G$4963,MATCH(NGG!$A435,generale!$A$16:$A$4963,0),COLUMN())=0,0,INDEX(generale!$A$16:$G$4963,MATCH(NGG!$A435,generale!$A$16:$A$4963,0),COLUMN()))","v":7},{"$f":"generale!G445","v":"P"},5,10,1,3,4,12,55,2,26,7,32,7,0,9,6,{"$f":"IF(COUNTIF($B435:$D435,0)<3,IF(LEN(SUBSTITUTE(SUBSTITUTE($B435,W$1,,1),,1))=0,0,W434+1-AR435),\"\")","v":19},34,13,1,3,null,null,null,null,null,null,null,null,null,null,null,null,null,null,null,null,null,1,1,1,1,16,null,17]
[{"$f":"IF(generale!$A446>0,generale!$A446,\"\")","v":"2006-03-11"},{"$f":"IF(INDEX(generale!$A$16:$G$4963,MATCH(NGG!$A436,generale!$A$16:$A$4963,0),COLUMN())=0,0,INDEX(generale!$A$16:$G$4963,MATCH(NGG!$A436,generale!$A$16:$A$4963,0),COLUMN()))","v":10},{"$f":"IF(INDEX(generale!$A$16:$G$4963,MATCH(NGG!$A436,generale!$A$16:$A$4963,0),COLUMN())=0,0,INDEX(generale!$A$16:$G$4963,MATCH(NGG!$A436,generale!$A$16:$A$4963,0),COLUMN()))","v":13},{"$f":"IF(INDEX(generale!$A$16:$G$4963,MATCH(NGG!$A436,generale!$A$16:$A$4963,0),COLUMN())=0,0,INDEX(generale!$A$16:$G$4963,MATCH(NGG!$A436,generale!$A$16:$A$4963,0),COLUMN()))","v":6},{"$f":"IF(INDEX(generale!$A$16:$G$4963,MATCH(NGG!$A436,generale!$A$16:$A$4963,0),COLUMN())=0,0,INDEX(generale!$A$16:$G$4963,MATCH(NGG!$A436,generale!$A$16:$A$4963,0),COLUMN()))","v":12},{"$f":"IF(INDEX(generale!$A$16:$G$4963,MATCH(NGG!$A436,generale!$A$16:$A$4963,0),COLUMN())=0,0,INDEX(generale!$A$16:$G$4963,MATCH(NGG!$A436,generale!$A$16:$A$4963,0),COLUMN()))","v":9},{"$f":"generale!G446","v":"P"},{"$f":"IF(COUNTIF($B436:$D436,0)<3,IF(LEN(SUBSTITUTE(SUBSTITUTE($B436,H$1,,1),,1))=0,0,H435+1-AC436),\"\")","v":6},11,2,4,5,12,56,3,27,0,33,8,1,10,7,19,34,13,1,3,null,null,null,null,null,null,1,null,null,null,null,null,null,null,null,null,1,1,1,1,1,14,null,18]
[{"$f":"IF(generale!$A447>0,generale!$A447,\"\")","v":"2006-03-12"},{"$f":"IF(INDEX(generale!$A$16:$G$4963,MATCH(NGG!$A437,generale!$A$16:$A$4963,0),COLUMN())=0,0,INDEX(generale!$A$16:$G$4963,MATCH(NGG!$A437,generale!$A$16:$A$4963,0),COLUMN()))","v":1},{"$f":"IF(INDEX(generale!$A$16:$G$4963,MATCH(NGG!$A437,generale!$A$16:$A$4963,0),COLUMN())=0,0,INDEX(generale!$A$16:$G$4963,MATCH(NGG!$A437,generale!$A$16:$A$4963,0),COLUMN()))","v":8},{"$f":"IF(INDEX(generale!$A$16:$G$4963,MATCH(NGG!$A437,generale!$A$16:$A$4963,0),COLUMN())=0,0,INDEX(generale!$A$16:$G$4963,MATCH(NGG!$A437,generale!$A$16:$A$4963,0),COLUMN()))","v":4},{"$f":"IF(INDEX(generale!$A$16:$G$4963,MATCH(NGG!$A437,generale!$A$16:$A$4963,0),COLUMN())=0,0,INDEX(generale!$A$16:$G$4963,MATCH(NGG!$A437,generale!$A$16:$A$4963,0),COLUMN()))","v":14},{"$f":"IF(INDEX(generale!$A$16:$G$4963,MATCH(NGG!$A437,generale!$A$16:$A$4963,0),COLUMN())=0,0,INDEX(generale!$A$16:$G$4963,MATCH(NGG!$A437,generale!$A$16:$A$4963,0),COLUMN()))","v":2},{"$f":"generale!G447","v":"O"},0,12,3,5,6,13,57,4,28,1,34,9,2,11,8,20,35,14,1,3,null,null,null,null,null,null,null,null,null,null,null,null,null,null,null,null,null,null,null,1,1,18,null,18]
[{"$f":"IF(generale!$A448>0,generale!$A448,\"\")","v":"2006-03-13"},{"$f":"IF(INDEX(generale!$A$16:$G$4963,MATCH(NGG!$A438,generale!$A$16:$A$4963,0),COLUMN())=0,0,INDEX(generale!$A$16:$G$4963,MATCH(NGG!$A438,generale!$A$16:$A$4963,0),COLUMN()))","v":17},{"$f":"IF(INDEX(generale!$A$16:$G$4963,MATCH(NGG!$A438,generale!$A$16:$A$4963,0),COLUMN())=0,0,INDEX(generale!$A$16:$G$4963,MATCH(NGG!$A438,generale!$A$16:$A$4963,0),COLUMN()))","v":7},{"$f":"IF(INDEX(generale!$A$16:$G$4963,MATCH(NGG!$A438,generale!$A$16:$A$4963,0),COLUMN())=0,0,INDEX(generale!$A$16:$G$4963,MATCH(NGG!$A438,generale!$A$16:$A$4963,0),COLUMN()))","v":11},{"$f":"IF(INDEX(generale!$A$16:$G$4963,MATCH(NGG!$A438,generale!$A$16:$A$4963,0),COLUMN())=0,0,INDEX(generale!$A$16:$G$4963,MATCH(NGG!$A438,generale!$A$16:$A$4963,0),COLUMN()))","v":8},{"$f":"IF(INDEX(generale!$A$16:$G$4963,MATCH(NGG!$A438,generale!$A$16:$A$4963,0),COLUMN())=0,0,INDEX(generale!$A$16:$G$4963,MATCH(NGG!$A438,generale!$A$16:$A$4963,0),COLUMN()))","v":1},{"$f":"generale!G448","v":"P"},1,13,4,6,7,14,58,5,29,2,35,10,3,12,9,21,0,14,1,3,null,null,null,null,null,null,null,null,null,null,null,null,null,null,null,null,null,1,1,1,1,16,null,17]
[{"$f":"IF(generale!$A449>0,generale!$A449,\"\")","v":"2006-03-14"},{"$f":"IF(INDEX(generale!$A$16:$G$4963,MATCH(NGG!$A439,generale!$A$16:$A$4963,0),COLUMN())=0,0,INDEX(generale!$A$16:$G$4963,MATCH(NGG!$A439,generale!$A$16:$A$4963,0),COLUMN()))","v":15},{"$f":"IF(INDEX(generale!$A$16:$G$4963,MATCH(NGG!$A439,generale!$A$16:$A$4963,0),COLUMN())=0,0,INDEX(generale!$A$16:$G$4963,MATCH(NGG!$A439,generale!$A$16:$A$4963,0),COLUMN()))","v":3},{"$f":"IF(INDEX(generale!$A$16:$G$4963,MATCH(NGG!$A439,generale!$A$16:$A$4963,0),COLUMN())=0,0,INDEX(generale!$A$16:$G$4963,MATCH(NGG!$A439,generale!$A$16:$A$4963,0),COLUMN()))","v":14},{"$f":"IF(INDEX(generale!$A$16:$G$4963,MATCH(NGG!$A439,generale!$A$16:$A$4963,0),COLUMN())=0,0,INDEX(generale!$A$16:$G$4963,MATCH(NGG!$A439,generale!$A$16:$A$4963,0),COLUMN()))","v":7},{"$f":"IF(INDEX(generale!$A$16:$G$4963,MATCH(NGG!$A439,generale!$A$16:$A$4963,0),COLUMN())=0,0,INDEX(generale!$A$16:$G$4963,MATCH(NGG!$A439,generale!$A$16:$A$4963,0),COLUMN()))","v":8},{"$f":"generale!G449","v":"P"},2,14,5,7,8,15,59,6,30,3,36,11,4,13,0,22,1,15,1,3,null,null,null,null,null,null,null,null,null,null,null,null,null,null,null,1,null,null,null,1,1,17,null,15]
[{"$f":"IF(generale!$A450>0,generale!$A450,\"\")","v":"2006-03-15"},{"$f":"IF(INDEX(generale!$A$16:$G$4963,MATCH(NGG!$A440,generale!$A$16:$A$4963,0),COLUMN())=0,0,INDEX(generale!$A$16:$G$4963,MATCH(NGG!$A440,generale!$A$16:$A$4963,0),COLUMN()))","v":14},{"$f":"IF(INDEX(generale!$A$16:$G$4963,MATCH(NGG!$A440,generale!$A$16:$A$4963,0),COLUMN())=0,0,INDEX(generale!$A$16:$G$4963,MATCH(NGG!$A440,generale!$A$16:$A$4963,0),COLUMN()))","v":16},{"$f":"IF(INDEX(generale!$A$16:$G$4963,MATCH(NGG!$A440,generale!$A$16:$A$4963,0),COLUMN())=0,0,INDEX(generale!$A$16:$G$4963,MATCH(NGG!$A440,generale!$A$16:$A$4963,0),COLUMN()))","v":4},{"$f":"IF(INDEX(generale!$A$16:$G$4963,MATCH(NGG!$A440,generale!$A$16:$A$4963,0),COLUMN())=0,0,INDEX(generale!$A$16:$G$4963,MATCH(NGG!$A440,generale!$A$16:$A$4963,0),COLUMN()))","v":13},{"$f":"IF(INDEX(generale!$A$16:$G$4963,MATCH(NGG!$A440,generale!$A$16:$A$4963,0),COLUMN())=0,0,INDEX(generale!$A$16:$G$4963,MATCH(NGG!$A440,generale!$A$16:$A$4963,0),COLUMN()))","v":9},{"$f":"generale!G450","v":"T"},3,15,6,8,9,16,60,7,31,4,37,12,5,0,1,23,1,15,1,3,null,null,null,null,null,null,null,null,null,null,null,null,null,null,null,null,null,1,1,1,1,16,null,16]
[{"$f":"IF(generale!$A451>0,generale!$A451,\"\")","v":"2006-03-16"},{"$f":"IF(INDEX(generale!$A$16:$G$4963,MATCH(NGG!$A441,generale!$A$16:$A$4963,0),COLUMN())=0,0,INDEX(generale!$A$16:$G$4963,MATCH(NGG!$A441,generale!$A$16:$A$4963,0),COLUMN()))","v":7},{"$f":"IF(INDEX(generale!$A$16:$G$4963,MATCH(NGG!$A441,generale!$A$16:$A$4963,0),COLUMN())=0,0,INDEX(generale!$A$16:$G$4963,MATCH(NGG!$A441,generale!$A$16:$A$4963,0),COLUMN()))","v":16},{"$f":"IF(INDEX(generale!$A$16:$G$4963,MATCH(NGG!$A441,generale!$A$16:$A$4963,0),COLUMN())=0,0,INDEX(generale!$A$16:$G$4963,MATCH(NGG!$A441,generale!$A$16:$A$4963,0),COLUMN()))","v":3},{"$f":"IF(INDEX(generale!$A$16:$G$4963,MATCH(NGG!$A441,generale!$A$16:$A$4963,0),COLUMN())=0,0,INDEX(generale!$A$16:$G$4963,MATCH(NGG!$A441,generale!$A$16:$A$4963,0),COLUMN()))","v":15},{"$f":"IF(INDEX(generale!$A$16:$G$4963,MATCH(NGG!$A441,generale!$A$16:$A$4963,0),COLUMN())=0,0,INDEX(generale!$A$16:$G$4963,MATCH(NGG!$A441,generale!$A$16:$A$4963,0),COLUMN()))","v":12},{"$f":"generale!G451","v":"P"},4,16,7,9,10,17,0,8,32,5,38,13,6,1,2,24,2,15,1,3,null,null,null,null,null,null,null,null,null,null,null,null,null,null,null,null,null,null,1,1,1,17,null,16]
[{"$f":"IF(generale!$A452>0,generale!$A452,\"\")","v":"2006-03-17"},{"$f":"IF(INDEX(generale!$A$16:$G$4963,MATCH(NGG!$A442,generale!$A$16:$A$4963,0),COLUMN())=0,0,INDEX(generale!$A$16:$G$4963,MATCH(NGG!$A442,generale!$A$16:$A$4963,0),COLUMN()))","v":10},{"$f":"IF(INDEX(generale!$A$16:$G$4963,MATCH(NGG!$A442,generale!$A$16:$A$4963,0),COLUMN())=0,0,INDEX(generale!$A$16:$G$4963,MATCH(NGG!$A442,generale!$A$16:$A$4963,0),COLUMN()))","v":16},{"$f":"IF(INDEX(generale!$A$16:$G$4963,MATCH(NGG!$A442,generale!$A$16:$A$4963,0),COLUMN())=0,0,INDEX(generale!$A$16:$G$4963,MATCH(NGG!$A442,generale!$A$16:$A$4963,0),COLUMN()))","v":2},{"$f":"IF(INDEX(generale!$A$16:$G$4963,MATCH(NGG!$A442,generale!$A$16:$A$4963,0),COLUMN())=0,0,INDEX(generale!$A$16:$G$4963,MATCH(NGG!$A442,generale!$A$16:$A$4963,0),COLUMN()))","v":9},{"$f":"IF(INDEX(generale!$A$16:$G$4963,MATCH(NGG!$A442,generale!$A$16:$A$4963,0),COLUMN())=0,0,INDEX(generale!$A$16:$G$4963,MATCH(NGG!$A442,generale!$A$16:$A$4963,0),COLUMN()))","v":6},{"$f":"generale!G452","v":"P"},4,17,8,10,11,18,1,9,33,0,39,14,7,2,3,25,2,15,1,3,null,1,null,null,null,null,null,null,null,null,null,null,null,null,null,null,null,1,1,1,1,15,null,18]
[{"$f":"IF(generale!$A453>0,generale!$A453,\"\")","v":"2006-03-18"},{"$f":"IF(INDEX(generale!$A$16:$G$4963,MATCH(NGG!$A443,generale!$A$16:$A$4963,0),COLUMN())=0,0,INDEX(generale!$A$16:$G$4963,MATCH(NGG!$A443,generale!$A$16:$A$4963,0),COLUMN()))","v":2},{"$f":"IF(INDEX(generale!$A$16:$G$4963,MATCH(NGG!$A443,generale!$A$16:$A$4963,0),COLUMN())=0,0,INDEX(generale!$A$16:$G$4963,MATCH(NGG!$A443,generale!$A$16:$A$4963,0),COLUMN()))","v":11},{"$f":"IF(INDEX(generale!$A$16:$G$4963,MATCH(NGG!$A443,generale!$A$16:$A$4963,0),COLUMN())=0,0,INDEX(generale!$A$16:$G$4963,MATCH(NGG!$A443,generale!$A$16:$A$4963,0),COLUMN()))","v":6},{"$f":"IF(INDEX(generale!$A$16:$G$4963,MATCH(NGG!$A443,generale!$A$16:$A$4963,0),COLUMN())=0,0,INDEX(generale!$A$16:$G$4963,MATCH(NGG!$A443,generale!$A$16:$A$4963,0),COLUMN()))","v":3},{"$f":"IF(INDEX(generale!$A$16:$G$4963,MATCH(NGG!$A443,generale!$A$16:$A$4963,0),COLUMN())=0,0,INDEX(generale!$A$16:$G$4963,MATCH(NGG!$A443,generale!$A$16:$A$4963,0),COLUMN()))","v":4},{"$f":"generale!G453","v":"P"},5,0,9,11,12,19,2,10,34,1,40,15,8,3,4,26,2,15,1,3,null,null,null,null,null,null,null,null,null,null,null,null,null,null,null,null,null,1,1,1,1,16,null,18]
[{"$f":"IF(generale!$A454>0,generale!$A454,\"\")","v":"2006-03-19"},{"$f":"IF(INDEX(generale!$A$16:$G$4963,MATCH(NGG!$A444,generale!$A$16:$A$4963,0),COLUMN())=0,0,INDEX(generale!$A$16:$G$4963,MATCH(NGG!$A444,generale!$A$16:$A$4963,0),COLUMN()))","v":6},{"$f":"IF(INDEX(generale!$A$16:$G$4963,MATCH(NGG!$A444,generale!$A$16:$A$4963,0),COLUMN())=0,0,INDEX(generale!$A$16:$G$4963,MATCH(NGG!$A444,generale!$A$16:$A$4963,0),COLUMN()))","v":16},{"$f":"IF(INDEX(generale!$A$16:$G$4963,MATCH(NGG!$A444,generale!$A$16:$A$4963,0),COLUMN())=0,0,INDEX(generale!$A$16:$G$4963,MATCH(NGG!$A444,generale!$A$16:$A$4963,0),COLUMN()))","v":11},{"$f":"IF(INDEX(generale!$A$16:$G$4963,MATCH(NGG!$A444,generale!$A$16:$A$4963,0),COLUMN())=0,0,INDEX(generale!$A$16:$G$4963,MATCH(NGG!$A444,generale!$A$16:$A$4963,0),COLUMN()))","v":15},{"$f":"IF(INDEX(generale!$A$16:$G$4963,MATCH(NGG!$A444,generale!$A$16:$A$4963,0),COLUMN())=0,0,INDEX(generale!$A$16:$G$4963,MATCH(NGG!$A444,generale!$A$16:$A$4963,0),COLUMN()))","v":4},{"$f":"generale!G454","v":"O"},6,1,10,12,13,0,3,11,35,2,41,16,9,4,5,27,3,16,1,3,null,null,null,null,null,null,null,null,null,null,null,null,null,null,null,null,null,null,null,1,1,18,null,18]
[{"$f":"IF(generale!$A455>0,generale!$A455,\"\")","v":"2006-03-20"},{"$f":"IF(INDEX(generale!$A$16:$G$4963,MATCH(NGG!$A445,generale!$A$16:$A$4963,0),COLUMN())=0,0,INDEX(generale!$A$16:$G$4963,MATCH(NGG!$A445,generale!$A$16:$A$4963,0),COLUMN()))","v":9},{"$f":"IF(INDEX(generale!$A$16:$G$4963,MATCH(NGG!$A445,generale!$A$16:$A$4963,0),COLUMN())=0,0,INDEX(generale!$A$16:$G$4963,MATCH(NGG!$A445,generale!$A$16:$A$4963,0),COLUMN()))","v":1},{"$f":"IF(INDEX(generale!$A$16:$G$4963,MATCH(NGG!$A445,generale!$A$16:$A$4963,0),COLUMN())=0,0,INDEX(generale!$A$16:$G$4963,MATCH(NGG!$A445,generale!$A$16:$A$4963,0),COLUMN()))","v":2},{"$f":"IF(INDEX(generale!$A$16:$G$4963,MATCH(NGG!$A445,generale!$A$16:$A$4963,0),COLUMN())=0,0,INDEX(generale!$A$16:$G$4963,MATCH(NGG!$A445,generale!$A$16:$A$4963,0),COLUMN()))","v":15},{"$f":"IF(INDEX(generale!$A$16:$G$4963,MATCH(NGG!$A445,generale!$A$16:$A$4963,0),COLUMN())=0,0,INDEX(generale!$A$16:$G$4963,MATCH(NGG!$A445,generale!$A$16:$A$4963,0),COLUMN()))","v":12},{"$f":"generale!G455","v":"P"},7,2,11,13,14,1,4,12,0,3,42,17,10,5,6,28,3,16,1,3,null,null,null,null,null,null,null,null,null,null,null,null,null,null,null,null,null,1,1,1,1,16,null,15]
[{"$f":"IF(generale!$A456>0,generale!$A456,\"\")","v":"2006-03-21"},{"$f":"IF(INDEX(generale!$A$16:$G$4963,MATCH(NGG!$A446,generale!$A$16:$A$4963,0),COLUMN())=0,0,INDEX(generale!$A$16:$G$4963,MATCH(NGG!$A446,generale!$A$16:$A$4963,0),COLUMN()))","v":9},{"$f":"IF(INDEX(generale!$A$16:$G$4963,MATCH(NGG!$A446,generale!$A$16:$A$4963,0),COLUMN())=0,0,INDEX(generale!$A$16:$G$4963,MATCH(NGG!$A446,generale!$A$16:$A$4963,0),COLUMN()))","v":16},{"$f":"IF(INDEX(generale!$A$16:$G$4963,MATCH(NGG!$A446,generale!$A$16:$A$4963,0),COLUMN())=0,0,INDEX(generale!$A$16:$G$4963,MATCH(NGG!$A446,generale!$A$16:$A$4963,0),COLUMN()))","v":3},{"$f":"IF(INDEX(generale!$A$16:$G$4963,MATCH(NGG!$A446,generale!$A$16:$A$4963,0),COLUMN())=0,0,INDEX(generale!$A$16:$G$4963,MATCH(NGG!$A446,generale!$A$16:$A$4963,0),COLUMN()))","v":10},{"$f":"IF(INDEX(generale!$A$16:$G$4963,MATCH(NGG!$A446,generale!$A$16:$A$4963,0),COLUMN())=0,0,INDEX(generale!$A$16:$G$4963,MATCH(NGG!$A446,generale!$A$16:$A$4963,0),COLUMN()))","v":17},{"$f":"generale!G456","v":"T"},8,3,12,14,15,2,5,13,0,4,43,18,11,6,7,29,4,17,1,3,null,null,null,null,null,null,null,null,null,null,null,null,null,null,null,null,null,null,null,1,1,18,null,17]
[{"$f":"IF(generale!$A457>0,generale!$A457,\"\")","v":"2006-03-22"},{"$f":"IF(INDEX(generale!$A$16:$G$4963,MATCH(NGG!$A447,generale!$A$16:$A$4963,0),COLUMN())=0,0,INDEX(generale!$A$16:$G$4963,MATCH(NGG!$A447,generale!$A$16:$A$4963,0),COLUMN()))","v":5},{"$f":"IF(INDEX(generale!$A$16:$G$4963,MATCH(NGG!$A447,generale!$A$16:$A$4963,0),COLUMN())=0,0,INDEX(generale!$A$16:$G$4963,MATCH(NGG!$A447,generale!$A$16:$A$4963,0),COLUMN()))","v":8},{"$f":"IF(INDEX(generale!$A$16:$G$4963,MATCH(NGG!$A447,generale!$A$16:$A$4963,0),COLUMN())=0,0,INDEX(generale!$A$16:$G$4963,MATCH(NGG!$A447,generale!$A$16:$A$4963,0),COLUMN()))","v":12},{"$f":"IF(INDEX(generale!$A$16:$G$4963,MATCH(NGG!$A447,generale!$A$16:$A$4963,0),COLUMN())=0,0,INDEX(generale!$A$16:$G$4963,MATCH(NGG!$A447,generale!$A$16:$A$4963,0),COLUMN()))","v":7},{"$f":"IF(INDEX(generale!$A$16:$G$4963,MATCH(NGG!$A447,generale!$A$16:$A$4963,0),COLUMN())=0,0,INDEX(generale!$A$16:$G$4963,MATCH(NGG!$A447,generale!$A$16:$A$4963,0),COLUMN()))","v":2},{"$f":"generale!G457","v":"T"},9,4,13,15,0,3,6,14,1,5,44,19,12,7,8,30,5,18,1,3,null,null,null,null,null,null,null,null,null,null,null,null,null,null,null,null,null,null,null,1,1,18,null,16]
[{"$f":"IF(generale!$A458>0,generale!$A458,\"\")","v":"2006-03-23"},{"$f":"IF(INDEX(generale!$A$16:$G$4963,MATCH(NGG!$A448,generale!$A$16:$A$4963,0),COLUMN())=0,0,INDEX(generale!$A$16:$G$4963,MATCH(NGG!$A448,generale!$A$16:$A$4963,0),COLUMN()))","v":9},{"$f":"IF(INDEX(generale!$A$16:$G$4963,MATCH(NGG!$A448,generale!$A$16:$A$4963,0),COLUMN())=0,0,INDEX(generale!$A$16:$G$4963,MATCH(NGG!$A448,generale!$A$16:$A$4963,0),COLUMN()))","v":13},{"$f":"IF(INDEX(generale!$A$16:$G$4963,MATCH(NGG!$A448,generale!$A$16:$A$4963,0),COLUMN())=0,0,INDEX(generale!$A$16:$G$4963,MATCH(NGG!$A448,generale!$A$16:$A$4963,0),COLUMN()))","v":1},{"$f":"IF(INDEX(generale!$A$16:$G$4963,MATCH(NGG!$A448,generale!$A$16:$A$4963,0),COLUMN())=0,0,INDEX(generale!$A$16:$G$4963,MATCH(NGG!$A448,generale!$A$16:$A$4963,0),COLUMN()))","v":16},{"$f":"IF(INDEX(generale!$A$16:$G$4963,MATCH(NGG!$A448,generale!$A$16:$A$4963,0),COLUMN())=0,0,INDEX(generale!$A$16:$G$4963,MATCH(NGG!$A448,generale!$A$16:$A$4963,0),COLUMN()))","v":6},{"$f":"generale!G458","v":"P"},10,5,14,16,1,4,7,15,0,6,45,20,13,8,9,31,5,18,1,3,null,null,null,null,null,null,null,null,null,null,null,null,null,null,null,null,null,1,1,1,1,16,null,18]
[{"$f":"IF(generale!$A459>0,generale!$A459,\"\")","v":"2006-03-24"},{"$f":"IF(INDEX(generale!$A$16:$G$4963,MATCH(NGG!$A449,generale!$A$16:$A$4963,0),COLUMN())=0,0,INDEX(generale!$A$16:$G$4963,MATCH(NGG!$A449,generale!$A$16:$A$4963,0),COLUMN()))","v":12},{"$f":"IF(INDEX(generale!$A$16:$G$4963,MATCH(NGG!$A449,generale!$A$16:$A$4963,0),COLUMN())=0,0,INDEX(generale!$A$16:$G$4963,MATCH(NGG!$A449,generale!$A$16:$A$4963,0),COLUMN()))","v":1},{"$f":"IF(INDEX(generale!$A$16:$G$4963,MATCH(NGG!$A449,generale!$A$16:$A$4963,0),COLUMN())=0,0,INDEX(generale!$A$16:$G$4963,MATCH(NGG!$A449,generale!$A$16:$A$4963,0),COLUMN()))","v":6},{"$f":"IF(INDEX(generale!$A$16:$G$4963,MATCH(NGG!$A449,generale!$A$16:$A$4963,0),COLUMN())=0,0,INDEX(generale!$A$16:$G$4963,MATCH(NGG!$A449,generale!$A$16:$A$4963,0),COLUMN()))","v":9},{"$f":"IF(INDEX(generale!$A$16:$G$4963,MATCH(NGG!$A449,generale!$A$16:$A$4963,0),COLUMN())=0,0,INDEX(generale!$A$16:$G$4963,MATCH(NGG!$A449,generale!$A$16:$A$4963,0),COLUMN()))","v":5},{"$f":"generale!G459","v":"P"},11,6,15,17,2,5,8,16,1,7,46,0,14,9,10,32,6,19,1,3,null,null,null,null,null,null,null,null,null,null,null,null,null,null,null,null,null,null,null,1,1,18,null,15]
[{"$f":"IF(generale!$A460>0,generale!$A460,\"\")","v":"2006-03-25"},{"$f":"IF(INDEX(generale!$A$16:$G$4963,MATCH(NGG!$A450,generale!$A$16:$A$4963,0),COLUMN())=0,0,INDEX(generale!$A$16:$G$4963,MATCH(NGG!$A450,generale!$A$16:$A$4963,0),COLUMN()))","v":17},{"$f":"IF(INDEX(generale!$A$16:$G$4963,MATCH(NGG!$A450,generale!$A$16:$A$4963,0),COLUMN())=0,0,INDEX(generale!$A$16:$G$4963,MATCH(NGG!$A450,generale!$A$16:$A$4963,0),COLUMN()))","v":3},{"$f":"IF(INDEX(generale!$A$16:$G$4963,MATCH(NGG!$A450,generale!$A$16:$A$4963,0),COLUMN())=0,0,INDEX(generale!$A$16:$G$4963,MATCH(NGG!$A450,generale!$A$16:$A$4963,0),COLUMN()))","v":15},{"$f":"IF(INDEX(generale!$A$16:$G$4963,MATCH(NGG!$A450,generale!$A$16:$A$4963,0),COLUMN())=0,0,INDEX(generale!$A$16:$G$4963,MATCH(NGG!$A450,generale!$A$16:$A$4963,0),COLUMN()))","v":6},{"$f":"IF(INDEX(generale!$A$16:$G$4963,MATCH(NGG!$A450,generale!$A$16:$A$4963,0),COLUMN())=0,0,INDEX(generale!$A$16:$G$4963,MATCH(NGG!$A450,generale!$A$16:$A$4963,0),COLUMN()))","v":7},{"$f":"generale!G460","v":"T"},12,7,16,18,3,6,9,17,2,8,47,1,15,10,11,33,0,19,1,3,null,null,null,null,null,null,null,null,null,null,null,null,null,null,null,null,null,1,1,1,1,16,null,17]
[{"$f":"IF(generale!$A461>0,generale!$A461,\"\")","v":"2006-03-26"},{"$f":"IF(INDEX(generale!$A$16:$G$4963,MATCH(NGG!$A451,generale!$A$16:$A$4963,0),COLUMN())=0,0,INDEX(generale!$A$16:$G$4963,MATCH(NGG!$A451,generale!$A$16:$A$4963,0),COLUMN()))","v":15},{"$f":"IF(INDEX(generale!$A$16:$G$4963,MATCH(NGG!$A451,generale!$A$16:$A$4963,0),COLUMN())=0,0,INDEX(generale!$A$16:$G$4963,MATCH(NGG!$A451,generale!$A$16:$A$4963,0),COLUMN()))","v":16},{"$f":"IF(INDEX(generale!$A$16:$G$4963,MATCH(NGG!$A451,generale!$A$16:$A$4963,0),COLUMN())=0,0,INDEX(generale!$A$16:$G$4963,MATCH(NGG!$A451,generale!$A$16:$A$4963,0),COLUMN()))","v":10},{"$f":"IF(INDEX(generale!$A$16:$G$4963,MATCH(NGG!$A451,generale!$A$16:$A$4963,0),COLUMN())=0,0,INDEX(generale!$A$16:$G$4963,MATCH(NGG!$A451,generale!$A$16:$A$4963,0),COLUMN()))","v":14},{"$f":"IF(INDEX(generale!$A$16:$G$4963,MATCH(NGG!$A451,generale!$A$16:$A$4963,0),COLUMN())=0,0,INDEX(generale!$A$16:$G$4963,MATCH(NGG!$A451,generale!$A$16:$A$4963,0),COLUMN()))","v":7},{"$f":"generale!G461","v":"O"},13,8,17,19,4,7,10,18,3,9,48,2,16,11,0,34,{"$f":"IF(COUNTIF($B451:$D451,0)<3,IF(LEN(SUBSTITUTE(SUBSTITUTE($B451,X$1,,1),,1))=0,0,X450+1-AS451),\"\")","v":0},19,1,3,null,null,null,null,null,null,null,null,null,null,null,null,null,null,null,null,null,1,1,1,1,16,null,16]
[{"$f":"IF(generale!$A462>0,generale!$A462,\"\")","v":"2006-03-27"},{"$f":"IF(INDEX(generale!$A$16:$G$4963,MATCH(NGG!$A452,generale!$A$16:$A$4963,0),COLUMN())=0,0,INDEX(generale!$A$16:$G$4963,MATCH(NGG!$A452,generale!$A$16:$A$4963,0),COLUMN()))","v":8},{"$f":"IF(INDEX(generale!$A$16:$G$4963,MATCH(NGG!$A452,generale!$A$16:$A$4963,0),COLUMN())=0,0,INDEX(generale!$A$16:$G$4963,MATCH(NGG!$A452,generale!$A$16:$A$4963,0),COLUMN()))","v":1},{"$f":"IF(INDEX(generale!$A$16:$G$4963,MATCH(NGG!$A452,generale!$A$16:$A$4963,0),COLUMN())=0,0,INDEX(generale!$A$16:$G$4963,MATCH(NGG!$A452,generale!$A$16:$A$4963,0),COLUMN()))","v":2},{"$f":"IF(INDEX(generale!$A$16:$G$4963,MATCH(NGG!$A452,generale!$A$16:$A$4963,0),COLUMN())=0,0,INDEX(generale!$A$16:$G$4963,MATCH(NGG!$A452,generale!$A$16:$A$4963,0),COLUMN()))","v":13},{"$f":"IF(INDEX(generale!$A$16:$G$4963,MATCH(NGG!$A452,generale!$A$16:$A$4963,0),COLUMN())=0,0,INDEX(generale!$A$16:$G$4963,MATCH(NGG!$A452,generale!$A$16:$A$4963,0),COLUMN()))","v":17},{"$f":"generale!G462","v":"P"},{"$f":"IF(COUNTIF($B452:$D452,0)<3,IF(LEN(SUBSTITUTE(SUBSTITUTE($B452,H$1,,1),,1))=0,0,H451+1-AC452),\"\")","v":14},9,18,20,5,8,11,0,4,10,49,3,17,12,1,35,0,19,1,3,null,null,null,null,null,null,null,null,null,null,null,null,null,null,null,null,null,1,1,1,1,16,null,17]
[{"$f":"IF(generale!$A463>0,generale!$A463,\"\")","v":"2006-03-28"},{"$f":"IF(INDEX(generale!$A$16:$G$4963,MATCH(NGG!$A453,generale!$A$16:$A$4963,0),COLUMN())=0,0,INDEX(generale!$A$16:$G$4963,MATCH(NGG!$A453,generale!$A$16:$A$4963,0),COLUMN()))","v":2},{"$f":"IF(INDEX(generale!$A$16:$G$4963,MATCH(NGG!$A453,generale!$A$16:$A$4963,0),COLUMN())=0,0,INDEX(generale!$A$16:$G$4963,MATCH(NGG!$A453,generale!$A$16:$A$4963,0),COLUMN()))","v":11},{"$f":"IF(INDEX(generale!$A$16:$G$4963,MATCH(NGG!$A453,generale!$A$16:$A$4963,0),COLUMN())=0,0,INDEX(generale!$A$16:$G$4963,MATCH(NGG!$A453,generale!$A$16:$A$4963,0),COLUMN()))","v":9},{"$f":"IF(INDEX(generale!$A$16:$G$4963,MATCH(NGG!$A453,generale!$A$16:$A$4963,0),COLUMN())=0,0,INDEX(generale!$A$16:$G$4963,MATCH(NGG!$A453,generale!$A$16:$A$4963,0),COLUMN()))","v":15},{"$f":"IF(INDEX(generale!$A$16:$G$4963,MATCH(NGG!$A453,generale!$A$16:$A$4963,0),COLUMN())=0,0,INDEX(generale!$A$16:$G$4963,MATCH(NGG!$A453,generale!$A$16:$A$4963,0),COLUMN()))","v":7},{"$f":"generale!G463","v":"P"},15,0,19,21,6,8,12,1,4,11,50,4,18,13,2,36,1,20,1,3,null,null,1,null,null,null,1,null,null,1,null,null,null,null,null,null,null,null,null,1,1,15,null,15]
[{"$f":"IF(generale!$A464>0,generale!$A464,\"\")","v":"2006-03-29"},{"$f":"IF(INDEX(generale!$A$16:$G$4963,MATCH(NGG!$A454,generale!$A$16:$A$4963,0),COLUMN())=0,0,INDEX(generale!$A$16:$G$4963,MATCH(NGG!$A454,generale!$A$16:$A$4963,0),COLUMN()))","v":3},{"$f":"IF(INDEX(generale!$A$16:$G$4963,MATCH(NGG!$A454,generale!$A$16:$A$4963,0),COLUMN())=0,0,INDEX(generale!$A$16:$G$4963,MATCH(NGG!$A454,generale!$A$16:$A$4963,0),COLUMN()))","v":12},{"$f":"IF(INDEX(generale!$A$16:$G$4963,MATCH(NGG!$A454,generale!$A$16:$A$4963,0),COLUMN())=0,0,INDEX(generale!$A$16:$G$4963,MATCH(NGG!$A454,generale!$A$16:$A$4963,0),COLUMN()))","v":7},{"$f":"IF(INDEX(generale!$A$16:$G$4963,MATCH(NGG!$A454,generale!$A$16:$A$4963,0),COLUMN())=0,0,INDEX(generale!$A$16:$G$4963,MATCH(NGG!$A454,generale!$A$16:$A$4963,0),COLUMN()))","v":8},{"$f":"IF(INDEX(generale!$A$16:$G$4963,MATCH(NGG!$A454,generale!$A$16:$A$4963,0),COLUMN())=0,0,INDEX(generale!$A$16:$G$4963,MATCH(NGG!$A454,generale!$A$16:$A$4963,0),COLUMN()))","v":13},{"$f":"generale!G464","v":"T"},16,1,0,22,7,9,13,2,5,12,51,5,19,14,3,37,2,21,2,4,null,null,null,null,null,null,null,null,null,null,null,null,null,null,null,null,null,null,null,null,null,20,null,14]
[{"$f":"IF(generale!$A465>0,generale!$A465,\"\")","v":"2006-03-30"},{"$f":"IF(INDEX(generale!$A$16:$G$4963,MATCH(NGG!$A455,generale!$A$16:$A$4963,0),COLUMN())=0,0,INDEX(generale!$A$16:$G$4963,MATCH(NGG!$A455,generale!$A$16:$A$4963,0),COLUMN()))","v":10},{"$f":"IF(INDEX(generale!$A$16:$G$4963,MATCH(NGG!$A455,generale!$A$16:$A$4963,0),COLUMN())=0,0,INDEX(generale!$A$16:$G$4963,MATCH(NGG!$A455,generale!$A$16:$A$4963,0),COLUMN()))","v":4},{"$f":"IF(INDEX(generale!$A$16:$G$4963,MATCH(NGG!$A455,generale!$A$16:$A$4963,0),COLUMN())=0,0,INDEX(generale!$A$16:$G$4963,MATCH(NGG!$A455,generale!$A$16:$A$4963,0),COLUMN()))","v":18},{"$f":"IF(INDEX(generale!$A$16:$G$4963,MATCH(NGG!$A455,generale!$A$16:$A$4963,0),COLUMN())=0,0,INDEX(generale!$A$16:$G$4963,MATCH(NGG!$A455,generale!$A$16:$A$4963,0),COLUMN()))","v":8},{"$f":"IF(INDEX(generale!$A$16:$G$4963,MATCH(NGG!$A455,generale!$A$16:$A$4963,0),COLUMN())=0,0,INDEX(generale!$A$16:$G$4963,MATCH(NGG!$A455,generale!$A$16:$A$4963,0),COLUMN()))","v":5},{"$f":"generale!G465","v":"P"},16,2,1,23,8,10,13,3,6,0,52,6,20,15,4,38,2,21,2,4,null,1,null,null,null,null,null,1,null,null,null,null,null,null,null,null,null,1,1,1,1,14,null,17]
[{"$f":"IF(generale!$A466>0,generale!$A466,\"\")","v":"2006-03-31"},{"$f":"IF(INDEX(generale!$A$16:$G$4963,MATCH(NGG!$A456,generale!$A$16:$A$4963,0),COLUMN())=0,0,INDEX(generale!$A$16:$G$4963,MATCH(NGG!$A456,generale!$A$16:$A$4963,0),COLUMN()))","v":13},{"$f":"IF(INDEX(generale!$A$16:$G$4963,MATCH(NGG!$A456,generale!$A$16:$A$4963,0),COLUMN())=0,0,INDEX(generale!$A$16:$G$4963,MATCH(NGG!$A456,generale!$A$16:$A$4963,0),COLUMN()))","v":10},{"$f":"IF(INDEX(generale!$A$16:$G$4963,MATCH(NGG!$A456,generale!$A$16:$A$4963,0),COLUMN())=0,0,INDEX(generale!$A$16:$G$4963,MATCH(NGG!$A456,generale!$A$16:$A$4963,0),COLUMN()))","v":14},{"$f":"IF(INDEX(generale!$A$16:$G$4963,MATCH(NGG!$A456,generale!$A$16:$A$4963,0),COLUMN())=0,0,INDEX(generale!$A$16:$G$4963,MATCH(NGG!$A456,generale!$A$16:$A$4963,0),COLUMN()))","v":3},{"$f":"IF(INDEX(generale!$A$16:$G$4963,MATCH(NGG!$A456,generale!$A$16:$A$4963,0),COLUMN())=0,0,INDEX(generale!$A$16:$G$4963,MATCH(NGG!$A456,generale!$A$16:$A$4963,0),COLUMN()))","v":7},{"$f":"generale!G466","v":"T"},17,3,2,24,9,11,13,4,7,1,53,7,0,16,5,39,3,22,2,4,null,null,null,null,null,null,null,1,null,null,null,null,null,null,null,null,null,null,null,1,1,17,null,16]
[{"$f":"IF(generale!$A467>0,generale!$A467,\"\")","v":"2006-04-01"},{"$f":"IF(INDEX(generale!$A$16:$G$4963,MATCH(NGG!$A457,generale!$A$16:$A$4963,0),COLUMN())=0,0,INDEX(generale!$A$16:$G$4963,MATCH(NGG!$A457,generale!$A$16:$A$4963,0),COLUMN()))","v":12},{"$f":"IF(INDEX(generale!$A$16:$G$4963,MATCH(NGG!$A457,generale!$A$16:$A$4963,0),COLUMN())=0,0,INDEX(generale!$A$16:$G$4963,MATCH(NGG!$A457,generale!$A$16:$A$4963,0),COLUMN()))","v":19},{"$f":"IF(INDEX(generale!$A$16:$G$4963,MATCH(NGG!$A457,generale!$A$16:$A$4963,0),COLUMN())=0,0,INDEX(generale!$A$16:$G$4963,MATCH(NGG!$A457,generale!$A$16:$A$4963,0),COLUMN()))","v":13},{"$f":"IF(INDEX(generale!$A$16:$G$4963,MATCH(NGG!$A457,generale!$A$16:$A$4963,0),COLUMN())=0,0,INDEX(generale!$A$16:$G$4963,MATCH(NGG!$A457,generale!$A$16:$A$4963,0),COLUMN()))","v":11},{"$f":"IF(INDEX(generale!$A$16:$G$4963,MATCH(NGG!$A457,generale!$A$16:$A$4963,0),COLUMN())=0,0,INDEX(generale!$A$16:$G$4963,MATCH(NGG!$A457,generale!$A$16:$A$4963,0),COLUMN()))","v":6},{"$f":"generale!G467","v":"P"},18,4,3,25,10,12,14,5,8,2,54,0,1,17,6,40,4,23,2,4,null,null,null,null,null,null,null,null,null,null,null,null,null,null,null,null,null,null,null,1,1,18,null,20]
[{"$f":"IF(generale!$A468>0,generale!$A468,\"\")","v":"2006-04-02"},{"$f":"IF(INDEX(generale!$A$16:$G$4963,MATCH(NGG!$A458,generale!$A$16:$A$4963,0),COLUMN())=0,0,INDEX(generale!$A$16:$G$4963,MATCH(NGG!$A458,generale!$A$16:$A$4963,0),COLUMN()))","v":3},{"$f":"IF(INDEX(generale!$A$16:$G$4963,MATCH(NGG!$A458,generale!$A$16:$A$4963,0),COLUMN())=0,0,INDEX(generale!$A$16:$G$4963,MATCH(NGG!$A458,generale!$A$16:$A$4963,0),COLUMN()))","v":5},{"$f":"IF(INDEX(generale!$A$16:$G$4963,MATCH(NGG!$A458,generale!$A$16:$A$4963,0),COLUMN())=0,0,INDEX(generale!$A$16:$G$4963,MATCH(NGG!$A458,generale!$A$16:$A$4963,0),COLUMN()))","v":16},{"$f":"IF(INDEX(generale!$A$16:$G$4963,MATCH(NGG!$A458,generale!$A$16:$A$4963,0),COLUMN())=0,0,INDEX(generale!$A$16:$G$4963,MATCH(NGG!$A458,generale!$A$16:$A$4963,0),COLUMN()))","v":9},{"$f":"IF(INDEX(generale!$A$16:$G$4963,MATCH(NGG!$A458,generale!$A$16:$A$4963,0),COLUMN())=0,0,INDEX(generale!$A$16:$G$4963,MATCH(NGG!$A458,generale!$A$16:$A$4963,0),COLUMN()))","v":4},{"$f":"generale!G468","v":"O"},19,4,0,26,11,13,15,6,9,3,55,1,2,18,7,41,5,24,2,4,null,null,1,null,null,null,null,null,null,null,null,null,null,null,null,null,null,null,null,1,1,17,null,18]
[{"$f":"IF(generale!$A469>0,generale!$A469,\"\")","v":"2006-04-03"},{"$f":"IF(INDEX(generale!$A$16:$G$4963,MATCH(NGG!$A459,generale!$A$16:$A$4963,0),COLUMN())=0,0,INDEX(generale!$A$16:$G$4963,MATCH(NGG!$A459,generale!$A$16:$A$4963,0),COLUMN()))","v":1},{"$f":"IF(INDEX(generale!$A$16:$G$4963,MATCH(NGG!$A459,generale!$A$16:$A$4963,0),COLUMN())=0,0,INDEX(generale!$A$16:$G$4963,MATCH(NGG!$A459,generale!$A$16:$A$4963,0),COLUMN()))","v":5},{"$f":"IF(INDEX(generale!$A$16:$G$4963,MATCH(NGG!$A459,generale!$A$16:$A$4963,0),COLUMN())=0,0,INDEX(generale!$A$16:$G$4963,MATCH(NGG!$A459,generale!$A$16:$A$4963,0),COLUMN()))","v":3},{"$f":"IF(INDEX(generale!$A$16:$G$4963,MATCH(NGG!$A459,generale!$A$16:$A$4963,0),COLUMN())=0,0,INDEX(generale!$A$16:$G$4963,MATCH(NGG!$A459,generale!$A$16:$A$4963,0),COLUMN()))","v":11},{"$f":"IF(INDEX(generale!$A$16:$G$4963,MATCH(NGG!$A459,generale!$A$16:$A$4963,0),COLUMN())=0,0,INDEX(generale!$A$16:$G$4963,MATCH(NGG!$A459,generale!$A$16:$A$4963,0),COLUMN()))","v":9},{"$f":"generale!G469","v":"P"},0,5,1,27,12,14,16,7,10,4,56,2,3,19,8,42,5,24,2,4,null,null,null,null,null,null,null,null,null,null,null,null,null,null,null,null,null,1,1,1,1,16,null,14]
[{"$f":"IF(generale!$A470>0,generale!$A470,\"\")","v":"2006-04-04"},{"$f":"IF(INDEX(generale!$A$16:$G$4963,MATCH(NGG!$A460,generale!$A$16:$A$4963,0),COLUMN())=0,0,INDEX(generale!$A$16:$G$4963,MATCH(NGG!$A460,generale!$A$16:$A$4963,0),COLUMN()))","v":1},{"$f":"IF(INDEX(generale!$A$16:$G$4963,MATCH(NGG!$A460,generale!$A$16:$A$4963,0),COLUMN())=0,0,INDEX(generale!$A$16:$G$4963,MATCH(NGG!$A460,generale!$A$16:$A$4963,0),COLUMN()))","v":6},{"$f":"IF(INDEX(generale!$A$16:$G$4963,MATCH(NGG!$A460,generale!$A$16:$A$4963,0),COLUMN())=0,0,INDEX(generale!$A$16:$G$4963,MATCH(NGG!$A460,generale!$A$16:$A$4963,0),COLUMN()))","v":15},{"$f":"IF(INDEX(generale!$A$16:$G$4963,MATCH(NGG!$A460,generale!$A$16:$A$4963,0),COLUMN())=0,0,INDEX(generale!$A$16:$G$4963,MATCH(NGG!$A460,generale!$A$16:$A$4963,0),COLUMN()))","v":8},{"$f":"IF(INDEX(generale!$A$16:$G$4963,MATCH(NGG!$A460,generale!$A$16:$A$4963,0),COLUMN())=0,0,INDEX(generale!$A$16:$G$4963,MATCH(NGG!$A460,generale!$A$16:$A$4963,0),COLUMN()))","v":9},{"$f":"generale!G470","v":"P"},0,6,2,28,13,14,17,8,11,5,57,3,4,20,9,42,5,24,2,4,null,null,null,null,null,null,1,null,null,null,null,null,null,null,null,null,1,1,1,1,1,14,null,18]
[{"$f":"IF(generale!$A471>0,generale!$A471,\"\")","v":"2006-04-05"},{"$f":"IF(INDEX(generale!$A$16:$G$4963,MATCH(NGG!$A461,generale!$A$16:$A$4963,0),COLUMN())=0,0,INDEX(generale!$A$16:$G$4963,MATCH(NGG!$A461,generale!$A$16:$A$4963,0),COLUMN()))","v":16},{"$f":"IF(INDEX(generale!$A$16:$G$4963,MATCH(NGG!$A461,generale!$A$16:$A$4963,0),COLUMN())=0,0,INDEX(generale!$A$16:$G$4963,MATCH(NGG!$A461,generale!$A$16:$A$4963,0),COLUMN()))","v":3},{"$f":"IF(INDEX(generale!$A$16:$G$4963,MATCH(NGG!$A461,generale!$A$16:$A$4963,0),COLUMN())=0,0,INDEX(generale!$A$16:$G$4963,MATCH(NGG!$A461,generale!$A$16:$A$4963,0),COLUMN()))","v":17},{"$f":"IF(INDEX(generale!$A$16:$G$4963,MATCH(NGG!$A461,generale!$A$16:$A$4963,0),COLUMN())=0,0,INDEX(generale!$A$16:$G$4963,MATCH(NGG!$A461,generale!$A$16:$A$4963,0),COLUMN()))","v":2},{"$f":"IF(INDEX(generale!$A$16:$G$4963,MATCH(NGG!$A461,generale!$A$16:$A$4963,0),COLUMN())=0,0,INDEX(generale!$A$16:$G$4963,MATCH(NGG!$A461,generale!$A$16:$A$4963,0),COLUMN()))","v":13},{"$f":"generale!G471","v":"T"},1,7,3,29,14,15,18,9,12,6,58,4,5,21,10,0,5,24,2,4,null,null,null,null,null,null,null,null,null,null,null,null,null,null,null,null,1,1,1,1,1,15,null,16]
[{"$f":"IF(generale!$A472>0,generale!$A472,\"\")","v":"2006-04-06"},{"$f":"IF(INDEX(generale!$A$16:$G$4963,MATCH(NGG!$A462,generale!$A$16:$A$4963,0),COLUMN())=0,0,INDEX(generale!$A$16:$G$4963,MATCH(NGG!$A462,generale!$A$16:$A$4963,0),COLUMN()))","v":4},{"$f":"IF(INDEX(generale!$A$16:$G$4963,MATCH(NGG!$A462,generale!$A$16:$A$4963,0),COLUMN())=0,0,INDEX(generale!$A$16:$G$4963,MATCH(NGG!$A462,generale!$A$16:$A$4963,0),COLUMN()))","v":2},{"$f":"IF(INDEX(generale!$A$16:$G$4963,MATCH(NGG!$A462,generale!$A$16:$A$4963,0),COLUMN())=0,0,INDEX(generale!$A$16:$G$4963,MATCH(NGG!$A462,generale!$A$16:$A$4963,0),COLUMN()))","v":10},{"$f":"IF(INDEX(generale!$A$16:$G$4963,MATCH(NGG!$A462,generale!$A$16:$A$4963,0),COLUMN())=0,0,INDEX(generale!$A$16:$G$4963,MATCH(NGG!$A462,generale!$A$16:$A$4963,0),COLUMN()))","v":12},{"$f":"IF(INDEX(generale!$A$16:$G$4963,MATCH(NGG!$A462,generale!$A$16:$A$4963,0),COLUMN())=0,0,INDEX(generale!$A$16:$G$4963,MATCH(NGG!$A462,generale!$A$16:$A$4963,0),COLUMN()))","v":17},{"$f":"generale!G472","v":"P"},2,8,4,0,15,16,19,10,13,7,59,5,6,22,11,1,5,24,2,4,null,null,null,null,null,null,null,null,null,null,null,null,null,null,null,null,null,1,1,1,1,16,null,18]
[{"$f":"IF(generale!$A473>0,generale!$A473,\"\")","v":"2006-04-07"},{"$f":"IF(INDEX(generale!$A$16:$G$4963,MATCH(NGG!$A463,generale!$A$16:$A$4963,0),COLUMN())=0,0,INDEX(generale!$A$16:$G$4963,MATCH(NGG!$A463,generale!$A$16:$A$4963,0),COLUMN()))","v":13},{"$f":"IF(INDEX(generale!$A$16:$G$4963,MATCH(NGG!$A463,generale!$A$16:$A$4963,0),COLUMN())=0,0,INDEX(generale!$A$16:$G$4963,MATCH(NGG!$A463,generale!$A$16:$A$4963,0),COLUMN()))","v":11},{"$f":"IF(INDEX(generale!$A$16:$G$4963,MATCH(NGG!$A463,generale!$A$16:$A$4963,0),COLUMN())=0,0,INDEX(generale!$A$16:$G$4963,MATCH(NGG!$A463,generale!$A$16:$A$4963,0),COLUMN()))","v":2},{"$f":"IF(INDEX(generale!$A$16:$G$4963,MATCH(NGG!$A463,generale!$A$16:$A$4963,0),COLUMN())=0,0,INDEX(generale!$A$16:$G$4963,MATCH(NGG!$A463,generale!$A$16:$A$4963,0),COLUMN()))","v":3},{"$f":"IF(INDEX(generale!$A$16:$G$4963,MATCH(NGG!$A463,generale!$A$16:$A$4963,0),COLUMN())=0,0,INDEX(generale!$A$16:$G$4963,MATCH(NGG!$A463,generale!$A$16:$A$4963,0),COLUMN()))","v":10},{"$f":"generale!G473","v":"O"},3,9,5,1,16,17,20,11,14,8,60,6,0,23,12,2,6,25,2,4,null,null,null,null,null,null,null,null,null,null,null,null,null,null,null,null,null,null,null,1,1,{"$f":"IF(A463<>\"\",20-SUM(AC463:AV463),\"\")","v":18},null,17]
[{"$f":"IF(generale!$A474>0,generale!$A474,\"\")","v":"2006-04-08"},{"$f":"IF(INDEX(generale!$A$16:$G$4963,MATCH(NGG!$A464,generale!$A$16:$A$4963,0),COLUMN())=0,0,INDEX(generale!$A$16:$G$4963,MATCH(NGG!$A464,generale!$A$16:$A$4963,0),COLUMN()))","v":14},{"$f":"IF(INDEX(generale!$A$16:$G$4963,MATCH(NGG!$A464,generale!$A$16:$A$4963,0),COLUMN())=0,0,INDEX(generale!$A$16:$G$4963,MATCH(NGG!$A464,generale!$A$16:$A$4963,0),COLUMN()))","v":7},{"$f":"IF(INDEX(generale!$A$16:$G$4963,MATCH(NGG!$A464,generale!$A$16:$A$4963,0),COLUMN())=0,0,INDEX(generale!$A$16:$G$4963,MATCH(NGG!$A464,generale!$A$16:$A$4963,0),COLUMN()))","v":11},{"$f":"IF(INDEX(generale!$A$16:$G$4963,MATCH(NGG!$A464,generale!$A$16:$A$4963,0),COLUMN())=0,0,INDEX(generale!$A$16:$G$4963,MATCH(NGG!$A464,generale!$A$16:$A$4963,0),COLUMN()))","v":4},{"$f":"IF(INDEX(generale!$A$16:$G$4963,MATCH(NGG!$A464,generale!$A$16:$A$4963,0),COLUMN())=0,0,INDEX(generale!$A$16:$G$4963,MATCH(NGG!$A464,generale!$A$16:$A$4963,0),COLUMN()))","v":2},{"$f":"generale!G474","v":"T"},4,10,6,2,17,18,21,12,15,9,61,7,1,0,13,3,7,25,2,4,null,null,null,null,null,null,null,null,null,null,null,null,null,null,null,null,null,null,1,1,1,17,null,16]
[{"$f":"IF(generale!$A475>0,generale!$A475,\"\")","v":"2006-04-09"},{"$f":"IF(INDEX(generale!$A$16:$G$4963,MATCH(NGG!$A465,generale!$A$16:$A$4963,0),COLUMN())=0,0,INDEX(generale!$A$16:$G$4963,MATCH(NGG!$A465,generale!$A$16:$A$4963,0),COLUMN()))","v":1},{"$f":"IF(INDEX(generale!$A$16:$G$4963,MATCH(NGG!$A465,generale!$A$16:$A$4963,0),COLUMN())=0,0,INDEX(generale!$A$16:$G$4963,MATCH(NGG!$A465,generale!$A$16:$A$4963,0),COLUMN()))","v":5},{"$f":"IF(INDEX(generale!$A$16:$G$4963,MATCH(NGG!$A465,generale!$A$16:$A$4963,0),COLUMN())=0,0,INDEX(generale!$A$16:$G$4963,MATCH(NGG!$A465,generale!$A$16:$A$4963,0),COLUMN()))","v":15},{"$f":"IF(INDEX(generale!$A$16:$G$4963,MATCH(NGG!$A465,generale!$A$16:$A$4963,0),COLUMN())=0,0,INDEX(generale!$A$16:$G$4963,MATCH(NGG!$A465,generale!$A$16:$A$4963,0),COLUMN()))","v":2},{"$f":"IF(INDEX(generale!$A$16:$G$4963,MATCH(NGG!$A465,generale!$A$16:$A$4963,0),COLUMN())=0,0,INDEX(generale!$A$16:$G$4963,MATCH(NGG!$A465,generale!$A$16:$A$4963,0),COLUMN()))","v":6},{"$f":"generale!G475","v":"P"},0,11,7,3,18,19,22,13,16,10,62,8,2,1,14,4,7,25,2,4,null,null,null,null,null,null,null,null,null,null,null,null,null,null,null,null,null,1,1,1,1,16,null,15]
[{"$f":"IF(generale!$A476>0,generale!$A476,\"\")","v":"2006-04-10"},{"$f":"IF(INDEX(generale!$A$16:$G$4963,MATCH(NGG!$A466,generale!$A$16:$A$4963,0),COLUMN())=0,0,INDEX(generale!$A$16:$G$4963,MATCH(NGG!$A466,generale!$A$16:$A$4963,0),COLUMN()))","v":11},{"$f":"IF(INDEX(generale!$A$16:$G$4963,MATCH(NGG!$A466,generale!$A$16:$A$4963,0),COLUMN())=0,0,INDEX(generale!$A$16:$G$4963,MATCH(NGG!$A466,generale!$A$16:$A$4963,0),COLUMN()))","v":6},{"$f":"IF(INDEX(generale!$A$16:$G$4963,MATCH(NGG!$A466,generale!$A$16:$A$4963,0),COLUMN())=0,0,INDEX(generale!$A$16:$G$4963,MATCH(NGG!$A466,generale!$A$16:$A$4963,0),COLUMN()))","v":15},{"$f":"IF(INDEX(generale!$A$16:$G$4963,MATCH(NGG!$A466,generale!$A$16:$A$4963,0),COLUMN())=0,0,INDEX(generale!$A$16:$G$4963,MATCH(NGG!$A466,generale!$A$16:$A$4963,0),COLUMN()))","v":10},{"$f":"IF(INDEX(generale!$A$16:$G$4963,MATCH(NGG!$A466,generale!$A$16:$A$4963,0),COLUMN())=0,0,INDEX(generale!$A$16:$G$4963,MATCH(NGG!$A466,generale!$A$16:$A$4963,0),COLUMN()))","v":7},{"$f":"generale!G476","v":"P"},1,12,8,4,19,20,23,14,17,11,0,9,3,2,15,5,7,25,2,4,null,null,null,null,null,null,null,null,null,null,null,null,null,null,null,null,null,1,1,1,1,16,null,18]
[{"$f":"IF(generale!$A477>0,generale!$A477,\"\")","v":"2006-04-11"},{"$f":"IF(INDEX(generale!$A$16:$G$4963,MATCH(NGG!$A467,generale!$A$16:$A$4963,0),COLUMN())=0,0,INDEX(generale!$A$16:$G$4963,MATCH(NGG!$A467,generale!$A$16:$A$4963,0),COLUMN()))","v":7},{"$f":"IF(INDEX(generale!$A$16:$G$4963,MATCH(NGG!$A467,generale!$A$16:$A$4963,0),COLUMN())=0,0,INDEX(generale!$A$16:$G$4963,MATCH(NGG!$A467,generale!$A$16:$A$4963,0),COLUMN()))","v":9},{"$f":"IF(INDEX(generale!$A$16:$G$4963,MATCH(NGG!$A467,generale!$A$16:$A$4963,0),COLUMN())=0,0,INDEX(generale!$A$16:$G$4963,MATCH(NGG!$A467,generale!$A$16:$A$4963,0),COLUMN()))","v":13},{"$f":"IF(INDEX(generale!$A$16:$G$4963,MATCH(NGG!$A467,generale!$A$16:$A$4963,0),COLUMN())=0,0,INDEX(generale!$A$16:$G$4963,MATCH(NGG!$A467,generale!$A$16:$A$4963,0),COLUMN()))","v":2},{"$f":"IF(INDEX(generale!$A$16:$G$4963,MATCH(NGG!$A467,generale!$A$16:$A$4963,0),COLUMN())=0,0,INDEX(generale!$A$16:$G$4963,MATCH(NGG!$A467,generale!$A$16:$A$4963,0),COLUMN()))","v":1},{"$f":"generale!G477","v":"O"},2,13,9,5,20,21,0,15,18,12,1,10,4,3,16,{"$f":"IF(COUNTIF($B467:$D467,0)<3,IF(LEN(SUBSTITUTE(SUBSTITUTE($B467,W$1,,1),,1))=0,0,W466+1-AR467),\"\")","v":6},7,25,2,4,null,null,null,null,null,null,null,null,null,null,null,null,null,null,null,null,null,1,1,1,1,16,null,18]
[{"$f":"IF(generale!$A478>0,generale!$A478,\"\")","v":"2006-04-12"},{"$f":"IF(INDEX(generale!$A$16:$G$4963,MATCH(NGG!$A468,generale!$A$16:$A$4963,0),COLUMN())=0,0,INDEX(generale!$A$16:$G$4963,MATCH(NGG!$A468,generale!$A$16:$A$4963,0),COLUMN()))","v":4},{"$f":"IF(INDEX(generale!$A$16:$G$4963,MATCH(NGG!$A468,generale!$A$16:$A$4963,0),COLUMN())=0,0,INDEX(generale!$A$16:$G$4963,MATCH(NGG!$A468,generale!$A$16:$A$4963,0),COLUMN()))","v":6},{"$f":"IF(INDEX(generale!$A$16:$G$4963,MATCH(NGG!$A468,generale!$A$16:$A$4963,0),COLUMN())=0,0,INDEX(generale!$A$16:$G$4963,MATCH(NGG!$A468,generale!$A$16:$A$4963,0),COLUMN()))","v":12},{"$f":"IF(INDEX(generale!$A$16:$G$4963,MATCH(NGG!$A468,generale!$A$16:$A$4963,0),COLUMN())=0,0,INDEX(generale!$A$16:$G$4963,MATCH(NGG!$A468,generale!$A$16:$A$4963,0),COLUMN()))","v":9},{"$f":"IF(INDEX(generale!$A$16:$G$4963,MATCH(NGG!$A468,generale!$A$16:$A$4963,0),COLUMN())=0,0,INDEX(generale!$A$16:$G$4963,MATCH(NGG!$A468,generale!$A$16:$A$4963,0),COLUMN()))","v":11},{"$f":"generale!G478","v":"T"},{"$f":"IF(COUNTIF($B468:$D468,0)<3,IF(LEN(SUBSTITUTE(SUBSTITUTE($B468,H$1,,1),,1))=0,0,H467+1-AC468),\"\")","v":3},13,10,0,21,22,1,16,19,13,2,11,5,4,17,7,8,26,2,4,null,null,1,null,null,null,null,null,null,null,null,null,null,null,null,null,null,null,null,1,1,17,null,14]
[{"$f":"IF(generale!$A479>0,generale!$A479,\"\")","v":"2006-04-13"},{"$f":"IF(INDEX(generale!$A$16:$G$4963,MATCH(NGG!$A469,generale!$A$16:$A$4963,0),COLUMN())=0,0,INDEX(generale!$A$16:$G$4963,MATCH(NGG!$A469,generale!$A$16:$A$4963,0),COLUMN()))","v":3},{"$f":"IF(INDEX(generale!$A$16:$G$4963,MATCH(NGG!$A469,generale!$A$16:$A$4963,0),COLUMN())=0,0,INDEX(generale!$A$16:$G$4963,MATCH(NGG!$A469,generale!$A$16:$A$4963,0),COLUMN()))","v":5},{"$f":"IF(INDEX(generale!$A$16:$G$4963,MATCH(NGG!$A469,generale!$A$16:$A$4963,0),COLUMN())=0,0,INDEX(generale!$A$16:$G$4963,MATCH(NGG!$A469,generale!$A$16:$A$4963,0),COLUMN()))","v":4},{"$f":"IF(INDEX(generale!$A$16:$G$4963,MATCH(NGG!$A469,generale!$A$16:$A$4963,0),COLUMN())=0,0,INDEX(generale!$A$16:$G$4963,MATCH(NGG!$A469,generale!$A$16:$A$4963,0),COLUMN()))","v":10},{"$f":"IF(INDEX(generale!$A$16:$G$4963,MATCH(NGG!$A469,generale!$A$16:$A$4963,0),COLUMN())=0,0,INDEX(generale!$A$16:$G$4963,MATCH(NGG!$A469,generale!$A$16:$A$4963,0),COLUMN()))","v":12},{"$f":"generale!G479","v":"O"},4,14,0,1,22,23,2,17,20,14,3,12,6,5,18,8,8,26,2,4,null,null,null,null,null,null,null,null,null,null,null,null,null,null,null,null,null,1,1,1,1,16,null,17]
[{"$f":"IF(generale!$A480>0,generale!$A480,\"\")","v":"2006-04-14"},{"$f":"IF(INDEX(generale!$A$16:$G$4963,MATCH(NGG!$A470,generale!$A$16:$A$4963,0),COLUMN())=0,0,INDEX(generale!$A$16:$G$4963,MATCH(NGG!$A470,generale!$A$16:$A$4963,0),COLUMN()))","v":4},{"$f":"IF(INDEX(generale!$A$16:$G$4963,MATCH(NGG!$A470,generale!$A$16:$A$4963,0),COLUMN())=0,0,INDEX(generale!$A$16:$G$4963,MATCH(NGG!$A470,generale!$A$16:$A$4963,0),COLUMN()))","v":2},{"$f":"IF(INDEX(generale!$A$16:$G$4963,MATCH(NGG!$A470,generale!$A$16:$A$4963,0),COLUMN())=0,0,INDEX(generale!$A$16:$G$4963,MATCH(NGG!$A470,generale!$A$16:$A$4963,0),COLUMN()))","v":3},{"$f":"IF(INDEX(generale!$A$16:$G$4963,MATCH(NGG!$A470,generale!$A$16:$A$4963,0),COLUMN())=0,0,INDEX(generale!$A$16:$G$4963,MATCH(NGG!$A470,generale!$A$16:$A$4963,0),COLUMN()))","v":16},{"$f":"IF(INDEX(generale!$A$16:$G$4963,MATCH(NGG!$A470,generale!$A$16:$A$4963,0),COLUMN())=0,0,INDEX(generale!$A$16:$G$4963,MATCH(NGG!$A470,generale!$A$16:$A$4963,0),COLUMN()))","v":15},{"$f":"generale!G480","v":"P"},5,15,1,0,23,24,3,18,21,15,4,13,7,6,19,9,8,26,2,4,null,null,null,null,null,null,null,null,null,null,null,null,null,null,null,null,null,1,1,1,1,16,null,18]
[{"$f":"IF(generale!$A481>0,generale!$A481,\"\")","v":"2006-04-15"},{"$f":"IF(INDEX(generale!$A$16:$G$4963,MATCH(NGG!$A471,generale!$A$16:$A$4963,0),COLUMN())=0,0,INDEX(generale!$A$16:$G$4963,MATCH(NGG!$A471,generale!$A$16:$A$4963,0),COLUMN()))","v":6},{"$f":"IF(INDEX(generale!$A$16:$G$4963,MATCH(NGG!$A471,generale!$A$16:$A$4963,0),COLUMN())=0,0,INDEX(generale!$A$16:$G$4963,MATCH(NGG!$A471,generale!$A$16:$A$4963,0),COLUMN()))","v":17},{"$f":"IF(INDEX(generale!$A$16:$G$4963,MATCH(NGG!$A471,generale!$A$16:$A$4963,0),COLUMN())=0,0,INDEX(generale!$A$16:$G$4963,MATCH(NGG!$A471,generale!$A$16:$A$4963,0),COLUMN()))","v":14},{"$f":"IF(INDEX(generale!$A$16:$G$4963,MATCH(NGG!$A471,generale!$A$16:$A$4963,0),COLUMN())=0,0,INDEX(generale!$A$16:$G$4963,MATCH(NGG!$A471,generale!$A$16:$A$4963,0),COLUMN()))","v":3},{"$f":"IF(INDEX(generale!$A$16:$G$4963,MATCH(NGG!$A471,generale!$A$16:$A$4963,0),COLUMN())=0,0,INDEX(generale!$A$16:$G$4963,MATCH(NGG!$A471,generale!$A$16:$A$4963,0),COLUMN()))","v":8},{"$f":"generale!G481","v":"T"},6,16,2,1,24,0,4,19,22,16,5,14,8,7,20,10,8,26,2,4,null,null,null,null,null,null,null,null,null,null,null,null,null,null,null,null,null,1,1,1,1,16,null,18]
[{"$f":"IF(generale!$A482>0,generale!$A482,\"\")","v":"2006-04-16"},{"$f":"IF(INDEX(generale!$A$16:$G$4963,MATCH(NGG!$A472,generale!$A$16:$A$4963,0),COLUMN())=0,0,INDEX(generale!$A$16:$G$4963,MATCH(NGG!$A472,generale!$A$16:$A$4963,0),COLUMN()))","v":14},{"$f":"IF(INDEX(generale!$A$16:$G$4963,MATCH(NGG!$A472,generale!$A$16:$A$4963,0),COLUMN())=0,0,INDEX(generale!$A$16:$G$4963,MATCH(NGG!$A472,generale!$A$16:$A$4963,0),COLUMN()))","v":2},{"$f":"IF(INDEX(generale!$A$16:$G$4963,MATCH(NGG!$A472,generale!$A$16:$A$4963,0),COLUMN())=0,0,INDEX(generale!$A$16:$G$4963,MATCH(NGG!$A472,generale!$A$16:$A$4963,0),COLUMN()))","v":15},{"$f":"IF(INDEX(generale!$A$16:$G$4963,MATCH(NGG!$A472,generale!$A$16:$A$4963,0),COLUMN())=0,0,INDEX(generale!$A$16:$G$4963,MATCH(NGG!$A472,generale!$A$16:$A$4963,0),COLUMN()))","v":13},{"$f":"IF(INDEX(generale!$A$16:$G$4963,MATCH(NGG!$A472,generale!$A$16:$A$4963,0),COLUMN())=0,0,INDEX(generale!$A$16:$G$4963,MATCH(NGG!$A472,generale!$A$16:$A$4963,0),COLUMN()))","v":11},{"$f":"generale!G482","v":"O"},7,16,3,2,25,1,5,20,23,17,6,15,9,0,21,11,9,27,2,4,null,null,1,null,null,null,null,null,null,null,null,null,null,null,null,null,null,null,null,1,1,17,null,20]
[{"$f":"IF(generale!$A483>0,generale!$A483,\"\")","v":"2006-04-17"},{"$f":"IF(INDEX(generale!$A$16:$G$4963,MATCH(NGG!$A473,generale!$A$16:$A$4963,0),COLUMN())=0,0,INDEX(generale!$A$16:$G$4963,MATCH(NGG!$A473,generale!$A$16:$A$4963,0),COLUMN()))","v":9},{"$f":"IF(INDEX(generale!$A$16:$G$4963,MATCH(NGG!$A473,generale!$A$16:$A$4963,0),COLUMN())=0,0,INDEX(generale!$A$16:$G$4963,MATCH(NGG!$A473,generale!$A$16:$A$4963,0),COLUMN()))","v":4},{"$f":"IF(INDEX(generale!$A$16:$G$4963,MATCH(NGG!$A473,generale!$A$16:$A$4963,0),COLUMN())=0,0,INDEX(generale!$A$16:$G$4963,MATCH(NGG!$A473,generale!$A$16:$A$4963,0),COLUMN()))","v":5},{"$f":"IF(INDEX(generale!$A$16:$G$4963,MATCH(NGG!$A473,generale!$A$16:$A$4963,0),COLUMN())=0,0,INDEX(generale!$A$16:$G$4963,MATCH(NGG!$A473,generale!$A$16:$A$4963,0),COLUMN()))","v":8},{"$f":"IF(INDEX(generale!$A$16:$G$4963,MATCH(NGG!$A473,generale!$A$16:$A$4963,0),COLUMN())=0,0,INDEX(generale!$A$16:$G$4963,MATCH(NGG!$A473,generale!$A$16:$A$4963,0),COLUMN()))","v":13},{"$f":"generale!G483","v":"P"},8,17,4,3,26,2,6,21,0,18,7,16,10,1,22,12,10,28,2,4,null,null,null,null,null,null,null,null,null,null,null,null,null,null,null,null,null,null,null,1,1,18,null,16]
[{"$f":"IF(generale!$A484>0,generale!$A484,\"\")","v":"2006-04-18"},{"$f":"IF(INDEX(generale!$A$16:$G$4963,MATCH(NGG!$A474,generale!$A$16:$A$4963,0),COLUMN())=0,0,INDEX(generale!$A$16:$G$4963,MATCH(NGG!$A474,generale!$A$16:$A$4963,0),COLUMN()))","v":10},{"$f":"IF(INDEX(generale!$A$16:$G$4963,MATCH(NGG!$A474,generale!$A$16:$A$4963,0),COLUMN())=0,0,INDEX(generale!$A$16:$G$4963,MATCH(NGG!$A474,generale!$A$16:$A$4963,0),COLUMN()))","v":14},{"$f":"IF(INDEX(generale!$A$16:$G$4963,MATCH(NGG!$A474,generale!$A$16:$A$4963,0),COLUMN())=0,0,INDEX(generale!$A$16:$G$4963,MATCH(NGG!$A474,generale!$A$16:$A$4963,0),COLUMN()))","v":4},{"$f":"IF(INDEX(generale!$A$16:$G$4963,MATCH(NGG!$A474,generale!$A$16:$A$4963,0),COLUMN())=0,0,INDEX(generale!$A$16:$G$4963,MATCH(NGG!$A474,generale!$A$16:$A$4963,0),COLUMN()))","v":6},{"$f":"IF(INDEX(generale!$A$16:$G$4963,MATCH(NGG!$A474,generale!$A$16:$A$4963,0),COLUMN())=0,0,INDEX(generale!$A$16:$G$4963,MATCH(NGG!$A474,generale!$A$16:$A$4963,0),COLUMN()))","v":2},{"$f":"generale!G484","v":"P"},9,18,5,4,27,3,7,22,1,0,8,17,11,2,23,13,10,28,2,4,null,null,null,null,null,null,null,null,null,null,null,null,null,null,null,null,null,1,1,1,1,16,null,17]
[{"$f":"IF(generale!$A485>0,generale!$A485,\"\")","v":"2006-04-19"},{"$f":"IF(INDEX(generale!$A$16:$G$4963,MATCH(NGG!$A475,generale!$A$16:$A$4963,0),COLUMN())=0,0,INDEX(generale!$A$16:$G$4963,MATCH(NGG!$A475,generale!$A$16:$A$4963,0),COLUMN()))","v":18},{"$f":"IF(INDEX(generale!$A$16:$G$4963,MATCH(NGG!$A475,generale!$A$16:$A$4963,0),COLUMN())=0,0,INDEX(generale!$A$16:$G$4963,MATCH(NGG!$A475,generale!$A$16:$A$4963,0),COLUMN()))","v":15},{"$f":"IF(INDEX(generale!$A$16:$G$4963,MATCH(NGG!$A475,generale!$A$16:$A$4963,0),COLUMN())=0,0,INDEX(generale!$A$16:$G$4963,MATCH(NGG!$A475,generale!$A$16:$A$4963,0),COLUMN()))","v":11},{"$f":"IF(INDEX(generale!$A$16:$G$4963,MATCH(NGG!$A475,generale!$A$16:$A$4963,0),COLUMN())=0,0,INDEX(generale!$A$16:$G$4963,MATCH(NGG!$A475,generale!$A$16:$A$4963,0),COLUMN()))","v":1},{"$f":"IF(INDEX(generale!$A$16:$G$4963,MATCH(NGG!$A475,generale!$A$16:$A$4963,0),COLUMN())=0,0,INDEX(generale!$A$16:$G$4963,MATCH(NGG!$A475,generale!$A$16:$A$4963,0),COLUMN()))","v":17},{"$f":"generale!G485","v":"T"},10,19,6,5,28,4,8,23,2,1,9,18,12,3,24,13,10,0,2,4,null,null,null,null,null,null,null,null,null,null,null,null,null,null,null,null,1,1,1,1,1,15,null,18]
[{"$f":"IF(generale!$A486>0,generale!$A486,\"\")","v":"2006-04-20"},{"$f":"IF(INDEX(generale!$A$16:$G$4963,MATCH(NGG!$A476,generale!$A$16:$A$4963,0),COLUMN())=0,0,INDEX(generale!$A$16:$G$4963,MATCH(NGG!$A476,generale!$A$16:$A$4963,0),COLUMN()))","v":8},{"$f":"IF(INDEX(generale!$A$16:$G$4963,MATCH(NGG!$A476,generale!$A$16:$A$4963,0),COLUMN())=0,0,INDEX(generale!$A$16:$G$4963,MATCH(NGG!$A476,generale!$A$16:$A$4963,0),COLUMN()))","v":6},{"$f":"IF(INDEX(generale!$A$16:$G$4963,MATCH(NGG!$A476,generale!$A$16:$A$4963,0),COLUMN())=0,0,INDEX(generale!$A$16:$G$4963,MATCH(NGG!$A476,generale!$A$16:$A$4963,0),COLUMN()))","v":9},{"$f":"IF(INDEX(generale!$A$16:$G$4963,MATCH(NGG!$A476,generale!$A$16:$A$4963,0),COLUMN())=0,0,INDEX(generale!$A$16:$G$4963,MATCH(NGG!$A476,generale!$A$16:$A$4963,0),COLUMN()))","v":7},{"$f":"IF(INDEX(generale!$A$16:$G$4963,MATCH(NGG!$A476,generale!$A$16:$A$4963,0),COLUMN())=0,0,INDEX(generale!$A$16:$G$4963,MATCH(NGG!$A476,generale!$A$16:$A$4963,0),COLUMN()))","v":3},{"$f":"generale!G486","v":"P"},11,20,7,6,29,5,9,0,3,2,10,19,13,4,25,14,11,1,3,5,null,null,null,null,null,null,null,null,null,null,null,null,null,null,null,null,null,null,null,null,null,20,null,16]
[{"$f":"IF(generale!$A487>0,generale!$A487,\"\")","v":"2006-04-21"},{"$f":"IF(INDEX(generale!$A$16:$G$4963,MATCH(NGG!$A477,generale!$A$16:$A$4963,0),COLUMN())=0,0,INDEX(generale!$A$16:$G$4963,MATCH(NGG!$A477,generale!$A$16:$A$4963,0),COLUMN()))","v":16},{"$f":"IF(INDEX(generale!$A$16:$G$4963,MATCH(NGG!$A477,generale!$A$16:$A$4963,0),COLUMN())=0,0,INDEX(generale!$A$16:$G$4963,MATCH(NGG!$A477,generale!$A$16:$A$4963,0),COLUMN()))","v":15},{"$f":"IF(INDEX(generale!$A$16:$G$4963,MATCH(NGG!$A477,generale!$A$16:$A$4963,0),COLUMN())=0,0,INDEX(generale!$A$16:$G$4963,MATCH(NGG!$A477,generale!$A$16:$A$4963,0),COLUMN()))","v":3},{"$f":"IF(INDEX(generale!$A$16:$G$4963,MATCH(NGG!$A477,generale!$A$16:$A$4963,0),COLUMN())=0,0,INDEX(generale!$A$16:$G$4963,MATCH(NGG!$A477,generale!$A$16:$A$4963,0),COLUMN()))","v":6},{"$f":"IF(INDEX(generale!$A$16:$G$4963,MATCH(NGG!$A477,generale!$A$16:$A$4963,0),COLUMN())=0,0,INDEX(generale!$A$16:$G$4963,MATCH(NGG!$A477,generale!$A$16:$A$4963,0),COLUMN()))","v":10},{"$f":"generale!G487","v":"T"},12,21,5,7,30,6,10,1,4,3,11,20,14,5,26,0,11,1,3,5,null,null,null,3,null,null,null,null,null,null,null,null,null,null,null,null,null,1,1,1,1,13,null,16]
[{"$f":"IF(generale!$A488>0,generale!$A488,\"\")","v":"2006-04-22"},{"$f":"IF(INDEX(generale!$A$16:$G$4963,MATCH(NGG!$A478,generale!$A$16:$A$4963,0),COLUMN())=0,0,INDEX(generale!$A$16:$G$4963,MATCH(NGG!$A478,generale!$A$16:$A$4963,0),COLUMN()))","v":7},{"$f":"IF(INDEX(generale!$A$16:$G$4963,MATCH(NGG!$A478,generale!$A$16:$A$4963,0),COLUMN())=0,0,INDEX(generale!$A$16:$G$4963,MATCH(NGG!$A478,generale!$A$16:$A$4963,0),COLUMN()))","v":8},{"$f":"IF(INDEX(generale!$A$16:$G$4963,MATCH(NGG!$A478,generale!$A$16:$A$4963,0),COLUMN())=0,0,INDEX(generale!$A$16:$G$4963,MATCH(NGG!$A478,generale!$A$16:$A$4963,0),COLUMN()))","v":1},{"$f":"IF(INDEX(generale!$A$16:$G$4963,MATCH(NGG!$A478,generale!$A$16:$A$4963,0),COLUMN())=0,0,INDEX(generale!$A$16:$G$4963,MATCH(NGG!$A478,generale!$A$16:$A$4963,0),COLUMN()))","v":3},{"$f":"IF(INDEX(generale!$A$16:$G$4963,MATCH(NGG!$A478,generale!$A$16:$A$4963,0),COLUMN())=0,0,INDEX(generale!$A$16:$G$4963,MATCH(NGG!$A478,generale!$A$16:$A$4963,0),COLUMN()))","v":13},{"$f":"generale!G488","v":"T"},13,22,6,8,31,7,0,2,5,4,12,21,15,6,27,1,11,1,3,5,null,null,null,null,null,null,null,null,null,null,null,null,null,null,null,null,null,1,1,1,1,16,null,16]
[{"$f":"IF(generale!$A489>0,generale!$A489,\"\")","v":"2006-04-23"},{"$f":"IF(INDEX(generale!$A$16:$G$4963,MATCH(NGG!$A479,generale!$A$16:$A$4963,0),COLUMN())=0,0,INDEX(generale!$A$16:$G$4963,MATCH(NGG!$A479,generale!$A$16:$A$4963,0),COLUMN()))","v":7},{"$f":"IF(INDEX(generale!$A$16:$G$4963,MATCH(NGG!$A479,generale!$A$16:$A$4963,0),COLUMN())=0,0,INDEX(generale!$A$16:$G$4963,MATCH(NGG!$A479,generale!$A$16:$A$4963,0),COLUMN()))","v":1},{"$f":"IF(INDEX(generale!$A$16:$G$4963,MATCH(NGG!$A479,generale!$A$16:$A$4963,0),COLUMN())=0,0,INDEX(generale!$A$16:$G$4963,MATCH(NGG!$A479,generale!$A$16:$A$4963,0),COLUMN()))","v":17},{"$f":"IF(INDEX(generale!$A$16:$G$4963,MATCH(NGG!$A479,generale!$A$16:$A$4963,0),COLUMN())=0,0,INDEX(generale!$A$16:$G$4963,MATCH(NGG!$A479,generale!$A$16:$A$4963,0),COLUMN()))","v":3},{"$f":"IF(INDEX(generale!$A$16:$G$4963,MATCH(NGG!$A479,generale!$A$16:$A$4963,0),COLUMN())=0,0,INDEX(generale!$A$16:$G$4963,MATCH(NGG!$A479,generale!$A$16:$A$4963,0),COLUMN()))","v":2},{"$f":"generale!G489","v":"P"},14,23,7,9,32,8,0,3,6,5,13,22,16,7,28,2,12,2,3,5,null,null,null,null,null,null,null,null,null,null,null,null,null,null,null,null,null,null,null,1,1,18,null,16]
[{"$f":"IF(generale!$A490>0,generale!$A490,\"\")","v":"2006-04-24"},{"$f":"IF(INDEX(generale!$A$16:$G$4963,MATCH(NGG!$A480,generale!$A$16:$A$4963,0),COLUMN())=0,0,INDEX(generale!$A$16:$G$4963,MATCH(NGG!$A480,generale!$A$16:$A$4963,0),COLUMN()))","v":15},{"$f":"IF(INDEX(generale!$A$16:$G$4963,MATCH(NGG!$A480,generale!$A$16:$A$4963,0),COLUMN())=0,0,INDEX(generale!$A$16:$G$4963,MATCH(NGG!$A480,generale!$A$16:$A$4963,0),COLUMN()))","v":12},{"$f":"IF(INDEX(generale!$A$16:$G$4963,MATCH(NGG!$A480,generale!$A$16:$A$4963,0),COLUMN())=0,0,INDEX(generale!$A$16:$G$4963,MATCH(NGG!$A480,generale!$A$16:$A$4963,0),COLUMN()))","v":14},{"$f":"IF(INDEX(generale!$A$16:$G$4963,MATCH(NGG!$A480,generale!$A$16:$A$4963,0),COLUMN())=0,0,INDEX(generale!$A$16:$G$4963,MATCH(NGG!$A480,generale!$A$16:$A$4963,0),COLUMN()))","v":1},{"$f":"IF(INDEX(generale!$A$16:$G$4963,MATCH(NGG!$A480,generale!$A$16:$A$4963,0),COLUMN())=0,0,INDEX(generale!$A$16:$G$4963,MATCH(NGG!$A480,generale!$A$16:$A$4963,0),COLUMN()))","v":9},{"$f":"generale!G490","v":"P"},15,24,8,10,33,9,1,4,7,6,14,23,17,8,0,3,12,2,3,5,null,null,null,null,null,null,null,null,null,null,null,null,null,null,null,null,null,1,1,1,1,16,null,18]
[{"$f":"IF(generale!$A491>0,generale!$A491,\"\")","v":"2006-04-25"},{"$f":"IF(INDEX(generale!$A$16:$G$4963,MATCH(NGG!$A481,generale!$A$16:$A$4963,0),COLUMN())=0,0,INDEX(generale!$A$16:$G$4963,MATCH(NGG!$A481,generale!$A$16:$A$4963,0),COLUMN()))","v":11},{"$f":"IF(INDEX(generale!$A$16:$G$4963,MATCH(NGG!$A481,generale!$A$16:$A$4963,0),COLUMN())=0,0,INDEX(generale!$A$16:$G$4963,MATCH(NGG!$A481,generale!$A$16:$A$4963,0),COLUMN()))","v":15},{"$f":"IF(INDEX(generale!$A$16:$G$4963,MATCH(NGG!$A481,generale!$A$16:$A$4963,0),COLUMN())=0,0,INDEX(generale!$A$16:$G$4963,MATCH(NGG!$A481,generale!$A$16:$A$4963,0),COLUMN()))","v":10},{"$f":"IF(INDEX(generale!$A$16:$G$4963,MATCH(NGG!$A481,generale!$A$16:$A$4963,0),COLUMN())=0,0,INDEX(generale!$A$16:$G$4963,MATCH(NGG!$A481,generale!$A$16:$A$4963,0),COLUMN()))","v":7},{"$f":"IF(INDEX(generale!$A$16:$G$4963,MATCH(NGG!$A481,generale!$A$16:$A$4963,0),COLUMN())=0,0,INDEX(generale!$A$16:$G$4963,MATCH(NGG!$A481,generale!$A$16:$A$4963,0),COLUMN()))","v":2},{"$f":"generale!G491","v":"T"},16,25,9,11,34,10,2,5,8,7,0,24,18,9,1,4,12,2,3,5,null,null,null,null,null,null,null,null,null,null,null,null,null,null,null,null,null,1,1,1,1,16,null,18]
[{"$f":"IF(generale!$A492>0,generale!$A492,\"\")","v":"2006-04-26"},{"$f":"IF(INDEX(generale!$A$16:$G$4963,MATCH(NGG!$A482,generale!$A$16:$A$4963,0),COLUMN())=0,0,INDEX(generale!$A$16:$G$4963,MATCH(NGG!$A482,generale!$A$16:$A$4963,0),COLUMN()))","v":8},{"$f":"IF(INDEX(generale!$A$16:$G$4963,MATCH(NGG!$A482,generale!$A$16:$A$4963,0),COLUMN())=0,0,INDEX(generale!$A$16:$G$4963,MATCH(NGG!$A482,generale!$A$16:$A$4963,0),COLUMN()))","v":2},{"$f":"IF(INDEX(generale!$A$16:$G$4963,MATCH(NGG!$A482,generale!$A$16:$A$4963,0),COLUMN())=0,0,INDEX(generale!$A$16:$G$4963,MATCH(NGG!$A482,generale!$A$16:$A$4963,0),COLUMN()))","v":11},{"$f":"IF(INDEX(generale!$A$16:$G$4963,MATCH(NGG!$A482,generale!$A$16:$A$4963,0),COLUMN())=0,0,INDEX(generale!$A$16:$G$4963,MATCH(NGG!$A482,generale!$A$16:$A$4963,0),COLUMN()))","v":13},{"$f":"IF(INDEX(generale!$A$16:$G$4963,MATCH(NGG!$A482,generale!$A$16:$A$4963,0),COLUMN())=0,0,INDEX(generale!$A$16:$G$4963,MATCH(NGG!$A482,generale!$A$16:$A$4963,0),COLUMN()))","v":12},{"$f":"generale!G492","v":"T"},17,26,10,12,35,11,3,0,9,8,1,25,19,10,2,5,12,2,3,5,null,null,null,null,null,null,null,null,null,null,null,null,null,null,null,null,null,1,1,1,1,16,null,16]
[{"$f":"IF(generale!$A493>0,generale!$A493,\"\")","v":"2006-04-27"},{"$f":"IF(INDEX(generale!$A$16:$G$4963,MATCH(NGG!$A483,generale!$A$16:$A$4963,0),COLUMN())=0,0,INDEX(generale!$A$16:$G$4963,MATCH(NGG!$A483,generale!$A$16:$A$4963,0),COLUMN()))","v":2},{"$f":"IF(INDEX(generale!$A$16:$G$4963,MATCH(NGG!$A483,generale!$A$16:$A$4963,0),COLUMN())=0,0,INDEX(generale!$A$16:$G$4963,MATCH(NGG!$A483,generale!$A$16:$A$4963,0),COLUMN()))","v":3},{"$f":"IF(INDEX(generale!$A$16:$G$4963,MATCH(NGG!$A483,generale!$A$16:$A$4963,0),COLUMN())=0,0,INDEX(generale!$A$16:$G$4963,MATCH(NGG!$A483,generale!$A$16:$A$4963,0),COLUMN()))","v":7},{"$f":"IF(INDEX(generale!$A$16:$G$4963,MATCH(NGG!$A483,generale!$A$16:$A$4963,0),COLUMN())=0,0,INDEX(generale!$A$16:$G$4963,MATCH(NGG!$A483,generale!$A$16:$A$4963,0),COLUMN()))","v":5},{"$f":"IF(INDEX(generale!$A$16:$G$4963,MATCH(NGG!$A483,generale!$A$16:$A$4963,0),COLUMN())=0,0,INDEX(generale!$A$16:$G$4963,MATCH(NGG!$A483,generale!$A$16:$A$4963,0),COLUMN()))","v":18},{"$f":"generale!G493","v":"P"},18,0,11,13,36,12,4,1,10,9,2,26,20,11,3,6,{"$f":"IF(COUNTIF($B483:$D483,0)<3,IF(LEN(SUBSTITUTE(SUBSTITUTE($B483,X$1,,1),,1))=0,0,X482+1-AS483),\"\")","v":12},2,3,5,null,null,null,null,null,null,null,null,null,null,null,null,null,null,null,null,null,1,1,1,1,16,null,18]
[{"$f":"IF(generale!$A494>0,generale!$A494,\"\")","v":"2006-04-28"},{"$f":"IF(INDEX(generale!$A$16:$G$4963,MATCH(NGG!$A484,generale!$A$16:$A$4963,0),COLUMN())=0,0,INDEX(generale!$A$16:$G$4963,MATCH(NGG!$A484,generale!$A$16:$A$4963,0),COLUMN()))","v":17},{"$f":"IF(INDEX(generale!$A$16:$G$4963,MATCH(NGG!$A484,generale!$A$16:$A$4963,0),COLUMN())=0,0,INDEX(generale!$A$16:$G$4963,MATCH(NGG!$A484,generale!$A$16:$A$4963,0),COLUMN()))","v":18},{"$f":"IF(INDEX(generale!$A$16:$G$4963,MATCH(NGG!$A484,generale!$A$16:$A$4963,0),COLUMN())=0,0,INDEX(generale!$A$16:$G$4963,MATCH(NGG!$A484,generale!$A$16:$A$4963,0),COLUMN()))","v":8},{"$f":"IF(INDEX(generale!$A$16:$G$4963,MATCH(NGG!$A484,generale!$A$16:$A$4963,0),COLUMN())=0,0,INDEX(generale!$A$16:$G$4963,MATCH(NGG!$A484,generale!$A$16:$A$4963,0),COLUMN()))","v":10},{"$f":"IF(INDEX(generale!$A$16:$G$4963,MATCH(NGG!$A484,generale!$A$16:$A$4963,0),COLUMN())=0,0,INDEX(generale!$A$16:$G$4963,MATCH(NGG!$A484,generale!$A$16:$A$4963,0),COLUMN()))","v":1},{"$f":"generale!G494","v":"T"},{"$f":"IF(COUNTIF($B484:$D484,0)<3,IF(LEN(SUBSTITUTE(SUBSTITUTE($B484,H$1,,1),,1))=0,0,H483+1-AC484),\"\")","v":19},1,12,14,37,13,5,2,11,10,3,27,21,12,4,7,0,2,3,5,null,null,null,null,null,null,null,null,null,null,null,null,null,null,null,null,null,1,1,1,1,16,null,18]
[{"$f":"IF(generale!$A495>0,generale!$A495,\"\")","v":"2006-04-29"},{"$f":"IF(INDEX(generale!$A$16:$G$4963,MATCH(NGG!$A485,generale!$A$16:$A$4963,0),COLUMN())=0,0,INDEX(generale!$A$16:$G$4963,MATCH(NGG!$A485,generale!$A$16:$A$4963,0),COLUMN()))","v":10},{"$f":"IF(INDEX(generale!$A$16:$G$4963,MATCH(NGG!$A485,generale!$A$16:$A$4963,0),COLUMN())=0,0,INDEX(generale!$A$16:$G$4963,MATCH(NGG!$A485,generale!$A$16:$A$4963,0),COLUMN()))","v":15},{"$f":"IF(INDEX(generale!$A$16:$G$4963,MATCH(NGG!$A485,generale!$A$16:$A$4963,0),COLUMN())=0,0,INDEX(generale!$A$16:$G$4963,MATCH(NGG!$A485,generale!$A$16:$A$4963,0),COLUMN()))","v":12},{"$f":"IF(INDEX(generale!$A$16:$G$4963,MATCH(NGG!$A485,generale!$A$16:$A$4963,0),COLUMN())=0,0,INDEX(generale!$A$16:$G$4963,MATCH(NGG!$A485,generale!$A$16:$A$4963,0),COLUMN()))","v":3},{"$f":"IF(INDEX(generale!$A$16:$G$4963,MATCH(NGG!$A485,generale!$A$16:$A$4963,0),COLUMN())=0,0,INDEX(generale!$A$16:$G$4963,MATCH(NGG!$A485,generale!$A$16:$A$4963,0),COLUMN()))","v":4},{"$f":"generale!G495","v":"O"},20,2,13,15,38,14,6,3,12,0,4,28,22,13,5,8,0,2,3,5,null,null,null,null,null,null,null,null,null,null,null,null,null,null,null,null,null,1,1,1,1,16,null,19]
[{"$f":"IF(generale!$A496>0,generale!$A496,\"\")","v":"2006-04-30"},{"$f":"IF(INDEX(generale!$A$16:$G$4963,MATCH(NGG!$A486,generale!$A$16:$A$4963,0),COLUMN())=0,0,INDEX(generale!$A$16:$G$4963,MATCH(NGG!$A486,generale!$A$16:$A$4963,0),COLUMN()))","v":8},{"$f":"IF(INDEX(generale!$A$16:$G$4963,MATCH(NGG!$A486,generale!$A$16:$A$4963,0),COLUMN())=0,0,INDEX(generale!$A$16:$G$4963,MATCH(NGG!$A486,generale!$A$16:$A$4963,0),COLUMN()))","v":4},{"$f":"IF(INDEX(generale!$A$16:$G$4963,MATCH(NGG!$A486,generale!$A$16:$A$4963,0),COLUMN())=0,0,INDEX(generale!$A$16:$G$4963,MATCH(NGG!$A486,generale!$A$16:$A$4963,0),COLUMN()))","v":14},{"$f":"IF(INDEX(generale!$A$16:$G$4963,MATCH(NGG!$A486,generale!$A$16:$A$4963,0),COLUMN())=0,0,INDEX(generale!$A$16:$G$4963,MATCH(NGG!$A486,generale!$A$16:$A$4963,0),COLUMN()))","v":13},{"$f":"IF(INDEX(generale!$A$16:$G$4963,MATCH(NGG!$A486,generale!$A$16:$A$4963,0),COLUMN())=0,0,INDEX(generale!$A$16:$G$4963,MATCH(NGG!$A486,generale!$A$16:$A$4963,0),COLUMN()))","v":5},{"$f":"generale!G496","v":"P"},21,3,14,16,39,15,7,0,13,1,5,29,23,14,6,9,0,3,3,5,null,null,null,null,null,null,null,null,null,null,null,null,null,null,null,null,null,1,null,1,1,17,null,18]
[{"$f":"IF(generale!$A497>0,generale!$A497,\"\")","v":"2006-05-01"},{"$f":"IF(INDEX(generale!$A$16:$G$4963,MATCH(NGG!$A487,generale!$A$16:$A$4963,0),COLUMN())=0,0,INDEX(generale!$A$16:$G$4963,MATCH(NGG!$A487,generale!$A$16:$A$4963,0),COLUMN()))","v":4},{"$f":"IF(INDEX(generale!$A$16:$G$4963,MATCH(NGG!$A487,generale!$A$16:$A$4963,0),COLUMN())=0,0,INDEX(generale!$A$16:$G$4963,MATCH(NGG!$A487,generale!$A$16:$A$4963,0),COLUMN()))","v":1},{"$f":"IF(INDEX(generale!$A$16:$G$4963,MATCH(NGG!$A487,generale!$A$16:$A$4963,0),COLUMN())=0,0,INDEX(generale!$A$16:$G$4963,MATCH(NGG!$A487,generale!$A$16:$A$4963,0),COLUMN()))","v":2},{"$f":"IF(INDEX(generale!$A$16:$G$4963,MATCH(NGG!$A487,generale!$A$16:$A$4963,0),COLUMN())=0,0,INDEX(generale!$A$16:$G$4963,MATCH(NGG!$A487,generale!$A$16:$A$4963,0),COLUMN()))","v":17},{"$f":"IF(INDEX(generale!$A$16:$G$4963,MATCH(NGG!$A487,generale!$A$16:$A$4963,0),COLUMN())=0,0,INDEX(generale!$A$16:$G$4963,MATCH(NGG!$A487,generale!$A$16:$A$4963,0),COLUMN()))","v":9},{"$f":"generale!G497","v":"P"},22,4,15,0,40,16,8,1,14,2,6,30,24,15,7,10,0,3,3,5,null,null,null,null,null,null,null,null,null,null,null,null,null,null,null,null,null,1,1,1,1,16,null,16]
[{"$f":"IF(generale!$A498>0,generale!$A498,\"\")","v":"2006-05-02"},{"$f":"IF(INDEX(generale!$A$16:$G$4963,MATCH(NGG!$A488,generale!$A$16:$A$4963,0),COLUMN())=0,0,INDEX(generale!$A$16:$G$4963,MATCH(NGG!$A488,generale!$A$16:$A$4963,0),COLUMN()))","v":9},{"$f":"IF(INDEX(generale!$A$16:$G$4963,MATCH(NGG!$A488,generale!$A$16:$A$4963,0),COLUMN())=0,0,INDEX(generale!$A$16:$G$4963,MATCH(NGG!$A488,generale!$A$16:$A$4963,0),COLUMN()))","v":15},{"$f":"IF(INDEX(generale!$A$16:$G$4963,MATCH(NGG!$A488,generale!$A$16:$A$4963,0),COLUMN())=0,0,INDEX(generale!$A$16:$G$4963,MATCH(NGG!$A488,generale!$A$16:$A$4963,0),COLUMN()))","v":12},{"$f":"IF(INDEX(generale!$A$16:$G$4963,MATCH(NGG!$A488,generale!$A$16:$A$4963,0),COLUMN())=0,0,INDEX(generale!$A$16:$G$4963,MATCH(NGG!$A488,generale!$A$16:$A$4963,0),COLUMN()))","v":6},{"$f":"IF(INDEX(generale!$A$16:$G$4963,MATCH(NGG!$A488,generale!$A$16:$A$4963,0),COLUMN())=0,0,INDEX(generale!$A$16:$G$4963,MATCH(NGG!$A488,generale!$A$16:$A$4963,0),COLUMN()))","v":5},{"$f":"generale!G498","v":"P"},23,5,16,1,41,17,9,2,0,3,7,31,25,16,8,10,0,3,3,5,null,null,null,null,null,null,null,null,null,null,null,null,null,null,null,null,1,1,1,1,1,15,null,18]
[{"$f":"IF(generale!$A499>0,generale!$A499,\"\")","v":"2006-05-03"},{"$f":"IF(INDEX(generale!$A$16:$G$4963,MATCH(NGG!$A489,generale!$A$16:$A$4963,0),COLUMN())=0,0,INDEX(generale!$A$16:$G$4963,MATCH(NGG!$A489,generale!$A$16:$A$4963,0),COLUMN()))","v":8},{"$f":"IF(INDEX(generale!$A$16:$G$4963,MATCH(NGG!$A489,generale!$A$16:$A$4963,0),COLUMN())=0,0,INDEX(generale!$A$16:$G$4963,MATCH(NGG!$A489,generale!$A$16:$A$4963,0),COLUMN()))","v":9},{"$f":"IF(INDEX(generale!$A$16:$G$4963,MATCH(NGG!$A489,generale!$A$16:$A$4963,0),COLUMN())=0,0,INDEX(generale!$A$16:$G$4963,MATCH(NGG!$A489,generale!$A$16:$A$4963,0),COLUMN()))","v":6},{"$f":"IF(INDEX(generale!$A$16:$G$4963,MATCH(NGG!$A489,generale!$A$16:$A$4963,0),COLUMN())=0,0,INDEX(generale!$A$16:$G$4963,MATCH(NGG!$A489,generale!$A$16:$A$4963,0),COLUMN()))","v":16},{"$f":"IF(INDEX(generale!$A$16:$G$4963,MATCH(NGG!$A489,generale!$A$16:$A$4963,0),COLUMN())=0,0,INDEX(generale!$A$16:$G$4963,MATCH(NGG!$A489,generale!$A$16:$A$4963,0),COLUMN()))","v":7},{"$f":"generale!G499","v":"T"},24,6,17,2,42,18,10,0,1,4,8,32,26,17,9,11,1,3,3,5,null,null,null,null,null,null,null,null,null,null,null,null,null,null,null,null,null,null,1,1,1,17,null,17]
[{"$f":"IF(generale!$A500>0,generale!$A500,\"\")","v":"2006-05-04"},{"$f":"IF(INDEX(generale!$A$16:$G$4963,MATCH(NGG!$A490,generale!$A$16:$A$4963,0),COLUMN())=0,0,INDEX(generale!$A$16:$G$4963,MATCH(NGG!$A490,generale!$A$16:$A$4963,0),COLUMN()))","v":10},{"$f":"IF(INDEX(generale!$A$16:$G$4963,MATCH(NGG!$A490,generale!$A$16:$A$4963,0),COLUMN())=0,0,INDEX(generale!$A$16:$G$4963,MATCH(NGG!$A490,generale!$A$16:$A$4963,0),COLUMN()))","v":8},{"$f":"IF(INDEX(generale!$A$16:$G$4963,MATCH(NGG!$A490,generale!$A$16:$A$4963,0),COLUMN())=0,0,INDEX(generale!$A$16:$G$4963,MATCH(NGG!$A490,generale!$A$16:$A$4963,0),COLUMN()))","v":14},{"$f":"IF(INDEX(generale!$A$16:$G$4963,MATCH(NGG!$A490,generale!$A$16:$A$4963,0),COLUMN())=0,0,INDEX(generale!$A$16:$G$4963,MATCH(NGG!$A490,generale!$A$16:$A$4963,0),COLUMN()))","v":17},{"$f":"IF(INDEX(generale!$A$16:$G$4963,MATCH(NGG!$A490,generale!$A$16:$A$4963,0),COLUMN())=0,0,INDEX(generale!$A$16:$G$4963,MATCH(NGG!$A490,generale!$A$16:$A$4963,0),COLUMN()))","v":16},{"$f":"generale!G500","v":"P"},25,7,18,3,43,19,11,1,2,0,9,33,27,18,10,12,2,4,4,5,null,null,null,null,null,null,null,null,null,null,null,null,null,null,null,null,null,null,null,null,1,19,null,18]
[{"$f":"IF(generale!$A501>0,generale!$A501,\"\")","v":"2006-05-05"},{"$f":"IF(INDEX(generale!$A$16:$G$4963,MATCH(NGG!$A491,generale!$A$16:$A$4963,0),COLUMN())=0,0,INDEX(generale!$A$16:$G$4963,MATCH(NGG!$A491,generale!$A$16:$A$4963,0),COLUMN()))","v":2},{"$f":"IF(INDEX(generale!$A$16:$G$4963,MATCH(NGG!$A491,generale!$A$16:$A$4963,0),COLUMN())=0,0,INDEX(generale!$A$16:$G$4963,MATCH(NGG!$A491,generale!$A$16:$A$4963,0),COLUMN()))","v":14},{"$f":"IF(INDEX(generale!$A$16:$G$4963,MATCH(NGG!$A491,generale!$A$16:$A$4963,0),COLUMN())=0,0,INDEX(generale!$A$16:$G$4963,MATCH(NGG!$A491,generale!$A$16:$A$4963,0),COLUMN()))","v":13},{"$f":"IF(INDEX(generale!$A$16:$G$4963,MATCH(NGG!$A491,generale!$A$16:$A$4963,0),COLUMN())=0,0,INDEX(generale!$A$16:$G$4963,MATCH(NGG!$A491,generale!$A$16:$A$4963,0),COLUMN()))","v":5},{"$f":"IF(INDEX(generale!$A$16:$G$4963,MATCH(NGG!$A491,generale!$A$16:$A$4963,0),COLUMN())=0,0,INDEX(generale!$A$16:$G$4963,MATCH(NGG!$A491,generale!$A$16:$A$4963,0),COLUMN()))","v":16},{"$f":"generale!G501","v":"P"},26,0,19,4,44,20,12,2,3,1,10,34,28,19,11,13,3,5,4,5,null,null,null,null,null,null,null,null,null,null,null,null,null,null,null,null,null,null,null,1,1,18,null,18]
[{"$f":"IF(generale!$A502>0,generale!$A502,\"\")","v":"2006-05-06"},{"$f":"IF(INDEX(generale!$A$16:$G$4963,MATCH(NGG!$A492,generale!$A$16:$A$4963,0),COLUMN())=0,0,INDEX(generale!$A$16:$G$4963,MATCH(NGG!$A492,generale!$A$16:$A$4963,0),COLUMN()))","v":14},{"$f":"IF(INDEX(generale!$A$16:$G$4963,MATCH(NGG!$A492,generale!$A$16:$A$4963,0),COLUMN())=0,0,INDEX(generale!$A$16:$G$4963,MATCH(NGG!$A492,generale!$A$16:$A$4963,0),COLUMN()))","v":4},{"$f":"IF(INDEX(generale!$A$16:$G$4963,MATCH(NGG!$A492,generale!$A$16:$A$4963,0),COLUMN())=0,0,INDEX(generale!$A$16:$G$4963,MATCH(NGG!$A492,generale!$A$16:$A$4963,0),COLUMN()))","v":5},{"$f":"IF(INDEX(generale!$A$16:$G$4963,MATCH(NGG!$A492,generale!$A$16:$A$4963,0),COLUMN())=0,0,INDEX(generale!$A$16:$G$4963,MATCH(NGG!$A492,generale!$A$16:$A$4963,0),COLUMN()))","v":3},{"$f":"IF(INDEX(generale!$A$16:$G$4963,MATCH(NGG!$A492,generale!$A$16:$A$4963,0),COLUMN())=0,0,INDEX(generale!$A$16:$G$4963,MATCH(NGG!$A492,generale!$A$16:$A$4963,0),COLUMN()))","v":11},{"$f":"generale!G502","v":"T"},27,1,20,5,45,21,13,3,4,2,11,35,29,0,12,14,3,5,4,5,null,null,null,null,null,null,null,null,null,null,null,null,null,null,null,null,null,1,1,1,1,16,null,14]
[{"$f":"IF(generale!$A503>0,generale!$A503,\"\")","v":"2006-05-07"},{"$f":"IF(INDEX(generale!$A$16:$G$4963,MATCH(NGG!$A493,generale!$A$16:$A$4963,0),COLUMN())=0,0,INDEX(generale!$A$16:$G$4963,MATCH(NGG!$A493,generale!$A$16:$A$4963,0),COLUMN()))","v":8},{"$f":"IF(INDEX(generale!$A$16:$G$4963,MATCH(NGG!$A493,generale!$A$16:$A$4963,0),COLUMN())=0,0,INDEX(generale!$A$16:$G$4963,MATCH(NGG!$A493,generale!$A$16:$A$4963,0),COLUMN()))","v":18},{"$f":"IF(INDEX(generale!$A$16:$G$4963,MATCH(NGG!$A493,generale!$A$16:$A$4963,0),COLUMN())=0,0,INDEX(generale!$A$16:$G$4963,MATCH(NGG!$A493,generale!$A$16:$A$4963,0),COLUMN()))","v":14},{"$f":"IF(INDEX(generale!$A$16:$G$4963,MATCH(NGG!$A493,generale!$A$16:$A$4963,0),COLUMN())=0,0,INDEX(generale!$A$16:$G$4963,MATCH(NGG!$A493,generale!$A$16:$A$4963,0),COLUMN()))","v":4},{"$f":"IF(INDEX(generale!$A$16:$G$4963,MATCH(NGG!$A493,generale!$A$16:$A$4963,0),COLUMN())=0,0,INDEX(generale!$A$16:$G$4963,MATCH(NGG!$A493,generale!$A$16:$A$4963,0),COLUMN()))","v":1},{"$f":"generale!G503","v":"O"},28,2,21,6,46,22,14,0,5,3,12,36,30,1,13,15,3,5,4,5,null,null,null,null,null,null,null,null,null,null,null,null,null,null,null,null,null,1,1,1,1,16,null,18]
[{"$f":"IF(generale!$A504>0,generale!$A504,\"\")","v":"2006-05-08"},{"$f":"IF(INDEX(generale!$A$16:$G$4963,MATCH(NGG!$A494,generale!$A$16:$A$4963,0),COLUMN())=0,0,INDEX(generale!$A$16:$G$4963,MATCH(NGG!$A494,generale!$A$16:$A$4963,0),COLUMN()))","v":3},{"$f":"IF(INDEX(generale!$A$16:$G$4963,MATCH(NGG!$A494,generale!$A$16:$A$4963,0),COLUMN())=0,0,INDEX(generale!$A$16:$G$4963,MATCH(NGG!$A494,generale!$A$16:$A$4963,0),COLUMN()))","v":5},{"$f":"IF(INDEX(generale!$A$16:$G$4963,MATCH(NGG!$A494,generale!$A$16:$A$4963,0),COLUMN())=0,0,INDEX(generale!$A$16:$G$4963,MATCH(NGG!$A494,generale!$A$16:$A$4963,0),COLUMN()))","v":9},{"$f":"IF(INDEX(generale!$A$16:$G$4963,MATCH(NGG!$A494,generale!$A$16:$A$4963,0),COLUMN())=0,0,INDEX(generale!$A$16:$G$4963,MATCH(NGG!$A494,generale!$A$16:$A$4963,0),COLUMN()))","v":13},{"$f":"IF(INDEX(generale!$A$16:$G$4963,MATCH(NGG!$A494,generale!$A$16:$A$4963,0),COLUMN())=0,0,INDEX(generale!$A$16:$G$4963,MATCH(NGG!$A494,generale!$A$16:$A$4963,0),COLUMN()))","v":7},{"$f":"generale!G504","v":"P"},29,3,0,7,47,23,15,1,6,4,13,37,31,2,14,16,3,5,4,5,null,null,null,null,null,null,null,null,null,null,null,null,null,null,null,null,null,1,1,1,1,16,null,17]
[{"$f":"IF(generale!$A505>0,generale!$A505,\"\")","v":"2006-05-09"},{"$f":"IF(INDEX(generale!$A$16:$G$4963,MATCH(NGG!$A495,generale!$A$16:$A$4963,0),COLUMN())=0,0,INDEX(generale!$A$16:$G$4963,MATCH(NGG!$A495,generale!$A$16:$A$4963,0),COLUMN()))","v":14},{"$f":"IF(INDEX(generale!$A$16:$G$4963,MATCH(NGG!$A495,generale!$A$16:$A$4963,0),COLUMN())=0,0,INDEX(generale!$A$16:$G$4963,MATCH(NGG!$A495,generale!$A$16:$A$4963,0),COLUMN()))","v":12},{"$f":"IF(INDEX(generale!$A$16:$G$4963,MATCH(NGG!$A495,generale!$A$16:$A$4963,0),COLUMN())=0,0,INDEX(generale!$A$16:$G$4963,MATCH(NGG!$A495,generale!$A$16:$A$4963,0),COLUMN()))","v":11},{"$f":"IF(INDEX(generale!$A$16:$G$4963,MATCH(NGG!$A495,generale!$A$16:$A$4963,0),COLUMN())=0,0,INDEX(generale!$A$16:$G$4963,MATCH(NGG!$A495,generale!$A$16:$A$4963,0),COLUMN()))","v":13},{"$f":"IF(INDEX(generale!$A$16:$G$4963,MATCH(NGG!$A495,generale!$A$16:$A$4963,0),COLUMN())=0,0,INDEX(generale!$A$16:$G$4963,MATCH(NGG!$A495,generale!$A$16:$A$4963,0),COLUMN()))","v":15},{"$f":"generale!G505","v":"T"},30,4,1,8,48,24,16,2,7,5,14,38,32,0,15,17,4,5,4,5,null,null,null,null,null,null,null,null,null,null,null,null,null,null,null,null,null,null,1,1,1,17,null,18]
[{"$f":"IF(generale!$A506>0,generale!$A506,\"\")","v":"2006-05-10"},{"$f":"IF(INDEX(generale!$A$16:$G$4963,MATCH(NGG!$A496,generale!$A$16:$A$4963,0),COLUMN())=0,0,INDEX(generale!$A$16:$G$4963,MATCH(NGG!$A496,generale!$A$16:$A$4963,0),COLUMN()))","v":8},{"$f":"IF(INDEX(generale!$A$16:$G$4963,MATCH(NGG!$A496,generale!$A$16:$A$4963,0),COLUMN())=0,0,INDEX(generale!$A$16:$G$4963,MATCH(NGG!$A496,generale!$A$16:$A$4963,0),COLUMN()))","v":15},{"$f":"IF(INDEX(generale!$A$16:$G$4963,MATCH(NGG!$A496,generale!$A$16:$A$4963,0),COLUMN())=0,0,INDEX(generale!$A$16:$G$4963,MATCH(NGG!$A496,generale!$A$16:$A$4963,0),COLUMN()))","v":11},{"$f":"IF(INDEX(generale!$A$16:$G$4963,MATCH(NGG!$A496,generale!$A$16:$A$4963,0),COLUMN())=0,0,INDEX(generale!$A$16:$G$4963,MATCH(NGG!$A496,generale!$A$16:$A$4963,0),COLUMN()))","v":6},{"$f":"IF(INDEX(generale!$A$16:$G$4963,MATCH(NGG!$A496,generale!$A$16:$A$4963,0),COLUMN())=0,0,INDEX(generale!$A$16:$G$4963,MATCH(NGG!$A496,generale!$A$16:$A$4963,0),COLUMN()))","v":7},{"$f":"generale!G506","v":"T"},31,5,2,9,49,25,17,0,8,6,15,39,33,1,16,18,5,5,4,5,null,null,null,null,null,null,null,null,null,null,null,null,null,null,null,null,null,null,1,1,1,17,null,16]
[{"$f":"IF(generale!$A507>0,generale!$A507,\"\")","v":"2006-05-11"},{"$f":"IF(INDEX(generale!$A$16:$G$4963,MATCH(NGG!$A497,generale!$A$16:$A$4963,0),COLUMN())=0,0,INDEX(generale!$A$16:$G$4963,MATCH(NGG!$A497,generale!$A$16:$A$4963,0),COLUMN()))","v":4},{"$f":"IF(INDEX(generale!$A$16:$G$4963,MATCH(NGG!$A497,generale!$A$16:$A$4963,0),COLUMN())=0,0,INDEX(generale!$A$16:$G$4963,MATCH(NGG!$A497,generale!$A$16:$A$4963,0),COLUMN()))","v":9},{"$f":"IF(INDEX(generale!$A$16:$G$4963,MATCH(NGG!$A497,generale!$A$16:$A$4963,0),COLUMN())=0,0,INDEX(generale!$A$16:$G$4963,MATCH(NGG!$A497,generale!$A$16:$A$4963,0),COLUMN()))","v":7},{"$f":"IF(INDEX(generale!$A$16:$G$4963,MATCH(NGG!$A497,generale!$A$16:$A$4963,0),COLUMN())=0,0,INDEX(generale!$A$16:$G$4963,MATCH(NGG!$A497,generale!$A$16:$A$4963,0),COLUMN()))","v":6},{"$f":"IF(INDEX(generale!$A$16:$G$4963,MATCH(NGG!$A497,generale!$A$16:$A$4963,0),COLUMN())=0,0,INDEX(generale!$A$16:$G$4963,MATCH(NGG!$A497,generale!$A$16:$A$4963,0),COLUMN()))","v":1},{"$f":"generale!G507","v":"P"},32,6,3,0,50,26,18,1,9,7,16,40,34,2,17,19,5,5,4,5,null,null,null,null,null,null,null,null,null,null,null,null,null,null,null,null,null,1,1,1,1,16,null,16]
[{"$f":"IF(generale!$A508>0,generale!$A508,\"\")","v":"2006-05-12"},{"$f":"IF(INDEX(generale!$A$16:$G$4963,MATCH(NGG!$A498,generale!$A$16:$A$4963,0),COLUMN())=0,0,INDEX(generale!$A$16:$G$4963,MATCH(NGG!$A498,generale!$A$16:$A$4963,0),COLUMN()))","v":1},{"$f":"IF(INDEX(generale!$A$16:$G$4963,MATCH(NGG!$A498,generale!$A$16:$A$4963,0),COLUMN())=0,0,INDEX(generale!$A$16:$G$4963,MATCH(NGG!$A498,generale!$A$16:$A$4963,0),COLUMN()))","v":3},{"$f":"IF(INDEX(generale!$A$16:$G$4963,MATCH(NGG!$A498,generale!$A$16:$A$4963,0),COLUMN())=0,0,INDEX(generale!$A$16:$G$4963,MATCH(NGG!$A498,generale!$A$16:$A$4963,0),COLUMN()))","v":15},{"$f":"IF(INDEX(generale!$A$16:$G$4963,MATCH(NGG!$A498,generale!$A$16:$A$4963,0),COLUMN())=0,0,INDEX(generale!$A$16:$G$4963,MATCH(NGG!$A498,generale!$A$16:$A$4963,0),COLUMN()))","v":4},{"$f":"IF(INDEX(generale!$A$16:$G$4963,MATCH(NGG!$A498,generale!$A$16:$A$4963,0),COLUMN())=0,0,INDEX(generale!$A$16:$G$4963,MATCH(NGG!$A498,generale!$A$16:$A$4963,0),COLUMN()))","v":14},{"$f":"generale!G508","v":"O"},0,7,4,1,51,27,19,2,10,8,17,41,35,3,18,20,5,5,4,5,null,null,null,null,null,null,null,null,null,null,null,null,null,null,null,null,null,1,1,1,1,16,null,17]
[{"$f":"IF(generale!$A509>0,generale!$A509,\"\")","v":"2006-05-13"},{"$f":"IF(INDEX(generale!$A$16:$G$4963,MATCH(NGG!$A499,generale!$A$16:$A$4963,0),COLUMN())=0,0,INDEX(generale!$A$16:$G$4963,MATCH(NGG!$A499,generale!$A$16:$A$4963,0),COLUMN()))","v":3},{"$f":"IF(INDEX(generale!$A$16:$G$4963,MATCH(NGG!$A499,generale!$A$16:$A$4963,0),COLUMN())=0,0,INDEX(generale!$A$16:$G$4963,MATCH(NGG!$A499,generale!$A$16:$A$4963,0),COLUMN()))","v":4},{"$f":"IF(INDEX(generale!$A$16:$G$4963,MATCH(NGG!$A499,generale!$A$16:$A$4963,0),COLUMN())=0,0,INDEX(generale!$A$16:$G$4963,MATCH(NGG!$A499,generale!$A$16:$A$4963,0),COLUMN()))","v":10},{"$f":"IF(INDEX(generale!$A$16:$G$4963,MATCH(NGG!$A499,generale!$A$16:$A$4963,0),COLUMN())=0,0,INDEX(generale!$A$16:$G$4963,MATCH(NGG!$A499,generale!$A$16:$A$4963,0),COLUMN()))","v":16},{"$f":"IF(INDEX(generale!$A$16:$G$4963,MATCH(NGG!$A499,generale!$A$16:$A$4963,0),COLUMN())=0,0,INDEX(generale!$A$16:$G$4963,MATCH(NGG!$A499,generale!$A$16:$A$4963,0),COLUMN()))","v":5},{"$f":"generale!G509","v":"T"},1,8,0,2,52,28,20,3,11,9,18,42,36,4,19,{"$f":"IF(COUNTIF($B499:$D499,0)<3,IF(LEN(SUBSTITUTE(SUBSTITUTE($B499,W$1,,1),,1))=0,0,W498+1-AR499),\"\")","v":21},5,5,4,5,null,null,null,null,null,null,null,null,null,null,null,null,null,null,null,null,null,1,1,1,1,16,null,18]
[{"$f":"IF(generale!$A510>0,generale!$A510,\"\")","v":"2006-05-14"},{"$f":"IF(INDEX(generale!$A$16:$G$4963,MATCH(NGG!$A500,generale!$A$16:$A$4963,0),COLUMN())=0,0,INDEX(generale!$A$16:$G$4963,MATCH(NGG!$A500,generale!$A$16:$A$4963,0),COLUMN()))","v":12},{"$f":"IF(INDEX(generale!$A$16:$G$4963,MATCH(NGG!$A500,generale!$A$16:$A$4963,0),COLUMN())=0,0,INDEX(generale!$A$16:$G$4963,MATCH(NGG!$A500,generale!$A$16:$A$4963,0),COLUMN()))","v":6},{"$f":"IF(INDEX(generale!$A$16:$G$4963,MATCH(NGG!$A500,generale!$A$16:$A$4963,0),COLUMN())=0,0,INDEX(generale!$A$16:$G$4963,MATCH(NGG!$A500,generale!$A$16:$A$4963,0),COLUMN()))","v":2},{"$f":"IF(INDEX(generale!$A$16:$G$4963,MATCH(NGG!$A500,generale!$A$16:$A$4963,0),COLUMN())=0,0,INDEX(generale!$A$16:$G$4963,MATCH(NGG!$A500,generale!$A$16:$A$4963,0),COLUMN()))","v":5},{"$f":"IF(INDEX(generale!$A$16:$G$4963,MATCH(NGG!$A500,generale!$A$16:$A$4963,0),COLUMN())=0,0,INDEX(generale!$A$16:$G$4963,MATCH(NGG!$A500,generale!$A$16:$A$4963,0),COLUMN()))","v":17},{"$f":"generale!G510","v":"P"},{"$f":"IF(COUNTIF($B500:$D500,0)<3,IF(LEN(SUBSTITUTE(SUBSTITUTE($B500,H$1,,1),,1))=0,0,H499+1-AC500),\"\")","v":2},9,1,3,53,29,21,4,12,10,19,0,37,5,20,22,5,5,4,5,null,null,null,null,null,null,null,null,null,null,null,null,null,null,null,null,null,1,1,1,1,16,null,17]
[{"$f":"IF(generale!$A512>0,generale!$A512,\"\")","v":"2006-05-16"},{"$f":"IF(INDEX(generale!$A$16:$G$4963,MATCH(NGG!$A502,generale!$A$16:$A$4963,0),COLUMN())=0,0,INDEX(generale!$A$16:$G$4963,MATCH(NGG!$A502,generale!$A$16:$A$4963,0),COLUMN()))","v":3},{"$f":"IF(INDEX(generale!$A$16:$G$4963,MATCH(NGG!$A502,generale!$A$16:$A$4963,0),COLUMN())=0,0,INDEX(generale!$A$16:$G$4963,MATCH(NGG!$A502,generale!$A$16:$A$4963,0),COLUMN()))","v":5},{"$f":"IF(INDEX(generale!$A$16:$G$4963,MATCH(NGG!$A502,generale!$A$16:$A$4963,0),COLUMN())=0,0,INDEX(generale!$A$16:$G$4963,MATCH(NGG!$A502,generale!$A$16:$A$4963,0),COLUMN()))","v":12},{"$f":"IF(INDEX(generale!$A$16:$G$4963,MATCH(NGG!$A502,generale!$A$16:$A$4963,0),COLUMN())=0,0,INDEX(generale!$A$16:$G$4963,MATCH(NGG!$A502,generale!$A$16:$A$4963,0),COLUMN()))","v":18},{"$f":"IF(INDEX(generale!$A$16:$G$4963,MATCH(NGG!$A502,generale!$A$16:$A$4963,0),COLUMN())=0,0,INDEX(generale!$A$16:$G$4963,MATCH(NGG!$A502,generale!$A$16:$A$4963,0),COLUMN()))","v":15},{"$f":"generale!G512","v":"T"},1,11,0,5,55,31,23,6,14,12,21,2,39,7,21,22,5,5,4,5,null,null,null,null,null,null,null,null,null,null,null,null,null,null,null,1,1,1,1,1,1,14,null,19]
[{"$f":"IF(generale!$A523>0,generale!$A523,\"\")","v":"2006-05-27"},{"$f":"IF(INDEX(generale!$A$16:$G$4963,MATCH(NGG!$A513,generale!$A$16:$A$4963,0),COLUMN())=0,0,INDEX(generale!$A$16:$G$4963,MATCH(NGG!$A513,generale!$A$16:$A$4963,0),COLUMN()))","v":12},{"$f":"IF(INDEX(generale!$A$16:$G$4963,MATCH(NGG!$A513,generale!$A$16:$A$4963,0),COLUMN())=0,0,INDEX(generale!$A$16:$G$4963,MATCH(NGG!$A513,generale!$A$16:$A$4963,0),COLUMN()))","v":15},{"$f":"IF(INDEX(generale!$A$16:$G$4963,MATCH(NGG!$A513,generale!$A$16:$A$4963,0),COLUMN())=0,0,INDEX(generale!$A$16:$G$4963,MATCH(NGG!$A513,generale!$A$16:$A$4963,0),COLUMN()))","v":9},{"$f":"IF(INDEX(generale!$A$16:$G$4963,MATCH(NGG!$A513,generale!$A$16:$A$4963,0),COLUMN())=0,0,INDEX(generale!$A$16:$G$4963,MATCH(NGG!$A513,generale!$A$16:$A$4963,0),COLUMN()))","v":4},{"$f":"IF(INDEX(generale!$A$16:$G$4963,MATCH(NGG!$A513,generale!$A$16:$A$4963,0),COLUMN())=0,0,INDEX(generale!$A$16:$G$4963,MATCH(NGG!$A513,generale!$A$16:$A$4963,0),COLUMN()))","v":1},{"$f":"generale!G523","v":"T"},1,22,4,2,66,42,3,16,7,8,32,0,4,18,10,33,8,6,4,5,null,null,null,null,null,null,null,null,null,null,null,null,null,1,null,null,null,1,1,1,1,15,null,16]
[{"$f":"IF(generale!$A531>0,generale!$A531,\"\")","v":"2006-06-04"},{"$f":"IF(INDEX(generale!$A$16:$G$4963,MATCH(NGG!$A521,generale!$A$16:$A$4963,0),COLUMN())=0,0,INDEX(generale!$A$16:$G$4963,MATCH(NGG!$A521,generale!$A$16:$A$4963,0),COLUMN()))","v":2},{"$f":"IF(INDEX(generale!$A$16:$G$4963,MATCH(NGG!$A521,generale!$A$16:$A$4963,0),COLUMN())=0,0,INDEX(generale!$A$16:$G$4963,MATCH(NGG!$A521,generale!$A$16:$A$4963,0),COLUMN()))","v":15},{"$f":"IF(INDEX(generale!$A$16:$G$4963,MATCH(NGG!$A521,generale!$A$16:$A$4963,0),COLUMN())=0,0,INDEX(generale!$A$16:$G$4963,MATCH(NGG!$A521,generale!$A$16:$A$4963,0),COLUMN()))","v":13},{"$f":"IF(INDEX(generale!$A$16:$G$4963,MATCH(NGG!$A521,generale!$A$16:$A$4963,0),COLUMN())=0,0,INDEX(generale!$A$16:$G$4963,MATCH(NGG!$A521,generale!$A$16:$A$4963,0),COLUMN()))","v":7},{"$f":"IF(INDEX(generale!$A$16:$G$4963,MATCH(NGG!$A521,generale!$A$16:$A$4963,0),COLUMN())=0,0,INDEX(generale!$A$16:$G$4963,MATCH(NGG!$A521,generale!$A$16:$A$4963,0),COLUMN()))","v":4},{"$f":"generale!G531","v":"P"},9,0,12,10,4,50,11,24,1,16,2,3,12,4,7,41,10,7,4,5,null,null,null,null,null,null,null,null,null,null,null,null,null,null,null,null,null,null,null,1,1,18,null,15]
[{"$f":"IF(generale!$A541>0,generale!$A541,\"\")","v":"2006-06-14"},{"$f":"IF(INDEX(generale!$A$16:$G$4963,MATCH(NGG!$A531,generale!$A$16:$A$4963,0),COLUMN())=0,0,INDEX(generale!$A$16:$G$4963,MATCH(NGG!$A531,generale!$A$16:$A$4963,0),COLUMN()))","v":8},{"$f":"IF(INDEX(generale!$A$16:$G$4963,MATCH(NGG!$A531,generale!$A$16:$A$4963,0),COLUMN())=0,0,INDEX(generale!$A$16:$G$4963,MATCH(NGG!$A531,generale!$A$16:$A$4963,0),COLUMN()))","v":4},{"$f":"IF(INDEX(generale!$A$16:$G$4963,MATCH(NGG!$A531,generale!$A$16:$A$4963,0),COLUMN())=0,0,INDEX(generale!$A$16:$G$4963,MATCH(NGG!$A531,generale!$A$16:$A$4963,0),COLUMN()))","v":3},{"$f":"IF(INDEX(generale!$A$16:$G$4963,MATCH(NGG!$A531,generale!$A$16:$A$4963,0),COLUMN())=0,0,INDEX(generale!$A$16:$G$4963,MATCH(NGG!$A531,generale!$A$16:$A$4963,0),COLUMN()))","v":7},{"$f":"IF(INDEX(generale!$A$16:$G$4963,MATCH(NGG!$A531,generale!$A$16:$A$4963,0),COLUMN())=0,0,INDEX(generale!$A$16:$G$4963,MATCH(NGG!$A531,generale!$A$16:$A$4963,0),COLUMN()))","v":1},{"$f":"generale!G541","v":"P"},18,10,22,1,3,7,21,0,11,2,12,13,21,5,15,{"$f":"IF(COUNTIF($B531:$D531,0)<3,IF(LEN(SUBSTITUTE(SUBSTITUTE($B531,W$1,,1),,1))=0,0,W530+1-AR531),\"\")","v":3},16,12,4,5,null,null,null,null,null,null,null,null,null,null,null,null,null,null,null,null,null,null,null,1,1,18,null,16]
[{"$f":"IF(generale!$A553>0,generale!$A553,\"\")","v":"2006-06-26"},{"$f":"IF(INDEX(generale!$A$16:$G$4963,MATCH(NGG!$A543,generale!$A$16:$A$4963,0),COLUMN())=0,0,INDEX(generale!$A$16:$G$4963,MATCH(NGG!$A543,generale!$A$16:$A$4963,0),COLUMN()))","v":15},{"$f":"IF(INDEX(generale!$A$16:$G$4963,MATCH(NGG!$A543,generale!$A$16:$A$4963,0),COLUMN())=0,0,INDEX(generale!$A$16:$G$4963,MATCH(NGG!$A543,generale!$A$16:$A$4963,0),COLUMN()))","v":1},{"$f":"IF(INDEX(generale!$A$16:$G$4963,MATCH(NGG!$A543,generale!$A$16:$A$4963,0),COLUMN())=0,0,INDEX(generale!$A$16:$G$4963,MATCH(NGG!$A543,generale!$A$16:$A$4963,0),COLUMN()))","v":11},{"$f":"IF(INDEX(generale!$A$16:$G$4963,MATCH(NGG!$A543,generale!$A$16:$A$4963,0),COLUMN())=0,0,INDEX(generale!$A$16:$G$4963,MATCH(NGG!$A543,generale!$A$16:$A$4963,0),COLUMN()))","v":18},{"$f":"IF(INDEX(generale!$A$16:$G$4963,MATCH(NGG!$A543,generale!$A$16:$A$4963,0),COLUMN())=0,0,INDEX(generale!$A$16:$G$4963,MATCH(NGG!$A543,generale!$A$16:$A$4963,0),COLUMN()))","v":13},{"$f":"generale!G553","v":"P"},11,22,33,13,2,9,7,3,23,13,24,1,33,9,0,6,1,14,5,6,null,null,null,null,null,null,null,null,null,null,null,null,null,null,null,null,null,1,1,1,1,16,null,17]
[{"$f":"IF(generale!$A560>0,generale!$A560,\"\")","v":"2006-07-03"},{"$f":"IF(INDEX(generale!$A$16:$G$4963,MATCH(NGG!$A550,generale!$A$16:$A$4963,0),COLUMN())=0,0,INDEX(generale!$A$16:$G$4963,MATCH(NGG!$A550,generale!$A$16:$A$4963,0),COLUMN()))","v":11},{"$f":"IF(INDEX(generale!$A$16:$G$4963,MATCH(NGG!$A550,generale!$A$16:$A$4963,0),COLUMN())=0,0,INDEX(generale!$A$16:$G$4963,MATCH(NGG!$A550,generale!$A$16:$A$4963,0),COLUMN()))","v":13},{"$f":"IF(INDEX(generale!$A$16:$G$4963,MATCH(NGG!$A550,generale!$A$16:$A$4963,0),COLUMN())=0,0,INDEX(generale!$A$16:$G$4963,MATCH(NGG!$A550,generale!$A$16:$A$4963,0),COLUMN()))","v":3},{"$f":"IF(INDEX(generale!$A$16:$G$4963,MATCH(NGG!$A550,generale!$A$16:$A$4963,0),COLUMN())=0,0,INDEX(generale!$A$16:$G$4963,MATCH(NGG!$A550,generale!$A$16:$A$4963,0),COLUMN()))","v":16},{"$f":"IF(INDEX(generale!$A$16:$G$4963,MATCH(NGG!$A550,generale!$A$16:$A$4963,0),COLUMN())=0,0,INDEX(generale!$A$16:$G$4963,MATCH(NGG!$A550,generale!$A$16:$A$4963,0),COLUMN()))","v":5},{"$f":"generale!G560","v":"O"},17,29,40,20,9,2,14,5,1,20,0,8,39,16,6,13,6,16,5,6,null,null,null,null,null,null,1,null,null,null,null,null,null,null,null,null,null,null,null,1,1,17,null,15]
[{"$f":"IF(generale!$A562>0,generale!$A562,\"\")","v":"2006-07-05"},{"$f":"IF(INDEX(generale!$A$16:$G$4963,MATCH(NGG!$A552,generale!$A$16:$A$4963,0),COLUMN())=0,0,INDEX(generale!$A$16:$G$4963,MATCH(NGG!$A552,generale!$A$16:$A$4963,0),COLUMN()))","v":11},{"$f":"IF(INDEX(generale!$A$16:$G$4963,MATCH(NGG!$A552,generale!$A$16:$A$4963,0),COLUMN())=0,0,INDEX(generale!$A$16:$G$4963,MATCH(NGG!$A552,generale!$A$16:$A$4963,0),COLUMN()))","v":14},{"$f":"IF(INDEX(generale!$A$16:$G$4963,MATCH(NGG!$A552,generale!$A$16:$A$4963,0),COLUMN())=0,0,INDEX(generale!$A$16:$G$4963,MATCH(NGG!$A552,generale!$A$16:$A$4963,0),COLUMN()))","v":3},{"$f":"IF(INDEX(generale!$A$16:$G$4963,MATCH(NGG!$A552,generale!$A$16:$A$4963,0),COLUMN())=0,0,INDEX(generale!$A$16:$G$4963,MATCH(NGG!$A552,generale!$A$16:$A$4963,0),COLUMN()))","v":10},{"$f":"IF(INDEX(generale!$A$16:$G$4963,MATCH(NGG!$A552,generale!$A$16:$A$4963,0),COLUMN())=0,0,INDEX(generale!$A$16:$G$4963,MATCH(NGG!$A552,generale!$A$16:$A$4963,0),COLUMN()))","v":13},{"$f":"generale!G562","v":"T"},19,31,42,22,11,4,16,7,3,22,0,10,41,18,8,15,6,16,5,6,null,null,null,null,null,null,null,null,null,null,null,null,null,null,null,null,null,1,1,1,1,16,null,15]
[{"$f":"IF(generale!$A574>0,generale!$A574,\"\")","v":"2006-07-17"},{"$f":"IF(INDEX(generale!$A$16:$G$4963,MATCH(NGG!$A564,generale!$A$16:$A$4963,0),COLUMN())=0,0,INDEX(generale!$A$16:$G$4963,MATCH(NGG!$A564,generale!$A$16:$A$4963,0),COLUMN()))","v":11},{"$f":"IF(INDEX(generale!$A$16:$G$4963,MATCH(NGG!$A564,generale!$A$16:$A$4963,0),COLUMN())=0,0,INDEX(generale!$A$16:$G$4963,MATCH(NGG!$A564,generale!$A$16:$A$4963,0),COLUMN()))","v":8},{"$f":"IF(INDEX(generale!$A$16:$G$4963,MATCH(NGG!$A564,generale!$A$16:$A$4963,0),COLUMN())=0,0,INDEX(generale!$A$16:$G$4963,MATCH(NGG!$A564,generale!$A$16:$A$4963,0),COLUMN()))","v":2},{"$f":"IF(INDEX(generale!$A$16:$G$4963,MATCH(NGG!$A564,generale!$A$16:$A$4963,0),COLUMN())=0,0,INDEX(generale!$A$16:$G$4963,MATCH(NGG!$A564,generale!$A$16:$A$4963,0),COLUMN()))","v":5},{"$f":"IF(INDEX(generale!$A$16:$G$4963,MATCH(NGG!$A564,generale!$A$16:$A$4963,0),COLUMN())=0,0,INDEX(generale!$A$16:$G$4963,MATCH(NGG!$A564,generale!$A$16:$A$4963,0),COLUMN()))","v":4},{"$f":"generale!G574","v":"P"},{"$f":"IF(COUNTIF($B564:$D564,0)<3,IF(LEN(SUBSTITUTE(SUBSTITUTE($B564,H$1,,1),,1))=0,0,H563+1-AC564),\"\")","v":11},1,54,2,23,16,28,19,4,34,0,22,52,30,20,26,11,20,6,4,null,null,null,null,null,null,null,null,null,null,null,null,null,null,null,null,null,1,1,1,3,14,null,18]
[{"$f":"IF(generale!$A581>0,generale!$A581,\"\")","v":"2006-07-24"},{"$f":"IF(INDEX(generale!$A$16:$G$4963,MATCH(NGG!$A571,generale!$A$16:$A$4963,0),COLUMN())=0,0,INDEX(generale!$A$16:$G$4963,MATCH(NGG!$A571,generale!$A$16:$A$4963,0),COLUMN()))","v":12},{"$f":"IF(INDEX(generale!$A$16:$G$4963,MATCH(NGG!$A571,generale!$A$16:$A$4963,0),COLUMN())=0,0,INDEX(generale!$A$16:$G$4963,MATCH(NGG!$A571,generale!$A$16:$A$4963,0),COLUMN()))","v":3},{"$f":"IF(INDEX(generale!$A$16:$G$4963,MATCH(NGG!$A571,generale!$A$16:$A$4963,0),COLUMN())=0,0,INDEX(generale!$A$16:$G$4963,MATCH(NGG!$A571,generale!$A$16:$A$4963,0),COLUMN()))","v":13},{"$f":"IF(INDEX(generale!$A$16:$G$4963,MATCH(NGG!$A571,generale!$A$16:$A$4963,0),COLUMN())=0,0,INDEX(generale!$A$16:$G$4963,MATCH(NGG!$A571,generale!$A$16:$A$4963,0),COLUMN()))","v":10},{"$f":"IF(INDEX(generale!$A$16:$G$4963,MATCH(NGG!$A571,generale!$A$16:$A$4963,0),COLUMN())=0,0,INDEX(generale!$A$16:$G$4963,MATCH(NGG!$A571,generale!$A$16:$A$4963,0),COLUMN()))","v":1},{"$f":"generale!G581","v":"P"},1,8,61,5,30,23,34,26,11,41,7,0,59,3,2,4,14,23,7,5,null,null,null,null,null,null,null,null,null,null,null,null,null,null,null,null,null,1,1,1,1,16,null,16]
[{"$f":"IF(generale!$A592>0,generale!$A592,\"\")","v":"2006-08-04"},{"$f":"IF(INDEX(generale!$A$16:$G$4963,MATCH(NGG!$A582,generale!$A$16:$A$4963,0),COLUMN())=0,0,INDEX(generale!$A$16:$G$4963,MATCH(NGG!$A582,generale!$A$16:$A$4963,0),COLUMN()))","v":7},{"$f":"IF(INDEX(generale!$A$16:$G$4963,MATCH(NGG!$A582,generale!$A$16:$A$4963,0),COLUMN())=0,0,INDEX(generale!$A$16:$G$4963,MATCH(NGG!$A582,generale!$A$16:$A$4963,0),COLUMN()))","v":6},{"$f":"IF(INDEX(generale!$A$16:$G$4963,MATCH(NGG!$A582,generale!$A$16:$A$4963,0),COLUMN())=0,0,INDEX(generale!$A$16:$G$4963,MATCH(NGG!$A582,generale!$A$16:$A$4963,0),COLUMN()))","v":3},{"$f":"IF(INDEX(generale!$A$16:$G$4963,MATCH(NGG!$A582,generale!$A$16:$A$4963,0),COLUMN())=0,0,INDEX(generale!$A$16:$G$4963,MATCH(NGG!$A582,generale!$A$16:$A$4963,0),COLUMN()))","v":10},{"$f":"IF(INDEX(generale!$A$16:$G$4963,MATCH(NGG!$A582,generale!$A$16:$A$4963,0),COLUMN())=0,0,INDEX(generale!$A$16:$G$4963,MATCH(NGG!$A582,generale!$A$16:$A$4963,0),COLUMN()))","v":8},{"$f":"generale!G592","v":"P"},4,19,72,1,9,6,0,2,21,52,18,11,70,3,13,14,16,24,8,5,null,null,null,null,null,null,null,null,null,1,null,null,null,null,null,null,null,1,1,1,1,15,null,18]
[{"$f":"IF(generale!$A604>0,generale!$A604,\"\")","v":"2006-08-16"},{"$f":"IF(INDEX(generale!$A$16:$G$4963,MATCH(NGG!$A594,generale!$A$16:$A$4963,0),COLUMN())=0,0,INDEX(generale!$A$16:$G$4963,MATCH(NGG!$A594,generale!$A$16:$A$4963,0),COLUMN()))","v":3},{"$f":"IF(INDEX(generale!$A$16:$G$4963,MATCH(NGG!$A594,generale!$A$16:$A$4963,0),COLUMN())=0,0,INDEX(generale!$A$16:$G$4963,MATCH(NGG!$A594,generale!$A$16:$A$4963,0),COLUMN()))","v":16},{"$f":"IF(INDEX(generale!$A$16:$G$4963,MATCH(NGG!$A594,generale!$A$16:$A$4963,0),COLUMN())=0,0,INDEX(generale!$A$16:$G$4963,MATCH(NGG!$A594,generale!$A$16:$A$4963,0),COLUMN()))","v":12},{"$f":"IF(INDEX(generale!$A$16:$G$4963,MATCH(NGG!$A594,generale!$A$16:$A$4963,0),COLUMN())=0,0,INDEX(generale!$A$16:$G$4963,MATCH(NGG!$A594,generale!$A$16:$A$4963,0),COLUMN()))","v":5},{"$f":"IF(INDEX(generale!$A$16:$G$4963,MATCH(NGG!$A594,generale!$A$16:$A$4963,0),COLUMN())=0,0,INDEX(generale!$A$16:$G$4963,MATCH(NGG!$A594,generale!$A$16:$A$4963,0),COLUMN()))","v":8},{"$f":"generale!G604","v":"P"},5,31,0,12,3,10,10,14,33,9,30,23,4,14,22,21,17,0,8,5,null,null,null,null,null,null,null,null,null,null,null,null,null,null,null,null,null,1,1,1,1,16,null,18]
[{"$f":"IF(generale!$A610>0,generale!$A610,\"\")","v":"2006-08-22"},{"$f":"IF(INDEX(generale!$A$16:$G$4963,MATCH(NGG!$A600,generale!$A$16:$A$4963,0),COLUMN())=0,0,INDEX(generale!$A$16:$G$4963,MATCH(NGG!$A600,generale!$A$16:$A$4963,0),COLUMN()))","v":10},{"$f":"IF(INDEX(generale!$A$16:$G$4963,MATCH(NGG!$A600,generale!$A$16:$A$4963,0),COLUMN())=0,0,INDEX(generale!$A$16:$G$4963,MATCH(NGG!$A600,generale!$A$16:$A$4963,0),COLUMN()))","v":11},{"$f":"IF(INDEX(generale!$A$16:$G$4963,MATCH(NGG!$A600,generale!$A$16:$A$4963,0),COLUMN())=0,0,INDEX(generale!$A$16:$G$4963,MATCH(NGG!$A600,generale!$A$16:$A$4963,0),COLUMN()))","v":5},{"$f":"IF(INDEX(generale!$A$16:$G$4963,MATCH(NGG!$A600,generale!$A$16:$A$4963,0),COLUMN())=0,0,INDEX(generale!$A$16:$G$4963,MATCH(NGG!$A600,generale!$A$16:$A$4963,0),COLUMN()))","v":3},{"$f":"IF(INDEX(generale!$A$16:$G$4963,MATCH(NGG!$A600,generale!$A$16:$A$4963,0),COLUMN())=0,0,INDEX(generale!$A$16:$G$4963,MATCH(NGG!$A600,generale!$A$16:$A$4963,0),COLUMN()))","v":16},{"$f":"generale!G610","v":"P"},11,37,6,4,9,16,2,1,38,0,36,29,4,3,27,25,18,1,9,6,null,null,null,null,null,null,null,null,null,null,null,null,null,null,null,null,1,1,1,1,1,15,null,16]
[{"$f":"IF(generale!$A622>0,generale!$A622,\"\")","v":"2006-09-03"},{"$f":"IF(INDEX(generale!$A$16:$G$4963,MATCH(NGG!$A612,generale!$A$16:$A$4963,0),COLUMN())=0,0,INDEX(generale!$A$16:$G$4963,MATCH(NGG!$A612,generale!$A$16:$A$4963,0),COLUMN()))","v":4},{"$f":"IF(INDEX(generale!$A$16:$G$4963,MATCH(NGG!$A612,generale!$A$16:$A$4963,0),COLUMN())=0,0,INDEX(generale!$A$16:$G$4963,MATCH(NGG!$A612,generale!$A$16:$A$4963,0),COLUMN()))","v":12},{"$f":"IF(INDEX(generale!$A$16:$G$4963,MATCH(NGG!$A612,generale!$A$16:$A$4963,0),COLUMN())=0,0,INDEX(generale!$A$16:$G$4963,MATCH(NGG!$A612,generale!$A$16:$A$4963,0),COLUMN()))","v":5},{"$f":"IF(INDEX(generale!$A$16:$G$4963,MATCH(NGG!$A612,generale!$A$16:$A$4963,0),COLUMN())=0,0,INDEX(generale!$A$16:$G$4963,MATCH(NGG!$A612,generale!$A$16:$A$4963,0),COLUMN()))","v":17},{"$f":"IF(INDEX(generale!$A$16:$G$4963,MATCH(NGG!$A612,generale!$A$16:$A$4963,0),COLUMN())=0,0,INDEX(generale!$A$16:$G$4963,MATCH(NGG!$A612,generale!$A$16:$A$4963,0),COLUMN()))","v":9},{"$f":"generale!G622","v":"P"},{"$f":"IF(COUNTIF($B612:$D612,0)<3,IF(LEN(SUBSTITUTE(SUBSTITUTE($B612,H$1,,1),,1))=0,0,H611+1-AC612),\"\")","v":6},13,20,0,7,4,8,82,24,35,16,1,2,12,20,2,5,13,17,16,null,null,null,null,null,null,null,null,null,null,null,null,null,null,null,1,1,1,1,1,1,14,null,18]
[{"$f":"IF(generale!$A625>0,generale!$A625,\"\")","v":"2006-09-06"},{"$f":"IF(INDEX(generale!$A$16:$G$4963,MATCH(NGG!$A615,generale!$A$16:$A$4963,0),COLUMN())=0,0,INDEX(generale!$A$16:$G$4963,MATCH(NGG!$A615,generale!$A$16:$A$4963,0),COLUMN()))","v":11},{"$f":"IF(INDEX(generale!$A$16:$G$4963,MATCH(NGG!$A615,generale!$A$16:$A$4963,0),COLUMN())=0,0,INDEX(generale!$A$16:$G$4963,MATCH(NGG!$A615,generale!$A$16:$A$4963,0),COLUMN()))","v":5},{"$f":"IF(INDEX(generale!$A$16:$G$4963,MATCH(NGG!$A615,generale!$A$16:$A$4963,0),COLUMN())=0,0,INDEX(generale!$A$16:$G$4963,MATCH(NGG!$A615,generale!$A$16:$A$4963,0),COLUMN()))","v":12},{"$f":"IF(INDEX(generale!$A$16:$G$4963,MATCH(NGG!$A615,generale!$A$16:$A$4963,0),COLUMN())=0,0,INDEX(generale!$A$16:$G$4963,MATCH(NGG!$A615,generale!$A$16:$A$4963,0),COLUMN()))","v":4},{"$f":"IF(INDEX(generale!$A$16:$G$4963,MATCH(NGG!$A615,generale!$A$16:$A$4963,0),COLUMN())=0,0,INDEX(generale!$A$16:$G$4963,MATCH(NGG!$A615,generale!$A$16:$A$4963,0),COLUMN()))","v":16},{"$f":"generale!G625","v":"T"},9,16,23,3,10,2,11,85,27,38,0,4,5,15,23,5,6,0,17,16,null,null,null,null,null,null,null,null,null,null,null,null,null,null,null,null,null,1,1,1,1,16,null,16]
[{"$f":"IF(generale!$A639>0,generale!$A639,\"\")","v":"2006-09-20"},{"$f":"IF(INDEX(generale!$A$16:$G$4963,MATCH(NGG!$A629,generale!$A$16:$A$4963,0),COLUMN())=0,0,INDEX(generale!$A$16:$G$4963,MATCH(NGG!$A629,generale!$A$16:$A$4963,0),COLUMN()))","v":5},{"$f":"IF(INDEX(generale!$A$16:$G$4963,MATCH(NGG!$A629,generale!$A$16:$A$4963,0),COLUMN())=0,0,INDEX(generale!$A$16:$G$4963,MATCH(NGG!$A629,generale!$A$16:$A$4963,0),COLUMN()))","v":9},{"$f":"IF(INDEX(generale!$A$16:$G$4963,MATCH(NGG!$A629,generale!$A$16:$A$4963,0),COLUMN())=0,0,INDEX(generale!$A$16:$G$4963,MATCH(NGG!$A629,generale!$A$16:$A$4963,0),COLUMN()))","v":7},{"$f":"IF(INDEX(generale!$A$16:$G$4963,MATCH(NGG!$A629,generale!$A$16:$A$4963,0),COLUMN())=0,0,INDEX(generale!$A$16:$G$4963,MATCH(NGG!$A629,generale!$A$16:$A$4963,0),COLUMN()))","v":11},{"$f":"IF(INDEX(generale!$A$16:$G$4963,MATCH(NGG!$A629,generale!$A$16:$A$4963,0),COLUMN())=0,0,INDEX(generale!$A$16:$G$4963,MATCH(NGG!$A629,generale!$A$16:$A$4963,0),COLUMN()))","v":6},{"$f":"generale!G639","v":"T"},23,1,2,17,0,16,9,99,5,8,7,18,6,12,37,14,1,3,17,16,null,null,null,null,null,null,null,null,null,null,null,null,null,null,null,null,null,1,1,1,1,16,null,15]
[{"$f":"IF(generale!$A643>0,generale!$A643,\"\")","v":"2006-09-24"},{"$f":"IF(INDEX(generale!$A$16:$G$4963,MATCH(NGG!$A633,generale!$A$16:$A$4963,0),COLUMN())=0,0,INDEX(generale!$A$16:$G$4963,MATCH(NGG!$A633,generale!$A$16:$A$4963,0),COLUMN()))","v":10},{"$f":"IF(INDEX(generale!$A$16:$G$4963,MATCH(NGG!$A633,generale!$A$16:$A$4963,0),COLUMN())=0,0,INDEX(generale!$A$16:$G$4963,MATCH(NGG!$A633,generale!$A$16:$A$4963,0),COLUMN()))","v":8},{"$f":"IF(INDEX(generale!$A$16:$G$4963,MATCH(NGG!$A633,generale!$A$16:$A$4963,0),COLUMN())=0,0,INDEX(generale!$A$16:$G$4963,MATCH(NGG!$A633,generale!$A$16:$A$4963,0),COLUMN()))","v":13},{"$f":"IF(INDEX(generale!$A$16:$G$4963,MATCH(NGG!$A633,generale!$A$16:$A$4963,0),COLUMN())=0,0,INDEX(generale!$A$16:$G$4963,MATCH(NGG!$A633,generale!$A$16:$A$4963,0),COLUMN()))","v":4},{"$f":"IF(INDEX(generale!$A$16:$G$4963,MATCH(NGG!$A633,generale!$A$16:$A$4963,0),COLUMN())=0,0,INDEX(generale!$A$16:$G$4963,MATCH(NGG!$A633,generale!$A$16:$A$4963,0),COLUMN()))","v":14},{"$f":"generale!G643","v":"T"},27,5,6,21,4,3,13,103,9,0,2,22,10,16,41,18,2,4,{"$f":"IF(COUNTIF($B633:$D633,0)<3,IF(LEN(SUBSTITUTE(SUBSTITUTE($B633,Z$1,,1),,1))=0,0,Z632+1-AU633),\"\")","v":17},{"$f":"IF(COUNTIF($B633:$D633,0)<3,IF(LEN(SUBSTITUTE(SUBSTITUTE($B633,AA$1,,1),,1))=0,0,AA632+1-AV633),\"\")","v":16},null,null,null,null,null,null,null,null,null,null,null,null,null,null,null,null,null,null,null,1,1,18,null,15]
[{"$f":"IF(generale!$A650>0,generale!$A650,\"\")","v":"2006-10-01"},{"$f":"IF(INDEX(generale!$A$16:$G$4963,MATCH(NGG!$A640,generale!$A$16:$A$4963,0),COLUMN())=0,0,INDEX(generale!$A$16:$G$4963,MATCH(NGG!$A640,generale!$A$16:$A$4963,0),COLUMN()))","v":9},{"$f":"IF(INDEX(generale!$A$16:$G$4963,MATCH(NGG!$A640,generale!$A$16:$A$4963,0),COLUMN())=0,0,INDEX(generale!$A$16:$G$4963,MATCH(NGG!$A640,generale!$A$16:$A$4963,0),COLUMN()))","v":6},{"$f":"IF(INDEX(generale!$A$16:$G$4963,MATCH(NGG!$A640,generale!$A$16:$A$4963,0),COLUMN())=0,0,INDEX(generale!$A$16:$G$4963,MATCH(NGG!$A640,generale!$A$16:$A$4963,0),COLUMN()))","v":7},{"$f":"IF(INDEX(generale!$A$16:$G$4963,MATCH(NGG!$A640,generale!$A$16:$A$4963,0),COLUMN())=0,0,INDEX(generale!$A$16:$G$4963,MATCH(NGG!$A640,generale!$A$16:$A$4963,0),COLUMN()))","v":14},{"$f":"IF(INDEX(generale!$A$16:$G$4963,MATCH(NGG!$A640,generale!$A$16:$A$4963,0),COLUMN())=0,0,INDEX(generale!$A$16:$G$4963,MATCH(NGG!$A640,generale!$A$16:$A$4963,0),COLUMN()))","v":11},{"$f":"generale!G650","v":"P"},34,1,13,6,11,10,20,110,0,7,3,28,16,2,45,3,1,4,17,16,null,null,null,null,null,null,null,null,null,null,null,null,null,null,null,null,null,null,1,1,1,17,null,18]
[{"$f":"IF(generale!$A660>0,generale!$A660,\"\")","v":"2006-10-11"},{"$f":"IF(INDEX(generale!$A$16:$G$4963,MATCH(NGG!$A650,generale!$A$16:$A$4963,0),COLUMN())=0,0,INDEX(generale!$A$16:$G$4963,MATCH(NGG!$A650,generale!$A$16:$A$4963,0),COLUMN()))","v":4},{"$f":"IF(INDEX(generale!$A$16:$G$4963,MATCH(NGG!$A650,generale!$A$16:$A$4963,0),COLUMN())=0,0,INDEX(generale!$A$16:$G$4963,MATCH(NGG!$A650,generale!$A$16:$A$4963,0),COLUMN()))","v":5},{"$f":"IF(INDEX(generale!$A$16:$G$4963,MATCH(NGG!$A650,generale!$A$16:$A$4963,0),COLUMN())=0,0,INDEX(generale!$A$16:$G$4963,MATCH(NGG!$A650,generale!$A$16:$A$4963,0),COLUMN()))","v":2},{"$f":"IF(INDEX(generale!$A$16:$G$4963,MATCH(NGG!$A650,generale!$A$16:$A$4963,0),COLUMN())=0,0,INDEX(generale!$A$16:$G$4963,MATCH(NGG!$A650,generale!$A$16:$A$4963,0),COLUMN()))","v":11},{"$f":"IF(INDEX(generale!$A$16:$G$4963,MATCH(NGG!$A650,generale!$A$16:$A$4963,0),COLUMN())=0,0,INDEX(generale!$A$16:$G$4963,MATCH(NGG!$A650,generale!$A$16:$A$4963,0),COLUMN()))","v":12},{"$f":"generale!G660","v":"P"},44,11,23,0,1,8,2,120,4,7,13,38,6,3,4,12,6,8,19,17,null,null,null,null,null,null,null,null,null,null,null,null,null,null,null,null,null,null,1,1,1,17,null,15]
[{"$f":"IF(generale!$A673>0,generale!$A673,\"\")","v":"2006-10-24"},{"$f":"IF(INDEX(generale!$A$16:$G$4963,MATCH(NGG!$A663,generale!$A$16:$A$4963,0),COLUMN())=0,0,INDEX(generale!$A$16:$G$4963,MATCH(NGG!$A663,generale!$A$16:$A$4963,0),COLUMN()))","v":3},{"$f":"IF(INDEX(generale!$A$16:$G$4963,MATCH(NGG!$A663,generale!$A$16:$A$4963,0),COLUMN())=0,0,INDEX(generale!$A$16:$G$4963,MATCH(NGG!$A663,generale!$A$16:$A$4963,0),COLUMN()))","v":14},{"$f":"IF(INDEX(generale!$A$16:$G$4963,MATCH(NGG!$A663,generale!$A$16:$A$4963,0),COLUMN())=0,0,INDEX(generale!$A$16:$G$4963,MATCH(NGG!$A663,generale!$A$16:$A$4963,0),COLUMN()))","v":13},{"$f":"IF(INDEX(generale!$A$16:$G$4963,MATCH(NGG!$A663,generale!$A$16:$A$4963,0),COLUMN())=0,0,INDEX(generale!$A$16:$G$4963,MATCH(NGG!$A663,generale!$A$16:$A$4963,0),COLUMN()))","v":15},{"$f":"IF(INDEX(generale!$A$16:$G$4963,MATCH(NGG!$A663,generale!$A$16:$A$4963,0),COLUMN())=0,0,INDEX(generale!$A$16:$G$4963,MATCH(NGG!$A663,generale!$A$16:$A$4963,0),COLUMN()))","v":10},{"$f":"generale!G673","v":"T"},5,24,0,2,13,1,15,3,6,20,26,51,19,15,16,9,8,10,19,17,null,null,null,null,null,null,null,null,null,null,null,null,null,null,null,1,1,1,1,1,1,14,null,15]
[{"$f":"IF(generale!$A680>0,generale!$A680,\"\")","v":"2006-10-31"},{"$f":"IF(INDEX(generale!$A$16:$G$4963,MATCH(NGG!$A670,generale!$A$16:$A$4963,0),COLUMN())=0,0,INDEX(generale!$A$16:$G$4963,MATCH(NGG!$A670,generale!$A$16:$A$4963,0),COLUMN()))","v":17},{"$f":"IF(INDEX(generale!$A$16:$G$4963,MATCH(NGG!$A670,generale!$A$16:$A$4963,0),COLUMN())=0,0,INDEX(generale!$A$16:$G$4963,MATCH(NGG!$A670,generale!$A$16:$A$4963,0),COLUMN()))","v":18},{"$f":"IF(INDEX(generale!$A$16:$G$4963,MATCH(NGG!$A670,generale!$A$16:$A$4963,0),COLUMN())=0,0,INDEX(generale!$A$16:$G$4963,MATCH(NGG!$A670,generale!$A$16:$A$4963,0),COLUMN()))","v":14},{"$f":"IF(INDEX(generale!$A$16:$G$4963,MATCH(NGG!$A670,generale!$A$16:$A$4963,0),COLUMN())=0,0,INDEX(generale!$A$16:$G$4963,MATCH(NGG!$A670,generale!$A$16:$A$4963,0),COLUMN()))","v":6},{"$f":"IF(INDEX(generale!$A$16:$G$4963,MATCH(NGG!$A670,generale!$A$16:$A$4963,0),COLUMN())=0,0,INDEX(generale!$A$16:$G$4963,MATCH(NGG!$A670,generale!$A$16:$A$4963,0),COLUMN()))","v":7},{"$f":"generale!G680","v":"T"},12,5,7,9,2,4,22,10,2,27,1,58,26,22,23,5,0,11,19,17,null,null,null,null,null,null,null,null,null,null,null,null,null,null,null,null,null,null,null,1,1,18,null,18]
[{"$f":"IF(generale!$A689>0,generale!$A689,\"\")","v":"2006-11-09"},{"$f":"IF(INDEX(generale!$A$16:$G$4963,MATCH(NGG!$A679,generale!$A$16:$A$4963,0),COLUMN())=0,0,INDEX(generale!$A$16:$G$4963,MATCH(NGG!$A679,generale!$A$16:$A$4963,0),COLUMN()))","v":3},{"$f":"IF(INDEX(generale!$A$16:$G$4963,MATCH(NGG!$A679,generale!$A$16:$A$4963,0),COLUMN())=0,0,INDEX(generale!$A$16:$G$4963,MATCH(NGG!$A679,generale!$A$16:$A$4963,0),COLUMN()))","v":6},{"$f":"IF(INDEX(generale!$A$16:$G$4963,MATCH(NGG!$A679,generale!$A$16:$A$4963,0),COLUMN())=0,0,INDEX(generale!$A$16:$G$4963,MATCH(NGG!$A679,generale!$A$16:$A$4963,0),COLUMN()))","v":11},{"$f":"IF(INDEX(generale!$A$16:$G$4963,MATCH(NGG!$A679,generale!$A$16:$A$4963,0),COLUMN())=0,0,INDEX(generale!$A$16:$G$4963,MATCH(NGG!$A679,generale!$A$16:$A$4963,0),COLUMN()))","v":8},{"$f":"IF(INDEX(generale!$A$16:$G$4963,MATCH(NGG!$A679,generale!$A$16:$A$4963,0),COLUMN())=0,0,INDEX(generale!$A$16:$G$4963,MATCH(NGG!$A679,generale!$A$16:$A$4963,0),COLUMN()))","v":13},{"$f":"generale!G689","v":"T"},20,13,0,4,3,13,7,19,11,36,10,67,35,31,30,10,1,1,19,17,null,null,null,null,null,null,null,null,null,null,null,null,null,null,null,null,null,null,null,1,1,18,null,17]
[{"$f":"IF(generale!$A698>0,generale!$A698,\"\")","v":"2006-11-18"},{"$f":"IF(INDEX(generale!$A$16:$G$4963,MATCH(NGG!$A688,generale!$A$16:$A$4963,0),COLUMN())=0,0,INDEX(generale!$A$16:$G$4963,MATCH(NGG!$A688,generale!$A$16:$A$4963,0),COLUMN()))","v":8},{"$f":"IF(INDEX(generale!$A$16:$G$4963,MATCH(NGG!$A688,generale!$A$16:$A$4963,0),COLUMN())=0,0,INDEX(generale!$A$16:$G$4963,MATCH(NGG!$A688,generale!$A$16:$A$4963,0),COLUMN()))","v":10},{"$f":"IF(INDEX(generale!$A$16:$G$4963,MATCH(NGG!$A688,generale!$A$16:$A$4963,0),COLUMN())=0,0,INDEX(generale!$A$16:$G$4963,MATCH(NGG!$A688,generale!$A$16:$A$4963,0),COLUMN()))","v":4},{"$f":"IF(INDEX(generale!$A$16:$G$4963,MATCH(NGG!$A688,generale!$A$16:$A$4963,0),COLUMN())=0,0,INDEX(generale!$A$16:$G$4963,MATCH(NGG!$A688,generale!$A$16:$A$4963,0),COLUMN()))","v":1},{"$f":"IF(INDEX(generale!$A$16:$G$4963,MATCH(NGG!$A688,generale!$A$16:$A$4963,0),COLUMN())=0,0,INDEX(generale!$A$16:$G$4963,MATCH(NGG!$A688,generale!$A$16:$A$4963,0),COLUMN()))","v":12},{"$f":"generale!G698","v":"T"},29,22,9,7,8,22,16,0,20,1,2,76,3,6,39,19,3,4,19,17,null,null,null,null,null,null,null,null,null,null,null,null,null,null,null,null,null,1,1,1,1,16,null,20]
[{"$f":"IF(generale!$A701>0,generale!$A701,\"\")","v":"2006-11-21"},{"$f":"IF(INDEX(generale!$A$16:$G$4963,MATCH(NGG!$A691,generale!$A$16:$A$4963,0),COLUMN())=0,0,INDEX(generale!$A$16:$G$4963,MATCH(NGG!$A691,generale!$A$16:$A$4963,0),COLUMN()))","v":13},{"$f":"IF(INDEX(generale!$A$16:$G$4963,MATCH(NGG!$A691,generale!$A$16:$A$4963,0),COLUMN())=0,0,INDEX(generale!$A$16:$G$4963,MATCH(NGG!$A691,generale!$A$16:$A$4963,0),COLUMN()))","v":18},{"$f":"IF(INDEX(generale!$A$16:$G$4963,MATCH(NGG!$A691,generale!$A$16:$A$4963,0),COLUMN())=0,0,INDEX(generale!$A$16:$G$4963,MATCH(NGG!$A691,generale!$A$16:$A$4963,0),COLUMN()))","v":14},{"$f":"IF(INDEX(generale!$A$16:$G$4963,MATCH(NGG!$A691,generale!$A$16:$A$4963,0),COLUMN())=0,0,INDEX(generale!$A$16:$G$4963,MATCH(NGG!$A691,generale!$A$16:$A$4963,0),COLUMN()))","v":8},{"$f":"IF(INDEX(generale!$A$16:$G$4963,MATCH(NGG!$A691,generale!$A$16:$A$4963,0),COLUMN())=0,0,INDEX(generale!$A$16:$G$4963,MATCH(NGG!$A691,generale!$A$16:$A$4963,0),COLUMN()))","v":17},{"$f":"generale!G701","v":"T"},32,2,12,10,11,25,19,3,23,1,5,79,0,9,42,22,{"$f":"IF(COUNTIF($B691:$D691,0)<3,IF(LEN(SUBSTITUTE(SUBSTITUTE($B691,X$1,,1),,1))=0,0,X690+1-AS691),\"\")","v":5},6,19,17,null,null,null,null,null,null,null,null,null,null,null,null,null,null,null,null,null,1,1,1,1,16,null,18]
[{"$f":"IF(generale!$A710>0,generale!$A710,\"\")","v":"2006-11-30"},{"$f":"IF(INDEX(generale!$A$16:$G$4963,MATCH(NGG!$A700,generale!$A$16:$A$4963,0),COLUMN())=0,0,INDEX(generale!$A$16:$G$4963,MATCH(NGG!$A700,generale!$A$16:$A$4963,0),COLUMN()))","v":8},{"$f":"IF(INDEX(generale!$A$16:$G$4963,MATCH(NGG!$A700,generale!$A$16:$A$4963,0),COLUMN())=0,0,INDEX(generale!$A$16:$G$4963,MATCH(NGG!$A700,generale!$A$16:$A$4963,0),COLUMN()))","v":13},{"$f":"IF(INDEX(generale!$A$16:$G$4963,MATCH(NGG!$A700,generale!$A$16:$A$4963,0),COLUMN())=0,0,INDEX(generale!$A$16:$G$4963,MATCH(NGG!$A700,generale!$A$16:$A$4963,0),COLUMN()))","v":14},{"$f":"IF(INDEX(generale!$A$16:$G$4963,MATCH(NGG!$A700,generale!$A$16:$A$4963,0),COLUMN())=0,0,INDEX(generale!$A$16:$G$4963,MATCH(NGG!$A700,generale!$A$16:$A$4963,0),COLUMN()))","v":1},{"$f":"IF(INDEX(generale!$A$16:$G$4963,MATCH(NGG!$A700,generale!$A$16:$A$4963,0),COLUMN())=0,0,INDEX(generale!$A$16:$G$4963,MATCH(NGG!$A700,generale!$A$16:$A$4963,0),COLUMN()))","v":15},{"$f":"generale!G710","v":"T"},41,3,5,19,20,34,2,0,31,10,14,88,9,6,51,31,10,3,19,17,null,null,null,null,null,null,null,null,null,null,null,null,null,null,null,null,null,1,1,1,1,16,null,16]
[{"$f":"IF(generale!$A719>0,generale!$A719,\"\")","v":"2006-12-10"},{"$f":"IF(INDEX(generale!$A$16:$G$4963,MATCH(NGG!$A709,generale!$A$16:$A$4963,0),COLUMN())=0,0,INDEX(generale!$A$16:$G$4963,MATCH(NGG!$A709,generale!$A$16:$A$4963,0),COLUMN()))","v":14},{"$f":"IF(INDEX(generale!$A$16:$G$4963,MATCH(NGG!$A709,generale!$A$16:$A$4963,0),COLUMN())=0,0,INDEX(generale!$A$16:$G$4963,MATCH(NGG!$A709,generale!$A$16:$A$4963,0),COLUMN()))","v":11},{"$f":"IF(INDEX(generale!$A$16:$G$4963,MATCH(NGG!$A709,generale!$A$16:$A$4963,0),COLUMN())=0,0,INDEX(generale!$A$16:$G$4963,MATCH(NGG!$A709,generale!$A$16:$A$4963,0),COLUMN()))","v":13},{"$f":"IF(INDEX(generale!$A$16:$G$4963,MATCH(NGG!$A709,generale!$A$16:$A$4963,0),COLUMN())=0,0,INDEX(generale!$A$16:$G$4963,MATCH(NGG!$A709,generale!$A$16:$A$4963,0),COLUMN()))","v":9},{"$f":"IF(INDEX(generale!$A$16:$G$4963,MATCH(NGG!$A709,generale!$A$16:$A$4963,0),COLUMN())=0,0,INDEX(generale!$A$16:$G$4963,MATCH(NGG!$A709,generale!$A$16:$A$4963,0),COLUMN()))","v":2},{"$f":"generale!G719","v":"T"},{"$f":"IF(COUNTIF($B709:$D709,0)<3,IF(LEN(SUBSTITUTE(SUBSTITUTE($B709,H$1,,1),,1))=0,0,H708+1-AC709),\"\")","v":50},3,14,4,29,5,11,8,40,1,2,97,18,0,58,{"$f":"IF(COUNTIF($B709:$D709,0)<3,IF(LEN(SUBSTITUTE(SUBSTITUTE($B709,W$1,,1),,1))=0,0,W708+1-AR709),\"\")","v":36},13,5,0,17,null,null,null,null,null,null,null,null,null,null,null,null,null,null,null,null,null,null,1,1,1,17,null,20]
[{"$f":"IF(generale!$A731>0,generale!$A731,\"\")","v":"2006-12-22"},{"$f":"IF(INDEX(generale!$A$16:$G$4963,MATCH(NGG!$A721,generale!$A$16:$A$4963,0),COLUMN())=0,0,INDEX(generale!$A$16:$G$4963,MATCH(NGG!$A721,generale!$A$16:$A$4963,0),COLUMN()))","v":2},{"$f":"IF(INDEX(generale!$A$16:$G$4963,MATCH(NGG!$A721,generale!$A$16:$A$4963,0),COLUMN())=0,0,INDEX(generale!$A$16:$G$4963,MATCH(NGG!$A721,generale!$A$16:$A$4963,0),COLUMN()))","v":6},{"$f":"IF(INDEX(generale!$A$16:$G$4963,MATCH(NGG!$A721,generale!$A$16:$A$4963,0),COLUMN())=0,0,INDEX(generale!$A$16:$G$4963,MATCH(NGG!$A721,generale!$A$16:$A$4963,0),COLUMN()))","v":12},{"$f":"IF(INDEX(generale!$A$16:$G$4963,MATCH(NGG!$A721,generale!$A$16:$A$4963,0),COLUMN())=0,0,INDEX(generale!$A$16:$G$4963,MATCH(NGG!$A721,generale!$A$16:$A$4963,0),COLUMN()))","v":9},{"$f":"IF(INDEX(generale!$A$16:$G$4963,MATCH(NGG!$A721,generale!$A$16:$A$4963,0),COLUMN())=0,0,INDEX(generale!$A$16:$G$4963,MATCH(NGG!$A721,generale!$A$16:$A$4963,0),COLUMN()))","v":8},{"$f":"generale!G731","v":"O"},2,0,26,15,3,5,23,1,6,13,4,9,30,10,70,46,20,4,0,17,null,null,null,null,null,null,null,null,null,null,null,null,null,null,1,null,null,1,1,1,1,15,null,17]
[{"$f":"IF(generale!$A739>0,generale!$A739,\"\")","v":"2006-12-30"},{"$f":"IF(INDEX(generale!$A$16:$G$4963,MATCH(NGG!$A729,generale!$A$16:$A$4963,0),COLUMN())=0,0,INDEX(generale!$A$16:$G$4963,MATCH(NGG!$A729,generale!$A$16:$A$4963,0),COLUMN()))","v":16},{"$f":"IF(INDEX(generale!$A$16:$G$4963,MATCH(NGG!$A729,generale!$A$16:$A$4963,0),COLUMN())=0,0,INDEX(generale!$A$16:$G$4963,MATCH(NGG!$A729,generale!$A$16:$A$4963,0),COLUMN()))","v":14},{"$f":"IF(INDEX(generale!$A$16:$G$4963,MATCH(NGG!$A729,generale!$A$16:$A$4963,0),COLUMN())=0,0,INDEX(generale!$A$16:$G$4963,MATCH(NGG!$A729,generale!$A$16:$A$4963,0),COLUMN()))","v":15},{"$f":"IF(INDEX(generale!$A$16:$G$4963,MATCH(NGG!$A729,generale!$A$16:$A$4963,0),COLUMN())=0,0,INDEX(generale!$A$16:$G$4963,MATCH(NGG!$A729,generale!$A$16:$A$4963,0),COLUMN()))","v":17},{"$f":"IF(INDEX(generale!$A$16:$G$4963,MATCH(NGG!$A729,generale!$A$16:$A$4963,0),COLUMN())=0,0,INDEX(generale!$A$16:$G$4963,MATCH(NGG!$A729,generale!$A$16:$A$4963,0),COLUMN()))","v":18},{"$f":"generale!G739","v":"T"},10,8,34,23,11,6,31,4,14,21,12,2,38,1,78,0,2,4,0,17,null,null,null,null,null,null,null,null,null,null,null,null,null,null,null,null,null,1,1,1,1,16,null,18]
[{"$f":"IF(generale!$A749>0,generale!$A749,\"\")","v":"2007-01-09"},{"$f":"IF(INDEX(generale!$A$16:$G$4963,MATCH(NGG!$A739,generale!$A$16:$A$4963,0),COLUMN())=0,0,INDEX(generale!$A$16:$G$4963,MATCH(NGG!$A739,generale!$A$16:$A$4963,0),COLUMN()))","v":8},{"$f":"IF(INDEX(generale!$A$16:$G$4963,MATCH(NGG!$A739,generale!$A$16:$A$4963,0),COLUMN())=0,0,INDEX(generale!$A$16:$G$4963,MATCH(NGG!$A739,generale!$A$16:$A$4963,0),COLUMN()))","v":4},{"$f":"IF(INDEX(generale!$A$16:$G$4963,MATCH(NGG!$A739,generale!$A$16:$A$4963,0),COLUMN())=0,0,INDEX(generale!$A$16:$G$4963,MATCH(NGG!$A739,generale!$A$16:$A$4963,0),COLUMN()))","v":2},{"$f":"IF(INDEX(generale!$A$16:$G$4963,MATCH(NGG!$A739,generale!$A$16:$A$4963,0),COLUMN())=0,0,INDEX(generale!$A$16:$G$4963,MATCH(NGG!$A739,generale!$A$16:$A$4963,0),COLUMN()))","v":11},{"$f":"IF(INDEX(generale!$A$16:$G$4963,MATCH(NGG!$A739,generale!$A$16:$A$4963,0),COLUMN())=0,0,INDEX(generale!$A$16:$G$4963,MATCH(NGG!$A739,generale!$A$16:$A$4963,0),COLUMN()))","v":5},{"$f":"generale!G749","v":"T"},{"$f":"IF(COUNTIF($B739:$D739,0)<3,IF(LEN(SUBSTITUTE(SUBSTITUTE($B739,H$1,,1),,1))=0,0,H738+1-AC739),\"\")","v":20},18,44,2,5,15,1,0,24,5,22,12,3,11,4,10,10,8,0,17,null,null,null,null,null,null,null,null,null,null,null,null,null,null,null,null,null,null,1,1,1,17,null,16]
[{"$f":"IF(generale!$A758>0,generale!$A758,\"\")","v":"2007-01-18"},{"$f":"IF(INDEX(generale!$A$16:$G$4963,MATCH(NGG!$A748,generale!$A$16:$A$4963,0),COLUMN())=0,0,INDEX(generale!$A$16:$G$4963,MATCH(NGG!$A748,generale!$A$16:$A$4963,0),COLUMN()))","v":8},{"$f":"IF(INDEX(generale!$A$16:$G$4963,MATCH(NGG!$A748,generale!$A$16:$A$4963,0),COLUMN())=0,0,INDEX(generale!$A$16:$G$4963,MATCH(NGG!$A748,generale!$A$16:$A$4963,0),COLUMN()))","v":14},{"$f":"IF(INDEX(generale!$A$16:$G$4963,MATCH(NGG!$A748,generale!$A$16:$A$4963,0),COLUMN())=0,0,INDEX(generale!$A$16:$G$4963,MATCH(NGG!$A748,generale!$A$16:$A$4963,0),COLUMN()))","v":17},{"$f":"IF(INDEX(generale!$A$16:$G$4963,MATCH(NGG!$A748,generale!$A$16:$A$4963,0),COLUMN())=0,0,INDEX(generale!$A$16:$G$4963,MATCH(NGG!$A748,generale!$A$16:$A$4963,0),COLUMN()))","v":5},{"$f":"IF(INDEX(generale!$A$16:$G$4963,MATCH(NGG!$A748,generale!$A$16:$A$4963,0),COLUMN())=0,0,INDEX(generale!$A$16:$G$4963,MATCH(NGG!$A748,generale!$A$16:$A$4963,0),COLUMN()))","v":7},{"$f":"generale!G758","v":"T"},28,27,1,3,4,24,10,0,33,5,30,2,7,19,13,8,15,11,0,17,null,null,null,null,null,null,null,null,null,null,null,null,null,null,null,null,null,null,null,1,1,18,null,17]
[{"$f":"IF(generale!$A767>0,generale!$A767,\"\")","v":"2007-01-27"},{"$f":"IF(INDEX(generale!$A$16:$G$4963,MATCH(NGG!$A757,generale!$A$16:$A$4963,0),COLUMN())=0,0,INDEX(generale!$A$16:$G$4963,MATCH(NGG!$A757,generale!$A$16:$A$4963,0),COLUMN()))","v":13},{"$f":"IF(INDEX(generale!$A$16:$G$4963,MATCH(NGG!$A757,generale!$A$16:$A$4963,0),COLUMN())=0,0,INDEX(generale!$A$16:$G$4963,MATCH(NGG!$A757,generale!$A$16:$A$4963,0),COLUMN()))","v":1},{"$f":"IF(INDEX(generale!$A$16:$G$4963,MATCH(NGG!$A757,generale!$A$16:$A$4963,0),COLUMN())=0,0,INDEX(generale!$A$16:$G$4963,MATCH(NGG!$A757,generale!$A$16:$A$4963,0),COLUMN()))","v":10},{"$f":"IF(INDEX(generale!$A$16:$G$4963,MATCH(NGG!$A757,generale!$A$16:$A$4963,0),COLUMN())=0,0,INDEX(generale!$A$16:$G$4963,MATCH(NGG!$A757,generale!$A$16:$A$4963,0),COLUMN()))","v":3},{"$f":"IF(INDEX(generale!$A$16:$G$4963,MATCH(NGG!$A757,generale!$A$16:$A$4963,0),COLUMN())=0,0,INDEX(generale!$A$16:$G$4963,MATCH(NGG!$A757,generale!$A$16:$A$4963,0),COLUMN()))","v":15},{"$f":"generale!G767","v":"T"},2,36,1,5,13,8,3,9,5,14,4,11,0,28,22,6,20,16,0,17,null,null,null,null,null,null,null,null,null,1,null,null,null,null,null,null,null,1,1,1,1,15,null,15]
[{"$f":"IF(generale!$A770>0,generale!$A770,\"\")","v":"2007-01-30"},{"$f":"IF(INDEX(generale!$A$16:$G$4963,MATCH(NGG!$A760,generale!$A$16:$A$4963,0),COLUMN())=0,0,INDEX(generale!$A$16:$G$4963,MATCH(NGG!$A760,generale!$A$16:$A$4963,0),COLUMN()))","v":12},{"$f":"IF(INDEX(generale!$A$16:$G$4963,MATCH(NGG!$A760,generale!$A$16:$A$4963,0),COLUMN())=0,0,INDEX(generale!$A$16:$G$4963,MATCH(NGG!$A760,generale!$A$16:$A$4963,0),COLUMN()))","v":13},{"$f":"IF(INDEX(generale!$A$16:$G$4963,MATCH(NGG!$A760,generale!$A$16:$A$4963,0),COLUMN())=0,0,INDEX(generale!$A$16:$G$4963,MATCH(NGG!$A760,generale!$A$16:$A$4963,0),COLUMN()))","v":9},{"$f":"IF(INDEX(generale!$A$16:$G$4963,MATCH(NGG!$A760,generale!$A$16:$A$4963,0),COLUMN())=0,0,INDEX(generale!$A$16:$G$4963,MATCH(NGG!$A760,generale!$A$16:$A$4963,0),COLUMN()))","v":1},{"$f":"IF(INDEX(generale!$A$16:$G$4963,MATCH(NGG!$A760,generale!$A$16:$A$4963,0),COLUMN())=0,0,INDEX(generale!$A$16:$G$4963,MATCH(NGG!$A760,generale!$A$16:$A$4963,0),COLUMN()))","v":14},{"$f":"generale!G770","v":"T"},2,39,4,8,16,11,6,12,8,17,7,0,3,31,25,8,23,19,0,17,null,null,null,null,null,null,null,null,null,null,null,null,null,null,null,null,null,null,null,1,1,18,null,17]
[{"$f":"IF(generale!$A779>0,generale!$A779,\"\")","v":"2007-02-08"},{"$f":"IF(INDEX(generale!$A$16:$G$4963,MATCH(NGG!$A769,generale!$A$16:$A$4963,0),COLUMN())=0,0,INDEX(generale!$A$16:$G$4963,MATCH(NGG!$A769,generale!$A$16:$A$4963,0),COLUMN()))","v":18},{"$f":"IF(INDEX(generale!$A$16:$G$4963,MATCH(NGG!$A769,generale!$A$16:$A$4963,0),COLUMN())=0,0,INDEX(generale!$A$16:$G$4963,MATCH(NGG!$A769,generale!$A$16:$A$4963,0),COLUMN()))","v":16},{"$f":"IF(INDEX(generale!$A$16:$G$4963,MATCH(NGG!$A769,generale!$A$16:$A$4963,0),COLUMN())=0,0,INDEX(generale!$A$16:$G$4963,MATCH(NGG!$A769,generale!$A$16:$A$4963,0),COLUMN()))","v":2},{"$f":"IF(INDEX(generale!$A$16:$G$4963,MATCH(NGG!$A769,generale!$A$16:$A$4963,0),COLUMN())=0,0,INDEX(generale!$A$16:$G$4963,MATCH(NGG!$A769,generale!$A$16:$A$4963,0),COLUMN()))","v":13},{"$f":"IF(INDEX(generale!$A$16:$G$4963,MATCH(NGG!$A769,generale!$A$16:$A$4963,0),COLUMN())=0,0,INDEX(generale!$A$16:$G$4963,MATCH(NGG!$A769,generale!$A$16:$A$4963,0),COLUMN()))","v":10},{"$f":"generale!G779","v":"T"},11,1,13,4,3,6,15,21,17,26,2,9,12,38,32,4,27,0,0,17,null,null,null,null,null,null,null,null,null,null,null,null,null,null,1,1,1,1,1,1,1,13,null,14]
[{"$f":"IF(generale!$A788>0,generale!$A788,\"\")","v":"2007-02-17"},{"$f":"IF(INDEX(generale!$A$16:$G$4963,MATCH(NGG!$A778,generale!$A$16:$A$4963,0),COLUMN())=0,0,INDEX(generale!$A$16:$G$4963,MATCH(NGG!$A778,generale!$A$16:$A$4963,0),COLUMN()))","v":13},{"$f":"IF(INDEX(generale!$A$16:$G$4963,MATCH(NGG!$A778,generale!$A$16:$A$4963,0),COLUMN())=0,0,INDEX(generale!$A$16:$G$4963,MATCH(NGG!$A778,generale!$A$16:$A$4963,0),COLUMN()))","v":3},{"$f":"IF(INDEX(generale!$A$16:$G$4963,MATCH(NGG!$A778,generale!$A$16:$A$4963,0),COLUMN())=0,0,INDEX(generale!$A$16:$G$4963,MATCH(NGG!$A778,generale!$A$16:$A$4963,0),COLUMN()))","v":9},{"$f":"IF(INDEX(generale!$A$16:$G$4963,MATCH(NGG!$A778,generale!$A$16:$A$4963,0),COLUMN())=0,0,INDEX(generale!$A$16:$G$4963,MATCH(NGG!$A778,generale!$A$16:$A$4963,0),COLUMN()))","v":10},{"$f":"IF(INDEX(generale!$A$16:$G$4963,MATCH(NGG!$A778,generale!$A$16:$A$4963,0),COLUMN())=0,0,INDEX(generale!$A$16:$G$4963,MATCH(NGG!$A778,generale!$A$16:$A$4963,0),COLUMN()))","v":12},{"$f":"generale!G788","v":"P"},4,10,22,13,12,15,24,2,1,6,11,18,0,47,8,12,33,5,0,17,null,null,null,null,null,null,null,null,null,null,null,null,null,null,null,null,null,null,null,1,1,18,null,15]
[{"$f":"IF(generale!$A800>0,generale!$A800,\"\")","v":"2007-03-01"},{"$f":"IF(INDEX(generale!$A$16:$G$4963,MATCH(NGG!$A790,generale!$A$16:$A$4963,0),COLUMN())=0,0,INDEX(generale!$A$16:$G$4963,MATCH(NGG!$A790,generale!$A$16:$A$4963,0),COLUMN()))","v":6},{"$f":"IF(INDEX(generale!$A$16:$G$4963,MATCH(NGG!$A790,generale!$A$16:$A$4963,0),COLUMN())=0,0,INDEX(generale!$A$16:$G$4963,MATCH(NGG!$A790,generale!$A$16:$A$4963,0),COLUMN()))","v":2},{"$f":"IF(INDEX(generale!$A$16:$G$4963,MATCH(NGG!$A790,generale!$A$16:$A$4963,0),COLUMN())=0,0,INDEX(generale!$A$16:$G$4963,MATCH(NGG!$A790,generale!$A$16:$A$4963,0),COLUMN()))","v":4},{"$f":"IF(INDEX(generale!$A$16:$G$4963,MATCH(NGG!$A790,generale!$A$16:$A$4963,0),COLUMN())=0,0,INDEX(generale!$A$16:$G$4963,MATCH(NGG!$A790,generale!$A$16:$A$4963,0),COLUMN()))","v":3},{"$f":"IF(INDEX(generale!$A$16:$G$4963,MATCH(NGG!$A790,generale!$A$16:$A$4963,0),COLUMN())=0,0,INDEX(generale!$A$16:$G$4963,MATCH(NGG!$A790,generale!$A$16:$A$4963,0),COLUMN()))","v":5},{"$f":"generale!G800","v":"T"},16,5,1,25,2,0,36,14,3,10,9,4,11,59,18,20,2,0,0,17,null,null,null,null,null,null,null,null,null,null,null,null,null,1,null,1,1,1,1,1,1,13,null,16]
[{"$f":"IF(generale!$A808>0,generale!$A808,\"\")","v":"2007-03-09"},{"$f":"IF(INDEX(generale!$A$16:$G$4963,MATCH(NGG!$A798,generale!$A$16:$A$4963,0),COLUMN())=0,0,INDEX(generale!$A$16:$G$4963,MATCH(NGG!$A798,generale!$A$16:$A$4963,0),COLUMN()))","v":2},{"$f":"IF(INDEX(generale!$A$16:$G$4963,MATCH(NGG!$A798,generale!$A$16:$A$4963,0),COLUMN())=0,0,INDEX(generale!$A$16:$G$4963,MATCH(NGG!$A798,generale!$A$16:$A$4963,0),COLUMN()))","v":14},{"$f":"IF(INDEX(generale!$A$16:$G$4963,MATCH(NGG!$A798,generale!$A$16:$A$4963,0),COLUMN())=0,0,INDEX(generale!$A$16:$G$4963,MATCH(NGG!$A798,generale!$A$16:$A$4963,0),COLUMN()))","v":12},{"$f":"IF(INDEX(generale!$A$16:$G$4963,MATCH(NGG!$A798,generale!$A$16:$A$4963,0),COLUMN())=0,0,INDEX(generale!$A$16:$G$4963,MATCH(NGG!$A798,generale!$A$16:$A$4963,0),COLUMN()))","v":7},{"$f":"IF(INDEX(generale!$A$16:$G$4963,MATCH(NGG!$A798,generale!$A$16:$A$4963,0),COLUMN())=0,0,INDEX(generale!$A$16:$G$4963,MATCH(NGG!$A798,generale!$A$16:$A$4963,0),COLUMN()))","v":4},{"$f":"generale!G808","v":"P"},23,0,2,32,1,8,44,22,11,17,3,5,19,67,5,27,3,0,0,17,null,null,null,null,null,null,null,null,null,null,null,null,null,null,null,null,null,1,1,1,1,16,null,16]
[{"$f":"IF(generale!$A818>0,generale!$A818,\"\")","v":"2007-03-19"},{"$f":"IF(INDEX(generale!$A$16:$G$4963,MATCH(NGG!$A808,generale!$A$16:$A$4963,0),COLUMN())=0,0,INDEX(generale!$A$16:$G$4963,MATCH(NGG!$A808,generale!$A$16:$A$4963,0),COLUMN()))","v":7},{"$f":"IF(INDEX(generale!$A$16:$G$4963,MATCH(NGG!$A808,generale!$A$16:$A$4963,0),COLUMN())=0,0,INDEX(generale!$A$16:$G$4963,MATCH(NGG!$A808,generale!$A$16:$A$4963,0),COLUMN()))","v":10},{"$f":"IF(INDEX(generale!$A$16:$G$4963,MATCH(NGG!$A808,generale!$A$16:$A$4963,0),COLUMN())=0,0,INDEX(generale!$A$16:$G$4963,MATCH(NGG!$A808,generale!$A$16:$A$4963,0),COLUMN()))","v":1},{"$f":"IF(INDEX(generale!$A$16:$G$4963,MATCH(NGG!$A808,generale!$A$16:$A$4963,0),COLUMN())=0,0,INDEX(generale!$A$16:$G$4963,MATCH(NGG!$A808,generale!$A$16:$A$4963,0),COLUMN()))","v":11},{"$f":"IF(INDEX(generale!$A$16:$G$4963,MATCH(NGG!$A808,generale!$A$16:$A$4963,0),COLUMN())=0,0,INDEX(generale!$A$16:$G$4963,MATCH(NGG!$A808,generale!$A$16:$A$4963,0),COLUMN()))","v":4},{"$f":"generale!G818","v":"P"},33,9,4,42,11,1,0,30,21,27,2,15,29,4,14,35,7,1,0,17,null,null,null,null,null,null,null,null,null,null,null,null,null,null,null,null,null,null,1,1,1,17,null,17]
[{"$f":"IF(generale!$A830>0,generale!$A830,\"\")","v":"2007-03-31"},{"$f":"IF(INDEX(generale!$A$16:$G$4963,MATCH(NGG!$A820,generale!$A$16:$A$4963,0),COLUMN())=0,0,INDEX(generale!$A$16:$G$4963,MATCH(NGG!$A820,generale!$A$16:$A$4963,0),COLUMN()))","v":13},{"$f":"IF(INDEX(generale!$A$16:$G$4963,MATCH(NGG!$A820,generale!$A$16:$A$4963,0),COLUMN())=0,0,INDEX(generale!$A$16:$G$4963,MATCH(NGG!$A820,generale!$A$16:$A$4963,0),COLUMN()))","v":5},{"$f":"IF(INDEX(generale!$A$16:$G$4963,MATCH(NGG!$A820,generale!$A$16:$A$4963,0),COLUMN())=0,0,INDEX(generale!$A$16:$G$4963,MATCH(NGG!$A820,generale!$A$16:$A$4963,0),COLUMN()))","v":9},{"$f":"IF(INDEX(generale!$A$16:$G$4963,MATCH(NGG!$A820,generale!$A$16:$A$4963,0),COLUMN())=0,0,INDEX(generale!$A$16:$G$4963,MATCH(NGG!$A820,generale!$A$16:$A$4963,0),COLUMN()))","v":11},{"$f":"IF(INDEX(generale!$A$16:$G$4963,MATCH(NGG!$A820,generale!$A$16:$A$4963,0),COLUMN())=0,0,INDEX(generale!$A$16:$G$4963,MATCH(NGG!$A820,generale!$A$16:$A$4963,0),COLUMN()))","v":4},{"$f":"generale!G830","v":"O"},7,9,6,2,4,10,12,11,3,39,14,5,0,1,26,46,11,5,0,17,null,null,null,null,null,null,null,null,null,null,null,null,null,null,null,null,null,1,1,1,1,null,null,17]
[{"$f":"IF(generale!$A837>0,generale!$A837,\"\")","v":"2007-04-07"},{"$f":"IF(INDEX(generale!$A$16:$G$4963,MATCH(NGG!$A827,generale!$A$16:$A$4963,0),COLUMN())=0,0,INDEX(generale!$A$16:$G$4963,MATCH(NGG!$A827,generale!$A$16:$A$4963,0),COLUMN()))","v":14},{"$f":"IF(INDEX(generale!$A$16:$G$4963,MATCH(NGG!$A827,generale!$A$16:$A$4963,0),COLUMN())=0,0,INDEX(generale!$A$16:$G$4963,MATCH(NGG!$A827,generale!$A$16:$A$4963,0),COLUMN()))","v":17},{"$f":"IF(INDEX(generale!$A$16:$G$4963,MATCH(NGG!$A827,generale!$A$16:$A$4963,0),COLUMN())=0,0,INDEX(generale!$A$16:$G$4963,MATCH(NGG!$A827,generale!$A$16:$A$4963,0),COLUMN()))","v":9},{"$f":"IF(INDEX(generale!$A$16:$G$4963,MATCH(NGG!$A827,generale!$A$16:$A$4963,0),COLUMN())=0,0,INDEX(generale!$A$16:$G$4963,MATCH(NGG!$A827,generale!$A$16:$A$4963,0),COLUMN()))","v":5},{"$f":"IF(INDEX(generale!$A$16:$G$4963,MATCH(NGG!$A827,generale!$A$16:$A$4963,0),COLUMN())=0,0,INDEX(generale!$A$16:$G$4963,MATCH(NGG!$A827,generale!$A$16:$A$4963,0),COLUMN()))","v":2},{"$f":"generale!G837","v":"T"},14,16,13,9,6,17,19,2,10,46,4,12,1,0,5,53,0,5,0,17,null,null,null,null,null,null,null,null,null,null,null,null,null,null,null,null,null,1,1,1,1,null,null,14]
[{"$f":"IF(generale!$A839>0,generale!$A839,\"\")","v":"2007-04-09"},{"$f":"IF(INDEX(generale!$A$16:$G$4963,MATCH(NGG!$A829,generale!$A$16:$A$4963,0),COLUMN())=0,0,INDEX(generale!$A$16:$G$4963,MATCH(NGG!$A829,generale!$A$16:$A$4963,0),COLUMN()))","v":8},{"$f":"IF(INDEX(generale!$A$16:$G$4963,MATCH(NGG!$A829,generale!$A$16:$A$4963,0),COLUMN())=0,0,INDEX(generale!$A$16:$G$4963,MATCH(NGG!$A829,generale!$A$16:$A$4963,0),COLUMN()))","v":13},{"$f":"IF(INDEX(generale!$A$16:$G$4963,MATCH(NGG!$A829,generale!$A$16:$A$4963,0),COLUMN())=0,0,INDEX(generale!$A$16:$G$4963,MATCH(NGG!$A829,generale!$A$16:$A$4963,0),COLUMN()))","v":15},{"$f":"IF(INDEX(generale!$A$16:$G$4963,MATCH(NGG!$A829,generale!$A$16:$A$4963,0),COLUMN())=0,0,INDEX(generale!$A$16:$G$4963,MATCH(NGG!$A829,generale!$A$16:$A$4963,0),COLUMN()))","v":16},{"$f":"IF(INDEX(generale!$A$16:$G$4963,MATCH(NGG!$A829,generale!$A$16:$A$4963,0),COLUMN())=0,0,INDEX(generale!$A$16:$G$4963,MATCH(NGG!$A829,generale!$A$16:$A$4963,0),COLUMN()))","v":10},{"$f":"generale!G839","v":"P"},16,18,15,11,8,19,1,0,12,48,6,14,3,2,7,55,0,5,0,17,null,null,null,null,null,null,null,null,null,null,null,null,null,null,null,null,null,1,1,1,1,null,null,16]
[{"$f":"IF(generale!$A851>0,generale!$A851,\"\")","v":"2007-04-21"},{"$f":"IF(INDEX(generale!$A$16:$G$4963,MATCH(NGG!$A841,generale!$A$16:$A$4963,0),COLUMN())=0,0,INDEX(generale!$A$16:$G$4963,MATCH(NGG!$A841,generale!$A$16:$A$4963,0),COLUMN()))","v":6},{"$f":"IF(INDEX(generale!$A$16:$G$4963,MATCH(NGG!$A841,generale!$A$16:$A$4963,0),COLUMN())=0,0,INDEX(generale!$A$16:$G$4963,MATCH(NGG!$A841,generale!$A$16:$A$4963,0),COLUMN()))","v":15},{"$f":"IF(INDEX(generale!$A$16:$G$4963,MATCH(NGG!$A841,generale!$A$16:$A$4963,0),COLUMN())=0,0,INDEX(generale!$A$16:$G$4963,MATCH(NGG!$A841,generale!$A$16:$A$4963,0),COLUMN()))","v":9},{"$f":"IF(INDEX(generale!$A$16:$G$4963,MATCH(NGG!$A841,generale!$A$16:$A$4963,0),COLUMN())=0,0,INDEX(generale!$A$16:$G$4963,MATCH(NGG!$A841,generale!$A$16:$A$4963,0),COLUMN()))","v":5},{"$f":"IF(INDEX(generale!$A$16:$G$4963,MATCH(NGG!$A841,generale!$A$16:$A$4963,0),COLUMN())=0,0,INDEX(generale!$A$16:$G$4963,MATCH(NGG!$A841,generale!$A$16:$A$4963,0),COLUMN()))","v":3},{"$f":"generale!G851","v":"T"},28,30,4,23,20,0,13,12,2,6,1,9,15,14,19,11,0,0,0,17,null,null,null,null,null,null,null,null,null,null,null,null,null,null,null,null,null,1,1,1,1,null,null,15]
[{"$f":"IF(generale!$A858>0,generale!$A858,\"\")","v":"2007-04-28"},{"$f":"IF(INDEX(generale!$A$16:$G$4963,MATCH(NGG!$A848,generale!$A$16:$A$4963,0),COLUMN())=0,0,INDEX(generale!$A$16:$G$4963,MATCH(NGG!$A848,generale!$A$16:$A$4963,0),COLUMN()))","v":9},{"$f":"IF(INDEX(generale!$A$16:$G$4963,MATCH(NGG!$A848,generale!$A$16:$A$4963,0),COLUMN())=0,0,INDEX(generale!$A$16:$G$4963,MATCH(NGG!$A848,generale!$A$16:$A$4963,0),COLUMN()))","v":11},{"$f":"IF(INDEX(generale!$A$16:$G$4963,MATCH(NGG!$A848,generale!$A$16:$A$4963,0),COLUMN())=0,0,INDEX(generale!$A$16:$G$4963,MATCH(NGG!$A848,generale!$A$16:$A$4963,0),COLUMN()))","v":7},{"$f":"IF(INDEX(generale!$A$16:$G$4963,MATCH(NGG!$A848,generale!$A$16:$A$4963,0),COLUMN())=0,0,INDEX(generale!$A$16:$G$4963,MATCH(NGG!$A848,generale!$A$16:$A$4963,0),COLUMN()))","v":10},{"$f":"IF(INDEX(generale!$A$16:$G$4963,MATCH(NGG!$A848,generale!$A$16:$A$4963,0),COLUMN())=0,0,INDEX(generale!$A$16:$G$4963,MATCH(NGG!$A848,generale!$A$16:$A$4963,0),COLUMN()))","v":14},{"$f":"generale!G858","v":"O"},3,37,11,30,27,7,2,4,0,13,8,16,22,6,26,18,3,3,2,19,null,null,null,null,null,null,null,null,null,null,null,null,null,null,null,null,null,null,null,null,null,null,null,20]
[{"$f":"IF(generale!$A869>0,generale!$A869,\"\")","v":"2007-05-09"},{"$f":"IF(INDEX(generale!$A$16:$G$4963,MATCH(NGG!$A859,generale!$A$16:$A$4963,0),COLUMN())=0,0,INDEX(generale!$A$16:$G$4963,MATCH(NGG!$A859,generale!$A$16:$A$4963,0),COLUMN()))","v":1},{"$f":"IF(INDEX(generale!$A$16:$G$4963,MATCH(NGG!$A859,generale!$A$16:$A$4963,0),COLUMN())=0,0,INDEX(generale!$A$16:$G$4963,MATCH(NGG!$A859,generale!$A$16:$A$4963,0),COLUMN()))","v":4},{"$f":"IF(INDEX(generale!$A$16:$G$4963,MATCH(NGG!$A859,generale!$A$16:$A$4963,0),COLUMN())=0,0,INDEX(generale!$A$16:$G$4963,MATCH(NGG!$A859,generale!$A$16:$A$4963,0),COLUMN()))","v":5},{"$f":"IF(INDEX(generale!$A$16:$G$4963,MATCH(NGG!$A859,generale!$A$16:$A$4963,0),COLUMN())=0,0,INDEX(generale!$A$16:$G$4963,MATCH(NGG!$A859,generale!$A$16:$A$4963,0),COLUMN()))","v":11},{"$f":"IF(INDEX(generale!$A$16:$G$4963,MATCH(NGG!$A859,generale!$A$16:$A$4963,0),COLUMN())=0,0,INDEX(generale!$A$16:$G$4963,MATCH(NGG!$A859,generale!$A$16:$A$4963,0),COLUMN()))","v":2},{"$f":"generale!G869","v":"T"},0,48,22,1,10,7,13,15,11,2,19,6,4,9,37,29,5,5,4,21,null,null,null,null,null,null,null,null,null,null,null,null,null,null,null,null,null,1,1,1,1,null,null,18]
[{"$f":"IF(generale!$A876>0,generale!$A876,\"\")","v":"2007-05-16"},{"$f":"IF(INDEX(generale!$A$16:$G$4963,MATCH(NGG!$A866,generale!$A$16:$A$4963,0),COLUMN())=0,0,INDEX(generale!$A$16:$G$4963,MATCH(NGG!$A866,generale!$A$16:$A$4963,0),COLUMN()))","v":7},{"$f":"IF(INDEX(generale!$A$16:$G$4963,MATCH(NGG!$A866,generale!$A$16:$A$4963,0),COLUMN())=0,0,INDEX(generale!$A$16:$G$4963,MATCH(NGG!$A866,generale!$A$16:$A$4963,0),COLUMN()))","v":16},{"$f":"IF(INDEX(generale!$A$16:$G$4963,MATCH(NGG!$A866,generale!$A$16:$A$4963,0),COLUMN())=0,0,INDEX(generale!$A$16:$G$4963,MATCH(NGG!$A866,generale!$A$16:$A$4963,0),COLUMN()))","v":6},{"$f":"IF(INDEX(generale!$A$16:$G$4963,MATCH(NGG!$A866,generale!$A$16:$A$4963,0),COLUMN())=0,0,INDEX(generale!$A$16:$G$4963,MATCH(NGG!$A866,generale!$A$16:$A$4963,0),COLUMN()))","v":12},{"$f":"IF(INDEX(generale!$A$16:$G$4963,MATCH(NGG!$A866,generale!$A$16:$A$4963,0),COLUMN())=0,0,INDEX(generale!$A$16:$G$4963,MATCH(NGG!$A866,generale!$A$16:$A$4963,0),COLUMN()))","v":1},{"$f":"generale!G876","v":"T"},7,55,2,8,5,14,0,22,18,9,3,4,11,16,6,{"$f":"IF(COUNTIF($B866:$D866,0)<3,IF(LEN(SUBSTITUTE(SUBSTITUTE($B866,W$1,,1),,1))=0,0,W865+1-AR866),\"\")","v":36},6,0,5,22,null,null,null,null,null,null,null,null,null,null,null,null,null,null,null,null,null,1,1,1,1,null,null,18]
[{"$f":"IF(generale!$A887>0,generale!$A887,\"\")","v":"2007-05-27"},{"$f":"IF(INDEX(generale!$A$16:$G$4963,MATCH(NGG!$A877,generale!$A$16:$A$4963,0),COLUMN())=0,0,INDEX(generale!$A$16:$G$4963,MATCH(NGG!$A877,generale!$A$16:$A$4963,0),COLUMN()))","v":11},{"$f":"IF(INDEX(generale!$A$16:$G$4963,MATCH(NGG!$A877,generale!$A$16:$A$4963,0),COLUMN())=0,0,INDEX(generale!$A$16:$G$4963,MATCH(NGG!$A877,generale!$A$16:$A$4963,0),COLUMN()))","v":5},{"$f":"IF(INDEX(generale!$A$16:$G$4963,MATCH(NGG!$A877,generale!$A$16:$A$4963,0),COLUMN())=0,0,INDEX(generale!$A$16:$G$4963,MATCH(NGG!$A877,generale!$A$16:$A$4963,0),COLUMN()))","v":12},{"$f":"IF(INDEX(generale!$A$16:$G$4963,MATCH(NGG!$A877,generale!$A$16:$A$4963,0),COLUMN())=0,0,INDEX(generale!$A$16:$G$4963,MATCH(NGG!$A877,generale!$A$16:$A$4963,0),COLUMN()))","v":4},{"$f":"IF(INDEX(generale!$A$16:$G$4963,MATCH(NGG!$A877,generale!$A$16:$A$4963,0),COLUMN())=0,0,INDEX(generale!$A$16:$G$4963,MATCH(NGG!$A877,generale!$A$16:$A$4963,0),COLUMN()))","v":13},{"$f":"generale!G887","v":"O"},18,6,10,1,5,25,11,33,3,4,0,9,22,8,17,47,6,0,5,22,null,null,null,null,null,null,null,null,null,null,null,null,null,null,null,null,null,1,1,1,1,null,null,16]
[{"$f":"IF(generale!$A899>0,generale!$A899,\"\")","v":"2007-06-08"},{"$f":"IF(INDEX(generale!$A$16:$G$4963,MATCH(NGG!$A889,generale!$A$16:$A$4963,0),COLUMN())=0,0,INDEX(generale!$A$16:$G$4963,MATCH(NGG!$A889,generale!$A$16:$A$4963,0),COLUMN()))","v":6},{"$f":"IF(INDEX(generale!$A$16:$G$4963,MATCH(NGG!$A889,generale!$A$16:$A$4963,0),COLUMN())=0,0,INDEX(generale!$A$16:$G$4963,MATCH(NGG!$A889,generale!$A$16:$A$4963,0),COLUMN()))","v":16},{"$f":"IF(INDEX(generale!$A$16:$G$4963,MATCH(NGG!$A889,generale!$A$16:$A$4963,0),COLUMN())=0,0,INDEX(generale!$A$16:$G$4963,MATCH(NGG!$A889,generale!$A$16:$A$4963,0),COLUMN()))","v":3},{"$f":"IF(INDEX(generale!$A$16:$G$4963,MATCH(NGG!$A889,generale!$A$16:$A$4963,0),COLUMN())=0,0,INDEX(generale!$A$16:$G$4963,MATCH(NGG!$A889,generale!$A$16:$A$4963,0),COLUMN()))","v":11},{"$f":"IF(INDEX(generale!$A$16:$G$4963,MATCH(NGG!$A889,generale!$A$16:$A$4963,0),COLUMN())=0,0,INDEX(generale!$A$16:$G$4963,MATCH(NGG!$A889,generale!$A$16:$A$4963,0),COLUMN()))","v":10},{"$f":"generale!G899","v":"P"},30,18,22,13,10,0,2,6,9,3,12,1,5,20,11,7,8,2,1,23,null,null,null,null,null,null,null,null,null,null,null,null,null,null,null,null,null,1,1,1,1,null,null,16]
[{"$f":"IF(generale!$A906>0,generale!$A906,\"\")","v":"2007-06-15"},{"$f":"IF(INDEX(generale!$A$16:$G$4963,MATCH(NGG!$A896,generale!$A$16:$A$4963,0),COLUMN())=0,0,INDEX(generale!$A$16:$G$4963,MATCH(NGG!$A896,generale!$A$16:$A$4963,0),COLUMN()))","v":17},{"$f":"IF(INDEX(generale!$A$16:$G$4963,MATCH(NGG!$A896,generale!$A$16:$A$4963,0),COLUMN())=0,0,INDEX(generale!$A$16:$G$4963,MATCH(NGG!$A896,generale!$A$16:$A$4963,0),COLUMN()))","v":5},{"$f":"IF(INDEX(generale!$A$16:$G$4963,MATCH(NGG!$A896,generale!$A$16:$A$4963,0),COLUMN())=0,0,INDEX(generale!$A$16:$G$4963,MATCH(NGG!$A896,generale!$A$16:$A$4963,0),COLUMN()))","v":1},{"$f":"IF(INDEX(generale!$A$16:$G$4963,MATCH(NGG!$A896,generale!$A$16:$A$4963,0),COLUMN())=0,0,INDEX(generale!$A$16:$G$4963,MATCH(NGG!$A896,generale!$A$16:$A$4963,0),COLUMN()))","v":4},{"$f":"IF(INDEX(generale!$A$16:$G$4963,MATCH(NGG!$A896,generale!$A$16:$A$4963,0),COLUMN())=0,0,INDEX(generale!$A$16:$G$4963,MATCH(NGG!$A896,generale!$A$16:$A$4963,0),COLUMN()))","v":15},{"$f":"generale!G906","v":"T"},37,3,29,5,17,7,2,13,16,4,19,1,12,27,18,14,0,2,1,23,null,null,null,null,null,null,null,null,null,null,null,null,null,null,null,null,null,1,1,1,1,null,null,16]
[{"$f":"IF(generale!$A916>0,generale!$A916,\"\")","v":"2007-06-25"},{"$f":"IF(INDEX(generale!$A$16:$G$4963,MATCH(NGG!$A906,generale!$A$16:$A$4963,0),COLUMN())=0,0,INDEX(generale!$A$16:$G$4963,MATCH(NGG!$A906,generale!$A$16:$A$4963,0),COLUMN()))","v":16},{"$f":"IF(INDEX(generale!$A$16:$G$4963,MATCH(NGG!$A906,generale!$A$16:$A$4963,0),COLUMN())=0,0,INDEX(generale!$A$16:$G$4963,MATCH(NGG!$A906,generale!$A$16:$A$4963,0),COLUMN()))","v":15},{"$f":"IF(INDEX(generale!$A$16:$G$4963,MATCH(NGG!$A906,generale!$A$16:$A$4963,0),COLUMN())=0,0,INDEX(generale!$A$16:$G$4963,MATCH(NGG!$A906,generale!$A$16:$A$4963,0),COLUMN()))","v":14},{"$f":"IF(INDEX(generale!$A$16:$G$4963,MATCH(NGG!$A906,generale!$A$16:$A$4963,0),COLUMN())=0,0,INDEX(generale!$A$16:$G$4963,MATCH(NGG!$A906,generale!$A$16:$A$4963,0),COLUMN()))","v":11},{"$f":"IF(INDEX(generale!$A$16:$G$4963,MATCH(NGG!$A906,generale!$A$16:$A$4963,0),COLUMN())=0,0,INDEX(generale!$A$16:$G$4963,MATCH(NGG!$A906,generale!$A$16:$A$4963,0),COLUMN()))","v":7},{"$f":"generale!G916","v":"P"},47,13,39,8,4,9,6,5,26,3,29,11,22,37,1,0,0,3,2,24,null,null,null,null,null,null,null,null,null,null,null,null,null,null,null,null,null,1,1,1,1,null,null,18]
[{"$f":"IF(generale!$A920>0,generale!$A920,\"\")","v":"2007-06-29"},{"$f":"IF(INDEX(generale!$A$16:$G$4963,MATCH(NGG!$A910,generale!$A$16:$A$4963,0),COLUMN())=0,0,INDEX(generale!$A$16:$G$4963,MATCH(NGG!$A910,generale!$A$16:$A$4963,0),COLUMN()))","v":9},{"$f":"IF(INDEX(generale!$A$16:$G$4963,MATCH(NGG!$A910,generale!$A$16:$A$4963,0),COLUMN())=0,0,INDEX(generale!$A$16:$G$4963,MATCH(NGG!$A910,generale!$A$16:$A$4963,0),COLUMN()))","v":5},{"$f":"IF(INDEX(generale!$A$16:$G$4963,MATCH(NGG!$A910,generale!$A$16:$A$4963,0),COLUMN())=0,0,INDEX(generale!$A$16:$G$4963,MATCH(NGG!$A910,generale!$A$16:$A$4963,0),COLUMN()))","v":12},{"$f":"IF(INDEX(generale!$A$16:$G$4963,MATCH(NGG!$A910,generale!$A$16:$A$4963,0),COLUMN())=0,0,INDEX(generale!$A$16:$G$4963,MATCH(NGG!$A910,generale!$A$16:$A$4963,0),COLUMN()))","v":14},{"$f":"IF(INDEX(generale!$A$16:$G$4963,MATCH(NGG!$A910,generale!$A$16:$A$4963,0),COLUMN())=0,0,INDEX(generale!$A$16:$G$4963,MATCH(NGG!$A910,generale!$A$16:$A$4963,0),COLUMN()))","v":8},{"$f":"generale!G920","v":"T"},51,17,43,12,8,13,10,9,0,1,33,15,26,41,5,2,0,3,2,24,null,null,null,null,null,null,null,null,null,null,null,null,null,null,null,null,null,1,1,1,1,null,null,16]
[{"$f":"IF(generale!$A927>0,generale!$A927,\"\")","v":"2007-07-06"},{"$f":"IF(INDEX(generale!$A$16:$G$4963,MATCH(NGG!$A917,generale!$A$16:$A$4963,0),COLUMN())=0,0,INDEX(generale!$A$16:$G$4963,MATCH(NGG!$A917,generale!$A$16:$A$4963,0),COLUMN()))","v":12},{"$f":"IF(INDEX(generale!$A$16:$G$4963,MATCH(NGG!$A917,generale!$A$16:$A$4963,0),COLUMN())=0,0,INDEX(generale!$A$16:$G$4963,MATCH(NGG!$A917,generale!$A$16:$A$4963,0),COLUMN()))","v":15},{"$f":"IF(INDEX(generale!$A$16:$G$4963,MATCH(NGG!$A917,generale!$A$16:$A$4963,0),COLUMN())=0,0,INDEX(generale!$A$16:$G$4963,MATCH(NGG!$A917,generale!$A$16:$A$4963,0),COLUMN()))","v":9},{"$f":"IF(INDEX(generale!$A$16:$G$4963,MATCH(NGG!$A917,generale!$A$16:$A$4963,0),COLUMN())=0,0,INDEX(generale!$A$16:$G$4963,MATCH(NGG!$A917,generale!$A$16:$A$4963,0),COLUMN()))","v":10},{"$f":"IF(INDEX(generale!$A$16:$G$4963,MATCH(NGG!$A917,generale!$A$16:$A$4963,0),COLUMN())=0,0,INDEX(generale!$A$16:$G$4963,MATCH(NGG!$A917,generale!$A$16:$A$4963,0),COLUMN()))","v":6},{"$f":"generale!G927","v":"T"},2,24,5,19,15,20,17,4,7,3,40,0,33,48,1,9,0,3,2,24,null,null,null,null,null,null,null,null,null,null,null,null,null,null,null,null,null,1,1,1,1,null,null,18]
[{"$f":"IF(generale!$A937>0,generale!$A937,\"\")","v":"2007-07-16"},{"$f":"IF(INDEX(generale!$A$16:$G$4963,MATCH(NGG!$A927,generale!$A$16:$A$4963,0),COLUMN())=0,0,INDEX(generale!$A$16:$G$4963,MATCH(NGG!$A927,generale!$A$16:$A$4963,0),COLUMN()))","v":6},{"$f":"IF(INDEX(generale!$A$16:$G$4963,MATCH(NGG!$A927,generale!$A$16:$A$4963,0),COLUMN())=0,0,INDEX(generale!$A$16:$G$4963,MATCH(NGG!$A927,generale!$A$16:$A$4963,0),COLUMN()))","v":11},{"$f":"IF(INDEX(generale!$A$16:$G$4963,MATCH(NGG!$A927,generale!$A$16:$A$4963,0),COLUMN())=0,0,INDEX(generale!$A$16:$G$4963,MATCH(NGG!$A927,generale!$A$16:$A$4963,0),COLUMN()))","v":14},{"$f":"IF(INDEX(generale!$A$16:$G$4963,MATCH(NGG!$A927,generale!$A$16:$A$4963,0),COLUMN())=0,0,INDEX(generale!$A$16:$G$4963,MATCH(NGG!$A927,generale!$A$16:$A$4963,0),COLUMN()))","v":18},{"$f":"IF(INDEX(generale!$A$16:$G$4963,MATCH(NGG!$A927,generale!$A$16:$A$4963,0),COLUMN())=0,0,INDEX(generale!$A$16:$G$4963,MATCH(NGG!$A927,generale!$A$16:$A$4963,0),COLUMN()))","v":3},{"$f":"generale!G937","v":"P"},7,2,15,29,25,0,27,14,17,9,1,10,43,4,5,6,0,3,2,24,null,null,null,null,null,null,null,null,null,null,null,null,null,null,null,null,null,1,1,1,1,null,null,14]
[{"$f":"IF(generale!$A945>0,generale!$A945,\"\")","v":"2007-07-24"},{"$f":"IF(INDEX(generale!$A$16:$G$4963,MATCH(NGG!$A935,generale!$A$16:$A$4963,0),COLUMN())=0,0,INDEX(generale!$A$16:$G$4963,MATCH(NGG!$A935,generale!$A$16:$A$4963,0),COLUMN()))","v":1},{"$f":"IF(INDEX(generale!$A$16:$G$4963,MATCH(NGG!$A935,generale!$A$16:$A$4963,0),COLUMN())=0,0,INDEX(generale!$A$16:$G$4963,MATCH(NGG!$A935,generale!$A$16:$A$4963,0),COLUMN()))","v":11},{"$f":"IF(INDEX(generale!$A$16:$G$4963,MATCH(NGG!$A935,generale!$A$16:$A$4963,0),COLUMN())=0,0,INDEX(generale!$A$16:$G$4963,MATCH(NGG!$A935,generale!$A$16:$A$4963,0),COLUMN()))","v":6},{"$f":"IF(INDEX(generale!$A$16:$G$4963,MATCH(NGG!$A935,generale!$A$16:$A$4963,0),COLUMN())=0,0,INDEX(generale!$A$16:$G$4963,MATCH(NGG!$A935,generale!$A$16:$A$4963,0),COLUMN()))","v":16},{"$f":"IF(INDEX(generale!$A$16:$G$4963,MATCH(NGG!$A935,generale!$A$16:$A$4963,0),COLUMN())=0,0,INDEX(generale!$A$16:$G$4963,MATCH(NGG!$A935,generale!$A$16:$A$4963,0),COLUMN()))","v":7},{"$f":"generale!G945","v":"T"},0,10,23,3,33,1,6,22,25,2,4,18,51,12,5,14,2,5,4,26,null,null,null,null,null,null,null,null,null,null,null,null,null,null,null,null,null,null,null,null,null,null,null,20]
[{"$f":"IF(generale!$A957>0,generale!$A957,\"\")","v":"2007-08-05"},{"$f":"IF(INDEX(generale!$A$16:$G$4963,MATCH(NGG!$A947,generale!$A$16:$A$4963,0),COLUMN())=0,0,INDEX(generale!$A$16:$G$4963,MATCH(NGG!$A947,generale!$A$16:$A$4963,0),COLUMN()))","v":5},{"$f":"IF(INDEX(generale!$A$16:$G$4963,MATCH(NGG!$A947,generale!$A$16:$A$4963,0),COLUMN())=0,0,INDEX(generale!$A$16:$G$4963,MATCH(NGG!$A947,generale!$A$16:$A$4963,0),COLUMN()))","v":3},{"$f":"IF(INDEX(generale!$A$16:$G$4963,MATCH(NGG!$A947,generale!$A$16:$A$4963,0),COLUMN())=0,0,INDEX(generale!$A$16:$G$4963,MATCH(NGG!$A947,generale!$A$16:$A$4963,0),COLUMN()))","v":11},{"$f":"IF(INDEX(generale!$A$16:$G$4963,MATCH(NGG!$A947,generale!$A$16:$A$4963,0),COLUMN())=0,0,INDEX(generale!$A$16:$G$4963,MATCH(NGG!$A947,generale!$A$16:$A$4963,0),COLUMN()))","v":7},{"$f":"IF(INDEX(generale!$A$16:$G$4963,MATCH(NGG!$A947,generale!$A$16:$A$4963,0),COLUMN())=0,0,INDEX(generale!$A$16:$G$4963,MATCH(NGG!$A947,generale!$A$16:$A$4963,0),COLUMN()))","v":10},{"$f":"generale!G957","v":"P"},{"$f":"IF(COUNTIF($B947:$D947,0)<3,IF(LEN(SUBSTITUTE(SUBSTITUTE($B947,H$1,,1),,1))=0,0,H946+1-AC947),\"\")","v":2},7,4,1,0,3,5,34,37,6,16,30,63,24,17,26,2,5,4,26,null,null,null,null,null,null,null,null,null,null,null,null,null,null,null,null,null,1,1,1,1,null,null,16]
[{"$f":"IF(generale!$A966>0,generale!$A966,\"\")","v":"2007-08-14"},{"$f":"IF(INDEX(generale!$A$16:$G$4963,MATCH(NGG!$A956,generale!$A$16:$A$4963,0),COLUMN())=0,0,INDEX(generale!$A$16:$G$4963,MATCH(NGG!$A956,generale!$A$16:$A$4963,0),COLUMN()))","v":9},{"$f":"IF(INDEX(generale!$A$16:$G$4963,MATCH(NGG!$A956,generale!$A$16:$A$4963,0),COLUMN())=0,0,INDEX(generale!$A$16:$G$4963,MATCH(NGG!$A956,generale!$A$16:$A$4963,0),COLUMN()))","v":6},{"$f":"IF(INDEX(generale!$A$16:$G$4963,MATCH(NGG!$A956,generale!$A$16:$A$4963,0),COLUMN())=0,0,INDEX(generale!$A$16:$G$4963,MATCH(NGG!$A956,generale!$A$16:$A$4963,0),COLUMN()))","v":3},{"$f":"IF(INDEX(generale!$A$16:$G$4963,MATCH(NGG!$A956,generale!$A$16:$A$4963,0),COLUMN())=0,0,INDEX(generale!$A$16:$G$4963,MATCH(NGG!$A956,generale!$A$16:$A$4963,0),COLUMN()))","v":18},{"$f":"IF(INDEX(generale!$A$16:$G$4963,MATCH(NGG!$A956,generale!$A$16:$A$4963,0),COLUMN())=0,0,INDEX(generale!$A$16:$G$4963,MATCH(NGG!$A956,generale!$A$16:$A$4963,0),COLUMN()))","v":5},{"$f":"generale!G966","v":"P"},1,16,13,3,6,12,14,43,0,5,25,39,7,33,2,35,1,6,5,27,null,null,null,null,null,null,null,null,null,null,null,null,null,null,null,null,null,1,1,1,1,null,null,18]
[{"$f":"IF(generale!$A975>0,generale!$A975,\"\")","v":"2007-08-23"},{"$f":"IF(INDEX(generale!$A$16:$G$4963,MATCH(NGG!$A965,generale!$A$16:$A$4963,0),COLUMN())=0,0,INDEX(generale!$A$16:$G$4963,MATCH(NGG!$A965,generale!$A$16:$A$4963,0),COLUMN()))","v":11},{"$f":"IF(INDEX(generale!$A$16:$G$4963,MATCH(NGG!$A965,generale!$A$16:$A$4963,0),COLUMN())=0,0,INDEX(generale!$A$16:$G$4963,MATCH(NGG!$A965,generale!$A$16:$A$4963,0),COLUMN()))","v":2},{"$f":"IF(INDEX(generale!$A$16:$G$4963,MATCH(NGG!$A965,generale!$A$16:$A$4963,0),COLUMN())=0,0,INDEX(generale!$A$16:$G$4963,MATCH(NGG!$A965,generale!$A$16:$A$4963,0),COLUMN()))","v":5},{"$f":"IF(INDEX(generale!$A$16:$G$4963,MATCH(NGG!$A965,generale!$A$16:$A$4963,0),COLUMN())=0,0,INDEX(generale!$A$16:$G$4963,MATCH(NGG!$A965,generale!$A$16:$A$4963,0),COLUMN()))","v":6},{"$f":"IF(INDEX(generale!$A$16:$G$4963,MATCH(NGG!$A965,generale!$A$16:$A$4963,0),COLUMN())=0,0,INDEX(generale!$A$16:$G$4963,MATCH(NGG!$A965,generale!$A$16:$A$4963,0),COLUMN()))","v":8},{"$f":"generale!G975","v":"O"},10,5,22,1,8,21,23,52,9,6,0,3,4,42,11,44,2,1,5,27,null,null,null,null,null,null,null,null,null,null,null,null,null,null,null,null,null,1,1,1,1,null,null,18]
[{"$f":"IF(generale!$A985>0,generale!$A985,\"\")","v":"2007-09-02"},{"$f":"IF(INDEX(generale!$A$16:$G$4963,MATCH(NGG!$A975,generale!$A$16:$A$4963,0),COLUMN())=0,0,INDEX(generale!$A$16:$G$4963,MATCH(NGG!$A975,generale!$A$16:$A$4963,0),COLUMN()))","v":7},{"$f":"IF(INDEX(generale!$A$16:$G$4963,MATCH(NGG!$A975,generale!$A$16:$A$4963,0),COLUMN())=0,0,INDEX(generale!$A$16:$G$4963,MATCH(NGG!$A975,generale!$A$16:$A$4963,0),COLUMN()))","v":17},{"$f":"IF(INDEX(generale!$A$16:$G$4963,MATCH(NGG!$A975,generale!$A$16:$A$4963,0),COLUMN())=0,0,INDEX(generale!$A$16:$G$4963,MATCH(NGG!$A975,generale!$A$16:$A$4963,0),COLUMN()))","v":16},{"$f":"IF(INDEX(generale!$A$16:$G$4963,MATCH(NGG!$A975,generale!$A$16:$A$4963,0),COLUMN())=0,0,INDEX(generale!$A$16:$G$4963,MATCH(NGG!$A975,generale!$A$16:$A$4963,0),COLUMN()))","v":12},{"$f":"IF(INDEX(generale!$A$16:$G$4963,MATCH(NGG!$A975,generale!$A$16:$A$4963,0),COLUMN())=0,0,INDEX(generale!$A$16:$G$4963,MATCH(NGG!$A975,generale!$A$16:$A$4963,0),COLUMN()))","v":9},{"$f":"generale!G985","v":"T"},20,4,32,11,18,1,0,62,19,16,2,7,14,52,21,54,3,1,6,28,null,null,null,null,null,null,null,null,null,null,null,null,null,null,null,null,null,1,1,1,1,null,null,15]
[{"$f":"IF(generale!$A993>0,generale!$A993,\"\")","v":"2007-09-10"},{"$f":"IF(INDEX(generale!$A$16:$G$4963,MATCH(NGG!$A983,generale!$A$16:$A$4963,0),COLUMN())=0,0,INDEX(generale!$A$16:$G$4963,MATCH(NGG!$A983,generale!$A$16:$A$4963,0),COLUMN()))","v":7},{"$f":"IF(INDEX(generale!$A$16:$G$4963,MATCH(NGG!$A983,generale!$A$16:$A$4963,0),COLUMN())=0,0,INDEX(generale!$A$16:$G$4963,MATCH(NGG!$A983,generale!$A$16:$A$4963,0),COLUMN()))","v":4},{"$f":"IF(INDEX(generale!$A$16:$G$4963,MATCH(NGG!$A983,generale!$A$16:$A$4963,0),COLUMN())=0,0,INDEX(generale!$A$16:$G$4963,MATCH(NGG!$A983,generale!$A$16:$A$4963,0),COLUMN()))","v":3},{"$f":"IF(INDEX(generale!$A$16:$G$4963,MATCH(NGG!$A983,generale!$A$16:$A$4963,0),COLUMN())=0,0,INDEX(generale!$A$16:$G$4963,MATCH(NGG!$A983,generale!$A$16:$A$4963,0),COLUMN()))","v":2},{"$f":"IF(INDEX(generale!$A$16:$G$4963,MATCH(NGG!$A983,generale!$A$16:$A$4963,0),COLUMN())=0,0,INDEX(generale!$A$16:$G$4963,MATCH(NGG!$A983,generale!$A$16:$A$4963,0),COLUMN()))","v":6},{"$f":"generale!G993","v":"P"},28,12,40,19,26,9,0,70,7,24,4,1,2,60,6,62,4,2,7,28,null,null,null,null,null,null,null,null,null,null,null,null,null,null,null,null,null,1,1,1,1,null,null,16]
[{"$f":"IF(generale!$A996>0,generale!$A996,\"\")","v":"2007-09-13"},{"$f":"IF(INDEX(generale!$A$16:$G$4963,MATCH(NGG!$A986,generale!$A$16:$A$4963,0),COLUMN())=0,0,INDEX(generale!$A$16:$G$4963,MATCH(NGG!$A986,generale!$A$16:$A$4963,0),COLUMN()))","v":1},{"$f":"IF(INDEX(generale!$A$16:$G$4963,MATCH(NGG!$A986,generale!$A$16:$A$4963,0),COLUMN())=0,0,INDEX(generale!$A$16:$G$4963,MATCH(NGG!$A986,generale!$A$16:$A$4963,0),COLUMN()))","v":7},{"$f":"IF(INDEX(generale!$A$16:$G$4963,MATCH(NGG!$A986,generale!$A$16:$A$4963,0),COLUMN())=0,0,INDEX(generale!$A$16:$G$4963,MATCH(NGG!$A986,generale!$A$16:$A$4963,0),COLUMN()))","v":13},{"$f":"IF(INDEX(generale!$A$16:$G$4963,MATCH(NGG!$A986,generale!$A$16:$A$4963,0),COLUMN())=0,0,INDEX(generale!$A$16:$G$4963,MATCH(NGG!$A986,generale!$A$16:$A$4963,0),COLUMN()))","v":15},{"$f":"IF(INDEX(generale!$A$16:$G$4963,MATCH(NGG!$A986,generale!$A$16:$A$4963,0),COLUMN())=0,0,INDEX(generale!$A$16:$G$4963,MATCH(NGG!$A986,generale!$A$16:$A$4963,0),COLUMN()))","v":11},{"$f":"generale!G996","v":"P"},0,2,43,22,29,12,3,1,10,27,7,4,5,63,9,65,4,2,7,28,null,null,null,null,null,null,null,null,null,null,null,null,null,null,null,null,null,1,1,1,1,null,null,15]
[{"$f":"IF(generale!$A1006>0,generale!$A1006,\"\")","v":"2007-09-23"},{"$f":"IF(INDEX(generale!$A$16:$G$4963,MATCH(NGG!$A996,generale!$A$16:$A$4963,0),COLUMN())=0,0,INDEX(generale!$A$16:$G$4963,MATCH(NGG!$A996,generale!$A$16:$A$4963,0),COLUMN()))","v":5},{"$f":"IF(INDEX(generale!$A$16:$G$4963,MATCH(NGG!$A996,generale!$A$16:$A$4963,0),COLUMN())=0,0,INDEX(generale!$A$16:$G$4963,MATCH(NGG!$A996,generale!$A$16:$A$4963,0),COLUMN()))","v":3},{"$f":"IF(INDEX(generale!$A$16:$G$4963,MATCH(NGG!$A996,generale!$A$16:$A$4963,0),COLUMN())=0,0,INDEX(generale!$A$16:$G$4963,MATCH(NGG!$A996,generale!$A$16:$A$4963,0),COLUMN()))","v":6},{"$f":"IF(INDEX(generale!$A$16:$G$4963,MATCH(NGG!$A996,generale!$A$16:$A$4963,0),COLUMN())=0,0,INDEX(generale!$A$16:$G$4963,MATCH(NGG!$A996,generale!$A$16:$A$4963,0),COLUMN()))","v":13},{"$f":"IF(INDEX(generale!$A$16:$G$4963,MATCH(NGG!$A996,generale!$A$16:$A$4963,0),COLUMN())=0,0,INDEX(generale!$A$16:$G$4963,MATCH(NGG!$A996,generale!$A$16:$A$4963,0),COLUMN()))","v":10},{"$f":"generale!G1006","v":"T"},10,2,53,3,0,22,1,7,9,37,17,14,15,6,5,75,4,2,7,28,null,null,null,null,null,null,null,null,null,null,null,null,null,null,null,null,null,1,1,1,1,null,null,16]
[{"$f":"IF(generale!$A1014>0,generale!$A1014,\"\")","v":"2007-10-01"},{"$f":"IF(INDEX(generale!$A$16:$G$4963,MATCH(NGG!$A1004,generale!$A$16:$A$4963,0),COLUMN())=0,0,INDEX(generale!$A$16:$G$4963,MATCH(NGG!$A1004,generale!$A$16:$A$4963,0),COLUMN()))","v":14},{"$f":"IF(INDEX(generale!$A$16:$G$4963,MATCH(NGG!$A1004,generale!$A$16:$A$4963,0),COLUMN())=0,0,INDEX(generale!$A$16:$G$4963,MATCH(NGG!$A1004,generale!$A$16:$A$4963,0),COLUMN()))","v":13},{"$f":"IF(INDEX(generale!$A$16:$G$4963,MATCH(NGG!$A1004,generale!$A$16:$A$4963,0),COLUMN())=0,0,INDEX(generale!$A$16:$G$4963,MATCH(NGG!$A1004,generale!$A$16:$A$4963,0),COLUMN()))","v":10},{"$f":"IF(INDEX(generale!$A$16:$G$4963,MATCH(NGG!$A1004,generale!$A$16:$A$4963,0),COLUMN())=0,0,INDEX(generale!$A$16:$G$4963,MATCH(NGG!$A1004,generale!$A$16:$A$4963,0),COLUMN()))","v":1},{"$f":"IF(INDEX(generale!$A$16:$G$4963,MATCH(NGG!$A1004,generale!$A$16:$A$4963,0),COLUMN())=0,0,INDEX(generale!$A$16:$G$4963,MATCH(NGG!$A1004,generale!$A$16:$A$4963,0),COLUMN()))","v":9},{"$f":"generale!G1014","v":"T"},18,10,2,11,8,5,9,1,7,45,4,22,23,0,13,83,4,2,7,28,null,null,null,null,null,null,null,null,null,null,null,null,null,null,null,null,null,1,1,1,1,null,null,17]
[{"$f":"IF(generale!$A1026>0,generale!$A1026,\"\")","v":"2007-10-13"},{"$f":"IF(INDEX(generale!$A$16:$G$4963,MATCH(NGG!$A1016,generale!$A$16:$A$4963,0),COLUMN())=0,0,INDEX(generale!$A$16:$G$4963,MATCH(NGG!$A1016,generale!$A$16:$A$4963,0),COLUMN()))","v":1},{"$f":"IF(INDEX(generale!$A$16:$G$4963,MATCH(NGG!$A1016,generale!$A$16:$A$4963,0),COLUMN())=0,0,INDEX(generale!$A$16:$G$4963,MATCH(NGG!$A1016,generale!$A$16:$A$4963,0),COLUMN()))","v":2},{"$f":"IF(INDEX(generale!$A$16:$G$4963,MATCH(NGG!$A1016,generale!$A$16:$A$4963,0),COLUMN())=0,0,INDEX(generale!$A$16:$G$4963,MATCH(NGG!$A1016,generale!$A$16:$A$4963,0),COLUMN()))","v":6},{"$f":"IF(INDEX(generale!$A$16:$G$4963,MATCH(NGG!$A1016,generale!$A$16:$A$4963,0),COLUMN())=0,0,INDEX(generale!$A$16:$G$4963,MATCH(NGG!$A1016,generale!$A$16:$A$4963,0),COLUMN()))","v":10},{"$f":"IF(INDEX(generale!$A$16:$G$4963,MATCH(NGG!$A1016,generale!$A$16:$A$4963,0),COLUMN())=0,0,INDEX(generale!$A$16:$G$4963,MATCH(NGG!$A1016,generale!$A$16:$A$4963,0),COLUMN()))","v":12},{"$f":"generale!G1026","v":"P"},0,22,4,23,1,17,21,13,7,10,16,34,35,12,2,6,4,0,7,28,null,null,null,null,null,null,null,null,null,null,null,null,null,null,null,null,null,1,1,1,1,null,null,16]
[{"$f":"IF(generale!$A1035>0,generale!$A1035,\"\")","v":"2007-10-22"},{"$f":"IF(INDEX(generale!$A$16:$G$4963,MATCH(NGG!$A1025,generale!$A$16:$A$4963,0),COLUMN())=0,0,INDEX(generale!$A$16:$G$4963,MATCH(NGG!$A1025,generale!$A$16:$A$4963,0),COLUMN()))","v":18},{"$f":"IF(INDEX(generale!$A$16:$G$4963,MATCH(NGG!$A1025,generale!$A$16:$A$4963,0),COLUMN())=0,0,INDEX(generale!$A$16:$G$4963,MATCH(NGG!$A1025,generale!$A$16:$A$4963,0),COLUMN()))","v":5},{"$f":"IF(INDEX(generale!$A$16:$G$4963,MATCH(NGG!$A1025,generale!$A$16:$A$4963,0),COLUMN())=0,0,INDEX(generale!$A$16:$G$4963,MATCH(NGG!$A1025,generale!$A$16:$A$4963,0),COLUMN()))","v":10},{"$f":"IF(INDEX(generale!$A$16:$G$4963,MATCH(NGG!$A1025,generale!$A$16:$A$4963,0),COLUMN())=0,0,INDEX(generale!$A$16:$G$4963,MATCH(NGG!$A1025,generale!$A$16:$A$4963,0),COLUMN()))","v":7},{"$f":"IF(INDEX(generale!$A$16:$G$4963,MATCH(NGG!$A1025,generale!$A$16:$A$4963,0),COLUMN())=0,0,INDEX(generale!$A$16:$G$4963,MATCH(NGG!$A1025,generale!$A$16:$A$4963,0),COLUMN()))","v":4},{"$f":"generale!G1035","v":"T"},9,1,13,5,4,26,30,3,16,19,2,43,44,21,11,15,5,0,8,29,null,null,null,null,null,null,null,null,null,null,null,null,null,null,null,null,null,1,1,1,1,null,null,16]
[{"$f":"IF(generale!$A1044>0,generale!$A1044,\"\")","v":"2007-10-31"},{"$f":"IF(INDEX(generale!$A$16:$G$4963,MATCH(NGG!$A1034,generale!$A$16:$A$4963,0),COLUMN())=0,0,INDEX(generale!$A$16:$G$4963,MATCH(NGG!$A1034,generale!$A$16:$A$4963,0),COLUMN()))","v":7},{"$f":"IF(INDEX(generale!$A$16:$G$4963,MATCH(NGG!$A1034,generale!$A$16:$A$4963,0),COLUMN())=0,0,INDEX(generale!$A$16:$G$4963,MATCH(NGG!$A1034,generale!$A$16:$A$4963,0),COLUMN()))","v":13},{"$f":"IF(INDEX(generale!$A$16:$G$4963,MATCH(NGG!$A1034,generale!$A$16:$A$4963,0),COLUMN())=0,0,INDEX(generale!$A$16:$G$4963,MATCH(NGG!$A1034,generale!$A$16:$A$4963,0),COLUMN()))","v":8},{"$f":"IF(INDEX(generale!$A$16:$G$4963,MATCH(NGG!$A1034,generale!$A$16:$A$4963,0),COLUMN())=0,0,INDEX(generale!$A$16:$G$4963,MATCH(NGG!$A1034,generale!$A$16:$A$4963,0),COLUMN()))","v":11},{"$f":"IF(INDEX(generale!$A$16:$G$4963,MATCH(NGG!$A1034,generale!$A$16:$A$4963,0),COLUMN())=0,0,INDEX(generale!$A$16:$G$4963,MATCH(NGG!$A1034,generale!$A$16:$A$4963,0),COLUMN()))","v":12},{"$f":"generale!G1044","v":"T"},18,10,22,14,1,6,0,2,5,28,11,52,53,30,20,24,5,0,8,29,null,null,null,null,null,null,null,null,null,null,null,null,null,null,null,null,null,1,1,1,1,null,null,16]
[{"$f":"IF(generale!$A1047>0,generale!$A1047,\"\")","v":"2007-11-03"},{"$f":"IF(INDEX(generale!$A$16:$G$4963,MATCH(NGG!$A1037,generale!$A$16:$A$4963,0),COLUMN())=0,0,INDEX(generale!$A$16:$G$4963,MATCH(NGG!$A1037,generale!$A$16:$A$4963,0),COLUMN()))","v":11},{"$f":"IF(INDEX(generale!$A$16:$G$4963,MATCH(NGG!$A1037,generale!$A$16:$A$4963,0),COLUMN())=0,0,INDEX(generale!$A$16:$G$4963,MATCH(NGG!$A1037,generale!$A$16:$A$4963,0),COLUMN()))","v":2},{"$f":"IF(INDEX(generale!$A$16:$G$4963,MATCH(NGG!$A1037,generale!$A$16:$A$4963,0),COLUMN())=0,0,INDEX(generale!$A$16:$G$4963,MATCH(NGG!$A1037,generale!$A$16:$A$4963,0),COLUMN()))","v":5},{"$f":"IF(INDEX(generale!$A$16:$G$4963,MATCH(NGG!$A1037,generale!$A$16:$A$4963,0),COLUMN())=0,0,INDEX(generale!$A$16:$G$4963,MATCH(NGG!$A1037,generale!$A$16:$A$4963,0),COLUMN()))","v":6},{"$f":"IF(INDEX(generale!$A$16:$G$4963,MATCH(NGG!$A1037,generale!$A$16:$A$4963,0),COLUMN())=0,0,INDEX(generale!$A$16:$G$4963,MATCH(NGG!$A1037,generale!$A$16:$A$4963,0),COLUMN()))","v":10},{"$f":"generale!G1047","v":"O"},21,13,25,2,4,9,3,5,8,31,0,55,56,33,23,1,5,0,8,29,null,null,null,null,null,null,null,null,null,null,null,null,null,null,null,null,null,1,1,1,1,null,null,16]
[{"$f":"IF(generale!$A1056>0,generale!$A1056,\"\")","v":"2007-11-12"},{"$f":"IF(INDEX(generale!$A$16:$G$4963,MATCH(NGG!$A1046,generale!$A$16:$A$4963,0),COLUMN())=0,0,INDEX(generale!$A$16:$G$4963,MATCH(NGG!$A1046,generale!$A$16:$A$4963,0),COLUMN()))","v":7},{"$f":"IF(INDEX(generale!$A$16:$G$4963,MATCH(NGG!$A1046,generale!$A$16:$A$4963,0),COLUMN())=0,0,INDEX(generale!$A$16:$G$4963,MATCH(NGG!$A1046,generale!$A$16:$A$4963,0),COLUMN()))","v":17},{"$f":"IF(INDEX(generale!$A$16:$G$4963,MATCH(NGG!$A1046,generale!$A$16:$A$4963,0),COLUMN())=0,0,INDEX(generale!$A$16:$G$4963,MATCH(NGG!$A1046,generale!$A$16:$A$4963,0),COLUMN()))","v":2},{"$f":"IF(INDEX(generale!$A$16:$G$4963,MATCH(NGG!$A1046,generale!$A$16:$A$4963,0),COLUMN())=0,0,INDEX(generale!$A$16:$G$4963,MATCH(NGG!$A1046,generale!$A$16:$A$4963,0),COLUMN()))","v":1},{"$f":"IF(INDEX(generale!$A$16:$G$4963,MATCH(NGG!$A1046,generale!$A$16:$A$4963,0),COLUMN())=0,0,INDEX(generale!$A$16:$G$4963,MATCH(NGG!$A1046,generale!$A$16:$A$4963,0),COLUMN()))","v":15},{"$f":"generale!G1056","v":"T"},30,22,7,3,5,18,0,14,17,40,1,64,65,2,32,10,5,0,8,29,null,null,null,null,null,null,null,null,null,null,null,null,null,null,null,null,null,1,1,1,1,null,null,16]
[{"$f":"IF(generale!$A1065>0,generale!$A1065,\"\")","v":"2007-11-21"},{"$f":"IF(INDEX(generale!$A$16:$G$4963,MATCH(NGG!$A1055,generale!$A$16:$A$4963,0),COLUMN())=0,0,INDEX(generale!$A$16:$G$4963,MATCH(NGG!$A1055,generale!$A$16:$A$4963,0),COLUMN()))","v":1},{"$f":"IF(INDEX(generale!$A$16:$G$4963,MATCH(NGG!$A1055,generale!$A$16:$A$4963,0),COLUMN())=0,0,INDEX(generale!$A$16:$G$4963,MATCH(NGG!$A1055,generale!$A$16:$A$4963,0),COLUMN()))","v":8},{"$f":"IF(INDEX(generale!$A$16:$G$4963,MATCH(NGG!$A1055,generale!$A$16:$A$4963,0),COLUMN())=0,0,INDEX(generale!$A$16:$G$4963,MATCH(NGG!$A1055,generale!$A$16:$A$4963,0),COLUMN()))","v":6},{"$f":"IF(INDEX(generale!$A$16:$G$4963,MATCH(NGG!$A1055,generale!$A$16:$A$4963,0),COLUMN())=0,0,INDEX(generale!$A$16:$G$4963,MATCH(NGG!$A1055,generale!$A$16:$A$4963,0),COLUMN()))","v":14},{"$f":"IF(INDEX(generale!$A$16:$G$4963,MATCH(NGG!$A1055,generale!$A$16:$A$4963,0),COLUMN())=0,0,INDEX(generale!$A$16:$G$4963,MATCH(NGG!$A1055,generale!$A$16:$A$4963,0),COLUMN()))","v":4},{"$f":"generale!G1065","v":"T"},0,3,16,6,14,27,9,23,26,2,10,5,74,11,41,1,0,0,8,29,null,null,null,null,null,null,null,null,null,null,null,null,null,null,null,null,null,1,1,1,1,null,null,18]
[{"$f":"IF(generale!$A1077>0,generale!$A1077,\"\")","v":"2007-12-03"},{"$f":"IF(INDEX(generale!$A$16:$G$4963,MATCH(NGG!$A1067,generale!$A$16:$A$4963,0),COLUMN())=0,0,INDEX(generale!$A$16:$G$4963,MATCH(NGG!$A1067,generale!$A$16:$A$4963,0),COLUMN()))","v":14},{"$f":"IF(INDEX(generale!$A$16:$G$4963,MATCH(NGG!$A1067,generale!$A$16:$A$4963,0),COLUMN())=0,0,INDEX(generale!$A$16:$G$4963,MATCH(NGG!$A1067,generale!$A$16:$A$4963,0),COLUMN()))","v":10},{"$f":"IF(INDEX(generale!$A$16:$G$4963,MATCH(NGG!$A1067,generale!$A$16:$A$4963,0),COLUMN())=0,0,INDEX(generale!$A$16:$G$4963,MATCH(NGG!$A1067,generale!$A$16:$A$4963,0),COLUMN()))","v":2},{"$f":"IF(INDEX(generale!$A$16:$G$4963,MATCH(NGG!$A1067,generale!$A$16:$A$4963,0),COLUMN())=0,0,INDEX(generale!$A$16:$G$4963,MATCH(NGG!$A1067,generale!$A$16:$A$4963,0),COLUMN()))","v":6},{"$f":"IF(INDEX(generale!$A$16:$G$4963,MATCH(NGG!$A1067,generale!$A$16:$A$4963,0),COLUMN())=0,0,INDEX(generale!$A$16:$G$4963,MATCH(NGG!$A1067,generale!$A$16:$A$4963,0),COLUMN()))","v":4},{"$f":"generale!G1077","v":"T"},12,15,28,18,1,9,10,35,38,5,3,17,86,0,53,6,2,2,9,29,null,null,null,null,null,null,null,null,null,null,null,null,null,null,null,null,null,null,null,1,1,null,null,18]
[{"$f":"IF(generale!$A1085>0,generale!$A1085,\"\")","v":"2007-12-11"},{"$f":"IF(INDEX(generale!$A$16:$G$4963,MATCH(NGG!$A1075,generale!$A$16:$A$4963,0),COLUMN())=0,0,INDEX(generale!$A$16:$G$4963,MATCH(NGG!$A1075,generale!$A$16:$A$4963,0),COLUMN()))","v":6},{"$f":"IF(INDEX(generale!$A$16:$G$4963,MATCH(NGG!$A1075,generale!$A$16:$A$4963,0),COLUMN())=0,0,INDEX(generale!$A$16:$G$4963,MATCH(NGG!$A1075,generale!$A$16:$A$4963,0),COLUMN()))","v":13},{"$f":"IF(INDEX(generale!$A$16:$G$4963,MATCH(NGG!$A1075,generale!$A$16:$A$4963,0),COLUMN())=0,0,INDEX(generale!$A$16:$G$4963,MATCH(NGG!$A1075,generale!$A$16:$A$4963,0),COLUMN()))","v":12},{"$f":"IF(INDEX(generale!$A$16:$G$4963,MATCH(NGG!$A1075,generale!$A$16:$A$4963,0),COLUMN())=0,0,INDEX(generale!$A$16:$G$4963,MATCH(NGG!$A1075,generale!$A$16:$A$4963,0),COLUMN()))","v":2},{"$f":"IF(INDEX(generale!$A$16:$G$4963,MATCH(NGG!$A1075,generale!$A$16:$A$4963,0),COLUMN())=0,0,INDEX(generale!$A$16:$G$4963,MATCH(NGG!$A1075,generale!$A$16:$A$4963,0),COLUMN()))","v":5},{"$f":"generale!G1085","v":"T"},{"$f":"IF(COUNTIF($B1075:$D1075,0)<3,IF(LEN(SUBSTITUTE(SUBSTITUTE($B1075,H$1,,1),,1))=0,0,H1074+1-AC1075),\"\")","v":20},23,36,3,9,0,18,43,46,2,11,25,4,5,1,6,2,2,9,29,null,null,null,null,null,null,null,null,null,null,null,null,null,null,null,null,null,1,1,1,1,null,null,16]
[{"$f":"IF(generale!$A1095>0,generale!$A1095,\"\")","v":"2007-12-21"},{"$f":"IF(INDEX(generale!$A$16:$G$4963,MATCH(NGG!$A1085,generale!$A$16:$A$4963,0),COLUMN())=0,0,INDEX(generale!$A$16:$G$4963,MATCH(NGG!$A1085,generale!$A$16:$A$4963,0),COLUMN()))","v":9},{"$f":"IF(INDEX(generale!$A$16:$G$4963,MATCH(NGG!$A1085,generale!$A$16:$A$4963,0),COLUMN())=0,0,INDEX(generale!$A$16:$G$4963,MATCH(NGG!$A1085,generale!$A$16:$A$4963,0),COLUMN()))","v":5},{"$f":"IF(INDEX(generale!$A$16:$G$4963,MATCH(NGG!$A1085,generale!$A$16:$A$4963,0),COLUMN())=0,0,INDEX(generale!$A$16:$G$4963,MATCH(NGG!$A1085,generale!$A$16:$A$4963,0),COLUMN()))","v":15},{"$f":"IF(INDEX(generale!$A$16:$G$4963,MATCH(NGG!$A1085,generale!$A$16:$A$4963,0),COLUMN())=0,0,INDEX(generale!$A$16:$G$4963,MATCH(NGG!$A1085,generale!$A$16:$A$4963,0),COLUMN()))","v":12},{"$f":"IF(INDEX(generale!$A$16:$G$4963,MATCH(NGG!$A1085,generale!$A$16:$A$4963,0),COLUMN())=0,0,INDEX(generale!$A$16:$G$4963,MATCH(NGG!$A1085,generale!$A$16:$A$4963,0),COLUMN()))","v":1},{"$f":"generale!G1095","v":"O"},4,33,46,13,19,10,28,1,0,12,8,35,5,15,7,2,0,2,9,29,null,null,null,null,null,null,null,null,null,null,null,null,null,null,null,null,null,1,1,1,1,null,null,17]
[{"$f":"IF(generale!$A1107>0,generale!$A1107,\"\")","v":"2008-01-02"},{"$f":"IF(INDEX(generale!$A$16:$G$4963,MATCH(NGG!$A1097,generale!$A$16:$A$4963,0),COLUMN())=0,0,INDEX(generale!$A$16:$G$4963,MATCH(NGG!$A1097,generale!$A$16:$A$4963,0),COLUMN()))","v":5},{"$f":"IF(INDEX(generale!$A$16:$G$4963,MATCH(NGG!$A1097,generale!$A$16:$A$4963,0),COLUMN())=0,0,INDEX(generale!$A$16:$G$4963,MATCH(NGG!$A1097,generale!$A$16:$A$4963,0),COLUMN()))","v":10},{"$f":"IF(INDEX(generale!$A$16:$G$4963,MATCH(NGG!$A1097,generale!$A$16:$A$4963,0),COLUMN())=0,0,INDEX(generale!$A$16:$G$4963,MATCH(NGG!$A1097,generale!$A$16:$A$4963,0),COLUMN()))","v":2},{"$f":"IF(INDEX(generale!$A$16:$G$4963,MATCH(NGG!$A1097,generale!$A$16:$A$4963,0),COLUMN())=0,0,INDEX(generale!$A$16:$G$4963,MATCH(NGG!$A1097,generale!$A$16:$A$4963,0),COLUMN()))","v":16},{"$f":"IF(INDEX(generale!$A$16:$G$4963,MATCH(NGG!$A1097,generale!$A$16:$A$4963,0),COLUMN())=0,0,INDEX(generale!$A$16:$G$4963,MATCH(NGG!$A1097,generale!$A$16:$A$4963,0),COLUMN()))","v":9},{"$f":"generale!G1107","v":"T"},2,45,58,10,0,3,40,8,9,24,20,7,4,27,1,14,4,6,3,31,null,null,null,null,null,null,null,null,null,null,null,null,null,null,null,null,null,null,null,null,null,null,null,20]
[{"$f":"IF(generale!$A1114>0,generale!$A1114,\"\")","v":"2008-01-09"},{"$f":"IF(INDEX(generale!$A$16:$G$4963,MATCH(NGG!$A1104,generale!$A$16:$A$4963,0),COLUMN())=0,0,INDEX(generale!$A$16:$G$4963,MATCH(NGG!$A1104,generale!$A$16:$A$4963,0),COLUMN()))","v":6},{"$f":"IF(INDEX(generale!$A$16:$G$4963,MATCH(NGG!$A1104,generale!$A$16:$A$4963,0),COLUMN())=0,0,INDEX(generale!$A$16:$G$4963,MATCH(NGG!$A1104,generale!$A$16:$A$4963,0),COLUMN()))","v":7},{"$f":"IF(INDEX(generale!$A$16:$G$4963,MATCH(NGG!$A1104,generale!$A$16:$A$4963,0),COLUMN())=0,0,INDEX(generale!$A$16:$G$4963,MATCH(NGG!$A1104,generale!$A$16:$A$4963,0),COLUMN()))","v":14},{"$f":"IF(INDEX(generale!$A$16:$G$4963,MATCH(NGG!$A1104,generale!$A$16:$A$4963,0),COLUMN())=0,0,INDEX(generale!$A$16:$G$4963,MATCH(NGG!$A1104,generale!$A$16:$A$4963,0),COLUMN()))","v":8},{"$f":"IF(INDEX(generale!$A$16:$G$4963,MATCH(NGG!$A1104,generale!$A$16:$A$4963,0),COLUMN())=0,0,INDEX(generale!$A$16:$G$4963,MATCH(NGG!$A1104,generale!$A$16:$A$4963,0),COLUMN()))","v":10},{"$f":"generale!G1114","v":"O"},9,52,4,5,7,0,47,15,16,31,27,14,11,34,6,2,4,6,3,31,null,null,null,null,null,null,null,null,null,null,null,null,null,null,null,null,null,1,1,1,1,null,null,18]
[{"$f":"IF(generale!$A1116>0,generale!$A1116,\"\")","v":"2008-01-11"},{"$f":"IF(INDEX(generale!$A$16:$G$4963,MATCH(NGG!$A1106,generale!$A$16:$A$4963,0),COLUMN())=0,0,INDEX(generale!$A$16:$G$4963,MATCH(NGG!$A1106,generale!$A$16:$A$4963,0),COLUMN()))","v":6},{"$f":"IF(INDEX(generale!$A$16:$G$4963,MATCH(NGG!$A1106,generale!$A$16:$A$4963,0),COLUMN())=0,0,INDEX(generale!$A$16:$G$4963,MATCH(NGG!$A1106,generale!$A$16:$A$4963,0),COLUMN()))","v":5},{"$f":"IF(INDEX(generale!$A$16:$G$4963,MATCH(NGG!$A1106,generale!$A$16:$A$4963,0),COLUMN())=0,0,INDEX(generale!$A$16:$G$4963,MATCH(NGG!$A1106,generale!$A$16:$A$4963,0),COLUMN()))","v":14},{"$f":"IF(INDEX(generale!$A$16:$G$4963,MATCH(NGG!$A1106,generale!$A$16:$A$4963,0),COLUMN())=0,0,INDEX(generale!$A$16:$G$4963,MATCH(NGG!$A1106,generale!$A$16:$A$4963,0),COLUMN()))","v":11},{"$f":"IF(INDEX(generale!$A$16:$G$4963,MATCH(NGG!$A1106,generale!$A$16:$A$4963,0),COLUMN())=0,0,INDEX(generale!$A$16:$G$4963,MATCH(NGG!$A1106,generale!$A$16:$A$4963,0),COLUMN()))","v":12},{"$f":"generale!G1116","v":"T"},11,54,6,7,9,0,1,17,18,33,29,16,13,36,8,4,4,6,3,31,null,null,null,null,null,null,null,null,null,null,null,null,null,null,null,null,null,1,1,1,1,null,null,18]
[{"$f":"IF(generale!$A1132>0,generale!$A1132,\"\")","v":"2008-01-27"},{"$f":"IF(INDEX(generale!$A$16:$G$4963,MATCH(NGG!$A1122,generale!$A$16:$A$4963,0),COLUMN())=0,0,INDEX(generale!$A$16:$G$4963,MATCH(NGG!$A1122,generale!$A$16:$A$4963,0),COLUMN()))","v":15},{"$f":"IF(INDEX(generale!$A$16:$G$4963,MATCH(NGG!$A1122,generale!$A$16:$A$4963,0),COLUMN())=0,0,INDEX(generale!$A$16:$G$4963,MATCH(NGG!$A1122,generale!$A$16:$A$4963,0),COLUMN()))","v":13},{"$f":"IF(INDEX(generale!$A$16:$G$4963,MATCH(NGG!$A1122,generale!$A$16:$A$4963,0),COLUMN())=0,0,INDEX(generale!$A$16:$G$4963,MATCH(NGG!$A1122,generale!$A$16:$A$4963,0),COLUMN()))","v":2},{"$f":"IF(INDEX(generale!$A$16:$G$4963,MATCH(NGG!$A1122,generale!$A$16:$A$4963,0),COLUMN())=0,0,INDEX(generale!$A$16:$G$4963,MATCH(NGG!$A1122,generale!$A$16:$A$4963,0),COLUMN()))","v":18},{"$f":"IF(INDEX(generale!$A$16:$G$4963,MATCH(NGG!$A1122,generale!$A$16:$A$4963,0),COLUMN())=0,0,INDEX(generale!$A$16:$G$4963,MATCH(NGG!$A1122,generale!$A$16:$A$4963,0),COLUMN()))","v":1},{"$f":"generale!G1132","v":"T"},6,70,13,2,25,15,14,33,34,49,4,10,11,5,0,7,0,7,4,32,null,null,null,null,null,null,null,null,null,null,null,null,null,null,null,null,null,1,1,1,1,null,null,17]
[{"$f":"IF(generale!$A1135>0,generale!$A1135,\"\")","v":"2008-01-30"},{"$f":"IF(INDEX(generale!$A$16:$G$4963,MATCH(NGG!$A1125,generale!$A$16:$A$4963,0),COLUMN())=0,0,INDEX(generale!$A$16:$G$4963,MATCH(NGG!$A1125,generale!$A$16:$A$4963,0),COLUMN()))","v":2},{"$f":"IF(INDEX(generale!$A$16:$G$4963,MATCH(NGG!$A1125,generale!$A$16:$A$4963,0),COLUMN())=0,0,INDEX(generale!$A$16:$G$4963,MATCH(NGG!$A1125,generale!$A$16:$A$4963,0),COLUMN()))","v":14},{"$f":"IF(INDEX(generale!$A$16:$G$4963,MATCH(NGG!$A1125,generale!$A$16:$A$4963,0),COLUMN())=0,0,INDEX(generale!$A$16:$G$4963,MATCH(NGG!$A1125,generale!$A$16:$A$4963,0),COLUMN()))","v":5},{"$f":"IF(INDEX(generale!$A$16:$G$4963,MATCH(NGG!$A1125,generale!$A$16:$A$4963,0),COLUMN())=0,0,INDEX(generale!$A$16:$G$4963,MATCH(NGG!$A1125,generale!$A$16:$A$4963,0),COLUMN()))","v":13},{"$f":"IF(INDEX(generale!$A$16:$G$4963,MATCH(NGG!$A1125,generale!$A$16:$A$4963,0),COLUMN())=0,0,INDEX(generale!$A$16:$G$4963,MATCH(NGG!$A1125,generale!$A$16:$A$4963,0),COLUMN()))","v":8},{"$f":"generale!G1135","v":"P"},9,0,16,5,28,18,17,36,37,52,2,13,14,8,3,1,0,7,4,32,null,null,null,null,null,null,null,null,null,null,null,null,null,null,null,null,null,1,1,1,1,null,null,15]
[{"$f":"IF(generale!$A1146>0,generale!$A1146,\"\")","v":"2008-02-10"},{"$f":"IF(INDEX(generale!$A$16:$G$4963,MATCH(NGG!$A1136,generale!$A$16:$A$4963,0),COLUMN())=0,0,INDEX(generale!$A$16:$G$4963,MATCH(NGG!$A1136,generale!$A$16:$A$4963,0),COLUMN()))","v":6},{"$f":"IF(INDEX(generale!$A$16:$G$4963,MATCH(NGG!$A1136,generale!$A$16:$A$4963,0),COLUMN())=0,0,INDEX(generale!$A$16:$G$4963,MATCH(NGG!$A1136,generale!$A$16:$A$4963,0),COLUMN()))","v":7},{"$f":"IF(INDEX(generale!$A$16:$G$4963,MATCH(NGG!$A1136,generale!$A$16:$A$4963,0),COLUMN())=0,0,INDEX(generale!$A$16:$G$4963,MATCH(NGG!$A1136,generale!$A$16:$A$4963,0),COLUMN()))","v":11},{"$f":"IF(INDEX(generale!$A$16:$G$4963,MATCH(NGG!$A1136,generale!$A$16:$A$4963,0),COLUMN())=0,0,INDEX(generale!$A$16:$G$4963,MATCH(NGG!$A1136,generale!$A$16:$A$4963,0),COLUMN()))","v":3},{"$f":"IF(INDEX(generale!$A$16:$G$4963,MATCH(NGG!$A1136,generale!$A$16:$A$4963,0),COLUMN())=0,0,INDEX(generale!$A$16:$G$4963,MATCH(NGG!$A1136,generale!$A$16:$A$4963,0),COLUMN()))","v":9},{"$f":"generale!G1146","v":"T"},20,11,6,8,1,0,28,4,7,9,2,24,25,10,14,3,1,8,5,33,null,null,null,null,null,null,null,null,null,null,null,null,null,null,null,null,null,1,1,1,1,null,null,17]
[{"$f":"IF(generale!$A1153>0,generale!$A1153,\"\")","v":"2008-02-17"},{"$f":"IF(INDEX(generale!$A$16:$G$4963,MATCH(NGG!$A1143,generale!$A$16:$A$4963,0),COLUMN())=0,0,INDEX(generale!$A$16:$G$4963,MATCH(NGG!$A1143,generale!$A$16:$A$4963,0),COLUMN()))","v":8},{"$f":"IF(INDEX(generale!$A$16:$G$4963,MATCH(NGG!$A1143,generale!$A$16:$A$4963,0),COLUMN())=0,0,INDEX(generale!$A$16:$G$4963,MATCH(NGG!$A1143,generale!$A$16:$A$4963,0),COLUMN()))","v":15},{"$f":"IF(INDEX(generale!$A$16:$G$4963,MATCH(NGG!$A1143,generale!$A$16:$A$4963,0),COLUMN())=0,0,INDEX(generale!$A$16:$G$4963,MATCH(NGG!$A1143,generale!$A$16:$A$4963,0),COLUMN()))","v":13},{"$f":"IF(INDEX(generale!$A$16:$G$4963,MATCH(NGG!$A1143,generale!$A$16:$A$4963,0),COLUMN())=0,0,INDEX(generale!$A$16:$G$4963,MATCH(NGG!$A1143,generale!$A$16:$A$4963,0),COLUMN()))","v":12},{"$f":"IF(INDEX(generale!$A$16:$G$4963,MATCH(NGG!$A1143,generale!$A$16:$A$4963,0),COLUMN())=0,0,INDEX(generale!$A$16:$G$4963,MATCH(NGG!$A1143,generale!$A$16:$A$4963,0),COLUMN()))","v":14},{"$f":"generale!G1153","v":"T"},27,3,13,15,8,7,1,0,14,2,9,5,32,17,21,10,1,8,5,33,null,null,null,null,null,null,null,null,null,null,null,null,null,null,null,null,null,1,1,1,1,null,null,16]
[{"$f":"IF(generale!$A1164>0,generale!$A1164,\"\")","v":"2008-02-28"},{"$f":"IF(INDEX(generale!$A$16:$G$4963,MATCH(NGG!$A1154,generale!$A$16:$A$4963,0),COLUMN())=0,0,INDEX(generale!$A$16:$G$4963,MATCH(NGG!$A1154,generale!$A$16:$A$4963,0),COLUMN()))","v":6},{"$f":"IF(INDEX(generale!$A$16:$G$4963,MATCH(NGG!$A1154,generale!$A$16:$A$4963,0),COLUMN())=0,0,INDEX(generale!$A$16:$G$4963,MATCH(NGG!$A1154,generale!$A$16:$A$4963,0),COLUMN()))","v":1},{"$f":"IF(INDEX(generale!$A$16:$G$4963,MATCH(NGG!$A1154,generale!$A$16:$A$4963,0),COLUMN())=0,0,INDEX(generale!$A$16:$G$4963,MATCH(NGG!$A1154,generale!$A$16:$A$4963,0),COLUMN()))","v":2},{"$f":"IF(INDEX(generale!$A$16:$G$4963,MATCH(NGG!$A1154,generale!$A$16:$A$4963,0),COLUMN())=0,0,INDEX(generale!$A$16:$G$4963,MATCH(NGG!$A1154,generale!$A$16:$A$4963,0),COLUMN()))","v":10},{"$f":"IF(INDEX(generale!$A$16:$G$4963,MATCH(NGG!$A1154,generale!$A$16:$A$4963,0),COLUMN())=0,0,INDEX(generale!$A$16:$G$4963,MATCH(NGG!$A1154,generale!$A$16:$A$4963,0),COLUMN()))","v":9},{"$f":"generale!G1164","v":"T"},38,5,8,7,1,0,12,11,4,13,6,16,43,3,32,21,2,1,6,34,null,null,null,null,null,null,null,null,null,null,null,null,null,null,null,null,null,1,1,1,1,null,null,16]
[{"$f":"IF(generale!$A1171>0,generale!$A1171,\"\")","v":"2008-03-06"},{"$f":"IF(INDEX(generale!$A$16:$G$4963,MATCH(NGG!$A1161,generale!$A$16:$A$4963,0),COLUMN())=0,0,INDEX(generale!$A$16:$G$4963,MATCH(NGG!$A1161,generale!$A$16:$A$4963,0),COLUMN()))","v":7},{"$f":"IF(INDEX(generale!$A$16:$G$4963,MATCH(NGG!$A1161,generale!$A$16:$A$4963,0),COLUMN())=0,0,INDEX(generale!$A$16:$G$4963,MATCH(NGG!$A1161,generale!$A$16:$A$4963,0),COLUMN()))","v":9},{"$f":"IF(INDEX(generale!$A$16:$G$4963,MATCH(NGG!$A1161,generale!$A$16:$A$4963,0),COLUMN())=0,0,INDEX(generale!$A$16:$G$4963,MATCH(NGG!$A1161,generale!$A$16:$A$4963,0),COLUMN()))","v":5},{"$f":"IF(INDEX(generale!$A$16:$G$4963,MATCH(NGG!$A1161,generale!$A$16:$A$4963,0),COLUMN())=0,0,INDEX(generale!$A$16:$G$4963,MATCH(NGG!$A1161,generale!$A$16:$A$4963,0),COLUMN()))","v":1},{"$f":"IF(INDEX(generale!$A$16:$G$4963,MATCH(NGG!$A1161,generale!$A$16:$A$4963,0),COLUMN())=0,0,INDEX(generale!$A$16:$G$4963,MATCH(NGG!$A1161,generale!$A$16:$A$4963,0),COLUMN()))","v":8},{"$f":"generale!G1171","v":"P"},45,12,3,14,8,7,0,2,6,20,5,23,50,10,39,1,3,2,7,35,null,null,null,null,null,null,null,null,null,null,null,null,null,null,null,null,null,1,1,1,1,null,null,18]
[{"$f":"IF(generale!$A1183>0,generale!$A1183,\"\")","v":"2008-03-18"},{"$f":"IF(INDEX(generale!$A$16:$G$4963,MATCH(NGG!$A1173,generale!$A$16:$A$4963,0),COLUMN())=0,0,INDEX(generale!$A$16:$G$4963,MATCH(NGG!$A1173,generale!$A$16:$A$4963,0),COLUMN()))","v":7},{"$f":"IF(INDEX(generale!$A$16:$G$4963,MATCH(NGG!$A1173,generale!$A$16:$A$4963,0),COLUMN())=0,0,INDEX(generale!$A$16:$G$4963,MATCH(NGG!$A1173,generale!$A$16:$A$4963,0),COLUMN()))","v":1},{"$f":"IF(INDEX(generale!$A$16:$G$4963,MATCH(NGG!$A1173,generale!$A$16:$A$4963,0),COLUMN())=0,0,INDEX(generale!$A$16:$G$4963,MATCH(NGG!$A1173,generale!$A$16:$A$4963,0),COLUMN()))","v":5},{"$f":"IF(INDEX(generale!$A$16:$G$4963,MATCH(NGG!$A1173,generale!$A$16:$A$4963,0),COLUMN())=0,0,INDEX(generale!$A$16:$G$4963,MATCH(NGG!$A1173,generale!$A$16:$A$4963,0),COLUMN()))","v":6},{"$f":"IF(INDEX(generale!$A$16:$G$4963,MATCH(NGG!$A1173,generale!$A$16:$A$4963,0),COLUMN())=0,0,INDEX(generale!$A$16:$G$4963,MATCH(NGG!$A1173,generale!$A$16:$A$4963,0),COLUMN()))","v":14},{"$f":"generale!G1183","v":"P"},7,24,1,2,5,19,0,14,3,8,6,35,4,22,51,13,3,2,7,35,null,null,null,null,null,null,null,null,null,null,null,null,null,null,null,null,null,1,1,1,1,null,null,14]
[{"$f":"IF(generale!$A1193>0,generale!$A1193,\"\")","v":"2008-03-28"},{"$f":"IF(INDEX(generale!$A$16:$G$4963,MATCH(NGG!$A1183,generale!$A$16:$A$4963,0),COLUMN())=0,0,INDEX(generale!$A$16:$G$4963,MATCH(NGG!$A1183,generale!$A$16:$A$4963,0),COLUMN()))","v":5},{"$f":"IF(INDEX(generale!$A$16:$G$4963,MATCH(NGG!$A1183,generale!$A$16:$A$4963,0),COLUMN())=0,0,INDEX(generale!$A$16:$G$4963,MATCH(NGG!$A1183,generale!$A$16:$A$4963,0),COLUMN()))","v":17},{"$f":"IF(INDEX(generale!$A$16:$G$4963,MATCH(NGG!$A1183,generale!$A$16:$A$4963,0),COLUMN())=0,0,INDEX(generale!$A$16:$G$4963,MATCH(NGG!$A1183,generale!$A$16:$A$4963,0),COLUMN()))","v":7},{"$f":"IF(INDEX(generale!$A$16:$G$4963,MATCH(NGG!$A1183,generale!$A$16:$A$4963,0),COLUMN())=0,0,INDEX(generale!$A$16:$G$4963,MATCH(NGG!$A1183,generale!$A$16:$A$4963,0),COLUMN()))","v":15},{"$f":"IF(INDEX(generale!$A$16:$G$4963,MATCH(NGG!$A1183,generale!$A$16:$A$4963,0),COLUMN())=0,0,INDEX(generale!$A$16:$G$4963,MATCH(NGG!$A1183,generale!$A$16:$A$4963,0),COLUMN()))","v":12},{"$f":"generale!G1193","v":"T"},17,34,5,1,0,29,4,24,3,18,7,45,14,9,61,23,0,2,7,35,null,null,null,null,null,null,null,null,null,null,null,null,null,null,null,null,null,1,1,1,1,null,null,17]
[{"$f":"IF(generale!$A1201>0,generale!$A1201,\"\")","v":"2008-04-05"},{"$f":"IF(INDEX(generale!$A$16:$G$4963,MATCH(NGG!$A1191,generale!$A$16:$A$4963,0),COLUMN())=0,0,INDEX(generale!$A$16:$G$4963,MATCH(NGG!$A1191,generale!$A$16:$A$4963,0),COLUMN()))","v":15},{"$f":"IF(INDEX(generale!$A$16:$G$4963,MATCH(NGG!$A1191,generale!$A$16:$A$4963,0),COLUMN())=0,0,INDEX(generale!$A$16:$G$4963,MATCH(NGG!$A1191,generale!$A$16:$A$4963,0),COLUMN()))","v":18},{"$f":"IF(INDEX(generale!$A$16:$G$4963,MATCH(NGG!$A1191,generale!$A$16:$A$4963,0),COLUMN())=0,0,INDEX(generale!$A$16:$G$4963,MATCH(NGG!$A1191,generale!$A$16:$A$4963,0),COLUMN()))","v":6},{"$f":"IF(INDEX(generale!$A$16:$G$4963,MATCH(NGG!$A1191,generale!$A$16:$A$4963,0),COLUMN())=0,0,INDEX(generale!$A$16:$G$4963,MATCH(NGG!$A1191,generale!$A$16:$A$4963,0),COLUMN()))","v":10},{"$f":"IF(INDEX(generale!$A$16:$G$4963,MATCH(NGG!$A1191,generale!$A$16:$A$4963,0),COLUMN())=0,0,INDEX(generale!$A$16:$G$4963,MATCH(NGG!$A1191,generale!$A$16:$A$4963,0),COLUMN()))","v":14},{"$f":"generale!G1201","v":"T"},25,42,13,9,8,37,3,32,4,26,15,53,22,17,0,5,0,0,7,35,null,null,null,null,null,null,null,null,null,null,null,null,null,null,null,null,null,1,1,1,1,null,null,16]
[{"$f":"IF(generale!$A1204>0,generale!$A1204,\"\")","v":"2008-04-08"},{"$f":"IF(INDEX(generale!$A$16:$G$4963,MATCH(NGG!$A1194,generale!$A$16:$A$4963,0),COLUMN())=0,0,INDEX(generale!$A$16:$G$4963,MATCH(NGG!$A1194,generale!$A$16:$A$4963,0),COLUMN()))","v":16},{"$f":"IF(INDEX(generale!$A$16:$G$4963,MATCH(NGG!$A1194,generale!$A$16:$A$4963,0),COLUMN())=0,0,INDEX(generale!$A$16:$G$4963,MATCH(NGG!$A1194,generale!$A$16:$A$4963,0),COLUMN()))","v":10},{"$f":"IF(INDEX(generale!$A$16:$G$4963,MATCH(NGG!$A1194,generale!$A$16:$A$4963,0),COLUMN())=0,0,INDEX(generale!$A$16:$G$4963,MATCH(NGG!$A1194,generale!$A$16:$A$4963,0),COLUMN()))","v":12},{"$f":"IF(INDEX(generale!$A$16:$G$4963,MATCH(NGG!$A1194,generale!$A$16:$A$4963,0),COLUMN())=0,0,INDEX(generale!$A$16:$G$4963,MATCH(NGG!$A1194,generale!$A$16:$A$4963,0),COLUMN()))","v":7},{"$f":"IF(INDEX(generale!$A$16:$G$4963,MATCH(NGG!$A1194,generale!$A$16:$A$4963,0),COLUMN())=0,0,INDEX(generale!$A$16:$G$4963,MATCH(NGG!$A1194,generale!$A$16:$A$4963,0),COLUMN()))","v":3},{"$f":"generale!G1204","v":"O"},28,45,2,12,11,40,6,35,7,29,18,1,25,20,3,0,0,0,7,35,null,null,null,null,null,null,null,null,null,null,null,null,null,null,null,null,null,1,1,1,1,null,null,18]
[{"$f":"IF(generale!$A1215>0,generale!$A1215,\"\")","v":"2008-04-19"},{"$f":"IF(INDEX(generale!$A$16:$G$4963,MATCH(NGG!$A1205,generale!$A$16:$A$4963,0),COLUMN())=0,0,INDEX(generale!$A$16:$G$4963,MATCH(NGG!$A1205,generale!$A$16:$A$4963,0),COLUMN()))","v":4},{"$f":"IF(INDEX(generale!$A$16:$G$4963,MATCH(NGG!$A1205,generale!$A$16:$A$4963,0),COLUMN())=0,0,INDEX(generale!$A$16:$G$4963,MATCH(NGG!$A1205,generale!$A$16:$A$4963,0),COLUMN()))","v":6},{"$f":"IF(INDEX(generale!$A$16:$G$4963,MATCH(NGG!$A1205,generale!$A$16:$A$4963,0),COLUMN())=0,0,INDEX(generale!$A$16:$G$4963,MATCH(NGG!$A1205,generale!$A$16:$A$4963,0),COLUMN()))","v":2},{"$f":"IF(INDEX(generale!$A$16:$G$4963,MATCH(NGG!$A1205,generale!$A$16:$A$4963,0),COLUMN())=0,0,INDEX(generale!$A$16:$G$4963,MATCH(NGG!$A1205,generale!$A$16:$A$4963,0),COLUMN()))","v":3},{"$f":"IF(INDEX(generale!$A$16:$G$4963,MATCH(NGG!$A1205,generale!$A$16:$A$4963,0),COLUMN())=0,0,INDEX(generale!$A$16:$G$4963,MATCH(NGG!$A1205,generale!$A$16:$A$4963,0),COLUMN()))","v":1},{"$f":"generale!G1215","v":"T"},8,56,13,0,22,9,17,6,18,40,3,4,36,1,2,11,0,0,7,35,null,null,null,null,null,null,null,null,null,null,null,null,null,null,null,null,null,1,1,1,1,null,null,14]
[{"$f":"IF(generale!$A1222>0,generale!$A1222,\"\")","v":"2008-04-26"},{"$f":"IF(INDEX(generale!$A$16:$G$4963,MATCH(NGG!$A1212,generale!$A$16:$A$4963,0),COLUMN())=0,0,INDEX(generale!$A$16:$G$4963,MATCH(NGG!$A1212,generale!$A$16:$A$4963,0),COLUMN()))","v":4},{"$f":"IF(INDEX(generale!$A$16:$G$4963,MATCH(NGG!$A1212,generale!$A$16:$A$4963,0),COLUMN())=0,0,INDEX(generale!$A$16:$G$4963,MATCH(NGG!$A1212,generale!$A$16:$A$4963,0),COLUMN()))","v":1},{"$f":"IF(INDEX(generale!$A$16:$G$4963,MATCH(NGG!$A1212,generale!$A$16:$A$4963,0),COLUMN())=0,0,INDEX(generale!$A$16:$G$4963,MATCH(NGG!$A1212,generale!$A$16:$A$4963,0),COLUMN()))","v":2},{"$f":"IF(INDEX(generale!$A$16:$G$4963,MATCH(NGG!$A1212,generale!$A$16:$A$4963,0),COLUMN())=0,0,INDEX(generale!$A$16:$G$4963,MATCH(NGG!$A1212,generale!$A$16:$A$4963,0),COLUMN()))","v":16},{"$f":"IF(INDEX(generale!$A$16:$G$4963,MATCH(NGG!$A1212,generale!$A$16:$A$4963,0),COLUMN())=0,0,INDEX(generale!$A$16:$G$4963,MATCH(NGG!$A1212,generale!$A$16:$A$4963,0),COLUMN()))","v":7},{"$f":"generale!G1222","v":"O"},15,63,20,0,3,4,24,13,25,47,10,11,43,5,9,2,2,2,1,35,null,null,null,null,null,null,null,null,null,null,null,null,null,null,null,null,null,null,null,null,1,null,null,19]
[{"$f":"IF(generale!$A1233>0,generale!$A1233,\"\")","v":"2008-05-07"},{"$f":"IF(INDEX(generale!$A$16:$G$4963,MATCH(NGG!$A1223,generale!$A$16:$A$4963,0),COLUMN())=0,0,INDEX(generale!$A$16:$G$4963,MATCH(NGG!$A1223,generale!$A$16:$A$4963,0),COLUMN()))","v":5},{"$f":"IF(INDEX(generale!$A$16:$G$4963,MATCH(NGG!$A1223,generale!$A$16:$A$4963,0),COLUMN())=0,0,INDEX(generale!$A$16:$G$4963,MATCH(NGG!$A1223,generale!$A$16:$A$4963,0),COLUMN()))","v":11},{"$f":"IF(INDEX(generale!$A$16:$G$4963,MATCH(NGG!$A1223,generale!$A$16:$A$4963,0),COLUMN())=0,0,INDEX(generale!$A$16:$G$4963,MATCH(NGG!$A1223,generale!$A$16:$A$4963,0),COLUMN()))","v":16},{"$f":"IF(INDEX(generale!$A$16:$G$4963,MATCH(NGG!$A1223,generale!$A$16:$A$4963,0),COLUMN())=0,0,INDEX(generale!$A$16:$G$4963,MATCH(NGG!$A1223,generale!$A$16:$A$4963,0),COLUMN()))","v":10},{"$f":"IF(INDEX(generale!$A$16:$G$4963,MATCH(NGG!$A1223,generale!$A$16:$A$4963,0),COLUMN())=0,0,INDEX(generale!$A$16:$G$4963,MATCH(NGG!$A1223,generale!$A$16:$A$4963,0),COLUMN()))","v":13},{"$f":"generale!G1233","v":"P"},3,74,7,1,0,15,35,8,36,58,21,6,54,16,20,10,0,2,1,35,null,null,null,null,null,null,null,null,null,null,null,null,null,null,null,null,null,1,1,1,1,null,null,15]
[{"$f":"IF(generale!$A1240>0,generale!$A1240,\"\")","v":"2008-05-14"},{"$f":"IF(INDEX(generale!$A$16:$G$4963,MATCH(NGG!$A1230,generale!$A$16:$A$4963,0),COLUMN())=0,0,INDEX(generale!$A$16:$G$4963,MATCH(NGG!$A1230,generale!$A$16:$A$4963,0),COLUMN()))","v":11},{"$f":"IF(INDEX(generale!$A$16:$G$4963,MATCH(NGG!$A1230,generale!$A$16:$A$4963,0),COLUMN())=0,0,INDEX(generale!$A$16:$G$4963,MATCH(NGG!$A1230,generale!$A$16:$A$4963,0),COLUMN()))","v":13},{"$f":"IF(INDEX(generale!$A$16:$G$4963,MATCH(NGG!$A1230,generale!$A$16:$A$4963,0),COLUMN())=0,0,INDEX(generale!$A$16:$G$4963,MATCH(NGG!$A1230,generale!$A$16:$A$4963,0),COLUMN()))","v":2},{"$f":"IF(INDEX(generale!$A$16:$G$4963,MATCH(NGG!$A1230,generale!$A$16:$A$4963,0),COLUMN())=0,0,INDEX(generale!$A$16:$G$4963,MATCH(NGG!$A1230,generale!$A$16:$A$4963,0),COLUMN()))","v":9},{"$f":"IF(INDEX(generale!$A$16:$G$4963,MATCH(NGG!$A1230,generale!$A$16:$A$4963,0),COLUMN())=0,0,INDEX(generale!$A$16:$G$4963,MATCH(NGG!$A1230,generale!$A$16:$A$4963,0),COLUMN()))","v":14},{"$f":"generale!G1240","v":"T"},10,1,14,8,7,22,42,3,43,4,0,13,2,23,27,17,0,2,1,35,null,null,null,null,null,null,null,null,null,null,null,null,null,null,null,null,null,1,1,1,1,null,null,16]
[{"$f":"IF(generale!$A1252>0,generale!$A1252,\"\")","v":"2008-05-26"},{"$f":"IF(INDEX(generale!$A$16:$G$4963,MATCH(NGG!$A1242,generale!$A$16:$A$4963,0),COLUMN())=0,0,INDEX(generale!$A$16:$G$4963,MATCH(NGG!$A1242,generale!$A$16:$A$4963,0),COLUMN()))","v":1},{"$f":"IF(INDEX(generale!$A$16:$G$4963,MATCH(NGG!$A1242,generale!$A$16:$A$4963,0),COLUMN())=0,0,INDEX(generale!$A$16:$G$4963,MATCH(NGG!$A1242,generale!$A$16:$A$4963,0),COLUMN()))","v":5},{"$f":"IF(INDEX(generale!$A$16:$G$4963,MATCH(NGG!$A1242,generale!$A$16:$A$4963,0),COLUMN())=0,0,INDEX(generale!$A$16:$G$4963,MATCH(NGG!$A1242,generale!$A$16:$A$4963,0),COLUMN()))","v":3},{"$f":"IF(INDEX(generale!$A$16:$G$4963,MATCH(NGG!$A1242,generale!$A$16:$A$4963,0),COLUMN())=0,0,INDEX(generale!$A$16:$G$4963,MATCH(NGG!$A1242,generale!$A$16:$A$4963,0),COLUMN()))","v":17},{"$f":"IF(INDEX(generale!$A$16:$G$4963,MATCH(NGG!$A1242,generale!$A$16:$A$4963,0),COLUMN())=0,0,INDEX(generale!$A$16:$G$4963,MATCH(NGG!$A1242,generale!$A$16:$A$4963,0),COLUMN()))","v":2},{"$f":"generale!G1252","v":"P"},0,11,3,4,19,34,54,9,2,16,12,25,14,35,1,29,0,2,1,35,null,null,null,null,null,null,null,null,null,null,null,null,null,null,null,null,null,1,1,1,1,null,null,16]
[{"$f":"IF(generale!$A1262>0,generale!$A1262,\"\")","v":"2008-06-05"},{"$f":"IF(INDEX(generale!$A$16:$G$4963,MATCH(NGG!$A1252,generale!$A$16:$A$4963,0),COLUMN())=0,0,INDEX(generale!$A$16:$G$4963,MATCH(NGG!$A1252,generale!$A$16:$A$4963,0),COLUMN()))","v":3},{"$f":"IF(INDEX(generale!$A$16:$G$4963,MATCH(NGG!$A1252,generale!$A$16:$A$4963,0),COLUMN())=0,0,INDEX(generale!$A$16:$G$4963,MATCH(NGG!$A1252,generale!$A$16:$A$4963,0),COLUMN()))","v":5},{"$f":"IF(INDEX(generale!$A$16:$G$4963,MATCH(NGG!$A1252,generale!$A$16:$A$4963,0),COLUMN())=0,0,INDEX(generale!$A$16:$G$4963,MATCH(NGG!$A1252,generale!$A$16:$A$4963,0),COLUMN()))","v":14},{"$f":"IF(INDEX(generale!$A$16:$G$4963,MATCH(NGG!$A1252,generale!$A$16:$A$4963,0),COLUMN())=0,0,INDEX(generale!$A$16:$G$4963,MATCH(NGG!$A1252,generale!$A$16:$A$4963,0),COLUMN()))","v":4},{"$f":"IF(INDEX(generale!$A$16:$G$4963,MATCH(NGG!$A1252,generale!$A$16:$A$4963,0),COLUMN())=0,0,INDEX(generale!$A$16:$G$4963,MATCH(NGG!$A1252,generale!$A$16:$A$4963,0),COLUMN()))","v":17},{"$f":"generale!G1262","v":"P"},10,1,0,3,29,44,2,4,8,26,5,9,24,45,11,39,0,2,1,35,null,null,null,null,null,null,null,null,null,null,null,null,null,null,null,null,null,1,1,1,1,null,null,17]
[{"$f":"IF(generale!$A1270>0,generale!$A1270,\"\")","v":"2008-06-13"},{"$f":"IF(INDEX(generale!$A$16:$G$4963,MATCH(NGG!$A1260,generale!$A$16:$A$4963,0),COLUMN())=0,0,INDEX(generale!$A$16:$G$4963,MATCH(NGG!$A1260,generale!$A$16:$A$4963,0),COLUMN()))","v":12},{"$f":"IF(INDEX(generale!$A$16:$G$4963,MATCH(NGG!$A1260,generale!$A$16:$A$4963,0),COLUMN())=0,0,INDEX(generale!$A$16:$G$4963,MATCH(NGG!$A1260,generale!$A$16:$A$4963,0),COLUMN()))","v":10},{"$f":"IF(INDEX(generale!$A$16:$G$4963,MATCH(NGG!$A1260,generale!$A$16:$A$4963,0),COLUMN())=0,0,INDEX(generale!$A$16:$G$4963,MATCH(NGG!$A1260,generale!$A$16:$A$4963,0),COLUMN()))","v":4},{"$f":"IF(INDEX(generale!$A$16:$G$4963,MATCH(NGG!$A1260,generale!$A$16:$A$4963,0),COLUMN())=0,0,INDEX(generale!$A$16:$G$4963,MATCH(NGG!$A1260,generale!$A$16:$A$4963,0),COLUMN()))","v":9},{"$f":"IF(INDEX(generale!$A$16:$G$4963,MATCH(NGG!$A1260,generale!$A$16:$A$4963,0),COLUMN())=0,0,INDEX(generale!$A$16:$G$4963,MATCH(NGG!$A1260,generale!$A$16:$A$4963,0),COLUMN()))","v":5},{"$f":"generale!G1270","v":"T"},18,9,8,2,1,52,10,4,16,34,13,0,6,53,5,47,0,2,1,35,null,null,null,null,null,null,null,null,null,null,null,null,null,null,null,null,null,1,1,1,1,null,null,20]
[{"$f":"IF(generale!$A1273>0,generale!$A1273,\"\")","v":"2008-06-16"},{"$f":"IF(INDEX(generale!$A$16:$G$4963,MATCH(NGG!$A1263,generale!$A$16:$A$4963,0),COLUMN())=0,0,INDEX(generale!$A$16:$G$4963,MATCH(NGG!$A1263,generale!$A$16:$A$4963,0),COLUMN()))","v":12},{"$f":"IF(INDEX(generale!$A$16:$G$4963,MATCH(NGG!$A1263,generale!$A$16:$A$4963,0),COLUMN())=0,0,INDEX(generale!$A$16:$G$4963,MATCH(NGG!$A1263,generale!$A$16:$A$4963,0),COLUMN()))","v":17},{"$f":"IF(INDEX(generale!$A$16:$G$4963,MATCH(NGG!$A1263,generale!$A$16:$A$4963,0),COLUMN())=0,0,INDEX(generale!$A$16:$G$4963,MATCH(NGG!$A1263,generale!$A$16:$A$4963,0),COLUMN()))","v":2},{"$f":"IF(INDEX(generale!$A$16:$G$4963,MATCH(NGG!$A1263,generale!$A$16:$A$4963,0),COLUMN())=0,0,INDEX(generale!$A$16:$G$4963,MATCH(NGG!$A1263,generale!$A$16:$A$4963,0),COLUMN()))","v":16},{"$f":"IF(INDEX(generale!$A$16:$G$4963,MATCH(NGG!$A1263,generale!$A$16:$A$4963,0),COLUMN())=0,0,INDEX(generale!$A$16:$G$4963,MATCH(NGG!$A1263,generale!$A$16:$A$4963,0),COLUMN()))","v":8},{"$f":"generale!G1273","v":"T"},1,12,2,5,4,55,13,7,19,37,16,0,9,56,8,50,0,2,1,35,null,null,null,null,null,null,null,null,null,null,null,null,null,null,null,null,null,1,1,1,1,null,null,14]
[{"$f":"IF(generale!$A1283>0,generale!$A1283,\"\")","v":"2008-06-26"},{"$f":"IF(INDEX(generale!$A$16:$G$4963,MATCH(NGG!$A1273,generale!$A$16:$A$4963,0),COLUMN())=0,0,INDEX(generale!$A$16:$G$4963,MATCH(NGG!$A1273,generale!$A$16:$A$4963,0),COLUMN()))","v":9},{"$f":"IF(INDEX(generale!$A$16:$G$4963,MATCH(NGG!$A1273,generale!$A$16:$A$4963,0),COLUMN())=0,0,INDEX(generale!$A$16:$G$4963,MATCH(NGG!$A1273,generale!$A$16:$A$4963,0),COLUMN()))","v":15},{"$f":"IF(INDEX(generale!$A$16:$G$4963,MATCH(NGG!$A1273,generale!$A$16:$A$4963,0),COLUMN())=0,0,INDEX(generale!$A$16:$G$4963,MATCH(NGG!$A1273,generale!$A$16:$A$4963,0),COLUMN()))","v":13},{"$f":"IF(INDEX(generale!$A$16:$G$4963,MATCH(NGG!$A1273,generale!$A$16:$A$4963,0),COLUMN())=0,0,INDEX(generale!$A$16:$G$4963,MATCH(NGG!$A1273,generale!$A$16:$A$4963,0),COLUMN()))","v":6},{"$f":"IF(INDEX(generale!$A$16:$G$4963,MATCH(NGG!$A1273,generale!$A$16:$A$4963,0),COLUMN())=0,0,INDEX(generale!$A$16:$G$4963,MATCH(NGG!$A1273,generale!$A$16:$A$4963,0),COLUMN()))","v":4},{"$f":"generale!G1283","v":"T"},1,22,7,15,14,65,3,8,0,47,26,10,5,66,4,60,2,4,1,35,null,null,null,null,null,null,null,null,null,null,null,null,null,null,null,null,null,1,1,1,1,null,null,12]
[{"$f":"IF(generale!$A1291>0,generale!$A1291,\"\")","v":"2008-07-04"},{"$f":"IF(INDEX(generale!$A$16:$G$4963,MATCH(NGG!$A1281,generale!$A$16:$A$4963,0),COLUMN())=0,0,INDEX(generale!$A$16:$G$4963,MATCH(NGG!$A1281,generale!$A$16:$A$4963,0),COLUMN()))","v":10},{"$f":"IF(INDEX(generale!$A$16:$G$4963,MATCH(NGG!$A1281,generale!$A$16:$A$4963,0),COLUMN())=0,0,INDEX(generale!$A$16:$G$4963,MATCH(NGG!$A1281,generale!$A$16:$A$4963,0),COLUMN()))","v":12},{"$f":"IF(INDEX(generale!$A$16:$G$4963,MATCH(NGG!$A1281,generale!$A$16:$A$4963,0),COLUMN())=0,0,INDEX(generale!$A$16:$G$4963,MATCH(NGG!$A1281,generale!$A$16:$A$4963,0),COLUMN()))","v":13},{"$f":"IF(INDEX(generale!$A$16:$G$4963,MATCH(NGG!$A1281,generale!$A$16:$A$4963,0),COLUMN())=0,0,INDEX(generale!$A$16:$G$4963,MATCH(NGG!$A1281,generale!$A$16:$A$4963,0),COLUMN()))","v":11},{"$f":"IF(INDEX(generale!$A$16:$G$4963,MATCH(NGG!$A1281,generale!$A$16:$A$4963,0),COLUMN())=0,0,INDEX(generale!$A$16:$G$4963,MATCH(NGG!$A1281,generale!$A$16:$A$4963,0),COLUMN()))","v":2},{"$f":"generale!G1291","v":"T"},9,30,15,23,4,73,11,16,7,0,6,1,13,74,12,3,2,4,1,35,null,null,null,null,null,null,null,null,null,null,null,null,null,null,null,null,null,1,1,1,1,null,null,18]
[{"$f":"IF(generale!$A1303>0,generale!$A1303,\"\")","v":"2008-07-16"},{"$f":"IF(INDEX(generale!$A$16:$G$4963,MATCH(NGG!$A1293,generale!$A$16:$A$4963,0),COLUMN())=0,0,INDEX(generale!$A$16:$G$4963,MATCH(NGG!$A1293,generale!$A$16:$A$4963,0),COLUMN()))","v":8},{"$f":"IF(INDEX(generale!$A$16:$G$4963,MATCH(NGG!$A1293,generale!$A$16:$A$4963,0),COLUMN())=0,0,INDEX(generale!$A$16:$G$4963,MATCH(NGG!$A1293,generale!$A$16:$A$4963,0),COLUMN()))","v":1},{"$f":"IF(INDEX(generale!$A$16:$G$4963,MATCH(NGG!$A1293,generale!$A$16:$A$4963,0),COLUMN())=0,0,INDEX(generale!$A$16:$G$4963,MATCH(NGG!$A1293,generale!$A$16:$A$4963,0),COLUMN()))","v":7},{"$f":"IF(INDEX(generale!$A$16:$G$4963,MATCH(NGG!$A1293,generale!$A$16:$A$4963,0),COLUMN())=0,0,INDEX(generale!$A$16:$G$4963,MATCH(NGG!$A1293,generale!$A$16:$A$4963,0),COLUMN()))","v":5},{"$f":"IF(INDEX(generale!$A$16:$G$4963,MATCH(NGG!$A1293,generale!$A$16:$A$4963,0),COLUMN())=0,0,INDEX(generale!$A$16:$G$4963,MATCH(NGG!$A1293,generale!$A$16:$A$4963,0),COLUMN()))","v":9},{"$f":"generale!G1303","v":"T"},3,42,27,35,16,5,6,0,19,7,18,2,25,86,1,11,2,4,1,35,null,null,null,null,null,null,null,null,null,null,null,null,null,null,null,null,null,1,1,1,1,null,null,16]
[{"$f":"IF(generale!$A1312>0,generale!$A1312,\"\")","v":"2008-07-25"},{"$f":"IF(INDEX(generale!$A$16:$G$4963,MATCH(NGG!$A1302,generale!$A$16:$A$4963,0),COLUMN())=0,0,INDEX(generale!$A$16:$G$4963,MATCH(NGG!$A1302,generale!$A$16:$A$4963,0),COLUMN()))","v":9},{"$f":"IF(INDEX(generale!$A$16:$G$4963,MATCH(NGG!$A1302,generale!$A$16:$A$4963,0),COLUMN())=0,0,INDEX(generale!$A$16:$G$4963,MATCH(NGG!$A1302,generale!$A$16:$A$4963,0),COLUMN()))","v":1},{"$f":"IF(INDEX(generale!$A$16:$G$4963,MATCH(NGG!$A1302,generale!$A$16:$A$4963,0),COLUMN())=0,0,INDEX(generale!$A$16:$G$4963,MATCH(NGG!$A1302,generale!$A$16:$A$4963,0),COLUMN()))","v":3},{"$f":"IF(INDEX(generale!$A$16:$G$4963,MATCH(NGG!$A1302,generale!$A$16:$A$4963,0),COLUMN())=0,0,INDEX(generale!$A$16:$G$4963,MATCH(NGG!$A1302,generale!$A$16:$A$4963,0),COLUMN()))","v":4},{"$f":"IF(INDEX(generale!$A$16:$G$4963,MATCH(NGG!$A1302,generale!$A$16:$A$4963,0),COLUMN())=0,0,INDEX(generale!$A$16:$G$4963,MATCH(NGG!$A1302,generale!$A$16:$A$4963,0),COLUMN()))","v":16},{"$f":"generale!G1312","v":"T"},8,51,36,44,4,5,15,3,0,16,6,11,34,95,10,20,0,4,1,35,null,null,null,null,null,null,null,null,null,null,null,null,null,null,null,null,null,1,1,1,1,null,null,18]
[{"$f":"IF(generale!$A1321>0,generale!$A1321,\"\")","v":"2008-08-03"},{"$f":"IF(INDEX(generale!$A$16:$G$4963,MATCH(NGG!$A1311,generale!$A$16:$A$4963,0),COLUMN())=0,0,INDEX(generale!$A$16:$G$4963,MATCH(NGG!$A1311,generale!$A$16:$A$4963,0),COLUMN()))","v":13},{"$f":"IF(INDEX(generale!$A$16:$G$4963,MATCH(NGG!$A1311,generale!$A$16:$A$4963,0),COLUMN())=0,0,INDEX(generale!$A$16:$G$4963,MATCH(NGG!$A1311,generale!$A$16:$A$4963,0),COLUMN()))","v":18},{"$f":"IF(INDEX(generale!$A$16:$G$4963,MATCH(NGG!$A1311,generale!$A$16:$A$4963,0),COLUMN())=0,0,INDEX(generale!$A$16:$G$4963,MATCH(NGG!$A1311,generale!$A$16:$A$4963,0),COLUMN()))","v":14},{"$f":"IF(INDEX(generale!$A$16:$G$4963,MATCH(NGG!$A1311,generale!$A$16:$A$4963,0),COLUMN())=0,0,INDEX(generale!$A$16:$G$4963,MATCH(NGG!$A1311,generale!$A$16:$A$4963,0),COLUMN()))","v":8},{"$f":"IF(INDEX(generale!$A$16:$G$4963,MATCH(NGG!$A1311,generale!$A$16:$A$4963,0),COLUMN())=0,0,INDEX(generale!$A$16:$G$4963,MATCH(NGG!$A1311,generale!$A$16:$A$4963,0),COLUMN()))","v":5},{"$f":"generale!G1321","v":"P"},4,1,45,3,13,6,2,12,9,25,5,20,0,7,19,29,0,4,1,35,null,null,null,null,null,null,null,null,null,null,null,null,null,null,null,null,null,1,1,1,1,null,null,16]
[{"$f":"IF(generale!$A1324>0,generale!$A1324,\"\")","v":"2008-08-06"},{"$f":"IF(INDEX(generale!$A$16:$G$4963,MATCH(NGG!$A1314,generale!$A$16:$A$4963,0),COLUMN())=0,0,INDEX(generale!$A$16:$G$4963,MATCH(NGG!$A1314,generale!$A$16:$A$4963,0),COLUMN()))","v":5},{"$f":"IF(INDEX(generale!$A$16:$G$4963,MATCH(NGG!$A1314,generale!$A$16:$A$4963,0),COLUMN())=0,0,INDEX(generale!$A$16:$G$4963,MATCH(NGG!$A1314,generale!$A$16:$A$4963,0),COLUMN()))","v":4},{"$f":"IF(INDEX(generale!$A$16:$G$4963,MATCH(NGG!$A1314,generale!$A$16:$A$4963,0),COLUMN())=0,0,INDEX(generale!$A$16:$G$4963,MATCH(NGG!$A1314,generale!$A$16:$A$4963,0),COLUMN()))","v":13},{"$f":"IF(INDEX(generale!$A$16:$G$4963,MATCH(NGG!$A1314,generale!$A$16:$A$4963,0),COLUMN())=0,0,INDEX(generale!$A$16:$G$4963,MATCH(NGG!$A1314,generale!$A$16:$A$4963,0),COLUMN()))","v":2},{"$f":"IF(INDEX(generale!$A$16:$G$4963,MATCH(NGG!$A1314,generale!$A$16:$A$4963,0),COLUMN())=0,0,INDEX(generale!$A$16:$G$4963,MATCH(NGG!$A1314,generale!$A$16:$A$4963,0),COLUMN()))","v":8},{"$f":"generale!G1324","v":"T"},7,4,48,6,0,9,5,15,12,28,8,23,2,10,22,1,0,4,1,35,null,null,null,null,null,null,null,null,null,null,null,null,null,null,null,null,null,1,1,1,1,null,null,16]
[{"$f":"IF(generale!$A1333>0,generale!$A1333,\"\")","v":"2008-08-15"},{"$f":"IF(INDEX(generale!$A$16:$G$4963,MATCH(NGG!$A1323,generale!$A$16:$A$4963,0),COLUMN())=0,0,INDEX(generale!$A$16:$G$4963,MATCH(NGG!$A1323,generale!$A$16:$A$4963,0),COLUMN()))","v":15},{"$f":"IF(INDEX(generale!$A$16:$G$4963,MATCH(NGG!$A1323,generale!$A$16:$A$4963,0),COLUMN())=0,0,INDEX(generale!$A$16:$G$4963,MATCH(NGG!$A1323,generale!$A$16:$A$4963,0),COLUMN()))","v":16},{"$f":"IF(INDEX(generale!$A$16:$G$4963,MATCH(NGG!$A1323,generale!$A$16:$A$4963,0),COLUMN())=0,0,INDEX(generale!$A$16:$G$4963,MATCH(NGG!$A1323,generale!$A$16:$A$4963,0),COLUMN()))","v":11},{"$f":"IF(INDEX(generale!$A$16:$G$4963,MATCH(NGG!$A1323,generale!$A$16:$A$4963,0),COLUMN())=0,0,INDEX(generale!$A$16:$G$4963,MATCH(NGG!$A1323,generale!$A$16:$A$4963,0),COLUMN()))","v":5},{"$f":"IF(INDEX(generale!$A$16:$G$4963,MATCH(NGG!$A1323,generale!$A$16:$A$4963,0),COLUMN())=0,0,INDEX(generale!$A$16:$G$4963,MATCH(NGG!$A1323,generale!$A$16:$A$4963,0),COLUMN()))","v":14},{"$f":"generale!G1333","v":"T"},16,1,57,15,9,18,14,24,4,3,6,7,11,19,0,10,0,0,1,35,null,null,null,null,null,null,null,null,null,null,null,null,null,null,null,null,null,1,1,1,1,null,null,16]
[{"$f":"IF(generale!$A1342>0,generale!$A1342,\"\")","v":"2008-08-24"},{"$f":"IF(INDEX(generale!$A$16:$G$4963,MATCH(NGG!$A1332,generale!$A$16:$A$4963,0),COLUMN())=0,0,INDEX(generale!$A$16:$G$4963,MATCH(NGG!$A1332,generale!$A$16:$A$4963,0),COLUMN()))","v":2},{"$f":"IF(INDEX(generale!$A$16:$G$4963,MATCH(NGG!$A1332,generale!$A$16:$A$4963,0),COLUMN())=0,0,INDEX(generale!$A$16:$G$4963,MATCH(NGG!$A1332,generale!$A$16:$A$4963,0),COLUMN()))","v":17},{"$f":"IF(INDEX(generale!$A$16:$G$4963,MATCH(NGG!$A1332,generale!$A$16:$A$4963,0),COLUMN())=0,0,INDEX(generale!$A$16:$G$4963,MATCH(NGG!$A1332,generale!$A$16:$A$4963,0),COLUMN()))","v":16},{"$f":"IF(INDEX(generale!$A$16:$G$4963,MATCH(NGG!$A1332,generale!$A$16:$A$4963,0),COLUMN())=0,0,INDEX(generale!$A$16:$G$4963,MATCH(NGG!$A1332,generale!$A$16:$A$4963,0),COLUMN()))","v":5},{"$f":"IF(INDEX(generale!$A$16:$G$4963,MATCH(NGG!$A1332,generale!$A$16:$A$4963,0),COLUMN())=0,0,INDEX(generale!$A$16:$G$4963,MATCH(NGG!$A1332,generale!$A$16:$A$4963,0),COLUMN()))","v":4},{"$f":"generale!G1342","v":"P"},25,0,1,24,2,27,23,33,13,12,3,7,20,6,9,19,0,0,1,35,null,null,null,null,null,null,null,null,null,null,null,null,null,null,null,null,null,1,1,1,1,null,null,16]
[{"$f":"IF(generale!$A1358>0,generale!$A1358,\"\")","v":"2008-09-09"},{"$f":"IF(INDEX(generale!$A$16:$G$4963,MATCH(NGG!$A1348,generale!$A$16:$A$4963,0),COLUMN())=0,0,INDEX(generale!$A$16:$G$4963,MATCH(NGG!$A1348,generale!$A$16:$A$4963,0),COLUMN()))","v":5},{"$f":"IF(INDEX(generale!$A$16:$G$4963,MATCH(NGG!$A1348,generale!$A$16:$A$4963,0),COLUMN())=0,0,INDEX(generale!$A$16:$G$4963,MATCH(NGG!$A1348,generale!$A$16:$A$4963,0),COLUMN()))","v":1},{"$f":"IF(INDEX(generale!$A$16:$G$4963,MATCH(NGG!$A1348,generale!$A$16:$A$4963,0),COLUMN())=0,0,INDEX(generale!$A$16:$G$4963,MATCH(NGG!$A1348,generale!$A$16:$A$4963,0),COLUMN()))","v":14},{"$f":"IF(INDEX(generale!$A$16:$G$4963,MATCH(NGG!$A1348,generale!$A$16:$A$4963,0),COLUMN())=0,0,INDEX(generale!$A$16:$G$4963,MATCH(NGG!$A1348,generale!$A$16:$A$4963,0),COLUMN()))","v":8},{"$f":"IF(INDEX(generale!$A$16:$G$4963,MATCH(NGG!$A1348,generale!$A$16:$A$4963,0),COLUMN())=0,0,INDEX(generale!$A$16:$G$4963,MATCH(NGG!$A1348,generale!$A$16:$A$4963,0),COLUMN()))","v":12},{"$f":"generale!G1358","v":"O"},41,1,5,40,0,43,15,9,3,28,2,12,6,4,25,35,0,0,1,35,null,null,null,null,null,null,null,null,null,null,null,null,null,null,null,null,null,1,1,1,1,null,null,15]
[{"$f":"IF(generale!$A1362>0,generale!$A1362,\"\")","v":"2008-09-13"},{"$f":"IF(INDEX(generale!$A$16:$G$4963,MATCH(NGG!$A1352,generale!$A$16:$A$4963,0),COLUMN())=0,0,INDEX(generale!$A$16:$G$4963,MATCH(NGG!$A1352,generale!$A$16:$A$4963,0),COLUMN()))","v":8},{"$f":"IF(INDEX(generale!$A$16:$G$4963,MATCH(NGG!$A1352,generale!$A$16:$A$4963,0),COLUMN())=0,0,INDEX(generale!$A$16:$G$4963,MATCH(NGG!$A1352,generale!$A$16:$A$4963,0),COLUMN()))","v":4},{"$f":"IF(INDEX(generale!$A$16:$G$4963,MATCH(NGG!$A1352,generale!$A$16:$A$4963,0),COLUMN())=0,0,INDEX(generale!$A$16:$G$4963,MATCH(NGG!$A1352,generale!$A$16:$A$4963,0),COLUMN()))","v":2},{"$f":"IF(INDEX(generale!$A$16:$G$4963,MATCH(NGG!$A1352,generale!$A$16:$A$4963,0),COLUMN())=0,0,INDEX(generale!$A$16:$G$4963,MATCH(NGG!$A1352,generale!$A$16:$A$4963,0),COLUMN()))","v":13},{"$f":"IF(INDEX(generale!$A$16:$G$4963,MATCH(NGG!$A1352,generale!$A$16:$A$4963,0),COLUMN())=0,0,INDEX(generale!$A$16:$G$4963,MATCH(NGG!$A1352,generale!$A$16:$A$4963,0),COLUMN()))","v":9},{"$f":"generale!G1362","v":"T"},{"$f":"IF(COUNTIF($B1352:$D1352,0)<3,IF(LEN(SUBSTITUTE(SUBSTITUTE($B1352,H$1,,1),,1))=0,0,H1351+1-AC1352),\"\")","v":45},{"$f":"IF(COUNTIF($B1352:$D1352,0)<3,IF(LEN(SUBSTITUTE(SUBSTITUTE($B1352,I$1,,1),,1))=0,0,I1351+1-AD1352),\"\")","v":3},{"$f":"IF(COUNTIF($B1352:$D1352,0)<3,IF(LEN(SUBSTITUTE(SUBSTITUTE($B1352,J$1,,1),,1))=0,0,J1351+1-AE1352),\"\")","v":9},{"$f":"IF(COUNTIF($B1352:$D1352,0)<3,IF(LEN(SUBSTITUTE(SUBSTITUTE($B1352,K$1,,1),,1))=0,0,K1351+1-AF1352),\"\")","v":44},{"$f":"IF(COUNTIF($B1352:$D1352,0)<3,IF(LEN(SUBSTITUTE(SUBSTITUTE($B1352,L$1,,1),,1))=0,0,L1351+1-AG1352),\"\")","v":4},{"$f":"IF(COUNTIF($B1352:$D1352,0)<3,IF(LEN(SUBSTITUTE(SUBSTITUTE($B1352,M$1,,1),,1))=0,0,M1351+1-AH1352),\"\")","v":47},{"$f":"IF(COUNTIF($B1352:$D1352,0)<3,IF(LEN(SUBSTITUTE(SUBSTITUTE($B1352,N$1,,1),,1))=0,0,N1351+1-AI1352),\"\")","v":19},{"$f":"IF(COUNTIF($B1352:$D1352,0)<3,IF(LEN(SUBSTITUTE(SUBSTITUTE($B1352,O$1,,1),,1))=0,0,O1351+1-AJ1352),\"\")","v":0},{"$f":"IF(COUNTIF($B1352:$D1352,0)<3,IF(LEN(SUBSTITUTE(SUBSTITUTE($B1352,P$1,,1),,1))=0,0,P1351+1-AK1352),\"\")","v":7},{"$f":"IF(COUNTIF($B1352:$D1352,0)<3,IF(LEN(SUBSTITUTE(SUBSTITUTE($B1352,Q$1,,1),,1))=0,0,Q1351+1-AL1352),\"\")","v":32},{"$f":"IF(COUNTIF($B1352:$D1352,0)<3,IF(LEN(SUBSTITUTE(SUBSTITUTE($B1352,R$1,,1),,1))=0,0,R1351+1-AM1352),\"\")","v":1},{"$f":"IF(COUNTIF($B1352:$D1352,0)<3,IF(LEN(SUBSTITUTE(SUBSTITUTE($B1352,S$1,,1),,1))=0,0,S1351+1-AN1352),\"\")","v":16},{"$f":"IF(COUNTIF($B1352:$D1352,0)<3,IF(LEN(SUBSTITUTE(SUBSTITUTE($B1352,T$1,,1),,1))=0,0,T1351+1-AO1352),\"\")","v":2},{"$f":"IF(COUNTIF($B1352:$D1352,0)<3,IF(LEN(SUBSTITUTE(SUBSTITUTE($B1352,U$1,,1),,1))=0,0,U1351+1-AP1352),\"\")","v":8},{"$f":"IF(COUNTIF($B1352:$D1352,0)<3,IF(LEN(SUBSTITUTE(SUBSTITUTE($B1352,V$1,,1),,1))=0,0,V1351+1-AQ1352),\"\")","v":29},{"$f":"IF(COUNTIF($B1352:$D1352,0)<3,IF(LEN(SUBSTITUTE(SUBSTITUTE($B1352,W$1,,1),,1))=0,0,W1351+1-AR1352),\"\")","v":39},{"$f":"IF(COUNTIF($B1352:$D1352,0)<3,IF(LEN(SUBSTITUTE(SUBSTITUTE($B1352,X$1,,1),,1))=0,0,X1351+1-AS1352),\"\")","v":0},{"$f":"IF(COUNTIF($B1352:$D1352,0)<3,IF(LEN(SUBSTITUTE(SUBSTITUTE($B1352,Y$1,,1),,1))=0,0,Y1351+1-AT1352),\"\")","v":0},{"$f":"IF(COUNTIF($B1352:$D1352,0)<3,IF(LEN(SUBSTITUTE(SUBSTITUTE($B1352,Z$1,,1),,1))=0,0,Z1351+1-AU1352),\"\")","v":1},{"$f":"IF(COUNTIF($B1352:$D1352,0)<3,IF(LEN(SUBSTITUTE(SUBSTITUTE($B1352,AA$1,,1),,1))=0,0,AA1351+1-AV1352),\"\")","v":35},null,null,null,null,null,null,null,null,null,null,null,null,null,null,null,null,null,1,1,1,1,null,null,18]
[{"$f":"IF(generale!$A1372>0,generale!$A1372,\"\")","v":"2008-09-23"},{"$f":"IF(INDEX(generale!$A$16:$G$4963,MATCH(NGG!$A1362,generale!$A$16:$A$4963,0),COLUMN())=0,0,INDEX(generale!$A$16:$G$4963,MATCH(NGG!$A1362,generale!$A$16:$A$4963,0),COLUMN()))","v":10},{"$f":"IF(INDEX(generale!$A$16:$G$4963,MATCH(NGG!$A1362,generale!$A$16:$A$4963,0),COLUMN())=0,0,INDEX(generale!$A$16:$G$4963,MATCH(NGG!$A1362,generale!$A$16:$A$4963,0),COLUMN()))","v":9},{"$f":"IF(INDEX(generale!$A$16:$G$4963,MATCH(NGG!$A1362,generale!$A$16:$A$4963,0),COLUMN())=0,0,INDEX(generale!$A$16:$G$4963,MATCH(NGG!$A1362,generale!$A$16:$A$4963,0),COLUMN()))","v":1},{"$f":"IF(INDEX(generale!$A$16:$G$4963,MATCH(NGG!$A1362,generale!$A$16:$A$4963,0),COLUMN())=0,0,INDEX(generale!$A$16:$G$4963,MATCH(NGG!$A1362,generale!$A$16:$A$4963,0),COLUMN()))","v":15},{"$f":"IF(INDEX(generale!$A$16:$G$4963,MATCH(NGG!$A1362,generale!$A$16:$A$4963,0),COLUMN())=0,0,INDEX(generale!$A$16:$G$4963,MATCH(NGG!$A1362,generale!$A$16:$A$4963,0),COLUMN()))","v":5},{"$f":"generale!G1372","v":"P"},8,13,19,6,14,57,5,10,2,0,1,26,12,3,4,49,0,0,1,35,null,null,null,null,null,null,null,null,null,null,null,null,null,null,null,null,null,1,1,1,1,null,null,16]
[{"$f":"IF(generale!$A1379>0,generale!$A1379,\"\")","v":"2008-09-30"},{"$f":"IF(INDEX(generale!$A$16:$G$4963,MATCH(NGG!$A1369,generale!$A$16:$A$4963,0),COLUMN())=0,0,INDEX(generale!$A$16:$G$4963,MATCH(NGG!$A1369,generale!$A$16:$A$4963,0),COLUMN()))","v":13},{"$f":"IF(INDEX(generale!$A$16:$G$4963,MATCH(NGG!$A1369,generale!$A$16:$A$4963,0),COLUMN())=0,0,INDEX(generale!$A$16:$G$4963,MATCH(NGG!$A1369,generale!$A$16:$A$4963,0),COLUMN()))","v":3},{"$f":"IF(INDEX(generale!$A$16:$G$4963,MATCH(NGG!$A1369,generale!$A$16:$A$4963,0),COLUMN())=0,0,INDEX(generale!$A$16:$G$4963,MATCH(NGG!$A1369,generale!$A$16:$A$4963,0),COLUMN()))","v":4},{"$f":"IF(INDEX(generale!$A$16:$G$4963,MATCH(NGG!$A1369,generale!$A$16:$A$4963,0),COLUMN())=0,0,INDEX(generale!$A$16:$G$4963,MATCH(NGG!$A1369,generale!$A$16:$A$4963,0),COLUMN()))","v":1},{"$f":"IF(INDEX(generale!$A$16:$G$4963,MATCH(NGG!$A1369,generale!$A$16:$A$4963,0),COLUMN())=0,0,INDEX(generale!$A$16:$G$4963,MATCH(NGG!$A1369,generale!$A$16:$A$4963,0),COLUMN()))","v":5},{"$f":"generale!G1379","v":"O"},15,20,5,13,1,64,6,4,2,7,8,33,0,3,11,56,0,0,1,35,null,null,null,null,null,null,null,null,null,null,null,null,null,null,null,null,null,1,1,1,1,null,null,16]
[{"$f":"IF(generale!$A1391>0,generale!$A1391,\"\")","v":"2008-10-12"},{"$f":"IF(INDEX(generale!$A$16:$G$4963,MATCH(NGG!$A1381,generale!$A$16:$A$4963,0),COLUMN())=0,0,INDEX(generale!$A$16:$G$4963,MATCH(NGG!$A1381,generale!$A$16:$A$4963,0),COLUMN()))","v":1},{"$f":"IF(INDEX(generale!$A$16:$G$4963,MATCH(NGG!$A1381,generale!$A$16:$A$4963,0),COLUMN())=0,0,INDEX(generale!$A$16:$G$4963,MATCH(NGG!$A1381,generale!$A$16:$A$4963,0),COLUMN()))","v":3},{"$f":"IF(INDEX(generale!$A$16:$G$4963,MATCH(NGG!$A1381,generale!$A$16:$A$4963,0),COLUMN())=0,0,INDEX(generale!$A$16:$G$4963,MATCH(NGG!$A1381,generale!$A$16:$A$4963,0),COLUMN()))","v":4},{"$f":"IF(INDEX(generale!$A$16:$G$4963,MATCH(NGG!$A1381,generale!$A$16:$A$4963,0),COLUMN())=0,0,INDEX(generale!$A$16:$G$4963,MATCH(NGG!$A1381,generale!$A$16:$A$4963,0),COLUMN()))","v":12},{"$f":"IF(INDEX(generale!$A$16:$G$4963,MATCH(NGG!$A1381,generale!$A$16:$A$4963,0),COLUMN())=0,0,INDEX(generale!$A$16:$G$4963,MATCH(NGG!$A1381,generale!$A$16:$A$4963,0),COLUMN()))","v":9},{"$f":"generale!G1391","v":"O"},0,8,17,25,1,76,18,9,10,19,20,45,4,15,2,6,0,0,1,35,null,null,null,null,null,null,null,null,null,null,null,null,null,null,null,null,null,1,1,1,1,null,null,18]
[{"$f":"IF(generale!$A1393>0,generale!$A1393,\"\")","v":"2008-10-14"},{"$f":"IF(INDEX(generale!$A$16:$G$4963,MATCH(NGG!$A1383,generale!$A$16:$A$4963,0),COLUMN())=0,0,INDEX(generale!$A$16:$G$4963,MATCH(NGG!$A1383,generale!$A$16:$A$4963,0),COLUMN()))","v":7},{"$f":"IF(INDEX(generale!$A$16:$G$4963,MATCH(NGG!$A1383,generale!$A$16:$A$4963,0),COLUMN())=0,0,INDEX(generale!$A$16:$G$4963,MATCH(NGG!$A1383,generale!$A$16:$A$4963,0),COLUMN()))","v":3},{"$f":"IF(INDEX(generale!$A$16:$G$4963,MATCH(NGG!$A1383,generale!$A$16:$A$4963,0),COLUMN())=0,0,INDEX(generale!$A$16:$G$4963,MATCH(NGG!$A1383,generale!$A$16:$A$4963,0),COLUMN()))","v":8},{"$f":"IF(INDEX(generale!$A$16:$G$4963,MATCH(NGG!$A1383,generale!$A$16:$A$4963,0),COLUMN())=0,0,INDEX(generale!$A$16:$G$4963,MATCH(NGG!$A1383,generale!$A$16:$A$4963,0),COLUMN()))","v":1},{"$f":"IF(INDEX(generale!$A$16:$G$4963,MATCH(NGG!$A1383,generale!$A$16:$A$4963,0),COLUMN())=0,0,INDEX(generale!$A$16:$G$4963,MATCH(NGG!$A1383,generale!$A$16:$A$4963,0),COLUMN()))","v":6},{"$f":"generale!G1393","v":"P"},2,10,19,27,3,78,0,11,12,21,22,47,6,1,4,8,0,0,1,35,null,null,null,null,null,null,null,null,null,null,null,null,null,null,null,null,null,1,1,1,1,null,null,15]
[{"$f":"IF(generale!$A1409>0,generale!$A1409,\"\")","v":"2008-10-30"},{"$f":"IF(INDEX(generale!$A$16:$G$4963,MATCH(NGG!$A1399,generale!$A$16:$A$4963,0),COLUMN())=0,0,INDEX(generale!$A$16:$G$4963,MATCH(NGG!$A1399,generale!$A$16:$A$4963,0),COLUMN()))","v":6},{"$f":"IF(INDEX(generale!$A$16:$G$4963,MATCH(NGG!$A1399,generale!$A$16:$A$4963,0),COLUMN())=0,0,INDEX(generale!$A$16:$G$4963,MATCH(NGG!$A1399,generale!$A$16:$A$4963,0),COLUMN()))","v":9},{"$f":"IF(INDEX(generale!$A$16:$G$4963,MATCH(NGG!$A1399,generale!$A$16:$A$4963,0),COLUMN())=0,0,INDEX(generale!$A$16:$G$4963,MATCH(NGG!$A1399,generale!$A$16:$A$4963,0),COLUMN()))","v":10},{"$f":"IF(INDEX(generale!$A$16:$G$4963,MATCH(NGG!$A1399,generale!$A$16:$A$4963,0),COLUMN())=0,0,INDEX(generale!$A$16:$G$4963,MATCH(NGG!$A1399,generale!$A$16:$A$4963,0),COLUMN()))","v":11},{"$f":"IF(INDEX(generale!$A$16:$G$4963,MATCH(NGG!$A1399,generale!$A$16:$A$4963,0),COLUMN())=0,0,INDEX(generale!$A$16:$G$4963,MATCH(NGG!$A1399,generale!$A$16:$A$4963,0),COLUMN()))","v":14},{"$f":"generale!G1409","v":"P"},11,1,35,43,5,0,16,15,2,3,7,13,22,12,20,4,0,0,1,35,null,null,null,null,null,null,null,null,null,null,null,null,null,null,null,null,null,1,1,1,1,null,null,14]
[{"$f":"IF(generale!$A1412>0,generale!$A1412,\"\")","v":"2008-11-02"},{"$f":"IF(INDEX(generale!$A$16:$G$4963,MATCH(NGG!$A1402,generale!$A$16:$A$4963,0),COLUMN())=0,0,INDEX(generale!$A$16:$G$4963,MATCH(NGG!$A1402,generale!$A$16:$A$4963,0),COLUMN()))","v":13},{"$f":"IF(INDEX(generale!$A$16:$G$4963,MATCH(NGG!$A1402,generale!$A$16:$A$4963,0),COLUMN())=0,0,INDEX(generale!$A$16:$G$4963,MATCH(NGG!$A1402,generale!$A$16:$A$4963,0),COLUMN()))","v":1},{"$f":"IF(INDEX(generale!$A$16:$G$4963,MATCH(NGG!$A1402,generale!$A$16:$A$4963,0),COLUMN())=0,0,INDEX(generale!$A$16:$G$4963,MATCH(NGG!$A1402,generale!$A$16:$A$4963,0),COLUMN()))","v":6},{"$f":"IF(INDEX(generale!$A$16:$G$4963,MATCH(NGG!$A1402,generale!$A$16:$A$4963,0),COLUMN())=0,0,INDEX(generale!$A$16:$G$4963,MATCH(NGG!$A1402,generale!$A$16:$A$4963,0),COLUMN()))","v":14},{"$f":"IF(INDEX(generale!$A$16:$G$4963,MATCH(NGG!$A1402,generale!$A$16:$A$4963,0),COLUMN())=0,0,INDEX(generale!$A$16:$G$4963,MATCH(NGG!$A1402,generale!$A$16:$A$4963,0),COLUMN()))","v":11},{"$f":"generale!G1412","v":"P"},14,4,38,46,8,3,19,18,5,6,10,2,0,1,23,7,0,0,1,35,null,null,null,null,null,null,null,null,null,null,null,null,null,null,null,null,null,1,1,1,1,null,null,20]
[{"$f":"IF(generale!$A1427>0,generale!$A1427,\"\")","v":"2008-11-17"},{"$f":"IF(INDEX(generale!$A$16:$G$4963,MATCH(NGG!$A1417,generale!$A$16:$A$4963,0),COLUMN())=0,0,INDEX(generale!$A$16:$G$4963,MATCH(NGG!$A1417,generale!$A$16:$A$4963,0),COLUMN()))","v":6},{"$f":"IF(INDEX(generale!$A$16:$G$4963,MATCH(NGG!$A1417,generale!$A$16:$A$4963,0),COLUMN())=0,0,INDEX(generale!$A$16:$G$4963,MATCH(NGG!$A1417,generale!$A$16:$A$4963,0),COLUMN()))","v":14},{"$f":"IF(INDEX(generale!$A$16:$G$4963,MATCH(NGG!$A1417,generale!$A$16:$A$4963,0),COLUMN())=0,0,INDEX(generale!$A$16:$G$4963,MATCH(NGG!$A1417,generale!$A$16:$A$4963,0),COLUMN()))","v":16},{"$f":"IF(INDEX(generale!$A$16:$G$4963,MATCH(NGG!$A1417,generale!$A$16:$A$4963,0),COLUMN())=0,0,INDEX(generale!$A$16:$G$4963,MATCH(NGG!$A1417,generale!$A$16:$A$4963,0),COLUMN()))","v":18},{"$f":"IF(INDEX(generale!$A$16:$G$4963,MATCH(NGG!$A1417,generale!$A$16:$A$4963,0),COLUMN())=0,0,INDEX(generale!$A$16:$G$4963,MATCH(NGG!$A1417,generale!$A$16:$A$4963,0),COLUMN()))","v":11},{"$f":"generale!G1427","v":"P"},12,19,9,61,8,0,34,33,3,11,13,1,2,16,4,22,0,0,1,35,null,null,null,null,null,null,null,null,null,null,null,null,null,null,null,null,null,1,1,1,1,null,null,15]
[{"$f":"IF(generale!$A1431>0,generale!$A1431,\"\")","v":"2008-11-21"},{"$f":"IF(INDEX(generale!$A$16:$G$4963,MATCH(NGG!$A1421,generale!$A$16:$A$4963,0),COLUMN())=0,0,INDEX(generale!$A$16:$G$4963,MATCH(NGG!$A1421,generale!$A$16:$A$4963,0),COLUMN()))","v":3},{"$f":"IF(INDEX(generale!$A$16:$G$4963,MATCH(NGG!$A1421,generale!$A$16:$A$4963,0),COLUMN())=0,0,INDEX(generale!$A$16:$G$4963,MATCH(NGG!$A1421,generale!$A$16:$A$4963,0),COLUMN()))","v":16},{"$f":"IF(INDEX(generale!$A$16:$G$4963,MATCH(NGG!$A1421,generale!$A$16:$A$4963,0),COLUMN())=0,0,INDEX(generale!$A$16:$G$4963,MATCH(NGG!$A1421,generale!$A$16:$A$4963,0),COLUMN()))","v":13},{"$f":"IF(INDEX(generale!$A$16:$G$4963,MATCH(NGG!$A1421,generale!$A$16:$A$4963,0),COLUMN())=0,0,INDEX(generale!$A$16:$G$4963,MATCH(NGG!$A1421,generale!$A$16:$A$4963,0),COLUMN()))","v":10},{"$f":"IF(INDEX(generale!$A$16:$G$4963,MATCH(NGG!$A1421,generale!$A$16:$A$4963,0),COLUMN())=0,0,INDEX(generale!$A$16:$G$4963,MATCH(NGG!$A1421,generale!$A$16:$A$4963,0),COLUMN()))","v":2},{"$f":"generale!G1431","v":"T"},16,23,0,65,12,4,38,2,7,15,17,5,1,20,8,26,0,0,1,35,null,null,null,null,null,null,null,null,null,null,null,null,null,null,null,null,null,1,1,1,1,null,null,16]
[{"$f":"IF(generale!$A1441>0,generale!$A1441,\"\")","v":"2008-12-01"},{"$f":"IF(INDEX(generale!$A$16:$G$4963,MATCH(NGG!$A1431,generale!$A$16:$A$4963,0),COLUMN())=0,0,INDEX(generale!$A$16:$G$4963,MATCH(NGG!$A1431,generale!$A$16:$A$4963,0),COLUMN()))","v":6},{"$f":"IF(INDEX(generale!$A$16:$G$4963,MATCH(NGG!$A1431,generale!$A$16:$A$4963,0),COLUMN())=0,0,INDEX(generale!$A$16:$G$4963,MATCH(NGG!$A1431,generale!$A$16:$A$4963,0),COLUMN()))","v":11},{"$f":"IF(INDEX(generale!$A$16:$G$4963,MATCH(NGG!$A1431,generale!$A$16:$A$4963,0),COLUMN())=0,0,INDEX(generale!$A$16:$G$4963,MATCH(NGG!$A1431,generale!$A$16:$A$4963,0),COLUMN()))","v":15},{"$f":"IF(INDEX(generale!$A$16:$G$4963,MATCH(NGG!$A1431,generale!$A$16:$A$4963,0),COLUMN())=0,0,INDEX(generale!$A$16:$G$4963,MATCH(NGG!$A1431,generale!$A$16:$A$4963,0),COLUMN()))","v":13},{"$f":"IF(INDEX(generale!$A$16:$G$4963,MATCH(NGG!$A1431,generale!$A$16:$A$4963,0),COLUMN())=0,0,INDEX(generale!$A$16:$G$4963,MATCH(NGG!$A1431,generale!$A$16:$A$4963,0),COLUMN()))","v":17},{"$f":"generale!G1441","v":"T"},26,7,10,75,4,0,48,2,5,25,27,15,1,3,18,8,0,0,1,35,null,null,null,null,null,null,null,null,null,null,null,null,null,null,null,null,null,1,1,1,1,null,null,19]
[{"$f":"IF(generale!$A1448>0,generale!$A1448,\"\")","v":"2008-12-08"},{"$f":"IF(INDEX(generale!$A$16:$G$4963,MATCH(NGG!$A1438,generale!$A$16:$A$4963,0),COLUMN())=0,0,INDEX(generale!$A$16:$G$4963,MATCH(NGG!$A1438,generale!$A$16:$A$4963,0),COLUMN()))","v":17},{"$f":"IF(INDEX(generale!$A$16:$G$4963,MATCH(NGG!$A1438,generale!$A$16:$A$4963,0),COLUMN())=0,0,INDEX(generale!$A$16:$G$4963,MATCH(NGG!$A1438,generale!$A$16:$A$4963,0),COLUMN()))","v":6},{"$f":"IF(INDEX(generale!$A$16:$G$4963,MATCH(NGG!$A1438,generale!$A$16:$A$4963,0),COLUMN())=0,0,INDEX(generale!$A$16:$G$4963,MATCH(NGG!$A1438,generale!$A$16:$A$4963,0),COLUMN()))","v":10},{"$f":"IF(INDEX(generale!$A$16:$G$4963,MATCH(NGG!$A1438,generale!$A$16:$A$4963,0),COLUMN())=0,0,INDEX(generale!$A$16:$G$4963,MATCH(NGG!$A1438,generale!$A$16:$A$4963,0),COLUMN()))","v":14},{"$f":"IF(INDEX(generale!$A$16:$G$4963,MATCH(NGG!$A1438,generale!$A$16:$A$4963,0),COLUMN())=0,0,INDEX(generale!$A$16:$G$4963,MATCH(NGG!$A1438,generale!$A$16:$A$4963,0),COLUMN()))","v":11},{"$f":"generale!G1448","v":"T"},33,14,3,82,5,7,55,9,12,32,6,22,2,1,25,15,0,0,1,35,null,null,null,null,null,null,null,null,null,null,null,null,null,null,null,null,null,1,1,1,1,null,null,14]
[{"$f":"IF(generale!$A1460>0,generale!$A1460,\"\")","v":"2008-12-21"},{"$f":"IF(INDEX(generale!$A$16:$G$4963,MATCH(NGG!$A1450,generale!$A$16:$A$4963,0),COLUMN())=0,0,INDEX(generale!$A$16:$G$4963,MATCH(NGG!$A1450,generale!$A$16:$A$4963,0),COLUMN()))","v":6},{"$f":"IF(INDEX(generale!$A$16:$G$4963,MATCH(NGG!$A1450,generale!$A$16:$A$4963,0),COLUMN())=0,0,INDEX(generale!$A$16:$G$4963,MATCH(NGG!$A1450,generale!$A$16:$A$4963,0),COLUMN()))","v":4},{"$f":"IF(INDEX(generale!$A$16:$G$4963,MATCH(NGG!$A1450,generale!$A$16:$A$4963,0),COLUMN())=0,0,INDEX(generale!$A$16:$G$4963,MATCH(NGG!$A1450,generale!$A$16:$A$4963,0),COLUMN()))","v":3},{"$f":"IF(INDEX(generale!$A$16:$G$4963,MATCH(NGG!$A1450,generale!$A$16:$A$4963,0),COLUMN())=0,0,INDEX(generale!$A$16:$G$4963,MATCH(NGG!$A1450,generale!$A$16:$A$4963,0),COLUMN()))","v":2},{"$f":"IF(INDEX(generale!$A$16:$G$4963,MATCH(NGG!$A1450,generale!$A$16:$A$4963,0),COLUMN())=0,0,INDEX(generale!$A$16:$G$4963,MATCH(NGG!$A1450,generale!$A$16:$A$4963,0),COLUMN()))","v":5},{"$f":"generale!G1460","v":"T"},45,1,15,7,17,0,67,21,24,2,11,8,14,10,37,27,0,0,1,35,null,null,null,null,null,null,null,null,null,null,null,null,null,null,null,null,null,1,1,1,1,null,null,16]
[{"$f":"IF(generale!$A1466>0,generale!$A1466,\"\")","v":"2008-12-27"},{"$f":"IF(INDEX(generale!$A$16:$G$4963,MATCH(NGG!$A1456,generale!$A$16:$A$4963,0),COLUMN())=0,0,INDEX(generale!$A$16:$G$4963,MATCH(NGG!$A1456,generale!$A$16:$A$4963,0),COLUMN()))","v":16},{"$f":"IF(INDEX(generale!$A$16:$G$4963,MATCH(NGG!$A1456,generale!$A$16:$A$4963,0),COLUMN())=0,0,INDEX(generale!$A$16:$G$4963,MATCH(NGG!$A1456,generale!$A$16:$A$4963,0),COLUMN()))","v":6},{"$f":"IF(INDEX(generale!$A$16:$G$4963,MATCH(NGG!$A1456,generale!$A$16:$A$4963,0),COLUMN())=0,0,INDEX(generale!$A$16:$G$4963,MATCH(NGG!$A1456,generale!$A$16:$A$4963,0),COLUMN()))","v":5},{"$f":"IF(INDEX(generale!$A$16:$G$4963,MATCH(NGG!$A1456,generale!$A$16:$A$4963,0),COLUMN())=0,0,INDEX(generale!$A$16:$G$4963,MATCH(NGG!$A1456,generale!$A$16:$A$4963,0),COLUMN()))","v":9},{"$f":"IF(INDEX(generale!$A$16:$G$4963,MATCH(NGG!$A1456,generale!$A$16:$A$4963,0),COLUMN())=0,0,INDEX(generale!$A$16:$G$4963,MATCH(NGG!$A1456,generale!$A$16:$A$4963,0),COLUMN()))","v":17},{"$f":"generale!G1466","v":"T"},51,1,5,13,23,6,2,27,30,8,3,4,20,16,43,0,0,0,1,35,null,null,null,null,null,null,null,null,null,null,null,null,null,null,null,null,null,1,1,1,1,null,null,17]
[{"$f":"IF(generale!$A1478>0,generale!$A1478,\"\")","v":"2009-01-08"},{"$f":"IF(INDEX(generale!$A$16:$G$4963,MATCH(NGG!$A1468,generale!$A$16:$A$4963,0),COLUMN())=0,0,INDEX(generale!$A$16:$G$4963,MATCH(NGG!$A1468,generale!$A$16:$A$4963,0),COLUMN()))","v":11},{"$f":"IF(INDEX(generale!$A$16:$G$4963,MATCH(NGG!$A1468,generale!$A$16:$A$4963,0),COLUMN())=0,0,INDEX(generale!$A$16:$G$4963,MATCH(NGG!$A1468,generale!$A$16:$A$4963,0),COLUMN()))","v":1},{"$f":"IF(INDEX(generale!$A$16:$G$4963,MATCH(NGG!$A1468,generale!$A$16:$A$4963,0),COLUMN())=0,0,INDEX(generale!$A$16:$G$4963,MATCH(NGG!$A1468,generale!$A$16:$A$4963,0),COLUMN()))","v":8},{"$f":"IF(INDEX(generale!$A$16:$G$4963,MATCH(NGG!$A1468,generale!$A$16:$A$4963,0),COLUMN())=0,0,INDEX(generale!$A$16:$G$4963,MATCH(NGG!$A1468,generale!$A$16:$A$4963,0),COLUMN()))","v":15},{"$f":"IF(INDEX(generale!$A$16:$G$4963,MATCH(NGG!$A1468,generale!$A$16:$A$4963,0),COLUMN())=0,0,INDEX(generale!$A$16:$G$4963,MATCH(NGG!$A1468,generale!$A$16:$A$4963,0),COLUMN()))","v":4},{"$f":"generale!G1478","v":"T"},63,10,17,25,1,4,11,39,42,2,0,7,32,8,55,5,0,0,1,35,null,null,null,null,null,null,null,null,null,null,null,null,null,null,null,null,null,1,1,1,1,null,null,17]
[{"$f":"IF(generale!$A1481>0,generale!$A1481,\"\")","v":"2009-01-11"},{"$f":"IF(INDEX(generale!$A$16:$G$4963,MATCH(NGG!$A1471,generale!$A$16:$A$4963,0),COLUMN())=0,0,INDEX(generale!$A$16:$G$4963,MATCH(NGG!$A1471,generale!$A$16:$A$4963,0),COLUMN()))","v":8},{"$f":"IF(INDEX(generale!$A$16:$G$4963,MATCH(NGG!$A1471,generale!$A$16:$A$4963,0),COLUMN())=0,0,INDEX(generale!$A$16:$G$4963,MATCH(NGG!$A1471,generale!$A$16:$A$4963,0),COLUMN()))","v":7},{"$f":"IF(INDEX(generale!$A$16:$G$4963,MATCH(NGG!$A1471,generale!$A$16:$A$4963,0),COLUMN())=0,0,INDEX(generale!$A$16:$G$4963,MATCH(NGG!$A1471,generale!$A$16:$A$4963,0),COLUMN()))","v":13},{"$f":"IF(INDEX(generale!$A$16:$G$4963,MATCH(NGG!$A1471,generale!$A$16:$A$4963,0),COLUMN())=0,0,INDEX(generale!$A$16:$G$4963,MATCH(NGG!$A1471,generale!$A$16:$A$4963,0),COLUMN()))","v":4},{"$f":"IF(INDEX(generale!$A$16:$G$4963,MATCH(NGG!$A1471,generale!$A$16:$A$4963,0),COLUMN())=0,0,INDEX(generale!$A$16:$G$4963,MATCH(NGG!$A1471,generale!$A$16:$A$4963,0),COLUMN()))","v":6},{"$f":"generale!G1481","v":"T"},66,13,2,1,4,7,14,0,45,5,3,10,35,11,58,8,0,0,1,35,null,null,null,null,null,null,null,null,null,null,null,null,null,null,null,null,null,1,1,1,1,null,null,14]
[{"$f":"IF(generale!$A1496>0,generale!$A1496,\"\")","v":"2009-01-26"},{"$f":"IF(INDEX(generale!$A$16:$G$4963,MATCH(NGG!$A1486,generale!$A$16:$A$4963,0),COLUMN())=0,0,INDEX(generale!$A$16:$G$4963,MATCH(NGG!$A1486,generale!$A$16:$A$4963,0),COLUMN()))","v":15},{"$f":"IF(INDEX(generale!$A$16:$G$4963,MATCH(NGG!$A1486,generale!$A$16:$A$4963,0),COLUMN())=0,0,INDEX(generale!$A$16:$G$4963,MATCH(NGG!$A1486,generale!$A$16:$A$4963,0),COLUMN()))","v":18},{"$f":"IF(INDEX(generale!$A$16:$G$4963,MATCH(NGG!$A1486,generale!$A$16:$A$4963,0),COLUMN())=0,0,INDEX(generale!$A$16:$G$4963,MATCH(NGG!$A1486,generale!$A$16:$A$4963,0),COLUMN()))","v":17},{"$f":"IF(INDEX(generale!$A$16:$G$4963,MATCH(NGG!$A1486,generale!$A$16:$A$4963,0),COLUMN())=0,0,INDEX(generale!$A$16:$G$4963,MATCH(NGG!$A1486,generale!$A$16:$A$4963,0),COLUMN()))","v":13},{"$f":"IF(INDEX(generale!$A$16:$G$4963,MATCH(NGG!$A1486,generale!$A$16:$A$4963,0),COLUMN())=0,0,INDEX(generale!$A$16:$G$4963,MATCH(NGG!$A1486,generale!$A$16:$A$4963,0),COLUMN()))","v":11},{"$f":"generale!G1496","v":"T"},2,28,9,16,4,22,29,15,60,5,7,3,50,13,0,23,0,0,1,35,null,null,null,null,null,null,null,null,null,null,null,null,null,null,null,null,null,1,1,1,1,null,null,14]
[{"$f":"IF(generale!$A1499>0,generale!$A1499,\"\")","v":"2009-01-29"},{"$f":"IF(INDEX(generale!$A$16:$G$4963,MATCH(NGG!$A1489,generale!$A$16:$A$4963,0),COLUMN())=0,0,INDEX(generale!$A$16:$G$4963,MATCH(NGG!$A1489,generale!$A$16:$A$4963,0),COLUMN()))","v":16},{"$f":"IF(INDEX(generale!$A$16:$G$4963,MATCH(NGG!$A1489,generale!$A$16:$A$4963,0),COLUMN())=0,0,INDEX(generale!$A$16:$G$4963,MATCH(NGG!$A1489,generale!$A$16:$A$4963,0),COLUMN()))","v":4},{"$f":"IF(INDEX(generale!$A$16:$G$4963,MATCH(NGG!$A1489,generale!$A$16:$A$4963,0),COLUMN())=0,0,INDEX(generale!$A$16:$G$4963,MATCH(NGG!$A1489,generale!$A$16:$A$4963,0),COLUMN()))","v":6},{"$f":"IF(INDEX(generale!$A$16:$G$4963,MATCH(NGG!$A1489,generale!$A$16:$A$4963,0),COLUMN())=0,0,INDEX(generale!$A$16:$G$4963,MATCH(NGG!$A1489,generale!$A$16:$A$4963,0),COLUMN()))","v":1},{"$f":"IF(INDEX(generale!$A$16:$G$4963,MATCH(NGG!$A1489,generale!$A$16:$A$4963,0),COLUMN())=0,0,INDEX(generale!$A$16:$G$4963,MATCH(NGG!$A1489,generale!$A$16:$A$4963,0),COLUMN()))","v":7},{"$f":"generale!G1499","v":"T"},5,1,12,19,7,25,32,18,63,2,10,6,53,16,3,0,0,0,1,35,null,null,null,null,null,null,null,null,null,null,null,null,null,null,null,null,null,1,1,1,1,null,null,15]
[{"$f":"IF(generale!$A1510>0,generale!$A1510,\"\")","v":"2009-02-09"},{"$f":"IF(INDEX(generale!$A$16:$G$4963,MATCH(NGG!$A1500,generale!$A$16:$A$4963,0),COLUMN())=0,0,INDEX(generale!$A$16:$G$4963,MATCH(NGG!$A1500,generale!$A$16:$A$4963,0),COLUMN()))","v":9},{"$f":"IF(INDEX(generale!$A$16:$G$4963,MATCH(NGG!$A1500,generale!$A$16:$A$4963,0),COLUMN())=0,0,INDEX(generale!$A$16:$G$4963,MATCH(NGG!$A1500,generale!$A$16:$A$4963,0),COLUMN()))","v":8},{"$f":"IF(INDEX(generale!$A$16:$G$4963,MATCH(NGG!$A1500,generale!$A$16:$A$4963,0),COLUMN())=0,0,INDEX(generale!$A$16:$G$4963,MATCH(NGG!$A1500,generale!$A$16:$A$4963,0),COLUMN()))","v":11},{"$f":"IF(INDEX(generale!$A$16:$G$4963,MATCH(NGG!$A1500,generale!$A$16:$A$4963,0),COLUMN())=0,0,INDEX(generale!$A$16:$G$4963,MATCH(NGG!$A1500,generale!$A$16:$A$4963,0),COLUMN()))","v":7},{"$f":"IF(INDEX(generale!$A$16:$G$4963,MATCH(NGG!$A1500,generale!$A$16:$A$4963,0),COLUMN())=0,0,INDEX(generale!$A$16:$G$4963,MATCH(NGG!$A1500,generale!$A$16:$A$4963,0),COLUMN()))","v":1},{"$f":"generale!G1510","v":"T"},16,12,23,30,1,5,3,2,0,10,21,9,4,27,7,11,0,0,1,35,null,null,null,null,null,null,null,null,null,null,null,null,null,null,null,null,null,1,1,1,1,null,null,13]
[{"$f":"IF(generale!$A1517>0,generale!$A1517,\"\")","v":"2009-02-16"},{"$f":"IF(INDEX(generale!$A$16:$G$4963,MATCH(NGG!$A1507,generale!$A$16:$A$4963,0),COLUMN())=0,0,INDEX(generale!$A$16:$G$4963,MATCH(NGG!$A1507,generale!$A$16:$A$4963,0),COLUMN()))","v":10},{"$f":"IF(INDEX(generale!$A$16:$G$4963,MATCH(NGG!$A1507,generale!$A$16:$A$4963,0),COLUMN())=0,0,INDEX(generale!$A$16:$G$4963,MATCH(NGG!$A1507,generale!$A$16:$A$4963,0),COLUMN()))","v":17},{"$f":"IF(INDEX(generale!$A$16:$G$4963,MATCH(NGG!$A1507,generale!$A$16:$A$4963,0),COLUMN())=0,0,INDEX(generale!$A$16:$G$4963,MATCH(NGG!$A1507,generale!$A$16:$A$4963,0),COLUMN()))","v":8},{"$f":"IF(INDEX(generale!$A$16:$G$4963,MATCH(NGG!$A1507,generale!$A$16:$A$4963,0),COLUMN())=0,0,INDEX(generale!$A$16:$G$4963,MATCH(NGG!$A1507,generale!$A$16:$A$4963,0),COLUMN()))","v":14},{"$f":"IF(INDEX(generale!$A$16:$G$4963,MATCH(NGG!$A1507,generale!$A$16:$A$4963,0),COLUMN())=0,0,INDEX(generale!$A$16:$G$4963,MATCH(NGG!$A1507,generale!$A$16:$A$4963,0),COLUMN()))","v":11},{"$f":"generale!G1517","v":"T"},5,19,4,37,8,12,10,9,7,0,28,1,2,34,14,18,0,0,1,35,null,null,null,null,null,null,null,null,null,null,null,null,null,null,null,null,null,1,1,1,1,null,null,16]
[{"$f":"IF(generale!$A1529>0,generale!$A1529,\"\")","v":"2009-02-28"},{"$f":"IF(INDEX(generale!$A$16:$G$4963,MATCH(NGG!$A1519,generale!$A$16:$A$4963,0),COLUMN())=0,0,INDEX(generale!$A$16:$G$4963,MATCH(NGG!$A1519,generale!$A$16:$A$4963,0),COLUMN()))","v":11},{"$f":"IF(INDEX(generale!$A$16:$G$4963,MATCH(NGG!$A1519,generale!$A$16:$A$4963,0),COLUMN())=0,0,INDEX(generale!$A$16:$G$4963,MATCH(NGG!$A1519,generale!$A$16:$A$4963,0),COLUMN()))","v":13},{"$f":"IF(INDEX(generale!$A$16:$G$4963,MATCH(NGG!$A1519,generale!$A$16:$A$4963,0),COLUMN())=0,0,INDEX(generale!$A$16:$G$4963,MATCH(NGG!$A1519,generale!$A$16:$A$4963,0),COLUMN()))","v":6},{"$f":"IF(INDEX(generale!$A$16:$G$4963,MATCH(NGG!$A1519,generale!$A$16:$A$4963,0),COLUMN())=0,0,INDEX(generale!$A$16:$G$4963,MATCH(NGG!$A1519,generale!$A$16:$A$4963,0),COLUMN()))","v":5},{"$f":"IF(INDEX(generale!$A$16:$G$4963,MATCH(NGG!$A1519,generale!$A$16:$A$4963,0),COLUMN())=0,0,INDEX(generale!$A$16:$G$4963,MATCH(NGG!$A1519,generale!$A$16:$A$4963,0),COLUMN()))","v":1},{"$f":"generale!G1529","v":"T"},9,31,16,49,1,24,4,21,19,12,0,13,5,46,26,10,0,0,1,35,null,null,null,null,null,null,null,null,null,null,null,null,null,null,null,null,null,1,1,1,1,null,null,18]
[{"$f":"IF(generale!$A1539>0,generale!$A1539,\"\")","v":"2009-03-10"},{"$f":"IF(INDEX(generale!$A$16:$G$4963,MATCH(NGG!$A1529,generale!$A$16:$A$4963,0),COLUMN())=0,0,INDEX(generale!$A$16:$G$4963,MATCH(NGG!$A1529,generale!$A$16:$A$4963,0),COLUMN()))","v":9},{"$f":"IF(INDEX(generale!$A$16:$G$4963,MATCH(NGG!$A1529,generale!$A$16:$A$4963,0),COLUMN())=0,0,INDEX(generale!$A$16:$G$4963,MATCH(NGG!$A1529,generale!$A$16:$A$4963,0),COLUMN()))","v":11},{"$f":"IF(INDEX(generale!$A$16:$G$4963,MATCH(NGG!$A1529,generale!$A$16:$A$4963,0),COLUMN())=0,0,INDEX(generale!$A$16:$G$4963,MATCH(NGG!$A1529,generale!$A$16:$A$4963,0),COLUMN()))","v":10},{"$f":"IF(INDEX(generale!$A$16:$G$4963,MATCH(NGG!$A1529,generale!$A$16:$A$4963,0),COLUMN())=0,0,INDEX(generale!$A$16:$G$4963,MATCH(NGG!$A1529,generale!$A$16:$A$4963,0),COLUMN()))","v":3},{"$f":"IF(INDEX(generale!$A$16:$G$4963,MATCH(NGG!$A1529,generale!$A$16:$A$4963,0),COLUMN())=0,0,INDEX(generale!$A$16:$G$4963,MATCH(NGG!$A1529,generale!$A$16:$A$4963,0),COLUMN()))","v":5},{"$f":"generale!G1539","v":"P"},19,7,26,5,11,8,9,2,0,22,1,3,15,56,36,4,0,0,1,35,null,null,null,null,null,null,null,null,null,null,null,null,null,null,null,null,null,1,1,1,1,null,null,20]
[{"$f":"IF(generale!$A1547>0,generale!$A1547,\"\")","v":"2009-03-18"},{"$f":"IF(INDEX(generale!$A$16:$G$4963,MATCH(NGG!$A1537,generale!$A$16:$A$4963,0),COLUMN())=0,0,INDEX(generale!$A$16:$G$4963,MATCH(NGG!$A1537,generale!$A$16:$A$4963,0),COLUMN()))","v":9},{"$f":"IF(INDEX(generale!$A$16:$G$4963,MATCH(NGG!$A1537,generale!$A$16:$A$4963,0),COLUMN())=0,0,INDEX(generale!$A$16:$G$4963,MATCH(NGG!$A1537,generale!$A$16:$A$4963,0),COLUMN()))","v":14},{"$f":"IF(INDEX(generale!$A$16:$G$4963,MATCH(NGG!$A1537,generale!$A$16:$A$4963,0),COLUMN())=0,0,INDEX(generale!$A$16:$G$4963,MATCH(NGG!$A1537,generale!$A$16:$A$4963,0),COLUMN()))","v":1},{"$f":"IF(INDEX(generale!$A$16:$G$4963,MATCH(NGG!$A1537,generale!$A$16:$A$4963,0),COLUMN())=0,0,INDEX(generale!$A$16:$G$4963,MATCH(NGG!$A1537,generale!$A$16:$A$4963,0),COLUMN()))","v":2},{"$f":"IF(INDEX(generale!$A$16:$G$4963,MATCH(NGG!$A1537,generale!$A$16:$A$4963,0),COLUMN())=0,0,INDEX(generale!$A$16:$G$4963,MATCH(NGG!$A1537,generale!$A$16:$A$4963,0),COLUMN()))","v":5},{"$f":"generale!G1547","v":"T"},3,15,2,13,19,1,17,10,0,30,9,11,23,64,5,12,0,0,1,35,null,null,null,null,null,null,null,null,null,null,null,null,null,null,null,null,null,1,1,1,1,null,null,16]
[{"$f":"IF(generale!$A1550>0,generale!$A1550,\"\")","v":"2009-03-21"},{"$f":"IF(INDEX(generale!$A$16:$G$4963,MATCH(NGG!$A1540,generale!$A$16:$A$4963,0),COLUMN())=0,0,INDEX(generale!$A$16:$G$4963,MATCH(NGG!$A1540,generale!$A$16:$A$4963,0),COLUMN()))","v":5},{"$f":"IF(INDEX(generale!$A$16:$G$4963,MATCH(NGG!$A1540,generale!$A$16:$A$4963,0),COLUMN())=0,0,INDEX(generale!$A$16:$G$4963,MATCH(NGG!$A1540,generale!$A$16:$A$4963,0),COLUMN()))","v":14},{"$f":"IF(INDEX(generale!$A$16:$G$4963,MATCH(NGG!$A1540,generale!$A$16:$A$4963,0),COLUMN())=0,0,INDEX(generale!$A$16:$G$4963,MATCH(NGG!$A1540,generale!$A$16:$A$4963,0),COLUMN()))","v":2},{"$f":"IF(INDEX(generale!$A$16:$G$4963,MATCH(NGG!$A1540,generale!$A$16:$A$4963,0),COLUMN())=0,0,INDEX(generale!$A$16:$G$4963,MATCH(NGG!$A1540,generale!$A$16:$A$4963,0),COLUMN()))","v":3},{"$f":"IF(INDEX(generale!$A$16:$G$4963,MATCH(NGG!$A1540,generale!$A$16:$A$4963,0),COLUMN())=0,0,INDEX(generale!$A$16:$G$4963,MATCH(NGG!$A1540,generale!$A$16:$A$4963,0),COLUMN()))","v":7},{"$f":"generale!G1550","v":"T"},6,18,5,16,0,4,20,13,3,2,12,14,26,1,8,15,0,0,1,35,null,null,null,null,null,null,null,null,null,null,null,null,null,null,null,null,null,1,1,1,1,null,null,16]
[{"$f":"IF(generale!$A1560>0,generale!$A1560,\"\")","v":"2009-03-31"},{"$f":"IF(INDEX(generale!$A$16:$G$4963,MATCH(NGG!$A1550,generale!$A$16:$A$4963,0),COLUMN())=0,0,INDEX(generale!$A$16:$G$4963,MATCH(NGG!$A1550,generale!$A$16:$A$4963,0),COLUMN()))","v":8},{"$f":"IF(INDEX(generale!$A$16:$G$4963,MATCH(NGG!$A1550,generale!$A$16:$A$4963,0),COLUMN())=0,0,INDEX(generale!$A$16:$G$4963,MATCH(NGG!$A1550,generale!$A$16:$A$4963,0),COLUMN()))","v":3},{"$f":"IF(INDEX(generale!$A$16:$G$4963,MATCH(NGG!$A1550,generale!$A$16:$A$4963,0),COLUMN())=0,0,INDEX(generale!$A$16:$G$4963,MATCH(NGG!$A1550,generale!$A$16:$A$4963,0),COLUMN()))","v":4},{"$f":"IF(INDEX(generale!$A$16:$G$4963,MATCH(NGG!$A1550,generale!$A$16:$A$4963,0),COLUMN())=0,0,INDEX(generale!$A$16:$G$4963,MATCH(NGG!$A1550,generale!$A$16:$A$4963,0),COLUMN()))","v":6},{"$f":"IF(INDEX(generale!$A$16:$G$4963,MATCH(NGG!$A1550,generale!$A$16:$A$4963,0),COLUMN())=0,0,INDEX(generale!$A$16:$G$4963,MATCH(NGG!$A1550,generale!$A$16:$A$4963,0),COLUMN()))","v":18},{"$f":"generale!G1560","v":"O"},16,28,1,26,10,14,30,0,2,12,22,5,36,11,3,25,0,0,1,35,null,null,null,null,null,null,null,null,null,null,null,null,null,null,null,null,null,1,1,1,1,null,null,18]
[{"$f":"IF(generale!$A1568>0,generale!$A1568,\"\")","v":"2009-04-08"},{"$f":"IF(INDEX(generale!$A$16:$G$4963,MATCH(NGG!$A1558,generale!$A$16:$A$4963,0),COLUMN())=0,0,INDEX(generale!$A$16:$G$4963,MATCH(NGG!$A1558,generale!$A$16:$A$4963,0),COLUMN()))","v":4},{"$f":"IF(INDEX(generale!$A$16:$G$4963,MATCH(NGG!$A1558,generale!$A$16:$A$4963,0),COLUMN())=0,0,INDEX(generale!$A$16:$G$4963,MATCH(NGG!$A1558,generale!$A$16:$A$4963,0),COLUMN()))","v":6},{"$f":"IF(INDEX(generale!$A$16:$G$4963,MATCH(NGG!$A1558,generale!$A$16:$A$4963,0),COLUMN())=0,0,INDEX(generale!$A$16:$G$4963,MATCH(NGG!$A1558,generale!$A$16:$A$4963,0),COLUMN()))","v":2},{"$f":"IF(INDEX(generale!$A$16:$G$4963,MATCH(NGG!$A1558,generale!$A$16:$A$4963,0),COLUMN())=0,0,INDEX(generale!$A$16:$G$4963,MATCH(NGG!$A1558,generale!$A$16:$A$4963,0),COLUMN()))","v":7},{"$f":"IF(INDEX(generale!$A$16:$G$4963,MATCH(NGG!$A1558,generale!$A$16:$A$4963,0),COLUMN())=0,0,INDEX(generale!$A$16:$G$4963,MATCH(NGG!$A1558,generale!$A$16:$A$4963,0),COLUMN()))","v":5},{"$f":"generale!G1568","v":"T"},24,36,9,0,4,22,38,8,3,5,6,13,44,19,11,1,0,0,1,35,null,null,null,null,null,null,null,null,null,null,null,null,null,null,null,null,null,1,1,1,1,null,null,18]
[{"$f":"IF(generale!$A1580>0,generale!$A1580,\"\")","v":"2009-04-20"},{"$f":"IF(INDEX(generale!$A$16:$G$4963,MATCH(NGG!$A1570,generale!$A$16:$A$4963,0),COLUMN())=0,0,INDEX(generale!$A$16:$G$4963,MATCH(NGG!$A1570,generale!$A$16:$A$4963,0),COLUMN()))","v":12},{"$f":"IF(INDEX(generale!$A$16:$G$4963,MATCH(NGG!$A1570,generale!$A$16:$A$4963,0),COLUMN())=0,0,INDEX(generale!$A$16:$G$4963,MATCH(NGG!$A1570,generale!$A$16:$A$4963,0),COLUMN()))","v":6},{"$f":"IF(INDEX(generale!$A$16:$G$4963,MATCH(NGG!$A1570,generale!$A$16:$A$4963,0),COLUMN())=0,0,INDEX(generale!$A$16:$G$4963,MATCH(NGG!$A1570,generale!$A$16:$A$4963,0),COLUMN()))","v":2},{"$f":"IF(INDEX(generale!$A$16:$G$4963,MATCH(NGG!$A1570,generale!$A$16:$A$4963,0),COLUMN())=0,0,INDEX(generale!$A$16:$G$4963,MATCH(NGG!$A1570,generale!$A$16:$A$4963,0),COLUMN()))","v":16},{"$f":"IF(INDEX(generale!$A$16:$G$4963,MATCH(NGG!$A1570,generale!$A$16:$A$4963,0),COLUMN())=0,0,INDEX(generale!$A$16:$G$4963,MATCH(NGG!$A1570,generale!$A$16:$A$4963,0),COLUMN()))","v":8},{"$f":"generale!G1580","v":"P"},36,48,1,10,2,34,11,8,9,3,5,0,56,31,23,7,0,0,1,35,null,null,null,null,null,null,null,null,null,null,null,null,null,null,null,null,null,1,1,1,1,null,null,15]
[{"$f":"IF(generale!$A1589>0,generale!$A1589,\"\")","v":"2009-04-29"},{"$f":"IF(INDEX(generale!$A$16:$G$4963,MATCH(NGG!$A1579,generale!$A$16:$A$4963,0),COLUMN())=0,0,INDEX(generale!$A$16:$G$4963,MATCH(NGG!$A1579,generale!$A$16:$A$4963,0),COLUMN()))","v":7},{"$f":"IF(INDEX(generale!$A$16:$G$4963,MATCH(NGG!$A1579,generale!$A$16:$A$4963,0),COLUMN())=0,0,INDEX(generale!$A$16:$G$4963,MATCH(NGG!$A1579,generale!$A$16:$A$4963,0),COLUMN()))","v":17},{"$f":"IF(INDEX(generale!$A$16:$G$4963,MATCH(NGG!$A1579,generale!$A$16:$A$4963,0),COLUMN())=0,0,INDEX(generale!$A$16:$G$4963,MATCH(NGG!$A1579,generale!$A$16:$A$4963,0),COLUMN()))","v":16},{"$f":"IF(INDEX(generale!$A$16:$G$4963,MATCH(NGG!$A1579,generale!$A$16:$A$4963,0),COLUMN())=0,0,INDEX(generale!$A$16:$G$4963,MATCH(NGG!$A1579,generale!$A$16:$A$4963,0),COLUMN()))","v":12},{"$f":"IF(INDEX(generale!$A$16:$G$4963,MATCH(NGG!$A1579,generale!$A$16:$A$4963,0),COLUMN())=0,0,INDEX(generale!$A$16:$G$4963,MATCH(NGG!$A1579,generale!$A$16:$A$4963,0),COLUMN()))","v":10},{"$f":"generale!G1589","v":"T"},45,57,10,5,1,43,0,4,18,12,2,9,65,6,32,16,0,0,1,35,null,null,null,null,null,null,null,null,null,null,null,null,null,null,null,null,null,1,1,1,1,null,null,16]
[{"$f":"IF(generale!$A1598>0,generale!$A1598,\"\")","v":"2009-05-08"},{"$f":"IF(INDEX(generale!$A$16:$G$4963,MATCH(NGG!$A1588,generale!$A$16:$A$4963,0),COLUMN())=0,0,INDEX(generale!$A$16:$G$4963,MATCH(NGG!$A1588,generale!$A$16:$A$4963,0),COLUMN()))","v":4},{"$f":"IF(INDEX(generale!$A$16:$G$4963,MATCH(NGG!$A1588,generale!$A$16:$A$4963,0),COLUMN())=0,0,INDEX(generale!$A$16:$G$4963,MATCH(NGG!$A1588,generale!$A$16:$A$4963,0),COLUMN()))","v":2},{"$f":"IF(INDEX(generale!$A$16:$G$4963,MATCH(NGG!$A1588,generale!$A$16:$A$4963,0),COLUMN())=0,0,INDEX(generale!$A$16:$G$4963,MATCH(NGG!$A1588,generale!$A$16:$A$4963,0),COLUMN()))","v":6},{"$f":"IF(INDEX(generale!$A$16:$G$4963,MATCH(NGG!$A1588,generale!$A$16:$A$4963,0),COLUMN())=0,0,INDEX(generale!$A$16:$G$4963,MATCH(NGG!$A1588,generale!$A$16:$A$4963,0),COLUMN()))","v":17},{"$f":"IF(INDEX(generale!$A$16:$G$4963,MATCH(NGG!$A1588,generale!$A$16:$A$4963,0),COLUMN())=0,0,INDEX(generale!$A$16:$G$4963,MATCH(NGG!$A1588,generale!$A$16:$A$4963,0),COLUMN()))","v":1},{"$f":"generale!G1598","v":"P"},8,1,19,0,2,52,9,13,7,21,11,5,74,3,41,4,0,0,1,35,null,null,null,null,null,null,null,null,null,null,null,null,null,null,null,null,null,1,1,1,1,null,null,14]
[{"$f":"IF(generale!$A1605>0,generale!$A1605,\"\")","v":"2009-05-15"},{"$f":"IF(INDEX(generale!$A$16:$G$4963,MATCH(NGG!$A1595,generale!$A$16:$A$4963,0),COLUMN())=0,0,INDEX(generale!$A$16:$G$4963,MATCH(NGG!$A1595,generale!$A$16:$A$4963,0),COLUMN()))","v":15},{"$f":"IF(INDEX(generale!$A$16:$G$4963,MATCH(NGG!$A1595,generale!$A$16:$A$4963,0),COLUMN())=0,0,INDEX(generale!$A$16:$G$4963,MATCH(NGG!$A1595,generale!$A$16:$A$4963,0),COLUMN()))","v":7},{"$f":"IF(INDEX(generale!$A$16:$G$4963,MATCH(NGG!$A1595,generale!$A$16:$A$4963,0),COLUMN())=0,0,INDEX(generale!$A$16:$G$4963,MATCH(NGG!$A1595,generale!$A$16:$A$4963,0),COLUMN()))","v":10},{"$f":"IF(INDEX(generale!$A$16:$G$4963,MATCH(NGG!$A1595,generale!$A$16:$A$4963,0),COLUMN())=0,0,INDEX(generale!$A$16:$G$4963,MATCH(NGG!$A1595,generale!$A$16:$A$4963,0),COLUMN()))","v":8},{"$f":"IF(INDEX(generale!$A$16:$G$4963,MATCH(NGG!$A1595,generale!$A$16:$A$4963,0),COLUMN())=0,0,INDEX(generale!$A$16:$G$4963,MATCH(NGG!$A1595,generale!$A$16:$A$4963,0),COLUMN()))","v":13},{"$f":"generale!G1605","v":"T"},15,3,26,5,9,59,4,2,14,28,18,6,81,10,0,1,0,0,1,35,null,null,null,null,null,null,null,null,null,null,null,null,null,null,null,null,null,1,1,1,1,null,null,15]
[{"$f":"IF(generale!$A1610>0,generale!$A1610,\"\")","v":"2009-05-20"},{"$f":"IF(INDEX(generale!$A$16:$G$4963,MATCH(NGG!$A1600,generale!$A$16:$A$4963,0),COLUMN())=0,0,INDEX(generale!$A$16:$G$4963,MATCH(NGG!$A1600,generale!$A$16:$A$4963,0),COLUMN()))","v":1},{"$f":"IF(INDEX(generale!$A$16:$G$4963,MATCH(NGG!$A1600,generale!$A$16:$A$4963,0),COLUMN())=0,0,INDEX(generale!$A$16:$G$4963,MATCH(NGG!$A1600,generale!$A$16:$A$4963,0),COLUMN()))","v":7},{"$f":"IF(INDEX(generale!$A$16:$G$4963,MATCH(NGG!$A1600,generale!$A$16:$A$4963,0),COLUMN())=0,0,INDEX(generale!$A$16:$G$4963,MATCH(NGG!$A1600,generale!$A$16:$A$4963,0),COLUMN()))","v":2},{"$f":"IF(INDEX(generale!$A$16:$G$4963,MATCH(NGG!$A1600,generale!$A$16:$A$4963,0),COLUMN())=0,0,INDEX(generale!$A$16:$G$4963,MATCH(NGG!$A1600,generale!$A$16:$A$4963,0),COLUMN()))","v":5},{"$f":"IF(INDEX(generale!$A$16:$G$4963,MATCH(NGG!$A1600,generale!$A$16:$A$4963,0),COLUMN())=0,0,INDEX(generale!$A$16:$G$4963,MATCH(NGG!$A1600,generale!$A$16:$A$4963,0),COLUMN()))","v":13},{"$f":"generale!G1610","v":"T"},0,8,31,2,14,64,1,7,19,4,23,11,86,3,5,6,0,0,1,35,null,null,null,null,null,null,null,null,null,null,null,null,null,null,null,null,null,1,1,1,1,null,null,17]
[{"$f":"IF(generale!$A1619>0,generale!$A1619,\"\")","v":"2009-05-29"},{"$f":"IF(INDEX(generale!$A$16:$G$4963,MATCH(NGG!$A1609,generale!$A$16:$A$4963,0),COLUMN())=0,0,INDEX(generale!$A$16:$G$4963,MATCH(NGG!$A1609,generale!$A$16:$A$4963,0),COLUMN()))","v":7},{"$f":"IF(INDEX(generale!$A$16:$G$4963,MATCH(NGG!$A1609,generale!$A$16:$A$4963,0),COLUMN())=0,0,INDEX(generale!$A$16:$G$4963,MATCH(NGG!$A1609,generale!$A$16:$A$4963,0),COLUMN()))","v":14},{"$f":"IF(INDEX(generale!$A$16:$G$4963,MATCH(NGG!$A1609,generale!$A$16:$A$4963,0),COLUMN())=0,0,INDEX(generale!$A$16:$G$4963,MATCH(NGG!$A1609,generale!$A$16:$A$4963,0),COLUMN()))","v":3},{"$f":"IF(INDEX(generale!$A$16:$G$4963,MATCH(NGG!$A1609,generale!$A$16:$A$4963,0),COLUMN())=0,0,INDEX(generale!$A$16:$G$4963,MATCH(NGG!$A1609,generale!$A$16:$A$4963,0),COLUMN()))","v":8},{"$f":"IF(INDEX(generale!$A$16:$G$4963,MATCH(NGG!$A1609,generale!$A$16:$A$4963,0),COLUMN())=0,0,INDEX(generale!$A$16:$G$4963,MATCH(NGG!$A1609,generale!$A$16:$A$4963,0),COLUMN()))","v":10},{"$f":"generale!G1619","v":"T"},9,17,6,11,23,73,0,16,5,4,2,20,1,12,14,15,0,0,1,35,null,null,null,null,null,null,null,null,null,null,null,null,null,null,null,null,null,1,1,1,1,null,null,16]
[{"$f":"IF(generale!$A1635>0,generale!$A1635,\"\")","v":"2009-06-14"},{"$f":"IF(INDEX(generale!$A$16:$G$4963,MATCH(NGG!$A1625,generale!$A$16:$A$4963,0),COLUMN())=0,0,INDEX(generale!$A$16:$G$4963,MATCH(NGG!$A1625,generale!$A$16:$A$4963,0),COLUMN()))","v":12},{"$f":"IF(INDEX(generale!$A$16:$G$4963,MATCH(NGG!$A1625,generale!$A$16:$A$4963,0),COLUMN())=0,0,INDEX(generale!$A$16:$G$4963,MATCH(NGG!$A1625,generale!$A$16:$A$4963,0),COLUMN()))","v":9},{"$f":"IF(INDEX(generale!$A$16:$G$4963,MATCH(NGG!$A1625,generale!$A$16:$A$4963,0),COLUMN())=0,0,INDEX(generale!$A$16:$G$4963,MATCH(NGG!$A1625,generale!$A$16:$A$4963,0),COLUMN()))","v":14},{"$f":"IF(INDEX(generale!$A$16:$G$4963,MATCH(NGG!$A1625,generale!$A$16:$A$4963,0),COLUMN())=0,0,INDEX(generale!$A$16:$G$4963,MATCH(NGG!$A1625,generale!$A$16:$A$4963,0),COLUMN()))","v":4},{"$f":"IF(INDEX(generale!$A$16:$G$4963,MATCH(NGG!$A1625,generale!$A$16:$A$4963,0),COLUMN())=0,0,INDEX(generale!$A$16:$G$4963,MATCH(NGG!$A1625,generale!$A$16:$A$4963,0),COLUMN()))","v":13},{"$f":"generale!G1635","v":"P"},25,7,10,11,39,89,1,15,21,20,4,0,3,28,30,31,0,0,1,35,null,null,null,null,null,null,null,null,null,null,null,null,null,null,null,null,null,1,1,1,1,null,null,15]
[{"$f":"IF(generale!$A1639>0,generale!$A1639,\"\")","v":"2009-06-18"},{"$f":"IF(INDEX(generale!$A$16:$G$4963,MATCH(NGG!$A1629,generale!$A$16:$A$4963,0),COLUMN())=0,0,INDEX(generale!$A$16:$G$4963,MATCH(NGG!$A1629,generale!$A$16:$A$4963,0),COLUMN()))","v":2},{"$f":"IF(INDEX(generale!$A$16:$G$4963,MATCH(NGG!$A1629,generale!$A$16:$A$4963,0),COLUMN())=0,0,INDEX(generale!$A$16:$G$4963,MATCH(NGG!$A1629,generale!$A$16:$A$4963,0),COLUMN()))","v":4},{"$f":"IF(INDEX(generale!$A$16:$G$4963,MATCH(NGG!$A1629,generale!$A$16:$A$4963,0),COLUMN())=0,0,INDEX(generale!$A$16:$G$4963,MATCH(NGG!$A1629,generale!$A$16:$A$4963,0),COLUMN()))","v":17},{"$f":"IF(INDEX(generale!$A$16:$G$4963,MATCH(NGG!$A1629,generale!$A$16:$A$4963,0),COLUMN())=0,0,INDEX(generale!$A$16:$G$4963,MATCH(NGG!$A1629,generale!$A$16:$A$4963,0),COLUMN()))","v":18},{"$f":"IF(INDEX(generale!$A$16:$G$4963,MATCH(NGG!$A1629,generale!$A$16:$A$4963,0),COLUMN())=0,0,INDEX(generale!$A$16:$G$4963,MATCH(NGG!$A1629,generale!$A$16:$A$4963,0),COLUMN()))","v":14},{"$f":"generale!G1639","v":"P"},3,0,14,15,43,1,2,19,25,24,8,4,7,32,34,35,0,0,1,35,null,null,null,null,null,null,null,null,null,null,null,null,null,null,null,null,null,1,1,1,1,null,null,16]
[{"$f":"IF(generale!$A1644>0,generale!$A1644,\"\")","v":"2009-06-23"},{"$f":"IF(INDEX(generale!$A$16:$G$4963,MATCH(NGG!$A1634,generale!$A$16:$A$4963,0),COLUMN())=0,0,INDEX(generale!$A$16:$G$4963,MATCH(NGG!$A1634,generale!$A$16:$A$4963,0),COLUMN()))","v":9},{"$f":"IF(INDEX(generale!$A$16:$G$4963,MATCH(NGG!$A1634,generale!$A$16:$A$4963,0),COLUMN())=0,0,INDEX(generale!$A$16:$G$4963,MATCH(NGG!$A1634,generale!$A$16:$A$4963,0),COLUMN()))","v":15},{"$f":"IF(INDEX(generale!$A$16:$G$4963,MATCH(NGG!$A1634,generale!$A$16:$A$4963,0),COLUMN())=0,0,INDEX(generale!$A$16:$G$4963,MATCH(NGG!$A1634,generale!$A$16:$A$4963,0),COLUMN()))","v":3},{"$f":"IF(INDEX(generale!$A$16:$G$4963,MATCH(NGG!$A1634,generale!$A$16:$A$4963,0),COLUMN())=0,0,INDEX(generale!$A$16:$G$4963,MATCH(NGG!$A1634,generale!$A$16:$A$4963,0),COLUMN()))","v":18},{"$f":"IF(INDEX(generale!$A$16:$G$4963,MATCH(NGG!$A1634,generale!$A$16:$A$4963,0),COLUMN())=0,0,INDEX(generale!$A$16:$G$4963,MATCH(NGG!$A1634,generale!$A$16:$A$4963,0),COLUMN()))","v":5},{"$f":"generale!G1644","v":"P"},8,5,19,1,48,6,7,4,0,29,13,9,12,37,39,40,0,0,1,35,null,null,null,null,null,null,null,null,null,null,null,null,null,null,null,null,null,1,1,1,1,null,null,18]
[{"$f":"IF(generale!$A1658>0,generale!$A1658,\"\")","v":"2009-07-07"},{"$f":"IF(INDEX(generale!$A$16:$G$4963,MATCH(NGG!$A1648,generale!$A$16:$A$4963,0),COLUMN())=0,0,INDEX(generale!$A$16:$G$4963,MATCH(NGG!$A1648,generale!$A$16:$A$4963,0),COLUMN()))","v":4},{"$f":"IF(INDEX(generale!$A$16:$G$4963,MATCH(NGG!$A1648,generale!$A$16:$A$4963,0),COLUMN())=0,0,INDEX(generale!$A$16:$G$4963,MATCH(NGG!$A1648,generale!$A$16:$A$4963,0),COLUMN()))","v":16},{"$f":"IF(INDEX(generale!$A$16:$G$4963,MATCH(NGG!$A1648,generale!$A$16:$A$4963,0),COLUMN())=0,0,INDEX(generale!$A$16:$G$4963,MATCH(NGG!$A1648,generale!$A$16:$A$4963,0),COLUMN()))","v":1},{"$f":"IF(INDEX(generale!$A$16:$G$4963,MATCH(NGG!$A1648,generale!$A$16:$A$4963,0),COLUMN())=0,0,INDEX(generale!$A$16:$G$4963,MATCH(NGG!$A1648,generale!$A$16:$A$4963,0),COLUMN()))","v":3},{"$f":"IF(INDEX(generale!$A$16:$G$4963,MATCH(NGG!$A1648,generale!$A$16:$A$4963,0),COLUMN())=0,0,INDEX(generale!$A$16:$G$4963,MATCH(NGG!$A1648,generale!$A$16:$A$4963,0),COLUMN()))","v":14},{"$f":"generale!G1658","v":"O"},9,19,33,0,5,4,21,18,3,2,7,23,8,10,53,12,0,0,1,35,null,null,null,null,null,null,null,null,null,null,null,null,null,null,null,null,null,1,1,1,1,null,null,18]
[{"$f":"IF(generale!$A1667>0,generale!$A1667,\"\")","v":"2009-07-16"},{"$f":"IF(INDEX(generale!$A$16:$G$4963,MATCH(NGG!$A1657,generale!$A$16:$A$4963,0),COLUMN())=0,0,INDEX(generale!$A$16:$G$4963,MATCH(NGG!$A1657,generale!$A$16:$A$4963,0),COLUMN()))","v":15},{"$f":"IF(INDEX(generale!$A$16:$G$4963,MATCH(NGG!$A1657,generale!$A$16:$A$4963,0),COLUMN())=0,0,INDEX(generale!$A$16:$G$4963,MATCH(NGG!$A1657,generale!$A$16:$A$4963,0),COLUMN()))","v":14},{"$f":"IF(INDEX(generale!$A$16:$G$4963,MATCH(NGG!$A1657,generale!$A$16:$A$4963,0),COLUMN())=0,0,INDEX(generale!$A$16:$G$4963,MATCH(NGG!$A1657,generale!$A$16:$A$4963,0),COLUMN()))","v":4},{"$f":"IF(INDEX(generale!$A$16:$G$4963,MATCH(NGG!$A1657,generale!$A$16:$A$4963,0),COLUMN())=0,0,INDEX(generale!$A$16:$G$4963,MATCH(NGG!$A1657,generale!$A$16:$A$4963,0),COLUMN()))","v":8},{"$f":"IF(INDEX(generale!$A$16:$G$4963,MATCH(NGG!$A1657,generale!$A$16:$A$4963,0),COLUMN())=0,0,INDEX(generale!$A$16:$G$4963,MATCH(NGG!$A1657,generale!$A$16:$A$4963,0),COLUMN()))","v":16},{"$f":"generale!G1667","v":"P"},18,6,5,9,14,13,30,27,8,11,16,3,1,19,0,2,0,0,1,35,null,null,null,null,null,null,null,null,null,null,null,null,null,null,null,null,null,1,1,1,1,null,null,15]
[{"$f":"IF(generale!$A1674>0,generale!$A1674,\"\")","v":"2009-07-23"},{"$f":"IF(INDEX(generale!$A$16:$G$4963,MATCH(NGG!$A1664,generale!$A$16:$A$4963,0),COLUMN())=0,0,INDEX(generale!$A$16:$G$4963,MATCH(NGG!$A1664,generale!$A$16:$A$4963,0),COLUMN()))","v":9},{"$f":"IF(INDEX(generale!$A$16:$G$4963,MATCH(NGG!$A1664,generale!$A$16:$A$4963,0),COLUMN())=0,0,INDEX(generale!$A$16:$G$4963,MATCH(NGG!$A1664,generale!$A$16:$A$4963,0),COLUMN()))","v":5},{"$f":"IF(INDEX(generale!$A$16:$G$4963,MATCH(NGG!$A1664,generale!$A$16:$A$4963,0),COLUMN())=0,0,INDEX(generale!$A$16:$G$4963,MATCH(NGG!$A1664,generale!$A$16:$A$4963,0),COLUMN()))","v":18},{"$f":"IF(INDEX(generale!$A$16:$G$4963,MATCH(NGG!$A1664,generale!$A$16:$A$4963,0),COLUMN())=0,0,INDEX(generale!$A$16:$G$4963,MATCH(NGG!$A1664,generale!$A$16:$A$4963,0),COLUMN()))","v":11},{"$f":"IF(INDEX(generale!$A$16:$G$4963,MATCH(NGG!$A1664,generale!$A$16:$A$4963,0),COLUMN())=0,0,INDEX(generale!$A$16:$G$4963,MATCH(NGG!$A1664,generale!$A$16:$A$4963,0),COLUMN()))","v":10},{"$f":"generale!G1674","v":"P"},25,1,5,4,6,20,37,34,0,3,2,10,8,26,7,9,0,0,1,35,null,null,null,null,null,null,null,null,null,null,null,null,null,null,null,null,null,1,1,1,1,null,null,15]
[{"$f":"IF(generale!$A1679>0,generale!$A1679,\"\")","v":"2009-07-28"},{"$f":"IF(INDEX(generale!$A$16:$G$4963,MATCH(NGG!$A1669,generale!$A$16:$A$4963,0),COLUMN())=0,0,INDEX(generale!$A$16:$G$4963,MATCH(NGG!$A1669,generale!$A$16:$A$4963,0),COLUMN()))","v":12},{"$f":"IF(INDEX(generale!$A$16:$G$4963,MATCH(NGG!$A1669,generale!$A$16:$A$4963,0),COLUMN())=0,0,INDEX(generale!$A$16:$G$4963,MATCH(NGG!$A1669,generale!$A$16:$A$4963,0),COLUMN()))","v":16},{"$f":"IF(INDEX(generale!$A$16:$G$4963,MATCH(NGG!$A1669,generale!$A$16:$A$4963,0),COLUMN())=0,0,INDEX(generale!$A$16:$G$4963,MATCH(NGG!$A1669,generale!$A$16:$A$4963,0),COLUMN()))","v":10},{"$f":"IF(INDEX(generale!$A$16:$G$4963,MATCH(NGG!$A1669,generale!$A$16:$A$4963,0),COLUMN())=0,0,INDEX(generale!$A$16:$G$4963,MATCH(NGG!$A1669,generale!$A$16:$A$4963,0),COLUMN()))","v":11},{"$f":"IF(INDEX(generale!$A$16:$G$4963,MATCH(NGG!$A1669,generale!$A$16:$A$4963,0),COLUMN())=0,0,INDEX(generale!$A$16:$G$4963,MATCH(NGG!$A1669,generale!$A$16:$A$4963,0),COLUMN()))","v":7},{"$f":"generale!G1679","v":"P"},30,6,10,2,3,25,4,39,5,8,7,0,13,1,12,14,0,0,1,35,null,null,null,null,null,null,null,null,null,null,null,null,null,null,null,null,null,1,1,1,1,null,null,16]
[{"$f":"IF(generale!$A1688>0,generale!$A1688,\"\")","v":"2009-08-06"},{"$f":"IF(INDEX(generale!$A$16:$G$4963,MATCH(NGG!$A1678,generale!$A$16:$A$4963,0),COLUMN())=0,0,INDEX(generale!$A$16:$G$4963,MATCH(NGG!$A1678,generale!$A$16:$A$4963,0),COLUMN()))","v":4},{"$f":"IF(INDEX(generale!$A$16:$G$4963,MATCH(NGG!$A1678,generale!$A$16:$A$4963,0),COLUMN())=0,0,INDEX(generale!$A$16:$G$4963,MATCH(NGG!$A1678,generale!$A$16:$A$4963,0),COLUMN()))","v":3},{"$f":"IF(INDEX(generale!$A$16:$G$4963,MATCH(NGG!$A1678,generale!$A$16:$A$4963,0),COLUMN())=0,0,INDEX(generale!$A$16:$G$4963,MATCH(NGG!$A1678,generale!$A$16:$A$4963,0),COLUMN()))","v":10},{"$f":"IF(INDEX(generale!$A$16:$G$4963,MATCH(NGG!$A1678,generale!$A$16:$A$4963,0),COLUMN())=0,0,INDEX(generale!$A$16:$G$4963,MATCH(NGG!$A1678,generale!$A$16:$A$4963,0),COLUMN()))","v":15},{"$f":"IF(INDEX(generale!$A$16:$G$4963,MATCH(NGG!$A1678,generale!$A$16:$A$4963,0),COLUMN())=0,0,INDEX(generale!$A$16:$G$4963,MATCH(NGG!$A1678,generale!$A$16:$A$4963,0),COLUMN()))","v":13},{"$f":"generale!G1688","v":"T"},39,15,8,0,6,4,7,2,14,5,16,3,1,10,21,23,0,0,1,35,null,null,null,null,null,null,null,null,null,null,null,null,null,null,null,null,null,1,1,1,1,null,null,18]
[{"$f":"IF(generale!$A1704>0,generale!$A1704,\"\")","v":"2009-08-22"},{"$f":"IF(INDEX(generale!$A$16:$G$4963,MATCH(NGG!$A1694,generale!$A$16:$A$4963,0),COLUMN())=0,0,INDEX(generale!$A$16:$G$4963,MATCH(NGG!$A1694,generale!$A$16:$A$4963,0),COLUMN()))","v":11},{"$f":"IF(INDEX(generale!$A$16:$G$4963,MATCH(NGG!$A1694,generale!$A$16:$A$4963,0),COLUMN())=0,0,INDEX(generale!$A$16:$G$4963,MATCH(NGG!$A1694,generale!$A$16:$A$4963,0),COLUMN()))","v":4},{"$f":"IF(INDEX(generale!$A$16:$G$4963,MATCH(NGG!$A1694,generale!$A$16:$A$4963,0),COLUMN())=0,0,INDEX(generale!$A$16:$G$4963,MATCH(NGG!$A1694,generale!$A$16:$A$4963,0),COLUMN()))","v":9},{"$f":"IF(INDEX(generale!$A$16:$G$4963,MATCH(NGG!$A1694,generale!$A$16:$A$4963,0),COLUMN())=0,0,INDEX(generale!$A$16:$G$4963,MATCH(NGG!$A1694,generale!$A$16:$A$4963,0),COLUMN()))","v":10},{"$f":"IF(INDEX(generale!$A$16:$G$4963,MATCH(NGG!$A1694,generale!$A$16:$A$4963,0),COLUMN())=0,0,INDEX(generale!$A$16:$G$4963,MATCH(NGG!$A1694,generale!$A$16:$A$4963,0),COLUMN()))","v":7},{"$f":"generale!G1704","v":"P"},14,3,12,16,8,7,23,18,30,21,0,5,1,9,37,2,0,0,1,35,null,null,null,null,null,null,null,null,null,null,null,null,null,null,null,null,null,1,1,1,1,null,null,18]
[{"$f":"IF(generale!$A1708>0,generale!$A1708,\"\")","v":"2009-08-26"},{"$f":"IF(INDEX(generale!$A$16:$G$4963,MATCH(NGG!$A1698,generale!$A$16:$A$4963,0),COLUMN())=0,0,INDEX(generale!$A$16:$G$4963,MATCH(NGG!$A1698,generale!$A$16:$A$4963,0),COLUMN()))","v":3},{"$f":"IF(INDEX(generale!$A$16:$G$4963,MATCH(NGG!$A1698,generale!$A$16:$A$4963,0),COLUMN())=0,0,INDEX(generale!$A$16:$G$4963,MATCH(NGG!$A1698,generale!$A$16:$A$4963,0),COLUMN()))","v":16},{"$f":"IF(INDEX(generale!$A$16:$G$4963,MATCH(NGG!$A1698,generale!$A$16:$A$4963,0),COLUMN())=0,0,INDEX(generale!$A$16:$G$4963,MATCH(NGG!$A1698,generale!$A$16:$A$4963,0),COLUMN()))","v":4},{"$f":"IF(INDEX(generale!$A$16:$G$4963,MATCH(NGG!$A1698,generale!$A$16:$A$4963,0),COLUMN())=0,0,INDEX(generale!$A$16:$G$4963,MATCH(NGG!$A1698,generale!$A$16:$A$4963,0),COLUMN()))","v":11},{"$f":"IF(INDEX(generale!$A$16:$G$4963,MATCH(NGG!$A1698,generale!$A$16:$A$4963,0),COLUMN())=0,0,INDEX(generale!$A$16:$G$4963,MATCH(NGG!$A1698,generale!$A$16:$A$4963,0),COLUMN()))","v":14},{"$f":"generale!G1708","v":"P"},18,7,0,20,3,11,27,22,2,25,4,9,5,13,41,6,0,0,1,35,null,null,null,null,null,null,null,null,null,null,null,null,null,null,null,null,null,1,1,1,1,null,null,16]
[{"$f":"IF(generale!$A1713>0,generale!$A1713,\"\")","v":"2009-08-31"},{"$f":"IF(INDEX(generale!$A$16:$G$4963,MATCH(NGG!$A1703,generale!$A$16:$A$4963,0),COLUMN())=0,0,INDEX(generale!$A$16:$G$4963,MATCH(NGG!$A1703,generale!$A$16:$A$4963,0),COLUMN()))","v":11},{"$f":"IF(INDEX(generale!$A$16:$G$4963,MATCH(NGG!$A1703,generale!$A$16:$A$4963,0),COLUMN())=0,0,INDEX(generale!$A$16:$G$4963,MATCH(NGG!$A1703,generale!$A$16:$A$4963,0),COLUMN()))","v":1},{"$f":"IF(INDEX(generale!$A$16:$G$4963,MATCH(NGG!$A1703,generale!$A$16:$A$4963,0),COLUMN())=0,0,INDEX(generale!$A$16:$G$4963,MATCH(NGG!$A1703,generale!$A$16:$A$4963,0),COLUMN()))","v":9},{"$f":"IF(INDEX(generale!$A$16:$G$4963,MATCH(NGG!$A1703,generale!$A$16:$A$4963,0),COLUMN())=0,0,INDEX(generale!$A$16:$G$4963,MATCH(NGG!$A1703,generale!$A$16:$A$4963,0),COLUMN()))","v":12},{"$f":"IF(INDEX(generale!$A$16:$G$4963,MATCH(NGG!$A1703,generale!$A$16:$A$4963,0),COLUMN())=0,0,INDEX(generale!$A$16:$G$4963,MATCH(NGG!$A1703,generale!$A$16:$A$4963,0),COLUMN()))","v":14},{"$f":"generale!G1713","v":"P"},4,12,2,25,8,3,32,27,7,30,0,14,10,1,46,11,0,0,1,35,null,null,null,null,null,null,null,null,null,null,null,null,null,null,null,null,null,1,1,1,1,null,null,18]
[{"$f":"IF(generale!$A1725>0,generale!$A1725,\"\")","v":"2009-09-12"},{"$f":"IF(INDEX(generale!$A$16:$G$4963,MATCH(NGG!$A1715,generale!$A$16:$A$4963,0),COLUMN())=0,0,INDEX(generale!$A$16:$G$4963,MATCH(NGG!$A1715,generale!$A$16:$A$4963,0),COLUMN()))","v":6},{"$f":"IF(INDEX(generale!$A$16:$G$4963,MATCH(NGG!$A1715,generale!$A$16:$A$4963,0),COLUMN())=0,0,INDEX(generale!$A$16:$G$4963,MATCH(NGG!$A1715,generale!$A$16:$A$4963,0),COLUMN()))","v":17},{"$f":"IF(INDEX(generale!$A$16:$G$4963,MATCH(NGG!$A1715,generale!$A$16:$A$4963,0),COLUMN())=0,0,INDEX(generale!$A$16:$G$4963,MATCH(NGG!$A1715,generale!$A$16:$A$4963,0),COLUMN()))","v":15},{"$f":"IF(INDEX(generale!$A$16:$G$4963,MATCH(NGG!$A1715,generale!$A$16:$A$4963,0),COLUMN())=0,0,INDEX(generale!$A$16:$G$4963,MATCH(NGG!$A1715,generale!$A$16:$A$4963,0),COLUMN()))","v":3},{"$f":"IF(INDEX(generale!$A$16:$G$4963,MATCH(NGG!$A1715,generale!$A$16:$A$4963,0),COLUMN())=0,0,INDEX(generale!$A$16:$G$4963,MATCH(NGG!$A1715,generale!$A$16:$A$4963,0),COLUMN()))","v":8},{"$f":"generale!G1725","v":"T"},16,5,14,37,20,0,44,39,19,1,7,2,22,13,3,23,0,0,1,35,null,null,null,null,null,null,null,null,null,null,null,null,null,null,null,null,null,1,1,1,1,null,null,18]
[{"$f":"IF(generale!$A1737>0,generale!$A1737,\"\")","v":"2009-09-24"},{"$f":"IF(INDEX(generale!$A$16:$G$4963,MATCH(NGG!$A1727,generale!$A$16:$A$4963,0),COLUMN())=0,0,INDEX(generale!$A$16:$G$4963,MATCH(NGG!$A1727,generale!$A$16:$A$4963,0),COLUMN()))","v":16},{"$f":"IF(INDEX(generale!$A$16:$G$4963,MATCH(NGG!$A1727,generale!$A$16:$A$4963,0),COLUMN())=0,0,INDEX(generale!$A$16:$G$4963,MATCH(NGG!$A1727,generale!$A$16:$A$4963,0),COLUMN()))","v":18},{"$f":"IF(INDEX(generale!$A$16:$G$4963,MATCH(NGG!$A1727,generale!$A$16:$A$4963,0),COLUMN())=0,0,INDEX(generale!$A$16:$G$4963,MATCH(NGG!$A1727,generale!$A$16:$A$4963,0),COLUMN()))","v":2},{"$f":"IF(INDEX(generale!$A$16:$G$4963,MATCH(NGG!$A1727,generale!$A$16:$A$4963,0),COLUMN())=0,0,INDEX(generale!$A$16:$G$4963,MATCH(NGG!$A1727,generale!$A$16:$A$4963,0),COLUMN()))","v":8},{"$f":"IF(INDEX(generale!$A$16:$G$4963,MATCH(NGG!$A1727,generale!$A$16:$A$4963,0),COLUMN())=0,0,INDEX(generale!$A$16:$G$4963,MATCH(NGG!$A1727,generale!$A$16:$A$4963,0),COLUMN()))","v":17},{"$f":"generale!G1737","v":"P"},3,17,5,8,32,4,2,51,31,6,19,14,10,1,11,0,0,0,1,35,null,null,null,null,null,null,null,null,null,null,null,null,null,null,null,null,null,1,1,1,1,null,null,16]
[{"$f":"IF(generale!$A1743>0,generale!$A1743,\"\")","v":"2009-09-30"},{"$f":"IF(INDEX(generale!$A$16:$G$4963,MATCH(NGG!$A1733,generale!$A$16:$A$4963,0),COLUMN())=0,0,INDEX(generale!$A$16:$G$4963,MATCH(NGG!$A1733,generale!$A$16:$A$4963,0),COLUMN()))","v":4},{"$f":"IF(INDEX(generale!$A$16:$G$4963,MATCH(NGG!$A1733,generale!$A$16:$A$4963,0),COLUMN())=0,0,INDEX(generale!$A$16:$G$4963,MATCH(NGG!$A1733,generale!$A$16:$A$4963,0),COLUMN()))","v":14},{"$f":"IF(INDEX(generale!$A$16:$G$4963,MATCH(NGG!$A1733,generale!$A$16:$A$4963,0),COLUMN())=0,0,INDEX(generale!$A$16:$G$4963,MATCH(NGG!$A1733,generale!$A$16:$A$4963,0),COLUMN()))","v":7},{"$f":"IF(INDEX(generale!$A$16:$G$4963,MATCH(NGG!$A1733,generale!$A$16:$A$4963,0),COLUMN())=0,0,INDEX(generale!$A$16:$G$4963,MATCH(NGG!$A1733,generale!$A$16:$A$4963,0),COLUMN()))","v":8},{"$f":"IF(INDEX(generale!$A$16:$G$4963,MATCH(NGG!$A1733,generale!$A$16:$A$4963,0),COLUMN())=0,0,INDEX(generale!$A$16:$G$4963,MATCH(NGG!$A1733,generale!$A$16:$A$4963,0),COLUMN()))","v":10},{"$f":"generale!G1743","v":"T"},9,2,11,0,38,10,8,1,37,12,5,4,3,7,17,6,0,0,1,35,null,null,null,null,null,null,null,null,null,null,null,null,null,null,null,null,null,1,1,1,1,null,null,16]
[{"$f":"IF(generale!$A1755>0,generale!$A1755,\"\")","v":"2009-10-12"},{"$f":"IF(INDEX(generale!$A$16:$G$4963,MATCH(NGG!$A1745,generale!$A$16:$A$4963,0),COLUMN())=0,0,INDEX(generale!$A$16:$G$4963,MATCH(NGG!$A1745,generale!$A$16:$A$4963,0),COLUMN()))","v":5},{"$f":"IF(INDEX(generale!$A$16:$G$4963,MATCH(NGG!$A1745,generale!$A$16:$A$4963,0),COLUMN())=0,0,INDEX(generale!$A$16:$G$4963,MATCH(NGG!$A1745,generale!$A$16:$A$4963,0),COLUMN()))","v":11},{"$f":"IF(INDEX(generale!$A$16:$G$4963,MATCH(NGG!$A1745,generale!$A$16:$A$4963,0),COLUMN())=0,0,INDEX(generale!$A$16:$G$4963,MATCH(NGG!$A1745,generale!$A$16:$A$4963,0),COLUMN()))","v":10},{"$f":"IF(INDEX(generale!$A$16:$G$4963,MATCH(NGG!$A1745,generale!$A$16:$A$4963,0),COLUMN())=0,0,INDEX(generale!$A$16:$G$4963,MATCH(NGG!$A1745,generale!$A$16:$A$4963,0),COLUMN()))","v":1},{"$f":"IF(INDEX(generale!$A$16:$G$4963,MATCH(NGG!$A1745,generale!$A$16:$A$4963,0),COLUMN())=0,0,INDEX(generale!$A$16:$G$4963,MATCH(NGG!$A1745,generale!$A$16:$A$4963,0),COLUMN()))","v":15},{"$f":"generale!G1755","v":"T"},21,14,4,12,0,5,20,3,1,24,17,7,15,19,2,18,0,0,1,35,null,null,null,null,null,null,null,null,null,null,null,null,null,null,null,null,null,1,1,1,1,null,null,18]
[{"$f":"IF(generale!$A1758>0,generale!$A1758,\"\")","v":"2009-10-15"},{"$f":"IF(INDEX(generale!$A$16:$G$4963,MATCH(NGG!$A1748,generale!$A$16:$A$4963,0),COLUMN())=0,0,INDEX(generale!$A$16:$G$4963,MATCH(NGG!$A1748,generale!$A$16:$A$4963,0),COLUMN()))","v":5},{"$f":"IF(INDEX(generale!$A$16:$G$4963,MATCH(NGG!$A1748,generale!$A$16:$A$4963,0),COLUMN())=0,0,INDEX(generale!$A$16:$G$4963,MATCH(NGG!$A1748,generale!$A$16:$A$4963,0),COLUMN()))","v":3},{"$f":"IF(INDEX(generale!$A$16:$G$4963,MATCH(NGG!$A1748,generale!$A$16:$A$4963,0),COLUMN())=0,0,INDEX(generale!$A$16:$G$4963,MATCH(NGG!$A1748,generale!$A$16:$A$4963,0),COLUMN()))","v":13},{"$f":"IF(INDEX(generale!$A$16:$G$4963,MATCH(NGG!$A1748,generale!$A$16:$A$4963,0),COLUMN())=0,0,INDEX(generale!$A$16:$G$4963,MATCH(NGG!$A1748,generale!$A$16:$A$4963,0),COLUMN()))","v":2},{"$f":"IF(INDEX(generale!$A$16:$G$4963,MATCH(NGG!$A1748,generale!$A$16:$A$4963,0),COLUMN())=0,0,INDEX(generale!$A$16:$G$4963,MATCH(NGG!$A1748,generale!$A$16:$A$4963,0),COLUMN()))","v":7},{"$f":"generale!G1758","v":"P"},24,17,7,15,0,8,1,6,2,27,20,10,18,22,5,21,0,0,1,35,null,null,null,null,null,null,null,null,null,null,null,null,null,null,null,null,null,1,1,1,1,null,null,16]
[{"$f":"IF(generale!$A1773>0,generale!$A1773,\"\")","v":"2009-10-30"},{"$f":"IF(INDEX(generale!$A$16:$G$4963,MATCH(NGG!$A1763,generale!$A$16:$A$4963,0),COLUMN())=0,0,INDEX(generale!$A$16:$G$4963,MATCH(NGG!$A1763,generale!$A$16:$A$4963,0),COLUMN()))","v":3},{"$f":"IF(INDEX(generale!$A$16:$G$4963,MATCH(NGG!$A1763,generale!$A$16:$A$4963,0),COLUMN())=0,0,INDEX(generale!$A$16:$G$4963,MATCH(NGG!$A1763,generale!$A$16:$A$4963,0),COLUMN()))","v":17},{"$f":"IF(INDEX(generale!$A$16:$G$4963,MATCH(NGG!$A1763,generale!$A$16:$A$4963,0),COLUMN())=0,0,INDEX(generale!$A$16:$G$4963,MATCH(NGG!$A1763,generale!$A$16:$A$4963,0),COLUMN()))","v":8},{"$f":"IF(INDEX(generale!$A$16:$G$4963,MATCH(NGG!$A1763,generale!$A$16:$A$4963,0),COLUMN())=0,0,INDEX(generale!$A$16:$G$4963,MATCH(NGG!$A1763,generale!$A$16:$A$4963,0),COLUMN()))","v":14},{"$f":"IF(INDEX(generale!$A$16:$G$4963,MATCH(NGG!$A1763,generale!$A$16:$A$4963,0),COLUMN())=0,0,INDEX(generale!$A$16:$G$4963,MATCH(NGG!$A1763,generale!$A$16:$A$4963,0),COLUMN()))","v":13},{"$f":"generale!G1773","v":"T"},39,32,0,30,10,23,16,21,4,9,35,2,12,7,3,36,0,0,1,35,null,null,null,null,null,null,null,null,null,null,null,null,null,null,null,null,null,1,1,1,1,null,null,18]
[{"$f":"IF(generale!$A1776>0,generale!$A1776,\"\")","v":"2009-11-02"},{"$f":"IF(INDEX(generale!$A$16:$G$4963,MATCH(NGG!$A1766,generale!$A$16:$A$4963,0),COLUMN())=0,0,INDEX(generale!$A$16:$G$4963,MATCH(NGG!$A1766,generale!$A$16:$A$4963,0),COLUMN()))","v":5},{"$f":"IF(INDEX(generale!$A$16:$G$4963,MATCH(NGG!$A1766,generale!$A$16:$A$4963,0),COLUMN())=0,0,INDEX(generale!$A$16:$G$4963,MATCH(NGG!$A1766,generale!$A$16:$A$4963,0),COLUMN()))","v":14},{"$f":"IF(INDEX(generale!$A$16:$G$4963,MATCH(NGG!$A1766,generale!$A$16:$A$4963,0),COLUMN())=0,0,INDEX(generale!$A$16:$G$4963,MATCH(NGG!$A1766,generale!$A$16:$A$4963,0),COLUMN()))","v":7},{"$f":"IF(INDEX(generale!$A$16:$G$4963,MATCH(NGG!$A1766,generale!$A$16:$A$4963,0),COLUMN())=0,0,INDEX(generale!$A$16:$G$4963,MATCH(NGG!$A1766,generale!$A$16:$A$4963,0),COLUMN()))","v":8},{"$f":"IF(INDEX(generale!$A$16:$G$4963,MATCH(NGG!$A1766,generale!$A$16:$A$4963,0),COLUMN())=0,0,INDEX(generale!$A$16:$G$4963,MATCH(NGG!$A1766,generale!$A$16:$A$4963,0),COLUMN()))","v":16},{"$f":"generale!G1776","v":"T"},42,35,3,33,0,26,19,24,2,12,38,5,15,10,1,39,0,0,1,35,null,null,null,null,null,null,null,null,null,null,null,null,null,null,null,null,null,1,1,1,1,null,null,18]
[{"$f":"IF(generale!$A1787>0,generale!$A1787,\"\")","v":"2009-11-13"},{"$f":"IF(INDEX(generale!$A$16:$G$4963,MATCH(NGG!$A1777,generale!$A$16:$A$4963,0),COLUMN())=0,0,INDEX(generale!$A$16:$G$4963,MATCH(NGG!$A1777,generale!$A$16:$A$4963,0),COLUMN()))","v":4},{"$f":"IF(INDEX(generale!$A$16:$G$4963,MATCH(NGG!$A1777,generale!$A$16:$A$4963,0),COLUMN())=0,0,INDEX(generale!$A$16:$G$4963,MATCH(NGG!$A1777,generale!$A$16:$A$4963,0),COLUMN()))","v":12},{"$f":"IF(INDEX(generale!$A$16:$G$4963,MATCH(NGG!$A1777,generale!$A$16:$A$4963,0),COLUMN())=0,0,INDEX(generale!$A$16:$G$4963,MATCH(NGG!$A1777,generale!$A$16:$A$4963,0),COLUMN()))","v":11},{"$f":"IF(INDEX(generale!$A$16:$G$4963,MATCH(NGG!$A1777,generale!$A$16:$A$4963,0),COLUMN())=0,0,INDEX(generale!$A$16:$G$4963,MATCH(NGG!$A1777,generale!$A$16:$A$4963,0),COLUMN()))","v":13},{"$f":"IF(INDEX(generale!$A$16:$G$4963,MATCH(NGG!$A1777,generale!$A$16:$A$4963,0),COLUMN())=0,0,INDEX(generale!$A$16:$G$4963,MATCH(NGG!$A1777,generale!$A$16:$A$4963,0),COLUMN()))","v":10},{"$f":"generale!G1787","v":"T"},53,46,3,0,11,37,4,7,6,2,1,16,26,21,12,9,0,0,1,35,null,null,null,null,null,null,null,null,null,null,null,null,null,null,null,null,null,1,1,1,1,null,null,16]
[{"$f":"IF(generale!$A1794>0,generale!$A1794,\"\")","v":"2009-11-20"},{"$f":"IF(INDEX(generale!$A$16:$G$4963,MATCH(NGG!$A1784,generale!$A$16:$A$4963,0),COLUMN())=0,0,INDEX(generale!$A$16:$G$4963,MATCH(NGG!$A1784,generale!$A$16:$A$4963,0),COLUMN()))","v":13},{"$f":"IF(INDEX(generale!$A$16:$G$4963,MATCH(NGG!$A1784,generale!$A$16:$A$4963,0),COLUMN())=0,0,INDEX(generale!$A$16:$G$4963,MATCH(NGG!$A1784,generale!$A$16:$A$4963,0),COLUMN()))","v":14},{"$f":"IF(INDEX(generale!$A$16:$G$4963,MATCH(NGG!$A1784,generale!$A$16:$A$4963,0),COLUMN())=0,0,INDEX(generale!$A$16:$G$4963,MATCH(NGG!$A1784,generale!$A$16:$A$4963,0),COLUMN()))","v":12},{"$f":"IF(INDEX(generale!$A$16:$G$4963,MATCH(NGG!$A1784,generale!$A$16:$A$4963,0),COLUMN())=0,0,INDEX(generale!$A$16:$G$4963,MATCH(NGG!$A1784,generale!$A$16:$A$4963,0),COLUMN()))","v":2},{"$f":"IF(INDEX(generale!$A$16:$G$4963,MATCH(NGG!$A1784,generale!$A$16:$A$4963,0),COLUMN())=0,0,INDEX(generale!$A$16:$G$4963,MATCH(NGG!$A1784,generale!$A$16:$A$4963,0),COLUMN()))","v":7},{"$f":"generale!G1794","v":"T"},6,53,10,7,2,44,11,14,13,9,8,23,0,4,3,16,0,0,1,35,null,null,null,null,null,null,null,null,null,null,null,null,null,null,null,null,null,1,1,1,1,null,null,18]
[{"$f":"IF(generale!$A1806>0,generale!$A1806,\"\")","v":"2009-12-02"},{"$f":"IF(INDEX(generale!$A$16:$G$4963,MATCH(NGG!$A1796,generale!$A$16:$A$4963,0),COLUMN())=0,0,INDEX(generale!$A$16:$G$4963,MATCH(NGG!$A1796,generale!$A$16:$A$4963,0),COLUMN()))","v":5},{"$f":"IF(INDEX(generale!$A$16:$G$4963,MATCH(NGG!$A1796,generale!$A$16:$A$4963,0),COLUMN())=0,0,INDEX(generale!$A$16:$G$4963,MATCH(NGG!$A1796,generale!$A$16:$A$4963,0),COLUMN()))","v":9},{"$f":"IF(INDEX(generale!$A$16:$G$4963,MATCH(NGG!$A1796,generale!$A$16:$A$4963,0),COLUMN())=0,0,INDEX(generale!$A$16:$G$4963,MATCH(NGG!$A1796,generale!$A$16:$A$4963,0),COLUMN()))","v":15},{"$f":"IF(INDEX(generale!$A$16:$G$4963,MATCH(NGG!$A1796,generale!$A$16:$A$4963,0),COLUMN())=0,0,INDEX(generale!$A$16:$G$4963,MATCH(NGG!$A1796,generale!$A$16:$A$4963,0),COLUMN()))","v":16},{"$f":"IF(INDEX(generale!$A$16:$G$4963,MATCH(NGG!$A1796,generale!$A$16:$A$4963,0),COLUMN())=0,0,INDEX(generale!$A$16:$G$4963,MATCH(NGG!$A1796,generale!$A$16:$A$4963,0),COLUMN()))","v":4},{"$f":"generale!G1806","v":"P"},4,65,5,3,0,1,23,2,11,21,8,35,12,16,15,28,0,0,1,35,null,null,null,null,null,null,null,null,null,null,null,null,null,null,null,null,null,1,1,1,1,null,null,15]
[{"$f":"IF(generale!$A1816>0,generale!$A1816,\"\")","v":"2009-12-12"},{"$f":"IF(INDEX(generale!$A$16:$G$4963,MATCH(NGG!$A1806,generale!$A$16:$A$4963,0),COLUMN())=0,0,INDEX(generale!$A$16:$G$4963,MATCH(NGG!$A1806,generale!$A$16:$A$4963,0),COLUMN()))","v":5},{"$f":"IF(INDEX(generale!$A$16:$G$4963,MATCH(NGG!$A1806,generale!$A$16:$A$4963,0),COLUMN())=0,0,INDEX(generale!$A$16:$G$4963,MATCH(NGG!$A1806,generale!$A$16:$A$4963,0),COLUMN()))","v":6},{"$f":"IF(INDEX(generale!$A$16:$G$4963,MATCH(NGG!$A1806,generale!$A$16:$A$4963,0),COLUMN())=0,0,INDEX(generale!$A$16:$G$4963,MATCH(NGG!$A1806,generale!$A$16:$A$4963,0),COLUMN()))","v":3},{"$f":"IF(INDEX(generale!$A$16:$G$4963,MATCH(NGG!$A1806,generale!$A$16:$A$4963,0),COLUMN())=0,0,INDEX(generale!$A$16:$G$4963,MATCH(NGG!$A1806,generale!$A$16:$A$4963,0),COLUMN()))","v":14},{"$f":"IF(INDEX(generale!$A$16:$G$4963,MATCH(NGG!$A1806,generale!$A$16:$A$4963,0),COLUMN())=0,0,INDEX(generale!$A$16:$G$4963,MATCH(NGG!$A1806,generale!$A$16:$A$4963,0),COLUMN()))","v":11},{"$f":"generale!G1816","v":"T"},14,75,15,13,0,1,33,5,2,31,18,45,6,4,25,8,0,0,1,35,null,null,null,null,null,null,null,null,null,null,null,null,null,null,null,null,null,1,1,1,1,null,null,18]
[{"$f":"IF(generale!$A1824>0,generale!$A1824,\"\")","v":"2009-12-20"},{"$f":"IF(INDEX(generale!$A$16:$G$4963,MATCH(NGG!$A1814,generale!$A$16:$A$4963,0),COLUMN())=0,0,INDEX(generale!$A$16:$G$4963,MATCH(NGG!$A1814,generale!$A$16:$A$4963,0),COLUMN()))","v":5},{"$f":"IF(INDEX(generale!$A$16:$G$4963,MATCH(NGG!$A1814,generale!$A$16:$A$4963,0),COLUMN())=0,0,INDEX(generale!$A$16:$G$4963,MATCH(NGG!$A1814,generale!$A$16:$A$4963,0),COLUMN()))","v":13},{"$f":"IF(INDEX(generale!$A$16:$G$4963,MATCH(NGG!$A1814,generale!$A$16:$A$4963,0),COLUMN())=0,0,INDEX(generale!$A$16:$G$4963,MATCH(NGG!$A1814,generale!$A$16:$A$4963,0),COLUMN()))","v":7},{"$f":"IF(INDEX(generale!$A$16:$G$4963,MATCH(NGG!$A1814,generale!$A$16:$A$4963,0),COLUMN())=0,0,INDEX(generale!$A$16:$G$4963,MATCH(NGG!$A1814,generale!$A$16:$A$4963,0),COLUMN()))","v":8},{"$f":"IF(INDEX(generale!$A$16:$G$4963,MATCH(NGG!$A1814,generale!$A$16:$A$4963,0),COLUMN())=0,0,INDEX(generale!$A$16:$G$4963,MATCH(NGG!$A1814,generale!$A$16:$A$4963,0),COLUMN()))","v":1},{"$f":"generale!G1824","v":"T"},3,2,23,21,0,9,6,4,10,39,5,53,14,12,33,16,0,0,1,35,null,null,null,null,null,null,null,null,null,null,null,null,null,null,null,null,null,1,1,1,1,null,null,20]
[{"$f":"IF(generale!$A1831>0,generale!$A1831,\"\")","v":"2009-12-27"},{"$f":"IF(INDEX(generale!$A$16:$G$4963,MATCH(NGG!$A1821,generale!$A$16:$A$4963,0),COLUMN())=0,0,INDEX(generale!$A$16:$G$4963,MATCH(NGG!$A1821,generale!$A$16:$A$4963,0),COLUMN()))","v":6},{"$f":"IF(INDEX(generale!$A$16:$G$4963,MATCH(NGG!$A1821,generale!$A$16:$A$4963,0),COLUMN())=0,0,INDEX(generale!$A$16:$G$4963,MATCH(NGG!$A1821,generale!$A$16:$A$4963,0),COLUMN()))","v":8},{"$f":"IF(INDEX(generale!$A$16:$G$4963,MATCH(NGG!$A1821,generale!$A$16:$A$4963,0),COLUMN())=0,0,INDEX(generale!$A$16:$G$4963,MATCH(NGG!$A1821,generale!$A$16:$A$4963,0),COLUMN()))","v":3},{"$f":"IF(INDEX(generale!$A$16:$G$4963,MATCH(NGG!$A1821,generale!$A$16:$A$4963,0),COLUMN())=0,0,INDEX(generale!$A$16:$G$4963,MATCH(NGG!$A1821,generale!$A$16:$A$4963,0),COLUMN()))","v":14},{"$f":"IF(INDEX(generale!$A$16:$G$4963,MATCH(NGG!$A1821,generale!$A$16:$A$4963,0),COLUMN())=0,0,INDEX(generale!$A$16:$G$4963,MATCH(NGG!$A1821,generale!$A$16:$A$4963,0),COLUMN()))","v":7},{"$f":"generale!G1831","v":"T"},10,9,30,28,7,0,13,5,17,46,6,2,3,4,40,23,2,2,0,35,null,null,null,null,null,null,null,null,null,null,null,null,null,null,null,null,null,null,null,1,1,null,null,18]
[{"$f":"IF(generale!$A1837>0,generale!$A1837,\"\")","v":"2010-01-02"},{"$f":"IF(INDEX(generale!$A$16:$G$4963,MATCH(NGG!$A1827,generale!$A$16:$A$4963,0),COLUMN())=0,0,INDEX(generale!$A$16:$G$4963,MATCH(NGG!$A1827,generale!$A$16:$A$4963,0),COLUMN()))","v":5},{"$f":"IF(INDEX(generale!$A$16:$G$4963,MATCH(NGG!$A1827,generale!$A$16:$A$4963,0),COLUMN())=0,0,INDEX(generale!$A$16:$G$4963,MATCH(NGG!$A1827,generale!$A$16:$A$4963,0),COLUMN()))","v":8},{"$f":"IF(INDEX(generale!$A$16:$G$4963,MATCH(NGG!$A1827,generale!$A$16:$A$4963,0),COLUMN())=0,0,INDEX(generale!$A$16:$G$4963,MATCH(NGG!$A1827,generale!$A$16:$A$4963,0),COLUMN()))","v":15},{"$f":"IF(INDEX(generale!$A$16:$G$4963,MATCH(NGG!$A1827,generale!$A$16:$A$4963,0),COLUMN())=0,0,INDEX(generale!$A$16:$G$4963,MATCH(NGG!$A1827,generale!$A$16:$A$4963,0),COLUMN()))","v":12},{"$f":"IF(INDEX(generale!$A$16:$G$4963,MATCH(NGG!$A1827,generale!$A$16:$A$4963,0),COLUMN())=0,0,INDEX(generale!$A$16:$G$4963,MATCH(NGG!$A1827,generale!$A$16:$A$4963,0),COLUMN()))","v":13},{"$f":"generale!G1837","v":"T"},16,15,5,34,0,2,19,11,3,52,12,8,9,1,46,4,3,3,1,36,null,null,null,null,null,null,null,null,null,null,null,null,null,null,null,null,null,1,1,1,1,null,null,16]
[{"$f":"IF(generale!$A1845>0,generale!$A1845,\"\")","v":"2010-01-10"},{"$f":"IF(INDEX(generale!$A$16:$G$4963,MATCH(NGG!$A1835,generale!$A$16:$A$4963,0),COLUMN())=0,0,INDEX(generale!$A$16:$G$4963,MATCH(NGG!$A1835,generale!$A$16:$A$4963,0),COLUMN()))","v":7},{"$f":"IF(INDEX(generale!$A$16:$G$4963,MATCH(NGG!$A1835,generale!$A$16:$A$4963,0),COLUMN())=0,0,INDEX(generale!$A$16:$G$4963,MATCH(NGG!$A1835,generale!$A$16:$A$4963,0),COLUMN()))","v":16},{"$f":"IF(INDEX(generale!$A$16:$G$4963,MATCH(NGG!$A1835,generale!$A$16:$A$4963,0),COLUMN())=0,0,INDEX(generale!$A$16:$G$4963,MATCH(NGG!$A1835,generale!$A$16:$A$4963,0),COLUMN()))","v":5},{"$f":"IF(INDEX(generale!$A$16:$G$4963,MATCH(NGG!$A1835,generale!$A$16:$A$4963,0),COLUMN())=0,0,INDEX(generale!$A$16:$G$4963,MATCH(NGG!$A1835,generale!$A$16:$A$4963,0),COLUMN()))","v":17},{"$f":"IF(INDEX(generale!$A$16:$G$4963,MATCH(NGG!$A1835,generale!$A$16:$A$4963,0),COLUMN())=0,0,INDEX(generale!$A$16:$G$4963,MATCH(NGG!$A1835,generale!$A$16:$A$4963,0),COLUMN()))","v":10},{"$f":"generale!G1845","v":"T"},24,3,13,42,1,2,0,19,7,60,20,16,6,9,5,12,3,3,1,36,null,null,null,null,null,null,null,null,null,null,null,null,null,null,null,null,null,1,1,1,1,null,null,16]
[{"$f":"IF(generale!$A1852>0,generale!$A1852,\"\")","v":"2010-01-17"},{"$f":"IF(INDEX(generale!$A$16:$G$4963,MATCH(NGG!$A1842,generale!$A$16:$A$4963,0),COLUMN())=0,0,INDEX(generale!$A$16:$G$4963,MATCH(NGG!$A1842,generale!$A$16:$A$4963,0),COLUMN()))","v":3},{"$f":"IF(INDEX(generale!$A$16:$G$4963,MATCH(NGG!$A1842,generale!$A$16:$A$4963,0),COLUMN())=0,0,INDEX(generale!$A$16:$G$4963,MATCH(NGG!$A1842,generale!$A$16:$A$4963,0),COLUMN()))","v":2},{"$f":"IF(INDEX(generale!$A$16:$G$4963,MATCH(NGG!$A1842,generale!$A$16:$A$4963,0),COLUMN())=0,0,INDEX(generale!$A$16:$G$4963,MATCH(NGG!$A1842,generale!$A$16:$A$4963,0),COLUMN()))","v":10},{"$f":"IF(INDEX(generale!$A$16:$G$4963,MATCH(NGG!$A1842,generale!$A$16:$A$4963,0),COLUMN())=0,0,INDEX(generale!$A$16:$G$4963,MATCH(NGG!$A1842,generale!$A$16:$A$4963,0),COLUMN()))","v":5},{"$f":"IF(INDEX(generale!$A$16:$G$4963,MATCH(NGG!$A1842,generale!$A$16:$A$4963,0),COLUMN())=0,0,INDEX(generale!$A$16:$G$4963,MATCH(NGG!$A1842,generale!$A$16:$A$4963,0),COLUMN()))","v":7},{"$f":"generale!G1852","v":"T"},3,10,0,6,4,9,7,26,14,67,27,23,13,16,1,19,0,3,1,36,null,null,null,null,null,null,null,null,null,null,null,null,null,null,null,null,null,1,1,1,1,null,null,15]
[{"$f":"IF(generale!$A1866>0,generale!$A1866,\"\")","v":"2010-01-31"},{"$f":"IF(INDEX(generale!$A$16:$G$4963,MATCH(NGG!$A1856,generale!$A$16:$A$4963,0),COLUMN())=0,0,INDEX(generale!$A$16:$G$4963,MATCH(NGG!$A1856,generale!$A$16:$A$4963,0),COLUMN()))","v":6},{"$f":"IF(INDEX(generale!$A$16:$G$4963,MATCH(NGG!$A1856,generale!$A$16:$A$4963,0),COLUMN())=0,0,INDEX(generale!$A$16:$G$4963,MATCH(NGG!$A1856,generale!$A$16:$A$4963,0),COLUMN()))","v":1},{"$f":"IF(INDEX(generale!$A$16:$G$4963,MATCH(NGG!$A1856,generale!$A$16:$A$4963,0),COLUMN())=0,0,INDEX(generale!$A$16:$G$4963,MATCH(NGG!$A1856,generale!$A$16:$A$4963,0),COLUMN()))","v":18},{"$f":"IF(INDEX(generale!$A$16:$G$4963,MATCH(NGG!$A1856,generale!$A$16:$A$4963,0),COLUMN())=0,0,INDEX(generale!$A$16:$G$4963,MATCH(NGG!$A1856,generale!$A$16:$A$4963,0),COLUMN()))","v":14},{"$f":"IF(INDEX(generale!$A$16:$G$4963,MATCH(NGG!$A1856,generale!$A$16:$A$4963,0),COLUMN())=0,0,INDEX(generale!$A$16:$G$4963,MATCH(NGG!$A1856,generale!$A$16:$A$4963,0),COLUMN()))","v":13},{"$f":"generale!G1866","v":"T"},5,24,6,3,1,0,13,40,8,4,12,37,10,30,15,7,0,3,1,36,null,null,null,null,null,null,null,null,null,null,null,null,null,null,null,null,null,1,1,1,1,null,null,14]
[{"$f":"IF(generale!$A1875>0,generale!$A1875,\"\")","v":"2010-02-09"},{"$f":"IF(INDEX(generale!$A$16:$G$4963,MATCH(NGG!$A1865,generale!$A$16:$A$4963,0),COLUMN())=0,0,INDEX(generale!$A$16:$G$4963,MATCH(NGG!$A1865,generale!$A$16:$A$4963,0),COLUMN()))","v":6},{"$f":"IF(INDEX(generale!$A$16:$G$4963,MATCH(NGG!$A1865,generale!$A$16:$A$4963,0),COLUMN())=0,0,INDEX(generale!$A$16:$G$4963,MATCH(NGG!$A1865,generale!$A$16:$A$4963,0),COLUMN()))","v":14},{"$f":"IF(INDEX(generale!$A$16:$G$4963,MATCH(NGG!$A1865,generale!$A$16:$A$4963,0),COLUMN())=0,0,INDEX(generale!$A$16:$G$4963,MATCH(NGG!$A1865,generale!$A$16:$A$4963,0),COLUMN()))","v":5},{"$f":"IF(INDEX(generale!$A$16:$G$4963,MATCH(NGG!$A1865,generale!$A$16:$A$4963,0),COLUMN())=0,0,INDEX(generale!$A$16:$G$4963,MATCH(NGG!$A1865,generale!$A$16:$A$4963,0),COLUMN()))","v":9},{"$f":"IF(INDEX(generale!$A$16:$G$4963,MATCH(NGG!$A1865,generale!$A$16:$A$4963,0),COLUMN())=0,0,INDEX(generale!$A$16:$G$4963,MATCH(NGG!$A1865,generale!$A$16:$A$4963,0),COLUMN()))","v":8},{"$f":"generale!G1875","v":"T"},14,33,15,6,4,0,22,3,17,13,8,46,5,1,24,16,0,3,1,36,null,null,null,null,null,null,null,null,null,null,null,null,null,null,null,null,null,1,1,1,1,null,null,15]
[{"$f":"IF(generale!$A1885>0,generale!$A1885,\"\")","v":"2010-02-19"},{"$f":"IF(INDEX(generale!$A$16:$G$4963,MATCH(NGG!$A1875,generale!$A$16:$A$4963,0),COLUMN())=0,0,INDEX(generale!$A$16:$G$4963,MATCH(NGG!$A1875,generale!$A$16:$A$4963,0),COLUMN()))","v":5},{"$f":"IF(INDEX(generale!$A$16:$G$4963,MATCH(NGG!$A1875,generale!$A$16:$A$4963,0),COLUMN())=0,0,INDEX(generale!$A$16:$G$4963,MATCH(NGG!$A1875,generale!$A$16:$A$4963,0),COLUMN()))","v":10},{"$f":"IF(INDEX(generale!$A$16:$G$4963,MATCH(NGG!$A1875,generale!$A$16:$A$4963,0),COLUMN())=0,0,INDEX(generale!$A$16:$G$4963,MATCH(NGG!$A1875,generale!$A$16:$A$4963,0),COLUMN()))","v":6},{"$f":"IF(INDEX(generale!$A$16:$G$4963,MATCH(NGG!$A1875,generale!$A$16:$A$4963,0),COLUMN())=0,0,INDEX(generale!$A$16:$G$4963,MATCH(NGG!$A1875,generale!$A$16:$A$4963,0),COLUMN()))","v":3},{"$f":"IF(INDEX(generale!$A$16:$G$4963,MATCH(NGG!$A1875,generale!$A$16:$A$4963,0),COLUMN())=0,0,INDEX(generale!$A$16:$G$4963,MATCH(NGG!$A1875,generale!$A$16:$A$4963,0),COLUMN()))","v":4},{"$f":"generale!G1885","v":"T"},1,5,2,16,0,4,32,13,3,23,18,9,15,11,8,26,0,3,1,36,null,null,null,null,null,null,null,null,null,null,null,null,null,null,null,null,null,1,1,1,1,null,null,15]
[{"$f":"IF(generale!$A1893>0,generale!$A1893,\"\")","v":"2010-02-27"},{"$f":"IF(INDEX(generale!$A$16:$G$4963,MATCH(NGG!$A1883,generale!$A$16:$A$4963,0),COLUMN())=0,0,INDEX(generale!$A$16:$G$4963,MATCH(NGG!$A1883,generale!$A$16:$A$4963,0),COLUMN()))","v":5},{"$f":"IF(INDEX(generale!$A$16:$G$4963,MATCH(NGG!$A1883,generale!$A$16:$A$4963,0),COLUMN())=0,0,INDEX(generale!$A$16:$G$4963,MATCH(NGG!$A1883,generale!$A$16:$A$4963,0),COLUMN()))","v":4},{"$f":"IF(INDEX(generale!$A$16:$G$4963,MATCH(NGG!$A1883,generale!$A$16:$A$4963,0),COLUMN())=0,0,INDEX(generale!$A$16:$G$4963,MATCH(NGG!$A1883,generale!$A$16:$A$4963,0),COLUMN()))","v":8},{"$f":"IF(INDEX(generale!$A$16:$G$4963,MATCH(NGG!$A1883,generale!$A$16:$A$4963,0),COLUMN())=0,0,INDEX(generale!$A$16:$G$4963,MATCH(NGG!$A1883,generale!$A$16:$A$4963,0),COLUMN()))","v":1},{"$f":"IF(INDEX(generale!$A$16:$G$4963,MATCH(NGG!$A1883,generale!$A$16:$A$4963,0),COLUMN())=0,0,INDEX(generale!$A$16:$G$4963,MATCH(NGG!$A1883,generale!$A$16:$A$4963,0),COLUMN()))","v":9},{"$f":"generale!G1893","v":"P"},9,1,6,7,0,3,40,5,11,31,26,4,23,19,2,34,0,3,1,36,null,null,null,null,null,null,null,null,null,null,null,null,null,null,null,null,null,1,1,1,1,null,null,14]
[{"$f":"IF(generale!$A1900>0,generale!$A1900,\"\")","v":"2010-03-06"},{"$f":"IF(INDEX(generale!$A$16:$G$4963,MATCH(NGG!$A1890,generale!$A$16:$A$4963,0),COLUMN())=0,0,INDEX(generale!$A$16:$G$4963,MATCH(NGG!$A1890,generale!$A$16:$A$4963,0),COLUMN()))","v":10},{"$f":"IF(INDEX(generale!$A$16:$G$4963,MATCH(NGG!$A1890,generale!$A$16:$A$4963,0),COLUMN())=0,0,INDEX(generale!$A$16:$G$4963,MATCH(NGG!$A1890,generale!$A$16:$A$4963,0),COLUMN()))","v":8},{"$f":"IF(INDEX(generale!$A$16:$G$4963,MATCH(NGG!$A1890,generale!$A$16:$A$4963,0),COLUMN())=0,0,INDEX(generale!$A$16:$G$4963,MATCH(NGG!$A1890,generale!$A$16:$A$4963,0),COLUMN()))","v":11},{"$f":"IF(INDEX(generale!$A$16:$G$4963,MATCH(NGG!$A1890,generale!$A$16:$A$4963,0),COLUMN())=0,0,INDEX(generale!$A$16:$G$4963,MATCH(NGG!$A1890,generale!$A$16:$A$4963,0),COLUMN()))","v":14},{"$f":"IF(INDEX(generale!$A$16:$G$4963,MATCH(NGG!$A1890,generale!$A$16:$A$4963,0),COLUMN())=0,0,INDEX(generale!$A$16:$G$4963,MATCH(NGG!$A1890,generale!$A$16:$A$4963,0),COLUMN()))","v":2},{"$f":"generale!G1900","v":"T"},4,8,2,14,7,1,5,12,18,0,33,6,30,26,9,41,0,3,1,36,null,null,null,null,null,null,null,null,null,null,null,null,null,null,null,null,null,1,1,1,1,null,null,16]
[{"$f":"IF(generale!$A1906>0,generale!$A1906,\"\")","v":"2010-03-12"},{"$f":"IF(INDEX(generale!$A$16:$G$4963,MATCH(NGG!$A1896,generale!$A$16:$A$4963,0),COLUMN())=0,0,INDEX(generale!$A$16:$G$4963,MATCH(NGG!$A1896,generale!$A$16:$A$4963,0),COLUMN()))","v":13},{"$f":"IF(INDEX(generale!$A$16:$G$4963,MATCH(NGG!$A1896,generale!$A$16:$A$4963,0),COLUMN())=0,0,INDEX(generale!$A$16:$G$4963,MATCH(NGG!$A1896,generale!$A$16:$A$4963,0),COLUMN()))","v":2},{"$f":"IF(INDEX(generale!$A$16:$G$4963,MATCH(NGG!$A1896,generale!$A$16:$A$4963,0),COLUMN())=0,0,INDEX(generale!$A$16:$G$4963,MATCH(NGG!$A1896,generale!$A$16:$A$4963,0),COLUMN()))","v":8},{"$f":"IF(INDEX(generale!$A$16:$G$4963,MATCH(NGG!$A1896,generale!$A$16:$A$4963,0),COLUMN())=0,0,INDEX(generale!$A$16:$G$4963,MATCH(NGG!$A1896,generale!$A$16:$A$4963,0),COLUMN()))","v":1},{"$f":"IF(INDEX(generale!$A$16:$G$4963,MATCH(NGG!$A1896,generale!$A$16:$A$4963,0),COLUMN())=0,0,INDEX(generale!$A$16:$G$4963,MATCH(NGG!$A1896,generale!$A$16:$A$4963,0),COLUMN()))","v":14},{"$f":"generale!G1906","v":"P"},10,14,4,2,13,7,11,18,3,1,5,12,0,32,15,47,0,3,1,36,null,null,null,null,null,null,null,null,null,null,null,null,null,null,null,null,null,1,1,1,1,null,null,15]
[{"$f":"IF(generale!$A1914>0,generale!$A1914,\"\")","v":"2010-03-20"},{"$f":"IF(INDEX(generale!$A$16:$G$4963,MATCH(NGG!$A1904,generale!$A$16:$A$4963,0),COLUMN())=0,0,INDEX(generale!$A$16:$G$4963,MATCH(NGG!$A1904,generale!$A$16:$A$4963,0),COLUMN()))","v":7},{"$f":"IF(INDEX(generale!$A$16:$G$4963,MATCH(NGG!$A1904,generale!$A$16:$A$4963,0),COLUMN())=0,0,INDEX(generale!$A$16:$G$4963,MATCH(NGG!$A1904,generale!$A$16:$A$4963,0),COLUMN()))","v":2},{"$f":"IF(INDEX(generale!$A$16:$G$4963,MATCH(NGG!$A1904,generale!$A$16:$A$4963,0),COLUMN())=0,0,INDEX(generale!$A$16:$G$4963,MATCH(NGG!$A1904,generale!$A$16:$A$4963,0),COLUMN()))","v":6},{"$f":"IF(INDEX(generale!$A$16:$G$4963,MATCH(NGG!$A1904,generale!$A$16:$A$4963,0),COLUMN())=0,0,INDEX(generale!$A$16:$G$4963,MATCH(NGG!$A1904,generale!$A$16:$A$4963,0),COLUMN()))","v":1},{"$f":"IF(INDEX(generale!$A$16:$G$4963,MATCH(NGG!$A1904,generale!$A$16:$A$4963,0),COLUMN())=0,0,INDEX(generale!$A$16:$G$4963,MATCH(NGG!$A1904,generale!$A$16:$A$4963,0),COLUMN()))","v":11},{"$f":"generale!G1914","v":"P"},18,22,4,10,21,1,0,26,11,2,7,3,8,40,23,55,0,3,1,36,null,null,null,null,null,null,null,null,null,null,null,null,null,null,null,null,null,1,1,1,1,null,null,16]
[{"$f":"IF(generale!$A1921>0,generale!$A1921,\"\")","v":"2010-03-27"},{"$f":"IF(INDEX(generale!$A$16:$G$4963,MATCH(NGG!$A1911,generale!$A$16:$A$4963,0),COLUMN())=0,0,INDEX(generale!$A$16:$G$4963,MATCH(NGG!$A1911,generale!$A$16:$A$4963,0),COLUMN()))","v":12},{"$f":"IF(INDEX(generale!$A$16:$G$4963,MATCH(NGG!$A1911,generale!$A$16:$A$4963,0),COLUMN())=0,0,INDEX(generale!$A$16:$G$4963,MATCH(NGG!$A1911,generale!$A$16:$A$4963,0),COLUMN()))","v":6},{"$f":"IF(INDEX(generale!$A$16:$G$4963,MATCH(NGG!$A1911,generale!$A$16:$A$4963,0),COLUMN())=0,0,INDEX(generale!$A$16:$G$4963,MATCH(NGG!$A1911,generale!$A$16:$A$4963,0),COLUMN()))","v":1},{"$f":"IF(INDEX(generale!$A$16:$G$4963,MATCH(NGG!$A1911,generale!$A$16:$A$4963,0),COLUMN())=0,0,INDEX(generale!$A$16:$G$4963,MATCH(NGG!$A1911,generale!$A$16:$A$4963,0),COLUMN()))","v":14},{"$f":"IF(INDEX(generale!$A$16:$G$4963,MATCH(NGG!$A1911,generale!$A$16:$A$4963,0),COLUMN())=0,0,INDEX(generale!$A$16:$G$4963,MATCH(NGG!$A1911,generale!$A$16:$A$4963,0),COLUMN()))","v":11},{"$f":"generale!G1921","v":"T"},25,29,11,17,3,8,7,33,5,9,14,0,15,47,1,62,0,3,1,36,null,null,null,null,null,null,null,null,null,null,null,null,null,null,null,null,null,1,1,1,1,null,null,16]
[{"$f":"IF(generale!$A1935>0,generale!$A1935,\"\")","v":"2010-04-10"},{"$f":"IF(INDEX(generale!$A$16:$G$4963,MATCH(NGG!$A1925,generale!$A$16:$A$4963,0),COLUMN())=0,0,INDEX(generale!$A$16:$G$4963,MATCH(NGG!$A1925,generale!$A$16:$A$4963,0),COLUMN()))","v":5},{"$f":"IF(INDEX(generale!$A$16:$G$4963,MATCH(NGG!$A1925,generale!$A$16:$A$4963,0),COLUMN())=0,0,INDEX(generale!$A$16:$G$4963,MATCH(NGG!$A1925,generale!$A$16:$A$4963,0),COLUMN()))","v":7},{"$f":"IF(INDEX(generale!$A$16:$G$4963,MATCH(NGG!$A1925,generale!$A$16:$A$4963,0),COLUMN())=0,0,INDEX(generale!$A$16:$G$4963,MATCH(NGG!$A1925,generale!$A$16:$A$4963,0),COLUMN()))","v":8},{"$f":"IF(INDEX(generale!$A$16:$G$4963,MATCH(NGG!$A1925,generale!$A$16:$A$4963,0),COLUMN())=0,0,INDEX(generale!$A$16:$G$4963,MATCH(NGG!$A1925,generale!$A$16:$A$4963,0),COLUMN()))","v":4},{"$f":"IF(INDEX(generale!$A$16:$G$4963,MATCH(NGG!$A1925,generale!$A$16:$A$4963,0),COLUMN())=0,0,INDEX(generale!$A$16:$G$4963,MATCH(NGG!$A1925,generale!$A$16:$A$4963,0),COLUMN()))","v":2},{"$f":"generale!G1935","v":"T"},8,43,1,31,0,6,10,47,19,23,13,7,9,4,15,76,0,3,1,36,null,null,null,null,null,null,null,null,null,null,null,null,null,null,null,null,null,1,1,1,1,null,null,17]
[{"$f":"IF(generale!$A1939>0,generale!$A1939,\"\")","v":"2010-04-14"},{"$f":"IF(INDEX(generale!$A$16:$G$4963,MATCH(NGG!$A1929,generale!$A$16:$A$4963,0),COLUMN())=0,0,INDEX(generale!$A$16:$G$4963,MATCH(NGG!$A1929,generale!$A$16:$A$4963,0),COLUMN()))","v":13},{"$f":"IF(INDEX(generale!$A$16:$G$4963,MATCH(NGG!$A1929,generale!$A$16:$A$4963,0),COLUMN())=0,0,INDEX(generale!$A$16:$G$4963,MATCH(NGG!$A1929,generale!$A$16:$A$4963,0),COLUMN()))","v":11},{"$f":"IF(INDEX(generale!$A$16:$G$4963,MATCH(NGG!$A1929,generale!$A$16:$A$4963,0),COLUMN())=0,0,INDEX(generale!$A$16:$G$4963,MATCH(NGG!$A1929,generale!$A$16:$A$4963,0),COLUMN()))","v":4},{"$f":"IF(INDEX(generale!$A$16:$G$4963,MATCH(NGG!$A1929,generale!$A$16:$A$4963,0),COLUMN())=0,0,INDEX(generale!$A$16:$G$4963,MATCH(NGG!$A1929,generale!$A$16:$A$4963,0),COLUMN()))","v":7},{"$f":"IF(INDEX(generale!$A$16:$G$4963,MATCH(NGG!$A1929,generale!$A$16:$A$4963,0),COLUMN())=0,0,INDEX(generale!$A$16:$G$4963,MATCH(NGG!$A1929,generale!$A$16:$A$4963,0),COLUMN()))","v":15},{"$f":"generale!G1939","v":"T"},12,3,5,35,4,10,14,1,23,27,17,2,0,8,19,80,0,3,1,36,null,null,null,null,null,null,null,null,null,null,null,null,null,null,null,null,null,1,1,1,1,null,null,16]
[{"$f":"IF(generale!$A1951>0,generale!$A1951,\"\")","v":"2010-04-26"},{"$f":"IF(INDEX(generale!$A$16:$G$4963,MATCH(NGG!$A1941,generale!$A$16:$A$4963,0),COLUMN())=0,0,INDEX(generale!$A$16:$G$4963,MATCH(NGG!$A1941,generale!$A$16:$A$4963,0),COLUMN()))","v":4},{"$f":"IF(INDEX(generale!$A$16:$G$4963,MATCH(NGG!$A1941,generale!$A$16:$A$4963,0),COLUMN())=0,0,INDEX(generale!$A$16:$G$4963,MATCH(NGG!$A1941,generale!$A$16:$A$4963,0),COLUMN()))","v":12},{"$f":"IF(INDEX(generale!$A$16:$G$4963,MATCH(NGG!$A1941,generale!$A$16:$A$4963,0),COLUMN())=0,0,INDEX(generale!$A$16:$G$4963,MATCH(NGG!$A1941,generale!$A$16:$A$4963,0),COLUMN()))","v":6},{"$f":"IF(INDEX(generale!$A$16:$G$4963,MATCH(NGG!$A1941,generale!$A$16:$A$4963,0),COLUMN())=0,0,INDEX(generale!$A$16:$G$4963,MATCH(NGG!$A1941,generale!$A$16:$A$4963,0),COLUMN()))","v":13},{"$f":"IF(INDEX(generale!$A$16:$G$4963,MATCH(NGG!$A1941,generale!$A$16:$A$4963,0),COLUMN())=0,0,INDEX(generale!$A$16:$G$4963,MATCH(NGG!$A1941,generale!$A$16:$A$4963,0),COLUMN()))","v":9},{"$f":"generale!G1951","v":"O"},6,11,4,0,16,10,2,13,1,9,3,8,12,20,31,92,0,3,1,36,null,null,null,null,null,null,null,null,null,null,null,null,null,null,null,null,null,1,1,1,1,null,null,16]
[{"$f":"IF(generale!$A1956>0,generale!$A1956,\"\")","v":"2010-05-01"},{"$f":"IF(INDEX(generale!$A$16:$G$4963,MATCH(NGG!$A1946,generale!$A$16:$A$4963,0),COLUMN())=0,0,INDEX(generale!$A$16:$G$4963,MATCH(NGG!$A1946,generale!$A$16:$A$4963,0),COLUMN()))","v":1},{"$f":"IF(INDEX(generale!$A$16:$G$4963,MATCH(NGG!$A1946,generale!$A$16:$A$4963,0),COLUMN())=0,0,INDEX(generale!$A$16:$G$4963,MATCH(NGG!$A1946,generale!$A$16:$A$4963,0),COLUMN()))","v":3},{"$f":"IF(INDEX(generale!$A$16:$G$4963,MATCH(NGG!$A1946,generale!$A$16:$A$4963,0),COLUMN())=0,0,INDEX(generale!$A$16:$G$4963,MATCH(NGG!$A1946,generale!$A$16:$A$4963,0),COLUMN()))","v":14},{"$f":"IF(INDEX(generale!$A$16:$G$4963,MATCH(NGG!$A1946,generale!$A$16:$A$4963,0),COLUMN())=0,0,INDEX(generale!$A$16:$G$4963,MATCH(NGG!$A1946,generale!$A$16:$A$4963,0),COLUMN()))","v":4},{"$f":"IF(INDEX(generale!$A$16:$G$4963,MATCH(NGG!$A1946,generale!$A$16:$A$4963,0),COLUMN())=0,0,INDEX(generale!$A$16:$G$4963,MATCH(NGG!$A1946,generale!$A$16:$A$4963,0),COLUMN()))","v":6},{"$f":"generale!G1956","v":"P"},0,16,9,4,21,15,7,1,6,14,3,13,17,25,36,2,0,3,1,36,null,null,null,null,null,null,null,null,null,null,null,null,null,null,null,null,null,1,1,1,1,null,null,18]
[{"$f":"IF(generale!$A1969>0,generale!$A1969,\"\")","v":"2010-05-14"},{"$f":"IF(INDEX(generale!$A$16:$G$4963,MATCH(NGG!$A1959,generale!$A$16:$A$4963,0),COLUMN())=0,0,INDEX(generale!$A$16:$G$4963,MATCH(NGG!$A1959,generale!$A$16:$A$4963,0),COLUMN()))","v":2},{"$f":"IF(INDEX(generale!$A$16:$G$4963,MATCH(NGG!$A1959,generale!$A$16:$A$4963,0),COLUMN())=0,0,INDEX(generale!$A$16:$G$4963,MATCH(NGG!$A1959,generale!$A$16:$A$4963,0),COLUMN()))","v":14},{"$f":"IF(INDEX(generale!$A$16:$G$4963,MATCH(NGG!$A1959,generale!$A$16:$A$4963,0),COLUMN())=0,0,INDEX(generale!$A$16:$G$4963,MATCH(NGG!$A1959,generale!$A$16:$A$4963,0),COLUMN()))","v":5},{"$f":"IF(INDEX(generale!$A$16:$G$4963,MATCH(NGG!$A1959,generale!$A$16:$A$4963,0),COLUMN())=0,0,INDEX(generale!$A$16:$G$4963,MATCH(NGG!$A1959,generale!$A$16:$A$4963,0),COLUMN()))","v":10},{"$f":"IF(INDEX(generale!$A$16:$G$4963,MATCH(NGG!$A1959,generale!$A$16:$A$4963,0),COLUMN())=0,0,INDEX(generale!$A$16:$G$4963,MATCH(NGG!$A1959,generale!$A$16:$A$4963,0),COLUMN()))","v":1},{"$f":"generale!G1969","v":"T"},10,0,22,17,34,28,20,14,4,7,16,26,3,38,49,8,1,4,2,0,null,null,null,null,null,null,null,null,null,null,null,null,null,null,null,null,null,1,1,1,1,null,null,16]
[{"$f":"IF(generale!$A1981>0,generale!$A1981,\"\")","v":"2010-05-26"},{"$f":"IF(INDEX(generale!$A$16:$G$4963,MATCH(NGG!$A1971,generale!$A$16:$A$4963,0),COLUMN())=0,0,INDEX(generale!$A$16:$G$4963,MATCH(NGG!$A1971,generale!$A$16:$A$4963,0),COLUMN()))","v":12},{"$f":"IF(INDEX(generale!$A$16:$G$4963,MATCH(NGG!$A1971,generale!$A$16:$A$4963,0),COLUMN())=0,0,INDEX(generale!$A$16:$G$4963,MATCH(NGG!$A1971,generale!$A$16:$A$4963,0),COLUMN()))","v":18},{"$f":"IF(INDEX(generale!$A$16:$G$4963,MATCH(NGG!$A1971,generale!$A$16:$A$4963,0),COLUMN())=0,0,INDEX(generale!$A$16:$G$4963,MATCH(NGG!$A1971,generale!$A$16:$A$4963,0),COLUMN()))","v":7},{"$f":"IF(INDEX(generale!$A$16:$G$4963,MATCH(NGG!$A1971,generale!$A$16:$A$4963,0),COLUMN())=0,0,INDEX(generale!$A$16:$G$4963,MATCH(NGG!$A1971,generale!$A$16:$A$4963,0),COLUMN()))","v":4},{"$f":"IF(INDEX(generale!$A$16:$G$4963,MATCH(NGG!$A1971,generale!$A$16:$A$4963,0),COLUMN())=0,0,INDEX(generale!$A$16:$G$4963,MATCH(NGG!$A1971,generale!$A$16:$A$4963,0),COLUMN()))","v":14},{"$f":"generale!G1981","v":"T"},22,11,2,4,5,1,9,10,6,19,28,0,15,3,61,20,1,4,2,0,null,null,null,null,null,null,null,null,null,null,null,null,null,null,null,null,null,1,1,1,1,null,null,18]
[{"$f":"IF(generale!$A1985>0,generale!$A1985,\"\")","v":"2010-05-30"},{"$f":"IF(INDEX(generale!$A$16:$G$4963,MATCH(NGG!$A1975,generale!$A$16:$A$4963,0),COLUMN())=0,0,INDEX(generale!$A$16:$G$4963,MATCH(NGG!$A1975,generale!$A$16:$A$4963,0),COLUMN()))","v":4},{"$f":"IF(INDEX(generale!$A$16:$G$4963,MATCH(NGG!$A1975,generale!$A$16:$A$4963,0),COLUMN())=0,0,INDEX(generale!$A$16:$G$4963,MATCH(NGG!$A1975,generale!$A$16:$A$4963,0),COLUMN()))","v":6},{"$f":"IF(INDEX(generale!$A$16:$G$4963,MATCH(NGG!$A1975,generale!$A$16:$A$4963,0),COLUMN())=0,0,INDEX(generale!$A$16:$G$4963,MATCH(NGG!$A1975,generale!$A$16:$A$4963,0),COLUMN()))","v":9},{"$f":"IF(INDEX(generale!$A$16:$G$4963,MATCH(NGG!$A1975,generale!$A$16:$A$4963,0),COLUMN())=0,0,INDEX(generale!$A$16:$G$4963,MATCH(NGG!$A1975,generale!$A$16:$A$4963,0),COLUMN()))","v":7},{"$f":"IF(INDEX(generale!$A$16:$G$4963,MATCH(NGG!$A1975,generale!$A$16:$A$4963,0),COLUMN())=0,0,INDEX(generale!$A$16:$G$4963,MATCH(NGG!$A1975,generale!$A$16:$A$4963,0),COLUMN()))","v":13},{"$f":"generale!G1985","v":"O"},26,15,6,0,9,5,13,3,10,23,32,4,19,7,1,2,1,4,2,0,null,null,null,null,null,null,null,null,null,null,null,null,null,null,null,null,null,1,1,1,1,null,null,17]
[{"$f":"IF(generale!$A1990>0,generale!$A1990,\"\")","v":"2010-06-04"},{"$f":"IF(INDEX(generale!$A$16:$G$4963,MATCH(NGG!$A1980,generale!$A$16:$A$4963,0),COLUMN())=0,0,INDEX(generale!$A$16:$G$4963,MATCH(NGG!$A1980,generale!$A$16:$A$4963,0),COLUMN()))","v":4},{"$f":"IF(INDEX(generale!$A$16:$G$4963,MATCH(NGG!$A1980,generale!$A$16:$A$4963,0),COLUMN())=0,0,INDEX(generale!$A$16:$G$4963,MATCH(NGG!$A1980,generale!$A$16:$A$4963,0),COLUMN()))","v":3},{"$f":"IF(INDEX(generale!$A$16:$G$4963,MATCH(NGG!$A1980,generale!$A$16:$A$4963,0),COLUMN())=0,0,INDEX(generale!$A$16:$G$4963,MATCH(NGG!$A1980,generale!$A$16:$A$4963,0),COLUMN()))","v":16},{"$f":"IF(INDEX(generale!$A$16:$G$4963,MATCH(NGG!$A1980,generale!$A$16:$A$4963,0),COLUMN())=0,0,INDEX(generale!$A$16:$G$4963,MATCH(NGG!$A1980,generale!$A$16:$A$4963,0),COLUMN()))","v":14},{"$f":"IF(INDEX(generale!$A$16:$G$4963,MATCH(NGG!$A1980,generale!$A$16:$A$4963,0),COLUMN())=0,0,INDEX(generale!$A$16:$G$4963,MATCH(NGG!$A1980,generale!$A$16:$A$4963,0),COLUMN()))","v":2},{"$f":"generale!G1990","v":"T"},3,1,2,0,14,10,18,8,15,4,37,9,24,12,6,7,1,4,2,0,null,null,null,null,null,null,null,null,null,null,null,null,null,null,null,null,null,1,1,1,1]
[{"$f":"IF(generale!$A2002>0,generale!$A2002,\"\")","v":"2010-06-16"},{"$f":"IF(INDEX(generale!$A$16:$G$4963,MATCH(NGG!$A1992,generale!$A$16:$A$4963,0),COLUMN())=0,0,INDEX(generale!$A$16:$G$4963,MATCH(NGG!$A1992,generale!$A$16:$A$4963,0),COLUMN()))","v":10},{"$f":"IF(INDEX(generale!$A$16:$G$4963,MATCH(NGG!$A1992,generale!$A$16:$A$4963,0),COLUMN())=0,0,INDEX(generale!$A$16:$G$4963,MATCH(NGG!$A1992,generale!$A$16:$A$4963,0),COLUMN()))","v":18},{"$f":"IF(INDEX(generale!$A$16:$G$4963,MATCH(NGG!$A1992,generale!$A$16:$A$4963,0),COLUMN())=0,0,INDEX(generale!$A$16:$G$4963,MATCH(NGG!$A1992,generale!$A$16:$A$4963,0),COLUMN()))","v":2},{"$f":"IF(INDEX(generale!$A$16:$G$4963,MATCH(NGG!$A1992,generale!$A$16:$A$4963,0),COLUMN())=0,0,INDEX(generale!$A$16:$G$4963,MATCH(NGG!$A1992,generale!$A$16:$A$4963,0),COLUMN()))","v":12},{"$f":"IF(INDEX(generale!$A$16:$G$4963,MATCH(NGG!$A1992,generale!$A$16:$A$4963,0),COLUMN())=0,0,INDEX(generale!$A$16:$G$4963,MATCH(NGG!$A1992,generale!$A$16:$A$4963,0),COLUMN()))","v":11},{"$f":"generale!G2002","v":"P"},{"$f":"IF(COUNTIF($B1992:$D1992,0)<3,IF(LEN(SUBSTITUTE(SUBSTITUTE($B1992,H$1,,1),,1))=0,0,H1991+1-AC1992),\"\")","v":15},{"$f":"IF(COUNTIF($B1992:$D1992,0)<3,IF(LEN(SUBSTITUTE(SUBSTITUTE($B1992,I$1,,1),,1))=0,0,I1991+1-AD1992),\"\")","v":13},{"$f":"IF(COUNTIF($B1992:$D1992,0)<3,IF(LEN(SUBSTITUTE(SUBSTITUTE($B1992,J$1,,1),,1))=0,0,J1991+1-AE1992),\"\")","v":14},{"$f":"IF(COUNTIF($B1992:$D1992,0)<3,IF(LEN(SUBSTITUTE(SUBSTITUTE($B1992,K$1,,1),,1))=0,0,K1991+1-AF1992),\"\")","v":10},{"$f":"IF(COUNTIF($B1992:$D1992,0)<3,IF(LEN(SUBSTITUTE(SUBSTITUTE($B1992,L$1,,1),,1))=0,0,L1991+1-AG1992),\"\")","v":9},{"$f":"IF(COUNTIF($B1992:$D1992,0)<3,IF(LEN(SUBSTITUTE(SUBSTITUTE($B1992,M$1,,1),,1))=0,0,M1991+1-AH1992),\"\")","v":1},{"$f":"IF(COUNTIF($B1992:$D1992,0)<3,IF(LEN(SUBSTITUTE(SUBSTITUTE($B1992,N$1,,1),,1))=0,0,N1991+1-AI1992),\"\")","v":3},{"$f":"IF(COUNTIF($B1992:$D1992,0)<3,IF(LEN(SUBSTITUTE(SUBSTITUTE($B1992,O$1,,1),,1))=0,0,O1991+1-AJ1992),\"\")","v":20},{"$f":"IF(COUNTIF($B1992:$D1992,0)<3,IF(LEN(SUBSTITUTE(SUBSTITUTE($B1992,P$1,,1),,1))=0,0,P1991+1-AK1992),\"\")","v":27},{"$f":"IF(COUNTIF($B1992:$D1992,0)<3,IF(LEN(SUBSTITUTE(SUBSTITUTE($B1992,Q$1,,1),,1))=0,0,Q1991+1-AL1992),\"\")","v":0},{"$f":"IF(COUNTIF($B1992:$D1992,0)<3,IF(LEN(SUBSTITUTE(SUBSTITUTE($B1992,R$1,,1),,1))=0,0,R1991+1-AM1992),\"\")","v":49},{"$f":"IF(COUNTIF($B1992:$D1992,0)<3,IF(LEN(SUBSTITUTE(SUBSTITUTE($B1992,S$1,,1),,1))=0,0,S1991+1-AN1992),\"\")","v":11},{"$f":"IF(COUNTIF($B1992:$D1992,0)<3,IF(LEN(SUBSTITUTE(SUBSTITUTE($B1992,T$1,,1),,1))=0,0,T1991+1-AO1992),\"\")","v":4},{"$f":"IF(COUNTIF($B1992:$D1992,0)<3,IF(LEN(SUBSTITUTE(SUBSTITUTE($B1992,U$1,,1),,1))=0,0,U1991+1-AP1992),\"\")","v":24},{"$f":"IF(COUNTIF($B1992:$D1992,0)<3,IF(LEN(SUBSTITUTE(SUBSTITUTE($B1992,V$1,,1),,1))=0,0,V1991+1-AQ1992),\"\")","v":7},{"$f":"IF(COUNTIF($B1992:$D1992,0)<3,IF(LEN(SUBSTITUTE(SUBSTITUTE($B1992,W$1,,1),,1))=0,0,W1991+1-AR1992),\"\")","v":19},{"$f":"IF(COUNTIF($B1992:$D1992,0)<3,IF(LEN(SUBSTITUTE(SUBSTITUTE($B1992,X$1,,1),,1))=0,0,X1991+1-AS1992),\"\")","v":0},{"$f":"IF(COUNTIF($B1992:$D1992,0)<3,IF(LEN(SUBSTITUTE(SUBSTITUTE($B1992,Y$1,,1),,1))=0,0,Y1991+1-AT1992),\"\")","v":4},{"$f":"IF(COUNTIF($B1992:$D1992,0)<3,IF(LEN(SUBSTITUTE(SUBSTITUTE($B1992,Z$1,,1),,1))=0,0,Z1991+1-AU1992),\"\")","v":2},{"$f":"IF(COUNTIF($B1992:$D1992,0)<3,IF(LEN(SUBSTITUTE(SUBSTITUTE($B1992,AA$1,,1),,1))=0,0,AA1991+1-AV1992),\"\")","v":0},null,null,null,null,null,null,null,null,null,null,null,null,null,null,null,null,null,1,1,1,1]
[{"$f":"IF(generale!$A2014>0,generale!$A2014,\"\")","v":"2010-06-28"},{"$f":"IF(INDEX(generale!$A$16:$G$4963,MATCH(NGG!$A2004,generale!$A$16:$A$4963,0),COLUMN())=0,0,INDEX(generale!$A$16:$G$4963,MATCH(NGG!$A2004,generale!$A$16:$A$4963,0),COLUMN()))","v":12},{"$f":"IF(INDEX(generale!$A$16:$G$4963,MATCH(NGG!$A2004,generale!$A$16:$A$4963,0),COLUMN())=0,0,INDEX(generale!$A$16:$G$4963,MATCH(NGG!$A2004,generale!$A$16:$A$4963,0),COLUMN()))","v":9},{"$f":"IF(INDEX(generale!$A$16:$G$4963,MATCH(NGG!$A2004,generale!$A$16:$A$4963,0),COLUMN())=0,0,INDEX(generale!$A$16:$G$4963,MATCH(NGG!$A2004,generale!$A$16:$A$4963,0),COLUMN()))","v":6},{"$f":"IF(INDEX(generale!$A$16:$G$4963,MATCH(NGG!$A2004,generale!$A$16:$A$4963,0),COLUMN())=0,0,INDEX(generale!$A$16:$G$4963,MATCH(NGG!$A2004,generale!$A$16:$A$4963,0),COLUMN()))","v":16},{"$f":"IF(INDEX(generale!$A$16:$G$4963,MATCH(NGG!$A2004,generale!$A$16:$A$4963,0),COLUMN())=0,0,INDEX(generale!$A$16:$G$4963,MATCH(NGG!$A2004,generale!$A$16:$A$4963,0),COLUMN()))","v":8},{"$f":"generale!G2014","v":"O"},1,5,11,22,21,6,15,32,10,3,8,0,4,36,19,2,0,4,2,0,null,null,null,null,null,null,null,null,null,null,null,null,null,null,null,null,null,1,1,1,1]
[{"$f":"IF(generale!$A2020>0,generale!$A2020,\"\")","v":"2010-07-04"},{"$f":"IF(INDEX(generale!$A$16:$G$4963,MATCH(NGG!$A2010,generale!$A$16:$A$4963,0),COLUMN())=0,0,INDEX(generale!$A$16:$G$4963,MATCH(NGG!$A2010,generale!$A$16:$A$4963,0),COLUMN()))","v":2},{"$f":"IF(INDEX(generale!$A$16:$G$4963,MATCH(NGG!$A2010,generale!$A$16:$A$4963,0),COLUMN())=0,0,INDEX(generale!$A$16:$G$4963,MATCH(NGG!$A2010,generale!$A$16:$A$4963,0),COLUMN()))","v":6},{"$f":"IF(INDEX(generale!$A$16:$G$4963,MATCH(NGG!$A2010,generale!$A$16:$A$4963,0),COLUMN())=0,0,INDEX(generale!$A$16:$G$4963,MATCH(NGG!$A2010,generale!$A$16:$A$4963,0),COLUMN()))","v":10},{"$f":"IF(INDEX(generale!$A$16:$G$4963,MATCH(NGG!$A2010,generale!$A$16:$A$4963,0),COLUMN())=0,0,INDEX(generale!$A$16:$G$4963,MATCH(NGG!$A2010,generale!$A$16:$A$4963,0),COLUMN()))","v":14},{"$f":"IF(INDEX(generale!$A$16:$G$4963,MATCH(NGG!$A2010,generale!$A$16:$A$4963,0),COLUMN())=0,0,INDEX(generale!$A$16:$G$4963,MATCH(NGG!$A2010,generale!$A$16:$A$4963,0),COLUMN()))","v":5},{"$f":"generale!G2020","v":"P"},7,0,17,28,4,12,21,1,16,2,5,6,10,42,25,8,0,4,2,0,null,null,null,null,null,null,null,null,null,null,null,null,null,null,null,null,null,1,1,1,1]
[{"$f":"IF(generale!$A2032>0,generale!$A2032,\"\")","v":"2010-07-16"},{"$f":"IF(INDEX(generale!$A$16:$G$4963,MATCH(NGG!$A2022,generale!$A$16:$A$4963,0),COLUMN())=0,0,INDEX(generale!$A$16:$G$4963,MATCH(NGG!$A2022,generale!$A$16:$A$4963,0),COLUMN()))","v":15},{"$f":"IF(INDEX(generale!$A$16:$G$4963,MATCH(NGG!$A2022,generale!$A$16:$A$4963,0),COLUMN())=0,0,INDEX(generale!$A$16:$G$4963,MATCH(NGG!$A2022,generale!$A$16:$A$4963,0),COLUMN()))","v":12},{"$f":"IF(INDEX(generale!$A$16:$G$4963,MATCH(NGG!$A2022,generale!$A$16:$A$4963,0),COLUMN())=0,0,INDEX(generale!$A$16:$G$4963,MATCH(NGG!$A2022,generale!$A$16:$A$4963,0),COLUMN()))","v":1},{"$f":"IF(INDEX(generale!$A$16:$G$4963,MATCH(NGG!$A2022,generale!$A$16:$A$4963,0),COLUMN())=0,0,INDEX(generale!$A$16:$G$4963,MATCH(NGG!$A2022,generale!$A$16:$A$4963,0),COLUMN()))","v":16},{"$f":"IF(INDEX(generale!$A$16:$G$4963,MATCH(NGG!$A2022,generale!$A$16:$A$4963,0),COLUMN())=0,0,INDEX(generale!$A$16:$G$4963,MATCH(NGG!$A2022,generale!$A$16:$A$4963,0),COLUMN()))","v":10},{"$f":"generale!G2032","v":"T"},19,4,2,3,16,1,33,13,28,14,5,18,9,10,0,20,0,4,2,0,null,null,null,null,null,null,null,null,null,null,null,null,null,null,null,null,null,1,1,1,1]
[{"$f":"IF(generale!$A2035>0,generale!$A2035,\"\")","v":"2010-07-19"},{"$f":"IF(INDEX(generale!$A$16:$G$4963,MATCH(NGG!$A2025,generale!$A$16:$A$4963,0),COLUMN())=0,0,INDEX(generale!$A$16:$G$4963,MATCH(NGG!$A2025,generale!$A$16:$A$4963,0),COLUMN()))","v":12},{"$f":"IF(INDEX(generale!$A$16:$G$4963,MATCH(NGG!$A2025,generale!$A$16:$A$4963,0),COLUMN())=0,0,INDEX(generale!$A$16:$G$4963,MATCH(NGG!$A2025,generale!$A$16:$A$4963,0),COLUMN()))","v":7},{"$f":"IF(INDEX(generale!$A$16:$G$4963,MATCH(NGG!$A2025,generale!$A$16:$A$4963,0),COLUMN())=0,0,INDEX(generale!$A$16:$G$4963,MATCH(NGG!$A2025,generale!$A$16:$A$4963,0),COLUMN()))","v":13},{"$f":"IF(INDEX(generale!$A$16:$G$4963,MATCH(NGG!$A2025,generale!$A$16:$A$4963,0),COLUMN())=0,0,INDEX(generale!$A$16:$G$4963,MATCH(NGG!$A2025,generale!$A$16:$A$4963,0),COLUMN()))","v":5},{"$f":"IF(INDEX(generale!$A$16:$G$4963,MATCH(NGG!$A2025,generale!$A$16:$A$4963,0),COLUMN())=0,0,INDEX(generale!$A$16:$G$4963,MATCH(NGG!$A2025,generale!$A$16:$A$4963,0),COLUMN()))","v":3},{"$f":"generale!G2035","v":"P"},1,7,5,6,19,4,36,16,31,2,8,0,12,13,3,23,0,4,2,0,null,null,null,null,null,null,null,null,null,null,null,null,null,null,null,null,null,1,1,1,1]
[{"$f":"IF(generale!$A2050>0,generale!$A2050,\"\")","v":"2010-08-03"},{"$f":"IF(INDEX(generale!$A$16:$G$4963,MATCH(NGG!$A2040,generale!$A$16:$A$4963,0),COLUMN())=0,0,INDEX(generale!$A$16:$G$4963,MATCH(NGG!$A2040,generale!$A$16:$A$4963,0),COLUMN()))","v":1},{"$f":"IF(INDEX(generale!$A$16:$G$4963,MATCH(NGG!$A2040,generale!$A$16:$A$4963,0),COLUMN())=0,0,INDEX(generale!$A$16:$G$4963,MATCH(NGG!$A2040,generale!$A$16:$A$4963,0),COLUMN()))","v":6},{"$f":"IF(INDEX(generale!$A$16:$G$4963,MATCH(NGG!$A2040,generale!$A$16:$A$4963,0),COLUMN())=0,0,INDEX(generale!$A$16:$G$4963,MATCH(NGG!$A2040,generale!$A$16:$A$4963,0),COLUMN()))","v":3},{"$f":"IF(INDEX(generale!$A$16:$G$4963,MATCH(NGG!$A2040,generale!$A$16:$A$4963,0),COLUMN())=0,0,INDEX(generale!$A$16:$G$4963,MATCH(NGG!$A2040,generale!$A$16:$A$4963,0),COLUMN()))","v":12},{"$f":"IF(INDEX(generale!$A$16:$G$4963,MATCH(NGG!$A2040,generale!$A$16:$A$4963,0),COLUMN())=0,0,INDEX(generale!$A$16:$G$4963,MATCH(NGG!$A2040,generale!$A$16:$A$4963,0),COLUMN()))","v":14},{"$f":"generale!G2050","v":"P"},0,2,3,5,7,14,51,9,46,17,23,15,27,28,1,38,0,4,2,0,null,null,null,null,null,null,null,null,null,null,null,null,null,null,null,null,null,1,1,1,1]
[{"$f":"IF(generale!$A2053>0,generale!$A2053,\"\")","v":"2010-08-06"},{"$f":"IF(INDEX(generale!$A$16:$G$4963,MATCH(NGG!$A2043,generale!$A$16:$A$4963,0),COLUMN())=0,0,INDEX(generale!$A$16:$G$4963,MATCH(NGG!$A2043,generale!$A$16:$A$4963,0),COLUMN()))","v":1},{"$f":"IF(INDEX(generale!$A$16:$G$4963,MATCH(NGG!$A2043,generale!$A$16:$A$4963,0),COLUMN())=0,0,INDEX(generale!$A$16:$G$4963,MATCH(NGG!$A2043,generale!$A$16:$A$4963,0),COLUMN()))","v":5},{"$f":"IF(INDEX(generale!$A$16:$G$4963,MATCH(NGG!$A2043,generale!$A$16:$A$4963,0),COLUMN())=0,0,INDEX(generale!$A$16:$G$4963,MATCH(NGG!$A2043,generale!$A$16:$A$4963,0),COLUMN()))","v":11},{"$f":"IF(INDEX(generale!$A$16:$G$4963,MATCH(NGG!$A2043,generale!$A$16:$A$4963,0),COLUMN())=0,0,INDEX(generale!$A$16:$G$4963,MATCH(NGG!$A2043,generale!$A$16:$A$4963,0),COLUMN()))","v":10},{"$f":"IF(INDEX(generale!$A$16:$G$4963,MATCH(NGG!$A2043,generale!$A$16:$A$4963,0),COLUMN())=0,0,INDEX(generale!$A$16:$G$4963,MATCH(NGG!$A2043,generale!$A$16:$A$4963,0),COLUMN()))","v":14},{"$f":"generale!G2053","v":"T"},0,5,6,1,2,17,54,12,49,20,26,18,30,31,4,41,0,4,2,0,null,null,null,null,null,null,null,null,null,null,null,null,null,null,null,null,null,1,1,1,1]
[{"$f":"IF(generale!$A2064>0,generale!$A2064,\"\")","v":"2010-08-17"},{"$f":"IF(INDEX(generale!$A$16:$G$4963,MATCH(NGG!$A2054,generale!$A$16:$A$4963,0),COLUMN())=0,0,INDEX(generale!$A$16:$G$4963,MATCH(NGG!$A2054,generale!$A$16:$A$4963,0),COLUMN()))","v":14},{"$f":"IF(INDEX(generale!$A$16:$G$4963,MATCH(NGG!$A2054,generale!$A$16:$A$4963,0),COLUMN())=0,0,INDEX(generale!$A$16:$G$4963,MATCH(NGG!$A2054,generale!$A$16:$A$4963,0),COLUMN()))","v":2},{"$f":"IF(INDEX(generale!$A$16:$G$4963,MATCH(NGG!$A2054,generale!$A$16:$A$4963,0),COLUMN())=0,0,INDEX(generale!$A$16:$G$4963,MATCH(NGG!$A2054,generale!$A$16:$A$4963,0),COLUMN()))","v":8},{"$f":"IF(INDEX(generale!$A$16:$G$4963,MATCH(NGG!$A2054,generale!$A$16:$A$4963,0),COLUMN())=0,0,INDEX(generale!$A$16:$G$4963,MATCH(NGG!$A2054,generale!$A$16:$A$4963,0),COLUMN()))","v":16},{"$f":"IF(INDEX(generale!$A$16:$G$4963,MATCH(NGG!$A2054,generale!$A$16:$A$4963,0),COLUMN())=0,0,INDEX(generale!$A$16:$G$4963,MATCH(NGG!$A2054,generale!$A$16:$A$4963,0),COLUMN()))","v":9},{"$f":"generale!G2064","v":"P"},11,16,4,6,13,1,3,23,60,5,37,29,41,0,15,52,1,1,0,0,null,null,null,null,null,null,null,null,null,null,null,null,null,null,null,null,null,1,1,1,1]
[{"$f":"IF(generale!$A2071>0,generale!$A2071,\"\")","v":"2010-08-24"},{"$f":"IF(INDEX(generale!$A$16:$G$4963,MATCH(NGG!$A2061,generale!$A$16:$A$4963,0),COLUMN())=0,0,INDEX(generale!$A$16:$G$4963,MATCH(NGG!$A2061,generale!$A$16:$A$4963,0),COLUMN()))","v":10},{"$f":"IF(INDEX(generale!$A$16:$G$4963,MATCH(NGG!$A2061,generale!$A$16:$A$4963,0),COLUMN())=0,0,INDEX(generale!$A$16:$G$4963,MATCH(NGG!$A2061,generale!$A$16:$A$4963,0),COLUMN()))","v":5},{"$f":"IF(INDEX(generale!$A$16:$G$4963,MATCH(NGG!$A2061,generale!$A$16:$A$4963,0),COLUMN())=0,0,INDEX(generale!$A$16:$G$4963,MATCH(NGG!$A2061,generale!$A$16:$A$4963,0),COLUMN()))","v":9},{"$f":"IF(INDEX(generale!$A$16:$G$4963,MATCH(NGG!$A2061,generale!$A$16:$A$4963,0),COLUMN())=0,0,INDEX(generale!$A$16:$G$4963,MATCH(NGG!$A2061,generale!$A$16:$A$4963,0),COLUMN()))","v":2},{"$f":"IF(INDEX(generale!$A$16:$G$4963,MATCH(NGG!$A2061,generale!$A$16:$A$4963,0),COLUMN())=0,0,INDEX(generale!$A$16:$G$4963,MATCH(NGG!$A2061,generale!$A$16:$A$4963,0),COLUMN()))","v":11},{"$f":"generale!G2071","v":"O"},18,2,11,13,20,8,3,1,6,0,44,4,48,7,5,59,1,1,0,0,null,null,null,null,null,null,null,null,null,null,null,null,null,null,null,null,null,1,1,1,1]
[{"$f":"IF(generale!$A2078>0,generale!$A2078,\"\")","v":"2010-08-31"},{"$f":"IF(INDEX(generale!$A$16:$G$4963,MATCH(NGG!$A2068,generale!$A$16:$A$4963,0),COLUMN())=0,0,INDEX(generale!$A$16:$G$4963,MATCH(NGG!$A2068,generale!$A$16:$A$4963,0),COLUMN()))","v":2},{"$f":"IF(INDEX(generale!$A$16:$G$4963,MATCH(NGG!$A2068,generale!$A$16:$A$4963,0),COLUMN())=0,0,INDEX(generale!$A$16:$G$4963,MATCH(NGG!$A2068,generale!$A$16:$A$4963,0),COLUMN()))","v":5},{"$f":"IF(INDEX(generale!$A$16:$G$4963,MATCH(NGG!$A2068,generale!$A$16:$A$4963,0),COLUMN())=0,0,INDEX(generale!$A$16:$G$4963,MATCH(NGG!$A2068,generale!$A$16:$A$4963,0),COLUMN()))","v":4},{"$f":"IF(INDEX(generale!$A$16:$G$4963,MATCH(NGG!$A2068,generale!$A$16:$A$4963,0),COLUMN())=0,0,INDEX(generale!$A$16:$G$4963,MATCH(NGG!$A2068,generale!$A$16:$A$4963,0),COLUMN()))","v":9},{"$f":"IF(INDEX(generale!$A$16:$G$4963,MATCH(NGG!$A2068,generale!$A$16:$A$4963,0),COLUMN())=0,0,INDEX(generale!$A$16:$G$4963,MATCH(NGG!$A2068,generale!$A$16:$A$4963,0),COLUMN()))","v":16},{"$f":"generale!G2078","v":"P"},25,0,2,20,27,15,1,8,6,7,3,4,55,14,12,66,1,1,0,0,null,null,null,null,null,null,null,null,null,null,null,null,null,null,null,null,null,1,1,1,1]
[{"$f":"IF(generale!$A2093>0,generale!$A2093,\"\")","v":"2010-09-15"},{"$f":"IF(INDEX(generale!$A$16:$G$4963,MATCH(NGG!$A2083,generale!$A$16:$A$4963,0),COLUMN())=0,0,INDEX(generale!$A$16:$G$4963,MATCH(NGG!$A2083,generale!$A$16:$A$4963,0),COLUMN()))","v":11},{"$f":"IF(INDEX(generale!$A$16:$G$4963,MATCH(NGG!$A2083,generale!$A$16:$A$4963,0),COLUMN())=0,0,INDEX(generale!$A$16:$G$4963,MATCH(NGG!$A2083,generale!$A$16:$A$4963,0),COLUMN()))","v":2},{"$f":"IF(INDEX(generale!$A$16:$G$4963,MATCH(NGG!$A2083,generale!$A$16:$A$4963,0),COLUMN())=0,0,INDEX(generale!$A$16:$G$4963,MATCH(NGG!$A2083,generale!$A$16:$A$4963,0),COLUMN()))","v":1},{"$f":"IF(INDEX(generale!$A$16:$G$4963,MATCH(NGG!$A2083,generale!$A$16:$A$4963,0),COLUMN())=0,0,INDEX(generale!$A$16:$G$4963,MATCH(NGG!$A2083,generale!$A$16:$A$4963,0),COLUMN()))","v":12},{"$f":"IF(INDEX(generale!$A$16:$G$4963,MATCH(NGG!$A2083,generale!$A$16:$A$4963,0),COLUMN())=0,0,INDEX(generale!$A$16:$G$4963,MATCH(NGG!$A2083,generale!$A$16:$A$4963,0),COLUMN()))","v":18},{"$f":"generale!G2093","v":"O"},40,2,3,35,42,30,16,23,5,1,0,19,70,7,27,6,0,1,0,0,null,null,null,null,null,null,null,null,null,null,null,null,null,null,null,null,null,1,1,1,1]
[{"$f":"IF(generale!$A2101>0,generale!$A2101,\"\")","v":"2010-09-23"},{"$f":"IF(INDEX(generale!$A$16:$G$4963,MATCH(NGG!$A2091,generale!$A$16:$A$4963,0),COLUMN())=0,0,INDEX(generale!$A$16:$G$4963,MATCH(NGG!$A2091,generale!$A$16:$A$4963,0),COLUMN()))","v":8},{"$f":"IF(INDEX(generale!$A$16:$G$4963,MATCH(NGG!$A2091,generale!$A$16:$A$4963,0),COLUMN())=0,0,INDEX(generale!$A$16:$G$4963,MATCH(NGG!$A2091,generale!$A$16:$A$4963,0),COLUMN()))","v":14},{"$f":"IF(INDEX(generale!$A$16:$G$4963,MATCH(NGG!$A2091,generale!$A$16:$A$4963,0),COLUMN())=0,0,INDEX(generale!$A$16:$G$4963,MATCH(NGG!$A2091,generale!$A$16:$A$4963,0),COLUMN()))","v":15},{"$f":"IF(INDEX(generale!$A$16:$G$4963,MATCH(NGG!$A2091,generale!$A$16:$A$4963,0),COLUMN())=0,0,INDEX(generale!$A$16:$G$4963,MATCH(NGG!$A2091,generale!$A$16:$A$4963,0),COLUMN()))","v":2},{"$f":"IF(INDEX(generale!$A$16:$G$4963,MATCH(NGG!$A2091,generale!$A$16:$A$4963,0),COLUMN())=0,0,INDEX(generale!$A$16:$G$4963,MATCH(NGG!$A2091,generale!$A$16:$A$4963,0),COLUMN()))","v":12},{"$f":"generale!G2101","v":"T"},48,1,11,43,50,38,24,0,13,9,2,7,78,4,6,14,0,1,0,0,null,null,null,null,null,null,null,null,null,null,null,null,null,null,null,null,null,1,1,1,1]
[{"$f":"IF(generale!$A2104>0,generale!$A2104,\"\")","v":"2010-09-26"},{"$f":"IF(INDEX(generale!$A$16:$G$4963,MATCH(NGG!$A2094,generale!$A$16:$A$4963,0),COLUMN())=0,0,INDEX(generale!$A$16:$G$4963,MATCH(NGG!$A2094,generale!$A$16:$A$4963,0),COLUMN()))","v":10},{"$f":"IF(INDEX(generale!$A$16:$G$4963,MATCH(NGG!$A2094,generale!$A$16:$A$4963,0),COLUMN())=0,0,INDEX(generale!$A$16:$G$4963,MATCH(NGG!$A2094,generale!$A$16:$A$4963,0),COLUMN()))","v":4},{"$f":"IF(INDEX(generale!$A$16:$G$4963,MATCH(NGG!$A2094,generale!$A$16:$A$4963,0),COLUMN())=0,0,INDEX(generale!$A$16:$G$4963,MATCH(NGG!$A2094,generale!$A$16:$A$4963,0),COLUMN()))","v":16},{"$f":"IF(INDEX(generale!$A$16:$G$4963,MATCH(NGG!$A2094,generale!$A$16:$A$4963,0),COLUMN())=0,0,INDEX(generale!$A$16:$G$4963,MATCH(NGG!$A2094,generale!$A$16:$A$4963,0),COLUMN()))","v":15},{"$f":"IF(INDEX(generale!$A$16:$G$4963,MATCH(NGG!$A2094,generale!$A$16:$A$4963,0),COLUMN())=0,0,INDEX(generale!$A$16:$G$4963,MATCH(NGG!$A2094,generale!$A$16:$A$4963,0),COLUMN()))","v":1},{"$f":"generale!G2104","v":"T"},51,4,14,46,53,1,27,3,16,0,2,10,81,7,9,17,0,1,0,0,null,null,null,null,null,null,null,null,null,null,null,null,null,null,null,null,null,1,1,1,1]
[{"$f":"IF(generale!$A2119>0,generale!$A2119,\"\")","v":"2010-10-11"},{"$f":"IF(INDEX(generale!$A$16:$G$4963,MATCH(NGG!$A2109,generale!$A$16:$A$4963,0),COLUMN())=0,0,INDEX(generale!$A$16:$G$4963,MATCH(NGG!$A2109,generale!$A$16:$A$4963,0),COLUMN()))","v":3},{"$f":"IF(INDEX(generale!$A$16:$G$4963,MATCH(NGG!$A2109,generale!$A$16:$A$4963,0),COLUMN())=0,0,INDEX(generale!$A$16:$G$4963,MATCH(NGG!$A2109,generale!$A$16:$A$4963,0),COLUMN()))","v":8},{"$f":"IF(INDEX(generale!$A$16:$G$4963,MATCH(NGG!$A2109,generale!$A$16:$A$4963,0),COLUMN())=0,0,INDEX(generale!$A$16:$G$4963,MATCH(NGG!$A2109,generale!$A$16:$A$4963,0),COLUMN()))","v":12},{"$f":"IF(INDEX(generale!$A$16:$G$4963,MATCH(NGG!$A2109,generale!$A$16:$A$4963,0),COLUMN())=0,0,INDEX(generale!$A$16:$G$4963,MATCH(NGG!$A2109,generale!$A$16:$A$4963,0),COLUMN()))","v":9},{"$f":"IF(INDEX(generale!$A$16:$G$4963,MATCH(NGG!$A2109,generale!$A$16:$A$4963,0),COLUMN())=0,0,INDEX(generale!$A$16:$G$4963,MATCH(NGG!$A2109,generale!$A$16:$A$4963,0),COLUMN()))","v":5},{"$f":"generale!G2119","v":"T"},66,19,0,61,4,5,10,13,6,15,17,2,8,11,1,32,0,1,0,0,null,null,null,null,null,null,null,null,null,null,null,null,null,null,null,null,null,1,1,1,1]
[{"$f":"IF(generale!$A2126>0,generale!$A2126,\"\")","v":"2010-10-18"},{"$f":"IF(INDEX(generale!$A$16:$G$4963,MATCH(NGG!$A2116,generale!$A$16:$A$4963,0),COLUMN())=0,0,INDEX(generale!$A$16:$G$4963,MATCH(NGG!$A2116,generale!$A$16:$A$4963,0),COLUMN()))","v":10},{"$f":"IF(INDEX(generale!$A$16:$G$4963,MATCH(NGG!$A2116,generale!$A$16:$A$4963,0),COLUMN())=0,0,INDEX(generale!$A$16:$G$4963,MATCH(NGG!$A2116,generale!$A$16:$A$4963,0),COLUMN()))","v":9},{"$f":"IF(INDEX(generale!$A$16:$G$4963,MATCH(NGG!$A2116,generale!$A$16:$A$4963,0),COLUMN())=0,0,INDEX(generale!$A$16:$G$4963,MATCH(NGG!$A2116,generale!$A$16:$A$4963,0),COLUMN()))","v":12},{"$f":"IF(INDEX(generale!$A$16:$G$4963,MATCH(NGG!$A2116,generale!$A$16:$A$4963,0),COLUMN())=0,0,INDEX(generale!$A$16:$G$4963,MATCH(NGG!$A2116,generale!$A$16:$A$4963,0),COLUMN()))","v":1},{"$f":"IF(INDEX(generale!$A$16:$G$4963,MATCH(NGG!$A2116,generale!$A$16:$A$4963,0),COLUMN())=0,0,INDEX(generale!$A$16:$G$4963,MATCH(NGG!$A2116,generale!$A$16:$A$4963,0),COLUMN()))","v":2},{"$f":"generale!G2126","v":"T"},73,26,7,1,11,12,6,2,13,0,4,9,15,18,8,39,0,1,0,0,null,null,null,null,null,null,null,null,null,null,null,null,null,null,null,null,null,1,1,1,1]
[{"$f":"IF(generale!$A2133>0,generale!$A2133,\"\")","v":"2010-10-25"},{"$f":"IF(INDEX(generale!$A$16:$G$4963,MATCH(NGG!$A2123,generale!$A$16:$A$4963,0),COLUMN())=0,0,INDEX(generale!$A$16:$G$4963,MATCH(NGG!$A2123,generale!$A$16:$A$4963,0),COLUMN()))","v":12},{"$f":"IF(INDEX(generale!$A$16:$G$4963,MATCH(NGG!$A2123,generale!$A$16:$A$4963,0),COLUMN())=0,0,INDEX(generale!$A$16:$G$4963,MATCH(NGG!$A2123,generale!$A$16:$A$4963,0),COLUMN()))","v":1},{"$f":"IF(INDEX(generale!$A$16:$G$4963,MATCH(NGG!$A2123,generale!$A$16:$A$4963,0),COLUMN())=0,0,INDEX(generale!$A$16:$G$4963,MATCH(NGG!$A2123,generale!$A$16:$A$4963,0),COLUMN()))","v":2},{"$f":"IF(INDEX(generale!$A$16:$G$4963,MATCH(NGG!$A2123,generale!$A$16:$A$4963,0),COLUMN())=0,0,INDEX(generale!$A$16:$G$4963,MATCH(NGG!$A2123,generale!$A$16:$A$4963,0),COLUMN()))","v":16},{"$f":"IF(INDEX(generale!$A$16:$G$4963,MATCH(NGG!$A2123,generale!$A$16:$A$4963,0),COLUMN())=0,0,INDEX(generale!$A$16:$G$4963,MATCH(NGG!$A2123,generale!$A$16:$A$4963,0),COLUMN()))","v":6},{"$f":"generale!G2133","v":"T"},1,33,14,6,3,19,13,9,20,7,11,0,22,4,15,46,0,1,0,0,null,null,null,null,null,null,null,null,null,null,null,null,null,null,null,null,null,1,1,1,1]
[{"$f":"IF(generale!$A2140>0,generale!$A2140,\"\")","v":"2010-11-01"},{"$f":"IF(INDEX(generale!$A$16:$G$4963,MATCH(NGG!$A2130,generale!$A$16:$A$4963,0),COLUMN())=0,0,INDEX(generale!$A$16:$G$4963,MATCH(NGG!$A2130,generale!$A$16:$A$4963,0),COLUMN()))","v":4},{"$f":"IF(INDEX(generale!$A$16:$G$4963,MATCH(NGG!$A2130,generale!$A$16:$A$4963,0),COLUMN())=0,0,INDEX(generale!$A$16:$G$4963,MATCH(NGG!$A2130,generale!$A$16:$A$4963,0),COLUMN()))","v":8},{"$f":"IF(INDEX(generale!$A$16:$G$4963,MATCH(NGG!$A2130,generale!$A$16:$A$4963,0),COLUMN())=0,0,INDEX(generale!$A$16:$G$4963,MATCH(NGG!$A2130,generale!$A$16:$A$4963,0),COLUMN()))","v":11},{"$f":"IF(INDEX(generale!$A$16:$G$4963,MATCH(NGG!$A2130,generale!$A$16:$A$4963,0),COLUMN())=0,0,INDEX(generale!$A$16:$G$4963,MATCH(NGG!$A2130,generale!$A$16:$A$4963,0),COLUMN()))","v":3},{"$f":"IF(INDEX(generale!$A$16:$G$4963,MATCH(NGG!$A2130,generale!$A$16:$A$4963,0),COLUMN())=0,0,INDEX(generale!$A$16:$G$4963,MATCH(NGG!$A2130,generale!$A$16:$A$4963,0),COLUMN()))","v":14},{"$f":"generale!G2140","v":"P"},8,40,21,0,10,26,20,6,27,14,18,7,2,11,3,53,0,1,0,0,null,null,null,null,null,null,null,null,null,null,null,null,null,null,null,null,null,1,1,1,1]
[{"$f":"IF(generale!$A2147>0,generale!$A2147,\"\")","v":"2010-11-08"},{"$f":"IF(INDEX(generale!$A$16:$G$4963,MATCH(NGG!$A2137,generale!$A$16:$A$4963,0),COLUMN())=0,0,INDEX(generale!$A$16:$G$4963,MATCH(NGG!$A2137,generale!$A$16:$A$4963,0),COLUMN()))","v":1},{"$f":"IF(INDEX(generale!$A$16:$G$4963,MATCH(NGG!$A2137,generale!$A$16:$A$4963,0),COLUMN())=0,0,INDEX(generale!$A$16:$G$4963,MATCH(NGG!$A2137,generale!$A$16:$A$4963,0),COLUMN()))","v":3},{"$f":"IF(INDEX(generale!$A$16:$G$4963,MATCH(NGG!$A2137,generale!$A$16:$A$4963,0),COLUMN())=0,0,INDEX(generale!$A$16:$G$4963,MATCH(NGG!$A2137,generale!$A$16:$A$4963,0),COLUMN()))","v":18},{"$f":"IF(INDEX(generale!$A$16:$G$4963,MATCH(NGG!$A2137,generale!$A$16:$A$4963,0),COLUMN())=0,0,INDEX(generale!$A$16:$G$4963,MATCH(NGG!$A2137,generale!$A$16:$A$4963,0),COLUMN()))","v":12},{"$f":"IF(INDEX(generale!$A$16:$G$4963,MATCH(NGG!$A2137,generale!$A$16:$A$4963,0),COLUMN())=0,0,INDEX(generale!$A$16:$G$4963,MATCH(NGG!$A2137,generale!$A$16:$A$4963,0),COLUMN()))","v":13},{"$f":"generale!G2147","v":"T"},0,4,28,1,17,33,27,6,3,5,25,14,2,18,10,60,0,1,0,0,null,null,null,null,null,null,null,null,null,null,null,null,null,null,null,null,null,1,1,1,1]
[{"$f":"IF(generale!$A2162>0,generale!$A2162,\"\")","v":"2010-11-23"},{"$f":"IF(INDEX(generale!$A$16:$G$4963,MATCH(NGG!$A2152,generale!$A$16:$A$4963,0),COLUMN())=0,0,INDEX(generale!$A$16:$G$4963,MATCH(NGG!$A2152,generale!$A$16:$A$4963,0),COLUMN()))","v":7},{"$f":"IF(INDEX(generale!$A$16:$G$4963,MATCH(NGG!$A2152,generale!$A$16:$A$4963,0),COLUMN())=0,0,INDEX(generale!$A$16:$G$4963,MATCH(NGG!$A2152,generale!$A$16:$A$4963,0),COLUMN()))","v":11},{"$f":"IF(INDEX(generale!$A$16:$G$4963,MATCH(NGG!$A2152,generale!$A$16:$A$4963,0),COLUMN())=0,0,INDEX(generale!$A$16:$G$4963,MATCH(NGG!$A2152,generale!$A$16:$A$4963,0),COLUMN()))","v":6},{"$f":"IF(INDEX(generale!$A$16:$G$4963,MATCH(NGG!$A2152,generale!$A$16:$A$4963,0),COLUMN())=0,0,INDEX(generale!$A$16:$G$4963,MATCH(NGG!$A2152,generale!$A$16:$A$4963,0),COLUMN()))","v":16},{"$f":"IF(INDEX(generale!$A$16:$G$4963,MATCH(NGG!$A2152,generale!$A$16:$A$4963,0),COLUMN())=0,0,INDEX(generale!$A$16:$G$4963,MATCH(NGG!$A2152,generale!$A$16:$A$4963,0),COLUMN()))","v":10},{"$f":"generale!G2162","v":"P"},2,19,14,5,32,48,0,12,8,20,40,9,13,11,1,75,0,0,0,0,null,null,null,null,null,null,null,null,null,null,null,null,null,null,null,null,null,1,1,1,1]
[{"$f":"IF(generale!$A2170>0,generale!$A2170,\"\")","v":"2010-12-01"},{"$f":"IF(INDEX(generale!$A$16:$G$4963,MATCH(NGG!$A2160,generale!$A$16:$A$4963,0),COLUMN())=0,0,INDEX(generale!$A$16:$G$4963,MATCH(NGG!$A2160,generale!$A$16:$A$4963,0),COLUMN()))","v":11},{"$f":"IF(INDEX(generale!$A$16:$G$4963,MATCH(NGG!$A2160,generale!$A$16:$A$4963,0),COLUMN())=0,0,INDEX(generale!$A$16:$G$4963,MATCH(NGG!$A2160,generale!$A$16:$A$4963,0),COLUMN()))","v":1},{"$f":"IF(INDEX(generale!$A$16:$G$4963,MATCH(NGG!$A2160,generale!$A$16:$A$4963,0),COLUMN())=0,0,INDEX(generale!$A$16:$G$4963,MATCH(NGG!$A2160,generale!$A$16:$A$4963,0),COLUMN()))","v":8},{"$f":"IF(INDEX(generale!$A$16:$G$4963,MATCH(NGG!$A2160,generale!$A$16:$A$4963,0),COLUMN())=0,0,INDEX(generale!$A$16:$G$4963,MATCH(NGG!$A2160,generale!$A$16:$A$4963,0),COLUMN()))","v":3},{"$f":"IF(INDEX(generale!$A$16:$G$4963,MATCH(NGG!$A2160,generale!$A$16:$A$4963,0),COLUMN())=0,0,INDEX(generale!$A$16:$G$4963,MATCH(NGG!$A2160,generale!$A$16:$A$4963,0),COLUMN()))","v":6},{"$f":"generale!G2170","v":"T"},10,27,22,13,40,5,3,20,1,6,0,17,4,19,9,83,0,0,0,0,null,null,null,null,null,null,null,null,null,null,null,null,null,null,null,null,null,1,1,1,1]
[{"$f":"IF(generale!$A2177>0,generale!$A2177,\"\")","v":"2010-12-08"},{"$f":"IF(INDEX(generale!$A$16:$G$4963,MATCH(NGG!$A2167,generale!$A$16:$A$4963,0),COLUMN())=0,0,INDEX(generale!$A$16:$G$4963,MATCH(NGG!$A2167,generale!$A$16:$A$4963,0),COLUMN()))","v":6},{"$f":"IF(INDEX(generale!$A$16:$G$4963,MATCH(NGG!$A2167,generale!$A$16:$A$4963,0),COLUMN())=0,0,INDEX(generale!$A$16:$G$4963,MATCH(NGG!$A2167,generale!$A$16:$A$4963,0),COLUMN()))","v":5},{"$f":"IF(INDEX(generale!$A$16:$G$4963,MATCH(NGG!$A2167,generale!$A$16:$A$4963,0),COLUMN())=0,0,INDEX(generale!$A$16:$G$4963,MATCH(NGG!$A2167,generale!$A$16:$A$4963,0),COLUMN()))","v":2},{"$f":"IF(INDEX(generale!$A$16:$G$4963,MATCH(NGG!$A2167,generale!$A$16:$A$4963,0),COLUMN())=0,0,INDEX(generale!$A$16:$G$4963,MATCH(NGG!$A2167,generale!$A$16:$A$4963,0),COLUMN()))","v":9},{"$f":"IF(INDEX(generale!$A$16:$G$4963,MATCH(NGG!$A2167,generale!$A$16:$A$4963,0),COLUMN())=0,0,INDEX(generale!$A$16:$G$4963,MATCH(NGG!$A2167,generale!$A$16:$A$4963,0),COLUMN()))","v":3},{"$f":"generale!G2177","v":"T"},17,34,29,20,47,0,3,27,8,4,7,24,11,26,1,90,0,0,0,0,null,null,null,null,null,null,null,null,null,null,null,null,null,null,null,null,null,1,1,1,1]
[{"$f":"IF(generale!$A2183>0,generale!$A2183,\"\")","v":"2010-12-14"},{"$f":"IF(INDEX(generale!$A$16:$G$4963,MATCH(NGG!$A2173,generale!$A$16:$A$4963,0),COLUMN())=0,0,INDEX(generale!$A$16:$G$4963,MATCH(NGG!$A2173,generale!$A$16:$A$4963,0),COLUMN()))","v":5},{"$f":"IF(INDEX(generale!$A$16:$G$4963,MATCH(NGG!$A2173,generale!$A$16:$A$4963,0),COLUMN())=0,0,INDEX(generale!$A$16:$G$4963,MATCH(NGG!$A2173,generale!$A$16:$A$4963,0),COLUMN()))","v":3},{"$f":"IF(INDEX(generale!$A$16:$G$4963,MATCH(NGG!$A2173,generale!$A$16:$A$4963,0),COLUMN())=0,0,INDEX(generale!$A$16:$G$4963,MATCH(NGG!$A2173,generale!$A$16:$A$4963,0),COLUMN()))","v":12},{"$f":"IF(INDEX(generale!$A$16:$G$4963,MATCH(NGG!$A2173,generale!$A$16:$A$4963,0),COLUMN())=0,0,INDEX(generale!$A$16:$G$4963,MATCH(NGG!$A2173,generale!$A$16:$A$4963,0),COLUMN()))","v":9},{"$f":"IF(INDEX(generale!$A$16:$G$4963,MATCH(NGG!$A2173,generale!$A$16:$A$4963,0),COLUMN())=0,0,INDEX(generale!$A$16:$G$4963,MATCH(NGG!$A2173,generale!$A$16:$A$4963,0),COLUMN()))","v":10},{"$f":"generale!G2183","v":"T"},23,40,35,3,0,5,1,33,14,10,13,30,17,2,7,4,0,0,0,0,null,null,null,null,null,null,null,null,null,null,null,null,null,null,null,null,null,1,1,1,1]
[{"$f":"IF(generale!$A2195>0,generale!$A2195,\"\")","v":"2010-12-26"},{"$f":"IF(INDEX(generale!$A$16:$G$4963,MATCH(NGG!$A2185,generale!$A$16:$A$4963,0),COLUMN())=0,0,INDEX(generale!$A$16:$G$4963,MATCH(NGG!$A2185,generale!$A$16:$A$4963,0),COLUMN()))","v":5},{"$f":"IF(INDEX(generale!$A$16:$G$4963,MATCH(NGG!$A2185,generale!$A$16:$A$4963,0),COLUMN())=0,0,INDEX(generale!$A$16:$G$4963,MATCH(NGG!$A2185,generale!$A$16:$A$4963,0),COLUMN()))","v":6},{"$f":"IF(INDEX(generale!$A$16:$G$4963,MATCH(NGG!$A2185,generale!$A$16:$A$4963,0),COLUMN())=0,0,INDEX(generale!$A$16:$G$4963,MATCH(NGG!$A2185,generale!$A$16:$A$4963,0),COLUMN()))","v":15},{"$f":"IF(INDEX(generale!$A$16:$G$4963,MATCH(NGG!$A2185,generale!$A$16:$A$4963,0),COLUMN())=0,0,INDEX(generale!$A$16:$G$4963,MATCH(NGG!$A2185,generale!$A$16:$A$4963,0),COLUMN()))","v":1},{"$f":"IF(INDEX(generale!$A$16:$G$4963,MATCH(NGG!$A2185,generale!$A$16:$A$4963,0),COLUMN())=0,0,INDEX(generale!$A$16:$G$4963,MATCH(NGG!$A2185,generale!$A$16:$A$4963,0),COLUMN()))","v":13},{"$f":"generale!G2195","v":"T"},35,8,11,2,0,1,10,45,26,22,25,42,4,14,19,16,0,0,0,0,null,null,null,null,null,null,null,null,null,null,null,null,null,null,null,null,null,1,1,1,1]
[{"$f":"IF(generale!$A2198>0,generale!$A2198,\"\")","v":"2010-12-29"},{"$f":"IF(INDEX(generale!$A$16:$G$4963,MATCH(NGG!$A2188,generale!$A$16:$A$4963,0),COLUMN())=0,0,INDEX(generale!$A$16:$G$4963,MATCH(NGG!$A2188,generale!$A$16:$A$4963,0),COLUMN()))","v":8},{"$f":"IF(INDEX(generale!$A$16:$G$4963,MATCH(NGG!$A2188,generale!$A$16:$A$4963,0),COLUMN())=0,0,INDEX(generale!$A$16:$G$4963,MATCH(NGG!$A2188,generale!$A$16:$A$4963,0),COLUMN()))","v":3},{"$f":"IF(INDEX(generale!$A$16:$G$4963,MATCH(NGG!$A2188,generale!$A$16:$A$4963,0),COLUMN())=0,0,INDEX(generale!$A$16:$G$4963,MATCH(NGG!$A2188,generale!$A$16:$A$4963,0),COLUMN()))","v":9},{"$f":"IF(INDEX(generale!$A$16:$G$4963,MATCH(NGG!$A2188,generale!$A$16:$A$4963,0),COLUMN())=0,0,INDEX(generale!$A$16:$G$4963,MATCH(NGG!$A2188,generale!$A$16:$A$4963,0),COLUMN()))","v":15},{"$f":"IF(INDEX(generale!$A$16:$G$4963,MATCH(NGG!$A2188,generale!$A$16:$A$4963,0),COLUMN())=0,0,INDEX(generale!$A$16:$G$4963,MATCH(NGG!$A2188,generale!$A$16:$A$4963,0),COLUMN()))","v":13},{"$f":"generale!G2198","v":"O"},38,11,14,5,3,4,13,0,29,25,28,1,7,17,22,19,0,0,0,0,null,null,null,null,null,null,null,null,null,null,null,null,null,null,null,null,null,1,1,1,1]
[{"$f":"IF(generale!$A2212>0,generale!$A2212,\"\")","v":"2011-01-12"},{"$f":"IF(INDEX(generale!$A$16:$G$4963,MATCH(NGG!$A2202,generale!$A$16:$A$4963,0),COLUMN())=0,0,INDEX(generale!$A$16:$G$4963,MATCH(NGG!$A2202,generale!$A$16:$A$4963,0),COLUMN()))","v":3},{"$f":"IF(INDEX(generale!$A$16:$G$4963,MATCH(NGG!$A2202,generale!$A$16:$A$4963,0),COLUMN())=0,0,INDEX(generale!$A$16:$G$4963,MATCH(NGG!$A2202,generale!$A$16:$A$4963,0),COLUMN()))","v":7},{"$f":"IF(INDEX(generale!$A$16:$G$4963,MATCH(NGG!$A2202,generale!$A$16:$A$4963,0),COLUMN())=0,0,INDEX(generale!$A$16:$G$4963,MATCH(NGG!$A2202,generale!$A$16:$A$4963,0),COLUMN()))","v":6},{"$f":"IF(INDEX(generale!$A$16:$G$4963,MATCH(NGG!$A2202,generale!$A$16:$A$4963,0),COLUMN())=0,0,INDEX(generale!$A$16:$G$4963,MATCH(NGG!$A2202,generale!$A$16:$A$4963,0),COLUMN()))","v":14},{"$f":"IF(INDEX(generale!$A$16:$G$4963,MATCH(NGG!$A2202,generale!$A$16:$A$4963,0),COLUMN())=0,0,INDEX(generale!$A$16:$G$4963,MATCH(NGG!$A2202,generale!$A$16:$A$4963,0),COLUMN()))","v":8},{"$f":"generale!G2212","v":"T"},52,25,0,19,17,18,27,1,3,39,4,6,11,31,36,33,0,0,0,0,null,null,null,null,null,null,null,null,null,null,null,null,null,null,null,null,null,1,1,1,1]
[{"$f":"IF(generale!$A2216>0,generale!$A2216,\"\")","v":"2011-01-16"},{"$f":"IF(INDEX(generale!$A$16:$G$4963,MATCH(NGG!$A2206,generale!$A$16:$A$4963,0),COLUMN())=0,0,INDEX(generale!$A$16:$G$4963,MATCH(NGG!$A2206,generale!$A$16:$A$4963,0),COLUMN()))","v":14},{"$f":"IF(INDEX(generale!$A$16:$G$4963,MATCH(NGG!$A2206,generale!$A$16:$A$4963,0),COLUMN())=0,0,INDEX(generale!$A$16:$G$4963,MATCH(NGG!$A2206,generale!$A$16:$A$4963,0),COLUMN()))","v":9},{"$f":"IF(INDEX(generale!$A$16:$G$4963,MATCH(NGG!$A2206,generale!$A$16:$A$4963,0),COLUMN())=0,0,INDEX(generale!$A$16:$G$4963,MATCH(NGG!$A2206,generale!$A$16:$A$4963,0),COLUMN()))","v":8},{"$f":"IF(INDEX(generale!$A$16:$G$4963,MATCH(NGG!$A2206,generale!$A$16:$A$4963,0),COLUMN())=0,0,INDEX(generale!$A$16:$G$4963,MATCH(NGG!$A2206,generale!$A$16:$A$4963,0),COLUMN()))","v":12},{"$f":"IF(INDEX(generale!$A$16:$G$4963,MATCH(NGG!$A2206,generale!$A$16:$A$4963,0),COLUMN())=0,0,INDEX(generale!$A$16:$G$4963,MATCH(NGG!$A2206,generale!$A$16:$A$4963,0),COLUMN()))","v":15},{"$f":"generale!G2216","v":"T"},1,29,4,23,21,3,31,2,7,43,8,10,15,0,40,37,0,0,0,0,null,null,null,null,null,null,null,null,null,null,null,null,null,null,null,null,null,1,1,1,1]
[{"$f":"IF(generale!$A2228>0,generale!$A2228,\"\")","v":"2011-01-28"},{"$f":"IF(INDEX(generale!$A$16:$G$4963,MATCH(NGG!$A2218,generale!$A$16:$A$4963,0),COLUMN())=0,0,INDEX(generale!$A$16:$G$4963,MATCH(NGG!$A2218,generale!$A$16:$A$4963,0),COLUMN()))","v":4},{"$f":"IF(INDEX(generale!$A$16:$G$4963,MATCH(NGG!$A2218,generale!$A$16:$A$4963,0),COLUMN())=0,0,INDEX(generale!$A$16:$G$4963,MATCH(NGG!$A2218,generale!$A$16:$A$4963,0),COLUMN()))","v":13},{"$f":"IF(INDEX(generale!$A$16:$G$4963,MATCH(NGG!$A2218,generale!$A$16:$A$4963,0),COLUMN())=0,0,INDEX(generale!$A$16:$G$4963,MATCH(NGG!$A2218,generale!$A$16:$A$4963,0),COLUMN()))","v":9},{"$f":"IF(INDEX(generale!$A$16:$G$4963,MATCH(NGG!$A2218,generale!$A$16:$A$4963,0),COLUMN())=0,0,INDEX(generale!$A$16:$G$4963,MATCH(NGG!$A2218,generale!$A$16:$A$4963,0),COLUMN()))","v":10},{"$f":"IF(INDEX(generale!$A$16:$G$4963,MATCH(NGG!$A2218,generale!$A$16:$A$4963,0),COLUMN())=0,0,INDEX(generale!$A$16:$G$4963,MATCH(NGG!$A2218,generale!$A$16:$A$4963,0),COLUMN()))","v":5},{"$f":"generale!G2228","v":"O"},3,41,7,0,6,15,43,14,8,55,4,22,10,2,52,49,0,0,0,0,null,null,null,null,null,null,null,null,null,null,null,null,null,null,null,null,null,1,1,1,1]
[{"$f":"IF(generale!$A2233>0,generale!$A2233,\"\")","v":"2011-02-02"},{"$f":"IF(INDEX(generale!$A$16:$G$4963,MATCH(NGG!$A2223,generale!$A$16:$A$4963,0),COLUMN())=0,0,INDEX(generale!$A$16:$G$4963,MATCH(NGG!$A2223,generale!$A$16:$A$4963,0),COLUMN()))","v":4},{"$f":"IF(INDEX(generale!$A$16:$G$4963,MATCH(NGG!$A2223,generale!$A$16:$A$4963,0),COLUMN())=0,0,INDEX(generale!$A$16:$G$4963,MATCH(NGG!$A2223,generale!$A$16:$A$4963,0),COLUMN()))","v":2},{"$f":"IF(INDEX(generale!$A$16:$G$4963,MATCH(NGG!$A2223,generale!$A$16:$A$4963,0),COLUMN())=0,0,INDEX(generale!$A$16:$G$4963,MATCH(NGG!$A2223,generale!$A$16:$A$4963,0),COLUMN()))","v":12},{"$f":"IF(INDEX(generale!$A$16:$G$4963,MATCH(NGG!$A2223,generale!$A$16:$A$4963,0),COLUMN())=0,0,INDEX(generale!$A$16:$G$4963,MATCH(NGG!$A2223,generale!$A$16:$A$4963,0),COLUMN()))","v":5},{"$f":"IF(INDEX(generale!$A$16:$G$4963,MATCH(NGG!$A2223,generale!$A$16:$A$4963,0),COLUMN())=0,0,INDEX(generale!$A$16:$G$4963,MATCH(NGG!$A2223,generale!$A$16:$A$4963,0),COLUMN()))","v":14},{"$f":"generale!G2233","v":"P"},8,46,12,0,11,20,48,2,13,60,9,27,1,7,3,54,0,0,0,0,null,null,null,null,null,null,null,null,null,null,null,null,null,null,null,null,null,1,1,1,1]
[{"$f":"IF(generale!$A2246>0,generale!$A2246,\"\")","v":"2011-02-15"},{"$f":"IF(INDEX(generale!$A$16:$G$4963,MATCH(NGG!$A2236,generale!$A$16:$A$4963,0),COLUMN())=0,0,INDEX(generale!$A$16:$G$4963,MATCH(NGG!$A2236,generale!$A$16:$A$4963,0),COLUMN()))","v":7},{"$f":"IF(INDEX(generale!$A$16:$G$4963,MATCH(NGG!$A2236,generale!$A$16:$A$4963,0),COLUMN())=0,0,INDEX(generale!$A$16:$G$4963,MATCH(NGG!$A2236,generale!$A$16:$A$4963,0),COLUMN()))","v":17},{"$f":"IF(INDEX(generale!$A$16:$G$4963,MATCH(NGG!$A2236,generale!$A$16:$A$4963,0),COLUMN())=0,0,INDEX(generale!$A$16:$G$4963,MATCH(NGG!$A2236,generale!$A$16:$A$4963,0),COLUMN()))","v":2},{"$f":"IF(INDEX(generale!$A$16:$G$4963,MATCH(NGG!$A2236,generale!$A$16:$A$4963,0),COLUMN())=0,0,INDEX(generale!$A$16:$G$4963,MATCH(NGG!$A2236,generale!$A$16:$A$4963,0),COLUMN()))","v":5},{"$f":"IF(INDEX(generale!$A$16:$G$4963,MATCH(NGG!$A2236,generale!$A$16:$A$4963,0),COLUMN())=0,0,INDEX(generale!$A$16:$G$4963,MATCH(NGG!$A2236,generale!$A$16:$A$4963,0),COLUMN()))","v":18},{"$f":"generale!G2246","v":"T"},11,4,25,3,2,33,0,15,26,73,22,7,14,20,16,5,1,1,1,0,null,null,null,null,null,null,null,null,null,null,null,null,null,null,null,null,null,1,1,1,1]
[{"$f":"IF(generale!$A2258>0,generale!$A2258,\"\")","v":"2011-02-27"},{"$f":"IF(INDEX(generale!$A$16:$G$4963,MATCH(NGG!$A2248,generale!$A$16:$A$4963,0),COLUMN())=0,0,INDEX(generale!$A$16:$G$4963,MATCH(NGG!$A2248,generale!$A$16:$A$4963,0),COLUMN()))","v":8},{"$f":"IF(INDEX(generale!$A$16:$G$4963,MATCH(NGG!$A2248,generale!$A$16:$A$4963,0),COLUMN())=0,0,INDEX(generale!$A$16:$G$4963,MATCH(NGG!$A2248,generale!$A$16:$A$4963,0),COLUMN()))","v":11},{"$f":"IF(INDEX(generale!$A$16:$G$4963,MATCH(NGG!$A2248,generale!$A$16:$A$4963,0),COLUMN())=0,0,INDEX(generale!$A$16:$G$4963,MATCH(NGG!$A2248,generale!$A$16:$A$4963,0),COLUMN()))","v":10},{"$f":"IF(INDEX(generale!$A$16:$G$4963,MATCH(NGG!$A2248,generale!$A$16:$A$4963,0),COLUMN())=0,0,INDEX(generale!$A$16:$G$4963,MATCH(NGG!$A2248,generale!$A$16:$A$4963,0),COLUMN()))","v":3},{"$f":"IF(INDEX(generale!$A$16:$G$4963,MATCH(NGG!$A2248,generale!$A$16:$A$4963,0),COLUMN())=0,0,INDEX(generale!$A$16:$G$4963,MATCH(NGG!$A2248,generale!$A$16:$A$4963,0),COLUMN()))","v":14},{"$f":"generale!G2258","v":"T"},{"$f":"IF(COUNTIF($B2248:$D2248,0)<3,IF(LEN(SUBSTITUTE(SUBSTITUTE($B2248,H$1,,1),,1))=0,0,H2247+1-AC2248),\"\")","v":1},{"$f":"IF(COUNTIF($B2248:$D2248,0)<3,IF(LEN(SUBSTITUTE(SUBSTITUTE($B2248,I$1,,1),,1))=0,0,I2247+1-AD2248),\"\")","v":16},{"$f":"IF(COUNTIF($B2248:$D2248,0)<3,IF(LEN(SUBSTITUTE(SUBSTITUTE($B2248,J$1,,1),,1))=0,0,J2247+1-AE2248),\"\")","v":37},{"$f":"IF(COUNTIF($B2248:$D2248,0)<3,IF(LEN(SUBSTITUTE(SUBSTITUTE($B2248,K$1,,1),,1))=0,0,K2247+1-AF2248),\"\")","v":8},{"$f":"IF(COUNTIF($B2248:$D2248,0)<3,IF(LEN(SUBSTITUTE(SUBSTITUTE($B2248,L$1,,1),,1))=0,0,L2247+1-AG2248),\"\")","v":2},{"$f":"IF(COUNTIF($B2248:$D2248,0)<3,IF(LEN(SUBSTITUTE(SUBSTITUTE($B2248,M$1,,1),,1))=0,0,M2247+1-AH2248),\"\")","v":45},{"$f":"IF(COUNTIF($B2248:$D2248,0)<3,IF(LEN(SUBSTITUTE(SUBSTITUTE($B2248,N$1,,1),,1))=0,0,N2247+1-AI2248),\"\")","v":12},{"$f":"IF(COUNTIF($B2248:$D2248,0)<3,IF(LEN(SUBSTITUTE(SUBSTITUTE($B2248,O$1,,1),,1))=0,0,O2247+1-AJ2248),\"\")","v":0},{"$f":"IF(COUNTIF($B2248:$D2248,0)<3,IF(LEN(SUBSTITUTE(SUBSTITUTE($B2248,P$1,,1),,1))=0,0,P2247+1-AK2248),\"\")","v":3},{"$f":"IF(COUNTIF($B2248:$D2248,0)<3,IF(LEN(SUBSTITUTE(SUBSTITUTE($B2248,Q$1,,1),,1))=0,0,Q2247+1-AL2248),\"\")","v":85},{"$f":"IF(COUNTIF($B2248:$D2248,0)<3,IF(LEN(SUBSTITUTE(SUBSTITUTE($B2248,R$1,,1),,1))=0,0,R2247+1-AM2248),\"\")","v":34},{"$f":"IF(COUNTIF($B2248:$D2248,0)<3,IF(LEN(SUBSTITUTE(SUBSTITUTE($B2248,S$1,,1),,1))=0,0,S2247+1-AN2248),\"\")","v":19},{"$f":"IF(COUNTIF($B2248:$D2248,0)<3,IF(LEN(SUBSTITUTE(SUBSTITUTE($B2248,T$1,,1),,1))=0,0,T2247+1-AO2248),\"\")","v":5},{"$f":"IF(COUNTIF($B2248:$D2248,0)<3,IF(LEN(SUBSTITUTE(SUBSTITUTE($B2248,U$1,,1),,1))=0,0,U2247+1-AP2248),\"\")","v":6},{"$f":"IF(COUNTIF($B2248:$D2248,0)<3,IF(LEN(SUBSTITUTE(SUBSTITUTE($B2248,V$1,,1),,1))=0,0,V2247+1-AQ2248),\"\")","v":9},{"$f":"IF(COUNTIF($B2248:$D2248,0)<3,IF(LEN(SUBSTITUTE(SUBSTITUTE($B2248,W$1,,1),,1))=0,0,W2247+1-AR2248),\"\")","v":17},{"$f":"IF(COUNTIF($B2248:$D2248,0)<3,IF(LEN(SUBSTITUTE(SUBSTITUTE($B2248,X$1,,1),,1))=0,0,X2247+1-AS2248),\"\")","v":0},{"$f":"IF(COUNTIF($B2248:$D2248,0)<3,IF(LEN(SUBSTITUTE(SUBSTITUTE($B2248,Y$1,,1),,1))=0,0,Y2247+1-AT2248),\"\")","v":1},{"$f":"IF(COUNTIF($B2248:$D2248,0)<3,IF(LEN(SUBSTITUTE(SUBSTITUTE($B2248,Z$1,,1),,1))=0,0,Z2247+1-AU2248),\"\")","v":1},{"$f":"IF(COUNTIF($B2248:$D2248,0)<3,IF(LEN(SUBSTITUTE(SUBSTITUTE($B2248,AA$1,,1),,1))=0,0,AA2247+1-AV2248),\"\")","v":0},null,null,null,null,null,null,null,null,null,null,null,null,null,null,null,null,null,1,1,1,1]
[{"$f":"IF(generale!$A2262>0,generale!$A2262,\"\")","v":"2011-03-03"},{"$f":"IF(INDEX(generale!$A$16:$G$4963,MATCH(NGG!$A2252,generale!$A$16:$A$4963,0),COLUMN())=0,0,INDEX(generale!$A$16:$G$4963,MATCH(NGG!$A2252,generale!$A$16:$A$4963,0),COLUMN()))","v":4},{"$f":"IF(INDEX(generale!$A$16:$G$4963,MATCH(NGG!$A2252,generale!$A$16:$A$4963,0),COLUMN())=0,0,INDEX(generale!$A$16:$G$4963,MATCH(NGG!$A2252,generale!$A$16:$A$4963,0),COLUMN()))","v":17},{"$f":"IF(INDEX(generale!$A$16:$G$4963,MATCH(NGG!$A2252,generale!$A$16:$A$4963,0),COLUMN())=0,0,INDEX(generale!$A$16:$G$4963,MATCH(NGG!$A2252,generale!$A$16:$A$4963,0),COLUMN()))","v":15},{"$f":"IF(INDEX(generale!$A$16:$G$4963,MATCH(NGG!$A2252,generale!$A$16:$A$4963,0),COLUMN())=0,0,INDEX(generale!$A$16:$G$4963,MATCH(NGG!$A2252,generale!$A$16:$A$4963,0),COLUMN()))","v":3},{"$f":"IF(INDEX(generale!$A$16:$G$4963,MATCH(NGG!$A2252,generale!$A$16:$A$4963,0),COLUMN())=0,0,INDEX(generale!$A$16:$G$4963,MATCH(NGG!$A2252,generale!$A$16:$A$4963,0),COLUMN()))","v":14},{"$f":"generale!G2262","v":"T"},5,2,41,0,6,49,16,1,3,89,38,23,9,10,13,21,0,1,1,0,null,null,null,null,null,null,null,null,null,null,null,null,null,null,null,null,null,1,1,1,1]
[{"$f":"IF(generale!$A2267>0,generale!$A2267,\"\")","v":"2011-03-08"},{"$f":"IF(INDEX(generale!$A$16:$G$4963,MATCH(NGG!$A2257,generale!$A$16:$A$4963,0),COLUMN())=0,0,INDEX(generale!$A$16:$G$4963,MATCH(NGG!$A2257,generale!$A$16:$A$4963,0),COLUMN()))","v":3},{"$f":"IF(INDEX(generale!$A$16:$G$4963,MATCH(NGG!$A2257,generale!$A$16:$A$4963,0),COLUMN())=0,0,INDEX(generale!$A$16:$G$4963,MATCH(NGG!$A2257,generale!$A$16:$A$4963,0),COLUMN()))","v":11},{"$f":"IF(INDEX(generale!$A$16:$G$4963,MATCH(NGG!$A2257,generale!$A$16:$A$4963,0),COLUMN())=0,0,INDEX(generale!$A$16:$G$4963,MATCH(NGG!$A2257,generale!$A$16:$A$4963,0),COLUMN()))","v":14},{"$f":"IF(INDEX(generale!$A$16:$G$4963,MATCH(NGG!$A2257,generale!$A$16:$A$4963,0),COLUMN())=0,0,INDEX(generale!$A$16:$G$4963,MATCH(NGG!$A2257,generale!$A$16:$A$4963,0),COLUMN()))","v":9},{"$f":"IF(INDEX(generale!$A$16:$G$4963,MATCH(NGG!$A2257,generale!$A$16:$A$4963,0),COLUMN())=0,0,INDEX(generale!$A$16:$G$4963,MATCH(NGG!$A2257,generale!$A$16:$A$4963,0),COLUMN()))","v":7},{"$f":"generale!G2267","v":"O"},10,4,0,5,3,54,21,2,8,94,43,28,14,15,18,26,0,1,1,0,null,null,null,null,null,null,null,null,null,null,null,null,null,null,null,null,null,1,1,1,1]
[{"$f":"IF(generale!$A2279>0,generale!$A2279,\"\")","v":"2011-03-20"},{"$f":"IF(INDEX(generale!$A$16:$G$4963,MATCH(NGG!$A2269,generale!$A$16:$A$4963,0),COLUMN())=0,0,INDEX(generale!$A$16:$G$4963,MATCH(NGG!$A2269,generale!$A$16:$A$4963,0),COLUMN()))","v":3},{"$f":"IF(INDEX(generale!$A$16:$G$4963,MATCH(NGG!$A2269,generale!$A$16:$A$4963,0),COLUMN())=0,0,INDEX(generale!$A$16:$G$4963,MATCH(NGG!$A2269,generale!$A$16:$A$4963,0),COLUMN()))","v":9},{"$f":"IF(INDEX(generale!$A$16:$G$4963,MATCH(NGG!$A2269,generale!$A$16:$A$4963,0),COLUMN())=0,0,INDEX(generale!$A$16:$G$4963,MATCH(NGG!$A2269,generale!$A$16:$A$4963,0),COLUMN()))","v":14},{"$f":"IF(INDEX(generale!$A$16:$G$4963,MATCH(NGG!$A2269,generale!$A$16:$A$4963,0),COLUMN())=0,0,INDEX(generale!$A$16:$G$4963,MATCH(NGG!$A2269,generale!$A$16:$A$4963,0),COLUMN()))","v":7},{"$f":"IF(INDEX(generale!$A$16:$G$4963,MATCH(NGG!$A2269,generale!$A$16:$A$4963,0),COLUMN())=0,0,INDEX(generale!$A$16:$G$4963,MATCH(NGG!$A2269,generale!$A$16:$A$4963,0),COLUMN()))","v":16},{"$f":"generale!G2279","v":"O"},4,16,0,8,3,1,33,14,5,106,2,40,26,27,30,38,0,1,1,0,null,null,null,null,null,null,null,null,null,null,null,null,null,null,null,null,null,1,1,1,1]
[{"$f":"IF(generale!$A2291>0,generale!$A2291,\"\")","v":"2011-04-01"},{"$f":"IF(INDEX(generale!$A$16:$G$4963,MATCH(NGG!$A2281,generale!$A$16:$A$4963,0),COLUMN())=0,0,INDEX(generale!$A$16:$G$4963,MATCH(NGG!$A2281,generale!$A$16:$A$4963,0),COLUMN()))","v":8},{"$f":"IF(INDEX(generale!$A$16:$G$4963,MATCH(NGG!$A2281,generale!$A$16:$A$4963,0),COLUMN())=0,0,INDEX(generale!$A$16:$G$4963,MATCH(NGG!$A2281,generale!$A$16:$A$4963,0),COLUMN()))","v":6},{"$f":"IF(INDEX(generale!$A$16:$G$4963,MATCH(NGG!$A2281,generale!$A$16:$A$4963,0),COLUMN())=0,0,INDEX(generale!$A$16:$G$4963,MATCH(NGG!$A2281,generale!$A$16:$A$4963,0),COLUMN()))","v":5},{"$f":"IF(INDEX(generale!$A$16:$G$4963,MATCH(NGG!$A2281,generale!$A$16:$A$4963,0),COLUMN())=0,0,INDEX(generale!$A$16:$G$4963,MATCH(NGG!$A2281,generale!$A$16:$A$4963,0),COLUMN()))","v":4},{"$f":"IF(INDEX(generale!$A$16:$G$4963,MATCH(NGG!$A2281,generale!$A$16:$A$4963,0),COLUMN())=0,0,INDEX(generale!$A$16:$G$4963,MATCH(NGG!$A2281,generale!$A$16:$A$4963,0),COLUMN()))","v":1},{"$f":"generale!G2291","v":"T"},16,28,11,5,15,13,45,0,17,118,2,52,38,39,42,1,0,0,1,0,null,null,null,null,null,null,null,null,null,null,null,null,null,null,null,null,null,1,1,1,1]
[{"$f":"IF(generale!$A2297>0,generale!$A2297,\"\")","v":"2011-04-07"},{"$f":"IF(INDEX(generale!$A$16:$G$4963,MATCH(NGG!$A2287,generale!$A$16:$A$4963,0),COLUMN())=0,0,INDEX(generale!$A$16:$G$4963,MATCH(NGG!$A2287,generale!$A$16:$A$4963,0),COLUMN()))","v":1},{"$f":"IF(INDEX(generale!$A$16:$G$4963,MATCH(NGG!$A2287,generale!$A$16:$A$4963,0),COLUMN())=0,0,INDEX(generale!$A$16:$G$4963,MATCH(NGG!$A2287,generale!$A$16:$A$4963,0),COLUMN()))","v":17},{"$f":"IF(INDEX(generale!$A$16:$G$4963,MATCH(NGG!$A2287,generale!$A$16:$A$4963,0),COLUMN())=0,0,INDEX(generale!$A$16:$G$4963,MATCH(NGG!$A2287,generale!$A$16:$A$4963,0),COLUMN()))","v":16},{"$f":"IF(INDEX(generale!$A$16:$G$4963,MATCH(NGG!$A2287,generale!$A$16:$A$4963,0),COLUMN())=0,0,INDEX(generale!$A$16:$G$4963,MATCH(NGG!$A2287,generale!$A$16:$A$4963,0),COLUMN()))","v":10},{"$f":"IF(INDEX(generale!$A$16:$G$4963,MATCH(NGG!$A2287,generale!$A$16:$A$4963,0),COLUMN())=0,0,INDEX(generale!$A$16:$G$4963,MATCH(NGG!$A2287,generale!$A$16:$A$4963,0),COLUMN()))","v":8},{"$f":"generale!G2297","v":"P"},0,34,3,1,21,19,51,6,23,2,8,4,44,45,48,7,0,0,1,0,null,null,null,null,null,null,null,null,null,null,null,null,null,null,null,null,null,1,1,1,1]
[{"$f":"IF(generale!$A2304>0,generale!$A2304,\"\")","v":"2011-04-14"},{"$f":"IF(INDEX(generale!$A$16:$G$4963,MATCH(NGG!$A2294,generale!$A$16:$A$4963,0),COLUMN())=0,0,INDEX(generale!$A$16:$G$4963,MATCH(NGG!$A2294,generale!$A$16:$A$4963,0),COLUMN()))","v":1},{"$f":"IF(INDEX(generale!$A$16:$G$4963,MATCH(NGG!$A2294,generale!$A$16:$A$4963,0),COLUMN())=0,0,INDEX(generale!$A$16:$G$4963,MATCH(NGG!$A2294,generale!$A$16:$A$4963,0),COLUMN()))","v":13},{"$f":"IF(INDEX(generale!$A$16:$G$4963,MATCH(NGG!$A2294,generale!$A$16:$A$4963,0),COLUMN())=0,0,INDEX(generale!$A$16:$G$4963,MATCH(NGG!$A2294,generale!$A$16:$A$4963,0),COLUMN()))","v":6},{"$f":"IF(INDEX(generale!$A$16:$G$4963,MATCH(NGG!$A2294,generale!$A$16:$A$4963,0),COLUMN())=0,0,INDEX(generale!$A$16:$G$4963,MATCH(NGG!$A2294,generale!$A$16:$A$4963,0),COLUMN()))","v":8},{"$f":"IF(INDEX(generale!$A$16:$G$4963,MATCH(NGG!$A2294,generale!$A$16:$A$4963,0),COLUMN())=0,0,INDEX(generale!$A$16:$G$4963,MATCH(NGG!$A2294,generale!$A$16:$A$4963,0),COLUMN()))","v":10},{"$f":"generale!G2304","v":"P"},0,41,4,8,28,26,58,1,2,6,15,11,51,52,55,3,0,0,1,0,null,null,null,null,null,null,null,null,null,null,null,null,null,null,null,null,null,1,1,1,1]
[{"$f":"IF(generale!$A2312>0,generale!$A2312,\"\")","v":"2011-04-22"},{"$f":"IF(INDEX(generale!$A$16:$G$4963,MATCH(NGG!$A2302,generale!$A$16:$A$4963,0),COLUMN())=0,0,INDEX(generale!$A$16:$G$4963,MATCH(NGG!$A2302,generale!$A$16:$A$4963,0),COLUMN()))","v":5},{"$f":"IF(INDEX(generale!$A$16:$G$4963,MATCH(NGG!$A2302,generale!$A$16:$A$4963,0),COLUMN())=0,0,INDEX(generale!$A$16:$G$4963,MATCH(NGG!$A2302,generale!$A$16:$A$4963,0),COLUMN()))","v":4},{"$f":"IF(INDEX(generale!$A$16:$G$4963,MATCH(NGG!$A2302,generale!$A$16:$A$4963,0),COLUMN())=0,0,INDEX(generale!$A$16:$G$4963,MATCH(NGG!$A2302,generale!$A$16:$A$4963,0),COLUMN()))","v":14},{"$f":"IF(INDEX(generale!$A$16:$G$4963,MATCH(NGG!$A2302,generale!$A$16:$A$4963,0),COLUMN())=0,0,INDEX(generale!$A$16:$G$4963,MATCH(NGG!$A2302,generale!$A$16:$A$4963,0),COLUMN()))","v":1},{"$f":"IF(INDEX(generale!$A$16:$G$4963,MATCH(NGG!$A2302,generale!$A$16:$A$4963,0),COLUMN())=0,0,INDEX(generale!$A$16:$G$4963,MATCH(NGG!$A2302,generale!$A$16:$A$4963,0),COLUMN()))","v":3},{"$f":"generale!G2312","v":"T"},8,2,12,6,0,34,66,9,10,5,23,19,59,4,1,11,0,0,1,0,null,null,null,null,null,null,null,null,null,null,null,null,null,null,null,null,null,1,1,1,1]
[{"$f":"IF(generale!$A2327>0,generale!$A2327,\"\")","v":"2011-05-07"},{"$f":"IF(INDEX(generale!$A$16:$G$4963,MATCH(NGG!$A2317,generale!$A$16:$A$4963,0),COLUMN())=0,0,INDEX(generale!$A$16:$G$4963,MATCH(NGG!$A2317,generale!$A$16:$A$4963,0),COLUMN()))","v":15},{"$f":"IF(INDEX(generale!$A$16:$G$4963,MATCH(NGG!$A2317,generale!$A$16:$A$4963,0),COLUMN())=0,0,INDEX(generale!$A$16:$G$4963,MATCH(NGG!$A2317,generale!$A$16:$A$4963,0),COLUMN()))","v":7},{"$f":"IF(INDEX(generale!$A$16:$G$4963,MATCH(NGG!$A2317,generale!$A$16:$A$4963,0),COLUMN())=0,0,INDEX(generale!$A$16:$G$4963,MATCH(NGG!$A2317,generale!$A$16:$A$4963,0),COLUMN()))","v":14},{"$f":"IF(INDEX(generale!$A$16:$G$4963,MATCH(NGG!$A2317,generale!$A$16:$A$4963,0),COLUMN())=0,0,INDEX(generale!$A$16:$G$4963,MATCH(NGG!$A2317,generale!$A$16:$A$4963,0),COLUMN()))","v":13},{"$f":"IF(INDEX(generale!$A$16:$G$4963,MATCH(NGG!$A2317,generale!$A$16:$A$4963,0),COLUMN())=0,0,INDEX(generale!$A$16:$G$4963,MATCH(NGG!$A2317,generale!$A$16:$A$4963,0),COLUMN()))","v":1},{"$f":"generale!G2327","v":"T"},2,17,11,1,15,49,5,14,4,20,3,34,12,19,0,26,1,1,0,0,null,null,null,null,null,null,null,null,null,null,null,null,null,null,null,null,null,1,1,1,1]
[{"$f":"IF(generale!$A2331>0,generale!$A2331,\"\")","v":"2011-05-11"},{"$f":"IF(INDEX(generale!$A$16:$G$4963,MATCH(NGG!$A2321,generale!$A$16:$A$4963,0),COLUMN())=0,0,INDEX(generale!$A$16:$G$4963,MATCH(NGG!$A2321,generale!$A$16:$A$4963,0),COLUMN()))","v":15},{"$f":"IF(INDEX(generale!$A$16:$G$4963,MATCH(NGG!$A2321,generale!$A$16:$A$4963,0),COLUMN())=0,0,INDEX(generale!$A$16:$G$4963,MATCH(NGG!$A2321,generale!$A$16:$A$4963,0),COLUMN()))","v":3},{"$f":"IF(INDEX(generale!$A$16:$G$4963,MATCH(NGG!$A2321,generale!$A$16:$A$4963,0),COLUMN())=0,0,INDEX(generale!$A$16:$G$4963,MATCH(NGG!$A2321,generale!$A$16:$A$4963,0),COLUMN()))","v":9},{"$f":"IF(INDEX(generale!$A$16:$G$4963,MATCH(NGG!$A2321,generale!$A$16:$A$4963,0),COLUMN())=0,0,INDEX(generale!$A$16:$G$4963,MATCH(NGG!$A2321,generale!$A$16:$A$4963,0),COLUMN()))","v":2},{"$f":"IF(INDEX(generale!$A$16:$G$4963,MATCH(NGG!$A2321,generale!$A$16:$A$4963,0),COLUMN())=0,0,INDEX(generale!$A$16:$G$4963,MATCH(NGG!$A2321,generale!$A$16:$A$4963,0),COLUMN()))","v":11},{"$f":"generale!G2331","v":"P"},2,21,15,5,3,53,9,18,8,1,7,38,16,23,0,30,1,1,0,0,null,null,null,null,null,null,null,null,null,null,null,null,null,null,null,null,null,1,1,1,1]
[{"$f":"IF(generale!$A2336>0,generale!$A2336,\"\")","v":"2011-05-16"},{"$f":"IF(INDEX(generale!$A$16:$G$4963,MATCH(NGG!$A2326,generale!$A$16:$A$4963,0),COLUMN())=0,0,INDEX(generale!$A$16:$G$4963,MATCH(NGG!$A2326,generale!$A$16:$A$4963,0),COLUMN()))","v":12},{"$f":"IF(INDEX(generale!$A$16:$G$4963,MATCH(NGG!$A2326,generale!$A$16:$A$4963,0),COLUMN())=0,0,INDEX(generale!$A$16:$G$4963,MATCH(NGG!$A2326,generale!$A$16:$A$4963,0),COLUMN()))","v":2},{"$f":"IF(INDEX(generale!$A$16:$G$4963,MATCH(NGG!$A2326,generale!$A$16:$A$4963,0),COLUMN())=0,0,INDEX(generale!$A$16:$G$4963,MATCH(NGG!$A2326,generale!$A$16:$A$4963,0),COLUMN()))","v":9},{"$f":"IF(INDEX(generale!$A$16:$G$4963,MATCH(NGG!$A2326,generale!$A$16:$A$4963,0),COLUMN())=0,0,INDEX(generale!$A$16:$G$4963,MATCH(NGG!$A2326,generale!$A$16:$A$4963,0),COLUMN()))","v":14},{"$f":"IF(INDEX(generale!$A$16:$G$4963,MATCH(NGG!$A2326,generale!$A$16:$A$4963,0),COLUMN())=0,0,INDEX(generale!$A$16:$G$4963,MATCH(NGG!$A2326,generale!$A$16:$A$4963,0),COLUMN()))","v":3},{"$f":"generale!G2336","v":"P"},7,4,20,10,8,58,1,23,13,6,12,0,2,28,5,35,1,1,0,0,null,null,null,null,null,null,null,null,null,null,null,null,null,null,null,null,null,1,1,1,1]
[{"$f":"IF(generale!$A2348>0,generale!$A2348,\"\")","v":"2011-05-28"},{"$f":"IF(INDEX(generale!$A$16:$G$4963,MATCH(NGG!$A2338,generale!$A$16:$A$4963,0),COLUMN())=0,0,INDEX(generale!$A$16:$G$4963,MATCH(NGG!$A2338,generale!$A$16:$A$4963,0),COLUMN()))","v":7},{"$f":"IF(INDEX(generale!$A$16:$G$4963,MATCH(NGG!$A2338,generale!$A$16:$A$4963,0),COLUMN())=0,0,INDEX(generale!$A$16:$G$4963,MATCH(NGG!$A2338,generale!$A$16:$A$4963,0),COLUMN()))","v":16},{"$f":"IF(INDEX(generale!$A$16:$G$4963,MATCH(NGG!$A2338,generale!$A$16:$A$4963,0),COLUMN())=0,0,INDEX(generale!$A$16:$G$4963,MATCH(NGG!$A2338,generale!$A$16:$A$4963,0),COLUMN()))","v":5},{"$f":"IF(INDEX(generale!$A$16:$G$4963,MATCH(NGG!$A2338,generale!$A$16:$A$4963,0),COLUMN())=0,0,INDEX(generale!$A$16:$G$4963,MATCH(NGG!$A2338,generale!$A$16:$A$4963,0),COLUMN()))","v":1},{"$f":"IF(INDEX(generale!$A$16:$G$4963,MATCH(NGG!$A2338,generale!$A$16:$A$4963,0),COLUMN())=0,0,INDEX(generale!$A$16:$G$4963,MATCH(NGG!$A2338,generale!$A$16:$A$4963,0),COLUMN()))","v":9},{"$f":"generale!G2348","v":"T"},19,16,32,22,1,70,0,35,7,8,11,5,2,40,17,47,1,1,0,0,null,null,null,null,null,null,null,null,null,null,null,null,null,null,null,null,null,1,1,1,1]
[{"$f":"IF(generale!$A2360>0,generale!$A2360,\"\")","v":"2011-06-09"},{"$f":"IF(INDEX(generale!$A$16:$G$4963,MATCH(NGG!$A2350,generale!$A$16:$A$4963,0),COLUMN())=0,0,INDEX(generale!$A$16:$G$4963,MATCH(NGG!$A2350,generale!$A$16:$A$4963,0),COLUMN()))","v":13},{"$f":"IF(INDEX(generale!$A$16:$G$4963,MATCH(NGG!$A2350,generale!$A$16:$A$4963,0),COLUMN())=0,0,INDEX(generale!$A$16:$G$4963,MATCH(NGG!$A2350,generale!$A$16:$A$4963,0),COLUMN()))","v":12},{"$f":"IF(INDEX(generale!$A$16:$G$4963,MATCH(NGG!$A2350,generale!$A$16:$A$4963,0),COLUMN())=0,0,INDEX(generale!$A$16:$G$4963,MATCH(NGG!$A2350,generale!$A$16:$A$4963,0),COLUMN()))","v":15},{"$f":"IF(INDEX(generale!$A$16:$G$4963,MATCH(NGG!$A2350,generale!$A$16:$A$4963,0),COLUMN())=0,0,INDEX(generale!$A$16:$G$4963,MATCH(NGG!$A2350,generale!$A$16:$A$4963,0),COLUMN()))","v":18},{"$f":"IF(INDEX(generale!$A$16:$G$4963,MATCH(NGG!$A2350,generale!$A$16:$A$4963,0),COLUMN())=0,0,INDEX(generale!$A$16:$G$4963,MATCH(NGG!$A2350,generale!$A$16:$A$4963,0),COLUMN()))","v":3},{"$f":"generale!G2360","v":"T"},11,7,9,34,3,2,5,47,1,20,23,10,0,52,29,59,1,1,0,0,null,null,null,null,null,null,null,null,null,null,null,null,null,null,null,null,null,1,1,1,1]
[{"$f":"IF(generale!$A2366>0,generale!$A2366,\"\")","v":"2011-06-15"},{"$f":"IF(INDEX(generale!$A$16:$G$4963,MATCH(NGG!$A2356,generale!$A$16:$A$4963,0),COLUMN())=0,0,INDEX(generale!$A$16:$G$4963,MATCH(NGG!$A2356,generale!$A$16:$A$4963,0),COLUMN()))","v":13},{"$f":"IF(INDEX(generale!$A$16:$G$4963,MATCH(NGG!$A2356,generale!$A$16:$A$4963,0),COLUMN())=0,0,INDEX(generale!$A$16:$G$4963,MATCH(NGG!$A2356,generale!$A$16:$A$4963,0),COLUMN()))","v":10},{"$f":"IF(INDEX(generale!$A$16:$G$4963,MATCH(NGG!$A2356,generale!$A$16:$A$4963,0),COLUMN())=0,0,INDEX(generale!$A$16:$G$4963,MATCH(NGG!$A2356,generale!$A$16:$A$4963,0),COLUMN()))","v":8},{"$f":"IF(INDEX(generale!$A$16:$G$4963,MATCH(NGG!$A2356,generale!$A$16:$A$4963,0),COLUMN())=0,0,INDEX(generale!$A$16:$G$4963,MATCH(NGG!$A2356,generale!$A$16:$A$4963,0),COLUMN()))","v":1},{"$f":"IF(INDEX(generale!$A$16:$G$4963,MATCH(NGG!$A2356,generale!$A$16:$A$4963,0),COLUMN())=0,0,INDEX(generale!$A$16:$G$4963,MATCH(NGG!$A2356,generale!$A$16:$A$4963,0),COLUMN()))","v":11},{"$f":"generale!G2366","v":"P"},17,13,2,40,1,8,11,3,7,26,29,4,0,58,35,65,1,1,0,0,null,null,null,null,null,null,null,null,null,null,null,null,null,null,null,null,null,1,1,1,1]
[{"$f":"IF(generale!$A2373>0,generale!$A2373,\"\")","v":"2011-06-22"},{"$f":"IF(INDEX(generale!$A$16:$G$4963,MATCH(NGG!$A2363,generale!$A$16:$A$4963,0),COLUMN())=0,0,INDEX(generale!$A$16:$G$4963,MATCH(NGG!$A2363,generale!$A$16:$A$4963,0),COLUMN()))","v":4},{"$f":"IF(INDEX(generale!$A$16:$G$4963,MATCH(NGG!$A2363,generale!$A$16:$A$4963,0),COLUMN())=0,0,INDEX(generale!$A$16:$G$4963,MATCH(NGG!$A2363,generale!$A$16:$A$4963,0),COLUMN()))","v":2},{"$f":"IF(INDEX(generale!$A$16:$G$4963,MATCH(NGG!$A2363,generale!$A$16:$A$4963,0),COLUMN())=0,0,INDEX(generale!$A$16:$G$4963,MATCH(NGG!$A2363,generale!$A$16:$A$4963,0),COLUMN()))","v":7},{"$f":"IF(INDEX(generale!$A$16:$G$4963,MATCH(NGG!$A2363,generale!$A$16:$A$4963,0),COLUMN())=0,0,INDEX(generale!$A$16:$G$4963,MATCH(NGG!$A2363,generale!$A$16:$A$4963,0),COLUMN()))","v":3},{"$f":"IF(INDEX(generale!$A$16:$G$4963,MATCH(NGG!$A2363,generale!$A$16:$A$4963,0),COLUMN())=0,0,INDEX(generale!$A$16:$G$4963,MATCH(NGG!$A2363,generale!$A$16:$A$4963,0),COLUMN()))","v":13},{"$f":"generale!G2373","v":"T"},5,6,9,0,2,15,18,10,14,1,4,11,7,65,42,72,1,1,0,0,null,null,null,null,null,null,null,null,null,null,null,null,null,null,null,null,null,1,1,1,1]
[{"$f":"IF(generale!$A2381>0,generale!$A2381,\"\")","v":"2011-06-30"},{"$f":"IF(INDEX(generale!$A$16:$G$4963,MATCH(NGG!$A2371,generale!$A$16:$A$4963,0),COLUMN())=0,0,INDEX(generale!$A$16:$G$4963,MATCH(NGG!$A2371,generale!$A$16:$A$4963,0),COLUMN()))","v":2},{"$f":"IF(INDEX(generale!$A$16:$G$4963,MATCH(NGG!$A2371,generale!$A$16:$A$4963,0),COLUMN())=0,0,INDEX(generale!$A$16:$G$4963,MATCH(NGG!$A2371,generale!$A$16:$A$4963,0),COLUMN()))","v":1},{"$f":"IF(INDEX(generale!$A$16:$G$4963,MATCH(NGG!$A2371,generale!$A$16:$A$4963,0),COLUMN())=0,0,INDEX(generale!$A$16:$G$4963,MATCH(NGG!$A2371,generale!$A$16:$A$4963,0),COLUMN()))","v":3},{"$f":"IF(INDEX(generale!$A$16:$G$4963,MATCH(NGG!$A2371,generale!$A$16:$A$4963,0),COLUMN())=0,0,INDEX(generale!$A$16:$G$4963,MATCH(NGG!$A2371,generale!$A$16:$A$4963,0),COLUMN()))","v":15},{"$f":"IF(INDEX(generale!$A$16:$G$4963,MATCH(NGG!$A2371,generale!$A$16:$A$4963,0),COLUMN())=0,0,INDEX(generale!$A$16:$G$4963,MATCH(NGG!$A2371,generale!$A$16:$A$4963,0),COLUMN()))","v":10},{"$f":"generale!G2381","v":"T"},13,0,6,8,10,2,26,18,22,9,1,19,15,73,50,3,1,1,0,0,null,null,null,null,null,null,null,null,null,null,null,null,null,null,null,null,null,1,1,1,1]
[{"$f":"IF(generale!$A2396>0,generale!$A2396,\"\")","v":"2011-07-15"},{"$f":"IF(INDEX(generale!$A$16:$G$4963,MATCH(NGG!$A2386,generale!$A$16:$A$4963,0),COLUMN())=0,0,INDEX(generale!$A$16:$G$4963,MATCH(NGG!$A2386,generale!$A$16:$A$4963,0),COLUMN()))","v":7},{"$f":"IF(INDEX(generale!$A$16:$G$4963,MATCH(NGG!$A2386,generale!$A$16:$A$4963,0),COLUMN())=0,0,INDEX(generale!$A$16:$G$4963,MATCH(NGG!$A2386,generale!$A$16:$A$4963,0),COLUMN()))","v":10},{"$f":"IF(INDEX(generale!$A$16:$G$4963,MATCH(NGG!$A2386,generale!$A$16:$A$4963,0),COLUMN())=0,0,INDEX(generale!$A$16:$G$4963,MATCH(NGG!$A2386,generale!$A$16:$A$4963,0),COLUMN()))","v":3},{"$f":"IF(INDEX(generale!$A$16:$G$4963,MATCH(NGG!$A2386,generale!$A$16:$A$4963,0),COLUMN())=0,0,INDEX(generale!$A$16:$G$4963,MATCH(NGG!$A2386,generale!$A$16:$A$4963,0),COLUMN()))","v":2},{"$f":"IF(INDEX(generale!$A$16:$G$4963,MATCH(NGG!$A2386,generale!$A$16:$A$4963,0),COLUMN())=0,0,INDEX(generale!$A$16:$G$4963,MATCH(NGG!$A2386,generale!$A$16:$A$4963,0),COLUMN()))","v":6},{"$f":"generale!G2396","v":"T"},14,5,21,7,10,3,0,6,1,8,16,13,30,11,9,2,1,1,0,0,null,null,null,null,null,null,null,null,null,null,null,null,null,null,null,null,null,1,1,1,1]
[{"$f":"IF(generale!$A2403>0,generale!$A2403,\"\")","v":"2011-07-22"},{"$f":"IF(INDEX(generale!$A$16:$G$4963,MATCH(NGG!$A2393,generale!$A$16:$A$4963,0),COLUMN())=0,0,INDEX(generale!$A$16:$G$4963,MATCH(NGG!$A2393,generale!$A$16:$A$4963,0),COLUMN()))","v":7},{"$f":"IF(INDEX(generale!$A$16:$G$4963,MATCH(NGG!$A2393,generale!$A$16:$A$4963,0),COLUMN())=0,0,INDEX(generale!$A$16:$G$4963,MATCH(NGG!$A2393,generale!$A$16:$A$4963,0),COLUMN()))","v":4},{"$f":"IF(INDEX(generale!$A$16:$G$4963,MATCH(NGG!$A2393,generale!$A$16:$A$4963,0),COLUMN())=0,0,INDEX(generale!$A$16:$G$4963,MATCH(NGG!$A2393,generale!$A$16:$A$4963,0),COLUMN()))","v":8},{"$f":"IF(INDEX(generale!$A$16:$G$4963,MATCH(NGG!$A2393,generale!$A$16:$A$4963,0),COLUMN())=0,0,INDEX(generale!$A$16:$G$4963,MATCH(NGG!$A2393,generale!$A$16:$A$4963,0),COLUMN()))","v":3},{"$f":"IF(INDEX(generale!$A$16:$G$4963,MATCH(NGG!$A2393,generale!$A$16:$A$4963,0),COLUMN())=0,0,INDEX(generale!$A$16:$G$4963,MATCH(NGG!$A2393,generale!$A$16:$A$4963,0),COLUMN()))","v":13},{"$f":"generale!G2403","v":"T"},21,3,4,14,5,10,0,13,2,15,23,20,37,18,16,9,0,1,0,0,null,null,null,null,null,null,null,null,null,null,null,null,null,null,null,null,null,1,1,1,1]
[{"$f":"IF(generale!$A2410>0,generale!$A2410,\"\")","v":"2011-07-29"},{"$f":"IF(INDEX(generale!$A$16:$G$4963,MATCH(NGG!$A2400,generale!$A$16:$A$4963,0),COLUMN())=0,0,INDEX(generale!$A$16:$G$4963,MATCH(NGG!$A2400,generale!$A$16:$A$4963,0),COLUMN()))","v":12},{"$f":"IF(INDEX(generale!$A$16:$G$4963,MATCH(NGG!$A2400,generale!$A$16:$A$4963,0),COLUMN())=0,0,INDEX(generale!$A$16:$G$4963,MATCH(NGG!$A2400,generale!$A$16:$A$4963,0),COLUMN()))","v":15},{"$f":"IF(INDEX(generale!$A$16:$G$4963,MATCH(NGG!$A2400,generale!$A$16:$A$4963,0),COLUMN())=0,0,INDEX(generale!$A$16:$G$4963,MATCH(NGG!$A2400,generale!$A$16:$A$4963,0),COLUMN()))","v":14},{"$f":"IF(INDEX(generale!$A$16:$G$4963,MATCH(NGG!$A2400,generale!$A$16:$A$4963,0),COLUMN())=0,0,INDEX(generale!$A$16:$G$4963,MATCH(NGG!$A2400,generale!$A$16:$A$4963,0),COLUMN()))","v":9},{"$f":"IF(INDEX(generale!$A$16:$G$4963,MATCH(NGG!$A2400,generale!$A$16:$A$4963,0),COLUMN())=0,0,INDEX(generale!$A$16:$G$4963,MATCH(NGG!$A2400,generale!$A$16:$A$4963,0),COLUMN()))","v":1},{"$f":"generale!G2410","v":"T"},5,10,1,21,3,4,7,20,9,22,30,0,44,25,23,2,0,1,0,0,null,null,null,null,null,null,null,null,null,null,null,null,null,null,null,null,null,1,1,1,1]
[{"$f":"IF(generale!$A2421>0,generale!$A2421,\"\")","v":"2011-08-09"},{"$f":"IF(INDEX(generale!$A$16:$G$4963,MATCH(NGG!$A2411,generale!$A$16:$A$4963,0),COLUMN())=0,0,INDEX(generale!$A$16:$G$4963,MATCH(NGG!$A2411,generale!$A$16:$A$4963,0),COLUMN()))","v":4},{"$f":"IF(INDEX(generale!$A$16:$G$4963,MATCH(NGG!$A2411,generale!$A$16:$A$4963,0),COLUMN())=0,0,INDEX(generale!$A$16:$G$4963,MATCH(NGG!$A2411,generale!$A$16:$A$4963,0),COLUMN()))","v":5},{"$f":"IF(INDEX(generale!$A$16:$G$4963,MATCH(NGG!$A2411,generale!$A$16:$A$4963,0),COLUMN())=0,0,INDEX(generale!$A$16:$G$4963,MATCH(NGG!$A2411,generale!$A$16:$A$4963,0),COLUMN()))","v":17},{"$f":"IF(INDEX(generale!$A$16:$G$4963,MATCH(NGG!$A2411,generale!$A$16:$A$4963,0),COLUMN())=0,0,INDEX(generale!$A$16:$G$4963,MATCH(NGG!$A2411,generale!$A$16:$A$4963,0),COLUMN()))","v":14},{"$f":"IF(INDEX(generale!$A$16:$G$4963,MATCH(NGG!$A2411,generale!$A$16:$A$4963,0),COLUMN())=0,0,INDEX(generale!$A$16:$G$4963,MATCH(NGG!$A2411,generale!$A$16:$A$4963,0),COLUMN()))","v":2},{"$f":"generale!G2421","v":"P"},16,2,1,0,14,6,18,31,20,8,41,4,55,7,34,13,0,1,0,0,null,null,null,null,null,null,null,null,null,null,null,null,null,null,null,null,null,1,1,1,1]
[{"$f":"IF(generale!$A2424>0,generale!$A2424,\"\")","v":"2011-08-12"},{"$f":"IF(INDEX(generale!$A$16:$G$4963,MATCH(NGG!$A2414,generale!$A$16:$A$4963,0),COLUMN())=0,0,INDEX(generale!$A$16:$G$4963,MATCH(NGG!$A2414,generale!$A$16:$A$4963,0),COLUMN()))","v":13},{"$f":"IF(INDEX(generale!$A$16:$G$4963,MATCH(NGG!$A2414,generale!$A$16:$A$4963,0),COLUMN())=0,0,INDEX(generale!$A$16:$G$4963,MATCH(NGG!$A2414,generale!$A$16:$A$4963,0),COLUMN()))","v":6},{"$f":"IF(INDEX(generale!$A$16:$G$4963,MATCH(NGG!$A2414,generale!$A$16:$A$4963,0),COLUMN())=0,0,INDEX(generale!$A$16:$G$4963,MATCH(NGG!$A2414,generale!$A$16:$A$4963,0),COLUMN()))","v":1},{"$f":"IF(INDEX(generale!$A$16:$G$4963,MATCH(NGG!$A2414,generale!$A$16:$A$4963,0),COLUMN())=0,0,INDEX(generale!$A$16:$G$4963,MATCH(NGG!$A2414,generale!$A$16:$A$4963,0),COLUMN()))","v":8},{"$f":"IF(INDEX(generale!$A$16:$G$4963,MATCH(NGG!$A2414,generale!$A$16:$A$4963,0),COLUMN())=0,0,INDEX(generale!$A$16:$G$4963,MATCH(NGG!$A2414,generale!$A$16:$A$4963,0),COLUMN()))","v":3},{"$f":"generale!G2424","v":"T"},19,5,1,3,17,9,21,34,23,11,44,7,0,10,37,2,0,1,0,0,null,null,null,null,null,null,null,null,null,null,null,null,null,null,null,null,null,1,1,1,1]
[{"$f":"IF(generale!$A2439>0,generale!$A2439,\"\")","v":"2011-08-27"},{"$f":"IF(INDEX(generale!$A$16:$G$4963,MATCH(NGG!$A2429,generale!$A$16:$A$4963,0),COLUMN())=0,0,INDEX(generale!$A$16:$G$4963,MATCH(NGG!$A2429,generale!$A$16:$A$4963,0),COLUMN()))","v":11},{"$f":"IF(INDEX(generale!$A$16:$G$4963,MATCH(NGG!$A2429,generale!$A$16:$A$4963,0),COLUMN())=0,0,INDEX(generale!$A$16:$G$4963,MATCH(NGG!$A2429,generale!$A$16:$A$4963,0),COLUMN()))","v":3},{"$f":"IF(INDEX(generale!$A$16:$G$4963,MATCH(NGG!$A2429,generale!$A$16:$A$4963,0),COLUMN())=0,0,INDEX(generale!$A$16:$G$4963,MATCH(NGG!$A2429,generale!$A$16:$A$4963,0),COLUMN()))","v":15},{"$f":"IF(INDEX(generale!$A$16:$G$4963,MATCH(NGG!$A2429,generale!$A$16:$A$4963,0),COLUMN())=0,0,INDEX(generale!$A$16:$G$4963,MATCH(NGG!$A2429,generale!$A$16:$A$4963,0),COLUMN()))","v":10},{"$f":"IF(INDEX(generale!$A$16:$G$4963,MATCH(NGG!$A2429,generale!$A$16:$A$4963,0),COLUMN())=0,0,INDEX(generale!$A$16:$G$4963,MATCH(NGG!$A2429,generale!$A$16:$A$4963,0),COLUMN()))","v":5},{"$f":"generale!G2439","v":"O"},6,4,16,8,2,24,36,10,5,26,0,22,7,13,1,9,0,1,0,0,null,null,null,null,null,null,null,null,null,null,null,null,null,null,null,null,null,1,1,1,1]
[{"$f":"IF(generale!$A2442>0,generale!$A2442,\"\")","v":"2011-08-30"},{"$f":"IF(INDEX(generale!$A$16:$G$4963,MATCH(NGG!$A2432,generale!$A$16:$A$4963,0),COLUMN())=0,0,INDEX(generale!$A$16:$G$4963,MATCH(NGG!$A2432,generale!$A$16:$A$4963,0),COLUMN()))","v":11},{"$f":"IF(INDEX(generale!$A$16:$G$4963,MATCH(NGG!$A2432,generale!$A$16:$A$4963,0),COLUMN())=0,0,INDEX(generale!$A$16:$G$4963,MATCH(NGG!$A2432,generale!$A$16:$A$4963,0),COLUMN()))","v":17},{"$f":"IF(INDEX(generale!$A$16:$G$4963,MATCH(NGG!$A2432,generale!$A$16:$A$4963,0),COLUMN())=0,0,INDEX(generale!$A$16:$G$4963,MATCH(NGG!$A2432,generale!$A$16:$A$4963,0),COLUMN()))","v":8},{"$f":"IF(INDEX(generale!$A$16:$G$4963,MATCH(NGG!$A2432,generale!$A$16:$A$4963,0),COLUMN())=0,0,INDEX(generale!$A$16:$G$4963,MATCH(NGG!$A2432,generale!$A$16:$A$4963,0),COLUMN()))","v":2},{"$f":"IF(INDEX(generale!$A$16:$G$4963,MATCH(NGG!$A2432,generale!$A$16:$A$4963,0),COLUMN())=0,0,INDEX(generale!$A$16:$G$4963,MATCH(NGG!$A2432,generale!$A$16:$A$4963,0),COLUMN()))","v":4},{"$f":"generale!G2442","v":"T"},9,2,19,11,1,27,39,13,8,29,0,25,10,16,4,12,0,1,0,0,null,null,null,null,null,null,null,null,null,null,null,null,null,null,null,null,null,1,1,1,1]
[{"$f":"IF(generale!$A2454>0,generale!$A2454,\"\")","v":"2011-09-11"},{"$f":"IF(INDEX(generale!$A$16:$G$4963,MATCH(NGG!$A2444,generale!$A$16:$A$4963,0),COLUMN())=0,0,INDEX(generale!$A$16:$G$4963,MATCH(NGG!$A2444,generale!$A$16:$A$4963,0),COLUMN()))","v":9},{"$f":"IF(INDEX(generale!$A$16:$G$4963,MATCH(NGG!$A2444,generale!$A$16:$A$4963,0),COLUMN())=0,0,INDEX(generale!$A$16:$G$4963,MATCH(NGG!$A2444,generale!$A$16:$A$4963,0),COLUMN()))","v":14},{"$f":"IF(INDEX(generale!$A$16:$G$4963,MATCH(NGG!$A2444,generale!$A$16:$A$4963,0),COLUMN())=0,0,INDEX(generale!$A$16:$G$4963,MATCH(NGG!$A2444,generale!$A$16:$A$4963,0),COLUMN()))","v":17},{"$f":"IF(INDEX(generale!$A$16:$G$4963,MATCH(NGG!$A2444,generale!$A$16:$A$4963,0),COLUMN())=0,0,INDEX(generale!$A$16:$G$4963,MATCH(NGG!$A2444,generale!$A$16:$A$4963,0),COLUMN()))","v":1},{"$f":"IF(INDEX(generale!$A$16:$G$4963,MATCH(NGG!$A2444,generale!$A$16:$A$4963,0),COLUMN())=0,0,INDEX(generale!$A$16:$G$4963,MATCH(NGG!$A2444,generale!$A$16:$A$4963,0),COLUMN()))","v":5},{"$f":"generale!G2454","v":"P"},5,3,9,23,7,39,8,4,0,41,1,6,22,28,16,24,0,1,0,0,null,null,null,null,null,null,null,null,null,null,null,null,null,null,null,null,null,1,1,1,1]
[{"$f":"IF(generale!$A2460>0,generale!$A2460,\"\")","v":"2011-09-17"},{"$f":"IF(INDEX(generale!$A$16:$G$4963,MATCH(NGG!$A2450,generale!$A$16:$A$4963,0),COLUMN())=0,0,INDEX(generale!$A$16:$G$4963,MATCH(NGG!$A2450,generale!$A$16:$A$4963,0),COLUMN()))","v":13},{"$f":"IF(INDEX(generale!$A$16:$G$4963,MATCH(NGG!$A2450,generale!$A$16:$A$4963,0),COLUMN())=0,0,INDEX(generale!$A$16:$G$4963,MATCH(NGG!$A2450,generale!$A$16:$A$4963,0),COLUMN()))","v":15},{"$f":"IF(INDEX(generale!$A$16:$G$4963,MATCH(NGG!$A2450,generale!$A$16:$A$4963,0),COLUMN())=0,0,INDEX(generale!$A$16:$G$4963,MATCH(NGG!$A2450,generale!$A$16:$A$4963,0),COLUMN()))","v":11},{"$f":"IF(INDEX(generale!$A$16:$G$4963,MATCH(NGG!$A2450,generale!$A$16:$A$4963,0),COLUMN())=0,0,INDEX(generale!$A$16:$G$4963,MATCH(NGG!$A2450,generale!$A$16:$A$4963,0),COLUMN()))","v":4},{"$f":"IF(INDEX(generale!$A$16:$G$4963,MATCH(NGG!$A2450,generale!$A$16:$A$4963,0),COLUMN())=0,0,INDEX(generale!$A$16:$G$4963,MATCH(NGG!$A2450,generale!$A$16:$A$4963,0),COLUMN()))","v":3},{"$f":"generale!G2460","v":"P"},4,9,15,1,13,45,14,10,2,47,7,12,0,34,22,30,0,1,0,0,null,null,null,null,null,null,null,null,null,null,null,null,null,null,null,null,null,1,1,1,1]
[{"$f":"IF(generale!$A2472>0,generale!$A2472,\"\")","v":"2011-09-29"},{"$f":"IF(INDEX(generale!$A$16:$G$4963,MATCH(NGG!$A2462,generale!$A$16:$A$4963,0),COLUMN())=0,0,INDEX(generale!$A$16:$G$4963,MATCH(NGG!$A2462,generale!$A$16:$A$4963,0),COLUMN()))","v":11},{"$f":"IF(INDEX(generale!$A$16:$G$4963,MATCH(NGG!$A2462,generale!$A$16:$A$4963,0),COLUMN())=0,0,INDEX(generale!$A$16:$G$4963,MATCH(NGG!$A2462,generale!$A$16:$A$4963,0),COLUMN()))","v":2},{"$f":"IF(INDEX(generale!$A$16:$G$4963,MATCH(NGG!$A2462,generale!$A$16:$A$4963,0),COLUMN())=0,0,INDEX(generale!$A$16:$G$4963,MATCH(NGG!$A2462,generale!$A$16:$A$4963,0),COLUMN()))","v":1},{"$f":"IF(INDEX(generale!$A$16:$G$4963,MATCH(NGG!$A2462,generale!$A$16:$A$4963,0),COLUMN())=0,0,INDEX(generale!$A$16:$G$4963,MATCH(NGG!$A2462,generale!$A$16:$A$4963,0),COLUMN()))","v":3},{"$f":"IF(INDEX(generale!$A$16:$G$4963,MATCH(NGG!$A2462,generale!$A$16:$A$4963,0),COLUMN())=0,0,INDEX(generale!$A$16:$G$4963,MATCH(NGG!$A2462,generale!$A$16:$A$4963,0),COLUMN()))","v":5},{"$f":"generale!G2472","v":"O"},3,21,10,7,1,57,9,22,4,2,0,24,12,46,5,8,0,0,0,0,null,null,null,null,null,null,null,null,null,null,null,null,null,null,null,null,null,1,1,1,1]
[{"$f":"IF(generale!$A2475>0,generale!$A2475,\"\")","v":"2011-10-02"},{"$f":"IF(INDEX(generale!$A$16:$G$4963,MATCH(NGG!$A2465,generale!$A$16:$A$4963,0),COLUMN())=0,0,INDEX(generale!$A$16:$G$4963,MATCH(NGG!$A2465,generale!$A$16:$A$4963,0),COLUMN()))","v":15},{"$f":"IF(INDEX(generale!$A$16:$G$4963,MATCH(NGG!$A2465,generale!$A$16:$A$4963,0),COLUMN())=0,0,INDEX(generale!$A$16:$G$4963,MATCH(NGG!$A2465,generale!$A$16:$A$4963,0),COLUMN()))","v":13},{"$f":"IF(INDEX(generale!$A$16:$G$4963,MATCH(NGG!$A2465,generale!$A$16:$A$4963,0),COLUMN())=0,0,INDEX(generale!$A$16:$G$4963,MATCH(NGG!$A2465,generale!$A$16:$A$4963,0),COLUMN()))","v":8},{"$f":"IF(INDEX(generale!$A$16:$G$4963,MATCH(NGG!$A2465,generale!$A$16:$A$4963,0),COLUMN())=0,0,INDEX(generale!$A$16:$G$4963,MATCH(NGG!$A2465,generale!$A$16:$A$4963,0),COLUMN()))","v":6},{"$f":"IF(INDEX(generale!$A$16:$G$4963,MATCH(NGG!$A2465,generale!$A$16:$A$4963,0),COLUMN())=0,0,INDEX(generale!$A$16:$G$4963,MATCH(NGG!$A2465,generale!$A$16:$A$4963,0),COLUMN()))","v":2},{"$f":"generale!G2475","v":"P"},6,24,13,10,4,60,12,25,2,5,3,27,15,49,0,11,0,0,0,0,null,null,null,null,null,null,null,null,null,null,null,null,null,null,null,null,null,1,1,1,1]
[{"$f":"IF(generale!$A2489>0,generale!$A2489,\"\")","v":"2011-10-16"},{"$f":"IF(INDEX(generale!$A$16:$G$4963,MATCH(NGG!$A2479,generale!$A$16:$A$4963,0),COLUMN())=0,0,INDEX(generale!$A$16:$G$4963,MATCH(NGG!$A2479,generale!$A$16:$A$4963,0),COLUMN()))","v":3},{"$f":"IF(INDEX(generale!$A$16:$G$4963,MATCH(NGG!$A2479,generale!$A$16:$A$4963,0),COLUMN())=0,0,INDEX(generale!$A$16:$G$4963,MATCH(NGG!$A2479,generale!$A$16:$A$4963,0),COLUMN()))","v":11},{"$f":"IF(INDEX(generale!$A$16:$G$4963,MATCH(NGG!$A2479,generale!$A$16:$A$4963,0),COLUMN())=0,0,INDEX(generale!$A$16:$G$4963,MATCH(NGG!$A2479,generale!$A$16:$A$4963,0),COLUMN()))","v":6},{"$f":"IF(INDEX(generale!$A$16:$G$4963,MATCH(NGG!$A2479,generale!$A$16:$A$4963,0),COLUMN())=0,0,INDEX(generale!$A$16:$G$4963,MATCH(NGG!$A2479,generale!$A$16:$A$4963,0),COLUMN()))","v":12},{"$f":"IF(INDEX(generale!$A$16:$G$4963,MATCH(NGG!$A2479,generale!$A$16:$A$4963,0),COLUMN())=0,0,INDEX(generale!$A$16:$G$4963,MATCH(NGG!$A2479,generale!$A$16:$A$4963,0),COLUMN()))","v":13},{"$f":"generale!G2489","v":"P"},20,3,0,8,5,74,1,10,16,12,9,41,29,11,14,25,0,0,0,0,null,null,null,null,null,null,null,null,null,null,null,null,null,null,null,null,null,1,1,1,1]
[{"$f":"IF(generale!$A2493>0,generale!$A2493,\"\")","v":"2011-10-20"},{"$f":"IF(INDEX(generale!$A$16:$G$4963,MATCH(NGG!$A2483,generale!$A$16:$A$4963,0),COLUMN())=0,0,INDEX(generale!$A$16:$G$4963,MATCH(NGG!$A2483,generale!$A$16:$A$4963,0),COLUMN()))","v":16},{"$f":"IF(INDEX(generale!$A$16:$G$4963,MATCH(NGG!$A2483,generale!$A$16:$A$4963,0),COLUMN())=0,0,INDEX(generale!$A$16:$G$4963,MATCH(NGG!$A2483,generale!$A$16:$A$4963,0),COLUMN()))","v":12},{"$f":"IF(INDEX(generale!$A$16:$G$4963,MATCH(NGG!$A2483,generale!$A$16:$A$4963,0),COLUMN())=0,0,INDEX(generale!$A$16:$G$4963,MATCH(NGG!$A2483,generale!$A$16:$A$4963,0),COLUMN()))","v":11},{"$f":"IF(INDEX(generale!$A$16:$G$4963,MATCH(NGG!$A2483,generale!$A$16:$A$4963,0),COLUMN())=0,0,INDEX(generale!$A$16:$G$4963,MATCH(NGG!$A2483,generale!$A$16:$A$4963,0),COLUMN()))","v":13},{"$f":"IF(INDEX(generale!$A$16:$G$4963,MATCH(NGG!$A2483,generale!$A$16:$A$4963,0),COLUMN())=0,0,INDEX(generale!$A$16:$G$4963,MATCH(NGG!$A2483,generale!$A$16:$A$4963,0),COLUMN()))","v":15},{"$f":"generale!G2493","v":"P"},24,7,1,12,9,78,5,14,20,16,13,45,3,15,18,0,0,0,0,0,null,null,null,null,null,null,null,null,null,null,null,null,null,null,null,null,null,1,1,1,1]
[{"$f":"IF(generale!$A2505>0,generale!$A2505,\"\")","v":"2011-11-01"},{"$f":"IF(INDEX(generale!$A$16:$G$4963,MATCH(NGG!$A2495,generale!$A$16:$A$4963,0),COLUMN())=0,0,INDEX(generale!$A$16:$G$4963,MATCH(NGG!$A2495,generale!$A$16:$A$4963,0),COLUMN()))","v":12},{"$f":"IF(INDEX(generale!$A$16:$G$4963,MATCH(NGG!$A2495,generale!$A$16:$A$4963,0),COLUMN())=0,0,INDEX(generale!$A$16:$G$4963,MATCH(NGG!$A2495,generale!$A$16:$A$4963,0),COLUMN()))","v":7},{"$f":"IF(INDEX(generale!$A$16:$G$4963,MATCH(NGG!$A2495,generale!$A$16:$A$4963,0),COLUMN())=0,0,INDEX(generale!$A$16:$G$4963,MATCH(NGG!$A2495,generale!$A$16:$A$4963,0),COLUMN()))","v":9},{"$f":"IF(INDEX(generale!$A$16:$G$4963,MATCH(NGG!$A2495,generale!$A$16:$A$4963,0),COLUMN())=0,0,INDEX(generale!$A$16:$G$4963,MATCH(NGG!$A2495,generale!$A$16:$A$4963,0),COLUMN()))","v":2},{"$f":"IF(INDEX(generale!$A$16:$G$4963,MATCH(NGG!$A2495,generale!$A$16:$A$4963,0),COLUMN())=0,0,INDEX(generale!$A$16:$G$4963,MATCH(NGG!$A2495,generale!$A$16:$A$4963,0),COLUMN()))","v":11},{"$f":"generale!G2505","v":"P"},36,6,10,24,21,90,11,26,32,3,8,0,15,27,30,4,0,0,0,0,null,null,null,null,null,null,null,null,null,null,null,null,null,null,null,null,null,1,1,1,1]
[{"$f":"IF(generale!$A2510>0,generale!$A2510,\"\")","v":"2011-11-06"},{"$f":"IF(INDEX(generale!$A$16:$G$4963,MATCH(NGG!$A2500,generale!$A$16:$A$4963,0),COLUMN())=0,0,INDEX(generale!$A$16:$G$4963,MATCH(NGG!$A2500,generale!$A$16:$A$4963,0),COLUMN()))","v":8},{"$f":"IF(INDEX(generale!$A$16:$G$4963,MATCH(NGG!$A2500,generale!$A$16:$A$4963,0),COLUMN())=0,0,INDEX(generale!$A$16:$G$4963,MATCH(NGG!$A2500,generale!$A$16:$A$4963,0),COLUMN()))","v":3},{"$f":"IF(INDEX(generale!$A$16:$G$4963,MATCH(NGG!$A2500,generale!$A$16:$A$4963,0),COLUMN())=0,0,INDEX(generale!$A$16:$G$4963,MATCH(NGG!$A2500,generale!$A$16:$A$4963,0),COLUMN()))","v":4},{"$f":"IF(INDEX(generale!$A$16:$G$4963,MATCH(NGG!$A2500,generale!$A$16:$A$4963,0),COLUMN())=0,0,INDEX(generale!$A$16:$G$4963,MATCH(NGG!$A2500,generale!$A$16:$A$4963,0),COLUMN()))","v":12},{"$f":"IF(INDEX(generale!$A$16:$G$4963,MATCH(NGG!$A2500,generale!$A$16:$A$4963,0),COLUMN())=0,0,INDEX(generale!$A$16:$G$4963,MATCH(NGG!$A2500,generale!$A$16:$A$4963,0),COLUMN()))","v":5},{"$f":"generale!G2510","v":"O"},41,11,15,2,4,95,16,0,37,8,13,5,20,3,1,9,0,0,0,0,null,null,null,null,null,null,null,null,null,null,null,null,null,null,null,null,null,1,1,1,1]
[{"$f":"IF(generale!$A2523>0,generale!$A2523,\"\")","v":"2011-11-19"},{"$f":"IF(INDEX(generale!$A$16:$G$4963,MATCH(NGG!$A2513,generale!$A$16:$A$4963,0),COLUMN())=0,0,INDEX(generale!$A$16:$G$4963,MATCH(NGG!$A2513,generale!$A$16:$A$4963,0),COLUMN()))","v":17},{"$f":"IF(INDEX(generale!$A$16:$G$4963,MATCH(NGG!$A2513,generale!$A$16:$A$4963,0),COLUMN())=0,0,INDEX(generale!$A$16:$G$4963,MATCH(NGG!$A2513,generale!$A$16:$A$4963,0),COLUMN()))","v":8},{"$f":"IF(INDEX(generale!$A$16:$G$4963,MATCH(NGG!$A2513,generale!$A$16:$A$4963,0),COLUMN())=0,0,INDEX(generale!$A$16:$G$4963,MATCH(NGG!$A2513,generale!$A$16:$A$4963,0),COLUMN()))","v":16},{"$f":"IF(INDEX(generale!$A$16:$G$4963,MATCH(NGG!$A2513,generale!$A$16:$A$4963,0),COLUMN())=0,0,INDEX(generale!$A$16:$G$4963,MATCH(NGG!$A2513,generale!$A$16:$A$4963,0),COLUMN()))","v":7},{"$f":"IF(INDEX(generale!$A$16:$G$4963,MATCH(NGG!$A2513,generale!$A$16:$A$4963,0),COLUMN())=0,0,INDEX(generale!$A$16:$G$4963,MATCH(NGG!$A2513,generale!$A$16:$A$4963,0),COLUMN()))","v":11},{"$f":"generale!G2523","v":"T"},54,24,6,15,1,3,2,13,11,21,9,4,33,16,8,22,0,0,0,0,null,null,null,null,null,null,null,null,null,null,null,null,null,null,null,null,null,1,1,1,1]
[{"$f":"IF(generale!$A2535>0,generale!$A2535,\"\")","v":"2011-12-01"},{"$f":"IF(INDEX(generale!$A$16:$G$4963,MATCH(NGG!$A2525,generale!$A$16:$A$4963,0),COLUMN())=0,0,INDEX(generale!$A$16:$G$4963,MATCH(NGG!$A2525,generale!$A$16:$A$4963,0),COLUMN()))","v":2},{"$f":"IF(INDEX(generale!$A$16:$G$4963,MATCH(NGG!$A2525,generale!$A$16:$A$4963,0),COLUMN())=0,0,INDEX(generale!$A$16:$G$4963,MATCH(NGG!$A2525,generale!$A$16:$A$4963,0),COLUMN()))","v":9},{"$f":"IF(INDEX(generale!$A$16:$G$4963,MATCH(NGG!$A2525,generale!$A$16:$A$4963,0),COLUMN())=0,0,INDEX(generale!$A$16:$G$4963,MATCH(NGG!$A2525,generale!$A$16:$A$4963,0),COLUMN()))","v":3},{"$f":"IF(INDEX(generale!$A$16:$G$4963,MATCH(NGG!$A2525,generale!$A$16:$A$4963,0),COLUMN())=0,0,INDEX(generale!$A$16:$G$4963,MATCH(NGG!$A2525,generale!$A$16:$A$4963,0),COLUMN()))","v":1},{"$f":"IF(INDEX(generale!$A$16:$G$4963,MATCH(NGG!$A2525,generale!$A$16:$A$4963,0),COLUMN())=0,0,INDEX(generale!$A$16:$G$4963,MATCH(NGG!$A2525,generale!$A$16:$A$4963,0),COLUMN()))","v":12},{"$f":"generale!G2535","v":"T"},11,0,18,4,1,3,14,25,6,33,21,16,45,5,7,34,0,0,0,0,null,null,null,null,null,null,null,null,null,null,null,null,null,null,null,null,null,1,1,1,1]
[{"$f":"IF(generale!$A2539>0,generale!$A2539,\"\")","v":"2011-12-05"},{"$f":"IF(INDEX(generale!$A$16:$G$4963,MATCH(NGG!$A2529,generale!$A$16:$A$4963,0),COLUMN())=0,0,INDEX(generale!$A$16:$G$4963,MATCH(NGG!$A2529,generale!$A$16:$A$4963,0),COLUMN()))","v":11},{"$f":"IF(INDEX(generale!$A$16:$G$4963,MATCH(NGG!$A2529,generale!$A$16:$A$4963,0),COLUMN())=0,0,INDEX(generale!$A$16:$G$4963,MATCH(NGG!$A2529,generale!$A$16:$A$4963,0),COLUMN()))","v":16},{"$f":"IF(INDEX(generale!$A$16:$G$4963,MATCH(NGG!$A2529,generale!$A$16:$A$4963,0),COLUMN())=0,0,INDEX(generale!$A$16:$G$4963,MATCH(NGG!$A2529,generale!$A$16:$A$4963,0),COLUMN()))","v":17},{"$f":"IF(INDEX(generale!$A$16:$G$4963,MATCH(NGG!$A2529,generale!$A$16:$A$4963,0),COLUMN())=0,0,INDEX(generale!$A$16:$G$4963,MATCH(NGG!$A2529,generale!$A$16:$A$4963,0),COLUMN()))","v":4},{"$f":"IF(INDEX(generale!$A$16:$G$4963,MATCH(NGG!$A2529,generale!$A$16:$A$4963,0),COLUMN())=0,0,INDEX(generale!$A$16:$G$4963,MATCH(NGG!$A2529,generale!$A$16:$A$4963,0),COLUMN()))","v":13},{"$f":"generale!G2539","v":"T"},15,1,22,8,2,3,18,29,10,37,0,20,49,9,11,38,0,0,0,0,null,null,null,null,null,null,null,null,null,null,null,null,null,null,null,null,null,1,1,1,1]
[{"$f":"IF(generale!$A2544>0,generale!$A2544,\"\")","v":"2011-12-10"},{"$f":"IF(INDEX(generale!$A$16:$G$4963,MATCH(NGG!$A2534,generale!$A$16:$A$4963,0),COLUMN())=0,0,INDEX(generale!$A$16:$G$4963,MATCH(NGG!$A2534,generale!$A$16:$A$4963,0),COLUMN()))","v":18},{"$f":"IF(INDEX(generale!$A$16:$G$4963,MATCH(NGG!$A2534,generale!$A$16:$A$4963,0),COLUMN())=0,0,INDEX(generale!$A$16:$G$4963,MATCH(NGG!$A2534,generale!$A$16:$A$4963,0),COLUMN()))","v":7},{"$f":"IF(INDEX(generale!$A$16:$G$4963,MATCH(NGG!$A2534,generale!$A$16:$A$4963,0),COLUMN())=0,0,INDEX(generale!$A$16:$G$4963,MATCH(NGG!$A2534,generale!$A$16:$A$4963,0),COLUMN()))","v":4},{"$f":"IF(INDEX(generale!$A$16:$G$4963,MATCH(NGG!$A2534,generale!$A$16:$A$4963,0),COLUMN())=0,0,INDEX(generale!$A$16:$G$4963,MATCH(NGG!$A2534,generale!$A$16:$A$4963,0),COLUMN()))","v":8},{"$f":"IF(INDEX(generale!$A$16:$G$4963,MATCH(NGG!$A2534,generale!$A$16:$A$4963,0),COLUMN())=0,0,INDEX(generale!$A$16:$G$4963,MATCH(NGG!$A2534,generale!$A$16:$A$4963,0),COLUMN()))","v":9},{"$f":"generale!G2544","v":"T"},20,6,27,13,7,1,23,3,15,42,5,25,54,14,4,43,0,0,0,0,null,null,null,null,null,null,null,null,null,null,null,null,null,null,null,null,null,1,1,1,1]
[{"$f":"IF(generale!$A2558>0,generale!$A2558,\"\")","v":"2011-12-24"},{"$f":"IF(INDEX(generale!$A$16:$G$4963,MATCH(NGG!$A2548,generale!$A$16:$A$4963,0),COLUMN())=0,0,INDEX(generale!$A$16:$G$4963,MATCH(NGG!$A2548,generale!$A$16:$A$4963,0),COLUMN()))","v":18},{"$f":"IF(INDEX(generale!$A$16:$G$4963,MATCH(NGG!$A2548,generale!$A$16:$A$4963,0),COLUMN())=0,0,INDEX(generale!$A$16:$G$4963,MATCH(NGG!$A2548,generale!$A$16:$A$4963,0),COLUMN()))","v":12},{"$f":"IF(INDEX(generale!$A$16:$G$4963,MATCH(NGG!$A2548,generale!$A$16:$A$4963,0),COLUMN())=0,0,INDEX(generale!$A$16:$G$4963,MATCH(NGG!$A2548,generale!$A$16:$A$4963,0),COLUMN()))","v":17},{"$f":"IF(INDEX(generale!$A$16:$G$4963,MATCH(NGG!$A2548,generale!$A$16:$A$4963,0),COLUMN())=0,0,INDEX(generale!$A$16:$G$4963,MATCH(NGG!$A2548,generale!$A$16:$A$4963,0),COLUMN()))","v":16},{"$f":"IF(INDEX(generale!$A$16:$G$4963,MATCH(NGG!$A2548,generale!$A$16:$A$4963,0),COLUMN())=0,0,INDEX(generale!$A$16:$G$4963,MATCH(NGG!$A2548,generale!$A$16:$A$4963,0),COLUMN()))","v":8},{"$f":"generale!G2558","v":"T"},7,8,1,6,21,13,37,17,29,56,2,3,11,4,18,57,1,0,1,0,null,null,null,null,null,null,null,null,null,null,null,null,null,null,null,null,null,1,1,1,1]
[{"$f":"IF(generale!$A2562>0,generale!$A2562,\"\")","v":"2011-12-28"},{"$f":"IF(INDEX(generale!$A$16:$G$4963,MATCH(NGG!$A2552,generale!$A$16:$A$4963,0),COLUMN())=0,0,INDEX(generale!$A$16:$G$4963,MATCH(NGG!$A2552,generale!$A$16:$A$4963,0),COLUMN()))","v":4},{"$f":"IF(INDEX(generale!$A$16:$G$4963,MATCH(NGG!$A2552,generale!$A$16:$A$4963,0),COLUMN())=0,0,INDEX(generale!$A$16:$G$4963,MATCH(NGG!$A2552,generale!$A$16:$A$4963,0),COLUMN()))","v":16},{"$f":"IF(INDEX(generale!$A$16:$G$4963,MATCH(NGG!$A2552,generale!$A$16:$A$4963,0),COLUMN())=0,0,INDEX(generale!$A$16:$G$4963,MATCH(NGG!$A2552,generale!$A$16:$A$4963,0),COLUMN()))","v":1},{"$f":"IF(INDEX(generale!$A$16:$G$4963,MATCH(NGG!$A2552,generale!$A$16:$A$4963,0),COLUMN())=0,0,INDEX(generale!$A$16:$G$4963,MATCH(NGG!$A2552,generale!$A$16:$A$4963,0),COLUMN()))","v":2},{"$f":"IF(INDEX(generale!$A$16:$G$4963,MATCH(NGG!$A2552,generale!$A$16:$A$4963,0),COLUMN())=0,0,INDEX(generale!$A$16:$G$4963,MATCH(NGG!$A2552,generale!$A$16:$A$4963,0),COLUMN()))","v":3},{"$f":"generale!G2562","v":"O"},11,2,5,0,25,17,3,1,33,60,6,7,15,8,22,61,1,0,1,0,null,null,null,null,null,null,null,null,null,null,null,null,null,null,null,null,null,1,1,1,1]
[{"$f":"IF(generale!$A2574>0,generale!$A2574,\"\")","v":"2012-01-09"},{"$f":"IF(INDEX(generale!$A$16:$G$4963,MATCH(NGG!$A2564,generale!$A$16:$A$4963,0),COLUMN())=0,0,INDEX(generale!$A$16:$G$4963,MATCH(NGG!$A2564,generale!$A$16:$A$4963,0),COLUMN()))","v":18},{"$f":"IF(INDEX(generale!$A$16:$G$4963,MATCH(NGG!$A2564,generale!$A$16:$A$4963,0),COLUMN())=0,0,INDEX(generale!$A$16:$G$4963,MATCH(NGG!$A2564,generale!$A$16:$A$4963,0),COLUMN()))","v":7},{"$f":"IF(INDEX(generale!$A$16:$G$4963,MATCH(NGG!$A2564,generale!$A$16:$A$4963,0),COLUMN())=0,0,INDEX(generale!$A$16:$G$4963,MATCH(NGG!$A2564,generale!$A$16:$A$4963,0),COLUMN()))","v":9},{"$f":"IF(INDEX(generale!$A$16:$G$4963,MATCH(NGG!$A2564,generale!$A$16:$A$4963,0),COLUMN())=0,0,INDEX(generale!$A$16:$G$4963,MATCH(NGG!$A2564,generale!$A$16:$A$4963,0),COLUMN()))","v":14},{"$f":"IF(INDEX(generale!$A$16:$G$4963,MATCH(NGG!$A2564,generale!$A$16:$A$4963,0),COLUMN())=0,0,INDEX(generale!$A$16:$G$4963,MATCH(NGG!$A2564,generale!$A$16:$A$4963,0),COLUMN()))","v":11},{"$f":"generale!G2574","v":"T"},23,14,8,12,37,2,15,11,10,1,18,19,27,20,9,4,1,0,1,0,null,null,null,null,null,null,null,null,null,null,null,null,null,null,null,null,null,1,1,1,1]
[{"$f":"IF(generale!$A2579>0,generale!$A2579,\"\")","v":"2012-01-14"},{"$f":"IF(INDEX(generale!$A$16:$G$4963,MATCH(NGG!$A2569,generale!$A$16:$A$4963,0),COLUMN())=0,0,INDEX(generale!$A$16:$G$4963,MATCH(NGG!$A2569,generale!$A$16:$A$4963,0),COLUMN()))","v":14},{"$f":"IF(INDEX(generale!$A$16:$G$4963,MATCH(NGG!$A2569,generale!$A$16:$A$4963,0),COLUMN())=0,0,INDEX(generale!$A$16:$G$4963,MATCH(NGG!$A2569,generale!$A$16:$A$4963,0),COLUMN()))","v":12},{"$f":"IF(INDEX(generale!$A$16:$G$4963,MATCH(NGG!$A2569,generale!$A$16:$A$4963,0),COLUMN())=0,0,INDEX(generale!$A$16:$G$4963,MATCH(NGG!$A2569,generale!$A$16:$A$4963,0),COLUMN()))","v":7},{"$f":"IF(INDEX(generale!$A$16:$G$4963,MATCH(NGG!$A2569,generale!$A$16:$A$4963,0),COLUMN())=0,0,INDEX(generale!$A$16:$G$4963,MATCH(NGG!$A2569,generale!$A$16:$A$4963,0),COLUMN()))","v":5},{"$f":"IF(INDEX(generale!$A$16:$G$4963,MATCH(NGG!$A2569,generale!$A$16:$A$4963,0),COLUMN())=0,0,INDEX(generale!$A$16:$G$4963,MATCH(NGG!$A2569,generale!$A$16:$A$4963,0),COLUMN()))","v":4},{"$f":"generale!G2579","v":"T"},3,4,13,1,42,7,20,16,15,6,23,24,2,0,14,9,1,0,1,0,null,null,null,null,null,null,null,null,null,null,null,null,null,null,null,null,null,1,1,1,1]
[{"$f":"IF(generale!$A2592>0,generale!$A2592,\"\")","v":"2012-01-27"},{"$f":"IF(INDEX(generale!$A$16:$G$4963,MATCH(NGG!$A2582,generale!$A$16:$A$4963,0),COLUMN())=0,0,INDEX(generale!$A$16:$G$4963,MATCH(NGG!$A2582,generale!$A$16:$A$4963,0),COLUMN()))","v":6},{"$f":"IF(INDEX(generale!$A$16:$G$4963,MATCH(NGG!$A2582,generale!$A$16:$A$4963,0),COLUMN())=0,0,INDEX(generale!$A$16:$G$4963,MATCH(NGG!$A2582,generale!$A$16:$A$4963,0),COLUMN()))","v":5},{"$f":"IF(INDEX(generale!$A$16:$G$4963,MATCH(NGG!$A2582,generale!$A$16:$A$4963,0),COLUMN())=0,0,INDEX(generale!$A$16:$G$4963,MATCH(NGG!$A2582,generale!$A$16:$A$4963,0),COLUMN()))","v":8},{"$f":"IF(INDEX(generale!$A$16:$G$4963,MATCH(NGG!$A2582,generale!$A$16:$A$4963,0),COLUMN())=0,0,INDEX(generale!$A$16:$G$4963,MATCH(NGG!$A2582,generale!$A$16:$A$4963,0),COLUMN()))","v":4},{"$f":"IF(INDEX(generale!$A$16:$G$4963,MATCH(NGG!$A2582,generale!$A$16:$A$4963,0),COLUMN())=0,0,INDEX(generale!$A$16:$G$4963,MATCH(NGG!$A2582,generale!$A$16:$A$4963,0),COLUMN()))","v":13},{"$f":"generale!G2592","v":"O"},4,17,1,2,3,0,33,29,28,7,6,37,8,13,27,22,1,0,1,0,null,null,null,null,null,null,null,null,null,null,null,null,null,null,null,null,null,1,1,1,1]
[{"$f":"IF(generale!$A2599>0,generale!$A2599,\"\")","v":"2012-02-03"},{"$f":"IF(INDEX(generale!$A$16:$G$4963,MATCH(NGG!$A2589,generale!$A$16:$A$4963,0),COLUMN())=0,0,INDEX(generale!$A$16:$G$4963,MATCH(NGG!$A2589,generale!$A$16:$A$4963,0),COLUMN()))","v":9},{"$f":"IF(INDEX(generale!$A$16:$G$4963,MATCH(NGG!$A2589,generale!$A$16:$A$4963,0),COLUMN())=0,0,INDEX(generale!$A$16:$G$4963,MATCH(NGG!$A2589,generale!$A$16:$A$4963,0),COLUMN()))","v":11},{"$f":"IF(INDEX(generale!$A$16:$G$4963,MATCH(NGG!$A2589,generale!$A$16:$A$4963,0),COLUMN())=0,0,INDEX(generale!$A$16:$G$4963,MATCH(NGG!$A2589,generale!$A$16:$A$4963,0),COLUMN()))","v":1},{"$f":"IF(INDEX(generale!$A$16:$G$4963,MATCH(NGG!$A2589,generale!$A$16:$A$4963,0),COLUMN())=0,0,INDEX(generale!$A$16:$G$4963,MATCH(NGG!$A2589,generale!$A$16:$A$4963,0),COLUMN()))","v":4},{"$f":"IF(INDEX(generale!$A$16:$G$4963,MATCH(NGG!$A2589,generale!$A$16:$A$4963,0),COLUMN())=0,0,INDEX(generale!$A$16:$G$4963,MATCH(NGG!$A2589,generale!$A$16:$A$4963,0),COLUMN()))","v":10},{"$f":"generale!G2599","v":"P"},11,2,8,6,3,7,40,1,0,14,13,44,15,20,34,29,1,0,1,0,null,null,null,null,null,null,null,null,null,null,null,null,null,null,null,null,null,1,1,1,1]
[{"$f":"IF(generale!$A2608>0,generale!$A2608,\"\")","v":"2012-02-12"},{"$f":"IF(INDEX(generale!$A$16:$G$4963,MATCH(NGG!$A2598,generale!$A$16:$A$4963,0),COLUMN())=0,0,INDEX(generale!$A$16:$G$4963,MATCH(NGG!$A2598,generale!$A$16:$A$4963,0),COLUMN()))","v":14},{"$f":"IF(INDEX(generale!$A$16:$G$4963,MATCH(NGG!$A2598,generale!$A$16:$A$4963,0),COLUMN())=0,0,INDEX(generale!$A$16:$G$4963,MATCH(NGG!$A2598,generale!$A$16:$A$4963,0),COLUMN()))","v":6},{"$f":"IF(INDEX(generale!$A$16:$G$4963,MATCH(NGG!$A2598,generale!$A$16:$A$4963,0),COLUMN())=0,0,INDEX(generale!$A$16:$G$4963,MATCH(NGG!$A2598,generale!$A$16:$A$4963,0),COLUMN()))","v":2},{"$f":"IF(INDEX(generale!$A$16:$G$4963,MATCH(NGG!$A2598,generale!$A$16:$A$4963,0),COLUMN())=0,0,INDEX(generale!$A$16:$G$4963,MATCH(NGG!$A2598,generale!$A$16:$A$4963,0),COLUMN()))","v":11},{"$f":"IF(INDEX(generale!$A$16:$G$4963,MATCH(NGG!$A2598,generale!$A$16:$A$4963,0),COLUMN())=0,0,INDEX(generale!$A$16:$G$4963,MATCH(NGG!$A2598,generale!$A$16:$A$4963,0),COLUMN()))","v":9},{"$f":"generale!G2608","v":"T"},20,3,17,1,12,16,49,2,7,5,22,53,24,0,6,38,1,0,1,0,null,null,null,null,null,null,null,null,null,null,null,null,null,null,null,null,null,1,1,1,1]
[{"$f":"IF(generale!$A2613>0,generale!$A2613,\"\")","v":"2012-02-17"},{"$f":"IF(INDEX(generale!$A$16:$G$4963,MATCH(NGG!$A2603,generale!$A$16:$A$4963,0),COLUMN())=0,0,INDEX(generale!$A$16:$G$4963,MATCH(NGG!$A2603,generale!$A$16:$A$4963,0),COLUMN()))","v":13},{"$f":"IF(INDEX(generale!$A$16:$G$4963,MATCH(NGG!$A2603,generale!$A$16:$A$4963,0),COLUMN())=0,0,INDEX(generale!$A$16:$G$4963,MATCH(NGG!$A2603,generale!$A$16:$A$4963,0),COLUMN()))","v":12},{"$f":"IF(INDEX(generale!$A$16:$G$4963,MATCH(NGG!$A2603,generale!$A$16:$A$4963,0),COLUMN())=0,0,INDEX(generale!$A$16:$G$4963,MATCH(NGG!$A2603,generale!$A$16:$A$4963,0),COLUMN()))","v":5},{"$f":"IF(INDEX(generale!$A$16:$G$4963,MATCH(NGG!$A2603,generale!$A$16:$A$4963,0),COLUMN())=0,0,INDEX(generale!$A$16:$G$4963,MATCH(NGG!$A2603,generale!$A$16:$A$4963,0),COLUMN()))","v":7},{"$f":"IF(INDEX(generale!$A$16:$G$4963,MATCH(NGG!$A2603,generale!$A$16:$A$4963,0),COLUMN())=0,0,INDEX(generale!$A$16:$G$4963,MATCH(NGG!$A2603,generale!$A$16:$A$4963,0),COLUMN()))","v":10},{"$f":"generale!G2613","v":"T"},25,8,1,6,17,21,4,7,12,2,27,58,0,5,3,43,1,0,1,0,null,null,null,null,null,null,null,null,null,null,null,null,null,null,null,null,null,1,1,1,1]
[{"$f":"IF(generale!$A2629>0,generale!$A2629,\"\")","v":"2012-03-04"},{"$f":"IF(INDEX(generale!$A$16:$G$4963,MATCH(NGG!$A2619,generale!$A$16:$A$4963,0),COLUMN())=0,0,INDEX(generale!$A$16:$G$4963,MATCH(NGG!$A2619,generale!$A$16:$A$4963,0),COLUMN()))","v":16},{"$f":"IF(INDEX(generale!$A$16:$G$4963,MATCH(NGG!$A2619,generale!$A$16:$A$4963,0),COLUMN())=0,0,INDEX(generale!$A$16:$G$4963,MATCH(NGG!$A2619,generale!$A$16:$A$4963,0),COLUMN()))","v":10},{"$f":"IF(INDEX(generale!$A$16:$G$4963,MATCH(NGG!$A2619,generale!$A$16:$A$4963,0),COLUMN())=0,0,INDEX(generale!$A$16:$G$4963,MATCH(NGG!$A2619,generale!$A$16:$A$4963,0),COLUMN()))","v":11},{"$f":"IF(INDEX(generale!$A$16:$G$4963,MATCH(NGG!$A2619,generale!$A$16:$A$4963,0),COLUMN())=0,0,INDEX(generale!$A$16:$G$4963,MATCH(NGG!$A2619,generale!$A$16:$A$4963,0),COLUMN()))","v":6},{"$f":"IF(INDEX(generale!$A$16:$G$4963,MATCH(NGG!$A2619,generale!$A$16:$A$4963,0),COLUMN())=0,0,INDEX(generale!$A$16:$G$4963,MATCH(NGG!$A2619,generale!$A$16:$A$4963,0),COLUMN()))","v":12},{"$f":"generale!G2629","v":"O"},41,24,17,22,9,11,20,3,6,2,4,74,1,21,19,0,1,0,1,0,null,null,null,null,null,null,null,null,null,null,null,null,null,null,null,null,null,1,1,1,1]
[{"$f":"IF(generale!$A2637>0,generale!$A2637,\"\")","v":"2012-03-12"},{"$f":"IF(INDEX(generale!$A$16:$G$4963,MATCH(NGG!$A2627,generale!$A$16:$A$4963,0),COLUMN())=0,0,INDEX(generale!$A$16:$G$4963,MATCH(NGG!$A2627,generale!$A$16:$A$4963,0),COLUMN()))","v":15},{"$f":"IF(INDEX(generale!$A$16:$G$4963,MATCH(NGG!$A2627,generale!$A$16:$A$4963,0),COLUMN())=0,0,INDEX(generale!$A$16:$G$4963,MATCH(NGG!$A2627,generale!$A$16:$A$4963,0),COLUMN()))","v":12},{"$f":"IF(INDEX(generale!$A$16:$G$4963,MATCH(NGG!$A2627,generale!$A$16:$A$4963,0),COLUMN())=0,0,INDEX(generale!$A$16:$G$4963,MATCH(NGG!$A2627,generale!$A$16:$A$4963,0),COLUMN()))","v":5},{"$f":"IF(INDEX(generale!$A$16:$G$4963,MATCH(NGG!$A2627,generale!$A$16:$A$4963,0),COLUMN())=0,0,INDEX(generale!$A$16:$G$4963,MATCH(NGG!$A2627,generale!$A$16:$A$4963,0),COLUMN()))","v":3},{"$f":"IF(INDEX(generale!$A$16:$G$4963,MATCH(NGG!$A2627,generale!$A$16:$A$4963,0),COLUMN())=0,0,INDEX(generale!$A$16:$G$4963,MATCH(NGG!$A2627,generale!$A$16:$A$4963,0),COLUMN()))","v":1},{"$f":"generale!G2637","v":"P"},49,3,4,30,17,19,28,11,14,5,12,82,1,29,0,7,1,0,1,0,null,null,null,null,null,null,null,null,null,null,null,null,null,null,null,null,null,1,1,1,1]
[{"$f":"IF(generale!$A2643>0,generale!$A2643,\"\")","v":"2012-03-18"},{"$f":"IF(INDEX(generale!$A$16:$G$4963,MATCH(NGG!$A2633,generale!$A$16:$A$4963,0),COLUMN())=0,0,INDEX(generale!$A$16:$G$4963,MATCH(NGG!$A2633,generale!$A$16:$A$4963,0),COLUMN()))","v":7},{"$f":"IF(INDEX(generale!$A$16:$G$4963,MATCH(NGG!$A2633,generale!$A$16:$A$4963,0),COLUMN())=0,0,INDEX(generale!$A$16:$G$4963,MATCH(NGG!$A2633,generale!$A$16:$A$4963,0),COLUMN()))","v":3},{"$f":"IF(INDEX(generale!$A$16:$G$4963,MATCH(NGG!$A2633,generale!$A$16:$A$4963,0),COLUMN())=0,0,INDEX(generale!$A$16:$G$4963,MATCH(NGG!$A2633,generale!$A$16:$A$4963,0),COLUMN()))","v":1},{"$f":"IF(INDEX(generale!$A$16:$G$4963,MATCH(NGG!$A2633,generale!$A$16:$A$4963,0),COLUMN())=0,0,INDEX(generale!$A$16:$G$4963,MATCH(NGG!$A2633,generale!$A$16:$A$4963,0),COLUMN()))","v":13},{"$f":"IF(INDEX(generale!$A$16:$G$4963,MATCH(NGG!$A2633,generale!$A$16:$A$4963,0),COLUMN())=0,0,INDEX(generale!$A$16:$G$4963,MATCH(NGG!$A2633,generale!$A$16:$A$4963,0),COLUMN()))","v":18},{"$f":"generale!G2643","v":"O"},55,9,10,36,23,2,0,17,20,11,18,5,7,1,6,13,0,0,1,0,null,null,null,null,null,null,null,null,null,null,null,null,null,null,null,null,null,1,1,1,1]
[{"$f":"IF(generale!$A2650>0,generale!$A2650,\"\")","v":"2012-03-25"},{"$f":"IF(INDEX(generale!$A$16:$G$4963,MATCH(NGG!$A2640,generale!$A$16:$A$4963,0),COLUMN())=0,0,INDEX(generale!$A$16:$G$4963,MATCH(NGG!$A2640,generale!$A$16:$A$4963,0),COLUMN()))","v":17},{"$f":"IF(INDEX(generale!$A$16:$G$4963,MATCH(NGG!$A2640,generale!$A$16:$A$4963,0),COLUMN())=0,0,INDEX(generale!$A$16:$G$4963,MATCH(NGG!$A2640,generale!$A$16:$A$4963,0),COLUMN()))","v":12},{"$f":"IF(INDEX(generale!$A$16:$G$4963,MATCH(NGG!$A2640,generale!$A$16:$A$4963,0),COLUMN())=0,0,INDEX(generale!$A$16:$G$4963,MATCH(NGG!$A2640,generale!$A$16:$A$4963,0),COLUMN()))","v":3},{"$f":"IF(INDEX(generale!$A$16:$G$4963,MATCH(NGG!$A2640,generale!$A$16:$A$4963,0),COLUMN())=0,0,INDEX(generale!$A$16:$G$4963,MATCH(NGG!$A2640,generale!$A$16:$A$4963,0),COLUMN()))","v":9},{"$f":"IF(INDEX(generale!$A$16:$G$4963,MATCH(NGG!$A2640,generale!$A$16:$A$4963,0),COLUMN())=0,0,INDEX(generale!$A$16:$G$4963,MATCH(NGG!$A2640,generale!$A$16:$A$4963,0),COLUMN()))","v":10},{"$f":"generale!G2650","v":"O"},62,1,3,43,30,5,7,24,27,18,4,12,14,8,6,2,0,0,1,0,null,null,null,null,null,null,null,null,null,null,null,null,null,null,null,null,null,1,1,1,1]
[{"$f":"IF(generale!$A2658>0,generale!$A2658,\"\")","v":"2012-04-02"},{"$f":"IF(INDEX(generale!$A$16:$G$4963,MATCH(NGG!$A2648,generale!$A$16:$A$4963,0),COLUMN())=0,0,INDEX(generale!$A$16:$G$4963,MATCH(NGG!$A2648,generale!$A$16:$A$4963,0),COLUMN()))","v":3},{"$f":"IF(INDEX(generale!$A$16:$G$4963,MATCH(NGG!$A2648,generale!$A$16:$A$4963,0),COLUMN())=0,0,INDEX(generale!$A$16:$G$4963,MATCH(NGG!$A2648,generale!$A$16:$A$4963,0),COLUMN()))","v":5},{"$f":"IF(INDEX(generale!$A$16:$G$4963,MATCH(NGG!$A2648,generale!$A$16:$A$4963,0),COLUMN())=0,0,INDEX(generale!$A$16:$G$4963,MATCH(NGG!$A2648,generale!$A$16:$A$4963,0),COLUMN()))","v":9},{"$f":"IF(INDEX(generale!$A$16:$G$4963,MATCH(NGG!$A2648,generale!$A$16:$A$4963,0),COLUMN())=0,0,INDEX(generale!$A$16:$G$4963,MATCH(NGG!$A2648,generale!$A$16:$A$4963,0),COLUMN()))","v":11},{"$f":"IF(INDEX(generale!$A$16:$G$4963,MATCH(NGG!$A2648,generale!$A$16:$A$4963,0),COLUMN())=0,0,INDEX(generale!$A$16:$G$4963,MATCH(NGG!$A2648,generale!$A$16:$A$4963,0),COLUMN()))","v":16},{"$f":"generale!G2658","v":"P"},5,7,0,51,38,13,3,32,35,2,1,20,22,16,14,10,0,0,1,0,null,null,null,null,null,null,null,null,null,null,null,null,null,null,null,null,null,1,1,1,1]
[{"$f":"IF(generale!$A2668>0,generale!$A2668,\"\")","v":"2012-04-12"},{"$f":"IF(INDEX(generale!$A$16:$G$4963,MATCH(NGG!$A2658,generale!$A$16:$A$4963,0),COLUMN())=0,0,INDEX(generale!$A$16:$G$4963,MATCH(NGG!$A2658,generale!$A$16:$A$4963,0),COLUMN()))","v":13},{"$f":"IF(INDEX(generale!$A$16:$G$4963,MATCH(NGG!$A2658,generale!$A$16:$A$4963,0),COLUMN())=0,0,INDEX(generale!$A$16:$G$4963,MATCH(NGG!$A2658,generale!$A$16:$A$4963,0),COLUMN()))","v":3},{"$f":"IF(INDEX(generale!$A$16:$G$4963,MATCH(NGG!$A2658,generale!$A$16:$A$4963,0),COLUMN())=0,0,INDEX(generale!$A$16:$G$4963,MATCH(NGG!$A2658,generale!$A$16:$A$4963,0),COLUMN()))","v":4},{"$f":"IF(INDEX(generale!$A$16:$G$4963,MATCH(NGG!$A2658,generale!$A$16:$A$4963,0),COLUMN())=0,0,INDEX(generale!$A$16:$G$4963,MATCH(NGG!$A2658,generale!$A$16:$A$4963,0),COLUMN()))","v":9},{"$f":"IF(INDEX(generale!$A$16:$G$4963,MATCH(NGG!$A2658,generale!$A$16:$A$4963,0),COLUMN())=0,0,INDEX(generale!$A$16:$G$4963,MATCH(NGG!$A2658,generale!$A$16:$A$4963,0),COLUMN()))","v":7},{"$f":"generale!G2668","v":"P"},15,6,3,61,8,2,13,4,45,12,11,5,0,26,24,20,0,0,1,0,null,null,null,null,null,null,null,null,null,null,null,null,null,null,null,null,null,1,1,1,1]
[{"$f":"IF(generale!$A2680>0,generale!$A2680,\"\")","v":"2012-04-24"},{"$f":"IF(INDEX(generale!$A$16:$G$4963,MATCH(NGG!$A2670,generale!$A$16:$A$4963,0),COLUMN())=0,0,INDEX(generale!$A$16:$G$4963,MATCH(NGG!$A2670,generale!$A$16:$A$4963,0),COLUMN()))","v":9},{"$f":"IF(INDEX(generale!$A$16:$G$4963,MATCH(NGG!$A2670,generale!$A$16:$A$4963,0),COLUMN())=0,0,INDEX(generale!$A$16:$G$4963,MATCH(NGG!$A2670,generale!$A$16:$A$4963,0),COLUMN()))","v":5},{"$f":"IF(INDEX(generale!$A$16:$G$4963,MATCH(NGG!$A2670,generale!$A$16:$A$4963,0),COLUMN())=0,0,INDEX(generale!$A$16:$G$4963,MATCH(NGG!$A2670,generale!$A$16:$A$4963,0),COLUMN()))","v":4},{"$f":"IF(INDEX(generale!$A$16:$G$4963,MATCH(NGG!$A2670,generale!$A$16:$A$4963,0),COLUMN())=0,0,INDEX(generale!$A$16:$G$4963,MATCH(NGG!$A2670,generale!$A$16:$A$4963,0),COLUMN()))","v":15},{"$f":"IF(INDEX(generale!$A$16:$G$4963,MATCH(NGG!$A2670,generale!$A$16:$A$4963,0),COLUMN())=0,0,INDEX(generale!$A$16:$G$4963,MATCH(NGG!$A2670,generale!$A$16:$A$4963,0),COLUMN()))","v":13},{"$f":"generale!G2680","v":"P"},2,18,8,73,4,5,3,16,0,1,23,17,12,6,11,32,0,0,1,0,null,null,null,null,null,null,null,null,null,null,null,null,null,null,null,null,null,1,1,1,1]
[{"$f":"IF(generale!$A2687>0,generale!$A2687,\"\")","v":"2012-05-01"},{"$f":"IF(INDEX(generale!$A$16:$G$4963,MATCH(NGG!$A2677,generale!$A$16:$A$4963,0),COLUMN())=0,0,INDEX(generale!$A$16:$G$4963,MATCH(NGG!$A2677,generale!$A$16:$A$4963,0),COLUMN()))","v":1},{"$f":"IF(INDEX(generale!$A$16:$G$4963,MATCH(NGG!$A2677,generale!$A$16:$A$4963,0),COLUMN())=0,0,INDEX(generale!$A$16:$G$4963,MATCH(NGG!$A2677,generale!$A$16:$A$4963,0),COLUMN()))","v":2},{"$f":"IF(INDEX(generale!$A$16:$G$4963,MATCH(NGG!$A2677,generale!$A$16:$A$4963,0),COLUMN())=0,0,INDEX(generale!$A$16:$G$4963,MATCH(NGG!$A2677,generale!$A$16:$A$4963,0),COLUMN()))","v":5},{"$f":"IF(INDEX(generale!$A$16:$G$4963,MATCH(NGG!$A2677,generale!$A$16:$A$4963,0),COLUMN())=0,0,INDEX(generale!$A$16:$G$4963,MATCH(NGG!$A2677,generale!$A$16:$A$4963,0),COLUMN()))","v":6},{"$f":"IF(INDEX(generale!$A$16:$G$4963,MATCH(NGG!$A2677,generale!$A$16:$A$4963,0),COLUMN())=0,0,INDEX(generale!$A$16:$G$4963,MATCH(NGG!$A2677,generale!$A$16:$A$4963,0),COLUMN()))","v":8},{"$f":"generale!G2687","v":"P"},0,25,15,80,11,12,10,23,7,8,30,5,2,13,1,39,0,0,1,0,null,null,null,null,null,null,null,null,null,null,null,null,null,null,null,null,null,1,1,1,1]
[{"$f":"IF(generale!$A2698>0,generale!$A2698,\"\")","v":"2012-05-12"},{"$f":"IF(INDEX(generale!$A$16:$G$4963,MATCH(NGG!$A2688,generale!$A$16:$A$4963,0),COLUMN())=0,0,INDEX(generale!$A$16:$G$4963,MATCH(NGG!$A2688,generale!$A$16:$A$4963,0),COLUMN()))","v":8},{"$f":"IF(INDEX(generale!$A$16:$G$4963,MATCH(NGG!$A2688,generale!$A$16:$A$4963,0),COLUMN())=0,0,INDEX(generale!$A$16:$G$4963,MATCH(NGG!$A2688,generale!$A$16:$A$4963,0),COLUMN()))","v":17},{"$f":"IF(INDEX(generale!$A$16:$G$4963,MATCH(NGG!$A2688,generale!$A$16:$A$4963,0),COLUMN())=0,0,INDEX(generale!$A$16:$G$4963,MATCH(NGG!$A2688,generale!$A$16:$A$4963,0),COLUMN()))","v":4},{"$f":"IF(INDEX(generale!$A$16:$G$4963,MATCH(NGG!$A2688,generale!$A$16:$A$4963,0),COLUMN())=0,0,INDEX(generale!$A$16:$G$4963,MATCH(NGG!$A2688,generale!$A$16:$A$4963,0),COLUMN()))","v":6},{"$f":"IF(INDEX(generale!$A$16:$G$4963,MATCH(NGG!$A2688,generale!$A$16:$A$4963,0),COLUMN())=0,0,INDEX(generale!$A$16:$G$4963,MATCH(NGG!$A2688,generale!$A$16:$A$4963,0),COLUMN()))","v":5},{"$f":"generale!G2698","v":"T"},11,36,26,91,22,23,1,0,3,9,5,16,6,4,12,50,0,0,1,0,null,null,null,null,null,null,null,null,null,null,null,null,null,null,null,null,null,1,1,1,1]
[{"$f":"IF(generale!$A2701>0,generale!$A2701,\"\")","v":"2012-05-15"},{"$f":"IF(INDEX(generale!$A$16:$G$4963,MATCH(NGG!$A2691,generale!$A$16:$A$4963,0),COLUMN())=0,0,INDEX(generale!$A$16:$G$4963,MATCH(NGG!$A2691,generale!$A$16:$A$4963,0),COLUMN()))","v":16},{"$f":"IF(INDEX(generale!$A$16:$G$4963,MATCH(NGG!$A2691,generale!$A$16:$A$4963,0),COLUMN())=0,0,INDEX(generale!$A$16:$G$4963,MATCH(NGG!$A2691,generale!$A$16:$A$4963,0),COLUMN()))","v":13},{"$f":"IF(INDEX(generale!$A$16:$G$4963,MATCH(NGG!$A2691,generale!$A$16:$A$4963,0),COLUMN())=0,0,INDEX(generale!$A$16:$G$4963,MATCH(NGG!$A2691,generale!$A$16:$A$4963,0),COLUMN()))","v":1},{"$f":"IF(INDEX(generale!$A$16:$G$4963,MATCH(NGG!$A2691,generale!$A$16:$A$4963,0),COLUMN())=0,0,INDEX(generale!$A$16:$G$4963,MATCH(NGG!$A2691,generale!$A$16:$A$4963,0),COLUMN()))","v":15},{"$f":"IF(INDEX(generale!$A$16:$G$4963,MATCH(NGG!$A2691,generale!$A$16:$A$4963,0),COLUMN())=0,0,INDEX(generale!$A$16:$G$4963,MATCH(NGG!$A2691,generale!$A$16:$A$4963,0),COLUMN()))","v":12},{"$f":"generale!G2701","v":"P"},14,39,29,94,25,26,2,3,6,12,8,19,9,1,15,0,0,0,1,0,null,null,null,null,null,null,null,null,null,null,null,null,null,null,null,null,null,1,1,1,1]
[{"$f":"IF(generale!$A2716>0,generale!$A2716,\"\")","v":"2012-05-30"},{"$f":"IF(INDEX(generale!$A$16:$G$4963,MATCH(NGG!$A2706,generale!$A$16:$A$4963,0),COLUMN())=0,0,INDEX(generale!$A$16:$G$4963,MATCH(NGG!$A2706,generale!$A$16:$A$4963,0),COLUMN()))","v":8},{"$f":"IF(INDEX(generale!$A$16:$G$4963,MATCH(NGG!$A2706,generale!$A$16:$A$4963,0),COLUMN())=0,0,INDEX(generale!$A$16:$G$4963,MATCH(NGG!$A2706,generale!$A$16:$A$4963,0),COLUMN()))","v":5},{"$f":"IF(INDEX(generale!$A$16:$G$4963,MATCH(NGG!$A2706,generale!$A$16:$A$4963,0),COLUMN())=0,0,INDEX(generale!$A$16:$G$4963,MATCH(NGG!$A2706,generale!$A$16:$A$4963,0),COLUMN()))","v":1},{"$f":"IF(INDEX(generale!$A$16:$G$4963,MATCH(NGG!$A2706,generale!$A$16:$A$4963,0),COLUMN())=0,0,INDEX(generale!$A$16:$G$4963,MATCH(NGG!$A2706,generale!$A$16:$A$4963,0),COLUMN()))","v":6},{"$f":"IF(INDEX(generale!$A$16:$G$4963,MATCH(NGG!$A2706,generale!$A$16:$A$4963,0),COLUMN())=0,0,INDEX(generale!$A$16:$G$4963,MATCH(NGG!$A2706,generale!$A$16:$A$4963,0),COLUMN()))","v":12},{"$f":"generale!G2716","v":"P"},29,12,3,1,5,41,17,0,2,27,10,4,13,16,30,15,0,0,1,0,null,null,null,null,null,null,null,null,null,null,null,null,null,null,null,null,null,1,1,1,1]
[{"$f":"IF(generale!$A2719>0,generale!$A2719,\"\")","v":"2012-06-02"},{"$f":"IF(INDEX(generale!$A$16:$G$4963,MATCH(NGG!$A2709,generale!$A$16:$A$4963,0),COLUMN())=0,0,INDEX(generale!$A$16:$G$4963,MATCH(NGG!$A2709,generale!$A$16:$A$4963,0),COLUMN()))","v":17},{"$f":"IF(INDEX(generale!$A$16:$G$4963,MATCH(NGG!$A2709,generale!$A$16:$A$4963,0),COLUMN())=0,0,INDEX(generale!$A$16:$G$4963,MATCH(NGG!$A2709,generale!$A$16:$A$4963,0),COLUMN()))","v":14},{"$f":"IF(INDEX(generale!$A$16:$G$4963,MATCH(NGG!$A2709,generale!$A$16:$A$4963,0),COLUMN())=0,0,INDEX(generale!$A$16:$G$4963,MATCH(NGG!$A2709,generale!$A$16:$A$4963,0),COLUMN()))","v":13},{"$f":"IF(INDEX(generale!$A$16:$G$4963,MATCH(NGG!$A2709,generale!$A$16:$A$4963,0),COLUMN())=0,0,INDEX(generale!$A$16:$G$4963,MATCH(NGG!$A2709,generale!$A$16:$A$4963,0),COLUMN()))","v":6},{"$f":"IF(INDEX(generale!$A$16:$G$4963,MATCH(NGG!$A2709,generale!$A$16:$A$4963,0),COLUMN())=0,0,INDEX(generale!$A$16:$G$4963,MATCH(NGG!$A2709,generale!$A$16:$A$4963,0),COLUMN()))","v":10},{"$f":"generale!G2719","v":"P"},32,15,6,4,8,44,20,3,2,30,13,7,16,19,33,18,0,0,1,0,null,null,null,null,null,null,null,null,null,null,null,null,null,null,null,null,null,1,1,1,1]
[{"$f":"IF(generale!$A2731>0,generale!$A2731,\"\")","v":"2012-06-14"},{"$f":"IF(INDEX(generale!$A$16:$G$4963,MATCH(NGG!$A2721,generale!$A$16:$A$4963,0),COLUMN())=0,0,INDEX(generale!$A$16:$G$4963,MATCH(NGG!$A2721,generale!$A$16:$A$4963,0),COLUMN()))","v":1},{"$f":"IF(INDEX(generale!$A$16:$G$4963,MATCH(NGG!$A2721,generale!$A$16:$A$4963,0),COLUMN())=0,0,INDEX(generale!$A$16:$G$4963,MATCH(NGG!$A2721,generale!$A$16:$A$4963,0),COLUMN()))","v":5},{"$f":"IF(INDEX(generale!$A$16:$G$4963,MATCH(NGG!$A2721,generale!$A$16:$A$4963,0),COLUMN())=0,0,INDEX(generale!$A$16:$G$4963,MATCH(NGG!$A2721,generale!$A$16:$A$4963,0),COLUMN()))","v":6},{"$f":"IF(INDEX(generale!$A$16:$G$4963,MATCH(NGG!$A2721,generale!$A$16:$A$4963,0),COLUMN())=0,0,INDEX(generale!$A$16:$G$4963,MATCH(NGG!$A2721,generale!$A$16:$A$4963,0),COLUMN()))","v":9},{"$f":"IF(INDEX(generale!$A$16:$G$4963,MATCH(NGG!$A2721,generale!$A$16:$A$4963,0),COLUMN())=0,0,INDEX(generale!$A$16:$G$4963,MATCH(NGG!$A2721,generale!$A$16:$A$4963,0),COLUMN()))","v":13},{"$f":"generale!G2731","v":"O"},0,27,9,16,20,8,3,4,5,42,7,1,2,31,45,30,0,0,1,0,null,null,null,null,null,null,null,null,null,null,null,null,null,null,null,null,null,1,1,1,1]
[{"$f":"IF(generale!$A2737>0,generale!$A2737,\"\")","v":"2012-06-20"},{"$f":"IF(INDEX(generale!$A$16:$G$4963,MATCH(NGG!$A2727,generale!$A$16:$A$4963,0),COLUMN())=0,0,INDEX(generale!$A$16:$G$4963,MATCH(NGG!$A2727,generale!$A$16:$A$4963,0),COLUMN()))","v":6},{"$f":"IF(INDEX(generale!$A$16:$G$4963,MATCH(NGG!$A2727,generale!$A$16:$A$4963,0),COLUMN())=0,0,INDEX(generale!$A$16:$G$4963,MATCH(NGG!$A2727,generale!$A$16:$A$4963,0),COLUMN()))","v":5},{"$f":"IF(INDEX(generale!$A$16:$G$4963,MATCH(NGG!$A2727,generale!$A$16:$A$4963,0),COLUMN())=0,0,INDEX(generale!$A$16:$G$4963,MATCH(NGG!$A2727,generale!$A$16:$A$4963,0),COLUMN()))","v":15},{"$f":"IF(INDEX(generale!$A$16:$G$4963,MATCH(NGG!$A2727,generale!$A$16:$A$4963,0),COLUMN())=0,0,INDEX(generale!$A$16:$G$4963,MATCH(NGG!$A2727,generale!$A$16:$A$4963,0),COLUMN()))","v":2},{"$f":"IF(INDEX(generale!$A$16:$G$4963,MATCH(NGG!$A2727,generale!$A$16:$A$4963,0),COLUMN())=0,0,INDEX(generale!$A$16:$G$4963,MATCH(NGG!$A2727,generale!$A$16:$A$4963,0),COLUMN()))","v":1},{"$f":"generale!G2737","v":"T"},6,3,1,22,26,0,9,10,2,48,13,7,8,37,5,4,0,0,1,0,null,null,null,null,null,null,null,null,null,null,null,null,null,null,null,null,null,1,1,1,1]
[{"$f":"IF(generale!$A2749>0,generale!$A2749,\"\")","v":"2012-07-02"},{"$f":"IF(INDEX(generale!$A$16:$G$4963,MATCH(NGG!$A2739,generale!$A$16:$A$4963,0),COLUMN())=0,0,INDEX(generale!$A$16:$G$4963,MATCH(NGG!$A2739,generale!$A$16:$A$4963,0),COLUMN()))","v":11},{"$f":"IF(INDEX(generale!$A$16:$G$4963,MATCH(NGG!$A2739,generale!$A$16:$A$4963,0),COLUMN())=0,0,INDEX(generale!$A$16:$G$4963,MATCH(NGG!$A2739,generale!$A$16:$A$4963,0),COLUMN()))","v":1},{"$f":"IF(INDEX(generale!$A$16:$G$4963,MATCH(NGG!$A2739,generale!$A$16:$A$4963,0),COLUMN())=0,0,INDEX(generale!$A$16:$G$4963,MATCH(NGG!$A2739,generale!$A$16:$A$4963,0),COLUMN()))","v":3},{"$f":"IF(INDEX(generale!$A$16:$G$4963,MATCH(NGG!$A2739,generale!$A$16:$A$4963,0),COLUMN())=0,0,INDEX(generale!$A$16:$G$4963,MATCH(NGG!$A2739,generale!$A$16:$A$4963,0),COLUMN()))","v":4},{"$f":"IF(INDEX(generale!$A$16:$G$4963,MATCH(NGG!$A2739,generale!$A$16:$A$4963,0),COLUMN())=0,0,INDEX(generale!$A$16:$G$4963,MATCH(NGG!$A2739,generale!$A$16:$A$4963,0),COLUMN()))","v":7},{"$f":"generale!G2749","v":"P"},18,3,10,6,4,1,21,22,14,60,0,19,5,49,17,16,0,0,1,0,null,null,null,null,null,null,null,null,null,null,null,null,null,null,null,null,null,1,1,1,1]
[{"$f":"IF(generale!$A2752>0,generale!$A2752,\"\")","v":"2012-07-05"},{"$f":"IF(INDEX(generale!$A$16:$G$4963,MATCH(NGG!$A2742,generale!$A$16:$A$4963,0),COLUMN())=0,0,INDEX(generale!$A$16:$G$4963,MATCH(NGG!$A2742,generale!$A$16:$A$4963,0),COLUMN()))","v":9},{"$f":"IF(INDEX(generale!$A$16:$G$4963,MATCH(NGG!$A2742,generale!$A$16:$A$4963,0),COLUMN())=0,0,INDEX(generale!$A$16:$G$4963,MATCH(NGG!$A2742,generale!$A$16:$A$4963,0),COLUMN()))","v":7},{"$f":"IF(INDEX(generale!$A$16:$G$4963,MATCH(NGG!$A2742,generale!$A$16:$A$4963,0),COLUMN())=0,0,INDEX(generale!$A$16:$G$4963,MATCH(NGG!$A2742,generale!$A$16:$A$4963,0),COLUMN()))","v":13},{"$f":"IF(INDEX(generale!$A$16:$G$4963,MATCH(NGG!$A2742,generale!$A$16:$A$4963,0),COLUMN())=0,0,INDEX(generale!$A$16:$G$4963,MATCH(NGG!$A2742,generale!$A$16:$A$4963,0),COLUMN()))","v":12},{"$f":"IF(INDEX(generale!$A$16:$G$4963,MATCH(NGG!$A2742,generale!$A$16:$A$4963,0),COLUMN())=0,0,INDEX(generale!$A$16:$G$4963,MATCH(NGG!$A2742,generale!$A$16:$A$4963,0),COLUMN()))","v":1},{"$f":"generale!G2752","v":"T"},21,6,13,2,7,4,24,25,0,63,3,22,8,52,1,19,0,0,1,0,null,null,null,null,null,null,null,null,null,null,null,null,null,null,null,null,null,1,1,1,1]
[{"$f":"IF(generale!$A2766>0,generale!$A2766,\"\")","v":"2012-07-19"},{"$f":"IF(INDEX(generale!$A$16:$G$4963,MATCH(NGG!$A2756,generale!$A$16:$A$4963,0),COLUMN())=0,0,INDEX(generale!$A$16:$G$4963,MATCH(NGG!$A2756,generale!$A$16:$A$4963,0),COLUMN()))","v":6},{"$f":"IF(INDEX(generale!$A$16:$G$4963,MATCH(NGG!$A2756,generale!$A$16:$A$4963,0),COLUMN())=0,0,INDEX(generale!$A$16:$G$4963,MATCH(NGG!$A2756,generale!$A$16:$A$4963,0),COLUMN()))","v":3},{"$f":"IF(INDEX(generale!$A$16:$G$4963,MATCH(NGG!$A2756,generale!$A$16:$A$4963,0),COLUMN())=0,0,INDEX(generale!$A$16:$G$4963,MATCH(NGG!$A2756,generale!$A$16:$A$4963,0),COLUMN()))","v":9},{"$f":"IF(INDEX(generale!$A$16:$G$4963,MATCH(NGG!$A2756,generale!$A$16:$A$4963,0),COLUMN())=0,0,INDEX(generale!$A$16:$G$4963,MATCH(NGG!$A2756,generale!$A$16:$A$4963,0),COLUMN()))","v":8},{"$f":"IF(INDEX(generale!$A$16:$G$4963,MATCH(NGG!$A2756,generale!$A$16:$A$4963,0),COLUMN())=0,0,INDEX(generale!$A$16:$G$4963,MATCH(NGG!$A2756,generale!$A$16:$A$4963,0),COLUMN()))","v":13},{"$f":"generale!G2766","v":"P"},1,11,7,4,6,0,3,39,13,2,17,36,8,66,15,33,0,0,1,0,null,null,null,null,null,null,null,null,null,null,null,null,null,null,null,null,null,1,1,1,1]
[{"$f":"IF(generale!$A2770>0,generale!$A2770,\"\")","v":"2012-07-23"},{"$f":"IF(INDEX(generale!$A$16:$G$4963,MATCH(NGG!$A2760,generale!$A$16:$A$4963,0),COLUMN())=0,0,INDEX(generale!$A$16:$G$4963,MATCH(NGG!$A2760,generale!$A$16:$A$4963,0),COLUMN()))","v":3},{"$f":"IF(INDEX(generale!$A$16:$G$4963,MATCH(NGG!$A2760,generale!$A$16:$A$4963,0),COLUMN())=0,0,INDEX(generale!$A$16:$G$4963,MATCH(NGG!$A2760,generale!$A$16:$A$4963,0),COLUMN()))","v":1},{"$f":"IF(INDEX(generale!$A$16:$G$4963,MATCH(NGG!$A2760,generale!$A$16:$A$4963,0),COLUMN())=0,0,INDEX(generale!$A$16:$G$4963,MATCH(NGG!$A2760,generale!$A$16:$A$4963,0),COLUMN()))","v":7},{"$f":"IF(INDEX(generale!$A$16:$G$4963,MATCH(NGG!$A2760,generale!$A$16:$A$4963,0),COLUMN())=0,0,INDEX(generale!$A$16:$G$4963,MATCH(NGG!$A2760,generale!$A$16:$A$4963,0),COLUMN()))","v":8},{"$f":"IF(INDEX(generale!$A$16:$G$4963,MATCH(NGG!$A2760,generale!$A$16:$A$4963,0),COLUMN())=0,0,INDEX(generale!$A$16:$G$4963,MATCH(NGG!$A2760,generale!$A$16:$A$4963,0),COLUMN()))","v":10},{"$f":"generale!G2770","v":"P"},{"$f":"IF(COUNTIF($B2760:$D2760,0)<3,IF(LEN(SUBSTITUTE(SUBSTITUTE($B2760,H$1,,1),,1))=0,0,H2759+1-AC2760),\"\")","v":5},{"$f":"IF(COUNTIF($B2760:$D2760,0)<3,IF(LEN(SUBSTITUTE(SUBSTITUTE($B2760,I$1,,1),,1))=0,0,I2759+1-AD2760),\"\")","v":15},{"$f":"IF(COUNTIF($B2760:$D2760,0)<3,IF(LEN(SUBSTITUTE(SUBSTITUTE($B2760,J$1,,1),,1))=0,0,J2759+1-AE2760),\"\")","v":0},{"$f":"IF(COUNTIF($B2760:$D2760,0)<3,IF(LEN(SUBSTITUTE(SUBSTITUTE($B2760,K$1,,1),,1))=0,0,K2759+1-AF2760),\"\")","v":2},{"$f":"IF(COUNTIF($B2760:$D2760,0)<3,IF(LEN(SUBSTITUTE(SUBSTITUTE($B2760,L$1,,1),,1))=0,0,L2759+1-AG2760),\"\")","v":10},{"$f":"IF(COUNTIF($B2760:$D2760,0)<3,IF(LEN(SUBSTITUTE(SUBSTITUTE($B2760,M$1,,1),,1))=0,0,M2759+1-AH2760),\"\")","v":4},{"$f":"IF(COUNTIF($B2760:$D2760,0)<3,IF(LEN(SUBSTITUTE(SUBSTITUTE($B2760,N$1,,1),,1))=0,0,N2759+1-AI2760),\"\")","v":7},{"$f":"IF(COUNTIF($B2760:$D2760,0)<3,IF(LEN(SUBSTITUTE(SUBSTITUTE($B2760,O$1,,1),,1))=0,0,O2759+1-AJ2760),\"\")","v":1},{"$f":"IF(COUNTIF($B2760:$D2760,0)<3,IF(LEN(SUBSTITUTE(SUBSTITUTE($B2760,P$1,,1),,1))=0,0,P2759+1-AK2760),\"\")","v":3},{"$f":"IF(COUNTIF($B2760:$D2760,0)<3,IF(LEN(SUBSTITUTE(SUBSTITUTE($B2760,Q$1,,1),,1))=0,0,Q2759+1-AL2760),\"\")","v":6},{"$f":"IF(COUNTIF($B2760:$D2760,0)<3,IF(LEN(SUBSTITUTE(SUBSTITUTE($B2760,R$1,,1),,1))=0,0,R2759+1-AM2760),\"\")","v":21},{"$f":"IF(COUNTIF($B2760:$D2760,0)<3,IF(LEN(SUBSTITUTE(SUBSTITUTE($B2760,S$1,,1),,1))=0,0,S2759+1-AN2760),\"\")","v":40},{"$f":"IF(COUNTIF($B2760:$D2760,0)<3,IF(LEN(SUBSTITUTE(SUBSTITUTE($B2760,T$1,,1),,1))=0,0,T2759+1-AO2760),\"\")","v":12},{"$f":"IF(COUNTIF($B2760:$D2760,0)<3,IF(LEN(SUBSTITUTE(SUBSTITUTE($B2760,U$1,,1),,1))=0,0,U2759+1-AP2760),\"\")","v":70},{"$f":"IF(COUNTIF($B2760:$D2760,0)<3,IF(LEN(SUBSTITUTE(SUBSTITUTE($B2760,V$1,,1),,1))=0,0,V2759+1-AQ2760),\"\")","v":19},{"$f":"IF(COUNTIF($B2760:$D2760,0)<3,IF(LEN(SUBSTITUTE(SUBSTITUTE($B2760,W$1,,1),,1))=0,0,W2759+1-AR2760),\"\")","v":37},{"$f":"IF(COUNTIF($B2760:$D2760,0)<3,IF(LEN(SUBSTITUTE(SUBSTITUTE($B2760,X$1,,1),,1))=0,0,X2759+1-AS2760),\"\")","v":0},{"$f":"IF(COUNTIF($B2760:$D2760,0)<3,IF(LEN(SUBSTITUTE(SUBSTITUTE($B2760,Y$1,,1),,1))=0,0,Y2759+1-AT2760),\"\")","v":0},{"$f":"IF(COUNTIF($B2760:$D2760,0)<3,IF(LEN(SUBSTITUTE(SUBSTITUTE($B2760,Z$1,,1),,1))=0,0,Z2759+1-AU2760),\"\")","v":1},{"$f":"IF(COUNTIF($B2760:$D2760,0)<3,IF(LEN(SUBSTITUTE(SUBSTITUTE($B2760,AA$1,,1),,1))=0,0,AA2759+1-AV2760),\"\")","v":0},null,null,null,null,null,null,null,null,null,null,null,null,null,null,null,null,null,1,1,1,1]
[{"$f":"IF(generale!$A2786>0,generale!$A2786,\"\")","v":"2012-08-08"},{"$f":"IF(INDEX(generale!$A$16:$G$4963,MATCH(NGG!$A2776,generale!$A$16:$A$4963,0),COLUMN())=0,0,INDEX(generale!$A$16:$G$4963,MATCH(NGG!$A2776,generale!$A$16:$A$4963,0),COLUMN()))","v":5},{"$f":"IF(INDEX(generale!$A$16:$G$4963,MATCH(NGG!$A2776,generale!$A$16:$A$4963,0),COLUMN())=0,0,INDEX(generale!$A$16:$G$4963,MATCH(NGG!$A2776,generale!$A$16:$A$4963,0),COLUMN()))","v":2},{"$f":"IF(INDEX(generale!$A$16:$G$4963,MATCH(NGG!$A2776,generale!$A$16:$A$4963,0),COLUMN())=0,0,INDEX(generale!$A$16:$G$4963,MATCH(NGG!$A2776,generale!$A$16:$A$4963,0),COLUMN()))","v":3},{"$f":"IF(INDEX(generale!$A$16:$G$4963,MATCH(NGG!$A2776,generale!$A$16:$A$4963,0),COLUMN())=0,0,INDEX(generale!$A$16:$G$4963,MATCH(NGG!$A2776,generale!$A$16:$A$4963,0),COLUMN()))","v":15},{"$f":"IF(INDEX(generale!$A$16:$G$4963,MATCH(NGG!$A2776,generale!$A$16:$A$4963,0),COLUMN())=0,0,INDEX(generale!$A$16:$G$4963,MATCH(NGG!$A2776,generale!$A$16:$A$4963,0),COLUMN()))","v":18},{"$f":"generale!G2786","v":"T"},21,3,9,18,0,8,6,4,1,22,10,13,28,2,35,53,0,0,1,0,null,null,null,null,null,null,null,null,null,null,null,null,null,null,null,null,null,1,1,1,1]
[{"$f":"IF(generale!$A2787>0,generale!$A2787,\"\")","v":"2012-08-09"},{"$f":"IF(INDEX(generale!$A$16:$G$4963,MATCH(NGG!$A2777,generale!$A$16:$A$4963,0),COLUMN())=0,0,INDEX(generale!$A$16:$G$4963,MATCH(NGG!$A2777,generale!$A$16:$A$4963,0),COLUMN()))","v":2},{"$f":"IF(INDEX(generale!$A$16:$G$4963,MATCH(NGG!$A2777,generale!$A$16:$A$4963,0),COLUMN())=0,0,INDEX(generale!$A$16:$G$4963,MATCH(NGG!$A2777,generale!$A$16:$A$4963,0),COLUMN()))","v":15},{"$f":"IF(INDEX(generale!$A$16:$G$4963,MATCH(NGG!$A2777,generale!$A$16:$A$4963,0),COLUMN())=0,0,INDEX(generale!$A$16:$G$4963,MATCH(NGG!$A2777,generale!$A$16:$A$4963,0),COLUMN()))","v":11},{"$f":"IF(INDEX(generale!$A$16:$G$4963,MATCH(NGG!$A2777,generale!$A$16:$A$4963,0),COLUMN())=0,0,INDEX(generale!$A$16:$G$4963,MATCH(NGG!$A2777,generale!$A$16:$A$4963,0),COLUMN()))","v":4},{"$f":"IF(INDEX(generale!$A$16:$G$4963,MATCH(NGG!$A2777,generale!$A$16:$A$4963,0),COLUMN())=0,0,INDEX(generale!$A$16:$G$4963,MATCH(NGG!$A2777,generale!$A$16:$A$4963,0),COLUMN()))","v":14},{"$f":"generale!G2787","v":"T"},22,0,10,19,1,9,7,5,2,23,11,14,29,3,36,54,0,0,1,0,null,null,null,null,null,null,null,null,null,null,null,null,null,null,null,null,null,1,1,1,1]
[{"$f":"IF(generale!$A2800>0,generale!$A2800,\"\")","v":"2012-08-22"},{"$f":"IF(INDEX(generale!$A$16:$G$4963,MATCH(NGG!$A2790,generale!$A$16:$A$4963,0),COLUMN())=0,0,INDEX(generale!$A$16:$G$4963,MATCH(NGG!$A2790,generale!$A$16:$A$4963,0),COLUMN()))","v":13},{"$f":"IF(INDEX(generale!$A$16:$G$4963,MATCH(NGG!$A2790,generale!$A$16:$A$4963,0),COLUMN())=0,0,INDEX(generale!$A$16:$G$4963,MATCH(NGG!$A2790,generale!$A$16:$A$4963,0),COLUMN()))","v":15},{"$f":"IF(INDEX(generale!$A$16:$G$4963,MATCH(NGG!$A2790,generale!$A$16:$A$4963,0),COLUMN())=0,0,INDEX(generale!$A$16:$G$4963,MATCH(NGG!$A2790,generale!$A$16:$A$4963,0),COLUMN()))","v":9},{"$f":"IF(INDEX(generale!$A$16:$G$4963,MATCH(NGG!$A2790,generale!$A$16:$A$4963,0),COLUMN())=0,0,INDEX(generale!$A$16:$G$4963,MATCH(NGG!$A2790,generale!$A$16:$A$4963,0),COLUMN()))","v":4},{"$f":"IF(INDEX(generale!$A$16:$G$4963,MATCH(NGG!$A2790,generale!$A$16:$A$4963,0),COLUMN())=0,0,INDEX(generale!$A$16:$G$4963,MATCH(NGG!$A2790,generale!$A$16:$A$4963,0),COLUMN()))","v":14},{"$f":"generale!G2800","v":"T"},3,13,1,32,4,22,20,18,7,6,9,27,0,16,49,12,0,0,1,0,null,null,null,null,null,null,null,null,null,null,null,null,null,null,null,null,null,1,1,1,1]
[{"$f":"IF(generale!$A2806>0,generale!$A2806,\"\")","v":"2012-08-28"},{"$f":"IF(INDEX(generale!$A$16:$G$4963,MATCH(NGG!$A2796,generale!$A$16:$A$4963,0),COLUMN())=0,0,INDEX(generale!$A$16:$G$4963,MATCH(NGG!$A2796,generale!$A$16:$A$4963,0),COLUMN()))","v":8},{"$f":"IF(INDEX(generale!$A$16:$G$4963,MATCH(NGG!$A2796,generale!$A$16:$A$4963,0),COLUMN())=0,0,INDEX(generale!$A$16:$G$4963,MATCH(NGG!$A2796,generale!$A$16:$A$4963,0),COLUMN()))","v":15},{"$f":"IF(INDEX(generale!$A$16:$G$4963,MATCH(NGG!$A2796,generale!$A$16:$A$4963,0),COLUMN())=0,0,INDEX(generale!$A$16:$G$4963,MATCH(NGG!$A2796,generale!$A$16:$A$4963,0),COLUMN()))","v":12},{"$f":"IF(INDEX(generale!$A$16:$G$4963,MATCH(NGG!$A2796,generale!$A$16:$A$4963,0),COLUMN())=0,0,INDEX(generale!$A$16:$G$4963,MATCH(NGG!$A2796,generale!$A$16:$A$4963,0),COLUMN()))","v":1},{"$f":"IF(INDEX(generale!$A$16:$G$4963,MATCH(NGG!$A2796,generale!$A$16:$A$4963,0),COLUMN())=0,0,INDEX(generale!$A$16:$G$4963,MATCH(NGG!$A2796,generale!$A$16:$A$4963,0),COLUMN()))","v":4},{"$f":"generale!G2806","v":"P"},9,19,7,5,10,28,3,0,13,4,15,1,6,2,55,18,0,0,1,0,null,null,null,null,null,null,null,null,null,null,null,null,null,null,null,null,null,1,1,1,1]
[{"$f":"IF(generale!$A2818>0,generale!$A2818,\"\")","v":"2012-09-09"},{"$f":"IF(INDEX(generale!$A$16:$G$4963,MATCH(NGG!$A2808,generale!$A$16:$A$4963,0),COLUMN())=0,0,INDEX(generale!$A$16:$G$4963,MATCH(NGG!$A2808,generale!$A$16:$A$4963,0),COLUMN()))","v":8},{"$f":"IF(INDEX(generale!$A$16:$G$4963,MATCH(NGG!$A2808,generale!$A$16:$A$4963,0),COLUMN())=0,0,INDEX(generale!$A$16:$G$4963,MATCH(NGG!$A2808,generale!$A$16:$A$4963,0),COLUMN()))","v":14},{"$f":"IF(INDEX(generale!$A$16:$G$4963,MATCH(NGG!$A2808,generale!$A$16:$A$4963,0),COLUMN())=0,0,INDEX(generale!$A$16:$G$4963,MATCH(NGG!$A2808,generale!$A$16:$A$4963,0),COLUMN()))","v":10},{"$f":"IF(INDEX(generale!$A$16:$G$4963,MATCH(NGG!$A2808,generale!$A$16:$A$4963,0),COLUMN())=0,0,INDEX(generale!$A$16:$G$4963,MATCH(NGG!$A2808,generale!$A$16:$A$4963,0),COLUMN()))","v":9},{"$f":"IF(INDEX(generale!$A$16:$G$4963,MATCH(NGG!$A2808,generale!$A$16:$A$4963,0),COLUMN())=0,0,INDEX(generale!$A$16:$G$4963,MATCH(NGG!$A2808,generale!$A$16:$A$4963,0),COLUMN()))","v":15},{"$f":"generale!G2818","v":"P"},21,31,6,11,7,40,5,0,9,16,2,13,8,4,67,30,0,0,1,0,null,null,null,null,null,null,null,null,null,null,null,null,null,null,null,null,null,1,1,1,1]
[{"$f":"IF(generale!$A2821>0,generale!$A2821,\"\")","v":"2012-09-12"},{"$f":"IF(INDEX(generale!$A$16:$G$4963,MATCH(NGG!$A2811,generale!$A$16:$A$4963,0),COLUMN())=0,0,INDEX(generale!$A$16:$G$4963,MATCH(NGG!$A2811,generale!$A$16:$A$4963,0),COLUMN()))","v":9},{"$f":"IF(INDEX(generale!$A$16:$G$4963,MATCH(NGG!$A2811,generale!$A$16:$A$4963,0),COLUMN())=0,0,INDEX(generale!$A$16:$G$4963,MATCH(NGG!$A2811,generale!$A$16:$A$4963,0),COLUMN()))","v":5},{"$f":"IF(INDEX(generale!$A$16:$G$4963,MATCH(NGG!$A2811,generale!$A$16:$A$4963,0),COLUMN())=0,0,INDEX(generale!$A$16:$G$4963,MATCH(NGG!$A2811,generale!$A$16:$A$4963,0),COLUMN()))","v":13},{"$f":"IF(INDEX(generale!$A$16:$G$4963,MATCH(NGG!$A2811,generale!$A$16:$A$4963,0),COLUMN())=0,0,INDEX(generale!$A$16:$G$4963,MATCH(NGG!$A2811,generale!$A$16:$A$4963,0),COLUMN()))","v":6},{"$f":"IF(INDEX(generale!$A$16:$G$4963,MATCH(NGG!$A2811,generale!$A$16:$A$4963,0),COLUMN())=0,0,INDEX(generale!$A$16:$G$4963,MATCH(NGG!$A2811,generale!$A$16:$A$4963,0),COLUMN()))","v":8},{"$f":"generale!G2821","v":"P"},24,34,9,14,10,43,8,3,0,1,5,16,2,7,70,33,0,0,1,0,null,null,null,null,null,null,null,null,null,null,null,null,null,null,null,null,null,1,1,1,1]
[{"$f":"IF(generale!$A2835>0,generale!$A2835,\"\")","v":"2012-09-26"},{"$f":"IF(INDEX(generale!$A$16:$G$4963,MATCH(NGG!$A2825,generale!$A$16:$A$4963,0),COLUMN())=0,0,INDEX(generale!$A$16:$G$4963,MATCH(NGG!$A2825,generale!$A$16:$A$4963,0),COLUMN()))","v":5},{"$f":"IF(INDEX(generale!$A$16:$G$4963,MATCH(NGG!$A2825,generale!$A$16:$A$4963,0),COLUMN())=0,0,INDEX(generale!$A$16:$G$4963,MATCH(NGG!$A2825,generale!$A$16:$A$4963,0),COLUMN()))","v":13},{"$f":"IF(INDEX(generale!$A$16:$G$4963,MATCH(NGG!$A2825,generale!$A$16:$A$4963,0),COLUMN())=0,0,INDEX(generale!$A$16:$G$4963,MATCH(NGG!$A2825,generale!$A$16:$A$4963,0),COLUMN()))","v":2},{"$f":"IF(INDEX(generale!$A$16:$G$4963,MATCH(NGG!$A2825,generale!$A$16:$A$4963,0),COLUMN())=0,0,INDEX(generale!$A$16:$G$4963,MATCH(NGG!$A2825,generale!$A$16:$A$4963,0),COLUMN()))","v":14},{"$f":"IF(INDEX(generale!$A$16:$G$4963,MATCH(NGG!$A2825,generale!$A$16:$A$4963,0),COLUMN())=0,0,INDEX(generale!$A$16:$G$4963,MATCH(NGG!$A2825,generale!$A$16:$A$4963,0),COLUMN()))","v":18},{"$f":"generale!G2835","v":"T"},4,1,10,28,0,2,3,5,6,13,19,30,16,21,84,47,0,0,1,0,null,null,null,null,null,null,null,null,null,null,null,null,null,null,null,null,null,1,1,1,1]
[{"$f":"IF(generale!$A2839>0,generale!$A2839,\"\")","v":"2012-09-30"},{"$f":"IF(INDEX(generale!$A$16:$G$4963,MATCH(NGG!$A2829,generale!$A$16:$A$4963,0),COLUMN())=0,0,INDEX(generale!$A$16:$G$4963,MATCH(NGG!$A2829,generale!$A$16:$A$4963,0),COLUMN()))","v":14},{"$f":"IF(INDEX(generale!$A$16:$G$4963,MATCH(NGG!$A2829,generale!$A$16:$A$4963,0),COLUMN())=0,0,INDEX(generale!$A$16:$G$4963,MATCH(NGG!$A2829,generale!$A$16:$A$4963,0),COLUMN()))","v":7},{"$f":"IF(INDEX(generale!$A$16:$G$4963,MATCH(NGG!$A2829,generale!$A$16:$A$4963,0),COLUMN())=0,0,INDEX(generale!$A$16:$G$4963,MATCH(NGG!$A2829,generale!$A$16:$A$4963,0),COLUMN()))","v":11},{"$f":"IF(INDEX(generale!$A$16:$G$4963,MATCH(NGG!$A2829,generale!$A$16:$A$4963,0),COLUMN())=0,0,INDEX(generale!$A$16:$G$4963,MATCH(NGG!$A2829,generale!$A$16:$A$4963,0),COLUMN()))","v":9},{"$f":"IF(INDEX(generale!$A$16:$G$4963,MATCH(NGG!$A2829,generale!$A$16:$A$4963,0),COLUMN())=0,0,INDEX(generale!$A$16:$G$4963,MATCH(NGG!$A2829,generale!$A$16:$A$4963,0),COLUMN()))","v":4},{"$f":"generale!G2839","v":"T"},8,1,14,32,4,6,3,9,10,17,23,34,2,0,88,51,0,0,1,0,null,null,null,null,null,null,null,null,null,null,null,null,null,null,null,null,null,1,1,1,1]
[{"$f":"IF(generale!$A2855>0,generale!$A2855,\"\")","v":"2012-10-16"},{"$f":"IF(INDEX(generale!$A$16:$G$4963,MATCH(NGG!$A2845,generale!$A$16:$A$4963,0),COLUMN())=0,0,INDEX(generale!$A$16:$G$4963,MATCH(NGG!$A2845,generale!$A$16:$A$4963,0),COLUMN()))","v":6},{"$f":"IF(INDEX(generale!$A$16:$G$4963,MATCH(NGG!$A2845,generale!$A$16:$A$4963,0),COLUMN())=0,0,INDEX(generale!$A$16:$G$4963,MATCH(NGG!$A2845,generale!$A$16:$A$4963,0),COLUMN()))","v":16},{"$f":"IF(INDEX(generale!$A$16:$G$4963,MATCH(NGG!$A2845,generale!$A$16:$A$4963,0),COLUMN())=0,0,INDEX(generale!$A$16:$G$4963,MATCH(NGG!$A2845,generale!$A$16:$A$4963,0),COLUMN()))","v":15},{"$f":"IF(INDEX(generale!$A$16:$G$4963,MATCH(NGG!$A2845,generale!$A$16:$A$4963,0),COLUMN())=0,0,INDEX(generale!$A$16:$G$4963,MATCH(NGG!$A2845,generale!$A$16:$A$4963,0),COLUMN()))","v":7},{"$f":"IF(INDEX(generale!$A$16:$G$4963,MATCH(NGG!$A2845,generale!$A$16:$A$4963,0),COLUMN())=0,0,INDEX(generale!$A$16:$G$4963,MATCH(NGG!$A2845,generale!$A$16:$A$4963,0),COLUMN()))","v":14},{"$f":"generale!G2855","v":"P"},24,14,10,1,8,0,19,7,5,9,6,50,18,4,104,2,0,0,1,0,null,null,null,null,null,null,null,null,null,null,null,null,null,null,null,null,null,1,1,1,1]
[{"$f":"IF(generale!$A2856>0,generale!$A2856,\"\")","v":"2012-10-17"},{"$f":"IF(INDEX(generale!$A$16:$G$4963,MATCH(NGG!$A2846,generale!$A$16:$A$4963,0),COLUMN())=0,0,INDEX(generale!$A$16:$G$4963,MATCH(NGG!$A2846,generale!$A$16:$A$4963,0),COLUMN()))","v":12},{"$f":"IF(INDEX(generale!$A$16:$G$4963,MATCH(NGG!$A2846,generale!$A$16:$A$4963,0),COLUMN())=0,0,INDEX(generale!$A$16:$G$4963,MATCH(NGG!$A2846,generale!$A$16:$A$4963,0),COLUMN()))","v":4},{"$f":"IF(INDEX(generale!$A$16:$G$4963,MATCH(NGG!$A2846,generale!$A$16:$A$4963,0),COLUMN())=0,0,INDEX(generale!$A$16:$G$4963,MATCH(NGG!$A2846,generale!$A$16:$A$4963,0),COLUMN()))","v":3},{"$f":"IF(INDEX(generale!$A$16:$G$4963,MATCH(NGG!$A2846,generale!$A$16:$A$4963,0),COLUMN())=0,0,INDEX(generale!$A$16:$G$4963,MATCH(NGG!$A2846,generale!$A$16:$A$4963,0),COLUMN()))","v":14},{"$f":"IF(INDEX(generale!$A$16:$G$4963,MATCH(NGG!$A2846,generale!$A$16:$A$4963,0),COLUMN())=0,0,INDEX(generale!$A$16:$G$4963,MATCH(NGG!$A2846,generale!$A$16:$A$4963,0),COLUMN()))","v":6},{"$f":"generale!G2856","v":"T"},25,15,11,2,9,1,20,8,6,10,7,0,19,5,105,3,0,0,1,0,null,null,null,null,null,null,null,null,null,null,null,null,null,null,null,null,null,1,1,1,1]
[{"$f":"IF(generale!$A2869>0,generale!$A2869,\"\")","v":"2012-10-30"},{"$f":"IF(INDEX(generale!$A$16:$G$4963,MATCH(NGG!$A2859,generale!$A$16:$A$4963,0),COLUMN())=0,0,INDEX(generale!$A$16:$G$4963,MATCH(NGG!$A2859,generale!$A$16:$A$4963,0),COLUMN()))","v":2},{"$f":"IF(INDEX(generale!$A$16:$G$4963,MATCH(NGG!$A2859,generale!$A$16:$A$4963,0),COLUMN())=0,0,INDEX(generale!$A$16:$G$4963,MATCH(NGG!$A2859,generale!$A$16:$A$4963,0),COLUMN()))","v":7},{"$f":"IF(INDEX(generale!$A$16:$G$4963,MATCH(NGG!$A2859,generale!$A$16:$A$4963,0),COLUMN())=0,0,INDEX(generale!$A$16:$G$4963,MATCH(NGG!$A2859,generale!$A$16:$A$4963,0),COLUMN()))","v":4},{"$f":"IF(INDEX(generale!$A$16:$G$4963,MATCH(NGG!$A2859,generale!$A$16:$A$4963,0),COLUMN())=0,0,INDEX(generale!$A$16:$G$4963,MATCH(NGG!$A2859,generale!$A$16:$A$4963,0),COLUMN()))","v":10},{"$f":"IF(INDEX(generale!$A$16:$G$4963,MATCH(NGG!$A2859,generale!$A$16:$A$4963,0),COLUMN())=0,0,INDEX(generale!$A$16:$G$4963,MATCH(NGG!$A2859,generale!$A$16:$A$4963,0),COLUMN()))","v":3},{"$f":"generale!G2869","v":"P"},10,0,24,3,22,9,2,21,1,23,20,12,32,8,4,16,0,0,1,0,null,null,null,null,null,null,null,null,null,null,null,null,null,null,null,null,null,1,1,1,1]
[{"$f":"IF(generale!$A2876>0,generale!$A2876,\"\")","v":"2012-11-06"},{"$f":"IF(INDEX(generale!$A$16:$G$4963,MATCH(NGG!$A2866,generale!$A$16:$A$4963,0),COLUMN())=0,0,INDEX(generale!$A$16:$G$4963,MATCH(NGG!$A2866,generale!$A$16:$A$4963,0),COLUMN()))","v":12},{"$f":"IF(INDEX(generale!$A$16:$G$4963,MATCH(NGG!$A2866,generale!$A$16:$A$4963,0),COLUMN())=0,0,INDEX(generale!$A$16:$G$4963,MATCH(NGG!$A2866,generale!$A$16:$A$4963,0),COLUMN()))","v":2},{"$f":"IF(INDEX(generale!$A$16:$G$4963,MATCH(NGG!$A2866,generale!$A$16:$A$4963,0),COLUMN())=0,0,INDEX(generale!$A$16:$G$4963,MATCH(NGG!$A2866,generale!$A$16:$A$4963,0),COLUMN()))","v":7},{"$f":"IF(INDEX(generale!$A$16:$G$4963,MATCH(NGG!$A2866,generale!$A$16:$A$4963,0),COLUMN())=0,0,INDEX(generale!$A$16:$G$4963,MATCH(NGG!$A2866,generale!$A$16:$A$4963,0),COLUMN()))","v":10},{"$f":"IF(INDEX(generale!$A$16:$G$4963,MATCH(NGG!$A2866,generale!$A$16:$A$4963,0),COLUMN())=0,0,INDEX(generale!$A$16:$G$4963,MATCH(NGG!$A2866,generale!$A$16:$A$4963,0),COLUMN()))","v":9},{"$f":"generale!G2876","v":"P"},5,3,31,10,29,16,4,1,2,30,27,0,39,15,11,23,0,0,1,0,null,null,null,null,null,null,null,null,null,null,null,null,null,null,null,null,null,1,1,1,1]
[{"$f":"IF(generale!$A2885>0,generale!$A2885,\"\")","v":"2012-11-15"},{"$f":"IF(INDEX(generale!$A$16:$G$4963,MATCH(NGG!$A2875,generale!$A$16:$A$4963,0),COLUMN())=0,0,INDEX(generale!$A$16:$G$4963,MATCH(NGG!$A2875,generale!$A$16:$A$4963,0),COLUMN()))","v":14},{"$f":"IF(INDEX(generale!$A$16:$G$4963,MATCH(NGG!$A2875,generale!$A$16:$A$4963,0),COLUMN())=0,0,INDEX(generale!$A$16:$G$4963,MATCH(NGG!$A2875,generale!$A$16:$A$4963,0),COLUMN()))","v":1},{"$f":"IF(INDEX(generale!$A$16:$G$4963,MATCH(NGG!$A2875,generale!$A$16:$A$4963,0),COLUMN())=0,0,INDEX(generale!$A$16:$G$4963,MATCH(NGG!$A2875,generale!$A$16:$A$4963,0),COLUMN()))","v":9},{"$f":"IF(INDEX(generale!$A$16:$G$4963,MATCH(NGG!$A2875,generale!$A$16:$A$4963,0),COLUMN())=0,0,INDEX(generale!$A$16:$G$4963,MATCH(NGG!$A2875,generale!$A$16:$A$4963,0),COLUMN()))","v":5},{"$f":"IF(INDEX(generale!$A$16:$G$4963,MATCH(NGG!$A2875,generale!$A$16:$A$4963,0),COLUMN())=0,0,INDEX(generale!$A$16:$G$4963,MATCH(NGG!$A2875,generale!$A$16:$A$4963,0),COLUMN()))","v":13},{"$f":"generale!G2885","v":"P"},14,12,40,19,4,3,1,6,11,39,36,5,48,0,20,7,0,0,1,0,null,null,null,null,null,null,null,null,null,null,null,null,null,null,null,null,null,1,1,1,1]
[{"$f":"IF(generale!$A2894>0,generale!$A2894,\"\")","v":"2012-11-24"},{"$f":"IF(INDEX(generale!$A$16:$G$4963,MATCH(NGG!$A2884,generale!$A$16:$A$4963,0),COLUMN())=0,0,INDEX(generale!$A$16:$G$4963,MATCH(NGG!$A2884,generale!$A$16:$A$4963,0),COLUMN()))","v":18},{"$f":"IF(INDEX(generale!$A$16:$G$4963,MATCH(NGG!$A2884,generale!$A$16:$A$4963,0),COLUMN())=0,0,INDEX(generale!$A$16:$G$4963,MATCH(NGG!$A2884,generale!$A$16:$A$4963,0),COLUMN()))","v":16},{"$f":"IF(INDEX(generale!$A$16:$G$4963,MATCH(NGG!$A2884,generale!$A$16:$A$4963,0),COLUMN())=0,0,INDEX(generale!$A$16:$G$4963,MATCH(NGG!$A2884,generale!$A$16:$A$4963,0),COLUMN()))","v":9},{"$f":"IF(INDEX(generale!$A$16:$G$4963,MATCH(NGG!$A2884,generale!$A$16:$A$4963,0),COLUMN())=0,0,INDEX(generale!$A$16:$G$4963,MATCH(NGG!$A2884,generale!$A$16:$A$4963,0),COLUMN()))","v":11},{"$f":"IF(INDEX(generale!$A$16:$G$4963,MATCH(NGG!$A2884,generale!$A$16:$A$4963,0),COLUMN())=0,0,INDEX(generale!$A$16:$G$4963,MATCH(NGG!$A2884,generale!$A$16:$A$4963,0),COLUMN()))","v":6},{"$f":"generale!G2894","v":"T"},4,8,49,28,6,5,10,3,20,1,45,14,57,9,7,16,0,0,1,0,null,null,null,null,null,null,null,null,null,null,null,null,null,null,null,null,null,1,1,1,1]
[{"$f":"IF(generale!$A2906>0,generale!$A2906,\"\")","v":"2012-12-06"},{"$f":"IF(INDEX(generale!$A$16:$G$4963,MATCH(NGG!$A2896,generale!$A$16:$A$4963,0),COLUMN())=0,0,INDEX(generale!$A$16:$G$4963,MATCH(NGG!$A2896,generale!$A$16:$A$4963,0),COLUMN()))","v":6},{"$f":"IF(INDEX(generale!$A$16:$G$4963,MATCH(NGG!$A2896,generale!$A$16:$A$4963,0),COLUMN())=0,0,INDEX(generale!$A$16:$G$4963,MATCH(NGG!$A2896,generale!$A$16:$A$4963,0),COLUMN()))","v":2},{"$f":"IF(INDEX(generale!$A$16:$G$4963,MATCH(NGG!$A2896,generale!$A$16:$A$4963,0),COLUMN())=0,0,INDEX(generale!$A$16:$G$4963,MATCH(NGG!$A2896,generale!$A$16:$A$4963,0),COLUMN()))","v":3},{"$f":"IF(INDEX(generale!$A$16:$G$4963,MATCH(NGG!$A2896,generale!$A$16:$A$4963,0),COLUMN())=0,0,INDEX(generale!$A$16:$G$4963,MATCH(NGG!$A2896,generale!$A$16:$A$4963,0),COLUMN()))","v":14},{"$f":"IF(INDEX(generale!$A$16:$G$4963,MATCH(NGG!$A2896,generale!$A$16:$A$4963,0),COLUMN())=0,0,INDEX(generale!$A$16:$G$4963,MATCH(NGG!$A2896,generale!$A$16:$A$4963,0),COLUMN()))","v":12},{"$f":"generale!G2906","v":"T"},16,20,2,40,18,0,22,7,11,3,9,6,4,21,19,28,0,0,1,0,null,null,null,null,null,null,null,null,null,null,null,null,null,null,null,null,null,1,1,1,1]
[{"$f":"IF(generale!$A2914>0,generale!$A2914,\"\")","v":"2012-12-14"},{"$f":"IF(INDEX(generale!$A$16:$G$4963,MATCH(NGG!$A2904,generale!$A$16:$A$4963,0),COLUMN())=0,0,INDEX(generale!$A$16:$G$4963,MATCH(NGG!$A2904,generale!$A$16:$A$4963,0),COLUMN()))","v":6},{"$f":"IF(INDEX(generale!$A$16:$G$4963,MATCH(NGG!$A2904,generale!$A$16:$A$4963,0),COLUMN())=0,0,INDEX(generale!$A$16:$G$4963,MATCH(NGG!$A2904,generale!$A$16:$A$4963,0),COLUMN()))","v":7},{"$f":"IF(INDEX(generale!$A$16:$G$4963,MATCH(NGG!$A2904,generale!$A$16:$A$4963,0),COLUMN())=0,0,INDEX(generale!$A$16:$G$4963,MATCH(NGG!$A2904,generale!$A$16:$A$4963,0),COLUMN()))","v":11},{"$f":"IF(INDEX(generale!$A$16:$G$4963,MATCH(NGG!$A2904,generale!$A$16:$A$4963,0),COLUMN())=0,0,INDEX(generale!$A$16:$G$4963,MATCH(NGG!$A2904,generale!$A$16:$A$4963,0),COLUMN()))","v":2},{"$f":"IF(INDEX(generale!$A$16:$G$4963,MATCH(NGG!$A2904,generale!$A$16:$A$4963,0),COLUMN())=0,0,INDEX(generale!$A$16:$G$4963,MATCH(NGG!$A2904,generale!$A$16:$A$4963,0),COLUMN()))","v":4},{"$f":"generale!G2914","v":"T"},24,28,3,48,26,0,1,15,19,11,17,2,4,6,5,36,0,0,1,0,null,null,null,null,null,null,null,null,null,null,null,null,null,null,null,null,null,1,1,1,1]
[{"$f":"IF(generale!$A2924>0,generale!$A2924,\"\")","v":"2012-12-24"},{"$f":"IF(INDEX(generale!$A$16:$G$4963,MATCH(NGG!$A2914,generale!$A$16:$A$4963,0),COLUMN())=0,0,INDEX(generale!$A$16:$G$4963,MATCH(NGG!$A2914,generale!$A$16:$A$4963,0),COLUMN()))","v":7},{"$f":"IF(INDEX(generale!$A$16:$G$4963,MATCH(NGG!$A2914,generale!$A$16:$A$4963,0),COLUMN())=0,0,INDEX(generale!$A$16:$G$4963,MATCH(NGG!$A2914,generale!$A$16:$A$4963,0),COLUMN()))","v":10},{"$f":"IF(INDEX(generale!$A$16:$G$4963,MATCH(NGG!$A2914,generale!$A$16:$A$4963,0),COLUMN())=0,0,INDEX(generale!$A$16:$G$4963,MATCH(NGG!$A2914,generale!$A$16:$A$4963,0),COLUMN()))","v":11},{"$f":"IF(INDEX(generale!$A$16:$G$4963,MATCH(NGG!$A2914,generale!$A$16:$A$4963,0),COLUMN())=0,0,INDEX(generale!$A$16:$G$4963,MATCH(NGG!$A2914,generale!$A$16:$A$4963,0),COLUMN()))","v":6},{"$f":"IF(INDEX(generale!$A$16:$G$4963,MATCH(NGG!$A2914,generale!$A$16:$A$4963,0),COLUMN())=0,0,INDEX(generale!$A$16:$G$4963,MATCH(NGG!$A2914,generale!$A$16:$A$4963,0),COLUMN()))","v":14},{"$f":"generale!G2924","v":"P"},34,38,3,58,36,1,0,7,29,21,6,12,5,2,4,46,0,0,1,0,null,null,null,null,null,null,null,null,null,null,null,null,null,null,null,null,null,1,1,1,1]
[{"$f":"IF(generale!$A2927>0,generale!$A2927,\"\")","v":"2012-12-27"},{"$f":"IF(INDEX(generale!$A$16:$G$4963,MATCH(NGG!$A2917,generale!$A$16:$A$4963,0),COLUMN())=0,0,INDEX(generale!$A$16:$G$4963,MATCH(NGG!$A2917,generale!$A$16:$A$4963,0),COLUMN()))","v":1},{"$f":"IF(INDEX(generale!$A$16:$G$4963,MATCH(NGG!$A2917,generale!$A$16:$A$4963,0),COLUMN())=0,0,INDEX(generale!$A$16:$G$4963,MATCH(NGG!$A2917,generale!$A$16:$A$4963,0),COLUMN()))","v":10},{"$f":"IF(INDEX(generale!$A$16:$G$4963,MATCH(NGG!$A2917,generale!$A$16:$A$4963,0),COLUMN())=0,0,INDEX(generale!$A$16:$G$4963,MATCH(NGG!$A2917,generale!$A$16:$A$4963,0),COLUMN()))","v":15},{"$f":"IF(INDEX(generale!$A$16:$G$4963,MATCH(NGG!$A2917,generale!$A$16:$A$4963,0),COLUMN())=0,0,INDEX(generale!$A$16:$G$4963,MATCH(NGG!$A2917,generale!$A$16:$A$4963,0),COLUMN()))","v":5},{"$f":"IF(INDEX(generale!$A$16:$G$4963,MATCH(NGG!$A2917,generale!$A$16:$A$4963,0),COLUMN())=0,0,INDEX(generale!$A$16:$G$4963,MATCH(NGG!$A2917,generale!$A$16:$A$4963,0),COLUMN()))","v":8},{"$f":"generale!G2927","v":"T"},0,41,1,61,39,4,3,10,32,24,2,15,8,5,7,49,0,0,1,0,null,null,null,null,null,null,null,null,null,null,null,null,null,null,null,null,null,1,1,1,1]
[{"$f":"IF(generale!$A2935>0,generale!$A2935,\"\")","v":"2013-01-04"},{"$f":"IF(INDEX(generale!$A$16:$G$4963,MATCH(NGG!$A2925,generale!$A$16:$A$4963,0),COLUMN())=0,0,INDEX(generale!$A$16:$G$4963,MATCH(NGG!$A2925,generale!$A$16:$A$4963,0),COLUMN()))","v":3},{"$f":"IF(INDEX(generale!$A$16:$G$4963,MATCH(NGG!$A2925,generale!$A$16:$A$4963,0),COLUMN())=0,0,INDEX(generale!$A$16:$G$4963,MATCH(NGG!$A2925,generale!$A$16:$A$4963,0),COLUMN()))","v":9},{"$f":"IF(INDEX(generale!$A$16:$G$4963,MATCH(NGG!$A2925,generale!$A$16:$A$4963,0),COLUMN())=0,0,INDEX(generale!$A$16:$G$4963,MATCH(NGG!$A2925,generale!$A$16:$A$4963,0),COLUMN()))","v":5},{"$f":"IF(INDEX(generale!$A$16:$G$4963,MATCH(NGG!$A2925,generale!$A$16:$A$4963,0),COLUMN())=0,0,INDEX(generale!$A$16:$G$4963,MATCH(NGG!$A2925,generale!$A$16:$A$4963,0),COLUMN()))","v":2},{"$f":"IF(INDEX(generale!$A$16:$G$4963,MATCH(NGG!$A2925,generale!$A$16:$A$4963,0),COLUMN())=0,0,INDEX(generale!$A$16:$G$4963,MATCH(NGG!$A2925,generale!$A$16:$A$4963,0),COLUMN()))","v":6},{"$f":"generale!G2935","v":"P"},5,49,0,1,6,7,11,18,40,32,10,2,16,13,4,57,0,0,1,0,null,null,null,null,null,null,null,null,null,null,null,null,null,null,null,null,null,1,1,1,1]
[{"$f":"IF(generale!$A2945>0,generale!$A2945,\"\")","v":"2013-01-14"},{"$f":"IF(INDEX(generale!$A$16:$G$4963,MATCH(NGG!$A2935,generale!$A$16:$A$4963,0),COLUMN())=0,0,INDEX(generale!$A$16:$G$4963,MATCH(NGG!$A2935,generale!$A$16:$A$4963,0),COLUMN()))","v":12},{"$f":"IF(INDEX(generale!$A$16:$G$4963,MATCH(NGG!$A2935,generale!$A$16:$A$4963,0),COLUMN())=0,0,INDEX(generale!$A$16:$G$4963,MATCH(NGG!$A2935,generale!$A$16:$A$4963,0),COLUMN()))","v":16},{"$f":"IF(INDEX(generale!$A$16:$G$4963,MATCH(NGG!$A2935,generale!$A$16:$A$4963,0),COLUMN())=0,0,INDEX(generale!$A$16:$G$4963,MATCH(NGG!$A2935,generale!$A$16:$A$4963,0),COLUMN()))","v":1},{"$f":"IF(INDEX(generale!$A$16:$G$4963,MATCH(NGG!$A2935,generale!$A$16:$A$4963,0),COLUMN())=0,0,INDEX(generale!$A$16:$G$4963,MATCH(NGG!$A2935,generale!$A$16:$A$4963,0),COLUMN()))","v":2},{"$f":"IF(INDEX(generale!$A$16:$G$4963,MATCH(NGG!$A2935,generale!$A$16:$A$4963,0),COLUMN())=0,0,INDEX(generale!$A$16:$G$4963,MATCH(NGG!$A2935,generale!$A$16:$A$4963,0),COLUMN()))","v":6},{"$f":"generale!G2945","v":"T"},15,59,6,11,5,17,3,28,50,2,1,0,7,23,14,9,0,0,1,0,null,null,null,null,null,null,null,null,null,null,null,null,null,null,null,null,null,1,1,1,1]
[{"$f":"IF(generale!$A2957>0,generale!$A2957,\"\")","v":"2013-01-26"},{"$f":"IF(INDEX(generale!$A$16:$G$4963,MATCH(NGG!$A2947,generale!$A$16:$A$4963,0),COLUMN())=0,0,INDEX(generale!$A$16:$G$4963,MATCH(NGG!$A2947,generale!$A$16:$A$4963,0),COLUMN()))","v":14},{"$f":"IF(INDEX(generale!$A$16:$G$4963,MATCH(NGG!$A2947,generale!$A$16:$A$4963,0),COLUMN())=0,0,INDEX(generale!$A$16:$G$4963,MATCH(NGG!$A2947,generale!$A$16:$A$4963,0),COLUMN()))","v":12},{"$f":"IF(INDEX(generale!$A$16:$G$4963,MATCH(NGG!$A2947,generale!$A$16:$A$4963,0),COLUMN())=0,0,INDEX(generale!$A$16:$G$4963,MATCH(NGG!$A2947,generale!$A$16:$A$4963,0),COLUMN()))","v":3},{"$f":"IF(INDEX(generale!$A$16:$G$4963,MATCH(NGG!$A2947,generale!$A$16:$A$4963,0),COLUMN())=0,0,INDEX(generale!$A$16:$G$4963,MATCH(NGG!$A2947,generale!$A$16:$A$4963,0),COLUMN()))","v":4},{"$f":"IF(INDEX(generale!$A$16:$G$4963,MATCH(NGG!$A2947,generale!$A$16:$A$4963,0),COLUMN())=0,0,INDEX(generale!$A$16:$G$4963,MATCH(NGG!$A2947,generale!$A$16:$A$4963,0),COLUMN()))","v":5},{"$f":"generale!G2957","v":"T"},27,10,18,23,3,8,1,4,11,14,2,5,6,0,26,21,0,0,1,0,null,null,null,null,null,null,null,null,null,null,null,null,null,null,null,null,null,1,1,1,1]
[{"$f":"IF(generale!$A2964>0,generale!$A2964,\"\")","v":"2013-02-02"},{"$f":"IF(INDEX(generale!$A$16:$G$4963,MATCH(NGG!$A2954,generale!$A$16:$A$4963,0),COLUMN())=0,0,INDEX(generale!$A$16:$G$4963,MATCH(NGG!$A2954,generale!$A$16:$A$4963,0),COLUMN()))","v":6},{"$f":"IF(INDEX(generale!$A$16:$G$4963,MATCH(NGG!$A2954,generale!$A$16:$A$4963,0),COLUMN())=0,0,INDEX(generale!$A$16:$G$4963,MATCH(NGG!$A2954,generale!$A$16:$A$4963,0),COLUMN()))","v":16},{"$f":"IF(INDEX(generale!$A$16:$G$4963,MATCH(NGG!$A2954,generale!$A$16:$A$4963,0),COLUMN())=0,0,INDEX(generale!$A$16:$G$4963,MATCH(NGG!$A2954,generale!$A$16:$A$4963,0),COLUMN()))","v":13},{"$f":"IF(INDEX(generale!$A$16:$G$4963,MATCH(NGG!$A2954,generale!$A$16:$A$4963,0),COLUMN())=0,0,INDEX(generale!$A$16:$G$4963,MATCH(NGG!$A2954,generale!$A$16:$A$4963,0),COLUMN()))","v":9},{"$f":"IF(INDEX(generale!$A$16:$G$4963,MATCH(NGG!$A2954,generale!$A$16:$A$4963,0),COLUMN())=0,0,INDEX(generale!$A$16:$G$4963,MATCH(NGG!$A2954,generale!$A$16:$A$4963,0),COLUMN()))","v":2},{"$f":"generale!G2964","v":"T"},34,17,1,2,10,0,8,6,18,21,4,12,13,3,33,28,0,0,1,0,null,null,null,null,null,null,null,null,null,null,null,null,null,null,null,null,null,1,1,1,1]
[{"$f":"IF(generale!$A2975>0,generale!$A2975,\"\")","v":"2013-02-13"},{"$f":"IF(INDEX(generale!$A$16:$G$4963,MATCH(NGG!$A2965,generale!$A$16:$A$4963,0),COLUMN())=0,0,INDEX(generale!$A$16:$G$4963,MATCH(NGG!$A2965,generale!$A$16:$A$4963,0),COLUMN()))","v":5},{"$f":"IF(INDEX(generale!$A$16:$G$4963,MATCH(NGG!$A2965,generale!$A$16:$A$4963,0),COLUMN())=0,0,INDEX(generale!$A$16:$G$4963,MATCH(NGG!$A2965,generale!$A$16:$A$4963,0),COLUMN()))","v":2},{"$f":"IF(INDEX(generale!$A$16:$G$4963,MATCH(NGG!$A2965,generale!$A$16:$A$4963,0),COLUMN())=0,0,INDEX(generale!$A$16:$G$4963,MATCH(NGG!$A2965,generale!$A$16:$A$4963,0),COLUMN()))","v":9},{"$f":"IF(INDEX(generale!$A$16:$G$4963,MATCH(NGG!$A2965,generale!$A$16:$A$4963,0),COLUMN())=0,0,INDEX(generale!$A$16:$G$4963,MATCH(NGG!$A2965,generale!$A$16:$A$4963,0),COLUMN()))","v":16},{"$f":"IF(INDEX(generale!$A$16:$G$4963,MATCH(NGG!$A2965,generale!$A$16:$A$4963,0),COLUMN())=0,0,INDEX(generale!$A$16:$G$4963,MATCH(NGG!$A2965,generale!$A$16:$A$4963,0),COLUMN()))","v":1},{"$f":"generale!G2975","v":"P"},45,3,12,2,0,5,19,1,29,4,15,23,24,9,8,39,0,0,1,0,null,null,null,null,null,null,null,null,null,null,null,null,null,null,null,null,null,1,1,1,1]
[{"$f":"IF(generale!$A2978>0,generale!$A2978,\"\")","v":"2013-02-16"},{"$f":"IF(INDEX(generale!$A$16:$G$4963,MATCH(NGG!$A2968,generale!$A$16:$A$4963,0),COLUMN())=0,0,INDEX(generale!$A$16:$G$4963,MATCH(NGG!$A2968,generale!$A$16:$A$4963,0),COLUMN()))","v":1},{"$f":"IF(INDEX(generale!$A$16:$G$4963,MATCH(NGG!$A2968,generale!$A$16:$A$4963,0),COLUMN())=0,0,INDEX(generale!$A$16:$G$4963,MATCH(NGG!$A2968,generale!$A$16:$A$4963,0),COLUMN()))","v":9},{"$f":"IF(INDEX(generale!$A$16:$G$4963,MATCH(NGG!$A2968,generale!$A$16:$A$4963,0),COLUMN())=0,0,INDEX(generale!$A$16:$G$4963,MATCH(NGG!$A2968,generale!$A$16:$A$4963,0),COLUMN()))","v":6},{"$f":"IF(INDEX(generale!$A$16:$G$4963,MATCH(NGG!$A2968,generale!$A$16:$A$4963,0),COLUMN())=0,0,INDEX(generale!$A$16:$G$4963,MATCH(NGG!$A2968,generale!$A$16:$A$4963,0),COLUMN()))","v":3},{"$f":"IF(INDEX(generale!$A$16:$G$4963,MATCH(NGG!$A2968,generale!$A$16:$A$4963,0),COLUMN())=0,0,INDEX(generale!$A$16:$G$4963,MATCH(NGG!$A2968,generale!$A$16:$A$4963,0),COLUMN()))","v":10},{"$f":"generale!G2978","v":"P"},0,1,15,5,3,8,22,4,2,7,18,26,27,12,11,42,0,0,1,0,null,null,null,null,null,null,null,null,null,null,null,null,null,null,null,null,null,1,1,1,1]
[{"$f":"IF(generale!$A2993>0,generale!$A2993,\"\")","v":"2013-03-03"},{"$f":"IF(INDEX(generale!$A$16:$G$4963,MATCH(NGG!$A2983,generale!$A$16:$A$4963,0),COLUMN())=0,0,INDEX(generale!$A$16:$G$4963,MATCH(NGG!$A2983,generale!$A$16:$A$4963,0),COLUMN()))","v":7},{"$f":"IF(INDEX(generale!$A$16:$G$4963,MATCH(NGG!$A2983,generale!$A$16:$A$4963,0),COLUMN())=0,0,INDEX(generale!$A$16:$G$4963,MATCH(NGG!$A2983,generale!$A$16:$A$4963,0),COLUMN()))","v":6},{"$f":"IF(INDEX(generale!$A$16:$G$4963,MATCH(NGG!$A2983,generale!$A$16:$A$4963,0),COLUMN())=0,0,INDEX(generale!$A$16:$G$4963,MATCH(NGG!$A2983,generale!$A$16:$A$4963,0),COLUMN()))","v":3},{"$f":"IF(INDEX(generale!$A$16:$G$4963,MATCH(NGG!$A2983,generale!$A$16:$A$4963,0),COLUMN())=0,0,INDEX(generale!$A$16:$G$4963,MATCH(NGG!$A2983,generale!$A$16:$A$4963,0),COLUMN()))","v":1},{"$f":"IF(INDEX(generale!$A$16:$G$4963,MATCH(NGG!$A2983,generale!$A$16:$A$4963,0),COLUMN())=0,0,INDEX(generale!$A$16:$G$4963,MATCH(NGG!$A2983,generale!$A$16:$A$4963,0),COLUMN()))","v":13},{"$f":"generale!G2993","v":"O"},15,16,30,12,18,4,0,5,3,22,14,7,1,27,8,2,0,0,1,0,null,null,null,null,null,null,null,null,null,null,null,null,null,null,null,null,null,1,1,1,1]
[{"$f":"IF(generale!$A2996>0,generale!$A2996,\"\")","v":"2013-03-06"},{"$f":"IF(INDEX(generale!$A$16:$G$4963,MATCH(NGG!$A2986,generale!$A$16:$A$4963,0),COLUMN())=0,0,INDEX(generale!$A$16:$G$4963,MATCH(NGG!$A2986,generale!$A$16:$A$4963,0),COLUMN()))","v":14},{"$f":"IF(INDEX(generale!$A$16:$G$4963,MATCH(NGG!$A2986,generale!$A$16:$A$4963,0),COLUMN())=0,0,INDEX(generale!$A$16:$G$4963,MATCH(NGG!$A2986,generale!$A$16:$A$4963,0),COLUMN()))","v":2},{"$f":"IF(INDEX(generale!$A$16:$G$4963,MATCH(NGG!$A2986,generale!$A$16:$A$4963,0),COLUMN())=0,0,INDEX(generale!$A$16:$G$4963,MATCH(NGG!$A2986,generale!$A$16:$A$4963,0),COLUMN()))","v":5},{"$f":"IF(INDEX(generale!$A$16:$G$4963,MATCH(NGG!$A2986,generale!$A$16:$A$4963,0),COLUMN())=0,0,INDEX(generale!$A$16:$G$4963,MATCH(NGG!$A2986,generale!$A$16:$A$4963,0),COLUMN()))","v":8},{"$f":"IF(INDEX(generale!$A$16:$G$4963,MATCH(NGG!$A2986,generale!$A$16:$A$4963,0),COLUMN())=0,0,INDEX(generale!$A$16:$G$4963,MATCH(NGG!$A2986,generale!$A$16:$A$4963,0),COLUMN()))","v":4},{"$f":"generale!G2996","v":"T"},18,19,33,15,1,7,3,8,6,25,17,10,4,0,11,5,0,0,1,0,null,null,null,null,null,null,null,null,null,null,null,null,null,null,null,null,null,1,1,1,1]
[{"$f":"IF(generale!$A3003>0,generale!$A3003,\"\")","v":"2013-03-14"},{"$f":"IF(INDEX(generale!$A$16:$G$4963,MATCH(NGG!$A2993,generale!$A$16:$A$4963,0),COLUMN())=0,0,INDEX(generale!$A$16:$G$4963,MATCH(NGG!$A2993,generale!$A$16:$A$4963,0),COLUMN()))","v":11},{"$f":"IF(INDEX(generale!$A$16:$G$4963,MATCH(NGG!$A2993,generale!$A$16:$A$4963,0),COLUMN())=0,0,INDEX(generale!$A$16:$G$4963,MATCH(NGG!$A2993,generale!$A$16:$A$4963,0),COLUMN()))","v":5},{"$f":"IF(INDEX(generale!$A$16:$G$4963,MATCH(NGG!$A2993,generale!$A$16:$A$4963,0),COLUMN())=0,0,INDEX(generale!$A$16:$G$4963,MATCH(NGG!$A2993,generale!$A$16:$A$4963,0),COLUMN()))","v":6},{"$f":"IF(INDEX(generale!$A$16:$G$4963,MATCH(NGG!$A2993,generale!$A$16:$A$4963,0),COLUMN())=0,0,INDEX(generale!$A$16:$G$4963,MATCH(NGG!$A2993,generale!$A$16:$A$4963,0),COLUMN()))","v":8},{"$f":"IF(INDEX(generale!$A$16:$G$4963,MATCH(NGG!$A2993,generale!$A$16:$A$4963,0),COLUMN())=0,0,INDEX(generale!$A$16:$G$4963,MATCH(NGG!$A2993,generale!$A$16:$A$4963,0),COLUMN()))","v":14},{"$f":"generale!G3003","v":"T"},25,5,40,22,1,14,10,15,4,32,0,17,11,2,18,12,0,0,1,0,null,null,null,null,null,null,null,null,null,null,null,null,null,null,null,null,null,1,1,1,1]
[{"$f":"IF(generale!$A3014>0,generale!$A3014,\"\")","v":"2013-03-25"},{"$f":"IF(INDEX(generale!$A$16:$G$4963,MATCH(NGG!$A3004,generale!$A$16:$A$4963,0),COLUMN())=0,0,INDEX(generale!$A$16:$G$4963,MATCH(NGG!$A3004,generale!$A$16:$A$4963,0),COLUMN()))","v":4},{"$f":"IF(INDEX(generale!$A$16:$G$4963,MATCH(NGG!$A3004,generale!$A$16:$A$4963,0),COLUMN())=0,0,INDEX(generale!$A$16:$G$4963,MATCH(NGG!$A3004,generale!$A$16:$A$4963,0),COLUMN()))","v":9},{"$f":"IF(INDEX(generale!$A$16:$G$4963,MATCH(NGG!$A3004,generale!$A$16:$A$4963,0),COLUMN())=0,0,INDEX(generale!$A$16:$G$4963,MATCH(NGG!$A3004,generale!$A$16:$A$4963,0),COLUMN()))","v":3},{"$f":"IF(INDEX(generale!$A$16:$G$4963,MATCH(NGG!$A3004,generale!$A$16:$A$4963,0),COLUMN())=0,0,INDEX(generale!$A$16:$G$4963,MATCH(NGG!$A3004,generale!$A$16:$A$4963,0),COLUMN()))","v":2},{"$f":"IF(INDEX(generale!$A$16:$G$4963,MATCH(NGG!$A3004,generale!$A$16:$A$4963,0),COLUMN())=0,0,INDEX(generale!$A$16:$G$4963,MATCH(NGG!$A3004,generale!$A$16:$A$4963,0),COLUMN()))","v":5},{"$f":"generale!G3014","v":"P"},4,16,7,0,5,8,21,26,15,43,11,28,1,13,2,23,0,0,1,0,null,null,null,null,null,null,null,null,null,null,null,null,null,null,null,null,null,1,1,1,1]
[{"$f":"IF(generale!$A3026>0,generale!$A3026,\"\")","v":"2013-04-06"},{"$f":"IF(INDEX(generale!$A$16:$G$4963,MATCH(NGG!$A3016,generale!$A$16:$A$4963,0),COLUMN())=0,0,INDEX(generale!$A$16:$G$4963,MATCH(NGG!$A3016,generale!$A$16:$A$4963,0),COLUMN()))","v":4},{"$f":"IF(INDEX(generale!$A$16:$G$4963,MATCH(NGG!$A3016,generale!$A$16:$A$4963,0),COLUMN())=0,0,INDEX(generale!$A$16:$G$4963,MATCH(NGG!$A3016,generale!$A$16:$A$4963,0),COLUMN()))","v":11},{"$f":"IF(INDEX(generale!$A$16:$G$4963,MATCH(NGG!$A3016,generale!$A$16:$A$4963,0),COLUMN())=0,0,INDEX(generale!$A$16:$G$4963,MATCH(NGG!$A3016,generale!$A$16:$A$4963,0),COLUMN()))","v":9},{"$f":"IF(INDEX(generale!$A$16:$G$4963,MATCH(NGG!$A3016,generale!$A$16:$A$4963,0),COLUMN())=0,0,INDEX(generale!$A$16:$G$4963,MATCH(NGG!$A3016,generale!$A$16:$A$4963,0),COLUMN()))","v":15},{"$f":"IF(INDEX(generale!$A$16:$G$4963,MATCH(NGG!$A3016,generale!$A$16:$A$4963,0),COLUMN())=0,0,INDEX(generale!$A$16:$G$4963,MATCH(NGG!$A3016,generale!$A$16:$A$4963,0),COLUMN()))","v":13},{"$f":"generale!G3026","v":"T"},7,11,19,0,17,2,33,38,3,55,23,40,13,25,10,4,0,0,1,0,null,null,null,null,null,null,null,null,null,null,null,null,null,null,null,null,null,1,1,1,1]
[{"$f":"IF(generale!$A3033>0,generale!$A3033,\"\")","v":"2013-04-13"},{"$f":"IF(INDEX(generale!$A$16:$G$4963,MATCH(NGG!$A3023,generale!$A$16:$A$4963,0),COLUMN())=0,0,INDEX(generale!$A$16:$G$4963,MATCH(NGG!$A3023,generale!$A$16:$A$4963,0),COLUMN()))","v":6},{"$f":"IF(INDEX(generale!$A$16:$G$4963,MATCH(NGG!$A3023,generale!$A$16:$A$4963,0),COLUMN())=0,0,INDEX(generale!$A$16:$G$4963,MATCH(NGG!$A3023,generale!$A$16:$A$4963,0),COLUMN()))","v":16},{"$f":"IF(INDEX(generale!$A$16:$G$4963,MATCH(NGG!$A3023,generale!$A$16:$A$4963,0),COLUMN())=0,0,INDEX(generale!$A$16:$G$4963,MATCH(NGG!$A3023,generale!$A$16:$A$4963,0),COLUMN()))","v":7},{"$f":"IF(INDEX(generale!$A$16:$G$4963,MATCH(NGG!$A3023,generale!$A$16:$A$4963,0),COLUMN())=0,0,INDEX(generale!$A$16:$G$4963,MATCH(NGG!$A3023,generale!$A$16:$A$4963,0),COLUMN()))","v":12},{"$f":"IF(INDEX(generale!$A$16:$G$4963,MATCH(NGG!$A3023,generale!$A$16:$A$4963,0),COLUMN())=0,0,INDEX(generale!$A$16:$G$4963,MATCH(NGG!$A3023,generale!$A$16:$A$4963,0),COLUMN()))","v":1},{"$f":"generale!G3033","v":"T"},14,18,26,3,24,0,4,45,10,5,30,47,1,32,2,11,0,0,1,0,null,null,null,null,null,null,null,null,null,null,null,null,null,null,null,null,null,1,1,1,1]
[{"$f":"IF(generale!$A3044>0,generale!$A3044,\"\")","v":"2013-04-24"},{"$f":"IF(INDEX(generale!$A$16:$G$4963,MATCH(NGG!$A3034,generale!$A$16:$A$4963,0),COLUMN())=0,0,INDEX(generale!$A$16:$G$4963,MATCH(NGG!$A3034,generale!$A$16:$A$4963,0),COLUMN()))","v":9},{"$f":"IF(INDEX(generale!$A$16:$G$4963,MATCH(NGG!$A3034,generale!$A$16:$A$4963,0),COLUMN())=0,0,INDEX(generale!$A$16:$G$4963,MATCH(NGG!$A3034,generale!$A$16:$A$4963,0),COLUMN()))","v":10},{"$f":"IF(INDEX(generale!$A$16:$G$4963,MATCH(NGG!$A3034,generale!$A$16:$A$4963,0),COLUMN())=0,0,INDEX(generale!$A$16:$G$4963,MATCH(NGG!$A3034,generale!$A$16:$A$4963,0),COLUMN()))","v":12},{"$f":"IF(INDEX(generale!$A$16:$G$4963,MATCH(NGG!$A3034,generale!$A$16:$A$4963,0),COLUMN())=0,0,INDEX(generale!$A$16:$G$4963,MATCH(NGG!$A3034,generale!$A$16:$A$4963,0),COLUMN()))","v":7},{"$f":"IF(INDEX(generale!$A$16:$G$4963,MATCH(NGG!$A3034,generale!$A$16:$A$4963,0),COLUMN())=0,0,INDEX(generale!$A$16:$G$4963,MATCH(NGG!$A3034,generale!$A$16:$A$4963,0),COLUMN()))","v":2},{"$f":"generale!G3044","v":"T"},25,6,4,1,35,11,2,5,0,8,41,58,10,43,13,22,0,0,1,0,null,null,null,null,null,null,null,null,null,null,null,null,null,null,null,null,null,1,1,1,1]
[{"$f":"IF(generale!$A3047>0,generale!$A3047,\"\")","v":"2013-04-27"},{"$f":"IF(INDEX(generale!$A$16:$G$4963,MATCH(NGG!$A3037,generale!$A$16:$A$4963,0),COLUMN())=0,0,INDEX(generale!$A$16:$G$4963,MATCH(NGG!$A3037,generale!$A$16:$A$4963,0),COLUMN()))","v":4},{"$f":"IF(INDEX(generale!$A$16:$G$4963,MATCH(NGG!$A3037,generale!$A$16:$A$4963,0),COLUMN())=0,0,INDEX(generale!$A$16:$G$4963,MATCH(NGG!$A3037,generale!$A$16:$A$4963,0),COLUMN()))","v":3},{"$f":"IF(INDEX(generale!$A$16:$G$4963,MATCH(NGG!$A3037,generale!$A$16:$A$4963,0),COLUMN())=0,0,INDEX(generale!$A$16:$G$4963,MATCH(NGG!$A3037,generale!$A$16:$A$4963,0),COLUMN()))","v":9},{"$f":"IF(INDEX(generale!$A$16:$G$4963,MATCH(NGG!$A3037,generale!$A$16:$A$4963,0),COLUMN())=0,0,INDEX(generale!$A$16:$G$4963,MATCH(NGG!$A3037,generale!$A$16:$A$4963,0),COLUMN()))","v":2},{"$f":"IF(INDEX(generale!$A$16:$G$4963,MATCH(NGG!$A3037,generale!$A$16:$A$4963,0),COLUMN())=0,0,INDEX(generale!$A$16:$G$4963,MATCH(NGG!$A3037,generale!$A$16:$A$4963,0),COLUMN()))","v":6},{"$f":"generale!G3047","v":"O"},28,9,7,0,38,1,5,8,3,11,44,61,13,2,16,25,0,0,1,0,null,null,null,null,null,null,null,null,null,null,null,null,null,null,null,null,null,1,1,1,1]
[{"$f":"IF(generale!$A3062>0,generale!$A3062,\"\")","v":"2013-05-12"},{"$f":"IF(INDEX(generale!$A$16:$G$4963,MATCH(NGG!$A3052,generale!$A$16:$A$4963,0),COLUMN())=0,0,INDEX(generale!$A$16:$G$4963,MATCH(NGG!$A3052,generale!$A$16:$A$4963,0),COLUMN()))","v":5},{"$f":"IF(INDEX(generale!$A$16:$G$4963,MATCH(NGG!$A3052,generale!$A$16:$A$4963,0),COLUMN())=0,0,INDEX(generale!$A$16:$G$4963,MATCH(NGG!$A3052,generale!$A$16:$A$4963,0),COLUMN()))","v":6},{"$f":"IF(INDEX(generale!$A$16:$G$4963,MATCH(NGG!$A3052,generale!$A$16:$A$4963,0),COLUMN())=0,0,INDEX(generale!$A$16:$G$4963,MATCH(NGG!$A3052,generale!$A$16:$A$4963,0),COLUMN()))","v":18},{"$f":"IF(INDEX(generale!$A$16:$G$4963,MATCH(NGG!$A3052,generale!$A$16:$A$4963,0),COLUMN())=0,0,INDEX(generale!$A$16:$G$4963,MATCH(NGG!$A3052,generale!$A$16:$A$4963,0),COLUMN()))","v":7},{"$f":"IF(INDEX(generale!$A$16:$G$4963,MATCH(NGG!$A3052,generale!$A$16:$A$4963,0),COLUMN())=0,0,INDEX(generale!$A$16:$G$4963,MATCH(NGG!$A3052,generale!$A$16:$A$4963,0),COLUMN()))","v":11},{"$f":"generale!G3062","v":"P"},3,24,22,2,0,1,11,9,4,8,59,5,28,17,31,40,0,0,1,0,null,null,null,null,null,null,null,null,null,null,null,null,null,null,null,null,null,1,1,1,1]
[{"$f":"IF(generale!$A3065>0,generale!$A3065,\"\")","v":"2013-05-15"},{"$f":"IF(INDEX(generale!$A$16:$G$4963,MATCH(NGG!$A3055,generale!$A$16:$A$4963,0),COLUMN())=0,0,INDEX(generale!$A$16:$G$4963,MATCH(NGG!$A3055,generale!$A$16:$A$4963,0),COLUMN()))","v":7},{"$f":"IF(INDEX(generale!$A$16:$G$4963,MATCH(NGG!$A3055,generale!$A$16:$A$4963,0),COLUMN())=0,0,INDEX(generale!$A$16:$G$4963,MATCH(NGG!$A3055,generale!$A$16:$A$4963,0),COLUMN()))","v":14},{"$f":"IF(INDEX(generale!$A$16:$G$4963,MATCH(NGG!$A3055,generale!$A$16:$A$4963,0),COLUMN())=0,0,INDEX(generale!$A$16:$G$4963,MATCH(NGG!$A3055,generale!$A$16:$A$4963,0),COLUMN()))","v":15},{"$f":"IF(INDEX(generale!$A$16:$G$4963,MATCH(NGG!$A3055,generale!$A$16:$A$4963,0),COLUMN())=0,0,INDEX(generale!$A$16:$G$4963,MATCH(NGG!$A3055,generale!$A$16:$A$4963,0),COLUMN()))","v":9},{"$f":"IF(INDEX(generale!$A$16:$G$4963,MATCH(NGG!$A3055,generale!$A$16:$A$4963,0),COLUMN())=0,0,INDEX(generale!$A$16:$G$4963,MATCH(NGG!$A3055,generale!$A$16:$A$4963,0),COLUMN()))","v":10},{"$f":"generale!G3065","v":"T"},6,2,25,5,3,1,0,12,7,11,62,8,31,20,34,43,0,0,1,0,null,null,null,null,null,null,null,null,null,null,null,null,null,null,null,null,null,1,1,1,1]
[{"$f":"IF(generale!$A3072>0,generale!$A3072,\"\")","v":"2013-05-22"},{"$f":"IF(INDEX(generale!$A$16:$G$4963,MATCH(NGG!$A3062,generale!$A$16:$A$4963,0),COLUMN())=0,0,INDEX(generale!$A$16:$G$4963,MATCH(NGG!$A3062,generale!$A$16:$A$4963,0),COLUMN()))","v":7},{"$f":"IF(INDEX(generale!$A$16:$G$4963,MATCH(NGG!$A3062,generale!$A$16:$A$4963,0),COLUMN())=0,0,INDEX(generale!$A$16:$G$4963,MATCH(NGG!$A3062,generale!$A$16:$A$4963,0),COLUMN()))","v":1},{"$f":"IF(INDEX(generale!$A$16:$G$4963,MATCH(NGG!$A3062,generale!$A$16:$A$4963,0),COLUMN())=0,0,INDEX(generale!$A$16:$G$4963,MATCH(NGG!$A3062,generale!$A$16:$A$4963,0),COLUMN()))","v":13},{"$f":"IF(INDEX(generale!$A$16:$G$4963,MATCH(NGG!$A3062,generale!$A$16:$A$4963,0),COLUMN())=0,0,INDEX(generale!$A$16:$G$4963,MATCH(NGG!$A3062,generale!$A$16:$A$4963,0),COLUMN()))","v":10},{"$f":"IF(INDEX(generale!$A$16:$G$4963,MATCH(NGG!$A3062,generale!$A$16:$A$4963,0),COLUMN())=0,0,INDEX(generale!$A$16:$G$4963,MATCH(NGG!$A3062,generale!$A$16:$A$4963,0),COLUMN()))","v":11},{"$f":"generale!G3072","v":"T"},2,9,32,12,10,8,0,4,1,5,3,15,38,27,6,50,0,0,1,0,null,null,null,null,null,null,null,null,null,null,null,null,null,null,null,null,null,1,1,1,1]
[{"$f":"IF(generale!$A3083>0,generale!$A3083,\"\")","v":"2013-06-02"},{"$f":"IF(INDEX(generale!$A$16:$G$4963,MATCH(NGG!$A3073,generale!$A$16:$A$4963,0),COLUMN())=0,0,INDEX(generale!$A$16:$G$4963,MATCH(NGG!$A3073,generale!$A$16:$A$4963,0),COLUMN()))","v":19},{"$f":"IF(INDEX(generale!$A$16:$G$4963,MATCH(NGG!$A3073,generale!$A$16:$A$4963,0),COLUMN())=0,0,INDEX(generale!$A$16:$G$4963,MATCH(NGG!$A3073,generale!$A$16:$A$4963,0),COLUMN()))","v":18},{"$f":"IF(INDEX(generale!$A$16:$G$4963,MATCH(NGG!$A3073,generale!$A$16:$A$4963,0),COLUMN())=0,0,INDEX(generale!$A$16:$G$4963,MATCH(NGG!$A3073,generale!$A$16:$A$4963,0),COLUMN()))","v":8},{"$f":"IF(INDEX(generale!$A$16:$G$4963,MATCH(NGG!$A3073,generale!$A$16:$A$4963,0),COLUMN())=0,0,INDEX(generale!$A$16:$G$4963,MATCH(NGG!$A3073,generale!$A$16:$A$4963,0),COLUMN()))","v":3},{"$f":"IF(INDEX(generale!$A$16:$G$4963,MATCH(NGG!$A3073,generale!$A$16:$A$4963,0),COLUMN())=0,0,INDEX(generale!$A$16:$G$4963,MATCH(NGG!$A3073,generale!$A$16:$A$4963,0),COLUMN()))","v":2},{"$f":"generale!G3083","v":"P"},13,20,43,8,4,6,9,5,1,16,2,3,49,38,17,61,1,1,0,0,null,null,null,null,null,null,null,null,null,null,null,null,null,null,null,null,null,null,null,null,1]
[{"$f":"IF(generale!$A3095>0,generale!$A3095,\"\")","v":"2013-06-15"},{"$f":"IF(INDEX(generale!$A$16:$G$4963,MATCH(NGG!$A3085,generale!$A$16:$A$4963,0),COLUMN())=0,0,INDEX(generale!$A$16:$G$4963,MATCH(NGG!$A3085,generale!$A$16:$A$4963,0),COLUMN()))","v":9},{"$f":"IF(INDEX(generale!$A$16:$G$4963,MATCH(NGG!$A3085,generale!$A$16:$A$4963,0),COLUMN())=0,0,INDEX(generale!$A$16:$G$4963,MATCH(NGG!$A3085,generale!$A$16:$A$4963,0),COLUMN()))","v":2},{"$f":"IF(INDEX(generale!$A$16:$G$4963,MATCH(NGG!$A3085,generale!$A$16:$A$4963,0),COLUMN())=0,0,INDEX(generale!$A$16:$G$4963,MATCH(NGG!$A3085,generale!$A$16:$A$4963,0),COLUMN()))","v":11},{"$f":"IF(INDEX(generale!$A$16:$G$4963,MATCH(NGG!$A3085,generale!$A$16:$A$4963,0),COLUMN())=0,0,INDEX(generale!$A$16:$G$4963,MATCH(NGG!$A3085,generale!$A$16:$A$4963,0),COLUMN()))","v":7},{"$f":"IF(INDEX(generale!$A$16:$G$4963,MATCH(NGG!$A3085,generale!$A$16:$A$4963,0),COLUMN())=0,0,INDEX(generale!$A$16:$G$4963,MATCH(NGG!$A3085,generale!$A$16:$A$4963,0),COLUMN()))","v":16},{"$f":"generale!G3095","v":"T"},25,3,55,20,2,18,21,8,0,28,14,6,61,1,7,4,1,1,0,0,null,null,null,null,null,null,null,null,null,null,null,null,null,null,null,null,null,1,1,1,1]
[{"$f":"IF(generale!$A3102>0,generale!$A3102,\"\")","v":"2013-06-22"},{"$f":"IF(INDEX(generale!$A$16:$G$4963,MATCH(NGG!$A3092,generale!$A$16:$A$4963,0),COLUMN())=0,0,INDEX(generale!$A$16:$G$4963,MATCH(NGG!$A3092,generale!$A$16:$A$4963,0),COLUMN()))","v":16},{"$f":"IF(INDEX(generale!$A$16:$G$4963,MATCH(NGG!$A3092,generale!$A$16:$A$4963,0),COLUMN())=0,0,INDEX(generale!$A$16:$G$4963,MATCH(NGG!$A3092,generale!$A$16:$A$4963,0),COLUMN()))","v":14},{"$f":"IF(INDEX(generale!$A$16:$G$4963,MATCH(NGG!$A3092,generale!$A$16:$A$4963,0),COLUMN())=0,0,INDEX(generale!$A$16:$G$4963,MATCH(NGG!$A3092,generale!$A$16:$A$4963,0),COLUMN()))","v":13},{"$f":"IF(INDEX(generale!$A$16:$G$4963,MATCH(NGG!$A3092,generale!$A$16:$A$4963,0),COLUMN())=0,0,INDEX(generale!$A$16:$G$4963,MATCH(NGG!$A3092,generale!$A$16:$A$4963,0),COLUMN()))","v":12},{"$f":"IF(INDEX(generale!$A$16:$G$4963,MATCH(NGG!$A3092,generale!$A$16:$A$4963,0),COLUMN())=0,0,INDEX(generale!$A$16:$G$4963,MATCH(NGG!$A3092,generale!$A$16:$A$4963,0),COLUMN()))","v":6},{"$f":"generale!G3102","v":"T"},4,10,62,27,5,25,3,15,1,2,21,13,68,8,14,0,1,1,0,0,null,null,null,null,null,null,null,null,null,null,null,null,null,null,null,null,null,1,1,1,1]
[{"$f":"IF(generale!$A3112>0,generale!$A3112,\"\")","v":"2013-07-02"},{"$f":"IF(INDEX(generale!$A$16:$G$4963,MATCH(NGG!$A3102,generale!$A$16:$A$4963,0),COLUMN())=0,0,INDEX(generale!$A$16:$G$4963,MATCH(NGG!$A3102,generale!$A$16:$A$4963,0),COLUMN()))","v":14},{"$f":"IF(INDEX(generale!$A$16:$G$4963,MATCH(NGG!$A3102,generale!$A$16:$A$4963,0),COLUMN())=0,0,INDEX(generale!$A$16:$G$4963,MATCH(NGG!$A3102,generale!$A$16:$A$4963,0),COLUMN()))","v":11},{"$f":"IF(INDEX(generale!$A$16:$G$4963,MATCH(NGG!$A3102,generale!$A$16:$A$4963,0),COLUMN())=0,0,INDEX(generale!$A$16:$G$4963,MATCH(NGG!$A3102,generale!$A$16:$A$4963,0),COLUMN()))","v":3},{"$f":"IF(INDEX(generale!$A$16:$G$4963,MATCH(NGG!$A3102,generale!$A$16:$A$4963,0),COLUMN())=0,0,INDEX(generale!$A$16:$G$4963,MATCH(NGG!$A3102,generale!$A$16:$A$4963,0),COLUMN()))","v":4},{"$f":"IF(INDEX(generale!$A$16:$G$4963,MATCH(NGG!$A3102,generale!$A$16:$A$4963,0),COLUMN())=0,0,INDEX(generale!$A$16:$G$4963,MATCH(NGG!$A3102,generale!$A$16:$A$4963,0),COLUMN()))","v":6},{"$f":"generale!G3112","v":"O"},2,20,72,37,15,8,6,1,11,4,31,23,3,0,24,10,1,1,0,0,null,null,null,null,null,null,null,null,null,null,null,null,null,null,null,null,null,1,1,1,1]
[{"$f":"IF(generale!$A3116>0,generale!$A3116,\"\")","v":"2013-07-06"},{"$f":"IF(INDEX(generale!$A$16:$G$4963,MATCH(NGG!$A3106,generale!$A$16:$A$4963,0),COLUMN())=0,0,INDEX(generale!$A$16:$G$4963,MATCH(NGG!$A3106,generale!$A$16:$A$4963,0),COLUMN()))","v":2},{"$f":"IF(INDEX(generale!$A$16:$G$4963,MATCH(NGG!$A3106,generale!$A$16:$A$4963,0),COLUMN())=0,0,INDEX(generale!$A$16:$G$4963,MATCH(NGG!$A3106,generale!$A$16:$A$4963,0),COLUMN()))","v":10},{"$f":"IF(INDEX(generale!$A$16:$G$4963,MATCH(NGG!$A3106,generale!$A$16:$A$4963,0),COLUMN())=0,0,INDEX(generale!$A$16:$G$4963,MATCH(NGG!$A3106,generale!$A$16:$A$4963,0),COLUMN()))","v":12},{"$f":"IF(INDEX(generale!$A$16:$G$4963,MATCH(NGG!$A3106,generale!$A$16:$A$4963,0),COLUMN())=0,0,INDEX(generale!$A$16:$G$4963,MATCH(NGG!$A3106,generale!$A$16:$A$4963,0),COLUMN()))","v":5},{"$f":"IF(INDEX(generale!$A$16:$G$4963,MATCH(NGG!$A3106,generale!$A$16:$A$4963,0),COLUMN())=0,0,INDEX(generale!$A$16:$G$4963,MATCH(NGG!$A3106,generale!$A$16:$A$4963,0),COLUMN()))","v":13},{"$f":"generale!G3116","v":"T"},6,0,76,41,19,12,10,5,15,8,35,27,1,4,28,14,0,0,0,0,null,null,null,null,null,null,null,null,null,null,null,null,null,null,null,null,null,1,1,1,1]
[{"$f":"IF(generale!$A3132>0,generale!$A3132,\"\")","v":"2013-07-22"},{"$f":"IF(INDEX(generale!$A$16:$G$4963,MATCH(NGG!$A3122,generale!$A$16:$A$4963,0),COLUMN())=0,0,INDEX(generale!$A$16:$G$4963,MATCH(NGG!$A3122,generale!$A$16:$A$4963,0),COLUMN()))","v":12},{"$f":"IF(INDEX(generale!$A$16:$G$4963,MATCH(NGG!$A3122,generale!$A$16:$A$4963,0),COLUMN())=0,0,INDEX(generale!$A$16:$G$4963,MATCH(NGG!$A3122,generale!$A$16:$A$4963,0),COLUMN()))","v":6},{"$f":"IF(INDEX(generale!$A$16:$G$4963,MATCH(NGG!$A3122,generale!$A$16:$A$4963,0),COLUMN())=0,0,INDEX(generale!$A$16:$G$4963,MATCH(NGG!$A3122,generale!$A$16:$A$4963,0),COLUMN()))","v":5},{"$f":"IF(INDEX(generale!$A$16:$G$4963,MATCH(NGG!$A3122,generale!$A$16:$A$4963,0),COLUMN())=0,0,INDEX(generale!$A$16:$G$4963,MATCH(NGG!$A3122,generale!$A$16:$A$4963,0),COLUMN()))","v":2},{"$f":"IF(INDEX(generale!$A$16:$G$4963,MATCH(NGG!$A3122,generale!$A$16:$A$4963,0),COLUMN())=0,0,INDEX(generale!$A$16:$G$4963,MATCH(NGG!$A3122,generale!$A$16:$A$4963,0),COLUMN()))","v":3},{"$f":"generale!G3132","v":"P"},22,16,13,7,15,11,1,4,31,9,3,0,17,20,10,6,0,0,0,0,null,null,null,null,null,null,null,null,null,null,null,null,null,null,null,null,null,1,1,1,1]
[{"$f":"IF(generale!$A3133>0,generale!$A3133,\"\")","v":"2013-07-23"},{"$f":"IF(INDEX(generale!$A$16:$G$4963,MATCH(NGG!$A3123,generale!$A$16:$A$4963,0),COLUMN())=0,0,INDEX(generale!$A$16:$G$4963,MATCH(NGG!$A3123,generale!$A$16:$A$4963,0),COLUMN()))","v":18},{"$f":"IF(INDEX(generale!$A$16:$G$4963,MATCH(NGG!$A3123,generale!$A$16:$A$4963,0),COLUMN())=0,0,INDEX(generale!$A$16:$G$4963,MATCH(NGG!$A3123,generale!$A$16:$A$4963,0),COLUMN()))","v":2},{"$f":"IF(INDEX(generale!$A$16:$G$4963,MATCH(NGG!$A3123,generale!$A$16:$A$4963,0),COLUMN())=0,0,INDEX(generale!$A$16:$G$4963,MATCH(NGG!$A3123,generale!$A$16:$A$4963,0),COLUMN()))","v":12},{"$f":"IF(INDEX(generale!$A$16:$G$4963,MATCH(NGG!$A3123,generale!$A$16:$A$4963,0),COLUMN())=0,0,INDEX(generale!$A$16:$G$4963,MATCH(NGG!$A3123,generale!$A$16:$A$4963,0),COLUMN()))","v":10},{"$f":"IF(INDEX(generale!$A$16:$G$4963,MATCH(NGG!$A3123,generale!$A$16:$A$4963,0),COLUMN())=0,0,INDEX(generale!$A$16:$G$4963,MATCH(NGG!$A3123,generale!$A$16:$A$4963,0),COLUMN()))","v":9},{"$f":"generale!G3133","v":"P"},23,17,14,8,16,12,2,5,32,10,4,1,18,21,11,7,0,0,0,0,null,null,null,null,null,null,null,null,null,null,null,null,null,null,null,null,null,1,1,1,1]
[{"$f":"IF(generale!$A3141>0,generale!$A3141,\"\")","v":"2013-07-31"},{"$f":"IF(INDEX(generale!$A$16:$G$4963,MATCH(NGG!$A3131,generale!$A$16:$A$4963,0),COLUMN())=0,0,INDEX(generale!$A$16:$G$4963,MATCH(NGG!$A3131,generale!$A$16:$A$4963,0),COLUMN()))","v":6},{"$f":"IF(INDEX(generale!$A$16:$G$4963,MATCH(NGG!$A3131,generale!$A$16:$A$4963,0),COLUMN())=0,0,INDEX(generale!$A$16:$G$4963,MATCH(NGG!$A3131,generale!$A$16:$A$4963,0),COLUMN()))","v":10},{"$f":"IF(INDEX(generale!$A$16:$G$4963,MATCH(NGG!$A3131,generale!$A$16:$A$4963,0),COLUMN())=0,0,INDEX(generale!$A$16:$G$4963,MATCH(NGG!$A3131,generale!$A$16:$A$4963,0),COLUMN()))","v":1},{"$f":"IF(INDEX(generale!$A$16:$G$4963,MATCH(NGG!$A3131,generale!$A$16:$A$4963,0),COLUMN())=0,0,INDEX(generale!$A$16:$G$4963,MATCH(NGG!$A3131,generale!$A$16:$A$4963,0),COLUMN()))","v":9},{"$f":"IF(INDEX(generale!$A$16:$G$4963,MATCH(NGG!$A3131,generale!$A$16:$A$4963,0),COLUMN())=0,0,INDEX(generale!$A$16:$G$4963,MATCH(NGG!$A3131,generale!$A$16:$A$4963,0),COLUMN()))","v":2},{"$f":"generale!G3141","v":"T"},2,25,22,7,24,0,10,13,40,6,1,9,26,3,19,15,0,0,0,0,null,null,null,null,null,null,null,null,null,null,null,null,null,null,null,null,null,1,1,1,1]
[{"$f":"IF(generale!$A3153>0,generale!$A3153,\"\")","v":"2013-08-12"},{"$f":"IF(INDEX(generale!$A$16:$G$4963,MATCH(NGG!$A3143,generale!$A$16:$A$4963,0),COLUMN())=0,0,INDEX(generale!$A$16:$G$4963,MATCH(NGG!$A3143,generale!$A$16:$A$4963,0),COLUMN()))","v":14},{"$f":"IF(INDEX(generale!$A$16:$G$4963,MATCH(NGG!$A3143,generale!$A$16:$A$4963,0),COLUMN())=0,0,INDEX(generale!$A$16:$G$4963,MATCH(NGG!$A3143,generale!$A$16:$A$4963,0),COLUMN()))","v":16},{"$f":"IF(INDEX(generale!$A$16:$G$4963,MATCH(NGG!$A3143,generale!$A$16:$A$4963,0),COLUMN())=0,0,INDEX(generale!$A$16:$G$4963,MATCH(NGG!$A3143,generale!$A$16:$A$4963,0),COLUMN()))","v":5},{"$f":"IF(INDEX(generale!$A$16:$G$4963,MATCH(NGG!$A3143,generale!$A$16:$A$4963,0),COLUMN())=0,0,INDEX(generale!$A$16:$G$4963,MATCH(NGG!$A3143,generale!$A$16:$A$4963,0),COLUMN()))","v":6},{"$f":"IF(INDEX(generale!$A$16:$G$4963,MATCH(NGG!$A3143,generale!$A$16:$A$4963,0),COLUMN())=0,0,INDEX(generale!$A$16:$G$4963,MATCH(NGG!$A3143,generale!$A$16:$A$4963,0),COLUMN()))","v":1},{"$f":"generale!G3153","v":"P"},9,5,34,19,36,12,1,4,52,18,3,21,2,0,31,27,0,0,0,0,null,null,null,null,null,null,null,null,null,null,null,null,null,null,null,null,null,1,1,1,1]
[{"$f":"IF(generale!$A3162>0,generale!$A3162,\"\")","v":"2013-08-21"},{"$f":"IF(INDEX(generale!$A$16:$G$4963,MATCH(NGG!$A3152,generale!$A$16:$A$4963,0),COLUMN())=0,0,INDEX(generale!$A$16:$G$4963,MATCH(NGG!$A3152,generale!$A$16:$A$4963,0),COLUMN()))","v":14},{"$f":"IF(INDEX(generale!$A$16:$G$4963,MATCH(NGG!$A3152,generale!$A$16:$A$4963,0),COLUMN())=0,0,INDEX(generale!$A$16:$G$4963,MATCH(NGG!$A3152,generale!$A$16:$A$4963,0),COLUMN()))","v":9},{"$f":"IF(INDEX(generale!$A$16:$G$4963,MATCH(NGG!$A3152,generale!$A$16:$A$4963,0),COLUMN())=0,0,INDEX(generale!$A$16:$G$4963,MATCH(NGG!$A3152,generale!$A$16:$A$4963,0),COLUMN()))","v":3},{"$f":"IF(INDEX(generale!$A$16:$G$4963,MATCH(NGG!$A3152,generale!$A$16:$A$4963,0),COLUMN())=0,0,INDEX(generale!$A$16:$G$4963,MATCH(NGG!$A3152,generale!$A$16:$A$4963,0),COLUMN()))","v":12},{"$f":"IF(INDEX(generale!$A$16:$G$4963,MATCH(NGG!$A3152,generale!$A$16:$A$4963,0),COLUMN())=0,0,INDEX(generale!$A$16:$G$4963,MATCH(NGG!$A3152,generale!$A$16:$A$4963,0),COLUMN()))","v":10},{"$f":"generale!G3162","v":"T"},18,6,43,2,1,21,10,3,5,27,12,30,11,0,4,36,0,0,0,0,null,null,null,null,null,null,null,null,null,null,null,null,null,null,null,null,null,1,1,1,1]
[{"$f":"IF(generale!$A3171>0,generale!$A3171,\"\")","v":"2013-08-30"},{"$f":"IF(INDEX(generale!$A$16:$G$4963,MATCH(NGG!$A3161,generale!$A$16:$A$4963,0),COLUMN())=0,0,INDEX(generale!$A$16:$G$4963,MATCH(NGG!$A3161,generale!$A$16:$A$4963,0),COLUMN()))","v":2},{"$f":"IF(INDEX(generale!$A$16:$G$4963,MATCH(NGG!$A3161,generale!$A$16:$A$4963,0),COLUMN())=0,0,INDEX(generale!$A$16:$G$4963,MATCH(NGG!$A3161,generale!$A$16:$A$4963,0),COLUMN()))","v":6},{"$f":"IF(INDEX(generale!$A$16:$G$4963,MATCH(NGG!$A3161,generale!$A$16:$A$4963,0),COLUMN())=0,0,INDEX(generale!$A$16:$G$4963,MATCH(NGG!$A3161,generale!$A$16:$A$4963,0),COLUMN()))","v":3},{"$f":"IF(INDEX(generale!$A$16:$G$4963,MATCH(NGG!$A3161,generale!$A$16:$A$4963,0),COLUMN())=0,0,INDEX(generale!$A$16:$G$4963,MATCH(NGG!$A3161,generale!$A$16:$A$4963,0),COLUMN()))","v":13},{"$f":"IF(INDEX(generale!$A$16:$G$4963,MATCH(NGG!$A3161,generale!$A$16:$A$4963,0),COLUMN())=0,0,INDEX(generale!$A$16:$G$4963,MATCH(NGG!$A3161,generale!$A$16:$A$4963,0),COLUMN()))","v":5},{"$f":"generale!G3171","v":"T"},3,0,5,11,10,30,19,2,14,36,21,39,7,8,4,45,0,0,0,0,null,null,null,null,null,null,null,null,null,null,null,null,null,null,null,null,null,1,1,1,1]
[{"$f":"IF(generale!$A3183>0,generale!$A3183,\"\")","v":"2013-09-11"},{"$f":"IF(INDEX(generale!$A$16:$G$4963,MATCH(NGG!$A3173,generale!$A$16:$A$4963,0),COLUMN())=0,0,INDEX(generale!$A$16:$G$4963,MATCH(NGG!$A3173,generale!$A$16:$A$4963,0),COLUMN()))","v":12},{"$f":"IF(INDEX(generale!$A$16:$G$4963,MATCH(NGG!$A3173,generale!$A$16:$A$4963,0),COLUMN())=0,0,INDEX(generale!$A$16:$G$4963,MATCH(NGG!$A3173,generale!$A$16:$A$4963,0),COLUMN()))","v":1},{"$f":"IF(INDEX(generale!$A$16:$G$4963,MATCH(NGG!$A3173,generale!$A$16:$A$4963,0),COLUMN())=0,0,INDEX(generale!$A$16:$G$4963,MATCH(NGG!$A3173,generale!$A$16:$A$4963,0),COLUMN()))","v":10},{"$f":"IF(INDEX(generale!$A$16:$G$4963,MATCH(NGG!$A3173,generale!$A$16:$A$4963,0),COLUMN())=0,0,INDEX(generale!$A$16:$G$4963,MATCH(NGG!$A3173,generale!$A$16:$A$4963,0),COLUMN()))","v":15},{"$f":"IF(INDEX(generale!$A$16:$G$4963,MATCH(NGG!$A3173,generale!$A$16:$A$4963,0),COLUMN())=0,0,INDEX(generale!$A$16:$G$4963,MATCH(NGG!$A3173,generale!$A$16:$A$4963,0),COLUMN()))","v":2},{"$f":"generale!G3183","v":"T"},3,5,17,23,22,4,1,14,7,2,33,0,10,20,16,6,0,0,0,0,null,null,null,null,null,null,null,null,null,null,null,null,null,null,null,null,null,1,1,1,1]
[{"$f":"IF(generale!$A3191>0,generale!$A3191,\"\")","v":"2013-09-19"},{"$f":"IF(INDEX(generale!$A$16:$G$4963,MATCH(NGG!$A3181,generale!$A$16:$A$4963,0),COLUMN())=0,0,INDEX(generale!$A$16:$G$4963,MATCH(NGG!$A3181,generale!$A$16:$A$4963,0),COLUMN()))","v":3},{"$f":"IF(INDEX(generale!$A$16:$G$4963,MATCH(NGG!$A3181,generale!$A$16:$A$4963,0),COLUMN())=0,0,INDEX(generale!$A$16:$G$4963,MATCH(NGG!$A3181,generale!$A$16:$A$4963,0),COLUMN()))","v":8},{"$f":"IF(INDEX(generale!$A$16:$G$4963,MATCH(NGG!$A3181,generale!$A$16:$A$4963,0),COLUMN())=0,0,INDEX(generale!$A$16:$G$4963,MATCH(NGG!$A3181,generale!$A$16:$A$4963,0),COLUMN()))","v":4},{"$f":"IF(INDEX(generale!$A$16:$G$4963,MATCH(NGG!$A3181,generale!$A$16:$A$4963,0),COLUMN())=0,0,INDEX(generale!$A$16:$G$4963,MATCH(NGG!$A3181,generale!$A$16:$A$4963,0),COLUMN()))","v":9},{"$f":"IF(INDEX(generale!$A$16:$G$4963,MATCH(NGG!$A3181,generale!$A$16:$A$4963,0),COLUMN())=0,0,INDEX(generale!$A$16:$G$4963,MATCH(NGG!$A3181,generale!$A$16:$A$4963,0),COLUMN()))","v":15},{"$f":"generale!G3191","v":"T"},11,1,0,31,30,5,3,22,15,2,41,8,18,28,24,14,0,0,0,0,null,null,null,null,null,null,null,null,null,null,null,null,null,null,null,null,null,1,1,1,1]
[{"$f":"IF(generale!$A3201>0,generale!$A3201,\"\")","v":"2013-09-29"},{"$f":"IF(INDEX(generale!$A$16:$G$4963,MATCH(NGG!$A3191,generale!$A$16:$A$4963,0),COLUMN())=0,0,INDEX(generale!$A$16:$G$4963,MATCH(NGG!$A3191,generale!$A$16:$A$4963,0),COLUMN()))","v":16},{"$f":"IF(INDEX(generale!$A$16:$G$4963,MATCH(NGG!$A3191,generale!$A$16:$A$4963,0),COLUMN())=0,0,INDEX(generale!$A$16:$G$4963,MATCH(NGG!$A3191,generale!$A$16:$A$4963,0),COLUMN()))","v":14},{"$f":"IF(INDEX(generale!$A$16:$G$4963,MATCH(NGG!$A3191,generale!$A$16:$A$4963,0),COLUMN())=0,0,INDEX(generale!$A$16:$G$4963,MATCH(NGG!$A3191,generale!$A$16:$A$4963,0),COLUMN()))","v":1},{"$f":"IF(INDEX(generale!$A$16:$G$4963,MATCH(NGG!$A3191,generale!$A$16:$A$4963,0),COLUMN())=0,0,INDEX(generale!$A$16:$G$4963,MATCH(NGG!$A3191,generale!$A$16:$A$4963,0),COLUMN()))","v":10},{"$f":"IF(INDEX(generale!$A$16:$G$4963,MATCH(NGG!$A3191,generale!$A$16:$A$4963,0),COLUMN())=0,0,INDEX(generale!$A$16:$G$4963,MATCH(NGG!$A3191,generale!$A$16:$A$4963,0),COLUMN()))","v":2},{"$f":"generale!G3201","v":"T"},2,6,3,41,40,9,8,1,25,12,51,18,28,38,34,0,0,0,0,0,null,null,null,null,null,null,null,null,null,null,null,null,null,null,null,null,null,1,1,1,1]
[{"$f":"IF(generale!$A3204>0,generale!$A3204,\"\")","v":"2013-10-02"},{"$f":"IF(INDEX(generale!$A$16:$G$4963,MATCH(NGG!$A3194,generale!$A$16:$A$4963,0),COLUMN())=0,0,INDEX(generale!$A$16:$G$4963,MATCH(NGG!$A3194,generale!$A$16:$A$4963,0),COLUMN()))","v":12},{"$f":"IF(INDEX(generale!$A$16:$G$4963,MATCH(NGG!$A3194,generale!$A$16:$A$4963,0),COLUMN())=0,0,INDEX(generale!$A$16:$G$4963,MATCH(NGG!$A3194,generale!$A$16:$A$4963,0),COLUMN()))","v":8},{"$f":"IF(INDEX(generale!$A$16:$G$4963,MATCH(NGG!$A3194,generale!$A$16:$A$4963,0),COLUMN())=0,0,INDEX(generale!$A$16:$G$4963,MATCH(NGG!$A3194,generale!$A$16:$A$4963,0),COLUMN()))","v":4},{"$f":"IF(INDEX(generale!$A$16:$G$4963,MATCH(NGG!$A3194,generale!$A$16:$A$4963,0),COLUMN())=0,0,INDEX(generale!$A$16:$G$4963,MATCH(NGG!$A3194,generale!$A$16:$A$4963,0),COLUMN()))","v":6},{"$f":"IF(INDEX(generale!$A$16:$G$4963,MATCH(NGG!$A3194,generale!$A$16:$A$4963,0),COLUMN())=0,0,INDEX(generale!$A$16:$G$4963,MATCH(NGG!$A3194,generale!$A$16:$A$4963,0),COLUMN()))","v":3},{"$f":"generale!G3204","v":"T"},5,1,6,44,43,12,11,4,2,15,54,0,31,41,37,3,0,0,0,0,null,null,null,null,null,null,null,null,null,null,null,null,null,null,null,null,null,1,1,1,1]
[{"$f":"IF(generale!$A3212>0,generale!$A3212,\"\")","v":"2013-10-10"},{"$f":"IF(INDEX(generale!$A$16:$G$4963,MATCH(NGG!$A3202,generale!$A$16:$A$4963,0),COLUMN())=0,0,INDEX(generale!$A$16:$G$4963,MATCH(NGG!$A3202,generale!$A$16:$A$4963,0),COLUMN()))","v":8},{"$f":"IF(INDEX(generale!$A$16:$G$4963,MATCH(NGG!$A3202,generale!$A$16:$A$4963,0),COLUMN())=0,0,INDEX(generale!$A$16:$G$4963,MATCH(NGG!$A3202,generale!$A$16:$A$4963,0),COLUMN()))","v":3},{"$f":"IF(INDEX(generale!$A$16:$G$4963,MATCH(NGG!$A3202,generale!$A$16:$A$4963,0),COLUMN())=0,0,INDEX(generale!$A$16:$G$4963,MATCH(NGG!$A3202,generale!$A$16:$A$4963,0),COLUMN()))","v":5},{"$f":"IF(INDEX(generale!$A$16:$G$4963,MATCH(NGG!$A3202,generale!$A$16:$A$4963,0),COLUMN())=0,0,INDEX(generale!$A$16:$G$4963,MATCH(NGG!$A3202,generale!$A$16:$A$4963,0),COLUMN()))","v":14},{"$f":"IF(INDEX(generale!$A$16:$G$4963,MATCH(NGG!$A3202,generale!$A$16:$A$4963,0),COLUMN())=0,0,INDEX(generale!$A$16:$G$4963,MATCH(NGG!$A3202,generale!$A$16:$A$4963,0),COLUMN()))","v":9},{"$f":"generale!G3212","v":"P"},13,9,14,52,51,20,6,0,10,23,2,8,1,5,3,11,0,0,0,0,null,null,null,null,null,null,null,null,null,null,null,null,null,null,null,null,null,1,1,1,1]
[{"$f":"IF(generale!$A3222>0,generale!$A3222,\"\")","v":"2013-10-20"},{"$f":"IF(INDEX(generale!$A$16:$G$4963,MATCH(NGG!$A3212,generale!$A$16:$A$4963,0),COLUMN())=0,0,INDEX(generale!$A$16:$G$4963,MATCH(NGG!$A3212,generale!$A$16:$A$4963,0),COLUMN()))","v":6},{"$f":"IF(INDEX(generale!$A$16:$G$4963,MATCH(NGG!$A3212,generale!$A$16:$A$4963,0),COLUMN())=0,0,INDEX(generale!$A$16:$G$4963,MATCH(NGG!$A3212,generale!$A$16:$A$4963,0),COLUMN()))","v":12},{"$f":"IF(INDEX(generale!$A$16:$G$4963,MATCH(NGG!$A3212,generale!$A$16:$A$4963,0),COLUMN())=0,0,INDEX(generale!$A$16:$G$4963,MATCH(NGG!$A3212,generale!$A$16:$A$4963,0),COLUMN()))","v":8},{"$f":"IF(INDEX(generale!$A$16:$G$4963,MATCH(NGG!$A3212,generale!$A$16:$A$4963,0),COLUMN())=0,0,INDEX(generale!$A$16:$G$4963,MATCH(NGG!$A3212,generale!$A$16:$A$4963,0),COLUMN()))","v":4},{"$f":"IF(INDEX(generale!$A$16:$G$4963,MATCH(NGG!$A3212,generale!$A$16:$A$4963,0),COLUMN())=0,0,INDEX(generale!$A$16:$G$4963,MATCH(NGG!$A3212,generale!$A$16:$A$4963,0),COLUMN()))","v":14},{"$f":"generale!G3222","v":"P"},23,19,24,62,3,0,16,10,7,8,12,2,1,6,13,5,0,0,0,0,null,null,null,null,null,null,null,null,null,null,null,null,null,null,null,null,null,1,1,1,1]
[{"$f":"IF(generale!$A3234>0,generale!$A3234,\"\")","v":"2013-11-01"},{"$f":"IF(INDEX(generale!$A$16:$G$4963,MATCH(NGG!$A3224,generale!$A$16:$A$4963,0),COLUMN())=0,0,INDEX(generale!$A$16:$G$4963,MATCH(NGG!$A3224,generale!$A$16:$A$4963,0),COLUMN()))","v":9},{"$f":"IF(INDEX(generale!$A$16:$G$4963,MATCH(NGG!$A3224,generale!$A$16:$A$4963,0),COLUMN())=0,0,INDEX(generale!$A$16:$G$4963,MATCH(NGG!$A3224,generale!$A$16:$A$4963,0),COLUMN()))","v":10},{"$f":"IF(INDEX(generale!$A$16:$G$4963,MATCH(NGG!$A3224,generale!$A$16:$A$4963,0),COLUMN())=0,0,INDEX(generale!$A$16:$G$4963,MATCH(NGG!$A3224,generale!$A$16:$A$4963,0),COLUMN()))","v":14},{"$f":"IF(INDEX(generale!$A$16:$G$4963,MATCH(NGG!$A3224,generale!$A$16:$A$4963,0),COLUMN())=0,0,INDEX(generale!$A$16:$G$4963,MATCH(NGG!$A3224,generale!$A$16:$A$4963,0),COLUMN()))","v":11},{"$f":"IF(INDEX(generale!$A$16:$G$4963,MATCH(NGG!$A3224,generale!$A$16:$A$4963,0),COLUMN())=0,0,INDEX(generale!$A$16:$G$4963,MATCH(NGG!$A3224,generale!$A$16:$A$4963,0),COLUMN()))","v":6},{"$f":"generale!G3234","v":"P"},35,11,1,74,15,9,28,5,0,10,2,14,13,4,7,17,0,0,0,0,null,null,null,null,null,null,null,null,null,null,null,null,null,null,null,null,null,1,1,1,1]
[{"$f":"IF(generale!$A3241>0,generale!$A3241,\"\")","v":"2013-11-09"},{"$f":"IF(INDEX(generale!$A$16:$G$4963,MATCH(NGG!$A3231,generale!$A$16:$A$4963,0),COLUMN())=0,0,INDEX(generale!$A$16:$G$4963,MATCH(NGG!$A3231,generale!$A$16:$A$4963,0),COLUMN()))","v":2},{"$f":"IF(INDEX(generale!$A$16:$G$4963,MATCH(NGG!$A3231,generale!$A$16:$A$4963,0),COLUMN())=0,0,INDEX(generale!$A$16:$G$4963,MATCH(NGG!$A3231,generale!$A$16:$A$4963,0),COLUMN()))","v":8},{"$f":"IF(INDEX(generale!$A$16:$G$4963,MATCH(NGG!$A3231,generale!$A$16:$A$4963,0),COLUMN())=0,0,INDEX(generale!$A$16:$G$4963,MATCH(NGG!$A3231,generale!$A$16:$A$4963,0),COLUMN()))","v":16},{"$f":"IF(INDEX(generale!$A$16:$G$4963,MATCH(NGG!$A3231,generale!$A$16:$A$4963,0),COLUMN())=0,0,INDEX(generale!$A$16:$G$4963,MATCH(NGG!$A3231,generale!$A$16:$A$4963,0),COLUMN()))","v":18},{"$f":"IF(INDEX(generale!$A$16:$G$4963,MATCH(NGG!$A3231,generale!$A$16:$A$4963,0),COLUMN())=0,0,INDEX(generale!$A$16:$G$4963,MATCH(NGG!$A3231,generale!$A$16:$A$4963,0),COLUMN()))","v":12},{"$f":"generale!G3241","v":"P"},5,0,8,81,22,6,35,4,7,17,9,3,20,1,14,24,0,0,0,0,null,null,null,null,null,null,null,null,null,null,null,null,null,null,null,null,null,1,1,1,1]
[{"$f":"IF(generale!$A3252>0,generale!$A3252,\"\")","v":"2013-11-20"},{"$f":"IF(INDEX(generale!$A$16:$G$4963,MATCH(NGG!$A3242,generale!$A$16:$A$4963,0),COLUMN())=0,0,INDEX(generale!$A$16:$G$4963,MATCH(NGG!$A3242,generale!$A$16:$A$4963,0),COLUMN()))","v":5},{"$f":"IF(INDEX(generale!$A$16:$G$4963,MATCH(NGG!$A3242,generale!$A$16:$A$4963,0),COLUMN())=0,0,INDEX(generale!$A$16:$G$4963,MATCH(NGG!$A3242,generale!$A$16:$A$4963,0),COLUMN()))","v":6},{"$f":"IF(INDEX(generale!$A$16:$G$4963,MATCH(NGG!$A3242,generale!$A$16:$A$4963,0),COLUMN())=0,0,INDEX(generale!$A$16:$G$4963,MATCH(NGG!$A3242,generale!$A$16:$A$4963,0),COLUMN()))","v":9},{"$f":"IF(INDEX(generale!$A$16:$G$4963,MATCH(NGG!$A3242,generale!$A$16:$A$4963,0),COLUMN())=0,0,INDEX(generale!$A$16:$G$4963,MATCH(NGG!$A3242,generale!$A$16:$A$4963,0),COLUMN()))","v":8},{"$f":"IF(INDEX(generale!$A$16:$G$4963,MATCH(NGG!$A3242,generale!$A$16:$A$4963,0),COLUMN())=0,0,INDEX(generale!$A$16:$G$4963,MATCH(NGG!$A3242,generale!$A$16:$A$4963,0),COLUMN()))","v":14},{"$f":"generale!G3252","v":"T"},16,11,1,2,0,3,9,6,7,28,20,10,31,4,25,35,0,0,0,0,null,null,null,null,null,null,null,null,null,null,null,null,null,null,null,null,null,1,1,1,1]
[{"$f":"IF(generale!$A3260>0,generale!$A3260,\"\")","v":"2013-11-28"},{"$f":"IF(INDEX(generale!$A$16:$G$4963,MATCH(NGG!$A3250,generale!$A$16:$A$4963,0),COLUMN())=0,0,INDEX(generale!$A$16:$G$4963,MATCH(NGG!$A3250,generale!$A$16:$A$4963,0),COLUMN()))","v":2},{"$f":"IF(INDEX(generale!$A$16:$G$4963,MATCH(NGG!$A3250,generale!$A$16:$A$4963,0),COLUMN())=0,0,INDEX(generale!$A$16:$G$4963,MATCH(NGG!$A3250,generale!$A$16:$A$4963,0),COLUMN()))","v":6},{"$f":"IF(INDEX(generale!$A$16:$G$4963,MATCH(NGG!$A3250,generale!$A$16:$A$4963,0),COLUMN())=0,0,INDEX(generale!$A$16:$G$4963,MATCH(NGG!$A3250,generale!$A$16:$A$4963,0),COLUMN()))","v":12},{"$f":"IF(INDEX(generale!$A$16:$G$4963,MATCH(NGG!$A3250,generale!$A$16:$A$4963,0),COLUMN())=0,0,INDEX(generale!$A$16:$G$4963,MATCH(NGG!$A3250,generale!$A$16:$A$4963,0),COLUMN()))","v":3},{"$f":"IF(INDEX(generale!$A$16:$G$4963,MATCH(NGG!$A3250,generale!$A$16:$A$4963,0),COLUMN())=0,0,INDEX(generale!$A$16:$G$4963,MATCH(NGG!$A3250,generale!$A$16:$A$4963,0),COLUMN()))","v":10},{"$f":"generale!G3260","v":"T"},24,0,9,10,8,11,4,14,15,36,28,18,39,5,1,6,0,0,0,0,null,null,null,null,null,null,null,null,null,null,null,null,null,null,null,null,null,1,1,1,1]
[{"$f":"IF(generale!$A3270>0,generale!$A3270,\"\")","v":"2013-12-08"},{"$f":"IF(INDEX(generale!$A$16:$G$4963,MATCH(NGG!$A3260,generale!$A$16:$A$4963,0),COLUMN())=0,0,INDEX(generale!$A$16:$G$4963,MATCH(NGG!$A3260,generale!$A$16:$A$4963,0),COLUMN()))","v":9},{"$f":"IF(INDEX(generale!$A$16:$G$4963,MATCH(NGG!$A3260,generale!$A$16:$A$4963,0),COLUMN())=0,0,INDEX(generale!$A$16:$G$4963,MATCH(NGG!$A3260,generale!$A$16:$A$4963,0),COLUMN()))","v":3},{"$f":"IF(INDEX(generale!$A$16:$G$4963,MATCH(NGG!$A3260,generale!$A$16:$A$4963,0),COLUMN())=0,0,INDEX(generale!$A$16:$G$4963,MATCH(NGG!$A3260,generale!$A$16:$A$4963,0),COLUMN()))","v":6},{"$f":"IF(INDEX(generale!$A$16:$G$4963,MATCH(NGG!$A3260,generale!$A$16:$A$4963,0),COLUMN())=0,0,INDEX(generale!$A$16:$G$4963,MATCH(NGG!$A3260,generale!$A$16:$A$4963,0),COLUMN()))","v":4},{"$f":"IF(INDEX(generale!$A$16:$G$4963,MATCH(NGG!$A3260,generale!$A$16:$A$4963,0),COLUMN())=0,0,INDEX(generale!$A$16:$G$4963,MATCH(NGG!$A3260,generale!$A$16:$A$4963,0),COLUMN()))","v":7},{"$f":"generale!G3270","v":"T"},1,10,19,20,18,21,14,2,0,46,3,4,49,9,11,5,0,0,0,0,null,null,null,null,null,null,null,null,null,null,null,null,null,null,null,null,null,1,1,1,1]
[{"$f":"IF(generale!$A3273>0,generale!$A3273,\"\")","v":"2013-12-11"},{"$f":"IF(INDEX(generale!$A$16:$G$4963,MATCH(NGG!$A3263,generale!$A$16:$A$4963,0),COLUMN())=0,0,INDEX(generale!$A$16:$G$4963,MATCH(NGG!$A3263,generale!$A$16:$A$4963,0),COLUMN()))","v":14},{"$f":"IF(INDEX(generale!$A$16:$G$4963,MATCH(NGG!$A3263,generale!$A$16:$A$4963,0),COLUMN())=0,0,INDEX(generale!$A$16:$G$4963,MATCH(NGG!$A3263,generale!$A$16:$A$4963,0),COLUMN()))","v":18},{"$f":"IF(INDEX(generale!$A$16:$G$4963,MATCH(NGG!$A3263,generale!$A$16:$A$4963,0),COLUMN())=0,0,INDEX(generale!$A$16:$G$4963,MATCH(NGG!$A3263,generale!$A$16:$A$4963,0),COLUMN()))","v":12},{"$f":"IF(INDEX(generale!$A$16:$G$4963,MATCH(NGG!$A3263,generale!$A$16:$A$4963,0),COLUMN())=0,0,INDEX(generale!$A$16:$G$4963,MATCH(NGG!$A3263,generale!$A$16:$A$4963,0),COLUMN()))","v":17},{"$f":"IF(INDEX(generale!$A$16:$G$4963,MATCH(NGG!$A3263,generale!$A$16:$A$4963,0),COLUMN())=0,0,INDEX(generale!$A$16:$G$4963,MATCH(NGG!$A3263,generale!$A$16:$A$4963,0),COLUMN()))","v":19},{"$f":"generale!G3273","v":"T"},4,13,22,23,21,24,17,1,3,49,6,7,52,0,14,2,0,0,0,0,null,null,null,null,null,null,null,null,null,null,null,null,null,null,null,null,null,1,1,1,1]
[{"$f":"IF(generale!$A3281>0,generale!$A3281,\"\")","v":"2013-12-19"},{"$f":"IF(INDEX(generale!$A$16:$G$4963,MATCH(NGG!$A3271,generale!$A$16:$A$4963,0),COLUMN())=0,0,INDEX(generale!$A$16:$G$4963,MATCH(NGG!$A3271,generale!$A$16:$A$4963,0),COLUMN()))","v":8},{"$f":"IF(INDEX(generale!$A$16:$G$4963,MATCH(NGG!$A3271,generale!$A$16:$A$4963,0),COLUMN())=0,0,INDEX(generale!$A$16:$G$4963,MATCH(NGG!$A3271,generale!$A$16:$A$4963,0),COLUMN()))","v":13},{"$f":"IF(INDEX(generale!$A$16:$G$4963,MATCH(NGG!$A3271,generale!$A$16:$A$4963,0),COLUMN())=0,0,INDEX(generale!$A$16:$G$4963,MATCH(NGG!$A3271,generale!$A$16:$A$4963,0),COLUMN()))","v":4},{"$f":"IF(INDEX(generale!$A$16:$G$4963,MATCH(NGG!$A3271,generale!$A$16:$A$4963,0),COLUMN())=0,0,INDEX(generale!$A$16:$G$4963,MATCH(NGG!$A3271,generale!$A$16:$A$4963,0),COLUMN()))","v":14},{"$f":"IF(INDEX(generale!$A$16:$G$4963,MATCH(NGG!$A3271,generale!$A$16:$A$4963,0),COLUMN())=0,0,INDEX(generale!$A$16:$G$4963,MATCH(NGG!$A3271,generale!$A$16:$A$4963,0),COLUMN()))","v":15},{"$f":"generale!G3281","v":"T"},12,21,4,31,29,32,7,0,11,57,1,15,60,8,22,10,1,1,0,0,null,null,null,null,null,null,null,null,null,null,null,null,null,null,null,null,null,1,1,1,1]
[{"$f":"IF(generale!$A3291>0,generale!$A3291,\"\")","v":"2013-12-29"},{"$f":"IF(INDEX(generale!$A$16:$G$4963,MATCH(NGG!$A3281,generale!$A$16:$A$4963,0),COLUMN())=0,0,INDEX(generale!$A$16:$G$4963,MATCH(NGG!$A3281,generale!$A$16:$A$4963,0),COLUMN()))","v":6},{"$f":"IF(INDEX(generale!$A$16:$G$4963,MATCH(NGG!$A3281,generale!$A$16:$A$4963,0),COLUMN())=0,0,INDEX(generale!$A$16:$G$4963,MATCH(NGG!$A3281,generale!$A$16:$A$4963,0),COLUMN()))","v":1},{"$f":"IF(INDEX(generale!$A$16:$G$4963,MATCH(NGG!$A3281,generale!$A$16:$A$4963,0),COLUMN())=0,0,INDEX(generale!$A$16:$G$4963,MATCH(NGG!$A3281,generale!$A$16:$A$4963,0),COLUMN()))","v":11},{"$f":"IF(INDEX(generale!$A$16:$G$4963,MATCH(NGG!$A3281,generale!$A$16:$A$4963,0),COLUMN())=0,0,INDEX(generale!$A$16:$G$4963,MATCH(NGG!$A3281,generale!$A$16:$A$4963,0),COLUMN()))","v":7},{"$f":"IF(INDEX(generale!$A$16:$G$4963,MATCH(NGG!$A3281,generale!$A$16:$A$4963,0),COLUMN())=0,0,INDEX(generale!$A$16:$G$4963,MATCH(NGG!$A3281,generale!$A$16:$A$4963,0),COLUMN()))","v":8},{"$f":"generale!G3291","v":"T"},22,31,14,7,8,0,17,10,21,5,11,25,3,9,2,6,0,1,0,0,null,null,null,null,null,null,null,null,null,null,null,null,null,null,null,null,null,1,1,1,1]
[{"$f":"IF(generale!$A3303>0,generale!$A3303,\"\")","v":"2014-01-10"},{"$f":"IF(INDEX(generale!$A$16:$G$4963,MATCH(NGG!$A3293,generale!$A$16:$A$4963,0),COLUMN())=0,0,INDEX(generale!$A$16:$G$4963,MATCH(NGG!$A3293,generale!$A$16:$A$4963,0),COLUMN()))","v":3},{"$f":"IF(INDEX(generale!$A$16:$G$4963,MATCH(NGG!$A3293,generale!$A$16:$A$4963,0),COLUMN())=0,0,INDEX(generale!$A$16:$G$4963,MATCH(NGG!$A3293,generale!$A$16:$A$4963,0),COLUMN()))","v":8},{"$f":"IF(INDEX(generale!$A$16:$G$4963,MATCH(NGG!$A3293,generale!$A$16:$A$4963,0),COLUMN())=0,0,INDEX(generale!$A$16:$G$4963,MATCH(NGG!$A3293,generale!$A$16:$A$4963,0),COLUMN()))","v":4},{"$f":"IF(INDEX(generale!$A$16:$G$4963,MATCH(NGG!$A3293,generale!$A$16:$A$4963,0),COLUMN())=0,0,INDEX(generale!$A$16:$G$4963,MATCH(NGG!$A3293,generale!$A$16:$A$4963,0),COLUMN()))","v":11},{"$f":"IF(INDEX(generale!$A$16:$G$4963,MATCH(NGG!$A3293,generale!$A$16:$A$4963,0),COLUMN())=0,0,INDEX(generale!$A$16:$G$4963,MATCH(NGG!$A3293,generale!$A$16:$A$4963,0),COLUMN()))","v":10},{"$f":"generale!G3303","v":"T"},11,43,0,19,6,12,29,22,2,17,23,1,15,21,5,7,0,1,0,0,null,null,null,null,null,null,null,null,null,null,null,null,null,null,null,null,null,1,1,1,1]
[{"$f":"IF(generale!$A3310>0,generale!$A3310,\"\")","v":"2014-01-17"},{"$f":"IF(INDEX(generale!$A$16:$G$4963,MATCH(NGG!$A3300,generale!$A$16:$A$4963,0),COLUMN())=0,0,INDEX(generale!$A$16:$G$4963,MATCH(NGG!$A3300,generale!$A$16:$A$4963,0),COLUMN()))","v":9},{"$f":"IF(INDEX(generale!$A$16:$G$4963,MATCH(NGG!$A3300,generale!$A$16:$A$4963,0),COLUMN())=0,0,INDEX(generale!$A$16:$G$4963,MATCH(NGG!$A3300,generale!$A$16:$A$4963,0),COLUMN()))","v":15},{"$f":"IF(INDEX(generale!$A$16:$G$4963,MATCH(NGG!$A3300,generale!$A$16:$A$4963,0),COLUMN())=0,0,INDEX(generale!$A$16:$G$4963,MATCH(NGG!$A3300,generale!$A$16:$A$4963,0),COLUMN()))","v":3},{"$f":"IF(INDEX(generale!$A$16:$G$4963,MATCH(NGG!$A3300,generale!$A$16:$A$4963,0),COLUMN())=0,0,INDEX(generale!$A$16:$G$4963,MATCH(NGG!$A3300,generale!$A$16:$A$4963,0),COLUMN()))","v":4},{"$f":"IF(INDEX(generale!$A$16:$G$4963,MATCH(NGG!$A3300,generale!$A$16:$A$4963,0),COLUMN())=0,0,INDEX(generale!$A$16:$G$4963,MATCH(NGG!$A3300,generale!$A$16:$A$4963,0),COLUMN()))","v":10},{"$f":"generale!G3310","v":"P"},18,50,7,26,13,19,36,3,0,1,5,8,22,28,12,2,0,1,0,0,null,null,null,null,null,null,null,null,null,null,null,null,null,null,null,null,null,1,1,1,1]
[{"$f":"IF(generale!$A3321>0,generale!$A3321,\"\")","v":"2014-01-28"},{"$f":"IF(INDEX(generale!$A$16:$G$4963,MATCH(NGG!$A3311,generale!$A$16:$A$4963,0),COLUMN())=0,0,INDEX(generale!$A$16:$G$4963,MATCH(NGG!$A3311,generale!$A$16:$A$4963,0),COLUMN()))","v":3},{"$f":"IF(INDEX(generale!$A$16:$G$4963,MATCH(NGG!$A3311,generale!$A$16:$A$4963,0),COLUMN())=0,0,INDEX(generale!$A$16:$G$4963,MATCH(NGG!$A3311,generale!$A$16:$A$4963,0),COLUMN()))","v":15},{"$f":"IF(INDEX(generale!$A$16:$G$4963,MATCH(NGG!$A3311,generale!$A$16:$A$4963,0),COLUMN())=0,0,INDEX(generale!$A$16:$G$4963,MATCH(NGG!$A3311,generale!$A$16:$A$4963,0),COLUMN()))","v":14},{"$f":"IF(INDEX(generale!$A$16:$G$4963,MATCH(NGG!$A3311,generale!$A$16:$A$4963,0),COLUMN())=0,0,INDEX(generale!$A$16:$G$4963,MATCH(NGG!$A3311,generale!$A$16:$A$4963,0),COLUMN()))","v":8},{"$f":"IF(INDEX(generale!$A$16:$G$4963,MATCH(NGG!$A3311,generale!$A$16:$A$4963,0),COLUMN())=0,0,INDEX(generale!$A$16:$G$4963,MATCH(NGG!$A3311,generale!$A$16:$A$4963,0),COLUMN()))","v":10},{"$f":"generale!G3321","v":"T"},4,61,0,37,24,30,47,6,7,1,16,19,33,3,23,8,0,0,0,0,null,null,null,null,null,null,null,null,null,null,null,null,null,null,null,null,null,1,1,1,1]
[{"$f":"IF(generale!$A3328>0,generale!$A3328,\"\")","v":"2014-02-04"},{"$f":"IF(INDEX(generale!$A$16:$G$4963,MATCH(NGG!$A3318,generale!$A$16:$A$4963,0),COLUMN())=0,0,INDEX(generale!$A$16:$G$4963,MATCH(NGG!$A3318,generale!$A$16:$A$4963,0),COLUMN()))","v":13},{"$f":"IF(INDEX(generale!$A$16:$G$4963,MATCH(NGG!$A3318,generale!$A$16:$A$4963,0),COLUMN())=0,0,INDEX(generale!$A$16:$G$4963,MATCH(NGG!$A3318,generale!$A$16:$A$4963,0),COLUMN()))","v":17},{"$f":"IF(INDEX(generale!$A$16:$G$4963,MATCH(NGG!$A3318,generale!$A$16:$A$4963,0),COLUMN())=0,0,INDEX(generale!$A$16:$G$4963,MATCH(NGG!$A3318,generale!$A$16:$A$4963,0),COLUMN()))","v":6},{"$f":"IF(INDEX(generale!$A$16:$G$4963,MATCH(NGG!$A3318,generale!$A$16:$A$4963,0),COLUMN())=0,0,INDEX(generale!$A$16:$G$4963,MATCH(NGG!$A3318,generale!$A$16:$A$4963,0),COLUMN()))","v":9},{"$f":"IF(INDEX(generale!$A$16:$G$4963,MATCH(NGG!$A3318,generale!$A$16:$A$4963,0),COLUMN())=0,0,INDEX(generale!$A$16:$G$4963,MATCH(NGG!$A3318,generale!$A$16:$A$4963,0),COLUMN()))","v":14},{"$f":"generale!G3328","v":"T"},11,68,3,1,4,5,54,6,14,2,23,26,0,10,30,15,0,0,0,0,null,null,null,null,null,null,null,null,null,null,null,null,null,null,null,null,null,1,1,1,1]
[{"$f":"IF(generale!$A3339>0,generale!$A3339,\"\")","v":"2014-02-15"},{"$f":"IF(INDEX(generale!$A$16:$G$4963,MATCH(NGG!$A3329,generale!$A$16:$A$4963,0),COLUMN())=0,0,INDEX(generale!$A$16:$G$4963,MATCH(NGG!$A3329,generale!$A$16:$A$4963,0),COLUMN()))","v":7},{"$f":"IF(INDEX(generale!$A$16:$G$4963,MATCH(NGG!$A3329,generale!$A$16:$A$4963,0),COLUMN())=0,0,INDEX(generale!$A$16:$G$4963,MATCH(NGG!$A3329,generale!$A$16:$A$4963,0),COLUMN()))","v":11},{"$f":"IF(INDEX(generale!$A$16:$G$4963,MATCH(NGG!$A3329,generale!$A$16:$A$4963,0),COLUMN())=0,0,INDEX(generale!$A$16:$G$4963,MATCH(NGG!$A3329,generale!$A$16:$A$4963,0),COLUMN()))","v":4},{"$f":"IF(INDEX(generale!$A$16:$G$4963,MATCH(NGG!$A3329,generale!$A$16:$A$4963,0),COLUMN())=0,0,INDEX(generale!$A$16:$G$4963,MATCH(NGG!$A3329,generale!$A$16:$A$4963,0),COLUMN()))","v":12},{"$f":"IF(INDEX(generale!$A$16:$G$4963,MATCH(NGG!$A3329,generale!$A$16:$A$4963,0),COLUMN())=0,0,INDEX(generale!$A$16:$G$4963,MATCH(NGG!$A3329,generale!$A$16:$A$4963,0),COLUMN()))","v":1},{"$f":"generale!G3339","v":"P"},6,5,14,4,15,16,0,17,25,3,34,7,11,9,1,26,0,0,0,0,null,null,null,null,null,null,null,null,null,null,null,null,null,null,null,null,null,1,1,1,1]
[{"$f":"IF(generale!$A3342>0,generale!$A3342,\"\")","v":"2014-02-18"},{"$f":"IF(INDEX(generale!$A$16:$G$4963,MATCH(NGG!$A3332,generale!$A$16:$A$4963,0),COLUMN())=0,0,INDEX(generale!$A$16:$G$4963,MATCH(NGG!$A3332,generale!$A$16:$A$4963,0),COLUMN()))","v":3},{"$f":"IF(INDEX(generale!$A$16:$G$4963,MATCH(NGG!$A3332,generale!$A$16:$A$4963,0),COLUMN())=0,0,INDEX(generale!$A$16:$G$4963,MATCH(NGG!$A3332,generale!$A$16:$A$4963,0),COLUMN()))","v":4},{"$f":"IF(INDEX(generale!$A$16:$G$4963,MATCH(NGG!$A3332,generale!$A$16:$A$4963,0),COLUMN())=0,0,INDEX(generale!$A$16:$G$4963,MATCH(NGG!$A3332,generale!$A$16:$A$4963,0),COLUMN()))","v":14},{"$f":"IF(INDEX(generale!$A$16:$G$4963,MATCH(NGG!$A3332,generale!$A$16:$A$4963,0),COLUMN())=0,0,INDEX(generale!$A$16:$G$4963,MATCH(NGG!$A3332,generale!$A$16:$A$4963,0),COLUMN()))","v":13},{"$f":"IF(INDEX(generale!$A$16:$G$4963,MATCH(NGG!$A3332,generale!$A$16:$A$4963,0),COLUMN())=0,0,INDEX(generale!$A$16:$G$4963,MATCH(NGG!$A3332,generale!$A$16:$A$4963,0),COLUMN()))","v":1},{"$f":"generale!G3342","v":"T"},9,8,0,7,18,19,3,20,28,2,37,10,14,12,4,1,0,0,0,0,null,null,null,null,null,null,null,null,null,null,null,null,null,null,null,null,null,1,1,1,1]
[{"$f":"IF(generale!$A3349>0,generale!$A3349,\"\")","v":"2014-02-25"},{"$f":"IF(INDEX(generale!$A$16:$G$4963,MATCH(NGG!$A3339,generale!$A$16:$A$4963,0),COLUMN())=0,0,INDEX(generale!$A$16:$G$4963,MATCH(NGG!$A3339,generale!$A$16:$A$4963,0),COLUMN()))","v":6},{"$f":"IF(INDEX(generale!$A$16:$G$4963,MATCH(NGG!$A3339,generale!$A$16:$A$4963,0),COLUMN())=0,0,INDEX(generale!$A$16:$G$4963,MATCH(NGG!$A3339,generale!$A$16:$A$4963,0),COLUMN()))","v":12},{"$f":"IF(INDEX(generale!$A$16:$G$4963,MATCH(NGG!$A3339,generale!$A$16:$A$4963,0),COLUMN())=0,0,INDEX(generale!$A$16:$G$4963,MATCH(NGG!$A3339,generale!$A$16:$A$4963,0),COLUMN()))","v":14},{"$f":"IF(INDEX(generale!$A$16:$G$4963,MATCH(NGG!$A3339,generale!$A$16:$A$4963,0),COLUMN())=0,0,INDEX(generale!$A$16:$G$4963,MATCH(NGG!$A3339,generale!$A$16:$A$4963,0),COLUMN()))","v":7},{"$f":"IF(INDEX(generale!$A$16:$G$4963,MATCH(NGG!$A3339,generale!$A$16:$A$4963,0),COLUMN())=0,0,INDEX(generale!$A$16:$G$4963,MATCH(NGG!$A3339,generale!$A$16:$A$4963,0),COLUMN()))","v":1},{"$f":"generale!G3349","v":"O"},16,15,7,1,25,0,3,27,35,4,2,17,21,19,11,8,0,0,0,0,null,null,null,null,null,null,null,null,null,null,null,null,null,null,null,null,null,1,1,1,1]
[{"$f":"IF(generale!$A3360>0,generale!$A3360,\"\")","v":"2014-03-08"},{"$f":"IF(INDEX(generale!$A$16:$G$4963,MATCH(NGG!$A3350,generale!$A$16:$A$4963,0),COLUMN())=0,0,INDEX(generale!$A$16:$G$4963,MATCH(NGG!$A3350,generale!$A$16:$A$4963,0),COLUMN()))","v":12},{"$f":"IF(INDEX(generale!$A$16:$G$4963,MATCH(NGG!$A3350,generale!$A$16:$A$4963,0),COLUMN())=0,0,INDEX(generale!$A$16:$G$4963,MATCH(NGG!$A3350,generale!$A$16:$A$4963,0),COLUMN()))","v":7},{"$f":"IF(INDEX(generale!$A$16:$G$4963,MATCH(NGG!$A3350,generale!$A$16:$A$4963,0),COLUMN())=0,0,INDEX(generale!$A$16:$G$4963,MATCH(NGG!$A3350,generale!$A$16:$A$4963,0),COLUMN()))","v":14},{"$f":"IF(INDEX(generale!$A$16:$G$4963,MATCH(NGG!$A3350,generale!$A$16:$A$4963,0),COLUMN())=0,0,INDEX(generale!$A$16:$G$4963,MATCH(NGG!$A3350,generale!$A$16:$A$4963,0),COLUMN()))","v":4},{"$f":"IF(INDEX(generale!$A$16:$G$4963,MATCH(NGG!$A3350,generale!$A$16:$A$4963,0),COLUMN())=0,0,INDEX(generale!$A$16:$G$4963,MATCH(NGG!$A3350,generale!$A$16:$A$4963,0),COLUMN()))","v":16},{"$f":"generale!G3360","v":"P"},1,26,18,5,7,3,9,38,8,15,13,0,32,30,6,2,0,0,0,0,null,null,null,null,null,null,null,null,null,null,null,null,null,null,null,null,null,1,1,1,1]
[{"$f":"IF(generale!$A3367>0,generale!$A3367,\"\")","v":"2014-03-15"},{"$f":"IF(INDEX(generale!$A$16:$G$4963,MATCH(NGG!$A3357,generale!$A$16:$A$4963,0),COLUMN())=0,0,INDEX(generale!$A$16:$G$4963,MATCH(NGG!$A3357,generale!$A$16:$A$4963,0),COLUMN()))","v":4},{"$f":"IF(INDEX(generale!$A$16:$G$4963,MATCH(NGG!$A3357,generale!$A$16:$A$4963,0),COLUMN())=0,0,INDEX(generale!$A$16:$G$4963,MATCH(NGG!$A3357,generale!$A$16:$A$4963,0),COLUMN()))","v":7},{"$f":"IF(INDEX(generale!$A$16:$G$4963,MATCH(NGG!$A3357,generale!$A$16:$A$4963,0),COLUMN())=0,0,INDEX(generale!$A$16:$G$4963,MATCH(NGG!$A3357,generale!$A$16:$A$4963,0),COLUMN()))","v":14},{"$f":"IF(INDEX(generale!$A$16:$G$4963,MATCH(NGG!$A3357,generale!$A$16:$A$4963,0),COLUMN())=0,0,INDEX(generale!$A$16:$G$4963,MATCH(NGG!$A3357,generale!$A$16:$A$4963,0),COLUMN()))","v":2},{"$f":"IF(INDEX(generale!$A$16:$G$4963,MATCH(NGG!$A3357,generale!$A$16:$A$4963,0),COLUMN())=0,0,INDEX(generale!$A$16:$G$4963,MATCH(NGG!$A3357,generale!$A$16:$A$4963,0),COLUMN()))","v":5},{"$f":"generale!G3367","v":"P"},8,33,25,0,14,1,3,4,15,22,20,7,39,2,13,9,0,0,0,0,null,null,null,null,null,null,null,null,null,null,null,null,null,null,null,null,null,1,1,1,1]
[{"$f":"IF(generale!$A3379>0,generale!$A3379,\"\")","v":"2014-03-27"},{"$f":"IF(INDEX(generale!$A$16:$G$4963,MATCH(NGG!$A3369,generale!$A$16:$A$4963,0),COLUMN())=0,0,INDEX(generale!$A$16:$G$4963,MATCH(NGG!$A3369,generale!$A$16:$A$4963,0),COLUMN()))","v":7},{"$f":"IF(INDEX(generale!$A$16:$G$4963,MATCH(NGG!$A3369,generale!$A$16:$A$4963,0),COLUMN())=0,0,INDEX(generale!$A$16:$G$4963,MATCH(NGG!$A3369,generale!$A$16:$A$4963,0),COLUMN()))","v":6},{"$f":"IF(INDEX(generale!$A$16:$G$4963,MATCH(NGG!$A3369,generale!$A$16:$A$4963,0),COLUMN())=0,0,INDEX(generale!$A$16:$G$4963,MATCH(NGG!$A3369,generale!$A$16:$A$4963,0),COLUMN()))","v":3},{"$f":"IF(INDEX(generale!$A$16:$G$4963,MATCH(NGG!$A3369,generale!$A$16:$A$4963,0),COLUMN())=0,0,INDEX(generale!$A$16:$G$4963,MATCH(NGG!$A3369,generale!$A$16:$A$4963,0),COLUMN()))","v":14},{"$f":"IF(INDEX(generale!$A$16:$G$4963,MATCH(NGG!$A3369,generale!$A$16:$A$4963,0),COLUMN())=0,0,INDEX(generale!$A$16:$G$4963,MATCH(NGG!$A3369,generale!$A$16:$A$4963,0),COLUMN()))","v":5},{"$f":"generale!G3379","v":"P"},20,4,3,2,26,13,0,6,27,7,11,19,51,14,25,21,0,0,0,0,null,null,null,null,null,null,null,null,null,null,null,null,null,null,null,null,null,1,1,1,1]
[{"$f":"IF(generale!$A3389>0,generale!$A3389,\"\")","v":"2014-04-06"},{"$f":"IF(INDEX(generale!$A$16:$G$4963,MATCH(NGG!$A3379,generale!$A$16:$A$4963,0),COLUMN())=0,0,INDEX(generale!$A$16:$G$4963,MATCH(NGG!$A3379,generale!$A$16:$A$4963,0),COLUMN()))","v":10},{"$f":"IF(INDEX(generale!$A$16:$G$4963,MATCH(NGG!$A3379,generale!$A$16:$A$4963,0),COLUMN())=0,0,INDEX(generale!$A$16:$G$4963,MATCH(NGG!$A3379,generale!$A$16:$A$4963,0),COLUMN()))","v":2},{"$f":"IF(INDEX(generale!$A$16:$G$4963,MATCH(NGG!$A3379,generale!$A$16:$A$4963,0),COLUMN())=0,0,INDEX(generale!$A$16:$G$4963,MATCH(NGG!$A3379,generale!$A$16:$A$4963,0),COLUMN()))","v":5},{"$f":"IF(INDEX(generale!$A$16:$G$4963,MATCH(NGG!$A3379,generale!$A$16:$A$4963,0),COLUMN())=0,0,INDEX(generale!$A$16:$G$4963,MATCH(NGG!$A3379,generale!$A$16:$A$4963,0),COLUMN()))","v":16},{"$f":"IF(INDEX(generale!$A$16:$G$4963,MATCH(NGG!$A3379,generale!$A$16:$A$4963,0),COLUMN())=0,0,INDEX(generale!$A$16:$G$4963,MATCH(NGG!$A3379,generale!$A$16:$A$4963,0),COLUMN()))","v":14},{"$f":"generale!G3389","v":"P"},30,1,3,12,36,6,10,7,37,0,21,4,61,24,35,31,0,0,0,0,null,null,null,null,null,null,null,null,null,null,null,null,null,null,null,null,null,1,1,1,1]
[{"$f":"IF(generale!$A3397>0,generale!$A3397,\"\")","v":"2014-04-14"},{"$f":"IF(INDEX(generale!$A$16:$G$4963,MATCH(NGG!$A3387,generale!$A$16:$A$4963,0),COLUMN())=0,0,INDEX(generale!$A$16:$G$4963,MATCH(NGG!$A3387,generale!$A$16:$A$4963,0),COLUMN()))","v":14},{"$f":"IF(INDEX(generale!$A$16:$G$4963,MATCH(NGG!$A3387,generale!$A$16:$A$4963,0),COLUMN())=0,0,INDEX(generale!$A$16:$G$4963,MATCH(NGG!$A3387,generale!$A$16:$A$4963,0),COLUMN()))","v":15},{"$f":"IF(INDEX(generale!$A$16:$G$4963,MATCH(NGG!$A3387,generale!$A$16:$A$4963,0),COLUMN())=0,0,INDEX(generale!$A$16:$G$4963,MATCH(NGG!$A3387,generale!$A$16:$A$4963,0),COLUMN()))","v":7},{"$f":"IF(INDEX(generale!$A$16:$G$4963,MATCH(NGG!$A3387,generale!$A$16:$A$4963,0),COLUMN())=0,0,INDEX(generale!$A$16:$G$4963,MATCH(NGG!$A3387,generale!$A$16:$A$4963,0),COLUMN()))","v":2},{"$f":"IF(INDEX(generale!$A$16:$G$4963,MATCH(NGG!$A3387,generale!$A$16:$A$4963,0),COLUMN())=0,0,INDEX(generale!$A$16:$G$4963,MATCH(NGG!$A3387,generale!$A$16:$A$4963,0),COLUMN()))","v":9},{"$f":"generale!G3397","v":"P"},4,5,11,20,1,14,6,15,45,8,29,3,2,0,43,39,0,0,0,0,null,null,null,null,null,null,null,null,null,null,null,null,null,null,null,null,null,1,1,1,1]
[{"$f":"IF(generale!$A3409>0,generale!$A3409,\"\")","v":"2014-04-26"},{"$f":"IF(INDEX(generale!$A$16:$G$4963,MATCH(NGG!$A3399,generale!$A$16:$A$4963,0),COLUMN())=0,0,INDEX(generale!$A$16:$G$4963,MATCH(NGG!$A3399,generale!$A$16:$A$4963,0),COLUMN()))","v":2},{"$f":"IF(INDEX(generale!$A$16:$G$4963,MATCH(NGG!$A3399,generale!$A$16:$A$4963,0),COLUMN())=0,0,INDEX(generale!$A$16:$G$4963,MATCH(NGG!$A3399,generale!$A$16:$A$4963,0),COLUMN()))","v":13},{"$f":"IF(INDEX(generale!$A$16:$G$4963,MATCH(NGG!$A3399,generale!$A$16:$A$4963,0),COLUMN())=0,0,INDEX(generale!$A$16:$G$4963,MATCH(NGG!$A3399,generale!$A$16:$A$4963,0),COLUMN()))","v":3},{"$f":"IF(INDEX(generale!$A$16:$G$4963,MATCH(NGG!$A3399,generale!$A$16:$A$4963,0),COLUMN())=0,0,INDEX(generale!$A$16:$G$4963,MATCH(NGG!$A3399,generale!$A$16:$A$4963,0),COLUMN()))","v":4},{"$f":"IF(INDEX(generale!$A$16:$G$4963,MATCH(NGG!$A3399,generale!$A$16:$A$4963,0),COLUMN())=0,0,INDEX(generale!$A$16:$G$4963,MATCH(NGG!$A3399,generale!$A$16:$A$4963,0),COLUMN()))","v":1},{"$f":"generale!G3409","v":"O"},1,0,3,2,13,4,18,6,57,20,41,15,9,12,55,51,0,0,0,0,null,null,null,null,null,null,null,null,null,null,null,null,null,null,null,null,null,1,1,1,1]
[{"$f":"IF(generale!$A3410>0,generale!$A3410,\"\")","v":"2014-04-27"},{"$f":"IF(INDEX(generale!$A$16:$G$4963,MATCH(NGG!$A3400,generale!$A$16:$A$4963,0),COLUMN())=0,0,INDEX(generale!$A$16:$G$4963,MATCH(NGG!$A3400,generale!$A$16:$A$4963,0),COLUMN()))","v":7},{"$f":"IF(INDEX(generale!$A$16:$G$4963,MATCH(NGG!$A3400,generale!$A$16:$A$4963,0),COLUMN())=0,0,INDEX(generale!$A$16:$G$4963,MATCH(NGG!$A3400,generale!$A$16:$A$4963,0),COLUMN()))","v":12},{"$f":"IF(INDEX(generale!$A$16:$G$4963,MATCH(NGG!$A3400,generale!$A$16:$A$4963,0),COLUMN())=0,0,INDEX(generale!$A$16:$G$4963,MATCH(NGG!$A3400,generale!$A$16:$A$4963,0),COLUMN()))","v":2},{"$f":"IF(INDEX(generale!$A$16:$G$4963,MATCH(NGG!$A3400,generale!$A$16:$A$4963,0),COLUMN())=0,0,INDEX(generale!$A$16:$G$4963,MATCH(NGG!$A3400,generale!$A$16:$A$4963,0),COLUMN()))","v":5},{"$f":"IF(INDEX(generale!$A$16:$G$4963,MATCH(NGG!$A3400,generale!$A$16:$A$4963,0),COLUMN())=0,0,INDEX(generale!$A$16:$G$4963,MATCH(NGG!$A3400,generale!$A$16:$A$4963,0),COLUMN()))","v":11},{"$f":"generale!G3410","v":"P"},2,1,4,3,14,5,0,7,58,21,42,16,10,13,56,52,0,0,0,0,null,null,null,null,null,null,null,null,null,null,null,null,null,null,null,null,null,1,1,1,1]
[{"$f":"IF(generale!$A3418>0,generale!$A3418,\"\")","v":"2014-05-05"},{"$f":"IF(INDEX(generale!$A$16:$G$4963,MATCH(NGG!$A3408,generale!$A$16:$A$4963,0),COLUMN())=0,0,INDEX(generale!$A$16:$G$4963,MATCH(NGG!$A3408,generale!$A$16:$A$4963,0),COLUMN()))","v":13},{"$f":"IF(INDEX(generale!$A$16:$G$4963,MATCH(NGG!$A3408,generale!$A$16:$A$4963,0),COLUMN())=0,0,INDEX(generale!$A$16:$G$4963,MATCH(NGG!$A3408,generale!$A$16:$A$4963,0),COLUMN()))","v":7},{"$f":"IF(INDEX(generale!$A$16:$G$4963,MATCH(NGG!$A3408,generale!$A$16:$A$4963,0),COLUMN())=0,0,INDEX(generale!$A$16:$G$4963,MATCH(NGG!$A3408,generale!$A$16:$A$4963,0),COLUMN()))","v":11},{"$f":"IF(INDEX(generale!$A$16:$G$4963,MATCH(NGG!$A3408,generale!$A$16:$A$4963,0),COLUMN())=0,0,INDEX(generale!$A$16:$G$4963,MATCH(NGG!$A3408,generale!$A$16:$A$4963,0),COLUMN()))","v":9},{"$f":"IF(INDEX(generale!$A$16:$G$4963,MATCH(NGG!$A3408,generale!$A$16:$A$4963,0),COLUMN())=0,0,INDEX(generale!$A$16:$G$4963,MATCH(NGG!$A3408,generale!$A$16:$A$4963,0),COLUMN()))","v":18},{"$f":"generale!G3418","v":"P"},10,9,12,11,3,13,8,15,4,29,50,1,0,21,64,2,0,0,0,0,null,null,null,null,null,null,null,null,null,null,null,null,null,null,null,null,null,1,1,1,1]
[{"$f":"IF(generale!$A3430>0,generale!$A3430,\"\")","v":"2014-05-17"},{"$f":"IF(INDEX(generale!$A$16:$G$4963,MATCH(NGG!$A3420,generale!$A$16:$A$4963,0),COLUMN())=0,0,INDEX(generale!$A$16:$G$4963,MATCH(NGG!$A3420,generale!$A$16:$A$4963,0),COLUMN()))","v":3},{"$f":"IF(INDEX(generale!$A$16:$G$4963,MATCH(NGG!$A3420,generale!$A$16:$A$4963,0),COLUMN())=0,0,INDEX(generale!$A$16:$G$4963,MATCH(NGG!$A3420,generale!$A$16:$A$4963,0),COLUMN()))","v":11},{"$f":"IF(INDEX(generale!$A$16:$G$4963,MATCH(NGG!$A3420,generale!$A$16:$A$4963,0),COLUMN())=0,0,INDEX(generale!$A$16:$G$4963,MATCH(NGG!$A3420,generale!$A$16:$A$4963,0),COLUMN()))","v":1},{"$f":"IF(INDEX(generale!$A$16:$G$4963,MATCH(NGG!$A3420,generale!$A$16:$A$4963,0),COLUMN())=0,0,INDEX(generale!$A$16:$G$4963,MATCH(NGG!$A3420,generale!$A$16:$A$4963,0),COLUMN()))","v":13},{"$f":"IF(INDEX(generale!$A$16:$G$4963,MATCH(NGG!$A3420,generale!$A$16:$A$4963,0),COLUMN())=0,0,INDEX(generale!$A$16:$G$4963,MATCH(NGG!$A3420,generale!$A$16:$A$4963,0),COLUMN()))","v":14},{"$f":"generale!G3430","v":"P"},6,7,0,23,8,4,20,27,5,9,2,11,12,1,76,3,0,0,0,0,null,null,null,null,null,null,null,null,null,null,null,null,null,null,null,null,null,1,1,1,1]
[{"$f":"IF(generale!$A3439>0,generale!$A3439,\"\")","v":"2014-05-26"},{"$f":"IF(INDEX(generale!$A$16:$G$4963,MATCH(NGG!$A3429,generale!$A$16:$A$4963,0),COLUMN())=0,0,INDEX(generale!$A$16:$G$4963,MATCH(NGG!$A3429,generale!$A$16:$A$4963,0),COLUMN()))","v":3},{"$f":"IF(INDEX(generale!$A$16:$G$4963,MATCH(NGG!$A3429,generale!$A$16:$A$4963,0),COLUMN())=0,0,INDEX(generale!$A$16:$G$4963,MATCH(NGG!$A3429,generale!$A$16:$A$4963,0),COLUMN()))","v":6},{"$f":"IF(INDEX(generale!$A$16:$G$4963,MATCH(NGG!$A3429,generale!$A$16:$A$4963,0),COLUMN())=0,0,INDEX(generale!$A$16:$G$4963,MATCH(NGG!$A3429,generale!$A$16:$A$4963,0),COLUMN()))","v":10},{"$f":"IF(INDEX(generale!$A$16:$G$4963,MATCH(NGG!$A3429,generale!$A$16:$A$4963,0),COLUMN())=0,0,INDEX(generale!$A$16:$G$4963,MATCH(NGG!$A3429,generale!$A$16:$A$4963,0),COLUMN()))","v":7},{"$f":"IF(INDEX(generale!$A$16:$G$4963,MATCH(NGG!$A3429,generale!$A$16:$A$4963,0),COLUMN())=0,0,INDEX(generale!$A$16:$G$4963,MATCH(NGG!$A3429,generale!$A$16:$A$4963,0),COLUMN()))","v":5},{"$f":"generale!G3439","v":"P"},15,16,0,32,1,7,29,3,14,18,6,20,21,10,8,2,0,0,0,0,null,null,null,null,null,null,null,null,null,null,null,null,null,null,null,null,null,1,1,1,1]
[{"$f":"IF(generale!$A3448>0,generale!$A3448,\"\")","v":"2014-06-04"},{"$f":"IF(INDEX(generale!$A$16:$G$4963,MATCH(NGG!$A3438,generale!$A$16:$A$4963,0),COLUMN())=0,0,INDEX(generale!$A$16:$G$4963,MATCH(NGG!$A3438,generale!$A$16:$A$4963,0),COLUMN()))","v":7},{"$f":"IF(INDEX(generale!$A$16:$G$4963,MATCH(NGG!$A3438,generale!$A$16:$A$4963,0),COLUMN())=0,0,INDEX(generale!$A$16:$G$4963,MATCH(NGG!$A3438,generale!$A$16:$A$4963,0),COLUMN()))","v":5},{"$f":"IF(INDEX(generale!$A$16:$G$4963,MATCH(NGG!$A3438,generale!$A$16:$A$4963,0),COLUMN())=0,0,INDEX(generale!$A$16:$G$4963,MATCH(NGG!$A3438,generale!$A$16:$A$4963,0),COLUMN()))","v":18},{"$f":"IF(INDEX(generale!$A$16:$G$4963,MATCH(NGG!$A3438,generale!$A$16:$A$4963,0),COLUMN())=0,0,INDEX(generale!$A$16:$G$4963,MATCH(NGG!$A3438,generale!$A$16:$A$4963,0),COLUMN()))","v":1},{"$f":"IF(INDEX(generale!$A$16:$G$4963,MATCH(NGG!$A3438,generale!$A$16:$A$4963,0),COLUMN())=0,0,INDEX(generale!$A$16:$G$4963,MATCH(NGG!$A3438,generale!$A$16:$A$4963,0),COLUMN()))","v":6},{"$f":"generale!G3448","v":"T"},8,25,9,3,1,7,0,12,23,27,15,29,30,19,17,4,0,0,0,0,null,null,null,null,null,null,null,null,null,null,null,null,null,null,null,null,null,1,1,1,1]
[{"$f":"IF(generale!$A3460>0,generale!$A3460,\"\")","v":"2014-06-16"},{"$f":"IF(INDEX(generale!$A$16:$G$4963,MATCH(NGG!$A3450,generale!$A$16:$A$4963,0),COLUMN())=0,0,INDEX(generale!$A$16:$G$4963,MATCH(NGG!$A3450,generale!$A$16:$A$4963,0),COLUMN()))","v":9},{"$f":"IF(INDEX(generale!$A$16:$G$4963,MATCH(NGG!$A3450,generale!$A$16:$A$4963,0),COLUMN())=0,0,INDEX(generale!$A$16:$G$4963,MATCH(NGG!$A3450,generale!$A$16:$A$4963,0),COLUMN()))","v":1},{"$f":"IF(INDEX(generale!$A$16:$G$4963,MATCH(NGG!$A3450,generale!$A$16:$A$4963,0),COLUMN())=0,0,INDEX(generale!$A$16:$G$4963,MATCH(NGG!$A3450,generale!$A$16:$A$4963,0),COLUMN()))","v":14},{"$f":"IF(INDEX(generale!$A$16:$G$4963,MATCH(NGG!$A3450,generale!$A$16:$A$4963,0),COLUMN())=0,0,INDEX(generale!$A$16:$G$4963,MATCH(NGG!$A3450,generale!$A$16:$A$4963,0),COLUMN()))","v":6},{"$f":"IF(INDEX(generale!$A$16:$G$4963,MATCH(NGG!$A3450,generale!$A$16:$A$4963,0),COLUMN())=0,0,INDEX(generale!$A$16:$G$4963,MATCH(NGG!$A3450,generale!$A$16:$A$4963,0),COLUMN()))","v":17},{"$f":"generale!G3460","v":"T"},20,37,21,1,13,19,4,8,0,3,27,6,5,9,29,7,0,0,0,0,null,null,null,null,null,null,null,null,null,null,null,null,null,null,null,null,null,1,1,1,1]
[{"$f":"IF(generale!$A3468>0,generale!$A3468,\"\")","v":"2014-06-24"},{"$f":"IF(INDEX(generale!$A$16:$G$4963,MATCH(NGG!$A3458,generale!$A$16:$A$4963,0),COLUMN())=0,0,INDEX(generale!$A$16:$G$4963,MATCH(NGG!$A3458,generale!$A$16:$A$4963,0),COLUMN()))","v":17},{"$f":"IF(INDEX(generale!$A$16:$G$4963,MATCH(NGG!$A3458,generale!$A$16:$A$4963,0),COLUMN())=0,0,INDEX(generale!$A$16:$G$4963,MATCH(NGG!$A3458,generale!$A$16:$A$4963,0),COLUMN()))","v":9},{"$f":"IF(INDEX(generale!$A$16:$G$4963,MATCH(NGG!$A3458,generale!$A$16:$A$4963,0),COLUMN())=0,0,INDEX(generale!$A$16:$G$4963,MATCH(NGG!$A3458,generale!$A$16:$A$4963,0),COLUMN()))","v":2},{"$f":"IF(INDEX(generale!$A$16:$G$4963,MATCH(NGG!$A3458,generale!$A$16:$A$4963,0),COLUMN())=0,0,INDEX(generale!$A$16:$G$4963,MATCH(NGG!$A3458,generale!$A$16:$A$4963,0),COLUMN()))","v":14},{"$f":"IF(INDEX(generale!$A$16:$G$4963,MATCH(NGG!$A3458,generale!$A$16:$A$4963,0),COLUMN())=0,0,INDEX(generale!$A$16:$G$4963,MATCH(NGG!$A3458,generale!$A$16:$A$4963,0),COLUMN()))","v":4},{"$f":"generale!G3468","v":"P"},4,45,3,1,7,2,12,16,8,11,35,14,13,17,37,15,0,0,0,0,null,null,null,null,null,null,null,null,null,null,null,null,null,null,null,null,null,1,1,1,1]
[{"$f":"IF(generale!$A3478>0,generale!$A3478,\"\")","v":"2014-07-04"},{"$f":"IF(INDEX(generale!$A$16:$G$4963,MATCH(NGG!$A3468,generale!$A$16:$A$4963,0),COLUMN())=0,0,INDEX(generale!$A$16:$G$4963,MATCH(NGG!$A3468,generale!$A$16:$A$4963,0),COLUMN()))","v":6},{"$f":"IF(INDEX(generale!$A$16:$G$4963,MATCH(NGG!$A3468,generale!$A$16:$A$4963,0),COLUMN())=0,0,INDEX(generale!$A$16:$G$4963,MATCH(NGG!$A3468,generale!$A$16:$A$4963,0),COLUMN()))","v":8},{"$f":"IF(INDEX(generale!$A$16:$G$4963,MATCH(NGG!$A3468,generale!$A$16:$A$4963,0),COLUMN())=0,0,INDEX(generale!$A$16:$G$4963,MATCH(NGG!$A3468,generale!$A$16:$A$4963,0),COLUMN()))","v":11},{"$f":"IF(INDEX(generale!$A$16:$G$4963,MATCH(NGG!$A3468,generale!$A$16:$A$4963,0),COLUMN())=0,0,INDEX(generale!$A$16:$G$4963,MATCH(NGG!$A3468,generale!$A$16:$A$4963,0),COLUMN()))","v":13},{"$f":"IF(INDEX(generale!$A$16:$G$4963,MATCH(NGG!$A3468,generale!$A$16:$A$4963,0),COLUMN())=0,0,INDEX(generale!$A$16:$G$4963,MATCH(NGG!$A3468,generale!$A$16:$A$4963,0),COLUMN()))","v":15},{"$f":"generale!G3478","v":"T"},14,55,13,11,4,0,22,26,18,21,9,8,23,1,5,2,0,0,0,0,null,null,null,null,null,null,null,null,null,null,null,null,null,null,null,null,null,1,1,1,1]
[{"$f":"IF(generale!$A3479>0,generale!$A3479,\"\")","v":"2014-07-05"},{"$f":"IF(INDEX(generale!$A$16:$G$4963,MATCH(NGG!$A3469,generale!$A$16:$A$4963,0),COLUMN())=0,0,INDEX(generale!$A$16:$G$4963,MATCH(NGG!$A3469,generale!$A$16:$A$4963,0),COLUMN()))","v":15},{"$f":"IF(INDEX(generale!$A$16:$G$4963,MATCH(NGG!$A3469,generale!$A$16:$A$4963,0),COLUMN())=0,0,INDEX(generale!$A$16:$G$4963,MATCH(NGG!$A3469,generale!$A$16:$A$4963,0),COLUMN()))","v":1},{"$f":"IF(INDEX(generale!$A$16:$G$4963,MATCH(NGG!$A3469,generale!$A$16:$A$4963,0),COLUMN())=0,0,INDEX(generale!$A$16:$G$4963,MATCH(NGG!$A3469,generale!$A$16:$A$4963,0),COLUMN()))","v":5},{"$f":"IF(INDEX(generale!$A$16:$G$4963,MATCH(NGG!$A3469,generale!$A$16:$A$4963,0),COLUMN())=0,0,INDEX(generale!$A$16:$G$4963,MATCH(NGG!$A3469,generale!$A$16:$A$4963,0),COLUMN()))","v":13},{"$f":"IF(INDEX(generale!$A$16:$G$4963,MATCH(NGG!$A3469,generale!$A$16:$A$4963,0),COLUMN())=0,0,INDEX(generale!$A$16:$G$4963,MATCH(NGG!$A3469,generale!$A$16:$A$4963,0),COLUMN()))","v":6},{"$f":"generale!G3479","v":"T"},15,56,14,12,5,1,23,27,19,22,10,9,24,2,0,3,0,0,0,0,null,null,null,null,null,null,null,null,null,null,null,null,null,null,null,null,null,1,1,1,1]
[{"$f":"IF(generale!$A3487>0,generale!$A3487,\"\")","v":"2014-07-13"},{"$f":"IF(INDEX(generale!$A$16:$G$4963,MATCH(NGG!$A3477,generale!$A$16:$A$4963,0),COLUMN())=0,0,INDEX(generale!$A$16:$G$4963,MATCH(NGG!$A3477,generale!$A$16:$A$4963,0),COLUMN()))","v":12},{"$f":"IF(INDEX(generale!$A$16:$G$4963,MATCH(NGG!$A3477,generale!$A$16:$A$4963,0),COLUMN())=0,0,INDEX(generale!$A$16:$G$4963,MATCH(NGG!$A3477,generale!$A$16:$A$4963,0),COLUMN()))","v":16},{"$f":"IF(INDEX(generale!$A$16:$G$4963,MATCH(NGG!$A3477,generale!$A$16:$A$4963,0),COLUMN())=0,0,INDEX(generale!$A$16:$G$4963,MATCH(NGG!$A3477,generale!$A$16:$A$4963,0),COLUMN()))","v":15},{"$f":"IF(INDEX(generale!$A$16:$G$4963,MATCH(NGG!$A3477,generale!$A$16:$A$4963,0),COLUMN())=0,0,INDEX(generale!$A$16:$G$4963,MATCH(NGG!$A3477,generale!$A$16:$A$4963,0),COLUMN()))","v":10},{"$f":"IF(INDEX(generale!$A$16:$G$4963,MATCH(NGG!$A3477,generale!$A$16:$A$4963,0),COLUMN())=0,0,INDEX(generale!$A$16:$G$4963,MATCH(NGG!$A3477,generale!$A$16:$A$4963,0),COLUMN()))","v":7},{"$f":"generale!G3487","v":"P"},7,64,22,20,1,9,31,35,5,30,18,0,4,3,6,2,0,0,0,0,null,null,null,null,null,null,null,null,null,null,null,null,null,null,null,null,null,1,1,1,1]
[{"$f":"IF(generale!$A3499>0,generale!$A3499,\"\")","v":"2014-07-25"},{"$f":"IF(INDEX(generale!$A$16:$G$4963,MATCH(NGG!$A3489,generale!$A$16:$A$4963,0),COLUMN())=0,0,INDEX(generale!$A$16:$G$4963,MATCH(NGG!$A3489,generale!$A$16:$A$4963,0),COLUMN()))","v":12},{"$f":"IF(INDEX(generale!$A$16:$G$4963,MATCH(NGG!$A3489,generale!$A$16:$A$4963,0),COLUMN())=0,0,INDEX(generale!$A$16:$G$4963,MATCH(NGG!$A3489,generale!$A$16:$A$4963,0),COLUMN()))","v":11},{"$f":"IF(INDEX(generale!$A$16:$G$4963,MATCH(NGG!$A3489,generale!$A$16:$A$4963,0),COLUMN())=0,0,INDEX(generale!$A$16:$G$4963,MATCH(NGG!$A3489,generale!$A$16:$A$4963,0),COLUMN()))","v":14},{"$f":"IF(INDEX(generale!$A$16:$G$4963,MATCH(NGG!$A3489,generale!$A$16:$A$4963,0),COLUMN())=0,0,INDEX(generale!$A$16:$G$4963,MATCH(NGG!$A3489,generale!$A$16:$A$4963,0),COLUMN()))","v":9},{"$f":"IF(INDEX(generale!$A$16:$G$4963,MATCH(NGG!$A3489,generale!$A$16:$A$4963,0),COLUMN())=0,0,INDEX(generale!$A$16:$G$4963,MATCH(NGG!$A3489,generale!$A$16:$A$4963,0),COLUMN()))","v":8},{"$f":"generale!G3499","v":"T"},10,76,1,4,3,9,5,47,17,6,30,0,16,15,18,14,0,0,0,0,null,null,null,null,null,null,null,null,null,null,null,null,null,null,null,null,null,1,1,1,1]
[{"$f":"IF(generale!$A3508>0,generale!$A3508,\"\")","v":"2014-08-03"},{"$f":"IF(INDEX(generale!$A$16:$G$4963,MATCH(NGG!$A3498,generale!$A$16:$A$4963,0),COLUMN())=0,0,INDEX(generale!$A$16:$G$4963,MATCH(NGG!$A3498,generale!$A$16:$A$4963,0),COLUMN()))","v":12},{"$f":"IF(INDEX(generale!$A$16:$G$4963,MATCH(NGG!$A3498,generale!$A$16:$A$4963,0),COLUMN())=0,0,INDEX(generale!$A$16:$G$4963,MATCH(NGG!$A3498,generale!$A$16:$A$4963,0),COLUMN()))","v":10},{"$f":"IF(INDEX(generale!$A$16:$G$4963,MATCH(NGG!$A3498,generale!$A$16:$A$4963,0),COLUMN())=0,0,INDEX(generale!$A$16:$G$4963,MATCH(NGG!$A3498,generale!$A$16:$A$4963,0),COLUMN()))","v":15},{"$f":"IF(INDEX(generale!$A$16:$G$4963,MATCH(NGG!$A3498,generale!$A$16:$A$4963,0),COLUMN())=0,0,INDEX(generale!$A$16:$G$4963,MATCH(NGG!$A3498,generale!$A$16:$A$4963,0),COLUMN()))","v":1},{"$f":"IF(INDEX(generale!$A$16:$G$4963,MATCH(NGG!$A3498,generale!$A$16:$A$4963,0),COLUMN())=0,0,INDEX(generale!$A$16:$G$4963,MATCH(NGG!$A3498,generale!$A$16:$A$4963,0),COLUMN()))","v":8},{"$f":"generale!G3508","v":"P"},19,4,3,5,7,2,1,56,26,6,39,0,25,24,8,23,0,0,0,0,null,null,null,null,null,null,null,null,null,null,null,null,null,null,null,null,null,1,1,1,1]
[{"$f":"IF(generale!$A3517>0,generale!$A3517,\"\")","v":"2014-08-12"},{"$f":"IF(INDEX(generale!$A$16:$G$4963,MATCH(NGG!$A3507,generale!$A$16:$A$4963,0),COLUMN())=0,0,INDEX(generale!$A$16:$G$4963,MATCH(NGG!$A3507,generale!$A$16:$A$4963,0),COLUMN()))","v":1},{"$f":"IF(INDEX(generale!$A$16:$G$4963,MATCH(NGG!$A3507,generale!$A$16:$A$4963,0),COLUMN())=0,0,INDEX(generale!$A$16:$G$4963,MATCH(NGG!$A3507,generale!$A$16:$A$4963,0),COLUMN()))","v":2},{"$f":"IF(INDEX(generale!$A$16:$G$4963,MATCH(NGG!$A3507,generale!$A$16:$A$4963,0),COLUMN())=0,0,INDEX(generale!$A$16:$G$4963,MATCH(NGG!$A3507,generale!$A$16:$A$4963,0),COLUMN()))","v":9},{"$f":"IF(INDEX(generale!$A$16:$G$4963,MATCH(NGG!$A3507,generale!$A$16:$A$4963,0),COLUMN())=0,0,INDEX(generale!$A$16:$G$4963,MATCH(NGG!$A3507,generale!$A$16:$A$4963,0),COLUMN()))","v":5},{"$f":"IF(INDEX(generale!$A$16:$G$4963,MATCH(NGG!$A3507,generale!$A$16:$A$4963,0),COLUMN())=0,0,INDEX(generale!$A$16:$G$4963,MATCH(NGG!$A3507,generale!$A$16:$A$4963,0),COLUMN()))","v":10},{"$f":"generale!G3517","v":"P"},0,2,12,14,16,11,10,65,5,15,1,9,34,7,3,8,0,0,0,0,null,null,null,null,null,null,null,null,null,null,null,null,null,null,null,null,null,1,1,1,1]
[{"$f":"IF(generale!$A3529>0,generale!$A3529,\"\")","v":"2014-08-24"},{"$f":"IF(INDEX(generale!$A$16:$G$4963,MATCH(NGG!$A3519,generale!$A$16:$A$4963,0),COLUMN())=0,0,INDEX(generale!$A$16:$G$4963,MATCH(NGG!$A3519,generale!$A$16:$A$4963,0),COLUMN()))","v":7},{"$f":"IF(INDEX(generale!$A$16:$G$4963,MATCH(NGG!$A3519,generale!$A$16:$A$4963,0),COLUMN())=0,0,INDEX(generale!$A$16:$G$4963,MATCH(NGG!$A3519,generale!$A$16:$A$4963,0),COLUMN()))","v":15},{"$f":"IF(INDEX(generale!$A$16:$G$4963,MATCH(NGG!$A3519,generale!$A$16:$A$4963,0),COLUMN())=0,0,INDEX(generale!$A$16:$G$4963,MATCH(NGG!$A3519,generale!$A$16:$A$4963,0),COLUMN()))","v":11},{"$f":"IF(INDEX(generale!$A$16:$G$4963,MATCH(NGG!$A3519,generale!$A$16:$A$4963,0),COLUMN())=0,0,INDEX(generale!$A$16:$G$4963,MATCH(NGG!$A3519,generale!$A$16:$A$4963,0),COLUMN()))","v":5},{"$f":"IF(INDEX(generale!$A$16:$G$4963,MATCH(NGG!$A3519,generale!$A$16:$A$4963,0),COLUMN())=0,0,INDEX(generale!$A$16:$G$4963,MATCH(NGG!$A3519,generale!$A$16:$A$4963,0),COLUMN()))","v":9},{"$f":"generale!G3529","v":"P"},9,4,11,26,28,1,0,77,17,27,7,8,6,3,15,20,0,0,0,0,null,null,null,null,null,null,null,null,null,null,null,null,null,null,null,null,null,1,1,1,1]
[{"$f":"IF(generale!$A3537>0,generale!$A3537,\"\")","v":"2014-09-02"},{"$f":"IF(INDEX(generale!$A$16:$G$4963,MATCH(NGG!$A3527,generale!$A$16:$A$4963,0),COLUMN())=0,0,INDEX(generale!$A$16:$G$4963,MATCH(NGG!$A3527,generale!$A$16:$A$4963,0),COLUMN()))","v":11},{"$f":"IF(INDEX(generale!$A$16:$G$4963,MATCH(NGG!$A3527,generale!$A$16:$A$4963,0),COLUMN())=0,0,INDEX(generale!$A$16:$G$4963,MATCH(NGG!$A3527,generale!$A$16:$A$4963,0),COLUMN()))","v":7},{"$f":"IF(INDEX(generale!$A$16:$G$4963,MATCH(NGG!$A3527,generale!$A$16:$A$4963,0),COLUMN())=0,0,INDEX(generale!$A$16:$G$4963,MATCH(NGG!$A3527,generale!$A$16:$A$4963,0),COLUMN()))","v":14},{"$f":"IF(INDEX(generale!$A$16:$G$4963,MATCH(NGG!$A3527,generale!$A$16:$A$4963,0),COLUMN())=0,0,INDEX(generale!$A$16:$G$4963,MATCH(NGG!$A3527,generale!$A$16:$A$4963,0),COLUMN()))","v":5},{"$f":"IF(INDEX(generale!$A$16:$G$4963,MATCH(NGG!$A3527,generale!$A$16:$A$4963,0),COLUMN())=0,0,INDEX(generale!$A$16:$G$4963,MATCH(NGG!$A3527,generale!$A$16:$A$4963,0),COLUMN()))","v":10},{"$f":"generale!G3537","v":"P"},17,12,19,34,5,9,8,3,25,35,0,16,7,11,4,28,0,0,0,0,null,null,null,null,null,null,null,null,null,null,null,null,null,null,null,null,null,1,1,1,1]
[{"$f":"IF(generale!$A3547>0,generale!$A3547,\"\")","v":"2014-09-12"},{"$f":"IF(INDEX(generale!$A$16:$G$4963,MATCH(NGG!$A3537,generale!$A$16:$A$4963,0),COLUMN())=0,0,INDEX(generale!$A$16:$G$4963,MATCH(NGG!$A3537,generale!$A$16:$A$4963,0),COLUMN()))","v":4},{"$f":"IF(INDEX(generale!$A$16:$G$4963,MATCH(NGG!$A3537,generale!$A$16:$A$4963,0),COLUMN())=0,0,INDEX(generale!$A$16:$G$4963,MATCH(NGG!$A3537,generale!$A$16:$A$4963,0),COLUMN()))","v":3},{"$f":"IF(INDEX(generale!$A$16:$G$4963,MATCH(NGG!$A3537,generale!$A$16:$A$4963,0),COLUMN())=0,0,INDEX(generale!$A$16:$G$4963,MATCH(NGG!$A3537,generale!$A$16:$A$4963,0),COLUMN()))","v":8},{"$f":"IF(INDEX(generale!$A$16:$G$4963,MATCH(NGG!$A3537,generale!$A$16:$A$4963,0),COLUMN())=0,0,INDEX(generale!$A$16:$G$4963,MATCH(NGG!$A3537,generale!$A$16:$A$4963,0),COLUMN()))","v":9},{"$f":"IF(INDEX(generale!$A$16:$G$4963,MATCH(NGG!$A3537,generale!$A$16:$A$4963,0),COLUMN())=0,0,INDEX(generale!$A$16:$G$4963,MATCH(NGG!$A3537,generale!$A$16:$A$4963,0),COLUMN()))","v":7},{"$f":"generale!G3547","v":"T"},27,3,29,0,5,19,18,6,2,9,4,1,7,21,14,38,0,0,0,0,null,null,null,null,null,null,null,null,null,null,null,null,null,null,null,null,null,1,1,1,1]
[{"$f":"IF(generale!$A3554>0,generale!$A3554,\"\")","v":"2014-09-19"},{"$f":"IF(INDEX(generale!$A$16:$G$4963,MATCH(NGG!$A3544,generale!$A$16:$A$4963,0),COLUMN())=0,0,INDEX(generale!$A$16:$G$4963,MATCH(NGG!$A3544,generale!$A$16:$A$4963,0),COLUMN()))","v":17},{"$f":"IF(INDEX(generale!$A$16:$G$4963,MATCH(NGG!$A3544,generale!$A$16:$A$4963,0),COLUMN())=0,0,INDEX(generale!$A$16:$G$4963,MATCH(NGG!$A3544,generale!$A$16:$A$4963,0),COLUMN()))","v":18},{"$f":"IF(INDEX(generale!$A$16:$G$4963,MATCH(NGG!$A3544,generale!$A$16:$A$4963,0),COLUMN())=0,0,INDEX(generale!$A$16:$G$4963,MATCH(NGG!$A3544,generale!$A$16:$A$4963,0),COLUMN()))","v":6},{"$f":"IF(INDEX(generale!$A$16:$G$4963,MATCH(NGG!$A3544,generale!$A$16:$A$4963,0),COLUMN())=0,0,INDEX(generale!$A$16:$G$4963,MATCH(NGG!$A3544,generale!$A$16:$A$4963,0),COLUMN()))","v":2},{"$f":"IF(INDEX(generale!$A$16:$G$4963,MATCH(NGG!$A3544,generale!$A$16:$A$4963,0),COLUMN())=0,0,INDEX(generale!$A$16:$G$4963,MATCH(NGG!$A3544,generale!$A$16:$A$4963,0),COLUMN()))","v":10},{"$f":"generale!G3554","v":"T"},34,10,36,3,12,26,25,13,9,16,11,2,1,4,21,45,0,0,0,0,null,null,null,null,null,null,null,null,null,null,null,null,null,null,null,null,null,1,1,1,1]
[{"$f":"IF(generale!$A3558>0,generale!$A3558,\"\")","v":"2014-09-23"},{"$f":"IF(INDEX(generale!$A$16:$G$4963,MATCH(NGG!$A3548,generale!$A$16:$A$4963,0),COLUMN())=0,0,INDEX(generale!$A$16:$G$4963,MATCH(NGG!$A3548,generale!$A$16:$A$4963,0),COLUMN()))","v":4},{"$f":"IF(INDEX(generale!$A$16:$G$4963,MATCH(NGG!$A3548,generale!$A$16:$A$4963,0),COLUMN())=0,0,INDEX(generale!$A$16:$G$4963,MATCH(NGG!$A3548,generale!$A$16:$A$4963,0),COLUMN()))","v":12},{"$f":"IF(INDEX(generale!$A$16:$G$4963,MATCH(NGG!$A3548,generale!$A$16:$A$4963,0),COLUMN())=0,0,INDEX(generale!$A$16:$G$4963,MATCH(NGG!$A3548,generale!$A$16:$A$4963,0),COLUMN()))","v":8},{"$f":"IF(INDEX(generale!$A$16:$G$4963,MATCH(NGG!$A3548,generale!$A$16:$A$4963,0),COLUMN())=0,0,INDEX(generale!$A$16:$G$4963,MATCH(NGG!$A3548,generale!$A$16:$A$4963,0),COLUMN()))","v":3},{"$f":"IF(INDEX(generale!$A$16:$G$4963,MATCH(NGG!$A3548,generale!$A$16:$A$4963,0),COLUMN())=0,0,INDEX(generale!$A$16:$G$4963,MATCH(NGG!$A3548,generale!$A$16:$A$4963,0),COLUMN()))","v":7},{"$f":"generale!G3558","v":"O"},38,14,3,0,16,30,1,17,13,20,15,6,2,8,25,49,0,0,0,0,null,null,null,null,null,null,null,null,null,null,null,null,null,null,null,null,null,1,1,1,1]
[{"$f":"IF(generale!$A3568>0,generale!$A3568,\"\")","v":"2014-10-03"},{"$f":"IF(INDEX(generale!$A$16:$G$4963,MATCH(NGG!$A3558,generale!$A$16:$A$4963,0),COLUMN())=0,0,INDEX(generale!$A$16:$G$4963,MATCH(NGG!$A3558,generale!$A$16:$A$4963,0),COLUMN()))","v":10},{"$f":"IF(INDEX(generale!$A$16:$G$4963,MATCH(NGG!$A3558,generale!$A$16:$A$4963,0),COLUMN())=0,0,INDEX(generale!$A$16:$G$4963,MATCH(NGG!$A3558,generale!$A$16:$A$4963,0),COLUMN()))","v":5},{"$f":"IF(INDEX(generale!$A$16:$G$4963,MATCH(NGG!$A3558,generale!$A$16:$A$4963,0),COLUMN())=0,0,INDEX(generale!$A$16:$G$4963,MATCH(NGG!$A3558,generale!$A$16:$A$4963,0),COLUMN()))","v":6},{"$f":"IF(INDEX(generale!$A$16:$G$4963,MATCH(NGG!$A3558,generale!$A$16:$A$4963,0),COLUMN())=0,0,INDEX(generale!$A$16:$G$4963,MATCH(NGG!$A3558,generale!$A$16:$A$4963,0),COLUMN()))","v":2},{"$f":"IF(INDEX(generale!$A$16:$G$4963,MATCH(NGG!$A3558,generale!$A$16:$A$4963,0),COLUMN())=0,0,INDEX(generale!$A$16:$G$4963,MATCH(NGG!$A3558,generale!$A$16:$A$4963,0),COLUMN()))","v":1},{"$f":"generale!G3568","v":"T"},48,9,13,10,4,5,7,27,1,0,25,6,12,18,35,2,0,0,0,0,null,null,null,null,null,null,null,null,null,null,null,null,null,null,null,null,null,1,1,1,1]
[{"$f":"IF(generale!$A3575>0,generale!$A3575,\"\")","v":"2014-10-10"},{"$f":"IF(INDEX(generale!$A$16:$G$4963,MATCH(NGG!$A3565,generale!$A$16:$A$4963,0),COLUMN())=0,0,INDEX(generale!$A$16:$G$4963,MATCH(NGG!$A3565,generale!$A$16:$A$4963,0),COLUMN()))","v":2},{"$f":"IF(INDEX(generale!$A$16:$G$4963,MATCH(NGG!$A3565,generale!$A$16:$A$4963,0),COLUMN())=0,0,INDEX(generale!$A$16:$G$4963,MATCH(NGG!$A3565,generale!$A$16:$A$4963,0),COLUMN()))","v":6},{"$f":"IF(INDEX(generale!$A$16:$G$4963,MATCH(NGG!$A3565,generale!$A$16:$A$4963,0),COLUMN())=0,0,INDEX(generale!$A$16:$G$4963,MATCH(NGG!$A3565,generale!$A$16:$A$4963,0),COLUMN()))","v":7},{"$f":"IF(INDEX(generale!$A$16:$G$4963,MATCH(NGG!$A3565,generale!$A$16:$A$4963,0),COLUMN())=0,0,INDEX(generale!$A$16:$G$4963,MATCH(NGG!$A3565,generale!$A$16:$A$4963,0),COLUMN()))","v":9},{"$f":"IF(INDEX(generale!$A$16:$G$4963,MATCH(NGG!$A3565,generale!$A$16:$A$4963,0),COLUMN())=0,0,INDEX(generale!$A$16:$G$4963,MATCH(NGG!$A3565,generale!$A$16:$A$4963,0),COLUMN()))","v":16},{"$f":"generale!G3575","v":"T"},55,0,20,17,11,12,14,1,8,7,4,2,19,25,42,9,0,0,0,0,null,null,null,null,null,null,null,null,null,null,null,null,null,null,null,null,null,1,1,1,1]
[{"$f":"IF(generale!$A3587>0,generale!$A3587,\"\")","v":"2014-10-22"},{"$f":"IF(INDEX(generale!$A$16:$G$4963,MATCH(NGG!$A3577,generale!$A$16:$A$4963,0),COLUMN())=0,0,INDEX(generale!$A$16:$G$4963,MATCH(NGG!$A3577,generale!$A$16:$A$4963,0),COLUMN()))","v":16},{"$f":"IF(INDEX(generale!$A$16:$G$4963,MATCH(NGG!$A3577,generale!$A$16:$A$4963,0),COLUMN())=0,0,INDEX(generale!$A$16:$G$4963,MATCH(NGG!$A3577,generale!$A$16:$A$4963,0),COLUMN()))","v":15},{"$f":"IF(INDEX(generale!$A$16:$G$4963,MATCH(NGG!$A3577,generale!$A$16:$A$4963,0),COLUMN())=0,0,INDEX(generale!$A$16:$G$4963,MATCH(NGG!$A3577,generale!$A$16:$A$4963,0),COLUMN()))","v":4},{"$f":"IF(INDEX(generale!$A$16:$G$4963,MATCH(NGG!$A3577,generale!$A$16:$A$4963,0),COLUMN())=0,0,INDEX(generale!$A$16:$G$4963,MATCH(NGG!$A3577,generale!$A$16:$A$4963,0),COLUMN()))","v":9},{"$f":"IF(INDEX(generale!$A$16:$G$4963,MATCH(NGG!$A3577,generale!$A$16:$A$4963,0),COLUMN())=0,0,INDEX(generale!$A$16:$G$4963,MATCH(NGG!$A3577,generale!$A$16:$A$4963,0),COLUMN()))","v":13},{"$f":"generale!G3587","v":"P"},67,3,2,1,10,24,26,13,20,6,16,14,8,37,11,0,0,0,0,0,null,null,null,null,null,null,null,null,null,null,null,null,null,null,null,null,null,1,1,1,1]
[{"$f":"IF(generale!$A3598>0,generale!$A3598,\"\")","v":"2014-11-02"},{"$f":"IF(INDEX(generale!$A$16:$G$4963,MATCH(NGG!$A3588,generale!$A$16:$A$4963,0),COLUMN())=0,0,INDEX(generale!$A$16:$G$4963,MATCH(NGG!$A3588,generale!$A$16:$A$4963,0),COLUMN()))","v":7},{"$f":"IF(INDEX(generale!$A$16:$G$4963,MATCH(NGG!$A3588,generale!$A$16:$A$4963,0),COLUMN())=0,0,INDEX(generale!$A$16:$G$4963,MATCH(NGG!$A3588,generale!$A$16:$A$4963,0),COLUMN()))","v":1},{"$f":"IF(INDEX(generale!$A$16:$G$4963,MATCH(NGG!$A3588,generale!$A$16:$A$4963,0),COLUMN())=0,0,INDEX(generale!$A$16:$G$4963,MATCH(NGG!$A3588,generale!$A$16:$A$4963,0),COLUMN()))","v":3},{"$f":"IF(INDEX(generale!$A$16:$G$4963,MATCH(NGG!$A3588,generale!$A$16:$A$4963,0),COLUMN())=0,0,INDEX(generale!$A$16:$G$4963,MATCH(NGG!$A3588,generale!$A$16:$A$4963,0),COLUMN()))","v":2},{"$f":"IF(INDEX(generale!$A$16:$G$4963,MATCH(NGG!$A3588,generale!$A$16:$A$4963,0),COLUMN())=0,0,INDEX(generale!$A$16:$G$4963,MATCH(NGG!$A3588,generale!$A$16:$A$4963,0),COLUMN()))","v":15},{"$f":"generale!G3598","v":"O"},9,14,13,12,2,1,0,8,4,17,27,25,19,3,22,7,0,0,0,0,null,null,null,null,null,null,null,null,null,null,null,null,null,null,null,null,null,1,1,1,1]
[{"$f":"IF(generale!$A3605>0,generale!$A3605,\"\")","v":"2014-11-09"},{"$f":"IF(INDEX(generale!$A$16:$G$4963,MATCH(NGG!$A3595,generale!$A$16:$A$4963,0),COLUMN())=0,0,INDEX(generale!$A$16:$G$4963,MATCH(NGG!$A3595,generale!$A$16:$A$4963,0),COLUMN()))","v":2},{"$f":"IF(INDEX(generale!$A$16:$G$4963,MATCH(NGG!$A3595,generale!$A$16:$A$4963,0),COLUMN())=0,0,INDEX(generale!$A$16:$G$4963,MATCH(NGG!$A3595,generale!$A$16:$A$4963,0),COLUMN()))","v":7},{"$f":"IF(INDEX(generale!$A$16:$G$4963,MATCH(NGG!$A3595,generale!$A$16:$A$4963,0),COLUMN())=0,0,INDEX(generale!$A$16:$G$4963,MATCH(NGG!$A3595,generale!$A$16:$A$4963,0),COLUMN()))","v":4},{"$f":"IF(INDEX(generale!$A$16:$G$4963,MATCH(NGG!$A3595,generale!$A$16:$A$4963,0),COLUMN())=0,0,INDEX(generale!$A$16:$G$4963,MATCH(NGG!$A3595,generale!$A$16:$A$4963,0),COLUMN()))","v":8},{"$f":"IF(INDEX(generale!$A$16:$G$4963,MATCH(NGG!$A3595,generale!$A$16:$A$4963,0),COLUMN())=0,0,INDEX(generale!$A$16:$G$4963,MATCH(NGG!$A3595,generale!$A$16:$A$4963,0),COLUMN()))","v":15},{"$f":"generale!G3605","v":"O"},16,0,20,3,9,8,7,15,4,24,34,1,5,2,6,14,0,0,0,0,null,null,null,null,null,null,null,null,null,null,null,null,null,null,null,null,null,1,1,1,1]
[{"$f":"IF(generale!$A3616>0,generale!$A3616,\"\")","v":"2014-11-20"},{"$f":"IF(INDEX(generale!$A$16:$G$4963,MATCH(NGG!$A3606,generale!$A$16:$A$4963,0),COLUMN())=0,0,INDEX(generale!$A$16:$G$4963,MATCH(NGG!$A3606,generale!$A$16:$A$4963,0),COLUMN()))","v":1},{"$f":"IF(INDEX(generale!$A$16:$G$4963,MATCH(NGG!$A3606,generale!$A$16:$A$4963,0),COLUMN())=0,0,INDEX(generale!$A$16:$G$4963,MATCH(NGG!$A3606,generale!$A$16:$A$4963,0),COLUMN()))","v":7},{"$f":"IF(INDEX(generale!$A$16:$G$4963,MATCH(NGG!$A3606,generale!$A$16:$A$4963,0),COLUMN())=0,0,INDEX(generale!$A$16:$G$4963,MATCH(NGG!$A3606,generale!$A$16:$A$4963,0),COLUMN()))","v":17},{"$f":"IF(INDEX(generale!$A$16:$G$4963,MATCH(NGG!$A3606,generale!$A$16:$A$4963,0),COLUMN())=0,0,INDEX(generale!$A$16:$G$4963,MATCH(NGG!$A3606,generale!$A$16:$A$4963,0),COLUMN()))","v":5},{"$f":"IF(INDEX(generale!$A$16:$G$4963,MATCH(NGG!$A3606,generale!$A$16:$A$4963,0),COLUMN())=0,0,INDEX(generale!$A$16:$G$4963,MATCH(NGG!$A3606,generale!$A$16:$A$4963,0),COLUMN()))","v":12},{"$f":"generale!G3616","v":"P"},0,11,7,14,20,9,18,6,1,35,45,2,16,13,17,5,0,0,0,0,null,null,null,null,null,null,null,null,null,null,null,null,null,null,null,null,null,1,1,1,1]
[{"$f":"IF(generale!$A3623>0,generale!$A3623,\"\")","v":"2014-11-27"},{"$f":"IF(INDEX(generale!$A$16:$G$4963,MATCH(NGG!$A3613,generale!$A$16:$A$4963,0),COLUMN())=0,0,INDEX(generale!$A$16:$G$4963,MATCH(NGG!$A3613,generale!$A$16:$A$4963,0),COLUMN()))","v":7},{"$f":"IF(INDEX(generale!$A$16:$G$4963,MATCH(NGG!$A3613,generale!$A$16:$A$4963,0),COLUMN())=0,0,INDEX(generale!$A$16:$G$4963,MATCH(NGG!$A3613,generale!$A$16:$A$4963,0),COLUMN()))","v":6},{"$f":"IF(INDEX(generale!$A$16:$G$4963,MATCH(NGG!$A3613,generale!$A$16:$A$4963,0),COLUMN())=0,0,INDEX(generale!$A$16:$G$4963,MATCH(NGG!$A3613,generale!$A$16:$A$4963,0),COLUMN()))","v":14},{"$f":"IF(INDEX(generale!$A$16:$G$4963,MATCH(NGG!$A3613,generale!$A$16:$A$4963,0),COLUMN())=0,0,INDEX(generale!$A$16:$G$4963,MATCH(NGG!$A3613,generale!$A$16:$A$4963,0),COLUMN()))","v":16},{"$f":"IF(INDEX(generale!$A$16:$G$4963,MATCH(NGG!$A3613,generale!$A$16:$A$4963,0),COLUMN())=0,0,INDEX(generale!$A$16:$G$4963,MATCH(NGG!$A3613,generale!$A$16:$A$4963,0),COLUMN()))","v":10},{"$f":"generale!G3623","v":"T"},7,18,14,21,5,16,0,13,1,42,3,9,23,20,24,12,0,0,0,0,null,null,null,null,null,null,null,null,null,null,null,null,null,null,null,null,null,1,1,1,1]
[{"$f":"IF(generale!$A3626>0,generale!$A3626,\"\")","v":"2014-11-30"},{"$f":"IF(INDEX(generale!$A$16:$G$4963,MATCH(NGG!$A3616,generale!$A$16:$A$4963,0),COLUMN())=0,0,INDEX(generale!$A$16:$G$4963,MATCH(NGG!$A3616,generale!$A$16:$A$4963,0),COLUMN()))","v":13},{"$f":"IF(INDEX(generale!$A$16:$G$4963,MATCH(NGG!$A3616,generale!$A$16:$A$4963,0),COLUMN())=0,0,INDEX(generale!$A$16:$G$4963,MATCH(NGG!$A3616,generale!$A$16:$A$4963,0),COLUMN()))","v":5},{"$f":"IF(INDEX(generale!$A$16:$G$4963,MATCH(NGG!$A3616,generale!$A$16:$A$4963,0),COLUMN())=0,0,INDEX(generale!$A$16:$G$4963,MATCH(NGG!$A3616,generale!$A$16:$A$4963,0),COLUMN()))","v":16},{"$f":"IF(INDEX(generale!$A$16:$G$4963,MATCH(NGG!$A3616,generale!$A$16:$A$4963,0),COLUMN())=0,0,INDEX(generale!$A$16:$G$4963,MATCH(NGG!$A3616,generale!$A$16:$A$4963,0),COLUMN()))","v":8},{"$f":"IF(INDEX(generale!$A$16:$G$4963,MATCH(NGG!$A3616,generale!$A$16:$A$4963,0),COLUMN())=0,0,INDEX(generale!$A$16:$G$4963,MATCH(NGG!$A3616,generale!$A$16:$A$4963,0),COLUMN()))","v":10},{"$f":"generale!G3626","v":"T"},10,2,17,24,8,19,3,16,4,45,1,12,0,23,27,15,0,0,0,0,null,null,null,null,null,null,null,null,null,null,null,null,null,null,null,null,null,1,1,1,1]
[{"$f":"IF(generale!$A3637>0,generale!$A3637,\"\")","v":"2014-12-11"},{"$f":"IF(INDEX(generale!$A$16:$G$4963,MATCH(NGG!$A3627,generale!$A$16:$A$4963,0),COLUMN())=0,0,INDEX(generale!$A$16:$G$4963,MATCH(NGG!$A3627,generale!$A$16:$A$4963,0),COLUMN()))","v":3},{"$f":"IF(INDEX(generale!$A$16:$G$4963,MATCH(NGG!$A3627,generale!$A$16:$A$4963,0),COLUMN())=0,0,INDEX(generale!$A$16:$G$4963,MATCH(NGG!$A3627,generale!$A$16:$A$4963,0),COLUMN()))","v":13},{"$f":"IF(INDEX(generale!$A$16:$G$4963,MATCH(NGG!$A3627,generale!$A$16:$A$4963,0),COLUMN())=0,0,INDEX(generale!$A$16:$G$4963,MATCH(NGG!$A3627,generale!$A$16:$A$4963,0),COLUMN()))","v":6},{"$f":"IF(INDEX(generale!$A$16:$G$4963,MATCH(NGG!$A3627,generale!$A$16:$A$4963,0),COLUMN())=0,0,INDEX(generale!$A$16:$G$4963,MATCH(NGG!$A3627,generale!$A$16:$A$4963,0),COLUMN()))","v":14},{"$f":"IF(INDEX(generale!$A$16:$G$4963,MATCH(NGG!$A3627,generale!$A$16:$A$4963,0),COLUMN())=0,0,INDEX(generale!$A$16:$G$4963,MATCH(NGG!$A3627,generale!$A$16:$A$4963,0),COLUMN()))","v":11},{"$f":"generale!G3637","v":"T"},21,13,0,2,19,8,3,4,15,56,6,1,11,5,38,26,0,0,0,0,null,null,null,null,null,null,null,null,null,null,null,null,null,null,null,null,null,1,1,1,1]
[{"$f":"IF(generale!$A3644>0,generale!$A3644,\"\")","v":"2014-12-18"},{"$f":"IF(INDEX(generale!$A$16:$G$4963,MATCH(NGG!$A3634,generale!$A$16:$A$4963,0),COLUMN())=0,0,INDEX(generale!$A$16:$G$4963,MATCH(NGG!$A3634,generale!$A$16:$A$4963,0),COLUMN()))","v":9},{"$f":"IF(INDEX(generale!$A$16:$G$4963,MATCH(NGG!$A3634,generale!$A$16:$A$4963,0),COLUMN())=0,0,INDEX(generale!$A$16:$G$4963,MATCH(NGG!$A3634,generale!$A$16:$A$4963,0),COLUMN()))","v":14},{"$f":"IF(INDEX(generale!$A$16:$G$4963,MATCH(NGG!$A3634,generale!$A$16:$A$4963,0),COLUMN())=0,0,INDEX(generale!$A$16:$G$4963,MATCH(NGG!$A3634,generale!$A$16:$A$4963,0),COLUMN()))","v":11},{"$f":"IF(INDEX(generale!$A$16:$G$4963,MATCH(NGG!$A3634,generale!$A$16:$A$4963,0),COLUMN())=0,0,INDEX(generale!$A$16:$G$4963,MATCH(NGG!$A3634,generale!$A$16:$A$4963,0),COLUMN()))","v":5},{"$f":"IF(INDEX(generale!$A$16:$G$4963,MATCH(NGG!$A3634,generale!$A$16:$A$4963,0),COLUMN())=0,0,INDEX(generale!$A$16:$G$4963,MATCH(NGG!$A3634,generale!$A$16:$A$4963,0),COLUMN()))","v":8},{"$f":"generale!G3644","v":"T"},28,20,4,9,26,15,10,5,0,63,13,6,18,3,45,33,0,0,0,0,null,null,null,null,null,null,null,null,null,null,null,null,null,null,null,null,null,1,1,1,1]
[{"$f":"IF(generale!$A3656>0,generale!$A3656,\"\")","v":"2014-12-30"},{"$f":"IF(INDEX(generale!$A$16:$G$4963,MATCH(NGG!$A3646,generale!$A$16:$A$4963,0),COLUMN())=0,0,INDEX(generale!$A$16:$G$4963,MATCH(NGG!$A3646,generale!$A$16:$A$4963,0),COLUMN()))","v":15},{"$f":"IF(INDEX(generale!$A$16:$G$4963,MATCH(NGG!$A3646,generale!$A$16:$A$4963,0),COLUMN())=0,0,INDEX(generale!$A$16:$G$4963,MATCH(NGG!$A3646,generale!$A$16:$A$4963,0),COLUMN()))","v":7},{"$f":"IF(INDEX(generale!$A$16:$G$4963,MATCH(NGG!$A3646,generale!$A$16:$A$4963,0),COLUMN())=0,0,INDEX(generale!$A$16:$G$4963,MATCH(NGG!$A3646,generale!$A$16:$A$4963,0),COLUMN()))","v":10},{"$f":"IF(INDEX(generale!$A$16:$G$4963,MATCH(NGG!$A3646,generale!$A$16:$A$4963,0),COLUMN())=0,0,INDEX(generale!$A$16:$G$4963,MATCH(NGG!$A3646,generale!$A$16:$A$4963,0),COLUMN()))","v":14},{"$f":"IF(INDEX(generale!$A$16:$G$4963,MATCH(NGG!$A3646,generale!$A$16:$A$4963,0),COLUMN())=0,0,INDEX(generale!$A$16:$G$4963,MATCH(NGG!$A3646,generale!$A$16:$A$4963,0),COLUMN()))","v":1},{"$f":"generale!G3656","v":"T"},40,5,16,21,38,7,8,17,6,3,25,18,30,4,0,45,0,0,0,0,null,null,null,null,null,null,null,null,null,null,null,null,null,null,null,null,null,1,1,1,1]
[{"$f":"IF(generale!$A3666>0,generale!$A3666,\"\")","v":"2015-01-09"},{"$f":"IF(INDEX(generale!$A$16:$G$4963,MATCH(NGG!$A3656,generale!$A$16:$A$4963,0),COLUMN())=0,0,INDEX(generale!$A$16:$G$4963,MATCH(NGG!$A3656,generale!$A$16:$A$4963,0),COLUMN()))","v":8},{"$f":"IF(INDEX(generale!$A$16:$G$4963,MATCH(NGG!$A3656,generale!$A$16:$A$4963,0),COLUMN())=0,0,INDEX(generale!$A$16:$G$4963,MATCH(NGG!$A3656,generale!$A$16:$A$4963,0),COLUMN()))","v":4},{"$f":"IF(INDEX(generale!$A$16:$G$4963,MATCH(NGG!$A3656,generale!$A$16:$A$4963,0),COLUMN())=0,0,INDEX(generale!$A$16:$G$4963,MATCH(NGG!$A3656,generale!$A$16:$A$4963,0),COLUMN()))","v":12},{"$f":"IF(INDEX(generale!$A$16:$G$4963,MATCH(NGG!$A3656,generale!$A$16:$A$4963,0),COLUMN())=0,0,INDEX(generale!$A$16:$G$4963,MATCH(NGG!$A3656,generale!$A$16:$A$4963,0),COLUMN()))","v":15},{"$f":"IF(INDEX(generale!$A$16:$G$4963,MATCH(NGG!$A3656,generale!$A$16:$A$4963,0),COLUMN())=0,0,INDEX(generale!$A$16:$G$4963,MATCH(NGG!$A3656,generale!$A$16:$A$4963,0),COLUMN()))","v":16},{"$f":"generale!G3666","v":"T"},50,6,26,7,8,3,2,0,5,13,35,28,40,4,10,55,0,0,0,0,null,null,null,null,null,null,null,null,null,null,null,null,null,null,null,null,null,1,1,1,1]
[{"$f":"IF(generale!$A3674>0,generale!$A3674,\"\")","v":"2015-01-17"},{"$f":"IF(INDEX(generale!$A$16:$G$4963,MATCH(NGG!$A3664,generale!$A$16:$A$4963,0),COLUMN())=0,0,INDEX(generale!$A$16:$G$4963,MATCH(NGG!$A3664,generale!$A$16:$A$4963,0),COLUMN()))","v":13},{"$f":"IF(INDEX(generale!$A$16:$G$4963,MATCH(NGG!$A3664,generale!$A$16:$A$4963,0),COLUMN())=0,0,INDEX(generale!$A$16:$G$4963,MATCH(NGG!$A3664,generale!$A$16:$A$4963,0),COLUMN()))","v":3},{"$f":"IF(INDEX(generale!$A$16:$G$4963,MATCH(NGG!$A3664,generale!$A$16:$A$4963,0),COLUMN())=0,0,INDEX(generale!$A$16:$G$4963,MATCH(NGG!$A3664,generale!$A$16:$A$4963,0),COLUMN()))","v":11},{"$f":"IF(INDEX(generale!$A$16:$G$4963,MATCH(NGG!$A3664,generale!$A$16:$A$4963,0),COLUMN())=0,0,INDEX(generale!$A$16:$G$4963,MATCH(NGG!$A3664,generale!$A$16:$A$4963,0),COLUMN()))","v":1},{"$f":"IF(INDEX(generale!$A$16:$G$4963,MATCH(NGG!$A3664,generale!$A$16:$A$4963,0),COLUMN())=0,0,INDEX(generale!$A$16:$G$4963,MATCH(NGG!$A3664,generale!$A$16:$A$4963,0),COLUMN()))","v":16},{"$f":"generale!G3674","v":"T"},1,14,34,15,3,11,10,8,13,5,43,36,0,7,18,2,0,0,0,0,null,null,null,null,null,null,null,null,null,null,null,null,null,null,null,null,null,1,1,1,1]
[{"$f":"IF(generale!$A3686>0,generale!$A3686,\"\")","v":"2015-01-29"},{"$f":"IF(INDEX(generale!$A$16:$G$4963,MATCH(NGG!$A3676,generale!$A$16:$A$4963,0),COLUMN())=0,0,INDEX(generale!$A$16:$G$4963,MATCH(NGG!$A3676,generale!$A$16:$A$4963,0),COLUMN()))","v":8},{"$f":"IF(INDEX(generale!$A$16:$G$4963,MATCH(NGG!$A3676,generale!$A$16:$A$4963,0),COLUMN())=0,0,INDEX(generale!$A$16:$G$4963,MATCH(NGG!$A3676,generale!$A$16:$A$4963,0),COLUMN()))","v":17},{"$f":"IF(INDEX(generale!$A$16:$G$4963,MATCH(NGG!$A3676,generale!$A$16:$A$4963,0),COLUMN())=0,0,INDEX(generale!$A$16:$G$4963,MATCH(NGG!$A3676,generale!$A$16:$A$4963,0),COLUMN()))","v":9},{"$f":"IF(INDEX(generale!$A$16:$G$4963,MATCH(NGG!$A3676,generale!$A$16:$A$4963,0),COLUMN())=0,0,INDEX(generale!$A$16:$G$4963,MATCH(NGG!$A3676,generale!$A$16:$A$4963,0),COLUMN()))","v":5},{"$f":"IF(INDEX(generale!$A$16:$G$4963,MATCH(NGG!$A3676,generale!$A$16:$A$4963,0),COLUMN())=0,0,INDEX(generale!$A$16:$G$4963,MATCH(NGG!$A3676,generale!$A$16:$A$4963,0),COLUMN()))","v":2},{"$f":"generale!G3686","v":"T"},13,8,3,1,15,5,22,0,25,17,7,48,12,19,4,14,0,0,0,0,null,null,null,null,null,null,null,null,null,null,null,null,null,null,null,null,null,1,1,1,1]
[{"$f":"IF(generale!$A3687>0,generale!$A3687,\"\")","v":"2015-01-30"},{"$f":"IF(INDEX(generale!$A$16:$G$4963,MATCH(NGG!$A3677,generale!$A$16:$A$4963,0),COLUMN())=0,0,INDEX(generale!$A$16:$G$4963,MATCH(NGG!$A3677,generale!$A$16:$A$4963,0),COLUMN()))","v":12},{"$f":"IF(INDEX(generale!$A$16:$G$4963,MATCH(NGG!$A3677,generale!$A$16:$A$4963,0),COLUMN())=0,0,INDEX(generale!$A$16:$G$4963,MATCH(NGG!$A3677,generale!$A$16:$A$4963,0),COLUMN()))","v":3},{"$f":"IF(INDEX(generale!$A$16:$G$4963,MATCH(NGG!$A3677,generale!$A$16:$A$4963,0),COLUMN())=0,0,INDEX(generale!$A$16:$G$4963,MATCH(NGG!$A3677,generale!$A$16:$A$4963,0),COLUMN()))","v":6},{"$f":"IF(INDEX(generale!$A$16:$G$4963,MATCH(NGG!$A3677,generale!$A$16:$A$4963,0),COLUMN())=0,0,INDEX(generale!$A$16:$G$4963,MATCH(NGG!$A3677,generale!$A$16:$A$4963,0),COLUMN()))","v":2},{"$f":"IF(INDEX(generale!$A$16:$G$4963,MATCH(NGG!$A3677,generale!$A$16:$A$4963,0),COLUMN())=0,0,INDEX(generale!$A$16:$G$4963,MATCH(NGG!$A3677,generale!$A$16:$A$4963,0),COLUMN()))","v":11},{"$f":"generale!G3687","v":"O"},14,9,4,2,16,6,23,1,26,18,8,0,13,20,5,15,0,0,0,0,null,null,null,null,null,null,null,null,null,null,null,null,null,null,null,null,null,1,1,1,1]
[{"$f":"IF(generale!$A3695>0,generale!$A3695,\"\")","v":"2015-02-07"},{"$f":"IF(INDEX(generale!$A$16:$G$4963,MATCH(NGG!$A3685,generale!$A$16:$A$4963,0),COLUMN())=0,0,INDEX(generale!$A$16:$G$4963,MATCH(NGG!$A3685,generale!$A$16:$A$4963,0),COLUMN()))","v":6},{"$f":"IF(INDEX(generale!$A$16:$G$4963,MATCH(NGG!$A3685,generale!$A$16:$A$4963,0),COLUMN())=0,0,INDEX(generale!$A$16:$G$4963,MATCH(NGG!$A3685,generale!$A$16:$A$4963,0),COLUMN()))","v":7},{"$f":"IF(INDEX(generale!$A$16:$G$4963,MATCH(NGG!$A3685,generale!$A$16:$A$4963,0),COLUMN())=0,0,INDEX(generale!$A$16:$G$4963,MATCH(NGG!$A3685,generale!$A$16:$A$4963,0),COLUMN()))","v":5},{"$f":"IF(INDEX(generale!$A$16:$G$4963,MATCH(NGG!$A3685,generale!$A$16:$A$4963,0),COLUMN())=0,0,INDEX(generale!$A$16:$G$4963,MATCH(NGG!$A3685,generale!$A$16:$A$4963,0),COLUMN()))","v":11},{"$f":"IF(INDEX(generale!$A$16:$G$4963,MATCH(NGG!$A3685,generale!$A$16:$A$4963,0),COLUMN())=0,0,INDEX(generale!$A$16:$G$4963,MATCH(NGG!$A3685,generale!$A$16:$A$4963,0),COLUMN()))","v":2},{"$f":"generale!G3695","v":"T"},22,17,12,4,2,0,1,9,34,5,16,8,21,6,13,23,0,0,0,0,null,null,null,null,null,null,null,null,null,null,null,null,null,null,null,null,null,1,1,1,1]
[{"$f":"IF(generale!$A3706>0,generale!$A3706,\"\")","v":"2015-02-18"},{"$f":"IF(INDEX(generale!$A$16:$G$4963,MATCH(NGG!$A3696,generale!$A$16:$A$4963,0),COLUMN())=0,0,INDEX(generale!$A$16:$G$4963,MATCH(NGG!$A3696,generale!$A$16:$A$4963,0),COLUMN()))","v":1},{"$f":"IF(INDEX(generale!$A$16:$G$4963,MATCH(NGG!$A3696,generale!$A$16:$A$4963,0),COLUMN())=0,0,INDEX(generale!$A$16:$G$4963,MATCH(NGG!$A3696,generale!$A$16:$A$4963,0),COLUMN()))","v":11},{"$f":"IF(INDEX(generale!$A$16:$G$4963,MATCH(NGG!$A3696,generale!$A$16:$A$4963,0),COLUMN())=0,0,INDEX(generale!$A$16:$G$4963,MATCH(NGG!$A3696,generale!$A$16:$A$4963,0),COLUMN()))","v":3},{"$f":"IF(INDEX(generale!$A$16:$G$4963,MATCH(NGG!$A3696,generale!$A$16:$A$4963,0),COLUMN())=0,0,INDEX(generale!$A$16:$G$4963,MATCH(NGG!$A3696,generale!$A$16:$A$4963,0),COLUMN()))","v":5},{"$f":"IF(INDEX(generale!$A$16:$G$4963,MATCH(NGG!$A3696,generale!$A$16:$A$4963,0),COLUMN())=0,0,INDEX(generale!$A$16:$G$4963,MATCH(NGG!$A3696,generale!$A$16:$A$4963,0),COLUMN()))","v":10},{"$f":"generale!G3706","v":"P"},0,28,4,3,6,11,12,9,45,16,5,2,32,17,24,34,0,0,0,0,null,null,null,null,null,null,null,null,null,null,null,null,null,null,null,null,null,1,1,1,1]
[{"$f":"IF(generale!$A3713>0,generale!$A3713,\"\")","v":"2015-02-25"},{"$f":"IF(INDEX(generale!$A$16:$G$4963,MATCH(NGG!$A3703,generale!$A$16:$A$4963,0),COLUMN())=0,0,INDEX(generale!$A$16:$G$4963,MATCH(NGG!$A3703,generale!$A$16:$A$4963,0),COLUMN()))","v":1},{"$f":"IF(INDEX(generale!$A$16:$G$4963,MATCH(NGG!$A3703,generale!$A$16:$A$4963,0),COLUMN())=0,0,INDEX(generale!$A$16:$G$4963,MATCH(NGG!$A3703,generale!$A$16:$A$4963,0),COLUMN()))","v":5},{"$f":"IF(INDEX(generale!$A$16:$G$4963,MATCH(NGG!$A3703,generale!$A$16:$A$4963,0),COLUMN())=0,0,INDEX(generale!$A$16:$G$4963,MATCH(NGG!$A3703,generale!$A$16:$A$4963,0),COLUMN()))","v":11},{"$f":"IF(INDEX(generale!$A$16:$G$4963,MATCH(NGG!$A3703,generale!$A$16:$A$4963,0),COLUMN())=0,0,INDEX(generale!$A$16:$G$4963,MATCH(NGG!$A3703,generale!$A$16:$A$4963,0),COLUMN()))","v":4},{"$f":"IF(INDEX(generale!$A$16:$G$4963,MATCH(NGG!$A3703,generale!$A$16:$A$4963,0),COLUMN())=0,0,INDEX(generale!$A$16:$G$4963,MATCH(NGG!$A3703,generale!$A$16:$A$4963,0),COLUMN()))","v":13},{"$f":"generale!G3713","v":"T"},0,3,11,1,13,18,19,16,52,23,4,2,39,6,31,41,0,0,0,0,null,null,null,null,null,null,null,null,null,null,null,null,null,null,null,null,null,1,1,1,1]
[{"$f":"IF(generale!$A3725>0,generale!$A3725,\"\")","v":"2015-03-09"},{"$f":"IF(INDEX(generale!$A$16:$G$4963,MATCH(NGG!$A3715,generale!$A$16:$A$4963,0),COLUMN())=0,0,INDEX(generale!$A$16:$G$4963,MATCH(NGG!$A3715,generale!$A$16:$A$4963,0),COLUMN()))","v":10},{"$f":"IF(INDEX(generale!$A$16:$G$4963,MATCH(NGG!$A3715,generale!$A$16:$A$4963,0),COLUMN())=0,0,INDEX(generale!$A$16:$G$4963,MATCH(NGG!$A3715,generale!$A$16:$A$4963,0),COLUMN()))","v":7},{"$f":"IF(INDEX(generale!$A$16:$G$4963,MATCH(NGG!$A3715,generale!$A$16:$A$4963,0),COLUMN())=0,0,INDEX(generale!$A$16:$G$4963,MATCH(NGG!$A3715,generale!$A$16:$A$4963,0),COLUMN()))","v":13},{"$f":"IF(INDEX(generale!$A$16:$G$4963,MATCH(NGG!$A3715,generale!$A$16:$A$4963,0),COLUMN())=0,0,INDEX(generale!$A$16:$G$4963,MATCH(NGG!$A3715,generale!$A$16:$A$4963,0),COLUMN()))","v":12},{"$f":"IF(INDEX(generale!$A$16:$G$4963,MATCH(NGG!$A3715,generale!$A$16:$A$4963,0),COLUMN())=0,0,INDEX(generale!$A$16:$G$4963,MATCH(NGG!$A3715,generale!$A$16:$A$4963,0),COLUMN()))","v":16},{"$f":"generale!G3725","v":"P"},8,6,23,2,9,30,1,28,10,0,5,14,51,7,3,11,0,0,0,0,null,null,null,null,null,null,null,null,null,null,null,null,null,null,null,null,null,1,1,1,1]
[{"$f":"IF(generale!$A3735>0,generale!$A3735,\"\")","v":"2015-03-19"},{"$f":"IF(INDEX(generale!$A$16:$G$4963,MATCH(NGG!$A3725,generale!$A$16:$A$4963,0),COLUMN())=0,0,INDEX(generale!$A$16:$G$4963,MATCH(NGG!$A3725,generale!$A$16:$A$4963,0),COLUMN()))","v":4},{"$f":"IF(INDEX(generale!$A$16:$G$4963,MATCH(NGG!$A3725,generale!$A$16:$A$4963,0),COLUMN())=0,0,INDEX(generale!$A$16:$G$4963,MATCH(NGG!$A3725,generale!$A$16:$A$4963,0),COLUMN()))","v":14},{"$f":"IF(INDEX(generale!$A$16:$G$4963,MATCH(NGG!$A3725,generale!$A$16:$A$4963,0),COLUMN())=0,0,INDEX(generale!$A$16:$G$4963,MATCH(NGG!$A3725,generale!$A$16:$A$4963,0),COLUMN()))","v":15},{"$f":"IF(INDEX(generale!$A$16:$G$4963,MATCH(NGG!$A3725,generale!$A$16:$A$4963,0),COLUMN())=0,0,INDEX(generale!$A$16:$G$4963,MATCH(NGG!$A3725,generale!$A$16:$A$4963,0),COLUMN()))","v":10},{"$f":"IF(INDEX(generale!$A$16:$G$4963,MATCH(NGG!$A3725,generale!$A$16:$A$4963,0),COLUMN())=0,0,INDEX(generale!$A$16:$G$4963,MATCH(NGG!$A3725,generale!$A$16:$A$4963,0),COLUMN()))","v":2},{"$f":"generale!G3735","v":"P"},18,1,33,0,19,40,2,9,4,10,6,24,61,17,8,21,0,0,0,0,null,null,null,null,null,null,null,null,null,null,null,null,null,null,null,null,null,1,1,1,1]
[{"$f":"IF(generale!$A3743>0,generale!$A3743,\"\")","v":"2015-03-27"},{"$f":"IF(INDEX(generale!$A$16:$G$4963,MATCH(NGG!$A3733,generale!$A$16:$A$4963,0),COLUMN())=0,0,INDEX(generale!$A$16:$G$4963,MATCH(NGG!$A3733,generale!$A$16:$A$4963,0),COLUMN()))","v":6},{"$f":"IF(INDEX(generale!$A$16:$G$4963,MATCH(NGG!$A3733,generale!$A$16:$A$4963,0),COLUMN())=0,0,INDEX(generale!$A$16:$G$4963,MATCH(NGG!$A3733,generale!$A$16:$A$4963,0),COLUMN()))","v":16},{"$f":"IF(INDEX(generale!$A$16:$G$4963,MATCH(NGG!$A3733,generale!$A$16:$A$4963,0),COLUMN())=0,0,INDEX(generale!$A$16:$G$4963,MATCH(NGG!$A3733,generale!$A$16:$A$4963,0),COLUMN()))","v":3},{"$f":"IF(INDEX(generale!$A$16:$G$4963,MATCH(NGG!$A3733,generale!$A$16:$A$4963,0),COLUMN())=0,0,INDEX(generale!$A$16:$G$4963,MATCH(NGG!$A3733,generale!$A$16:$A$4963,0),COLUMN()))","v":18},{"$f":"IF(INDEX(generale!$A$16:$G$4963,MATCH(NGG!$A3733,generale!$A$16:$A$4963,0),COLUMN())=0,0,INDEX(generale!$A$16:$G$4963,MATCH(NGG!$A3733,generale!$A$16:$A$4963,0),COLUMN()))","v":10},{"$f":"generale!G3743","v":"T"},26,9,7,8,27,0,10,17,12,5,14,32,69,3,16,29,0,0,0,0,null,null,null,null,null,null,null,null,null,null,null,null,null,null,null,null,null,1,1,1,1]
[{"$f":"IF(generale!$A3755>0,generale!$A3755,\"\")","v":"2015-04-08"},{"$f":"IF(INDEX(generale!$A$16:$G$4963,MATCH(NGG!$A3745,generale!$A$16:$A$4963,0),COLUMN())=0,0,INDEX(generale!$A$16:$G$4963,MATCH(NGG!$A3745,generale!$A$16:$A$4963,0),COLUMN()))","v":4},{"$f":"IF(INDEX(generale!$A$16:$G$4963,MATCH(NGG!$A3745,generale!$A$16:$A$4963,0),COLUMN())=0,0,INDEX(generale!$A$16:$G$4963,MATCH(NGG!$A3745,generale!$A$16:$A$4963,0),COLUMN()))","v":7},{"$f":"IF(INDEX(generale!$A$16:$G$4963,MATCH(NGG!$A3745,generale!$A$16:$A$4963,0),COLUMN())=0,0,INDEX(generale!$A$16:$G$4963,MATCH(NGG!$A3745,generale!$A$16:$A$4963,0),COLUMN()))","v":3},{"$f":"IF(INDEX(generale!$A$16:$G$4963,MATCH(NGG!$A3745,generale!$A$16:$A$4963,0),COLUMN())=0,0,INDEX(generale!$A$16:$G$4963,MATCH(NGG!$A3745,generale!$A$16:$A$4963,0),COLUMN()))","v":5},{"$f":"IF(INDEX(generale!$A$16:$G$4963,MATCH(NGG!$A3745,generale!$A$16:$A$4963,0),COLUMN())=0,0,INDEX(generale!$A$16:$G$4963,MATCH(NGG!$A3745,generale!$A$16:$A$4963,0),COLUMN()))","v":2},{"$f":"generale!G3755","v":"T"},38,2,19,0,4,1,22,29,24,11,3,44,81,15,5,41,0,0,0,0,null,null,null,null,null,null,null,null,null,null,null,null,null,null,null,null,null,1,1,1,1]
[{"$f":"IF(generale!$A3756>0,generale!$A3756,\"\")","v":"2015-04-09"},{"$f":"IF(INDEX(generale!$A$16:$G$4963,MATCH(NGG!$A3746,generale!$A$16:$A$4963,0),COLUMN())=0,0,INDEX(generale!$A$16:$G$4963,MATCH(NGG!$A3746,generale!$A$16:$A$4963,0),COLUMN()))","v":4},{"$f":"IF(INDEX(generale!$A$16:$G$4963,MATCH(NGG!$A3746,generale!$A$16:$A$4963,0),COLUMN())=0,0,INDEX(generale!$A$16:$G$4963,MATCH(NGG!$A3746,generale!$A$16:$A$4963,0),COLUMN()))","v":11},{"$f":"IF(INDEX(generale!$A$16:$G$4963,MATCH(NGG!$A3746,generale!$A$16:$A$4963,0),COLUMN())=0,0,INDEX(generale!$A$16:$G$4963,MATCH(NGG!$A3746,generale!$A$16:$A$4963,0),COLUMN()))","v":13},{"$f":"IF(INDEX(generale!$A$16:$G$4963,MATCH(NGG!$A3746,generale!$A$16:$A$4963,0),COLUMN())=0,0,INDEX(generale!$A$16:$G$4963,MATCH(NGG!$A3746,generale!$A$16:$A$4963,0),COLUMN()))","v":12},{"$f":"IF(INDEX(generale!$A$16:$G$4963,MATCH(NGG!$A3746,generale!$A$16:$A$4963,0),COLUMN())=0,0,INDEX(generale!$A$16:$G$4963,MATCH(NGG!$A3746,generale!$A$16:$A$4963,0),COLUMN()))","v":3},{"$f":"generale!G3756","v":"P"},39,3,20,0,5,2,23,30,25,12,4,45,82,16,6,42,0,0,0,0,null,null,null,null,null,null,null,null,null,null,null,null,null,null,null,null,null,1,1,1,1]
[{"$f":"IF(generale!$A3764>0,generale!$A3764,\"\")","v":"2015-04-17"},{"$f":"IF(INDEX(generale!$A$16:$G$4963,MATCH(NGG!$A3754,generale!$A$16:$A$4963,0),COLUMN())=0,0,INDEX(generale!$A$16:$G$4963,MATCH(NGG!$A3754,generale!$A$16:$A$4963,0),COLUMN()))","v":13},{"$f":"IF(INDEX(generale!$A$16:$G$4963,MATCH(NGG!$A3754,generale!$A$16:$A$4963,0),COLUMN())=0,0,INDEX(generale!$A$16:$G$4963,MATCH(NGG!$A3754,generale!$A$16:$A$4963,0),COLUMN()))","v":10},{"$f":"IF(INDEX(generale!$A$16:$G$4963,MATCH(NGG!$A3754,generale!$A$16:$A$4963,0),COLUMN())=0,0,INDEX(generale!$A$16:$G$4963,MATCH(NGG!$A3754,generale!$A$16:$A$4963,0),COLUMN()))","v":7},{"$f":"IF(INDEX(generale!$A$16:$G$4963,MATCH(NGG!$A3754,generale!$A$16:$A$4963,0),COLUMN())=0,0,INDEX(generale!$A$16:$G$4963,MATCH(NGG!$A3754,generale!$A$16:$A$4963,0),COLUMN()))","v":3},{"$f":"IF(INDEX(generale!$A$16:$G$4963,MATCH(NGG!$A3754,generale!$A$16:$A$4963,0),COLUMN())=0,0,INDEX(generale!$A$16:$G$4963,MATCH(NGG!$A3754,generale!$A$16:$A$4963,0),COLUMN()))","v":11},{"$f":"generale!G3764","v":"T"},6,11,3,8,13,10,31,4,33,20,12,1,0,24,14,50,0,0,0,0,null,null,null,null,null,null,null,null,null,null,null,null,null,null,null,null,null,1,1,1,1]
[{"$f":"IF(generale!$A3780>0,generale!$A3780,\"\")","v":"2015-05-03"},{"$f":"IF(INDEX(generale!$A$16:$G$4963,MATCH(NGG!$A3770,generale!$A$16:$A$4963,0),COLUMN())=0,0,INDEX(generale!$A$16:$G$4963,MATCH(NGG!$A3770,generale!$A$16:$A$4963,0),COLUMN()))","v":11},{"$f":"IF(INDEX(generale!$A$16:$G$4963,MATCH(NGG!$A3770,generale!$A$16:$A$4963,0),COLUMN())=0,0,INDEX(generale!$A$16:$G$4963,MATCH(NGG!$A3770,generale!$A$16:$A$4963,0),COLUMN()))","v":6},{"$f":"IF(INDEX(generale!$A$16:$G$4963,MATCH(NGG!$A3770,generale!$A$16:$A$4963,0),COLUMN())=0,0,INDEX(generale!$A$16:$G$4963,MATCH(NGG!$A3770,generale!$A$16:$A$4963,0),COLUMN()))","v":5},{"$f":"IF(INDEX(generale!$A$16:$G$4963,MATCH(NGG!$A3770,generale!$A$16:$A$4963,0),COLUMN())=0,0,INDEX(generale!$A$16:$G$4963,MATCH(NGG!$A3770,generale!$A$16:$A$4963,0),COLUMN()))","v":8},{"$f":"IF(INDEX(generale!$A$16:$G$4963,MATCH(NGG!$A3770,generale!$A$16:$A$4963,0),COLUMN())=0,0,INDEX(generale!$A$16:$G$4963,MATCH(NGG!$A3770,generale!$A$16:$A$4963,0),COLUMN()))","v":2},{"$f":"generale!G3780","v":"P"},22,4,19,24,2,14,7,9,49,13,0,17,1,3,30,66,0,0,0,0,null,null,null,null,null,null,null,null,null,null,null,null,null,null,null,null,null,1,1,1,1]
[{"$f":"IF(generale!$A3785>0,generale!$A3785,\"\")","v":"2015-05-08"},{"$f":"IF(INDEX(generale!$A$16:$G$4963,MATCH(NGG!$A3775,generale!$A$16:$A$4963,0),COLUMN())=0,0,INDEX(generale!$A$16:$G$4963,MATCH(NGG!$A3775,generale!$A$16:$A$4963,0),COLUMN()))","v":13},{"$f":"IF(INDEX(generale!$A$16:$G$4963,MATCH(NGG!$A3775,generale!$A$16:$A$4963,0),COLUMN())=0,0,INDEX(generale!$A$16:$G$4963,MATCH(NGG!$A3775,generale!$A$16:$A$4963,0),COLUMN()))","v":5},{"$f":"IF(INDEX(generale!$A$16:$G$4963,MATCH(NGG!$A3775,generale!$A$16:$A$4963,0),COLUMN())=0,0,INDEX(generale!$A$16:$G$4963,MATCH(NGG!$A3775,generale!$A$16:$A$4963,0),COLUMN()))","v":1},{"$f":"IF(INDEX(generale!$A$16:$G$4963,MATCH(NGG!$A3775,generale!$A$16:$A$4963,0),COLUMN())=0,0,INDEX(generale!$A$16:$G$4963,MATCH(NGG!$A3775,generale!$A$16:$A$4963,0),COLUMN()))","v":7},{"$f":"IF(INDEX(generale!$A$16:$G$4963,MATCH(NGG!$A3775,generale!$A$16:$A$4963,0),COLUMN())=0,0,INDEX(generale!$A$16:$G$4963,MATCH(NGG!$A3775,generale!$A$16:$A$4963,0),COLUMN()))","v":9},{"$f":"generale!G3785","v":"P"},27,9,24,29,7,19,1,14,54,18,4,2,0,8,35,71,0,0,0,0,null,null,null,null,null,null,null,null,null,null,null,null,null,null,null,null,null,1,1,1,1]
[{"$f":"IF(generale!$A3794>0,generale!$A3794,\"\")","v":"2015-05-17"},{"$f":"IF(INDEX(generale!$A$16:$G$4963,MATCH(NGG!$A3784,generale!$A$16:$A$4963,0),COLUMN())=0,0,INDEX(generale!$A$16:$G$4963,MATCH(NGG!$A3784,generale!$A$16:$A$4963,0),COLUMN()))","v":1},{"$f":"IF(INDEX(generale!$A$16:$G$4963,MATCH(NGG!$A3784,generale!$A$16:$A$4963,0),COLUMN())=0,0,INDEX(generale!$A$16:$G$4963,MATCH(NGG!$A3784,generale!$A$16:$A$4963,0),COLUMN()))","v":2},{"$f":"IF(INDEX(generale!$A$16:$G$4963,MATCH(NGG!$A3784,generale!$A$16:$A$4963,0),COLUMN())=0,0,INDEX(generale!$A$16:$G$4963,MATCH(NGG!$A3784,generale!$A$16:$A$4963,0),COLUMN()))","v":11},{"$f":"IF(INDEX(generale!$A$16:$G$4963,MATCH(NGG!$A3784,generale!$A$16:$A$4963,0),COLUMN())=0,0,INDEX(generale!$A$16:$G$4963,MATCH(NGG!$A3784,generale!$A$16:$A$4963,0),COLUMN()))","v":14},{"$f":"IF(INDEX(generale!$A$16:$G$4963,MATCH(NGG!$A3784,generale!$A$16:$A$4963,0),COLUMN())=0,0,INDEX(generale!$A$16:$G$4963,MATCH(NGG!$A3784,generale!$A$16:$A$4963,0),COLUMN()))","v":15},{"$f":"generale!G3794","v":"O"},0,18,33,38,16,28,10,23,7,1,2,11,9,3,44,80,0,0,0,0,null,null,null,null,null,null,null,null,null,null,null,null,null,null,null,null,null,1,1,1,1]
[{"$f":"IF(generale!$A3801>0,generale!$A3801,\"\")","v":"2015-05-24"},{"$f":"IF(INDEX(generale!$A$16:$G$4963,MATCH(NGG!$A3791,generale!$A$16:$A$4963,0),COLUMN())=0,0,INDEX(generale!$A$16:$G$4963,MATCH(NGG!$A3791,generale!$A$16:$A$4963,0),COLUMN()))","v":5},{"$f":"IF(INDEX(generale!$A$16:$G$4963,MATCH(NGG!$A3791,generale!$A$16:$A$4963,0),COLUMN())=0,0,INDEX(generale!$A$16:$G$4963,MATCH(NGG!$A3791,generale!$A$16:$A$4963,0),COLUMN()))","v":8},{"$f":"IF(INDEX(generale!$A$16:$G$4963,MATCH(NGG!$A3791,generale!$A$16:$A$4963,0),COLUMN())=0,0,INDEX(generale!$A$16:$G$4963,MATCH(NGG!$A3791,generale!$A$16:$A$4963,0),COLUMN()))","v":16},{"$f":"IF(INDEX(generale!$A$16:$G$4963,MATCH(NGG!$A3791,generale!$A$16:$A$4963,0),COLUMN())=0,0,INDEX(generale!$A$16:$G$4963,MATCH(NGG!$A3791,generale!$A$16:$A$4963,0),COLUMN()))","v":19},{"$f":"IF(INDEX(generale!$A$16:$G$4963,MATCH(NGG!$A3791,generale!$A$16:$A$4963,0),COLUMN())=0,0,INDEX(generale!$A$16:$G$4963,MATCH(NGG!$A3791,generale!$A$16:$A$4963,0),COLUMN()))","v":3},{"$f":"generale!G3801","v":"P"},7,25,40,2,0,35,17,30,14,8,9,4,16,1,6,87,0,0,0,0,null,null,null,null,null,null,null,null,null,null,null,null,null,null,null,null,null,1,1,1,1]
[{"$f":"IF(generale!$A3814>0,generale!$A3814,\"\")","v":"2015-06-07"},{"$f":"IF(INDEX(generale!$A$16:$G$4963,MATCH(NGG!$A3804,generale!$A$16:$A$4963,0),COLUMN())=0,0,INDEX(generale!$A$16:$G$4963,MATCH(NGG!$A3804,generale!$A$16:$A$4963,0),COLUMN()))","v":7},{"$f":"IF(INDEX(generale!$A$16:$G$4963,MATCH(NGG!$A3804,generale!$A$16:$A$4963,0),COLUMN())=0,0,INDEX(generale!$A$16:$G$4963,MATCH(NGG!$A3804,generale!$A$16:$A$4963,0),COLUMN()))","v":5},{"$f":"IF(INDEX(generale!$A$16:$G$4963,MATCH(NGG!$A3804,generale!$A$16:$A$4963,0),COLUMN())=0,0,INDEX(generale!$A$16:$G$4963,MATCH(NGG!$A3804,generale!$A$16:$A$4963,0),COLUMN()))","v":8},{"$f":"IF(INDEX(generale!$A$16:$G$4963,MATCH(NGG!$A3804,generale!$A$16:$A$4963,0),COLUMN())=0,0,INDEX(generale!$A$16:$G$4963,MATCH(NGG!$A3804,generale!$A$16:$A$4963,0),COLUMN()))","v":13},{"$f":"IF(INDEX(generale!$A$16:$G$4963,MATCH(NGG!$A3804,generale!$A$16:$A$4963,0),COLUMN())=0,0,INDEX(generale!$A$16:$G$4963,MATCH(NGG!$A3804,generale!$A$16:$A$4963,0),COLUMN()))","v":10},{"$f":"generale!G3814","v":"O"},7,5,11,4,13,3,0,6,27,21,1,17,29,14,19,2,0,0,0,0,null,null,null,null,null,null,null,null,null,null,null,null,null,null,null,null,null,1,1,1,1]
[{"$f":"IF(generale!$A3824>0,generale!$A3824,\"\")","v":"2015-06-17"},{"$f":"IF(INDEX(generale!$A$16:$G$4963,MATCH(NGG!$A3814,generale!$A$16:$A$4963,0),COLUMN())=0,0,INDEX(generale!$A$16:$G$4963,MATCH(NGG!$A3814,generale!$A$16:$A$4963,0),COLUMN()))","v":5},{"$f":"IF(INDEX(generale!$A$16:$G$4963,MATCH(NGG!$A3814,generale!$A$16:$A$4963,0),COLUMN())=0,0,INDEX(generale!$A$16:$G$4963,MATCH(NGG!$A3814,generale!$A$16:$A$4963,0),COLUMN()))","v":13},{"$f":"IF(INDEX(generale!$A$16:$G$4963,MATCH(NGG!$A3814,generale!$A$16:$A$4963,0),COLUMN())=0,0,INDEX(generale!$A$16:$G$4963,MATCH(NGG!$A3814,generale!$A$16:$A$4963,0),COLUMN()))","v":1},{"$f":"IF(INDEX(generale!$A$16:$G$4963,MATCH(NGG!$A3814,generale!$A$16:$A$4963,0),COLUMN())=0,0,INDEX(generale!$A$16:$G$4963,MATCH(NGG!$A3814,generale!$A$16:$A$4963,0),COLUMN()))","v":7},{"$f":"IF(INDEX(generale!$A$16:$G$4963,MATCH(NGG!$A3814,generale!$A$16:$A$4963,0),COLUMN())=0,0,INDEX(generale!$A$16:$G$4963,MATCH(NGG!$A3814,generale!$A$16:$A$4963,0),COLUMN()))","v":6},{"$f":"generale!G3824","v":"T"},17,15,3,7,0,13,10,9,8,31,11,27,39,24,1,12,0,0,0,0,null,null,null,null,null,null,null,null,null,null,null,null,null,null,null,null,null,1,1,1,1]
[{"$f":"IF(generale!$A3831>0,generale!$A3831,\"\")","v":"2015-06-24"},{"$f":"IF(INDEX(generale!$A$16:$G$4963,MATCH(NGG!$A3821,generale!$A$16:$A$4963,0),COLUMN())=0,0,INDEX(generale!$A$16:$G$4963,MATCH(NGG!$A3821,generale!$A$16:$A$4963,0),COLUMN()))","v":9},{"$f":"IF(INDEX(generale!$A$16:$G$4963,MATCH(NGG!$A3821,generale!$A$16:$A$4963,0),COLUMN())=0,0,INDEX(generale!$A$16:$G$4963,MATCH(NGG!$A3821,generale!$A$16:$A$4963,0),COLUMN()))","v":10},{"$f":"IF(INDEX(generale!$A$16:$G$4963,MATCH(NGG!$A3821,generale!$A$16:$A$4963,0),COLUMN())=0,0,INDEX(generale!$A$16:$G$4963,MATCH(NGG!$A3821,generale!$A$16:$A$4963,0),COLUMN()))","v":12},{"$f":"IF(INDEX(generale!$A$16:$G$4963,MATCH(NGG!$A3821,generale!$A$16:$A$4963,0),COLUMN())=0,0,INDEX(generale!$A$16:$G$4963,MATCH(NGG!$A3821,generale!$A$16:$A$4963,0),COLUMN()))","v":3},{"$f":"IF(INDEX(generale!$A$16:$G$4963,MATCH(NGG!$A3821,generale!$A$16:$A$4963,0),COLUMN())=0,0,INDEX(generale!$A$16:$G$4963,MATCH(NGG!$A3821,generale!$A$16:$A$4963,0),COLUMN()))","v":8},{"$f":"generale!G3831","v":"P"},24,2,10,14,7,20,3,5,0,38,18,34,46,1,4,6,0,0,0,0,null,null,null,null,null,null,null,null,null,null,null,null,null,null,null,null,null,1,1,1,1]
[{"$f":"IF(generale!$A3835>0,generale!$A3835,\"\")","v":"2015-06-28"},{"$f":"IF(INDEX(generale!$A$16:$G$4963,MATCH(NGG!$A3825,generale!$A$16:$A$4963,0),COLUMN())=0,0,INDEX(generale!$A$16:$G$4963,MATCH(NGG!$A3825,generale!$A$16:$A$4963,0),COLUMN()))","v":10},{"$f":"IF(INDEX(generale!$A$16:$G$4963,MATCH(NGG!$A3825,generale!$A$16:$A$4963,0),COLUMN())=0,0,INDEX(generale!$A$16:$G$4963,MATCH(NGG!$A3825,generale!$A$16:$A$4963,0),COLUMN()))","v":2},{"$f":"IF(INDEX(generale!$A$16:$G$4963,MATCH(NGG!$A3825,generale!$A$16:$A$4963,0),COLUMN())=0,0,INDEX(generale!$A$16:$G$4963,MATCH(NGG!$A3825,generale!$A$16:$A$4963,0),COLUMN()))","v":4},{"$f":"IF(INDEX(generale!$A$16:$G$4963,MATCH(NGG!$A3825,generale!$A$16:$A$4963,0),COLUMN())=0,0,INDEX(generale!$A$16:$G$4963,MATCH(NGG!$A3825,generale!$A$16:$A$4963,0),COLUMN()))","v":12},{"$f":"IF(INDEX(generale!$A$16:$G$4963,MATCH(NGG!$A3825,generale!$A$16:$A$4963,0),COLUMN())=0,0,INDEX(generale!$A$16:$G$4963,MATCH(NGG!$A3825,generale!$A$16:$A$4963,0),COLUMN()))","v":6},{"$f":"generale!G3835","v":"P"},28,6,14,3,11,24,7,9,1,0,22,2,50,5,8,10,0,0,0,0,null,null,null,null,null,null,null,null,null,null,null,null,null,null,null,null,null,1,1,1,1]
[{"$f":"IF(generale!$A3849>0,generale!$A3849,\"\")","v":"2015-07-12"},{"$f":"IF(INDEX(generale!$A$16:$G$4963,MATCH(NGG!$A3839,generale!$A$16:$A$4963,0),COLUMN())=0,0,INDEX(generale!$A$16:$G$4963,MATCH(NGG!$A3839,generale!$A$16:$A$4963,0),COLUMN()))","v":2},{"$f":"IF(INDEX(generale!$A$16:$G$4963,MATCH(NGG!$A3839,generale!$A$16:$A$4963,0),COLUMN())=0,0,INDEX(generale!$A$16:$G$4963,MATCH(NGG!$A3839,generale!$A$16:$A$4963,0),COLUMN()))","v":6},{"$f":"IF(INDEX(generale!$A$16:$G$4963,MATCH(NGG!$A3839,generale!$A$16:$A$4963,0),COLUMN())=0,0,INDEX(generale!$A$16:$G$4963,MATCH(NGG!$A3839,generale!$A$16:$A$4963,0),COLUMN()))","v":7},{"$f":"IF(INDEX(generale!$A$16:$G$4963,MATCH(NGG!$A3839,generale!$A$16:$A$4963,0),COLUMN())=0,0,INDEX(generale!$A$16:$G$4963,MATCH(NGG!$A3839,generale!$A$16:$A$4963,0),COLUMN()))","v":5},{"$f":"IF(INDEX(generale!$A$16:$G$4963,MATCH(NGG!$A3839,generale!$A$16:$A$4963,0),COLUMN())=0,0,INDEX(generale!$A$16:$G$4963,MATCH(NGG!$A3839,generale!$A$16:$A$4963,0),COLUMN()))","v":12},{"$f":"generale!G3849","v":"p"},42,0,6,11,1,12,21,8,3,9,36,16,64,19,5,24,0,0,0,0,null,null,null,null,null,null,null,null,null,null,null,null,null,null,null,null,null,1,1,1,1]
[{"$f":"IF(generale!$A3852>0,generale!$A3852,\"\")","v":"2015-07-15"},{"$f":"IF(INDEX(generale!$A$16:$G$4963,MATCH(NGG!$A3842,generale!$A$16:$A$4963,0),COLUMN())=0,0,INDEX(generale!$A$16:$G$4963,MATCH(NGG!$A3842,generale!$A$16:$A$4963,0),COLUMN()))","v":18},{"$f":"IF(INDEX(generale!$A$16:$G$4963,MATCH(NGG!$A3842,generale!$A$16:$A$4963,0),COLUMN())=0,0,INDEX(generale!$A$16:$G$4963,MATCH(NGG!$A3842,generale!$A$16:$A$4963,0),COLUMN()))","v":14},{"$f":"IF(INDEX(generale!$A$16:$G$4963,MATCH(NGG!$A3842,generale!$A$16:$A$4963,0),COLUMN())=0,0,INDEX(generale!$A$16:$G$4963,MATCH(NGG!$A3842,generale!$A$16:$A$4963,0),COLUMN()))","v":3},{"$f":"IF(INDEX(generale!$A$16:$G$4963,MATCH(NGG!$A3842,generale!$A$16:$A$4963,0),COLUMN())=0,0,INDEX(generale!$A$16:$G$4963,MATCH(NGG!$A3842,generale!$A$16:$A$4963,0),COLUMN()))","v":6},{"$f":"IF(INDEX(generale!$A$16:$G$4963,MATCH(NGG!$A3842,generale!$A$16:$A$4963,0),COLUMN())=0,0,INDEX(generale!$A$16:$G$4963,MATCH(NGG!$A3842,generale!$A$16:$A$4963,0),COLUMN()))","v":5},{"$f":"generale!G3852","v":"T"},45,3,9,14,4,15,24,1,6,12,39,19,67,2,8,27,0,0,0,0,null,null,null,null,null,null,null,null,null,null,null,null,null,null,null,null,null,1,1,1,1]
[{"$f":"IF(generale!$A3864>0,generale!$A3864,\"\")","v":"2015-07-27"},{"$f":"IF(INDEX(generale!$A$16:$G$4963,MATCH(NGG!$A3854,generale!$A$16:$A$4963,0),COLUMN())=0,0,INDEX(generale!$A$16:$G$4963,MATCH(NGG!$A3854,generale!$A$16:$A$4963,0),COLUMN()))","v":14},{"$f":"IF(INDEX(generale!$A$16:$G$4963,MATCH(NGG!$A3854,generale!$A$16:$A$4963,0),COLUMN())=0,0,INDEX(generale!$A$16:$G$4963,MATCH(NGG!$A3854,generale!$A$16:$A$4963,0),COLUMN()))","v":5},{"$f":"IF(INDEX(generale!$A$16:$G$4963,MATCH(NGG!$A3854,generale!$A$16:$A$4963,0),COLUMN())=0,0,INDEX(generale!$A$16:$G$4963,MATCH(NGG!$A3854,generale!$A$16:$A$4963,0),COLUMN()))","v":9},{"$f":"IF(INDEX(generale!$A$16:$G$4963,MATCH(NGG!$A3854,generale!$A$16:$A$4963,0),COLUMN())=0,0,INDEX(generale!$A$16:$G$4963,MATCH(NGG!$A3854,generale!$A$16:$A$4963,0),COLUMN()))","v":11},{"$f":"IF(INDEX(generale!$A$16:$G$4963,MATCH(NGG!$A3854,generale!$A$16:$A$4963,0),COLUMN())=0,0,INDEX(generale!$A$16:$G$4963,MATCH(NGG!$A3854,generale!$A$16:$A$4963,0),COLUMN()))","v":7},{"$f":"generale!G3864","v":"P"},{"$f":"IF(COUNTIF($B3854:$D3854,0)<3,IF(LEN(SUBSTITUTE(SUBSTITUTE($B3854,H$1,,1),,1))=0,0,H3853+1-AC3854),\"\")","v":1},{"$f":"IF(COUNTIF($B3854:$D3854,0)<3,IF(LEN(SUBSTITUTE(SUBSTITUTE($B3854,I$1,,1),,1))=0,0,I3853+1-AD3854),\"\")","v":2},{"$f":"IF(COUNTIF($B3854:$D3854,0)<3,IF(LEN(SUBSTITUTE(SUBSTITUTE($B3854,J$1,,1),,1))=0,0,J3853+1-AE3854),\"\")","v":11},{"$f":"IF(COUNTIF($B3854:$D3854,0)<3,IF(LEN(SUBSTITUTE(SUBSTITUTE($B3854,K$1,,1),,1))=0,0,K3853+1-AF3854),\"\")","v":4},{"$f":"IF(COUNTIF($B3854:$D3854,0)<3,IF(LEN(SUBSTITUTE(SUBSTITUTE($B3854,L$1,,1),,1))=0,0,L3853+1-AG3854),\"\")","v":16},{"$f":"IF(COUNTIF($B3854:$D3854,0)<3,IF(LEN(SUBSTITUTE(SUBSTITUTE($B3854,M$1,,1),,1))=0,0,M3853+1-AH3854),\"\")","v":8},{"$f":"IF(COUNTIF($B3854:$D3854,0)<3,IF(LEN(SUBSTITUTE(SUBSTITUTE($B3854,N$1,,1),,1))=0,0,N3853+1-AI3854),\"\")","v":3},{"$f":"IF(COUNTIF($B3854:$D3854,0)<3,IF(LEN(SUBSTITUTE(SUBSTITUTE($B3854,O$1,,1),,1))=0,0,O3853+1-AJ3854),\"\")","v":6},{"$f":"IF(COUNTIF($B3854:$D3854,0)<3,IF(LEN(SUBSTITUTE(SUBSTITUTE($B3854,P$1,,1),,1))=0,0,P3853+1-AK3854),\"\")","v":18},{"$f":"IF(COUNTIF($B3854:$D3854,0)<3,IF(LEN(SUBSTITUTE(SUBSTITUTE($B3854,Q$1,,1),,1))=0,0,Q3853+1-AL3854),\"\")","v":24},{"$f":"IF(COUNTIF($B3854:$D3854,0)<3,IF(LEN(SUBSTITUTE(SUBSTITUTE($B3854,R$1,,1),,1))=0,0,R3853+1-AM3854),\"\")","v":9},{"$f":"IF(COUNTIF($B3854:$D3854,0)<3,IF(LEN(SUBSTITUTE(SUBSTITUTE($B3854,S$1,,1),,1))=0,0,S3853+1-AN3854),\"\")","v":31},{"$f":"IF(COUNTIF($B3854:$D3854,0)<3,IF(LEN(SUBSTITUTE(SUBSTITUTE($B3854,T$1,,1),,1))=0,0,T3853+1-AO3854),\"\")","v":7},{"$f":"IF(COUNTIF($B3854:$D3854,0)<3,IF(LEN(SUBSTITUTE(SUBSTITUTE($B3854,U$1,,1),,1))=0,0,U3853+1-AP3854),\"\")","v":0},{"$f":"IF(COUNTIF($B3854:$D3854,0)<3,IF(LEN(SUBSTITUTE(SUBSTITUTE($B3854,V$1,,1),,1))=0,0,V3853+1-AQ3854),\"\")","v":5},{"$f":"IF(COUNTIF($B3854:$D3854,0)<3,IF(LEN(SUBSTITUTE(SUBSTITUTE($B3854,W$1,,1),,1))=0,0,W3853+1-AR3854),\"\")","v":39},{"$f":"IF(COUNTIF($B3854:$D3854,0)<3,IF(LEN(SUBSTITUTE(SUBSTITUTE($B3854,X$1,,1),,1))=0,0,X3853+1-AS3854),\"\")","v":0},{"$f":"IF(COUNTIF($B3854:$D3854,0)<3,IF(LEN(SUBSTITUTE(SUBSTITUTE($B3854,Y$1,,1),,1))=0,0,Y3853+1-AT3854),\"\")","v":0},{"$f":"IF(COUNTIF($B3854:$D3854,0)<3,IF(LEN(SUBSTITUTE(SUBSTITUTE($B3854,Z$1,,1),,1))=0,0,Z3853+1-AU3854),\"\")","v":0},{"$f":"IF(COUNTIF($B3854:$D3854,0)<3,IF(LEN(SUBSTITUTE(SUBSTITUTE($B3854,AA$1,,1),,1))=0,0,AA3853+1-AV3854),\"\")","v":0},null,null,null,null,null,null,null,null,null,null,null,null,null,null,null,null,null,1,1,1,1]
[{"$f":"IF(generale!$A3870>0,generale!$A3870,\"\")","v":"2015-08-02"},{"$f":"IF(INDEX(generale!$A$16:$G$4963,MATCH(NGG!$A3860,generale!$A$16:$A$4963,0),COLUMN())=0,0,INDEX(generale!$A$16:$G$4963,MATCH(NGG!$A3860,generale!$A$16:$A$4963,0),COLUMN()))","v":5},{"$f":"IF(INDEX(generale!$A$16:$G$4963,MATCH(NGG!$A3860,generale!$A$16:$A$4963,0),COLUMN())=0,0,INDEX(generale!$A$16:$G$4963,MATCH(NGG!$A3860,generale!$A$16:$A$4963,0),COLUMN()))","v":12},{"$f":"IF(INDEX(generale!$A$16:$G$4963,MATCH(NGG!$A3860,generale!$A$16:$A$4963,0),COLUMN())=0,0,INDEX(generale!$A$16:$G$4963,MATCH(NGG!$A3860,generale!$A$16:$A$4963,0),COLUMN()))","v":15},{"$f":"IF(INDEX(generale!$A$16:$G$4963,MATCH(NGG!$A3860,generale!$A$16:$A$4963,0),COLUMN())=0,0,INDEX(generale!$A$16:$G$4963,MATCH(NGG!$A3860,generale!$A$16:$A$4963,0),COLUMN()))","v":3},{"$f":"IF(INDEX(generale!$A$16:$G$4963,MATCH(NGG!$A3860,generale!$A$16:$A$4963,0),COLUMN())=0,0,INDEX(generale!$A$16:$G$4963,MATCH(NGG!$A3860,generale!$A$16:$A$4963,0),COLUMN()))","v":7},{"$f":"generale!G3870","v":"P"},7,8,17,2,0,4,9,12,24,1,15,3,13,6,11,45,0,0,0,0,null,null,null,null,null,null,null,null,null,null,null,null,null,null,null,null,null,1,1,1,1]
[{"$f":"IF(generale!$A3882>0,generale!$A3882,\"\")","v":"2015-08-14"},{"$f":"IF(INDEX(generale!$A$16:$G$4963,MATCH(NGG!$A3872,generale!$A$16:$A$4963,0),COLUMN())=0,0,INDEX(generale!$A$16:$G$4963,MATCH(NGG!$A3872,generale!$A$16:$A$4963,0),COLUMN()))","v":10},{"$f":"IF(INDEX(generale!$A$16:$G$4963,MATCH(NGG!$A3872,generale!$A$16:$A$4963,0),COLUMN())=0,0,INDEX(generale!$A$16:$G$4963,MATCH(NGG!$A3872,generale!$A$16:$A$4963,0),COLUMN()))","v":8},{"$f":"IF(INDEX(generale!$A$16:$G$4963,MATCH(NGG!$A3872,generale!$A$16:$A$4963,0),COLUMN())=0,0,INDEX(generale!$A$16:$G$4963,MATCH(NGG!$A3872,generale!$A$16:$A$4963,0),COLUMN()))","v":6},{"$f":"IF(INDEX(generale!$A$16:$G$4963,MATCH(NGG!$A3872,generale!$A$16:$A$4963,0),COLUMN())=0,0,INDEX(generale!$A$16:$G$4963,MATCH(NGG!$A3872,generale!$A$16:$A$4963,0),COLUMN()))","v":15},{"$f":"IF(INDEX(generale!$A$16:$G$4963,MATCH(NGG!$A3872,generale!$A$16:$A$4963,0),COLUMN())=0,0,INDEX(generale!$A$16:$G$4963,MATCH(NGG!$A3872,generale!$A$16:$A$4963,0),COLUMN()))","v":7},{"$f":"generale!G3882","v":"T"},1,20,29,14,12,6,4,2,36,0,3,7,25,10,23,57,0,0,0,0,null,null,null,null,null,null,null,null,null,null,null,null,null,null,null,null,null,1,1,1,1]
[{"$f":"IF(generale!$A3893>0,generale!$A3893,\"\")","v":"2015-08-25"},{"$f":"IF(INDEX(generale!$A$16:$G$4963,MATCH(NGG!$A3883,generale!$A$16:$A$4963,0),COLUMN())=0,0,INDEX(generale!$A$16:$G$4963,MATCH(NGG!$A3883,generale!$A$16:$A$4963,0),COLUMN()))","v":10},{"$f":"IF(INDEX(generale!$A$16:$G$4963,MATCH(NGG!$A3883,generale!$A$16:$A$4963,0),COLUMN())=0,0,INDEX(generale!$A$16:$G$4963,MATCH(NGG!$A3883,generale!$A$16:$A$4963,0),COLUMN()))","v":9},{"$f":"IF(INDEX(generale!$A$16:$G$4963,MATCH(NGG!$A3883,generale!$A$16:$A$4963,0),COLUMN())=0,0,INDEX(generale!$A$16:$G$4963,MATCH(NGG!$A3883,generale!$A$16:$A$4963,0),COLUMN()))","v":13},{"$f":"IF(INDEX(generale!$A$16:$G$4963,MATCH(NGG!$A3883,generale!$A$16:$A$4963,0),COLUMN())=0,0,INDEX(generale!$A$16:$G$4963,MATCH(NGG!$A3883,generale!$A$16:$A$4963,0),COLUMN()))","v":4},{"$f":"IF(INDEX(generale!$A$16:$G$4963,MATCH(NGG!$A3883,generale!$A$16:$A$4963,0),COLUMN())=0,0,INDEX(generale!$A$16:$G$4963,MATCH(NGG!$A3883,generale!$A$16:$A$4963,0),COLUMN()))","v":6},{"$f":"generale!G3893","v":"P"},12,9,1,25,23,17,15,13,3,0,6,5,36,21,34,2,0,0,0,0,null,null,null,null,null,null,null,null,null,null,null,null,null,null,null,null,null,1,1,1,1]
[{"$f":"IF(generale!$A3900>0,generale!$A3900,\"\")","v":"2015-09-01"},{"$f":"IF(INDEX(generale!$A$16:$G$4963,MATCH(NGG!$A3890,generale!$A$16:$A$4963,0),COLUMN())=0,0,INDEX(generale!$A$16:$G$4963,MATCH(NGG!$A3890,generale!$A$16:$A$4963,0),COLUMN()))","v":6},{"$f":"IF(INDEX(generale!$A$16:$G$4963,MATCH(NGG!$A3890,generale!$A$16:$A$4963,0),COLUMN())=0,0,INDEX(generale!$A$16:$G$4963,MATCH(NGG!$A3890,generale!$A$16:$A$4963,0),COLUMN()))","v":1},{"$f":"IF(INDEX(generale!$A$16:$G$4963,MATCH(NGG!$A3890,generale!$A$16:$A$4963,0),COLUMN())=0,0,INDEX(generale!$A$16:$G$4963,MATCH(NGG!$A3890,generale!$A$16:$A$4963,0),COLUMN()))","v":9},{"$f":"IF(INDEX(generale!$A$16:$G$4963,MATCH(NGG!$A3890,generale!$A$16:$A$4963,0),COLUMN())=0,0,INDEX(generale!$A$16:$G$4963,MATCH(NGG!$A3890,generale!$A$16:$A$4963,0),COLUMN()))","v":14},{"$f":"IF(INDEX(generale!$A$16:$G$4963,MATCH(NGG!$A3890,generale!$A$16:$A$4963,0),COLUMN())=0,0,INDEX(generale!$A$16:$G$4963,MATCH(NGG!$A3890,generale!$A$16:$A$4963,0),COLUMN()))","v":8},{"$f":"generale!G3900","v":"P"},1,16,8,4,30,0,22,2,10,7,13,12,43,3,41,5,0,0,0,0,null,null,null,null,null,null,null,null,null,null,null,null,null,null,null,null,null,1,1,1,1]
[{"$f":"IF(generale!$A3903>0,generale!$A3903,\"\")","v":"2015-09-04"},{"$f":"IF(INDEX(generale!$A$16:$G$4963,MATCH(NGG!$A3893,generale!$A$16:$A$4963,0),COLUMN())=0,0,INDEX(generale!$A$16:$G$4963,MATCH(NGG!$A3893,generale!$A$16:$A$4963,0),COLUMN()))","v":13},{"$f":"IF(INDEX(generale!$A$16:$G$4963,MATCH(NGG!$A3893,generale!$A$16:$A$4963,0),COLUMN())=0,0,INDEX(generale!$A$16:$G$4963,MATCH(NGG!$A3893,generale!$A$16:$A$4963,0),COLUMN()))","v":1},{"$f":"IF(INDEX(generale!$A$16:$G$4963,MATCH(NGG!$A3893,generale!$A$16:$A$4963,0),COLUMN())=0,0,INDEX(generale!$A$16:$G$4963,MATCH(NGG!$A3893,generale!$A$16:$A$4963,0),COLUMN()))","v":15},{"$f":"IF(INDEX(generale!$A$16:$G$4963,MATCH(NGG!$A3893,generale!$A$16:$A$4963,0),COLUMN())=0,0,INDEX(generale!$A$16:$G$4963,MATCH(NGG!$A3893,generale!$A$16:$A$4963,0),COLUMN()))","v":6},{"$f":"IF(INDEX(generale!$A$16:$G$4963,MATCH(NGG!$A3893,generale!$A$16:$A$4963,0),COLUMN())=0,0,INDEX(generale!$A$16:$G$4963,MATCH(NGG!$A3893,generale!$A$16:$A$4963,0),COLUMN()))","v":12},{"$f":"generale!G3903","v":"T"},4,19,11,7,33,3,2,5,1,10,16,15,0,6,44,8,0,0,0,0,null,null,null,null,null,null,null,null,null,null,null,null,null,null,null,null,null,1,1,1,1]
[{"$f":"IF(generale!$A3914>0,generale!$A3914,\"\")","v":"2015-09-15"},{"$f":"IF(INDEX(generale!$A$16:$G$4963,MATCH(NGG!$A3904,generale!$A$16:$A$4963,0),COLUMN())=0,0,INDEX(generale!$A$16:$G$4963,MATCH(NGG!$A3904,generale!$A$16:$A$4963,0),COLUMN()))","v":4},{"$f":"IF(INDEX(generale!$A$16:$G$4963,MATCH(NGG!$A3904,generale!$A$16:$A$4963,0),COLUMN())=0,0,INDEX(generale!$A$16:$G$4963,MATCH(NGG!$A3904,generale!$A$16:$A$4963,0),COLUMN()))","v":3},{"$f":"IF(INDEX(generale!$A$16:$G$4963,MATCH(NGG!$A3904,generale!$A$16:$A$4963,0),COLUMN())=0,0,INDEX(generale!$A$16:$G$4963,MATCH(NGG!$A3904,generale!$A$16:$A$4963,0),COLUMN()))","v":5},{"$f":"IF(INDEX(generale!$A$16:$G$4963,MATCH(NGG!$A3904,generale!$A$16:$A$4963,0),COLUMN())=0,0,INDEX(generale!$A$16:$G$4963,MATCH(NGG!$A3904,generale!$A$16:$A$4963,0),COLUMN()))","v":9},{"$f":"IF(INDEX(generale!$A$16:$G$4963,MATCH(NGG!$A3904,generale!$A$16:$A$4963,0),COLUMN())=0,0,INDEX(generale!$A$16:$G$4963,MATCH(NGG!$A3904,generale!$A$16:$A$4963,0),COLUMN()))","v":15},{"$f":"generale!G3914","v":"P"},15,1,22,0,44,8,13,16,12,6,2,4,9,17,55,3,0,0,0,0,null,null,null,null,null,null,null,null,null,null,null,null,null,null,null,null,null,1,1,1,1]
[{"$f":"IF(generale!$A3921>0,generale!$A3921,\"\")","v":"2015-09-22"},{"$f":"IF(INDEX(generale!$A$16:$G$4963,MATCH(NGG!$A3911,generale!$A$16:$A$4963,0),COLUMN())=0,0,INDEX(generale!$A$16:$G$4963,MATCH(NGG!$A3911,generale!$A$16:$A$4963,0),COLUMN()))","v":9},{"$f":"IF(INDEX(generale!$A$16:$G$4963,MATCH(NGG!$A3911,generale!$A$16:$A$4963,0),COLUMN())=0,0,INDEX(generale!$A$16:$G$4963,MATCH(NGG!$A3911,generale!$A$16:$A$4963,0),COLUMN()))","v":3},{"$f":"IF(INDEX(generale!$A$16:$G$4963,MATCH(NGG!$A3911,generale!$A$16:$A$4963,0),COLUMN())=0,0,INDEX(generale!$A$16:$G$4963,MATCH(NGG!$A3911,generale!$A$16:$A$4963,0),COLUMN()))","v":2},{"$f":"IF(INDEX(generale!$A$16:$G$4963,MATCH(NGG!$A3911,generale!$A$16:$A$4963,0),COLUMN())=0,0,INDEX(generale!$A$16:$G$4963,MATCH(NGG!$A3911,generale!$A$16:$A$4963,0),COLUMN()))","v":15},{"$f":"IF(INDEX(generale!$A$16:$G$4963,MATCH(NGG!$A3911,generale!$A$16:$A$4963,0),COLUMN())=0,0,INDEX(generale!$A$16:$G$4963,MATCH(NGG!$A3911,generale!$A$16:$A$4963,0),COLUMN()))","v":13},{"$f":"generale!G3921","v":"O"},3,8,29,7,51,15,2,1,0,13,9,11,16,5,4,10,0,0,0,0,null,null,null,null,null,null,null,null,null,null,null,null,null,null,null,null,null,1,1,1,1]
[{"$f":"IF(generale!$A3933>0,generale!$A3933,\"\")","v":"2015-10-04"},{"$f":"IF(INDEX(generale!$A$16:$G$4963,MATCH(NGG!$A3923,generale!$A$16:$A$4963,0),COLUMN())=0,0,INDEX(generale!$A$16:$G$4963,MATCH(NGG!$A3923,generale!$A$16:$A$4963,0),COLUMN()))","v":16},{"$f":"IF(INDEX(generale!$A$16:$G$4963,MATCH(NGG!$A3923,generale!$A$16:$A$4963,0),COLUMN())=0,0,INDEX(generale!$A$16:$G$4963,MATCH(NGG!$A3923,generale!$A$16:$A$4963,0),COLUMN()))","v":1},{"$f":"IF(INDEX(generale!$A$16:$G$4963,MATCH(NGG!$A3923,generale!$A$16:$A$4963,0),COLUMN())=0,0,INDEX(generale!$A$16:$G$4963,MATCH(NGG!$A3923,generale!$A$16:$A$4963,0),COLUMN()))","v":13},{"$f":"IF(INDEX(generale!$A$16:$G$4963,MATCH(NGG!$A3923,generale!$A$16:$A$4963,0),COLUMN())=0,0,INDEX(generale!$A$16:$G$4963,MATCH(NGG!$A3923,generale!$A$16:$A$4963,0),COLUMN()))","v":9},{"$f":"IF(INDEX(generale!$A$16:$G$4963,MATCH(NGG!$A3923,generale!$A$16:$A$4963,0),COLUMN())=0,0,INDEX(generale!$A$16:$G$4963,MATCH(NGG!$A3923,generale!$A$16:$A$4963,0),COLUMN()))","v":15},{"$f":"generale!G3933","v":"P"},15,5,2,19,3,10,1,9,12,25,8,6,28,17,16,0,0,0,0,0,null,null,null,null,null,null,null,null,null,null,null,null,null,null,null,null,null,1,1,1,1]
[{"$f":"IF(generale!$A3939>0,generale!$A3939,\"\")","v":"2015-10-10"},{"$f":"IF(INDEX(generale!$A$16:$G$4963,MATCH(NGG!$A3929,generale!$A$16:$A$4963,0),COLUMN())=0,0,INDEX(generale!$A$16:$G$4963,MATCH(NGG!$A3929,generale!$A$16:$A$4963,0),COLUMN()))","v":12},{"$f":"IF(INDEX(generale!$A$16:$G$4963,MATCH(NGG!$A3929,generale!$A$16:$A$4963,0),COLUMN())=0,0,INDEX(generale!$A$16:$G$4963,MATCH(NGG!$A3929,generale!$A$16:$A$4963,0),COLUMN()))","v":14},{"$f":"IF(INDEX(generale!$A$16:$G$4963,MATCH(NGG!$A3929,generale!$A$16:$A$4963,0),COLUMN())=0,0,INDEX(generale!$A$16:$G$4963,MATCH(NGG!$A3929,generale!$A$16:$A$4963,0),COLUMN()))","v":6},{"$f":"IF(INDEX(generale!$A$16:$G$4963,MATCH(NGG!$A3929,generale!$A$16:$A$4963,0),COLUMN())=0,0,INDEX(generale!$A$16:$G$4963,MATCH(NGG!$A3929,generale!$A$16:$A$4963,0),COLUMN()))","v":3},{"$f":"IF(INDEX(generale!$A$16:$G$4963,MATCH(NGG!$A3929,generale!$A$16:$A$4963,0),COLUMN())=0,0,INDEX(generale!$A$16:$G$4963,MATCH(NGG!$A3929,generale!$A$16:$A$4963,0),COLUMN()))","v":4},{"$f":"generale!G3939","v":"P"},3,11,8,1,9,2,7,15,18,31,14,0,34,23,4,6,0,0,0,0,null,null,null,null,null,null,null,null,null,null,null,null,null,null,null,null,null,1,1,1,1]
[{"$f":"IF(generale!$A3951>0,generale!$A3951,\"\")","v":"2015-10-22"},{"$f":"IF(INDEX(generale!$A$16:$G$4963,MATCH(NGG!$A3941,generale!$A$16:$A$4963,0),COLUMN())=0,0,INDEX(generale!$A$16:$G$4963,MATCH(NGG!$A3941,generale!$A$16:$A$4963,0),COLUMN()))","v":8},{"$f":"IF(INDEX(generale!$A$16:$G$4963,MATCH(NGG!$A3941,generale!$A$16:$A$4963,0),COLUMN())=0,0,INDEX(generale!$A$16:$G$4963,MATCH(NGG!$A3941,generale!$A$16:$A$4963,0),COLUMN()))","v":4},{"$f":"IF(INDEX(generale!$A$16:$G$4963,MATCH(NGG!$A3941,generale!$A$16:$A$4963,0),COLUMN())=0,0,INDEX(generale!$A$16:$G$4963,MATCH(NGG!$A3941,generale!$A$16:$A$4963,0),COLUMN()))","v":9},{"$f":"IF(INDEX(generale!$A$16:$G$4963,MATCH(NGG!$A3941,generale!$A$16:$A$4963,0),COLUMN())=0,0,INDEX(generale!$A$16:$G$4963,MATCH(NGG!$A3941,generale!$A$16:$A$4963,0),COLUMN()))","v":13},{"$f":"IF(INDEX(generale!$A$16:$G$4963,MATCH(NGG!$A3941,generale!$A$16:$A$4963,0),COLUMN())=0,0,INDEX(generale!$A$16:$G$4963,MATCH(NGG!$A3941,generale!$A$16:$A$4963,0),COLUMN()))","v":5},{"$f":"generale!G3951","v":"O"},4,23,20,13,1,14,19,0,30,43,2,12,7,9,16,18,0,0,0,0,null,null,null,null,null,null,null,null,null,null,null,null,null,null,null,null,null,1,1,1,1]
[{"$f":"IF(generale!$A3962>0,generale!$A3962,\"\")","v":"2015-11-02"},{"$f":"IF(INDEX(generale!$A$16:$G$4963,MATCH(NGG!$A3952,generale!$A$16:$A$4963,0),COLUMN())=0,0,INDEX(generale!$A$16:$G$4963,MATCH(NGG!$A3952,generale!$A$16:$A$4963,0),COLUMN()))","v":13},{"$f":"IF(INDEX(generale!$A$16:$G$4963,MATCH(NGG!$A3952,generale!$A$16:$A$4963,0),COLUMN())=0,0,INDEX(generale!$A$16:$G$4963,MATCH(NGG!$A3952,generale!$A$16:$A$4963,0),COLUMN()))","v":4},{"$f":"IF(INDEX(generale!$A$16:$G$4963,MATCH(NGG!$A3952,generale!$A$16:$A$4963,0),COLUMN())=0,0,INDEX(generale!$A$16:$G$4963,MATCH(NGG!$A3952,generale!$A$16:$A$4963,0),COLUMN()))","v":15},{"$f":"IF(INDEX(generale!$A$16:$G$4963,MATCH(NGG!$A3952,generale!$A$16:$A$4963,0),COLUMN())=0,0,INDEX(generale!$A$16:$G$4963,MATCH(NGG!$A3952,generale!$A$16:$A$4963,0),COLUMN()))","v":8},{"$f":"IF(INDEX(generale!$A$16:$G$4963,MATCH(NGG!$A3952,generale!$A$16:$A$4963,0),COLUMN())=0,0,INDEX(generale!$A$16:$G$4963,MATCH(NGG!$A3952,generale!$A$16:$A$4963,0),COLUMN()))","v":1},{"$f":"generale!G3962","v":"T"},1,34,10,3,12,25,2,11,9,54,13,23,0,20,6,4,0,0,0,0,null,null,null,null,null,null,null,null,null,null,null,null,null,null,null,null,null,1,1,1,1]
[{"$f":"IF(generale!$A3969>0,generale!$A3969,\"\")","v":"2015-11-09"},{"$f":"IF(INDEX(generale!$A$16:$G$4963,MATCH(NGG!$A3959,generale!$A$16:$A$4963,0),COLUMN())=0,0,INDEX(generale!$A$16:$G$4963,MATCH(NGG!$A3959,generale!$A$16:$A$4963,0),COLUMN()))","v":10},{"$f":"IF(INDEX(generale!$A$16:$G$4963,MATCH(NGG!$A3959,generale!$A$16:$A$4963,0),COLUMN())=0,0,INDEX(generale!$A$16:$G$4963,MATCH(NGG!$A3959,generale!$A$16:$A$4963,0),COLUMN()))","v":9},{"$f":"IF(INDEX(generale!$A$16:$G$4963,MATCH(NGG!$A3959,generale!$A$16:$A$4963,0),COLUMN())=0,0,INDEX(generale!$A$16:$G$4963,MATCH(NGG!$A3959,generale!$A$16:$A$4963,0),COLUMN()))","v":11},{"$f":"IF(INDEX(generale!$A$16:$G$4963,MATCH(NGG!$A3959,generale!$A$16:$A$4963,0),COLUMN())=0,0,INDEX(generale!$A$16:$G$4963,MATCH(NGG!$A3959,generale!$A$16:$A$4963,0),COLUMN()))","v":1},{"$f":"IF(INDEX(generale!$A$16:$G$4963,MATCH(NGG!$A3959,generale!$A$16:$A$4963,0),COLUMN())=0,0,INDEX(generale!$A$16:$G$4963,MATCH(NGG!$A3959,generale!$A$16:$A$4963,0),COLUMN()))","v":15},{"$f":"generale!G3969","v":"T"},8,41,17,10,19,32,3,1,5,0,20,30,2,27,13,6,0,0,0,0,null,null,null,null,null,null,null,null,null,null,null,null,null,null,null,null,null,1,1,1,1]
[{"$f":"IF(generale!$A3972>0,generale!$A3972,\"\")","v":"2015-11-12"},{"$f":"IF(INDEX(generale!$A$16:$G$4963,MATCH(NGG!$A3962,generale!$A$16:$A$4963,0),COLUMN())=0,0,INDEX(generale!$A$16:$G$4963,MATCH(NGG!$A3962,generale!$A$16:$A$4963,0),COLUMN()))","v":9},{"$f":"IF(INDEX(generale!$A$16:$G$4963,MATCH(NGG!$A3962,generale!$A$16:$A$4963,0),COLUMN())=0,0,INDEX(generale!$A$16:$G$4963,MATCH(NGG!$A3962,generale!$A$16:$A$4963,0),COLUMN()))","v":4},{"$f":"IF(INDEX(generale!$A$16:$G$4963,MATCH(NGG!$A3962,generale!$A$16:$A$4963,0),COLUMN())=0,0,INDEX(generale!$A$16:$G$4963,MATCH(NGG!$A3962,generale!$A$16:$A$4963,0),COLUMN()))","v":2},{"$f":"IF(INDEX(generale!$A$16:$G$4963,MATCH(NGG!$A3962,generale!$A$16:$A$4963,0),COLUMN())=0,0,INDEX(generale!$A$16:$G$4963,MATCH(NGG!$A3962,generale!$A$16:$A$4963,0),COLUMN()))","v":13},{"$f":"IF(INDEX(generale!$A$16:$G$4963,MATCH(NGG!$A3962,generale!$A$16:$A$4963,0),COLUMN())=0,0,INDEX(generale!$A$16:$G$4963,MATCH(NGG!$A3962,generale!$A$16:$A$4963,0),COLUMN()))","v":5},{"$f":"generale!G3972","v":"T"},11,44,2,13,22,1,6,4,0,3,23,33,5,30,16,9,0,0,0,0,null,null,null,null,null,null,null,null,null,null,null,null,null,null,null,null,null,1,1,1,1]
[{"$f":"IF(generale!$A3983>0,generale!$A3983,\"\")","v":"2015-11-24"},{"$f":"IF(INDEX(generale!$A$16:$G$4963,MATCH(NGG!$A3973,generale!$A$16:$A$4963,0),COLUMN())=0,0,INDEX(generale!$A$16:$G$4963,MATCH(NGG!$A3973,generale!$A$16:$A$4963,0),COLUMN()))","v":5},{"$f":"IF(INDEX(generale!$A$16:$G$4963,MATCH(NGG!$A3973,generale!$A$16:$A$4963,0),COLUMN())=0,0,INDEX(generale!$A$16:$G$4963,MATCH(NGG!$A3973,generale!$A$16:$A$4963,0),COLUMN()))","v":1},{"$f":"IF(INDEX(generale!$A$16:$G$4963,MATCH(NGG!$A3973,generale!$A$16:$A$4963,0),COLUMN())=0,0,INDEX(generale!$A$16:$G$4963,MATCH(NGG!$A3973,generale!$A$16:$A$4963,0),COLUMN()))","v":13},{"$f":"IF(INDEX(generale!$A$16:$G$4963,MATCH(NGG!$A3973,generale!$A$16:$A$4963,0),COLUMN())=0,0,INDEX(generale!$A$16:$G$4963,MATCH(NGG!$A3973,generale!$A$16:$A$4963,0),COLUMN()))","v":10},{"$f":"IF(INDEX(generale!$A$16:$G$4963,MATCH(NGG!$A3973,generale!$A$16:$A$4963,0),COLUMN())=0,0,INDEX(generale!$A$16:$G$4963,MATCH(NGG!$A3973,generale!$A$16:$A$4963,0),COLUMN()))","v":9},{"$f":"generale!G3983","v":"P"},22,6,9,24,0,12,17,5,11,14,2,44,16,8,27,1,0,0,0,0,null,null,null,null,null,null,null,null,null,null,null,null,null,null,null,null,null,1,1,1,1]
[{"$f":"IF(generale!$A3990>0,generale!$A3990,\"\")","v":"2015-12-01"},{"$f":"IF(INDEX(generale!$A$16:$G$4963,MATCH(NGG!$A3980,generale!$A$16:$A$4963,0),COLUMN())=0,0,INDEX(generale!$A$16:$G$4963,MATCH(NGG!$A3980,generale!$A$16:$A$4963,0),COLUMN()))","v":11},{"$f":"IF(INDEX(generale!$A$16:$G$4963,MATCH(NGG!$A3980,generale!$A$16:$A$4963,0),COLUMN())=0,0,INDEX(generale!$A$16:$G$4963,MATCH(NGG!$A3980,generale!$A$16:$A$4963,0),COLUMN()))","v":5},{"$f":"IF(INDEX(generale!$A$16:$G$4963,MATCH(NGG!$A3980,generale!$A$16:$A$4963,0),COLUMN())=0,0,INDEX(generale!$A$16:$G$4963,MATCH(NGG!$A3980,generale!$A$16:$A$4963,0),COLUMN()))","v":18},{"$f":"IF(INDEX(generale!$A$16:$G$4963,MATCH(NGG!$A3980,generale!$A$16:$A$4963,0),COLUMN())=0,0,INDEX(generale!$A$16:$G$4963,MATCH(NGG!$A3980,generale!$A$16:$A$4963,0),COLUMN()))","v":16},{"$f":"IF(INDEX(generale!$A$16:$G$4963,MATCH(NGG!$A3980,generale!$A$16:$A$4963,0),COLUMN())=0,0,INDEX(generale!$A$16:$G$4963,MATCH(NGG!$A3980,generale!$A$16:$A$4963,0),COLUMN()))","v":9},{"$f":"generale!G3990","v":"T"},29,13,6,31,3,19,24,4,1,21,0,51,23,15,34,5,0,0,0,0,null,null,null,null,null,null,null,null,null,null,null,null,null,null,null,null,null,1,1,1,1]
[{"$f":"IF(generale!$A4002>0,generale!$A4002,\"\")","v":"2015-12-13"},{"$f":"IF(INDEX(generale!$A$16:$G$4963,MATCH(NGG!$A3992,generale!$A$16:$A$4963,0),COLUMN())=0,0,INDEX(generale!$A$16:$G$4963,MATCH(NGG!$A3992,generale!$A$16:$A$4963,0),COLUMN()))","v":7},{"$f":"IF(INDEX(generale!$A$16:$G$4963,MATCH(NGG!$A3992,generale!$A$16:$A$4963,0),COLUMN())=0,0,INDEX(generale!$A$16:$G$4963,MATCH(NGG!$A3992,generale!$A$16:$A$4963,0),COLUMN()))","v":11},{"$f":"IF(INDEX(generale!$A$16:$G$4963,MATCH(NGG!$A3992,generale!$A$16:$A$4963,0),COLUMN())=0,0,INDEX(generale!$A$16:$G$4963,MATCH(NGG!$A3992,generale!$A$16:$A$4963,0),COLUMN()))","v":6},{"$f":"IF(INDEX(generale!$A$16:$G$4963,MATCH(NGG!$A3992,generale!$A$16:$A$4963,0),COLUMN())=0,0,INDEX(generale!$A$16:$G$4963,MATCH(NGG!$A3992,generale!$A$16:$A$4963,0),COLUMN()))","v":9},{"$f":"IF(INDEX(generale!$A$16:$G$4963,MATCH(NGG!$A3992,generale!$A$16:$A$4963,0),COLUMN())=0,0,INDEX(generale!$A$16:$G$4963,MATCH(NGG!$A3992,generale!$A$16:$A$4963,0),COLUMN()))","v":8},{"$f":"generale!G4002","v":"T"},4,25,5,43,6,31,0,11,7,33,12,3,8,27,1,2,0,0,0,0,null,null,null,null,null,null,null,null,null,null,null,null,null,null,null,null,null,1,1,1,1]
[{"$f":"IF(generale!$A4012>0,generale!$A4012,\"\")","v":"2015-12-23"},{"$f":"IF(INDEX(generale!$A$16:$G$4963,MATCH(NGG!$A4002,generale!$A$16:$A$4963,0),COLUMN())=0,0,INDEX(generale!$A$16:$G$4963,MATCH(NGG!$A4002,generale!$A$16:$A$4963,0),COLUMN()))","v":11},{"$f":"IF(INDEX(generale!$A$16:$G$4963,MATCH(NGG!$A4002,generale!$A$16:$A$4963,0),COLUMN())=0,0,INDEX(generale!$A$16:$G$4963,MATCH(NGG!$A4002,generale!$A$16:$A$4963,0),COLUMN()))","v":3},{"$f":"IF(INDEX(generale!$A$16:$G$4963,MATCH(NGG!$A4002,generale!$A$16:$A$4963,0),COLUMN())=0,0,INDEX(generale!$A$16:$G$4963,MATCH(NGG!$A4002,generale!$A$16:$A$4963,0),COLUMN()))","v":5},{"$f":"IF(INDEX(generale!$A$16:$G$4963,MATCH(NGG!$A4002,generale!$A$16:$A$4963,0),COLUMN())=0,0,INDEX(generale!$A$16:$G$4963,MATCH(NGG!$A4002,generale!$A$16:$A$4963,0),COLUMN()))","v":16},{"$f":"IF(INDEX(generale!$A$16:$G$4963,MATCH(NGG!$A4002,generale!$A$16:$A$4963,0),COLUMN())=0,0,INDEX(generale!$A$16:$G$4963,MATCH(NGG!$A4002,generale!$A$16:$A$4963,0),COLUMN()))","v":2},{"$f":"generale!G4012","v":"O"},14,4,2,53,16,41,8,21,17,43,0,9,3,37,11,12,0,0,0,0,null,null,null,null,null,null,null,null,null,null,null,null,null,null,null,null,null,1,1,1,1]
[{"$f":"IF(generale!$A4020>0,generale!$A4020,\"\")","v":"2015-12-31"},{"$f":"IF(INDEX(generale!$A$16:$G$4963,MATCH(NGG!$A4010,generale!$A$16:$A$4963,0),COLUMN())=0,0,INDEX(generale!$A$16:$G$4963,MATCH(NGG!$A4010,generale!$A$16:$A$4963,0),COLUMN()))","v":9},{"$f":"IF(INDEX(generale!$A$16:$G$4963,MATCH(NGG!$A4010,generale!$A$16:$A$4963,0),COLUMN())=0,0,INDEX(generale!$A$16:$G$4963,MATCH(NGG!$A4010,generale!$A$16:$A$4963,0),COLUMN()))","v":10},{"$f":"IF(INDEX(generale!$A$16:$G$4963,MATCH(NGG!$A4010,generale!$A$16:$A$4963,0),COLUMN())=0,0,INDEX(generale!$A$16:$G$4963,MATCH(NGG!$A4010,generale!$A$16:$A$4963,0),COLUMN()))","v":17},{"$f":"IF(INDEX(generale!$A$16:$G$4963,MATCH(NGG!$A4010,generale!$A$16:$A$4963,0),COLUMN())=0,0,INDEX(generale!$A$16:$G$4963,MATCH(NGG!$A4010,generale!$A$16:$A$4963,0),COLUMN()))","v":4},{"$f":"IF(INDEX(generale!$A$16:$G$4963,MATCH(NGG!$A4010,generale!$A$16:$A$4963,0),COLUMN())=0,0,INDEX(generale!$A$16:$G$4963,MATCH(NGG!$A4010,generale!$A$16:$A$4963,0),COLUMN()))","v":2},{"$f":"generale!G4020","v":"T"},22,12,2,61,4,49,16,7,0,51,6,3,11,1,19,20,0,0,0,0,null,null,null,null,null,null,null,null,null,null,null,null,null,null,null,null,null,1,1,1,1]
[{"$f":"IF(generale!$A4027>0,generale!$A4027,\"\")","v":"2016-01-07"},{"$f":"IF(INDEX(generale!$A$16:$G$4963,MATCH(NGG!$A4017,generale!$A$16:$A$4963,0),COLUMN())=0,0,INDEX(generale!$A$16:$G$4963,MATCH(NGG!$A4017,generale!$A$16:$A$4963,0),COLUMN()))","v":5},{"$f":"IF(INDEX(generale!$A$16:$G$4963,MATCH(NGG!$A4017,generale!$A$16:$A$4963,0),COLUMN())=0,0,INDEX(generale!$A$16:$G$4963,MATCH(NGG!$A4017,generale!$A$16:$A$4963,0),COLUMN()))","v":11},{"$f":"IF(INDEX(generale!$A$16:$G$4963,MATCH(NGG!$A4017,generale!$A$16:$A$4963,0),COLUMN())=0,0,INDEX(generale!$A$16:$G$4963,MATCH(NGG!$A4017,generale!$A$16:$A$4963,0),COLUMN()))","v":4},{"$f":"IF(INDEX(generale!$A$16:$G$4963,MATCH(NGG!$A4017,generale!$A$16:$A$4963,0),COLUMN())=0,0,INDEX(generale!$A$16:$G$4963,MATCH(NGG!$A4017,generale!$A$16:$A$4963,0),COLUMN()))","v":8},{"$f":"IF(INDEX(generale!$A$16:$G$4963,MATCH(NGG!$A4017,generale!$A$16:$A$4963,0),COLUMN())=0,0,INDEX(generale!$A$16:$G$4963,MATCH(NGG!$A4017,generale!$A$16:$A$4963,0),COLUMN()))","v":9},{"$f":"generale!G4027","v":"T"},29,19,4,6,0,56,23,3,7,58,13,1,18,8,26,27,0,0,0,0,null,null,null,null,null,null,null,null,null,null,null,null,null,null,null,null,null,1,1,1,1]
[{"$f":"IF(generale!$A4033>0,generale!$A4033,\"\")","v":"2016-01-13"},{"$f":"IF(INDEX(generale!$A$16:$G$4963,MATCH(NGG!$A4023,generale!$A$16:$A$4963,0),COLUMN())=0,0,INDEX(generale!$A$16:$G$4963,MATCH(NGG!$A4023,generale!$A$16:$A$4963,0),COLUMN()))","v":7},{"$f":"IF(INDEX(generale!$A$16:$G$4963,MATCH(NGG!$A4023,generale!$A$16:$A$4963,0),COLUMN())=0,0,INDEX(generale!$A$16:$G$4963,MATCH(NGG!$A4023,generale!$A$16:$A$4963,0),COLUMN()))","v":9},{"$f":"IF(INDEX(generale!$A$16:$G$4963,MATCH(NGG!$A4023,generale!$A$16:$A$4963,0),COLUMN())=0,0,INDEX(generale!$A$16:$G$4963,MATCH(NGG!$A4023,generale!$A$16:$A$4963,0),COLUMN()))","v":3},{"$f":"IF(INDEX(generale!$A$16:$G$4963,MATCH(NGG!$A4023,generale!$A$16:$A$4963,0),COLUMN())=0,0,INDEX(generale!$A$16:$G$4963,MATCH(NGG!$A4023,generale!$A$16:$A$4963,0),COLUMN()))","v":17},{"$f":"IF(INDEX(generale!$A$16:$G$4963,MATCH(NGG!$A4023,generale!$A$16:$A$4963,0),COLUMN())=0,0,INDEX(generale!$A$16:$G$4963,MATCH(NGG!$A4023,generale!$A$16:$A$4963,0),COLUMN()))","v":1},{"$f":"generale!G4033","v":"T"},4,25,10,12,6,62,0,9,1,64,19,7,5,14,32,2,0,0,0,0,null,null,null,null,null,null,null,null,null,null,null,null,null,null,null,null,null,1,1,1,1]
[{"$f":"IF(generale!$A4041>0,generale!$A4041,\"\")","v":"2016-01-21"},{"$f":"IF(INDEX(generale!$A$16:$G$4963,MATCH(NGG!$A4031,generale!$A$16:$A$4963,0),COLUMN())=0,0,INDEX(generale!$A$16:$G$4963,MATCH(NGG!$A4031,generale!$A$16:$A$4963,0),COLUMN()))","v":10},{"$f":"IF(INDEX(generale!$A$16:$G$4963,MATCH(NGG!$A4031,generale!$A$16:$A$4963,0),COLUMN())=0,0,INDEX(generale!$A$16:$G$4963,MATCH(NGG!$A4031,generale!$A$16:$A$4963,0),COLUMN()))","v":13},{"$f":"IF(INDEX(generale!$A$16:$G$4963,MATCH(NGG!$A4031,generale!$A$16:$A$4963,0),COLUMN())=0,0,INDEX(generale!$A$16:$G$4963,MATCH(NGG!$A4031,generale!$A$16:$A$4963,0),COLUMN()))","v":14},{"$f":"IF(INDEX(generale!$A$16:$G$4963,MATCH(NGG!$A4031,generale!$A$16:$A$4963,0),COLUMN())=0,0,INDEX(generale!$A$16:$G$4963,MATCH(NGG!$A4031,generale!$A$16:$A$4963,0),COLUMN()))","v":4},{"$f":"IF(INDEX(generale!$A$16:$G$4963,MATCH(NGG!$A4031,generale!$A$16:$A$4963,0),COLUMN())=0,0,INDEX(generale!$A$16:$G$4963,MATCH(NGG!$A4031,generale!$A$16:$A$4963,0),COLUMN()))","v":3},{"$f":"generale!G4041","v":"T"},2,33,18,7,14,70,6,17,9,0,27,4,13,22,1,10,0,0,0,0,null,null,null,null,null,null,null,null,null,null,null,null,null,null,null,null,null,1,1,1,1]
[{"$f":"IF(generale!$A4057>0,generale!$A4057,\"\")","v":"2016-02-06"},{"$f":"IF(INDEX(generale!$A$16:$G$4963,MATCH(NGG!$A4047,generale!$A$16:$A$4963,0),COLUMN())=0,0,INDEX(generale!$A$16:$G$4963,MATCH(NGG!$A4047,generale!$A$16:$A$4963,0),COLUMN()))","v":7},{"$f":"IF(INDEX(generale!$A$16:$G$4963,MATCH(NGG!$A4047,generale!$A$16:$A$4963,0),COLUMN())=0,0,INDEX(generale!$A$16:$G$4963,MATCH(NGG!$A4047,generale!$A$16:$A$4963,0),COLUMN()))","v":6},{"$f":"IF(INDEX(generale!$A$16:$G$4963,MATCH(NGG!$A4047,generale!$A$16:$A$4963,0),COLUMN())=0,0,INDEX(generale!$A$16:$G$4963,MATCH(NGG!$A4047,generale!$A$16:$A$4963,0),COLUMN()))","v":14},{"$f":"IF(INDEX(generale!$A$16:$G$4963,MATCH(NGG!$A4047,generale!$A$16:$A$4963,0),COLUMN())=0,0,INDEX(generale!$A$16:$G$4963,MATCH(NGG!$A4047,generale!$A$16:$A$4963,0),COLUMN()))","v":17},{"$f":"IF(INDEX(generale!$A$16:$G$4963,MATCH(NGG!$A4047,generale!$A$16:$A$4963,0),COLUMN())=0,0,INDEX(generale!$A$16:$G$4963,MATCH(NGG!$A4047,generale!$A$16:$A$4963,0),COLUMN()))","v":4},{"$f":"generale!G4057","v":"T"},18,4,7,23,30,86,0,10,9,6,43,13,5,38,2,26,0,0,0,0,null,null,null,null,null,null,null,null,null,null,null,null,null,null,null,null,null,1,1,1,1]
[{"$f":"IF(generale!$A4062>0,generale!$A4062,\"\")","v":"2016-02-11"},{"$f":"IF(INDEX(generale!$A$16:$G$4963,MATCH(NGG!$A4052,generale!$A$16:$A$4963,0),COLUMN())=0,0,INDEX(generale!$A$16:$G$4963,MATCH(NGG!$A4052,generale!$A$16:$A$4963,0),COLUMN()))","v":12},{"$f":"IF(INDEX(generale!$A$16:$G$4963,MATCH(NGG!$A4052,generale!$A$16:$A$4963,0),COLUMN())=0,0,INDEX(generale!$A$16:$G$4963,MATCH(NGG!$A4052,generale!$A$16:$A$4963,0),COLUMN()))","v":3},{"$f":"IF(INDEX(generale!$A$16:$G$4963,MATCH(NGG!$A4052,generale!$A$16:$A$4963,0),COLUMN())=0,0,INDEX(generale!$A$16:$G$4963,MATCH(NGG!$A4052,generale!$A$16:$A$4963,0),COLUMN()))","v":5},{"$f":"IF(INDEX(generale!$A$16:$G$4963,MATCH(NGG!$A4052,generale!$A$16:$A$4963,0),COLUMN())=0,0,INDEX(generale!$A$16:$G$4963,MATCH(NGG!$A4052,generale!$A$16:$A$4963,0),COLUMN()))","v":1},{"$f":"IF(INDEX(generale!$A$16:$G$4963,MATCH(NGG!$A4052,generale!$A$16:$A$4963,0),COLUMN())=0,0,INDEX(generale!$A$16:$G$4963,MATCH(NGG!$A4052,generale!$A$16:$A$4963,0),COLUMN()))","v":10},{"$f":"generale!G4062","v":"T"},2,9,12,4,35,1,5,15,14,11,3,0,10,43,7,31,0,0,0,0,null,null,null,null,null,null,null,null,null,null,null,null,null,null,null,null,null,1,1,1,1]
[{"$f":"IF(generale!$A4071>0,generale!$A4071,\"\")","v":"2016-02-20"},{"$f":"IF(INDEX(generale!$A$16:$G$4963,MATCH(NGG!$A4061,generale!$A$16:$A$4963,0),COLUMN())=0,0,INDEX(generale!$A$16:$G$4963,MATCH(NGG!$A4061,generale!$A$16:$A$4963,0),COLUMN()))","v":14},{"$f":"IF(INDEX(generale!$A$16:$G$4963,MATCH(NGG!$A4061,generale!$A$16:$A$4963,0),COLUMN())=0,0,INDEX(generale!$A$16:$G$4963,MATCH(NGG!$A4061,generale!$A$16:$A$4963,0),COLUMN()))","v":16},{"$f":"IF(INDEX(generale!$A$16:$G$4963,MATCH(NGG!$A4061,generale!$A$16:$A$4963,0),COLUMN())=0,0,INDEX(generale!$A$16:$G$4963,MATCH(NGG!$A4061,generale!$A$16:$A$4963,0),COLUMN()))","v":8},{"$f":"IF(INDEX(generale!$A$16:$G$4963,MATCH(NGG!$A4061,generale!$A$16:$A$4963,0),COLUMN())=0,0,INDEX(generale!$A$16:$G$4963,MATCH(NGG!$A4061,generale!$A$16:$A$4963,0),COLUMN()))","v":11},{"$f":"IF(INDEX(generale!$A$16:$G$4963,MATCH(NGG!$A4061,generale!$A$16:$A$4963,0),COLUMN())=0,0,INDEX(generale!$A$16:$G$4963,MATCH(NGG!$A4061,generale!$A$16:$A$4963,0),COLUMN()))","v":2},{"$f":"generale!G4071","v":"P"},11,18,21,13,44,4,14,6,3,1,7,9,19,0,2,40,0,0,0,0,null,null,null,null,null,null,null,null,null,null,null,null,null,null,null,null,null,1,1,1,1]
[{"$f":"IF(generale!$A4078>0,generale!$A4078,\"\")","v":"2016-02-27"},{"$f":"IF(INDEX(generale!$A$16:$G$4963,MATCH(NGG!$A4068,generale!$A$16:$A$4963,0),COLUMN())=0,0,INDEX(generale!$A$16:$G$4963,MATCH(NGG!$A4068,generale!$A$16:$A$4963,0),COLUMN()))","v":3},{"$f":"IF(INDEX(generale!$A$16:$G$4963,MATCH(NGG!$A4068,generale!$A$16:$A$4963,0),COLUMN())=0,0,INDEX(generale!$A$16:$G$4963,MATCH(NGG!$A4068,generale!$A$16:$A$4963,0),COLUMN()))","v":7},{"$f":"IF(INDEX(generale!$A$16:$G$4963,MATCH(NGG!$A4068,generale!$A$16:$A$4963,0),COLUMN())=0,0,INDEX(generale!$A$16:$G$4963,MATCH(NGG!$A4068,generale!$A$16:$A$4963,0),COLUMN()))","v":18},{"$f":"IF(INDEX(generale!$A$16:$G$4963,MATCH(NGG!$A4068,generale!$A$16:$A$4963,0),COLUMN())=0,0,INDEX(generale!$A$16:$G$4963,MATCH(NGG!$A4068,generale!$A$16:$A$4963,0),COLUMN()))","v":13},{"$f":"IF(INDEX(generale!$A$16:$G$4963,MATCH(NGG!$A4068,generale!$A$16:$A$4963,0),COLUMN())=0,0,INDEX(generale!$A$16:$G$4963,MATCH(NGG!$A4068,generale!$A$16:$A$4963,0),COLUMN()))","v":2},{"$f":"generale!G4078","v":"P"},18,25,0,3,51,11,21,13,2,5,6,16,1,7,9,47,0,0,0,0,null,null,null,null,null,null,null,null,null,null,null,null,null,null,null,null,null,1,1,1,1]
[{"$f":"IF(generale!$A4091>0,generale!$A4091,\"\")","v":"2016-03-12"},{"$f":"IF(INDEX(generale!$A$16:$G$4963,MATCH(NGG!$A4081,generale!$A$16:$A$4963,0),COLUMN())=0,0,INDEX(generale!$A$16:$G$4963,MATCH(NGG!$A4081,generale!$A$16:$A$4963,0),COLUMN()))","v":16},{"$f":"IF(INDEX(generale!$A$16:$G$4963,MATCH(NGG!$A4081,generale!$A$16:$A$4963,0),COLUMN())=0,0,INDEX(generale!$A$16:$G$4963,MATCH(NGG!$A4081,generale!$A$16:$A$4963,0),COLUMN()))","v":4},{"$f":"IF(INDEX(generale!$A$16:$G$4963,MATCH(NGG!$A4081,generale!$A$16:$A$4963,0),COLUMN())=0,0,INDEX(generale!$A$16:$G$4963,MATCH(NGG!$A4081,generale!$A$16:$A$4963,0),COLUMN()))","v":5},{"$f":"IF(INDEX(generale!$A$16:$G$4963,MATCH(NGG!$A4081,generale!$A$16:$A$4963,0),COLUMN())=0,0,INDEX(generale!$A$16:$G$4963,MATCH(NGG!$A4081,generale!$A$16:$A$4963,0),COLUMN()))","v":9},{"$f":"IF(INDEX(generale!$A$16:$G$4963,MATCH(NGG!$A4081,generale!$A$16:$A$4963,0),COLUMN())=0,0,INDEX(generale!$A$16:$G$4963,MATCH(NGG!$A4081,generale!$A$16:$A$4963,0),COLUMN()))","v":10},{"$f":"generale!G4091","v":"P"},31,10,13,16,1,3,34,7,2,4,19,29,11,8,9,0,0,0,0,0,null,null,null,null,null,null,null,null,null,null,null,null,null,null,null,null,null,1,1,1,1]
[{"$f":"IF(generale!$A4096>0,generale!$A4096,\"\")","v":"2016-03-17"},{"$f":"IF(INDEX(generale!$A$16:$G$4963,MATCH(NGG!$A4086,generale!$A$16:$A$4963,0),COLUMN())=0,0,INDEX(generale!$A$16:$G$4963,MATCH(NGG!$A4086,generale!$A$16:$A$4963,0),COLUMN()))","v":16},{"$f":"IF(INDEX(generale!$A$16:$G$4963,MATCH(NGG!$A4086,generale!$A$16:$A$4963,0),COLUMN())=0,0,INDEX(generale!$A$16:$G$4963,MATCH(NGG!$A4086,generale!$A$16:$A$4963,0),COLUMN()))","v":4},{"$f":"IF(INDEX(generale!$A$16:$G$4963,MATCH(NGG!$A4086,generale!$A$16:$A$4963,0),COLUMN())=0,0,INDEX(generale!$A$16:$G$4963,MATCH(NGG!$A4086,generale!$A$16:$A$4963,0),COLUMN()))","v":13},{"$f":"IF(INDEX(generale!$A$16:$G$4963,MATCH(NGG!$A4086,generale!$A$16:$A$4963,0),COLUMN())=0,0,INDEX(generale!$A$16:$G$4963,MATCH(NGG!$A4086,generale!$A$16:$A$4963,0),COLUMN()))","v":10},{"$f":"IF(INDEX(generale!$A$16:$G$4963,MATCH(NGG!$A4086,generale!$A$16:$A$4963,0),COLUMN())=0,0,INDEX(generale!$A$16:$G$4963,MATCH(NGG!$A4086,generale!$A$16:$A$4963,0),COLUMN()))","v":1},{"$f":"generale!G4096","v":"P"},36,15,18,21,1,8,39,12,3,9,24,34,16,4,14,0,0,0,0,0,null,null,null,null,null,null,null,null,null,null,null,null,null,null,null,null,null,1,1,1,1]
[{"$f":"IF(generale!$A4108>0,generale!$A4108,\"\")","v":"2016-03-29"},{"$f":"IF(INDEX(generale!$A$16:$G$4963,MATCH(NGG!$A4098,generale!$A$16:$A$4963,0),COLUMN())=0,0,INDEX(generale!$A$16:$G$4963,MATCH(NGG!$A4098,generale!$A$16:$A$4963,0),COLUMN()))","v":5},{"$f":"IF(INDEX(generale!$A$16:$G$4963,MATCH(NGG!$A4098,generale!$A$16:$A$4963,0),COLUMN())=0,0,INDEX(generale!$A$16:$G$4963,MATCH(NGG!$A4098,generale!$A$16:$A$4963,0),COLUMN()))","v":3},{"$f":"IF(INDEX(generale!$A$16:$G$4963,MATCH(NGG!$A4098,generale!$A$16:$A$4963,0),COLUMN())=0,0,INDEX(generale!$A$16:$G$4963,MATCH(NGG!$A4098,generale!$A$16:$A$4963,0),COLUMN()))","v":16},{"$f":"IF(INDEX(generale!$A$16:$G$4963,MATCH(NGG!$A4098,generale!$A$16:$A$4963,0),COLUMN())=0,0,INDEX(generale!$A$16:$G$4963,MATCH(NGG!$A4098,generale!$A$16:$A$4963,0),COLUMN()))","v":12},{"$f":"IF(INDEX(generale!$A$16:$G$4963,MATCH(NGG!$A4098,generale!$A$16:$A$4963,0),COLUMN())=0,0,INDEX(generale!$A$16:$G$4963,MATCH(NGG!$A4098,generale!$A$16:$A$4963,0),COLUMN()))","v":4},{"$f":"generale!G4108","v":"P"},48,27,1,7,0,20,6,24,2,21,36,4,28,16,3,10,0,0,0,0,null,null,null,null,null,null,null,null,null,null,null,null,null,null,null,null,null,1,1,1,1]
[{"$f":"IF(generale!$A4112>0,generale!$A4112,\"\")","v":"2016-04-02"},{"$f":"IF(INDEX(generale!$A$16:$G$4963,MATCH(NGG!$A4102,generale!$A$16:$A$4963,0),COLUMN())=0,0,INDEX(generale!$A$16:$G$4963,MATCH(NGG!$A4102,generale!$A$16:$A$4963,0),COLUMN()))","v":2},{"$f":"IF(INDEX(generale!$A$16:$G$4963,MATCH(NGG!$A4102,generale!$A$16:$A$4963,0),COLUMN())=0,0,INDEX(generale!$A$16:$G$4963,MATCH(NGG!$A4102,generale!$A$16:$A$4963,0),COLUMN()))","v":5},{"$f":"IF(INDEX(generale!$A$16:$G$4963,MATCH(NGG!$A4102,generale!$A$16:$A$4963,0),COLUMN())=0,0,INDEX(generale!$A$16:$G$4963,MATCH(NGG!$A4102,generale!$A$16:$A$4963,0),COLUMN()))","v":16},{"$f":"IF(INDEX(generale!$A$16:$G$4963,MATCH(NGG!$A4102,generale!$A$16:$A$4963,0),COLUMN())=0,0,INDEX(generale!$A$16:$G$4963,MATCH(NGG!$A4102,generale!$A$16:$A$4963,0),COLUMN()))","v":6},{"$f":"IF(INDEX(generale!$A$16:$G$4963,MATCH(NGG!$A4102,generale!$A$16:$A$4963,0),COLUMN())=0,0,INDEX(generale!$A$16:$G$4963,MATCH(NGG!$A4102,generale!$A$16:$A$4963,0),COLUMN()))","v":7},{"$f":"generale!G4112","v":"O"},52,0,5,11,4,3,10,1,6,25,40,8,32,20,7,14,0,0,0,0,null,null,null,null,null,null,null,null,null,null,null,null,null,null,null,null,null,1,1,1,1]
[{"$f":"IF(generale!$A4126>0,generale!$A4126,\"\")","v":"2016-04-16"},{"$f":"IF(INDEX(generale!$A$16:$G$4963,MATCH(NGG!$A4116,generale!$A$16:$A$4963,0),COLUMN())=0,0,INDEX(generale!$A$16:$G$4963,MATCH(NGG!$A4116,generale!$A$16:$A$4963,0),COLUMN()))","v":7},{"$f":"IF(INDEX(generale!$A$16:$G$4963,MATCH(NGG!$A4116,generale!$A$16:$A$4963,0),COLUMN())=0,0,INDEX(generale!$A$16:$G$4963,MATCH(NGG!$A4116,generale!$A$16:$A$4963,0),COLUMN()))","v":3},{"$f":"IF(INDEX(generale!$A$16:$G$4963,MATCH(NGG!$A4116,generale!$A$16:$A$4963,0),COLUMN())=0,0,INDEX(generale!$A$16:$G$4963,MATCH(NGG!$A4116,generale!$A$16:$A$4963,0),COLUMN()))","v":9},{"$f":"IF(INDEX(generale!$A$16:$G$4963,MATCH(NGG!$A4116,generale!$A$16:$A$4963,0),COLUMN())=0,0,INDEX(generale!$A$16:$G$4963,MATCH(NGG!$A4116,generale!$A$16:$A$4963,0),COLUMN()))","v":6},{"$f":"IF(INDEX(generale!$A$16:$G$4963,MATCH(NGG!$A4116,generale!$A$16:$A$4963,0),COLUMN())=0,0,INDEX(generale!$A$16:$G$4963,MATCH(NGG!$A4116,generale!$A$16:$A$4963,0),COLUMN()))","v":14},{"$f":"generale!G4126","v":"T"},66,4,19,5,3,1,0,15,6,39,54,22,7,2,21,12,0,0,0,0,null,null,null,null,null,null,null,null,null,null,null,null,null,null,null,null,null,1,1,1,1]
[{"$f":"IF(generale!$A4129>0,generale!$A4129,\"\")","v":"2016-04-19"},{"$f":"IF(INDEX(generale!$A$16:$G$4963,MATCH(NGG!$A4119,generale!$A$16:$A$4963,0),COLUMN())=0,0,INDEX(generale!$A$16:$G$4963,MATCH(NGG!$A4119,generale!$A$16:$A$4963,0),COLUMN()))","v":11},{"$f":"IF(INDEX(generale!$A$16:$G$4963,MATCH(NGG!$A4119,generale!$A$16:$A$4963,0),COLUMN())=0,0,INDEX(generale!$A$16:$G$4963,MATCH(NGG!$A4119,generale!$A$16:$A$4963,0),COLUMN()))","v":8},{"$f":"IF(INDEX(generale!$A$16:$G$4963,MATCH(NGG!$A4119,generale!$A$16:$A$4963,0),COLUMN())=0,0,INDEX(generale!$A$16:$G$4963,MATCH(NGG!$A4119,generale!$A$16:$A$4963,0),COLUMN()))","v":13},{"$f":"IF(INDEX(generale!$A$16:$G$4963,MATCH(NGG!$A4119,generale!$A$16:$A$4963,0),COLUMN())=0,0,INDEX(generale!$A$16:$G$4963,MATCH(NGG!$A4119,generale!$A$16:$A$4963,0),COLUMN()))","v":4},{"$f":"IF(INDEX(generale!$A$16:$G$4963,MATCH(NGG!$A4119,generale!$A$16:$A$4963,0),COLUMN())=0,0,INDEX(generale!$A$16:$G$4963,MATCH(NGG!$A4119,generale!$A$16:$A$4963,0),COLUMN()))","v":5},{"$f":"generale!G4129","v":"P"},69,7,22,2,6,4,3,18,9,42,0,25,10,5,24,15,0,0,0,0,null,null,null,null,null,null,null,null,null,null,null,null,null,null,null,null,null,1,1,1,1]
[{"$f":"IF(generale!$A4141>0,generale!$A4141,\"\")","v":"2016-05-01"},{"$f":"IF(INDEX(generale!$A$16:$G$4963,MATCH(NGG!$A4131,generale!$A$16:$A$4963,0),COLUMN())=0,0,INDEX(generale!$A$16:$G$4963,MATCH(NGG!$A4131,generale!$A$16:$A$4963,0),COLUMN()))","v":18},{"$f":"IF(INDEX(generale!$A$16:$G$4963,MATCH(NGG!$A4131,generale!$A$16:$A$4963,0),COLUMN())=0,0,INDEX(generale!$A$16:$G$4963,MATCH(NGG!$A4131,generale!$A$16:$A$4963,0),COLUMN()))","v":10},{"$f":"IF(INDEX(generale!$A$16:$G$4963,MATCH(NGG!$A4131,generale!$A$16:$A$4963,0),COLUMN())=0,0,INDEX(generale!$A$16:$G$4963,MATCH(NGG!$A4131,generale!$A$16:$A$4963,0),COLUMN()))","v":2},{"$f":"IF(INDEX(generale!$A$16:$G$4963,MATCH(NGG!$A4131,generale!$A$16:$A$4963,0),COLUMN())=0,0,INDEX(generale!$A$16:$G$4963,MATCH(NGG!$A4131,generale!$A$16:$A$4963,0),COLUMN()))","v":12},{"$f":"IF(INDEX(generale!$A$16:$G$4963,MATCH(NGG!$A4131,generale!$A$16:$A$4963,0),COLUMN())=0,0,INDEX(generale!$A$16:$G$4963,MATCH(NGG!$A4131,generale!$A$16:$A$4963,0),COLUMN()))","v":9},{"$f":"generale!G4141","v":"P"},5,7,3,14,18,16,15,4,1,8,12,11,2,17,9,27,0,0,0,0,null,null,null,null,null,null,null,null,null,null,null,null,null,null,null,null,null,1,1,1,1]
[{"$f":"IF(generale!$A4147>0,generale!$A4147,\"\")","v":"2016-05-07"},{"$f":"IF(INDEX(generale!$A$16:$G$4963,MATCH(NGG!$A4137,generale!$A$16:$A$4963,0),COLUMN())=0,0,INDEX(generale!$A$16:$G$4963,MATCH(NGG!$A4137,generale!$A$16:$A$4963,0),COLUMN()))","v":17},{"$f":"IF(INDEX(generale!$A$16:$G$4963,MATCH(NGG!$A4137,generale!$A$16:$A$4963,0),COLUMN())=0,0,INDEX(generale!$A$16:$G$4963,MATCH(NGG!$A4137,generale!$A$16:$A$4963,0),COLUMN()))","v":3},{"$f":"IF(INDEX(generale!$A$16:$G$4963,MATCH(NGG!$A4137,generale!$A$16:$A$4963,0),COLUMN())=0,0,INDEX(generale!$A$16:$G$4963,MATCH(NGG!$A4137,generale!$A$16:$A$4963,0),COLUMN()))","v":14},{"$f":"IF(INDEX(generale!$A$16:$G$4963,MATCH(NGG!$A4137,generale!$A$16:$A$4963,0),COLUMN())=0,0,INDEX(generale!$A$16:$G$4963,MATCH(NGG!$A4137,generale!$A$16:$A$4963,0),COLUMN()))","v":11},{"$f":"IF(INDEX(generale!$A$16:$G$4963,MATCH(NGG!$A4137,generale!$A$16:$A$4963,0),COLUMN())=0,0,INDEX(generale!$A$16:$G$4963,MATCH(NGG!$A4137,generale!$A$16:$A$4963,0),COLUMN()))","v":6},{"$f":"generale!G4147","v":"T"},4,13,9,3,24,5,21,1,7,14,18,2,8,23,15,33,0,0,0,0,null,null,null,null,null,null,null,null,null,null,null,null,null,null,null,null,null,1,1,1,1]
[{"$f":"IF(generale!$A4160>0,generale!$A4160,\"\")","v":"2016-05-20"},{"$f":"IF(INDEX(generale!$A$16:$G$4963,MATCH(NGG!$A4150,generale!$A$16:$A$4963,0),COLUMN())=0,0,INDEX(generale!$A$16:$G$4963,MATCH(NGG!$A4150,generale!$A$16:$A$4963,0),COLUMN()))","v":1},{"$f":"IF(INDEX(generale!$A$16:$G$4963,MATCH(NGG!$A4150,generale!$A$16:$A$4963,0),COLUMN())=0,0,INDEX(generale!$A$16:$G$4963,MATCH(NGG!$A4150,generale!$A$16:$A$4963,0),COLUMN()))","v":12},{"$f":"IF(INDEX(generale!$A$16:$G$4963,MATCH(NGG!$A4150,generale!$A$16:$A$4963,0),COLUMN())=0,0,INDEX(generale!$A$16:$G$4963,MATCH(NGG!$A4150,generale!$A$16:$A$4963,0),COLUMN()))","v":11},{"$f":"IF(INDEX(generale!$A$16:$G$4963,MATCH(NGG!$A4150,generale!$A$16:$A$4963,0),COLUMN())=0,0,INDEX(generale!$A$16:$G$4963,MATCH(NGG!$A4150,generale!$A$16:$A$4963,0),COLUMN()))","v":13},{"$f":"IF(INDEX(generale!$A$16:$G$4963,MATCH(NGG!$A4150,generale!$A$16:$A$4963,0),COLUMN())=0,0,INDEX(generale!$A$16:$G$4963,MATCH(NGG!$A4150,generale!$A$16:$A$4963,0),COLUMN()))","v":8},{"$f":"generale!G4160","v":"T"},0,26,22,16,10,3,4,14,2,27,31,6,12,1,28,9,0,0,0,0,null,null,null,null,null,null,null,null,null,null,null,null,null,null,null,null,null,1,1,1,1]
[{"$f":"IF(generale!$A4165>0,generale!$A4165,\"\")","v":"2016-05-25"},{"$f":"IF(INDEX(generale!$A$16:$G$4963,MATCH(NGG!$A4155,generale!$A$16:$A$4963,0),COLUMN())=0,0,INDEX(generale!$A$16:$G$4963,MATCH(NGG!$A4155,generale!$A$16:$A$4963,0),COLUMN()))","v":15},{"$f":"IF(INDEX(generale!$A$16:$G$4963,MATCH(NGG!$A4155,generale!$A$16:$A$4963,0),COLUMN())=0,0,INDEX(generale!$A$16:$G$4963,MATCH(NGG!$A4155,generale!$A$16:$A$4963,0),COLUMN()))","v":6},{"$f":"IF(INDEX(generale!$A$16:$G$4963,MATCH(NGG!$A4155,generale!$A$16:$A$4963,0),COLUMN())=0,0,INDEX(generale!$A$16:$G$4963,MATCH(NGG!$A4155,generale!$A$16:$A$4963,0),COLUMN()))","v":7},{"$f":"IF(INDEX(generale!$A$16:$G$4963,MATCH(NGG!$A4155,generale!$A$16:$A$4963,0),COLUMN())=0,0,INDEX(generale!$A$16:$G$4963,MATCH(NGG!$A4155,generale!$A$16:$A$4963,0),COLUMN()))","v":4},{"$f":"IF(INDEX(generale!$A$16:$G$4963,MATCH(NGG!$A4155,generale!$A$16:$A$4963,0),COLUMN())=0,0,INDEX(generale!$A$16:$G$4963,MATCH(NGG!$A4155,generale!$A$16:$A$4963,0),COLUMN()))","v":5},{"$f":"generale!G4165","v":"T"},5,31,27,21,15,1,4,2,7,32,36,3,17,6,0,14,0,0,0,0,null,null,null,null,null,null,null,null,null,null,null,null,null,null,null,null,null,1,1,1,1]
[{"$f":"IF(generale!$A4177>0,generale!$A4177,\"\")","v":"2016-06-06"},{"$f":"IF(INDEX(generale!$A$16:$G$4963,MATCH(NGG!$A4167,generale!$A$16:$A$4963,0),COLUMN())=0,0,INDEX(generale!$A$16:$G$4963,MATCH(NGG!$A4167,generale!$A$16:$A$4963,0),COLUMN()))","v":4},{"$f":"IF(INDEX(generale!$A$16:$G$4963,MATCH(NGG!$A4167,generale!$A$16:$A$4963,0),COLUMN())=0,0,INDEX(generale!$A$16:$G$4963,MATCH(NGG!$A4167,generale!$A$16:$A$4963,0),COLUMN()))","v":6},{"$f":"IF(INDEX(generale!$A$16:$G$4963,MATCH(NGG!$A4167,generale!$A$16:$A$4963,0),COLUMN())=0,0,INDEX(generale!$A$16:$G$4963,MATCH(NGG!$A4167,generale!$A$16:$A$4963,0),COLUMN()))","v":12},{"$f":"IF(INDEX(generale!$A$16:$G$4963,MATCH(NGG!$A4167,generale!$A$16:$A$4963,0),COLUMN())=0,0,INDEX(generale!$A$16:$G$4963,MATCH(NGG!$A4167,generale!$A$16:$A$4963,0),COLUMN()))","v":16},{"$f":"IF(INDEX(generale!$A$16:$G$4963,MATCH(NGG!$A4167,generale!$A$16:$A$4963,0),COLUMN())=0,0,INDEX(generale!$A$16:$G$4963,MATCH(NGG!$A4167,generale!$A$16:$A$4963,0),COLUMN()))","v":14},{"$f":"generale!G4177","v":"O"},8,10,5,0,27,7,1,2,19,44,48,11,29,18,6,3,0,0,0,0,null,null,null,null,null,null,null,null,null,null,null,null,null,null,null,null,null,1,1,1,1]
[{"$f":"IF(generale!$A4181>0,generale!$A4181,\"\")","v":"2016-06-10"},{"$f":"IF(INDEX(generale!$A$16:$G$4963,MATCH(NGG!$A4171,generale!$A$16:$A$4963,0),COLUMN())=0,0,INDEX(generale!$A$16:$G$4963,MATCH(NGG!$A4171,generale!$A$16:$A$4963,0),COLUMN()))","v":14},{"$f":"IF(INDEX(generale!$A$16:$G$4963,MATCH(NGG!$A4171,generale!$A$16:$A$4963,0),COLUMN())=0,0,INDEX(generale!$A$16:$G$4963,MATCH(NGG!$A4171,generale!$A$16:$A$4963,0),COLUMN()))","v":10},{"$f":"IF(INDEX(generale!$A$16:$G$4963,MATCH(NGG!$A4171,generale!$A$16:$A$4963,0),COLUMN())=0,0,INDEX(generale!$A$16:$G$4963,MATCH(NGG!$A4171,generale!$A$16:$A$4963,0),COLUMN()))","v":4},{"$f":"IF(INDEX(generale!$A$16:$G$4963,MATCH(NGG!$A4171,generale!$A$16:$A$4963,0),COLUMN())=0,0,INDEX(generale!$A$16:$G$4963,MATCH(NGG!$A4171,generale!$A$16:$A$4963,0),COLUMN()))","v":8},{"$f":"IF(INDEX(generale!$A$16:$G$4963,MATCH(NGG!$A4171,generale!$A$16:$A$4963,0),COLUMN())=0,0,INDEX(generale!$A$16:$G$4963,MATCH(NGG!$A4171,generale!$A$16:$A$4963,0),COLUMN()))","v":13},{"$f":"generale!G4181","v":"T"},12,14,3,1,31,11,5,6,23,48,52,15,33,0,10,7,0,0,0,0,null,null,null,null,null,null,null,null,null,null,null,null,null,null,null,null,null,1,1,1,1]
[{"$f":"IF(generale!$A4195>0,generale!$A4195,\"\")","v":"2016-06-24"},{"$f":"IF(INDEX(generale!$A$16:$G$4963,MATCH(NGG!$A4185,generale!$A$16:$A$4963,0),COLUMN())=0,0,INDEX(generale!$A$16:$G$4963,MATCH(NGG!$A4185,generale!$A$16:$A$4963,0),COLUMN()))","v":2},{"$f":"IF(INDEX(generale!$A$16:$G$4963,MATCH(NGG!$A4185,generale!$A$16:$A$4963,0),COLUMN())=0,0,INDEX(generale!$A$16:$G$4963,MATCH(NGG!$A4185,generale!$A$16:$A$4963,0),COLUMN()))","v":16},{"$f":"IF(INDEX(generale!$A$16:$G$4963,MATCH(NGG!$A4185,generale!$A$16:$A$4963,0),COLUMN())=0,0,INDEX(generale!$A$16:$G$4963,MATCH(NGG!$A4185,generale!$A$16:$A$4963,0),COLUMN()))","v":1},{"$f":"IF(INDEX(generale!$A$16:$G$4963,MATCH(NGG!$A4185,generale!$A$16:$A$4963,0),COLUMN())=0,0,INDEX(generale!$A$16:$G$4963,MATCH(NGG!$A4185,generale!$A$16:$A$4963,0),COLUMN()))","v":8},{"$f":"IF(INDEX(generale!$A$16:$G$4963,MATCH(NGG!$A4185,generale!$A$16:$A$4963,0),COLUMN())=0,0,INDEX(generale!$A$16:$G$4963,MATCH(NGG!$A4185,generale!$A$16:$A$4963,0),COLUMN()))","v":5},{"$f":"generale!G4195","v":"T"},8,0,17,15,45,25,4,3,37,5,2,11,47,14,6,7,0,0,0,0,null,null,null,null,null,null,null,null,null,null,null,null,null,null,null,null,null,1,1,1,1]
[{"$f":"IF(generale!$A4198>0,generale!$A4198,\"\")","v":"2016-06-27"},{"$f":"IF(INDEX(generale!$A$16:$G$4963,MATCH(NGG!$A4188,generale!$A$16:$A$4963,0),COLUMN())=0,0,INDEX(generale!$A$16:$G$4963,MATCH(NGG!$A4188,generale!$A$16:$A$4963,0),COLUMN()))","v":11},{"$f":"IF(INDEX(generale!$A$16:$G$4963,MATCH(NGG!$A4188,generale!$A$16:$A$4963,0),COLUMN())=0,0,INDEX(generale!$A$16:$G$4963,MATCH(NGG!$A4188,generale!$A$16:$A$4963,0),COLUMN()))","v":6},{"$f":"IF(INDEX(generale!$A$16:$G$4963,MATCH(NGG!$A4188,generale!$A$16:$A$4963,0),COLUMN())=0,0,INDEX(generale!$A$16:$G$4963,MATCH(NGG!$A4188,generale!$A$16:$A$4963,0),COLUMN()))","v":1},{"$f":"IF(INDEX(generale!$A$16:$G$4963,MATCH(NGG!$A4188,generale!$A$16:$A$4963,0),COLUMN())=0,0,INDEX(generale!$A$16:$G$4963,MATCH(NGG!$A4188,generale!$A$16:$A$4963,0),COLUMN()))","v":10},{"$f":"IF(INDEX(generale!$A$16:$G$4963,MATCH(NGG!$A4188,generale!$A$16:$A$4963,0),COLUMN())=0,0,INDEX(generale!$A$16:$G$4963,MATCH(NGG!$A4188,generale!$A$16:$A$4963,0),COLUMN()))","v":4},{"$f":"generale!G4198","v":"O"},11,3,20,18,48,28,7,6,40,8,0,2,50,1,9,10,0,0,0,0,null,null,null,null,null,null,null,null,null,null,null,null,null,null,null,null,null,1,1,1,1]
[{"$f":"IF(generale!$A4210>0,generale!$A4210,\"\")","v":"2016-07-09"},{"$f":"IF(INDEX(generale!$A$16:$G$4963,MATCH(NGG!$A4200,generale!$A$16:$A$4963,0),COLUMN())=0,0,INDEX(generale!$A$16:$G$4963,MATCH(NGG!$A4200,generale!$A$16:$A$4963,0),COLUMN()))","v":8},{"$f":"IF(INDEX(generale!$A$16:$G$4963,MATCH(NGG!$A4200,generale!$A$16:$A$4963,0),COLUMN())=0,0,INDEX(generale!$A$16:$G$4963,MATCH(NGG!$A4200,generale!$A$16:$A$4963,0),COLUMN()))","v":5},{"$f":"IF(INDEX(generale!$A$16:$G$4963,MATCH(NGG!$A4200,generale!$A$16:$A$4963,0),COLUMN())=0,0,INDEX(generale!$A$16:$G$4963,MATCH(NGG!$A4200,generale!$A$16:$A$4963,0),COLUMN()))","v":11},{"$f":"IF(INDEX(generale!$A$16:$G$4963,MATCH(NGG!$A4200,generale!$A$16:$A$4963,0),COLUMN())=0,0,INDEX(generale!$A$16:$G$4963,MATCH(NGG!$A4200,generale!$A$16:$A$4963,0),COLUMN()))","v":13},{"$f":"IF(INDEX(generale!$A$16:$G$4963,MATCH(NGG!$A4200,generale!$A$16:$A$4963,0),COLUMN())=0,0,INDEX(generale!$A$16:$G$4963,MATCH(NGG!$A4200,generale!$A$16:$A$4963,0),COLUMN()))","v":14},{"$f":"generale!G4210","v":"T"},11,15,7,30,1,8,19,0,52,3,4,10,9,6,2,5,0,0,0,0,null,null,null,null,null,null,null,null,null,null,null,null,null,null,null,null,null,1,1,1,1]
[{"$f":"IF(generale!$A4216>0,generale!$A4216,\"\")","v":"2016-07-15"},{"$f":"IF(INDEX(generale!$A$16:$G$4963,MATCH(NGG!$A4206,generale!$A$16:$A$4963,0),COLUMN())=0,0,INDEX(generale!$A$16:$G$4963,MATCH(NGG!$A4206,generale!$A$16:$A$4963,0),COLUMN()))","v":8},{"$f":"IF(INDEX(generale!$A$16:$G$4963,MATCH(NGG!$A4206,generale!$A$16:$A$4963,0),COLUMN())=0,0,INDEX(generale!$A$16:$G$4963,MATCH(NGG!$A4206,generale!$A$16:$A$4963,0),COLUMN()))","v":3},{"$f":"IF(INDEX(generale!$A$16:$G$4963,MATCH(NGG!$A4206,generale!$A$16:$A$4963,0),COLUMN())=0,0,INDEX(generale!$A$16:$G$4963,MATCH(NGG!$A4206,generale!$A$16:$A$4963,0),COLUMN()))","v":11},{"$f":"IF(INDEX(generale!$A$16:$G$4963,MATCH(NGG!$A4206,generale!$A$16:$A$4963,0),COLUMN())=0,0,INDEX(generale!$A$16:$G$4963,MATCH(NGG!$A4206,generale!$A$16:$A$4963,0),COLUMN()))","v":10},{"$f":"IF(INDEX(generale!$A$16:$G$4963,MATCH(NGG!$A4206,generale!$A$16:$A$4963,0),COLUMN())=0,0,INDEX(generale!$A$16:$G$4963,MATCH(NGG!$A4206,generale!$A$16:$A$4963,0),COLUMN()))","v":16},{"$f":"generale!G4216","v":"T"},17,21,13,36,3,14,5,0,2,1,10,16,15,12,8,11,0,0,0,0,null,null,null,null,null,null,null,null,null,null,null,null,null,null,null,null,null,1,1,1,1]
[{"$f":"IF(generale!$A4228>0,generale!$A4228,\"\")","v":"2016-07-27"},{"$f":"IF(INDEX(generale!$A$16:$G$4963,MATCH(NGG!$A4218,generale!$A$16:$A$4963,0),COLUMN())=0,0,INDEX(generale!$A$16:$G$4963,MATCH(NGG!$A4218,generale!$A$16:$A$4963,0),COLUMN()))","v":10},{"$f":"IF(INDEX(generale!$A$16:$G$4963,MATCH(NGG!$A4218,generale!$A$16:$A$4963,0),COLUMN())=0,0,INDEX(generale!$A$16:$G$4963,MATCH(NGG!$A4218,generale!$A$16:$A$4963,0),COLUMN()))","v":12},{"$f":"IF(INDEX(generale!$A$16:$G$4963,MATCH(NGG!$A4218,generale!$A$16:$A$4963,0),COLUMN())=0,0,INDEX(generale!$A$16:$G$4963,MATCH(NGG!$A4218,generale!$A$16:$A$4963,0),COLUMN()))","v":7},{"$f":"IF(INDEX(generale!$A$16:$G$4963,MATCH(NGG!$A4218,generale!$A$16:$A$4963,0),COLUMN())=0,0,INDEX(generale!$A$16:$G$4963,MATCH(NGG!$A4218,generale!$A$16:$A$4963,0),COLUMN()))","v":4},{"$f":"IF(INDEX(generale!$A$16:$G$4963,MATCH(NGG!$A4218,generale!$A$16:$A$4963,0),COLUMN())=0,0,INDEX(generale!$A$16:$G$4963,MATCH(NGG!$A4218,generale!$A$16:$A$4963,0),COLUMN()))","v":15},{"$f":"generale!G4228","v":"T"},29,33,3,48,2,26,6,4,14,0,1,28,10,24,8,23,0,0,0,0,null,null,null,null,null,null,null,null,null,null,null,null,null,null,null,null,null,1,1,1,1]
[{"$f":"IF(generale!$A4239>0,generale!$A4239,\"\")","v":"2016-08-07"},{"$f":"IF(INDEX(generale!$A$16:$G$4963,MATCH(NGG!$A4229,generale!$A$16:$A$4963,0),COLUMN())=0,0,INDEX(generale!$A$16:$G$4963,MATCH(NGG!$A4229,generale!$A$16:$A$4963,0),COLUMN()))","v":3},{"$f":"IF(INDEX(generale!$A$16:$G$4963,MATCH(NGG!$A4229,generale!$A$16:$A$4963,0),COLUMN())=0,0,INDEX(generale!$A$16:$G$4963,MATCH(NGG!$A4229,generale!$A$16:$A$4963,0),COLUMN()))","v":11},{"$f":"IF(INDEX(generale!$A$16:$G$4963,MATCH(NGG!$A4229,generale!$A$16:$A$4963,0),COLUMN())=0,0,INDEX(generale!$A$16:$G$4963,MATCH(NGG!$A4229,generale!$A$16:$A$4963,0),COLUMN()))","v":10},{"$f":"IF(INDEX(generale!$A$16:$G$4963,MATCH(NGG!$A4229,generale!$A$16:$A$4963,0),COLUMN())=0,0,INDEX(generale!$A$16:$G$4963,MATCH(NGG!$A4229,generale!$A$16:$A$4963,0),COLUMN()))","v":8},{"$f":"IF(INDEX(generale!$A$16:$G$4963,MATCH(NGG!$A4229,generale!$A$16:$A$4963,0),COLUMN())=0,0,INDEX(generale!$A$16:$G$4963,MATCH(NGG!$A4229,generale!$A$16:$A$4963,0),COLUMN()))","v":4},{"$f":"generale!G4239","v":"P"},40,4,0,1,3,37,17,15,25,7,12,6,5,2,9,10,0,0,0,0,null,null,null,null,null,null,null,null,null,null,null,null,null,null,null,null,null,1,1,1,1]
[{"$f":"IF(generale!$A4246>0,generale!$A4246,\"\")","v":"2016-08-14"},{"$f":"IF(INDEX(generale!$A$16:$G$4963,MATCH(NGG!$A4236,generale!$A$16:$A$4963,0),COLUMN())=0,0,INDEX(generale!$A$16:$G$4963,MATCH(NGG!$A4236,generale!$A$16:$A$4963,0),COLUMN()))","v":5},{"$f":"IF(INDEX(generale!$A$16:$G$4963,MATCH(NGG!$A4236,generale!$A$16:$A$4963,0),COLUMN())=0,0,INDEX(generale!$A$16:$G$4963,MATCH(NGG!$A4236,generale!$A$16:$A$4963,0),COLUMN()))","v":4},{"$f":"IF(INDEX(generale!$A$16:$G$4963,MATCH(NGG!$A4236,generale!$A$16:$A$4963,0),COLUMN())=0,0,INDEX(generale!$A$16:$G$4963,MATCH(NGG!$A4236,generale!$A$16:$A$4963,0),COLUMN()))","v":8},{"$f":"IF(INDEX(generale!$A$16:$G$4963,MATCH(NGG!$A4236,generale!$A$16:$A$4963,0),COLUMN())=0,0,INDEX(generale!$A$16:$G$4963,MATCH(NGG!$A4236,generale!$A$16:$A$4963,0),COLUMN()))","v":14},{"$f":"IF(INDEX(generale!$A$16:$G$4963,MATCH(NGG!$A4236,generale!$A$16:$A$4963,0),COLUMN())=0,0,INDEX(generale!$A$16:$G$4963,MATCH(NGG!$A4236,generale!$A$16:$A$4963,0),COLUMN()))","v":1},{"$f":"generale!G4246","v":"P"},47,6,7,8,0,5,24,22,32,14,2,13,12,9,4,1,0,0,0,0,null,null,null,null,null,null,null,null,null,null,null,null,null,null,null,null,null,1,1,1,1]
[{"$f":"IF(generale!$A4253>0,generale!$A4253,\"\")","v":"2016-08-21"},{"$f":"IF(INDEX(generale!$A$16:$G$4963,MATCH(NGG!$A4243,generale!$A$16:$A$4963,0),COLUMN())=0,0,INDEX(generale!$A$16:$G$4963,MATCH(NGG!$A4243,generale!$A$16:$A$4963,0),COLUMN()))","v":16},{"$f":"IF(INDEX(generale!$A$16:$G$4963,MATCH(NGG!$A4243,generale!$A$16:$A$4963,0),COLUMN())=0,0,INDEX(generale!$A$16:$G$4963,MATCH(NGG!$A4243,generale!$A$16:$A$4963,0),COLUMN()))","v":14},{"$f":"IF(INDEX(generale!$A$16:$G$4963,MATCH(NGG!$A4243,generale!$A$16:$A$4963,0),COLUMN())=0,0,INDEX(generale!$A$16:$G$4963,MATCH(NGG!$A4243,generale!$A$16:$A$4963,0),COLUMN()))","v":12},{"$f":"IF(INDEX(generale!$A$16:$G$4963,MATCH(NGG!$A4243,generale!$A$16:$A$4963,0),COLUMN())=0,0,INDEX(generale!$A$16:$G$4963,MATCH(NGG!$A4243,generale!$A$16:$A$4963,0),COLUMN()))","v":15},{"$f":"IF(INDEX(generale!$A$16:$G$4963,MATCH(NGG!$A4243,generale!$A$16:$A$4963,0),COLUMN())=0,0,INDEX(generale!$A$16:$G$4963,MATCH(NGG!$A4243,generale!$A$16:$A$4963,0),COLUMN()))","v":7},{"$f":"generale!G4253","v":"P"},54,13,4,15,7,1,6,29,39,5,9,2,19,16,11,0,0,0,0,0,null,null,null,null,null,null,null,null,null,null,null,null,null,null,null,null,null,1,1,1,1]
[{"$f":"IF(generale!$A4260>0,generale!$A4260,\"\")","v":"2016-08-28"},{"$f":"IF(INDEX(generale!$A$16:$G$4963,MATCH(NGG!$A4250,generale!$A$16:$A$4963,0),COLUMN())=0,0,INDEX(generale!$A$16:$G$4963,MATCH(NGG!$A4250,generale!$A$16:$A$4963,0),COLUMN()))","v":3},{"$f":"IF(INDEX(generale!$A$16:$G$4963,MATCH(NGG!$A4250,generale!$A$16:$A$4963,0),COLUMN())=0,0,INDEX(generale!$A$16:$G$4963,MATCH(NGG!$A4250,generale!$A$16:$A$4963,0),COLUMN()))","v":9},{"$f":"IF(INDEX(generale!$A$16:$G$4963,MATCH(NGG!$A4250,generale!$A$16:$A$4963,0),COLUMN())=0,0,INDEX(generale!$A$16:$G$4963,MATCH(NGG!$A4250,generale!$A$16:$A$4963,0),COLUMN()))","v":6},{"$f":"IF(INDEX(generale!$A$16:$G$4963,MATCH(NGG!$A4250,generale!$A$16:$A$4963,0),COLUMN())=0,0,INDEX(generale!$A$16:$G$4963,MATCH(NGG!$A4250,generale!$A$16:$A$4963,0),COLUMN()))","v":12},{"$f":"IF(INDEX(generale!$A$16:$G$4963,MATCH(NGG!$A4250,generale!$A$16:$A$4963,0),COLUMN())=0,0,INDEX(generale!$A$16:$G$4963,MATCH(NGG!$A4250,generale!$A$16:$A$4963,0),COLUMN()))","v":1},{"$f":"generale!G4260","v":"P"},61,20,0,2,14,8,13,4,46,1,16,9,6,23,18,7,0,0,0,0,null,null,null,null,null,null,null,null,null,null,null,null,null,null,null,null,null,1,1,1,1]
[{"$f":"IF(generale!$A4267>0,generale!$A4267,\"\")","v":"2016-09-04"},{"$f":"IF(INDEX(generale!$A$16:$G$4963,MATCH(NGG!$A4257,generale!$A$16:$A$4963,0),COLUMN())=0,0,INDEX(generale!$A$16:$G$4963,MATCH(NGG!$A4257,generale!$A$16:$A$4963,0),COLUMN()))","v":17},{"$f":"IF(INDEX(generale!$A$16:$G$4963,MATCH(NGG!$A4257,generale!$A$16:$A$4963,0),COLUMN())=0,0,INDEX(generale!$A$16:$G$4963,MATCH(NGG!$A4257,generale!$A$16:$A$4963,0),COLUMN()))","v":15},{"$f":"IF(INDEX(generale!$A$16:$G$4963,MATCH(NGG!$A4257,generale!$A$16:$A$4963,0),COLUMN())=0,0,INDEX(generale!$A$16:$G$4963,MATCH(NGG!$A4257,generale!$A$16:$A$4963,0),COLUMN()))","v":9},{"$f":"IF(INDEX(generale!$A$16:$G$4963,MATCH(NGG!$A4257,generale!$A$16:$A$4963,0),COLUMN())=0,0,INDEX(generale!$A$16:$G$4963,MATCH(NGG!$A4257,generale!$A$16:$A$4963,0),COLUMN()))","v":18},{"$f":"IF(INDEX(generale!$A$16:$G$4963,MATCH(NGG!$A4257,generale!$A$16:$A$4963,0),COLUMN())=0,0,INDEX(generale!$A$16:$G$4963,MATCH(NGG!$A4257,generale!$A$16:$A$4963,0),COLUMN()))","v":3},{"$f":"generale!G4267","v":"T"},68,27,7,5,21,15,20,11,53,8,23,1,13,2,25,14,0,0,0,0,null,null,null,null,null,null,null,null,null,null,null,null,null,null,null,null,null,1,1,1,1]
[{"$f":"IF(generale!$A4283>0,generale!$A4283,\"\")","v":"2016-09-20"},{"$f":"IF(INDEX(generale!$A$16:$G$4963,MATCH(NGG!$A4273,generale!$A$16:$A$4963,0),COLUMN())=0,0,INDEX(generale!$A$16:$G$4963,MATCH(NGG!$A4273,generale!$A$16:$A$4963,0),COLUMN()))","v":10},{"$f":"IF(INDEX(generale!$A$16:$G$4963,MATCH(NGG!$A4273,generale!$A$16:$A$4963,0),COLUMN())=0,0,INDEX(generale!$A$16:$G$4963,MATCH(NGG!$A4273,generale!$A$16:$A$4963,0),COLUMN()))","v":2},{"$f":"IF(INDEX(generale!$A$16:$G$4963,MATCH(NGG!$A4273,generale!$A$16:$A$4963,0),COLUMN())=0,0,INDEX(generale!$A$16:$G$4963,MATCH(NGG!$A4273,generale!$A$16:$A$4963,0),COLUMN()))","v":16},{"$f":"IF(INDEX(generale!$A$16:$G$4963,MATCH(NGG!$A4273,generale!$A$16:$A$4963,0),COLUMN())=0,0,INDEX(generale!$A$16:$G$4963,MATCH(NGG!$A4273,generale!$A$16:$A$4963,0),COLUMN()))","v":5},{"$f":"IF(INDEX(generale!$A$16:$G$4963,MATCH(NGG!$A4273,generale!$A$16:$A$4963,0),COLUMN())=0,0,INDEX(generale!$A$16:$G$4963,MATCH(NGG!$A4273,generale!$A$16:$A$4963,0),COLUMN()))","v":18},{"$f":"generale!G4283","v":"O"},4,13,7,21,9,5,1,27,69,0,8,14,29,2,41,3,0,0,0,0,null,null,null,null,null,null,null,null,null,null,null,null,null,null,null,null,null,1,1,1,1]
[{"$f":"IF(generale!$A4289>0,generale!$A4289,\"\")","v":"2016-09-26"},{"$f":"IF(INDEX(generale!$A$16:$G$4963,MATCH(NGG!$A4279,generale!$A$16:$A$4963,0),COLUMN())=0,0,INDEX(generale!$A$16:$G$4963,MATCH(NGG!$A4279,generale!$A$16:$A$4963,0),COLUMN()))","v":15},{"$f":"IF(INDEX(generale!$A$16:$G$4963,MATCH(NGG!$A4279,generale!$A$16:$A$4963,0),COLUMN())=0,0,INDEX(generale!$A$16:$G$4963,MATCH(NGG!$A4279,generale!$A$16:$A$4963,0),COLUMN()))","v":1},{"$f":"IF(INDEX(generale!$A$16:$G$4963,MATCH(NGG!$A4279,generale!$A$16:$A$4963,0),COLUMN())=0,0,INDEX(generale!$A$16:$G$4963,MATCH(NGG!$A4279,generale!$A$16:$A$4963,0),COLUMN()))","v":7},{"$f":"IF(INDEX(generale!$A$16:$G$4963,MATCH(NGG!$A4279,generale!$A$16:$A$4963,0),COLUMN())=0,0,INDEX(generale!$A$16:$G$4963,MATCH(NGG!$A4279,generale!$A$16:$A$4963,0),COLUMN()))","v":6},{"$f":"IF(INDEX(generale!$A$16:$G$4963,MATCH(NGG!$A4279,generale!$A$16:$A$4963,0),COLUMN())=0,0,INDEX(generale!$A$16:$G$4963,MATCH(NGG!$A4279,generale!$A$16:$A$4963,0),COLUMN()))","v":11},{"$f":"generale!G4289","v":"P"},10,19,13,27,15,11,7,3,5,2,14,20,35,8,0,9,0,0,0,0,null,null,null,null,null,null,null,null,null,null,null,null,null,null,null,null,null,1,1,1,1]
[{"$f":"IF(generale!$A4297>0,generale!$A4297,\"\")","v":"2016-10-04"},{"$f":"IF(INDEX(generale!$A$16:$G$4963,MATCH(NGG!$A4287,generale!$A$16:$A$4963,0),COLUMN())=0,0,INDEX(generale!$A$16:$G$4963,MATCH(NGG!$A4287,generale!$A$16:$A$4963,0),COLUMN()))","v":12},{"$f":"IF(INDEX(generale!$A$16:$G$4963,MATCH(NGG!$A4287,generale!$A$16:$A$4963,0),COLUMN())=0,0,INDEX(generale!$A$16:$G$4963,MATCH(NGG!$A4287,generale!$A$16:$A$4963,0),COLUMN()))","v":1},{"$f":"IF(INDEX(generale!$A$16:$G$4963,MATCH(NGG!$A4287,generale!$A$16:$A$4963,0),COLUMN())=0,0,INDEX(generale!$A$16:$G$4963,MATCH(NGG!$A4287,generale!$A$16:$A$4963,0),COLUMN()))","v":3},{"$f":"IF(INDEX(generale!$A$16:$G$4963,MATCH(NGG!$A4287,generale!$A$16:$A$4963,0),COLUMN())=0,0,INDEX(generale!$A$16:$G$4963,MATCH(NGG!$A4287,generale!$A$16:$A$4963,0),COLUMN()))","v":2},{"$f":"IF(INDEX(generale!$A$16:$G$4963,MATCH(NGG!$A4287,generale!$A$16:$A$4963,0),COLUMN())=0,0,INDEX(generale!$A$16:$G$4963,MATCH(NGG!$A4287,generale!$A$16:$A$4963,0),COLUMN()))","v":5},{"$f":"generale!G4297","v":"O"},18,27,21,1,23,19,4,7,6,2,22,0,3,16,8,17,0,0,0,0,null,null,null,null,null,null,null,null,null,null,null,null,null,null,null,null,null,1,1,1,1]
[{"$f":"IF(generale!$A4304>0,generale!$A4304,\"\")","v":"2016-10-11"},{"$f":"IF(INDEX(generale!$A$16:$G$4963,MATCH(NGG!$A4294,generale!$A$16:$A$4963,0),COLUMN())=0,0,INDEX(generale!$A$16:$G$4963,MATCH(NGG!$A4294,generale!$A$16:$A$4963,0),COLUMN()))","v":1},{"$f":"IF(INDEX(generale!$A$16:$G$4963,MATCH(NGG!$A4294,generale!$A$16:$A$4963,0),COLUMN())=0,0,INDEX(generale!$A$16:$G$4963,MATCH(NGG!$A4294,generale!$A$16:$A$4963,0),COLUMN()))","v":2},{"$f":"IF(INDEX(generale!$A$16:$G$4963,MATCH(NGG!$A4294,generale!$A$16:$A$4963,0),COLUMN())=0,0,INDEX(generale!$A$16:$G$4963,MATCH(NGG!$A4294,generale!$A$16:$A$4963,0),COLUMN()))","v":5},{"$f":"IF(INDEX(generale!$A$16:$G$4963,MATCH(NGG!$A4294,generale!$A$16:$A$4963,0),COLUMN())=0,0,INDEX(generale!$A$16:$G$4963,MATCH(NGG!$A4294,generale!$A$16:$A$4963,0),COLUMN()))","v":7},{"$f":"IF(INDEX(generale!$A$16:$G$4963,MATCH(NGG!$A4294,generale!$A$16:$A$4963,0),COLUMN())=0,0,INDEX(generale!$A$16:$G$4963,MATCH(NGG!$A4294,generale!$A$16:$A$4963,0),COLUMN()))","v":8},{"$f":"generale!G4304","v":"P"},0,34,27,2,30,4,11,6,13,9,29,7,10,23,14,1,2,1,0,0,null,null,null,null,null,null,null,null,null,null,null,null,null,null,null,null,null,null,1,1,1]
[{"$f":"IF(generale!$A4310>0,generale!$A4310,\"\")","v":"2016-10-17"},{"$f":"IF(INDEX(generale!$A$16:$G$4963,MATCH(NGG!$A4300,generale!$A$16:$A$4963,0),COLUMN())=0,0,INDEX(generale!$A$16:$G$4963,MATCH(NGG!$A4300,generale!$A$16:$A$4963,0),COLUMN()))","v":2},{"$f":"IF(INDEX(generale!$A$16:$G$4963,MATCH(NGG!$A4300,generale!$A$16:$A$4963,0),COLUMN())=0,0,INDEX(generale!$A$16:$G$4963,MATCH(NGG!$A4300,generale!$A$16:$A$4963,0),COLUMN()))","v":3},{"$f":"IF(INDEX(generale!$A$16:$G$4963,MATCH(NGG!$A4300,generale!$A$16:$A$4963,0),COLUMN())=0,0,INDEX(generale!$A$16:$G$4963,MATCH(NGG!$A4300,generale!$A$16:$A$4963,0),COLUMN()))","v":8},{"$f":"IF(INDEX(generale!$A$16:$G$4963,MATCH(NGG!$A4300,generale!$A$16:$A$4963,0),COLUMN())=0,0,INDEX(generale!$A$16:$G$4963,MATCH(NGG!$A4300,generale!$A$16:$A$4963,0),COLUMN()))","v":6},{"$f":"IF(INDEX(generale!$A$16:$G$4963,MATCH(NGG!$A4300,generale!$A$16:$A$4963,0),COLUMN())=0,0,INDEX(generale!$A$16:$G$4963,MATCH(NGG!$A4300,generale!$A$16:$A$4963,0),COLUMN()))","v":7},{"$f":"generale!G4310","v":"T"},2,0,33,8,36,10,17,12,3,15,35,13,16,29,1,6,4,2,0,0,null,null,null,null,null,null,null,null,null,null,null,null,null,null,null,null,null,1,1,1,1]
[{"$f":"IF(generale!$A4322>0,generale!$A4322,\"\")","v":"2016-10-29"},{"$f":"IF(INDEX(generale!$A$16:$G$4963,MATCH(NGG!$A4312,generale!$A$16:$A$4963,0),COLUMN())=0,0,INDEX(generale!$A$16:$G$4963,MATCH(NGG!$A4312,generale!$A$16:$A$4963,0),COLUMN()))","v":12},{"$f":"IF(INDEX(generale!$A$16:$G$4963,MATCH(NGG!$A4312,generale!$A$16:$A$4963,0),COLUMN())=0,0,INDEX(generale!$A$16:$G$4963,MATCH(NGG!$A4312,generale!$A$16:$A$4963,0),COLUMN()))","v":14},{"$f":"IF(INDEX(generale!$A$16:$G$4963,MATCH(NGG!$A4312,generale!$A$16:$A$4963,0),COLUMN())=0,0,INDEX(generale!$A$16:$G$4963,MATCH(NGG!$A4312,generale!$A$16:$A$4963,0),COLUMN()))","v":16},{"$f":"IF(INDEX(generale!$A$16:$G$4963,MATCH(NGG!$A4312,generale!$A$16:$A$4963,0),COLUMN())=0,0,INDEX(generale!$A$16:$G$4963,MATCH(NGG!$A4312,generale!$A$16:$A$4963,0),COLUMN()))","v":2},{"$f":"IF(INDEX(generale!$A$16:$G$4963,MATCH(NGG!$A4312,generale!$A$16:$A$4963,0),COLUMN())=0,0,INDEX(generale!$A$16:$G$4963,MATCH(NGG!$A4312,generale!$A$16:$A$4963,0),COLUMN()))","v":5},{"$f":"generale!G4322","v":"P"},5,1,45,3,48,22,29,7,15,27,11,0,28,40,8,2,9,6,0,0,null,null,null,null,null,null,null,null,null,null,null,null,null,null,null,null,null,1,1,1,1]
[{"$f":"IF(generale!$A4334>0,generale!$A4334,\"\")","v":"2016-11-10"},{"$f":"IF(INDEX(generale!$A$16:$G$4963,MATCH(NGG!$A4324,generale!$A$16:$A$4963,0),COLUMN())=0,0,INDEX(generale!$A$16:$G$4963,MATCH(NGG!$A4324,generale!$A$16:$A$4963,0),COLUMN()))","v":5},{"$f":"IF(INDEX(generale!$A$16:$G$4963,MATCH(NGG!$A4324,generale!$A$16:$A$4963,0),COLUMN())=0,0,INDEX(generale!$A$16:$G$4963,MATCH(NGG!$A4324,generale!$A$16:$A$4963,0),COLUMN()))","v":8},{"$f":"IF(INDEX(generale!$A$16:$G$4963,MATCH(NGG!$A4324,generale!$A$16:$A$4963,0),COLUMN())=0,0,INDEX(generale!$A$16:$G$4963,MATCH(NGG!$A4324,generale!$A$16:$A$4963,0),COLUMN()))","v":11},{"$f":"IF(INDEX(generale!$A$16:$G$4963,MATCH(NGG!$A4324,generale!$A$16:$A$4963,0),COLUMN())=0,0,INDEX(generale!$A$16:$G$4963,MATCH(NGG!$A4324,generale!$A$16:$A$4963,0),COLUMN()))","v":9},{"$f":"IF(INDEX(generale!$A$16:$G$4963,MATCH(NGG!$A4324,generale!$A$16:$A$4963,0),COLUMN())=0,0,INDEX(generale!$A$16:$G$4963,MATCH(NGG!$A4324,generale!$A$16:$A$4963,0),COLUMN()))","v":13},{"$f":"generale!G4334","v":"T"},17,1,4,5,0,3,41,2,6,39,23,12,40,11,19,8,13,9,0,0,null,null,null,null,null,null,null,null,null,null,null,null,null,null,null,null,null,null,null,1,1]
[{"$f":"IF(generale!$A4339>0,generale!$A4339,\"\")","v":"2016-11-15"},{"$f":"IF(INDEX(generale!$A$16:$G$4963,MATCH(NGG!$A4329,generale!$A$16:$A$4963,0),COLUMN())=0,0,INDEX(generale!$A$16:$G$4963,MATCH(NGG!$A4329,generale!$A$16:$A$4963,0),COLUMN()))","v":6},{"$f":"IF(INDEX(generale!$A$16:$G$4963,MATCH(NGG!$A4329,generale!$A$16:$A$4963,0),COLUMN())=0,0,INDEX(generale!$A$16:$G$4963,MATCH(NGG!$A4329,generale!$A$16:$A$4963,0),COLUMN()))","v":4},{"$f":"IF(INDEX(generale!$A$16:$G$4963,MATCH(NGG!$A4329,generale!$A$16:$A$4963,0),COLUMN())=0,0,INDEX(generale!$A$16:$G$4963,MATCH(NGG!$A4329,generale!$A$16:$A$4963,0),COLUMN()))","v":8},{"$f":"IF(INDEX(generale!$A$16:$G$4963,MATCH(NGG!$A4329,generale!$A$16:$A$4963,0),COLUMN())=0,0,INDEX(generale!$A$16:$G$4963,MATCH(NGG!$A4329,generale!$A$16:$A$4963,0),COLUMN()))","v":14},{"$f":"IF(INDEX(generale!$A$16:$G$4963,MATCH(NGG!$A4329,generale!$A$16:$A$4963,0),COLUMN())=0,0,INDEX(generale!$A$16:$G$4963,MATCH(NGG!$A4329,generale!$A$16:$A$4963,0),COLUMN()))","v":1},{"$f":"generale!G4339","v":"T"},22,6,3,10,5,0,2,6,11,44,28,17,45,16,24,1,16,2,0,0,null,null,null,null,null,null,null,null,null,null,null,null,null,null,null,null,null,1,1,1,1]
[{"$f":"IF(generale!$A4352>0,generale!$A4352,\"\")","v":"2016-11-28"},{"$f":"IF(INDEX(generale!$A$16:$G$4963,MATCH(NGG!$A4342,generale!$A$16:$A$4963,0),COLUMN())=0,0,INDEX(generale!$A$16:$G$4963,MATCH(NGG!$A4342,generale!$A$16:$A$4963,0),COLUMN()))","v":18},{"$f":"IF(INDEX(generale!$A$16:$G$4963,MATCH(NGG!$A4342,generale!$A$16:$A$4963,0),COLUMN())=0,0,INDEX(generale!$A$16:$G$4963,MATCH(NGG!$A4342,generale!$A$16:$A$4963,0),COLUMN()))","v":11},{"$f":"IF(INDEX(generale!$A$16:$G$4963,MATCH(NGG!$A4342,generale!$A$16:$A$4963,0),COLUMN())=0,0,INDEX(generale!$A$16:$G$4963,MATCH(NGG!$A4342,generale!$A$16:$A$4963,0),COLUMN()))","v":5},{"$f":"IF(INDEX(generale!$A$16:$G$4963,MATCH(NGG!$A4342,generale!$A$16:$A$4963,0),COLUMN())=0,0,INDEX(generale!$A$16:$G$4963,MATCH(NGG!$A4342,generale!$A$16:$A$4963,0),COLUMN()))","v":1},{"$f":"IF(INDEX(generale!$A$16:$G$4963,MATCH(NGG!$A4342,generale!$A$16:$A$4963,0),COLUMN())=0,0,INDEX(generale!$A$16:$G$4963,MATCH(NGG!$A4342,generale!$A$16:$A$4963,0),COLUMN()))","v":12},{"$f":"generale!G4352","v":"T"},6,1,10,23,18,11,14,19,2,9,41,29,3,29,8,14,24,0,0,0,null,null,null,null,null,null,null,null,null,null,null,null,null,null,null,null,null,null,null,1,1]
[{"$f":"IF(generale!$A4355>0,generale!$A4355,\"\")","v":"2016-12-01"},{"$f":"IF(INDEX(generale!$A$16:$G$4963,MATCH(NGG!$A4345,generale!$A$16:$A$4963,0),COLUMN())=0,0,INDEX(generale!$A$16:$G$4963,MATCH(NGG!$A4345,generale!$A$16:$A$4963,0),COLUMN()))","v":12},{"$f":"IF(INDEX(generale!$A$16:$G$4963,MATCH(NGG!$A4345,generale!$A$16:$A$4963,0),COLUMN())=0,0,INDEX(generale!$A$16:$G$4963,MATCH(NGG!$A4345,generale!$A$16:$A$4963,0),COLUMN()))","v":14},{"$f":"IF(INDEX(generale!$A$16:$G$4963,MATCH(NGG!$A4345,generale!$A$16:$A$4963,0),COLUMN())=0,0,INDEX(generale!$A$16:$G$4963,MATCH(NGG!$A4345,generale!$A$16:$A$4963,0),COLUMN()))","v":11},{"$f":"IF(INDEX(generale!$A$16:$G$4963,MATCH(NGG!$A4345,generale!$A$16:$A$4963,0),COLUMN())=0,0,INDEX(generale!$A$16:$G$4963,MATCH(NGG!$A4345,generale!$A$16:$A$4963,0),COLUMN()))","v":16},{"$f":"IF(INDEX(generale!$A$16:$G$4963,MATCH(NGG!$A4345,generale!$A$16:$A$4963,0),COLUMN())=0,0,INDEX(generale!$A$16:$G$4963,MATCH(NGG!$A4345,generale!$A$16:$A$4963,0),COLUMN()))","v":7},{"$f":"generale!G4355","v":"O"},9,4,13,2,1,14,17,22,5,12,44,0,6,32,11,17,26,2,0,0,null,null,null,null,null,null,null,null,null,null,null,null,null,null,null,null,null,null,null,1,1]
[{"$f":"IF(generale!$A4368>0,generale!$A4368,\"\")","v":"2016-12-14"},{"$f":"IF(INDEX(generale!$A$16:$G$4963,MATCH(NGG!$A4358,generale!$A$16:$A$4963,0),COLUMN())=0,0,INDEX(generale!$A$16:$G$4963,MATCH(NGG!$A4358,generale!$A$16:$A$4963,0),COLUMN()))","v":7},{"$f":"IF(INDEX(generale!$A$16:$G$4963,MATCH(NGG!$A4358,generale!$A$16:$A$4963,0),COLUMN())=0,0,INDEX(generale!$A$16:$G$4963,MATCH(NGG!$A4358,generale!$A$16:$A$4963,0),COLUMN()))","v":9},{"$f":"IF(INDEX(generale!$A$16:$G$4963,MATCH(NGG!$A4358,generale!$A$16:$A$4963,0),COLUMN())=0,0,INDEX(generale!$A$16:$G$4963,MATCH(NGG!$A4358,generale!$A$16:$A$4963,0),COLUMN()))","v":4},{"$f":"IF(INDEX(generale!$A$16:$G$4963,MATCH(NGG!$A4358,generale!$A$16:$A$4963,0),COLUMN())=0,0,INDEX(generale!$A$16:$G$4963,MATCH(NGG!$A4358,generale!$A$16:$A$4963,0),COLUMN()))","v":18},{"$f":"IF(INDEX(generale!$A$16:$G$4963,MATCH(NGG!$A4358,generale!$A$16:$A$4963,0),COLUMN())=0,0,INDEX(generale!$A$16:$G$4963,MATCH(NGG!$A4358,generale!$A$16:$A$4963,0),COLUMN()))","v":3},{"$f":"generale!G4368","v":"T"},22,17,25,6,14,27,0,34,18,4,2,5,7,1,7,3,30,5,0,0,null,null,null,null,null,null,null,null,null,null,null,null,null,null,null,null,null,null,null,1,1]
[{"$f":"IF(generale!$A4373>0,generale!$A4373,\"\")","v":"2016-12-19"},{"$f":"IF(INDEX(generale!$A$16:$G$4963,MATCH(NGG!$A4363,generale!$A$16:$A$4963,0),COLUMN())=0,0,INDEX(generale!$A$16:$G$4963,MATCH(NGG!$A4363,generale!$A$16:$A$4963,0),COLUMN()))","v":5},{"$f":"IF(INDEX(generale!$A$16:$G$4963,MATCH(NGG!$A4363,generale!$A$16:$A$4963,0),COLUMN())=0,0,INDEX(generale!$A$16:$G$4963,MATCH(NGG!$A4363,generale!$A$16:$A$4963,0),COLUMN()))","v":16},{"$f":"IF(INDEX(generale!$A$16:$G$4963,MATCH(NGG!$A4363,generale!$A$16:$A$4963,0),COLUMN())=0,0,INDEX(generale!$A$16:$G$4963,MATCH(NGG!$A4363,generale!$A$16:$A$4963,0),COLUMN()))","v":7},{"$f":"IF(INDEX(generale!$A$16:$G$4963,MATCH(NGG!$A4363,generale!$A$16:$A$4963,0),COLUMN())=0,0,INDEX(generale!$A$16:$G$4963,MATCH(NGG!$A4363,generale!$A$16:$A$4963,0),COLUMN()))","v":2},{"$f":"IF(INDEX(generale!$A$16:$G$4963,MATCH(NGG!$A4363,generale!$A$16:$A$4963,0),COLUMN())=0,0,INDEX(generale!$A$16:$G$4963,MATCH(NGG!$A4363,generale!$A$16:$A$4963,0),COLUMN()))","v":3},{"$f":"generale!G4373","v":"P"},27,22,30,2,0,32,5,3,23,4,7,10,12,1,12,8,33,7,0,0,null,null,null,null,null,null,null,null,null,null,null,null,null,null,null,null,null,1,1,1,1]
[{"$f":"IF(generale!$A4379>0,generale!$A4379,\"\")","v":"2016-12-25"},{"$f":"IF(INDEX(generale!$A$16:$G$4963,MATCH(NGG!$A4369,generale!$A$16:$A$4963,0),COLUMN())=0,0,INDEX(generale!$A$16:$G$4963,MATCH(NGG!$A4369,generale!$A$16:$A$4963,0),COLUMN()))","v":11},{"$f":"IF(INDEX(generale!$A$16:$G$4963,MATCH(NGG!$A4369,generale!$A$16:$A$4963,0),COLUMN())=0,0,INDEX(generale!$A$16:$G$4963,MATCH(NGG!$A4369,generale!$A$16:$A$4963,0),COLUMN()))","v":13},{"$f":"IF(INDEX(generale!$A$16:$G$4963,MATCH(NGG!$A4369,generale!$A$16:$A$4963,0),COLUMN())=0,0,INDEX(generale!$A$16:$G$4963,MATCH(NGG!$A4369,generale!$A$16:$A$4963,0),COLUMN()))","v":6},{"$f":"IF(INDEX(generale!$A$16:$G$4963,MATCH(NGG!$A4369,generale!$A$16:$A$4963,0),COLUMN())=0,0,INDEX(generale!$A$16:$G$4963,MATCH(NGG!$A4369,generale!$A$16:$A$4963,0),COLUMN()))","v":8},{"$f":"IF(INDEX(generale!$A$16:$G$4963,MATCH(NGG!$A4369,generale!$A$16:$A$4963,0),COLUMN())=0,0,INDEX(generale!$A$16:$G$4963,MATCH(NGG!$A4369,generale!$A$16:$A$4963,0),COLUMN()))","v":9},{"$f":"generale!G4379","v":"T"},33,28,36,8,6,38,11,3,4,10,0,16,18,7,1,13,35,9,0,0,null,null,null,null,null,null,null,null,null,null,null,null,null,null,null,null,null,1,1,1,1]
[{"$f":"IF(generale!$A4391>0,generale!$A4391,\"\")","v":"2017-01-06"},{"$f":"IF(INDEX(generale!$A$16:$G$4963,MATCH(NGG!$A4381,generale!$A$16:$A$4963,0),COLUMN())=0,0,INDEX(generale!$A$16:$G$4963,MATCH(NGG!$A4381,generale!$A$16:$A$4963,0),COLUMN()))","v":2},{"$f":"IF(INDEX(generale!$A$16:$G$4963,MATCH(NGG!$A4381,generale!$A$16:$A$4963,0),COLUMN())=0,0,INDEX(generale!$A$16:$G$4963,MATCH(NGG!$A4381,generale!$A$16:$A$4963,0),COLUMN()))","v":14},{"$f":"IF(INDEX(generale!$A$16:$G$4963,MATCH(NGG!$A4381,generale!$A$16:$A$4963,0),COLUMN())=0,0,INDEX(generale!$A$16:$G$4963,MATCH(NGG!$A4381,generale!$A$16:$A$4963,0),COLUMN()))","v":4},{"$f":"IF(INDEX(generale!$A$16:$G$4963,MATCH(NGG!$A4381,generale!$A$16:$A$4963,0),COLUMN())=0,0,INDEX(generale!$A$16:$G$4963,MATCH(NGG!$A4381,generale!$A$16:$A$4963,0),COLUMN()))","v":6},{"$f":"IF(INDEX(generale!$A$16:$G$4963,MATCH(NGG!$A4381,generale!$A$16:$A$4963,0),COLUMN())=0,0,INDEX(generale!$A$16:$G$4963,MATCH(NGG!$A4381,generale!$A$16:$A$4963,0),COLUMN()))","v":9},{"$f":"generale!G4391","v":"P"},45,0,5,20,11,50,1,14,2,22,2,28,30,19,12,4,3,14,0,0,null,null,null,null,null,null,null,null,null,null,null,null,null,null,null,null,null,null,1,1,1]
[{"$f":"IF(generale!$A4403>0,generale!$A4403,\"\")","v":"2017-01-18"},{"$f":"IF(INDEX(generale!$A$16:$G$4963,MATCH(NGG!$A4393,generale!$A$16:$A$4963,0),COLUMN())=0,0,INDEX(generale!$A$16:$G$4963,MATCH(NGG!$A4393,generale!$A$16:$A$4963,0),COLUMN()))","v":11},{"$f":"IF(INDEX(generale!$A$16:$G$4963,MATCH(NGG!$A4393,generale!$A$16:$A$4963,0),COLUMN())=0,0,INDEX(generale!$A$16:$G$4963,MATCH(NGG!$A4393,generale!$A$16:$A$4963,0),COLUMN()))","v":13},{"$f":"IF(INDEX(generale!$A$16:$G$4963,MATCH(NGG!$A4393,generale!$A$16:$A$4963,0),COLUMN())=0,0,INDEX(generale!$A$16:$G$4963,MATCH(NGG!$A4393,generale!$A$16:$A$4963,0),COLUMN()))","v":16},{"$f":"IF(INDEX(generale!$A$16:$G$4963,MATCH(NGG!$A4393,generale!$A$16:$A$4963,0),COLUMN())=0,0,INDEX(generale!$A$16:$G$4963,MATCH(NGG!$A4393,generale!$A$16:$A$4963,0),COLUMN()))","v":17},{"$f":"IF(INDEX(generale!$A$16:$G$4963,MATCH(NGG!$A4393,generale!$A$16:$A$4963,0),COLUMN())=0,0,INDEX(generale!$A$16:$G$4963,MATCH(NGG!$A4393,generale!$A$16:$A$4963,0),COLUMN()))","v":12},{"$f":"generale!G4403","v":"P"},7,3,8,32,6,62,13,26,10,33,0,11,2,31,4,15,13,20,0,0,null,null,null,null,null,null,null,null,null,null,null,null,null,null,null,null,null,null,null,1,1]
[{"$f":"IF(generale!$A4408>0,generale!$A4408,\"\")","v":"2017-01-23"},{"$f":"IF(INDEX(generale!$A$16:$G$4963,MATCH(NGG!$A4398,generale!$A$16:$A$4963,0),COLUMN())=0,0,INDEX(generale!$A$16:$G$4963,MATCH(NGG!$A4398,generale!$A$16:$A$4963,0),COLUMN()))","v":7},{"$f":"IF(INDEX(generale!$A$16:$G$4963,MATCH(NGG!$A4398,generale!$A$16:$A$4963,0),COLUMN())=0,0,INDEX(generale!$A$16:$G$4963,MATCH(NGG!$A4398,generale!$A$16:$A$4963,0),COLUMN()))","v":3},{"$f":"IF(INDEX(generale!$A$16:$G$4963,MATCH(NGG!$A4398,generale!$A$16:$A$4963,0),COLUMN())=0,0,INDEX(generale!$A$16:$G$4963,MATCH(NGG!$A4398,generale!$A$16:$A$4963,0),COLUMN()))","v":1},{"$f":"IF(INDEX(generale!$A$16:$G$4963,MATCH(NGG!$A4398,generale!$A$16:$A$4963,0),COLUMN())=0,0,INDEX(generale!$A$16:$G$4963,MATCH(NGG!$A4398,generale!$A$16:$A$4963,0),COLUMN()))","v":14},{"$f":"IF(INDEX(generale!$A$16:$G$4963,MATCH(NGG!$A4398,generale!$A$16:$A$4963,0),COLUMN())=0,0,INDEX(generale!$A$16:$G$4963,MATCH(NGG!$A4398,generale!$A$16:$A$4963,0),COLUMN()))","v":2},{"$f":"generale!G4408","v":"P"},12,8,13,37,11,67,0,3,1,38,2,16,6,36,3,19,13,20,0,0,null,null,null,null,null,null,null,null,null,null,null,null,null,1,null,null,null,1,1,1,1]
[{"$f":"IF(generale!$A4421>0,generale!$A4421,\"\")","v":"2017-02-05"},{"$f":"IF(INDEX(generale!$A$16:$G$4963,MATCH(NGG!$A4411,generale!$A$16:$A$4963,0),COLUMN())=0,0,INDEX(generale!$A$16:$G$4963,MATCH(NGG!$A4411,generale!$A$16:$A$4963,0),COLUMN()))","v":4},{"$f":"IF(INDEX(generale!$A$16:$G$4963,MATCH(NGG!$A4411,generale!$A$16:$A$4963,0),COLUMN())=0,0,INDEX(generale!$A$16:$G$4963,MATCH(NGG!$A4411,generale!$A$16:$A$4963,0),COLUMN()))","v":18},{"$f":"IF(INDEX(generale!$A$16:$G$4963,MATCH(NGG!$A4411,generale!$A$16:$A$4963,0),COLUMN())=0,0,INDEX(generale!$A$16:$G$4963,MATCH(NGG!$A4411,generale!$A$16:$A$4963,0),COLUMN()))","v":9},{"$f":"IF(INDEX(generale!$A$16:$G$4963,MATCH(NGG!$A4411,generale!$A$16:$A$4963,0),COLUMN())=0,0,INDEX(generale!$A$16:$G$4963,MATCH(NGG!$A4411,generale!$A$16:$A$4963,0),COLUMN()))","v":5},{"$f":"IF(INDEX(generale!$A$16:$G$4963,MATCH(NGG!$A4411,generale!$A$16:$A$4963,0),COLUMN())=0,0,INDEX(generale!$A$16:$G$4963,MATCH(NGG!$A4411,generale!$A$16:$A$4963,0),COLUMN()))","v":12},{"$f":"generale!G4421","v":"T"},24,21,5,0,5,1,13,4,13,51,9,29,12,2,13,29,5,26,0,0,null,null,null,null,null,null,null,null,null,null,null,null,null,null,null,1,null,null,null,1,1]
[{"$f":"IF(generale!$A4424>0,generale!$A4424,\"\")","v":"2017-02-08"},{"$f":"IF(INDEX(generale!$A$16:$G$4963,MATCH(NGG!$A4414,generale!$A$16:$A$4963,0),COLUMN())=0,0,INDEX(generale!$A$16:$G$4963,MATCH(NGG!$A4414,generale!$A$16:$A$4963,0),COLUMN()))","v":5},{"$f":"IF(INDEX(generale!$A$16:$G$4963,MATCH(NGG!$A4414,generale!$A$16:$A$4963,0),COLUMN())=0,0,INDEX(generale!$A$16:$G$4963,MATCH(NGG!$A4414,generale!$A$16:$A$4963,0),COLUMN()))","v":14},{"$f":"IF(INDEX(generale!$A$16:$G$4963,MATCH(NGG!$A4414,generale!$A$16:$A$4963,0),COLUMN())=0,0,INDEX(generale!$A$16:$G$4963,MATCH(NGG!$A4414,generale!$A$16:$A$4963,0),COLUMN()))","v":10},{"$f":"IF(INDEX(generale!$A$16:$G$4963,MATCH(NGG!$A4414,generale!$A$16:$A$4963,0),COLUMN())=0,0,INDEX(generale!$A$16:$G$4963,MATCH(NGG!$A4414,generale!$A$16:$A$4963,0),COLUMN()))","v":12},{"$f":"IF(INDEX(generale!$A$16:$G$4963,MATCH(NGG!$A4414,generale!$A$16:$A$4963,0),COLUMN())=0,0,INDEX(generale!$A$16:$G$4963,MATCH(NGG!$A4414,generale!$A$16:$A$4963,0),COLUMN()))","v":13},{"$f":"generale!G4424","v":"T"},27,24,2,3,0,4,16,7,16,54,12,32,15,5,1,32,7,28,0,0,null,null,null,null,null,null,null,null,null,null,null,null,null,null,null,null,null,null,null,1,1]
[{"$f":"IF(generale!$A4437>0,generale!$A4437,\"\")","v":"2017-02-21"},{"$f":"IF(INDEX(generale!$A$16:$G$4963,MATCH(NGG!$A4427,generale!$A$16:$A$4963,0),COLUMN())=0,0,INDEX(generale!$A$16:$G$4963,MATCH(NGG!$A4427,generale!$A$16:$A$4963,0),COLUMN()))","v":14},{"$f":"IF(INDEX(generale!$A$16:$G$4963,MATCH(NGG!$A4427,generale!$A$16:$A$4963,0),COLUMN())=0,0,INDEX(generale!$A$16:$G$4963,MATCH(NGG!$A4427,generale!$A$16:$A$4963,0),COLUMN()))","v":11},{"$f":"IF(INDEX(generale!$A$16:$G$4963,MATCH(NGG!$A4427,generale!$A$16:$A$4963,0),COLUMN())=0,0,INDEX(generale!$A$16:$G$4963,MATCH(NGG!$A4427,generale!$A$16:$A$4963,0),COLUMN()))","v":18},{"$f":"IF(INDEX(generale!$A$16:$G$4963,MATCH(NGG!$A4427,generale!$A$16:$A$4963,0),COLUMN())=0,0,INDEX(generale!$A$16:$G$4963,MATCH(NGG!$A4427,generale!$A$16:$A$4963,0),COLUMN()))","v":10},{"$f":"IF(INDEX(generale!$A$16:$G$4963,MATCH(NGG!$A4427,generale!$A$16:$A$4963,0),COLUMN())=0,0,INDEX(generale!$A$16:$G$4963,MATCH(NGG!$A4427,generale!$A$16:$A$4963,0),COLUMN()))","v":13},{"$f":"generale!G4437","v":"T"},40,37,15,1,11,17,29,20,3,2,8,45,7,0,5,43,4,32,0,0,null,null,null,null,null,null,null,null,null,null,null,null,null,null,null,null,null,null,null,1,1]
[{"$f":"IF(generale!$A4442>0,generale!$A4442,\"\")","v":"2017-02-26"},{"$f":"IF(INDEX(generale!$A$16:$G$4963,MATCH(NGG!$A4432,generale!$A$16:$A$4963,0),COLUMN())=0,0,INDEX(generale!$A$16:$G$4963,MATCH(NGG!$A4432,generale!$A$16:$A$4963,0),COLUMN()))","v":13},{"$f":"IF(INDEX(generale!$A$16:$G$4963,MATCH(NGG!$A4432,generale!$A$16:$A$4963,0),COLUMN())=0,0,INDEX(generale!$A$16:$G$4963,MATCH(NGG!$A4432,generale!$A$16:$A$4963,0),COLUMN()))","v":3},{"$f":"IF(INDEX(generale!$A$16:$G$4963,MATCH(NGG!$A4432,generale!$A$16:$A$4963,0),COLUMN())=0,0,INDEX(generale!$A$16:$G$4963,MATCH(NGG!$A4432,generale!$A$16:$A$4963,0),COLUMN()))","v":9},{"$f":"IF(INDEX(generale!$A$16:$G$4963,MATCH(NGG!$A4432,generale!$A$16:$A$4963,0),COLUMN())=0,0,INDEX(generale!$A$16:$G$4963,MATCH(NGG!$A4432,generale!$A$16:$A$4963,0),COLUMN()))","v":8},{"$f":"IF(INDEX(generale!$A$16:$G$4963,MATCH(NGG!$A4432,generale!$A$16:$A$4963,0),COLUMN())=0,0,INDEX(generale!$A$16:$G$4963,MATCH(NGG!$A4432,generale!$A$16:$A$4963,0),COLUMN()))","v":5},{"$f":"generale!G4442","v":"T"},45,2,20,6,16,4,34,3,8,7,13,50,0,4,0,46,5,33,0,0,null,null,null,null,null,null,null,null,null,null,null,null,null,null,1,1,1,1,1,1,1]
[{"$f":"IF(generale!$A4454>0,generale!$A4454,\"\")","v":"2017-03-11"},{"$f":"IF(INDEX(generale!$A$16:$G$4963,MATCH(NGG!$A4444,generale!$A$16:$A$4963,0),COLUMN())=0,0,INDEX(generale!$A$16:$G$4963,MATCH(NGG!$A4444,generale!$A$16:$A$4963,0),COLUMN()))","v":4},{"$f":"IF(INDEX(generale!$A$16:$G$4963,MATCH(NGG!$A4444,generale!$A$16:$A$4963,0),COLUMN())=0,0,INDEX(generale!$A$16:$G$4963,MATCH(NGG!$A4444,generale!$A$16:$A$4963,0),COLUMN()))","v":1},{"$f":"IF(INDEX(generale!$A$16:$G$4963,MATCH(NGG!$A4444,generale!$A$16:$A$4963,0),COLUMN())=0,0,INDEX(generale!$A$16:$G$4963,MATCH(NGG!$A4444,generale!$A$16:$A$4963,0),COLUMN()))","v":16},{"$f":"IF(INDEX(generale!$A$16:$G$4963,MATCH(NGG!$A4444,generale!$A$16:$A$4963,0),COLUMN())=0,0,INDEX(generale!$A$16:$G$4963,MATCH(NGG!$A4444,generale!$A$16:$A$4963,0),COLUMN()))","v":9},{"$f":"IF(INDEX(generale!$A$16:$G$4963,MATCH(NGG!$A4444,generale!$A$16:$A$4963,0),COLUMN())=0,0,INDEX(generale!$A$16:$G$4963,MATCH(NGG!$A4444,generale!$A$16:$A$4963,0),COLUMN()))","v":18},{"$f":"generale!G4454","v":"P"},57,2,31,0,8,6,3,15,4,18,25,62,9,15,12,5,1,35,0,0,null,null,null,null,null,null,null,null,null,null,null,null,null,null,null,null,null,null,null,1,1]
[{"$f":"IF(generale!$A4458>0,generale!$A4458,\"\")","v":"2017-03-15"},{"$f":"IF(INDEX(generale!$A$16:$G$4963,MATCH(NGG!$A4448,generale!$A$16:$A$4963,0),COLUMN())=0,0,INDEX(generale!$A$16:$G$4963,MATCH(NGG!$A4448,generale!$A$16:$A$4963,0),COLUMN()))","v":12},{"$f":"IF(INDEX(generale!$A$16:$G$4963,MATCH(NGG!$A4448,generale!$A$16:$A$4963,0),COLUMN())=0,0,INDEX(generale!$A$16:$G$4963,MATCH(NGG!$A4448,generale!$A$16:$A$4963,0),COLUMN()))","v":5},{"$f":"IF(INDEX(generale!$A$16:$G$4963,MATCH(NGG!$A4448,generale!$A$16:$A$4963,0),COLUMN())=0,0,INDEX(generale!$A$16:$G$4963,MATCH(NGG!$A4448,generale!$A$16:$A$4963,0),COLUMN()))","v":3},{"$f":"IF(INDEX(generale!$A$16:$G$4963,MATCH(NGG!$A4448,generale!$A$16:$A$4963,0),COLUMN())=0,0,INDEX(generale!$A$16:$G$4963,MATCH(NGG!$A4448,generale!$A$16:$A$4963,0),COLUMN()))","v":2},{"$f":"IF(INDEX(generale!$A$16:$G$4963,MATCH(NGG!$A4448,generale!$A$16:$A$4963,0),COLUMN())=0,0,INDEX(generale!$A$16:$G$4963,MATCH(NGG!$A4448,generale!$A$16:$A$4963,0),COLUMN()))","v":13},{"$f":"generale!G4458","v":"T"},61,6,2,4,12,10,7,19,8,1,3,0,13,19,16,9,4,36,0,0,null,null,null,null,null,null,null,null,null,null,null,null,null,null,null,null,null,null,null,1,1]
[{"$f":"IF(generale!$A4472>0,generale!$A4472,\"\")","v":"2017-03-29"},{"$f":"IF(INDEX(generale!$A$16:$G$4963,MATCH(NGG!$A4462,generale!$A$16:$A$4963,0),COLUMN())=0,0,INDEX(generale!$A$16:$G$4963,MATCH(NGG!$A4462,generale!$A$16:$A$4963,0),COLUMN()))","v":8},{"$f":"IF(INDEX(generale!$A$16:$G$4963,MATCH(NGG!$A4462,generale!$A$16:$A$4963,0),COLUMN())=0,0,INDEX(generale!$A$16:$G$4963,MATCH(NGG!$A4462,generale!$A$16:$A$4963,0),COLUMN()))","v":6},{"$f":"IF(INDEX(generale!$A$16:$G$4963,MATCH(NGG!$A4462,generale!$A$16:$A$4963,0),COLUMN())=0,0,INDEX(generale!$A$16:$G$4963,MATCH(NGG!$A4462,generale!$A$16:$A$4963,0),COLUMN()))","v":13},{"$f":"IF(INDEX(generale!$A$16:$G$4963,MATCH(NGG!$A4462,generale!$A$16:$A$4963,0),COLUMN())=0,0,INDEX(generale!$A$16:$G$4963,MATCH(NGG!$A4462,generale!$A$16:$A$4963,0),COLUMN()))","v":2},{"$f":"IF(INDEX(generale!$A$16:$G$4963,MATCH(NGG!$A4462,generale!$A$16:$A$4963,0),COLUMN())=0,0,INDEX(generale!$A$16:$G$4963,MATCH(NGG!$A4462,generale!$A$16:$A$4963,0),COLUMN()))","v":5},{"$f":"generale!G4472","v":"T"},4,7,6,18,26,10,3,0,22,15,13,14,27,2,1,21,4,41,0,0,null,null,null,null,null,null,null,null,null,null,null,null,null,null,null,null,null,1,1,1,1]
[{"$f":"IF(generale!$A4475>0,generale!$A4475,\"\")","v":"2017-04-01"},{"$f":"IF(INDEX(generale!$A$16:$G$4963,MATCH(NGG!$A4465,generale!$A$16:$A$4963,0),COLUMN())=0,0,INDEX(generale!$A$16:$G$4963,MATCH(NGG!$A4465,generale!$A$16:$A$4963,0),COLUMN()))","v":1},{"$f":"IF(INDEX(generale!$A$16:$G$4963,MATCH(NGG!$A4465,generale!$A$16:$A$4963,0),COLUMN())=0,0,INDEX(generale!$A$16:$G$4963,MATCH(NGG!$A4465,generale!$A$16:$A$4963,0),COLUMN()))","v":10},{"$f":"IF(INDEX(generale!$A$16:$G$4963,MATCH(NGG!$A4465,generale!$A$16:$A$4963,0),COLUMN())=0,0,INDEX(generale!$A$16:$G$4963,MATCH(NGG!$A4465,generale!$A$16:$A$4963,0),COLUMN()))","v":6},{"$f":"IF(INDEX(generale!$A$16:$G$4963,MATCH(NGG!$A4465,generale!$A$16:$A$4963,0),COLUMN())=0,0,INDEX(generale!$A$16:$G$4963,MATCH(NGG!$A4465,generale!$A$16:$A$4963,0),COLUMN()))","v":3},{"$f":"IF(INDEX(generale!$A$16:$G$4963,MATCH(NGG!$A4465,generale!$A$16:$A$4963,0),COLUMN())=0,0,INDEX(generale!$A$16:$G$4963,MATCH(NGG!$A4465,generale!$A$16:$A$4963,0),COLUMN()))","v":12},{"$f":"generale!G4475","v":"O"},0,10,9,2,29,13,6,3,1,18,16,17,30,5,3,23,4,41,0,0,null,null,null,null,null,null,null,null,null,null,null,null,null,null,null,null,null,1,1,1,1]
[{"$f":"IF(generale!$A4487>0,generale!$A4487,\"\")","v":"2017-04-13"},{"$f":"IF(INDEX(generale!$A$16:$G$4963,MATCH(NGG!$A4477,generale!$A$16:$A$4963,0),COLUMN())=0,0,INDEX(generale!$A$16:$G$4963,MATCH(NGG!$A4477,generale!$A$16:$A$4963,0),COLUMN()))","v":4},{"$f":"IF(INDEX(generale!$A$16:$G$4963,MATCH(NGG!$A4477,generale!$A$16:$A$4963,0),COLUMN())=0,0,INDEX(generale!$A$16:$G$4963,MATCH(NGG!$A4477,generale!$A$16:$A$4963,0),COLUMN()))","v":15},{"$f":"IF(INDEX(generale!$A$16:$G$4963,MATCH(NGG!$A4477,generale!$A$16:$A$4963,0),COLUMN())=0,0,INDEX(generale!$A$16:$G$4963,MATCH(NGG!$A4477,generale!$A$16:$A$4963,0),COLUMN()))","v":11},{"$f":"IF(INDEX(generale!$A$16:$G$4963,MATCH(NGG!$A4477,generale!$A$16:$A$4963,0),COLUMN())=0,0,INDEX(generale!$A$16:$G$4963,MATCH(NGG!$A4477,generale!$A$16:$A$4963,0),COLUMN()))","v":7},{"$f":"IF(INDEX(generale!$A$16:$G$4963,MATCH(NGG!$A4477,generale!$A$16:$A$4963,0),COLUMN())=0,0,INDEX(generale!$A$16:$G$4963,MATCH(NGG!$A4477,generale!$A$16:$A$4963,0),COLUMN()))","v":5},{"$f":"generale!G4487","v":"O"},12,6,1,0,41,24,3,2,4,30,11,10,42,17,15,35,4,46,0,0,null,null,null,null,null,null,null,null,null,null,null,null,null,null,null,null,null,1,1,1,1]
[{"$f":"IF(generale!$A4493>0,generale!$A4493,\"\")","v":"2017-04-19"},{"$f":"IF(INDEX(generale!$A$16:$G$4963,MATCH(NGG!$A4483,generale!$A$16:$A$4963,0),COLUMN())=0,0,INDEX(generale!$A$16:$G$4963,MATCH(NGG!$A4483,generale!$A$16:$A$4963,0),COLUMN()))","v":17},{"$f":"IF(INDEX(generale!$A$16:$G$4963,MATCH(NGG!$A4483,generale!$A$16:$A$4963,0),COLUMN())=0,0,INDEX(generale!$A$16:$G$4963,MATCH(NGG!$A4483,generale!$A$16:$A$4963,0),COLUMN()))","v":7},{"$f":"IF(INDEX(generale!$A$16:$G$4963,MATCH(NGG!$A4483,generale!$A$16:$A$4963,0),COLUMN())=0,0,INDEX(generale!$A$16:$G$4963,MATCH(NGG!$A4483,generale!$A$16:$A$4963,0),COLUMN()))","v":18},{"$f":"IF(INDEX(generale!$A$16:$G$4963,MATCH(NGG!$A4483,generale!$A$16:$A$4963,0),COLUMN())=0,0,INDEX(generale!$A$16:$G$4963,MATCH(NGG!$A4483,generale!$A$16:$A$4963,0),COLUMN()))","v":5},{"$f":"IF(INDEX(generale!$A$16:$G$4963,MATCH(NGG!$A4483,generale!$A$16:$A$4963,0),COLUMN())=0,0,INDEX(generale!$A$16:$G$4963,MATCH(NGG!$A4483,generale!$A$16:$A$4963,0),COLUMN()))","v":6},{"$f":"generale!G4493","v":"T"},18,3,7,6,47,4,9,8,10,35,17,16,5,23,20,1,0,48,1,1,null,null,null,null,null,null,null,null,null,null,null,null,null,null,null,null,null,null,null,1,1]
[{"$f":"IF(generale!$A4500>0,generale!$A4500,\"\")","v":"2017-04-26"},{"$f":"IF(INDEX(generale!$A$16:$G$4963,MATCH(NGG!$A4490,generale!$A$16:$A$4963,0),COLUMN())=0,0,INDEX(generale!$A$16:$G$4963,MATCH(NGG!$A4490,generale!$A$16:$A$4963,0),COLUMN()))","v":7},{"$f":"IF(INDEX(generale!$A$16:$G$4963,MATCH(NGG!$A4490,generale!$A$16:$A$4963,0),COLUMN())=0,0,INDEX(generale!$A$16:$G$4963,MATCH(NGG!$A4490,generale!$A$16:$A$4963,0),COLUMN()))","v":16},{"$f":"IF(INDEX(generale!$A$16:$G$4963,MATCH(NGG!$A4490,generale!$A$16:$A$4963,0),COLUMN())=0,0,INDEX(generale!$A$16:$G$4963,MATCH(NGG!$A4490,generale!$A$16:$A$4963,0),COLUMN()))","v":11},{"$f":"IF(INDEX(generale!$A$16:$G$4963,MATCH(NGG!$A4490,generale!$A$16:$A$4963,0),COLUMN())=0,0,INDEX(generale!$A$16:$G$4963,MATCH(NGG!$A4490,generale!$A$16:$A$4963,0),COLUMN()))","v":12},{"$f":"IF(INDEX(generale!$A$16:$G$4963,MATCH(NGG!$A4490,generale!$A$16:$A$4963,0),COLUMN())=0,0,INDEX(generale!$A$16:$G$4963,MATCH(NGG!$A4490,generale!$A$16:$A$4963,0),COLUMN()))","v":1},{"$f":"generale!G4500","v":"T"},24,10,4,13,54,11,0,15,17,42,3,23,12,1,2,4,3,50,1,1,null,null,null,null,null,null,null,null,null,null,null,null,null,null,null,null,null,null,null,1,1]
[{"$f":"IF(generale!$A4516>0,generale!$A4516,\"\")","v":"2017-05-13"},{"$f":"IF(INDEX(generale!$A$16:$G$4963,MATCH(NGG!$A4506,generale!$A$16:$A$4963,0),COLUMN())=0,0,INDEX(generale!$A$16:$G$4963,MATCH(NGG!$A4506,generale!$A$16:$A$4963,0),COLUMN()))","v":9},{"$f":"IF(INDEX(generale!$A$16:$G$4963,MATCH(NGG!$A4506,generale!$A$16:$A$4963,0),COLUMN())=0,0,INDEX(generale!$A$16:$G$4963,MATCH(NGG!$A4506,generale!$A$16:$A$4963,0),COLUMN()))","v":16},{"$f":"IF(INDEX(generale!$A$16:$G$4963,MATCH(NGG!$A4506,generale!$A$16:$A$4963,0),COLUMN())=0,0,INDEX(generale!$A$16:$G$4963,MATCH(NGG!$A4506,generale!$A$16:$A$4963,0),COLUMN()))","v":5},{"$f":"IF(INDEX(generale!$A$16:$G$4963,MATCH(NGG!$A4506,generale!$A$16:$A$4963,0),COLUMN())=0,0,INDEX(generale!$A$16:$G$4963,MATCH(NGG!$A4506,generale!$A$16:$A$4963,0),COLUMN()))","v":2},{"$f":"IF(INDEX(generale!$A$16:$G$4963,MATCH(NGG!$A4506,generale!$A$16:$A$4963,0),COLUMN())=0,0,INDEX(generale!$A$16:$G$4963,MATCH(NGG!$A4506,generale!$A$16:$A$4963,0),COLUMN()))","v":13},{"$f":"generale!G4516","v":"P"},5,6,20,29,69,27,15,2,0,3,4,11,7,16,1,8,11,6,1,1,null,null,null,null,null,null,null,null,null,null,null,null,null,null,null,null,null,null,null,1,1]
[{"$f":"IF(generale!$A4523>0,generale!$A4523,\"\")","v":"2017-05-20"},{"$f":"IF(INDEX(generale!$A$16:$G$4963,MATCH(NGG!$A4513,generale!$A$16:$A$4963,0),COLUMN())=0,0,INDEX(generale!$A$16:$G$4963,MATCH(NGG!$A4513,generale!$A$16:$A$4963,0),COLUMN()))","v":16},{"$f":"IF(INDEX(generale!$A$16:$G$4963,MATCH(NGG!$A4513,generale!$A$16:$A$4963,0),COLUMN())=0,0,INDEX(generale!$A$16:$G$4963,MATCH(NGG!$A4513,generale!$A$16:$A$4963,0),COLUMN()))","v":6},{"$f":"IF(INDEX(generale!$A$16:$G$4963,MATCH(NGG!$A4513,generale!$A$16:$A$4963,0),COLUMN())=0,0,INDEX(generale!$A$16:$G$4963,MATCH(NGG!$A4513,generale!$A$16:$A$4963,0),COLUMN()))","v":9},{"$f":"IF(INDEX(generale!$A$16:$G$4963,MATCH(NGG!$A4513,generale!$A$16:$A$4963,0),COLUMN())=0,0,INDEX(generale!$A$16:$G$4963,MATCH(NGG!$A4513,generale!$A$16:$A$4963,0),COLUMN()))","v":14},{"$f":"IF(INDEX(generale!$A$16:$G$4963,MATCH(NGG!$A4513,generale!$A$16:$A$4963,0),COLUMN())=0,0,INDEX(generale!$A$16:$G$4963,MATCH(NGG!$A4513,generale!$A$16:$A$4963,0),COLUMN()))","v":7},{"$f":"generale!G4523","v":"O"},12,6,26,36,76,1,5,9,2,10,11,18,14,22,4,0,14,8,1,1,null,null,null,1,null,null,null,null,null,null,null,null,null,null,null,null,null,1,1,1,1]
[{"$f":"IF(generale!$A4530>0,generale!$A4530,\"\")","v":"2017-05-27"},{"$f":"IF(INDEX(generale!$A$16:$G$4963,MATCH(NGG!$A4520,generale!$A$16:$A$4963,0),COLUMN())=0,0,INDEX(generale!$A$16:$G$4963,MATCH(NGG!$A4520,generale!$A$16:$A$4963,0),COLUMN()))","v":2},{"$f":"IF(INDEX(generale!$A$16:$G$4963,MATCH(NGG!$A4520,generale!$A$16:$A$4963,0),COLUMN())=0,0,INDEX(generale!$A$16:$G$4963,MATCH(NGG!$A4520,generale!$A$16:$A$4963,0),COLUMN()))","v":6},{"$f":"IF(INDEX(generale!$A$16:$G$4963,MATCH(NGG!$A4520,generale!$A$16:$A$4963,0),COLUMN())=0,0,INDEX(generale!$A$16:$G$4963,MATCH(NGG!$A4520,generale!$A$16:$A$4963,0),COLUMN()))","v":5},{"$f":"IF(INDEX(generale!$A$16:$G$4963,MATCH(NGG!$A4520,generale!$A$16:$A$4963,0),COLUMN())=0,0,INDEX(generale!$A$16:$G$4963,MATCH(NGG!$A4520,generale!$A$16:$A$4963,0),COLUMN()))","v":8},{"$f":"IF(INDEX(generale!$A$16:$G$4963,MATCH(NGG!$A4520,generale!$A$16:$A$4963,0),COLUMN())=0,0,INDEX(generale!$A$16:$G$4963,MATCH(NGG!$A4520,generale!$A$16:$A$4963,0),COLUMN()))","v":1},{"$f":"generale!G4530","v":"T"},6,0,33,42,83,8,1,16,9,17,18,2,21,29,10,6,16,8,1,1,null,null,null,null,null,null,null,null,null,null,null,null,null,null,null,1,null,1,1,1,1]
[{"$f":"IF(generale!$A4537>0,generale!$A4537,\"\")","v":"2017-06-03"},{"$f":"IF(INDEX(generale!$A$16:$G$4963,MATCH(NGG!$A4527,generale!$A$16:$A$4963,0),COLUMN())=0,0,INDEX(generale!$A$16:$G$4963,MATCH(NGG!$A4527,generale!$A$16:$A$4963,0),COLUMN()))","v":8},{"$f":"IF(INDEX(generale!$A$16:$G$4963,MATCH(NGG!$A4527,generale!$A$16:$A$4963,0),COLUMN())=0,0,INDEX(generale!$A$16:$G$4963,MATCH(NGG!$A4527,generale!$A$16:$A$4963,0),COLUMN()))","v":10},{"$f":"IF(INDEX(generale!$A$16:$G$4963,MATCH(NGG!$A4527,generale!$A$16:$A$4963,0),COLUMN())=0,0,INDEX(generale!$A$16:$G$4963,MATCH(NGG!$A4527,generale!$A$16:$A$4963,0),COLUMN()))","v":14},{"$f":"IF(INDEX(generale!$A$16:$G$4963,MATCH(NGG!$A4527,generale!$A$16:$A$4963,0),COLUMN())=0,0,INDEX(generale!$A$16:$G$4963,MATCH(NGG!$A4527,generale!$A$16:$A$4963,0),COLUMN()))","v":11},{"$f":"IF(INDEX(generale!$A$16:$G$4963,MATCH(NGG!$A4527,generale!$A$16:$A$4963,0),COLUMN())=0,0,INDEX(generale!$A$16:$G$4963,MATCH(NGG!$A4527,generale!$A$16:$A$4963,0),COLUMN()))","v":6},{"$f":"generale!G4537","v":"P"},12,6,2,49,90,4,8,0,16,1,24,3,28,4,4,11,18,10,1,1,null,null,null,null,null,null,null,null,null,null,null,null,null,null,null,null,null,1,1,1,1]
[{"$f":"IF(generale!$A4544>0,generale!$A4544,\"\")","v":"2017-06-10"},{"$f":"IF(INDEX(generale!$A$16:$G$4963,MATCH(NGG!$A4534,generale!$A$16:$A$4963,0),COLUMN())=0,0,INDEX(generale!$A$16:$G$4963,MATCH(NGG!$A4534,generale!$A$16:$A$4963,0),COLUMN()))","v":16},{"$f":"IF(INDEX(generale!$A$16:$G$4963,MATCH(NGG!$A4534,generale!$A$16:$A$4963,0),COLUMN())=0,0,INDEX(generale!$A$16:$G$4963,MATCH(NGG!$A4534,generale!$A$16:$A$4963,0),COLUMN()))","v":12},{"$f":"IF(INDEX(generale!$A$16:$G$4963,MATCH(NGG!$A4534,generale!$A$16:$A$4963,0),COLUMN())=0,0,INDEX(generale!$A$16:$G$4963,MATCH(NGG!$A4534,generale!$A$16:$A$4963,0),COLUMN()))","v":6},{"$f":"IF(INDEX(generale!$A$16:$G$4963,MATCH(NGG!$A4534,generale!$A$16:$A$4963,0),COLUMN())=0,0,INDEX(generale!$A$16:$G$4963,MATCH(NGG!$A4534,generale!$A$16:$A$4963,0),COLUMN()))","v":18},{"$f":"IF(INDEX(generale!$A$16:$G$4963,MATCH(NGG!$A4534,generale!$A$16:$A$4963,0),COLUMN())=0,0,INDEX(generale!$A$16:$G$4963,MATCH(NGG!$A4534,generale!$A$16:$A$4963,0),COLUMN()))","v":1},{"$f":"generale!G4544","v":"T"},18,2,6,55,97,11,3,4,23,8,1,10,35,11,5,0,21,13,1,1,null,null,null,null,null,null,null,null,null,null,null,null,null,null,null,null,null,null,null,1,1]
[{"$f":"IF(generale!$A4560>0,generale!$A4560,\"\")","v":"2017-06-26"},{"$f":"IF(INDEX(generale!$A$16:$G$4963,MATCH(NGG!$A4550,generale!$A$16:$A$4963,0),COLUMN())=0,0,INDEX(generale!$A$16:$G$4963,MATCH(NGG!$A4550,generale!$A$16:$A$4963,0),COLUMN()))","v":5},{"$f":"IF(INDEX(generale!$A$16:$G$4963,MATCH(NGG!$A4550,generale!$A$16:$A$4963,0),COLUMN())=0,0,INDEX(generale!$A$16:$G$4963,MATCH(NGG!$A4550,generale!$A$16:$A$4963,0),COLUMN()))","v":8},{"$f":"IF(INDEX(generale!$A$16:$G$4963,MATCH(NGG!$A4550,generale!$A$16:$A$4963,0),COLUMN())=0,0,INDEX(generale!$A$16:$G$4963,MATCH(NGG!$A4550,generale!$A$16:$A$4963,0),COLUMN()))","v":11},{"$f":"IF(INDEX(generale!$A$16:$G$4963,MATCH(NGG!$A4550,generale!$A$16:$A$4963,0),COLUMN())=0,0,INDEX(generale!$A$16:$G$4963,MATCH(NGG!$A4550,generale!$A$16:$A$4963,0),COLUMN()))","v":10},{"$f":"IF(INDEX(generale!$A$16:$G$4963,MATCH(NGG!$A4550,generale!$A$16:$A$4963,0),COLUMN())=0,0,INDEX(generale!$A$16:$G$4963,MATCH(NGG!$A4550,generale!$A$16:$A$4963,0),COLUMN()))","v":4},{"$f":"generale!G4560","v":"P"},3,18,5,14,0,26,3,14,39,22,1,2,51,7,18,12,26,1,1,1,null,null,null,null,null,null,null,null,null,null,null,null,null,null,null,null,null,null,1,1,1]
[{"$f":"IF(generale!$A4566>0,generale!$A4566,\"\")","v":"2017-07-02"},{"$f":"IF(INDEX(generale!$A$16:$G$4963,MATCH(NGG!$A4556,generale!$A$16:$A$4963,0),COLUMN())=0,0,INDEX(generale!$A$16:$G$4963,MATCH(NGG!$A4556,generale!$A$16:$A$4963,0),COLUMN()))","v":18},{"$f":"IF(INDEX(generale!$A$16:$G$4963,MATCH(NGG!$A4556,generale!$A$16:$A$4963,0),COLUMN())=0,0,INDEX(generale!$A$16:$G$4963,MATCH(NGG!$A4556,generale!$A$16:$A$4963,0),COLUMN()))","v":3},{"$f":"IF(INDEX(generale!$A$16:$G$4963,MATCH(NGG!$A4556,generale!$A$16:$A$4963,0),COLUMN())=0,0,INDEX(generale!$A$16:$G$4963,MATCH(NGG!$A4556,generale!$A$16:$A$4963,0),COLUMN()))","v":8},{"$f":"IF(INDEX(generale!$A$16:$G$4963,MATCH(NGG!$A4556,generale!$A$16:$A$4963,0),COLUMN())=0,0,INDEX(generale!$A$16:$G$4963,MATCH(NGG!$A4556,generale!$A$16:$A$4963,0),COLUMN()))","v":15},{"$f":"IF(INDEX(generale!$A$16:$G$4963,MATCH(NGG!$A4556,generale!$A$16:$A$4963,0),COLUMN())=0,0,INDEX(generale!$A$16:$G$4963,MATCH(NGG!$A4556,generale!$A$16:$A$4963,0),COLUMN()))","v":7},{"$f":"generale!G4566","v":"P"},9,5,11,19,6,32,3,1,45,28,7,8,2,13,24,18,31,0,1,1,null,null,null,null,1,null,null,null,null,null,null,null,null,null,null,null,null,null,null,1,1]
[{"$f":"IF(generale!$A4569>0,generale!$A4569,\"\")","v":"2017-07-05"},{"$f":"IF(INDEX(generale!$A$16:$G$4963,MATCH(NGG!$A4559,generale!$A$16:$A$4963,0),COLUMN())=0,0,INDEX(generale!$A$16:$G$4963,MATCH(NGG!$A4559,generale!$A$16:$A$4963,0),COLUMN()))","v":6},{"$f":"IF(INDEX(generale!$A$16:$G$4963,MATCH(NGG!$A4559,generale!$A$16:$A$4963,0),COLUMN())=0,0,INDEX(generale!$A$16:$G$4963,MATCH(NGG!$A4559,generale!$A$16:$A$4963,0),COLUMN()))","v":9},{"$f":"IF(INDEX(generale!$A$16:$G$4963,MATCH(NGG!$A4559,generale!$A$16:$A$4963,0),COLUMN())=0,0,INDEX(generale!$A$16:$G$4963,MATCH(NGG!$A4559,generale!$A$16:$A$4963,0),COLUMN()))","v":11},{"$f":"IF(INDEX(generale!$A$16:$G$4963,MATCH(NGG!$A4559,generale!$A$16:$A$4963,0),COLUMN())=0,0,INDEX(generale!$A$16:$G$4963,MATCH(NGG!$A4559,generale!$A$16:$A$4963,0),COLUMN()))","v":8},{"$f":"IF(INDEX(generale!$A$16:$G$4963,MATCH(NGG!$A4559,generale!$A$16:$A$4963,0),COLUMN())=0,0,INDEX(generale!$A$16:$G$4963,MATCH(NGG!$A4559,generale!$A$16:$A$4963,0),COLUMN()))","v":10},{"$f":"generale!G4569","v":"T"},11,8,14,22,9,0,6,4,48,1,2,11,5,16,27,20,32,0,1,1,null,1,null,null,null,null,null,null,null,null,null,null,null,null,null,null,1,1,1,1,1]
[{"$f":"IF(generale!$A4581>0,generale!$A4581,\"\")","v":"2017-07-17"},{"$f":"IF(INDEX(generale!$A$16:$G$4963,MATCH(NGG!$A4571,generale!$A$16:$A$4963,0),COLUMN())=0,0,INDEX(generale!$A$16:$G$4963,MATCH(NGG!$A4571,generale!$A$16:$A$4963,0),COLUMN()))","v":1},{"$f":"IF(INDEX(generale!$A$16:$G$4963,MATCH(NGG!$A4571,generale!$A$16:$A$4963,0),COLUMN())=0,0,INDEX(generale!$A$16:$G$4963,MATCH(NGG!$A4571,generale!$A$16:$A$4963,0),COLUMN()))","v":5},{"$f":"IF(INDEX(generale!$A$16:$G$4963,MATCH(NGG!$A4571,generale!$A$16:$A$4963,0),COLUMN())=0,0,INDEX(generale!$A$16:$G$4963,MATCH(NGG!$A4571,generale!$A$16:$A$4963,0),COLUMN()))","v":4},{"$f":"IF(INDEX(generale!$A$16:$G$4963,MATCH(NGG!$A4571,generale!$A$16:$A$4963,0),COLUMN())=0,0,INDEX(generale!$A$16:$G$4963,MATCH(NGG!$A4571,generale!$A$16:$A$4963,0),COLUMN()))","v":12},{"$f":"IF(INDEX(generale!$A$16:$G$4963,MATCH(NGG!$A4571,generale!$A$16:$A$4963,0),COLUMN())=0,0,INDEX(generale!$A$16:$G$4963,MATCH(NGG!$A4571,generale!$A$16:$A$4963,0),COLUMN()))","v":3},{"$f":"generale!G4581","v":"P"},0,7,26,6,21,2,4,16,1,13,8,3,17,28,39,31,36,2,1,1,null,null,null,null,null,null,null,null,null,null,null,null,null,null,null,null,null,1,1,1,1]
[{"$f":"IF(generale!$A4587>0,generale!$A4587,\"\")","v":"2017-07-23"},{"$f":"IF(INDEX(generale!$A$16:$G$4963,MATCH(NGG!$A4577,generale!$A$16:$A$4963,0),COLUMN())=0,0,INDEX(generale!$A$16:$G$4963,MATCH(NGG!$A4577,generale!$A$16:$A$4963,0),COLUMN()))","v":6},{"$f":"IF(INDEX(generale!$A$16:$G$4963,MATCH(NGG!$A4577,generale!$A$16:$A$4963,0),COLUMN())=0,0,INDEX(generale!$A$16:$G$4963,MATCH(NGG!$A4577,generale!$A$16:$A$4963,0),COLUMN()))","v":15},{"$f":"IF(INDEX(generale!$A$16:$G$4963,MATCH(NGG!$A4577,generale!$A$16:$A$4963,0),COLUMN())=0,0,INDEX(generale!$A$16:$G$4963,MATCH(NGG!$A4577,generale!$A$16:$A$4963,0),COLUMN()))","v":10},{"$f":"IF(INDEX(generale!$A$16:$G$4963,MATCH(NGG!$A4577,generale!$A$16:$A$4963,0),COLUMN())=0,0,INDEX(generale!$A$16:$G$4963,MATCH(NGG!$A4577,generale!$A$16:$A$4963,0),COLUMN()))","v":3},{"$f":"IF(INDEX(generale!$A$16:$G$4963,MATCH(NGG!$A4577,generale!$A$16:$A$4963,0),COLUMN())=0,0,INDEX(generale!$A$16:$G$4963,MATCH(NGG!$A4577,generale!$A$16:$A$4963,0),COLUMN()))","v":5},{"$f":"generale!G4587","v":"P"},6,12,32,4,27,0,10,2,7,3,14,9,5,34,45,36,0,4,1,1,null,null,null,null,null,null,null,null,null,null,null,null,null,null,null,null,1,1,1,1,1]
[{"$f":"IF(generale!$A4599>0,generale!$A4599,\"\")","v":"2017-08-04"},{"$f":"IF(INDEX(generale!$A$16:$G$4963,MATCH(NGG!$A4589,generale!$A$16:$A$4963,0),COLUMN())=0,0,INDEX(generale!$A$16:$G$4963,MATCH(NGG!$A4589,generale!$A$16:$A$4963,0),COLUMN()))","v":4},{"$f":"IF(INDEX(generale!$A$16:$G$4963,MATCH(NGG!$A4589,generale!$A$16:$A$4963,0),COLUMN())=0,0,INDEX(generale!$A$16:$G$4963,MATCH(NGG!$A4589,generale!$A$16:$A$4963,0),COLUMN()))","v":15},{"$f":"IF(INDEX(generale!$A$16:$G$4963,MATCH(NGG!$A4589,generale!$A$16:$A$4963,0),COLUMN())=0,0,INDEX(generale!$A$16:$G$4963,MATCH(NGG!$A4589,generale!$A$16:$A$4963,0),COLUMN()))","v":1},{"$f":"IF(INDEX(generale!$A$16:$G$4963,MATCH(NGG!$A4589,generale!$A$16:$A$4963,0),COLUMN())=0,0,INDEX(generale!$A$16:$G$4963,MATCH(NGG!$A4589,generale!$A$16:$A$4963,0),COLUMN()))","v":7},{"$f":"IF(INDEX(generale!$A$16:$G$4963,MATCH(NGG!$A4589,generale!$A$16:$A$4963,0),COLUMN())=0,0,INDEX(generale!$A$16:$G$4963,MATCH(NGG!$A4589,generale!$A$16:$A$4963,0),COLUMN()))","v":13},{"$f":"generale!G4599","v":"T"},18,2,44,0,3,8,22,5,7,10,25,1,17,46,56,9,2,5,1,1,null,null,null,null,null,null,null,null,null,null,null,null,null,null,null,null,null,1,1,1,1]
[{"$f":"IF(generale!$A4606>0,generale!$A4606,\"\")","v":"2017-08-11"},{"$f":"IF(INDEX(generale!$A$16:$G$4963,MATCH(NGG!$A4596,generale!$A$16:$A$4963,0),COLUMN())=0,0,INDEX(generale!$A$16:$G$4963,MATCH(NGG!$A4596,generale!$A$16:$A$4963,0),COLUMN()))","v":2},{"$f":"IF(INDEX(generale!$A$16:$G$4963,MATCH(NGG!$A4596,generale!$A$16:$A$4963,0),COLUMN())=0,0,INDEX(generale!$A$16:$G$4963,MATCH(NGG!$A4596,generale!$A$16:$A$4963,0),COLUMN()))","v":9},{"$f":"IF(INDEX(generale!$A$16:$G$4963,MATCH(NGG!$A4596,generale!$A$16:$A$4963,0),COLUMN())=0,0,INDEX(generale!$A$16:$G$4963,MATCH(NGG!$A4596,generale!$A$16:$A$4963,0),COLUMN()))","v":8},{"$f":"IF(INDEX(generale!$A$16:$G$4963,MATCH(NGG!$A4596,generale!$A$16:$A$4963,0),COLUMN())=0,0,INDEX(generale!$A$16:$G$4963,MATCH(NGG!$A4596,generale!$A$16:$A$4963,0),COLUMN()))","v":12},{"$f":"IF(INDEX(generale!$A$16:$G$4963,MATCH(NGG!$A4596,generale!$A$16:$A$4963,0),COLUMN())=0,0,INDEX(generale!$A$16:$G$4963,MATCH(NGG!$A4596,generale!$A$16:$A$4963,0),COLUMN()))","v":6},{"$f":"generale!G4606","v":"T"},6,0,51,4,2,3,29,12,14,17,32,1,24,53,62,14,4,6,1,1,null,null,null,null,null,null,null,null,null,null,null,null,null,null,null,1,1,1,1,1,1]
[{"$f":"IF(generale!$A4617>0,generale!$A4617,\"\")","v":"2017-08-22"},{"$f":"IF(INDEX(generale!$A$16:$G$4963,MATCH(NGG!$A4607,generale!$A$16:$A$4963,0),COLUMN())=0,0,INDEX(generale!$A$16:$G$4963,MATCH(NGG!$A4607,generale!$A$16:$A$4963,0),COLUMN()))","v":3},{"$f":"IF(INDEX(generale!$A$16:$G$4963,MATCH(NGG!$A4607,generale!$A$16:$A$4963,0),COLUMN())=0,0,INDEX(generale!$A$16:$G$4963,MATCH(NGG!$A4607,generale!$A$16:$A$4963,0),COLUMN()))","v":4},{"$f":"IF(INDEX(generale!$A$16:$G$4963,MATCH(NGG!$A4607,generale!$A$16:$A$4963,0),COLUMN())=0,0,INDEX(generale!$A$16:$G$4963,MATCH(NGG!$A4607,generale!$A$16:$A$4963,0),COLUMN()))","v":8},{"$f":"IF(INDEX(generale!$A$16:$G$4963,MATCH(NGG!$A4607,generale!$A$16:$A$4963,0),COLUMN())=0,0,INDEX(generale!$A$16:$G$4963,MATCH(NGG!$A4607,generale!$A$16:$A$4963,0),COLUMN()))","v":2},{"$f":"IF(INDEX(generale!$A$16:$G$4963,MATCH(NGG!$A4607,generale!$A$16:$A$4963,0),COLUMN())=0,0,INDEX(generale!$A$16:$G$4963,MATCH(NGG!$A4607,generale!$A$16:$A$4963,0),COLUMN()))","v":14},{"$f":"generale!G4617","v":"P"},17,11,0,7,2,14,9,4,24,9,1,3,34,6,72,24,7,8,1,1,null,null,null,null,null,null,null,null,null,null,null,null,null,1,null,1,null,1,1,1,1]
[{"$f":"IF(generale!$A4629>0,generale!$A4629,\"\")","v":"2017-09-03"},{"$f":"IF(INDEX(generale!$A$16:$G$4963,MATCH(NGG!$A4619,generale!$A$16:$A$4963,0),COLUMN())=0,0,INDEX(generale!$A$16:$G$4963,MATCH(NGG!$A4619,generale!$A$16:$A$4963,0),COLUMN()))","v":11},{"$f":"IF(INDEX(generale!$A$16:$G$4963,MATCH(NGG!$A4619,generale!$A$16:$A$4963,0),COLUMN())=0,0,INDEX(generale!$A$16:$G$4963,MATCH(NGG!$A4619,generale!$A$16:$A$4963,0),COLUMN()))","v":15},{"$f":"IF(INDEX(generale!$A$16:$G$4963,MATCH(NGG!$A4619,generale!$A$16:$A$4963,0),COLUMN())=0,0,INDEX(generale!$A$16:$G$4963,MATCH(NGG!$A4619,generale!$A$16:$A$4963,0),COLUMN()))","v":8},{"$f":"IF(INDEX(generale!$A$16:$G$4963,MATCH(NGG!$A4619,generale!$A$16:$A$4963,0),COLUMN())=0,0,INDEX(generale!$A$16:$G$4963,MATCH(NGG!$A4619,generale!$A$16:$A$4963,0),COLUMN()))","v":2},{"$f":"IF(INDEX(generale!$A$16:$G$4963,MATCH(NGG!$A4619,generale!$A$16:$A$4963,0),COLUMN())=0,0,INDEX(generale!$A$16:$G$4963,MATCH(NGG!$A4619,generale!$A$16:$A$4963,0),COLUMN()))","v":9},{"$f":"generale!G4629","v":"T"},29,8,2,19,6,9,10,15,36,3,0,15,46,18,84,0,1,13,1,1,null,null,null,null,null,null,null,null,null,null,null,null,null,null,null,null,1,1,1,1,1]
[{"$f":"IF(generale!$A4635>0,generale!$A4635,\"\")","v":"2017-09-09"},{"$f":"IF(INDEX(generale!$A$16:$G$4963,MATCH(NGG!$A4625,generale!$A$16:$A$4963,0),COLUMN())=0,0,INDEX(generale!$A$16:$G$4963,MATCH(NGG!$A4625,generale!$A$16:$A$4963,0),COLUMN()))","v":11},{"$f":"IF(INDEX(generale!$A$16:$G$4963,MATCH(NGG!$A4625,generale!$A$16:$A$4963,0),COLUMN())=0,0,INDEX(generale!$A$16:$G$4963,MATCH(NGG!$A4625,generale!$A$16:$A$4963,0),COLUMN()))","v":14},{"$f":"IF(INDEX(generale!$A$16:$G$4963,MATCH(NGG!$A4625,generale!$A$16:$A$4963,0),COLUMN())=0,0,INDEX(generale!$A$16:$G$4963,MATCH(NGG!$A4625,generale!$A$16:$A$4963,0),COLUMN()))","v":7},{"$f":"IF(INDEX(generale!$A$16:$G$4963,MATCH(NGG!$A4625,generale!$A$16:$A$4963,0),COLUMN())=0,0,INDEX(generale!$A$16:$G$4963,MATCH(NGG!$A4625,generale!$A$16:$A$4963,0),COLUMN()))","v":10},{"$f":"IF(INDEX(generale!$A$16:$G$4963,MATCH(NGG!$A4625,generale!$A$16:$A$4963,0),COLUMN())=0,0,INDEX(generale!$A$16:$G$4963,MATCH(NGG!$A4625,generale!$A$16:$A$4963,0),COLUMN()))","v":4},{"$f":"generale!G4635","v":"T"},34,4,8,25,12,15,16,21,42,9,0,21,52,24,0,2,1,0,1,1,null,null,null,null,null,null,null,null,null,null,null,null,null,null,null,1,1,1,1,1,1]
[{"$f":"IF(generale!$A4638>0,generale!$A4638,\"\")","v":"2017-09-12"},{"$f":"IF(INDEX(generale!$A$16:$G$4963,MATCH(NGG!$A4628,generale!$A$16:$A$4963,0),COLUMN())=0,0,INDEX(generale!$A$16:$G$4963,MATCH(NGG!$A4628,generale!$A$16:$A$4963,0),COLUMN()))","v":1},{"$f":"IF(INDEX(generale!$A$16:$G$4963,MATCH(NGG!$A4628,generale!$A$16:$A$4963,0),COLUMN())=0,0,INDEX(generale!$A$16:$G$4963,MATCH(NGG!$A4628,generale!$A$16:$A$4963,0),COLUMN()))","v":11},{"$f":"IF(INDEX(generale!$A$16:$G$4963,MATCH(NGG!$A4628,generale!$A$16:$A$4963,0),COLUMN())=0,0,INDEX(generale!$A$16:$G$4963,MATCH(NGG!$A4628,generale!$A$16:$A$4963,0),COLUMN()))","v":6},{"$f":"IF(INDEX(generale!$A$16:$G$4963,MATCH(NGG!$A4628,generale!$A$16:$A$4963,0),COLUMN())=0,0,INDEX(generale!$A$16:$G$4963,MATCH(NGG!$A4628,generale!$A$16:$A$4963,0),COLUMN()))","v":10},{"$f":"IF(INDEX(generale!$A$16:$G$4963,MATCH(NGG!$A4628,generale!$A$16:$A$4963,0),COLUMN())=0,0,INDEX(generale!$A$16:$G$4963,MATCH(NGG!$A4628,generale!$A$16:$A$4963,0),COLUMN()))","v":5},{"$f":"generale!G4638","v":"T"},0,7,11,28,15,18,2,24,45,12,3,24,55,1,2,4,1,0,1,1,null,null,null,null,null,null,null,null,null,null,null,null,null,null,null,1,1,1,1,1,1]
[{"$f":"IF(generale!$A4650>0,generale!$A4650,\"\")","v":"2017-09-24"},{"$f":"IF(INDEX(generale!$A$16:$G$4963,MATCH(NGG!$A4640,generale!$A$16:$A$4963,0),COLUMN())=0,0,INDEX(generale!$A$16:$G$4963,MATCH(NGG!$A4640,generale!$A$16:$A$4963,0),COLUMN()))","v":14},{"$f":"IF(INDEX(generale!$A$16:$G$4963,MATCH(NGG!$A4640,generale!$A$16:$A$4963,0),COLUMN())=0,0,INDEX(generale!$A$16:$G$4963,MATCH(NGG!$A4640,generale!$A$16:$A$4963,0),COLUMN()))","v":3},{"$f":"IF(INDEX(generale!$A$16:$G$4963,MATCH(NGG!$A4640,generale!$A$16:$A$4963,0),COLUMN())=0,0,INDEX(generale!$A$16:$G$4963,MATCH(NGG!$A4640,generale!$A$16:$A$4963,0),COLUMN()))","v":8},{"$f":"IF(INDEX(generale!$A$16:$G$4963,MATCH(NGG!$A4640,generale!$A$16:$A$4963,0),COLUMN())=0,0,INDEX(generale!$A$16:$G$4963,MATCH(NGG!$A4640,generale!$A$16:$A$4963,0),COLUMN()))","v":1},{"$f":"IF(INDEX(generale!$A$16:$G$4963,MATCH(NGG!$A4640,generale!$A$16:$A$4963,0),COLUMN())=0,0,INDEX(generale!$A$16:$G$4963,MATCH(NGG!$A4640,generale!$A$16:$A$4963,0),COLUMN()))","v":6},{"$f":"generale!G4650","v":"T"},3,5,23,40,27,29,13,8,57,9,3,35,1,0,12,7,5,4,1,1,null,null,null,null,null,null,null,null,null,null,null,null,null,null,null,null,null,null,null,1,1]
[{"$f":"IF(generale!$A4656>0,generale!$A4656,\"\")","v":"2017-09-30"},{"$f":"IF(INDEX(generale!$A$16:$G$4963,MATCH(NGG!$A4646,generale!$A$16:$A$4963,0),COLUMN())=0,0,INDEX(generale!$A$16:$G$4963,MATCH(NGG!$A4646,generale!$A$16:$A$4963,0),COLUMN()))","v":4},{"$f":"IF(INDEX(generale!$A$16:$G$4963,MATCH(NGG!$A4646,generale!$A$16:$A$4963,0),COLUMN())=0,0,INDEX(generale!$A$16:$G$4963,MATCH(NGG!$A4646,generale!$A$16:$A$4963,0),COLUMN()))","v":15},{"$f":"IF(INDEX(generale!$A$16:$G$4963,MATCH(NGG!$A4646,generale!$A$16:$A$4963,0),COLUMN())=0,0,INDEX(generale!$A$16:$G$4963,MATCH(NGG!$A4646,generale!$A$16:$A$4963,0),COLUMN()))","v":13},{"$f":"IF(INDEX(generale!$A$16:$G$4963,MATCH(NGG!$A4646,generale!$A$16:$A$4963,0),COLUMN())=0,0,INDEX(generale!$A$16:$G$4963,MATCH(NGG!$A4646,generale!$A$16:$A$4963,0),COLUMN()))","v":12},{"$f":"IF(INDEX(generale!$A$16:$G$4963,MATCH(NGG!$A4646,generale!$A$16:$A$4963,0),COLUMN())=0,0,INDEX(generale!$A$16:$G$4963,MATCH(NGG!$A4646,generale!$A$16:$A$4963,0),COLUMN()))","v":11},{"$f":"generale!G4656","v":"P"},9,2,29,0,33,4,1,14,63,4,9,41,7,6,18,12,9,6,1,1,null,null,null,null,null,null,null,null,null,null,1,null,null,null,null,null,null,null,1,1,1]
[{"$f":"IF(generale!$A4668>0,generale!$A4668,\"\")","v":"2017-10-12"},{"$f":"IF(INDEX(generale!$A$16:$G$4963,MATCH(NGG!$A4658,generale!$A$16:$A$4963,0),COLUMN())=0,0,INDEX(generale!$A$16:$G$4963,MATCH(NGG!$A4658,generale!$A$16:$A$4963,0),COLUMN()))","v":16},{"$f":"IF(INDEX(generale!$A$16:$G$4963,MATCH(NGG!$A4658,generale!$A$16:$A$4963,0),COLUMN())=0,0,INDEX(generale!$A$16:$G$4963,MATCH(NGG!$A4658,generale!$A$16:$A$4963,0),COLUMN()))","v":10},{"$f":"IF(INDEX(generale!$A$16:$G$4963,MATCH(NGG!$A4658,generale!$A$16:$A$4963,0),COLUMN())=0,0,INDEX(generale!$A$16:$G$4963,MATCH(NGG!$A4658,generale!$A$16:$A$4963,0),COLUMN()))","v":1},{"$f":"IF(INDEX(generale!$A$16:$G$4963,MATCH(NGG!$A4658,generale!$A$16:$A$4963,0),COLUMN())=0,0,INDEX(generale!$A$16:$G$4963,MATCH(NGG!$A4658,generale!$A$16:$A$4963,0),COLUMN()))","v":4},{"$f":"IF(INDEX(generale!$A$16:$G$4963,MATCH(NGG!$A4658,generale!$A$16:$A$4963,0),COLUMN())=0,0,INDEX(generale!$A$16:$G$4963,MATCH(NGG!$A4658,generale!$A$16:$A$4963,0),COLUMN()))","v":9},{"$f":"generale!G4668","v":"P"},20,1,41,8,45,16,13,7,75,16,2,53,10,4,30,0,2,10,1,1,null,null,null,null,null,null,null,null,null,null,null,null,null,null,null,null,null,null,1,1,1]
[{"$f":"IF(generale!$A4680>0,generale!$A4680,\"\")","v":"2017-10-24"},{"$f":"IF(INDEX(generale!$A$16:$G$4963,MATCH(NGG!$A4670,generale!$A$16:$A$4963,0),COLUMN())=0,0,INDEX(generale!$A$16:$G$4963,MATCH(NGG!$A4670,generale!$A$16:$A$4963,0),COLUMN()))","v":8},{"$f":"IF(INDEX(generale!$A$16:$G$4963,MATCH(NGG!$A4670,generale!$A$16:$A$4963,0),COLUMN())=0,0,INDEX(generale!$A$16:$G$4963,MATCH(NGG!$A4670,generale!$A$16:$A$4963,0),COLUMN()))","v":1},{"$f":"IF(INDEX(generale!$A$16:$G$4963,MATCH(NGG!$A4670,generale!$A$16:$A$4963,0),COLUMN())=0,0,INDEX(generale!$A$16:$G$4963,MATCH(NGG!$A4670,generale!$A$16:$A$4963,0),COLUMN()))","v":7},{"$f":"IF(INDEX(generale!$A$16:$G$4963,MATCH(NGG!$A4670,generale!$A$16:$A$4963,0),COLUMN())=0,0,INDEX(generale!$A$16:$G$4963,MATCH(NGG!$A4670,generale!$A$16:$A$4963,0),COLUMN()))","v":6},{"$f":"IF(INDEX(generale!$A$16:$G$4963,MATCH(NGG!$A4670,generale!$A$16:$A$4963,0),COLUMN())=0,0,INDEX(generale!$A$16:$G$4963,MATCH(NGG!$A4670,generale!$A$16:$A$4963,0),COLUMN()))","v":10},{"$f":"generale!G4680","v":"O"},8,11,6,2,1,28,25,0,86,5,14,64,22,9,3,4,9,15,1,1,null,null,null,null,null,null,null,null,null,null,null,null,1,null,null,null,null,null,1,1,1]
[{"$f":"IF(generale!$A4686>0,generale!$A4686,\"\")","v":"2017-10-30"},{"$f":"IF(INDEX(generale!$A$16:$G$4963,MATCH(NGG!$A4675,generale!$A$16:$A$4963,0),COLUMN())=0,0,INDEX(generale!$A$16:$G$4963,MATCH(NGG!$A4675,generale!$A$16:$A$4963,0),COLUMN()))","v":3},{"$f":"IF(INDEX(generale!$A$16:$G$4963,MATCH(NGG!$A4675,generale!$A$16:$A$4963,0),COLUMN())=0,0,INDEX(generale!$A$16:$G$4963,MATCH(NGG!$A4675,generale!$A$16:$A$4963,0),COLUMN()))","v":5},{"$f":"IF(INDEX(generale!$A$16:$G$4963,MATCH(NGG!$A4675,generale!$A$16:$A$4963,0),COLUMN())=0,0,INDEX(generale!$A$16:$G$4963,MATCH(NGG!$A4675,generale!$A$16:$A$4963,0),COLUMN()))","v":14},{"$f":"IF(INDEX(generale!$A$16:$G$4963,MATCH(NGG!$A4675,generale!$A$16:$A$4963,0),COLUMN())=0,0,INDEX(generale!$A$16:$G$4963,MATCH(NGG!$A4675,generale!$A$16:$A$4963,0),COLUMN()))","v":13},{"$f":"IF(INDEX(generale!$A$16:$G$4963,MATCH(NGG!$A4675,generale!$A$16:$A$4963,0),COLUMN())=0,0,INDEX(generale!$A$16:$G$4963,MATCH(NGG!$A4675,generale!$A$16:$A$4963,0),COLUMN()))","v":12},{"$f":"generale!G4686","v":"P"},{"$f":"IF(COUNTIF($B4675:$D4675,0)<3,IF(LEN(SUBSTITUTE(SUBSTITUTE($B4675,H$1,,1),,1))=0,0,H4674+1-AC4675),\"\")","v":13},{"$f":"IF(COUNTIF($B4675:$D4675,0)<3,IF(LEN(SUBSTITUTE(SUBSTITUTE($B4675,I$1,,1),,1))=0,0,I4674+1-AD4675),\"\")","v":16},{"$f":"IF(COUNTIF($B4675:$D4675,0)<3,IF(LEN(SUBSTITUTE(SUBSTITUTE($B4675,J$1,,1),,1))=0,0,J4674+1-AE4675),\"\")","v":0},{"$f":"IF(COUNTIF($B4675:$D4675,0)<3,IF(LEN(SUBSTITUTE(SUBSTITUTE($B4675,K$1,,1),,1))=0,0,K4674+1-AF4675),\"\")","v":7},{"$f":"IF(COUNTIF($B4675:$D4675,0)<3,IF(LEN(SUBSTITUTE(SUBSTITUTE($B4675,L$1,,1),,1))=0,0,L4674+1-AG4675),\"\")","v":3},{"$f":"IF(COUNTIF($B4675:$D4675,0)<3,IF(LEN(SUBSTITUTE(SUBSTITUTE($B4675,M$1,,1),,1))=0,0,M4674+1-AH4675),\"\")","v":33},{"$f":"IF(COUNTIF($B4675:$D4675,0)<3,IF(LEN(SUBSTITUTE(SUBSTITUTE($B4675,N$1,,1),,1))=0,0,N4674+1-AI4675),\"\")","v":30},{"$f":"IF(COUNTIF($B4675:$D4675,0)<3,IF(LEN(SUBSTITUTE(SUBSTITUTE($B4675,O$1,,1),,1))=0,0,O4674+1-AJ4675),\"\")","v":4},{"$f":"IF(COUNTIF($B4675:$D4675,0)<3,IF(LEN(SUBSTITUTE(SUBSTITUTE($B4675,P$1,,1),,1))=0,0,P4674+1-AK4675),\"\")","v":1},{"$f":"IF(COUNTIF($B4675:$D4675,0)<3,IF(LEN(SUBSTITUTE(SUBSTITUTE($B4675,Q$1,,1),,1))=0,0,Q4674+1-AL4675),\"\")","v":10},{"$f":"IF(COUNTIF($B4675:$D4675,0)<3,IF(LEN(SUBSTITUTE(SUBSTITUTE($B4675,R$1,,1),,1))=0,0,R4674+1-AM4675),\"\")","v":19},{"$f":"IF(COUNTIF($B4675:$D4675,0)<3,IF(LEN(SUBSTITUTE(SUBSTITUTE($B4675,S$1,,1),,1))=0,0,S4674+1-AN4675),\"\")","v":69},{"$f":"IF(COUNTIF($B4675:$D4675,0)<3,IF(LEN(SUBSTITUTE(SUBSTITUTE($B4675,T$1,,1),,1))=0,0,T4674+1-AO4675),\"\")","v":4},{"$f":"IF(COUNTIF($B4675:$D4675,0)<3,IF(LEN(SUBSTITUTE(SUBSTITUTE($B4675,U$1,,1),,1))=0,0,U4674+1-AP4675),\"\")","v":14},{"$f":"IF(COUNTIF($B4675:$D4675,0)<3,IF(LEN(SUBSTITUTE(SUBSTITUTE($B4675,V$1,,1),,1))=0,0,V4674+1-AQ4675),\"\")","v":7},{"$f":"IF(COUNTIF($B4675:$D4675,0)<3,IF(LEN(SUBSTITUTE(SUBSTITUTE($B4675,W$1,,1),,1))=0,0,W4674+1-AR4675),\"\")","v":8},{"$f":"IF(COUNTIF($B4675:$D4675,0)<3,IF(LEN(SUBSTITUTE(SUBSTITUTE($B4675,X$1,,1),,1))=0,0,X4674+1-AS4675),\"\")","v":10},{"$f":"IF(COUNTIF($B4675:$D4675,0)<3,IF(LEN(SUBSTITUTE(SUBSTITUTE($B4675,Y$1,,1),,1))=0,0,Y4674+1-AT4675),\"\")","v":16},{"$f":"IF(COUNTIF($B4675:$D4675,0)<3,IF(LEN(SUBSTITUTE(SUBSTITUTE($B4675,Z$1,,1),,1))=0,0,Z4674+1-AU4675),\"\")","v":1},{"$f":"IF(COUNTIF($B4675:$D4675,0)<3,IF(LEN(SUBSTITUTE(SUBSTITUTE($B4675,AA$1,,1),,1))=0,0,AA4674+1-AV4675),\"\")","v":1},null,null,null,null,null,null,null,null,null,null,null,null,null,null,null,null,null,1,1,1,1]
[{"$f":"IF(generale!$A4699>0,generale!$A4699,\"\")","v":"2017-11-12"},{"$f":"IF(INDEX(generale!$A$16:$G$4963,MATCH(NGG!$A4688,generale!$A$16:$A$4963,0),COLUMN())=0,0,INDEX(generale!$A$16:$G$4963,MATCH(NGG!$A4688,generale!$A$16:$A$4963,0),COLUMN()))","v":4},{"$f":"IF(INDEX(generale!$A$16:$G$4963,MATCH(NGG!$A4688,generale!$A$16:$A$4963,0),COLUMN())=0,0,INDEX(generale!$A$16:$G$4963,MATCH(NGG!$A4688,generale!$A$16:$A$4963,0),COLUMN()))","v":14},{"$f":"IF(INDEX(generale!$A$16:$G$4963,MATCH(NGG!$A4688,generale!$A$16:$A$4963,0),COLUMN())=0,0,INDEX(generale!$A$16:$G$4963,MATCH(NGG!$A4688,generale!$A$16:$A$4963,0),COLUMN()))","v":3},{"$f":"IF(INDEX(generale!$A$16:$G$4963,MATCH(NGG!$A4688,generale!$A$16:$A$4963,0),COLUMN())=0,0,INDEX(generale!$A$16:$G$4963,MATCH(NGG!$A4688,generale!$A$16:$A$4963,0),COLUMN()))","v":8},{"$f":"IF(INDEX(generale!$A$16:$G$4963,MATCH(NGG!$A4688,generale!$A$16:$A$4963,0),COLUMN())=0,0,INDEX(generale!$A$16:$G$4963,MATCH(NGG!$A4688,generale!$A$16:$A$4963,0),COLUMN()))","v":5},{"$f":"generale!G4699","v":"O"},7,12,6,0,16,9,43,4,8,23,32,1,16,3,18,18,14,20,1,1,null,null,null,null,null,null,null,null,null,null,null,null,null,null,null,null,null,1,1,1,1]
[{"$f":"IF(generale!$A4702>0,generale!$A4702,\"\")","v":"2017-11-15"},{"$f":"IF(INDEX(generale!$A$16:$G$4963,MATCH(NGG!$A4691,generale!$A$16:$A$4963,0),COLUMN())=0,0,INDEX(generale!$A$16:$G$4963,MATCH(NGG!$A4691,generale!$A$16:$A$4963,0),COLUMN()))","v":6},{"$f":"IF(INDEX(generale!$A$16:$G$4963,MATCH(NGG!$A4691,generale!$A$16:$A$4963,0),COLUMN())=0,0,INDEX(generale!$A$16:$G$4963,MATCH(NGG!$A4691,generale!$A$16:$A$4963,0),COLUMN()))","v":13},{"$f":"IF(INDEX(generale!$A$16:$G$4963,MATCH(NGG!$A4691,generale!$A$16:$A$4963,0),COLUMN())=0,0,INDEX(generale!$A$16:$G$4963,MATCH(NGG!$A4691,generale!$A$16:$A$4963,0),COLUMN()))","v":1},{"$f":"IF(INDEX(generale!$A$16:$G$4963,MATCH(NGG!$A4691,generale!$A$16:$A$4963,0),COLUMN())=0,0,INDEX(generale!$A$16:$G$4963,MATCH(NGG!$A4691,generale!$A$16:$A$4963,0),COLUMN()))","v":9},{"$f":"IF(INDEX(generale!$A$16:$G$4963,MATCH(NGG!$A4691,generale!$A$16:$A$4963,0),COLUMN())=0,0,INDEX(generale!$A$16:$G$4963,MATCH(NGG!$A4691,generale!$A$16:$A$4963,0),COLUMN()))","v":8},{"$f":"generale!G4702","v":"P"},10,15,9,3,19,0,1,7,11,26,2,4,19,6,21,20,15,21,1,1,null,null,null,null,null,null,null,null,null,null,null,null,null,null,null,null,null,1,1,1,1]
[{"$f":"IF(generale!$A4715>0,generale!$A4715,\"\")","v":"2017-11-28"},{"$f":"IF(INDEX(generale!$A$16:$G$4963,MATCH(NGG!$A4704,generale!$A$16:$A$4963,0),COLUMN())=0,0,INDEX(generale!$A$16:$G$4963,MATCH(NGG!$A4704,generale!$A$16:$A$4963,0),COLUMN()))","v":15},{"$f":"IF(INDEX(generale!$A$16:$G$4963,MATCH(NGG!$A4704,generale!$A$16:$A$4963,0),COLUMN())=0,0,INDEX(generale!$A$16:$G$4963,MATCH(NGG!$A4704,generale!$A$16:$A$4963,0),COLUMN()))","v":10},{"$f":"IF(INDEX(generale!$A$16:$G$4963,MATCH(NGG!$A4704,generale!$A$16:$A$4963,0),COLUMN())=0,0,INDEX(generale!$A$16:$G$4963,MATCH(NGG!$A4704,generale!$A$16:$A$4963,0),COLUMN()))","v":13},{"$f":"IF(INDEX(generale!$A$16:$G$4963,MATCH(NGG!$A4704,generale!$A$16:$A$4963,0),COLUMN())=0,0,INDEX(generale!$A$16:$G$4963,MATCH(NGG!$A4704,generale!$A$16:$A$4963,0),COLUMN()))","v":8},{"$f":"IF(INDEX(generale!$A$16:$G$4963,MATCH(NGG!$A4704,generale!$A$16:$A$4963,0),COLUMN())=0,0,INDEX(generale!$A$16:$G$4963,MATCH(NGG!$A4704,generale!$A$16:$A$4963,0),COLUMN()))","v":4},{"$f":"generale!G4715","v":"P"},23,28,22,7,4,12,14,3,8,5,14,17,32,2,0,31,22,0,1,1,null,null,null,null,null,null,null,null,null,null,null,null,null,null,null,null,null,1,1,1,1]
[{"$f":"IF(generale!$A4720>0,generale!$A4720,\"\")","v":"2017-12-03"},{"$f":"IF(INDEX(generale!$A$16:$G$4963,MATCH(NGG!$A4709,generale!$A$16:$A$4963,0),COLUMN())=0,0,INDEX(generale!$A$16:$G$4963,MATCH(NGG!$A4709,generale!$A$16:$A$4963,0),COLUMN()))","v":8},{"$f":"IF(INDEX(generale!$A$16:$G$4963,MATCH(NGG!$A4709,generale!$A$16:$A$4963,0),COLUMN())=0,0,INDEX(generale!$A$16:$G$4963,MATCH(NGG!$A4709,generale!$A$16:$A$4963,0),COLUMN()))","v":15},{"$f":"IF(INDEX(generale!$A$16:$G$4963,MATCH(NGG!$A4709,generale!$A$16:$A$4963,0),COLUMN())=0,0,INDEX(generale!$A$16:$G$4963,MATCH(NGG!$A4709,generale!$A$16:$A$4963,0),COLUMN()))","v":10},{"$f":"IF(INDEX(generale!$A$16:$G$4963,MATCH(NGG!$A4709,generale!$A$16:$A$4963,0),COLUMN())=0,0,INDEX(generale!$A$16:$G$4963,MATCH(NGG!$A4709,generale!$A$16:$A$4963,0),COLUMN()))","v":6},{"$f":"IF(INDEX(generale!$A$16:$G$4963,MATCH(NGG!$A4709,generale!$A$16:$A$4963,0),COLUMN())=0,0,INDEX(generale!$A$16:$G$4963,MATCH(NGG!$A4709,generale!$A$16:$A$4963,0),COLUMN()))","v":17},{"$f":"generale!G4720","v":"T"},28,32,27,12,9,17,19,0,13,10,19,22,3,7,5,36,26,1,1,1,null,null,null,null,null,null,null,null,null,null,null,null,null,null,null,null,null,null,null,1,1]
[{"$f":"IF(generale!$A4727>0,generale!$A4727,\"\")","v":"2017-12-10"},{"$f":"IF(INDEX(generale!$A$16:$G$4963,MATCH(NGG!$A4716,generale!$A$16:$A$4963,0),COLUMN())=0,0,INDEX(generale!$A$16:$G$4963,MATCH(NGG!$A4716,generale!$A$16:$A$4963,0),COLUMN()))","v":16},{"$f":"IF(INDEX(generale!$A$16:$G$4963,MATCH(NGG!$A4716,generale!$A$16:$A$4963,0),COLUMN())=0,0,INDEX(generale!$A$16:$G$4963,MATCH(NGG!$A4716,generale!$A$16:$A$4963,0),COLUMN()))","v":17},{"$f":"IF(INDEX(generale!$A$16:$G$4963,MATCH(NGG!$A4716,generale!$A$16:$A$4963,0),COLUMN())=0,0,INDEX(generale!$A$16:$G$4963,MATCH(NGG!$A4716,generale!$A$16:$A$4963,0),COLUMN()))","v":6},{"$f":"IF(INDEX(generale!$A$16:$G$4963,MATCH(NGG!$A4716,generale!$A$16:$A$4963,0),COLUMN())=0,0,INDEX(generale!$A$16:$G$4963,MATCH(NGG!$A4716,generale!$A$16:$A$4963,0),COLUMN()))","v":10},{"$f":"IF(INDEX(generale!$A$16:$G$4963,MATCH(NGG!$A4716,generale!$A$16:$A$4963,0),COLUMN())=0,0,INDEX(generale!$A$16:$G$4963,MATCH(NGG!$A4716,generale!$A$16:$A$4963,0),COLUMN()))","v":13},{"$f":"generale!G4727","v":"T"},35,4,34,3,16,6,26,7,2,17,26,28,10,1,12,0,30,1,1,1,null,null,null,null,null,null,null,null,null,null,null,null,null,null,null,null,null,null,1,1,1]
[{"$f":"IF(generale!$A4736>0,generale!$A4736,\"\")","v":"2017-12-20"},{"$f":"IF(INDEX(generale!$A$16:$G$4963,MATCH(NGG!$A4725,generale!$A$16:$A$4963,0),COLUMN())=0,0,INDEX(generale!$A$16:$G$4963,MATCH(NGG!$A4725,generale!$A$16:$A$4963,0),COLUMN()))","v":11},{"$f":"IF(INDEX(generale!$A$16:$G$4963,MATCH(NGG!$A4725,generale!$A$16:$A$4963,0),COLUMN())=0,0,INDEX(generale!$A$16:$G$4963,MATCH(NGG!$A4725,generale!$A$16:$A$4963,0),COLUMN()))","v":5},{"$f":"IF(INDEX(generale!$A$16:$G$4963,MATCH(NGG!$A4725,generale!$A$16:$A$4963,0),COLUMN())=0,0,INDEX(generale!$A$16:$G$4963,MATCH(NGG!$A4725,generale!$A$16:$A$4963,0),COLUMN()))","v":6},{"$f":"IF(INDEX(generale!$A$16:$G$4963,MATCH(NGG!$A4725,generale!$A$16:$A$4963,0),COLUMN())=0,0,INDEX(generale!$A$16:$G$4963,MATCH(NGG!$A4725,generale!$A$16:$A$4963,0),COLUMN()))","v":10},{"$f":"IF(INDEX(generale!$A$16:$G$4963,MATCH(NGG!$A4725,generale!$A$16:$A$4963,0),COLUMN())=0,0,INDEX(generale!$A$16:$G$4963,MATCH(NGG!$A4725,generale!$A$16:$A$4963,0),COLUMN()))","v":2},{"$f":"generale!G4736","v":"O"},8,12,43,4,25,5,2,16,11,26,0,37,1,10,7,9,36,7,5,5]
[{"$f":"IF(generale!$A4750>0,generale!$A4750,\"\")","v":"2017-12-31"},{"$f":"IF(INDEX(generale!$A$16:$G$4963,MATCH(NGG!$A4739,generale!$A$16:$A$4963,0),COLUMN())=0,0,INDEX(generale!$A$16:$G$4963,MATCH(NGG!$A4739,generale!$A$16:$A$4963,0),COLUMN()))","v":0},{"$f":"IF(INDEX(generale!$A$16:$G$4963,MATCH(NGG!$A4739,generale!$A$16:$A$4963,0),COLUMN())=0,0,INDEX(generale!$A$16:$G$4963,MATCH(NGG!$A4739,generale!$A$16:$A$4963,0),COLUMN()))","v":0},{"$f":"IF(INDEX(generale!$A$16:$G$4963,MATCH(NGG!$A4739,generale!$A$16:$A$4963,0),COLUMN())=0,0,INDEX(generale!$A$16:$G$4963,MATCH(NGG!$A4739,generale!$A$16:$A$4963,0),COLUMN()))","v":0},{"$f":"IF(INDEX(generale!$A$16:$G$4963,MATCH(NGG!$A4739,generale!$A$16:$A$4963,0),COLUMN())=0,0,INDEX(generale!$A$16:$G$4963,MATCH(NGG!$A4739,generale!$A$16:$A$4963,0),COLUMN()))","v":0},{"$f":"IF(INDEX(generale!$A$16:$G$4963,MATCH(NGG!$A4739,generale!$A$16:$A$4963,0),COLUMN())=0,0,INDEX(generale!$A$16:$G$4963,MATCH(NGG!$A4739,generale!$A$16:$A$4963,0),COLUMN()))","v":0},{"$f":"generale!G4750","v":0},"","","","","","","","","","","","","","","","","","","",""]
[{"$f":"IF(generale!$A4757>0,generale!$A4757,\"\")","v":"2018-01-07"},{"$f":"IF(INDEX(generale!$A$16:$G$4963,MATCH(NGG!$A4746,generale!$A$16:$A$4963,0),COLUMN())=0,0,INDEX(generale!$A$16:$G$4963,MATCH(NGG!$A4746,generale!$A$16:$A$4963,0),COLUMN()))","v":0},{"$f":"IF(INDEX(generale!$A$16:$G$4963,MATCH(NGG!$A4746,generale!$A$16:$A$4963,0),COLUMN())=0,0,INDEX(generale!$A$16:$G$4963,MATCH(NGG!$A4746,generale!$A$16:$A$4963,0),COLUMN()))","v":0},{"$f":"IF(INDEX(generale!$A$16:$G$4963,MATCH(NGG!$A4746,generale!$A$16:$A$4963,0),COLUMN())=0,0,INDEX(generale!$A$16:$G$4963,MATCH(NGG!$A4746,generale!$A$16:$A$4963,0),COLUMN()))","v":0},{"$f":"IF(INDEX(generale!$A$16:$G$4963,MATCH(NGG!$A4746,generale!$A$16:$A$4963,0),COLUMN())=0,0,INDEX(generale!$A$16:$G$4963,MATCH(NGG!$A4746,generale!$A$16:$A$4963,0),COLUMN()))","v":0},{"$f":"IF(INDEX(generale!$A$16:$G$4963,MATCH(NGG!$A4746,generale!$A$16:$A$4963,0),COLUMN())=0,0,INDEX(generale!$A$16:$G$4963,MATCH(NGG!$A4746,generale!$A$16:$A$4963,0),COLUMN()))","v":0},{"$f":"generale!G4757","v":0},"","","","","","","","","","","","","","","","","","","",""]
[{"$f":"IF(generale!$A4765>0,generale!$A4765,\"\")","v":"2018-01-15"},{"$f":"IF(INDEX(generale!$A$16:$G$4963,MATCH(NGG!$A4754,generale!$A$16:$A$4963,0),COLUMN())=0,0,INDEX(generale!$A$16:$G$4963,MATCH(NGG!$A4754,generale!$A$16:$A$4963,0),COLUMN()))","v":0},{"$f":"IF(INDEX(generale!$A$16:$G$4963,MATCH(NGG!$A4754,generale!$A$16:$A$4963,0),COLUMN())=0,0,INDEX(generale!$A$16:$G$4963,MATCH(NGG!$A4754,generale!$A$16:$A$4963,0),COLUMN()))","v":0},{"$f":"IF(INDEX(generale!$A$16:$G$4963,MATCH(NGG!$A4754,generale!$A$16:$A$4963,0),COLUMN())=0,0,INDEX(generale!$A$16:$G$4963,MATCH(NGG!$A4754,generale!$A$16:$A$4963,0),COLUMN()))","v":0},{"$f":"IF(INDEX(generale!$A$16:$G$4963,MATCH(NGG!$A4754,generale!$A$16:$A$4963,0),COLUMN())=0,0,INDEX(generale!$A$16:$G$4963,MATCH(NGG!$A4754,generale!$A$16:$A$4963,0),COLUMN()))","v":0},{"$f":"IF(INDEX(generale!$A$16:$G$4963,MATCH(NGG!$A4754,generale!$A$16:$A$4963,0),COLUMN())=0,0,INDEX(generale!$A$16:$G$4963,MATCH(NGG!$A4754,generale!$A$16:$A$4963,0),COLUMN()))","v":0},{"$f":"generale!G4765","v":0},"","","","","","","","","","","","","","","","","","","",""]
[{"$f":"IF(generale!$A4771>0,generale!$A4771,\"\")","v":"2018-01-21"},{"$f":"IF(INDEX(generale!$A$16:$G$4963,MATCH(NGG!$A4760,generale!$A$16:$A$4963,0),COLUMN())=0,0,INDEX(generale!$A$16:$G$4963,MATCH(NGG!$A4760,generale!$A$16:$A$4963,0),COLUMN()))","v":0},{"$f":"IF(INDEX(generale!$A$16:$G$4963,MATCH(NGG!$A4760,generale!$A$16:$A$4963,0),COLUMN())=0,0,INDEX(generale!$A$16:$G$4963,MATCH(NGG!$A4760,generale!$A$16:$A$4963,0),COLUMN()))","v":0},{"$f":"IF(INDEX(generale!$A$16:$G$4963,MATCH(NGG!$A4760,generale!$A$16:$A$4963,0),COLUMN())=0,0,INDEX(generale!$A$16:$G$4963,MATCH(NGG!$A4760,generale!$A$16:$A$4963,0),COLUMN()))","v":0},{"$f":"IF(INDEX(generale!$A$16:$G$4963,MATCH(NGG!$A4760,generale!$A$16:$A$4963,0),COLUMN())=0,0,INDEX(generale!$A$16:$G$4963,MATCH(NGG!$A4760,generale!$A$16:$A$4963,0),COLUMN()))","v":0},{"$f":"IF(INDEX(generale!$A$16:$G$4963,MATCH(NGG!$A4760,generale!$A$16:$A$4963,0),COLUMN())=0,0,INDEX(generale!$A$16:$G$4963,MATCH(NGG!$A4760,generale!$A$16:$A$4963,0),COLUMN()))","v":0},{"$f":"generale!G4771","v":0},"","","","","","","","","","","","","","","","","","","",""]
[{"$f":"IF(generale!$A4778>0,generale!$A4778,\"\")","v":"2018-01-28"},{"$f":"IF(INDEX(generale!$A$16:$G$4963,MATCH(NGG!$A4767,generale!$A$16:$A$4963,0),COLUMN())=0,0,INDEX(generale!$A$16:$G$4963,MATCH(NGG!$A4767,generale!$A$16:$A$4963,0),COLUMN()))","v":0},{"$f":"IF(INDEX(generale!$A$16:$G$4963,MATCH(NGG!$A4767,generale!$A$16:$A$4963,0),COLUMN())=0,0,INDEX(generale!$A$16:$G$4963,MATCH(NGG!$A4767,generale!$A$16:$A$4963,0),COLUMN()))","v":0},{"$f":"IF(INDEX(generale!$A$16:$G$4963,MATCH(NGG!$A4767,generale!$A$16:$A$4963,0),COLUMN())=0,0,INDEX(generale!$A$16:$G$4963,MATCH(NGG!$A4767,generale!$A$16:$A$4963,0),COLUMN()))","v":0},{"$f":"IF(INDEX(generale!$A$16:$G$4963,MATCH(NGG!$A4767,generale!$A$16:$A$4963,0),COLUMN())=0,0,INDEX(generale!$A$16:$G$4963,MATCH(NGG!$A4767,generale!$A$16:$A$4963,0),COLUMN()))","v":0},{"$f":"IF(INDEX(generale!$A$16:$G$4963,MATCH(NGG!$A4767,generale!$A$16:$A$4963,0),COLUMN())=0,0,INDEX(generale!$A$16:$G$4963,MATCH(NGG!$A4767,generale!$A$16:$A$4963,0),COLUMN()))","v":0},{"$f":"generale!G4778","v":0},"","","","","","","","","","","","","","","","","","","",""]
[{"$f":"IF(generale!$A4794>0,generale!$A4794,\"\")","v":"2018-02-13"},{"$f":"IF(INDEX(generale!$A$16:$G$4963,MATCH(NGG!$A4783,generale!$A$16:$A$4963,0),COLUMN())=0,0,INDEX(generale!$A$16:$G$4963,MATCH(NGG!$A4783,generale!$A$16:$A$4963,0),COLUMN()))","v":0},{"$f":"IF(INDEX(generale!$A$16:$G$4963,MATCH(NGG!$A4783,generale!$A$16:$A$4963,0),COLUMN())=0,0,INDEX(generale!$A$16:$G$4963,MATCH(NGG!$A4783,generale!$A$16:$A$4963,0),COLUMN()))","v":0},{"$f":"IF(INDEX(generale!$A$16:$G$4963,MATCH(NGG!$A4783,generale!$A$16:$A$4963,0),COLUMN())=0,0,INDEX(generale!$A$16:$G$4963,MATCH(NGG!$A4783,generale!$A$16:$A$4963,0),COLUMN()))","v":0},{"$f":"IF(INDEX(generale!$A$16:$G$4963,MATCH(NGG!$A4783,generale!$A$16:$A$4963,0),COLUMN())=0,0,INDEX(generale!$A$16:$G$4963,MATCH(NGG!$A4783,generale!$A$16:$A$4963,0),COLUMN()))","v":0},{"$f":"IF(INDEX(generale!$A$16:$G$4963,MATCH(NGG!$A4783,generale!$A$16:$A$4963,0),COLUMN())=0,0,INDEX(generale!$A$16:$G$4963,MATCH(NGG!$A4783,generale!$A$16:$A$4963,0),COLUMN()))","v":0},{"$f":"generale!G4794","v":0},"","","","","","","","","","","","","","","","","","","",""]
[{"$f":"IF(generale!$A4796>0,generale!$A4796,\"\")","v":"2018-02-15"},{"$f":"IF(INDEX(generale!$A$16:$G$4963,MATCH(NGG!$A4785,generale!$A$16:$A$4963,0),COLUMN())=0,0,INDEX(generale!$A$16:$G$4963,MATCH(NGG!$A4785,generale!$A$16:$A$4963,0),COLUMN()))","v":0},{"$f":"IF(INDEX(generale!$A$16:$G$4963,MATCH(NGG!$A4785,generale!$A$16:$A$4963,0),COLUMN())=0,0,INDEX(generale!$A$16:$G$4963,MATCH(NGG!$A4785,generale!$A$16:$A$4963,0),COLUMN()))","v":0},{"$f":"IF(INDEX(generale!$A$16:$G$4963,MATCH(NGG!$A4785,generale!$A$16:$A$4963,0),COLUMN())=0,0,INDEX(generale!$A$16:$G$4963,MATCH(NGG!$A4785,generale!$A$16:$A$4963,0),COLUMN()))","v":0},{"$f":"IF(INDEX(generale!$A$16:$G$4963,MATCH(NGG!$A4785,generale!$A$16:$A$4963,0),COLUMN())=0,0,INDEX(generale!$A$16:$G$4963,MATCH(NGG!$A4785,generale!$A$16:$A$4963,0),COLUMN()))","v":0},{"$f":"IF(INDEX(generale!$A$16:$G$4963,MATCH(NGG!$A4785,generale!$A$16:$A$4963,0),COLUMN())=0,0,INDEX(generale!$A$16:$G$4963,MATCH(NGG!$A4785,generale!$A$16:$A$4963,0),COLUMN()))","v":0},{"$f":"generale!G4796","v":0},"","","","","","","","","","","","","","","","","","","",""]
[{"$f":"IF(generale!$A4808>0,generale!$A4808,\"\")","v":"2018-02-27"},{"$f":"IF(INDEX(generale!$A$16:$G$4963,MATCH(NGG!$A4797,generale!$A$16:$A$4963,0),COLUMN())=0,0,INDEX(generale!$A$16:$G$4963,MATCH(NGG!$A4797,generale!$A$16:$A$4963,0),COLUMN()))","v":0},{"$f":"IF(INDEX(generale!$A$16:$G$4963,MATCH(NGG!$A4797,generale!$A$16:$A$4963,0),COLUMN())=0,0,INDEX(generale!$A$16:$G$4963,MATCH(NGG!$A4797,generale!$A$16:$A$4963,0),COLUMN()))","v":0},{"$f":"IF(INDEX(generale!$A$16:$G$4963,MATCH(NGG!$A4797,generale!$A$16:$A$4963,0),COLUMN())=0,0,INDEX(generale!$A$16:$G$4963,MATCH(NGG!$A4797,generale!$A$16:$A$4963,0),COLUMN()))","v":0},{"$f":"IF(INDEX(generale!$A$16:$G$4963,MATCH(NGG!$A4797,generale!$A$16:$A$4963,0),COLUMN())=0,0,INDEX(generale!$A$16:$G$4963,MATCH(NGG!$A4797,generale!$A$16:$A$4963,0),COLUMN()))","v":0},{"$f":"IF(INDEX(generale!$A$16:$G$4963,MATCH(NGG!$A4797,generale!$A$16:$A$4963,0),COLUMN())=0,0,INDEX(generale!$A$16:$G$4963,MATCH(NGG!$A4797,generale!$A$16:$A$4963,0),COLUMN()))","v":0},{"$f":"generale!G4808","v":0},"","","","","","","","","","","","","","","","","","","",""]
[{"$f":"IF(generale!$A4815>0,generale!$A4815,\"\")","v":"2018-03-06"},{"$f":"IF(INDEX(generale!$A$16:$G$4963,MATCH(NGG!$A4804,generale!$A$16:$A$4963,0),COLUMN())=0,0,INDEX(generale!$A$16:$G$4963,MATCH(NGG!$A4804,generale!$A$16:$A$4963,0),COLUMN()))","v":0},{"$f":"IF(INDEX(generale!$A$16:$G$4963,MATCH(NGG!$A4804,generale!$A$16:$A$4963,0),COLUMN())=0,0,INDEX(generale!$A$16:$G$4963,MATCH(NGG!$A4804,generale!$A$16:$A$4963,0),COLUMN()))","v":0},{"$f":"IF(INDEX(generale!$A$16:$G$4963,MATCH(NGG!$A4804,generale!$A$16:$A$4963,0),COLUMN())=0,0,INDEX(generale!$A$16:$G$4963,MATCH(NGG!$A4804,generale!$A$16:$A$4963,0),COLUMN()))","v":0},{"$f":"IF(INDEX(generale!$A$16:$G$4963,MATCH(NGG!$A4804,generale!$A$16:$A$4963,0),COLUMN())=0,0,INDEX(generale!$A$16:$G$4963,MATCH(NGG!$A4804,generale!$A$16:$A$4963,0),COLUMN()))","v":0},{"$f":"IF(INDEX(generale!$A$16:$G$4963,MATCH(NGG!$A4804,generale!$A$16:$A$4963,0),COLUMN())=0,0,INDEX(generale!$A$16:$G$4963,MATCH(NGG!$A4804,generale!$A$16:$A$4963,0),COLUMN()))","v":0},{"$f":"generale!G4815","v":0},"","","","","","","","","","","","","","","","","","","",""]
[{"$f":"IF(generale!$A4826>0,generale!$A4826,\"\")","v":"2018-03-17"},{"$f":"IF(INDEX(generale!$A$16:$G$4963,MATCH(NGG!$A4815,generale!$A$16:$A$4963,0),COLUMN())=0,0,INDEX(generale!$A$16:$G$4963,MATCH(NGG!$A4815,generale!$A$16:$A$4963,0),COLUMN()))","v":0},{"$f":"IF(INDEX(generale!$A$16:$G$4963,MATCH(NGG!$A4815,generale!$A$16:$A$4963,0),COLUMN())=0,0,INDEX(generale!$A$16:$G$4963,MATCH(NGG!$A4815,generale!$A$16:$A$4963,0),COLUMN()))","v":0},{"$f":"IF(INDEX(generale!$A$16:$G$4963,MATCH(NGG!$A4815,generale!$A$16:$A$4963,0),COLUMN())=0,0,INDEX(generale!$A$16:$G$4963,MATCH(NGG!$A4815,generale!$A$16:$A$4963,0),COLUMN()))","v":0},{"$f":"IF(INDEX(generale!$A$16:$G$4963,MATCH(NGG!$A4815,generale!$A$16:$A$4963,0),COLUMN())=0,0,INDEX(generale!$A$16:$G$4963,MATCH(NGG!$A4815,generale!$A$16:$A$4963,0),COLUMN()))","v":0},{"$f":"IF(INDEX(generale!$A$16:$G$4963,MATCH(NGG!$A4815,generale!$A$16:$A$4963,0),COLUMN())=0,0,INDEX(generale!$A$16:$G$4963,MATCH(NGG!$A4815,generale!$A$16:$A$4963,0),COLUMN()))","v":0},{"$f":"generale!G4826","v":0},"","","","","","","","","","","","","","","","","","","",""]
[{"$f":"IF(generale!$A4838>0,generale!$A4838,\"\")","v":"2018-03-29"},{"$f":"IF(INDEX(generale!$A$16:$G$4963,MATCH(NGG!$A4827,generale!$A$16:$A$4963,0),COLUMN())=0,0,INDEX(generale!$A$16:$G$4963,MATCH(NGG!$A4827,generale!$A$16:$A$4963,0),COLUMN()))","v":0},{"$f":"IF(INDEX(generale!$A$16:$G$4963,MATCH(NGG!$A4827,generale!$A$16:$A$4963,0),COLUMN())=0,0,INDEX(generale!$A$16:$G$4963,MATCH(NGG!$A4827,generale!$A$16:$A$4963,0),COLUMN()))","v":0},{"$f":"IF(INDEX(generale!$A$16:$G$4963,MATCH(NGG!$A4827,generale!$A$16:$A$4963,0),COLUMN())=0,0,INDEX(generale!$A$16:$G$4963,MATCH(NGG!$A4827,generale!$A$16:$A$4963,0),COLUMN()))","v":0},{"$f":"IF(INDEX(generale!$A$16:$G$4963,MATCH(NGG!$A4827,generale!$A$16:$A$4963,0),COLUMN())=0,0,INDEX(generale!$A$16:$G$4963,MATCH(NGG!$A4827,generale!$A$16:$A$4963,0),COLUMN()))","v":0},{"$f":"IF(INDEX(generale!$A$16:$G$4963,MATCH(NGG!$A4827,generale!$A$16:$A$4963,0),COLUMN())=0,0,INDEX(generale!$A$16:$G$4963,MATCH(NGG!$A4827,generale!$A$16:$A$4963,0),COLUMN()))","v":0},{"$f":"generale!G4838","v":0},"","","","","","","","","","","","","","","","","","","",""]
[{"$f":"IF(generale!$A4839>0,generale!$A4839,\"\")","v":"2018-03-30"},{"$f":"IF(INDEX(generale!$A$16:$G$4963,MATCH(NGG!$A4828,generale!$A$16:$A$4963,0),COLUMN())=0,0,INDEX(generale!$A$16:$G$4963,MATCH(NGG!$A4828,generale!$A$16:$A$4963,0),COLUMN()))","v":0},{"$f":"IF(INDEX(generale!$A$16:$G$4963,MATCH(NGG!$A4828,generale!$A$16:$A$4963,0),COLUMN())=0,0,INDEX(generale!$A$16:$G$4963,MATCH(NGG!$A4828,generale!$A$16:$A$4963,0),COLUMN()))","v":0},{"$f":"IF(INDEX(generale!$A$16:$G$4963,MATCH(NGG!$A4828,generale!$A$16:$A$4963,0),COLUMN())=0,0,INDEX(generale!$A$16:$G$4963,MATCH(NGG!$A4828,generale!$A$16:$A$4963,0),COLUMN()))","v":0},{"$f":"IF(INDEX(generale!$A$16:$G$4963,MATCH(NGG!$A4828,generale!$A$16:$A$4963,0),COLUMN())=0,0,INDEX(generale!$A$16:$G$4963,MATCH(NGG!$A4828,generale!$A$16:$A$4963,0),COLUMN()))","v":0},{"$f":"IF(INDEX(generale!$A$16:$G$4963,MATCH(NGG!$A4828,generale!$A$16:$A$4963,0),COLUMN())=0,0,INDEX(generale!$A$16:$G$4963,MATCH(NGG!$A4828,generale!$A$16:$A$4963,0),COLUMN()))","v":0},{"$f":"generale!G4839","v":0},"","","","","","","","","","","","","","","","","","","",""]
[{"$f":"IF(generale!$A4840>0,generale!$A4840,\"\")","v":"2018-03-31"},{"$f":"IF(INDEX(generale!$A$16:$G$4963,MATCH(NGG!$A4829,generale!$A$16:$A$4963,0),COLUMN())=0,0,INDEX(generale!$A$16:$G$4963,MATCH(NGG!$A4829,generale!$A$16:$A$4963,0),COLUMN()))","v":0},{"$f":"IF(INDEX(generale!$A$16:$G$4963,MATCH(NGG!$A4829,generale!$A$16:$A$4963,0),COLUMN())=0,0,INDEX(generale!$A$16:$G$4963,MATCH(NGG!$A4829,generale!$A$16:$A$4963,0),COLUMN()))","v":0},{"$f":"IF(INDEX(generale!$A$16:$G$4963,MATCH(NGG!$A4829,generale!$A$16:$A$4963,0),COLUMN())=0,0,INDEX(generale!$A$16:$G$4963,MATCH(NGG!$A4829,generale!$A$16:$A$4963,0),COLUMN()))","v":0},{"$f":"IF(INDEX(generale!$A$16:$G$4963,MATCH(NGG!$A4829,generale!$A$16:$A$4963,0),COLUMN())=0,0,INDEX(generale!$A$16:$G$4963,MATCH(NGG!$A4829,generale!$A$16:$A$4963,0),COLUMN()))","v":0},{"$f":"IF(INDEX(generale!$A$16:$G$4963,MATCH(NGG!$A4829,generale!$A$16:$A$4963,0),COLUMN())=0,0,INDEX(generale!$A$16:$G$4963,MATCH(NGG!$A4829,generale!$A$16:$A$4963,0),COLUMN()))","v":0},{"$f":"generale!G4840","v":0},"","","","","","","","","","","","","","","","","","","",""]
[{"$f":"IF(generale!$A4841>0,generale!$A4841,\"\")","v":"2018-04-01"},{"$f":"IF(INDEX(generale!$A$16:$G$4963,MATCH(NGG!$A4830,generale!$A$16:$A$4963,0),COLUMN())=0,0,INDEX(generale!$A$16:$G$4963,MATCH(NGG!$A4830,generale!$A$16:$A$4963,0),COLUMN()))","v":0},{"$f":"IF(INDEX(generale!$A$16:$G$4963,MATCH(NGG!$A4830,generale!$A$16:$A$4963,0),COLUMN())=0,0,INDEX(generale!$A$16:$G$4963,MATCH(NGG!$A4830,generale!$A$16:$A$4963,0),COLUMN()))","v":0},{"$f":"IF(INDEX(generale!$A$16:$G$4963,MATCH(NGG!$A4830,generale!$A$16:$A$4963,0),COLUMN())=0,0,INDEX(generale!$A$16:$G$4963,MATCH(NGG!$A4830,generale!$A$16:$A$4963,0),COLUMN()))","v":0},{"$f":"IF(INDEX(generale!$A$16:$G$4963,MATCH(NGG!$A4830,generale!$A$16:$A$4963,0),COLUMN())=0,0,INDEX(generale!$A$16:$G$4963,MATCH(NGG!$A4830,generale!$A$16:$A$4963,0),COLUMN()))","v":0},{"$f":"IF(INDEX(generale!$A$16:$G$4963,MATCH(NGG!$A4830,generale!$A$16:$A$4963,0),COLUMN())=0,0,INDEX(generale!$A$16:$G$4963,MATCH(NGG!$A4830,generale!$A$16:$A$4963,0),COLUMN()))","v":0},{"$f":"generale!G4841","v":0},"","","","","","","","","","","","","","","","","","","",""]
[{"$f":"IF(generale!$A4842>0,generale!$A4842,\"\")","v":"2018-04-02"},{"$f":"IF(INDEX(generale!$A$16:$G$4963,MATCH(NGG!$A4831,generale!$A$16:$A$4963,0),COLUMN())=0,0,INDEX(generale!$A$16:$G$4963,MATCH(NGG!$A4831,generale!$A$16:$A$4963,0),COLUMN()))","v":0},{"$f":"IF(INDEX(generale!$A$16:$G$4963,MATCH(NGG!$A4831,generale!$A$16:$A$4963,0),COLUMN())=0,0,INDEX(generale!$A$16:$G$4963,MATCH(NGG!$A4831,generale!$A$16:$A$4963,0),COLUMN()))","v":0},{"$f":"IF(INDEX(generale!$A$16:$G$4963,MATCH(NGG!$A4831,generale!$A$16:$A$4963,0),COLUMN())=0,0,INDEX(generale!$A$16:$G$4963,MATCH(NGG!$A4831,generale!$A$16:$A$4963,0),COLUMN()))","v":0},{"$f":"IF(INDEX(generale!$A$16:$G$4963,MATCH(NGG!$A4831,generale!$A$16:$A$4963,0),COLUMN())=0,0,INDEX(generale!$A$16:$G$4963,MATCH(NGG!$A4831,generale!$A$16:$A$4963,0),COLUMN()))","v":0},{"$f":"IF(INDEX(generale!$A$16:$G$4963,MATCH(NGG!$A4831,generale!$A$16:$A$4963,0),COLUMN())=0,0,INDEX(generale!$A$16:$G$4963,MATCH(NGG!$A4831,generale!$A$16:$A$4963,0),COLUMN()))","v":0},{"$f":"generale!G4842","v":0},"","","","","","","","","","","","","","","","","","","",""]
[{"$f":"IF(generale!$A4843>0,generale!$A4843,\"\")","v":"2018-04-03"},{"$f":"IF(INDEX(generale!$A$16:$G$4963,MATCH(NGG!$A4832,generale!$A$16:$A$4963,0),COLUMN())=0,0,INDEX(generale!$A$16:$G$4963,MATCH(NGG!$A4832,generale!$A$16:$A$4963,0),COLUMN()))","v":0},{"$f":"IF(INDEX(generale!$A$16:$G$4963,MATCH(NGG!$A4832,generale!$A$16:$A$4963,0),COLUMN())=0,0,INDEX(generale!$A$16:$G$4963,MATCH(NGG!$A4832,generale!$A$16:$A$4963,0),COLUMN()))","v":0},{"$f":"IF(INDEX(generale!$A$16:$G$4963,MATCH(NGG!$A4832,generale!$A$16:$A$4963,0),COLUMN())=0,0,INDEX(generale!$A$16:$G$4963,MATCH(NGG!$A4832,generale!$A$16:$A$4963,0),COLUMN()))","v":0},{"$f":"IF(INDEX(generale!$A$16:$G$4963,MATCH(NGG!$A4832,generale!$A$16:$A$4963,0),COLUMN())=0,0,INDEX(generale!$A$16:$G$4963,MATCH(NGG!$A4832,generale!$A$16:$A$4963,0),COLUMN()))","v":0},{"$f":"IF(INDEX(generale!$A$16:$G$4963,MATCH(NGG!$A4832,generale!$A$16:$A$4963,0),COLUMN())=0,0,INDEX(generale!$A$16:$G$4963,MATCH(NGG!$A4832,generale!$A$16:$A$4963,0),COLUMN()))","v":0},{"$f":"generale!G4843","v":0},"","","","","","","","","","","","","","","","","","","",""]
[{"$f":"IF(generale!$A4844>0,generale!$A4844,\"\")","v":"2018-04-04"},{"$f":"IF(INDEX(generale!$A$16:$G$4963,MATCH(NGG!$A4833,generale!$A$16:$A$4963,0),COLUMN())=0,0,INDEX(generale!$A$16:$G$4963,MATCH(NGG!$A4833,generale!$A$16:$A$4963,0),COLUMN()))","v":0},{"$f":"IF(INDEX(generale!$A$16:$G$4963,MATCH(NGG!$A4833,generale!$A$16:$A$4963,0),COLUMN())=0,0,INDEX(generale!$A$16:$G$4963,MATCH(NGG!$A4833,generale!$A$16:$A$4963,0),COLUMN()))","v":0},{"$f":"IF(INDEX(generale!$A$16:$G$4963,MATCH(NGG!$A4833,generale!$A$16:$A$4963,0),COLUMN())=0,0,INDEX(generale!$A$16:$G$4963,MATCH(NGG!$A4833,generale!$A$16:$A$4963,0),COLUMN()))","v":0},{"$f":"IF(INDEX(generale!$A$16:$G$4963,MATCH(NGG!$A4833,generale!$A$16:$A$4963,0),COLUMN())=0,0,INDEX(generale!$A$16:$G$4963,MATCH(NGG!$A4833,generale!$A$16:$A$4963,0),COLUMN()))","v":0},{"$f":"IF(INDEX(generale!$A$16:$G$4963,MATCH(NGG!$A4833,generale!$A$16:$A$4963,0),COLUMN())=0,0,INDEX(generale!$A$16:$G$4963,MATCH(NGG!$A4833,generale!$A$16:$A$4963,0),COLUMN()))","v":0},{"$f":"generale!G4844","v":0},"","","","","","","","","","","","","","","","","","","",""]
[{"$f":"IF(generale!$A4845>0,generale!$A4845,\"\")","v":"2018-04-05"},{"$f":"IF(INDEX(generale!$A$16:$G$4963,MATCH(NGG!$A4834,generale!$A$16:$A$4963,0),COLUMN())=0,0,INDEX(generale!$A$16:$G$4963,MATCH(NGG!$A4834,generale!$A$16:$A$4963,0),COLUMN()))","v":0},{"$f":"IF(INDEX(generale!$A$16:$G$4963,MATCH(NGG!$A4834,generale!$A$16:$A$4963,0),COLUMN())=0,0,INDEX(generale!$A$16:$G$4963,MATCH(NGG!$A4834,generale!$A$16:$A$4963,0),COLUMN()))","v":0},{"$f":"IF(INDEX(generale!$A$16:$G$4963,MATCH(NGG!$A4834,generale!$A$16:$A$4963,0),COLUMN())=0,0,INDEX(generale!$A$16:$G$4963,MATCH(NGG!$A4834,generale!$A$16:$A$4963,0),COLUMN()))","v":0},{"$f":"IF(INDEX(generale!$A$16:$G$4963,MATCH(NGG!$A4834,generale!$A$16:$A$4963,0),COLUMN())=0,0,INDEX(generale!$A$16:$G$4963,MATCH(NGG!$A4834,generale!$A$16:$A$4963,0),COLUMN()))","v":0},{"$f":"IF(INDEX(generale!$A$16:$G$4963,MATCH(NGG!$A4834,generale!$A$16:$A$4963,0),COLUMN())=0,0,INDEX(generale!$A$16:$G$4963,MATCH(NGG!$A4834,generale!$A$16:$A$4963,0),COLUMN()))","v":0},{"$f":"generale!G4845","v":0},"","","","","","","","","","","","","","","","","","","",""]
[{"$f":"IF(generale!$A4846>0,generale!$A4846,\"\")","v":"2018-04-06"},{"$f":"IF(INDEX(generale!$A$16:$G$4963,MATCH(NGG!$A4835,generale!$A$16:$A$4963,0),COLUMN())=0,0,INDEX(generale!$A$16:$G$4963,MATCH(NGG!$A4835,generale!$A$16:$A$4963,0),COLUMN()))","v":0},{"$f":"IF(INDEX(generale!$A$16:$G$4963,MATCH(NGG!$A4835,generale!$A$16:$A$4963,0),COLUMN())=0,0,INDEX(generale!$A$16:$G$4963,MATCH(NGG!$A4835,generale!$A$16:$A$4963,0),COLUMN()))","v":0},{"$f":"IF(INDEX(generale!$A$16:$G$4963,MATCH(NGG!$A4835,generale!$A$16:$A$4963,0),COLUMN())=0,0,INDEX(generale!$A$16:$G$4963,MATCH(NGG!$A4835,generale!$A$16:$A$4963,0),COLUMN()))","v":0},{"$f":"IF(INDEX(generale!$A$16:$G$4963,MATCH(NGG!$A4835,generale!$A$16:$A$4963,0),COLUMN())=0,0,INDEX(generale!$A$16:$G$4963,MATCH(NGG!$A4835,generale!$A$16:$A$4963,0),COLUMN()))","v":0},{"$f":"IF(INDEX(generale!$A$16:$G$4963,MATCH(NGG!$A4835,generale!$A$16:$A$4963,0),COLUMN())=0,0,INDEX(generale!$A$16:$G$4963,MATCH(NGG!$A4835,generale!$A$16:$A$4963,0),COLUMN()))","v":0},{"$f":"generale!G4846","v":0},"","","","","","","","","","","","","","","","","","","",""]
[{"$f":"IF(generale!$A4847>0,generale!$A4847,\"\")","v":"2018-04-07"},{"$f":"IF(INDEX(generale!$A$16:$G$4963,MATCH(NGG!$A4836,generale!$A$16:$A$4963,0),COLUMN())=0,0,INDEX(generale!$A$16:$G$4963,MATCH(NGG!$A4836,generale!$A$16:$A$4963,0),COLUMN()))","v":0},{"$f":"IF(INDEX(generale!$A$16:$G$4963,MATCH(NGG!$A4836,generale!$A$16:$A$4963,0),COLUMN())=0,0,INDEX(generale!$A$16:$G$4963,MATCH(NGG!$A4836,generale!$A$16:$A$4963,0),COLUMN()))","v":0},{"$f":"IF(INDEX(generale!$A$16:$G$4963,MATCH(NGG!$A4836,generale!$A$16:$A$4963,0),COLUMN())=0,0,INDEX(generale!$A$16:$G$4963,MATCH(NGG!$A4836,generale!$A$16:$A$4963,0),COLUMN()))","v":0},{"$f":"IF(INDEX(generale!$A$16:$G$4963,MATCH(NGG!$A4836,generale!$A$16:$A$4963,0),COLUMN())=0,0,INDEX(generale!$A$16:$G$4963,MATCH(NGG!$A4836,generale!$A$16:$A$4963,0),COLUMN()))","v":0},{"$f":"IF(INDEX(generale!$A$16:$G$4963,MATCH(NGG!$A4836,generale!$A$16:$A$4963,0),COLUMN())=0,0,INDEX(generale!$A$16:$G$4963,MATCH(NGG!$A4836,generale!$A$16:$A$4963,0),COLUMN()))","v":0},{"$f":"generale!G4847","v":0},"","","","","","","","","","","","","","","","","","","",""]
[{"$f":"IF(generale!$A4848>0,generale!$A4848,\"\")","v":"2018-04-08"},{"$f":"IF(INDEX(generale!$A$16:$G$4963,MATCH(NGG!$A4837,generale!$A$16:$A$4963,0),COLUMN())=0,0,INDEX(generale!$A$16:$G$4963,MATCH(NGG!$A4837,generale!$A$16:$A$4963,0),COLUMN()))","v":0},{"$f":"IF(INDEX(generale!$A$16:$G$4963,MATCH(NGG!$A4837,generale!$A$16:$A$4963,0),COLUMN())=0,0,INDEX(generale!$A$16:$G$4963,MATCH(NGG!$A4837,generale!$A$16:$A$4963,0),COLUMN()))","v":0},{"$f":"IF(INDEX(generale!$A$16:$G$4963,MATCH(NGG!$A4837,generale!$A$16:$A$4963,0),COLUMN())=0,0,INDEX(generale!$A$16:$G$4963,MATCH(NGG!$A4837,generale!$A$16:$A$4963,0),COLUMN()))","v":0},{"$f":"IF(INDEX(generale!$A$16:$G$4963,MATCH(NGG!$A4837,generale!$A$16:$A$4963,0),COLUMN())=0,0,INDEX(generale!$A$16:$G$4963,MATCH(NGG!$A4837,generale!$A$16:$A$4963,0),COLUMN()))","v":0},{"$f":"IF(INDEX(generale!$A$16:$G$4963,MATCH(NGG!$A4837,generale!$A$16:$A$4963,0),COLUMN())=0,0,INDEX(generale!$A$16:$G$4963,MATCH(NGG!$A4837,generale!$A$16:$A$4963,0),COLUMN()))","v":0},{"$f":"generale!G4848","v":0},"","","","","","","","","","","","","","","","","","","",""]
[{"$f":"IF(generale!$A4849>0,generale!$A4849,\"\")","v":"2018-04-09"},{"$f":"IF(INDEX(generale!$A$16:$G$4963,MATCH(NGG!$A4838,generale!$A$16:$A$4963,0),COLUMN())=0,0,INDEX(generale!$A$16:$G$4963,MATCH(NGG!$A4838,generale!$A$16:$A$4963,0),COLUMN()))","v":0},{"$f":"IF(INDEX(generale!$A$16:$G$4963,MATCH(NGG!$A4838,generale!$A$16:$A$4963,0),COLUMN())=0,0,INDEX(generale!$A$16:$G$4963,MATCH(NGG!$A4838,generale!$A$16:$A$4963,0),COLUMN()))","v":0},{"$f":"IF(INDEX(generale!$A$16:$G$4963,MATCH(NGG!$A4838,generale!$A$16:$A$4963,0),COLUMN())=0,0,INDEX(generale!$A$16:$G$4963,MATCH(NGG!$A4838,generale!$A$16:$A$4963,0),COLUMN()))","v":0},{"$f":"IF(INDEX(generale!$A$16:$G$4963,MATCH(NGG!$A4838,generale!$A$16:$A$4963,0),COLUMN())=0,0,INDEX(generale!$A$16:$G$4963,MATCH(NGG!$A4838,generale!$A$16:$A$4963,0),COLUMN()))","v":0},{"$f":"IF(INDEX(generale!$A$16:$G$4963,MATCH(NGG!$A4838,generale!$A$16:$A$4963,0),COLUMN())=0,0,INDEX(generale!$A$16:$G$4963,MATCH(NGG!$A4838,generale!$A$16:$A$4963,0),COLUMN()))","v":0},{"$f":"generale!G4849","v":0},"","","","","","","","","","","","","","","","","","","",""]
[{"$f":"IF(generale!$A4850>0,generale!$A4850,\"\")","v":"2018-04-10"},{"$f":"IF(INDEX(generale!$A$16:$G$4963,MATCH(NGG!$A4839,generale!$A$16:$A$4963,0),COLUMN())=0,0,INDEX(generale!$A$16:$G$4963,MATCH(NGG!$A4839,generale!$A$16:$A$4963,0),COLUMN()))","v":0},{"$f":"IF(INDEX(generale!$A$16:$G$4963,MATCH(NGG!$A4839,generale!$A$16:$A$4963,0),COLUMN())=0,0,INDEX(generale!$A$16:$G$4963,MATCH(NGG!$A4839,generale!$A$16:$A$4963,0),COLUMN()))","v":0},{"$f":"IF(INDEX(generale!$A$16:$G$4963,MATCH(NGG!$A4839,generale!$A$16:$A$4963,0),COLUMN())=0,0,INDEX(generale!$A$16:$G$4963,MATCH(NGG!$A4839,generale!$A$16:$A$4963,0),COLUMN()))","v":0},{"$f":"IF(INDEX(generale!$A$16:$G$4963,MATCH(NGG!$A4839,generale!$A$16:$A$4963,0),COLUMN())=0,0,INDEX(generale!$A$16:$G$4963,MATCH(NGG!$A4839,generale!$A$16:$A$4963,0),COLUMN()))","v":0},{"$f":"IF(INDEX(generale!$A$16:$G$4963,MATCH(NGG!$A4839,generale!$A$16:$A$4963,0),COLUMN())=0,0,INDEX(generale!$A$16:$G$4963,MATCH(NGG!$A4839,generale!$A$16:$A$4963,0),COLUMN()))","v":0},{"$f":"generale!G4850","v":0},"","","","","","","","","","","","","","","","","","","",""]
[{"$f":"IF(generale!$A4851>0,generale!$A4851,\"\")","v":"2018-04-11"},{"$f":"IF(INDEX(generale!$A$16:$G$4963,MATCH(NGG!$A4840,generale!$A$16:$A$4963,0),COLUMN())=0,0,INDEX(generale!$A$16:$G$4963,MATCH(NGG!$A4840,generale!$A$16:$A$4963,0),COLUMN()))","v":0},{"$f":"IF(INDEX(generale!$A$16:$G$4963,MATCH(NGG!$A4840,generale!$A$16:$A$4963,0),COLUMN())=0,0,INDEX(generale!$A$16:$G$4963,MATCH(NGG!$A4840,generale!$A$16:$A$4963,0),COLUMN()))","v":0},{"$f":"IF(INDEX(generale!$A$16:$G$4963,MATCH(NGG!$A4840,generale!$A$16:$A$4963,0),COLUMN())=0,0,INDEX(generale!$A$16:$G$4963,MATCH(NGG!$A4840,generale!$A$16:$A$4963,0),COLUMN()))","v":0},{"$f":"IF(INDEX(generale!$A$16:$G$4963,MATCH(NGG!$A4840,generale!$A$16:$A$4963,0),COLUMN())=0,0,INDEX(generale!$A$16:$G$4963,MATCH(NGG!$A4840,generale!$A$16:$A$4963,0),COLUMN()))","v":0},{"$f":"IF(INDEX(generale!$A$16:$G$4963,MATCH(NGG!$A4840,generale!$A$16:$A$4963,0),COLUMN())=0,0,INDEX(generale!$A$16:$G$4963,MATCH(NGG!$A4840,generale!$A$16:$A$4963,0),COLUMN()))","v":0},{"$f":"generale!G4851","v":0},"","","","","","","","","","","","","","","","","","","",""]
[{"$f":"IF(generale!$A4852>0,generale!$A4852,\"\")","v":"2018-04-12"},{"$f":"IF(INDEX(generale!$A$16:$G$4963,MATCH(NGG!$A4841,generale!$A$16:$A$4963,0),COLUMN())=0,0,INDEX(generale!$A$16:$G$4963,MATCH(NGG!$A4841,generale!$A$16:$A$4963,0),COLUMN()))","v":0},{"$f":"IF(INDEX(generale!$A$16:$G$4963,MATCH(NGG!$A4841,generale!$A$16:$A$4963,0),COLUMN())=0,0,INDEX(generale!$A$16:$G$4963,MATCH(NGG!$A4841,generale!$A$16:$A$4963,0),COLUMN()))","v":0},{"$f":"IF(INDEX(generale!$A$16:$G$4963,MATCH(NGG!$A4841,generale!$A$16:$A$4963,0),COLUMN())=0,0,INDEX(generale!$A$16:$G$4963,MATCH(NGG!$A4841,generale!$A$16:$A$4963,0),COLUMN()))","v":0},{"$f":"IF(INDEX(generale!$A$16:$G$4963,MATCH(NGG!$A4841,generale!$A$16:$A$4963,0),COLUMN())=0,0,INDEX(generale!$A$16:$G$4963,MATCH(NGG!$A4841,generale!$A$16:$A$4963,0),COLUMN()))","v":0},{"$f":"IF(INDEX(generale!$A$16:$G$4963,MATCH(NGG!$A4841,generale!$A$16:$A$4963,0),COLUMN())=0,0,INDEX(generale!$A$16:$G$4963,MATCH(NGG!$A4841,generale!$A$16:$A$4963,0),COLUMN()))","v":0},{"$f":"generale!G4852","v":0},"","","","","","","","","","","","","","","","","","","",""]
[{"$f":"IF(generale!$A4853>0,generale!$A4853,\"\")","v":"2018-04-13"},{"$f":"IF(INDEX(generale!$A$16:$G$4963,MATCH(NGG!$A4842,generale!$A$16:$A$4963,0),COLUMN())=0,0,INDEX(generale!$A$16:$G$4963,MATCH(NGG!$A4842,generale!$A$16:$A$4963,0),COLUMN()))","v":0},{"$f":"IF(INDEX(generale!$A$16:$G$4963,MATCH(NGG!$A4842,generale!$A$16:$A$4963,0),COLUMN())=0,0,INDEX(generale!$A$16:$G$4963,MATCH(NGG!$A4842,generale!$A$16:$A$4963,0),COLUMN()))","v":0},{"$f":"IF(INDEX(generale!$A$16:$G$4963,MATCH(NGG!$A4842,generale!$A$16:$A$4963,0),COLUMN())=0,0,INDEX(generale!$A$16:$G$4963,MATCH(NGG!$A4842,generale!$A$16:$A$4963,0),COLUMN()))","v":0},{"$f":"IF(INDEX(generale!$A$16:$G$4963,MATCH(NGG!$A4842,generale!$A$16:$A$4963,0),COLUMN())=0,0,INDEX(generale!$A$16:$G$4963,MATCH(NGG!$A4842,generale!$A$16:$A$4963,0),COLUMN()))","v":0},{"$f":"IF(INDEX(generale!$A$16:$G$4963,MATCH(NGG!$A4842,generale!$A$16:$A$4963,0),COLUMN())=0,0,INDEX(generale!$A$16:$G$4963,MATCH(NGG!$A4842,generale!$A$16:$A$4963,0),COLUMN()))","v":0},{"$f":"generale!G4853","v":0},"","","","","","","","","","","","","","","","","","","",""]
[{"$f":"IF(generale!$A4854>0,generale!$A4854,\"\")","v":"2018-04-14"},{"$f":"IF(INDEX(generale!$A$16:$G$4963,MATCH(NGG!$A4843,generale!$A$16:$A$4963,0),COLUMN())=0,0,INDEX(generale!$A$16:$G$4963,MATCH(NGG!$A4843,generale!$A$16:$A$4963,0),COLUMN()))","v":0},{"$f":"IF(INDEX(generale!$A$16:$G$4963,MATCH(NGG!$A4843,generale!$A$16:$A$4963,0),COLUMN())=0,0,INDEX(generale!$A$16:$G$4963,MATCH(NGG!$A4843,generale!$A$16:$A$4963,0),COLUMN()))","v":0},{"$f":"IF(INDEX(generale!$A$16:$G$4963,MATCH(NGG!$A4843,generale!$A$16:$A$4963,0),COLUMN())=0,0,INDEX(generale!$A$16:$G$4963,MATCH(NGG!$A4843,generale!$A$16:$A$4963,0),COLUMN()))","v":0},{"$f":"IF(INDEX(generale!$A$16:$G$4963,MATCH(NGG!$A4843,generale!$A$16:$A$4963,0),COLUMN())=0,0,INDEX(generale!$A$16:$G$4963,MATCH(NGG!$A4843,generale!$A$16:$A$4963,0),COLUMN()))","v":0},{"$f":"IF(INDEX(generale!$A$16:$G$4963,MATCH(NGG!$A4843,generale!$A$16:$A$4963,0),COLUMN())=0,0,INDEX(generale!$A$16:$G$4963,MATCH(NGG!$A4843,generale!$A$16:$A$4963,0),COLUMN()))","v":0},{"$f":"generale!G4854","v":0},"","","","","","","","","","","","","","","","","","","",""]
[{"$f":"IF(generale!$A4855>0,generale!$A4855,\"\")","v":"2018-04-15"},{"$f":"IF(INDEX(generale!$A$16:$G$4963,MATCH(NGG!$A4844,generale!$A$16:$A$4963,0),COLUMN())=0,0,INDEX(generale!$A$16:$G$4963,MATCH(NGG!$A4844,generale!$A$16:$A$4963,0),COLUMN()))","v":0},{"$f":"IF(INDEX(generale!$A$16:$G$4963,MATCH(NGG!$A4844,generale!$A$16:$A$4963,0),COLUMN())=0,0,INDEX(generale!$A$16:$G$4963,MATCH(NGG!$A4844,generale!$A$16:$A$4963,0),COLUMN()))","v":0},{"$f":"IF(INDEX(generale!$A$16:$G$4963,MATCH(NGG!$A4844,generale!$A$16:$A$4963,0),COLUMN())=0,0,INDEX(generale!$A$16:$G$4963,MATCH(NGG!$A4844,generale!$A$16:$A$4963,0),COLUMN()))","v":0},{"$f":"IF(INDEX(generale!$A$16:$G$4963,MATCH(NGG!$A4844,generale!$A$16:$A$4963,0),COLUMN())=0,0,INDEX(generale!$A$16:$G$4963,MATCH(NGG!$A4844,generale!$A$16:$A$4963,0),COLUMN()))","v":0},{"$f":"IF(INDEX(generale!$A$16:$G$4963,MATCH(NGG!$A4844,generale!$A$16:$A$4963,0),COLUMN())=0,0,INDEX(generale!$A$16:$G$4963,MATCH(NGG!$A4844,generale!$A$16:$A$4963,0),COLUMN()))","v":0},{"$f":"generale!G4855","v":0},"","","","","","","","","","","","","","","","","","","",""]
[{"$f":"IF(generale!$A4856>0,generale!$A4856,\"\")","v":"2018-04-16"},{"$f":"IF(INDEX(generale!$A$16:$G$4963,MATCH(NGG!$A4845,generale!$A$16:$A$4963,0),COLUMN())=0,0,INDEX(generale!$A$16:$G$4963,MATCH(NGG!$A4845,generale!$A$16:$A$4963,0),COLUMN()))","v":0},{"$f":"IF(INDEX(generale!$A$16:$G$4963,MATCH(NGG!$A4845,generale!$A$16:$A$4963,0),COLUMN())=0,0,INDEX(generale!$A$16:$G$4963,MATCH(NGG!$A4845,generale!$A$16:$A$4963,0),COLUMN()))","v":0},{"$f":"IF(INDEX(generale!$A$16:$G$4963,MATCH(NGG!$A4845,generale!$A$16:$A$4963,0),COLUMN())=0,0,INDEX(generale!$A$16:$G$4963,MATCH(NGG!$A4845,generale!$A$16:$A$4963,0),COLUMN()))","v":0},{"$f":"IF(INDEX(generale!$A$16:$G$4963,MATCH(NGG!$A4845,generale!$A$16:$A$4963,0),COLUMN())=0,0,INDEX(generale!$A$16:$G$4963,MATCH(NGG!$A4845,generale!$A$16:$A$4963,0),COLUMN()))","v":0},{"$f":"IF(INDEX(generale!$A$16:$G$4963,MATCH(NGG!$A4845,generale!$A$16:$A$4963,0),COLUMN())=0,0,INDEX(generale!$A$16:$G$4963,MATCH(NGG!$A4845,generale!$A$16:$A$4963,0),COLUMN()))","v":0},{"$f":"generale!G4856","v":0},"","","","","","","","","","","","","","","","","","","",""]
[{"$f":"IF(generale!$A4857>0,generale!$A4857,\"\")","v":"2018-04-17"},{"$f":"IF(INDEX(generale!$A$16:$G$4963,MATCH(NGG!$A4846,generale!$A$16:$A$4963,0),COLUMN())=0,0,INDEX(generale!$A$16:$G$4963,MATCH(NGG!$A4846,generale!$A$16:$A$4963,0),COLUMN()))","v":0},{"$f":"IF(INDEX(generale!$A$16:$G$4963,MATCH(NGG!$A4846,generale!$A$16:$A$4963,0),COLUMN())=0,0,INDEX(generale!$A$16:$G$4963,MATCH(NGG!$A4846,generale!$A$16:$A$4963,0),COLUMN()))","v":0},{"$f":"IF(INDEX(generale!$A$16:$G$4963,MATCH(NGG!$A4846,generale!$A$16:$A$4963,0),COLUMN())=0,0,INDEX(generale!$A$16:$G$4963,MATCH(NGG!$A4846,generale!$A$16:$A$4963,0),COLUMN()))","v":0},{"$f":"IF(INDEX(generale!$A$16:$G$4963,MATCH(NGG!$A4846,generale!$A$16:$A$4963,0),COLUMN())=0,0,INDEX(generale!$A$16:$G$4963,MATCH(NGG!$A4846,generale!$A$16:$A$4963,0),COLUMN()))","v":0},{"$f":"IF(INDEX(generale!$A$16:$G$4963,MATCH(NGG!$A4846,generale!$A$16:$A$4963,0),COLUMN())=0,0,INDEX(generale!$A$16:$G$4963,MATCH(NGG!$A4846,generale!$A$16:$A$4963,0),COLUMN()))","v":0},{"$f":"generale!G4857","v":0},"","","","","","","","","","","","","","","","","","","",""]
[{"$f":"IF(generale!$A4858>0,generale!$A4858,\"\")","v":"2018-04-18"},{"$f":"IF(INDEX(generale!$A$16:$G$4963,MATCH(NGG!$A4847,generale!$A$16:$A$4963,0),COLUMN())=0,0,INDEX(generale!$A$16:$G$4963,MATCH(NGG!$A4847,generale!$A$16:$A$4963,0),COLUMN()))","v":0},{"$f":"IF(INDEX(generale!$A$16:$G$4963,MATCH(NGG!$A4847,generale!$A$16:$A$4963,0),COLUMN())=0,0,INDEX(generale!$A$16:$G$4963,MATCH(NGG!$A4847,generale!$A$16:$A$4963,0),COLUMN()))","v":0},{"$f":"IF(INDEX(generale!$A$16:$G$4963,MATCH(NGG!$A4847,generale!$A$16:$A$4963,0),COLUMN())=0,0,INDEX(generale!$A$16:$G$4963,MATCH(NGG!$A4847,generale!$A$16:$A$4963,0),COLUMN()))","v":0},{"$f":"IF(INDEX(generale!$A$16:$G$4963,MATCH(NGG!$A4847,generale!$A$16:$A$4963,0),COLUMN())=0,0,INDEX(generale!$A$16:$G$4963,MATCH(NGG!$A4847,generale!$A$16:$A$4963,0),COLUMN()))","v":0},{"$f":"IF(INDEX(generale!$A$16:$G$4963,MATCH(NGG!$A4847,generale!$A$16:$A$4963,0),COLUMN())=0,0,INDEX(generale!$A$16:$G$4963,MATCH(NGG!$A4847,generale!$A$16:$A$4963,0),COLUMN()))","v":0},{"$f":"generale!G4858","v":0},"","","","","","","","","","","","","","","","","","","",""]
[{"$f":"IF(generale!$A4859>0,generale!$A4859,\"\")","v":"2018-04-19"},{"$f":"IF(INDEX(generale!$A$16:$G$4963,MATCH(NGG!$A4848,generale!$A$16:$A$4963,0),COLUMN())=0,0,INDEX(generale!$A$16:$G$4963,MATCH(NGG!$A4848,generale!$A$16:$A$4963,0),COLUMN()))","v":0},{"$f":"IF(INDEX(generale!$A$16:$G$4963,MATCH(NGG!$A4848,generale!$A$16:$A$4963,0),COLUMN())=0,0,INDEX(generale!$A$16:$G$4963,MATCH(NGG!$A4848,generale!$A$16:$A$4963,0),COLUMN()))","v":0},{"$f":"IF(INDEX(generale!$A$16:$G$4963,MATCH(NGG!$A4848,generale!$A$16:$A$4963,0),COLUMN())=0,0,INDEX(generale!$A$16:$G$4963,MATCH(NGG!$A4848,generale!$A$16:$A$4963,0),COLUMN()))","v":0},{"$f":"IF(INDEX(generale!$A$16:$G$4963,MATCH(NGG!$A4848,generale!$A$16:$A$4963,0),COLUMN())=0,0,INDEX(generale!$A$16:$G$4963,MATCH(NGG!$A4848,generale!$A$16:$A$4963,0),COLUMN()))","v":0},{"$f":"IF(INDEX(generale!$A$16:$G$4963,MATCH(NGG!$A4848,generale!$A$16:$A$4963,0),COLUMN())=0,0,INDEX(generale!$A$16:$G$4963,MATCH(NGG!$A4848,generale!$A$16:$A$4963,0),COLUMN()))","v":0},{"$f":"generale!G4859","v":0},"","","","","","","","","","","","","","","","","","","",""]
[{"$f":"IF(generale!$A4860>0,generale!$A4860,\"\")","v":"2018-04-20"},{"$f":"IF(INDEX(generale!$A$16:$G$4963,MATCH(NGG!$A4849,generale!$A$16:$A$4963,0),COLUMN())=0,0,INDEX(generale!$A$16:$G$4963,MATCH(NGG!$A4849,generale!$A$16:$A$4963,0),COLUMN()))","v":0},{"$f":"IF(INDEX(generale!$A$16:$G$4963,MATCH(NGG!$A4849,generale!$A$16:$A$4963,0),COLUMN())=0,0,INDEX(generale!$A$16:$G$4963,MATCH(NGG!$A4849,generale!$A$16:$A$4963,0),COLUMN()))","v":0},{"$f":"IF(INDEX(generale!$A$16:$G$4963,MATCH(NGG!$A4849,generale!$A$16:$A$4963,0),COLUMN())=0,0,INDEX(generale!$A$16:$G$4963,MATCH(NGG!$A4849,generale!$A$16:$A$4963,0),COLUMN()))","v":0},{"$f":"IF(INDEX(generale!$A$16:$G$4963,MATCH(NGG!$A4849,generale!$A$16:$A$4963,0),COLUMN())=0,0,INDEX(generale!$A$16:$G$4963,MATCH(NGG!$A4849,generale!$A$16:$A$4963,0),COLUMN()))","v":0},{"$f":"IF(INDEX(generale!$A$16:$G$4963,MATCH(NGG!$A4849,generale!$A$16:$A$4963,0),COLUMN())=0,0,INDEX(generale!$A$16:$G$4963,MATCH(NGG!$A4849,generale!$A$16:$A$4963,0),COLUMN()))","v":0},{"$f":"generale!G4860","v":0},"","","","","","","","","","","","","","","","","","","",""]
[{"$f":"IF(generale!$A4861>0,generale!$A4861,\"\")","v":"2018-04-21"},{"$f":"IF(INDEX(generale!$A$16:$G$4963,MATCH(NGG!$A4850,generale!$A$16:$A$4963,0),COLUMN())=0,0,INDEX(generale!$A$16:$G$4963,MATCH(NGG!$A4850,generale!$A$16:$A$4963,0),COLUMN()))","v":0},{"$f":"IF(INDEX(generale!$A$16:$G$4963,MATCH(NGG!$A4850,generale!$A$16:$A$4963,0),COLUMN())=0,0,INDEX(generale!$A$16:$G$4963,MATCH(NGG!$A4850,generale!$A$16:$A$4963,0),COLUMN()))","v":0},{"$f":"IF(INDEX(generale!$A$16:$G$4963,MATCH(NGG!$A4850,generale!$A$16:$A$4963,0),COLUMN())=0,0,INDEX(generale!$A$16:$G$4963,MATCH(NGG!$A4850,generale!$A$16:$A$4963,0),COLUMN()))","v":0},{"$f":"IF(INDEX(generale!$A$16:$G$4963,MATCH(NGG!$A4850,generale!$A$16:$A$4963,0),COLUMN())=0,0,INDEX(generale!$A$16:$G$4963,MATCH(NGG!$A4850,generale!$A$16:$A$4963,0),COLUMN()))","v":0},{"$f":"IF(INDEX(generale!$A$16:$G$4963,MATCH(NGG!$A4850,generale!$A$16:$A$4963,0),COLUMN())=0,0,INDEX(generale!$A$16:$G$4963,MATCH(NGG!$A4850,generale!$A$16:$A$4963,0),COLUMN()))","v":0},{"$f":"generale!G4861","v":0},"","","","","","","","","","","","","","","","","","","",""]
[{"$f":"IF(generale!$A4862>0,generale!$A4862,\"\")","v":"2018-04-22"},{"$f":"IF(INDEX(generale!$A$16:$G$4963,MATCH(NGG!$A4851,generale!$A$16:$A$4963,0),COLUMN())=0,0,INDEX(generale!$A$16:$G$4963,MATCH(NGG!$A4851,generale!$A$16:$A$4963,0),COLUMN()))","v":0},{"$f":"IF(INDEX(generale!$A$16:$G$4963,MATCH(NGG!$A4851,generale!$A$16:$A$4963,0),COLUMN())=0,0,INDEX(generale!$A$16:$G$4963,MATCH(NGG!$A4851,generale!$A$16:$A$4963,0),COLUMN()))","v":0},{"$f":"IF(INDEX(generale!$A$16:$G$4963,MATCH(NGG!$A4851,generale!$A$16:$A$4963,0),COLUMN())=0,0,INDEX(generale!$A$16:$G$4963,MATCH(NGG!$A4851,generale!$A$16:$A$4963,0),COLUMN()))","v":0},{"$f":"IF(INDEX(generale!$A$16:$G$4963,MATCH(NGG!$A4851,generale!$A$16:$A$4963,0),COLUMN())=0,0,INDEX(generale!$A$16:$G$4963,MATCH(NGG!$A4851,generale!$A$16:$A$4963,0),COLUMN()))","v":0},{"$f":"IF(INDEX(generale!$A$16:$G$4963,MATCH(NGG!$A4851,generale!$A$16:$A$4963,0),COLUMN())=0,0,INDEX(generale!$A$16:$G$4963,MATCH(NGG!$A4851,generale!$A$16:$A$4963,0),COLUMN()))","v":0},{"$f":"generale!G4862","v":0},"","","","","","","","","","","","","","","","","","","",""]
[{"$f":"IF(generale!$A4863>0,generale!$A4863,\"\")","v":"2018-04-23"},{"$f":"IF(INDEX(generale!$A$16:$G$4963,MATCH(NGG!$A4852,generale!$A$16:$A$4963,0),COLUMN())=0,0,INDEX(generale!$A$16:$G$4963,MATCH(NGG!$A4852,generale!$A$16:$A$4963,0),COLUMN()))","v":0},{"$f":"IF(INDEX(generale!$A$16:$G$4963,MATCH(NGG!$A4852,generale!$A$16:$A$4963,0),COLUMN())=0,0,INDEX(generale!$A$16:$G$4963,MATCH(NGG!$A4852,generale!$A$16:$A$4963,0),COLUMN()))","v":0},{"$f":"IF(INDEX(generale!$A$16:$G$4963,MATCH(NGG!$A4852,generale!$A$16:$A$4963,0),COLUMN())=0,0,INDEX(generale!$A$16:$G$4963,MATCH(NGG!$A4852,generale!$A$16:$A$4963,0),COLUMN()))","v":0},{"$f":"IF(INDEX(generale!$A$16:$G$4963,MATCH(NGG!$A4852,generale!$A$16:$A$4963,0),COLUMN())=0,0,INDEX(generale!$A$16:$G$4963,MATCH(NGG!$A4852,generale!$A$16:$A$4963,0),COLUMN()))","v":0},{"$f":"IF(INDEX(generale!$A$16:$G$4963,MATCH(NGG!$A4852,generale!$A$16:$A$4963,0),COLUMN())=0,0,INDEX(generale!$A$16:$G$4963,MATCH(NGG!$A4852,generale!$A$16:$A$4963,0),COLUMN()))","v":0},{"$f":"generale!G4863","v":0},"","","","","","","","","","","","","","","","","","","",""]
[{"$f":"IF(generale!$A4864>0,generale!$A4864,\"\")","v":"2018-04-24"},{"$f":"IF(INDEX(generale!$A$16:$G$4963,MATCH(NGG!$A4853,generale!$A$16:$A$4963,0),COLUMN())=0,0,INDEX(generale!$A$16:$G$4963,MATCH(NGG!$A4853,generale!$A$16:$A$4963,0),COLUMN()))","v":0},{"$f":"IF(INDEX(generale!$A$16:$G$4963,MATCH(NGG!$A4853,generale!$A$16:$A$4963,0),COLUMN())=0,0,INDEX(generale!$A$16:$G$4963,MATCH(NGG!$A4853,generale!$A$16:$A$4963,0),COLUMN()))","v":0},{"$f":"IF(INDEX(generale!$A$16:$G$4963,MATCH(NGG!$A4853,generale!$A$16:$A$4963,0),COLUMN())=0,0,INDEX(generale!$A$16:$G$4963,MATCH(NGG!$A4853,generale!$A$16:$A$4963,0),COLUMN()))","v":0},{"$f":"IF(INDEX(generale!$A$16:$G$4963,MATCH(NGG!$A4853,generale!$A$16:$A$4963,0),COLUMN())=0,0,INDEX(generale!$A$16:$G$4963,MATCH(NGG!$A4853,generale!$A$16:$A$4963,0),COLUMN()))","v":0},{"$f":"IF(INDEX(generale!$A$16:$G$4963,MATCH(NGG!$A4853,generale!$A$16:$A$4963,0),COLUMN())=0,0,INDEX(generale!$A$16:$G$4963,MATCH(NGG!$A4853,generale!$A$16:$A$4963,0),COLUMN()))","v":0},{"$f":"generale!G4864","v":0},"","","","","","","","","","","","","","","","","","","",""]
[{"$f":"IF(generale!$A4865>0,generale!$A4865,\"\")","v":"2018-04-25"},{"$f":"IF(INDEX(generale!$A$16:$G$4963,MATCH(NGG!$A4854,generale!$A$16:$A$4963,0),COLUMN())=0,0,INDEX(generale!$A$16:$G$4963,MATCH(NGG!$A4854,generale!$A$16:$A$4963,0),COLUMN()))","v":0},{"$f":"IF(INDEX(generale!$A$16:$G$4963,MATCH(NGG!$A4854,generale!$A$16:$A$4963,0),COLUMN())=0,0,INDEX(generale!$A$16:$G$4963,MATCH(NGG!$A4854,generale!$A$16:$A$4963,0),COLUMN()))","v":0},{"$f":"IF(INDEX(generale!$A$16:$G$4963,MATCH(NGG!$A4854,generale!$A$16:$A$4963,0),COLUMN())=0,0,INDEX(generale!$A$16:$G$4963,MATCH(NGG!$A4854,generale!$A$16:$A$4963,0),COLUMN()))","v":0},{"$f":"IF(INDEX(generale!$A$16:$G$4963,MATCH(NGG!$A4854,generale!$A$16:$A$4963,0),COLUMN())=0,0,INDEX(generale!$A$16:$G$4963,MATCH(NGG!$A4854,generale!$A$16:$A$4963,0),COLUMN()))","v":0},{"$f":"IF(INDEX(generale!$A$16:$G$4963,MATCH(NGG!$A4854,generale!$A$16:$A$4963,0),COLUMN())=0,0,INDEX(generale!$A$16:$G$4963,MATCH(NGG!$A4854,generale!$A$16:$A$4963,0),COLUMN()))","v":0},{"$f":"generale!G4865","v":0},"","","","","","","","","","","","","","","","","","","",""]
[{"$f":"IF(generale!$A4866>0,generale!$A4866,\"\")","v":"2018-04-26"},{"$f":"IF(INDEX(generale!$A$16:$G$4963,MATCH(NGG!$A4855,generale!$A$16:$A$4963,0),COLUMN())=0,0,INDEX(generale!$A$16:$G$4963,MATCH(NGG!$A4855,generale!$A$16:$A$4963,0),COLUMN()))","v":0},{"$f":"IF(INDEX(generale!$A$16:$G$4963,MATCH(NGG!$A4855,generale!$A$16:$A$4963,0),COLUMN())=0,0,INDEX(generale!$A$16:$G$4963,MATCH(NGG!$A4855,generale!$A$16:$A$4963,0),COLUMN()))","v":0},{"$f":"IF(INDEX(generale!$A$16:$G$4963,MATCH(NGG!$A4855,generale!$A$16:$A$4963,0),COLUMN())=0,0,INDEX(generale!$A$16:$G$4963,MATCH(NGG!$A4855,generale!$A$16:$A$4963,0),COLUMN()))","v":0},{"$f":"IF(INDEX(generale!$A$16:$G$4963,MATCH(NGG!$A4855,generale!$A$16:$A$4963,0),COLUMN())=0,0,INDEX(generale!$A$16:$G$4963,MATCH(NGG!$A4855,generale!$A$16:$A$4963,0),COLUMN()))","v":0},{"$f":"IF(INDEX(generale!$A$16:$G$4963,MATCH(NGG!$A4855,generale!$A$16:$A$4963,0),COLUMN())=0,0,INDEX(generale!$A$16:$G$4963,MATCH(NGG!$A4855,generale!$A$16:$A$4963,0),COLUMN()))","v":0},{"$f":"generale!G4866","v":0},"","","","","","","","","","","","","","","","","","","",""]
[{"$f":"IF(generale!$A4867>0,generale!$A4867,\"\")","v":"2018-04-27"},{"$f":"IF(INDEX(generale!$A$16:$G$4963,MATCH(NGG!$A4856,generale!$A$16:$A$4963,0),COLUMN())=0,0,INDEX(generale!$A$16:$G$4963,MATCH(NGG!$A4856,generale!$A$16:$A$4963,0),COLUMN()))","v":0},{"$f":"IF(INDEX(generale!$A$16:$G$4963,MATCH(NGG!$A4856,generale!$A$16:$A$4963,0),COLUMN())=0,0,INDEX(generale!$A$16:$G$4963,MATCH(NGG!$A4856,generale!$A$16:$A$4963,0),COLUMN()))","v":0},{"$f":"IF(INDEX(generale!$A$16:$G$4963,MATCH(NGG!$A4856,generale!$A$16:$A$4963,0),COLUMN())=0,0,INDEX(generale!$A$16:$G$4963,MATCH(NGG!$A4856,generale!$A$16:$A$4963,0),COLUMN()))","v":0},{"$f":"IF(INDEX(generale!$A$16:$G$4963,MATCH(NGG!$A4856,generale!$A$16:$A$4963,0),COLUMN())=0,0,INDEX(generale!$A$16:$G$4963,MATCH(NGG!$A4856,generale!$A$16:$A$4963,0),COLUMN()))","v":0},{"$f":"IF(INDEX(generale!$A$16:$G$4963,MATCH(NGG!$A4856,generale!$A$16:$A$4963,0),COLUMN())=0,0,INDEX(generale!$A$16:$G$4963,MATCH(NGG!$A4856,generale!$A$16:$A$4963,0),COLUMN()))","v":0},{"$f":"generale!G4867","v":0},"","","","","","","","","","","","","","","","","","","",""]
[{"$f":"IF(generale!$A4868>0,generale!$A4868,\"\")","v":"2018-04-28"},{"$f":"IF(INDEX(generale!$A$16:$G$4963,MATCH(NGG!$A4857,generale!$A$16:$A$4963,0),COLUMN())=0,0,INDEX(generale!$A$16:$G$4963,MATCH(NGG!$A4857,generale!$A$16:$A$4963,0),COLUMN()))","v":0},{"$f":"IF(INDEX(generale!$A$16:$G$4963,MATCH(NGG!$A4857,generale!$A$16:$A$4963,0),COLUMN())=0,0,INDEX(generale!$A$16:$G$4963,MATCH(NGG!$A4857,generale!$A$16:$A$4963,0),COLUMN()))","v":0},{"$f":"IF(INDEX(generale!$A$16:$G$4963,MATCH(NGG!$A4857,generale!$A$16:$A$4963,0),COLUMN())=0,0,INDEX(generale!$A$16:$G$4963,MATCH(NGG!$A4857,generale!$A$16:$A$4963,0),COLUMN()))","v":0},{"$f":"IF(INDEX(generale!$A$16:$G$4963,MATCH(NGG!$A4857,generale!$A$16:$A$4963,0),COLUMN())=0,0,INDEX(generale!$A$16:$G$4963,MATCH(NGG!$A4857,generale!$A$16:$A$4963,0),COLUMN()))","v":0},{"$f":"IF(INDEX(generale!$A$16:$G$4963,MATCH(NGG!$A4857,generale!$A$16:$A$4963,0),COLUMN())=0,0,INDEX(generale!$A$16:$G$4963,MATCH(NGG!$A4857,generale!$A$16:$A$4963,0),COLUMN()))","v":0},{"$f":"generale!G4868","v":0},"","","","","","","","","","","","","","","","","","","",""]
[{"$f":"IF(generale!$A4869>0,generale!$A4869,\"\")","v":"2018-04-29"},{"$f":"IF(INDEX(generale!$A$16:$G$4963,MATCH(NGG!$A4858,generale!$A$16:$A$4963,0),COLUMN())=0,0,INDEX(generale!$A$16:$G$4963,MATCH(NGG!$A4858,generale!$A$16:$A$4963,0),COLUMN()))","v":0},{"$f":"IF(INDEX(generale!$A$16:$G$4963,MATCH(NGG!$A4858,generale!$A$16:$A$4963,0),COLUMN())=0,0,INDEX(generale!$A$16:$G$4963,MATCH(NGG!$A4858,generale!$A$16:$A$4963,0),COLUMN()))","v":0},{"$f":"IF(INDEX(generale!$A$16:$G$4963,MATCH(NGG!$A4858,generale!$A$16:$A$4963,0),COLUMN())=0,0,INDEX(generale!$A$16:$G$4963,MATCH(NGG!$A4858,generale!$A$16:$A$4963,0),COLUMN()))","v":0},{"$f":"IF(INDEX(generale!$A$16:$G$4963,MATCH(NGG!$A4858,generale!$A$16:$A$4963,0),COLUMN())=0,0,INDEX(generale!$A$16:$G$4963,MATCH(NGG!$A4858,generale!$A$16:$A$4963,0),COLUMN()))","v":0},{"$f":"IF(INDEX(generale!$A$16:$G$4963,MATCH(NGG!$A4858,generale!$A$16:$A$4963,0),COLUMN())=0,0,INDEX(generale!$A$16:$G$4963,MATCH(NGG!$A4858,generale!$A$16:$A$4963,0),COLUMN()))","v":0},{"$f":"generale!G4869","v":0},"","","","","","","","","","","","","","","","","","","",""]
[{"$f":"IF(generale!$A4870>0,generale!$A4870,\"\")","v":"2018-04-30"},{"$f":"IF(INDEX(generale!$A$16:$G$4963,MATCH(NGG!$A4859,generale!$A$16:$A$4963,0),COLUMN())=0,0,INDEX(generale!$A$16:$G$4963,MATCH(NGG!$A4859,generale!$A$16:$A$4963,0),COLUMN()))","v":0},{"$f":"IF(INDEX(generale!$A$16:$G$4963,MATCH(NGG!$A4859,generale!$A$16:$A$4963,0),COLUMN())=0,0,INDEX(generale!$A$16:$G$4963,MATCH(NGG!$A4859,generale!$A$16:$A$4963,0),COLUMN()))","v":0},{"$f":"IF(INDEX(generale!$A$16:$G$4963,MATCH(NGG!$A4859,generale!$A$16:$A$4963,0),COLUMN())=0,0,INDEX(generale!$A$16:$G$4963,MATCH(NGG!$A4859,generale!$A$16:$A$4963,0),COLUMN()))","v":0},{"$f":"IF(INDEX(generale!$A$16:$G$4963,MATCH(NGG!$A4859,generale!$A$16:$A$4963,0),COLUMN())=0,0,INDEX(generale!$A$16:$G$4963,MATCH(NGG!$A4859,generale!$A$16:$A$4963,0),COLUMN()))","v":0},{"$f":"IF(INDEX(generale!$A$16:$G$4963,MATCH(NGG!$A4859,generale!$A$16:$A$4963,0),COLUMN())=0,0,INDEX(generale!$A$16:$G$4963,MATCH(NGG!$A4859,generale!$A$16:$A$4963,0),COLUMN()))","v":0},{"$f":"generale!G4870","v":0},"","","","","","","","","","","","","","","","","","","",""]
[{"$f":"IF(generale!$A4871>0,generale!$A4871,\"\")","v":"2018-05-01"},{"$f":"IF(INDEX(generale!$A$16:$G$4963,MATCH(NGG!$A4860,generale!$A$16:$A$4963,0),COLUMN())=0,0,INDEX(generale!$A$16:$G$4963,MATCH(NGG!$A4860,generale!$A$16:$A$4963,0),COLUMN()))","v":0},{"$f":"IF(INDEX(generale!$A$16:$G$4963,MATCH(NGG!$A4860,generale!$A$16:$A$4963,0),COLUMN())=0,0,INDEX(generale!$A$16:$G$4963,MATCH(NGG!$A4860,generale!$A$16:$A$4963,0),COLUMN()))","v":0},{"$f":"IF(INDEX(generale!$A$16:$G$4963,MATCH(NGG!$A4860,generale!$A$16:$A$4963,0),COLUMN())=0,0,INDEX(generale!$A$16:$G$4963,MATCH(NGG!$A4860,generale!$A$16:$A$4963,0),COLUMN()))","v":0},{"$f":"IF(INDEX(generale!$A$16:$G$4963,MATCH(NGG!$A4860,generale!$A$16:$A$4963,0),COLUMN())=0,0,INDEX(generale!$A$16:$G$4963,MATCH(NGG!$A4860,generale!$A$16:$A$4963,0),COLUMN()))","v":0},{"$f":"IF(INDEX(generale!$A$16:$G$4963,MATCH(NGG!$A4860,generale!$A$16:$A$4963,0),COLUMN())=0,0,INDEX(generale!$A$16:$G$4963,MATCH(NGG!$A4860,generale!$A$16:$A$4963,0),COLUMN()))","v":0},{"$f":"generale!G4871","v":0},"","","","","","","","","","","","","","","","","","","",""]
[{"$f":"IF(generale!$A4872>0,generale!$A4872,\"\")","v":"2018-05-02"},{"$f":"IF(INDEX(generale!$A$16:$G$4963,MATCH(NGG!$A4861,generale!$A$16:$A$4963,0),COLUMN())=0,0,INDEX(generale!$A$16:$G$4963,MATCH(NGG!$A4861,generale!$A$16:$A$4963,0),COLUMN()))","v":0},{"$f":"IF(INDEX(generale!$A$16:$G$4963,MATCH(NGG!$A4861,generale!$A$16:$A$4963,0),COLUMN())=0,0,INDEX(generale!$A$16:$G$4963,MATCH(NGG!$A4861,generale!$A$16:$A$4963,0),COLUMN()))","v":0},{"$f":"IF(INDEX(generale!$A$16:$G$4963,MATCH(NGG!$A4861,generale!$A$16:$A$4963,0),COLUMN())=0,0,INDEX(generale!$A$16:$G$4963,MATCH(NGG!$A4861,generale!$A$16:$A$4963,0),COLUMN()))","v":0},{"$f":"IF(INDEX(generale!$A$16:$G$4963,MATCH(NGG!$A4861,generale!$A$16:$A$4963,0),COLUMN())=0,0,INDEX(generale!$A$16:$G$4963,MATCH(NGG!$A4861,generale!$A$16:$A$4963,0),COLUMN()))","v":0},{"$f":"IF(INDEX(generale!$A$16:$G$4963,MATCH(NGG!$A4861,generale!$A$16:$A$4963,0),COLUMN())=0,0,INDEX(generale!$A$16:$G$4963,MATCH(NGG!$A4861,generale!$A$16:$A$4963,0),COLUMN()))","v":0},{"$f":"generale!G4872","v":0},"","","","","","","","","","","","","","","","","","","",""]
[{"$f":"IF(generale!$A4873>0,generale!$A4873,\"\")","v":"2018-05-03"},{"$f":"IF(INDEX(generale!$A$16:$G$4963,MATCH(NGG!$A4862,generale!$A$16:$A$4963,0),COLUMN())=0,0,INDEX(generale!$A$16:$G$4963,MATCH(NGG!$A4862,generale!$A$16:$A$4963,0),COLUMN()))","v":0},{"$f":"IF(INDEX(generale!$A$16:$G$4963,MATCH(NGG!$A4862,generale!$A$16:$A$4963,0),COLUMN())=0,0,INDEX(generale!$A$16:$G$4963,MATCH(NGG!$A4862,generale!$A$16:$A$4963,0),COLUMN()))","v":0},{"$f":"IF(INDEX(generale!$A$16:$G$4963,MATCH(NGG!$A4862,generale!$A$16:$A$4963,0),COLUMN())=0,0,INDEX(generale!$A$16:$G$4963,MATCH(NGG!$A4862,generale!$A$16:$A$4963,0),COLUMN()))","v":0},{"$f":"IF(INDEX(generale!$A$16:$G$4963,MATCH(NGG!$A4862,generale!$A$16:$A$4963,0),COLUMN())=0,0,INDEX(generale!$A$16:$G$4963,MATCH(NGG!$A4862,generale!$A$16:$A$4963,0),COLUMN()))","v":0},{"$f":"IF(INDEX(generale!$A$16:$G$4963,MATCH(NGG!$A4862,generale!$A$16:$A$4963,0),COLUMN())=0,0,INDEX(generale!$A$16:$G$4963,MATCH(NGG!$A4862,generale!$A$16:$A$4963,0),COLUMN()))","v":0},{"$f":"generale!G4873","v":0},"","","","","","","","","","","","","","","","","","","",""]
[{"$f":"IF(generale!$A4874>0,generale!$A4874,\"\")","v":"2018-05-04"},{"$f":"IF(INDEX(generale!$A$16:$G$4963,MATCH(NGG!$A4863,generale!$A$16:$A$4963,0),COLUMN())=0,0,INDEX(generale!$A$16:$G$4963,MATCH(NGG!$A4863,generale!$A$16:$A$4963,0),COLUMN()))","v":0},{"$f":"IF(INDEX(generale!$A$16:$G$4963,MATCH(NGG!$A4863,generale!$A$16:$A$4963,0),COLUMN())=0,0,INDEX(generale!$A$16:$G$4963,MATCH(NGG!$A4863,generale!$A$16:$A$4963,0),COLUMN()))","v":0},{"$f":"IF(INDEX(generale!$A$16:$G$4963,MATCH(NGG!$A4863,generale!$A$16:$A$4963,0),COLUMN())=0,0,INDEX(generale!$A$16:$G$4963,MATCH(NGG!$A4863,generale!$A$16:$A$4963,0),COLUMN()))","v":0},{"$f":"IF(INDEX(generale!$A$16:$G$4963,MATCH(NGG!$A4863,generale!$A$16:$A$4963,0),COLUMN())=0,0,INDEX(generale!$A$16:$G$4963,MATCH(NGG!$A4863,generale!$A$16:$A$4963,0),COLUMN()))","v":0},{"$f":"IF(INDEX(generale!$A$16:$G$4963,MATCH(NGG!$A4863,generale!$A$16:$A$4963,0),COLUMN())=0,0,INDEX(generale!$A$16:$G$4963,MATCH(NGG!$A4863,generale!$A$16:$A$4963,0),COLUMN()))","v":0},{"$f":"generale!G4874","v":0},"","","","","","","","","","","","","","","","","","","",""]
[{"$f":"IF(generale!$A4875>0,generale!$A4875,\"\")","v":"2018-05-05"},{"$f":"IF(INDEX(generale!$A$16:$G$4963,MATCH(NGG!$A4864,generale!$A$16:$A$4963,0),COLUMN())=0,0,INDEX(generale!$A$16:$G$4963,MATCH(NGG!$A4864,generale!$A$16:$A$4963,0),COLUMN()))","v":0},{"$f":"IF(INDEX(generale!$A$16:$G$4963,MATCH(NGG!$A4864,generale!$A$16:$A$4963,0),COLUMN())=0,0,INDEX(generale!$A$16:$G$4963,MATCH(NGG!$A4864,generale!$A$16:$A$4963,0),COLUMN()))","v":0},{"$f":"IF(INDEX(generale!$A$16:$G$4963,MATCH(NGG!$A4864,generale!$A$16:$A$4963,0),COLUMN())=0,0,INDEX(generale!$A$16:$G$4963,MATCH(NGG!$A4864,generale!$A$16:$A$4963,0),COLUMN()))","v":0},{"$f":"IF(INDEX(generale!$A$16:$G$4963,MATCH(NGG!$A4864,generale!$A$16:$A$4963,0),COLUMN())=0,0,INDEX(generale!$A$16:$G$4963,MATCH(NGG!$A4864,generale!$A$16:$A$4963,0),COLUMN()))","v":0},{"$f":"IF(INDEX(generale!$A$16:$G$4963,MATCH(NGG!$A4864,generale!$A$16:$A$4963,0),COLUMN())=0,0,INDEX(generale!$A$16:$G$4963,MATCH(NGG!$A4864,generale!$A$16:$A$4963,0),COLUMN()))","v":0},{"$f":"generale!G4875","v":0},"","","","","","","","","","","","","","","","","","","",""]
[{"$f":"IF(generale!$A4876>0,generale!$A4876,\"\")","v":"2018-05-06"},{"$f":"IF(INDEX(generale!$A$16:$G$4963,MATCH(NGG!$A4865,generale!$A$16:$A$4963,0),COLUMN())=0,0,INDEX(generale!$A$16:$G$4963,MATCH(NGG!$A4865,generale!$A$16:$A$4963,0),COLUMN()))","v":0},{"$f":"IF(INDEX(generale!$A$16:$G$4963,MATCH(NGG!$A4865,generale!$A$16:$A$4963,0),COLUMN())=0,0,INDEX(generale!$A$16:$G$4963,MATCH(NGG!$A4865,generale!$A$16:$A$4963,0),COLUMN()))","v":0},{"$f":"IF(INDEX(generale!$A$16:$G$4963,MATCH(NGG!$A4865,generale!$A$16:$A$4963,0),COLUMN())=0,0,INDEX(generale!$A$16:$G$4963,MATCH(NGG!$A4865,generale!$A$16:$A$4963,0),COLUMN()))","v":0},{"$f":"IF(INDEX(generale!$A$16:$G$4963,MATCH(NGG!$A4865,generale!$A$16:$A$4963,0),COLUMN())=0,0,INDEX(generale!$A$16:$G$4963,MATCH(NGG!$A4865,generale!$A$16:$A$4963,0),COLUMN()))","v":0},{"$f":"IF(INDEX(generale!$A$16:$G$4963,MATCH(NGG!$A4865,generale!$A$16:$A$4963,0),COLUMN())=0,0,INDEX(generale!$A$16:$G$4963,MATCH(NGG!$A4865,generale!$A$16:$A$4963,0),COLUMN()))","v":0},{"$f":"generale!G4876","v":0},"","","","","","","","","","","","","","","","","","","",""]
[{"$f":"IF(generale!$A4877>0,generale!$A4877,\"\")","v":"2018-05-07"},{"$f":"IF(INDEX(generale!$A$16:$G$4963,MATCH(NGG!$A4866,generale!$A$16:$A$4963,0),COLUMN())=0,0,INDEX(generale!$A$16:$G$4963,MATCH(NGG!$A4866,generale!$A$16:$A$4963,0),COLUMN()))","v":0},{"$f":"IF(INDEX(generale!$A$16:$G$4963,MATCH(NGG!$A4866,generale!$A$16:$A$4963,0),COLUMN())=0,0,INDEX(generale!$A$16:$G$4963,MATCH(NGG!$A4866,generale!$A$16:$A$4963,0),COLUMN()))","v":0},{"$f":"IF(INDEX(generale!$A$16:$G$4963,MATCH(NGG!$A4866,generale!$A$16:$A$4963,0),COLUMN())=0,0,INDEX(generale!$A$16:$G$4963,MATCH(NGG!$A4866,generale!$A$16:$A$4963,0),COLUMN()))","v":0},{"$f":"IF(INDEX(generale!$A$16:$G$4963,MATCH(NGG!$A4866,generale!$A$16:$A$4963,0),COLUMN())=0,0,INDEX(generale!$A$16:$G$4963,MATCH(NGG!$A4866,generale!$A$16:$A$4963,0),COLUMN()))","v":0},{"$f":"IF(INDEX(generale!$A$16:$G$4963,MATCH(NGG!$A4866,generale!$A$16:$A$4963,0),COLUMN())=0,0,INDEX(generale!$A$16:$G$4963,MATCH(NGG!$A4866,generale!$A$16:$A$4963,0),COLUMN()))","v":0},{"$f":"generale!G4877","v":0},"","","","","","","","","","","","","","","","","","","",""]
[{"$f":"IF(generale!$A4878>0,generale!$A4878,\"\")","v":"2018-05-08"},{"$f":"IF(INDEX(generale!$A$16:$G$4963,MATCH(NGG!$A4867,generale!$A$16:$A$4963,0),COLUMN())=0,0,INDEX(generale!$A$16:$G$4963,MATCH(NGG!$A4867,generale!$A$16:$A$4963,0),COLUMN()))","v":0},{"$f":"IF(INDEX(generale!$A$16:$G$4963,MATCH(NGG!$A4867,generale!$A$16:$A$4963,0),COLUMN())=0,0,INDEX(generale!$A$16:$G$4963,MATCH(NGG!$A4867,generale!$A$16:$A$4963,0),COLUMN()))","v":0},{"$f":"IF(INDEX(generale!$A$16:$G$4963,MATCH(NGG!$A4867,generale!$A$16:$A$4963,0),COLUMN())=0,0,INDEX(generale!$A$16:$G$4963,MATCH(NGG!$A4867,generale!$A$16:$A$4963,0),COLUMN()))","v":0},{"$f":"IF(INDEX(generale!$A$16:$G$4963,MATCH(NGG!$A4867,generale!$A$16:$A$4963,0),COLUMN())=0,0,INDEX(generale!$A$16:$G$4963,MATCH(NGG!$A4867,generale!$A$16:$A$4963,0),COLUMN()))","v":0},{"$f":"IF(INDEX(generale!$A$16:$G$4963,MATCH(NGG!$A4867,generale!$A$16:$A$4963,0),COLUMN())=0,0,INDEX(generale!$A$16:$G$4963,MATCH(NGG!$A4867,generale!$A$16:$A$4963,0),COLUMN()))","v":0},{"$f":"generale!G4878","v":0},"","","","","","","","","","","","","","","","","","","",""]
[{"$f":"IF(generale!$A4879>0,generale!$A4879,\"\")","v":"2018-05-09"},{"$f":"IF(INDEX(generale!$A$16:$G$4963,MATCH(NGG!$A4868,generale!$A$16:$A$4963,0),COLUMN())=0,0,INDEX(generale!$A$16:$G$4963,MATCH(NGG!$A4868,generale!$A$16:$A$4963,0),COLUMN()))","v":0},{"$f":"IF(INDEX(generale!$A$16:$G$4963,MATCH(NGG!$A4868,generale!$A$16:$A$4963,0),COLUMN())=0,0,INDEX(generale!$A$16:$G$4963,MATCH(NGG!$A4868,generale!$A$16:$A$4963,0),COLUMN()))","v":0},{"$f":"IF(INDEX(generale!$A$16:$G$4963,MATCH(NGG!$A4868,generale!$A$16:$A$4963,0),COLUMN())=0,0,INDEX(generale!$A$16:$G$4963,MATCH(NGG!$A4868,generale!$A$16:$A$4963,0),COLUMN()))","v":0},{"$f":"IF(INDEX(generale!$A$16:$G$4963,MATCH(NGG!$A4868,generale!$A$16:$A$4963,0),COLUMN())=0,0,INDEX(generale!$A$16:$G$4963,MATCH(NGG!$A4868,generale!$A$16:$A$4963,0),COLUMN()))","v":0},{"$f":"IF(INDEX(generale!$A$16:$G$4963,MATCH(NGG!$A4868,generale!$A$16:$A$4963,0),COLUMN())=0,0,INDEX(generale!$A$16:$G$4963,MATCH(NGG!$A4868,generale!$A$16:$A$4963,0),COLUMN()))","v":0},{"$f":"generale!G4879","v":0},"","","","","","","","","","","","","","","","","","","",""]
[{"$f":"IF(generale!$A4880>0,generale!$A4880,\"\")","v":"2018-05-10"},{"$f":"IF(INDEX(generale!$A$16:$G$4963,MATCH(NGG!$A4869,generale!$A$16:$A$4963,0),COLUMN())=0,0,INDEX(generale!$A$16:$G$4963,MATCH(NGG!$A4869,generale!$A$16:$A$4963,0),COLUMN()))","v":0},{"$f":"IF(INDEX(generale!$A$16:$G$4963,MATCH(NGG!$A4869,generale!$A$16:$A$4963,0),COLUMN())=0,0,INDEX(generale!$A$16:$G$4963,MATCH(NGG!$A4869,generale!$A$16:$A$4963,0),COLUMN()))","v":0},{"$f":"IF(INDEX(generale!$A$16:$G$4963,MATCH(NGG!$A4869,generale!$A$16:$A$4963,0),COLUMN())=0,0,INDEX(generale!$A$16:$G$4963,MATCH(NGG!$A4869,generale!$A$16:$A$4963,0),COLUMN()))","v":0},{"$f":"IF(INDEX(generale!$A$16:$G$4963,MATCH(NGG!$A4869,generale!$A$16:$A$4963,0),COLUMN())=0,0,INDEX(generale!$A$16:$G$4963,MATCH(NGG!$A4869,generale!$A$16:$A$4963,0),COLUMN()))","v":0},{"$f":"IF(INDEX(generale!$A$16:$G$4963,MATCH(NGG!$A4869,generale!$A$16:$A$4963,0),COLUMN())=0,0,INDEX(generale!$A$16:$G$4963,MATCH(NGG!$A4869,generale!$A$16:$A$4963,0),COLUMN()))","v":0},{"$f":"generale!G4880","v":0},"","","","","","","","","","","","","","","","","","","",""]
[{"$f":"IF(generale!$A4881>0,generale!$A4881,\"\")","v":"2018-05-11"},{"$f":"IF(INDEX(generale!$A$16:$G$4963,MATCH(NGG!$A4870,generale!$A$16:$A$4963,0),COLUMN())=0,0,INDEX(generale!$A$16:$G$4963,MATCH(NGG!$A4870,generale!$A$16:$A$4963,0),COLUMN()))","v":0},{"$f":"IF(INDEX(generale!$A$16:$G$4963,MATCH(NGG!$A4870,generale!$A$16:$A$4963,0),COLUMN())=0,0,INDEX(generale!$A$16:$G$4963,MATCH(NGG!$A4870,generale!$A$16:$A$4963,0),COLUMN()))","v":0},{"$f":"IF(INDEX(generale!$A$16:$G$4963,MATCH(NGG!$A4870,generale!$A$16:$A$4963,0),COLUMN())=0,0,INDEX(generale!$A$16:$G$4963,MATCH(NGG!$A4870,generale!$A$16:$A$4963,0),COLUMN()))","v":0},{"$f":"IF(INDEX(generale!$A$16:$G$4963,MATCH(NGG!$A4870,generale!$A$16:$A$4963,0),COLUMN())=0,0,INDEX(generale!$A$16:$G$4963,MATCH(NGG!$A4870,generale!$A$16:$A$4963,0),COLUMN()))","v":0},{"$f":"IF(INDEX(generale!$A$16:$G$4963,MATCH(NGG!$A4870,generale!$A$16:$A$4963,0),COLUMN())=0,0,INDEX(generale!$A$16:$G$4963,MATCH(NGG!$A4870,generale!$A$16:$A$4963,0),COLUMN()))","v":0},{"$f":"generale!G4881","v":0},"","","","","","","","","","","","","","","","","","","",""]
[{"$f":"IF(generale!$A4882>0,generale!$A4882,\"\")","v":"2018-05-12"},{"$f":"IF(INDEX(generale!$A$16:$G$4963,MATCH(NGG!$A4871,generale!$A$16:$A$4963,0),COLUMN())=0,0,INDEX(generale!$A$16:$G$4963,MATCH(NGG!$A4871,generale!$A$16:$A$4963,0),COLUMN()))","v":0},{"$f":"IF(INDEX(generale!$A$16:$G$4963,MATCH(NGG!$A4871,generale!$A$16:$A$4963,0),COLUMN())=0,0,INDEX(generale!$A$16:$G$4963,MATCH(NGG!$A4871,generale!$A$16:$A$4963,0),COLUMN()))","v":0},{"$f":"IF(INDEX(generale!$A$16:$G$4963,MATCH(NGG!$A4871,generale!$A$16:$A$4963,0),COLUMN())=0,0,INDEX(generale!$A$16:$G$4963,MATCH(NGG!$A4871,generale!$A$16:$A$4963,0),COLUMN()))","v":0},{"$f":"IF(INDEX(generale!$A$16:$G$4963,MATCH(NGG!$A4871,generale!$A$16:$A$4963,0),COLUMN())=0,0,INDEX(generale!$A$16:$G$4963,MATCH(NGG!$A4871,generale!$A$16:$A$4963,0),COLUMN()))","v":0},{"$f":"IF(INDEX(generale!$A$16:$G$4963,MATCH(NGG!$A4871,generale!$A$16:$A$4963,0),COLUMN())=0,0,INDEX(generale!$A$16:$G$4963,MATCH(NGG!$A4871,generale!$A$16:$A$4963,0),COLUMN()))","v":0},{"$f":"generale!G4882","v":0},"","","","","","","","","","","","","","","","","","","",""]
[{"$f":"IF(generale!$A4883>0,generale!$A4883,\"\")","v":"2018-05-13"},{"$f":"IF(INDEX(generale!$A$16:$G$4963,MATCH(NGG!$A4872,generale!$A$16:$A$4963,0),COLUMN())=0,0,INDEX(generale!$A$16:$G$4963,MATCH(NGG!$A4872,generale!$A$16:$A$4963,0),COLUMN()))","v":0},{"$f":"IF(INDEX(generale!$A$16:$G$4963,MATCH(NGG!$A4872,generale!$A$16:$A$4963,0),COLUMN())=0,0,INDEX(generale!$A$16:$G$4963,MATCH(NGG!$A4872,generale!$A$16:$A$4963,0),COLUMN()))","v":0},{"$f":"IF(INDEX(generale!$A$16:$G$4963,MATCH(NGG!$A4872,generale!$A$16:$A$4963,0),COLUMN())=0,0,INDEX(generale!$A$16:$G$4963,MATCH(NGG!$A4872,generale!$A$16:$A$4963,0),COLUMN()))","v":0},{"$f":"IF(INDEX(generale!$A$16:$G$4963,MATCH(NGG!$A4872,generale!$A$16:$A$4963,0),COLUMN())=0,0,INDEX(generale!$A$16:$G$4963,MATCH(NGG!$A4872,generale!$A$16:$A$4963,0),COLUMN()))","v":0},{"$f":"IF(INDEX(generale!$A$16:$G$4963,MATCH(NGG!$A4872,generale!$A$16:$A$4963,0),COLUMN())=0,0,INDEX(generale!$A$16:$G$4963,MATCH(NGG!$A4872,generale!$A$16:$A$4963,0),COLUMN()))","v":0},{"$f":"generale!G4883","v":0},"","","","","","","","","","","","","","","","","","","",""]
[{"$f":"IF(generale!$A4884>0,generale!$A4884,\"\")","v":"2018-05-14"},{"$f":"IF(INDEX(generale!$A$16:$G$4963,MATCH(NGG!$A4873,generale!$A$16:$A$4963,0),COLUMN())=0,0,INDEX(generale!$A$16:$G$4963,MATCH(NGG!$A4873,generale!$A$16:$A$4963,0),COLUMN()))","v":0},{"$f":"IF(INDEX(generale!$A$16:$G$4963,MATCH(NGG!$A4873,generale!$A$16:$A$4963,0),COLUMN())=0,0,INDEX(generale!$A$16:$G$4963,MATCH(NGG!$A4873,generale!$A$16:$A$4963,0),COLUMN()))","v":0},{"$f":"IF(INDEX(generale!$A$16:$G$4963,MATCH(NGG!$A4873,generale!$A$16:$A$4963,0),COLUMN())=0,0,INDEX(generale!$A$16:$G$4963,MATCH(NGG!$A4873,generale!$A$16:$A$4963,0),COLUMN()))","v":0},{"$f":"IF(INDEX(generale!$A$16:$G$4963,MATCH(NGG!$A4873,generale!$A$16:$A$4963,0),COLUMN())=0,0,INDEX(generale!$A$16:$G$4963,MATCH(NGG!$A4873,generale!$A$16:$A$4963,0),COLUMN()))","v":0},{"$f":"IF(INDEX(generale!$A$16:$G$4963,MATCH(NGG!$A4873,generale!$A$16:$A$4963,0),COLUMN())=0,0,INDEX(generale!$A$16:$G$4963,MATCH(NGG!$A4873,generale!$A$16:$A$4963,0),COLUMN()))","v":0},{"$f":"generale!G4884","v":0},"","","","","","","","","","","","","","","","","","","",""]
[{"$f":"IF(generale!$A4885>0,generale!$A4885,\"\")","v":"2018-05-15"},{"$f":"IF(INDEX(generale!$A$16:$G$4963,MATCH(NGG!$A4874,generale!$A$16:$A$4963,0),COLUMN())=0,0,INDEX(generale!$A$16:$G$4963,MATCH(NGG!$A4874,generale!$A$16:$A$4963,0),COLUMN()))","v":0},{"$f":"IF(INDEX(generale!$A$16:$G$4963,MATCH(NGG!$A4874,generale!$A$16:$A$4963,0),COLUMN())=0,0,INDEX(generale!$A$16:$G$4963,MATCH(NGG!$A4874,generale!$A$16:$A$4963,0),COLUMN()))","v":0},{"$f":"IF(INDEX(generale!$A$16:$G$4963,MATCH(NGG!$A4874,generale!$A$16:$A$4963,0),COLUMN())=0,0,INDEX(generale!$A$16:$G$4963,MATCH(NGG!$A4874,generale!$A$16:$A$4963,0),COLUMN()))","v":0},{"$f":"IF(INDEX(generale!$A$16:$G$4963,MATCH(NGG!$A4874,generale!$A$16:$A$4963,0),COLUMN())=0,0,INDEX(generale!$A$16:$G$4963,MATCH(NGG!$A4874,generale!$A$16:$A$4963,0),COLUMN()))","v":0},{"$f":"IF(INDEX(generale!$A$16:$G$4963,MATCH(NGG!$A4874,generale!$A$16:$A$4963,0),COLUMN())=0,0,INDEX(generale!$A$16:$G$4963,MATCH(NGG!$A4874,generale!$A$16:$A$4963,0),COLUMN()))","v":0},{"$f":"generale!G4885","v":0},"","","","","","","","","","","","","","","","","","","",""]
[{"$f":"IF(generale!$A4886>0,generale!$A4886,\"\")","v":"2018-05-16"},{"$f":"IF(INDEX(generale!$A$16:$G$4963,MATCH(NGG!$A4875,generale!$A$16:$A$4963,0),COLUMN())=0,0,INDEX(generale!$A$16:$G$4963,MATCH(NGG!$A4875,generale!$A$16:$A$4963,0),COLUMN()))","v":0},{"$f":"IF(INDEX(generale!$A$16:$G$4963,MATCH(NGG!$A4875,generale!$A$16:$A$4963,0),COLUMN())=0,0,INDEX(generale!$A$16:$G$4963,MATCH(NGG!$A4875,generale!$A$16:$A$4963,0),COLUMN()))","v":0},{"$f":"IF(INDEX(generale!$A$16:$G$4963,MATCH(NGG!$A4875,generale!$A$16:$A$4963,0),COLUMN())=0,0,INDEX(generale!$A$16:$G$4963,MATCH(NGG!$A4875,generale!$A$16:$A$4963,0),COLUMN()))","v":0},{"$f":"IF(INDEX(generale!$A$16:$G$4963,MATCH(NGG!$A4875,generale!$A$16:$A$4963,0),COLUMN())=0,0,INDEX(generale!$A$16:$G$4963,MATCH(NGG!$A4875,generale!$A$16:$A$4963,0),COLUMN()))","v":0},{"$f":"IF(INDEX(generale!$A$16:$G$4963,MATCH(NGG!$A4875,generale!$A$16:$A$4963,0),COLUMN())=0,0,INDEX(generale!$A$16:$G$4963,MATCH(NGG!$A4875,generale!$A$16:$A$4963,0),COLUMN()))","v":0},{"$f":"generale!G4886","v":0},"","","","","","","","","","","","","","","","","","","",""]
[{"$f":"IF(generale!$A4887>0,generale!$A4887,\"\")","v":"2018-05-17"},{"$f":"IF(INDEX(generale!$A$16:$G$4963,MATCH(NGG!$A4876,generale!$A$16:$A$4963,0),COLUMN())=0,0,INDEX(generale!$A$16:$G$4963,MATCH(NGG!$A4876,generale!$A$16:$A$4963,0),COLUMN()))","v":0},{"$f":"IF(INDEX(generale!$A$16:$G$4963,MATCH(NGG!$A4876,generale!$A$16:$A$4963,0),COLUMN())=0,0,INDEX(generale!$A$16:$G$4963,MATCH(NGG!$A4876,generale!$A$16:$A$4963,0),COLUMN()))","v":0},{"$f":"IF(INDEX(generale!$A$16:$G$4963,MATCH(NGG!$A4876,generale!$A$16:$A$4963,0),COLUMN())=0,0,INDEX(generale!$A$16:$G$4963,MATCH(NGG!$A4876,generale!$A$16:$A$4963,0),COLUMN()))","v":0},{"$f":"IF(INDEX(generale!$A$16:$G$4963,MATCH(NGG!$A4876,generale!$A$16:$A$4963,0),COLUMN())=0,0,INDEX(generale!$A$16:$G$4963,MATCH(NGG!$A4876,generale!$A$16:$A$4963,0),COLUMN()))","v":0},{"$f":"IF(INDEX(generale!$A$16:$G$4963,MATCH(NGG!$A4876,generale!$A$16:$A$4963,0),COLUMN())=0,0,INDEX(generale!$A$16:$G$4963,MATCH(NGG!$A4876,generale!$A$16:$A$4963,0),COLUMN()))","v":0},{"$f":"generale!G4887","v":0},"","","","","","","","","","","","","","","","","","","",""]
[{"$f":"IF(generale!$A4888>0,generale!$A4888,\"\")","v":"2018-05-18"},{"$f":"IF(INDEX(generale!$A$16:$G$4963,MATCH(NGG!$A4877,generale!$A$16:$A$4963,0),COLUMN())=0,0,INDEX(generale!$A$16:$G$4963,MATCH(NGG!$A4877,generale!$A$16:$A$4963,0),COLUMN()))","v":0},{"$f":"IF(INDEX(generale!$A$16:$G$4963,MATCH(NGG!$A4877,generale!$A$16:$A$4963,0),COLUMN())=0,0,INDEX(generale!$A$16:$G$4963,MATCH(NGG!$A4877,generale!$A$16:$A$4963,0),COLUMN()))","v":0},{"$f":"IF(INDEX(generale!$A$16:$G$4963,MATCH(NGG!$A4877,generale!$A$16:$A$4963,0),COLUMN())=0,0,INDEX(generale!$A$16:$G$4963,MATCH(NGG!$A4877,generale!$A$16:$A$4963,0),COLUMN()))","v":0},{"$f":"IF(INDEX(generale!$A$16:$G$4963,MATCH(NGG!$A4877,generale!$A$16:$A$4963,0),COLUMN())=0,0,INDEX(generale!$A$16:$G$4963,MATCH(NGG!$A4877,generale!$A$16:$A$4963,0),COLUMN()))","v":0},{"$f":"IF(INDEX(generale!$A$16:$G$4963,MATCH(NGG!$A4877,generale!$A$16:$A$4963,0),COLUMN())=0,0,INDEX(generale!$A$16:$G$4963,MATCH(NGG!$A4877,generale!$A$16:$A$4963,0),COLUMN()))","v":0},{"$f":"generale!G4888","v":0},{"$f":"IF(COUNTIF($B4877:$D4877,0)<3,IF(LEN(SUBSTITUTE(SUBSTITUTE($B4877,H$1,,1),,1))=0,0,H4876+1-AC4877),\"\")","v":""},{"$f":"IF(COUNTIF($B4877:$D4877,0)<3,IF(LEN(SUBSTITUTE(SUBSTITUTE($B4877,I$1,,1),,1))=0,0,I4876+1-AD4877),\"\")","v":""},{"$f":"IF(COUNTIF($B4877:$D4877,0)<3,IF(LEN(SUBSTITUTE(SUBSTITUTE($B4877,J$1,,1),,1))=0,0,J4876+1-AE4877),\"\")","v":""},{"$f":"IF(COUNTIF($B4877:$D4877,0)<3,IF(LEN(SUBSTITUTE(SUBSTITUTE($B4877,K$1,,1),,1))=0,0,K4876+1-AF4877),\"\")","v":""},{"$f":"IF(COUNTIF($B4877:$D4877,0)<3,IF(LEN(SUBSTITUTE(SUBSTITUTE($B4877,L$1,,1),,1))=0,0,L4876+1-AG4877),\"\")","v":""},{"$f":"IF(COUNTIF($B4877:$D4877,0)<3,IF(LEN(SUBSTITUTE(SUBSTITUTE($B4877,M$1,,1),,1))=0,0,M4876+1-AH4877),\"\")","v":""},{"$f":"IF(COUNTIF($B4877:$D4877,0)<3,IF(LEN(SUBSTITUTE(SUBSTITUTE($B4877,N$1,,1),,1))=0,0,N4876+1-AI4877),\"\")","v":""},{"$f":"IF(COUNTIF($B4877:$D4877,0)<3,IF(LEN(SUBSTITUTE(SUBSTITUTE($B4877,O$1,,1),,1))=0,0,O4876+1-AJ4877),\"\")","v":""},{"$f":"IF(COUNTIF($B4877:$D4877,0)<3,IF(LEN(SUBSTITUTE(SUBSTITUTE($B4877,P$1,,1),,1))=0,0,P4876+1-AK4877),\"\")","v":""},{"$f":"IF(COUNTIF($B4877:$D4877,0)<3,IF(LEN(SUBSTITUTE(SUBSTITUTE($B4877,Q$1,,1),,1))=0,0,Q4876+1-AL4877),\"\")","v":""},{"$f":"IF(COUNTIF($B4877:$D4877,0)<3,IF(LEN(SUBSTITUTE(SUBSTITUTE($B4877,R$1,,1),,1))=0,0,R4876+1-AM4877),\"\")","v":""},{"$f":"IF(COUNTIF($B4877:$D4877,0)<3,IF(LEN(SUBSTITUTE(SUBSTITUTE($B4877,S$1,,1),,1))=0,0,S4876+1-AN4877),\"\")","v":""},{"$f":"IF(COUNTIF($B4877:$D4877,0)<3,IF(LEN(SUBSTITUTE(SUBSTITUTE($B4877,T$1,,1),,1))=0,0,T4876+1-AO4877),\"\")","v":""},{"$f":"IF(COUNTIF($B4877:$D4877,0)<3,IF(LEN(SUBSTITUTE(SUBSTITUTE($B4877,U$1,,1),,1))=0,0,U4876+1-AP4877),\"\")","v":""},{"$f":"IF(COUNTIF($B4877:$D4877,0)<3,IF(LEN(SUBSTITUTE(SUBSTITUTE($B4877,V$1,,1),,1))=0,0,V4876+1-AQ4877),\"\")","v":""},{"$f":"IF(COUNTIF($B4877:$D4877,0)<3,IF(LEN(SUBSTITUTE(SUBSTITUTE($B4877,W$1,,1),,1))=0,0,W4876+1-AR4877),\"\")","v":""},{"$f":"IF(COUNTIF($B4877:$D4877,0)<3,IF(LEN(SUBSTITUTE(SUBSTITUTE($B4877,X$1,,1),,1))=0,0,X4876+1-AS4877),\"\")","v":""},{"$f":"IF(COUNTIF($B4877:$D4877,0)<3,IF(LEN(SUBSTITUTE(SUBSTITUTE($B4877,Y$1,,1),,1))=0,0,Y4876+1-AT4877),\"\")","v":""},{"$f":"IF(COUNTIF($B4877:$D4877,0)<3,IF(LEN(SUBSTITUTE(SUBSTITUTE($B4877,Z$1,,1),,1))=0,0,Z4876+1-AU4877),\"\")","v":""},{"$f":"IF(COUNTIF($B4877:$D4877,0)<3,IF(LEN(SUBSTITUTE(SUBSTITUTE($B4877,AA$1,,1),,1))=0,0,AA4876+1-AV4877),\"\")","v":""}]
[{"$f":"IF(generale!$A4889>0,generale!$A4889,\"\")","v":"2018-05-19"},{"$f":"IF(INDEX(generale!$A$16:$G$4963,MATCH(NGG!$A4878,generale!$A$16:$A$4963,0),COLUMN())=0,0,INDEX(generale!$A$16:$G$4963,MATCH(NGG!$A4878,generale!$A$16:$A$4963,0),COLUMN()))","v":0},{"$f":"IF(INDEX(generale!$A$16:$G$4963,MATCH(NGG!$A4878,generale!$A$16:$A$4963,0),COLUMN())=0,0,INDEX(generale!$A$16:$G$4963,MATCH(NGG!$A4878,generale!$A$16:$A$4963,0),COLUMN()))","v":0},{"$f":"IF(INDEX(generale!$A$16:$G$4963,MATCH(NGG!$A4878,generale!$A$16:$A$4963,0),COLUMN())=0,0,INDEX(generale!$A$16:$G$4963,MATCH(NGG!$A4878,generale!$A$16:$A$4963,0),COLUMN()))","v":0},{"$f":"IF(INDEX(generale!$A$16:$G$4963,MATCH(NGG!$A4878,generale!$A$16:$A$4963,0),COLUMN())=0,0,INDEX(generale!$A$16:$G$4963,MATCH(NGG!$A4878,generale!$A$16:$A$4963,0),COLUMN()))","v":0},{"$f":"IF(INDEX(generale!$A$16:$G$4963,MATCH(NGG!$A4878,generale!$A$16:$A$4963,0),COLUMN())=0,0,INDEX(generale!$A$16:$G$4963,MATCH(NGG!$A4878,generale!$A$16:$A$4963,0),COLUMN()))","v":0},{"$f":"generale!G4889","v":0},"","","","","","","","","","","","","","","","","","","",""]
[{"$f":"IF(generale!$A4890>0,generale!$A4890,\"\")","v":"2018-05-20"},{"$f":"IF(INDEX(generale!$A$16:$G$4963,MATCH(NGG!$A4879,generale!$A$16:$A$4963,0),COLUMN())=0,0,INDEX(generale!$A$16:$G$4963,MATCH(NGG!$A4879,generale!$A$16:$A$4963,0),COLUMN()))","v":0},{"$f":"IF(INDEX(generale!$A$16:$G$4963,MATCH(NGG!$A4879,generale!$A$16:$A$4963,0),COLUMN())=0,0,INDEX(generale!$A$16:$G$4963,MATCH(NGG!$A4879,generale!$A$16:$A$4963,0),COLUMN()))","v":0},{"$f":"IF(INDEX(generale!$A$16:$G$4963,MATCH(NGG!$A4879,generale!$A$16:$A$4963,0),COLUMN())=0,0,INDEX(generale!$A$16:$G$4963,MATCH(NGG!$A4879,generale!$A$16:$A$4963,0),COLUMN()))","v":0},{"$f":"IF(INDEX(generale!$A$16:$G$4963,MATCH(NGG!$A4879,generale!$A$16:$A$4963,0),COLUMN())=0,0,INDEX(generale!$A$16:$G$4963,MATCH(NGG!$A4879,generale!$A$16:$A$4963,0),COLUMN()))","v":0},{"$f":"IF(INDEX(generale!$A$16:$G$4963,MATCH(NGG!$A4879,generale!$A$16:$A$4963,0),COLUMN())=0,0,INDEX(generale!$A$16:$G$4963,MATCH(NGG!$A4879,generale!$A$16:$A$4963,0),COLUMN()))","v":0},{"$f":"generale!G4890","v":0},"","","","","","","","","","","","","","","","","","","",""]
[{"$f":"IF(generale!$A4891>0,generale!$A4891,\"\")","v":"2018-05-21"},{"$f":"IF(INDEX(generale!$A$16:$G$4963,MATCH(NGG!$A4880,generale!$A$16:$A$4963,0),COLUMN())=0,0,INDEX(generale!$A$16:$G$4963,MATCH(NGG!$A4880,generale!$A$16:$A$4963,0),COLUMN()))","v":0},{"$f":"IF(INDEX(generale!$A$16:$G$4963,MATCH(NGG!$A4880,generale!$A$16:$A$4963,0),COLUMN())=0,0,INDEX(generale!$A$16:$G$4963,MATCH(NGG!$A4880,generale!$A$16:$A$4963,0),COLUMN()))","v":0},{"$f":"IF(INDEX(generale!$A$16:$G$4963,MATCH(NGG!$A4880,generale!$A$16:$A$4963,0),COLUMN())=0,0,INDEX(generale!$A$16:$G$4963,MATCH(NGG!$A4880,generale!$A$16:$A$4963,0),COLUMN()))","v":0},{"$f":"IF(INDEX(generale!$A$16:$G$4963,MATCH(NGG!$A4880,generale!$A$16:$A$4963,0),COLUMN())=0,0,INDEX(generale!$A$16:$G$4963,MATCH(NGG!$A4880,generale!$A$16:$A$4963,0),COLUMN()))","v":0},{"$f":"IF(INDEX(generale!$A$16:$G$4963,MATCH(NGG!$A4880,generale!$A$16:$A$4963,0),COLUMN())=0,0,INDEX(generale!$A$16:$G$4963,MATCH(NGG!$A4880,generale!$A$16:$A$4963,0),COLUMN()))","v":0},{"$f":"generale!G4891","v":0},"","","","","","","","","","","","","","","","","","","",""]
[{"$f":"IF(generale!$A4892>0,generale!$A4892,\"\")","v":"2018-05-22"},{"$f":"IF(INDEX(generale!$A$16:$G$4963,MATCH(NGG!$A4881,generale!$A$16:$A$4963,0),COLUMN())=0,0,INDEX(generale!$A$16:$G$4963,MATCH(NGG!$A4881,generale!$A$16:$A$4963,0),COLUMN()))","v":0},{"$f":"IF(INDEX(generale!$A$16:$G$4963,MATCH(NGG!$A4881,generale!$A$16:$A$4963,0),COLUMN())=0,0,INDEX(generale!$A$16:$G$4963,MATCH(NGG!$A4881,generale!$A$16:$A$4963,0),COLUMN()))","v":0},{"$f":"IF(INDEX(generale!$A$16:$G$4963,MATCH(NGG!$A4881,generale!$A$16:$A$4963,0),COLUMN())=0,0,INDEX(generale!$A$16:$G$4963,MATCH(NGG!$A4881,generale!$A$16:$A$4963,0),COLUMN()))","v":0},{"$f":"IF(INDEX(generale!$A$16:$G$4963,MATCH(NGG!$A4881,generale!$A$16:$A$4963,0),COLUMN())=0,0,INDEX(generale!$A$16:$G$4963,MATCH(NGG!$A4881,generale!$A$16:$A$4963,0),COLUMN()))","v":0},{"$f":"IF(INDEX(generale!$A$16:$G$4963,MATCH(NGG!$A4881,generale!$A$16:$A$4963,0),COLUMN())=0,0,INDEX(generale!$A$16:$G$4963,MATCH(NGG!$A4881,generale!$A$16:$A$4963,0),COLUMN()))","v":0},{"$f":"generale!G4892","v":0},"","","","","","","","","","","","","","","","","","","",""]
[{"$f":"IF(generale!$A4893>0,generale!$A4893,\"\")","v":"2018-05-23"},{"$f":"IF(INDEX(generale!$A$16:$G$4963,MATCH(NGG!$A4882,generale!$A$16:$A$4963,0),COLUMN())=0,0,INDEX(generale!$A$16:$G$4963,MATCH(NGG!$A4882,generale!$A$16:$A$4963,0),COLUMN()))","v":0},{"$f":"IF(INDEX(generale!$A$16:$G$4963,MATCH(NGG!$A4882,generale!$A$16:$A$4963,0),COLUMN())=0,0,INDEX(generale!$A$16:$G$4963,MATCH(NGG!$A4882,generale!$A$16:$A$4963,0),COLUMN()))","v":0},{"$f":"IF(INDEX(generale!$A$16:$G$4963,MATCH(NGG!$A4882,generale!$A$16:$A$4963,0),COLUMN())=0,0,INDEX(generale!$A$16:$G$4963,MATCH(NGG!$A4882,generale!$A$16:$A$4963,0),COLUMN()))","v":0},{"$f":"IF(INDEX(generale!$A$16:$G$4963,MATCH(NGG!$A4882,generale!$A$16:$A$4963,0),COLUMN())=0,0,INDEX(generale!$A$16:$G$4963,MATCH(NGG!$A4882,generale!$A$16:$A$4963,0),COLUMN()))","v":0},{"$f":"IF(INDEX(generale!$A$16:$G$4963,MATCH(NGG!$A4882,generale!$A$16:$A$4963,0),COLUMN())=0,0,INDEX(generale!$A$16:$G$4963,MATCH(NGG!$A4882,generale!$A$16:$A$4963,0),COLUMN()))","v":0},{"$f":"generale!G4893","v":0},"","","","","","","","","","","","","","","","","","","",""]
[{"$f":"IF(generale!$A4894>0,generale!$A4894,\"\")","v":"2018-05-24"},{"$f":"IF(INDEX(generale!$A$16:$G$4963,MATCH(NGG!$A4883,generale!$A$16:$A$4963,0),COLUMN())=0,0,INDEX(generale!$A$16:$G$4963,MATCH(NGG!$A4883,generale!$A$16:$A$4963,0),COLUMN()))","v":0},{"$f":"IF(INDEX(generale!$A$16:$G$4963,MATCH(NGG!$A4883,generale!$A$16:$A$4963,0),COLUMN())=0,0,INDEX(generale!$A$16:$G$4963,MATCH(NGG!$A4883,generale!$A$16:$A$4963,0),COLUMN()))","v":0},{"$f":"IF(INDEX(generale!$A$16:$G$4963,MATCH(NGG!$A4883,generale!$A$16:$A$4963,0),COLUMN())=0,0,INDEX(generale!$A$16:$G$4963,MATCH(NGG!$A4883,generale!$A$16:$A$4963,0),COLUMN()))","v":0},{"$f":"IF(INDEX(generale!$A$16:$G$4963,MATCH(NGG!$A4883,generale!$A$16:$A$4963,0),COLUMN())=0,0,INDEX(generale!$A$16:$G$4963,MATCH(NGG!$A4883,generale!$A$16:$A$4963,0),COLUMN()))","v":0},{"$f":"IF(INDEX(generale!$A$16:$G$4963,MATCH(NGG!$A4883,generale!$A$16:$A$4963,0),COLUMN())=0,0,INDEX(generale!$A$16:$G$4963,MATCH(NGG!$A4883,generale!$A$16:$A$4963,0),COLUMN()))","v":0},{"$f":"generale!G4894","v":0},"","","","","","","","","","","","","","","","","","","",""]
[{"$f":"IF(generale!$A4895>0,generale!$A4895,\"\")","v":"2018-05-25"},{"$f":"IF(INDEX(generale!$A$16:$G$4963,MATCH(NGG!$A4884,generale!$A$16:$A$4963,0),COLUMN())=0,0,INDEX(generale!$A$16:$G$4963,MATCH(NGG!$A4884,generale!$A$16:$A$4963,0),COLUMN()))","v":0},{"$f":"IF(INDEX(generale!$A$16:$G$4963,MATCH(NGG!$A4884,generale!$A$16:$A$4963,0),COLUMN())=0,0,INDEX(generale!$A$16:$G$4963,MATCH(NGG!$A4884,generale!$A$16:$A$4963,0),COLUMN()))","v":0},{"$f":"IF(INDEX(generale!$A$16:$G$4963,MATCH(NGG!$A4884,generale!$A$16:$A$4963,0),COLUMN())=0,0,INDEX(generale!$A$16:$G$4963,MATCH(NGG!$A4884,generale!$A$16:$A$4963,0),COLUMN()))","v":0},{"$f":"IF(INDEX(generale!$A$16:$G$4963,MATCH(NGG!$A4884,generale!$A$16:$A$4963,0),COLUMN())=0,0,INDEX(generale!$A$16:$G$4963,MATCH(NGG!$A4884,generale!$A$16:$A$4963,0),COLUMN()))","v":0},{"$f":"IF(INDEX(generale!$A$16:$G$4963,MATCH(NGG!$A4884,generale!$A$16:$A$4963,0),COLUMN())=0,0,INDEX(generale!$A$16:$G$4963,MATCH(NGG!$A4884,generale!$A$16:$A$4963,0),COLUMN()))","v":0},{"$f":"generale!G4895","v":0},"","","","","","","","","","","","","","","","","","","",""]
[{"$f":"IF(generale!$A4896>0,generale!$A4896,\"\")","v":"2018-05-26"},{"$f":"IF(INDEX(generale!$A$16:$G$4963,MATCH(NGG!$A4885,generale!$A$16:$A$4963,0),COLUMN())=0,0,INDEX(generale!$A$16:$G$4963,MATCH(NGG!$A4885,generale!$A$16:$A$4963,0),COLUMN()))","v":0},{"$f":"IF(INDEX(generale!$A$16:$G$4963,MATCH(NGG!$A4885,generale!$A$16:$A$4963,0),COLUMN())=0,0,INDEX(generale!$A$16:$G$4963,MATCH(NGG!$A4885,generale!$A$16:$A$4963,0),COLUMN()))","v":0},{"$f":"IF(INDEX(generale!$A$16:$G$4963,MATCH(NGG!$A4885,generale!$A$16:$A$4963,0),COLUMN())=0,0,INDEX(generale!$A$16:$G$4963,MATCH(NGG!$A4885,generale!$A$16:$A$4963,0),COLUMN()))","v":0},{"$f":"IF(INDEX(generale!$A$16:$G$4963,MATCH(NGG!$A4885,generale!$A$16:$A$4963,0),COLUMN())=0,0,INDEX(generale!$A$16:$G$4963,MATCH(NGG!$A4885,generale!$A$16:$A$4963,0),COLUMN()))","v":0},{"$f":"IF(INDEX(generale!$A$16:$G$4963,MATCH(NGG!$A4885,generale!$A$16:$A$4963,0),COLUMN())=0,0,INDEX(generale!$A$16:$G$4963,MATCH(NGG!$A4885,generale!$A$16:$A$4963,0),COLUMN()))","v":0},{"$f":"generale!G4896","v":0},"","","","","","","","","","","","","","","","","","","",""]
[{"$f":"IF(generale!$A4897>0,generale!$A4897,\"\")","v":"2018-05-27"},{"$f":"IF(INDEX(generale!$A$16:$G$4963,MATCH(NGG!$A4886,generale!$A$16:$A$4963,0),COLUMN())=0,0,INDEX(generale!$A$16:$G$4963,MATCH(NGG!$A4886,generale!$A$16:$A$4963,0),COLUMN()))","v":0},{"$f":"IF(INDEX(generale!$A$16:$G$4963,MATCH(NGG!$A4886,generale!$A$16:$A$4963,0),COLUMN())=0,0,INDEX(generale!$A$16:$G$4963,MATCH(NGG!$A4886,generale!$A$16:$A$4963,0),COLUMN()))","v":0},{"$f":"IF(INDEX(generale!$A$16:$G$4963,MATCH(NGG!$A4886,generale!$A$16:$A$4963,0),COLUMN())=0,0,INDEX(generale!$A$16:$G$4963,MATCH(NGG!$A4886,generale!$A$16:$A$4963,0),COLUMN()))","v":0},{"$f":"IF(INDEX(generale!$A$16:$G$4963,MATCH(NGG!$A4886,generale!$A$16:$A$4963,0),COLUMN())=0,0,INDEX(generale!$A$16:$G$4963,MATCH(NGG!$A4886,generale!$A$16:$A$4963,0),COLUMN()))","v":0},{"$f":"IF(INDEX(generale!$A$16:$G$4963,MATCH(NGG!$A4886,generale!$A$16:$A$4963,0),COLUMN())=0,0,INDEX(generale!$A$16:$G$4963,MATCH(NGG!$A4886,generale!$A$16:$A$4963,0),COLUMN()))","v":0},{"$f":"generale!G4897","v":0},"","","","","","","","","","","","","","","","","","","",""]
[{"$f":"IF(generale!$A4898>0,generale!$A4898,\"\")","v":"2018-05-28"},{"$f":"IF(INDEX(generale!$A$16:$G$4963,MATCH(NGG!$A4887,generale!$A$16:$A$4963,0),COLUMN())=0,0,INDEX(generale!$A$16:$G$4963,MATCH(NGG!$A4887,generale!$A$16:$A$4963,0),COLUMN()))","v":0},{"$f":"IF(INDEX(generale!$A$16:$G$4963,MATCH(NGG!$A4887,generale!$A$16:$A$4963,0),COLUMN())=0,0,INDEX(generale!$A$16:$G$4963,MATCH(NGG!$A4887,generale!$A$16:$A$4963,0),COLUMN()))","v":0},{"$f":"IF(INDEX(generale!$A$16:$G$4963,MATCH(NGG!$A4887,generale!$A$16:$A$4963,0),COLUMN())=0,0,INDEX(generale!$A$16:$G$4963,MATCH(NGG!$A4887,generale!$A$16:$A$4963,0),COLUMN()))","v":0},{"$f":"IF(INDEX(generale!$A$16:$G$4963,MATCH(NGG!$A4887,generale!$A$16:$A$4963,0),COLUMN())=0,0,INDEX(generale!$A$16:$G$4963,MATCH(NGG!$A4887,generale!$A$16:$A$4963,0),COLUMN()))","v":0},{"$f":"IF(INDEX(generale!$A$16:$G$4963,MATCH(NGG!$A4887,generale!$A$16:$A$4963,0),COLUMN())=0,0,INDEX(generale!$A$16:$G$4963,MATCH(NGG!$A4887,generale!$A$16:$A$4963,0),COLUMN()))","v":0},{"$f":"generale!G4898","v":0},"","","","","","","","","","","","","","","","","","","",""]
[{"$f":"IF(generale!$A4899>0,generale!$A4899,\"\")","v":"2018-05-29"},{"$f":"IF(INDEX(generale!$A$16:$G$4963,MATCH(NGG!$A4888,generale!$A$16:$A$4963,0),COLUMN())=0,0,INDEX(generale!$A$16:$G$4963,MATCH(NGG!$A4888,generale!$A$16:$A$4963,0),COLUMN()))","v":0},{"$f":"IF(INDEX(generale!$A$16:$G$4963,MATCH(NGG!$A4888,generale!$A$16:$A$4963,0),COLUMN())=0,0,INDEX(generale!$A$16:$G$4963,MATCH(NGG!$A4888,generale!$A$16:$A$4963,0),COLUMN()))","v":0},{"$f":"IF(INDEX(generale!$A$16:$G$4963,MATCH(NGG!$A4888,generale!$A$16:$A$4963,0),COLUMN())=0,0,INDEX(generale!$A$16:$G$4963,MATCH(NGG!$A4888,generale!$A$16:$A$4963,0),COLUMN()))","v":0},{"$f":"IF(INDEX(generale!$A$16:$G$4963,MATCH(NGG!$A4888,generale!$A$16:$A$4963,0),COLUMN())=0,0,INDEX(generale!$A$16:$G$4963,MATCH(NGG!$A4888,generale!$A$16:$A$4963,0),COLUMN()))","v":0},{"$f":"IF(INDEX(generale!$A$16:$G$4963,MATCH(NGG!$A4888,generale!$A$16:$A$4963,0),COLUMN())=0,0,INDEX(generale!$A$16:$G$4963,MATCH(NGG!$A4888,generale!$A$16:$A$4963,0),COLUMN()))","v":0},{"$f":"generale!G4899","v":0},"","","","","","","","","","","","","","","","","","","",""]
[{"$f":"IF(generale!$A4900>0,generale!$A4900,\"\")","v":"2018-05-30"},{"$f":"IF(INDEX(generale!$A$16:$G$4963,MATCH(NGG!$A4889,generale!$A$16:$A$4963,0),COLUMN())=0,0,INDEX(generale!$A$16:$G$4963,MATCH(NGG!$A4889,generale!$A$16:$A$4963,0),COLUMN()))","v":0},{"$f":"IF(INDEX(generale!$A$16:$G$4963,MATCH(NGG!$A4889,generale!$A$16:$A$4963,0),COLUMN())=0,0,INDEX(generale!$A$16:$G$4963,MATCH(NGG!$A4889,generale!$A$16:$A$4963,0),COLUMN()))","v":0},{"$f":"IF(INDEX(generale!$A$16:$G$4963,MATCH(NGG!$A4889,generale!$A$16:$A$4963,0),COLUMN())=0,0,INDEX(generale!$A$16:$G$4963,MATCH(NGG!$A4889,generale!$A$16:$A$4963,0),COLUMN()))","v":0},{"$f":"IF(INDEX(generale!$A$16:$G$4963,MATCH(NGG!$A4889,generale!$A$16:$A$4963,0),COLUMN())=0,0,INDEX(generale!$A$16:$G$4963,MATCH(NGG!$A4889,generale!$A$16:$A$4963,0),COLUMN()))","v":0},{"$f":"IF(INDEX(generale!$A$16:$G$4963,MATCH(NGG!$A4889,generale!$A$16:$A$4963,0),COLUMN())=0,0,INDEX(generale!$A$16:$G$4963,MATCH(NGG!$A4889,generale!$A$16:$A$4963,0),COLUMN()))","v":0},{"$f":"generale!G4900","v":0},"","","","","","","","","","","","","","","","","","","",""]
[{"$f":"IF(generale!$A4901>0,generale!$A4901,\"\")","v":"2018-05-31"},{"$f":"IF(INDEX(generale!$A$16:$G$4963,MATCH(NGG!$A4890,generale!$A$16:$A$4963,0),COLUMN())=0,0,INDEX(generale!$A$16:$G$4963,MATCH(NGG!$A4890,generale!$A$16:$A$4963,0),COLUMN()))","v":0},{"$f":"IF(INDEX(generale!$A$16:$G$4963,MATCH(NGG!$A4890,generale!$A$16:$A$4963,0),COLUMN())=0,0,INDEX(generale!$A$16:$G$4963,MATCH(NGG!$A4890,generale!$A$16:$A$4963,0),COLUMN()))","v":0},{"$f":"IF(INDEX(generale!$A$16:$G$4963,MATCH(NGG!$A4890,generale!$A$16:$A$4963,0),COLUMN())=0,0,INDEX(generale!$A$16:$G$4963,MATCH(NGG!$A4890,generale!$A$16:$A$4963,0),COLUMN()))","v":0},{"$f":"IF(INDEX(generale!$A$16:$G$4963,MATCH(NGG!$A4890,generale!$A$16:$A$4963,0),COLUMN())=0,0,INDEX(generale!$A$16:$G$4963,MATCH(NGG!$A4890,generale!$A$16:$A$4963,0),COLUMN()))","v":0},{"$f":"IF(INDEX(generale!$A$16:$G$4963,MATCH(NGG!$A4890,generale!$A$16:$A$4963,0),COLUMN())=0,0,INDEX(generale!$A$16:$G$4963,MATCH(NGG!$A4890,generale!$A$16:$A$4963,0),COLUMN()))","v":0},{"$f":"generale!G4901","v":0},"","","","","","","","","","","","","","","","","","","",""]
[{"$f":"IF(generale!$A4902>0,generale!$A4902,\"\")","v":"2018-06-01"},{"$f":"IF(INDEX(generale!$A$16:$G$4963,MATCH(NGG!$A4891,generale!$A$16:$A$4963,0),COLUMN())=0,0,INDEX(generale!$A$16:$G$4963,MATCH(NGG!$A4891,generale!$A$16:$A$4963,0),COLUMN()))","v":0},{"$f":"IF(INDEX(generale!$A$16:$G$4963,MATCH(NGG!$A4891,generale!$A$16:$A$4963,0),COLUMN())=0,0,INDEX(generale!$A$16:$G$4963,MATCH(NGG!$A4891,generale!$A$16:$A$4963,0),COLUMN()))","v":0},{"$f":"IF(INDEX(generale!$A$16:$G$4963,MATCH(NGG!$A4891,generale!$A$16:$A$4963,0),COLUMN())=0,0,INDEX(generale!$A$16:$G$4963,MATCH(NGG!$A4891,generale!$A$16:$A$4963,0),COLUMN()))","v":0},{"$f":"IF(INDEX(generale!$A$16:$G$4963,MATCH(NGG!$A4891,generale!$A$16:$A$4963,0),COLUMN())=0,0,INDEX(generale!$A$16:$G$4963,MATCH(NGG!$A4891,generale!$A$16:$A$4963,0),COLUMN()))","v":0},{"$f":"IF(INDEX(generale!$A$16:$G$4963,MATCH(NGG!$A4891,generale!$A$16:$A$4963,0),COLUMN())=0,0,INDEX(generale!$A$16:$G$4963,MATCH(NGG!$A4891,generale!$A$16:$A$4963,0),COLUMN()))","v":0},{"$f":"generale!G4902","v":0},"","","","","","","","","","","","","","","","","","","",""]
[{"$f":"IF(generale!$A4903>0,generale!$A4903,\"\")","v":"2018-06-02"},{"$f":"IF(INDEX(generale!$A$16:$G$4963,MATCH(NGG!$A4892,generale!$A$16:$A$4963,0),COLUMN())=0,0,INDEX(generale!$A$16:$G$4963,MATCH(NGG!$A4892,generale!$A$16:$A$4963,0),COLUMN()))","v":0},{"$f":"IF(INDEX(generale!$A$16:$G$4963,MATCH(NGG!$A4892,generale!$A$16:$A$4963,0),COLUMN())=0,0,INDEX(generale!$A$16:$G$4963,MATCH(NGG!$A4892,generale!$A$16:$A$4963,0),COLUMN()))","v":0},{"$f":"IF(INDEX(generale!$A$16:$G$4963,MATCH(NGG!$A4892,generale!$A$16:$A$4963,0),COLUMN())=0,0,INDEX(generale!$A$16:$G$4963,MATCH(NGG!$A4892,generale!$A$16:$A$4963,0),COLUMN()))","v":0},{"$f":"IF(INDEX(generale!$A$16:$G$4963,MATCH(NGG!$A4892,generale!$A$16:$A$4963,0),COLUMN())=0,0,INDEX(generale!$A$16:$G$4963,MATCH(NGG!$A4892,generale!$A$16:$A$4963,0),COLUMN()))","v":0},{"$f":"IF(INDEX(generale!$A$16:$G$4963,MATCH(NGG!$A4892,generale!$A$16:$A$4963,0),COLUMN())=0,0,INDEX(generale!$A$16:$G$4963,MATCH(NGG!$A4892,generale!$A$16:$A$4963,0),COLUMN()))","v":0},{"$f":"generale!G4903","v":0},"","","","","","","","","","","","","","","","","","","",""]
[{"$f":"IF(generale!$A4904>0,generale!$A4904,\"\")","v":"2018-06-03"},{"$f":"IF(INDEX(generale!$A$16:$G$4963,MATCH(NGG!$A4893,generale!$A$16:$A$4963,0),COLUMN())=0,0,INDEX(generale!$A$16:$G$4963,MATCH(NGG!$A4893,generale!$A$16:$A$4963,0),COLUMN()))","v":0},{"$f":"IF(INDEX(generale!$A$16:$G$4963,MATCH(NGG!$A4893,generale!$A$16:$A$4963,0),COLUMN())=0,0,INDEX(generale!$A$16:$G$4963,MATCH(NGG!$A4893,generale!$A$16:$A$4963,0),COLUMN()))","v":0},{"$f":"IF(INDEX(generale!$A$16:$G$4963,MATCH(NGG!$A4893,generale!$A$16:$A$4963,0),COLUMN())=0,0,INDEX(generale!$A$16:$G$4963,MATCH(NGG!$A4893,generale!$A$16:$A$4963,0),COLUMN()))","v":0},{"$f":"IF(INDEX(generale!$A$16:$G$4963,MATCH(NGG!$A4893,generale!$A$16:$A$4963,0),COLUMN())=0,0,INDEX(generale!$A$16:$G$4963,MATCH(NGG!$A4893,generale!$A$16:$A$4963,0),COLUMN()))","v":0},{"$f":"IF(INDEX(generale!$A$16:$G$4963,MATCH(NGG!$A4893,generale!$A$16:$A$4963,0),COLUMN())=0,0,INDEX(generale!$A$16:$G$4963,MATCH(NGG!$A4893,generale!$A$16:$A$4963,0),COLUMN()))","v":0},{"$f":"generale!G4904","v":0},"","","","","","","","","","","","","","","","","","","",""]
[{"$f":"IF(generale!$A4905>0,generale!$A4905,\"\")","v":"2018-06-04"},{"$f":"IF(INDEX(generale!$A$16:$G$4963,MATCH(NGG!$A4894,generale!$A$16:$A$4963,0),COLUMN())=0,0,INDEX(generale!$A$16:$G$4963,MATCH(NGG!$A4894,generale!$A$16:$A$4963,0),COLUMN()))","v":0},{"$f":"IF(INDEX(generale!$A$16:$G$4963,MATCH(NGG!$A4894,generale!$A$16:$A$4963,0),COLUMN())=0,0,INDEX(generale!$A$16:$G$4963,MATCH(NGG!$A4894,generale!$A$16:$A$4963,0),COLUMN()))","v":0},{"$f":"IF(INDEX(generale!$A$16:$G$4963,MATCH(NGG!$A4894,generale!$A$16:$A$4963,0),COLUMN())=0,0,INDEX(generale!$A$16:$G$4963,MATCH(NGG!$A4894,generale!$A$16:$A$4963,0),COLUMN()))","v":0},{"$f":"IF(INDEX(generale!$A$16:$G$4963,MATCH(NGG!$A4894,generale!$A$16:$A$4963,0),COLUMN())=0,0,INDEX(generale!$A$16:$G$4963,MATCH(NGG!$A4894,generale!$A$16:$A$4963,0),COLUMN()))","v":0},{"$f":"IF(INDEX(generale!$A$16:$G$4963,MATCH(NGG!$A4894,generale!$A$16:$A$4963,0),COLUMN())=0,0,INDEX(generale!$A$16:$G$4963,MATCH(NGG!$A4894,generale!$A$16:$A$4963,0),COLUMN()))","v":0},{"$f":"generale!G4905","v":0},"","","","","","","","","","","","","","","","","","","",""]
[{"$f":"IF(generale!$A4906>0,generale!$A4906,\"\")","v":"2018-06-05"},{"$f":"IF(INDEX(generale!$A$16:$G$4963,MATCH(NGG!$A4895,generale!$A$16:$A$4963,0),COLUMN())=0,0,INDEX(generale!$A$16:$G$4963,MATCH(NGG!$A4895,generale!$A$16:$A$4963,0),COLUMN()))","v":0},{"$f":"IF(INDEX(generale!$A$16:$G$4963,MATCH(NGG!$A4895,generale!$A$16:$A$4963,0),COLUMN())=0,0,INDEX(generale!$A$16:$G$4963,MATCH(NGG!$A4895,generale!$A$16:$A$4963,0),COLUMN()))","v":0},{"$f":"IF(INDEX(generale!$A$16:$G$4963,MATCH(NGG!$A4895,generale!$A$16:$A$4963,0),COLUMN())=0,0,INDEX(generale!$A$16:$G$4963,MATCH(NGG!$A4895,generale!$A$16:$A$4963,0),COLUMN()))","v":0},{"$f":"IF(INDEX(generale!$A$16:$G$4963,MATCH(NGG!$A4895,generale!$A$16:$A$4963,0),COLUMN())=0,0,INDEX(generale!$A$16:$G$4963,MATCH(NGG!$A4895,generale!$A$16:$A$4963,0),COLUMN()))","v":0},{"$f":"IF(INDEX(generale!$A$16:$G$4963,MATCH(NGG!$A4895,generale!$A$16:$A$4963,0),COLUMN())=0,0,INDEX(generale!$A$16:$G$4963,MATCH(NGG!$A4895,generale!$A$16:$A$4963,0),COLUMN()))","v":0},{"$f":"generale!G4906","v":0},"","","","","","","","","","","","","","","","","","","",""]
[{"$f":"IF(generale!$A4907>0,generale!$A4907,\"\")","v":"2018-06-06"},{"$f":"IF(INDEX(generale!$A$16:$G$4963,MATCH(NGG!$A4896,generale!$A$16:$A$4963,0),COLUMN())=0,0,INDEX(generale!$A$16:$G$4963,MATCH(NGG!$A4896,generale!$A$16:$A$4963,0),COLUMN()))","v":0},{"$f":"IF(INDEX(generale!$A$16:$G$4963,MATCH(NGG!$A4896,generale!$A$16:$A$4963,0),COLUMN())=0,0,INDEX(generale!$A$16:$G$4963,MATCH(NGG!$A4896,generale!$A$16:$A$4963,0),COLUMN()))","v":0},{"$f":"IF(INDEX(generale!$A$16:$G$4963,MATCH(NGG!$A4896,generale!$A$16:$A$4963,0),COLUMN())=0,0,INDEX(generale!$A$16:$G$4963,MATCH(NGG!$A4896,generale!$A$16:$A$4963,0),COLUMN()))","v":0},{"$f":"IF(INDEX(generale!$A$16:$G$4963,MATCH(NGG!$A4896,generale!$A$16:$A$4963,0),COLUMN())=0,0,INDEX(generale!$A$16:$G$4963,MATCH(NGG!$A4896,generale!$A$16:$A$4963,0),COLUMN()))","v":0},{"$f":"IF(INDEX(generale!$A$16:$G$4963,MATCH(NGG!$A4896,generale!$A$16:$A$4963,0),COLUMN())=0,0,INDEX(generale!$A$16:$G$4963,MATCH(NGG!$A4896,generale!$A$16:$A$4963,0),COLUMN()))","v":0},{"$f":"generale!G4907","v":0},"","","","","","","","","","","","","","","","","","","",""]
[{"$f":"IF(generale!$A4908>0,generale!$A4908,\"\")","v":"2018-06-07"},{"$f":"IF(INDEX(generale!$A$16:$G$4963,MATCH(NGG!$A4897,generale!$A$16:$A$4963,0),COLUMN())=0,0,INDEX(generale!$A$16:$G$4963,MATCH(NGG!$A4897,generale!$A$16:$A$4963,0),COLUMN()))","v":0},{"$f":"IF(INDEX(generale!$A$16:$G$4963,MATCH(NGG!$A4897,generale!$A$16:$A$4963,0),COLUMN())=0,0,INDEX(generale!$A$16:$G$4963,MATCH(NGG!$A4897,generale!$A$16:$A$4963,0),COLUMN()))","v":0},{"$f":"IF(INDEX(generale!$A$16:$G$4963,MATCH(NGG!$A4897,generale!$A$16:$A$4963,0),COLUMN())=0,0,INDEX(generale!$A$16:$G$4963,MATCH(NGG!$A4897,generale!$A$16:$A$4963,0),COLUMN()))","v":0},{"$f":"IF(INDEX(generale!$A$16:$G$4963,MATCH(NGG!$A4897,generale!$A$16:$A$4963,0),COLUMN())=0,0,INDEX(generale!$A$16:$G$4963,MATCH(NGG!$A4897,generale!$A$16:$A$4963,0),COLUMN()))","v":0},{"$f":"IF(INDEX(generale!$A$16:$G$4963,MATCH(NGG!$A4897,generale!$A$16:$A$4963,0),COLUMN())=0,0,INDEX(generale!$A$16:$G$4963,MATCH(NGG!$A4897,generale!$A$16:$A$4963,0),COLUMN()))","v":0},{"$f":"generale!G4908","v":0},"","","","","","","","","","","","","","","","","","","",""]
[{"$f":"IF(generale!$A4909>0,generale!$A4909,\"\")","v":"2018-06-08"},{"$f":"IF(INDEX(generale!$A$16:$G$4963,MATCH(NGG!$A4898,generale!$A$16:$A$4963,0),COLUMN())=0,0,INDEX(generale!$A$16:$G$4963,MATCH(NGG!$A4898,generale!$A$16:$A$4963,0),COLUMN()))","v":0},{"$f":"IF(INDEX(generale!$A$16:$G$4963,MATCH(NGG!$A4898,generale!$A$16:$A$4963,0),COLUMN())=0,0,INDEX(generale!$A$16:$G$4963,MATCH(NGG!$A4898,generale!$A$16:$A$4963,0),COLUMN()))","v":0},{"$f":"IF(INDEX(generale!$A$16:$G$4963,MATCH(NGG!$A4898,generale!$A$16:$A$4963,0),COLUMN())=0,0,INDEX(generale!$A$16:$G$4963,MATCH(NGG!$A4898,generale!$A$16:$A$4963,0),COLUMN()))","v":0},{"$f":"IF(INDEX(generale!$A$16:$G$4963,MATCH(NGG!$A4898,generale!$A$16:$A$4963,0),COLUMN())=0,0,INDEX(generale!$A$16:$G$4963,MATCH(NGG!$A4898,generale!$A$16:$A$4963,0),COLUMN()))","v":0},{"$f":"IF(INDEX(generale!$A$16:$G$4963,MATCH(NGG!$A4898,generale!$A$16:$A$4963,0),COLUMN())=0,0,INDEX(generale!$A$16:$G$4963,MATCH(NGG!$A4898,generale!$A$16:$A$4963,0),COLUMN()))","v":0},{"$f":"generale!G4909","v":0},"","","","","","","","","","","","","","","","","","","",""]
[{"$f":"IF(generale!$A4910>0,generale!$A4910,\"\")","v":"2018-06-09"},{"$f":"IF(INDEX(generale!$A$16:$G$4963,MATCH(NGG!$A4899,generale!$A$16:$A$4963,0),COLUMN())=0,0,INDEX(generale!$A$16:$G$4963,MATCH(NGG!$A4899,generale!$A$16:$A$4963,0),COLUMN()))","v":0},{"$f":"IF(INDEX(generale!$A$16:$G$4963,MATCH(NGG!$A4899,generale!$A$16:$A$4963,0),COLUMN())=0,0,INDEX(generale!$A$16:$G$4963,MATCH(NGG!$A4899,generale!$A$16:$A$4963,0),COLUMN()))","v":0},{"$f":"IF(INDEX(generale!$A$16:$G$4963,MATCH(NGG!$A4899,generale!$A$16:$A$4963,0),COLUMN())=0,0,INDEX(generale!$A$16:$G$4963,MATCH(NGG!$A4899,generale!$A$16:$A$4963,0),COLUMN()))","v":0},{"$f":"IF(INDEX(generale!$A$16:$G$4963,MATCH(NGG!$A4899,generale!$A$16:$A$4963,0),COLUMN())=0,0,INDEX(generale!$A$16:$G$4963,MATCH(NGG!$A4899,generale!$A$16:$A$4963,0),COLUMN()))","v":0},{"$f":"IF(INDEX(generale!$A$16:$G$4963,MATCH(NGG!$A4899,generale!$A$16:$A$4963,0),COLUMN())=0,0,INDEX(generale!$A$16:$G$4963,MATCH(NGG!$A4899,generale!$A$16:$A$4963,0),COLUMN()))","v":0},{"$f":"generale!G4910","v":0},"","","","","","","","","","","","","","","","","","","",""]
[{"$f":"IF(generale!$A4911>0,generale!$A4911,\"\")","v":"2018-06-10"},{"$f":"IF(INDEX(generale!$A$16:$G$4963,MATCH(NGG!$A4900,generale!$A$16:$A$4963,0),COLUMN())=0,0,INDEX(generale!$A$16:$G$4963,MATCH(NGG!$A4900,generale!$A$16:$A$4963,0),COLUMN()))","v":0},{"$f":"IF(INDEX(generale!$A$16:$G$4963,MATCH(NGG!$A4900,generale!$A$16:$A$4963,0),COLUMN())=0,0,INDEX(generale!$A$16:$G$4963,MATCH(NGG!$A4900,generale!$A$16:$A$4963,0),COLUMN()))","v":0},{"$f":"IF(INDEX(generale!$A$16:$G$4963,MATCH(NGG!$A4900,generale!$A$16:$A$4963,0),COLUMN())=0,0,INDEX(generale!$A$16:$G$4963,MATCH(NGG!$A4900,generale!$A$16:$A$4963,0),COLUMN()))","v":0},{"$f":"IF(INDEX(generale!$A$16:$G$4963,MATCH(NGG!$A4900,generale!$A$16:$A$4963,0),COLUMN())=0,0,INDEX(generale!$A$16:$G$4963,MATCH(NGG!$A4900,generale!$A$16:$A$4963,0),COLUMN()))","v":0},{"$f":"IF(INDEX(generale!$A$16:$G$4963,MATCH(NGG!$A4900,generale!$A$16:$A$4963,0),COLUMN())=0,0,INDEX(generale!$A$16:$G$4963,MATCH(NGG!$A4900,generale!$A$16:$A$4963,0),COLUMN()))","v":0},{"$f":"generale!G4911","v":0},"","","","","","","","","","","","","","","","","","","",""]
[{"$f":"IF(generale!$A4912>0,generale!$A4912,\"\")","v":"2018-06-11"},{"$f":"IF(INDEX(generale!$A$16:$G$4963,MATCH(NGG!$A4901,generale!$A$16:$A$4963,0),COLUMN())=0,0,INDEX(generale!$A$16:$G$4963,MATCH(NGG!$A4901,generale!$A$16:$A$4963,0),COLUMN()))","v":0},{"$f":"IF(INDEX(generale!$A$16:$G$4963,MATCH(NGG!$A4901,generale!$A$16:$A$4963,0),COLUMN())=0,0,INDEX(generale!$A$16:$G$4963,MATCH(NGG!$A4901,generale!$A$16:$A$4963,0),COLUMN()))","v":0},{"$f":"IF(INDEX(generale!$A$16:$G$4963,MATCH(NGG!$A4901,generale!$A$16:$A$4963,0),COLUMN())=0,0,INDEX(generale!$A$16:$G$4963,MATCH(NGG!$A4901,generale!$A$16:$A$4963,0),COLUMN()))","v":0},{"$f":"IF(INDEX(generale!$A$16:$G$4963,MATCH(NGG!$A4901,generale!$A$16:$A$4963,0),COLUMN())=0,0,INDEX(generale!$A$16:$G$4963,MATCH(NGG!$A4901,generale!$A$16:$A$4963,0),COLUMN()))","v":0},{"$f":"IF(INDEX(generale!$A$16:$G$4963,MATCH(NGG!$A4901,generale!$A$16:$A$4963,0),COLUMN())=0,0,INDEX(generale!$A$16:$G$4963,MATCH(NGG!$A4901,generale!$A$16:$A$4963,0),COLUMN()))","v":0},{"$f":"generale!G4912","v":0},"","","","","","","","","","","","","","","","","","","",""]
[{"$f":"IF(generale!$A4913>0,generale!$A4913,\"\")","v":"2018-06-12"},{"$f":"IF(INDEX(generale!$A$16:$G$4963,MATCH(NGG!$A4902,generale!$A$16:$A$4963,0),COLUMN())=0,0,INDEX(generale!$A$16:$G$4963,MATCH(NGG!$A4902,generale!$A$16:$A$4963,0),COLUMN()))","v":0},{"$f":"IF(INDEX(generale!$A$16:$G$4963,MATCH(NGG!$A4902,generale!$A$16:$A$4963,0),COLUMN())=0,0,INDEX(generale!$A$16:$G$4963,MATCH(NGG!$A4902,generale!$A$16:$A$4963,0),COLUMN()))","v":0},{"$f":"IF(INDEX(generale!$A$16:$G$4963,MATCH(NGG!$A4902,generale!$A$16:$A$4963,0),COLUMN())=0,0,INDEX(generale!$A$16:$G$4963,MATCH(NGG!$A4902,generale!$A$16:$A$4963,0),COLUMN()))","v":0},{"$f":"IF(INDEX(generale!$A$16:$G$4963,MATCH(NGG!$A4902,generale!$A$16:$A$4963,0),COLUMN())=0,0,INDEX(generale!$A$16:$G$4963,MATCH(NGG!$A4902,generale!$A$16:$A$4963,0),COLUMN()))","v":0},{"$f":"IF(INDEX(generale!$A$16:$G$4963,MATCH(NGG!$A4902,generale!$A$16:$A$4963,0),COLUMN())=0,0,INDEX(generale!$A$16:$G$4963,MATCH(NGG!$A4902,generale!$A$16:$A$4963,0),COLUMN()))","v":0},{"$f":"generale!G4913","v":0},"","","","","","","","","","","","","","","","","","","",""]
[{"$f":"IF(generale!$A4914>0,generale!$A4914,\"\")","v":"2018-06-13"},{"$f":"IF(INDEX(generale!$A$16:$G$4963,MATCH(NGG!$A4903,generale!$A$16:$A$4963,0),COLUMN())=0,0,INDEX(generale!$A$16:$G$4963,MATCH(NGG!$A4903,generale!$A$16:$A$4963,0),COLUMN()))","v":0},{"$f":"IF(INDEX(generale!$A$16:$G$4963,MATCH(NGG!$A4903,generale!$A$16:$A$4963,0),COLUMN())=0,0,INDEX(generale!$A$16:$G$4963,MATCH(NGG!$A4903,generale!$A$16:$A$4963,0),COLUMN()))","v":0},{"$f":"IF(INDEX(generale!$A$16:$G$4963,MATCH(NGG!$A4903,generale!$A$16:$A$4963,0),COLUMN())=0,0,INDEX(generale!$A$16:$G$4963,MATCH(NGG!$A4903,generale!$A$16:$A$4963,0),COLUMN()))","v":0},{"$f":"IF(INDEX(generale!$A$16:$G$4963,MATCH(NGG!$A4903,generale!$A$16:$A$4963,0),COLUMN())=0,0,INDEX(generale!$A$16:$G$4963,MATCH(NGG!$A4903,generale!$A$16:$A$4963,0),COLUMN()))","v":0},{"$f":"IF(INDEX(generale!$A$16:$G$4963,MATCH(NGG!$A4903,generale!$A$16:$A$4963,0),COLUMN())=0,0,INDEX(generale!$A$16:$G$4963,MATCH(NGG!$A4903,generale!$A$16:$A$4963,0),COLUMN()))","v":0},{"$f":"generale!G4914","v":0},"","","","","","","","","","","","","","","","","","","",""]
[{"$f":"IF(generale!$A4915>0,generale!$A4915,\"\")","v":"2018-06-14"},{"$f":"IF(INDEX(generale!$A$16:$G$4963,MATCH(NGG!$A4904,generale!$A$16:$A$4963,0),COLUMN())=0,0,INDEX(generale!$A$16:$G$4963,MATCH(NGG!$A4904,generale!$A$16:$A$4963,0),COLUMN()))","v":0},{"$f":"IF(INDEX(generale!$A$16:$G$4963,MATCH(NGG!$A4904,generale!$A$16:$A$4963,0),COLUMN())=0,0,INDEX(generale!$A$16:$G$4963,MATCH(NGG!$A4904,generale!$A$16:$A$4963,0),COLUMN()))","v":0},{"$f":"IF(INDEX(generale!$A$16:$G$4963,MATCH(NGG!$A4904,generale!$A$16:$A$4963,0),COLUMN())=0,0,INDEX(generale!$A$16:$G$4963,MATCH(NGG!$A4904,generale!$A$16:$A$4963,0),COLUMN()))","v":0},{"$f":"IF(INDEX(generale!$A$16:$G$4963,MATCH(NGG!$A4904,generale!$A$16:$A$4963,0),COLUMN())=0,0,INDEX(generale!$A$16:$G$4963,MATCH(NGG!$A4904,generale!$A$16:$A$4963,0),COLUMN()))","v":0},{"$f":"IF(INDEX(generale!$A$16:$G$4963,MATCH(NGG!$A4904,generale!$A$16:$A$4963,0),COLUMN())=0,0,INDEX(generale!$A$16:$G$4963,MATCH(NGG!$A4904,generale!$A$16:$A$4963,0),COLUMN()))","v":0},{"$f":"generale!G4915","v":0},"","","","","","","","","","","","","","","","","","","",""]
[{"$f":"IF(generale!$A4916>0,generale!$A4916,\"\")","v":"2018-06-15"},{"$f":"IF(INDEX(generale!$A$16:$G$4963,MATCH(NGG!$A4905,generale!$A$16:$A$4963,0),COLUMN())=0,0,INDEX(generale!$A$16:$G$4963,MATCH(NGG!$A4905,generale!$A$16:$A$4963,0),COLUMN()))","v":0},{"$f":"IF(INDEX(generale!$A$16:$G$4963,MATCH(NGG!$A4905,generale!$A$16:$A$4963,0),COLUMN())=0,0,INDEX(generale!$A$16:$G$4963,MATCH(NGG!$A4905,generale!$A$16:$A$4963,0),COLUMN()))","v":0},{"$f":"IF(INDEX(generale!$A$16:$G$4963,MATCH(NGG!$A4905,generale!$A$16:$A$4963,0),COLUMN())=0,0,INDEX(generale!$A$16:$G$4963,MATCH(NGG!$A4905,generale!$A$16:$A$4963,0),COLUMN()))","v":0},{"$f":"IF(INDEX(generale!$A$16:$G$4963,MATCH(NGG!$A4905,generale!$A$16:$A$4963,0),COLUMN())=0,0,INDEX(generale!$A$16:$G$4963,MATCH(NGG!$A4905,generale!$A$16:$A$4963,0),COLUMN()))","v":0},{"$f":"IF(INDEX(generale!$A$16:$G$4963,MATCH(NGG!$A4905,generale!$A$16:$A$4963,0),COLUMN())=0,0,INDEX(generale!$A$16:$G$4963,MATCH(NGG!$A4905,generale!$A$16:$A$4963,0),COLUMN()))","v":0},{"$f":"generale!G4916","v":0},"","","","","","","","","","","","","","","","","","","",""]
[{"$f":"IF(generale!$A4917>0,generale!$A4917,\"\")","v":"2018-06-16"},{"$f":"IF(INDEX(generale!$A$16:$G$4963,MATCH(NGG!$A4906,generale!$A$16:$A$4963,0),COLUMN())=0,0,INDEX(generale!$A$16:$G$4963,MATCH(NGG!$A4906,generale!$A$16:$A$4963,0),COLUMN()))","v":0},{"$f":"IF(INDEX(generale!$A$16:$G$4963,MATCH(NGG!$A4906,generale!$A$16:$A$4963,0),COLUMN())=0,0,INDEX(generale!$A$16:$G$4963,MATCH(NGG!$A4906,generale!$A$16:$A$4963,0),COLUMN()))","v":0},{"$f":"IF(INDEX(generale!$A$16:$G$4963,MATCH(NGG!$A4906,generale!$A$16:$A$4963,0),COLUMN())=0,0,INDEX(generale!$A$16:$G$4963,MATCH(NGG!$A4906,generale!$A$16:$A$4963,0),COLUMN()))","v":0},{"$f":"IF(INDEX(generale!$A$16:$G$4963,MATCH(NGG!$A4906,generale!$A$16:$A$4963,0),COLUMN())=0,0,INDEX(generale!$A$16:$G$4963,MATCH(NGG!$A4906,generale!$A$16:$A$4963,0),COLUMN()))","v":0},{"$f":"IF(INDEX(generale!$A$16:$G$4963,MATCH(NGG!$A4906,generale!$A$16:$A$4963,0),COLUMN())=0,0,INDEX(generale!$A$16:$G$4963,MATCH(NGG!$A4906,generale!$A$16:$A$4963,0),COLUMN()))","v":0},{"$f":"generale!G4917","v":0},"","","","","","","","","","","","","","","","","","","",""]
[{"$f":"IF(generale!$A4918>0,generale!$A4918,\"\")","v":"2018-06-17"},{"$f":"IF(INDEX(generale!$A$16:$G$4963,MATCH(NGG!$A4907,generale!$A$16:$A$4963,0),COLUMN())=0,0,INDEX(generale!$A$16:$G$4963,MATCH(NGG!$A4907,generale!$A$16:$A$4963,0),COLUMN()))","v":0},{"$f":"IF(INDEX(generale!$A$16:$G$4963,MATCH(NGG!$A4907,generale!$A$16:$A$4963,0),COLUMN())=0,0,INDEX(generale!$A$16:$G$4963,MATCH(NGG!$A4907,generale!$A$16:$A$4963,0),COLUMN()))","v":0},{"$f":"IF(INDEX(generale!$A$16:$G$4963,MATCH(NGG!$A4907,generale!$A$16:$A$4963,0),COLUMN())=0,0,INDEX(generale!$A$16:$G$4963,MATCH(NGG!$A4907,generale!$A$16:$A$4963,0),COLUMN()))","v":0},{"$f":"IF(INDEX(generale!$A$16:$G$4963,MATCH(NGG!$A4907,generale!$A$16:$A$4963,0),COLUMN())=0,0,INDEX(generale!$A$16:$G$4963,MATCH(NGG!$A4907,generale!$A$16:$A$4963,0),COLUMN()))","v":0},{"$f":"IF(INDEX(generale!$A$16:$G$4963,MATCH(NGG!$A4907,generale!$A$16:$A$4963,0),COLUMN())=0,0,INDEX(generale!$A$16:$G$4963,MATCH(NGG!$A4907,generale!$A$16:$A$4963,0),COLUMN()))","v":0},{"$f":"generale!G4918","v":0},"","","","","","","","","","","","","","","","","","","",""]
[{"$f":"IF(generale!$A4919>0,generale!$A4919,\"\")","v":"2018-06-18"},{"$f":"IF(INDEX(generale!$A$16:$G$4963,MATCH(NGG!$A4908,generale!$A$16:$A$4963,0),COLUMN())=0,0,INDEX(generale!$A$16:$G$4963,MATCH(NGG!$A4908,generale!$A$16:$A$4963,0),COLUMN()))","v":0},{"$f":"IF(INDEX(generale!$A$16:$G$4963,MATCH(NGG!$A4908,generale!$A$16:$A$4963,0),COLUMN())=0,0,INDEX(generale!$A$16:$G$4963,MATCH(NGG!$A4908,generale!$A$16:$A$4963,0),COLUMN()))","v":0},{"$f":"IF(INDEX(generale!$A$16:$G$4963,MATCH(NGG!$A4908,generale!$A$16:$A$4963,0),COLUMN())=0,0,INDEX(generale!$A$16:$G$4963,MATCH(NGG!$A4908,generale!$A$16:$A$4963,0),COLUMN()))","v":0},{"$f":"IF(INDEX(generale!$A$16:$G$4963,MATCH(NGG!$A4908,generale!$A$16:$A$4963,0),COLUMN())=0,0,INDEX(generale!$A$16:$G$4963,MATCH(NGG!$A4908,generale!$A$16:$A$4963,0),COLUMN()))","v":0},{"$f":"IF(INDEX(generale!$A$16:$G$4963,MATCH(NGG!$A4908,generale!$A$16:$A$4963,0),COLUMN())=0,0,INDEX(generale!$A$16:$G$4963,MATCH(NGG!$A4908,generale!$A$16:$A$4963,0),COLUMN()))","v":0},{"$f":"generale!G4919","v":0},"","","","","","","","","","","","","","","","","","","",""]
[{"$f":"IF(generale!$A4920>0,generale!$A4920,\"\")","v":"2018-06-19"},{"$f":"IF(INDEX(generale!$A$16:$G$4963,MATCH(NGG!$A4909,generale!$A$16:$A$4963,0),COLUMN())=0,0,INDEX(generale!$A$16:$G$4963,MATCH(NGG!$A4909,generale!$A$16:$A$4963,0),COLUMN()))","v":0},{"$f":"IF(INDEX(generale!$A$16:$G$4963,MATCH(NGG!$A4909,generale!$A$16:$A$4963,0),COLUMN())=0,0,INDEX(generale!$A$16:$G$4963,MATCH(NGG!$A4909,generale!$A$16:$A$4963,0),COLUMN()))","v":0},{"$f":"IF(INDEX(generale!$A$16:$G$4963,MATCH(NGG!$A4909,generale!$A$16:$A$4963,0),COLUMN())=0,0,INDEX(generale!$A$16:$G$4963,MATCH(NGG!$A4909,generale!$A$16:$A$4963,0),COLUMN()))","v":0},{"$f":"IF(INDEX(generale!$A$16:$G$4963,MATCH(NGG!$A4909,generale!$A$16:$A$4963,0),COLUMN())=0,0,INDEX(generale!$A$16:$G$4963,MATCH(NGG!$A4909,generale!$A$16:$A$4963,0),COLUMN()))","v":0},{"$f":"IF(INDEX(generale!$A$16:$G$4963,MATCH(NGG!$A4909,generale!$A$16:$A$4963,0),COLUMN())=0,0,INDEX(generale!$A$16:$G$4963,MATCH(NGG!$A4909,generale!$A$16:$A$4963,0),COLUMN()))","v":0},{"$f":"generale!G4920","v":0},"","","","","","","","","","","","","","","","","","","",""]
[{"$f":"IF(generale!$A4921>0,generale!$A4921,\"\")","v":"2018-06-20"},{"$f":"IF(INDEX(generale!$A$16:$G$4963,MATCH(NGG!$A4910,generale!$A$16:$A$4963,0),COLUMN())=0,0,INDEX(generale!$A$16:$G$4963,MATCH(NGG!$A4910,generale!$A$16:$A$4963,0),COLUMN()))","v":0},{"$f":"IF(INDEX(generale!$A$16:$G$4963,MATCH(NGG!$A4910,generale!$A$16:$A$4963,0),COLUMN())=0,0,INDEX(generale!$A$16:$G$4963,MATCH(NGG!$A4910,generale!$A$16:$A$4963,0),COLUMN()))","v":0},{"$f":"IF(INDEX(generale!$A$16:$G$4963,MATCH(NGG!$A4910,generale!$A$16:$A$4963,0),COLUMN())=0,0,INDEX(generale!$A$16:$G$4963,MATCH(NGG!$A4910,generale!$A$16:$A$4963,0),COLUMN()))","v":0},{"$f":"IF(INDEX(generale!$A$16:$G$4963,MATCH(NGG!$A4910,generale!$A$16:$A$4963,0),COLUMN())=0,0,INDEX(generale!$A$16:$G$4963,MATCH(NGG!$A4910,generale!$A$16:$A$4963,0),COLUMN()))","v":0},{"$f":"IF(INDEX(generale!$A$16:$G$4963,MATCH(NGG!$A4910,generale!$A$16:$A$4963,0),COLUMN())=0,0,INDEX(generale!$A$16:$G$4963,MATCH(NGG!$A4910,generale!$A$16:$A$4963,0),COLUMN()))","v":0},{"$f":"generale!G4921","v":0},"","","","","","","","","","","","","","","","","","","",""]
[{"$f":"IF(generale!$A4922>0,generale!$A4922,\"\")","v":"2018-06-21"},{"$f":"IF(INDEX(generale!$A$16:$G$4963,MATCH(NGG!$A4911,generale!$A$16:$A$4963,0),COLUMN())=0,0,INDEX(generale!$A$16:$G$4963,MATCH(NGG!$A4911,generale!$A$16:$A$4963,0),COLUMN()))","v":0},{"$f":"IF(INDEX(generale!$A$16:$G$4963,MATCH(NGG!$A4911,generale!$A$16:$A$4963,0),COLUMN())=0,0,INDEX(generale!$A$16:$G$4963,MATCH(NGG!$A4911,generale!$A$16:$A$4963,0),COLUMN()))","v":0},{"$f":"IF(INDEX(generale!$A$16:$G$4963,MATCH(NGG!$A4911,generale!$A$16:$A$4963,0),COLUMN())=0,0,INDEX(generale!$A$16:$G$4963,MATCH(NGG!$A4911,generale!$A$16:$A$4963,0),COLUMN()))","v":0},{"$f":"IF(INDEX(generale!$A$16:$G$4963,MATCH(NGG!$A4911,generale!$A$16:$A$4963,0),COLUMN())=0,0,INDEX(generale!$A$16:$G$4963,MATCH(NGG!$A4911,generale!$A$16:$A$4963,0),COLUMN()))","v":0},{"$f":"IF(INDEX(generale!$A$16:$G$4963,MATCH(NGG!$A4911,generale!$A$16:$A$4963,0),COLUMN())=0,0,INDEX(generale!$A$16:$G$4963,MATCH(NGG!$A4911,generale!$A$16:$A$4963,0),COLUMN()))","v":0},{"$f":"generale!G4922","v":0},"","","","","","","","","","","","","","","","","","","",""]
[{"$f":"IF(generale!$A4923>0,generale!$A4923,\"\")","v":"2018-06-22"},{"$f":"IF(INDEX(generale!$A$16:$G$4963,MATCH(NGG!$A4912,generale!$A$16:$A$4963,0),COLUMN())=0,0,INDEX(generale!$A$16:$G$4963,MATCH(NGG!$A4912,generale!$A$16:$A$4963,0),COLUMN()))","v":0},{"$f":"IF(INDEX(generale!$A$16:$G$4963,MATCH(NGG!$A4912,generale!$A$16:$A$4963,0),COLUMN())=0,0,INDEX(generale!$A$16:$G$4963,MATCH(NGG!$A4912,generale!$A$16:$A$4963,0),COLUMN()))","v":0},{"$f":"IF(INDEX(generale!$A$16:$G$4963,MATCH(NGG!$A4912,generale!$A$16:$A$4963,0),COLUMN())=0,0,INDEX(generale!$A$16:$G$4963,MATCH(NGG!$A4912,generale!$A$16:$A$4963,0),COLUMN()))","v":0},{"$f":"IF(INDEX(generale!$A$16:$G$4963,MATCH(NGG!$A4912,generale!$A$16:$A$4963,0),COLUMN())=0,0,INDEX(generale!$A$16:$G$4963,MATCH(NGG!$A4912,generale!$A$16:$A$4963,0),COLUMN()))","v":0},{"$f":"IF(INDEX(generale!$A$16:$G$4963,MATCH(NGG!$A4912,generale!$A$16:$A$4963,0),COLUMN())=0,0,INDEX(generale!$A$16:$G$4963,MATCH(NGG!$A4912,generale!$A$16:$A$4963,0),COLUMN()))","v":0},{"$f":"generale!G4923","v":0},"","","","","","","","","","","","","","","","","","","",""]
[{"$f":"IF(generale!$A4924>0,generale!$A4924,\"\")","v":"2018-06-23"},{"$f":"IF(INDEX(generale!$A$16:$G$4963,MATCH(NGG!$A4913,generale!$A$16:$A$4963,0),COLUMN())=0,0,INDEX(generale!$A$16:$G$4963,MATCH(NGG!$A4913,generale!$A$16:$A$4963,0),COLUMN()))","v":0},{"$f":"IF(INDEX(generale!$A$16:$G$4963,MATCH(NGG!$A4913,generale!$A$16:$A$4963,0),COLUMN())=0,0,INDEX(generale!$A$16:$G$4963,MATCH(NGG!$A4913,generale!$A$16:$A$4963,0),COLUMN()))","v":0},{"$f":"IF(INDEX(generale!$A$16:$G$4963,MATCH(NGG!$A4913,generale!$A$16:$A$4963,0),COLUMN())=0,0,INDEX(generale!$A$16:$G$4963,MATCH(NGG!$A4913,generale!$A$16:$A$4963,0),COLUMN()))","v":0},{"$f":"IF(INDEX(generale!$A$16:$G$4963,MATCH(NGG!$A4913,generale!$A$16:$A$4963,0),COLUMN())=0,0,INDEX(generale!$A$16:$G$4963,MATCH(NGG!$A4913,generale!$A$16:$A$4963,0),COLUMN()))","v":0},{"$f":"IF(INDEX(generale!$A$16:$G$4963,MATCH(NGG!$A4913,generale!$A$16:$A$4963,0),COLUMN())=0,0,INDEX(generale!$A$16:$G$4963,MATCH(NGG!$A4913,generale!$A$16:$A$4963,0),COLUMN()))","v":0},{"$f":"generale!G4924","v":0},"","","","","","","","","","","","","","","","","","","",""]
[{"$f":"IF(generale!$A4925>0,generale!$A4925,\"\")","v":"2018-06-24"},{"$f":"IF(INDEX(generale!$A$16:$G$4963,MATCH(NGG!$A4914,generale!$A$16:$A$4963,0),COLUMN())=0,0,INDEX(generale!$A$16:$G$4963,MATCH(NGG!$A4914,generale!$A$16:$A$4963,0),COLUMN()))","v":0},{"$f":"IF(INDEX(generale!$A$16:$G$4963,MATCH(NGG!$A4914,generale!$A$16:$A$4963,0),COLUMN())=0,0,INDEX(generale!$A$16:$G$4963,MATCH(NGG!$A4914,generale!$A$16:$A$4963,0),COLUMN()))","v":0},{"$f":"IF(INDEX(generale!$A$16:$G$4963,MATCH(NGG!$A4914,generale!$A$16:$A$4963,0),COLUMN())=0,0,INDEX(generale!$A$16:$G$4963,MATCH(NGG!$A4914,generale!$A$16:$A$4963,0),COLUMN()))","v":0},{"$f":"IF(INDEX(generale!$A$16:$G$4963,MATCH(NGG!$A4914,generale!$A$16:$A$4963,0),COLUMN())=0,0,INDEX(generale!$A$16:$G$4963,MATCH(NGG!$A4914,generale!$A$16:$A$4963,0),COLUMN()))","v":0},{"$f":"IF(INDEX(generale!$A$16:$G$4963,MATCH(NGG!$A4914,generale!$A$16:$A$4963,0),COLUMN())=0,0,INDEX(generale!$A$16:$G$4963,MATCH(NGG!$A4914,generale!$A$16:$A$4963,0),COLUMN()))","v":0},{"$f":"generale!G4925","v":0},"","","","","","","","","","","","","","","","","","","",""]
[{"$f":"IF(generale!$A4926>0,generale!$A4926,\"\")","v":"2018-06-25"},{"$f":"IF(INDEX(generale!$A$16:$G$4963,MATCH(NGG!$A4915,generale!$A$16:$A$4963,0),COLUMN())=0,0,INDEX(generale!$A$16:$G$4963,MATCH(NGG!$A4915,generale!$A$16:$A$4963,0),COLUMN()))","v":0},{"$f":"IF(INDEX(generale!$A$16:$G$4963,MATCH(NGG!$A4915,generale!$A$16:$A$4963,0),COLUMN())=0,0,INDEX(generale!$A$16:$G$4963,MATCH(NGG!$A4915,generale!$A$16:$A$4963,0),COLUMN()))","v":0},{"$f":"IF(INDEX(generale!$A$16:$G$4963,MATCH(NGG!$A4915,generale!$A$16:$A$4963,0),COLUMN())=0,0,INDEX(generale!$A$16:$G$4963,MATCH(NGG!$A4915,generale!$A$16:$A$4963,0),COLUMN()))","v":0},{"$f":"IF(INDEX(generale!$A$16:$G$4963,MATCH(NGG!$A4915,generale!$A$16:$A$4963,0),COLUMN())=0,0,INDEX(generale!$A$16:$G$4963,MATCH(NGG!$A4915,generale!$A$16:$A$4963,0),COLUMN()))","v":0},{"$f":"IF(INDEX(generale!$A$16:$G$4963,MATCH(NGG!$A4915,generale!$A$16:$A$4963,0),COLUMN())=0,0,INDEX(generale!$A$16:$G$4963,MATCH(NGG!$A4915,generale!$A$16:$A$4963,0),COLUMN()))","v":0},{"$f":"generale!G4926","v":0},"","","","","","","","","","","","","","","","","","","",""]
[{"$f":"IF(generale!$A4927>0,generale!$A4927,\"\")","v":"2018-06-26"},{"$f":"IF(INDEX(generale!$A$16:$G$4963,MATCH(NGG!$A4916,generale!$A$16:$A$4963,0),COLUMN())=0,0,INDEX(generale!$A$16:$G$4963,MATCH(NGG!$A4916,generale!$A$16:$A$4963,0),COLUMN()))","v":0},{"$f":"IF(INDEX(generale!$A$16:$G$4963,MATCH(NGG!$A4916,generale!$A$16:$A$4963,0),COLUMN())=0,0,INDEX(generale!$A$16:$G$4963,MATCH(NGG!$A4916,generale!$A$16:$A$4963,0),COLUMN()))","v":0},{"$f":"IF(INDEX(generale!$A$16:$G$4963,MATCH(NGG!$A4916,generale!$A$16:$A$4963,0),COLUMN())=0,0,INDEX(generale!$A$16:$G$4963,MATCH(NGG!$A4916,generale!$A$16:$A$4963,0),COLUMN()))","v":0},{"$f":"IF(INDEX(generale!$A$16:$G$4963,MATCH(NGG!$A4916,generale!$A$16:$A$4963,0),COLUMN())=0,0,INDEX(generale!$A$16:$G$4963,MATCH(NGG!$A4916,generale!$A$16:$A$4963,0),COLUMN()))","v":0},{"$f":"IF(INDEX(generale!$A$16:$G$4963,MATCH(NGG!$A4916,generale!$A$16:$A$4963,0),COLUMN())=0,0,INDEX(generale!$A$16:$G$4963,MATCH(NGG!$A4916,generale!$A$16:$A$4963,0),COLUMN()))","v":0},{"$f":"generale!G4927","v":0},"","","","","","","","","","","","","","","","","","","",""]
[{"$f":"IF(generale!$A4928>0,generale!$A4928,\"\")","v":"2018-06-27"},{"$f":"IF(INDEX(generale!$A$16:$G$4963,MATCH(NGG!$A4917,generale!$A$16:$A$4963,0),COLUMN())=0,0,INDEX(generale!$A$16:$G$4963,MATCH(NGG!$A4917,generale!$A$16:$A$4963,0),COLUMN()))","v":0},{"$f":"IF(INDEX(generale!$A$16:$G$4963,MATCH(NGG!$A4917,generale!$A$16:$A$4963,0),COLUMN())=0,0,INDEX(generale!$A$16:$G$4963,MATCH(NGG!$A4917,generale!$A$16:$A$4963,0),COLUMN()))","v":0},{"$f":"IF(INDEX(generale!$A$16:$G$4963,MATCH(NGG!$A4917,generale!$A$16:$A$4963,0),COLUMN())=0,0,INDEX(generale!$A$16:$G$4963,MATCH(NGG!$A4917,generale!$A$16:$A$4963,0),COLUMN()))","v":0},{"$f":"IF(INDEX(generale!$A$16:$G$4963,MATCH(NGG!$A4917,generale!$A$16:$A$4963,0),COLUMN())=0,0,INDEX(generale!$A$16:$G$4963,MATCH(NGG!$A4917,generale!$A$16:$A$4963,0),COLUMN()))","v":0},{"$f":"IF(INDEX(generale!$A$16:$G$4963,MATCH(NGG!$A4917,generale!$A$16:$A$4963,0),COLUMN())=0,0,INDEX(generale!$A$16:$G$4963,MATCH(NGG!$A4917,generale!$A$16:$A$4963,0),COLUMN()))","v":0},{"$f":"generale!G4928","v":0},"","","","","","","","","","","","","","","","","","","",""]
[{"$f":"IF(generale!$A4929>0,generale!$A4929,\"\")","v":"2018-06-28"},{"$f":"IF(INDEX(generale!$A$16:$G$4963,MATCH(NGG!$A4918,generale!$A$16:$A$4963,0),COLUMN())=0,0,INDEX(generale!$A$16:$G$4963,MATCH(NGG!$A4918,generale!$A$16:$A$4963,0),COLUMN()))","v":0},{"$f":"IF(INDEX(generale!$A$16:$G$4963,MATCH(NGG!$A4918,generale!$A$16:$A$4963,0),COLUMN())=0,0,INDEX(generale!$A$16:$G$4963,MATCH(NGG!$A4918,generale!$A$16:$A$4963,0),COLUMN()))","v":0},{"$f":"IF(INDEX(generale!$A$16:$G$4963,MATCH(NGG!$A4918,generale!$A$16:$A$4963,0),COLUMN())=0,0,INDEX(generale!$A$16:$G$4963,MATCH(NGG!$A4918,generale!$A$16:$A$4963,0),COLUMN()))","v":0},{"$f":"IF(INDEX(generale!$A$16:$G$4963,MATCH(NGG!$A4918,generale!$A$16:$A$4963,0),COLUMN())=0,0,INDEX(generale!$A$16:$G$4963,MATCH(NGG!$A4918,generale!$A$16:$A$4963,0),COLUMN()))","v":0},{"$f":"IF(INDEX(generale!$A$16:$G$4963,MATCH(NGG!$A4918,generale!$A$16:$A$4963,0),COLUMN())=0,0,INDEX(generale!$A$16:$G$4963,MATCH(NGG!$A4918,generale!$A$16:$A$4963,0),COLUMN()))","v":0},{"$f":"generale!G4929","v":0},"","","","","","","","","","","","","","","","","","","",""]
[{"$f":"IF(generale!$A4930>0,generale!$A4930,\"\")","v":"2018-06-29"},{"$f":"IF(INDEX(generale!$A$16:$G$4963,MATCH(NGG!$A4919,generale!$A$16:$A$4963,0),COLUMN())=0,0,INDEX(generale!$A$16:$G$4963,MATCH(NGG!$A4919,generale!$A$16:$A$4963,0),COLUMN()))","v":0},{"$f":"IF(INDEX(generale!$A$16:$G$4963,MATCH(NGG!$A4919,generale!$A$16:$A$4963,0),COLUMN())=0,0,INDEX(generale!$A$16:$G$4963,MATCH(NGG!$A4919,generale!$A$16:$A$4963,0),COLUMN()))","v":0},{"$f":"IF(INDEX(generale!$A$16:$G$4963,MATCH(NGG!$A4919,generale!$A$16:$A$4963,0),COLUMN())=0,0,INDEX(generale!$A$16:$G$4963,MATCH(NGG!$A4919,generale!$A$16:$A$4963,0),COLUMN()))","v":0},{"$f":"IF(INDEX(generale!$A$16:$G$4963,MATCH(NGG!$A4919,generale!$A$16:$A$4963,0),COLUMN())=0,0,INDEX(generale!$A$16:$G$4963,MATCH(NGG!$A4919,generale!$A$16:$A$4963,0),COLUMN()))","v":0},{"$f":"IF(INDEX(generale!$A$16:$G$4963,MATCH(NGG!$A4919,generale!$A$16:$A$4963,0),COLUMN())=0,0,INDEX(generale!$A$16:$G$4963,MATCH(NGG!$A4919,generale!$A$16:$A$4963,0),COLUMN()))","v":0},{"$f":"generale!G4930","v":0},"","","","","","","","","","","","","","","","","","","",""]
[{"$f":"IF(generale!$A4931>0,generale!$A4931,\"\")","v":"2018-06-30"},{"$f":"IF(INDEX(generale!$A$16:$G$4963,MATCH(NGG!$A4920,generale!$A$16:$A$4963,0),COLUMN())=0,0,INDEX(generale!$A$16:$G$4963,MATCH(NGG!$A4920,generale!$A$16:$A$4963,0),COLUMN()))","v":0},{"$f":"IF(INDEX(generale!$A$16:$G$4963,MATCH(NGG!$A4920,generale!$A$16:$A$4963,0),COLUMN())=0,0,INDEX(generale!$A$16:$G$4963,MATCH(NGG!$A4920,generale!$A$16:$A$4963,0),COLUMN()))","v":0},{"$f":"IF(INDEX(generale!$A$16:$G$4963,MATCH(NGG!$A4920,generale!$A$16:$A$4963,0),COLUMN())=0,0,INDEX(generale!$A$16:$G$4963,MATCH(NGG!$A4920,generale!$A$16:$A$4963,0),COLUMN()))","v":0},{"$f":"IF(INDEX(generale!$A$16:$G$4963,MATCH(NGG!$A4920,generale!$A$16:$A$4963,0),COLUMN())=0,0,INDEX(generale!$A$16:$G$4963,MATCH(NGG!$A4920,generale!$A$16:$A$4963,0),COLUMN()))","v":0},{"$f":"IF(INDEX(generale!$A$16:$G$4963,MATCH(NGG!$A4920,generale!$A$16:$A$4963,0),COLUMN())=0,0,INDEX(generale!$A$16:$G$4963,MATCH(NGG!$A4920,generale!$A$16:$A$4963,0),COLUMN()))","v":0},{"$f":"generale!G4931","v":0},"","","","","","","","","","","","","","","","","","","",""]
[{"$f":"IF(generale!$A4932>0,generale!$A4932,\"\")","v":"2018-07-01"},{"$f":"IF(INDEX(generale!$A$16:$G$4963,MATCH(NGG!$A4921,generale!$A$16:$A$4963,0),COLUMN())=0,0,INDEX(generale!$A$16:$G$4963,MATCH(NGG!$A4921,generale!$A$16:$A$4963,0),COLUMN()))","v":0},{"$f":"IF(INDEX(generale!$A$16:$G$4963,MATCH(NGG!$A4921,generale!$A$16:$A$4963,0),COLUMN())=0,0,INDEX(generale!$A$16:$G$4963,MATCH(NGG!$A4921,generale!$A$16:$A$4963,0),COLUMN()))","v":0},{"$f":"IF(INDEX(generale!$A$16:$G$4963,MATCH(NGG!$A4921,generale!$A$16:$A$4963,0),COLUMN())=0,0,INDEX(generale!$A$16:$G$4963,MATCH(NGG!$A4921,generale!$A$16:$A$4963,0),COLUMN()))","v":0},{"$f":"IF(INDEX(generale!$A$16:$G$4963,MATCH(NGG!$A4921,generale!$A$16:$A$4963,0),COLUMN())=0,0,INDEX(generale!$A$16:$G$4963,MATCH(NGG!$A4921,generale!$A$16:$A$4963,0),COLUMN()))","v":0},{"$f":"IF(INDEX(generale!$A$16:$G$4963,MATCH(NGG!$A4921,generale!$A$16:$A$4963,0),COLUMN())=0,0,INDEX(generale!$A$16:$G$4963,MATCH(NGG!$A4921,generale!$A$16:$A$4963,0),COLUMN()))","v":0},{"$f":"generale!G4932","v":0},"","","","","","","","","","","","","","","","","","","",""]
[{"$f":"IF(generale!$A4933>0,generale!$A4933,\"\")","v":"2018-07-02"},{"$f":"IF(INDEX(generale!$A$16:$G$4963,MATCH(NGG!$A4922,generale!$A$16:$A$4963,0),COLUMN())=0,0,INDEX(generale!$A$16:$G$4963,MATCH(NGG!$A4922,generale!$A$16:$A$4963,0),COLUMN()))","v":0},{"$f":"IF(INDEX(generale!$A$16:$G$4963,MATCH(NGG!$A4922,generale!$A$16:$A$4963,0),COLUMN())=0,0,INDEX(generale!$A$16:$G$4963,MATCH(NGG!$A4922,generale!$A$16:$A$4963,0),COLUMN()))","v":0},{"$f":"IF(INDEX(generale!$A$16:$G$4963,MATCH(NGG!$A4922,generale!$A$16:$A$4963,0),COLUMN())=0,0,INDEX(generale!$A$16:$G$4963,MATCH(NGG!$A4922,generale!$A$16:$A$4963,0),COLUMN()))","v":0},{"$f":"IF(INDEX(generale!$A$16:$G$4963,MATCH(NGG!$A4922,generale!$A$16:$A$4963,0),COLUMN())=0,0,INDEX(generale!$A$16:$G$4963,MATCH(NGG!$A4922,generale!$A$16:$A$4963,0),COLUMN()))","v":0},{"$f":"IF(INDEX(generale!$A$16:$G$4963,MATCH(NGG!$A4922,generale!$A$16:$A$4963,0),COLUMN())=0,0,INDEX(generale!$A$16:$G$4963,MATCH(NGG!$A4922,generale!$A$16:$A$4963,0),COLUMN()))","v":0},{"$f":"generale!G4933","v":0},"","","","","","","","","","","","","","","","","","","",""]
[{"$f":"IF(generale!$A4934>0,generale!$A4934,\"\")","v":"2018-07-03"},{"$f":"IF(INDEX(generale!$A$16:$G$4963,MATCH(NGG!$A4923,generale!$A$16:$A$4963,0),COLUMN())=0,0,INDEX(generale!$A$16:$G$4963,MATCH(NGG!$A4923,generale!$A$16:$A$4963,0),COLUMN()))","v":0},{"$f":"IF(INDEX(generale!$A$16:$G$4963,MATCH(NGG!$A4923,generale!$A$16:$A$4963,0),COLUMN())=0,0,INDEX(generale!$A$16:$G$4963,MATCH(NGG!$A4923,generale!$A$16:$A$4963,0),COLUMN()))","v":0},{"$f":"IF(INDEX(generale!$A$16:$G$4963,MATCH(NGG!$A4923,generale!$A$16:$A$4963,0),COLUMN())=0,0,INDEX(generale!$A$16:$G$4963,MATCH(NGG!$A4923,generale!$A$16:$A$4963,0),COLUMN()))","v":0},{"$f":"IF(INDEX(generale!$A$16:$G$4963,MATCH(NGG!$A4923,generale!$A$16:$A$4963,0),COLUMN())=0,0,INDEX(generale!$A$16:$G$4963,MATCH(NGG!$A4923,generale!$A$16:$A$4963,0),COLUMN()))","v":0},{"$f":"IF(INDEX(generale!$A$16:$G$4963,MATCH(NGG!$A4923,generale!$A$16:$A$4963,0),COLUMN())=0,0,INDEX(generale!$A$16:$G$4963,MATCH(NGG!$A4923,generale!$A$16:$A$4963,0),COLUMN()))","v":0},{"$f":"generale!G4934","v":0},"","","","","","","","","","","","","","","","","","","",""]
[{"$f":"IF(generale!$A4935>0,generale!$A4935,\"\")","v":"2018-07-04"},{"$f":"IF(INDEX(generale!$A$16:$G$4963,MATCH(NGG!$A4924,generale!$A$16:$A$4963,0),COLUMN())=0,0,INDEX(generale!$A$16:$G$4963,MATCH(NGG!$A4924,generale!$A$16:$A$4963,0),COLUMN()))","v":0},{"$f":"IF(INDEX(generale!$A$16:$G$4963,MATCH(NGG!$A4924,generale!$A$16:$A$4963,0),COLUMN())=0,0,INDEX(generale!$A$16:$G$4963,MATCH(NGG!$A4924,generale!$A$16:$A$4963,0),COLUMN()))","v":0},{"$f":"IF(INDEX(generale!$A$16:$G$4963,MATCH(NGG!$A4924,generale!$A$16:$A$4963,0),COLUMN())=0,0,INDEX(generale!$A$16:$G$4963,MATCH(NGG!$A4924,generale!$A$16:$A$4963,0),COLUMN()))","v":0},{"$f":"IF(INDEX(generale!$A$16:$G$4963,MATCH(NGG!$A4924,generale!$A$16:$A$4963,0),COLUMN())=0,0,INDEX(generale!$A$16:$G$4963,MATCH(NGG!$A4924,generale!$A$16:$A$4963,0),COLUMN()))","v":0},{"$f":"IF(INDEX(generale!$A$16:$G$4963,MATCH(NGG!$A4924,generale!$A$16:$A$4963,0),COLUMN())=0,0,INDEX(generale!$A$16:$G$4963,MATCH(NGG!$A4924,generale!$A$16:$A$4963,0),COLUMN()))","v":0},{"$f":"generale!G4935","v":0},"","","","","","","","","","","","","","","","","","","",""]
[{"$f":"IF(generale!$A4936>0,generale!$A4936,\"\")","v":"2018-07-05"},{"$f":"IF(INDEX(generale!$A$16:$G$4963,MATCH(NGG!$A4925,generale!$A$16:$A$4963,0),COLUMN())=0,0,INDEX(generale!$A$16:$G$4963,MATCH(NGG!$A4925,generale!$A$16:$A$4963,0),COLUMN()))","v":0},{"$f":"IF(INDEX(generale!$A$16:$G$4963,MATCH(NGG!$A4925,generale!$A$16:$A$4963,0),COLUMN())=0,0,INDEX(generale!$A$16:$G$4963,MATCH(NGG!$A4925,generale!$A$16:$A$4963,0),COLUMN()))","v":0},{"$f":"IF(INDEX(generale!$A$16:$G$4963,MATCH(NGG!$A4925,generale!$A$16:$A$4963,0),COLUMN())=0,0,INDEX(generale!$A$16:$G$4963,MATCH(NGG!$A4925,generale!$A$16:$A$4963,0),COLUMN()))","v":0},{"$f":"IF(INDEX(generale!$A$16:$G$4963,MATCH(NGG!$A4925,generale!$A$16:$A$4963,0),COLUMN())=0,0,INDEX(generale!$A$16:$G$4963,MATCH(NGG!$A4925,generale!$A$16:$A$4963,0),COLUMN()))","v":0},{"$f":"IF(INDEX(generale!$A$16:$G$4963,MATCH(NGG!$A4925,generale!$A$16:$A$4963,0),COLUMN())=0,0,INDEX(generale!$A$16:$G$4963,MATCH(NGG!$A4925,generale!$A$16:$A$4963,0),COLUMN()))","v":0},{"$f":"generale!G4936","v":0},"","","","","","","","","","","","","","","","","","","",""]
[{"$f":"IF(generale!$A4937>0,generale!$A4937,\"\")","v":"2018-07-06"},{"$f":"IF(INDEX(generale!$A$16:$G$4963,MATCH(NGG!$A4926,generale!$A$16:$A$4963,0),COLUMN())=0,0,INDEX(generale!$A$16:$G$4963,MATCH(NGG!$A4926,generale!$A$16:$A$4963,0),COLUMN()))","v":0},{"$f":"IF(INDEX(generale!$A$16:$G$4963,MATCH(NGG!$A4926,generale!$A$16:$A$4963,0),COLUMN())=0,0,INDEX(generale!$A$16:$G$4963,MATCH(NGG!$A4926,generale!$A$16:$A$4963,0),COLUMN()))","v":0},{"$f":"IF(INDEX(generale!$A$16:$G$4963,MATCH(NGG!$A4926,generale!$A$16:$A$4963,0),COLUMN())=0,0,INDEX(generale!$A$16:$G$4963,MATCH(NGG!$A4926,generale!$A$16:$A$4963,0),COLUMN()))","v":0},{"$f":"IF(INDEX(generale!$A$16:$G$4963,MATCH(NGG!$A4926,generale!$A$16:$A$4963,0),COLUMN())=0,0,INDEX(generale!$A$16:$G$4963,MATCH(NGG!$A4926,generale!$A$16:$A$4963,0),COLUMN()))","v":0},{"$f":"IF(INDEX(generale!$A$16:$G$4963,MATCH(NGG!$A4926,generale!$A$16:$A$4963,0),COLUMN())=0,0,INDEX(generale!$A$16:$G$4963,MATCH(NGG!$A4926,generale!$A$16:$A$4963,0),COLUMN()))","v":0},{"$f":"generale!G4937","v":0},"","","","","","","","","","","","","","","","","","","",""]
[{"$f":"IF(generale!$A4938>0,generale!$A4938,\"\")","v":"2018-07-07"},{"$f":"IF(INDEX(generale!$A$16:$G$4963,MATCH(NGG!$A4927,generale!$A$16:$A$4963,0),COLUMN())=0,0,INDEX(generale!$A$16:$G$4963,MATCH(NGG!$A4927,generale!$A$16:$A$4963,0),COLUMN()))","v":0},{"$f":"IF(INDEX(generale!$A$16:$G$4963,MATCH(NGG!$A4927,generale!$A$16:$A$4963,0),COLUMN())=0,0,INDEX(generale!$A$16:$G$4963,MATCH(NGG!$A4927,generale!$A$16:$A$4963,0),COLUMN()))","v":0},{"$f":"IF(INDEX(generale!$A$16:$G$4963,MATCH(NGG!$A4927,generale!$A$16:$A$4963,0),COLUMN())=0,0,INDEX(generale!$A$16:$G$4963,MATCH(NGG!$A4927,generale!$A$16:$A$4963,0),COLUMN()))","v":0},{"$f":"IF(INDEX(generale!$A$16:$G$4963,MATCH(NGG!$A4927,generale!$A$16:$A$4963,0),COLUMN())=0,0,INDEX(generale!$A$16:$G$4963,MATCH(NGG!$A4927,generale!$A$16:$A$4963,0),COLUMN()))","v":0},{"$f":"IF(INDEX(generale!$A$16:$G$4963,MATCH(NGG!$A4927,generale!$A$16:$A$4963,0),COLUMN())=0,0,INDEX(generale!$A$16:$G$4963,MATCH(NGG!$A4927,generale!$A$16:$A$4963,0),COLUMN()))","v":0},{"$f":"generale!G4938","v":0},"","","","","","","","","","","","","","","","","","","",""]
[{"$f":"IF(generale!$A4939>0,generale!$A4939,\"\")","v":"2018-07-08"},{"$f":"IF(INDEX(generale!$A$16:$G$4963,MATCH(NGG!$A4928,generale!$A$16:$A$4963,0),COLUMN())=0,0,INDEX(generale!$A$16:$G$4963,MATCH(NGG!$A4928,generale!$A$16:$A$4963,0),COLUMN()))","v":0},{"$f":"IF(INDEX(generale!$A$16:$G$4963,MATCH(NGG!$A4928,generale!$A$16:$A$4963,0),COLUMN())=0,0,INDEX(generale!$A$16:$G$4963,MATCH(NGG!$A4928,generale!$A$16:$A$4963,0),COLUMN()))","v":0},{"$f":"IF(INDEX(generale!$A$16:$G$4963,MATCH(NGG!$A4928,generale!$A$16:$A$4963,0),COLUMN())=0,0,INDEX(generale!$A$16:$G$4963,MATCH(NGG!$A4928,generale!$A$16:$A$4963,0),COLUMN()))","v":0},{"$f":"IF(INDEX(generale!$A$16:$G$4963,MATCH(NGG!$A4928,generale!$A$16:$A$4963,0),COLUMN())=0,0,INDEX(generale!$A$16:$G$4963,MATCH(NGG!$A4928,generale!$A$16:$A$4963,0),COLUMN()))","v":0},{"$f":"IF(INDEX(generale!$A$16:$G$4963,MATCH(NGG!$A4928,generale!$A$16:$A$4963,0),COLUMN())=0,0,INDEX(generale!$A$16:$G$4963,MATCH(NGG!$A4928,generale!$A$16:$A$4963,0),COLUMN()))","v":0},{"$f":"generale!G4939","v":0},"","","","","","","","","","","","","","","","","","","",""]
[{"$f":"IF(generale!$A4940>0,generale!$A4940,\"\")","v":"2018-07-09"},{"$f":"IF(INDEX(generale!$A$16:$G$4963,MATCH(NGG!$A4929,generale!$A$16:$A$4963,0),COLUMN())=0,0,INDEX(generale!$A$16:$G$4963,MATCH(NGG!$A4929,generale!$A$16:$A$4963,0),COLUMN()))","v":0},{"$f":"IF(INDEX(generale!$A$16:$G$4963,MATCH(NGG!$A4929,generale!$A$16:$A$4963,0),COLUMN())=0,0,INDEX(generale!$A$16:$G$4963,MATCH(NGG!$A4929,generale!$A$16:$A$4963,0),COLUMN()))","v":0},{"$f":"IF(INDEX(generale!$A$16:$G$4963,MATCH(NGG!$A4929,generale!$A$16:$A$4963,0),COLUMN())=0,0,INDEX(generale!$A$16:$G$4963,MATCH(NGG!$A4929,generale!$A$16:$A$4963,0),COLUMN()))","v":0},{"$f":"IF(INDEX(generale!$A$16:$G$4963,MATCH(NGG!$A4929,generale!$A$16:$A$4963,0),COLUMN())=0,0,INDEX(generale!$A$16:$G$4963,MATCH(NGG!$A4929,generale!$A$16:$A$4963,0),COLUMN()))","v":0},{"$f":"IF(INDEX(generale!$A$16:$G$4963,MATCH(NGG!$A4929,generale!$A$16:$A$4963,0),COLUMN())=0,0,INDEX(generale!$A$16:$G$4963,MATCH(NGG!$A4929,generale!$A$16:$A$4963,0),COLUMN()))","v":0},{"$f":"generale!G4940","v":0},"","","","","","","","","","","","","","","","","","","",""]
[{"$f":"IF(generale!$A4941>0,generale!$A4941,\"\")","v":"2018-07-10"},{"$f":"IF(INDEX(generale!$A$16:$G$4963,MATCH(NGG!$A4930,generale!$A$16:$A$4963,0),COLUMN())=0,0,INDEX(generale!$A$16:$G$4963,MATCH(NGG!$A4930,generale!$A$16:$A$4963,0),COLUMN()))","v":0},{"$f":"IF(INDEX(generale!$A$16:$G$4963,MATCH(NGG!$A4930,generale!$A$16:$A$4963,0),COLUMN())=0,0,INDEX(generale!$A$16:$G$4963,MATCH(NGG!$A4930,generale!$A$16:$A$4963,0),COLUMN()))","v":0},{"$f":"IF(INDEX(generale!$A$16:$G$4963,MATCH(NGG!$A4930,generale!$A$16:$A$4963,0),COLUMN())=0,0,INDEX(generale!$A$16:$G$4963,MATCH(NGG!$A4930,generale!$A$16:$A$4963,0),COLUMN()))","v":0},{"$f":"IF(INDEX(generale!$A$16:$G$4963,MATCH(NGG!$A4930,generale!$A$16:$A$4963,0),COLUMN())=0,0,INDEX(generale!$A$16:$G$4963,MATCH(NGG!$A4930,generale!$A$16:$A$4963,0),COLUMN()))","v":0},{"$f":"IF(INDEX(generale!$A$16:$G$4963,MATCH(NGG!$A4930,generale!$A$16:$A$4963,0),COLUMN())=0,0,INDEX(generale!$A$16:$G$4963,MATCH(NGG!$A4930,generale!$A$16:$A$4963,0),COLUMN()))","v":0},{"$f":"generale!G4941","v":0},"","","","","","","","","","","","","","","","","","","",""]
[{"$f":"IF(generale!$A4942>0,generale!$A4942,\"\")","v":"2018-07-11"},{"$f":"IF(INDEX(generale!$A$16:$G$4963,MATCH(NGG!$A4931,generale!$A$16:$A$4963,0),COLUMN())=0,0,INDEX(generale!$A$16:$G$4963,MATCH(NGG!$A4931,generale!$A$16:$A$4963,0),COLUMN()))","v":0},{"$f":"IF(INDEX(generale!$A$16:$G$4963,MATCH(NGG!$A4931,generale!$A$16:$A$4963,0),COLUMN())=0,0,INDEX(generale!$A$16:$G$4963,MATCH(NGG!$A4931,generale!$A$16:$A$4963,0),COLUMN()))","v":0},{"$f":"IF(INDEX(generale!$A$16:$G$4963,MATCH(NGG!$A4931,generale!$A$16:$A$4963,0),COLUMN())=0,0,INDEX(generale!$A$16:$G$4963,MATCH(NGG!$A4931,generale!$A$16:$A$4963,0),COLUMN()))","v":0},{"$f":"IF(INDEX(generale!$A$16:$G$4963,MATCH(NGG!$A4931,generale!$A$16:$A$4963,0),COLUMN())=0,0,INDEX(generale!$A$16:$G$4963,MATCH(NGG!$A4931,generale!$A$16:$A$4963,0),COLUMN()))","v":0},{"$f":"IF(INDEX(generale!$A$16:$G$4963,MATCH(NGG!$A4931,generale!$A$16:$A$4963,0),COLUMN())=0,0,INDEX(generale!$A$16:$G$4963,MATCH(NGG!$A4931,generale!$A$16:$A$4963,0),COLUMN()))","v":0},{"$f":"generale!G4942","v":0},"","","","","","","","","","","","","","","","","","","",""]
[{"$f":"IF(generale!$A4943>0,generale!$A4943,\"\")","v":"2018-07-12"},{"$f":"IF(INDEX(generale!$A$16:$G$4963,MATCH(NGG!$A4932,generale!$A$16:$A$4963,0),COLUMN())=0,0,INDEX(generale!$A$16:$G$4963,MATCH(NGG!$A4932,generale!$A$16:$A$4963,0),COLUMN()))","v":0},{"$f":"IF(INDEX(generale!$A$16:$G$4963,MATCH(NGG!$A4932,generale!$A$16:$A$4963,0),COLUMN())=0,0,INDEX(generale!$A$16:$G$4963,MATCH(NGG!$A4932,generale!$A$16:$A$4963,0),COLUMN()))","v":0},{"$f":"IF(INDEX(generale!$A$16:$G$4963,MATCH(NGG!$A4932,generale!$A$16:$A$4963,0),COLUMN())=0,0,INDEX(generale!$A$16:$G$4963,MATCH(NGG!$A4932,generale!$A$16:$A$4963,0),COLUMN()))","v":0},{"$f":"IF(INDEX(generale!$A$16:$G$4963,MATCH(NGG!$A4932,generale!$A$16:$A$4963,0),COLUMN())=0,0,INDEX(generale!$A$16:$G$4963,MATCH(NGG!$A4932,generale!$A$16:$A$4963,0),COLUMN()))","v":0},{"$f":"IF(INDEX(generale!$A$16:$G$4963,MATCH(NGG!$A4932,generale!$A$16:$A$4963,0),COLUMN())=0,0,INDEX(generale!$A$16:$G$4963,MATCH(NGG!$A4932,generale!$A$16:$A$4963,0),COLUMN()))","v":0},{"$f":"generale!G4943","v":0},"","","","","","","","","","","","","","","","","","","",""]
[{"$f":"IF(generale!$A4944>0,generale!$A4944,\"\")","v":"2018-07-13"},{"$f":"IF(INDEX(generale!$A$16:$G$4963,MATCH(NGG!$A4933,generale!$A$16:$A$4963,0),COLUMN())=0,0,INDEX(generale!$A$16:$G$4963,MATCH(NGG!$A4933,generale!$A$16:$A$4963,0),COLUMN()))","v":0},{"$f":"IF(INDEX(generale!$A$16:$G$4963,MATCH(NGG!$A4933,generale!$A$16:$A$4963,0),COLUMN())=0,0,INDEX(generale!$A$16:$G$4963,MATCH(NGG!$A4933,generale!$A$16:$A$4963,0),COLUMN()))","v":0},{"$f":"IF(INDEX(generale!$A$16:$G$4963,MATCH(NGG!$A4933,generale!$A$16:$A$4963,0),COLUMN())=0,0,INDEX(generale!$A$16:$G$4963,MATCH(NGG!$A4933,generale!$A$16:$A$4963,0),COLUMN()))","v":0},{"$f":"IF(INDEX(generale!$A$16:$G$4963,MATCH(NGG!$A4933,generale!$A$16:$A$4963,0),COLUMN())=0,0,INDEX(generale!$A$16:$G$4963,MATCH(NGG!$A4933,generale!$A$16:$A$4963,0),COLUMN()))","v":0},{"$f":"IF(INDEX(generale!$A$16:$G$4963,MATCH(NGG!$A4933,generale!$A$16:$A$4963,0),COLUMN())=0,0,INDEX(generale!$A$16:$G$4963,MATCH(NGG!$A4933,generale!$A$16:$A$4963,0),COLUMN()))","v":0},{"$f":"generale!G4944","v":0},"","","","","","","","","","","","","","","","","","","",""]
[{"$f":"IF(generale!$A4945>0,generale!$A4945,\"\")","v":"2018-07-14"},{"$f":"IF(INDEX(generale!$A$16:$G$4963,MATCH(NGG!$A4934,generale!$A$16:$A$4963,0),COLUMN())=0,0,INDEX(generale!$A$16:$G$4963,MATCH(NGG!$A4934,generale!$A$16:$A$4963,0),COLUMN()))","v":0},{"$f":"IF(INDEX(generale!$A$16:$G$4963,MATCH(NGG!$A4934,generale!$A$16:$A$4963,0),COLUMN())=0,0,INDEX(generale!$A$16:$G$4963,MATCH(NGG!$A4934,generale!$A$16:$A$4963,0),COLUMN()))","v":0},{"$f":"IF(INDEX(generale!$A$16:$G$4963,MATCH(NGG!$A4934,generale!$A$16:$A$4963,0),COLUMN())=0,0,INDEX(generale!$A$16:$G$4963,MATCH(NGG!$A4934,generale!$A$16:$A$4963,0),COLUMN()))","v":0},{"$f":"IF(INDEX(generale!$A$16:$G$4963,MATCH(NGG!$A4934,generale!$A$16:$A$4963,0),COLUMN())=0,0,INDEX(generale!$A$16:$G$4963,MATCH(NGG!$A4934,generale!$A$16:$A$4963,0),COLUMN()))","v":0},{"$f":"IF(INDEX(generale!$A$16:$G$4963,MATCH(NGG!$A4934,generale!$A$16:$A$4963,0),COLUMN())=0,0,INDEX(generale!$A$16:$G$4963,MATCH(NGG!$A4934,generale!$A$16:$A$4963,0),COLUMN()))","v":0},{"$f":"generale!G4945","v":0},"","","","","","","","","","","","","","","","","","","",""]
[{"$f":"IF(generale!$A4946>0,generale!$A4946,\"\")","v":"2018-07-15"},{"$f":"IF(INDEX(generale!$A$16:$G$4963,MATCH(NGG!$A4935,generale!$A$16:$A$4963,0),COLUMN())=0,0,INDEX(generale!$A$16:$G$4963,MATCH(NGG!$A4935,generale!$A$16:$A$4963,0),COLUMN()))","v":0},{"$f":"IF(INDEX(generale!$A$16:$G$4963,MATCH(NGG!$A4935,generale!$A$16:$A$4963,0),COLUMN())=0,0,INDEX(generale!$A$16:$G$4963,MATCH(NGG!$A4935,generale!$A$16:$A$4963,0),COLUMN()))","v":0},{"$f":"IF(INDEX(generale!$A$16:$G$4963,MATCH(NGG!$A4935,generale!$A$16:$A$4963,0),COLUMN())=0,0,INDEX(generale!$A$16:$G$4963,MATCH(NGG!$A4935,generale!$A$16:$A$4963,0),COLUMN()))","v":0},{"$f":"IF(INDEX(generale!$A$16:$G$4963,MATCH(NGG!$A4935,generale!$A$16:$A$4963,0),COLUMN())=0,0,INDEX(generale!$A$16:$G$4963,MATCH(NGG!$A4935,generale!$A$16:$A$4963,0),COLUMN()))","v":0},{"$f":"IF(INDEX(generale!$A$16:$G$4963,MATCH(NGG!$A4935,generale!$A$16:$A$4963,0),COLUMN())=0,0,INDEX(generale!$A$16:$G$4963,MATCH(NGG!$A4935,generale!$A$16:$A$4963,0),COLUMN()))","v":0},{"$f":"generale!G4946","v":0},"","","","","","","","","","","","","","","","","","","",""]
[{"$f":"IF(generale!$A4947>0,generale!$A4947,\"\")","v":"2018-07-16"},{"$f":"IF(INDEX(generale!$A$16:$G$4963,MATCH(NGG!$A4936,generale!$A$16:$A$4963,0),COLUMN())=0,0,INDEX(generale!$A$16:$G$4963,MATCH(NGG!$A4936,generale!$A$16:$A$4963,0),COLUMN()))","v":0},{"$f":"IF(INDEX(generale!$A$16:$G$4963,MATCH(NGG!$A4936,generale!$A$16:$A$4963,0),COLUMN())=0,0,INDEX(generale!$A$16:$G$4963,MATCH(NGG!$A4936,generale!$A$16:$A$4963,0),COLUMN()))","v":0},{"$f":"IF(INDEX(generale!$A$16:$G$4963,MATCH(NGG!$A4936,generale!$A$16:$A$4963,0),COLUMN())=0,0,INDEX(generale!$A$16:$G$4963,MATCH(NGG!$A4936,generale!$A$16:$A$4963,0),COLUMN()))","v":0},{"$f":"IF(INDEX(generale!$A$16:$G$4963,MATCH(NGG!$A4936,generale!$A$16:$A$4963,0),COLUMN())=0,0,INDEX(generale!$A$16:$G$4963,MATCH(NGG!$A4936,generale!$A$16:$A$4963,0),COLUMN()))","v":0},{"$f":"IF(INDEX(generale!$A$16:$G$4963,MATCH(NGG!$A4936,generale!$A$16:$A$4963,0),COLUMN())=0,0,INDEX(generale!$A$16:$G$4963,MATCH(NGG!$A4936,generale!$A$16:$A$4963,0),COLUMN()))","v":0},{"$f":"generale!G4947","v":0},"","","","","","","","","","","","","","","","","","","",""]
[{"$f":"IF(generale!$A4948>0,generale!$A4948,\"\")","v":"2018-07-17"},{"$f":"IF(INDEX(generale!$A$16:$G$4963,MATCH(NGG!$A4937,generale!$A$16:$A$4963,0),COLUMN())=0,0,INDEX(generale!$A$16:$G$4963,MATCH(NGG!$A4937,generale!$A$16:$A$4963,0),COLUMN()))","v":0},{"$f":"IF(INDEX(generale!$A$16:$G$4963,MATCH(NGG!$A4937,generale!$A$16:$A$4963,0),COLUMN())=0,0,INDEX(generale!$A$16:$G$4963,MATCH(NGG!$A4937,generale!$A$16:$A$4963,0),COLUMN()))","v":0},{"$f":"IF(INDEX(generale!$A$16:$G$4963,MATCH(NGG!$A4937,generale!$A$16:$A$4963,0),COLUMN())=0,0,INDEX(generale!$A$16:$G$4963,MATCH(NGG!$A4937,generale!$A$16:$A$4963,0),COLUMN()))","v":0},{"$f":"IF(INDEX(generale!$A$16:$G$4963,MATCH(NGG!$A4937,generale!$A$16:$A$4963,0),COLUMN())=0,0,INDEX(generale!$A$16:$G$4963,MATCH(NGG!$A4937,generale!$A$16:$A$4963,0),COLUMN()))","v":0},{"$f":"IF(INDEX(generale!$A$16:$G$4963,MATCH(NGG!$A4937,generale!$A$16:$A$4963,0),COLUMN())=0,0,INDEX(generale!$A$16:$G$4963,MATCH(NGG!$A4937,generale!$A$16:$A$4963,0),COLUMN()))","v":0},{"$f":"generale!G4948","v":0},"","","","","","","","","","","","","","","","","","","",""]
[{"$f":"IF(generale!$A4949>0,generale!$A4949,\"\")","v":"2018-07-18"},{"$f":"IF(INDEX(generale!$A$16:$G$4963,MATCH(NGG!$A4938,generale!$A$16:$A$4963,0),COLUMN())=0,0,INDEX(generale!$A$16:$G$4963,MATCH(NGG!$A4938,generale!$A$16:$A$4963,0),COLUMN()))","v":0},{"$f":"IF(INDEX(generale!$A$16:$G$4963,MATCH(NGG!$A4938,generale!$A$16:$A$4963,0),COLUMN())=0,0,INDEX(generale!$A$16:$G$4963,MATCH(NGG!$A4938,generale!$A$16:$A$4963,0),COLUMN()))","v":0},{"$f":"IF(INDEX(generale!$A$16:$G$4963,MATCH(NGG!$A4938,generale!$A$16:$A$4963,0),COLUMN())=0,0,INDEX(generale!$A$16:$G$4963,MATCH(NGG!$A4938,generale!$A$16:$A$4963,0),COLUMN()))","v":0},{"$f":"IF(INDEX(generale!$A$16:$G$4963,MATCH(NGG!$A4938,generale!$A$16:$A$4963,0),COLUMN())=0,0,INDEX(generale!$A$16:$G$4963,MATCH(NGG!$A4938,generale!$A$16:$A$4963,0),COLUMN()))","v":0},{"$f":"IF(INDEX(generale!$A$16:$G$4963,MATCH(NGG!$A4938,generale!$A$16:$A$4963,0),COLUMN())=0,0,INDEX(generale!$A$16:$G$4963,MATCH(NGG!$A4938,generale!$A$16:$A$4963,0),COLUMN()))","v":0},{"$f":"generale!G4949","v":0},"","","","","","","","","","","","","","","","","","","",""]
[{"$f":"IF(generale!$A4950>0,generale!$A4950,\"\")","v":"2018-07-19"},{"$f":"IF(INDEX(generale!$A$16:$G$4963,MATCH(NGG!$A4939,generale!$A$16:$A$4963,0),COLUMN())=0,0,INDEX(generale!$A$16:$G$4963,MATCH(NGG!$A4939,generale!$A$16:$A$4963,0),COLUMN()))","v":0},{"$f":"IF(INDEX(generale!$A$16:$G$4963,MATCH(NGG!$A4939,generale!$A$16:$A$4963,0),COLUMN())=0,0,INDEX(generale!$A$16:$G$4963,MATCH(NGG!$A4939,generale!$A$16:$A$4963,0),COLUMN()))","v":0},{"$f":"IF(INDEX(generale!$A$16:$G$4963,MATCH(NGG!$A4939,generale!$A$16:$A$4963,0),COLUMN())=0,0,INDEX(generale!$A$16:$G$4963,MATCH(NGG!$A4939,generale!$A$16:$A$4963,0),COLUMN()))","v":0},{"$f":"IF(INDEX(generale!$A$16:$G$4963,MATCH(NGG!$A4939,generale!$A$16:$A$4963,0),COLUMN())=0,0,INDEX(generale!$A$16:$G$4963,MATCH(NGG!$A4939,generale!$A$16:$A$4963,0),COLUMN()))","v":0},{"$f":"IF(INDEX(generale!$A$16:$G$4963,MATCH(NGG!$A4939,generale!$A$16:$A$4963,0),COLUMN())=0,0,INDEX(generale!$A$16:$G$4963,MATCH(NGG!$A4939,generale!$A$16:$A$4963,0),COLUMN()))","v":0},{"$f":"generale!G4950","v":0},"","","","","","","","","","","","","","","","","","","",""]
[{"$f":"IF(generale!$A4951>0,generale!$A4951,\"\")","v":"2018-07-20"},{"$f":"IF(INDEX(generale!$A$16:$G$4963,MATCH(NGG!$A4940,generale!$A$16:$A$4963,0),COLUMN())=0,0,INDEX(generale!$A$16:$G$4963,MATCH(NGG!$A4940,generale!$A$16:$A$4963,0),COLUMN()))","v":0},{"$f":"IF(INDEX(generale!$A$16:$G$4963,MATCH(NGG!$A4940,generale!$A$16:$A$4963,0),COLUMN())=0,0,INDEX(generale!$A$16:$G$4963,MATCH(NGG!$A4940,generale!$A$16:$A$4963,0),COLUMN()))","v":0},{"$f":"IF(INDEX(generale!$A$16:$G$4963,MATCH(NGG!$A4940,generale!$A$16:$A$4963,0),COLUMN())=0,0,INDEX(generale!$A$16:$G$4963,MATCH(NGG!$A4940,generale!$A$16:$A$4963,0),COLUMN()))","v":0},{"$f":"IF(INDEX(generale!$A$16:$G$4963,MATCH(NGG!$A4940,generale!$A$16:$A$4963,0),COLUMN())=0,0,INDEX(generale!$A$16:$G$4963,MATCH(NGG!$A4940,generale!$A$16:$A$4963,0),COLUMN()))","v":0},{"$f":"IF(INDEX(generale!$A$16:$G$4963,MATCH(NGG!$A4940,generale!$A$16:$A$4963,0),COLUMN())=0,0,INDEX(generale!$A$16:$G$4963,MATCH(NGG!$A4940,generale!$A$16:$A$4963,0),COLUMN()))","v":0},{"$f":"generale!G4951","v":0},"","","","","","","","","","","","","","","","","","","",""]
[{"$f":"IF(generale!$A4952>0,generale!$A4952,\"\")","v":"2018-07-21"},{"$f":"IF(INDEX(generale!$A$16:$G$4963,MATCH(NGG!$A4941,generale!$A$16:$A$4963,0),COLUMN())=0,0,INDEX(generale!$A$16:$G$4963,MATCH(NGG!$A4941,generale!$A$16:$A$4963,0),COLUMN()))","v":0},{"$f":"IF(INDEX(generale!$A$16:$G$4963,MATCH(NGG!$A4941,generale!$A$16:$A$4963,0),COLUMN())=0,0,INDEX(generale!$A$16:$G$4963,MATCH(NGG!$A4941,generale!$A$16:$A$4963,0),COLUMN()))","v":0},{"$f":"IF(INDEX(generale!$A$16:$G$4963,MATCH(NGG!$A4941,generale!$A$16:$A$4963,0),COLUMN())=0,0,INDEX(generale!$A$16:$G$4963,MATCH(NGG!$A4941,generale!$A$16:$A$4963,0),COLUMN()))","v":0},{"$f":"IF(INDEX(generale!$A$16:$G$4963,MATCH(NGG!$A4941,generale!$A$16:$A$4963,0),COLUMN())=0,0,INDEX(generale!$A$16:$G$4963,MATCH(NGG!$A4941,generale!$A$16:$A$4963,0),COLUMN()))","v":0},{"$f":"IF(INDEX(generale!$A$16:$G$4963,MATCH(NGG!$A4941,generale!$A$16:$A$4963,0),COLUMN())=0,0,INDEX(generale!$A$16:$G$4963,MATCH(NGG!$A4941,generale!$A$16:$A$4963,0),COLUMN()))","v":0},{"$f":"generale!G4952","v":0},{"$f":"IF(COUNTIF($B4941:$D4941,0)<3,IF(LEN(SUBSTITUTE(SUBSTITUTE($B4941,H$1,,1),,1))=0,0,H4940+1-AC4941),\"\")","v":""},{"$f":"IF(COUNTIF($B4941:$D4941,0)<3,IF(LEN(SUBSTITUTE(SUBSTITUTE($B4941,I$1,,1),,1))=0,0,I4940+1-AD4941),\"\")","v":""},{"$f":"IF(COUNTIF($B4941:$D4941,0)<3,IF(LEN(SUBSTITUTE(SUBSTITUTE($B4941,J$1,,1),,1))=0,0,J4940+1-AE4941),\"\")","v":""},{"$f":"IF(COUNTIF($B4941:$D4941,0)<3,IF(LEN(SUBSTITUTE(SUBSTITUTE($B4941,K$1,,1),,1))=0,0,K4940+1-AF4941),\"\")","v":""},{"$f":"IF(COUNTIF($B4941:$D4941,0)<3,IF(LEN(SUBSTITUTE(SUBSTITUTE($B4941,L$1,,1),,1))=0,0,L4940+1-AG4941),\"\")","v":""},{"$f":"IF(COUNTIF($B4941:$D4941,0)<3,IF(LEN(SUBSTITUTE(SUBSTITUTE($B4941,M$1,,1),,1))=0,0,M4940+1-AH4941),\"\")","v":""},{"$f":"IF(COUNTIF($B4941:$D4941,0)<3,IF(LEN(SUBSTITUTE(SUBSTITUTE($B4941,N$1,,1),,1))=0,0,N4940+1-AI4941),\"\")","v":""},{"$f":"IF(COUNTIF($B4941:$D4941,0)<3,IF(LEN(SUBSTITUTE(SUBSTITUTE($B4941,O$1,,1),,1))=0,0,O4940+1-AJ4941),\"\")","v":""},{"$f":"IF(COUNTIF($B4941:$D4941,0)<3,IF(LEN(SUBSTITUTE(SUBSTITUTE($B4941,P$1,,1),,1))=0,0,P4940+1-AK4941),\"\")","v":""},{"$f":"IF(COUNTIF($B4941:$D4941,0)<3,IF(LEN(SUBSTITUTE(SUBSTITUTE($B4941,Q$1,,1),,1))=0,0,Q4940+1-AL4941),\"\")","v":""},{"$f":"IF(COUNTIF($B4941:$D4941,0)<3,IF(LEN(SUBSTITUTE(SUBSTITUTE($B4941,R$1,,1),,1))=0,0,R4940+1-AM4941),\"\")","v":""},{"$f":"IF(COUNTIF($B4941:$D4941,0)<3,IF(LEN(SUBSTITUTE(SUBSTITUTE($B4941,S$1,,1),,1))=0,0,S4940+1-AN4941),\"\")","v":""},{"$f":"IF(COUNTIF($B4941:$D4941,0)<3,IF(LEN(SUBSTITUTE(SUBSTITUTE($B4941,T$1,,1),,1))=0,0,T4940+1-AO4941),\"\")","v":""},{"$f":"IF(COUNTIF($B4941:$D4941,0)<3,IF(LEN(SUBSTITUTE(SUBSTITUTE($B4941,U$1,,1),,1))=0,0,U4940+1-AP4941),\"\")","v":""},{"$f":"IF(COUNTIF($B4941:$D4941,0)<3,IF(LEN(SUBSTITUTE(SUBSTITUTE($B4941,V$1,,1),,1))=0,0,V4940+1-AQ4941),\"\")","v":""},{"$f":"IF(COUNTIF($B4941:$D4941,0)<3,IF(LEN(SUBSTITUTE(SUBSTITUTE($B4941,W$1,,1),,1))=0,0,W4940+1-AR4941),\"\")","v":""},{"$f":"IF(COUNTIF($B4941:$D4941,0)<3,IF(LEN(SUBSTITUTE(SUBSTITUTE($B4941,X$1,,1),,1))=0,0,X4940+1-AS4941),\"\")","v":""},{"$f":"IF(COUNTIF($B4941:$D4941,0)<3,IF(LEN(SUBSTITUTE(SUBSTITUTE($B4941,Y$1,,1),,1))=0,0,Y4940+1-AT4941),\"\")","v":""},{"$f":"IF(COUNTIF($B4941:$D4941,0)<3,IF(LEN(SUBSTITUTE(SUBSTITUTE($B4941,Z$1,,1),,1))=0,0,Z4940+1-AU4941),\"\")","v":""},{"$f":"IF(COUNTIF($B4941:$D4941,0)<3,IF(LEN(SUBSTITUTE(SUBSTITUTE($B4941,AA$1,,1),,1))=0,0,AA4940+1-AV4941),\"\")","v":""}]
[{"$f":"IF(generale!$A4953>0,generale!$A4953,\"\")","v":"2018-07-22"},{"$f":"IF(INDEX(generale!$A$16:$G$4963,MATCH(NGG!$A4942,generale!$A$16:$A$4963,0),COLUMN())=0,0,INDEX(generale!$A$16:$G$4963,MATCH(NGG!$A4942,generale!$A$16:$A$4963,0),COLUMN()))","v":0},{"$f":"IF(INDEX(generale!$A$16:$G$4963,MATCH(NGG!$A4942,generale!$A$16:$A$4963,0),COLUMN())=0,0,INDEX(generale!$A$16:$G$4963,MATCH(NGG!$A4942,generale!$A$16:$A$4963,0),COLUMN()))","v":0},{"$f":"IF(INDEX(generale!$A$16:$G$4963,MATCH(NGG!$A4942,generale!$A$16:$A$4963,0),COLUMN())=0,0,INDEX(generale!$A$16:$G$4963,MATCH(NGG!$A4942,generale!$A$16:$A$4963,0),COLUMN()))","v":0},{"$f":"IF(INDEX(generale!$A$16:$G$4963,MATCH(NGG!$A4942,generale!$A$16:$A$4963,0),COLUMN())=0,0,INDEX(generale!$A$16:$G$4963,MATCH(NGG!$A4942,generale!$A$16:$A$4963,0),COLUMN()))","v":0},{"$f":"IF(INDEX(generale!$A$16:$G$4963,MATCH(NGG!$A4942,generale!$A$16:$A$4963,0),COLUMN())=0,0,INDEX(generale!$A$16:$G$4963,MATCH(NGG!$A4942,generale!$A$16:$A$4963,0),COLUMN()))","v":0},{"$f":"generale!G4953","v":0},"","","","","","","","","","","","","","","","","","","",""]
[{"$f":"IF(generale!$A4954>0,generale!$A4954,\"\")","v":"2018-07-23"},{"$f":"IF(INDEX(generale!$A$16:$G$4963,MATCH(NGG!$A4943,generale!$A$16:$A$4963,0),COLUMN())=0,0,INDEX(generale!$A$16:$G$4963,MATCH(NGG!$A4943,generale!$A$16:$A$4963,0),COLUMN()))","v":0},{"$f":"IF(INDEX(generale!$A$16:$G$4963,MATCH(NGG!$A4943,generale!$A$16:$A$4963,0),COLUMN())=0,0,INDEX(generale!$A$16:$G$4963,MATCH(NGG!$A4943,generale!$A$16:$A$4963,0),COLUMN()))","v":0},{"$f":"IF(INDEX(generale!$A$16:$G$4963,MATCH(NGG!$A4943,generale!$A$16:$A$4963,0),COLUMN())=0,0,INDEX(generale!$A$16:$G$4963,MATCH(NGG!$A4943,generale!$A$16:$A$4963,0),COLUMN()))","v":0},{"$f":"IF(INDEX(generale!$A$16:$G$4963,MATCH(NGG!$A4943,generale!$A$16:$A$4963,0),COLUMN())=0,0,INDEX(generale!$A$16:$G$4963,MATCH(NGG!$A4943,generale!$A$16:$A$4963,0),COLUMN()))","v":0},{"$f":"IF(INDEX(generale!$A$16:$G$4963,MATCH(NGG!$A4943,generale!$A$16:$A$4963,0),COLUMN())=0,0,INDEX(generale!$A$16:$G$4963,MATCH(NGG!$A4943,generale!$A$16:$A$4963,0),COLUMN()))","v":0},{"$f":"generale!G4954","v":0},"","","","","","","","","","","","","","","","","","","",""]
[{"$f":"IF(generale!$A4955>0,generale!$A4955,\"\")","v":"2018-07-24"},{"$f":"IF(INDEX(generale!$A$16:$G$4963,MATCH(NGG!$A4944,generale!$A$16:$A$4963,0),COLUMN())=0,0,INDEX(generale!$A$16:$G$4963,MATCH(NGG!$A4944,generale!$A$16:$A$4963,0),COLUMN()))","v":0},{"$f":"IF(INDEX(generale!$A$16:$G$4963,MATCH(NGG!$A4944,generale!$A$16:$A$4963,0),COLUMN())=0,0,INDEX(generale!$A$16:$G$4963,MATCH(NGG!$A4944,generale!$A$16:$A$4963,0),COLUMN()))","v":0},{"$f":"IF(INDEX(generale!$A$16:$G$4963,MATCH(NGG!$A4944,generale!$A$16:$A$4963,0),COLUMN())=0,0,INDEX(generale!$A$16:$G$4963,MATCH(NGG!$A4944,generale!$A$16:$A$4963,0),COLUMN()))","v":0},{"$f":"IF(INDEX(generale!$A$16:$G$4963,MATCH(NGG!$A4944,generale!$A$16:$A$4963,0),COLUMN())=0,0,INDEX(generale!$A$16:$G$4963,MATCH(NGG!$A4944,generale!$A$16:$A$4963,0),COLUMN()))","v":0},{"$f":"IF(INDEX(generale!$A$16:$G$4963,MATCH(NGG!$A4944,generale!$A$16:$A$4963,0),COLUMN())=0,0,INDEX(generale!$A$16:$G$4963,MATCH(NGG!$A4944,generale!$A$16:$A$4963,0),COLUMN()))","v":0},{"$f":"generale!G4955","v":0},"","","","","","","","","","","","","","","","","","","",""]
[{"$f":"IF(generale!$A4956>0,generale!$A4956,\"\")","v":"2018-07-25"},{"$f":"IF(INDEX(generale!$A$16:$G$4963,MATCH(NGG!$A4945,generale!$A$16:$A$4963,0),COLUMN())=0,0,INDEX(generale!$A$16:$G$4963,MATCH(NGG!$A4945,generale!$A$16:$A$4963,0),COLUMN()))","v":0},{"$f":"IF(INDEX(generale!$A$16:$G$4963,MATCH(NGG!$A4945,generale!$A$16:$A$4963,0),COLUMN())=0,0,INDEX(generale!$A$16:$G$4963,MATCH(NGG!$A4945,generale!$A$16:$A$4963,0),COLUMN()))","v":0},{"$f":"IF(INDEX(generale!$A$16:$G$4963,MATCH(NGG!$A4945,generale!$A$16:$A$4963,0),COLUMN())=0,0,INDEX(generale!$A$16:$G$4963,MATCH(NGG!$A4945,generale!$A$16:$A$4963,0),COLUMN()))","v":0},{"$f":"IF(INDEX(generale!$A$16:$G$4963,MATCH(NGG!$A4945,generale!$A$16:$A$4963,0),COLUMN())=0,0,INDEX(generale!$A$16:$G$4963,MATCH(NGG!$A4945,generale!$A$16:$A$4963,0),COLUMN()))","v":0},{"$f":"IF(INDEX(generale!$A$16:$G$4963,MATCH(NGG!$A4945,generale!$A$16:$A$4963,0),COLUMN())=0,0,INDEX(generale!$A$16:$G$4963,MATCH(NGG!$A4945,generale!$A$16:$A$4963,0),COLUMN()))","v":0},{"$f":"generale!G4956","v":0},"","","","","","","","","","","","","","","","","","","",""]
[{"$f":"IF(generale!$A4957>0,generale!$A4957,\"\")","v":"2018-07-26"},{"$f":"IF(INDEX(generale!$A$16:$G$4963,MATCH(NGG!$A4946,generale!$A$16:$A$4963,0),COLUMN())=0,0,INDEX(generale!$A$16:$G$4963,MATCH(NGG!$A4946,generale!$A$16:$A$4963,0),COLUMN()))","v":0},{"$f":"IF(INDEX(generale!$A$16:$G$4963,MATCH(NGG!$A4946,generale!$A$16:$A$4963,0),COLUMN())=0,0,INDEX(generale!$A$16:$G$4963,MATCH(NGG!$A4946,generale!$A$16:$A$4963,0),COLUMN()))","v":0},{"$f":"IF(INDEX(generale!$A$16:$G$4963,MATCH(NGG!$A4946,generale!$A$16:$A$4963,0),COLUMN())=0,0,INDEX(generale!$A$16:$G$4963,MATCH(NGG!$A4946,generale!$A$16:$A$4963,0),COLUMN()))","v":0},{"$f":"IF(INDEX(generale!$A$16:$G$4963,MATCH(NGG!$A4946,generale!$A$16:$A$4963,0),COLUMN())=0,0,INDEX(generale!$A$16:$G$4963,MATCH(NGG!$A4946,generale!$A$16:$A$4963,0),COLUMN()))","v":0},{"$f":"IF(INDEX(generale!$A$16:$G$4963,MATCH(NGG!$A4946,generale!$A$16:$A$4963,0),COLUMN())=0,0,INDEX(generale!$A$16:$G$4963,MATCH(NGG!$A4946,generale!$A$16:$A$4963,0),COLUMN()))","v":0},{"$f":"generale!G4957","v":0},"","","","","","","","","","","","","","","","","","","",""]
[{"$f":"IF(generale!$A4958>0,generale!$A4958,\"\")","v":"2018-07-27"},{"$f":"IF(INDEX(generale!$A$16:$G$4963,MATCH(NGG!$A4947,generale!$A$16:$A$4963,0),COLUMN())=0,0,INDEX(generale!$A$16:$G$4963,MATCH(NGG!$A4947,generale!$A$16:$A$4963,0),COLUMN()))","v":0},{"$f":"IF(INDEX(generale!$A$16:$G$4963,MATCH(NGG!$A4947,generale!$A$16:$A$4963,0),COLUMN())=0,0,INDEX(generale!$A$16:$G$4963,MATCH(NGG!$A4947,generale!$A$16:$A$4963,0),COLUMN()))","v":0},{"$f":"IF(INDEX(generale!$A$16:$G$4963,MATCH(NGG!$A4947,generale!$A$16:$A$4963,0),COLUMN())=0,0,INDEX(generale!$A$16:$G$4963,MATCH(NGG!$A4947,generale!$A$16:$A$4963,0),COLUMN()))","v":0},{"$f":"IF(INDEX(generale!$A$16:$G$4963,MATCH(NGG!$A4947,generale!$A$16:$A$4963,0),COLUMN())=0,0,INDEX(generale!$A$16:$G$4963,MATCH(NGG!$A4947,generale!$A$16:$A$4963,0),COLUMN()))","v":0},{"$f":"IF(INDEX(generale!$A$16:$G$4963,MATCH(NGG!$A4947,generale!$A$16:$A$4963,0),COLUMN())=0,0,INDEX(generale!$A$16:$G$4963,MATCH(NGG!$A4947,generale!$A$16:$A$4963,0),COLUMN()))","v":0},{"$f":"generale!G4958","v":0},"","","","","","","","","","","","","","","","","","","",""]
[{"$f":"IF(generale!$A4959>0,generale!$A4959,\"\")","v":"2018-07-28"},{"$f":"IF(INDEX(generale!$A$16:$G$4963,MATCH(NGG!$A4948,generale!$A$16:$A$4963,0),COLUMN())=0,0,INDEX(generale!$A$16:$G$4963,MATCH(NGG!$A4948,generale!$A$16:$A$4963,0),COLUMN()))","v":0},{"$f":"IF(INDEX(generale!$A$16:$G$4963,MATCH(NGG!$A4948,generale!$A$16:$A$4963,0),COLUMN())=0,0,INDEX(generale!$A$16:$G$4963,MATCH(NGG!$A4948,generale!$A$16:$A$4963,0),COLUMN()))","v":0},{"$f":"IF(INDEX(generale!$A$16:$G$4963,MATCH(NGG!$A4948,generale!$A$16:$A$4963,0),COLUMN())=0,0,INDEX(generale!$A$16:$G$4963,MATCH(NGG!$A4948,generale!$A$16:$A$4963,0),COLUMN()))","v":0},{"$f":"IF(INDEX(generale!$A$16:$G$4963,MATCH(NGG!$A4948,generale!$A$16:$A$4963,0),COLUMN())=0,0,INDEX(generale!$A$16:$G$4963,MATCH(NGG!$A4948,generale!$A$16:$A$4963,0),COLUMN()))","v":0},{"$f":"IF(INDEX(generale!$A$16:$G$4963,MATCH(NGG!$A4948,generale!$A$16:$A$4963,0),COLUMN())=0,0,INDEX(generale!$A$16:$G$4963,MATCH(NGG!$A4948,generale!$A$16:$A$4963,0),COLUMN()))","v":0},{"$f":"generale!G4959","v":0},"","","","","","","","","","","","","","","","","","","",""]
[{"$f":"IF(generale!$A4960>0,generale!$A4960,\"\")","v":"2018-07-29"},{"$f":"IF(INDEX(generale!$A$16:$G$4963,MATCH(NGG!$A4949,generale!$A$16:$A$4963,0),COLUMN())=0,0,INDEX(generale!$A$16:$G$4963,MATCH(NGG!$A4949,generale!$A$16:$A$4963,0),COLUMN()))","v":0},{"$f":"IF(INDEX(generale!$A$16:$G$4963,MATCH(NGG!$A4949,generale!$A$16:$A$4963,0),COLUMN())=0,0,INDEX(generale!$A$16:$G$4963,MATCH(NGG!$A4949,generale!$A$16:$A$4963,0),COLUMN()))","v":0},{"$f":"IF(INDEX(generale!$A$16:$G$4963,MATCH(NGG!$A4949,generale!$A$16:$A$4963,0),COLUMN())=0,0,INDEX(generale!$A$16:$G$4963,MATCH(NGG!$A4949,generale!$A$16:$A$4963,0),COLUMN()))","v":0},{"$f":"IF(INDEX(generale!$A$16:$G$4963,MATCH(NGG!$A4949,generale!$A$16:$A$4963,0),COLUMN())=0,0,INDEX(generale!$A$16:$G$4963,MATCH(NGG!$A4949,generale!$A$16:$A$4963,0),COLUMN()))","v":0},{"$f":"IF(INDEX(generale!$A$16:$G$4963,MATCH(NGG!$A4949,generale!$A$16:$A$4963,0),COLUMN())=0,0,INDEX(generale!$A$16:$G$4963,MATCH(NGG!$A4949,generale!$A$16:$A$4963,0),COLUMN()))","v":0},{"$f":"generale!G4960","v":0},"","","","","","","","","","","","","","","","","","","",""]
[{"$f":"IF(generale!$A4961>0,generale!$A4961,\"\")","v":"2018-07-30"},{"$f":"IF(INDEX(generale!$A$16:$G$4963,MATCH(NGG!$A4950,generale!$A$16:$A$4963,0),COLUMN())=0,0,INDEX(generale!$A$16:$G$4963,MATCH(NGG!$A4950,generale!$A$16:$A$4963,0),COLUMN()))","v":0},{"$f":"IF(INDEX(generale!$A$16:$G$4963,MATCH(NGG!$A4950,generale!$A$16:$A$4963,0),COLUMN())=0,0,INDEX(generale!$A$16:$G$4963,MATCH(NGG!$A4950,generale!$A$16:$A$4963,0),COLUMN()))","v":0},{"$f":"IF(INDEX(generale!$A$16:$G$4963,MATCH(NGG!$A4950,generale!$A$16:$A$4963,0),COLUMN())=0,0,INDEX(generale!$A$16:$G$4963,MATCH(NGG!$A4950,generale!$A$16:$A$4963,0),COLUMN()))","v":0},{"$f":"IF(INDEX(generale!$A$16:$G$4963,MATCH(NGG!$A4950,generale!$A$16:$A$4963,0),COLUMN())=0,0,INDEX(generale!$A$16:$G$4963,MATCH(NGG!$A4950,generale!$A$16:$A$4963,0),COLUMN()))","v":0},{"$f":"IF(INDEX(generale!$A$16:$G$4963,MATCH(NGG!$A4950,generale!$A$16:$A$4963,0),COLUMN())=0,0,INDEX(generale!$A$16:$G$4963,MATCH(NGG!$A4950,generale!$A$16:$A$4963,0),COLUMN()))","v":0},{"$f":"generale!G4961","v":0},"","","","","","","","","","","","","","","","","","","",""]
[{"$f":"IF(generale!$A4962>0,generale!$A4962,\"\")","v":"2018-07-31"},{"$f":"IF(INDEX(generale!$A$16:$G$4963,MATCH(NGG!$A4951,generale!$A$16:$A$4963,0),COLUMN())=0,0,INDEX(generale!$A$16:$G$4963,MATCH(NGG!$A4951,generale!$A$16:$A$4963,0),COLUMN()))","v":0},{"$f":"IF(INDEX(generale!$A$16:$G$4963,MATCH(NGG!$A4951,generale!$A$16:$A$4963,0),COLUMN())=0,0,INDEX(generale!$A$16:$G$4963,MATCH(NGG!$A4951,generale!$A$16:$A$4963,0),COLUMN()))","v":0},{"$f":"IF(INDEX(generale!$A$16:$G$4963,MATCH(NGG!$A4951,generale!$A$16:$A$4963,0),COLUMN())=0,0,INDEX(generale!$A$16:$G$4963,MATCH(NGG!$A4951,generale!$A$16:$A$4963,0),COLUMN()))","v":0},{"$f":"IF(INDEX(generale!$A$16:$G$4963,MATCH(NGG!$A4951,generale!$A$16:$A$4963,0),COLUMN())=0,0,INDEX(generale!$A$16:$G$4963,MATCH(NGG!$A4951,generale!$A$16:$A$4963,0),COLUMN()))","v":0},{"$f":"IF(INDEX(generale!$A$16:$G$4963,MATCH(NGG!$A4951,generale!$A$16:$A$4963,0),COLUMN())=0,0,INDEX(generale!$A$16:$G$4963,MATCH(NGG!$A4951,generale!$A$16:$A$4963,0),COLUMN()))","v":0},{"$f":"generale!G4962","v":0},"","","","","","","","","","","","","","","","","","","",""]
[{"$f":"IF(generale!$A4963>0,generale!$A4963,\"\")","v":"2018-08-01"},{"$f":"IF(INDEX(generale!$A$16:$G$4963,MATCH(NGG!$A4952,generale!$A$16:$A$4963,0),COLUMN())=0,0,INDEX(generale!$A$16:$G$4963,MATCH(NGG!$A4952,generale!$A$16:$A$4963,0),COLUMN()))","v":0},{"$f":"IF(INDEX(generale!$A$16:$G$4963,MATCH(NGG!$A4952,generale!$A$16:$A$4963,0),COLUMN())=0,0,INDEX(generale!$A$16:$G$4963,MATCH(NGG!$A4952,generale!$A$16:$A$4963,0),COLUMN()))","v":0},{"$f":"IF(INDEX(generale!$A$16:$G$4963,MATCH(NGG!$A4952,generale!$A$16:$A$4963,0),COLUMN())=0,0,INDEX(generale!$A$16:$G$4963,MATCH(NGG!$A4952,generale!$A$16:$A$4963,0),COLUMN()))","v":0},{"$f":"IF(INDEX(generale!$A$16:$G$4963,MATCH(NGG!$A4952,generale!$A$16:$A$4963,0),COLUMN())=0,0,INDEX(generale!$A$16:$G$4963,MATCH(NGG!$A4952,generale!$A$16:$A$4963,0),COLUMN()))","v":0},{"$f":"IF(INDEX(generale!$A$16:$G$4963,MATCH(NGG!$A4952,generale!$A$16:$A$4963,0),COLUMN())=0,0,INDEX(generale!$A$16:$G$4963,MATCH(NGG!$A4952,generale!$A$16:$A$4963,0),COLUMN()))","v":0},{"$f":"generale!G4963","v":0},"","","","","","","","","","","","","","","","","","","",""]

{"sheet":"NPG","index":3,"n_rows":4953,"n_cols":50,"rows_kept":1125,"cut":true,"hidden":false,"merged":[[2,1,2,6],[3,1,3,6],[4,1,4,6]],"bounds":{"rows_first":500,"rows_last":125,"rows_between":500,"halvings":2}}
[null,null,null,null,null,null,null,1,2,3,4,5,6,7,8,9,10,11,12,13,14,15,16,17,18,19,20,null,1,2,3,4,5,6,7,8,9,10,11,12,13,14,15,16,17,18,19,20]
[null,null,null,null,null,null,null,"G","G","G","G","G","G","G","G","G","G","G","G","G","G","G","G","G","G","G","G"]
[null,"Ecart Moyen",null,null,null,null,null,{"$f":"AVEDEV(H6:H5750)","v":3.8206793560668899},3.9880370646938577,3.3571117094742138,3.3972400467142263,3.3604346872358875,3.2801005714281142,3.405902168810448,3.1769358907396414,3.8963320852835093,3.9785220111718949,3.7317187429684355,3.9804054596405734,3.980517090013342,3.9570197938868077,4.4721332138002854,5.3149790506849728,2.1233043613332971,1.5875088125404764,0.93251401066614026,1.2114460077133247]
[null,"Ecart Maximum",null,null,null,null,null,{"$f":"MAX(H6:H4953)","v":37},65,33,29,33,29,36,24,49,33,35,41,33,39,57,49,28,24,7,4]
[null,"report ",null,null,null,null,null,0,0,0,0,0,0,0,0,0,0,0,0,0,0,0,0,0,0,0,0]
[{"$f":"IF(generale!$A16>0,generale!$A16,\"\")","v":"2005-01-01"},{"$f":"IF(INDEX(generale!$A$16:$G$4963,MATCH(NPG!$A6,generale!$A$16:$A$4963,0),COLUMN())=0,0,INDEX(generale!$A$16:$G$4963,MATCH(NPG!$A6,generale!$A$16:$A$4963,0),COLUMN()))","v":9},{"$f":"IF(INDEX(generale!$A$16:$G$4963,MATCH(NPG!$A6,generale!$A$16:$A$4963,0),COLUMN())=0,0,INDEX(generale!$A$16:$G$4963,MATCH(NPG!$A6,generale!$A$16:$A$4963,0),COLUMN()))","v":2},{"$f":"IF(INDEX(generale!$A$16:$G$4963,MATCH(NPG!$A6,generale!$A$16:$A$4963,0),COLUMN())=0,0,INDEX(generale!$A$16:$G$4963,MATCH(NPG!$A6,generale!$A$16:$A$4963,0),COLUMN()))","v":6},{"$f":"IF(INDEX(generale!$A$16:$G$4963,MATCH(NPG!$A6,generale!$A$16:$A$4963,0),COLUMN())=0,0,INDEX(generale!$A$16:$G$4963,MATCH(NPG!$A6,generale!$A$16:$A$4963,0),COLUMN()))","v":5},{"$f":"IF(INDEX(generale!$A$16:$G$4963,MATCH(NPG!$A6,generale!$A$16:$A$4963,0),COLUMN())=0,0,INDEX(generale!$A$16:$G$4963,MATCH(NPG!$A6,generale!$A$16:$A$4963,0),COLUMN()))","v":17},{"$f":"generale!G16","v":"T"},{"$f":"IF($G6<>0,IF(OR(LEN(SUBSTITUTE(SUBSTITUTE($B6,H$1,,1),,1))=0,LEN(SUBSTITUTE(SUBSTITUTE($C6,H$1,,1),,1))=0,LEN(SUBSTITUTE(SUBSTITUTE($D6,H$1,,1),,1))=0),0,H5+1-AC6),\"\")","v":1},{"$f":"IF($G6<>0,IF(OR(LEN(SUBSTITUTE(SUBSTITUTE($B6,I$1,,1),,1))=0,LEN(SUBSTITUTE(SUBSTITUTE($C6,I$1,,1),,1))=0,LEN(SUBSTITUTE(SUBSTITUTE($D6,I$1,,1),,1))=0),0,I5+1-AD6),\"\")","v":0},{"$f":"IF($G6<>0,IF(OR(LEN(SUBSTITUTE(SUBSTITUTE($B6,J$1,,1),,1))=0,LEN(SUBSTITUTE(SUBSTITUTE($C6,J$1,,1),,1))=0,LEN(SUBSTITUTE(SUBSTITUTE($D6,J$1,,1),,1))=0),0,J5+1-AE6),\"\")","v":1},{"$f":"IF($G6<>0,IF(OR(LEN(SUBSTITUTE(SUBSTITUTE($B6,K$1,,1),,1))=0,LEN(SUBSTITUTE(SUBSTITUTE($C6,K$1,,1),,1))=0,LEN(SUBSTITUTE(SUBSTITUTE($D6,K$1,,1),,1))=0),0,K5+1-AF6),\"\")","v":1},{"$f":"IF($G6<>0,IF(OR(LEN(SUBSTITUTE(SUBSTITUTE($B6,L$1,,1),,1))=0,LEN(SUBSTITUTE(SUBSTITUTE($C6,L$1,,1),,1))=0,LEN(SUBSTITUTE(SUBSTITUTE($D6,L$1,,1),,1))=0),0,L5+1-AG6),\"\")","v":1},{"$f":"IF($G6<>0,IF(OR(LEN(SUBSTITUTE(SUBSTITUTE($B6,M$1,,1),,1))=0,LEN(SUBSTITUTE(SUBSTITUTE($C6,M$1,,1),,1))=0,LEN(SUBSTITUTE(SUBSTITUTE($D6,M$1,,1),,1))=0),0,M5+1-AH6),\"\")","v":0},{"$f":"IF($G6<>0,IF(OR(LEN(SUBSTITUTE(SUBSTITUTE($B6,N$1,,1),,1))=0,LEN(SUBSTITUTE(SUBSTITUTE($C6,N$1,,1),,1))=0,LEN(SUBSTITUTE(SUBSTITUTE($D6,N$1,,1),,1))=0),0,N5+1-AI6),\"\")","v":1},{"$f":"IF($G6<>0,IF(OR(LEN(SUBSTITUTE(SUBSTITUTE($B6,O$1,,1),,1))=0,LEN(SUBSTITUTE(SUBSTITUTE($C6,O$1,,1),,1))=0,LEN(SUBSTITUTE(SUBSTITUTE($D6,O$1,,1),,1))=0),0,O5+1-AJ6),\"\")","v":1},{"$f":"IF($G6<>0,IF(OR(LEN(SUBSTITUTE(SUBSTITUTE($B6,P$1,,1),,1))=0,LEN(SUBSTITUTE(SUBSTITUTE($C6,P$1,,1),,1))=0,LEN(SUBSTITUTE(SUBSTITUTE($D6,P$1,,1),,1))=0),0,P5+1-AK6),\"\")","v":0},{"$f":"IF($G6<>0,IF(OR(LEN(SUBSTITUTE(SUBSTITUTE($B6,Q$1,,1),,1))=0,LEN(SUBSTITUTE(SUBSTITUTE($C6,Q$1,,1),,1))=0,LEN(SUBSTITUTE(SUBSTITUTE($D6,Q$1,,1),,1))=0),0,Q5+1-AL6),\"\")","v":1},{"$f":"IF($G6<>0,IF(OR(LEN(SUBSTITUTE(SUBSTITUTE($B6,R$1,,1),,1))=0,LEN(SUBSTITUTE(SUBSTITUTE($C6,R$1,,1),,1))=0,LEN(SUBSTITUTE(SUBSTITUTE($D6,R$1,,1),,1))=0),0,R5+1-AM6),\"\")","v":1},{"$f":"IF($G6<>0,IF(OR(LEN(SUBSTITUTE(SUBSTITUTE($B6,S$1,,1),,1))=0,LEN(SUBSTITUTE(SUBSTITUTE($C6,S$1,,1),,1))=0,LEN(SUBSTITUTE(SUBSTITUTE($D6,S$1,,1),,1))=0),0,S5+1-AN6),\"\")","v":1},{"$f":"IF($G6<>0,IF(OR(LEN(SUBSTITUTE(SUBSTITUTE($B6,T$1,,1),,1))=0,LEN(SUBSTITUTE(SUBSTITUTE($C6,T$1,,1),,1))=0,LEN(SUBSTITUTE(SUBSTITUTE($D6,T$1,,1),,1))=0),0,T5+1-AO6),\"\")","v":1},{"$f":"IF($G6<>0,IF(OR(LEN(SUBSTITUTE(SUBSTITUTE($B6,U$1,,1),,1))=0,LEN(SUBSTITUTE(SUBSTITUTE($C6,U$1,,1),,1))=0,LEN(SUBSTITUTE(SUBSTITUTE($D6,U$1,,1),,1))=0),0,U5+1-AP6),\"\")","v":1},{"$f":"IF($G6<>0,IF(OR(LEN(SUBSTITUTE(SUBSTITUTE($B6,V$1,,1),,1))=0,LEN(SUBSTITUTE(SUBSTITUTE($C6,V$1,,1),,1))=0,LEN(SUBSTITUTE(SUBSTITUTE($D6,V$1,,1),,1))=0),0,V5+1-AQ6),\"\")","v":1},{"$f":"IF($G6<>0,IF(OR(LEN(SUBSTITUTE(SUBSTITUTE($B6,W$1,,1),,1))=0,LEN(SUBSTITUTE(SUBSTITUTE($C6,W$1,,1),,1))=0,LEN(SUBSTITUTE(SUBSTITUTE($D6,W$1,,1),,1))=0),0,W5+1-AR6),\"\")","v":1},{"$f":"IF($G6<>0,IF(OR(LEN(SUBSTITUTE(SUBSTITUTE($B6,X$1,,1),,1))=0,LEN(SUBSTITUTE(SUBSTITUTE($C6,X$1,,1),,1))=0,LEN(SUBSTITUTE(SUBSTITUTE($D6,X$1,,1),,1))=0),0,X5+1-AS6),\"\")","v":1},{"$f":"IF($G6<>0,IF(OR(LEN(SUBSTITUTE(SUBSTITUTE($B6,Y$1,,1),,1))=0,LEN(SUBSTITUTE(SUBSTITUTE($C6,Y$1,,1),,1))=0,LEN(SUBSTITUTE(SUBSTITUTE($D6,Y$1,,1),,1))=0),0,Y5+1-AT6),\"\")","v":0},{"$f":"IF($G6<>0,IF(OR(LEN(SUBSTITUTE(SUBSTITUTE($B6,Z$1,,1),,1))=0,LEN(SUBSTITUTE(SUBSTITUTE($C6,Z$1,,1),,1))=0,LEN(SUBSTITUTE(SUBSTITUTE($D6,Z$1,,1),,1))=0),0,Z5+1-AU6),\"\")","v":0},{"$f":"IF($G6<>0,IF(OR(LEN(SUBSTITUTE(SUBSTITUTE($B6,AA$1,,1),,1))=0,LEN(SUBSTITUTE(SUBSTITUTE($C6,AA$1,,1),,1))=0,LEN(SUBSTITUTE(SUBSTITUTE($D6,AA$1,,1),,1))=0),0,AA5+1-AV6),\"\")","v":0},null,null,null,null,null,null,null,null,null,null,null,null,null,null,null,null,null,null,1,1,1,{"$f":"IF(A6<>\"\",20-SUM(AC6:AV6),\"\")","v":17},"9"]
[{"$f":"IF(generale!$A17>0,generale!$A17,\"\")","v":"2005-01-02"},{"$f":"IF(INDEX(generale!$A$16:$G$4963,MATCH(NPG!$A7,generale!$A$16:$A$4963,0),COLUMN())=0,0,INDEX(generale!$A$16:$G$4963,MATCH(NPG!$A7,generale!$A$16:$A$4963,0),COLUMN()))","v":8},{"$f":"IF(INDEX(generale!$A$16:$G$4963,MATCH(NPG!$A7,generale!$A$16:$A$4963,0),COLUMN())=0,0,INDEX(generale!$A$16:$G$4963,MATCH(NPG!$A7,generale!$A$16:$A$4963,0),COLUMN()))","v":5},{"$f":"IF(INDEX(generale!$A$16:$G$4963,MATCH(NPG!$A7,generale!$A$16:$A$4963,0),COLUMN())=0,0,INDEX(generale!$A$16:$G$4963,MATCH(NPG!$A7,generale!$A$16:$A$4963,0),COLUMN()))","v":7},{"$f":"IF(INDEX(generale!$A$16:$G$4963,MATCH(NPG!$A7,generale!$A$16:$A$4963,0),COLUMN())=0,0,INDEX(generale!$A$16:$G$4963,MATCH(NPG!$A7,generale!$A$16:$A$4963,0),COLUMN()))","v":2},{"$f":"IF(INDEX(generale!$A$16:$G$4963,MATCH(NPG!$A7,generale!$A$16:$A$4963,0),COLUMN())=0,0,INDEX(generale!$A$16:$G$4963,MATCH(NPG!$A7,generale!$A$16:$A$4963,0),COLUMN()))","v":3},{"$f":"generale!G17","v":"T"},2,1,2,2,0,1,0,0,1,2,2,2,2,2,2,2,2,0,0,0,null,null,null,null,null,null,null,null,null,null,null,null,null,null,null,null,null,null,1,1,1,17]
[{"$f":"IF(generale!$A18>0,generale!$A18,\"\")","v":"2005-01-03"},{"$f":"IF(INDEX(generale!$A$16:$G$4963,MATCH(NPG!$A8,generale!$A$16:$A$4963,0),COLUMN())=0,0,INDEX(generale!$A$16:$G$4963,MATCH(NPG!$A8,generale!$A$16:$A$4963,0),COLUMN()))","v":5},{"$f":"IF(INDEX(generale!$A$16:$G$4963,MATCH(NPG!$A8,generale!$A$16:$A$4963,0),COLUMN())=0,0,INDEX(generale!$A$16:$G$4963,MATCH(NPG!$A8,generale!$A$16:$A$4963,0),COLUMN()))","v":13},{"$f":"IF(INDEX(generale!$A$16:$G$4963,MATCH(NPG!$A8,generale!$A$16:$A$4963,0),COLUMN())=0,0,INDEX(generale!$A$16:$G$4963,MATCH(NPG!$A8,generale!$A$16:$A$4963,0),COLUMN()))","v":4},{"$f":"IF(INDEX(generale!$A$16:$G$4963,MATCH(NPG!$A8,generale!$A$16:$A$4963,0),COLUMN())=0,0,INDEX(generale!$A$16:$G$4963,MATCH(NPG!$A8,generale!$A$16:$A$4963,0),COLUMN()))","v":3},{"$f":"IF(INDEX(generale!$A$16:$G$4963,MATCH(NPG!$A8,generale!$A$16:$A$4963,0),COLUMN())=0,0,INDEX(generale!$A$16:$G$4963,MATCH(NPG!$A8,generale!$A$16:$A$4963,0),COLUMN()))","v":10},{"$f":"generale!G18","v":"O"},3,2,3,0,0,2,1,1,2,3,3,3,0,3,3,3,3,1,0,0,null,null,null,null,null,null,null,null,null,null,null,null,null,null,null,null,null,null,null,1,1,18]
[{"$f":"IF(generale!$A19>0,generale!$A19,\"\")","v":"2005-01-04"},{"$f":"IF(INDEX(generale!$A$16:$G$4963,MATCH(NPG!$A9,generale!$A$16:$A$4963,0),COLUMN())=0,0,INDEX(generale!$A$16:$G$4963,MATCH(NPG!$A9,generale!$A$16:$A$4963,0),COLUMN()))","v":4},{"$f":"IF(INDEX(generale!$A$16:$G$4963,MATCH(NPG!$A9,generale!$A$16:$A$4963,0),COLUMN())=0,0,INDEX(generale!$A$16:$G$4963,MATCH(NPG!$A9,generale!$A$16:$A$4963,0),COLUMN()))","v":9},{"$f":"IF(INDEX(generale!$A$16:$G$4963,MATCH(NPG!$A9,generale!$A$16:$A$4963,0),COLUMN())=0,0,INDEX(generale!$A$16:$G$4963,MATCH(NPG!$A9,generale!$A$16:$A$4963,0),COLUMN()))","v":14},{"$f":"IF(INDEX(generale!$A$16:$G$4963,MATCH(NPG!$A9,generale!$A$16:$A$4963,0),COLUMN())=0,0,INDEX(generale!$A$16:$G$4963,MATCH(NPG!$A9,generale!$A$16:$A$4963,0),COLUMN()))","v":3},{"$f":"IF(INDEX(generale!$A$16:$G$4963,MATCH(NPG!$A9,generale!$A$16:$A$4963,0),COLUMN())=0,0,INDEX(generale!$A$16:$G$4963,MATCH(NPG!$A9,generale!$A$16:$A$4963,0),COLUMN()))","v":8},{"$f":"generale!G19","v":"T"},4,3,4,0,1,3,2,2,0,4,4,4,1,0,4,4,4,2,0,0,null,null,null,null,null,null,null,null,null,null,null,null,null,null,null,null,null,null,null,1,1,18,"6"]
[{"$f":"IF(generale!$A20>0,generale!$A20,\"\")","v":"2005-01-05"},{"$f":"IF(INDEX(generale!$A$16:$G$4963,MATCH(NPG!$A10,generale!$A$16:$A$4963,0),COLUMN())=0,0,INDEX(generale!$A$16:$G$4963,MATCH(NPG!$A10,generale!$A$16:$A$4963,0),COLUMN()))","v":3},{"$f":"IF(INDEX(generale!$A$16:$G$4963,MATCH(NPG!$A10,generale!$A$16:$A$4963,0),COLUMN())=0,0,INDEX(generale!$A$16:$G$4963,MATCH(NPG!$A10,generale!$A$16:$A$4963,0),COLUMN()))","v":7},{"$f":"IF(INDEX(generale!$A$16:$G$4963,MATCH(NPG!$A10,generale!$A$16:$A$4963,0),COLUMN())=0,0,INDEX(generale!$A$16:$G$4963,MATCH(NPG!$A10,generale!$A$16:$A$4963,0),COLUMN()))","v":6},{"$f":"IF(INDEX(generale!$A$16:$G$4963,MATCH(NPG!$A10,generale!$A$16:$A$4963,0),COLUMN())=0,0,INDEX(generale!$A$16:$G$4963,MATCH(NPG!$A10,generale!$A$16:$A$4963,0),COLUMN()))","v":2},{"$f":"IF(INDEX(generale!$A$16:$G$4963,MATCH(NPG!$A10,generale!$A$16:$A$4963,0),COLUMN())=0,0,INDEX(generale!$A$16:$G$4963,MATCH(NPG!$A10,generale!$A$16:$A$4963,0),COLUMN()))","v":9},{"$f":"generale!G20","v":"P"},5,4,0,1,2,0,0,3,1,5,5,5,2,1,5,5,4,2,0,0,null,null,null,null,null,null,null,null,null,null,null,null,null,null,null,null,null,1,1,1,1,16]
[{"$f":"IF(generale!$A21>0,generale!$A21,\"\")","v":"2005-01-06"},{"$f":"IF(INDEX(generale!$A$16:$G$4963,MATCH(NPG!$A11,generale!$A$16:$A$4963,0),COLUMN())=0,0,INDEX(generale!$A$16:$G$4963,MATCH(NPG!$A11,generale!$A$16:$A$4963,0),COLUMN()))","v":10},{"$f":"IF(INDEX(generale!$A$16:$G$4963,MATCH(NPG!$A11,generale!$A$16:$A$4963,0),COLUMN())=0,0,INDEX(generale!$A$16:$G$4963,MATCH(NPG!$A11,generale!$A$16:$A$4963,0),COLUMN()))","v":13},{"$f":"IF(INDEX(generale!$A$16:$G$4963,MATCH(NPG!$A11,generale!$A$16:$A$4963,0),COLUMN())=0,0,INDEX(generale!$A$16:$G$4963,MATCH(NPG!$A11,generale!$A$16:$A$4963,0),COLUMN()))","v":6},{"$f":"IF(INDEX(generale!$A$16:$G$4963,MATCH(NPG!$A11,generale!$A$16:$A$4963,0),COLUMN())=0,0,INDEX(generale!$A$16:$G$4963,MATCH(NPG!$A11,generale!$A$16:$A$4963,0),COLUMN()))","v":16},{"$f":"IF(INDEX(generale!$A$16:$G$4963,MATCH(NPG!$A11,generale!$A$16:$A$4963,0),COLUMN())=0,0,INDEX(generale!$A$16:$G$4963,MATCH(NPG!$A11,generale!$A$16:$A$4963,0),COLUMN()))","v":12},{"$f":"generale!G21","v":"T"},6,5,1,2,3,0,1,4,2,0,6,6,0,2,6,6,5,2,0,0,null,null,null,null,null,null,null,null,null,null,null,null,null,null,null,null,null,null,1,1,1,17]
[{"$f":"IF(generale!$A22>0,generale!$A22,\"\")","v":"2005-01-07"},{"$f":"IF(INDEX(generale!$A$16:$G$4963,MATCH(NPG!$A12,generale!$A$16:$A$4963,0),COLUMN())=0,0,INDEX(generale!$A$16:$G$4963,MATCH(NPG!$A12,generale!$A$16:$A$4963,0),COLUMN()))","v":11},{"$f":"IF(INDEX(generale!$A$16:$G$4963,MATCH(NPG!$A12,generale!$A$16:$A$4963,0),COLUMN())=0,0,INDEX(generale!$A$16:$G$4963,MATCH(NPG!$A12,generale!$A$16:$A$4963,0),COLUMN()))","v":12},{"$f":"IF(INDEX(generale!$A$16:$G$4963,MATCH(NPG!$A12,generale!$A$16:$A$4963,0),COLUMN())=0,0,INDEX(generale!$A$16:$G$4963,MATCH(NPG!$A12,generale!$A$16:$A$4963,0),COLUMN()))","v":2},{"$f":"IF(INDEX(generale!$A$16:$G$4963,MATCH(NPG!$A12,generale!$A$16:$A$4963,0),COLUMN())=0,0,INDEX(generale!$A$16:$G$4963,MATCH(NPG!$A12,generale!$A$16:$A$4963,0),COLUMN()))","v":1},{"$f":"IF(INDEX(generale!$A$16:$G$4963,MATCH(NPG!$A12,generale!$A$16:$A$4963,0),COLUMN())=0,0,INDEX(generale!$A$16:$G$4963,MATCH(NPG!$A12,generale!$A$16:$A$4963,0),COLUMN()))","v":9},{"$f":"generale!G22","v":"O"},7,0,2,3,4,1,2,5,3,1,0,0,1,3,7,6,5,2,0,0,null,null,null,null,null,null,null,null,null,null,null,null,null,null,null,null,1,1,1,1,1,15]
[{"$f":"IF(generale!$A23>0,generale!$A23,\"\")","v":"2005-01-08"},{"$f":"IF(INDEX(generale!$A$16:$G$4963,MATCH(NPG!$A13,generale!$A$16:$A$4963,0),COLUMN())=0,0,INDEX(generale!$A$16:$G$4963,MATCH(NPG!$A13,generale!$A$16:$A$4963,0),COLUMN()))","v":6},{"$f":"IF(INDEX(generale!$A$16:$G$4963,MATCH(NPG!$A13,generale!$A$16:$A$4963,0),COLUMN())=0,0,INDEX(generale!$A$16:$G$4963,MATCH(NPG!$A13,generale!$A$16:$A$4963,0),COLUMN()))","v":11},{"$f":"IF(INDEX(generale!$A$16:$G$4963,MATCH(NPG!$A13,generale!$A$16:$A$4963,0),COLUMN())=0,0,INDEX(generale!$A$16:$G$4963,MATCH(NPG!$A13,generale!$A$16:$A$4963,0),COLUMN()))","v":4},{"$f":"IF(INDEX(generale!$A$16:$G$4963,MATCH(NPG!$A13,generale!$A$16:$A$4963,0),COLUMN())=0,0,INDEX(generale!$A$16:$G$4963,MATCH(NPG!$A13,generale!$A$16:$A$4963,0),COLUMN()))","v":2},{"$f":"IF(INDEX(generale!$A$16:$G$4963,MATCH(NPG!$A13,generale!$A$16:$A$4963,0),COLUMN())=0,0,INDEX(generale!$A$16:$G$4963,MATCH(NPG!$A13,generale!$A$16:$A$4963,0),COLUMN()))","v":18},{"$f":"generale!G23","v":"T"},8,1,3,0,5,0,3,6,4,2,0,1,2,4,8,7,6,3,1,1,null,null,null,null,null,null,null,null,null,null,null,null,null,null,null,null,null,null,null,null,null,20]
[{"$f":"IF(generale!$A24>0,generale!$A24,\"\")","v":"2005-01-09"},{"$f":"IF(INDEX(generale!$A$16:$G$4963,MATCH(NPG!$A14,generale!$A$16:$A$4963,0),COLUMN())=0,0,INDEX(generale!$A$16:$G$4963,MATCH(NPG!$A14,generale!$A$16:$A$4963,0),COLUMN()))","v":5},{"$f":"IF(INDEX(generale!$A$16:$G$4963,MATCH(NPG!$A14,generale!$A$16:$A$4963,0),COLUMN())=0,0,INDEX(generale!$A$16:$G$4963,MATCH(NPG!$A14,generale!$A$16:$A$4963,0),COLUMN()))","v":4},{"$f":"IF(INDEX(generale!$A$16:$G$4963,MATCH(NPG!$A14,generale!$A$16:$A$4963,0),COLUMN())=0,0,INDEX(generale!$A$16:$G$4963,MATCH(NPG!$A14,generale!$A$16:$A$4963,0),COLUMN()))","v":9},{"$f":"IF(INDEX(generale!$A$16:$G$4963,MATCH(NPG!$A14,generale!$A$16:$A$4963,0),COLUMN())=0,0,INDEX(generale!$A$16:$G$4963,MATCH(NPG!$A14,generale!$A$16:$A$4963,0),COLUMN()))","v":12},{"$f":"IF(INDEX(generale!$A$16:$G$4963,MATCH(NPG!$A14,generale!$A$16:$A$4963,0),COLUMN())=0,0,INDEX(generale!$A$16:$G$4963,MATCH(NPG!$A14,generale!$A$16:$A$4963,0),COLUMN()))","v":8},{"$f":"generale!G24","v":"T"},9,2,4,0,0,1,4,7,0,3,1,2,3,5,9,8,7,4,1,1,null,null,null,null,null,null,null,null,null,null,null,null,null,null,null,null,null,null,null,1,1,18,"7-13-14"]
[{"$f":"IF(generale!$A25>0,generale!$A25,\"\")","v":"2005-01-10"},{"$f":"IF(INDEX(generale!$A$16:$G$4963,MATCH(NPG!$A15,generale!$A$16:$A$4963,0),COLUMN())=0,0,INDEX(generale!$A$16:$G$4963,MATCH(NPG!$A15,generale!$A$16:$A$4963,0),COLUMN()))","v":9},{"$f":"IF(INDEX(generale!$A$16:$G$4963,MATCH(NPG!$A15,generale!$A$16:$A$4963,0),COLUMN())=0,0,INDEX(generale!$A$16:$G$4963,MATCH(NPG!$A15,generale!$A$16:$A$4963,0),COLUMN()))","v":16},{"$f":"IF(INDEX(generale!$A$16:$G$4963,MATCH(NPG!$A15,generale!$A$16:$A$4963,0),COLUMN())=0,0,INDEX(generale!$A$16:$G$4963,MATCH(NPG!$A15,generale!$A$16:$A$4963,0),COLUMN()))","v":5},{"$f":"IF(INDEX(generale!$A$16:$G$4963,MATCH(NPG!$A15,generale!$A$16:$A$4963,0),COLUMN())=0,0,INDEX(generale!$A$16:$G$4963,MATCH(NPG!$A15,generale!$A$16:$A$4963,0),COLUMN()))","v":14},{"$f":"IF(INDEX(generale!$A$16:$G$4963,MATCH(NPG!$A15,generale!$A$16:$A$4963,0),COLUMN())=0,0,INDEX(generale!$A$16:$G$4963,MATCH(NPG!$A15,generale!$A$16:$A$4963,0),COLUMN()))","v":11},{"$f":"generale!G25","v":"T"},10,3,5,1,0,2,5,8,0,4,2,3,4,6,10,0,8,5,1,1,null,null,null,null,null,null,null,null,null,null,null,null,null,null,null,null,null,null,null,1,1,18,"12"]
[{"$f":"IF(generale!$A26>0,generale!$A26,\"\")","v":"2005-01-11"},{"$f":"IF(INDEX(generale!$A$16:$G$4963,MATCH(NPG!$A16,generale!$A$16:$A$4963,0),COLUMN())=0,0,INDEX(generale!$A$16:$G$4963,MATCH(NPG!$A16,generale!$A$16:$A$4963,0),COLUMN()))","v":19},{"$f":"IF(INDEX(generale!$A$16:$G$4963,MATCH(NPG!$A16,generale!$A$16:$A$4963,0),COLUMN())=0,0,INDEX(generale!$A$16:$G$4963,MATCH(NPG!$A16,generale!$A$16:$A$4963,0),COLUMN()))","v":9},{"$f":"IF(INDEX(generale!$A$16:$G$4963,MATCH(NPG!$A16,generale!$A$16:$A$4963,0),COLUMN())=0,0,INDEX(generale!$A$16:$G$4963,MATCH(NPG!$A16,generale!$A$16:$A$4963,0),COLUMN()))","v":4},{"$f":"IF(INDEX(generale!$A$16:$G$4963,MATCH(NPG!$A16,generale!$A$16:$A$4963,0),COLUMN())=0,0,INDEX(generale!$A$16:$G$4963,MATCH(NPG!$A16,generale!$A$16:$A$4963,0),COLUMN()))","v":12},{"$f":"IF(INDEX(generale!$A$16:$G$4963,MATCH(NPG!$A16,generale!$A$16:$A$4963,0),COLUMN())=0,0,INDEX(generale!$A$16:$G$4963,MATCH(NPG!$A16,generale!$A$16:$A$4963,0),COLUMN()))","v":11},{"$f":"generale!G26","v":"T"},11,4,6,0,1,3,6,9,0,5,3,4,5,7,11,1,9,6,0,1,null,null,null,null,null,null,null,null,null,null,null,null,null,null,null,null,null,null,null,1,1,18]
[{"$f":"IF(generale!$A27>0,generale!$A27,\"\")","v":"2005-01-12"},{"$f":"IF(INDEX(generale!$A$16:$G$4963,MATCH(NPG!$A17,generale!$A$16:$A$4963,0),COLUMN())=0,0,INDEX(generale!$A$16:$G$4963,MATCH(NPG!$A17,generale!$A$16:$A$4963,0),COLUMN()))","v":13},{"$f":"IF(INDEX(generale!$A$16:$G$4963,MATCH(NPG!$A17,generale!$A$16:$A$4963,0),COLUMN())=0,0,INDEX(generale!$A$16:$G$4963,MATCH(NPG!$A17,generale!$A$16:$A$4963,0),COLUMN()))","v":5},{"$f":"IF(INDEX(generale!$A$16:$G$4963,MATCH(NPG!$A17,generale!$A$16:$A$4963,0),COLUMN())=0,0,INDEX(generale!$A$16:$G$4963,MATCH(NPG!$A17,generale!$A$16:$A$4963,0),COLUMN()))","v":11},{"$f":"IF(INDEX(generale!$A$16:$G$4963,MATCH(NPG!$A17,generale!$A$16:$A$4963,0),COLUMN())=0,0,INDEX(generale!$A$16:$G$4963,MATCH(NPG!$A17,generale!$A$16:$A$4963,0),COLUMN()))","v":12},{"$f":"IF(INDEX(generale!$A$16:$G$4963,MATCH(NPG!$A17,generale!$A$16:$A$4963,0),COLUMN())=0,0,INDEX(generale!$A$16:$G$4963,MATCH(NPG!$A17,generale!$A$16:$A$4963,0),COLUMN()))","v":15},{"$f":"generale!G27","v":"O"},12,5,7,1,0,4,7,10,1,6,0,5,0,8,12,2,10,7,0,1,null,null,null,null,null,null,null,null,null,null,null,null,null,null,null,null,null,null,null,1,1,18,"9"]
[{"$f":"IF(generale!$A28>0,generale!$A28,\"\")","v":"2005-01-13"},{"$f":"IF(INDEX(generale!$A$16:$G$4963,MATCH(NPG!$A18,generale!$A$16:$A$4963,0),COLUMN())=0,0,INDEX(generale!$A$16:$G$4963,MATCH(NPG!$A18,generale!$A$16:$A$4963,0),COLUMN()))","v":8},{"$f":"IF(INDEX(generale!$A$16:$G$4963,MATCH(NPG!$A18,generale!$A$16:$A$4963,0),COLUMN())=0,0,INDEX(generale!$A$16:$G$4963,MATCH(NPG!$A18,generale!$A$16:$A$4963,0),COLUMN()))","v":13},{"$f":"IF(INDEX(generale!$A$16:$G$4963,MATCH(NPG!$A18,generale!$A$16:$A$4963,0),COLUMN())=0,0,INDEX(generale!$A$16:$G$4963,MATCH(NPG!$A18,generale!$A$16:$A$4963,0),COLUMN()))","v":15},{"$f":"IF(INDEX(generale!$A$16:$G$4963,MATCH(NPG!$A18,generale!$A$16:$A$4963,0),COLUMN())=0,0,INDEX(generale!$A$16:$G$4963,MATCH(NPG!$A18,generale!$A$16:$A$4963,0),COLUMN()))","v":16},{"$f":"IF(INDEX(generale!$A$16:$G$4963,MATCH(NPG!$A18,generale!$A$16:$A$4963,0),COLUMN())=0,0,INDEX(generale!$A$16:$G$4963,MATCH(NPG!$A18,generale!$A$16:$A$4963,0),COLUMN()))","v":5},{"$f":"generale!G28","v":"T"},13,6,8,2,1,5,8,0,2,7,1,6,0,9,0,2,10,7,0,1,null,null,null,null,null,null,null,null,null,null,null,null,null,null,null,null,1,1,1,1,1,15]
[{"$f":"IF(generale!$A29>0,generale!$A29,\"\")","v":"2005-01-14"},{"$f":"IF(INDEX(generale!$A$16:$G$4963,MATCH(NPG!$A19,generale!$A$16:$A$4963,0),COLUMN())=0,0,INDEX(generale!$A$16:$G$4963,MATCH(NPG!$A19,generale!$A$16:$A$4963,0),COLUMN()))","v":11},{"$f":"IF(INDEX(generale!$A$16:$G$4963,MATCH(NPG!$A19,generale!$A$16:$A$4963,0),COLUMN())=0,0,INDEX(generale!$A$16:$G$4963,MATCH(NPG!$A19,generale!$A$16:$A$4963,0),COLUMN()))","v":3},{"$f":"IF(INDEX(generale!$A$16:$G$4963,MATCH(NPG!$A19,generale!$A$16:$A$4963,0),COLUMN())=0,0,INDEX(generale!$A$16:$G$4963,MATCH(NPG!$A19,generale!$A$16:$A$4963,0),COLUMN()))","v":5},{"$f":"IF(INDEX(generale!$A$16:$G$4963,MATCH(NPG!$A19,generale!$A$16:$A$4963,0),COLUMN())=0,0,INDEX(generale!$A$16:$G$4963,MATCH(NPG!$A19,generale!$A$16:$A$4963,0),COLUMN()))","v":15},{"$f":"IF(INDEX(generale!$A$16:$G$4963,MATCH(NPG!$A19,generale!$A$16:$A$4963,0),COLUMN())=0,0,INDEX(generale!$A$16:$G$4963,MATCH(NPG!$A19,generale!$A$16:$A$4963,0),COLUMN()))","v":13},{"$f":"generale!G29","v":"T"},14,7,0,3,0,6,9,1,3,8,0,7,1,10,1,3,11,8,0,1,null,null,null,null,null,null,null,null,null,null,null,null,null,null,null,null,null,null,null,1,1,18,"12"]
[{"$f":"IF(generale!$A30>0,generale!$A30,\"\")","v":"2005-01-15"},{"$f":"IF(INDEX(generale!$A$16:$G$4963,MATCH(NPG!$A20,generale!$A$16:$A$4963,0),COLUMN())=0,0,INDEX(generale!$A$16:$G$4963,MATCH(NPG!$A20,generale!$A$16:$A$4963,0),COLUMN()))","v":15},{"$f":"IF(INDEX(generale!$A$16:$G$4963,MATCH(NPG!$A20,generale!$A$16:$A$4963,0),COLUMN())=0,0,INDEX(generale!$A$16:$G$4963,MATCH(NPG!$A20,generale!$A$16:$A$4963,0),COLUMN()))","v":9},{"$f":"IF(INDEX(generale!$A$16:$G$4963,MATCH(NPG!$A20,generale!$A$16:$A$4963,0),COLUMN())=0,0,INDEX(generale!$A$16:$G$4963,MATCH(NPG!$A20,generale!$A$16:$A$4963,0),COLUMN()))","v":11},{"$f":"IF(INDEX(generale!$A$16:$G$4963,MATCH(NPG!$A20,generale!$A$16:$A$4963,0),COLUMN())=0,0,INDEX(generale!$A$16:$G$4963,MATCH(NPG!$A20,generale!$A$16:$A$4963,0),COLUMN()))","v":10},{"$f":"IF(INDEX(generale!$A$16:$G$4963,MATCH(NPG!$A20,generale!$A$16:$A$4963,0),COLUMN())=0,0,INDEX(generale!$A$16:$G$4963,MATCH(NPG!$A20,generale!$A$16:$A$4963,0),COLUMN()))","v":2},{"$f":"generale!G30","v":"T"},15,8,1,4,1,7,10,2,0,9,0,8,2,11,0,4,12,9,0,1,null,null,null,null,null,null,null,null,null,null,null,null,null,null,null,null,null,null,null,1,1,18,"13"]
[{"$f":"IF(generale!$A31>0,generale!$A31,\"\")","v":"2005-01-16"},{"$f":"IF(INDEX(generale!$A$16:$G$4963,MATCH(NPG!$A21,generale!$A$16:$A$4963,0),COLUMN())=0,0,INDEX(generale!$A$16:$G$4963,MATCH(NPG!$A21,generale!$A$16:$A$4963,0),COLUMN()))","v":6},{"$f":"IF(INDEX(generale!$A$16:$G$4963,MATCH(NPG!$A21,generale!$A$16:$A$4963,0),COLUMN())=0,0,INDEX(generale!$A$16:$G$4963,MATCH(NPG!$A21,generale!$A$16:$A$4963,0),COLUMN()))","v":2},{"$f":"IF(INDEX(generale!$A$16:$G$4963,MATCH(NPG!$A21,generale!$A$16:$A$4963,0),COLUMN())=0,0,INDEX(generale!$A$16:$G$4963,MATCH(NPG!$A21,generale!$A$16:$A$4963,0),COLUMN()))","v":3},{"$f":"IF(INDEX(generale!$A$16:$G$4963,MATCH(NPG!$A21,generale!$A$16:$A$4963,0),COLUMN())=0,0,INDEX(generale!$A$16:$G$4963,MATCH(NPG!$A21,generale!$A$16:$A$4963,0),COLUMN()))","v":14},{"$f":"IF(INDEX(generale!$A$16:$G$4963,MATCH(NPG!$A21,generale!$A$16:$A$4963,0),COLUMN())=0,0,INDEX(generale!$A$16:$G$4963,MATCH(NPG!$A21,generale!$A$16:$A$4963,0),COLUMN()))","v":15},{"$f":"generale!G31","v":"T"},16,0,0,5,2,0,11,3,1,10,1,9,3,12,1,5,13,10,0,1,null,null,null,null,null,null,null,null,null,null,null,null,null,null,null,null,null,null,null,1,1,18]
[{"$f":"IF(generale!$A32>0,generale!$A32,\"\")","v":"2005-01-17"},{"$f":"IF(INDEX(generale!$A$16:$G$4963,MATCH(NPG!$A22,generale!$A$16:$A$4963,0),COLUMN())=0,0,INDEX(generale!$A$16:$G$4963,MATCH(NPG!$A22,generale!$A$16:$A$4963,0),COLUMN()))","v":12},{"$f":"IF(INDEX(generale!$A$16:$G$4963,MATCH(NPG!$A22,generale!$A$16:$A$4963,0),COLUMN())=0,0,INDEX(generale!$A$16:$G$4963,MATCH(NPG!$A22,generale!$A$16:$A$4963,0),COLUMN()))","v":13},{"$f":"IF(INDEX(generale!$A$16:$G$4963,MATCH(NPG!$A22,generale!$A$16:$A$4963,0),COLUMN())=0,0,INDEX(generale!$A$16:$G$4963,MATCH(NPG!$A22,generale!$A$16:$A$4963,0),COLUMN()))","v":11},{"$f":"IF(INDEX(generale!$A$16:$G$4963,MATCH(NPG!$A22,generale!$A$16:$A$4963,0),COLUMN())=0,0,INDEX(generale!$A$16:$G$4963,MATCH(NPG!$A22,generale!$A$16:$A$4963,0),COLUMN()))","v":15},{"$f":"IF(INDEX(generale!$A$16:$G$4963,MATCH(NPG!$A22,generale!$A$16:$A$4963,0),COLUMN())=0,0,INDEX(generale!$A$16:$G$4963,MATCH(NPG!$A22,generale!$A$16:$A$4963,0),COLUMN()))","v":9},{"$f":"generale!G32","v":"T"},17,1,1,6,3,1,12,4,2,11,0,0,0,13,2,6,14,11,0,1,null,null,null,null,null,null,null,null,null,null,null,null,null,null,null,null,null,null,null,1,1,18,"15"]
[{"$f":"IF(generale!$A33>0,generale!$A33,\"\")","v":"2005-01-18"},{"$f":"IF(INDEX(generale!$A$16:$G$4963,MATCH(NPG!$A23,generale!$A$16:$A$4963,0),COLUMN())=0,0,INDEX(generale!$A$16:$G$4963,MATCH(NPG!$A23,generale!$A$16:$A$4963,0),COLUMN()))","v":7},{"$f":"IF(INDEX(generale!$A$16:$G$4963,MATCH(NPG!$A23,generale!$A$16:$A$4963,0),COLUMN())=0,0,INDEX(generale!$A$16:$G$4963,MATCH(NPG!$A23,generale!$A$16:$A$4963,0),COLUMN()))","v":5},{"$f":"IF(INDEX(generale!$A$16:$G$4963,MATCH(NPG!$A23,generale!$A$16:$A$4963,0),COLUMN())=0,0,INDEX(generale!$A$16:$G$4963,MATCH(NPG!$A23,generale!$A$16:$A$4963,0),COLUMN()))","v":9},{"$f":"IF(INDEX(generale!$A$16:$G$4963,MATCH(NPG!$A23,generale!$A$16:$A$4963,0),COLUMN())=0,0,INDEX(generale!$A$16:$G$4963,MATCH(NPG!$A23,generale!$A$16:$A$4963,0),COLUMN()))","v":10},{"$f":"IF(INDEX(generale!$A$16:$G$4963,MATCH(NPG!$A23,generale!$A$16:$A$4963,0),COLUMN())=0,0,INDEX(generale!$A$16:$G$4963,MATCH(NPG!$A23,generale!$A$16:$A$4963,0),COLUMN()))","v":11},{"$f":"generale!G33","v":"T"},18,2,2,7,0,2,0,5,0,12,1,1,1,14,3,7,15,12,0,1,null,null,null,null,null,null,null,null,null,null,null,null,null,null,null,null,null,null,null,1,1,18]
[{"$f":"IF(generale!$A34>0,generale!$A34,\"\")","v":"2005-01-19"},{"$f":"IF(INDEX(generale!$A$16:$G$4963,MATCH(NPG!$A24,generale!$A$16:$A$4963,0),COLUMN())=0,0,INDEX(generale!$A$16:$G$4963,MATCH(NPG!$A24,generale!$A$16:$A$4963,0),COLUMN()))","v":15},{"$f":"IF(INDEX(generale!$A$16:$G$4963,MATCH(NPG!$A24,generale!$A$16:$A$4963,0),COLUMN())=0,0,INDEX(generale!$A$16:$G$4963,MATCH(NPG!$A24,generale!$A$16:$A$4963,0),COLUMN()))","v":4},{"$f":"IF(INDEX(generale!$A$16:$G$4963,MATCH(NPG!$A24,generale!$A$16:$A$4963,0),COLUMN())=0,0,INDEX(generale!$A$16:$G$4963,MATCH(NPG!$A24,generale!$A$16:$A$4963,0),COLUMN()))","v":13},{"$f":"IF(INDEX(generale!$A$16:$G$4963,MATCH(NPG!$A24,generale!$A$16:$A$4963,0),COLUMN())=0,0,INDEX(generale!$A$16:$G$4963,MATCH(NPG!$A24,generale!$A$16:$A$4963,0),COLUMN()))","v":5},{"$f":"IF(INDEX(generale!$A$16:$G$4963,MATCH(NPG!$A24,generale!$A$16:$A$4963,0),COLUMN())=0,0,INDEX(generale!$A$16:$G$4963,MATCH(NPG!$A24,generale!$A$16:$A$4963,0),COLUMN()))","v":6},{"$f":"generale!G34","v":"P"},19,3,3,0,1,3,1,6,1,13,2,2,0,15,0,8,16,12,0,1,null,null,null,null,null,null,null,null,null,null,null,null,null,null,null,null,null,null,1,1,1,17]
[{"$f":"IF(generale!$A35>0,generale!$A35,\"\")","v":"2005-01-20"},{"$f":"IF(INDEX(generale!$A$16:$G$4963,MATCH(NPG!$A25,generale!$A$16:$A$4963,0),COLUMN())=0,0,INDEX(generale!$A$16:$G$4963,MATCH(NPG!$A25,generale!$A$16:$A$4963,0),COLUMN()))","v":1},{"$f":"IF(INDEX(generale!$A$16:$G$4963,MATCH(NPG!$A25,generale!$A$16:$A$4963,0),COLUMN())=0,0,INDEX(generale!$A$16:$G$4963,MATCH(NPG!$A25,generale!$A$16:$A$4963,0),COLUMN()))","v":13},{"$f":"IF(INDEX(generale!$A$16:$G$4963,MATCH(NPG!$A25,generale!$A$16:$A$4963,0),COLUMN())=0,0,INDEX(generale!$A$16:$G$4963,MATCH(NPG!$A25,generale!$A$16:$A$4963,0),COLUMN()))","v":2},{"$f":"IF(INDEX(generale!$A$16:$G$4963,MATCH(NPG!$A25,generale!$A$16:$A$4963,0),COLUMN())=0,0,INDEX(generale!$A$16:$G$4963,MATCH(NPG!$A25,generale!$A$16:$A$4963,0),COLUMN()))","v":12},{"$f":"IF(INDEX(generale!$A$16:$G$4963,MATCH(NPG!$A25,generale!$A$16:$A$4963,0),COLUMN())=0,0,INDEX(generale!$A$16:$G$4963,MATCH(NPG!$A25,generale!$A$16:$A$4963,0),COLUMN()))","v":17},{"$f":"generale!G35","v":"T"},0,0,4,1,2,4,2,7,2,14,3,3,0,16,1,9,17,13,0,1,null,null,null,null,null,null,null,null,null,null,null,null,null,null,null,null,null,null,null,1,1,18,"5-7"]
[{"$f":"IF(generale!$A36>0,generale!$A36,\"\")","v":"2005-01-21"},{"$f":"IF(INDEX(generale!$A$16:$G$4963,MATCH(NPG!$A26,generale!$A$16:$A$4963,0),COLUMN())=0,0,INDEX(generale!$A$16:$G$4963,MATCH(NPG!$A26,generale!$A$16:$A$4963,0),COLUMN()))","v":1},{"$f":"IF(INDEX(generale!$A$16:$G$4963,MATCH(NPG!$A26,generale!$A$16:$A$4963,0),COLUMN())=0,0,INDEX(generale!$A$16:$G$4963,MATCH(NPG!$A26,generale!$A$16:$A$4963,0),COLUMN()))","v":8},{"$f":"IF(INDEX(generale!$A$16:$G$4963,MATCH(NPG!$A26,generale!$A$16:$A$4963,0),COLUMN())=0,0,INDEX(generale!$A$16:$G$4963,MATCH(NPG!$A26,generale!$A$16:$A$4963,0),COLUMN()))","v":10},{"$f":"IF(INDEX(generale!$A$16:$G$4963,MATCH(NPG!$A26,generale!$A$16:$A$4963,0),COLUMN())=0,0,INDEX(generale!$A$16:$G$4963,MATCH(NPG!$A26,generale!$A$16:$A$4963,0),COLUMN()))","v":13},{"$f":"IF(INDEX(generale!$A$16:$G$4963,MATCH(NPG!$A26,generale!$A$16:$A$4963,0),COLUMN())=0,0,INDEX(generale!$A$16:$G$4963,MATCH(NPG!$A26,generale!$A$16:$A$4963,0),COLUMN()))","v":9},{"$f":"generale!G36","v":"P"},0,1,5,2,3,5,3,0,3,0,4,4,1,17,2,10,17,13,0,1,null,null,null,null,null,null,null,null,null,null,null,null,null,null,null,null,null,1,1,1,1,16,"13"]
[{"$f":"IF(generale!$A37>0,generale!$A37,\"\")","v":"2005-01-22"},{"$f":"IF(INDEX(generale!$A$16:$G$4963,MATCH(NPG!$A27,generale!$A$16:$A$4963,0),COLUMN())=0,0,INDEX(generale!$A$16:$G$4963,MATCH(NPG!$A27,generale!$A$16:$A$4963,0),COLUMN()))","v":19},{"$f":"IF(INDEX(generale!$A$16:$G$4963,MATCH(NPG!$A27,generale!$A$16:$A$4963,0),COLUMN())=0,0,INDEX(generale!$A$16:$G$4963,MATCH(NPG!$A27,generale!$A$16:$A$4963,0),COLUMN()))","v":11},{"$f":"IF(INDEX(generale!$A$16:$G$4963,MATCH(NPG!$A27,generale!$A$16:$A$4963,0),COLUMN())=0,0,INDEX(generale!$A$16:$G$4963,MATCH(NPG!$A27,generale!$A$16:$A$4963,0),COLUMN()))","v":14},{"$f":"IF(INDEX(generale!$A$16:$G$4963,MATCH(NPG!$A27,generale!$A$16:$A$4963,0),COLUMN())=0,0,INDEX(generale!$A$16:$G$4963,MATCH(NPG!$A27,generale!$A$16:$A$4963,0),COLUMN()))","v":7},{"$f":"IF(INDEX(generale!$A$16:$G$4963,MATCH(NPG!$A27,generale!$A$16:$A$4963,0),COLUMN())=0,0,INDEX(generale!$A$16:$G$4963,MATCH(NPG!$A27,generale!$A$16:$A$4963,0),COLUMN()))","v":15},{"$f":"generale!G37","v":"T"},1,2,6,3,4,6,4,1,4,1,0,5,2,0,3,11,17,13,0,1,null,null,null,null,null,null,null,null,null,null,null,null,null,null,null,null,null,1,1,1,1,16,"13"]
[{"$f":"IF(generale!$A38>0,generale!$A38,\"\")","v":"2005-01-23"},{"$f":"IF(INDEX(generale!$A$16:$G$4963,MATCH(NPG!$A28,generale!$A$16:$A$4963,0),COLUMN())=0,0,INDEX(generale!$A$16:$G$4963,MATCH(NPG!$A28,generale!$A$16:$A$4963,0),COLUMN()))","v":19},{"$f":"IF(INDEX(generale!$A$16:$G$4963,MATCH(NPG!$A28,generale!$A$16:$A$4963,0),COLUMN())=0,0,INDEX(generale!$A$16:$G$4963,MATCH(NPG!$A28,generale!$A$16:$A$4963,0),COLUMN()))","v":18},{"$f":"IF(INDEX(generale!$A$16:$G$4963,MATCH(NPG!$A28,generale!$A$16:$A$4963,0),COLUMN())=0,0,INDEX(generale!$A$16:$G$4963,MATCH(NPG!$A28,generale!$A$16:$A$4963,0),COLUMN()))","v":16},{"$f":"IF(INDEX(generale!$A$16:$G$4963,MATCH(NPG!$A28,generale!$A$16:$A$4963,0),COLUMN())=0,0,INDEX(generale!$A$16:$G$4963,MATCH(NPG!$A28,generale!$A$16:$A$4963,0),COLUMN()))","v":13},{"$f":"IF(INDEX(generale!$A$16:$G$4963,MATCH(NPG!$A28,generale!$A$16:$A$4963,0),COLUMN())=0,0,INDEX(generale!$A$16:$G$4963,MATCH(NPG!$A28,generale!$A$16:$A$4963,0),COLUMN()))","v":4},{"$f":"generale!G38","v":"T"},2,3,7,4,5,7,5,2,5,2,1,6,3,1,4,0,17,0,0,1,null,null,null,null,null,null,null,null,null,null,null,null,null,null,null,null,null,1,1,1,1,16]
[{"$f":"IF(generale!$A39>0,generale!$A39,\"\")","v":"2005-01-24"},{"$f":"IF(INDEX(generale!$A$16:$G$4963,MATCH(NPG!$A29,generale!$A$16:$A$4963,0),COLUMN())=0,0,INDEX(generale!$A$16:$G$4963,MATCH(NPG!$A29,generale!$A$16:$A$4963,0),COLUMN()))","v":3},{"$f":"IF(INDEX(generale!$A$16:$G$4963,MATCH(NPG!$A29,generale!$A$16:$A$4963,0),COLUMN())=0,0,INDEX(generale!$A$16:$G$4963,MATCH(NPG!$A29,generale!$A$16:$A$4963,0),COLUMN()))","v":18},{"$f":"IF(INDEX(generale!$A$16:$G$4963,MATCH(NPG!$A29,generale!$A$16:$A$4963,0),COLUMN())=0,0,INDEX(generale!$A$16:$G$4963,MATCH(NPG!$A29,generale!$A$16:$A$4963,0),COLUMN()))","v":4},{"$f":"IF(INDEX(generale!$A$16:$G$4963,MATCH(NPG!$A29,generale!$A$16:$A$4963,0),COLUMN())=0,0,INDEX(generale!$A$16:$G$4963,MATCH(NPG!$A29,generale!$A$16:$A$4963,0),COLUMN()))","v":8},{"$f":"IF(INDEX(generale!$A$16:$G$4963,MATCH(NPG!$A29,generale!$A$16:$A$4963,0),COLUMN())=0,0,INDEX(generale!$A$16:$G$4963,MATCH(NPG!$A29,generale!$A$16:$A$4963,0),COLUMN()))","v":1},{"$f":"generale!G39","v":"P"},3,4,0,0,6,8,6,3,6,3,2,7,4,2,5,1,18,0,0,1,null,null,null,null,null,null,null,null,null,null,null,null,null,null,null,null,null,null,1,1,1,17]
[{"$f":"IF(generale!$A40>0,generale!$A40,\"\")","v":"2005-01-25"},{"$f":"IF(INDEX(generale!$A$16:$G$4963,MATCH(NPG!$A30,generale!$A$16:$A$4963,0),COLUMN())=0,0,INDEX(generale!$A$16:$G$4963,MATCH(NPG!$A30,generale!$A$16:$A$4963,0),COLUMN()))","v":5},{"$f":"IF(INDEX(generale!$A$16:$G$4963,MATCH(NPG!$A30,generale!$A$16:$A$4963,0),COLUMN())=0,0,INDEX(generale!$A$16:$G$4963,MATCH(NPG!$A30,generale!$A$16:$A$4963,0),COLUMN()))","v":2},{"$f":"IF(INDEX(generale!$A$16:$G$4963,MATCH(NPG!$A30,generale!$A$16:$A$4963,0),COLUMN())=0,0,INDEX(generale!$A$16:$G$4963,MATCH(NPG!$A30,generale!$A$16:$A$4963,0),COLUMN()))","v":11},{"$f":"IF(INDEX(generale!$A$16:$G$4963,MATCH(NPG!$A30,generale!$A$16:$A$4963,0),COLUMN())=0,0,INDEX(generale!$A$16:$G$4963,MATCH(NPG!$A30,generale!$A$16:$A$4963,0),COLUMN()))","v":8},{"$f":"IF(INDEX(generale!$A$16:$G$4963,MATCH(NPG!$A30,generale!$A$16:$A$4963,0),COLUMN())=0,0,INDEX(generale!$A$16:$G$4963,MATCH(NPG!$A30,generale!$A$16:$A$4963,0),COLUMN()))","v":12},{"$f":"generale!G40","v":"T"},4,0,1,1,0,9,7,4,7,4,0,8,5,3,6,2,19,1,0,1,null,null,null,null,null,null,null,null,null,null,null,null,null,null,null,null,null,null,null,1,1,18]
[{"$f":"IF(generale!$A41>0,generale!$A41,\"\")","v":"2005-01-26"},{"$f":"IF(INDEX(generale!$A$16:$G$4963,MATCH(NPG!$A31,generale!$A$16:$A$4963,0),COLUMN())=0,0,INDEX(generale!$A$16:$G$4963,MATCH(NPG!$A31,generale!$A$16:$A$4963,0),COLUMN()))","v":3},{"$f":"IF(INDEX(generale!$A$16:$G$4963,MATCH(NPG!$A31,generale!$A$16:$A$4963,0),COLUMN())=0,0,INDEX(generale!$A$16:$G$4963,MATCH(NPG!$A31,generale!$A$16:$A$4963,0),COLUMN()))","v":6},{"$f":"IF(INDEX(generale!$A$16:$G$4963,MATCH(NPG!$A31,generale!$A$16:$A$4963,0),COLUMN())=0,0,INDEX(generale!$A$16:$G$4963,MATCH(NPG!$A31,generale!$A$16:$A$4963,0),COLUMN()))","v":2},{"$f":"IF(INDEX(generale!$A$16:$G$4963,MATCH(NPG!$A31,generale!$A$16:$A$4963,0),COLUMN())=0,0,INDEX(generale!$A$16:$G$4963,MATCH(NPG!$A31,generale!$A$16:$A$4963,0),COLUMN()))","v":16},{"$f":"IF(INDEX(generale!$A$16:$G$4963,MATCH(NPG!$A31,generale!$A$16:$A$4963,0),COLUMN())=0,0,INDEX(generale!$A$16:$G$4963,MATCH(NPG!$A31,generale!$A$16:$A$4963,0),COLUMN()))","v":17},{"$f":"generale!G41","v":"P"},5,0,0,2,1,0,8,5,8,5,1,9,6,4,7,3,20,1,0,1,null,null,null,null,null,null,null,null,null,null,null,null,null,null,null,null,null,null,1,1,1,17]
[{"$f":"IF(generale!$A42>0,generale!$A42,\"\")","v":"2005-01-27"},{"$f":"IF(INDEX(generale!$A$16:$G$4963,MATCH(NPG!$A32,generale!$A$16:$A$4963,0),COLUMN())=0,0,INDEX(generale!$A$16:$G$4963,MATCH(NPG!$A32,generale!$A$16:$A$4963,0),COLUMN()))","v":3},{"$f":"IF(INDEX(generale!$A$16:$G$4963,MATCH(NPG!$A32,generale!$A$16:$A$4963,0),COLUMN())=0,0,INDEX(generale!$A$16:$G$4963,MATCH(NPG!$A32,generale!$A$16:$A$4963,0),COLUMN()))","v":1},{"$f":"IF(INDEX(generale!$A$16:$G$4963,MATCH(NPG!$A32,generale!$A$16:$A$4963,0),COLUMN())=0,0,INDEX(generale!$A$16:$G$4963,MATCH(NPG!$A32,generale!$A$16:$A$4963,0),COLUMN()))","v":2},{"$f":"IF(INDEX(generale!$A$16:$G$4963,MATCH(NPG!$A32,generale!$A$16:$A$4963,0),COLUMN())=0,0,INDEX(generale!$A$16:$G$4963,MATCH(NPG!$A32,generale!$A$16:$A$4963,0),COLUMN()))","v":13},{"$f":"IF(INDEX(generale!$A$16:$G$4963,MATCH(NPG!$A32,generale!$A$16:$A$4963,0),COLUMN())=0,0,INDEX(generale!$A$16:$G$4963,MATCH(NPG!$A32,generale!$A$16:$A$4963,0),COLUMN()))","v":11},{"$f":"generale!G42","v":"T"},0,0,0,3,2,1,9,6,9,6,2,10,7,5,8,4,21,2,0,1,null,null,null,null,null,null,null,null,null,null,null,null,null,null,null,null,null,null,null,1,1,18]
[{"$f":"IF(generale!$A43>0,generale!$A43,\"\")","v":"2005-01-28"},{"$f":"IF(INDEX(generale!$A$16:$G$4963,MATCH(NPG!$A33,generale!$A$16:$A$4963,0),COLUMN())=0,0,INDEX(generale!$A$16:$G$4963,MATCH(NPG!$A33,generale!$A$16:$A$4963,0),COLUMN()))","v":13},{"$f":"IF(INDEX(generale!$A$16:$G$4963,MATCH(NPG!$A33,generale!$A$16:$A$4963,0),COLUMN())=0,0,INDEX(generale!$A$16:$G$4963,MATCH(NPG!$A33,generale!$A$16:$A$4963,0),COLUMN()))","v":5},{"$f":"IF(INDEX(generale!$A$16:$G$4963,MATCH(NPG!$A33,generale!$A$16:$A$4963,0),COLUMN())=0,0,INDEX(generale!$A$16:$G$4963,MATCH(NPG!$A33,generale!$A$16:$A$4963,0),COLUMN()))","v":14},{"$f":"IF(INDEX(generale!$A$16:$G$4963,MATCH(NPG!$A33,generale!$A$16:$A$4963,0),COLUMN())=0,0,INDEX(generale!$A$16:$G$4963,MATCH(NPG!$A33,generale!$A$16:$A$4963,0),COLUMN()))","v":17},{"$f":"IF(INDEX(generale!$A$16:$G$4963,MATCH(NPG!$A33,generale!$A$16:$A$4963,0),COLUMN())=0,0,INDEX(generale!$A$16:$G$4963,MATCH(NPG!$A33,generale!$A$16:$A$4963,0),COLUMN()))","v":8},{"$f":"generale!G43","v":"T"},1,1,1,4,0,2,10,7,10,7,3,11,0,0,9,5,22,2,0,1,null,null,null,null,null,null,null,null,null,null,null,null,null,null,null,null,null,null,1,1,1,17]
[{"$f":"IF(generale!$A44>0,generale!$A44,\"\")","v":"2005-01-29"},{"$f":"IF(INDEX(generale!$A$16:$G$4963,MATCH(NPG!$A34,generale!$A$16:$A$4963,0),COLUMN())=0,0,INDEX(generale!$A$16:$G$4963,MATCH(NPG!$A34,generale!$A$16:$A$4963,0),COLUMN()))","v":14},{"$f":"IF(INDEX(generale!$A$16:$G$4963,MATCH(NPG!$A34,generale!$A$16:$A$4963,0),COLUMN())=0,0,INDEX(generale!$A$16:$G$4963,MATCH(NPG!$A34,generale!$A$16:$A$4963,0),COLUMN()))","v":9},{"$f":"IF(INDEX(generale!$A$16:$G$4963,MATCH(NPG!$A34,generale!$A$16:$A$4963,0),COLUMN())=0,0,INDEX(generale!$A$16:$G$4963,MATCH(NPG!$A34,generale!$A$16:$A$4963,0),COLUMN()))","v":2},{"$f":"IF(INDEX(generale!$A$16:$G$4963,MATCH(NPG!$A34,generale!$A$16:$A$4963,0),COLUMN())=0,0,INDEX(generale!$A$16:$G$4963,MATCH(NPG!$A34,generale!$A$16:$A$4963,0),COLUMN()))","v":13},{"$f":"IF(INDEX(generale!$A$16:$G$4963,MATCH(NPG!$A34,generale!$A$16:$A$4963,0),COLUMN())=0,0,INDEX(generale!$A$16:$G$4963,MATCH(NPG!$A34,generale!$A$16:$A$4963,0),COLUMN()))","v":12},{"$f":"generale!G44","v":"T"},2,0,2,5,1,3,11,8,0,8,4,12,1,0,10,5,22,2,0,1,null,null,null,null,null,null,null,null,null,null,null,null,null,null,null,null,1,1,1,1,1,15]
[{"$f":"IF(generale!$A45>0,generale!$A45,\"\")","v":"2005-01-30"},{"$f":"IF(INDEX(generale!$A$16:$G$4963,MATCH(NPG!$A35,generale!$A$16:$A$4963,0),COLUMN())=0,0,INDEX(generale!$A$16:$G$4963,MATCH(NPG!$A35,generale!$A$16:$A$4963,0),COLUMN()))","v":18},{"$f":"IF(INDEX(generale!$A$16:$G$4963,MATCH(NPG!$A35,generale!$A$16:$A$4963,0),COLUMN())=0,0,INDEX(generale!$A$16:$G$4963,MATCH(NPG!$A35,generale!$A$16:$A$4963,0),COLUMN()))","v":14},{"$f":"IF(INDEX(generale!$A$16:$G$4963,MATCH(NPG!$A35,generale!$A$16:$A$4963,0),COLUMN())=0,0,INDEX(generale!$A$16:$G$4963,MATCH(NPG!$A35,generale!$A$16:$A$4963,0),COLUMN()))","v":12},{"$f":"IF(INDEX(generale!$A$16:$G$4963,MATCH(NPG!$A35,generale!$A$16:$A$4963,0),COLUMN())=0,0,INDEX(generale!$A$16:$G$4963,MATCH(NPG!$A35,generale!$A$16:$A$4963,0),COLUMN()))","v":15},{"$f":"IF(INDEX(generale!$A$16:$G$4963,MATCH(NPG!$A35,generale!$A$16:$A$4963,0),COLUMN())=0,0,INDEX(generale!$A$16:$G$4963,MATCH(NPG!$A35,generale!$A$16:$A$4963,0),COLUMN()))","v":11},{"$f":"generale!G45","v":"T"},3,1,3,6,2,4,12,9,1,9,5,0,2,0,11,6,23,0,0,1,null,null,null,null,null,null,null,null,null,null,null,null,null,null,null,null,null,null,null,1,1,18]
[{"$f":"IF(generale!$A46>0,generale!$A46,\"\")","v":"2005-01-31"},{"$f":"IF(INDEX(generale!$A$16:$G$4963,MATCH(NPG!$A36,generale!$A$16:$A$4963,0),COLUMN())=0,0,INDEX(generale!$A$16:$G$4963,MATCH(NPG!$A36,generale!$A$16:$A$4963,0),COLUMN()))","v":7},{"$f":"IF(INDEX(generale!$A$16:$G$4963,MATCH(NPG!$A36,generale!$A$16:$A$4963,0),COLUMN())=0,0,INDEX(generale!$A$16:$G$4963,MATCH(NPG!$A36,generale!$A$16:$A$4963,0),COLUMN()))","v":1},{"$f":"IF(INDEX(generale!$A$16:$G$4963,MATCH(NPG!$A36,generale!$A$16:$A$4963,0),COLUMN())=0,0,INDEX(generale!$A$16:$G$4963,MATCH(NPG!$A36,generale!$A$16:$A$4963,0),COLUMN()))","v":5},{"$f":"IF(INDEX(generale!$A$16:$G$4963,MATCH(NPG!$A36,generale!$A$16:$A$4963,0),COLUMN())=0,0,INDEX(generale!$A$16:$G$4963,MATCH(NPG!$A36,generale!$A$16:$A$4963,0),COLUMN()))","v":6},{"$f":"IF(INDEX(generale!$A$16:$G$4963,MATCH(NPG!$A36,generale!$A$16:$A$4963,0),COLUMN())=0,0,INDEX(generale!$A$16:$G$4963,MATCH(NPG!$A36,generale!$A$16:$A$4963,0),COLUMN()))","v":10},{"$f":"generale!G46","v":"T"},0,2,4,7,0,5,0,10,2,10,6,1,3,1,12,6,23,0,0,1,null,null,null,null,null,null,null,null,null,null,null,null,null,null,null,null,1,1,1,1,1,15]
[{"$f":"IF(generale!$A47>0,generale!$A47,\"\")","v":"2005-02-01"},{"$f":"IF(INDEX(generale!$A$16:$G$4963,MATCH(NPG!$A37,generale!$A$16:$A$4963,0),COLUMN())=0,0,INDEX(generale!$A$16:$G$4963,MATCH(NPG!$A37,generale!$A$16:$A$4963,0),COLUMN()))","v":10},{"$f":"IF(INDEX(generale!$A$16:$G$4963,MATCH(NPG!$A37,generale!$A$16:$A$4963,0),COLUMN())=0,0,INDEX(generale!$A$16:$G$4963,MATCH(NPG!$A37,generale!$A$16:$A$4963,0),COLUMN()))","v":9},{"$f":"IF(INDEX(generale!$A$16:$G$4963,MATCH(NPG!$A37,generale!$A$16:$A$4963,0),COLUMN())=0,0,INDEX(generale!$A$16:$G$4963,MATCH(NPG!$A37,generale!$A$16:$A$4963,0),COLUMN()))","v":1},{"$f":"IF(INDEX(generale!$A$16:$G$4963,MATCH(NPG!$A37,generale!$A$16:$A$4963,0),COLUMN())=0,0,INDEX(generale!$A$16:$G$4963,MATCH(NPG!$A37,generale!$A$16:$A$4963,0),COLUMN()))","v":5},{"$f":"IF(INDEX(generale!$A$16:$G$4963,MATCH(NPG!$A37,generale!$A$16:$A$4963,0),COLUMN())=0,0,INDEX(generale!$A$16:$G$4963,MATCH(NPG!$A37,generale!$A$16:$A$4963,0),COLUMN()))","v":17},{"$f":"generale!G47","v":"T"},0,3,5,8,1,6,1,11,0,0,7,2,4,2,13,7,24,1,0,1,null,null,null,null,null,null,null,null,null,null,null,null,null,null,null,null,null,null,null,1,1,18,"5"]
[{"$f":"IF(generale!$A48>0,generale!$A48,\"\")","v":"2005-02-02"},{"$f":"IF(INDEX(generale!$A$16:$G$4963,MATCH(NPG!$A38,generale!$A$16:$A$4963,0),COLUMN())=0,0,INDEX(generale!$A$16:$G$4963,MATCH(NPG!$A38,generale!$A$16:$A$4963,0),COLUMN()))","v":7},{"$f":"IF(INDEX(generale!$A$16:$G$4963,MATCH(NPG!$A38,generale!$A$16:$A$4963,0),COLUMN())=0,0,INDEX(generale!$A$16:$G$4963,MATCH(NPG!$A38,generale!$A$16:$A$4963,0),COLUMN()))","v":11},{"$f":"IF(INDEX(generale!$A$16:$G$4963,MATCH(NPG!$A38,generale!$A$16:$A$4963,0),COLUMN())=0,0,INDEX(generale!$A$16:$G$4963,MATCH(NPG!$A38,generale!$A$16:$A$4963,0),COLUMN()))","v":1},{"$f":"IF(INDEX(generale!$A$16:$G$4963,MATCH(NPG!$A38,generale!$A$16:$A$4963,0),COLUMN())=0,0,INDEX(generale!$A$16:$G$4963,MATCH(NPG!$A38,generale!$A$16:$A$4963,0),COLUMN()))","v":5},{"$f":"IF(INDEX(generale!$A$16:$G$4963,MATCH(NPG!$A38,generale!$A$16:$A$4963,0),COLUMN())=0,0,INDEX(generale!$A$16:$G$4963,MATCH(NPG!$A38,generale!$A$16:$A$4963,0),COLUMN()))","v":9},{"$f":"generale!G48","v":"P"},0,4,6,9,2,7,0,12,1,1,0,3,5,3,14,8,24,1,0,1,null,null,null,null,null,null,null,null,null,null,null,null,null,null,null,null,null,1,1,1,1,16,"17"]
[{"$f":"IF(generale!$A49>0,generale!$A49,\"\")","v":"2005-02-03"},{"$f":"IF(INDEX(generale!$A$16:$G$4963,MATCH(NPG!$A39,generale!$A$16:$A$4963,0),COLUMN())=0,0,INDEX(generale!$A$16:$G$4963,MATCH(NPG!$A39,generale!$A$16:$A$4963,0),COLUMN()))","v":8},{"$f":"IF(INDEX(generale!$A$16:$G$4963,MATCH(NPG!$A39,generale!$A$16:$A$4963,0),COLUMN())=0,0,INDEX(generale!$A$16:$G$4963,MATCH(NPG!$A39,generale!$A$16:$A$4963,0),COLUMN()))","v":7},{"$f":"IF(INDEX(generale!$A$16:$G$4963,MATCH(NPG!$A39,generale!$A$16:$A$4963,0),COLUMN())=0,0,INDEX(generale!$A$16:$G$4963,MATCH(NPG!$A39,generale!$A$16:$A$4963,0),COLUMN()))","v":2},{"$f":"IF(INDEX(generale!$A$16:$G$4963,MATCH(NPG!$A39,generale!$A$16:$A$4963,0),COLUMN())=0,0,INDEX(generale!$A$16:$G$4963,MATCH(NPG!$A39,generale!$A$16:$A$4963,0),COLUMN()))","v":11},{"$f":"IF(INDEX(generale!$A$16:$G$4963,MATCH(NPG!$A39,generale!$A$16:$A$4963,0),COLUMN())=0,0,INDEX(generale!$A$16:$G$4963,MATCH(NPG!$A39,generale!$A$16:$A$4963,0),COLUMN()))","v":5},{"$f":"generale!G49","v":"T"},1,0,7,10,3,8,0,0,2,2,1,4,6,4,15,8,24,1,0,1,null,null,null,null,null,null,null,null,null,null,null,null,null,null,null,null,1,1,1,1,1,15]
[{"$f":"IF(generale!$A50>0,generale!$A50,\"\")","v":"2005-02-04"},{"$f":"IF(INDEX(generale!$A$16:$G$4963,MATCH(NPG!$A40,generale!$A$16:$A$4963,0),COLUMN())=0,0,INDEX(generale!$A$16:$G$4963,MATCH(NPG!$A40,generale!$A$16:$A$4963,0),COLUMN()))","v":6},{"$f":"IF(INDEX(generale!$A$16:$G$4963,MATCH(NPG!$A40,generale!$A$16:$A$4963,0),COLUMN())=0,0,INDEX(generale!$A$16:$G$4963,MATCH(NPG!$A40,generale!$A$16:$A$4963,0),COLUMN()))","v":14},{"$f":"IF(INDEX(generale!$A$16:$G$4963,MATCH(NPG!$A40,generale!$A$16:$A$4963,0),COLUMN())=0,0,INDEX(generale!$A$16:$G$4963,MATCH(NPG!$A40,generale!$A$16:$A$4963,0),COLUMN()))","v":7},{"$f":"IF(INDEX(generale!$A$16:$G$4963,MATCH(NPG!$A40,generale!$A$16:$A$4963,0),COLUMN())=0,0,INDEX(generale!$A$16:$G$4963,MATCH(NPG!$A40,generale!$A$16:$A$4963,0),COLUMN()))","v":3},{"$f":"IF(INDEX(generale!$A$16:$G$4963,MATCH(NPG!$A40,generale!$A$16:$A$4963,0),COLUMN())=0,0,INDEX(generale!$A$16:$G$4963,MATCH(NPG!$A40,generale!$A$16:$A$4963,0),COLUMN()))","v":16},{"$f":"generale!G50","v":"O"},2,1,8,11,4,0,0,1,3,3,2,5,7,0,16,9,25,2,0,1,null,null,null,null,null,null,null,null,null,null,null,null,null,null,null,null,null,null,null,1,1,18]
[{"$f":"IF(generale!$A51>0,generale!$A51,\"\")","v":"2005-02-05"},{"$f":"IF(INDEX(generale!$A$16:$G$4963,MATCH(NPG!$A41,generale!$A$16:$A$4963,0),COLUMN())=0,0,INDEX(generale!$A$16:$G$4963,MATCH(NPG!$A41,generale!$A$16:$A$4963,0),COLUMN()))","v":11},{"$f":"IF(INDEX(generale!$A$16:$G$4963,MATCH(NPG!$A41,generale!$A$16:$A$4963,0),COLUMN())=0,0,INDEX(generale!$A$16:$G$4963,MATCH(NPG!$A41,generale!$A$16:$A$4963,0),COLUMN()))","v":18},{"$f":"IF(INDEX(generale!$A$16:$G$4963,MATCH(NPG!$A41,generale!$A$16:$A$4963,0),COLUMN())=0,0,INDEX(generale!$A$16:$G$4963,MATCH(NPG!$A41,generale!$A$16:$A$4963,0),COLUMN()))","v":15},{"$f":"IF(INDEX(generale!$A$16:$G$4963,MATCH(NPG!$A41,generale!$A$16:$A$4963,0),COLUMN())=0,0,INDEX(generale!$A$16:$G$4963,MATCH(NPG!$A41,generale!$A$16:$A$4963,0),COLUMN()))","v":19},{"$f":"IF(INDEX(generale!$A$16:$G$4963,MATCH(NPG!$A41,generale!$A$16:$A$4963,0),COLUMN())=0,0,INDEX(generale!$A$16:$G$4963,MATCH(NPG!$A41,generale!$A$16:$A$4963,0),COLUMN()))","v":6},{"$f":"generale!G51","v":"T"},3,2,9,12,5,1,1,2,4,4,0,6,8,1,0,10,26,0,0,1,null,null,null,null,null,null,null,null,null,null,null,null,null,null,null,null,null,null,null,1,1,18]
[{"$f":"IF(generale!$A52>0,generale!$A52,\"\")","v":"2005-02-06"},{"$f":"IF(INDEX(generale!$A$16:$G$4963,MATCH(NPG!$A42,generale!$A$16:$A$4963,0),COLUMN())=0,0,INDEX(generale!$A$16:$G$4963,MATCH(NPG!$A42,generale!$A$16:$A$4963,0),COLUMN()))","v":3},{"$f":"IF(INDEX(generale!$A$16:$G$4963,MATCH(NPG!$A42,generale!$A$16:$A$4963,0),COLUMN())=0,0,INDEX(generale!$A$16:$G$4963,MATCH(NPG!$A42,generale!$A$16:$A$4963,0),COLUMN()))","v":18},{"$f":"IF(INDEX(generale!$A$16:$G$4963,MATCH(NPG!$A42,generale!$A$16:$A$4963,0),COLUMN())=0,0,INDEX(generale!$A$16:$G$4963,MATCH(NPG!$A42,generale!$A$16:$A$4963,0),COLUMN()))","v":6},{"$f":"IF(INDEX(generale!$A$16:$G$4963,MATCH(NPG!$A42,generale!$A$16:$A$4963,0),COLUMN())=0,0,INDEX(generale!$A$16:$G$4963,MATCH(NPG!$A42,generale!$A$16:$A$4963,0),COLUMN()))","v":5},{"$f":"IF(INDEX(generale!$A$16:$G$4963,MATCH(NPG!$A42,generale!$A$16:$A$4963,0),COLUMN())=0,0,INDEX(generale!$A$16:$G$4963,MATCH(NPG!$A42,generale!$A$16:$A$4963,0),COLUMN()))","v":19},{"$f":"generale!G52","v":"T"},4,3,0,13,6,0,2,3,5,5,1,7,9,2,1,11,27,0,0,1,null,null,null,null,null,null,null,null,null,null,null,null,null,null,null,null,null,null,null,1,1,18]
[{"$f":"IF(generale!$A53>0,generale!$A53,\"\")","v":"2005-02-07"},{"$f":"IF(INDEX(generale!$A$16:$G$4963,MATCH(NPG!$A43,generale!$A$16:$A$4963,0),COLUMN())=0,0,INDEX(generale!$A$16:$G$4963,MATCH(NPG!$A43,generale!$A$16:$A$4963,0),COLUMN()))","v":11},{"$f":"IF(INDEX(generale!$A$16:$G$4963,MATCH(NPG!$A43,generale!$A$16:$A$4963,0),COLUMN())=0,0,INDEX(generale!$A$16:$G$4963,MATCH(NPG!$A43,generale!$A$16:$A$4963,0),COLUMN()))","v":15},{"$f":"IF(INDEX(generale!$A$16:$G$4963,MATCH(NPG!$A43,generale!$A$16:$A$4963,0),COLUMN())=0,0,INDEX(generale!$A$16:$G$4963,MATCH(NPG!$A43,generale!$A$16:$A$4963,0),COLUMN()))","v":17},{"$f":"IF(INDEX(generale!$A$16:$G$4963,MATCH(NPG!$A43,generale!$A$16:$A$4963,0),COLUMN())=0,0,INDEX(generale!$A$16:$G$4963,MATCH(NPG!$A43,generale!$A$16:$A$4963,0),COLUMN()))","v":4},{"$f":"IF(INDEX(generale!$A$16:$G$4963,MATCH(NPG!$A43,generale!$A$16:$A$4963,0),COLUMN())=0,0,INDEX(generale!$A$16:$G$4963,MATCH(NPG!$A43,generale!$A$16:$A$4963,0),COLUMN()))","v":5},{"$f":"generale!G53","v":"T"},5,4,1,14,7,1,3,4,6,6,0,8,10,3,0,12,0,0,0,1,null,null,null,null,null,null,null,null,null,null,null,null,null,null,null,null,null,null,1,1,1,17]
[{"$f":"IF(generale!$A54>0,generale!$A54,\"\")","v":"2005-02-08"},{"$f":"IF(INDEX(generale!$A$16:$G$4963,MATCH(NPG!$A44,generale!$A$16:$A$4963,0),COLUMN())=0,0,INDEX(generale!$A$16:$G$4963,MATCH(NPG!$A44,generale!$A$16:$A$4963,0),COLUMN()))","v":2},{"$f":"IF(INDEX(generale!$A$16:$G$4963,MATCH(NPG!$A44,generale!$A$16:$A$4963,0),COLUMN())=0,0,INDEX(generale!$A$16:$G$4963,MATCH(NPG!$A44,generale!$A$16:$A$4963,0),COLUMN()))","v":1},{"$f":"IF(INDEX(generale!$A$16:$G$4963,MATCH(NPG!$A44,generale!$A$16:$A$4963,0),COLUMN())=0,0,INDEX(generale!$A$16:$G$4963,MATCH(NPG!$A44,generale!$A$16:$A$4963,0),COLUMN()))","v":9},{"$f":"IF(INDEX(generale!$A$16:$G$4963,MATCH(NPG!$A44,generale!$A$16:$A$4963,0),COLUMN())=0,0,INDEX(generale!$A$16:$G$4963,MATCH(NPG!$A44,generale!$A$16:$A$4963,0),COLUMN()))","v":3},{"$f":"IF(INDEX(generale!$A$16:$G$4963,MATCH(NPG!$A44,generale!$A$16:$A$4963,0),COLUMN())=0,0,INDEX(generale!$A$16:$G$4963,MATCH(NPG!$A44,generale!$A$16:$A$4963,0),COLUMN()))","v":16},{"$f":"generale!G54","v":"T"},0,0,2,15,8,2,4,5,0,7,1,9,11,4,1,13,1,1,0,1,null,null,null,null,null,null,null,null,null,null,null,null,null,null,null,null,null,null,null,1,1,18]
[{"$f":"IF(generale!$A55>0,generale!$A55,\"\")","v":"2005-02-09"},{"$f":"IF(INDEX(generale!$A$16:$G$4963,MATCH(NPG!$A45,generale!$A$16:$A$4963,0),COLUMN())=0,0,INDEX(generale!$A$16:$G$4963,MATCH(NPG!$A45,generale!$A$16:$A$4963,0),COLUMN()))","v":15},{"$f":"IF(INDEX(generale!$A$16:$G$4963,MATCH(NPG!$A45,generale!$A$16:$A$4963,0),COLUMN())=0,0,INDEX(generale!$A$16:$G$4963,MATCH(NPG!$A45,generale!$A$16:$A$4963,0),COLUMN()))","v":5},{"$f":"IF(INDEX(generale!$A$16:$G$4963,MATCH(NPG!$A45,generale!$A$16:$A$4963,0),COLUMN())=0,0,INDEX(generale!$A$16:$G$4963,MATCH(NPG!$A45,generale!$A$16:$A$4963,0),COLUMN()))","v":7},{"$f":"IF(INDEX(generale!$A$16:$G$4963,MATCH(NPG!$A45,generale!$A$16:$A$4963,0),COLUMN())=0,0,INDEX(generale!$A$16:$G$4963,MATCH(NPG!$A45,generale!$A$16:$A$4963,0),COLUMN()))","v":9},{"$f":"IF(INDEX(generale!$A$16:$G$4963,MATCH(NPG!$A45,generale!$A$16:$A$4963,0),COLUMN())=0,0,INDEX(generale!$A$16:$G$4963,MATCH(NPG!$A45,generale!$A$16:$A$4963,0),COLUMN()))","v":13},{"$f":"generale!G55","v":"T"},1,1,3,16,0,3,0,6,1,8,2,10,12,5,0,14,1,1,0,1,null,null,null,null,null,null,null,null,null,null,null,null,null,null,null,null,null,1,1,1,1,16,"11"]
[{"$f":"IF(generale!$A56>0,generale!$A56,\"\")","v":"2005-02-10"},{"$f":"IF(INDEX(generale!$A$16:$G$4963,MATCH(NPG!$A46,generale!$A$16:$A$4963,0),COLUMN())=0,0,INDEX(generale!$A$16:$G$4963,MATCH(NPG!$A46,generale!$A$16:$A$4963,0),COLUMN()))","v":19},{"$f":"IF(INDEX(generale!$A$16:$G$4963,MATCH(NPG!$A46,generale!$A$16:$A$4963,0),COLUMN())=0,0,INDEX(generale!$A$16:$G$4963,MATCH(NPG!$A46,generale!$A$16:$A$4963,0),COLUMN()))","v":14},{"$f":"IF(INDEX(generale!$A$16:$G$4963,MATCH(NPG!$A46,generale!$A$16:$A$4963,0),COLUMN())=0,0,INDEX(generale!$A$16:$G$4963,MATCH(NPG!$A46,generale!$A$16:$A$4963,0),COLUMN()))","v":13},{"$f":"IF(INDEX(generale!$A$16:$G$4963,MATCH(NPG!$A46,generale!$A$16:$A$4963,0),COLUMN())=0,0,INDEX(generale!$A$16:$G$4963,MATCH(NPG!$A46,generale!$A$16:$A$4963,0),COLUMN()))","v":16},{"$f":"IF(INDEX(generale!$A$16:$G$4963,MATCH(NPG!$A46,generale!$A$16:$A$4963,0),COLUMN())=0,0,INDEX(generale!$A$16:$G$4963,MATCH(NPG!$A46,generale!$A$16:$A$4963,0),COLUMN()))","v":17},{"$f":"generale!G56","v":"T"},2,2,4,17,1,4,1,7,2,9,3,11,0,0,0,14,1,1,0,1,null,null,null,null,null,null,null,null,null,null,null,null,null,null,1,1,1,1,1,1,1,13]
[{"$f":"IF(generale!$A57>0,generale!$A57,\"\")","v":"2005-02-11"},{"$f":"IF(INDEX(generale!$A$16:$G$4963,MATCH(NPG!$A47,generale!$A$16:$A$4963,0),COLUMN())=0,0,INDEX(generale!$A$16:$G$4963,MATCH(NPG!$A47,generale!$A$16:$A$4963,0),COLUMN()))","v":14},{"$f":"IF(INDEX(generale!$A$16:$G$4963,MATCH(NPG!$A47,generale!$A$16:$A$4963,0),COLUMN())=0,0,INDEX(generale!$A$16:$G$4963,MATCH(NPG!$A47,generale!$A$16:$A$4963,0),COLUMN()))","v":10},{"$f":"IF(INDEX(generale!$A$16:$G$4963,MATCH(NPG!$A47,generale!$A$16:$A$4963,0),COLUMN())=0,0,INDEX(generale!$A$16:$G$4963,MATCH(NPG!$A47,generale!$A$16:$A$4963,0),COLUMN()))","v":15},{"$f":"IF(INDEX(generale!$A$16:$G$4963,MATCH(NPG!$A47,generale!$A$16:$A$4963,0),COLUMN())=0,0,INDEX(generale!$A$16:$G$4963,MATCH(NPG!$A47,generale!$A$16:$A$4963,0),COLUMN()))","v":8},{"$f":"IF(INDEX(generale!$A$16:$G$4963,MATCH(NPG!$A47,generale!$A$16:$A$4963,0),COLUMN())=0,0,INDEX(generale!$A$16:$G$4963,MATCH(NPG!$A47,generale!$A$16:$A$4963,0),COLUMN()))","v":5},{"$f":"generale!G57","v":"T"},3,3,5,18,2,5,2,8,3,0,4,12,1,0,0,15,2,1,0,1,null,null,null,null,null,null,null,null,null,null,null,null,null,null,null,null,null,null,1,1,1,17]
[{"$f":"IF(generale!$A58>0,generale!$A58,\"\")","v":"2005-02-12"},{"$f":"IF(INDEX(generale!$A$16:$G$4963,MATCH(NPG!$A48,generale!$A$16:$A$4963,0),COLUMN())=0,0,INDEX(generale!$A$16:$G$4963,MATCH(NPG!$A48,generale!$A$16:$A$4963,0),COLUMN()))","v":20},{"$f":"IF(INDEX(generale!$A$16:$G$4963,MATCH(NPG!$A48,generale!$A$16:$A$4963,0),COLUMN())=0,0,INDEX(generale!$A$16:$G$4963,MATCH(NPG!$A48,generale!$A$16:$A$4963,0),COLUMN()))","v":14},{"$f":"IF(INDEX(generale!$A$16:$G$4963,MATCH(NPG!$A48,generale!$A$16:$A$4963,0),COLUMN())=0,0,INDEX(generale!$A$16:$G$4963,MATCH(NPG!$A48,generale!$A$16:$A$4963,0),COLUMN()))","v":7},{"$f":"IF(INDEX(generale!$A$16:$G$4963,MATCH(NPG!$A48,generale!$A$16:$A$4963,0),COLUMN())=0,0,INDEX(generale!$A$16:$G$4963,MATCH(NPG!$A48,generale!$A$16:$A$4963,0),COLUMN()))","v":18},{"$f":"IF(INDEX(generale!$A$16:$G$4963,MATCH(NPG!$A48,generale!$A$16:$A$4963,0),COLUMN())=0,0,INDEX(generale!$A$16:$G$4963,MATCH(NPG!$A48,generale!$A$16:$A$4963,0),COLUMN()))","v":13},{"$f":"generale!G58","v":"T"},4,4,6,19,3,6,0,9,4,1,5,13,2,0,1,15,2,1,0,0,null,null,null,null,null,null,null,null,null,null,null,null,null,null,null,null,1,1,1,1,1,15]
[{"$f":"IF(generale!$A59>0,generale!$A59,\"\")","v":"2005-02-13"},{"$f":"IF(INDEX(generale!$A$16:$G$4963,MATCH(NPG!$A49,generale!$A$16:$A$4963,0),COLUMN())=0,0,INDEX(generale!$A$16:$G$4963,MATCH(NPG!$A49,generale!$A$16:$A$4963,0),COLUMN()))","v":4},{"$f":"IF(INDEX(generale!$A$16:$G$4963,MATCH(NPG!$A49,generale!$A$16:$A$4963,0),COLUMN())=0,0,INDEX(generale!$A$16:$G$4963,MATCH(NPG!$A49,generale!$A$16:$A$4963,0),COLUMN()))","v":7},{"$f":"IF(INDEX(generale!$A$16:$G$4963,MATCH(NPG!$A49,generale!$A$16:$A$4963,0),COLUMN())=0,0,INDEX(generale!$A$16:$G$4963,MATCH(NPG!$A49,generale!$A$16:$A$4963,0),COLUMN()))","v":15},{"$f":"IF(INDEX(generale!$A$16:$G$4963,MATCH(NPG!$A49,generale!$A$16:$A$4963,0),COLUMN())=0,0,INDEX(generale!$A$16:$G$4963,MATCH(NPG!$A49,generale!$A$16:$A$4963,0),COLUMN()))","v":8},{"$f":"IF(INDEX(generale!$A$16:$G$4963,MATCH(NPG!$A49,generale!$A$16:$A$4963,0),COLUMN())=0,0,INDEX(generale!$A$16:$G$4963,MATCH(NPG!$A49,generale!$A$16:$A$4963,0),COLUMN()))","v":9},{"$f":"generale!G59","v":"T"},5,5,7,0,4,7,0,10,5,2,6,14,3,1,0,16,2,1,0,0,null,null,null,null,null,null,null,null,null,null,null,null,null,null,null,null,null,1,1,1,1,16]
[{"$f":"IF(generale!$A60>0,generale!$A60,\"\")","v":"2005-02-14"},{"$f":"IF(INDEX(generale!$A$16:$G$4963,MATCH(NPG!$A50,generale!$A$16:$A$4963,0),COLUMN())=0,0,INDEX(generale!$A$16:$G$4963,MATCH(NPG!$A50,generale!$A$16:$A$4963,0),COLUMN()))","v":17},{"$f":"IF(INDEX(generale!$A$16:$G$4963,MATCH(NPG!$A50,generale!$A$16:$A$4963,0),COLUMN())=0,0,INDEX(generale!$A$16:$G$4963,MATCH(NPG!$A50,generale!$A$16:$A$4963,0),COLUMN()))","v":16},{"$f":"IF(INDEX(generale!$A$16:$G$4963,MATCH(NPG!$A50,generale!$A$16:$A$4963,0),COLUMN())=0,0,INDEX(generale!$A$16:$G$4963,MATCH(NPG!$A50,generale!$A$16:$A$4963,0),COLUMN()))","v":6},{"$f":"IF(INDEX(generale!$A$16:$G$4963,MATCH(NPG!$A50,generale!$A$16:$A$4963,0),COLUMN())=0,0,INDEX(generale!$A$16:$G$4963,MATCH(NPG!$A50,generale!$A$16:$A$4963,0),COLUMN()))","v":13},{"$f":"IF(INDEX(generale!$A$16:$G$4963,MATCH(NPG!$A50,generale!$A$16:$A$4963,0),COLUMN())=0,0,INDEX(generale!$A$16:$G$4963,MATCH(NPG!$A50,generale!$A$16:$A$4963,0),COLUMN()))","v":4},{"$f":"generale!G60","v":"T"},6,6,8,1,5,0,1,11,6,3,7,15,4,2,1,0,0,2,0,0,null,null,null,null,null,null,null,null,null,null,null,null,null,null,null,null,null,null,null,1,1,18]
[{"$f":"IF(generale!$A61>0,generale!$A61,\"\")","v":"2005-02-15"},{"$f":"IF(INDEX(generale!$A$16:$G$4963,MATCH(NPG!$A51,generale!$A$16:$A$4963,0),COLUMN())=0,0,INDEX(generale!$A$16:$G$4963,MATCH(NPG!$A51,generale!$A$16:$A$4963,0),COLUMN()))","v":14},{"$f":"IF(INDEX(generale!$A$16:$G$4963,MATCH(NPG!$A51,generale!$A$16:$A$4963,0),COLUMN())=0,0,INDEX(generale!$A$16:$G$4963,MATCH(NPG!$A51,generale!$A$16:$A$4963,0),COLUMN()))","v":15},{"$f":"IF(INDEX(generale!$A$16:$G$4963,MATCH(NPG!$A51,generale!$A$16:$A$4963,0),COLUMN())=0,0,INDEX(generale!$A$16:$G$4963,MATCH(NPG!$A51,generale!$A$16:$A$4963,0),COLUMN()))","v":11},{"$f":"IF(INDEX(generale!$A$16:$G$4963,MATCH(NPG!$A51,generale!$A$16:$A$4963,0),COLUMN())=0,0,INDEX(generale!$A$16:$G$4963,MATCH(NPG!$A51,generale!$A$16:$A$4963,0),COLUMN()))","v":12},{"$f":"IF(INDEX(generale!$A$16:$G$4963,MATCH(NPG!$A51,generale!$A$16:$A$4963,0),COLUMN())=0,0,INDEX(generale!$A$16:$G$4963,MATCH(NPG!$A51,generale!$A$16:$A$4963,0),COLUMN()))","v":17},{"$f":"generale!G61","v":"P"},7,7,9,2,6,1,2,12,7,4,0,16,5,0,0,1,1,3,0,0,null,null,null,null,null,null,null,null,null,null,null,null,null,null,null,null,null,null,null,1,1,18]
[{"$f":"IF(generale!$A62>0,generale!$A62,\"\")","v":"2005-02-16"},{"$f":"IF(INDEX(generale!$A$16:$G$4963,MATCH(NPG!$A52,generale!$A$16:$A$4963,0),COLUMN())=0,0,INDEX(generale!$A$16:$G$4963,MATCH(NPG!$A52,generale!$A$16:$A$4963,0),COLUMN()))","v":1},{"$f":"IF(INDEX(generale!$A$16:$G$4963,MATCH(NPG!$A52,generale!$A$16:$A$4963,0),COLUMN())=0,0,INDEX(generale!$A$16:$G$4963,MATCH(NPG!$A52,generale!$A$16:$A$4963,0),COLUMN()))","v":5},{"$f":"IF(INDEX(generale!$A$16:$G$4963,MATCH(NPG!$A52,generale!$A$16:$A$4963,0),COLUMN())=0,0,INDEX(generale!$A$16:$G$4963,MATCH(NPG!$A52,generale!$A$16:$A$4963,0),COLUMN()))","v":11},{"$f":"IF(INDEX(generale!$A$16:$G$4963,MATCH(NPG!$A52,generale!$A$16:$A$4963,0),COLUMN())=0,0,INDEX(generale!$A$16:$G$4963,MATCH(NPG!$A52,generale!$A$16:$A$4963,0),COLUMN()))","v":9},{"$f":"IF(INDEX(generale!$A$16:$G$4963,MATCH(NPG!$A52,generale!$A$16:$A$4963,0),COLUMN())=0,0,INDEX(generale!$A$16:$G$4963,MATCH(NPG!$A52,generale!$A$16:$A$4963,0),COLUMN()))","v":8},{"$f":"generale!G62","v":"T"},0,8,10,3,0,2,3,13,8,5,0,17,6,1,1,2,1,3,0,0,null,null,null,null,null,null,null,null,null,null,null,null,null,null,null,null,null,1,1,1,1,16]
[{"$f":"IF(generale!$A63>0,generale!$A63,\"\")","v":"2005-02-17"},{"$f":"IF(INDEX(generale!$A$16:$G$4963,MATCH(NPG!$A53,generale!$A$16:$A$4963,0),COLUMN())=0,0,INDEX(generale!$A$16:$G$4963,MATCH(NPG!$A53,generale!$A$16:$A$4963,0),COLUMN()))","v":11},{"$f":"IF(INDEX(generale!$A$16:$G$4963,MATCH(NPG!$A53,generale!$A$16:$A$4963,0),COLUMN())=0,0,INDEX(generale!$A$16:$G$4963,MATCH(NPG!$A53,generale!$A$16:$A$4963,0),COLUMN()))","v":7},{"$f":"IF(INDEX(generale!$A$16:$G$4963,MATCH(NPG!$A53,generale!$A$16:$A$4963,0),COLUMN())=0,0,INDEX(generale!$A$16:$G$4963,MATCH(NPG!$A53,generale!$A$16:$A$4963,0),COLUMN()))","v":2},{"$f":"IF(INDEX(generale!$A$16:$G$4963,MATCH(NPG!$A53,generale!$A$16:$A$4963,0),COLUMN())=0,0,INDEX(generale!$A$16:$G$4963,MATCH(NPG!$A53,generale!$A$16:$A$4963,0),COLUMN()))","v":6},{"$f":"IF(INDEX(generale!$A$16:$G$4963,MATCH(NPG!$A53,generale!$A$16:$A$4963,0),COLUMN())=0,0,INDEX(generale!$A$16:$G$4963,MATCH(NPG!$A53,generale!$A$16:$A$4963,0),COLUMN()))","v":1},{"$f":"generale!G63","v":"T"},1,0,11,4,1,3,0,14,9,6,0,18,7,2,2,2,1,3,0,0,null,null,null,null,null,null,null,null,null,null,null,null,null,null,null,null,1,1,1,1,1,15]
[{"$f":"IF(generale!$A64>0,generale!$A64,\"\")","v":"2005-02-18"},{"$f":"IF(INDEX(generale!$A$16:$G$4963,MATCH(NPG!$A54,generale!$A$16:$A$4963,0),COLUMN())=0,0,INDEX(generale!$A$16:$G$4963,MATCH(NPG!$A54,generale!$A$16:$A$4963,0),COLUMN()))","v":8},{"$f":"IF(INDEX(generale!$A$16:$G$4963,MATCH(NPG!$A54,generale!$A$16:$A$4963,0),COLUMN())=0,0,INDEX(generale!$A$16:$G$4963,MATCH(NPG!$A54,generale!$A$16:$A$4963,0),COLUMN()))","v":15},{"$f":"IF(INDEX(generale!$A$16:$G$4963,MATCH(NPG!$A54,generale!$A$16:$A$4963,0),COLUMN())=0,0,INDEX(generale!$A$16:$G$4963,MATCH(NPG!$A54,generale!$A$16:$A$4963,0),COLUMN()))","v":6},{"$f":"IF(INDEX(generale!$A$16:$G$4963,MATCH(NPG!$A54,generale!$A$16:$A$4963,0),COLUMN())=0,0,INDEX(generale!$A$16:$G$4963,MATCH(NPG!$A54,generale!$A$16:$A$4963,0),COLUMN()))","v":14},{"$f":"IF(INDEX(generale!$A$16:$G$4963,MATCH(NPG!$A54,generale!$A$16:$A$4963,0),COLUMN())=0,0,INDEX(generale!$A$16:$G$4963,MATCH(NPG!$A54,generale!$A$16:$A$4963,0),COLUMN()))","v":12},{"$f":"generale!G64","v":"T"},2,1,12,5,2,0,1,0,10,7,1,19,8,3,0,3,2,4,0,0,null,null,null,null,null,null,null,null,null,null,null,null,null,null,null,null,null,null,null,1,1,18]
[{"$f":"IF(generale!$A65>0,generale!$A65,\"\")","v":"2005-02-19"},{"$f":"IF(INDEX(generale!$A$16:$G$4963,MATCH(NPG!$A55,generale!$A$16:$A$4963,0),COLUMN())=0,0,INDEX(generale!$A$16:$G$4963,MATCH(NPG!$A55,generale!$A$16:$A$4963,0),COLUMN()))","v":5},{"$f":"IF(INDEX(generale!$A$16:$G$4963,MATCH(NPG!$A55,generale!$A$16:$A$4963,0),COLUMN())=0,0,INDEX(generale!$A$16:$G$4963,MATCH(NPG!$A55,generale!$A$16:$A$4963,0),COLUMN()))","v":14},{"$f":"IF(INDEX(generale!$A$16:$G$4963,MATCH(NPG!$A55,generale!$A$16:$A$4963,0),COLUMN())=0,0,INDEX(generale!$A$16:$G$4963,MATCH(NPG!$A55,generale!$A$16:$A$4963,0),COLUMN()))","v":2},{"$f":"IF(INDEX(generale!$A$16:$G$4963,MATCH(NPG!$A55,generale!$A$16:$A$4963,0),COLUMN())=0,0,INDEX(generale!$A$16:$G$4963,MATCH(NPG!$A55,generale!$A$16:$A$4963,0),COLUMN()))","v":8},{"$f":"IF(INDEX(generale!$A$16:$G$4963,MATCH(NPG!$A55,generale!$A$16:$A$4963,0),COLUMN())=0,0,INDEX(generale!$A$16:$G$4963,MATCH(NPG!$A55,generale!$A$16:$A$4963,0),COLUMN()))","v":17},{"$f":"generale!G65","v":"P"},3,0,13,6,0,1,2,1,11,8,2,20,9,0,1,4,3,4,0,0,null,null,null,null,null,null,null,null,null,null,null,null,null,null,null,null,null,null,1,1,1,17,"11-15"]
[{"$f":"IF(generale!$A66>0,generale!$A66,\"\")","v":"2005-02-20"},{"$f":"IF(INDEX(generale!$A$16:$G$4963,MATCH(NPG!$A56,generale!$A$16:$A$4963,0),COLUMN())=0,0,INDEX(generale!$A$16:$G$4963,MATCH(NPG!$A56,generale!$A$16:$A$4963,0),COLUMN()))","v":4},{"$f":"IF(INDEX(generale!$A$16:$G$4963,MATCH(NPG!$A56,generale!$A$16:$A$4963,0),COLUMN())=0,0,INDEX(generale!$A$16:$G$4963,MATCH(NPG!$A56,generale!$A$16:$A$4963,0),COLUMN()))","v":2},{"$f":"IF(INDEX(generale!$A$16:$G$4963,MATCH(NPG!$A56,generale!$A$16:$A$4963,0),COLUMN())=0,0,INDEX(generale!$A$16:$G$4963,MATCH(NPG!$A56,generale!$A$16:$A$4963,0),COLUMN()))","v":11},{"$f":"IF(INDEX(generale!$A$16:$G$4963,MATCH(NPG!$A56,generale!$A$16:$A$4963,0),COLUMN())=0,0,INDEX(generale!$A$16:$G$4963,MATCH(NPG!$A56,generale!$A$16:$A$4963,0),COLUMN()))","v":9},{"$f":"IF(INDEX(generale!$A$16:$G$4963,MATCH(NPG!$A56,generale!$A$16:$A$4963,0),COLUMN())=0,0,INDEX(generale!$A$16:$G$4963,MATCH(NPG!$A56,generale!$A$16:$A$4963,0),COLUMN()))","v":8},{"$f":"generale!G66","v":"T"},4,0,14,0,1,2,3,2,12,9,0,21,10,1,2,5,4,5,0,0,null,null,null,null,null,null,null,null,null,null,null,null,null,null,null,null,null,null,null,1,1,18]
[{"$f":"IF(generale!$A67>0,generale!$A67,\"\")","v":"2005-02-21"},{"$f":"IF(INDEX(generale!$A$16:$G$4963,MATCH(NPG!$A57,generale!$A$16:$A$4963,0),COLUMN())=0,0,INDEX(generale!$A$16:$G$4963,MATCH(NPG!$A57,generale!$A$16:$A$4963,0),COLUMN()))","v":4},{"$f":"IF(INDEX(generale!$A$16:$G$4963,MATCH(NPG!$A57,generale!$A$16:$A$4963,0),COLUMN())=0,0,INDEX(generale!$A$16:$G$4963,MATCH(NPG!$A57,generale!$A$16:$A$4963,0),COLUMN()))","v":3},{"$f":"IF(INDEX(generale!$A$16:$G$4963,MATCH(NPG!$A57,generale!$A$16:$A$4963,0),COLUMN())=0,0,INDEX(generale!$A$16:$G$4963,MATCH(NPG!$A57,generale!$A$16:$A$4963,0),COLUMN()))","v":9},{"$f":"IF(INDEX(generale!$A$16:$G$4963,MATCH(NPG!$A57,generale!$A$16:$A$4963,0),COLUMN())=0,0,INDEX(generale!$A$16:$G$4963,MATCH(NPG!$A57,generale!$A$16:$A$4963,0),COLUMN()))","v":8},{"$f":"IF(INDEX(generale!$A$16:$G$4963,MATCH(NPG!$A57,generale!$A$16:$A$4963,0),COLUMN())=0,0,INDEX(generale!$A$16:$G$4963,MATCH(NPG!$A57,generale!$A$16:$A$4963,0),COLUMN()))","v":2},{"$f":"generale!G67","v":"T"},5,1,0,0,2,3,4,3,0,10,1,22,11,2,3,6,5,6,1,1,null,null,null,null,null,null,null,null,null,null,null,null,null,null,null,null,null,null,null,null,null,20,"2"]
[{"$f":"IF(generale!$A68>0,generale!$A68,\"\")","v":"2005-02-22"},{"$f":"IF(INDEX(generale!$A$16:$G$4963,MATCH(NPG!$A58,generale!$A$16:$A$4963,0),COLUMN())=0,0,INDEX(generale!$A$16:$G$4963,MATCH(NPG!$A58,generale!$A$16:$A$4963,0),COLUMN()))","v":10},{"$f":"IF(INDEX(generale!$A$16:$G$4963,MATCH(NPG!$A58,generale!$A$16:$A$4963,0),COLUMN())=0,0,INDEX(generale!$A$16:$G$4963,MATCH(NPG!$A58,generale!$A$16:$A$4963,0),COLUMN()))","v":11},{"$f":"IF(INDEX(generale!$A$16:$G$4963,MATCH(NPG!$A58,generale!$A$16:$A$4963,0),COLUMN())=0,0,INDEX(generale!$A$16:$G$4963,MATCH(NPG!$A58,generale!$A$16:$A$4963,0),COLUMN()))","v":2},{"$f":"IF(INDEX(generale!$A$16:$G$4963,MATCH(NPG!$A58,generale!$A$16:$A$4963,0),COLUMN())=0,0,INDEX(generale!$A$16:$G$4963,MATCH(NPG!$A58,generale!$A$16:$A$4963,0),COLUMN()))","v":13},{"$f":"IF(INDEX(generale!$A$16:$G$4963,MATCH(NPG!$A58,generale!$A$16:$A$4963,0),COLUMN())=0,0,INDEX(generale!$A$16:$G$4963,MATCH(NPG!$A58,generale!$A$16:$A$4963,0),COLUMN()))","v":8},{"$f":"generale!G68","v":"T"},6,0,1,1,3,4,5,4,1,0,0,23,12,3,4,7,5,6,1,1,null,null,null,null,null,null,null,null,null,null,null,null,null,null,null,null,null,1,1,1,1,16]
[{"$f":"IF(generale!$A69>0,generale!$A69,\"\")","v":"2005-02-23"},{"$f":"IF(INDEX(generale!$A$16:$G$4963,MATCH(NPG!$A59,generale!$A$16:$A$4963,0),COLUMN())=0,0,INDEX(generale!$A$16:$G$4963,MATCH(NPG!$A59,generale!$A$16:$A$4963,0),COLUMN()))","v":14},{"$f":"IF(INDEX(generale!$A$16:$G$4963,MATCH(NPG!$A59,generale!$A$16:$A$4963,0),COLUMN())=0,0,INDEX(generale!$A$16:$G$4963,MATCH(NPG!$A59,generale!$A$16:$A$4963,0),COLUMN()))","v":16},{"$f":"IF(INDEX(generale!$A$16:$G$4963,MATCH(NPG!$A59,generale!$A$16:$A$4963,0),COLUMN())=0,0,INDEX(generale!$A$16:$G$4963,MATCH(NPG!$A59,generale!$A$16:$A$4963,0),COLUMN()))","v":10},{"$f":"IF(INDEX(generale!$A$16:$G$4963,MATCH(NPG!$A59,generale!$A$16:$A$4963,0),COLUMN())=0,0,INDEX(generale!$A$16:$G$4963,MATCH(NPG!$A59,generale!$A$16:$A$4963,0),COLUMN()))","v":3},{"$f":"IF(INDEX(generale!$A$16:$G$4963,MATCH(NPG!$A59,generale!$A$16:$A$4963,0),COLUMN())=0,0,INDEX(generale!$A$16:$G$4963,MATCH(NPG!$A59,generale!$A$16:$A$4963,0),COLUMN()))","v":6},{"$f":"generale!G69","v":"P"},7,1,2,2,4,5,6,5,2,0,1,24,13,0,5,0,6,7,1,1,null,null,null,null,null,null,null,null,null,null,null,null,null,null,null,null,null,null,null,1,1,18,"8"]
[{"$f":"IF(generale!$A70>0,generale!$A70,\"\")","v":"2005-02-24"},{"$f":"IF(INDEX(generale!$A$16:$G$4963,MATCH(NPG!$A60,generale!$A$16:$A$4963,0),COLUMN())=0,0,INDEX(generale!$A$16:$G$4963,MATCH(NPG!$A60,generale!$A$16:$A$4963,0),COLUMN()))","v":13},{"$f":"IF(INDEX(generale!$A$16:$G$4963,MATCH(NPG!$A60,generale!$A$16:$A$4963,0),COLUMN())=0,0,INDEX(generale!$A$16:$G$4963,MATCH(NPG!$A60,generale!$A$16:$A$4963,0),COLUMN()))","v":2},{"$f":"IF(INDEX(generale!$A$16:$G$4963,MATCH(NPG!$A60,generale!$A$16:$A$4963,0),COLUMN())=0,0,INDEX(generale!$A$16:$G$4963,MATCH(NPG!$A60,generale!$A$16:$A$4963,0),COLUMN()))","v":6},{"$f":"IF(INDEX(generale!$A$16:$G$4963,MATCH(NPG!$A60,generale!$A$16:$A$4963,0),COLUMN())=0,0,INDEX(generale!$A$16:$G$4963,MATCH(NPG!$A60,generale!$A$16:$A$4963,0),COLUMN()))","v":5},{"$f":"IF(INDEX(generale!$A$16:$G$4963,MATCH(NPG!$A60,generale!$A$16:$A$4963,0),COLUMN())=0,0,INDEX(generale!$A$16:$G$4963,MATCH(NPG!$A60,generale!$A$16:$A$4963,0),COLUMN()))","v":15},{"$f":"generale!G70","v":"T"},8,0,3,3,5,0,7,6,3,1,2,25,0,1,6,1,6,7,1,1,null,null,null,null,null,null,null,null,null,null,null,null,null,null,null,null,null,1,1,1,1,16,"6"]
[{"$f":"IF(generale!$A71>0,generale!$A71,\"\")","v":"2005-02-25"},{"$f":"IF(INDEX(generale!$A$16:$G$4963,MATCH(NPG!$A61,generale!$A$16:$A$4963,0),COLUMN())=0,0,INDEX(generale!$A$16:$G$4963,MATCH(NPG!$A61,generale!$A$16:$A$4963,0),COLUMN()))","v":18},{"$f":"IF(INDEX(generale!$A$16:$G$4963,MATCH(NPG!$A61,generale!$A$16:$A$4963,0),COLUMN())=0,0,INDEX(generale!$A$16:$G$4963,MATCH(NPG!$A61,generale!$A$16:$A$4963,0),COLUMN()))","v":16},{"$f":"IF(INDEX(generale!$A$16:$G$4963,MATCH(NPG!$A61,generale!$A$16:$A$4963,0),COLUMN())=0,0,INDEX(generale!$A$16:$G$4963,MATCH(NPG!$A61,generale!$A$16:$A$4963,0),COLUMN()))","v":17},{"$f":"IF(INDEX(generale!$A$16:$G$4963,MATCH(NPG!$A61,generale!$A$16:$A$4963,0),COLUMN())=0,0,INDEX(generale!$A$16:$G$4963,MATCH(NPG!$A61,generale!$A$16:$A$4963,0),COLUMN()))","v":19},{"$f":"IF(INDEX(generale!$A$16:$G$4963,MATCH(NPG!$A61,generale!$A$16:$A$4963,0),COLUMN())=0,0,INDEX(generale!$A$16:$G$4963,MATCH(NPG!$A61,generale!$A$16:$A$4963,0),COLUMN()))","v":9},{"$f":"generale!G71","v":"T"},9,1,4,4,6,1,8,7,4,2,3,26,1,2,7,0,0,0,1,1,null,null,null,null,null,null,null,null,null,null,null,null,null,null,null,null,null,1,1,1,1,16]
[{"$f":"IF(generale!$A72>0,generale!$A72,\"\")","v":"2005-02-26"},{"$f":"IF(INDEX(generale!$A$16:$G$4963,MATCH(NPG!$A62,generale!$A$16:$A$4963,0),COLUMN())=0,0,INDEX(generale!$A$16:$G$4963,MATCH(NPG!$A62,generale!$A$16:$A$4963,0),COLUMN()))","v":18},{"$f":"IF(INDEX(generale!$A$16:$G$4963,MATCH(NPG!$A62,generale!$A$16:$A$4963,0),COLUMN())=0,0,INDEX(generale!$A$16:$G$4963,MATCH(NPG!$A62,generale!$A$16:$A$4963,0),COLUMN()))","v":6},{"$f":"IF(INDEX(generale!$A$16:$G$4963,MATCH(NPG!$A62,generale!$A$16:$A$4963,0),COLUMN())=0,0,INDEX(generale!$A$16:$G$4963,MATCH(NPG!$A62,generale!$A$16:$A$4963,0),COLUMN()))","v":14},{"$f":"IF(INDEX(generale!$A$16:$G$4963,MATCH(NPG!$A62,generale!$A$16:$A$4963,0),COLUMN())=0,0,INDEX(generale!$A$16:$G$4963,MATCH(NPG!$A62,generale!$A$16:$A$4963,0),COLUMN()))","v":7},{"$f":"IF(INDEX(generale!$A$16:$G$4963,MATCH(NPG!$A62,generale!$A$16:$A$4963,0),COLUMN())=0,0,INDEX(generale!$A$16:$G$4963,MATCH(NPG!$A62,generale!$A$16:$A$4963,0),COLUMN()))","v":11},{"$f":"generale!G72","v":"P"},10,2,5,5,7,0,9,8,5,3,4,27,2,0,8,1,1,0,1,1,null,null,null,null,null,null,null,null,null,null,null,null,null,null,null,null,null,null,null,1,1,18]
[{"$f":"IF(generale!$A73>0,generale!$A73,\"\")","v":"2005-02-27"},{"$f":"IF(INDEX(generale!$A$16:$G$4963,MATCH(NPG!$A63,generale!$A$16:$A$4963,0),COLUMN())=0,0,INDEX(generale!$A$16:$G$4963,MATCH(NPG!$A63,generale!$A$16:$A$4963,0),COLUMN()))","v":9},{"$f":"IF(INDEX(generale!$A$16:$G$4963,MATCH(NPG!$A63,generale!$A$16:$A$4963,0),COLUMN())=0,0,INDEX(generale!$A$16:$G$4963,MATCH(NPG!$A63,generale!$A$16:$A$4963,0),COLUMN()))","v":6},{"$f":"IF(INDEX(generale!$A$16:$G$4963,MATCH(NPG!$A63,generale!$A$16:$A$4963,0),COLUMN())=0,0,INDEX(generale!$A$16:$G$4963,MATCH(NPG!$A63,generale!$A$16:$A$4963,0),COLUMN()))","v":3},{"$f":"IF(INDEX(generale!$A$16:$G$4963,MATCH(NPG!$A63,generale!$A$16:$A$4963,0),COLUMN())=0,0,INDEX(generale!$A$16:$G$4963,MATCH(NPG!$A63,generale!$A$16:$A$4963,0),COLUMN()))","v":8},{"$f":"IF(INDEX(generale!$A$16:$G$4963,MATCH(NPG!$A63,generale!$A$16:$A$4963,0),COLUMN())=0,0,INDEX(generale!$A$16:$G$4963,MATCH(NPG!$A63,generale!$A$16:$A$4963,0),COLUMN()))","v":7},{"$f":"generale!G73","v":"T"},11,3,0,6,8,0,10,9,0,4,5,28,3,1,9,2,1,0,1,1,null,null,null,null,null,null,null,null,null,null,null,null,null,null,null,null,null,1,1,1,1,16]
[{"$f":"IF(generale!$A74>0,generale!$A74,\"\")","v":"2005-03-01"},{"$f":"IF(INDEX(generale!$A$16:$G$4963,MATCH(NPG!$A64,generale!$A$16:$A$4963,0),COLUMN())=0,0,INDEX(generale!$A$16:$G$4963,MATCH(NPG!$A64,generale!$A$16:$A$4963,0),COLUMN()))","v":3},{"$f":"IF(INDEX(generale!$A$16:$G$4963,MATCH(NPG!$A64,generale!$A$16:$A$4963,0),COLUMN())=0,0,INDEX(generale!$A$16:$G$4963,MATCH(NPG!$A64,generale!$A$16:$A$4963,0),COLUMN()))","v":4},{"$f":"IF(INDEX(generale!$A$16:$G$4963,MATCH(NPG!$A64,generale!$A$16:$A$4963,0),COLUMN())=0,0,INDEX(generale!$A$16:$G$4963,MATCH(NPG!$A64,generale!$A$16:$A$4963,0),COLUMN()))","v":5},{"$f":"IF(INDEX(generale!$A$16:$G$4963,MATCH(NPG!$A64,generale!$A$16:$A$4963,0),COLUMN())=0,0,INDEX(generale!$A$16:$G$4963,MATCH(NPG!$A64,generale!$A$16:$A$4963,0),COLUMN()))","v":2},{"$f":"IF(INDEX(generale!$A$16:$G$4963,MATCH(NPG!$A64,generale!$A$16:$A$4963,0),COLUMN())=0,0,INDEX(generale!$A$16:$G$4963,MATCH(NPG!$A64,generale!$A$16:$A$4963,0),COLUMN()))","v":6},{"$f":"generale!G74","v":"T"},{"$f":"IF($G64<>0,IF(OR(LEN(SUBSTITUTE(SUBSTITUTE($B64,H$1,,1),,1))=0,LEN(SUBSTITUTE(SUBSTITUTE($C64,H$1,,1),,1))=0,LEN(SUBSTITUTE(SUBSTITUTE($D64,H$1,,1),,1))=0),0,H63+1-AC64),\"\")","v":12},4,0,0,0,1,11,10,1,5,6,29,4,2,10,3,2,1,1,1,null,null,null,null,null,null,null,null,null,null,null,null,null,null,null,null,null,null,null,1,1,18,"7"]
[{"$f":"IF(generale!$A75>0,generale!$A75,\"\")","v":"2005-03-02"},{"$f":"IF(INDEX(generale!$A$16:$G$4963,MATCH(NPG!$A65,generale!$A$16:$A$4963,0),COLUMN())=0,0,INDEX(generale!$A$16:$G$4963,MATCH(NPG!$A65,generale!$A$16:$A$4963,0),COLUMN()))","v":6},{"$f":"IF(INDEX(generale!$A$16:$G$4963,MATCH(NPG!$A65,generale!$A$16:$A$4963,0),COLUMN())=0,0,INDEX(generale!$A$16:$G$4963,MATCH(NPG!$A65,generale!$A$16:$A$4963,0),COLUMN()))","v":5},{"$f":"IF(INDEX(generale!$A$16:$G$4963,MATCH(NPG!$A65,generale!$A$16:$A$4963,0),COLUMN())=0,0,INDEX(generale!$A$16:$G$4963,MATCH(NPG!$A65,generale!$A$16:$A$4963,0),COLUMN()))","v":8},{"$f":"IF(INDEX(generale!$A$16:$G$4963,MATCH(NPG!$A65,generale!$A$16:$A$4963,0),COLUMN())=0,0,INDEX(generale!$A$16:$G$4963,MATCH(NPG!$A65,generale!$A$16:$A$4963,0),COLUMN()))","v":7},{"$f":"IF(INDEX(generale!$A$16:$G$4963,MATCH(NPG!$A65,generale!$A$16:$A$4963,0),COLUMN())=0,0,INDEX(generale!$A$16:$G$4963,MATCH(NPG!$A65,generale!$A$16:$A$4963,0),COLUMN()))","v":4},{"$f":"generale!G75","v":"T"},13,5,1,1,0,0,12,0,2,6,7,30,5,3,10,3,2,1,1,1,null,null,null,null,null,null,null,null,null,null,null,null,null,null,null,1,1,1,1,1,1,14]
[{"$f":"IF(generale!$A76>0,generale!$A76,\"\")","v":"2005-03-03"},{"$f":"IF(INDEX(generale!$A$16:$G$4963,MATCH(NPG!$A66,generale!$A$16:$A$4963,0),COLUMN())=0,0,INDEX(generale!$A$16:$G$4963,MATCH(NPG!$A66,generale!$A$16:$A$4963,0),COLUMN()))","v":13},{"$f":"IF(INDEX(generale!$A$16:$G$4963,MATCH(NPG!$A66,generale!$A$16:$A$4963,0),COLUMN())=0,0,INDEX(generale!$A$16:$G$4963,MATCH(NPG!$A66,generale!$A$16:$A$4963,0),COLUMN()))","v":11},{"$f":"IF(INDEX(generale!$A$16:$G$4963,MATCH(NPG!$A66,generale!$A$16:$A$4963,0),COLUMN())=0,0,INDEX(generale!$A$16:$G$4963,MATCH(NPG!$A66,generale!$A$16:$A$4963,0),COLUMN()))","v":14},{"$f":"IF(INDEX(generale!$A$16:$G$4963,MATCH(NPG!$A66,generale!$A$16:$A$4963,0),COLUMN())=0,0,INDEX(generale!$A$16:$G$4963,MATCH(NPG!$A66,generale!$A$16:$A$4963,0),COLUMN()))","v":2},{"$f":"IF(INDEX(generale!$A$16:$G$4963,MATCH(NPG!$A66,generale!$A$16:$A$4963,0),COLUMN())=0,0,INDEX(generale!$A$16:$G$4963,MATCH(NPG!$A66,generale!$A$16:$A$4963,0),COLUMN()))","v":7},{"$f":"generale!G76","v":"T"},14,6,2,2,1,1,13,1,3,7,0,31,0,0,11,4,3,1,1,1,null,null,null,null,null,null,null,null,null,null,null,null,null,null,null,null,null,null,1,1,1,17]
[{"$f":"IF(generale!$A77>0,generale!$A77,\"\")","v":"2005-03-04"},{"$f":"IF(INDEX(generale!$A$16:$G$4963,MATCH(NPG!$A67,generale!$A$16:$A$4963,0),COLUMN())=0,0,INDEX(generale!$A$16:$G$4963,MATCH(NPG!$A67,generale!$A$16:$A$4963,0),COLUMN()))","v":12},{"$f":"IF(INDEX(generale!$A$16:$G$4963,MATCH(NPG!$A67,generale!$A$16:$A$4963,0),COLUMN())=0,0,INDEX(generale!$A$16:$G$4963,MATCH(NPG!$A67,generale!$A$16:$A$4963,0),COLUMN()))","v":6},{"$f":"IF(INDEX(generale!$A$16:$G$4963,MATCH(NPG!$A67,generale!$A$16:$A$4963,0),COLUMN())=0,0,INDEX(generale!$A$16:$G$4963,MATCH(NPG!$A67,generale!$A$16:$A$4963,0),COLUMN()))","v":7},{"$f":"IF(INDEX(generale!$A$16:$G$4963,MATCH(NPG!$A67,generale!$A$16:$A$4963,0),COLUMN())=0,0,INDEX(generale!$A$16:$G$4963,MATCH(NPG!$A67,generale!$A$16:$A$4963,0),COLUMN()))","v":1},{"$f":"IF(INDEX(generale!$A$16:$G$4963,MATCH(NPG!$A67,generale!$A$16:$A$4963,0),COLUMN())=0,0,INDEX(generale!$A$16:$G$4963,MATCH(NPG!$A67,generale!$A$16:$A$4963,0),COLUMN()))","v":2},{"$f":"generale!G77","v":"T"},15,7,3,3,2,0,0,2,4,8,1,0,1,1,12,5,3,1,1,1,null,null,null,null,null,null,null,null,null,null,null,null,null,null,null,null,null,1,1,1,1,16]
[{"$f":"IF(generale!$A78>0,generale!$A78,\"\")","v":"2005-03-05"},{"$f":"IF(INDEX(generale!$A$16:$G$4963,MATCH(NPG!$A68,generale!$A$16:$A$4963,0),COLUMN())=0,0,INDEX(generale!$A$16:$G$4963,MATCH(NPG!$A68,generale!$A$16:$A$4963,0),COLUMN()))","v":12},{"$f":"IF(INDEX(generale!$A$16:$G$4963,MATCH(NPG!$A68,generale!$A$16:$A$4963,0),COLUMN())=0,0,INDEX(generale!$A$16:$G$4963,MATCH(NPG!$A68,generale!$A$16:$A$4963,0),COLUMN()))","v":2},{"$f":"IF(INDEX(generale!$A$16:$G$4963,MATCH(NPG!$A68,generale!$A$16:$A$4963,0),COLUMN())=0,0,INDEX(generale!$A$16:$G$4963,MATCH(NPG!$A68,generale!$A$16:$A$4963,0),COLUMN()))","v":8},{"$f":"IF(INDEX(generale!$A$16:$G$4963,MATCH(NPG!$A68,generale!$A$16:$A$4963,0),COLUMN())=0,0,INDEX(generale!$A$16:$G$4963,MATCH(NPG!$A68,generale!$A$16:$A$4963,0),COLUMN()))","v":6},{"$f":"IF(INDEX(generale!$A$16:$G$4963,MATCH(NPG!$A68,generale!$A$16:$A$4963,0),COLUMN())=0,0,INDEX(generale!$A$16:$G$4963,MATCH(NPG!$A68,generale!$A$16:$A$4963,0),COLUMN()))","v":7},{"$f":"generale!G78","v":"T"},16,0,4,4,3,1,1,0,5,9,2,0,2,2,13,6,4,1,1,1,null,null,null,null,null,null,null,null,null,null,null,null,null,null,null,null,null,null,1,1,1,17]
[{"$f":"IF(generale!$A79>0,generale!$A79,\"\")","v":"2005-03-06"},{"$f":"IF(INDEX(generale!$A$16:$G$4963,MATCH(NPG!$A69,generale!$A$16:$A$4963,0),COLUMN())=0,0,INDEX(generale!$A$16:$G$4963,MATCH(NPG!$A69,generale!$A$16:$A$4963,0),COLUMN()))","v":15},{"$f":"IF(INDEX(generale!$A$16:$G$4963,MATCH(NPG!$A69,generale!$A$16:$A$4963,0),COLUMN())=0,0,INDEX(generale!$A$16:$G$4963,MATCH(NPG!$A69,generale!$A$16:$A$4963,0),COLUMN()))","v":10},{"$f":"IF(INDEX(generale!$A$16:$G$4963,MATCH(NPG!$A69,generale!$A$16:$A$4963,0),COLUMN())=0,0,INDEX(generale!$A$16:$G$4963,MATCH(NPG!$A69,generale!$A$16:$A$4963,0),COLUMN()))","v":5},{"$f":"IF(INDEX(generale!$A$16:$G$4963,MATCH(NPG!$A69,generale!$A$16:$A$4963,0),COLUMN())=0,0,INDEX(generale!$A$16:$G$4963,MATCH(NPG!$A69,generale!$A$16:$A$4963,0),COLUMN()))","v":2},{"$f":"IF(INDEX(generale!$A$16:$G$4963,MATCH(NPG!$A69,generale!$A$16:$A$4963,0),COLUMN())=0,0,INDEX(generale!$A$16:$G$4963,MATCH(NPG!$A69,generale!$A$16:$A$4963,0),COLUMN()))","v":6},{"$f":"generale!G79","v":"T"},{"$f":"IF($G69<>0,IF(OR(LEN(SUBSTITUTE(SUBSTITUTE($B69,H$1,,1),,1))=0,LEN(SUBSTITUTE(SUBSTITUTE($C69,H$1,,1),,1))=0,LEN(SUBSTITUTE(SUBSTITUTE($D69,H$1,,1),,1))=0),0,H68+1-AC69),\"\")","v":17},{"$f":"IF($G69<>0,IF(OR(LEN(SUBSTITUTE(SUBSTITUTE($B69,I$1,,1),,1))=0,LEN(SUBSTITUTE(SUBSTITUTE($C69,I$1,,1),,1))=0,LEN(SUBSTITUTE(SUBSTITUTE($D69,I$1,,1),,1))=0),0,I68+1-AD69),\"\")","v":1},{"$f":"IF($G69<>0,IF(OR(LEN(SUBSTITUTE(SUBSTITUTE($B69,J$1,,1),,1))=0,LEN(SUBSTITUTE(SUBSTITUTE($C69,J$1,,1),,1))=0,LEN(SUBSTITUTE(SUBSTITUTE($D69,J$1,,1),,1))=0),0,J68+1-AE69),\"\")","v":5},{"$f":"IF($G69<>0,IF(OR(LEN(SUBSTITUTE(SUBSTITUTE($B69,K$1,,1),,1))=0,LEN(SUBSTITUTE(SUBSTITUTE($C69,K$1,,1),,1))=0,LEN(SUBSTITUTE(SUBSTITUTE($D69,K$1,,1),,1))=0),0,K68+1-AF69),\"\")","v":5},{"$f":"IF($G69<>0,IF(OR(LEN(SUBSTITUTE(SUBSTITUTE($B69,L$1,,1),,1))=0,LEN(SUBSTITUTE(SUBSTITUTE($C69,L$1,,1),,1))=0,LEN(SUBSTITUTE(SUBSTITUTE($D69,L$1,,1),,1))=0),0,L68+1-AG69),\"\")","v":0},{"$f":"IF($G69<>0,IF(OR(LEN(SUBSTITUTE(SUBSTITUTE($B69,M$1,,1),,1))=0,LEN(SUBSTITUTE(SUBSTITUTE($C69,M$1,,1),,1))=0,LEN(SUBSTITUTE(SUBSTITUTE($D69,M$1,,1),,1))=0),0,M68+1-AH69),\"\")","v":2},{"$f":"IF($G69<>0,IF(OR(LEN(SUBSTITUTE(SUBSTITUTE($B69,N$1,,1),,1))=0,LEN(SUBSTITUTE(SUBSTITUTE($C69,N$1,,1),,1))=0,LEN(SUBSTITUTE(SUBSTITUTE($D69,N$1,,1),,1))=0),0,N68+1-AI69),\"\")","v":2},{"$f":"IF($G69<>0,IF(OR(LEN(SUBSTITUTE(SUBSTITUTE($B69,O$1,,1),,1))=0,LEN(SUBSTITUTE(SUBSTITUTE($C69,O$1,,1),,1))=0,LEN(SUBSTITUTE(SUBSTITUTE($D69,O$1,,1),,1))=0),0,O68+1-AJ69),\"\")","v":1},{"$f":"IF($G69<>0,IF(OR(LEN(SUBSTITUTE(SUBSTITUTE($B69,P$1,,1),,1))=0,LEN(SUBSTITUTE(SUBSTITUTE($C69,P$1,,1),,1))=0,LEN(SUBSTITUTE(SUBSTITUTE($D69,P$1,,1),,1))=0),0,P68+1-AK69),\"\")","v":6},{"$f":"IF($G69<>0,IF(OR(LEN(SUBSTITUTE(SUBSTITUTE($B69,Q$1,,1),,1))=0,LEN(SUBSTITUTE(SUBSTITUTE($C69,Q$1,,1),,1))=0,LEN(SUBSTITUTE(SUBSTITUTE($D69,Q$1,,1),,1))=0),0,Q68+1-AL69),\"\")","v":0},{"$f":"IF($G69<>0,IF(OR(LEN(SUBSTITUTE(SUBSTITUTE($B69,R$1,,1),,1))=0,LEN(SUBSTITUTE(SUBSTITUTE($C69,R$1,,1),,1))=0,LEN(SUBSTITUTE(SUBSTITUTE($D69,R$1,,1),,1))=0),0,R68+1-AM69),\"\")","v":3},{"$f":"IF($G69<>0,IF(OR(LEN(SUBSTITUTE(SUBSTITUTE($B69,S$1,,1),,1))=0,LEN(SUBSTITUTE(SUBSTITUTE($C69,S$1,,1),,1))=0,LEN(SUBSTITUTE(SUBSTITUTE($D69,S$1,,1),,1))=0),0,S68+1-AN69),\"\")","v":1},{"$f":"IF($G69<>0,IF(OR(LEN(SUBSTITUTE(SUBSTITUTE($B69,T$1,,1),,1))=0,LEN(SUBSTITUTE(SUBSTITUTE($C69,T$1,,1),,1))=0,LEN(SUBSTITUTE(SUBSTITUTE($D69,T$1,,1),,1))=0),0,T68+1-AO69),\"\")","v":3},{"$f":"IF($G69<>0,IF(OR(LEN(SUBSTITUTE(SUBSTITUTE($B69,U$1,,1),,1))=0,LEN(SUBSTITUTE(SUBSTITUTE($C69,U$1,,1),,1))=0,LEN(SUBSTITUTE(SUBSTITUTE($D69,U$1,,1),,1))=0),0,U68+1-AP69),\"\")","v":3},{"$f":"IF($G69<>0,IF(OR(LEN(SUBSTITUTE(SUBSTITUTE($B69,V$1,,1),,1))=0,LEN(SUBSTITUTE(SUBSTITUTE($C69,V$1,,1),,1))=0,LEN(SUBSTITUTE(SUBSTITUTE($D69,V$1,,1),,1))=0),0,V68+1-AQ69),\"\")","v":0},{"$f":"IF($G69<>0,IF(OR(LEN(SUBSTITUTE(SUBSTITUTE($B69,W$1,,1),,1))=0,LEN(SUBSTITUTE(SUBSTITUTE($C69,W$1,,1),,1))=0,LEN(SUBSTITUTE(SUBSTITUTE($D69,W$1,,1),,1))=0),0,W68+1-AR69),\"\")","v":7},{"$f":"IF($G69<>0,IF(OR(LEN(SUBSTITUTE(SUBSTITUTE($B69,X$1,,1),,1))=0,LEN(SUBSTITUTE(SUBSTITUTE($C69,X$1,,1),,1))=0,LEN(SUBSTITUTE(SUBSTITUTE($D69,X$1,,1),,1))=0),0,X68+1-AS69),\"\")","v":5},{"$f":"IF($G69<>0,IF(OR(LEN(SUBSTITUTE(SUBSTITUTE($B69,Y$1,,1),,1))=0,LEN(SUBSTITUTE(SUBSTITUTE($C69,Y$1,,1),,1))=0,LEN(SUBSTITUTE(SUBSTITUTE($D69,Y$1,,1),,1))=0),0,Y68+1-AT69),\"\")","v":2},{"$f":"IF($G69<>0,IF(OR(LEN(SUBSTITUTE(SUBSTITUTE($B69,Z$1,,1),,1))=0,LEN(SUBSTITUTE(SUBSTITUTE($C69,Z$1,,1),,1))=0,LEN(SUBSTITUTE(SUBSTITUTE($D69,Z$1,,1),,1))=0),0,Z68+1-AU69),\"\")","v":1},{"$f":"IF($G69<>0,IF(OR(LEN(SUBSTITUTE(SUBSTITUTE($B69,AA$1,,1),,1))=0,LEN(SUBSTITUTE(SUBSTITUTE($C69,AA$1,,1),,1))=0,LEN(SUBSTITUTE(SUBSTITUTE($D69,AA$1,,1),,1))=0),0,AA68+1-AV69),\"\")","v":1},null,null,null,null,null,null,null,null,null,null,null,null,null,null,null,null,null,null,null,1,1,{"$f":"IF(A69<>\"\",20-SUM(AC69:AV69),\"\")","v":18},"19"]
[{"$f":"IF(generale!$A80>0,generale!$A80,\"\")","v":"2005-03-07"},{"$f":"IF(INDEX(generale!$A$16:$G$4963,MATCH(NPG!$A70,generale!$A$16:$A$4963,0),COLUMN())=0,0,INDEX(generale!$A$16:$G$4963,MATCH(NPG!$A70,generale!$A$16:$A$4963,0),COLUMN()))","v":14},{"$f":"IF(INDEX(generale!$A$16:$G$4963,MATCH(NPG!$A70,generale!$A$16:$A$4963,0),COLUMN())=0,0,INDEX(generale!$A$16:$G$4963,MATCH(NPG!$A70,generale!$A$16:$A$4963,0),COLUMN()))","v":15},{"$f":"IF(INDEX(generale!$A$16:$G$4963,MATCH(NPG!$A70,generale!$A$16:$A$4963,0),COLUMN())=0,0,INDEX(generale!$A$16:$G$4963,MATCH(NPG!$A70,generale!$A$16:$A$4963,0),COLUMN()))","v":12},{"$f":"IF(INDEX(generale!$A$16:$G$4963,MATCH(NPG!$A70,generale!$A$16:$A$4963,0),COLUMN())=0,0,INDEX(generale!$A$16:$G$4963,MATCH(NPG!$A70,generale!$A$16:$A$4963,0),COLUMN()))","v":10},{"$f":"IF(INDEX(generale!$A$16:$G$4963,MATCH(NPG!$A70,generale!$A$16:$A$4963,0),COLUMN())=0,0,INDEX(generale!$A$16:$G$4963,MATCH(NPG!$A70,generale!$A$16:$A$4963,0),COLUMN()))","v":8},{"$f":"generale!G80","v":"T"},18,2,6,6,1,3,3,2,7,1,4,0,4,0,0,8,5,2,1,1,null,null,null,null,null,null,null,null,null,null,null,null,null,null,null,null,null,1,1,1,1,16,"5"]
[{"$f":"IF(generale!$A81>0,generale!$A81,\"\")","v":"2005-03-08"},{"$f":"IF(INDEX(generale!$A$16:$G$4963,MATCH(NPG!$A71,generale!$A$16:$A$4963,0),COLUMN())=0,0,INDEX(generale!$A$16:$G$4963,MATCH(NPG!$A71,generale!$A$16:$A$4963,0),COLUMN()))","v":1},{"$f":"IF(INDEX(generale!$A$16:$G$4963,MATCH(NPG!$A71,generale!$A$16:$A$4963,0),COLUMN())=0,0,INDEX(generale!$A$16:$G$4963,MATCH(NPG!$A71,generale!$A$16:$A$4963,0),COLUMN()))","v":4},{"$f":"IF(INDEX(generale!$A$16:$G$4963,MATCH(NPG!$A71,generale!$A$16:$A$4963,0),COLUMN())=0,0,INDEX(generale!$A$16:$G$4963,MATCH(NPG!$A71,generale!$A$16:$A$4963,0),COLUMN()))","v":7},{"$f":"IF(INDEX(generale!$A$16:$G$4963,MATCH(NPG!$A71,generale!$A$16:$A$4963,0),COLUMN())=0,0,INDEX(generale!$A$16:$G$4963,MATCH(NPG!$A71,generale!$A$16:$A$4963,0),COLUMN()))","v":14},{"$f":"IF(INDEX(generale!$A$16:$G$4963,MATCH(NPG!$A71,generale!$A$16:$A$4963,0),COLUMN())=0,0,INDEX(generale!$A$16:$G$4963,MATCH(NPG!$A71,generale!$A$16:$A$4963,0),COLUMN()))","v":12},{"$f":"generale!G81","v":"O"},0,3,7,0,2,4,0,3,8,2,5,1,5,1,1,9,5,2,1,1,null,null,null,null,null,null,null,null,null,null,null,null,null,null,null,null,null,1,1,1,1,16]
[{"$f":"IF(generale!$A82>0,generale!$A82,\"\")","v":"2005-03-09"},{"$f":"IF(INDEX(generale!$A$16:$G$4963,MATCH(NPG!$A72,generale!$A$16:$A$4963,0),COLUMN())=0,0,INDEX(generale!$A$16:$G$4963,MATCH(NPG!$A72,generale!$A$16:$A$4963,0),COLUMN()))","v":3},{"$f":"IF(INDEX(generale!$A$16:$G$4963,MATCH(NPG!$A72,generale!$A$16:$A$4963,0),COLUMN())=0,0,INDEX(generale!$A$16:$G$4963,MATCH(NPG!$A72,generale!$A$16:$A$4963,0),COLUMN()))","v":6},{"$f":"IF(INDEX(generale!$A$16:$G$4963,MATCH(NPG!$A72,generale!$A$16:$A$4963,0),COLUMN())=0,0,INDEX(generale!$A$16:$G$4963,MATCH(NPG!$A72,generale!$A$16:$A$4963,0),COLUMN()))","v":13},{"$f":"IF(INDEX(generale!$A$16:$G$4963,MATCH(NPG!$A72,generale!$A$16:$A$4963,0),COLUMN())=0,0,INDEX(generale!$A$16:$G$4963,MATCH(NPG!$A72,generale!$A$16:$A$4963,0),COLUMN()))","v":1},{"$f":"IF(INDEX(generale!$A$16:$G$4963,MATCH(NPG!$A72,generale!$A$16:$A$4963,0),COLUMN())=0,0,INDEX(generale!$A$16:$G$4963,MATCH(NPG!$A72,generale!$A$16:$A$4963,0),COLUMN()))","v":7},{"$f":"generale!G82","v":"T"},1,4,0,1,3,0,1,4,9,3,6,2,0,2,2,10,5,2,1,1,null,null,null,null,null,null,null,null,null,null,null,null,null,null,null,null,null,1,1,1,1,16]
[{"$f":"IF(generale!$A83>0,generale!$A83,\"\")","v":"2005-03-10"},{"$f":"IF(INDEX(generale!$A$16:$G$4963,MATCH(NPG!$A73,generale!$A$16:$A$4963,0),COLUMN())=0,0,INDEX(generale!$A$16:$G$4963,MATCH(NPG!$A73,generale!$A$16:$A$4963,0),COLUMN()))","v":13},{"$f":"IF(INDEX(generale!$A$16:$G$4963,MATCH(NPG!$A73,generale!$A$16:$A$4963,0),COLUMN())=0,0,INDEX(generale!$A$16:$G$4963,MATCH(NPG!$A73,generale!$A$16:$A$4963,0),COLUMN()))","v":5},{"$f":"IF(INDEX(generale!$A$16:$G$4963,MATCH(NPG!$A73,generale!$A$16:$A$4963,0),COLUMN())=0,0,INDEX(generale!$A$16:$G$4963,MATCH(NPG!$A73,generale!$A$16:$A$4963,0),COLUMN()))","v":4},{"$f":"IF(INDEX(generale!$A$16:$G$4963,MATCH(NPG!$A73,generale!$A$16:$A$4963,0),COLUMN())=0,0,INDEX(generale!$A$16:$G$4963,MATCH(NPG!$A73,generale!$A$16:$A$4963,0),COLUMN()))","v":12},{"$f":"IF(INDEX(generale!$A$16:$G$4963,MATCH(NPG!$A73,generale!$A$16:$A$4963,0),COLUMN())=0,0,INDEX(generale!$A$16:$G$4963,MATCH(NPG!$A73,generale!$A$16:$A$4963,0),COLUMN()))","v":16},{"$f":"generale!G83","v":"P"},2,5,1,0,0,1,2,5,10,4,7,3,0,3,3,11,5,2,1,1,null,null,null,null,null,null,null,null,null,null,null,null,null,null,null,null,null,1,1,1,1,16]
[{"$f":"IF(generale!$A84>0,generale!$A84,\"\")","v":"2005-03-11"},{"$f":"IF(INDEX(generale!$A$16:$G$4963,MATCH(NPG!$A74,generale!$A$16:$A$4963,0),COLUMN())=0,0,INDEX(generale!$A$16:$G$4963,MATCH(NPG!$A74,generale!$A$16:$A$4963,0),COLUMN()))","v":2},{"$f":"IF(INDEX(generale!$A$16:$G$4963,MATCH(NPG!$A74,generale!$A$16:$A$4963,0),COLUMN())=0,0,INDEX(generale!$A$16:$G$4963,MATCH(NPG!$A74,generale!$A$16:$A$4963,0),COLUMN()))","v":7},{"$f":"IF(INDEX(generale!$A$16:$G$4963,MATCH(NPG!$A74,generale!$A$16:$A$4963,0),COLUMN())=0,0,INDEX(generale!$A$16:$G$4963,MATCH(NPG!$A74,generale!$A$16:$A$4963,0),COLUMN()))","v":3},{"$f":"IF(INDEX(generale!$A$16:$G$4963,MATCH(NPG!$A74,generale!$A$16:$A$4963,0),COLUMN())=0,0,INDEX(generale!$A$16:$G$4963,MATCH(NPG!$A74,generale!$A$16:$A$4963,0),COLUMN()))","v":6},{"$f":"IF(INDEX(generale!$A$16:$G$4963,MATCH(NPG!$A74,generale!$A$16:$A$4963,0),COLUMN())=0,0,INDEX(generale!$A$16:$G$4963,MATCH(NPG!$A74,generale!$A$16:$A$4963,0),COLUMN()))","v":5},{"$f":"generale!G84","v":"P"},3,0,0,1,1,2,0,6,11,5,8,4,1,4,4,12,5,2,1,1,null,null,null,null,null,null,null,null,null,null,null,null,null,null,null,null,null,1,1,1,1,16]
[{"$f":"IF(generale!$A85>0,generale!$A85,\"\")","v":"2005-03-12"},{"$f":"IF(INDEX(generale!$A$16:$G$4963,MATCH(NPG!$A75,generale!$A$16:$A$4963,0),COLUMN())=0,0,INDEX(generale!$A$16:$G$4963,MATCH(NPG!$A75,generale!$A$16:$A$4963,0),COLUMN()))","v":10},{"$f":"IF(INDEX(generale!$A$16:$G$4963,MATCH(NPG!$A75,generale!$A$16:$A$4963,0),COLUMN())=0,0,INDEX(generale!$A$16:$G$4963,MATCH(NPG!$A75,generale!$A$16:$A$4963,0),COLUMN()))","v":1},{"$f":"IF(INDEX(generale!$A$16:$G$4963,MATCH(NPG!$A75,generale!$A$16:$A$4963,0),COLUMN())=0,0,INDEX(generale!$A$16:$G$4963,MATCH(NPG!$A75,generale!$A$16:$A$4963,0),COLUMN()))","v":12},{"$f":"IF(INDEX(generale!$A$16:$G$4963,MATCH(NPG!$A75,generale!$A$16:$A$4963,0),COLUMN())=0,0,INDEX(generale!$A$16:$G$4963,MATCH(NPG!$A75,generale!$A$16:$A$4963,0),COLUMN()))","v":9},{"$f":"IF(INDEX(generale!$A$16:$G$4963,MATCH(NPG!$A75,generale!$A$16:$A$4963,0),COLUMN())=0,0,INDEX(generale!$A$16:$G$4963,MATCH(NPG!$A75,generale!$A$16:$A$4963,0),COLUMN()))","v":5},{"$f":"generale!G85","v":"P"},0,0,0,1,1,2,0,6,11,0,8,0,1,4,4,12,5,2,1,1,null,1,1,1,1,1,1,1,1,1,1,1,1,1,1,1,1,1,1,1,1,0]
[{"$f":"IF(generale!$A86>0,generale!$A86,\"\")","v":"2005-03-13"},{"$f":"IF(INDEX(generale!$A$16:$G$4963,MATCH(NPG!$A76,generale!$A$16:$A$4963,0),COLUMN())=0,0,INDEX(generale!$A$16:$G$4963,MATCH(NPG!$A76,generale!$A$16:$A$4963,0),COLUMN()))","v":6},{"$f":"IF(INDEX(generale!$A$16:$G$4963,MATCH(NPG!$A76,generale!$A$16:$A$4963,0),COLUMN())=0,0,INDEX(generale!$A$16:$G$4963,MATCH(NPG!$A76,generale!$A$16:$A$4963,0),COLUMN()))","v":1},{"$f":"IF(INDEX(generale!$A$16:$G$4963,MATCH(NPG!$A76,generale!$A$16:$A$4963,0),COLUMN())=0,0,INDEX(generale!$A$16:$G$4963,MATCH(NPG!$A76,generale!$A$16:$A$4963,0),COLUMN()))","v":14},{"$f":"IF(INDEX(generale!$A$16:$G$4963,MATCH(NPG!$A76,generale!$A$16:$A$4963,0),COLUMN())=0,0,INDEX(generale!$A$16:$G$4963,MATCH(NPG!$A76,generale!$A$16:$A$4963,0),COLUMN()))","v":10},{"$f":"IF(INDEX(generale!$A$16:$G$4963,MATCH(NPG!$A76,generale!$A$16:$A$4963,0),COLUMN())=0,0,INDEX(generale!$A$16:$G$4963,MATCH(NPG!$A76,generale!$A$16:$A$4963,0),COLUMN()))","v":11},{"$f":"generale!G86","v":"O"},0,1,1,2,2,0,1,7,12,1,9,1,2,0,5,13,6,3,1,1,null,null,null,null,null,null,null,null,null,null,null,null,null,null,null,null,null,null,null,1,1,18]
[{"$f":"IF(generale!$A87>0,generale!$A87,\"\")","v":"2005-03-14"},{"$f":"IF(INDEX(generale!$A$16:$G$4963,MATCH(NPG!$A77,generale!$A$16:$A$4963,0),COLUMN())=0,0,INDEX(generale!$A$16:$G$4963,MATCH(NPG!$A77,generale!$A$16:$A$4963,0),COLUMN()))","v":5},{"$f":"IF(INDEX(generale!$A$16:$G$4963,MATCH(NPG!$A77,generale!$A$16:$A$4963,0),COLUMN())=0,0,INDEX(generale!$A$16:$G$4963,MATCH(NPG!$A77,generale!$A$16:$A$4963,0),COLUMN()))","v":18},{"$f":"IF(INDEX(generale!$A$16:$G$4963,MATCH(NPG!$A77,generale!$A$16:$A$4963,0),COLUMN())=0,0,INDEX(generale!$A$16:$G$4963,MATCH(NPG!$A77,generale!$A$16:$A$4963,0),COLUMN()))","v":4},{"$f":"IF(INDEX(generale!$A$16:$G$4963,MATCH(NPG!$A77,generale!$A$16:$A$4963,0),COLUMN())=0,0,INDEX(generale!$A$16:$G$4963,MATCH(NPG!$A77,generale!$A$16:$A$4963,0),COLUMN()))","v":2},{"$f":"IF(INDEX(generale!$A$16:$G$4963,MATCH(NPG!$A77,generale!$A$16:$A$4963,0),COLUMN())=0,0,INDEX(generale!$A$16:$G$4963,MATCH(NPG!$A77,generale!$A$16:$A$4963,0),COLUMN()))","v":12},{"$f":"generale!G87","v":"P"},1,2,2,0,0,1,2,8,13,2,10,2,3,1,6,13,6,0,1,1,null,null,null,null,null,null,null,null,null,null,null,null,null,null,null,null,1,1,1,1,1,15]
[{"$f":"IF(generale!$A88>0,generale!$A88,\"\")","v":"2005-03-15"},{"$f":"IF(INDEX(generale!$A$16:$G$4963,MATCH(NPG!$A78,generale!$A$16:$A$4963,0),COLUMN())=0,0,INDEX(generale!$A$16:$G$4963,MATCH(NPG!$A78,generale!$A$16:$A$4963,0),COLUMN()))","v":15},{"$f":"IF(INDEX(generale!$A$16:$G$4963,MATCH(NPG!$A78,generale!$A$16:$A$4963,0),COLUMN())=0,0,INDEX(generale!$A$16:$G$4963,MATCH(NPG!$A78,generale!$A$16:$A$4963,0),COLUMN()))","v":13},{"$f":"IF(INDEX(generale!$A$16:$G$4963,MATCH(NPG!$A78,generale!$A$16:$A$4963,0),COLUMN())=0,0,INDEX(generale!$A$16:$G$4963,MATCH(NPG!$A78,generale!$A$16:$A$4963,0),COLUMN()))","v":5},{"$f":"IF(INDEX(generale!$A$16:$G$4963,MATCH(NPG!$A78,generale!$A$16:$A$4963,0),COLUMN())=0,0,INDEX(generale!$A$16:$G$4963,MATCH(NPG!$A78,generale!$A$16:$A$4963,0),COLUMN()))","v":9},{"$f":"IF(INDEX(generale!$A$16:$G$4963,MATCH(NPG!$A78,generale!$A$16:$A$4963,0),COLUMN())=0,0,INDEX(generale!$A$16:$G$4963,MATCH(NPG!$A78,generale!$A$16:$A$4963,0),COLUMN()))","v":11},{"$f":"generale!G88","v":"P"},2,3,3,1,0,2,3,9,14,3,11,3,0,2,0,14,7,1,1,1,null,null,null,null,null,null,null,null,null,null,null,null,null,null,null,null,null,null,null,1,1,18]
[{"$f":"IF(generale!$A89>0,generale!$A89,\"\")","v":"2005-03-16"},{"$f":"IF(INDEX(generale!$A$16:$G$4963,MATCH(NPG!$A79,generale!$A$16:$A$4963,0),COLUMN())=0,0,INDEX(generale!$A$16:$G$4963,MATCH(NPG!$A79,generale!$A$16:$A$4963,0),COLUMN()))","v":1},{"$f":"IF(INDEX(generale!$A$16:$G$4963,MATCH(NPG!$A79,generale!$A$16:$A$4963,0),COLUMN())=0,0,INDEX(generale!$A$16:$G$4963,MATCH(NPG!$A79,generale!$A$16:$A$4963,0),COLUMN()))","v":2},{"$f":"IF(INDEX(generale!$A$16:$G$4963,MATCH(NPG!$A79,generale!$A$16:$A$4963,0),COLUMN())=0,0,INDEX(generale!$A$16:$G$4963,MATCH(NPG!$A79,generale!$A$16:$A$4963,0),COLUMN()))","v":5},{"$f":"IF(INDEX(generale!$A$16:$G$4963,MATCH(NPG!$A79,generale!$A$16:$A$4963,0),COLUMN())=0,0,INDEX(generale!$A$16:$G$4963,MATCH(NPG!$A79,generale!$A$16:$A$4963,0),COLUMN()))","v":4},{"$f":"IF(INDEX(generale!$A$16:$G$4963,MATCH(NPG!$A79,generale!$A$16:$A$4963,0),COLUMN())=0,0,INDEX(generale!$A$16:$G$4963,MATCH(NPG!$A79,generale!$A$16:$A$4963,0),COLUMN()))","v":3},{"$f":"generale!G89","v":"T"},0,0,4,2,0,3,4,10,15,4,12,4,1,3,1,15,7,1,1,1,null,null,null,null,null,null,null,null,null,null,null,null,null,null,null,null,null,1,1,1,1,16]
[{"$f":"IF(generale!$A90>0,generale!$A90,\"\")","v":"2005-03-17"},{"$f":"IF(INDEX(generale!$A$16:$G$4963,MATCH(NPG!$A80,generale!$A$16:$A$4963,0),COLUMN())=0,0,INDEX(generale!$A$16:$G$4963,MATCH(NPG!$A80,generale!$A$16:$A$4963,0),COLUMN()))","v":11},{"$f":"IF(INDEX(generale!$A$16:$G$4963,MATCH(NPG!$A80,generale!$A$16:$A$4963,0),COLUMN())=0,0,INDEX(generale!$A$16:$G$4963,MATCH(NPG!$A80,generale!$A$16:$A$4963,0),COLUMN()))","v":15},{"$f":"IF(INDEX(generale!$A$16:$G$4963,MATCH(NPG!$A80,generale!$A$16:$A$4963,0),COLUMN())=0,0,INDEX(generale!$A$16:$G$4963,MATCH(NPG!$A80,generale!$A$16:$A$4963,0),COLUMN()))","v":17},{"$f":"IF(INDEX(generale!$A$16:$G$4963,MATCH(NPG!$A80,generale!$A$16:$A$4963,0),COLUMN())=0,0,INDEX(generale!$A$16:$G$4963,MATCH(NPG!$A80,generale!$A$16:$A$4963,0),COLUMN()))","v":7},{"$f":"IF(INDEX(generale!$A$16:$G$4963,MATCH(NPG!$A80,generale!$A$16:$A$4963,0),COLUMN())=0,0,INDEX(generale!$A$16:$G$4963,MATCH(NPG!$A80,generale!$A$16:$A$4963,0),COLUMN()))","v":1},{"$f":"generale!G90","v":"P"},1,1,5,3,1,4,5,11,16,5,0,5,2,4,0,16,0,1,1,1,null,null,null,null,null,null,null,null,null,null,null,null,null,null,null,null,null,1,1,1,1,16]
[{"$f":"IF(generale!$A91>0,generale!$A91,\"\")","v":"2005-03-18"},{"$f":"IF(INDEX(generale!$A$16:$G$4963,MATCH(NPG!$A81,generale!$A$16:$A$4963,0),COLUMN())=0,0,INDEX(generale!$A$16:$G$4963,MATCH(NPG!$A81,generale!$A$16:$A$4963,0),COLUMN()))","v":2},{"$f":"IF(INDEX(generale!$A$16:$G$4963,MATCH(NPG!$A81,generale!$A$16:$A$4963,0),COLUMN())=0,0,INDEX(generale!$A$16:$G$4963,MATCH(NPG!$A81,generale!$A$16:$A$4963,0),COLUMN()))","v":7},{"$f":"IF(INDEX(generale!$A$16:$G$4963,MATCH(NPG!$A81,generale!$A$16:$A$4963,0),COLUMN())=0,0,INDEX(generale!$A$16:$G$4963,MATCH(NPG!$A81,generale!$A$16:$A$4963,0),COLUMN()))","v":17},{"$f":"IF(INDEX(generale!$A$16:$G$4963,MATCH(NPG!$A81,generale!$A$16:$A$4963,0),COLUMN())=0,0,INDEX(generale!$A$16:$G$4963,MATCH(NPG!$A81,generale!$A$16:$A$4963,0),COLUMN()))","v":4},{"$f":"IF(INDEX(generale!$A$16:$G$4963,MATCH(NPG!$A81,generale!$A$16:$A$4963,0),COLUMN())=0,0,INDEX(generale!$A$16:$G$4963,MATCH(NPG!$A81,generale!$A$16:$A$4963,0),COLUMN()))","v":14},{"$f":"generale!G91","v":"P"},2,0,6,4,2,5,0,12,17,6,1,6,3,4,0,16,0,1,1,1,null,null,null,null,null,null,null,null,null,null,null,null,null,null,1,1,1,1,1,1,1,13,"14"]
[{"$f":"IF(generale!$A92>0,generale!$A92,\"\")","v":"2005-03-19"},{"$f":"IF(INDEX(generale!$A$16:$G$4963,MATCH(NPG!$A82,generale!$A$16:$A$4963,0),COLUMN())=0,0,INDEX(generale!$A$16:$G$4963,MATCH(NPG!$A82,generale!$A$16:$A$4963,0),COLUMN()))","v":8},{"$f":"IF(INDEX(generale!$A$16:$G$4963,MATCH(NPG!$A82,generale!$A$16:$A$4963,0),COLUMN())=0,0,INDEX(generale!$A$16:$G$4963,MATCH(NPG!$A82,generale!$A$16:$A$4963,0),COLUMN()))","v":10},{"$f":"IF(INDEX(generale!$A$16:$G$4963,MATCH(NPG!$A82,generale!$A$16:$A$4963,0),COLUMN())=0,0,INDEX(generale!$A$16:$G$4963,MATCH(NPG!$A82,generale!$A$16:$A$4963,0),COLUMN()))","v":6},{"$f":"IF(INDEX(generale!$A$16:$G$4963,MATCH(NPG!$A82,generale!$A$16:$A$4963,0),COLUMN())=0,0,INDEX(generale!$A$16:$G$4963,MATCH(NPG!$A82,generale!$A$16:$A$4963,0),COLUMN()))","v":11},{"$f":"IF(INDEX(generale!$A$16:$G$4963,MATCH(NPG!$A82,generale!$A$16:$A$4963,0),COLUMN())=0,0,INDEX(generale!$A$16:$G$4963,MATCH(NPG!$A82,generale!$A$16:$A$4963,0),COLUMN()))","v":9},{"$f":"generale!G92","v":"P"},3,1,7,5,3,0,1,0,18,0,2,7,4,5,1,17,0,1,1,1,null,null,null,null,null,null,null,null,null,null,null,null,null,null,null,null,null,1,1,1,1,16,"12"]
[{"$f":"IF(generale!$A93>0,generale!$A93,\"\")","v":"2005-03-20"},{"$f":"IF(INDEX(generale!$A$16:$G$4963,MATCH(NPG!$A83,generale!$A$16:$A$4963,0),COLUMN())=0,0,INDEX(generale!$A$16:$G$4963,MATCH(NPG!$A83,generale!$A$16:$A$4963,0),COLUMN()))","v":8},{"$f":"IF(INDEX(generale!$A$16:$G$4963,MATCH(NPG!$A83,generale!$A$16:$A$4963,0),COLUMN())=0,0,INDEX(generale!$A$16:$G$4963,MATCH(NPG!$A83,generale!$A$16:$A$4963,0),COLUMN()))","v":11},{"$f":"IF(INDEX(generale!$A$16:$G$4963,MATCH(NPG!$A83,generale!$A$16:$A$4963,0),COLUMN())=0,0,INDEX(generale!$A$16:$G$4963,MATCH(NPG!$A83,generale!$A$16:$A$4963,0),COLUMN()))","v":14},{"$f":"IF(INDEX(generale!$A$16:$G$4963,MATCH(NPG!$A83,generale!$A$16:$A$4963,0),COLUMN())=0,0,INDEX(generale!$A$16:$G$4963,MATCH(NPG!$A83,generale!$A$16:$A$4963,0),COLUMN()))","v":10},{"$f":"IF(INDEX(generale!$A$16:$G$4963,MATCH(NPG!$A83,generale!$A$16:$A$4963,0),COLUMN())=0,0,INDEX(generale!$A$16:$G$4963,MATCH(NPG!$A83,generale!$A$16:$A$4963,0),COLUMN()))","v":9},{"$f":"generale!G93","v":"O"},4,2,8,6,4,1,2,0,19,1,0,8,5,0,1,17,0,1,1,1,null,null,null,null,null,null,null,null,null,null,null,null,null,null,null,1,1,1,1,1,1,14]
[{"$f":"IF(generale!$A94>0,generale!$A94,\"\")","v":"2005-03-21"},{"$f":"IF(INDEX(generale!$A$16:$G$4963,MATCH(NPG!$A84,generale!$A$16:$A$4963,0),COLUMN())=0,0,INDEX(generale!$A$16:$G$4963,MATCH(NPG!$A84,generale!$A$16:$A$4963,0),COLUMN()))","v":4},{"$f":"IF(INDEX(generale!$A$16:$G$4963,MATCH(NPG!$A84,generale!$A$16:$A$4963,0),COLUMN())=0,0,INDEX(generale!$A$16:$G$4963,MATCH(NPG!$A84,generale!$A$16:$A$4963,0),COLUMN()))","v":1},{"$f":"IF(INDEX(generale!$A$16:$G$4963,MATCH(NPG!$A84,generale!$A$16:$A$4963,0),COLUMN())=0,0,INDEX(generale!$A$16:$G$4963,MATCH(NPG!$A84,generale!$A$16:$A$4963,0),COLUMN()))","v":13},{"$f":"IF(INDEX(generale!$A$16:$G$4963,MATCH(NPG!$A84,generale!$A$16:$A$4963,0),COLUMN())=0,0,INDEX(generale!$A$16:$G$4963,MATCH(NPG!$A84,generale!$A$16:$A$4963,0),COLUMN()))","v":8},{"$f":"IF(INDEX(generale!$A$16:$G$4963,MATCH(NPG!$A84,generale!$A$16:$A$4963,0),COLUMN())=0,0,INDEX(generale!$A$16:$G$4963,MATCH(NPG!$A84,generale!$A$16:$A$4963,0),COLUMN()))","v":11},{"$f":"generale!G94","v":"P"},0,3,9,0,5,2,3,1,20,2,1,9,0,1,2,18,0,1,1,1,null,null,null,null,null,null,null,null,null,null,null,null,null,null,null,null,null,1,1,1,1,16]
[{"$f":"IF(generale!$A95>0,generale!$A95,\"\")","v":"2005-03-22"},{"$f":"IF(INDEX(generale!$A$16:$G$4963,MATCH(NPG!$A85,generale!$A$16:$A$4963,0),COLUMN())=0,0,INDEX(generale!$A$16:$G$4963,MATCH(NPG!$A85,generale!$A$16:$A$4963,0),COLUMN()))","v":5},{"$f":"IF(INDEX(generale!$A$16:$G$4963,MATCH(NPG!$A85,generale!$A$16:$A$4963,0),COLUMN())=0,0,INDEX(generale!$A$16:$G$4963,MATCH(NPG!$A85,generale!$A$16:$A$4963,0),COLUMN()))","v":2},{"$f":"IF(INDEX(generale!$A$16:$G$4963,MATCH(NPG!$A85,generale!$A$16:$A$4963,0),COLUMN())=0,0,INDEX(generale!$A$16:$G$4963,MATCH(NPG!$A85,generale!$A$16:$A$4963,0),COLUMN()))","v":8},{"$f":"IF(INDEX(generale!$A$16:$G$4963,MATCH(NPG!$A85,generale!$A$16:$A$4963,0),COLUMN())=0,0,INDEX(generale!$A$16:$G$4963,MATCH(NPG!$A85,generale!$A$16:$A$4963,0),COLUMN()))","v":15},{"$f":"IF(INDEX(generale!$A$16:$G$4963,MATCH(NPG!$A85,generale!$A$16:$A$4963,0),COLUMN())=0,0,INDEX(generale!$A$16:$G$4963,MATCH(NPG!$A85,generale!$A$16:$A$4963,0),COLUMN()))","v":7},{"$f":"generale!G95","v":"T"},1,0,10,1,0,3,4,0,21,3,2,10,1,2,3,19,1,2,1,1,null,null,null,null,null,null,null,null,null,null,null,null,null,null,null,null,null,null,null,1,1,18,"10"]
[{"$f":"IF(generale!$A96>0,generale!$A96,\"\")","v":"2005-03-23"},{"$f":"IF(INDEX(generale!$A$16:$G$4963,MATCH(NPG!$A86,generale!$A$16:$A$4963,0),COLUMN())=0,0,INDEX(generale!$A$16:$G$4963,MATCH(NPG!$A86,generale!$A$16:$A$4963,0),COLUMN()))","v":15},{"$f":"IF(INDEX(generale!$A$16:$G$4963,MATCH(NPG!$A86,generale!$A$16:$A$4963,0),COLUMN())=0,0,INDEX(generale!$A$16:$G$4963,MATCH(NPG!$A86,generale!$A$16:$A$4963,0),COLUMN()))","v":14},{"$f":"IF(INDEX(generale!$A$16:$G$4963,MATCH(NPG!$A86,generale!$A$16:$A$4963,0),COLUMN())=0,0,INDEX(generale!$A$16:$G$4963,MATCH(NPG!$A86,generale!$A$16:$A$4963,0),COLUMN()))","v":2},{"$f":"IF(INDEX(generale!$A$16:$G$4963,MATCH(NPG!$A86,generale!$A$16:$A$4963,0),COLUMN())=0,0,INDEX(generale!$A$16:$G$4963,MATCH(NPG!$A86,generale!$A$16:$A$4963,0),COLUMN()))","v":10},{"$f":"IF(INDEX(generale!$A$16:$G$4963,MATCH(NPG!$A86,generale!$A$16:$A$4963,0),COLUMN())=0,0,INDEX(generale!$A$16:$G$4963,MATCH(NPG!$A86,generale!$A$16:$A$4963,0),COLUMN()))","v":7},{"$f":"generale!G96","v":"T"},2,0,11,2,1,4,5,1,22,4,3,11,2,0,0,20,2,3,1,1,null,null,null,null,null,null,null,null,null,null,null,null,null,null,null,null,null,null,null,1,1,18]
[{"$f":"IF(generale!$A97>0,generale!$A97,\"\")","v":"2005-03-24"},{"$f":"IF(INDEX(generale!$A$16:$G$4963,MATCH(NPG!$A87,generale!$A$16:$A$4963,0),COLUMN())=0,0,INDEX(generale!$A$16:$G$4963,MATCH(NPG!$A87,generale!$A$16:$A$4963,0),COLUMN()))","v":9},{"$f":"IF(INDEX(generale!$A$16:$G$4963,MATCH(NPG!$A87,generale!$A$16:$A$4963,0),COLUMN())=0,0,INDEX(generale!$A$16:$G$4963,MATCH(NPG!$A87,generale!$A$16:$A$4963,0),COLUMN()))","v":12},{"$f":"IF(INDEX(generale!$A$16:$G$4963,MATCH(NPG!$A87,generale!$A$16:$A$4963,0),COLUMN())=0,0,INDEX(generale!$A$16:$G$4963,MATCH(NPG!$A87,generale!$A$16:$A$4963,0),COLUMN()))","v":4},{"$f":"IF(INDEX(generale!$A$16:$G$4963,MATCH(NPG!$A87,generale!$A$16:$A$4963,0),COLUMN())=0,0,INDEX(generale!$A$16:$G$4963,MATCH(NPG!$A87,generale!$A$16:$A$4963,0),COLUMN()))","v":14},{"$f":"IF(INDEX(generale!$A$16:$G$4963,MATCH(NPG!$A87,generale!$A$16:$A$4963,0),COLUMN())=0,0,INDEX(generale!$A$16:$G$4963,MATCH(NPG!$A87,generale!$A$16:$A$4963,0),COLUMN()))","v":5},{"$f":"generale!G97","v":"P"},3,1,12,0,2,5,6,2,0,5,4,0,3,1,1,21,3,4,1,1,null,null,null,null,null,null,null,null,null,null,null,null,null,null,null,null,null,null,null,1,1,18]
[{"$f":"IF(generale!$A98>0,generale!$A98,\"\")","v":"2005-03-25"},{"$f":"IF(INDEX(generale!$A$16:$G$4963,MATCH(NPG!$A88,generale!$A$16:$A$4963,0),COLUMN())=0,0,INDEX(generale!$A$16:$G$4963,MATCH(NPG!$A88,generale!$A$16:$A$4963,0),COLUMN()))","v":7},{"$f":"IF(INDEX(generale!$A$16:$G$4963,MATCH(NPG!$A88,generale!$A$16:$A$4963,0),COLUMN())=0,0,INDEX(generale!$A$16:$G$4963,MATCH(NPG!$A88,generale!$A$16:$A$4963,0),COLUMN()))","v":15},{"$f":"IF(INDEX(generale!$A$16:$G$4963,MATCH(NPG!$A88,generale!$A$16:$A$4963,0),COLUMN())=0,0,INDEX(generale!$A$16:$G$4963,MATCH(NPG!$A88,generale!$A$16:$A$4963,0),COLUMN()))","v":2},{"$f":"IF(INDEX(generale!$A$16:$G$4963,MATCH(NPG!$A88,generale!$A$16:$A$4963,0),COLUMN())=0,0,INDEX(generale!$A$16:$G$4963,MATCH(NPG!$A88,generale!$A$16:$A$4963,0),COLUMN()))","v":13},{"$f":"IF(INDEX(generale!$A$16:$G$4963,MATCH(NPG!$A88,generale!$A$16:$A$4963,0),COLUMN())=0,0,INDEX(generale!$A$16:$G$4963,MATCH(NPG!$A88,generale!$A$16:$A$4963,0),COLUMN()))","v":11},{"$f":"generale!G98","v":"P"},4,0,13,1,3,6,0,3,1,6,5,1,4,2,0,22,3,4,1,1,null,null,null,null,null,null,null,null,null,null,null,null,null,null,null,null,null,1,1,1,1,16]
[{"$f":"IF(generale!$A99>0,generale!$A99,\"\")","v":"2005-03-26"},{"$f":"IF(INDEX(generale!$A$16:$G$4963,MATCH(NPG!$A89,generale!$A$16:$A$4963,0),COLUMN())=0,0,INDEX(generale!$A$16:$G$4963,MATCH(NPG!$A89,generale!$A$16:$A$4963,0),COLUMN()))","v":17},{"$f":"IF(INDEX(generale!$A$16:$G$4963,MATCH(NPG!$A89,generale!$A$16:$A$4963,0),COLUMN())=0,0,INDEX(generale!$A$16:$G$4963,MATCH(NPG!$A89,generale!$A$16:$A$4963,0),COLUMN()))","v":16},{"$f":"IF(INDEX(generale!$A$16:$G$4963,MATCH(NPG!$A89,generale!$A$16:$A$4963,0),COLUMN())=0,0,INDEX(generale!$A$16:$G$4963,MATCH(NPG!$A89,generale!$A$16:$A$4963,0),COLUMN()))","v":1},{"$f":"IF(INDEX(generale!$A$16:$G$4963,MATCH(NPG!$A89,generale!$A$16:$A$4963,0),COLUMN())=0,0,INDEX(generale!$A$16:$G$4963,MATCH(NPG!$A89,generale!$A$16:$A$4963,0),COLUMN()))","v":13},{"$f":"IF(INDEX(generale!$A$16:$G$4963,MATCH(NPG!$A89,generale!$A$16:$A$4963,0),COLUMN())=0,0,INDEX(generale!$A$16:$G$4963,MATCH(NPG!$A89,generale!$A$16:$A$4963,0),COLUMN()))","v":3},{"$f":"generale!G99","v":"T"},0,1,14,2,4,7,1,4,2,7,6,2,5,3,1,0,0,4,1,1,null,null,null,null,null,null,null,null,null,null,null,null,null,null,null,null,null,1,1,1,1,16]
[{"$f":"IF(generale!$A100>0,generale!$A100,\"\")","v":"2005-03-27"},{"$f":"IF(INDEX(generale!$A$16:$G$4963,MATCH(NPG!$A90,generale!$A$16:$A$4963,0),COLUMN())=0,0,INDEX(generale!$A$16:$G$4963,MATCH(NPG!$A90,generale!$A$16:$A$4963,0),COLUMN()))","v":1},{"$f":"IF(INDEX(generale!$A$16:$G$4963,MATCH(NPG!$A90,generale!$A$16:$A$4963,0),COLUMN())=0,0,INDEX(generale!$A$16:$G$4963,MATCH(NPG!$A90,generale!$A$16:$A$4963,0),COLUMN()))","v":15},{"$f":"IF(INDEX(generale!$A$16:$G$4963,MATCH(NPG!$A90,generale!$A$16:$A$4963,0),COLUMN())=0,0,INDEX(generale!$A$16:$G$4963,MATCH(NPG!$A90,generale!$A$16:$A$4963,0),COLUMN()))","v":5},{"$f":"IF(INDEX(generale!$A$16:$G$4963,MATCH(NPG!$A90,generale!$A$16:$A$4963,0),COLUMN())=0,0,INDEX(generale!$A$16:$G$4963,MATCH(NPG!$A90,generale!$A$16:$A$4963,0),COLUMN()))","v":4},{"$f":"IF(INDEX(generale!$A$16:$G$4963,MATCH(NPG!$A90,generale!$A$16:$A$4963,0),COLUMN())=0,0,INDEX(generale!$A$16:$G$4963,MATCH(NPG!$A90,generale!$A$16:$A$4963,0),COLUMN()))","v":20},{"$f":"generale!G100","v":"O"},0,2,15,3,0,8,2,5,3,8,7,3,6,4,0,1,0,4,1,1,null,null,null,null,null,null,null,null,null,null,null,null,null,null,null,null,null,1,1,1,1,16]
[{"$f":"IF(generale!$A101>0,generale!$A101,\"\")","v":"2005-03-28"},{"$f":"IF(INDEX(generale!$A$16:$G$4963,MATCH(NPG!$A91,generale!$A$16:$A$4963,0),COLUMN())=0,0,INDEX(generale!$A$16:$G$4963,MATCH(NPG!$A91,generale!$A$16:$A$4963,0),COLUMN()))","v":16},{"$f":"IF(INDEX(generale!$A$16:$G$4963,MATCH(NPG!$A91,generale!$A$16:$A$4963,0),COLUMN())=0,0,INDEX(generale!$A$16:$G$4963,MATCH(NPG!$A91,generale!$A$16:$A$4963,0),COLUMN()))","v":12},{"$f":"IF(INDEX(generale!$A$16:$G$4963,MATCH(NPG!$A91,generale!$A$16:$A$4963,0),COLUMN())=0,0,INDEX(generale!$A$16:$G$4963,MATCH(NPG!$A91,generale!$A$16:$A$4963,0),COLUMN()))","v":14},{"$f":"IF(INDEX(generale!$A$16:$G$4963,MATCH(NPG!$A91,generale!$A$16:$A$4963,0),COLUMN())=0,0,INDEX(generale!$A$16:$G$4963,MATCH(NPG!$A91,generale!$A$16:$A$4963,0),COLUMN()))","v":6},{"$f":"IF(INDEX(generale!$A$16:$G$4963,MATCH(NPG!$A91,generale!$A$16:$A$4963,0),COLUMN())=0,0,INDEX(generale!$A$16:$G$4963,MATCH(NPG!$A91,generale!$A$16:$A$4963,0),COLUMN()))","v":7},{"$f":"generale!G101","v":"P"},1,3,16,4,1,9,3,6,4,9,8,0,7,0,1,0,0,4,1,1,null,null,null,null,null,null,null,null,null,null,null,null,null,null,null,null,null,1,1,1,1,16]
[{"$f":"IF(generale!$A102>0,generale!$A102,\"\")","v":"2005-03-29"},{"$f":"IF(INDEX(generale!$A$16:$G$4963,MATCH(NPG!$A92,generale!$A$16:$A$4963,0),COLUMN())=0,0,INDEX(generale!$A$16:$G$4963,MATCH(NPG!$A92,generale!$A$16:$A$4963,0),COLUMN()))","v":10},{"$f":"IF(INDEX(generale!$A$16:$G$4963,MATCH(NPG!$A92,generale!$A$16:$A$4963,0),COLUMN())=0,0,INDEX(generale!$A$16:$G$4963,MATCH(NPG!$A92,generale!$A$16:$A$4963,0),COLUMN()))","v":12},{"$f":"IF(INDEX(generale!$A$16:$G$4963,MATCH(NPG!$A92,generale!$A$16:$A$4963,0),COLUMN())=0,0,INDEX(generale!$A$16:$G$4963,MATCH(NPG!$A92,generale!$A$16:$A$4963,0),COLUMN()))","v":18},{"$f":"IF(INDEX(generale!$A$16:$G$4963,MATCH(NPG!$A92,generale!$A$16:$A$4963,0),COLUMN())=0,0,INDEX(generale!$A$16:$G$4963,MATCH(NPG!$A92,generale!$A$16:$A$4963,0),COLUMN()))","v":3},{"$f":"IF(INDEX(generale!$A$16:$G$4963,MATCH(NPG!$A92,generale!$A$16:$A$4963,0),COLUMN())=0,0,INDEX(generale!$A$16:$G$4963,MATCH(NPG!$A92,generale!$A$16:$A$4963,0),COLUMN()))","v":16},{"$f":"generale!G102","v":"P"},2,4,17,5,2,10,4,7,5,0,9,0,8,1,2,1,1,0,1,1,null,null,null,null,null,null,null,null,null,null,null,null,null,null,null,null,null,null,1,1,1,17,"5"]
[{"$f":"IF(generale!$A103>0,generale!$A103,\"\")","v":"2005-03-30"},{"$f":"IF(INDEX(generale!$A$16:$G$4963,MATCH(NPG!$A93,generale!$A$16:$A$4963,0),COLUMN())=0,0,INDEX(generale!$A$16:$G$4963,MATCH(NPG!$A93,generale!$A$16:$A$4963,0),COLUMN()))","v":15},{"$f":"IF(INDEX(generale!$A$16:$G$4963,MATCH(NPG!$A93,generale!$A$16:$A$4963,0),COLUMN())=0,0,INDEX(generale!$A$16:$G$4963,MATCH(NPG!$A93,generale!$A$16:$A$4963,0),COLUMN()))","v":8},{"$f":"IF(INDEX(generale!$A$16:$G$4963,MATCH(NPG!$A93,generale!$A$16:$A$4963,0),COLUMN())=0,0,INDEX(generale!$A$16:$G$4963,MATCH(NPG!$A93,generale!$A$16:$A$4963,0),COLUMN()))","v":14},{"$f":"IF(INDEX(generale!$A$16:$G$4963,MATCH(NPG!$A93,generale!$A$16:$A$4963,0),COLUMN())=0,0,INDEX(generale!$A$16:$G$4963,MATCH(NPG!$A93,generale!$A$16:$A$4963,0),COLUMN()))","v":5},{"$f":"IF(INDEX(generale!$A$16:$G$4963,MATCH(NPG!$A93,generale!$A$16:$A$4963,0),COLUMN())=0,0,INDEX(generale!$A$16:$G$4963,MATCH(NPG!$A93,generale!$A$16:$A$4963,0),COLUMN()))","v":6},{"$f":"generale!G103","v":"T"},3,5,18,6,3,11,5,0,6,1,10,1,9,0,0,2,2,1,1,1,null,null,null,null,null,null,null,null,null,null,null,null,null,null,null,null,null,null,null,1,1,18,"18"]
[{"$f":"IF(generale!$A104>0,generale!$A104,\"\")","v":"2005-03-31"},{"$f":"IF(INDEX(generale!$A$16:$G$4963,MATCH(NPG!$A94,generale!$A$16:$A$4963,0),COLUMN())=0,0,INDEX(generale!$A$16:$G$4963,MATCH(NPG!$A94,generale!$A$16:$A$4963,0),COLUMN()))","v":13},{"$f":"IF(INDEX(generale!$A$16:$G$4963,MATCH(NPG!$A94,generale!$A$16:$A$4963,0),COLUMN())=0,0,INDEX(generale!$A$16:$G$4963,MATCH(NPG!$A94,generale!$A$16:$A$4963,0),COLUMN()))","v":3},{"$f":"IF(INDEX(generale!$A$16:$G$4963,MATCH(NPG!$A94,generale!$A$16:$A$4963,0),COLUMN())=0,0,INDEX(generale!$A$16:$G$4963,MATCH(NPG!$A94,generale!$A$16:$A$4963,0),COLUMN()))","v":15},{"$f":"IF(INDEX(generale!$A$16:$G$4963,MATCH(NPG!$A94,generale!$A$16:$A$4963,0),COLUMN())=0,0,INDEX(generale!$A$16:$G$4963,MATCH(NPG!$A94,generale!$A$16:$A$4963,0),COLUMN()))","v":16},{"$f":"IF(INDEX(generale!$A$16:$G$4963,MATCH(NPG!$A94,generale!$A$16:$A$4963,0),COLUMN())=0,0,INDEX(generale!$A$16:$G$4963,MATCH(NPG!$A94,generale!$A$16:$A$4963,0),COLUMN()))","v":17},{"$f":"generale!G104","v":"P"},4,6,0,7,4,12,6,1,7,2,11,2,0,1,0,3,2,1,1,1,null,null,null,null,null,null,null,null,null,null,null,null,null,null,null,null,null,1,1,1,1,16,"2-6"]
[{"$f":"IF(generale!$A105>0,generale!$A105,\"\")","v":"2005-04-01"},{"$f":"IF(INDEX(generale!$A$16:$G$4963,MATCH(NPG!$A95,generale!$A$16:$A$4963,0),COLUMN())=0,0,INDEX(generale!$A$16:$G$4963,MATCH(NPG!$A95,generale!$A$16:$A$4963,0),COLUMN()))","v":1},{"$f":"IF(INDEX(generale!$A$16:$G$4963,MATCH(NPG!$A95,generale!$A$16:$A$4963,0),COLUMN())=0,0,INDEX(generale!$A$16:$G$4963,MATCH(NPG!$A95,generale!$A$16:$A$4963,0),COLUMN()))","v":3},{"$f":"IF(INDEX(generale!$A$16:$G$4963,MATCH(NPG!$A95,generale!$A$16:$A$4963,0),COLUMN())=0,0,INDEX(generale!$A$16:$G$4963,MATCH(NPG!$A95,generale!$A$16:$A$4963,0),COLUMN()))","v":8},{"$f":"IF(INDEX(generale!$A$16:$G$4963,MATCH(NPG!$A95,generale!$A$16:$A$4963,0),COLUMN())=0,0,INDEX(generale!$A$16:$G$4963,MATCH(NPG!$A95,generale!$A$16:$A$4963,0),COLUMN()))","v":7},{"$f":"IF(INDEX(generale!$A$16:$G$4963,MATCH(NPG!$A95,generale!$A$16:$A$4963,0),COLUMN())=0,0,INDEX(generale!$A$16:$G$4963,MATCH(NPG!$A95,generale!$A$16:$A$4963,0),COLUMN()))","v":2},{"$f":"generale!G105","v":"T"},0,7,0,8,5,13,7,0,8,3,12,3,1,2,1,4,2,1,1,1,null,null,null,null,null,null,null,null,null,null,null,null,null,null,null,null,null,1,1,1,1,16]
[{"$f":"IF(generale!$A106>0,generale!$A106,\"\")","v":"2005-04-02"},{"$f":"IF(INDEX(generale!$A$16:$G$4963,MATCH(NPG!$A96,generale!$A$16:$A$4963,0),COLUMN())=0,0,INDEX(generale!$A$16:$G$4963,MATCH(NPG!$A96,generale!$A$16:$A$4963,0),COLUMN()))","v":11},{"$f":"IF(INDEX(generale!$A$16:$G$4963,MATCH(NPG!$A96,generale!$A$16:$A$4963,0),COLUMN())=0,0,INDEX(generale!$A$16:$G$4963,MATCH(NPG!$A96,generale!$A$16:$A$4963,0),COLUMN()))","v":4},{"$f":"IF(INDEX(generale!$A$16:$G$4963,MATCH(NPG!$A96,generale!$A$16:$A$4963,0),COLUMN())=0,0,INDEX(generale!$A$16:$G$4963,MATCH(NPG!$A96,generale!$A$16:$A$4963,0),COLUMN()))","v":18},{"$f":"IF(INDEX(generale!$A$16:$G$4963,MATCH(NPG!$A96,generale!$A$16:$A$4963,0),COLUMN())=0,0,INDEX(generale!$A$16:$G$4963,MATCH(NPG!$A96,generale!$A$16:$A$4963,0),COLUMN()))","v":7},{"$f":"IF(INDEX(generale!$A$16:$G$4963,MATCH(NPG!$A96,generale!$A$16:$A$4963,0),COLUMN())=0,0,INDEX(generale!$A$16:$G$4963,MATCH(NPG!$A96,generale!$A$16:$A$4963,0),COLUMN()))","v":10},{"$f":"generale!G106","v":"O"},1,8,1,0,6,14,8,1,9,4,0,4,2,3,2,5,3,0,1,1,null,null,null,null,null,null,null,null,null,null,null,null,null,null,null,null,null,null,null,1,1,18]
[{"$f":"IF(generale!$A107>0,generale!$A107,\"\")","v":"2005-04-03"},{"$f":"IF(INDEX(generale!$A$16:$G$4963,MATCH(NPG!$A97,generale!$A$16:$A$4963,0),COLUMN())=0,0,INDEX(generale!$A$16:$G$4963,MATCH(NPG!$A97,generale!$A$16:$A$4963,0),COLUMN()))","v":16},{"$f":"IF(INDEX(generale!$A$16:$G$4963,MATCH(NPG!$A97,generale!$A$16:$A$4963,0),COLUMN())=0,0,INDEX(generale!$A$16:$G$4963,MATCH(NPG!$A97,generale!$A$16:$A$4963,0),COLUMN()))","v":3},{"$f":"IF(INDEX(generale!$A$16:$G$4963,MATCH(NPG!$A97,generale!$A$16:$A$4963,0),COLUMN())=0,0,INDEX(generale!$A$16:$G$4963,MATCH(NPG!$A97,generale!$A$16:$A$4963,0),COLUMN()))","v":11},{"$f":"IF(INDEX(generale!$A$16:$G$4963,MATCH(NPG!$A97,generale!$A$16:$A$4963,0),COLUMN())=0,0,INDEX(generale!$A$16:$G$4963,MATCH(NPG!$A97,generale!$A$16:$A$4963,0),COLUMN()))","v":12},{"$f":"IF(INDEX(generale!$A$16:$G$4963,MATCH(NPG!$A97,generale!$A$16:$A$4963,0),COLUMN())=0,0,INDEX(generale!$A$16:$G$4963,MATCH(NPG!$A97,generale!$A$16:$A$4963,0),COLUMN()))","v":9},{"$f":"generale!G107","v":"P"},2,9,0,1,7,15,9,2,10,5,0,5,3,4,3,0,4,1,1,1,null,null,null,null,null,null,null,null,null,null,null,null,null,null,null,null,null,null,null,1,1,18,"3"]
[{"$f":"IF(generale!$A108>0,generale!$A108,\"\")","v":"2005-04-04"},{"$f":"IF(INDEX(generale!$A$16:$G$4963,MATCH(NPG!$A98,generale!$A$16:$A$4963,0),COLUMN())=0,0,INDEX(generale!$A$16:$G$4963,MATCH(NPG!$A98,generale!$A$16:$A$4963,0),COLUMN()))","v":16},{"$f":"IF(INDEX(generale!$A$16:$G$4963,MATCH(NPG!$A98,generale!$A$16:$A$4963,0),COLUMN())=0,0,INDEX(generale!$A$16:$G$4963,MATCH(NPG!$A98,generale!$A$16:$A$4963,0),COLUMN()))","v":2},{"$f":"IF(INDEX(generale!$A$16:$G$4963,MATCH(NPG!$A98,generale!$A$16:$A$4963,0),COLUMN())=0,0,INDEX(generale!$A$16:$G$4963,MATCH(NPG!$A98,generale!$A$16:$A$4963,0),COLUMN()))","v":19},{"$f":"IF(INDEX(generale!$A$16:$G$4963,MATCH(NPG!$A98,generale!$A$16:$A$4963,0),COLUMN())=0,0,INDEX(generale!$A$16:$G$4963,MATCH(NPG!$A98,generale!$A$16:$A$4963,0),COLUMN()))","v":15},{"$f":"IF(INDEX(generale!$A$16:$G$4963,MATCH(NPG!$A98,generale!$A$16:$A$4963,0),COLUMN())=0,0,INDEX(generale!$A$16:$G$4963,MATCH(NPG!$A98,generale!$A$16:$A$4963,0),COLUMN()))","v":5},{"$f":"generale!G108","v":"P"},3,0,1,2,8,16,10,3,11,6,1,6,4,5,4,0,5,1,0,1,null,null,null,null,null,null,null,null,null,null,null,null,null,null,null,null,null,null,1,1,1,17]
[{"$f":"IF(generale!$A109>0,generale!$A109,\"\")","v":"2005-04-05"},{"$f":"IF(INDEX(generale!$A$16:$G$4963,MATCH(NPG!$A99,generale!$A$16:$A$4963,0),COLUMN())=0,0,INDEX(generale!$A$16:$G$4963,MATCH(NPG!$A99,generale!$A$16:$A$4963,0),COLUMN()))","v":5},{"$f":"IF(INDEX(generale!$A$16:$G$4963,MATCH(NPG!$A99,generale!$A$16:$A$4963,0),COLUMN())=0,0,INDEX(generale!$A$16:$G$4963,MATCH(NPG!$A99,generale!$A$16:$A$4963,0),COLUMN()))","v":3},{"$f":"IF(INDEX(generale!$A$16:$G$4963,MATCH(NPG!$A99,generale!$A$16:$A$4963,0),COLUMN())=0,0,INDEX(generale!$A$16:$G$4963,MATCH(NPG!$A99,generale!$A$16:$A$4963,0),COLUMN()))","v":10},{"$f":"IF(INDEX(generale!$A$16:$G$4963,MATCH(NPG!$A99,generale!$A$16:$A$4963,0),COLUMN())=0,0,INDEX(generale!$A$16:$G$4963,MATCH(NPG!$A99,generale!$A$16:$A$4963,0),COLUMN()))","v":17},{"$f":"IF(INDEX(generale!$A$16:$G$4963,MATCH(NPG!$A99,generale!$A$16:$A$4963,0),COLUMN())=0,0,INDEX(generale!$A$16:$G$4963,MATCH(NPG!$A99,generale!$A$16:$A$4963,0),COLUMN()))","v":16},{"$f":"generale!G109","v":"P"},4,1,0,3,0,17,11,4,12,0,2,7,5,6,5,1,6,2,0,1,null,null,null,null,null,null,null,null,null,null,null,null,null,null,null,null,null,null,null,1,1,18,"2"]
[{"$f":"IF(generale!$A110>0,generale!$A110,\"\")","v":"2005-04-06"},{"$f":"IF(INDEX(generale!$A$16:$G$4963,MATCH(NPG!$A100,generale!$A$16:$A$4963,0),COLUMN())=0,0,INDEX(generale!$A$16:$G$4963,MATCH(NPG!$A100,generale!$A$16:$A$4963,0),COLUMN()))","v":4},{"$f":"IF(INDEX(generale!$A$16:$G$4963,MATCH(NPG!$A100,generale!$A$16:$A$4963,0),COLUMN())=0,0,INDEX(generale!$A$16:$G$4963,MATCH(NPG!$A100,generale!$A$16:$A$4963,0),COLUMN()))","v":3},{"$f":"IF(INDEX(generale!$A$16:$G$4963,MATCH(NPG!$A100,generale!$A$16:$A$4963,0),COLUMN())=0,0,INDEX(generale!$A$16:$G$4963,MATCH(NPG!$A100,generale!$A$16:$A$4963,0),COLUMN()))","v":15},{"$f":"IF(INDEX(generale!$A$16:$G$4963,MATCH(NPG!$A100,generale!$A$16:$A$4963,0),COLUMN())=0,0,INDEX(generale!$A$16:$G$4963,MATCH(NPG!$A100,generale!$A$16:$A$4963,0),COLUMN()))","v":14},{"$f":"IF(INDEX(generale!$A$16:$G$4963,MATCH(NPG!$A100,generale!$A$16:$A$4963,0),COLUMN())=0,0,INDEX(generale!$A$16:$G$4963,MATCH(NPG!$A100,generale!$A$16:$A$4963,0),COLUMN()))","v":2},{"$f":"generale!G110","v":"T"},5,2,0,0,1,18,12,5,13,1,3,8,6,7,0,2,7,3,0,1,null,null,null,null,null,null,null,null,null,null,null,null,null,null,null,null,null,null,null,1,1,18,"14-15"]
[{"$f":"IF(generale!$A111>0,generale!$A111,\"\")","v":"2005-04-07"},{"$f":"IF(INDEX(generale!$A$16:$G$4963,MATCH(NPG!$A101,generale!$A$16:$A$4963,0),COLUMN())=0,0,INDEX(generale!$A$16:$G$4963,MATCH(NPG!$A101,generale!$A$16:$A$4963,0),COLUMN()))","v":9},{"$f":"IF(INDEX(generale!$A$16:$G$4963,MATCH(NPG!$A101,generale!$A$16:$A$4963,0),COLUMN())=0,0,INDEX(generale!$A$16:$G$4963,MATCH(NPG!$A101,generale!$A$16:$A$4963,0),COLUMN()))","v":4},{"$f":"IF(INDEX(generale!$A$16:$G$4963,MATCH(NPG!$A101,generale!$A$16:$A$4963,0),COLUMN())=0,0,INDEX(generale!$A$16:$G$4963,MATCH(NPG!$A101,generale!$A$16:$A$4963,0),COLUMN()))","v":13},{"$f":"IF(INDEX(generale!$A$16:$G$4963,MATCH(NPG!$A101,generale!$A$16:$A$4963,0),COLUMN())=0,0,INDEX(generale!$A$16:$G$4963,MATCH(NPG!$A101,generale!$A$16:$A$4963,0),COLUMN()))","v":8},{"$f":"IF(INDEX(generale!$A$16:$G$4963,MATCH(NPG!$A101,generale!$A$16:$A$4963,0),COLUMN())=0,0,INDEX(generale!$A$16:$G$4963,MATCH(NPG!$A101,generale!$A$16:$A$4963,0),COLUMN()))","v":15},{"$f":"generale!G111","v":"P"},6,3,1,0,2,19,13,6,0,2,4,9,0,8,1,3,7,3,0,1,null,null,null,null,null,null,null,null,null,null,null,null,null,null,null,null,null,1,1,1,1,16]
[{"$f":"IF(generale!$A112>0,generale!$A112,\"\")","v":"2005-04-08"},{"$f":"IF(INDEX(generale!$A$16:$G$4963,MATCH(NPG!$A102,generale!$A$16:$A$4963,0),COLUMN())=0,0,INDEX(generale!$A$16:$G$4963,MATCH(NPG!$A102,generale!$A$16:$A$4963,0),COLUMN()))","v":11},{"$f":"IF(INDEX(generale!$A$16:$G$4963,MATCH(NPG!$A102,generale!$A$16:$A$4963,0),COLUMN())=0,0,INDEX(generale!$A$16:$G$4963,MATCH(NPG!$A102,generale!$A$16:$A$4963,0),COLUMN()))","v":14},{"$f":"IF(INDEX(generale!$A$16:$G$4963,MATCH(NPG!$A102,generale!$A$16:$A$4963,0),COLUMN())=0,0,INDEX(generale!$A$16:$G$4963,MATCH(NPG!$A102,generale!$A$16:$A$4963,0),COLUMN()))","v":7},{"$f":"IF(INDEX(generale!$A$16:$G$4963,MATCH(NPG!$A102,generale!$A$16:$A$4963,0),COLUMN())=0,0,INDEX(generale!$A$16:$G$4963,MATCH(NPG!$A102,generale!$A$16:$A$4963,0),COLUMN()))","v":6},{"$f":"IF(INDEX(generale!$A$16:$G$4963,MATCH(NPG!$A102,generale!$A$16:$A$4963,0),COLUMN())=0,0,INDEX(generale!$A$16:$G$4963,MATCH(NPG!$A102,generale!$A$16:$A$4963,0),COLUMN()))","v":5},{"$f":"generale!G112","v":"O"},7,4,2,1,3,20,0,7,1,3,0,10,1,0,2,4,7,3,0,1,null,null,null,null,null,null,null,null,null,null,null,null,null,null,null,null,null,1,1,1,1,16,"12"]
[{"$f":"IF(generale!$A113>0,generale!$A113,\"\")","v":"2005-04-09"},{"$f":"IF(INDEX(generale!$A$16:$G$4963,MATCH(NPG!$A103,generale!$A$16:$A$4963,0),COLUMN())=0,0,INDEX(generale!$A$16:$G$4963,MATCH(NPG!$A103,generale!$A$16:$A$4963,0),COLUMN()))","v":13},{"$f":"IF(INDEX(generale!$A$16:$G$4963,MATCH(NPG!$A103,generale!$A$16:$A$4963,0),COLUMN())=0,0,INDEX(generale!$A$16:$G$4963,MATCH(NPG!$A103,generale!$A$16:$A$4963,0),COLUMN()))","v":7},{"$f":"IF(INDEX(generale!$A$16:$G$4963,MATCH(NPG!$A103,generale!$A$16:$A$4963,0),COLUMN())=0,0,INDEX(generale!$A$16:$G$4963,MATCH(NPG!$A103,generale!$A$16:$A$4963,0),COLUMN()))","v":15},{"$f":"IF(INDEX(generale!$A$16:$G$4963,MATCH(NPG!$A103,generale!$A$16:$A$4963,0),COLUMN())=0,0,INDEX(generale!$A$16:$G$4963,MATCH(NPG!$A103,generale!$A$16:$A$4963,0),COLUMN()))","v":16},{"$f":"IF(INDEX(generale!$A$16:$G$4963,MATCH(NPG!$A103,generale!$A$16:$A$4963,0),COLUMN())=0,0,INDEX(generale!$A$16:$G$4963,MATCH(NPG!$A103,generale!$A$16:$A$4963,0),COLUMN()))","v":12},{"$f":"generale!G113","v":"T"},8,5,3,2,4,21,0,8,2,4,1,11,0,1,0,5,7,3,0,1,null,null,null,null,null,null,null,null,null,null,null,null,null,null,null,null,null,1,1,1,1,16,"3"]
[{"$f":"IF(generale!$A114>0,generale!$A114,\"\")","v":"2005-04-10"},{"$f":"IF(INDEX(generale!$A$16:$G$4963,MATCH(NPG!$A104,generale!$A$16:$A$4963,0),COLUMN())=0,0,INDEX(generale!$A$16:$G$4963,MATCH(NPG!$A104,generale!$A$16:$A$4963,0),COLUMN()))","v":17},{"$f":"IF(INDEX(generale!$A$16:$G$4963,MATCH(NPG!$A104,generale!$A$16:$A$4963,0),COLUMN())=0,0,INDEX(generale!$A$16:$G$4963,MATCH(NPG!$A104,generale!$A$16:$A$4963,0),COLUMN()))","v":16},{"$f":"IF(INDEX(generale!$A$16:$G$4963,MATCH(NPG!$A104,generale!$A$16:$A$4963,0),COLUMN())=0,0,INDEX(generale!$A$16:$G$4963,MATCH(NPG!$A104,generale!$A$16:$A$4963,0),COLUMN()))","v":9},{"$f":"IF(INDEX(generale!$A$16:$G$4963,MATCH(NPG!$A104,generale!$A$16:$A$4963,0),COLUMN())=0,0,INDEX(generale!$A$16:$G$4963,MATCH(NPG!$A104,generale!$A$16:$A$4963,0),COLUMN()))","v":14},{"$f":"IF(INDEX(generale!$A$16:$G$4963,MATCH(NPG!$A104,generale!$A$16:$A$4963,0),COLUMN())=0,0,INDEX(generale!$A$16:$G$4963,MATCH(NPG!$A104,generale!$A$16:$A$4963,0),COLUMN()))","v":6},{"$f":"generale!G114","v":"P"},9,6,4,3,5,22,1,9,0,5,2,12,1,2,1,0,0,3,0,1,null,null,null,null,null,null,null,null,null,null,null,null,null,null,null,null,null,null,1,1,1,17]
[{"$f":"IF(generale!$A115>0,generale!$A115,\"\")","v":"2005-04-11"},{"$f":"IF(INDEX(generale!$A$16:$G$4963,MATCH(NPG!$A105,generale!$A$16:$A$4963,0),COLUMN())=0,0,INDEX(generale!$A$16:$G$4963,MATCH(NPG!$A105,generale!$A$16:$A$4963,0),COLUMN()))","v":17},{"$f":"IF(INDEX(generale!$A$16:$G$4963,MATCH(NPG!$A105,generale!$A$16:$A$4963,0),COLUMN())=0,0,INDEX(generale!$A$16:$G$4963,MATCH(NPG!$A105,generale!$A$16:$A$4963,0),COLUMN()))","v":7},{"$f":"IF(INDEX(generale!$A$16:$G$4963,MATCH(NPG!$A105,generale!$A$16:$A$4963,0),COLUMN())=0,0,INDEX(generale!$A$16:$G$4963,MATCH(NPG!$A105,generale!$A$16:$A$4963,0),COLUMN()))","v":16},{"$f":"IF(INDEX(generale!$A$16:$G$4963,MATCH(NPG!$A105,generale!$A$16:$A$4963,0),COLUMN())=0,0,INDEX(generale!$A$16:$G$4963,MATCH(NPG!$A105,generale!$A$16:$A$4963,0),COLUMN()))","v":2},{"$f":"IF(INDEX(generale!$A$16:$G$4963,MATCH(NPG!$A105,generale!$A$16:$A$4963,0),COLUMN())=0,0,INDEX(generale!$A$16:$G$4963,MATCH(NPG!$A105,generale!$A$16:$A$4963,0),COLUMN()))","v":18},{"$f":"generale!G115","v":"P"},10,7,5,4,6,23,0,10,1,6,3,13,2,3,2,0,0,3,0,1,null,null,null,null,null,null,null,null,null,null,null,null,null,null,null,null,null,1,1,1,1,16]
[{"$f":"IF(generale!$A116>0,generale!$A116,\"\")","v":"2005-04-12"},{"$f":"IF(INDEX(generale!$A$16:$G$4963,MATCH(NPG!$A106,generale!$A$16:$A$4963,0),COLUMN())=0,0,INDEX(generale!$A$16:$G$4963,MATCH(NPG!$A106,generale!$A$16:$A$4963,0),COLUMN()))","v":8},{"$f":"IF(INDEX(generale!$A$16:$G$4963,MATCH(NPG!$A106,generale!$A$16:$A$4963,0),COLUMN())=0,0,INDEX(generale!$A$16:$G$4963,MATCH(NPG!$A106,generale!$A$16:$A$4963,0),COLUMN()))","v":5},{"$f":"IF(INDEX(generale!$A$16:$G$4963,MATCH(NPG!$A106,generale!$A$16:$A$4963,0),COLUMN())=0,0,INDEX(generale!$A$16:$G$4963,MATCH(NPG!$A106,generale!$A$16:$A$4963,0),COLUMN()))","v":16},{"$f":"IF(INDEX(generale!$A$16:$G$4963,MATCH(NPG!$A106,generale!$A$16:$A$4963,0),COLUMN())=0,0,INDEX(generale!$A$16:$G$4963,MATCH(NPG!$A106,generale!$A$16:$A$4963,0),COLUMN()))","v":12},{"$f":"IF(INDEX(generale!$A$16:$G$4963,MATCH(NPG!$A106,generale!$A$16:$A$4963,0),COLUMN())=0,0,INDEX(generale!$A$16:$G$4963,MATCH(NPG!$A106,generale!$A$16:$A$4963,0),COLUMN()))","v":18},{"$f":"generale!G116","v":"O"},11,8,6,5,0,24,1,0,2,7,4,14,3,3,2,0,0,3,0,1,null,null,null,null,null,null,null,null,null,null,null,null,null,null,1,1,1,1,1,1,1,13,"16"]
[{"$f":"IF(generale!$A117>0,generale!$A117,\"\")","v":"2005-04-13"},{"$f":"IF(INDEX(generale!$A$16:$G$4963,MATCH(NPG!$A107,generale!$A$16:$A$4963,0),COLUMN())=0,0,INDEX(generale!$A$16:$G$4963,MATCH(NPG!$A107,generale!$A$16:$A$4963,0),COLUMN()))","v":16},{"$f":"IF(INDEX(generale!$A$16:$G$4963,MATCH(NPG!$A107,generale!$A$16:$A$4963,0),COLUMN())=0,0,INDEX(generale!$A$16:$G$4963,MATCH(NPG!$A107,generale!$A$16:$A$4963,0),COLUMN()))","v":12},{"$f":"IF(INDEX(generale!$A$16:$G$4963,MATCH(NPG!$A107,generale!$A$16:$A$4963,0),COLUMN())=0,0,INDEX(generale!$A$16:$G$4963,MATCH(NPG!$A107,generale!$A$16:$A$4963,0),COLUMN()))","v":8},{"$f":"IF(INDEX(generale!$A$16:$G$4963,MATCH(NPG!$A107,generale!$A$16:$A$4963,0),COLUMN())=0,0,INDEX(generale!$A$16:$G$4963,MATCH(NPG!$A107,generale!$A$16:$A$4963,0),COLUMN()))","v":15},{"$f":"IF(INDEX(generale!$A$16:$G$4963,MATCH(NPG!$A107,generale!$A$16:$A$4963,0),COLUMN())=0,0,INDEX(generale!$A$16:$G$4963,MATCH(NPG!$A107,generale!$A$16:$A$4963,0),COLUMN()))","v":9},{"$f":"generale!G117","v":"T"},12,9,7,6,1,25,2,0,3,8,5,0,4,4,3,0,0,3,0,1,null,null,null,null,null,null,null,null,null,null,null,null,null,null,null,null,null,1,1,1,1,16]
[{"$f":"IF(generale!$A118>0,generale!$A118,\"\")","v":"2005-04-14"},{"$f":"IF(INDEX(generale!$A$16:$G$4963,MATCH(NPG!$A108,generale!$A$16:$A$4963,0),COLUMN())=0,0,INDEX(generale!$A$16:$G$4963,MATCH(NPG!$A108,generale!$A$16:$A$4963,0),COLUMN()))","v":1},{"$f":"IF(INDEX(generale!$A$16:$G$4963,MATCH(NPG!$A108,generale!$A$16:$A$4963,0),COLUMN())=0,0,INDEX(generale!$A$16:$G$4963,MATCH(NPG!$A108,generale!$A$16:$A$4963,0),COLUMN()))","v":20},{"$f":"IF(INDEX(generale!$A$16:$G$4963,MATCH(NPG!$A108,generale!$A$16:$A$4963,0),COLUMN())=0,0,INDEX(generale!$A$16:$G$4963,MATCH(NPG!$A108,generale!$A$16:$A$4963,0),COLUMN()))","v":4},{"$f":"IF(INDEX(generale!$A$16:$G$4963,MATCH(NPG!$A108,generale!$A$16:$A$4963,0),COLUMN())=0,0,INDEX(generale!$A$16:$G$4963,MATCH(NPG!$A108,generale!$A$16:$A$4963,0),COLUMN()))","v":13},{"$f":"IF(INDEX(generale!$A$16:$G$4963,MATCH(NPG!$A108,generale!$A$16:$A$4963,0),COLUMN())=0,0,INDEX(generale!$A$16:$G$4963,MATCH(NPG!$A108,generale!$A$16:$A$4963,0),COLUMN()))","v":7},{"$f":"generale!G118","v":"O"},0,10,8,0,2,26,3,1,4,9,6,1,5,5,4,1,0,3,0,0,null,null,null,null,null,null,null,null,null,null,null,null,null,null,null,null,null,1,1,1,1,16,"9"]
[{"$f":"IF(generale!$A119>0,generale!$A119,\"\")","v":"2005-04-15"},{"$f":"IF(INDEX(generale!$A$16:$G$4963,MATCH(NPG!$A109,generale!$A$16:$A$4963,0),COLUMN())=0,0,INDEX(generale!$A$16:$G$4963,MATCH(NPG!$A109,generale!$A$16:$A$4963,0),COLUMN()))","v":3},{"$f":"IF(INDEX(generale!$A$16:$G$4963,MATCH(NPG!$A109,generale!$A$16:$A$4963,0),COLUMN())=0,0,INDEX(generale!$A$16:$G$4963,MATCH(NPG!$A109,generale!$A$16:$A$4963,0),COLUMN()))","v":13},{"$f":"IF(INDEX(generale!$A$16:$G$4963,MATCH(NPG!$A109,generale!$A$16:$A$4963,0),COLUMN())=0,0,INDEX(generale!$A$16:$G$4963,MATCH(NPG!$A109,generale!$A$16:$A$4963,0),COLUMN()))","v":11},{"$f":"IF(INDEX(generale!$A$16:$G$4963,MATCH(NPG!$A109,generale!$A$16:$A$4963,0),COLUMN())=0,0,INDEX(generale!$A$16:$G$4963,MATCH(NPG!$A109,generale!$A$16:$A$4963,0),COLUMN()))","v":2},{"$f":"IF(INDEX(generale!$A$16:$G$4963,MATCH(NPG!$A109,generale!$A$16:$A$4963,0),COLUMN())=0,0,INDEX(generale!$A$16:$G$4963,MATCH(NPG!$A109,generale!$A$16:$A$4963,0),COLUMN()))","v":10},{"$f":"generale!G119","v":"P"},1,11,0,1,3,27,4,2,5,10,0,2,0,6,5,2,0,3,0,0,null,null,null,null,null,null,null,null,null,null,null,null,null,null,null,null,null,1,1,1,1,16]
[{"$f":"IF(generale!$A120>0,generale!$A120,\"\")","v":"2005-04-16"},{"$f":"IF(INDEX(generale!$A$16:$G$4963,MATCH(NPG!$A110,generale!$A$16:$A$4963,0),COLUMN())=0,0,INDEX(generale!$A$16:$G$4963,MATCH(NPG!$A110,generale!$A$16:$A$4963,0),COLUMN()))","v":11},{"$f":"IF(INDEX(generale!$A$16:$G$4963,MATCH(NPG!$A110,generale!$A$16:$A$4963,0),COLUMN())=0,0,INDEX(generale!$A$16:$G$4963,MATCH(NPG!$A110,generale!$A$16:$A$4963,0),COLUMN()))","v":12},{"$f":"IF(INDEX(generale!$A$16:$G$4963,MATCH(NPG!$A110,generale!$A$16:$A$4963,0),COLUMN())=0,0,INDEX(generale!$A$16:$G$4963,MATCH(NPG!$A110,generale!$A$16:$A$4963,0),COLUMN()))","v":15},{"$f":"IF(INDEX(generale!$A$16:$G$4963,MATCH(NPG!$A110,generale!$A$16:$A$4963,0),COLUMN())=0,0,INDEX(generale!$A$16:$G$4963,MATCH(NPG!$A110,generale!$A$16:$A$4963,0),COLUMN()))","v":4},{"$f":"IF(INDEX(generale!$A$16:$G$4963,MATCH(NPG!$A110,generale!$A$16:$A$4963,0),COLUMN())=0,0,INDEX(generale!$A$16:$G$4963,MATCH(NPG!$A110,generale!$A$16:$A$4963,0),COLUMN()))","v":2},{"$f":"generale!G120","v":"T"},2,12,1,2,4,28,5,3,6,11,0,0,1,7,0,3,0,3,0,0,null,null,null,null,null,null,null,null,null,null,null,null,null,null,null,null,null,1,1,1,1,16]
[{"$f":"IF(generale!$A121>0,generale!$A121,\"\")","v":"2005-04-17"},{"$f":"IF(INDEX(generale!$A$16:$G$4963,MATCH(NPG!$A111,generale!$A$16:$A$4963,0),COLUMN())=0,0,INDEX(generale!$A$16:$G$4963,MATCH(NPG!$A111,generale!$A$16:$A$4963,0),COLUMN()))","v":15},{"$f":"IF(INDEX(generale!$A$16:$G$4963,MATCH(NPG!$A111,generale!$A$16:$A$4963,0),COLUMN())=0,0,INDEX(generale!$A$16:$G$4963,MATCH(NPG!$A111,generale!$A$16:$A$4963,0),COLUMN()))","v":16},{"$f":"IF(INDEX(generale!$A$16:$G$4963,MATCH(NPG!$A111,generale!$A$16:$A$4963,0),COLUMN())=0,0,INDEX(generale!$A$16:$G$4963,MATCH(NPG!$A111,generale!$A$16:$A$4963,0),COLUMN()))","v":5},{"$f":"IF(INDEX(generale!$A$16:$G$4963,MATCH(NPG!$A111,generale!$A$16:$A$4963,0),COLUMN())=0,0,INDEX(generale!$A$16:$G$4963,MATCH(NPG!$A111,generale!$A$16:$A$4963,0),COLUMN()))","v":19},{"$f":"IF(INDEX(generale!$A$16:$G$4963,MATCH(NPG!$A111,generale!$A$16:$A$4963,0),COLUMN())=0,0,INDEX(generale!$A$16:$G$4963,MATCH(NPG!$A111,generale!$A$16:$A$4963,0),COLUMN()))","v":14},{"$f":"generale!G121","v":"O"},3,13,2,3,0,29,6,4,7,12,1,1,2,8,0,0,1,4,0,0,null,null,null,null,null,null,null,null,null,null,null,null,null,null,null,null,null,null,null,1,1,18,"1"]
[{"$f":"IF(generale!$A122>0,generale!$A122,\"\")","v":"2005-04-18"},{"$f":"IF(INDEX(generale!$A$16:$G$4963,MATCH(NPG!$A112,generale!$A$16:$A$4963,0),COLUMN())=0,0,INDEX(generale!$A$16:$G$4963,MATCH(NPG!$A112,generale!$A$16:$A$4963,0),COLUMN()))","v":5},{"$f":"IF(INDEX(generale!$A$16:$G$4963,MATCH(NPG!$A112,generale!$A$16:$A$4963,0),COLUMN())=0,0,INDEX(generale!$A$16:$G$4963,MATCH(NPG!$A112,generale!$A$16:$A$4963,0),COLUMN()))","v":7},{"$f":"IF(INDEX(generale!$A$16:$G$4963,MATCH(NPG!$A112,generale!$A$16:$A$4963,0),COLUMN())=0,0,INDEX(generale!$A$16:$G$4963,MATCH(NPG!$A112,generale!$A$16:$A$4963,0),COLUMN()))","v":6},{"$f":"IF(INDEX(generale!$A$16:$G$4963,MATCH(NPG!$A112,generale!$A$16:$A$4963,0),COLUMN())=0,0,INDEX(generale!$A$16:$G$4963,MATCH(NPG!$A112,generale!$A$16:$A$4963,0),COLUMN()))","v":13},{"$f":"IF(INDEX(generale!$A$16:$G$4963,MATCH(NPG!$A112,generale!$A$16:$A$4963,0),COLUMN())=0,0,INDEX(generale!$A$16:$G$4963,MATCH(NPG!$A112,generale!$A$16:$A$4963,0),COLUMN()))","v":10},{"$f":"generale!G122","v":"P"},4,14,3,4,0,0,0,5,8,13,2,2,3,9,1,1,2,5,0,0,null,null,null,null,null,null,null,null,null,null,null,null,null,null,null,null,null,null,null,1,1,18]
[{"$f":"IF(generale!$A123>0,generale!$A123,\"\")","v":"2005-04-19"},{"$f":"IF(INDEX(generale!$A$16:$G$4963,MATCH(NPG!$A113,generale!$A$16:$A$4963,0),COLUMN())=0,0,INDEX(generale!$A$16:$G$4963,MATCH(NPG!$A113,generale!$A$16:$A$4963,0),COLUMN()))","v":14},{"$f":"IF(INDEX(generale!$A$16:$G$4963,MATCH(NPG!$A113,generale!$A$16:$A$4963,0),COLUMN())=0,0,INDEX(generale!$A$16:$G$4963,MATCH(NPG!$A113,generale!$A$16:$A$4963,0),COLUMN()))","v":15},{"$f":"IF(INDEX(generale!$A$16:$G$4963,MATCH(NPG!$A113,generale!$A$16:$A$4963,0),COLUMN())=0,0,INDEX(generale!$A$16:$G$4963,MATCH(NPG!$A113,generale!$A$16:$A$4963,0),COLUMN()))","v":12},{"$f":"IF(INDEX(generale!$A$16:$G$4963,MATCH(NPG!$A113,generale!$A$16:$A$4963,0),COLUMN())=0,0,INDEX(generale!$A$16:$G$4963,MATCH(NPG!$A113,generale!$A$16:$A$4963,0),COLUMN()))","v":8},{"$f":"IF(INDEX(generale!$A$16:$G$4963,MATCH(NPG!$A113,generale!$A$16:$A$4963,0),COLUMN())=0,0,INDEX(generale!$A$16:$G$4963,MATCH(NPG!$A113,generale!$A$16:$A$4963,0),COLUMN()))","v":18},{"$f":"generale!G123","v":"P"},5,15,4,5,1,1,1,6,9,14,3,0,4,0,0,2,3,6,1,0,null,null,null,null,null,null,null,null,null,null,null,null,null,null,null,null,null,null,null,null,1,19]
[{"$f":"IF(generale!$A124>0,generale!$A124,\"\")","v":"2005-04-20"},{"$f":"IF(INDEX(generale!$A$16:$G$4963,MATCH(NPG!$A114,generale!$A$16:$A$4963,0),COLUMN())=0,0,INDEX(generale!$A$16:$G$4963,MATCH(NPG!$A114,generale!$A$16:$A$4963,0),COLUMN()))","v":5},{"$f":"IF(INDEX(generale!$A$16:$G$4963,MATCH(NPG!$A114,generale!$A$16:$A$4963,0),COLUMN())=0,0,INDEX(generale!$A$16:$G$4963,MATCH(NPG!$A114,generale!$A$16:$A$4963,0),COLUMN()))","v":9},{"$f":"IF(INDEX(generale!$A$16:$G$4963,MATCH(NPG!$A114,generale!$A$16:$A$4963,0),COLUMN())=0,0,INDEX(generale!$A$16:$G$4963,MATCH(NPG!$A114,generale!$A$16:$A$4963,0),COLUMN()))","v":4},{"$f":"IF(INDEX(generale!$A$16:$G$4963,MATCH(NPG!$A114,generale!$A$16:$A$4963,0),COLUMN())=0,0,INDEX(generale!$A$16:$G$4963,MATCH(NPG!$A114,generale!$A$16:$A$4963,0),COLUMN()))","v":7},{"$f":"IF(INDEX(generale!$A$16:$G$4963,MATCH(NPG!$A114,generale!$A$16:$A$4963,0),COLUMN())=0,0,INDEX(generale!$A$16:$G$4963,MATCH(NPG!$A114,generale!$A$16:$A$4963,0),COLUMN()))","v":13},{"$f":"generale!G124","v":"T"},6,16,5,0,0,2,2,7,0,15,4,1,5,1,1,2,3,6,1,0,null,null,null,null,null,null,null,null,null,null,null,null,null,null,null,null,1,1,1,1,1,15,"16"]
[{"$f":"IF(generale!$A125>0,generale!$A125,\"\")","v":"2005-04-22"},{"$f":"IF(INDEX(generale!$A$16:$G$4963,MATCH(NPG!$A115,generale!$A$16:$A$4963,0),COLUMN())=0,0,INDEX(generale!$A$16:$G$4963,MATCH(NPG!$A115,generale!$A$16:$A$4963,0),COLUMN()))","v":5},{"$f":"IF(INDEX(generale!$A$16:$G$4963,MATCH(NPG!$A115,generale!$A$16:$A$4963,0),COLUMN())=0,0,INDEX(generale!$A$16:$G$4963,MATCH(NPG!$A115,generale!$A$16:$A$4963,0),COLUMN()))","v":14},{"$f":"IF(INDEX(generale!$A$16:$G$4963,MATCH(NPG!$A115,generale!$A$16:$A$4963,0),COLUMN())=0,0,INDEX(generale!$A$16:$G$4963,MATCH(NPG!$A115,generale!$A$16:$A$4963,0),COLUMN()))","v":13},{"$f":"IF(INDEX(generale!$A$16:$G$4963,MATCH(NPG!$A115,generale!$A$16:$A$4963,0),COLUMN())=0,0,INDEX(generale!$A$16:$G$4963,MATCH(NPG!$A115,generale!$A$16:$A$4963,0),COLUMN()))","v":6},{"$f":"IF(INDEX(generale!$A$16:$G$4963,MATCH(NPG!$A115,generale!$A$16:$A$4963,0),COLUMN())=0,0,INDEX(generale!$A$16:$G$4963,MATCH(NPG!$A115,generale!$A$16:$A$4963,0),COLUMN()))","v":10},{"$f":"generale!G125","v":"T"},{"$f":"IF($G115<>0,IF(OR(LEN(SUBSTITUTE(SUBSTITUTE($B115,H$1,,1),,1))=0,LEN(SUBSTITUTE(SUBSTITUTE($C115,H$1,,1),,1))=0,LEN(SUBSTITUTE(SUBSTITUTE($D115,H$1,,1),,1))=0),0,H114+1-AC115),\"\")","v":7},17,6,1,0,3,3,8,1,16,5,2,0,0,2,3,4,7,1,0,null,null,null,null,null,null,null,null,null,null,null,null,null,null,null,null,null,null,null,1,1,18,"11"]
[{"$f":"IF(generale!$A126>0,generale!$A126,\"\")","v":"2005-04-23"},{"$f":"IF(INDEX(generale!$A$16:$G$4963,MATCH(NPG!$A116,generale!$A$16:$A$4963,0),COLUMN())=0,0,INDEX(generale!$A$16:$G$4963,MATCH(NPG!$A116,generale!$A$16:$A$4963,0),COLUMN()))","v":5},{"$f":"IF(INDEX(generale!$A$16:$G$4963,MATCH(NPG!$A116,generale!$A$16:$A$4963,0),COLUMN())=0,0,INDEX(generale!$A$16:$G$4963,MATCH(NPG!$A116,generale!$A$16:$A$4963,0),COLUMN()))","v":3},{"$f":"IF(INDEX(generale!$A$16:$G$4963,MATCH(NPG!$A116,generale!$A$16:$A$4963,0),COLUMN())=0,0,INDEX(generale!$A$16:$G$4963,MATCH(NPG!$A116,generale!$A$16:$A$4963,0),COLUMN()))","v":1},{"$f":"IF(INDEX(generale!$A$16:$G$4963,MATCH(NPG!$A116,generale!$A$16:$A$4963,0),COLUMN())=0,0,INDEX(generale!$A$16:$G$4963,MATCH(NPG!$A116,generale!$A$16:$A$4963,0),COLUMN()))","v":4},{"$f":"IF(INDEX(generale!$A$16:$G$4963,MATCH(NPG!$A116,generale!$A$16:$A$4963,0),COLUMN())=0,0,INDEX(generale!$A$16:$G$4963,MATCH(NPG!$A116,generale!$A$16:$A$4963,0),COLUMN()))","v":15},{"$f":"generale!G126","v":"T"},0,18,0,2,0,4,4,9,2,17,6,3,1,1,3,4,4,7,1,0,null,null,null,null,null,null,null,null,null,null,null,null,null,null,null,null,null,1,1,1,1,16]
[{"$f":"IF(generale!$A127>0,generale!$A127,\"\")","v":"2005-04-24"},{"$f":"IF(INDEX(generale!$A$16:$G$4963,MATCH(NPG!$A117,generale!$A$16:$A$4963,0),COLUMN())=0,0,INDEX(generale!$A$16:$G$4963,MATCH(NPG!$A117,generale!$A$16:$A$4963,0),COLUMN()))","v":8},{"$f":"IF(INDEX(generale!$A$16:$G$4963,MATCH(NPG!$A117,generale!$A$16:$A$4963,0),COLUMN())=0,0,INDEX(generale!$A$16:$G$4963,MATCH(NPG!$A117,generale!$A$16:$A$4963,0),COLUMN()))","v":18},{"$f":"IF(INDEX(generale!$A$16:$G$4963,MATCH(NPG!$A117,generale!$A$16:$A$4963,0),COLUMN())=0,0,INDEX(generale!$A$16:$G$4963,MATCH(NPG!$A117,generale!$A$16:$A$4963,0),COLUMN()))","v":13},{"$f":"IF(INDEX(generale!$A$16:$G$4963,MATCH(NPG!$A117,generale!$A$16:$A$4963,0),COLUMN())=0,0,INDEX(generale!$A$16:$G$4963,MATCH(NPG!$A117,generale!$A$16:$A$4963,0),COLUMN()))","v":14},{"$f":"IF(INDEX(generale!$A$16:$G$4963,MATCH(NPG!$A117,generale!$A$16:$A$4963,0),COLUMN())=0,0,INDEX(generale!$A$16:$G$4963,MATCH(NPG!$A117,generale!$A$16:$A$4963,0),COLUMN()))","v":6},{"$f":"generale!G127","v":"P"},1,19,1,3,1,5,5,0,3,18,7,4,0,2,4,5,5,0,1,0,null,null,null,null,null,null,null,null,null,null,null,null,null,null,null,null,null,null,null,1,1,18]
[{"$f":"IF(generale!$A128>0,generale!$A128,\"\")","v":"2005-04-25"},{"$f":"IF(INDEX(generale!$A$16:$G$4963,MATCH(NPG!$A118,generale!$A$16:$A$4963,0),COLUMN())=0,0,INDEX(generale!$A$16:$G$4963,MATCH(NPG!$A118,generale!$A$16:$A$4963,0),COLUMN()))","v":11},{"$f":"IF(INDEX(generale!$A$16:$G$4963,MATCH(NPG!$A118,generale!$A$16:$A$4963,0),COLUMN())=0,0,INDEX(generale!$A$16:$G$4963,MATCH(NPG!$A118,generale!$A$16:$A$4963,0),COLUMN()))","v":8},{"$f":"IF(INDEX(generale!$A$16:$G$4963,MATCH(NPG!$A118,generale!$A$16:$A$4963,0),COLUMN())=0,0,INDEX(generale!$A$16:$G$4963,MATCH(NPG!$A118,generale!$A$16:$A$4963,0),COLUMN()))","v":9},{"$f":"IF(INDEX(generale!$A$16:$G$4963,MATCH(NPG!$A118,generale!$A$16:$A$4963,0),COLUMN())=0,0,INDEX(generale!$A$16:$G$4963,MATCH(NPG!$A118,generale!$A$16:$A$4963,0),COLUMN()))","v":6},{"$f":"IF(INDEX(generale!$A$16:$G$4963,MATCH(NPG!$A118,generale!$A$16:$A$4963,0),COLUMN())=0,0,INDEX(generale!$A$16:$G$4963,MATCH(NPG!$A118,generale!$A$16:$A$4963,0),COLUMN()))","v":16},{"$f":"generale!G128","v":"P"},2,20,2,4,2,6,6,0,0,19,0,5,1,3,5,6,6,1,2,0,null,null,null,null,null,null,null,null,null,null,null,null,null,null,null,null,null,null,null,null,1,19]
[{"$f":"IF(generale!$A129>0,generale!$A129,\"\")","v":"2005-04-26"},{"$f":"IF(INDEX(generale!$A$16:$G$4963,MATCH(NPG!$A119,generale!$A$16:$A$4963,0),COLUMN())=0,0,INDEX(generale!$A$16:$G$4963,MATCH(NPG!$A119,generale!$A$16:$A$4963,0),COLUMN()))","v":10},{"$f":"IF(INDEX(generale!$A$16:$G$4963,MATCH(NPG!$A119,generale!$A$16:$A$4963,0),COLUMN())=0,0,INDEX(generale!$A$16:$G$4963,MATCH(NPG!$A119,generale!$A$16:$A$4963,0),COLUMN()))","v":11},{"$f":"IF(INDEX(generale!$A$16:$G$4963,MATCH(NPG!$A119,generale!$A$16:$A$4963,0),COLUMN())=0,0,INDEX(generale!$A$16:$G$4963,MATCH(NPG!$A119,generale!$A$16:$A$4963,0),COLUMN()))","v":3},{"$f":"IF(INDEX(generale!$A$16:$G$4963,MATCH(NPG!$A119,generale!$A$16:$A$4963,0),COLUMN())=0,0,INDEX(generale!$A$16:$G$4963,MATCH(NPG!$A119,generale!$A$16:$A$4963,0),COLUMN()))","v":14},{"$f":"IF(INDEX(generale!$A$16:$G$4963,MATCH(NPG!$A119,generale!$A$16:$A$4963,0),COLUMN())=0,0,INDEX(generale!$A$16:$G$4963,MATCH(NPG!$A119,generale!$A$16:$A$4963,0),COLUMN()))","v":9},{"$f":"generale!G129","v":"T"},3,21,0,5,3,7,7,1,1,0,0,6,2,4,6,7,7,1,2,0,null,null,null,null,null,null,null,null,null,null,null,null,null,null,null,null,null,null,1,1,1,17]
[{"$f":"IF(generale!$A130>0,generale!$A130,\"\")","v":"2005-04-27"},{"$f":"IF(INDEX(generale!$A$16:$G$4963,MATCH(NPG!$A120,generale!$A$16:$A$4963,0),COLUMN())=0,0,INDEX(generale!$A$16:$G$4963,MATCH(NPG!$A120,generale!$A$16:$A$4963,0),COLUMN()))","v":10},{"$f":"IF(INDEX(generale!$A$16:$G$4963,MATCH(NPG!$A120,generale!$A$16:$A$4963,0),COLUMN())=0,0,INDEX(generale!$A$16:$G$4963,MATCH(NPG!$A120,generale!$A$16:$A$4963,0),COLUMN()))","v":13},{"$f":"IF(INDEX(generale!$A$16:$G$4963,MATCH(NPG!$A120,generale!$A$16:$A$4963,0),COLUMN())=0,0,INDEX(generale!$A$16:$G$4963,MATCH(NPG!$A120,generale!$A$16:$A$4963,0),COLUMN()))","v":14},{"$f":"IF(INDEX(generale!$A$16:$G$4963,MATCH(NPG!$A120,generale!$A$16:$A$4963,0),COLUMN())=0,0,INDEX(generale!$A$16:$G$4963,MATCH(NPG!$A120,generale!$A$16:$A$4963,0),COLUMN()))","v":8},{"$f":"IF(INDEX(generale!$A$16:$G$4963,MATCH(NPG!$A120,generale!$A$16:$A$4963,0),COLUMN())=0,0,INDEX(generale!$A$16:$G$4963,MATCH(NPG!$A120,generale!$A$16:$A$4963,0),COLUMN()))","v":5},{"$f":"generale!G130","v":"T"},4,22,1,6,4,8,8,2,2,0,1,7,0,0,7,8,7,1,2,0,null,null,null,null,null,null,null,null,null,null,null,null,null,null,null,null,null,1,1,1,1,16]
[{"$f":"IF(generale!$A131>0,generale!$A131,\"\")","v":"2005-04-28"},{"$f":"IF(INDEX(generale!$A$16:$G$4963,MATCH(NPG!$A121,generale!$A$16:$A$4963,0),COLUMN())=0,0,INDEX(generale!$A$16:$G$4963,MATCH(NPG!$A121,generale!$A$16:$A$4963,0),COLUMN()))","v":4},{"$f":"IF(INDEX(generale!$A$16:$G$4963,MATCH(NPG!$A121,generale!$A$16:$A$4963,0),COLUMN())=0,0,INDEX(generale!$A$16:$G$4963,MATCH(NPG!$A121,generale!$A$16:$A$4963,0),COLUMN()))","v":10},{"$f":"IF(INDEX(generale!$A$16:$G$4963,MATCH(NPG!$A121,generale!$A$16:$A$4963,0),COLUMN())=0,0,INDEX(generale!$A$16:$G$4963,MATCH(NPG!$A121,generale!$A$16:$A$4963,0),COLUMN()))","v":3},{"$f":"IF(INDEX(generale!$A$16:$G$4963,MATCH(NPG!$A121,generale!$A$16:$A$4963,0),COLUMN())=0,0,INDEX(generale!$A$16:$G$4963,MATCH(NPG!$A121,generale!$A$16:$A$4963,0),COLUMN()))","v":1},{"$f":"IF(INDEX(generale!$A$16:$G$4963,MATCH(NPG!$A121,generale!$A$16:$A$4963,0),COLUMN())=0,0,INDEX(generale!$A$16:$G$4963,MATCH(NPG!$A121,generale!$A$16:$A$4963,0),COLUMN()))","v":12},{"$f":"generale!G131","v":"P"},5,23,0,0,5,9,9,3,3,0,2,8,1,1,8,9,7,1,2,0,null,null,null,null,null,null,null,null,null,null,null,null,null,null,null,null,null,1,1,1,1,16]
[{"$f":"IF(generale!$A132>0,generale!$A132,\"\")","v":"2005-04-29"},{"$f":"IF(INDEX(generale!$A$16:$G$4963,MATCH(NPG!$A122,generale!$A$16:$A$4963,0),COLUMN())=0,0,INDEX(generale!$A$16:$G$4963,MATCH(NPG!$A122,generale!$A$16:$A$4963,0),COLUMN()))","v":8},{"$f":"IF(INDEX(generale!$A$16:$G$4963,MATCH(NPG!$A122,generale!$A$16:$A$4963,0),COLUMN())=0,0,INDEX(generale!$A$16:$G$4963,MATCH(NPG!$A122,generale!$A$16:$A$4963,0),COLUMN()))","v":3},{"$f":"IF(INDEX(generale!$A$16:$G$4963,MATCH(NPG!$A122,generale!$A$16:$A$4963,0),COLUMN())=0,0,INDEX(generale!$A$16:$G$4963,MATCH(NPG!$A122,generale!$A$16:$A$4963,0),COLUMN()))","v":14},{"$f":"IF(INDEX(generale!$A$16:$G$4963,MATCH(NPG!$A122,generale!$A$16:$A$4963,0),COLUMN())=0,0,INDEX(generale!$A$16:$G$4963,MATCH(NPG!$A122,generale!$A$16:$A$4963,0),COLUMN()))","v":13},{"$f":"IF(INDEX(generale!$A$16:$G$4963,MATCH(NPG!$A122,generale!$A$16:$A$4963,0),COLUMN())=0,0,INDEX(generale!$A$16:$G$4963,MATCH(NPG!$A122,generale!$A$16:$A$4963,0),COLUMN()))","v":6},{"$f":"generale!G132","v":"T"},6,24,0,1,6,10,10,0,4,1,3,9,2,0,9,10,8,2,2,0,null,null,null,null,null,null,null,null,null,null,null,null,null,null,null,null,null,null,null,1,1,18]
[{"$f":"IF(generale!$A133>0,generale!$A133,\"\")","v":"2005-04-30"},{"$f":"IF(INDEX(generale!$A$16:$G$4963,MATCH(NPG!$A123,generale!$A$16:$A$4963,0),COLUMN())=0,0,INDEX(generale!$A$16:$G$4963,MATCH(NPG!$A123,generale!$A$16:$A$4963,0),COLUMN()))","v":9},{"$f":"IF(INDEX(generale!$A$16:$G$4963,MATCH(NPG!$A123,generale!$A$16:$A$4963,0),COLUMN())=0,0,INDEX(generale!$A$16:$G$4963,MATCH(NPG!$A123,generale!$A$16:$A$4963,0),COLUMN()))","v":17},{"$f":"IF(INDEX(generale!$A$16:$G$4963,MATCH(NPG!$A123,generale!$A$16:$A$4963,0),COLUMN())=0,0,INDEX(generale!$A$16:$G$4963,MATCH(NPG!$A123,generale!$A$16:$A$4963,0),COLUMN()))","v":11},{"$f":"IF(INDEX(generale!$A$16:$G$4963,MATCH(NPG!$A123,generale!$A$16:$A$4963,0),COLUMN())=0,0,INDEX(generale!$A$16:$G$4963,MATCH(NPG!$A123,generale!$A$16:$A$4963,0),COLUMN()))","v":4},{"$f":"IF(INDEX(generale!$A$16:$G$4963,MATCH(NPG!$A123,generale!$A$16:$A$4963,0),COLUMN())=0,0,INDEX(generale!$A$16:$G$4963,MATCH(NPG!$A123,generale!$A$16:$A$4963,0),COLUMN()))","v":16},{"$f":"generale!G133","v":"P"},7,25,1,2,7,11,11,1,0,2,0,10,3,1,10,11,0,3,2,0,null,null,null,null,null,null,null,null,null,null,null,null,null,null,null,null,null,null,null,1,1,18]
[{"$f":"IF(generale!$A134>0,generale!$A134,\"\")","v":"2005-05-01"},{"$f":"IF(INDEX(generale!$A$16:$G$4963,MATCH(NPG!$A124,generale!$A$16:$A$4963,0),COLUMN())=0,0,INDEX(generale!$A$16:$G$4963,MATCH(NPG!$A124,generale!$A$16:$A$4963,0),COLUMN()))","v":17},{"$f":"IF(INDEX(generale!$A$16:$G$4963,MATCH(NPG!$A124,generale!$A$16:$A$4963,0),COLUMN())=0,0,INDEX(generale!$A$16:$G$4963,MATCH(NPG!$A124,generale!$A$16:$A$4963,0),COLUMN()))","v":6},{"$f":"IF(INDEX(generale!$A$16:$G$4963,MATCH(NPG!$A124,generale!$A$16:$A$4963,0),COLUMN())=0,0,INDEX(generale!$A$16:$G$4963,MATCH(NPG!$A124,generale!$A$16:$A$4963,0),COLUMN()))","v":13},{"$f":"IF(INDEX(generale!$A$16:$G$4963,MATCH(NPG!$A124,generale!$A$16:$A$4963,0),COLUMN())=0,0,INDEX(generale!$A$16:$G$4963,MATCH(NPG!$A124,generale!$A$16:$A$4963,0),COLUMN()))","v":15},{"$f":"IF(INDEX(generale!$A$16:$G$4963,MATCH(NPG!$A124,generale!$A$16:$A$4963,0),COLUMN())=0,0,INDEX(generale!$A$16:$G$4963,MATCH(NPG!$A124,generale!$A$16:$A$4963,0),COLUMN()))","v":2},{"$f":"generale!G134","v":"P"},8,26,2,3,8,0,12,2,1,3,1,11,0,2,11,12,0,3,2,0,null,null,null,null,null,null,null,null,null,null,null,null,null,null,null,null,null,null,1,1,1,17]
[{"$f":"IF(generale!$A135>0,generale!$A135,\"\")","v":"2005-05-02"},{"$f":"IF(INDEX(generale!$A$16:$G$4963,MATCH(NPG!$A125,generale!$A$16:$A$4963,0),COLUMN())=0,0,INDEX(generale!$A$16:$G$4963,MATCH(NPG!$A125,generale!$A$16:$A$4963,0),COLUMN()))","v":14},{"$f":"IF(INDEX(generale!$A$16:$G$4963,MATCH(NPG!$A125,generale!$A$16:$A$4963,0),COLUMN())=0,0,INDEX(generale!$A$16:$G$4963,MATCH(NPG!$A125,generale!$A$16:$A$4963,0),COLUMN()))","v":12},{"$f":"IF(INDEX(generale!$A$16:$G$4963,MATCH(NPG!$A125,generale!$A$16:$A$4963,0),COLUMN())=0,0,INDEX(generale!$A$16:$G$4963,MATCH(NPG!$A125,generale!$A$16:$A$4963,0),COLUMN()))","v":13},{"$f":"IF(INDEX(generale!$A$16:$G$4963,MATCH(NPG!$A125,generale!$A$16:$A$4963,0),COLUMN())=0,0,INDEX(generale!$A$16:$G$4963,MATCH(NPG!$A125,generale!$A$16:$A$4963,0),COLUMN()))","v":8},{"$f":"IF(INDEX(generale!$A$16:$G$4963,MATCH(NPG!$A125,generale!$A$16:$A$4963,0),COLUMN())=0,0,INDEX(generale!$A$16:$G$4963,MATCH(NPG!$A125,generale!$A$16:$A$4963,0),COLUMN()))","v":3},{"$f":"generale!G135","v":"T"},9,27,3,4,9,1,13,3,2,4,2,0,0,0,12,13,0,3,2,0,null,null,null,null,null,null,null,null,null,null,null,null,null,null,null,null,null,1,1,1,1,16]
[{"$f":"IF(generale!$A136>0,generale!$A136,\"\")","v":"2005-05-03"},{"$f":"IF(INDEX(generale!$A$16:$G$4963,MATCH(NPG!$A126,generale!$A$16:$A$4963,0),COLUMN())=0,0,INDEX(generale!$A$16:$G$4963,MATCH(NPG!$A126,generale!$A$16:$A$4963,0),COLUMN()))","v":4},{"$f":"IF(INDEX(generale!$A$16:$G$4963,MATCH(NPG!$A126,generale!$A$16:$A$4963,0),COLUMN())=0,0,INDEX(generale!$A$16:$G$4963,MATCH(NPG!$A126,generale!$A$16:$A$4963,0),COLUMN()))","v":14},{"$f":"IF(INDEX(generale!$A$16:$G$4963,MATCH(NPG!$A126,generale!$A$16:$A$4963,0),COLUMN())=0,0,INDEX(generale!$A$16:$G$4963,MATCH(NPG!$A126,generale!$A$16:$A$4963,0),COLUMN()))","v":9},{"$f":"IF(INDEX(generale!$A$16:$G$4963,MATCH(NPG!$A126,generale!$A$16:$A$4963,0),COLUMN())=0,0,INDEX(generale!$A$16:$G$4963,MATCH(NPG!$A126,generale!$A$16:$A$4963,0),COLUMN()))","v":5},{"$f":"IF(INDEX(generale!$A$16:$G$4963,MATCH(NPG!$A126,generale!$A$16:$A$4963,0),COLUMN())=0,0,INDEX(generale!$A$16:$G$4963,MATCH(NPG!$A126,generale!$A$16:$A$4963,0),COLUMN()))","v":17},{"$f":"generale!G136","v":"O"},10,28,4,0,10,2,14,4,0,5,3,1,1,0,13,14,1,4,2,0,null,null,null,null,null,null,null,null,null,null,null,null,null,null,null,null,null,null,null,1,1,18,"1"]
[{"$f":"IF(generale!$A137>0,generale!$A137,\"\")","v":"2005-05-04"},{"$f":"IF(INDEX(generale!$A$16:$G$4963,MATCH(NPG!$A127,generale!$A$16:$A$4963,0),COLUMN())=0,0,INDEX(generale!$A$16:$G$4963,MATCH(NPG!$A127,generale!$A$16:$A$4963,0),COLUMN()))","v":13},{"$f":"IF(INDEX(generale!$A$16:$G$4963,MATCH(NPG!$A127,generale!$A$16:$A$4963,0),COLUMN())=0,0,INDEX(generale!$A$16:$G$4963,MATCH(NPG!$A127,generale!$A$16:$A$4963,0),COLUMN()))","v":9},{"$f":"IF(INDEX(generale!$A$16:$G$4963,MATCH(NPG!$A127,generale!$A$16:$A$4963,0),COLUMN())=0,0,INDEX(generale!$A$16:$G$4963,MATCH(NPG!$A127,generale!$A$16:$A$4963,0),COLUMN()))","v":10},{"$f":"IF(INDEX(generale!$A$16:$G$4963,MATCH(NPG!$A127,generale!$A$16:$A$4963,0),COLUMN())=0,0,INDEX(generale!$A$16:$G$4963,MATCH(NPG!$A127,generale!$A$16:$A$4963,0),COLUMN()))","v":14},{"$f":"IF(INDEX(generale!$A$16:$G$4963,MATCH(NPG!$A127,generale!$A$16:$A$4963,0),COLUMN())=0,0,INDEX(generale!$A$16:$G$4963,MATCH(NPG!$A127,generale!$A$16:$A$4963,0),COLUMN()))","v":5},{"$f":"generale!G137","v":"T"},11,29,5,1,11,3,15,5,0,0,4,2,0,1,14,15,2,5,2,0,null,null,null,null,null,null,null,null,null,null,null,null,null,null,null,null,null,null,null,1,1,18]
[{"$f":"IF(generale!$A138>0,generale!$A138,\"\")","v":"2005-05-05"},{"$f":"IF(INDEX(generale!$A$16:$G$4963,MATCH(NPG!$A128,generale!$A$16:$A$4963,0),COLUMN())=0,0,INDEX(generale!$A$16:$G$4963,MATCH(NPG!$A128,generale!$A$16:$A$4963,0),COLUMN()))","v":16},{"$f":"IF(INDEX(generale!$A$16:$G$4963,MATCH(NPG!$A128,generale!$A$16:$A$4963,0),COLUMN())=0,0,INDEX(generale!$A$16:$G$4963,MATCH(NPG!$A128,generale!$A$16:$A$4963,0),COLUMN()))","v":8},{"$f":"IF(INDEX(generale!$A$16:$G$4963,MATCH(NPG!$A128,generale!$A$16:$A$4963,0),COLUMN())=0,0,INDEX(generale!$A$16:$G$4963,MATCH(NPG!$A128,generale!$A$16:$A$4963,0),COLUMN()))","v":4},{"$f":"IF(INDEX(generale!$A$16:$G$4963,MATCH(NPG!$A128,generale!$A$16:$A$4963,0),COLUMN())=0,0,INDEX(generale!$A$16:$G$4963,MATCH(NPG!$A128,generale!$A$16:$A$4963,0),COLUMN()))","v":17},{"$f":"IF(INDEX(generale!$A$16:$G$4963,MATCH(NPG!$A128,generale!$A$16:$A$4963,0),COLUMN())=0,0,INDEX(generale!$A$16:$G$4963,MATCH(NPG!$A128,generale!$A$16:$A$4963,0),COLUMN()))","v":18},{"$f":"generale!G138","v":"P"},12,30,6,0,12,4,16,0,1,1,5,3,1,2,15,0,3,6,3,1,null,null,null,null,null,null,null,null,null,null,null,null,null,null,null,null,null,null,null,null,null,20]
[{"$f":"IF(generale!$A139>0,generale!$A139,\"\")","v":"2005-05-06"},{"$f":"IF(INDEX(generale!$A$16:$G$4963,MATCH(NPG!$A129,generale!$A$16:$A$4963,0),COLUMN())=0,0,INDEX(generale!$A$16:$G$4963,MATCH(NPG!$A129,generale!$A$16:$A$4963,0),COLUMN()))","v":9},{"$f":"IF(INDEX(generale!$A$16:$G$4963,MATCH(NPG!$A129,generale!$A$16:$A$4963,0),COLUMN())=0,0,INDEX(generale!$A$16:$G$4963,MATCH(NPG!$A129,generale!$A$16:$A$4963,0),COLUMN()))","v":12},{"$f":"IF(INDEX(generale!$A$16:$G$4963,MATCH(NPG!$A129,generale!$A$16:$A$4963,0),COLUMN())=0,0,INDEX(generale!$A$16:$G$4963,MATCH(NPG!$A129,generale!$A$16:$A$4963,0),COLUMN()))","v":16},{"$f":"IF(INDEX(generale!$A$16:$G$4963,MATCH(NPG!$A129,generale!$A$16:$A$4963,0),COLUMN())=0,0,INDEX(generale!$A$16:$G$4963,MATCH(NPG!$A129,generale!$A$16:$A$4963,0),COLUMN()))","v":1},{"$f":"IF(INDEX(generale!$A$16:$G$4963,MATCH(NPG!$A129,generale!$A$16:$A$4963,0),COLUMN())=0,0,INDEX(generale!$A$16:$G$4963,MATCH(NPG!$A129,generale!$A$16:$A$4963,0),COLUMN()))","v":7},{"$f":"generale!G139","v":"P"},13,31,7,1,13,5,17,1,0,2,6,0,2,3,16,0,4,7,3,1,null,null,null,null,null,null,null,null,null,null,null,null,null,null,null,null,null,null,null,1,1,18]
[{"$f":"IF(generale!$A140>0,generale!$A140,\"\")","v":"2005-05-07"},{"$f":"IF(INDEX(generale!$A$16:$G$4963,MATCH(NPG!$A130,generale!$A$16:$A$4963,0),COLUMN())=0,0,INDEX(generale!$A$16:$G$4963,MATCH(NPG!$A130,generale!$A$16:$A$4963,0),COLUMN()))","v":17},{"$f":"IF(INDEX(generale!$A$16:$G$4963,MATCH(NPG!$A130,generale!$A$16:$A$4963,0),COLUMN())=0,0,INDEX(generale!$A$16:$G$4963,MATCH(NPG!$A130,generale!$A$16:$A$4963,0),COLUMN()))","v":3},{"$f":"IF(INDEX(generale!$A$16:$G$4963,MATCH(NPG!$A130,generale!$A$16:$A$4963,0),COLUMN())=0,0,INDEX(generale!$A$16:$G$4963,MATCH(NPG!$A130,generale!$A$16:$A$4963,0),COLUMN()))","v":10},{"$f":"IF(INDEX(generale!$A$16:$G$4963,MATCH(NPG!$A130,generale!$A$16:$A$4963,0),COLUMN())=0,0,INDEX(generale!$A$16:$G$4963,MATCH(NPG!$A130,generale!$A$16:$A$4963,0),COLUMN()))","v":8},{"$f":"IF(INDEX(generale!$A$16:$G$4963,MATCH(NPG!$A130,generale!$A$16:$A$4963,0),COLUMN())=0,0,INDEX(generale!$A$16:$G$4963,MATCH(NPG!$A130,generale!$A$16:$A$4963,0),COLUMN()))","v":5},{"$f":"generale!G140","v":"T"},14,32,0,2,14,6,18,2,1,0,7,1,3,4,17,1,0,7,3,1,null,null,null,null,null,null,null,null,null,null,null,null,null,null,null,null,null,null,1,1,1,17]
[{"$f":"IF(generale!$A141>0,generale!$A141,\"\")","v":"2005-05-08"},{"$f":"IF(INDEX(generale!$A$16:$G$4963,MATCH(NPG!$A131,generale!$A$16:$A$4963,0),COLUMN())=0,0,INDEX(generale!$A$16:$G$4963,MATCH(NPG!$A131,generale!$A$16:$A$4963,0),COLUMN()))","v":14},{"$f":"IF(INDEX(generale!$A$16:$G$4963,MATCH(NPG!$A131,generale!$A$16:$A$4963,0),COLUMN())=0,0,INDEX(generale!$A$16:$G$4963,MATCH(NPG!$A131,generale!$A$16:$A$4963,0),COLUMN()))","v":15},{"$f":"IF(INDEX(generale!$A$16:$G$4963,MATCH(NPG!$A131,generale!$A$16:$A$4963,0),COLUMN())=0,0,INDEX(generale!$A$16:$G$4963,MATCH(NPG!$A131,generale!$A$16:$A$4963,0),COLUMN()))","v":11},{"$f":"IF(INDEX(generale!$A$16:$G$4963,MATCH(NPG!$A131,generale!$A$16:$A$4963,0),COLUMN())=0,0,INDEX(generale!$A$16:$G$4963,MATCH(NPG!$A131,generale!$A$16:$A$4963,0),COLUMN()))","v":10},{"$f":"IF(INDEX(generale!$A$16:$G$4963,MATCH(NPG!$A131,generale!$A$16:$A$4963,0),COLUMN())=0,0,INDEX(generale!$A$16:$G$4963,MATCH(NPG!$A131,generale!$A$16:$A$4963,0),COLUMN()))","v":18},{"$f":"generale!G141","v":"O"},15,33,1,3,15,7,19,3,2,1,0,2,4,0,0,2,0,7,3,1,null,null,null,null,null,null,null,null,null,null,null,null,null,null,null,null,null,1,1,1,1,16]
[{"$f":"IF(generale!$A142>0,generale!$A142,\"\")","v":"2005-05-09"},{"$f":"IF(INDEX(generale!$A$16:$G$4963,MATCH(NPG!$A132,generale!$A$16:$A$4963,0),COLUMN())=0,0,INDEX(generale!$A$16:$G$4963,MATCH(NPG!$A132,generale!$A$16:$A$4963,0),COLUMN()))","v":7},{"$f":"IF(INDEX(generale!$A$16:$G$4963,MATCH(NPG!$A132,generale!$A$16:$A$4963,0),COLUMN())=0,0,INDEX(generale!$A$16:$G$4963,MATCH(NPG!$A132,generale!$A$16:$A$4963,0),COLUMN()))","v":4},{"$f":"IF(INDEX(generale!$A$16:$G$4963,MATCH(NPG!$A132,generale!$A$16:$A$4963,0),COLUMN())=0,0,INDEX(generale!$A$16:$G$4963,MATCH(NPG!$A132,generale!$A$16:$A$4963,0),COLUMN()))","v":10},{"$f":"IF(INDEX(generale!$A$16:$G$4963,MATCH(NPG!$A132,generale!$A$16:$A$4963,0),COLUMN())=0,0,INDEX(generale!$A$16:$G$4963,MATCH(NPG!$A132,generale!$A$16:$A$4963,0),COLUMN()))","v":15},{"$f":"IF(INDEX(generale!$A$16:$G$4963,MATCH(NPG!$A132,generale!$A$16:$A$4963,0),COLUMN())=0,0,INDEX(generale!$A$16:$G$4963,MATCH(NPG!$A132,generale!$A$16:$A$4963,0),COLUMN()))","v":16},{"$f":"generale!G142","v":"P"},{"$f":"IF($G132<>0,IF(OR(LEN(SUBSTITUTE(SUBSTITUTE($B132,H$1,,1),,1))=0,LEN(SUBSTITUTE(SUBSTITUTE($C132,H$1,,1),,1))=0,LEN(SUBSTITUTE(SUBSTITUTE($D132,H$1,,1),,1))=0),0,H131+1-AC132),\"\")","v":16},{"$f":"IF($G132<>0,IF(OR(LEN(SUBSTITUTE(SUBSTITUTE($B132,I$1,,1),,1))=0,LEN(SUBSTITUTE(SUBSTITUTE($C132,I$1,,1),,1))=0,LEN(SUBSTITUTE(SUBSTITUTE($D132,I$1,,1),,1))=0),0,I131+1-AD132),\"\")","v":34},{"$f":"IF($G132<>0,IF(OR(LEN(SUBSTITUTE(SUBSTITUTE($B132,J$1,,1),,1))=0,LEN(SUBSTITUTE(SUBSTITUTE($C132,J$1,,1),,1))=0,LEN(SUBSTITUTE(SUBSTITUTE($D132,J$1,,1),,1))=0),0,J131+1-AE132),\"\")","v":2},{"$f":"IF($G132<>0,IF(OR(LEN(SUBSTITUTE(SUBSTITUTE($B132,K$1,,1),,1))=0,LEN(SUBSTITUTE(SUBSTITUTE($C132,K$1,,1),,1))=0,LEN(SUBSTITUTE(SUBSTITUTE($D132,K$1,,1),,1))=0),0,K131+1-AF132),\"\")","v":0},{"$f":"IF($G132<>0,IF(OR(LEN(SUBSTITUTE(SUBSTITUTE($B132,L$1,,1),,1))=0,LEN(SUBSTITUTE(SUBSTITUTE($C132,L$1,,1),,1))=0,LEN(SUBSTITUTE(SUBSTITUTE($D132,L$1,,1),,1))=0),0,L131+1-AG132),\"\")","v":16},{"$f":"IF($G132<>0,IF(OR(LEN(SUBSTITUTE(SUBSTITUTE($B132,M$1,,1),,1))=0,LEN(SUBSTITUTE(SUBSTITUTE($C132,M$1,,1),,1))=0,LEN(SUBSTITUTE(SUBSTITUTE($D132,M$1,,1),,1))=0),0,M131+1-AH132),\"\")","v":8},{"$f":"IF($G132<>0,IF(OR(LEN(SUBSTITUTE(SUBSTITUTE($B132,N$1,,1),,1))=0,LEN(SUBSTITUTE(SUBSTITUTE($C132,N$1,,1),,1))=0,LEN(SUBSTITUTE(SUBSTITUTE($D132,N$1,,1),,1))=0),0,N131+1-AI132),\"\")","v":0},{"$f":"IF($G132<>0,IF(OR(LEN(SUBSTITUTE(SUBSTITUTE($B132,O$1,,1),,1))=0,LEN(SUBSTITUTE(SUBSTITUTE($C132,O$1,,1),,1))=0,LEN(SUBSTITUTE(SUBSTITUTE($D132,O$1,,1),,1))=0),0,O131+1-AJ132),\"\")","v":4},{"$f":"IF($G132<>0,IF(OR(LEN(SUBSTITUTE(SUBSTITUTE($B132,P$1,,1),,1))=0,LEN(SUBSTITUTE(SUBSTITUTE($C132,P$1,,1),,1))=0,LEN(SUBSTITUTE(SUBSTITUTE($D132,P$1,,1),,1))=0),0,P131+1-AK132),\"\")","v":3},{"$f":"IF($G132<>0,IF(OR(LEN(SUBSTITUTE(SUBSTITUTE($B132,Q$1,,1),,1))=0,LEN(SUBSTITUTE(SUBSTITUTE($C132,Q$1,,1),,1))=0,LEN(SUBSTITUTE(SUBSTITUTE($D132,Q$1,,1),,1))=0),0,Q131+1-AL132),\"\")","v":0},{"$f":"IF($G132<>0,IF(OR(LEN(SUBSTITUTE(SUBSTITUTE($B132,R$1,,1),,1))=0,LEN(SUBSTITUTE(SUBSTITUTE($C132,R$1,,1),,1))=0,LEN(SUBSTITUTE(SUBSTITUTE($D132,R$1,,1),,1))=0),0,R131+1-AM132),\"\")","v":1},{"$f":"IF($G132<>0,IF(OR(LEN(SUBSTITUTE(SUBSTITUTE($B132,S$1,,1),,1))=0,LEN(SUBSTITUTE(SUBSTITUTE($C132,S$1,,1),,1))=0,LEN(SUBSTITUTE(SUBSTITUTE($D132,S$1,,1),,1))=0),0,S131+1-AN132),\"\")","v":3},{"$f":"IF($G132<>0,IF(OR(LEN(SUBSTITUTE(SUBSTITUTE($B132,T$1,,1),,1))=0,LEN(SUBSTITUTE(SUBSTITUTE($C132,T$1,,1),,1))=0,LEN(SUBSTITUTE(SUBSTITUTE($D132,T$1,,1),,1))=0),0,T131+1-AO132),\"\")","v":5},{"$f":"IF($G132<>0,IF(OR(LEN(SUBSTITUTE(SUBSTITUTE($B132,U$1,,1),,1))=0,LEN(SUBSTITUTE(SUBSTITUTE($C132,U$1,,1),,1))=0,LEN(SUBSTITUTE(SUBSTITUTE($D132,U$1,,1),,1))=0),0,U131+1-AP132),\"\")","v":1},{"$f":"IF($G132<>0,IF(OR(LEN(SUBSTITUTE(SUBSTITUTE($B132,V$1,,1),,1))=0,LEN(SUBSTITUTE(SUBSTITUTE($C132,V$1,,1),,1))=0,LEN(SUBSTITUTE(SUBSTITUTE($D132,V$1,,1),,1))=0),0,V131+1-AQ132),\"\")","v":1},{"$f":"IF($G132<>0,IF(OR(LEN(SUBSTITUTE(SUBSTITUTE($B132,W$1,,1),,1))=0,LEN(SUBSTITUTE(SUBSTITUTE($C132,W$1,,1),,1))=0,LEN(SUBSTITUTE(SUBSTITUTE($D132,W$1,,1),,1))=0),0,W131+1-AR132),\"\")","v":3},{"$f":"IF($G132<>0,IF(OR(LEN(SUBSTITUTE(SUBSTITUTE($B132,X$1,,1),,1))=0,LEN(SUBSTITUTE(SUBSTITUTE($C132,X$1,,1),,1))=0,LEN(SUBSTITUTE(SUBSTITUTE($D132,X$1,,1),,1))=0),0,X131+1-AS132),\"\")","v":0},{"$f":"IF($G132<>0,IF(OR(LEN(SUBSTITUTE(SUBSTITUTE($B132,Y$1,,1),,1))=0,LEN(SUBSTITUTE(SUBSTITUTE($C132,Y$1,,1),,1))=0,LEN(SUBSTITUTE(SUBSTITUTE($D132,Y$1,,1),,1))=0),0,Y131+1-AT132),\"\")","v":7},{"$f":"IF($G132<>0,IF(OR(LEN(SUBSTITUTE(SUBSTITUTE($B132,Z$1,,1),,1))=0,LEN(SUBSTITUTE(SUBSTITUTE($C132,Z$1,,1),,1))=0,LEN(SUBSTITUTE(SUBSTITUTE($D132,Z$1,,1),,1))=0),0,Z131+1-AU132),\"\")","v":3},{"$f":"IF($G132<>0,IF(OR(LEN(SUBSTITUTE(SUBSTITUTE($B132,AA$1,,1),,1))=0,LEN(SUBSTITUTE(SUBSTITUTE($C132,AA$1,,1),,1))=0,LEN(SUBSTITUTE(SUBSTITUTE($D132,AA$1,,1),,1))=0),0,AA131+1-AV132),\"\")","v":1},null,null,null,null,null,null,null,null,null,null,null,null,null,null,null,null,null,1,1,1,1,{"$f":"IF(A132<>\"\",20-SUM(AC132:AV132),\"\")","v":16}]
[{"$f":"IF(generale!$A143>0,generale!$A143,\"\")","v":"2005-05-10"},{"$f":"IF(INDEX(generale!$A$16:$G$4963,MATCH(NPG!$A133,generale!$A$16:$A$4963,0),COLUMN())=0,0,INDEX(generale!$A$16:$G$4963,MATCH(NPG!$A133,generale!$A$16:$A$4963,0),COLUMN()))","v":13},{"$f":"IF(INDEX(generale!$A$16:$G$4963,MATCH(NPG!$A133,generale!$A$16:$A$4963,0),COLUMN())=0,0,INDEX(generale!$A$16:$G$4963,MATCH(NPG!$A133,generale!$A$16:$A$4963,0),COLUMN()))","v":18},{"$f":"IF(INDEX(generale!$A$16:$G$4963,MATCH(NPG!$A133,generale!$A$16:$A$4963,0),COLUMN())=0,0,INDEX(generale!$A$16:$G$4963,MATCH(NPG!$A133,generale!$A$16:$A$4963,0),COLUMN()))","v":9},{"$f":"IF(INDEX(generale!$A$16:$G$4963,MATCH(NPG!$A133,generale!$A$16:$A$4963,0),COLUMN())=0,0,INDEX(generale!$A$16:$G$4963,MATCH(NPG!$A133,generale!$A$16:$A$4963,0),COLUMN()))","v":2},{"$f":"IF(INDEX(generale!$A$16:$G$4963,MATCH(NPG!$A133,generale!$A$16:$A$4963,0),COLUMN())=0,0,INDEX(generale!$A$16:$G$4963,MATCH(NPG!$A133,generale!$A$16:$A$4963,0),COLUMN()))","v":3},{"$f":"generale!G143","v":"T"},17,35,3,1,17,9,1,5,0,1,2,4,0,2,2,3,0,0,3,1,null,null,null,null,null,null,null,null,null,null,null,null,null,null,null,null,1,1,1,1,1,15]
[{"$f":"IF(generale!$A144>0,generale!$A144,\"\")","v":"2005-05-11"},{"$f":"IF(INDEX(generale!$A$16:$G$4963,MATCH(NPG!$A134,generale!$A$16:$A$4963,0),COLUMN())=0,0,INDEX(generale!$A$16:$G$4963,MATCH(NPG!$A134,generale!$A$16:$A$4963,0),COLUMN()))","v":11},{"$f":"IF(INDEX(generale!$A$16:$G$4963,MATCH(NPG!$A134,generale!$A$16:$A$4963,0),COLUMN())=0,0,INDEX(generale!$A$16:$G$4963,MATCH(NPG!$A134,generale!$A$16:$A$4963,0),COLUMN()))","v":4},{"$f":"IF(INDEX(generale!$A$16:$G$4963,MATCH(NPG!$A134,generale!$A$16:$A$4963,0),COLUMN())=0,0,INDEX(generale!$A$16:$G$4963,MATCH(NPG!$A134,generale!$A$16:$A$4963,0),COLUMN()))","v":10},{"$f":"IF(INDEX(generale!$A$16:$G$4963,MATCH(NPG!$A134,generale!$A$16:$A$4963,0),COLUMN())=0,0,INDEX(generale!$A$16:$G$4963,MATCH(NPG!$A134,generale!$A$16:$A$4963,0),COLUMN()))","v":14},{"$f":"IF(INDEX(generale!$A$16:$G$4963,MATCH(NPG!$A134,generale!$A$16:$A$4963,0),COLUMN())=0,0,INDEX(generale!$A$16:$G$4963,MATCH(NPG!$A134,generale!$A$16:$A$4963,0),COLUMN()))","v":3},{"$f":"generale!G144","v":"T"},18,36,4,0,18,10,2,6,1,0,0,5,1,3,2,3,0,0,3,1,null,null,null,null,null,null,null,null,null,null,null,null,null,null,null,1,1,1,1,1,1,14]
[{"$f":"IF(generale!$A145>0,generale!$A145,\"\")","v":"2005-05-12"},{"$f":"IF(INDEX(generale!$A$16:$G$4963,MATCH(NPG!$A135,generale!$A$16:$A$4963,0),COLUMN())=0,0,INDEX(generale!$A$16:$G$4963,MATCH(NPG!$A135,generale!$A$16:$A$4963,0),COLUMN()))","v":15},{"$f":"IF(INDEX(generale!$A$16:$G$4963,MATCH(NPG!$A135,generale!$A$16:$A$4963,0),COLUMN())=0,0,INDEX(generale!$A$16:$G$4963,MATCH(NPG!$A135,generale!$A$16:$A$4963,0),COLUMN()))","v":12},{"$f":"IF(INDEX(generale!$A$16:$G$4963,MATCH(NPG!$A135,generale!$A$16:$A$4963,0),COLUMN())=0,0,INDEX(generale!$A$16:$G$4963,MATCH(NPG!$A135,generale!$A$16:$A$4963,0),COLUMN()))","v":5},{"$f":"IF(INDEX(generale!$A$16:$G$4963,MATCH(NPG!$A135,generale!$A$16:$A$4963,0),COLUMN())=0,0,INDEX(generale!$A$16:$G$4963,MATCH(NPG!$A135,generale!$A$16:$A$4963,0),COLUMN()))","v":8},{"$f":"IF(INDEX(generale!$A$16:$G$4963,MATCH(NPG!$A135,generale!$A$16:$A$4963,0),COLUMN())=0,0,INDEX(generale!$A$16:$G$4963,MATCH(NPG!$A135,generale!$A$16:$A$4963,0),COLUMN()))","v":1},{"$f":"generale!G145","v":"P"},19,37,5,1,0,11,3,7,2,1,1,0,2,4,0,4,1,1,3,1,null,null,null,null,null,null,null,null,null,null,null,null,null,null,null,null,null,null,null,1,1,18]
[{"$f":"IF(generale!$A146>0,generale!$A146,\"\")","v":"2005-05-13"},{"$f":"IF(INDEX(generale!$A$16:$G$4963,MATCH(NPG!$A136,generale!$A$16:$A$4963,0),COLUMN())=0,0,INDEX(generale!$A$16:$G$4963,MATCH(NPG!$A136,generale!$A$16:$A$4963,0),COLUMN()))","v":11},{"$f":"IF(INDEX(generale!$A$16:$G$4963,MATCH(NPG!$A136,generale!$A$16:$A$4963,0),COLUMN())=0,0,INDEX(generale!$A$16:$G$4963,MATCH(NPG!$A136,generale!$A$16:$A$4963,0),COLUMN()))","v":7},{"$f":"IF(INDEX(generale!$A$16:$G$4963,MATCH(NPG!$A136,generale!$A$16:$A$4963,0),COLUMN())=0,0,INDEX(generale!$A$16:$G$4963,MATCH(NPG!$A136,generale!$A$16:$A$4963,0),COLUMN()))","v":10},{"$f":"IF(INDEX(generale!$A$16:$G$4963,MATCH(NPG!$A136,generale!$A$16:$A$4963,0),COLUMN())=0,0,INDEX(generale!$A$16:$G$4963,MATCH(NPG!$A136,generale!$A$16:$A$4963,0),COLUMN()))","v":16},{"$f":"IF(INDEX(generale!$A$16:$G$4963,MATCH(NPG!$A136,generale!$A$16:$A$4963,0),COLUMN())=0,0,INDEX(generale!$A$16:$G$4963,MATCH(NPG!$A136,generale!$A$16:$A$4963,0),COLUMN()))","v":17},{"$f":"generale!G146","v":"O"},20,38,6,2,1,12,0,8,3,0,0,1,3,5,1,5,1,1,3,1,null,null,null,null,null,null,null,null,null,null,null,null,null,null,null,null,null,1,1,1,1,16]
[{"$f":"IF(generale!$A147>0,generale!$A147,\"\")","v":"2005-05-14"},{"$f":"IF(INDEX(generale!$A$16:$G$4963,MATCH(NPG!$A137,generale!$A$16:$A$4963,0),COLUMN())=0,0,INDEX(generale!$A$16:$G$4963,MATCH(NPG!$A137,generale!$A$16:$A$4963,0),COLUMN()))","v":10},{"$f":"IF(INDEX(generale!$A$16:$G$4963,MATCH(NPG!$A137,generale!$A$16:$A$4963,0),COLUMN())=0,0,INDEX(generale!$A$16:$G$4963,MATCH(NPG!$A137,generale!$A$16:$A$4963,0),COLUMN()))","v":9},{"$f":"IF(INDEX(generale!$A$16:$G$4963,MATCH(NPG!$A137,generale!$A$16:$A$4963,0),COLUMN())=0,0,INDEX(generale!$A$16:$G$4963,MATCH(NPG!$A137,generale!$A$16:$A$4963,0),COLUMN()))","v":8},{"$f":"IF(INDEX(generale!$A$16:$G$4963,MATCH(NPG!$A137,generale!$A$16:$A$4963,0),COLUMN())=0,0,INDEX(generale!$A$16:$G$4963,MATCH(NPG!$A137,generale!$A$16:$A$4963,0),COLUMN()))","v":2},{"$f":"IF(INDEX(generale!$A$16:$G$4963,MATCH(NPG!$A137,generale!$A$16:$A$4963,0),COLUMN())=0,0,INDEX(generale!$A$16:$G$4963,MATCH(NPG!$A137,generale!$A$16:$A$4963,0),COLUMN()))","v":12},{"$f":"generale!G147","v":"T"},21,39,7,3,2,13,1,0,0,0,1,2,4,6,2,6,1,1,3,1,null,null,null,null,null,null,null,null,null,null,null,null,null,null,null,null,null,1,1,1,1,16]
[{"$f":"IF(generale!$A148>0,generale!$A148,\"\")","v":"2005-05-15"},{"$f":"IF(INDEX(generale!$A$16:$G$4963,MATCH(NPG!$A138,generale!$A$16:$A$4963,0),COLUMN())=0,0,INDEX(generale!$A$16:$G$4963,MATCH(NPG!$A138,generale!$A$16:$A$4963,0),COLUMN()))","v":11},{"$f":"IF(INDEX(generale!$A$16:$G$4963,MATCH(NPG!$A138,generale!$A$16:$A$4963,0),COLUMN())=0,0,INDEX(generale!$A$16:$G$4963,MATCH(NPG!$A138,generale!$A$16:$A$4963,0),COLUMN()))","v":15},{"$f":"IF(INDEX(generale!$A$16:$G$4963,MATCH(NPG!$A138,generale!$A$16:$A$4963,0),COLUMN())=0,0,INDEX(generale!$A$16:$G$4963,MATCH(NPG!$A138,generale!$A$16:$A$4963,0),COLUMN()))","v":7},{"$f":"IF(INDEX(generale!$A$16:$G$4963,MATCH(NPG!$A138,generale!$A$16:$A$4963,0),COLUMN())=0,0,INDEX(generale!$A$16:$G$4963,MATCH(NPG!$A138,generale!$A$16:$A$4963,0),COLUMN()))","v":5},{"$f":"IF(INDEX(generale!$A$16:$G$4963,MATCH(NPG!$A138,generale!$A$16:$A$4963,0),COLUMN())=0,0,INDEX(generale!$A$16:$G$4963,MATCH(NPG!$A138,generale!$A$16:$A$4963,0),COLUMN()))","v":4},{"$f":"generale!G148","v":"P"},22,40,8,4,3,14,0,1,1,1,0,3,5,7,0,7,1,1,3,1,null,null,null,null,null,null,null,null,null,null,null,null,null,null,null,null,null,1,1,1,1,16,"9"]
[{"$f":"IF(generale!$A149>0,generale!$A149,\"\")","v":"2005-05-16"},{"$f":"IF(INDEX(generale!$A$16:$G$4963,MATCH(NPG!$A139,generale!$A$16:$A$4963,0),COLUMN())=0,0,INDEX(generale!$A$16:$G$4963,MATCH(NPG!$A139,generale!$A$16:$A$4963,0),COLUMN()))","v":3},{"$f":"IF(INDEX(generale!$A$16:$G$4963,MATCH(NPG!$A139,generale!$A$16:$A$4963,0),COLUMN())=0,0,INDEX(generale!$A$16:$G$4963,MATCH(NPG!$A139,generale!$A$16:$A$4963,0),COLUMN()))","v":10},{"$f":"IF(INDEX(generale!$A$16:$G$4963,MATCH(NPG!$A139,generale!$A$16:$A$4963,0),COLUMN())=0,0,INDEX(generale!$A$16:$G$4963,MATCH(NPG!$A139,generale!$A$16:$A$4963,0),COLUMN()))","v":9},{"$f":"IF(INDEX(generale!$A$16:$G$4963,MATCH(NPG!$A139,generale!$A$16:$A$4963,0),COLUMN())=0,0,INDEX(generale!$A$16:$G$4963,MATCH(NPG!$A139,generale!$A$16:$A$4963,0),COLUMN()))","v":16},{"$f":"IF(INDEX(generale!$A$16:$G$4963,MATCH(NPG!$A139,generale!$A$16:$A$4963,0),COLUMN())=0,0,INDEX(generale!$A$16:$G$4963,MATCH(NPG!$A139,generale!$A$16:$A$4963,0),COLUMN()))","v":14},{"$f":"generale!G149","v":"P"},23,41,0,5,4,15,1,2,0,0,1,4,6,8,1,8,1,1,3,1,null,null,null,null,null,null,null,null,null,null,null,null,null,null,null,null,null,1,1,1,1,16]
[{"$f":"IF(generale!$A150>0,generale!$A150,\"\")","v":"2005-05-17"},{"$f":"IF(INDEX(generale!$A$16:$G$4963,MATCH(NPG!$A140,generale!$A$16:$A$4963,0),COLUMN())=0,0,INDEX(generale!$A$16:$G$4963,MATCH(NPG!$A140,generale!$A$16:$A$4963,0),COLUMN()))","v":13},{"$f":"IF(INDEX(generale!$A$16:$G$4963,MATCH(NPG!$A140,generale!$A$16:$A$4963,0),COLUMN())=0,0,INDEX(generale!$A$16:$G$4963,MATCH(NPG!$A140,generale!$A$16:$A$4963,0),COLUMN()))","v":17},{"$f":"IF(INDEX(generale!$A$16:$G$4963,MATCH(NPG!$A140,generale!$A$16:$A$4963,0),COLUMN())=0,0,INDEX(generale!$A$16:$G$4963,MATCH(NPG!$A140,generale!$A$16:$A$4963,0),COLUMN()))","v":18},{"$f":"IF(INDEX(generale!$A$16:$G$4963,MATCH(NPG!$A140,generale!$A$16:$A$4963,0),COLUMN())=0,0,INDEX(generale!$A$16:$G$4963,MATCH(NPG!$A140,generale!$A$16:$A$4963,0),COLUMN()))","v":5},{"$f":"IF(INDEX(generale!$A$16:$G$4963,MATCH(NPG!$A140,generale!$A$16:$A$4963,0),COLUMN())=0,0,INDEX(generale!$A$16:$G$4963,MATCH(NPG!$A140,generale!$A$16:$A$4963,0),COLUMN()))","v":6},{"$f":"generale!G150","v":"T"},24,42,1,6,5,16,2,3,1,1,2,5,0,9,2,8,0,0,3,1,null,null,null,null,null,null,null,null,null,null,null,null,null,null,null,null,1,1,1,1,1,15]
[{"$f":"IF(generale!$A151>0,generale!$A151,\"\")","v":"2005-05-18"},{"$f":"IF(INDEX(generale!$A$16:$G$4963,MATCH(NPG!$A141,generale!$A$16:$A$4963,0),COLUMN())=0,0,INDEX(generale!$A$16:$G$4963,MATCH(NPG!$A141,generale!$A$16:$A$4963,0),COLUMN()))","v":3},{"$f":"IF(INDEX(generale!$A$16:$G$4963,MATCH(NPG!$A141,generale!$A$16:$A$4963,0),COLUMN())=0,0,INDEX(generale!$A$16:$G$4963,MATCH(NPG!$A141,generale!$A$16:$A$4963,0),COLUMN()))","v":15},{"$f":"IF(INDEX(generale!$A$16:$G$4963,MATCH(NPG!$A141,generale!$A$16:$A$4963,0),COLUMN())=0,0,INDEX(generale!$A$16:$G$4963,MATCH(NPG!$A141,generale!$A$16:$A$4963,0),COLUMN()))","v":2},{"$f":"IF(INDEX(generale!$A$16:$G$4963,MATCH(NPG!$A141,generale!$A$16:$A$4963,0),COLUMN())=0,0,INDEX(generale!$A$16:$G$4963,MATCH(NPG!$A141,generale!$A$16:$A$4963,0),COLUMN()))","v":13},{"$f":"IF(INDEX(generale!$A$16:$G$4963,MATCH(NPG!$A141,generale!$A$16:$A$4963,0),COLUMN())=0,0,INDEX(generale!$A$16:$G$4963,MATCH(NPG!$A141,generale!$A$16:$A$4963,0),COLUMN()))","v":10},{"$f":"generale!G151","v":"T"},25,0,0,7,6,17,3,4,2,2,3,6,1,10,0,9,0,0,3,1,null,null,null,null,null,null,null,null,null,null,null,null,null,null,null,null,null,1,1,1,1,16,"1"]
[{"$f":"IF(generale!$A152>0,generale!$A152,\"\")","v":"2005-05-19"},{"$f":"IF(INDEX(generale!$A$16:$G$4963,MATCH(NPG!$A142,generale!$A$16:$A$4963,0),COLUMN())=0,0,INDEX(generale!$A$16:$G$4963,MATCH(NPG!$A142,generale!$A$16:$A$4963,0),COLUMN()))","v":2},{"$f":"IF(INDEX(generale!$A$16:$G$4963,MATCH(NPG!$A142,generale!$A$16:$A$4963,0),COLUMN())=0,0,INDEX(generale!$A$16:$G$4963,MATCH(NPG!$A142,generale!$A$16:$A$4963,0),COLUMN()))","v":3},{"$f":"IF(INDEX(generale!$A$16:$G$4963,MATCH(NPG!$A142,generale!$A$16:$A$4963,0),COLUMN())=0,0,INDEX(generale!$A$16:$G$4963,MATCH(NPG!$A142,generale!$A$16:$A$4963,0),COLUMN()))","v":18},{"$f":"IF(INDEX(generale!$A$16:$G$4963,MATCH(NPG!$A142,generale!$A$16:$A$4963,0),COLUMN())=0,0,INDEX(generale!$A$16:$G$4963,MATCH(NPG!$A142,generale!$A$16:$A$4963,0),COLUMN()))","v":15},{"$f":"IF(INDEX(generale!$A$16:$G$4963,MATCH(NPG!$A142,generale!$A$16:$A$4963,0),COLUMN())=0,0,INDEX(generale!$A$16:$G$4963,MATCH(NPG!$A142,generale!$A$16:$A$4963,0),COLUMN()))","v":12},{"$f":"generale!G152","v":"P"},26,0,0,8,7,18,4,5,3,3,4,7,2,11,1,10,0,0,3,1,null,null,null,null,null,null,null,null,null,null,null,null,null,null,null,null,null,1,1,1,1,16]
[{"$f":"IF(generale!$A153>0,generale!$A153,\"\")","v":"2005-05-20"},{"$f":"IF(INDEX(generale!$A$16:$G$4963,MATCH(NPG!$A143,generale!$A$16:$A$4963,0),COLUMN())=0,0,INDEX(generale!$A$16:$G$4963,MATCH(NPG!$A143,generale!$A$16:$A$4963,0),COLUMN()))","v":5},{"$f":"IF(INDEX(generale!$A$16:$G$4963,MATCH(NPG!$A143,generale!$A$16:$A$4963,0),COLUMN())=0,0,INDEX(generale!$A$16:$G$4963,MATCH(NPG!$A143,generale!$A$16:$A$4963,0),COLUMN()))","v":7},{"$f":"IF(INDEX(generale!$A$16:$G$4963,MATCH(NPG!$A143,generale!$A$16:$A$4963,0),COLUMN())=0,0,INDEX(generale!$A$16:$G$4963,MATCH(NPG!$A143,generale!$A$16:$A$4963,0),COLUMN()))","v":6},{"$f":"IF(INDEX(generale!$A$16:$G$4963,MATCH(NPG!$A143,generale!$A$16:$A$4963,0),COLUMN())=0,0,INDEX(generale!$A$16:$G$4963,MATCH(NPG!$A143,generale!$A$16:$A$4963,0),COLUMN()))","v":4},{"$f":"IF(INDEX(generale!$A$16:$G$4963,MATCH(NPG!$A143,generale!$A$16:$A$4963,0),COLUMN())=0,0,INDEX(generale!$A$16:$G$4963,MATCH(NPG!$A143,generale!$A$16:$A$4963,0),COLUMN()))","v":12},{"$f":"generale!G153","v":"O"},27,1,1,9,0,0,0,6,4,4,5,8,3,12,2,11,0,0,3,1,null,null,null,null,null,null,null,null,null,null,null,null,null,null,null,null,null,1,1,1,1,16]
[{"$f":"IF(generale!$A154>0,generale!$A154,\"\")","v":"2005-05-21"},{"$f":"IF(INDEX(generale!$A$16:$G$4963,MATCH(NPG!$A144,generale!$A$16:$A$4963,0),COLUMN())=0,0,INDEX(generale!$A$16:$G$4963,MATCH(NPG!$A144,generale!$A$16:$A$4963,0),COLUMN()))","v":4},{"$f":"IF(INDEX(generale!$A$16:$G$4963,MATCH(NPG!$A144,generale!$A$16:$A$4963,0),COLUMN())=0,0,INDEX(generale!$A$16:$G$4963,MATCH(NPG!$A144,generale!$A$16:$A$4963,0),COLUMN()))","v":11},{"$f":"IF(INDEX(generale!$A$16:$G$4963,MATCH(NPG!$A144,generale!$A$16:$A$4963,0),COLUMN())=0,0,INDEX(generale!$A$16:$G$4963,MATCH(NPG!$A144,generale!$A$16:$A$4963,0),COLUMN()))","v":2},{"$f":"IF(INDEX(generale!$A$16:$G$4963,MATCH(NPG!$A144,generale!$A$16:$A$4963,0),COLUMN())=0,0,INDEX(generale!$A$16:$G$4963,MATCH(NPG!$A144,generale!$A$16:$A$4963,0),COLUMN()))","v":13},{"$f":"IF(INDEX(generale!$A$16:$G$4963,MATCH(NPG!$A144,generale!$A$16:$A$4963,0),COLUMN())=0,0,INDEX(generale!$A$16:$G$4963,MATCH(NPG!$A144,generale!$A$16:$A$4963,0),COLUMN()))","v":6},{"$f":"generale!G154","v":"P"},28,0,2,0,1,1,1,7,5,5,0,9,4,13,3,12,0,0,3,1,null,null,null,null,null,null,null,null,null,null,null,null,null,null,null,null,null,1,1,1,1,16,"16-18"]
[{"$f":"IF(generale!$A155>0,generale!$A155,\"\")","v":"2005-05-22"},{"$f":"IF(INDEX(generale!$A$16:$G$4963,MATCH(NPG!$A145,generale!$A$16:$A$4963,0),COLUMN())=0,0,INDEX(generale!$A$16:$G$4963,MATCH(NPG!$A145,generale!$A$16:$A$4963,0),COLUMN()))","v":12},{"$f":"IF(INDEX(generale!$A$16:$G$4963,MATCH(NPG!$A145,generale!$A$16:$A$4963,0),COLUMN())=0,0,INDEX(generale!$A$16:$G$4963,MATCH(NPG!$A145,generale!$A$16:$A$4963,0),COLUMN()))","v":6},{"$f":"IF(INDEX(generale!$A$16:$G$4963,MATCH(NPG!$A145,generale!$A$16:$A$4963,0),COLUMN())=0,0,INDEX(generale!$A$16:$G$4963,MATCH(NPG!$A145,generale!$A$16:$A$4963,0),COLUMN()))","v":1},{"$f":"IF(INDEX(generale!$A$16:$G$4963,MATCH(NPG!$A145,generale!$A$16:$A$4963,0),COLUMN())=0,0,INDEX(generale!$A$16:$G$4963,MATCH(NPG!$A145,generale!$A$16:$A$4963,0),COLUMN()))","v":17},{"$f":"IF(INDEX(generale!$A$16:$G$4963,MATCH(NPG!$A145,generale!$A$16:$A$4963,0),COLUMN())=0,0,INDEX(generale!$A$16:$G$4963,MATCH(NPG!$A145,generale!$A$16:$A$4963,0),COLUMN()))","v":10},{"$f":"generale!G155","v":"P"},0,1,3,1,2,0,2,8,6,6,1,0,5,14,4,13,1,1,3,1,null,null,null,null,null,null,null,null,null,null,null,null,null,null,null,null,null,null,null,1,1,18,"9"]
[{"$f":"IF(generale!$A156>0,generale!$A156,\"\")","v":"2005-05-23"},{"$f":"IF(INDEX(generale!$A$16:$G$4963,MATCH(NPG!$A146,generale!$A$16:$A$4963,0),COLUMN())=0,0,INDEX(generale!$A$16:$G$4963,MATCH(NPG!$A146,generale!$A$16:$A$4963,0),COLUMN()))","v":9},{"$f":"IF(INDEX(generale!$A$16:$G$4963,MATCH(NPG!$A146,generale!$A$16:$A$4963,0),COLUMN())=0,0,INDEX(generale!$A$16:$G$4963,MATCH(NPG!$A146,generale!$A$16:$A$4963,0),COLUMN()))","v":14},{"$f":"IF(INDEX(generale!$A$16:$G$4963,MATCH(NPG!$A146,generale!$A$16:$A$4963,0),COLUMN())=0,0,INDEX(generale!$A$16:$G$4963,MATCH(NPG!$A146,generale!$A$16:$A$4963,0),COLUMN()))","v":15},{"$f":"IF(INDEX(generale!$A$16:$G$4963,MATCH(NPG!$A146,generale!$A$16:$A$4963,0),COLUMN())=0,0,INDEX(generale!$A$16:$G$4963,MATCH(NPG!$A146,generale!$A$16:$A$4963,0),COLUMN()))","v":7},{"$f":"IF(INDEX(generale!$A$16:$G$4963,MATCH(NPG!$A146,generale!$A$16:$A$4963,0),COLUMN())=0,0,INDEX(generale!$A$16:$G$4963,MATCH(NPG!$A146,generale!$A$16:$A$4963,0),COLUMN()))","v":8},{"$f":"generale!G156","v":"P"},1,2,4,2,3,1,3,9,0,7,2,1,6,0,0,14,1,1,3,1,null,null,null,null,null,null,null,null,null,null,null,null,null,null,null,null,null,1,1,1,1,16,"5"]
[{"$f":"IF(generale!$A157>0,generale!$A157,\"\")","v":"2005-05-24"},{"$f":"IF(INDEX(generale!$A$16:$G$4963,MATCH(NPG!$A147,generale!$A$16:$A$4963,0),COLUMN())=0,0,INDEX(generale!$A$16:$G$4963,MATCH(NPG!$A147,generale!$A$16:$A$4963,0),COLUMN()))","v":10},{"$f":"IF(INDEX(generale!$A$16:$G$4963,MATCH(NPG!$A147,generale!$A$16:$A$4963,0),COLUMN())=0,0,INDEX(generale!$A$16:$G$4963,MATCH(NPG!$A147,generale!$A$16:$A$4963,0),COLUMN()))","v":3},{"$f":"IF(INDEX(generale!$A$16:$G$4963,MATCH(NPG!$A147,generale!$A$16:$A$4963,0),COLUMN())=0,0,INDEX(generale!$A$16:$G$4963,MATCH(NPG!$A147,generale!$A$16:$A$4963,0),COLUMN()))","v":8},{"$f":"IF(INDEX(generale!$A$16:$G$4963,MATCH(NPG!$A147,generale!$A$16:$A$4963,0),COLUMN())=0,0,INDEX(generale!$A$16:$G$4963,MATCH(NPG!$A147,generale!$A$16:$A$4963,0),COLUMN()))","v":9},{"$f":"IF(INDEX(generale!$A$16:$G$4963,MATCH(NPG!$A147,generale!$A$16:$A$4963,0),COLUMN())=0,0,INDEX(generale!$A$16:$G$4963,MATCH(NPG!$A147,generale!$A$16:$A$4963,0),COLUMN()))","v":1},{"$f":"generale!G157","v":"T"},2,3,0,3,4,2,4,0,1,0,3,2,7,1,1,15,2,2,3,1,null,null,null,null,null,null,null,null,null,null,null,null,null,null,null,null,null,null,null,1,1,18,"5-17"]
[{"$f":"IF(generale!$A158>0,generale!$A158,\"\")","v":"2005-05-25"},{"$f":"IF(INDEX(generale!$A$16:$G$4963,MATCH(NPG!$A148,generale!$A$16:$A$4963,0),COLUMN())=0,0,INDEX(generale!$A$16:$G$4963,MATCH(NPG!$A148,generale!$A$16:$A$4963,0),COLUMN()))","v":15},{"$f":"IF(INDEX(generale!$A$16:$G$4963,MATCH(NPG!$A148,generale!$A$16:$A$4963,0),COLUMN())=0,0,INDEX(generale!$A$16:$G$4963,MATCH(NPG!$A148,generale!$A$16:$A$4963,0),COLUMN()))","v":14},{"$f":"IF(INDEX(generale!$A$16:$G$4963,MATCH(NPG!$A148,generale!$A$16:$A$4963,0),COLUMN())=0,0,INDEX(generale!$A$16:$G$4963,MATCH(NPG!$A148,generale!$A$16:$A$4963,0),COLUMN()))","v":3},{"$f":"IF(INDEX(generale!$A$16:$G$4963,MATCH(NPG!$A148,generale!$A$16:$A$4963,0),COLUMN())=0,0,INDEX(generale!$A$16:$G$4963,MATCH(NPG!$A148,generale!$A$16:$A$4963,0),COLUMN()))","v":2},{"$f":"IF(INDEX(generale!$A$16:$G$4963,MATCH(NPG!$A148,generale!$A$16:$A$4963,0),COLUMN())=0,0,INDEX(generale!$A$16:$G$4963,MATCH(NPG!$A148,generale!$A$16:$A$4963,0),COLUMN()))","v":7},{"$f":"generale!G158","v":"T"},3,4,0,4,5,3,5,1,2,1,4,3,8,0,0,16,2,2,3,1,null,null,null,null,null,null,null,null,null,null,null,null,null,null,null,null,null,1,1,1,1,16]
[{"$f":"IF(generale!$A159>0,generale!$A159,\"\")","v":"2005-05-26"},{"$f":"IF(INDEX(generale!$A$16:$G$4963,MATCH(NPG!$A149,generale!$A$16:$A$4963,0),COLUMN())=0,0,INDEX(generale!$A$16:$G$4963,MATCH(NPG!$A149,generale!$A$16:$A$4963,0),COLUMN()))","v":3},{"$f":"IF(INDEX(generale!$A$16:$G$4963,MATCH(NPG!$A149,generale!$A$16:$A$4963,0),COLUMN())=0,0,INDEX(generale!$A$16:$G$4963,MATCH(NPG!$A149,generale!$A$16:$A$4963,0),COLUMN()))","v":17},{"$f":"IF(INDEX(generale!$A$16:$G$4963,MATCH(NPG!$A149,generale!$A$16:$A$4963,0),COLUMN())=0,0,INDEX(generale!$A$16:$G$4963,MATCH(NPG!$A149,generale!$A$16:$A$4963,0),COLUMN()))","v":8},{"$f":"IF(INDEX(generale!$A$16:$G$4963,MATCH(NPG!$A149,generale!$A$16:$A$4963,0),COLUMN())=0,0,INDEX(generale!$A$16:$G$4963,MATCH(NPG!$A149,generale!$A$16:$A$4963,0),COLUMN()))","v":18},{"$f":"IF(INDEX(generale!$A$16:$G$4963,MATCH(NPG!$A149,generale!$A$16:$A$4963,0),COLUMN())=0,0,INDEX(generale!$A$16:$G$4963,MATCH(NPG!$A149,generale!$A$16:$A$4963,0),COLUMN()))","v":7},{"$f":"generale!G159","v":"P"},4,5,0,5,6,4,6,0,3,2,5,4,9,1,1,17,0,3,3,1,null,null,null,null,null,null,null,null,null,null,null,null,null,null,null,null,null,null,null,1,1,18]
[{"$f":"IF(generale!$A160>0,generale!$A160,\"\")","v":"2005-05-27"},{"$f":"IF(INDEX(generale!$A$16:$G$4963,MATCH(NPG!$A150,generale!$A$16:$A$4963,0),COLUMN())=0,0,INDEX(generale!$A$16:$G$4963,MATCH(NPG!$A150,generale!$A$16:$A$4963,0),COLUMN()))","v":15},{"$f":"IF(INDEX(generale!$A$16:$G$4963,MATCH(NPG!$A150,generale!$A$16:$A$4963,0),COLUMN())=0,0,INDEX(generale!$A$16:$G$4963,MATCH(NPG!$A150,generale!$A$16:$A$4963,0),COLUMN()))","v":8},{"$f":"IF(INDEX(generale!$A$16:$G$4963,MATCH(NPG!$A150,generale!$A$16:$A$4963,0),COLUMN())=0,0,INDEX(generale!$A$16:$G$4963,MATCH(NPG!$A150,generale!$A$16:$A$4963,0),COLUMN()))","v":16},{"$f":"IF(INDEX(generale!$A$16:$G$4963,MATCH(NPG!$A150,generale!$A$16:$A$4963,0),COLUMN())=0,0,INDEX(generale!$A$16:$G$4963,MATCH(NPG!$A150,generale!$A$16:$A$4963,0),COLUMN()))","v":17},{"$f":"IF(INDEX(generale!$A$16:$G$4963,MATCH(NPG!$A150,generale!$A$16:$A$4963,0),COLUMN())=0,0,INDEX(generale!$A$16:$G$4963,MATCH(NPG!$A150,generale!$A$16:$A$4963,0),COLUMN()))","v":10},{"$f":"generale!G160","v":"T"},5,6,1,6,7,5,7,0,4,3,6,5,10,2,0,0,0,3,3,1,null,null,null,null,null,null,null,null,null,null,null,null,null,null,null,null,null,1,1,1,1,16]
[{"$f":"IF(generale!$A161>0,generale!$A161,\"\")","v":"2005-05-28"},{"$f":"IF(INDEX(generale!$A$16:$G$4963,MATCH(NPG!$A151,generale!$A$16:$A$4963,0),COLUMN())=0,0,INDEX(generale!$A$16:$G$4963,MATCH(NPG!$A151,generale!$A$16:$A$4963,0),COLUMN()))","v":12},{"$f":"IF(INDEX(generale!$A$16:$G$4963,MATCH(NPG!$A151,generale!$A$16:$A$4963,0),COLUMN())=0,0,INDEX(generale!$A$16:$G$4963,MATCH(NPG!$A151,generale!$A$16:$A$4963,0),COLUMN()))","v":15},{"$f":"IF(INDEX(generale!$A$16:$G$4963,MATCH(NPG!$A151,generale!$A$16:$A$4963,0),COLUMN())=0,0,INDEX(generale!$A$16:$G$4963,MATCH(NPG!$A151,generale!$A$16:$A$4963,0),COLUMN()))","v":3},{"$f":"IF(INDEX(generale!$A$16:$G$4963,MATCH(NPG!$A151,generale!$A$16:$A$4963,0),COLUMN())=0,0,INDEX(generale!$A$16:$G$4963,MATCH(NPG!$A151,generale!$A$16:$A$4963,0),COLUMN()))","v":7},{"$f":"IF(INDEX(generale!$A$16:$G$4963,MATCH(NPG!$A151,generale!$A$16:$A$4963,0),COLUMN())=0,0,INDEX(generale!$A$16:$G$4963,MATCH(NPG!$A151,generale!$A$16:$A$4963,0),COLUMN()))","v":14},{"$f":"generale!G161","v":"T"},6,7,0,7,8,6,8,1,5,4,7,0,11,3,0,1,0,3,3,1,null,null,null,null,null,null,null,null,null,null,null,null,null,null,null,null,null,1,1,1,1,16,"12"]
[{"$f":"IF(generale!$A162>0,generale!$A162,\"\")","v":"2005-05-29"},{"$f":"IF(INDEX(generale!$A$16:$G$4963,MATCH(NPG!$A152,generale!$A$16:$A$4963,0),COLUMN())=0,0,INDEX(generale!$A$16:$G$4963,MATCH(NPG!$A152,generale!$A$16:$A$4963,0),COLUMN()))","v":15},{"$f":"IF(INDEX(generale!$A$16:$G$4963,MATCH(NPG!$A152,generale!$A$16:$A$4963,0),COLUMN())=0,0,INDEX(generale!$A$16:$G$4963,MATCH(NPG!$A152,generale!$A$16:$A$4963,0),COLUMN()))","v":18},{"$f":"IF(INDEX(generale!$A$16:$G$4963,MATCH(NPG!$A152,generale!$A$16:$A$4963,0),COLUMN())=0,0,INDEX(generale!$A$16:$G$4963,MATCH(NPG!$A152,generale!$A$16:$A$4963,0),COLUMN()))","v":8},{"$f":"IF(INDEX(generale!$A$16:$G$4963,MATCH(NPG!$A152,generale!$A$16:$A$4963,0),COLUMN())=0,0,INDEX(generale!$A$16:$G$4963,MATCH(NPG!$A152,generale!$A$16:$A$4963,0),COLUMN()))","v":9},{"$f":"IF(INDEX(generale!$A$16:$G$4963,MATCH(NPG!$A152,generale!$A$16:$A$4963,0),COLUMN())=0,0,INDEX(generale!$A$16:$G$4963,MATCH(NPG!$A152,generale!$A$16:$A$4963,0),COLUMN()))","v":5},{"$f":"generale!G162","v":"O"},7,8,1,8,9,7,9,0,6,5,8,1,12,4,0,2,0,0,3,1,null,null,null,null,null,null,null,null,null,null,null,null,null,null,null,null,null,1,1,1,1,16,"13"]
[{"$f":"IF(generale!$A163>0,generale!$A163,\"\")","v":"2005-05-30"},{"$f":"IF(INDEX(generale!$A$16:$G$4963,MATCH(NPG!$A153,generale!$A$16:$A$4963,0),COLUMN())=0,0,INDEX(generale!$A$16:$G$4963,MATCH(NPG!$A153,generale!$A$16:$A$4963,0),COLUMN()))","v":9},{"$f":"IF(INDEX(generale!$A$16:$G$4963,MATCH(NPG!$A153,generale!$A$16:$A$4963,0),COLUMN())=0,0,INDEX(generale!$A$16:$G$4963,MATCH(NPG!$A153,generale!$A$16:$A$4963,0),COLUMN()))","v":10},{"$f":"IF(INDEX(generale!$A$16:$G$4963,MATCH(NPG!$A153,generale!$A$16:$A$4963,0),COLUMN())=0,0,INDEX(generale!$A$16:$G$4963,MATCH(NPG!$A153,generale!$A$16:$A$4963,0),COLUMN()))","v":11},{"$f":"IF(INDEX(generale!$A$16:$G$4963,MATCH(NPG!$A153,generale!$A$16:$A$4963,0),COLUMN())=0,0,INDEX(generale!$A$16:$G$4963,MATCH(NPG!$A153,generale!$A$16:$A$4963,0),COLUMN()))","v":6},{"$f":"IF(INDEX(generale!$A$16:$G$4963,MATCH(NPG!$A153,generale!$A$16:$A$4963,0),COLUMN())=0,0,INDEX(generale!$A$16:$G$4963,MATCH(NPG!$A153,generale!$A$16:$A$4963,0),COLUMN()))","v":4},{"$f":"generale!G163","v":"T"},8,9,2,9,10,8,10,1,0,0,0,2,13,5,1,3,1,1,3,1,null,null,null,null,null,null,null,null,null,null,null,null,null,null,null,null,null,null,null,1,1,18]
[{"$f":"IF(generale!$A164>0,generale!$A164,\"\")","v":"2005-05-31"},{"$f":"IF(INDEX(generale!$A$16:$G$4963,MATCH(NPG!$A154,generale!$A$16:$A$4963,0),COLUMN())=0,0,INDEX(generale!$A$16:$G$4963,MATCH(NPG!$A154,generale!$A$16:$A$4963,0),COLUMN()))","v":8},{"$f":"IF(INDEX(generale!$A$16:$G$4963,MATCH(NPG!$A154,generale!$A$16:$A$4963,0),COLUMN())=0,0,INDEX(generale!$A$16:$G$4963,MATCH(NPG!$A154,generale!$A$16:$A$4963,0),COLUMN()))","v":7},{"$f":"IF(INDEX(generale!$A$16:$G$4963,MATCH(NPG!$A154,generale!$A$16:$A$4963,0),COLUMN())=0,0,INDEX(generale!$A$16:$G$4963,MATCH(NPG!$A154,generale!$A$16:$A$4963,0),COLUMN()))","v":9},{"$f":"IF(INDEX(generale!$A$16:$G$4963,MATCH(NPG!$A154,generale!$A$16:$A$4963,0),COLUMN())=0,0,INDEX(generale!$A$16:$G$4963,MATCH(NPG!$A154,generale!$A$16:$A$4963,0),COLUMN()))","v":2},{"$f":"IF(INDEX(generale!$A$16:$G$4963,MATCH(NPG!$A154,generale!$A$16:$A$4963,0),COLUMN())=0,0,INDEX(generale!$A$16:$G$4963,MATCH(NPG!$A154,generale!$A$16:$A$4963,0),COLUMN()))","v":3},{"$f":"generale!G164","v":"T"},9,10,3,10,11,9,0,0,0,1,1,3,14,6,2,4,1,1,3,1,null,null,null,null,null,null,null,null,null,null,null,null,null,null,null,null,null,1,1,1,1,16,"6"]
[{"$f":"IF(generale!$A165>0,generale!$A165,\"\")","v":"2005-06-01"},{"$f":"IF(INDEX(generale!$A$16:$G$4963,MATCH(NPG!$A155,generale!$A$16:$A$4963,0),COLUMN())=0,0,INDEX(generale!$A$16:$G$4963,MATCH(NPG!$A155,generale!$A$16:$A$4963,0),COLUMN()))","v":3},{"$f":"IF(INDEX(generale!$A$16:$G$4963,MATCH(NPG!$A155,generale!$A$16:$A$4963,0),COLUMN())=0,0,INDEX(generale!$A$16:$G$4963,MATCH(NPG!$A155,generale!$A$16:$A$4963,0),COLUMN()))","v":8},{"$f":"IF(INDEX(generale!$A$16:$G$4963,MATCH(NPG!$A155,generale!$A$16:$A$4963,0),COLUMN())=0,0,INDEX(generale!$A$16:$G$4963,MATCH(NPG!$A155,generale!$A$16:$A$4963,0),COLUMN()))","v":7},{"$f":"IF(INDEX(generale!$A$16:$G$4963,MATCH(NPG!$A155,generale!$A$16:$A$4963,0),COLUMN())=0,0,INDEX(generale!$A$16:$G$4963,MATCH(NPG!$A155,generale!$A$16:$A$4963,0),COLUMN()))","v":14},{"$f":"IF(INDEX(generale!$A$16:$G$4963,MATCH(NPG!$A155,generale!$A$16:$A$4963,0),COLUMN())=0,0,INDEX(generale!$A$16:$G$4963,MATCH(NPG!$A155,generale!$A$16:$A$4963,0),COLUMN()))","v":5},{"$f":"generale!G165","v":"P"},10,11,0,11,12,10,0,0,1,2,2,4,15,7,3,5,2,2,3,1,null,null,null,null,null,null,null,null,null,null,null,null,null,null,null,null,null,null,null,1,1,18]
[{"$f":"IF(generale!$A166>0,generale!$A166,\"\")","v":"2005-06-02"},{"$f":"IF(INDEX(generale!$A$16:$G$4963,MATCH(NPG!$A156,generale!$A$16:$A$4963,0),COLUMN())=0,0,INDEX(generale!$A$16:$G$4963,MATCH(NPG!$A156,generale!$A$16:$A$4963,0),COLUMN()))","v":1},{"$f":"IF(INDEX(generale!$A$16:$G$4963,MATCH(NPG!$A156,generale!$A$16:$A$4963,0),COLUMN())=0,0,INDEX(generale!$A$16:$G$4963,MATCH(NPG!$A156,generale!$A$16:$A$4963,0),COLUMN()))","v":9},{"$f":"IF(INDEX(generale!$A$16:$G$4963,MATCH(NPG!$A156,generale!$A$16:$A$4963,0),COLUMN())=0,0,INDEX(generale!$A$16:$G$4963,MATCH(NPG!$A156,generale!$A$16:$A$4963,0),COLUMN()))","v":18},{"$f":"IF(INDEX(generale!$A$16:$G$4963,MATCH(NPG!$A156,generale!$A$16:$A$4963,0),COLUMN())=0,0,INDEX(generale!$A$16:$G$4963,MATCH(NPG!$A156,generale!$A$16:$A$4963,0),COLUMN()))","v":10},{"$f":"IF(INDEX(generale!$A$16:$G$4963,MATCH(NPG!$A156,generale!$A$16:$A$4963,0),COLUMN())=0,0,INDEX(generale!$A$16:$G$4963,MATCH(NPG!$A156,generale!$A$16:$A$4963,0),COLUMN()))","v":2},{"$f":"generale!G166","v":"P"},0,12,1,12,13,11,1,1,0,3,3,5,16,8,4,6,3,0,4,1,null,null,null,null,null,null,null,null,null,null,null,null,null,null,null,null,null,null,null,null,1,19]
[{"$f":"IF(generale!$A167>0,generale!$A167,\"\")","v":"2005-06-03"},{"$f":"IF(INDEX(generale!$A$16:$G$4963,MATCH(NPG!$A157,generale!$A$16:$A$4963,0),COLUMN())=0,0,INDEX(generale!$A$16:$G$4963,MATCH(NPG!$A157,generale!$A$16:$A$4963,0),COLUMN()))","v":17},{"$f":"IF(INDEX(generale!$A$16:$G$4963,MATCH(NPG!$A157,generale!$A$16:$A$4963,0),COLUMN())=0,0,INDEX(generale!$A$16:$G$4963,MATCH(NPG!$A157,generale!$A$16:$A$4963,0),COLUMN()))","v":13},{"$f":"IF(INDEX(generale!$A$16:$G$4963,MATCH(NPG!$A157,generale!$A$16:$A$4963,0),COLUMN())=0,0,INDEX(generale!$A$16:$G$4963,MATCH(NPG!$A157,generale!$A$16:$A$4963,0),COLUMN()))","v":10},{"$f":"IF(INDEX(generale!$A$16:$G$4963,MATCH(NPG!$A157,generale!$A$16:$A$4963,0),COLUMN())=0,0,INDEX(generale!$A$16:$G$4963,MATCH(NPG!$A157,generale!$A$16:$A$4963,0),COLUMN()))","v":9},{"$f":"IF(INDEX(generale!$A$16:$G$4963,MATCH(NPG!$A157,generale!$A$16:$A$4963,0),COLUMN())=0,0,INDEX(generale!$A$16:$G$4963,MATCH(NPG!$A157,generale!$A$16:$A$4963,0),COLUMN()))","v":11},{"$f":"generale!G167","v":"T"},1,13,2,13,14,12,2,2,1,0,4,6,0,9,5,7,0,1,5,1,null,null,null,null,null,null,null,null,null,null,null,null,null,null,null,null,null,null,null,null,1,19]
[{"$f":"IF(generale!$A168>0,generale!$A168,\"\")","v":"2005-06-04"},{"$f":"IF(INDEX(generale!$A$16:$G$4963,MATCH(NPG!$A158,generale!$A$16:$A$4963,0),COLUMN())=0,0,INDEX(generale!$A$16:$G$4963,MATCH(NPG!$A158,generale!$A$16:$A$4963,0),COLUMN()))","v":17},{"$f":"IF(INDEX(generale!$A$16:$G$4963,MATCH(NPG!$A158,generale!$A$16:$A$4963,0),COLUMN())=0,0,INDEX(generale!$A$16:$G$4963,MATCH(NPG!$A158,generale!$A$16:$A$4963,0),COLUMN()))","v":13},{"$f":"IF(INDEX(generale!$A$16:$G$4963,MATCH(NPG!$A158,generale!$A$16:$A$4963,0),COLUMN())=0,0,INDEX(generale!$A$16:$G$4963,MATCH(NPG!$A158,generale!$A$16:$A$4963,0),COLUMN()))","v":4},{"$f":"IF(INDEX(generale!$A$16:$G$4963,MATCH(NPG!$A158,generale!$A$16:$A$4963,0),COLUMN())=0,0,INDEX(generale!$A$16:$G$4963,MATCH(NPG!$A158,generale!$A$16:$A$4963,0),COLUMN()))","v":12},{"$f":"IF(INDEX(generale!$A$16:$G$4963,MATCH(NPG!$A158,generale!$A$16:$A$4963,0),COLUMN())=0,0,INDEX(generale!$A$16:$G$4963,MATCH(NPG!$A158,generale!$A$16:$A$4963,0),COLUMN()))","v":6},{"$f":"generale!G168","v":"P"},2,14,3,0,15,13,3,3,2,1,5,7,0,10,6,8,0,1,5,1,null,null,null,null,null,null,null,null,null,null,null,null,null,null,null,null,null,1,1,1,1,16]
[{"$f":"IF(generale!$A169>0,generale!$A169,\"\")","v":"2005-06-05"},{"$f":"IF(INDEX(generale!$A$16:$G$4963,MATCH(NPG!$A159,generale!$A$16:$A$4963,0),COLUMN())=0,0,INDEX(generale!$A$16:$G$4963,MATCH(NPG!$A159,generale!$A$16:$A$4963,0),COLUMN()))","v":8},{"$f":"IF(INDEX(generale!$A$16:$G$4963,MATCH(NPG!$A159,generale!$A$16:$A$4963,0),COLUMN())=0,0,INDEX(generale!$A$16:$G$4963,MATCH(NPG!$A159,generale!$A$16:$A$4963,0),COLUMN()))","v":6},{"$f":"IF(INDEX(generale!$A$16:$G$4963,MATCH(NPG!$A159,generale!$A$16:$A$4963,0),COLUMN())=0,0,INDEX(generale!$A$16:$G$4963,MATCH(NPG!$A159,generale!$A$16:$A$4963,0),COLUMN()))","v":16},{"$f":"IF(INDEX(generale!$A$16:$G$4963,MATCH(NPG!$A159,generale!$A$16:$A$4963,0),COLUMN())=0,0,INDEX(generale!$A$16:$G$4963,MATCH(NPG!$A159,generale!$A$16:$A$4963,0),COLUMN()))","v":1},{"$f":"IF(INDEX(generale!$A$16:$G$4963,MATCH(NPG!$A159,generale!$A$16:$A$4963,0),COLUMN())=0,0,INDEX(generale!$A$16:$G$4963,MATCH(NPG!$A159,generale!$A$16:$A$4963,0),COLUMN()))","v":3},{"$f":"generale!G169","v":"P"},3,15,4,1,16,0,4,0,3,2,6,8,1,11,7,0,1,2,5,1,null,null,null,null,null,null,null,null,null,null,null,null,null,null,null,null,null,null,null,1,1,18]
[{"$f":"IF(generale!$A170>0,generale!$A170,\"\")","v":"2005-06-06"},{"$f":"IF(INDEX(generale!$A$16:$G$4963,MATCH(NPG!$A160,generale!$A$16:$A$4963,0),COLUMN())=0,0,INDEX(generale!$A$16:$G$4963,MATCH(NPG!$A160,generale!$A$16:$A$4963,0),COLUMN()))","v":7},{"$f":"IF(INDEX(generale!$A$16:$G$4963,MATCH(NPG!$A160,generale!$A$16:$A$4963,0),COLUMN())=0,0,INDEX(generale!$A$16:$G$4963,MATCH(NPG!$A160,generale!$A$16:$A$4963,0),COLUMN()))","v":3},{"$f":"IF(INDEX(generale!$A$16:$G$4963,MATCH(NPG!$A160,generale!$A$16:$A$4963,0),COLUMN())=0,0,INDEX(generale!$A$16:$G$4963,MATCH(NPG!$A160,generale!$A$16:$A$4963,0),COLUMN()))","v":2},{"$f":"IF(INDEX(generale!$A$16:$G$4963,MATCH(NPG!$A160,generale!$A$16:$A$4963,0),COLUMN())=0,0,INDEX(generale!$A$16:$G$4963,MATCH(NPG!$A160,generale!$A$16:$A$4963,0),COLUMN()))","v":9},{"$f":"IF(INDEX(generale!$A$16:$G$4963,MATCH(NPG!$A160,generale!$A$16:$A$4963,0),COLUMN())=0,0,INDEX(generale!$A$16:$G$4963,MATCH(NPG!$A160,generale!$A$16:$A$4963,0),COLUMN()))","v":10},{"$f":"generale!G170","v":"T"},4,0,0,2,17,1,0,1,4,3,7,9,2,12,8,1,2,3,5,1,null,null,null,null,null,null,null,null,null,null,null,null,null,null,null,null,null,null,null,1,1,18,"2-17"]
[{"$f":"IF(generale!$A171>0,generale!$A171,\"\")","v":"2005-06-07"},{"$f":"IF(INDEX(generale!$A$16:$G$4963,MATCH(NPG!$A161,generale!$A$16:$A$4963,0),COLUMN())=0,0,INDEX(generale!$A$16:$G$4963,MATCH(NPG!$A161,generale!$A$16:$A$4963,0),COLUMN()))","v":1},{"$f":"IF(INDEX(generale!$A$16:$G$4963,MATCH(NPG!$A161,generale!$A$16:$A$4963,0),COLUMN())=0,0,INDEX(generale!$A$16:$G$4963,MATCH(NPG!$A161,generale!$A$16:$A$4963,0),COLUMN()))","v":16},{"$f":"IF(INDEX(generale!$A$16:$G$4963,MATCH(NPG!$A161,generale!$A$16:$A$4963,0),COLUMN())=0,0,INDEX(generale!$A$16:$G$4963,MATCH(NPG!$A161,generale!$A$16:$A$4963,0),COLUMN()))","v":14},{"$f":"IF(INDEX(generale!$A$16:$G$4963,MATCH(NPG!$A161,generale!$A$16:$A$4963,0),COLUMN())=0,0,INDEX(generale!$A$16:$G$4963,MATCH(NPG!$A161,generale!$A$16:$A$4963,0),COLUMN()))","v":17},{"$f":"IF(INDEX(generale!$A$16:$G$4963,MATCH(NPG!$A161,generale!$A$16:$A$4963,0),COLUMN())=0,0,INDEX(generale!$A$16:$G$4963,MATCH(NPG!$A161,generale!$A$16:$A$4963,0),COLUMN()))","v":5},{"$f":"generale!G171","v":"O"},0,1,1,3,18,2,1,2,5,4,8,10,3,0,9,0,3,4,5,1,null,null,null,null,null,null,null,null,null,null,null,null,null,null,null,null,null,null,null,1,1,18]
[{"$f":"IF(generale!$A172>0,generale!$A172,\"\")","v":"2005-06-08"},{"$f":"IF(INDEX(generale!$A$16:$G$4963,MATCH(NPG!$A162,generale!$A$16:$A$4963,0),COLUMN())=0,0,INDEX(generale!$A$16:$G$4963,MATCH(NPG!$A162,generale!$A$16:$A$4963,0),COLUMN()))","v":12},{"$f":"IF(INDEX(generale!$A$16:$G$4963,MATCH(NPG!$A162,generale!$A$16:$A$4963,0),COLUMN())=0,0,INDEX(generale!$A$16:$G$4963,MATCH(NPG!$A162,generale!$A$16:$A$4963,0),COLUMN()))","v":17},{"$f":"IF(INDEX(generale!$A$16:$G$4963,MATCH(NPG!$A162,generale!$A$16:$A$4963,0),COLUMN())=0,0,INDEX(generale!$A$16:$G$4963,MATCH(NPG!$A162,generale!$A$16:$A$4963,0),COLUMN()))","v":9},{"$f":"IF(INDEX(generale!$A$16:$G$4963,MATCH(NPG!$A162,generale!$A$16:$A$4963,0),COLUMN())=0,0,INDEX(generale!$A$16:$G$4963,MATCH(NPG!$A162,generale!$A$16:$A$4963,0),COLUMN()))","v":6},{"$f":"IF(INDEX(generale!$A$16:$G$4963,MATCH(NPG!$A162,generale!$A$16:$A$4963,0),COLUMN())=0,0,INDEX(generale!$A$16:$G$4963,MATCH(NPG!$A162,generale!$A$16:$A$4963,0),COLUMN()))","v":13},{"$f":"generale!G172","v":"T"},1,2,2,4,19,3,2,3,0,5,9,0,4,1,10,1,0,4,5,1,null,null,null,null,null,null,null,null,null,null,null,null,null,null,null,null,null,1,1,1,1,16]
[{"$f":"IF(generale!$A173>0,generale!$A173,\"\")","v":"2005-06-09"},{"$f":"IF(INDEX(generale!$A$16:$G$4963,MATCH(NPG!$A163,generale!$A$16:$A$4963,0),COLUMN())=0,0,INDEX(generale!$A$16:$G$4963,MATCH(NPG!$A163,generale!$A$16:$A$4963,0),COLUMN()))","v":15},{"$f":"IF(INDEX(generale!$A$16:$G$4963,MATCH(NPG!$A163,generale!$A$16:$A$4963,0),COLUMN())=0,0,INDEX(generale!$A$16:$G$4963,MATCH(NPG!$A163,generale!$A$16:$A$4963,0),COLUMN()))","v":7},{"$f":"IF(INDEX(generale!$A$16:$G$4963,MATCH(NPG!$A163,generale!$A$16:$A$4963,0),COLUMN())=0,0,INDEX(generale!$A$16:$G$4963,MATCH(NPG!$A163,generale!$A$16:$A$4963,0),COLUMN()))","v":4},{"$f":"IF(INDEX(generale!$A$16:$G$4963,MATCH(NPG!$A163,generale!$A$16:$A$4963,0),COLUMN())=0,0,INDEX(generale!$A$16:$G$4963,MATCH(NPG!$A163,generale!$A$16:$A$4963,0),COLUMN()))","v":3},{"$f":"IF(INDEX(generale!$A$16:$G$4963,MATCH(NPG!$A163,generale!$A$16:$A$4963,0),COLUMN())=0,0,INDEX(generale!$A$16:$G$4963,MATCH(NPG!$A163,generale!$A$16:$A$4963,0),COLUMN()))","v":8},{"$f":"generale!G173","v":"P"},2,3,3,0,20,4,0,4,1,6,10,1,5,2,0,2,0,4,5,1,null,null,null,null,null,null,null,null,null,null,null,null,null,null,null,null,null,1,1,1,1,16]
[{"$f":"IF(generale!$A174>0,generale!$A174,\"\")","v":"2005-06-10"},{"$f":"IF(INDEX(generale!$A$16:$G$4963,MATCH(NPG!$A164,generale!$A$16:$A$4963,0),COLUMN())=0,0,INDEX(generale!$A$16:$G$4963,MATCH(NPG!$A164,generale!$A$16:$A$4963,0),COLUMN()))","v":4},{"$f":"IF(INDEX(generale!$A$16:$G$4963,MATCH(NPG!$A164,generale!$A$16:$A$4963,0),COLUMN())=0,0,INDEX(generale!$A$16:$G$4963,MATCH(NPG!$A164,generale!$A$16:$A$4963,0),COLUMN()))","v":9},{"$f":"IF(INDEX(generale!$A$16:$G$4963,MATCH(NPG!$A164,generale!$A$16:$A$4963,0),COLUMN())=0,0,INDEX(generale!$A$16:$G$4963,MATCH(NPG!$A164,generale!$A$16:$A$4963,0),COLUMN()))","v":2},{"$f":"IF(INDEX(generale!$A$16:$G$4963,MATCH(NPG!$A164,generale!$A$16:$A$4963,0),COLUMN())=0,0,INDEX(generale!$A$16:$G$4963,MATCH(NPG!$A164,generale!$A$16:$A$4963,0),COLUMN()))","v":16},{"$f":"IF(INDEX(generale!$A$16:$G$4963,MATCH(NPG!$A164,generale!$A$16:$A$4963,0),COLUMN())=0,0,INDEX(generale!$A$16:$G$4963,MATCH(NPG!$A164,generale!$A$16:$A$4963,0),COLUMN()))","v":13},{"$f":"generale!G174","v":"P"},3,0,4,0,21,5,1,5,0,7,11,2,6,3,1,3,0,4,5,1,null,null,null,null,null,null,null,null,null,null,null,null,null,null,null,null,null,1,1,1,1,16]
[{"$f":"IF(generale!$A175>0,generale!$A175,\"\")","v":"2005-06-11"},{"$f":"IF(INDEX(generale!$A$16:$G$4963,MATCH(NPG!$A165,generale!$A$16:$A$4963,0),COLUMN())=0,0,INDEX(generale!$A$16:$G$4963,MATCH(NPG!$A165,generale!$A$16:$A$4963,0),COLUMN()))","v":14},{"$f":"IF(INDEX(generale!$A$16:$G$4963,MATCH(NPG!$A165,generale!$A$16:$A$4963,0),COLUMN())=0,0,INDEX(generale!$A$16:$G$4963,MATCH(NPG!$A165,generale!$A$16:$A$4963,0),COLUMN()))","v":3},{"$f":"IF(INDEX(generale!$A$16:$G$4963,MATCH(NPG!$A165,generale!$A$16:$A$4963,0),COLUMN())=0,0,INDEX(generale!$A$16:$G$4963,MATCH(NPG!$A165,generale!$A$16:$A$4963,0),COLUMN()))","v":13},{"$f":"IF(INDEX(generale!$A$16:$G$4963,MATCH(NPG!$A165,generale!$A$16:$A$4963,0),COLUMN())=0,0,INDEX(generale!$A$16:$G$4963,MATCH(NPG!$A165,generale!$A$16:$A$4963,0),COLUMN()))","v":2},{"$f":"IF(INDEX(generale!$A$16:$G$4963,MATCH(NPG!$A165,generale!$A$16:$A$4963,0),COLUMN())=0,0,INDEX(generale!$A$16:$G$4963,MATCH(NPG!$A165,generale!$A$16:$A$4963,0),COLUMN()))","v":15},{"$f":"generale!G175","v":"T"},3,0,0,0,21,5,1,5,0,7,11,2,0,0,1,3,0,4,5,1,null,1,1,1,1,1,1,1,1,1,1,1,1,1,1,1,1,1,1,1,1,0]
[{"$f":"IF(generale!$A176>0,generale!$A176,\"\")","v":"2005-06-12"},{"$f":"IF(INDEX(generale!$A$16:$G$4963,MATCH(NPG!$A166,generale!$A$16:$A$4963,0),COLUMN())=0,0,INDEX(generale!$A$16:$G$4963,MATCH(NPG!$A166,generale!$A$16:$A$4963,0),COLUMN()))","v":11},{"$f":"IF(INDEX(generale!$A$16:$G$4963,MATCH(NPG!$A166,generale!$A$16:$A$4963,0),COLUMN())=0,0,INDEX(generale!$A$16:$G$4963,MATCH(NPG!$A166,generale!$A$16:$A$4963,0),COLUMN()))","v":6},{"$f":"IF(INDEX(generale!$A$16:$G$4963,MATCH(NPG!$A166,generale!$A$16:$A$4963,0),COLUMN())=0,0,INDEX(generale!$A$16:$G$4963,MATCH(NPG!$A166,generale!$A$16:$A$4963,0),COLUMN()))","v":2},{"$f":"IF(INDEX(generale!$A$16:$G$4963,MATCH(NPG!$A166,generale!$A$16:$A$4963,0),COLUMN())=0,0,INDEX(generale!$A$16:$G$4963,MATCH(NPG!$A166,generale!$A$16:$A$4963,0),COLUMN()))","v":13},{"$f":"IF(INDEX(generale!$A$16:$G$4963,MATCH(NPG!$A166,generale!$A$16:$A$4963,0),COLUMN())=0,0,INDEX(generale!$A$16:$G$4963,MATCH(NPG!$A166,generale!$A$16:$A$4963,0),COLUMN()))","v":7},{"$f":"generale!G176","v":"P"},4,0,1,1,22,0,2,6,1,8,0,3,1,1,2,4,0,4,5,1,null,null,null,null,null,null,null,null,null,null,null,null,null,null,null,null,null,1,1,1,1,16,"5"]
[{"$f":"IF(generale!$A177>0,generale!$A177,\"\")","v":"2005-06-13"},{"$f":"IF(INDEX(generale!$A$16:$G$4963,MATCH(NPG!$A167,generale!$A$16:$A$4963,0),COLUMN())=0,0,INDEX(generale!$A$16:$G$4963,MATCH(NPG!$A167,generale!$A$16:$A$4963,0),COLUMN()))","v":1},{"$f":"IF(INDEX(generale!$A$16:$G$4963,MATCH(NPG!$A167,generale!$A$16:$A$4963,0),COLUMN())=0,0,INDEX(generale!$A$16:$G$4963,MATCH(NPG!$A167,generale!$A$16:$A$4963,0),COLUMN()))","v":3},{"$f":"IF(INDEX(generale!$A$16:$G$4963,MATCH(NPG!$A167,generale!$A$16:$A$4963,0),COLUMN())=0,0,INDEX(generale!$A$16:$G$4963,MATCH(NPG!$A167,generale!$A$16:$A$4963,0),COLUMN()))","v":5},{"$f":"IF(INDEX(generale!$A$16:$G$4963,MATCH(NPG!$A167,generale!$A$16:$A$4963,0),COLUMN())=0,0,INDEX(generale!$A$16:$G$4963,MATCH(NPG!$A167,generale!$A$16:$A$4963,0),COLUMN()))","v":6},{"$f":"IF(INDEX(generale!$A$16:$G$4963,MATCH(NPG!$A167,generale!$A$16:$A$4963,0),COLUMN())=0,0,INDEX(generale!$A$16:$G$4963,MATCH(NPG!$A167,generale!$A$16:$A$4963,0),COLUMN()))","v":18},{"$f":"generale!G177","v":"P"},0,1,0,2,0,1,3,7,2,9,1,4,2,2,3,5,1,4,5,1,null,null,null,null,null,null,null,null,null,null,null,null,null,null,null,null,null,null,1,1,1,17]
[{"$f":"IF(generale!$A178>0,generale!$A178,\"\")","v":"2005-06-14"},{"$f":"IF(INDEX(generale!$A$16:$G$4963,MATCH(NPG!$A168,generale!$A$16:$A$4963,0),COLUMN())=0,0,INDEX(generale!$A$16:$G$4963,MATCH(NPG!$A168,generale!$A$16:$A$4963,0),COLUMN()))","v":8},{"$f":"IF(INDEX(generale!$A$16:$G$4963,MATCH(NPG!$A168,generale!$A$16:$A$4963,0),COLUMN())=0,0,INDEX(generale!$A$16:$G$4963,MATCH(NPG!$A168,generale!$A$16:$A$4963,0),COLUMN()))","v":13},{"$f":"IF(INDEX(generale!$A$16:$G$4963,MATCH(NPG!$A168,generale!$A$16:$A$4963,0),COLUMN())=0,0,INDEX(generale!$A$16:$G$4963,MATCH(NPG!$A168,generale!$A$16:$A$4963,0),COLUMN()))","v":10},{"$f":"IF(INDEX(generale!$A$16:$G$4963,MATCH(NPG!$A168,generale!$A$16:$A$4963,0),COLUMN())=0,0,INDEX(generale!$A$16:$G$4963,MATCH(NPG!$A168,generale!$A$16:$A$4963,0),COLUMN()))","v":11},{"$f":"IF(INDEX(generale!$A$16:$G$4963,MATCH(NPG!$A168,generale!$A$16:$A$4963,0),COLUMN())=0,0,INDEX(generale!$A$16:$G$4963,MATCH(NPG!$A168,generale!$A$16:$A$4963,0),COLUMN()))","v":2},{"$f":"generale!G178","v":"T"},1,2,1,3,1,2,4,0,3,0,2,5,0,3,4,6,2,5,5,1,null,null,null,null,null,null,null,null,null,null,null,null,null,null,null,null,null,null,null,1,1,18]
[{"$f":"IF(generale!$A179>0,generale!$A179,\"\")","v":"2005-06-15"},{"$f":"IF(INDEX(generale!$A$16:$G$4963,MATCH(NPG!$A169,generale!$A$16:$A$4963,0),COLUMN())=0,0,INDEX(generale!$A$16:$G$4963,MATCH(NPG!$A169,generale!$A$16:$A$4963,0),COLUMN()))","v":15},{"$f":"IF(INDEX(generale!$A$16:$G$4963,MATCH(NPG!$A169,generale!$A$16:$A$4963,0),COLUMN())=0,0,INDEX(generale!$A$16:$G$4963,MATCH(NPG!$A169,generale!$A$16:$A$4963,0),COLUMN()))","v":9},{"$f":"IF(INDEX(generale!$A$16:$G$4963,MATCH(NPG!$A169,generale!$A$16:$A$4963,0),COLUMN())=0,0,INDEX(generale!$A$16:$G$4963,MATCH(NPG!$A169,generale!$A$16:$A$4963,0),COLUMN()))","v":3},{"$f":"IF(INDEX(generale!$A$16:$G$4963,MATCH(NPG!$A169,generale!$A$16:$A$4963,0),COLUMN())=0,0,INDEX(generale!$A$16:$G$4963,MATCH(NPG!$A169,generale!$A$16:$A$4963,0),COLUMN()))","v":6},{"$f":"IF(INDEX(generale!$A$16:$G$4963,MATCH(NPG!$A169,generale!$A$16:$A$4963,0),COLUMN())=0,0,INDEX(generale!$A$16:$G$4963,MATCH(NPG!$A169,generale!$A$16:$A$4963,0),COLUMN()))","v":1},{"$f":"generale!G179","v":"P"},2,3,0,4,2,3,5,1,0,1,3,6,1,4,0,7,2,5,5,1,null,null,null,null,null,null,null,null,null,null,null,null,null,null,null,null,null,1,1,1,1,16,"9"]
[{"$f":"IF(generale!$A180>0,generale!$A180,\"\")","v":"2005-06-16"},{"$f":"IF(INDEX(generale!$A$16:$G$4963,MATCH(NPG!$A170,generale!$A$16:$A$4963,0),COLUMN())=0,0,INDEX(generale!$A$16:$G$4963,MATCH(NPG!$A170,generale!$A$16:$A$4963,0),COLUMN()))","v":9},{"$f":"IF(INDEX(generale!$A$16:$G$4963,MATCH(NPG!$A170,generale!$A$16:$A$4963,0),COLUMN())=0,0,INDEX(generale!$A$16:$G$4963,MATCH(NPG!$A170,generale!$A$16:$A$4963,0),COLUMN()))","v":8},{"$f":"IF(INDEX(generale!$A$16:$G$4963,MATCH(NPG!$A170,generale!$A$16:$A$4963,0),COLUMN())=0,0,INDEX(generale!$A$16:$G$4963,MATCH(NPG!$A170,generale!$A$16:$A$4963,0),COLUMN()))","v":10},{"$f":"IF(INDEX(generale!$A$16:$G$4963,MATCH(NPG!$A170,generale!$A$16:$A$4963,0),COLUMN())=0,0,INDEX(generale!$A$16:$G$4963,MATCH(NPG!$A170,generale!$A$16:$A$4963,0),COLUMN()))","v":5},{"$f":"IF(INDEX(generale!$A$16:$G$4963,MATCH(NPG!$A170,generale!$A$16:$A$4963,0),COLUMN())=0,0,INDEX(generale!$A$16:$G$4963,MATCH(NPG!$A170,generale!$A$16:$A$4963,0),COLUMN()))","v":1},{"$f":"generale!G180","v":"P"},3,4,1,5,3,4,6,0,0,0,4,7,2,5,1,8,2,5,5,1,null,null,null,null,null,null,null,null,null,null,null,null,null,null,null,null,null,1,1,1,1,16]
[{"$f":"IF(generale!$A181>0,generale!$A181,\"\")","v":"2005-06-17"},{"$f":"IF(INDEX(generale!$A$16:$G$4963,MATCH(NPG!$A171,generale!$A$16:$A$4963,0),COLUMN())=0,0,INDEX(generale!$A$16:$G$4963,MATCH(NPG!$A171,generale!$A$16:$A$4963,0),COLUMN()))","v":8},{"$f":"IF(INDEX(generale!$A$16:$G$4963,MATCH(NPG!$A171,generale!$A$16:$A$4963,0),COLUMN())=0,0,INDEX(generale!$A$16:$G$4963,MATCH(NPG!$A171,generale!$A$16:$A$4963,0),COLUMN()))","v":11},{"$f":"IF(INDEX(generale!$A$16:$G$4963,MATCH(NPG!$A171,generale!$A$16:$A$4963,0),COLUMN())=0,0,INDEX(generale!$A$16:$G$4963,MATCH(NPG!$A171,generale!$A$16:$A$4963,0),COLUMN()))","v":9},{"$f":"IF(INDEX(generale!$A$16:$G$4963,MATCH(NPG!$A171,generale!$A$16:$A$4963,0),COLUMN())=0,0,INDEX(generale!$A$16:$G$4963,MATCH(NPG!$A171,generale!$A$16:$A$4963,0),COLUMN()))","v":1},{"$f":"IF(INDEX(generale!$A$16:$G$4963,MATCH(NPG!$A171,generale!$A$16:$A$4963,0),COLUMN())=0,0,INDEX(generale!$A$16:$G$4963,MATCH(NPG!$A171,generale!$A$16:$A$4963,0),COLUMN()))","v":10},{"$f":"generale!G181","v":"T"},4,5,2,6,4,5,7,0,0,1,0,8,3,6,2,9,3,6,5,1,null,null,null,null,null,null,null,null,null,null,null,null,null,null,null,null,null,null,null,1,1,18]
[{"$f":"IF(generale!$A182>0,generale!$A182,\"\")","v":"2005-06-18"},{"$f":"IF(INDEX(generale!$A$16:$G$4963,MATCH(NPG!$A172,generale!$A$16:$A$4963,0),COLUMN())=0,0,INDEX(generale!$A$16:$G$4963,MATCH(NPG!$A172,generale!$A$16:$A$4963,0),COLUMN()))","v":1},{"$f":"IF(INDEX(generale!$A$16:$G$4963,MATCH(NPG!$A172,generale!$A$16:$A$4963,0),COLUMN())=0,0,INDEX(generale!$A$16:$G$4963,MATCH(NPG!$A172,generale!$A$16:$A$4963,0),COLUMN()))","v":2},{"$f":"IF(INDEX(generale!$A$16:$G$4963,MATCH(NPG!$A172,generale!$A$16:$A$4963,0),COLUMN())=0,0,INDEX(generale!$A$16:$G$4963,MATCH(NPG!$A172,generale!$A$16:$A$4963,0),COLUMN()))","v":4},{"$f":"IF(INDEX(generale!$A$16:$G$4963,MATCH(NPG!$A172,generale!$A$16:$A$4963,0),COLUMN())=0,0,INDEX(generale!$A$16:$G$4963,MATCH(NPG!$A172,generale!$A$16:$A$4963,0),COLUMN()))","v":7},{"$f":"IF(INDEX(generale!$A$16:$G$4963,MATCH(NPG!$A172,generale!$A$16:$A$4963,0),COLUMN())=0,0,INDEX(generale!$A$16:$G$4963,MATCH(NPG!$A172,generale!$A$16:$A$4963,0),COLUMN()))","v":3},{"$f":"generale!G182","v":"O"},0,0,3,0,5,6,8,1,1,2,1,9,4,7,3,10,3,6,5,1,null,null,null,null,null,null,null,null,null,null,null,null,null,null,null,null,null,1,1,1,1,16]
[{"$f":"IF(generale!$A183>0,generale!$A183,\"\")","v":"2005-06-19"},{"$f":"IF(INDEX(generale!$A$16:$G$4963,MATCH(NPG!$A173,generale!$A$16:$A$4963,0),COLUMN())=0,0,INDEX(generale!$A$16:$G$4963,MATCH(NPG!$A173,generale!$A$16:$A$4963,0),COLUMN()))","v":8},{"$f":"IF(INDEX(generale!$A$16:$G$4963,MATCH(NPG!$A173,generale!$A$16:$A$4963,0),COLUMN())=0,0,INDEX(generale!$A$16:$G$4963,MATCH(NPG!$A173,generale!$A$16:$A$4963,0),COLUMN()))","v":6},{"$f":"IF(INDEX(generale!$A$16:$G$4963,MATCH(NPG!$A173,generale!$A$16:$A$4963,0),COLUMN())=0,0,INDEX(generale!$A$16:$G$4963,MATCH(NPG!$A173,generale!$A$16:$A$4963,0),COLUMN()))","v":1},{"$f":"IF(INDEX(generale!$A$16:$G$4963,MATCH(NPG!$A173,generale!$A$16:$A$4963,0),COLUMN())=0,0,INDEX(generale!$A$16:$G$4963,MATCH(NPG!$A173,generale!$A$16:$A$4963,0),COLUMN()))","v":9},{"$f":"IF(INDEX(generale!$A$16:$G$4963,MATCH(NPG!$A173,generale!$A$16:$A$4963,0),COLUMN())=0,0,INDEX(generale!$A$16:$G$4963,MATCH(NPG!$A173,generale!$A$16:$A$4963,0),COLUMN()))","v":7},{"$f":"generale!G183","v":"T"},0,1,4,1,6,0,9,0,2,3,2,10,5,8,4,11,3,6,5,1,null,null,null,null,null,null,null,null,null,null,null,null,null,null,null,null,null,1,1,1,1,16]
[{"$f":"IF(generale!$A184>0,generale!$A184,\"\")","v":"2005-06-20"},{"$f":"IF(INDEX(generale!$A$16:$G$4963,MATCH(NPG!$A174,generale!$A$16:$A$4963,0),COLUMN())=0,0,INDEX(generale!$A$16:$G$4963,MATCH(NPG!$A174,generale!$A$16:$A$4963,0),COLUMN()))","v":7},{"$f":"IF(INDEX(generale!$A$16:$G$4963,MATCH(NPG!$A174,generale!$A$16:$A$4963,0),COLUMN())=0,0,INDEX(generale!$A$16:$G$4963,MATCH(NPG!$A174,generale!$A$16:$A$4963,0),COLUMN()))","v":2},{"$f":"IF(INDEX(generale!$A$16:$G$4963,MATCH(NPG!$A174,generale!$A$16:$A$4963,0),COLUMN())=0,0,INDEX(generale!$A$16:$G$4963,MATCH(NPG!$A174,generale!$A$16:$A$4963,0),COLUMN()))","v":9},{"$f":"IF(INDEX(generale!$A$16:$G$4963,MATCH(NPG!$A174,generale!$A$16:$A$4963,0),COLUMN())=0,0,INDEX(generale!$A$16:$G$4963,MATCH(NPG!$A174,generale!$A$16:$A$4963,0),COLUMN()))","v":10},{"$f":"IF(INDEX(generale!$A$16:$G$4963,MATCH(NPG!$A174,generale!$A$16:$A$4963,0),COLUMN())=0,0,INDEX(generale!$A$16:$G$4963,MATCH(NPG!$A174,generale!$A$16:$A$4963,0),COLUMN()))","v":6},{"$f":"generale!G184","v":"T"},1,0,5,2,7,1,0,1,0,4,3,11,6,9,5,11,3,6,5,1,null,null,null,null,null,null,null,null,null,null,null,null,null,null,null,null,1,1,1,1,1,15]
[{"$f":"IF(generale!$A185>0,generale!$A185,\"\")","v":"2005-06-21"},{"$f":"IF(INDEX(generale!$A$16:$G$4963,MATCH(NPG!$A175,generale!$A$16:$A$4963,0),COLUMN())=0,0,INDEX(generale!$A$16:$G$4963,MATCH(NPG!$A175,generale!$A$16:$A$4963,0),COLUMN()))","v":1},{"$f":"IF(INDEX(generale!$A$16:$G$4963,MATCH(NPG!$A175,generale!$A$16:$A$4963,0),COLUMN())=0,0,INDEX(generale!$A$16:$G$4963,MATCH(NPG!$A175,generale!$A$16:$A$4963,0),COLUMN()))","v":16},{"$f":"IF(INDEX(generale!$A$16:$G$4963,MATCH(NPG!$A175,generale!$A$16:$A$4963,0),COLUMN())=0,0,INDEX(generale!$A$16:$G$4963,MATCH(NPG!$A175,generale!$A$16:$A$4963,0),COLUMN()))","v":17},{"$f":"IF(INDEX(generale!$A$16:$G$4963,MATCH(NPG!$A175,generale!$A$16:$A$4963,0),COLUMN())=0,0,INDEX(generale!$A$16:$G$4963,MATCH(NPG!$A175,generale!$A$16:$A$4963,0),COLUMN()))","v":3},{"$f":"IF(INDEX(generale!$A$16:$G$4963,MATCH(NPG!$A175,generale!$A$16:$A$4963,0),COLUMN())=0,0,INDEX(generale!$A$16:$G$4963,MATCH(NPG!$A175,generale!$A$16:$A$4963,0),COLUMN()))","v":5},{"$f":"generale!G185","v":"P"},0,1,6,3,8,2,1,2,1,5,4,12,7,10,6,0,0,6,5,1,null,null,null,null,null,null,null,null,null,null,null,null,null,null,null,null,1,1,1,1,1,15,"7-15"]
[{"$f":"IF(generale!$A186>0,generale!$A186,\"\")","v":"2005-06-22"},{"$f":"IF(INDEX(generale!$A$16:$G$4963,MATCH(NPG!$A176,generale!$A$16:$A$4963,0),COLUMN())=0,0,INDEX(generale!$A$16:$G$4963,MATCH(NPG!$A176,generale!$A$16:$A$4963,0),COLUMN()))","v":14},{"$f":"IF(INDEX(generale!$A$16:$G$4963,MATCH(NPG!$A176,generale!$A$16:$A$4963,0),COLUMN())=0,0,INDEX(generale!$A$16:$G$4963,MATCH(NPG!$A176,generale!$A$16:$A$4963,0),COLUMN()))","v":1},{"$f":"IF(INDEX(generale!$A$16:$G$4963,MATCH(NPG!$A176,generale!$A$16:$A$4963,0),COLUMN())=0,0,INDEX(generale!$A$16:$G$4963,MATCH(NPG!$A176,generale!$A$16:$A$4963,0),COLUMN()))","v":5},{"$f":"IF(INDEX(generale!$A$16:$G$4963,MATCH(NPG!$A176,generale!$A$16:$A$4963,0),COLUMN())=0,0,INDEX(generale!$A$16:$G$4963,MATCH(NPG!$A176,generale!$A$16:$A$4963,0),COLUMN()))","v":2},{"$f":"IF(INDEX(generale!$A$16:$G$4963,MATCH(NPG!$A176,generale!$A$16:$A$4963,0),COLUMN())=0,0,INDEX(generale!$A$16:$G$4963,MATCH(NPG!$A176,generale!$A$16:$A$4963,0),COLUMN()))","v":12},{"$f":"generale!G186","v":"T"},0,2,7,4,0,3,2,3,2,6,5,13,8,0,7,1,1,7,5,1,null,null,null,null,null,null,null,null,null,null,null,null,null,null,null,null,null,null,null,1,1,18]
[{"$f":"IF(generale!$A187>0,generale!$A187,\"\")","v":"2005-06-23"},{"$f":"IF(INDEX(generale!$A$16:$G$4963,MATCH(NPG!$A177,generale!$A$16:$A$4963,0),COLUMN())=0,0,INDEX(generale!$A$16:$G$4963,MATCH(NPG!$A177,generale!$A$16:$A$4963,0),COLUMN()))","v":9},{"$f":"IF(INDEX(generale!$A$16:$G$4963,MATCH(NPG!$A177,generale!$A$16:$A$4963,0),COLUMN())=0,0,INDEX(generale!$A$16:$G$4963,MATCH(NPG!$A177,generale!$A$16:$A$4963,0),COLUMN()))","v":11},{"$f":"IF(INDEX(generale!$A$16:$G$4963,MATCH(NPG!$A177,generale!$A$16:$A$4963,0),COLUMN())=0,0,INDEX(generale!$A$16:$G$4963,MATCH(NPG!$A177,generale!$A$16:$A$4963,0),COLUMN()))","v":14},{"$f":"IF(INDEX(generale!$A$16:$G$4963,MATCH(NPG!$A177,generale!$A$16:$A$4963,0),COLUMN())=0,0,INDEX(generale!$A$16:$G$4963,MATCH(NPG!$A177,generale!$A$16:$A$4963,0),COLUMN()))","v":10},{"$f":"IF(INDEX(generale!$A$16:$G$4963,MATCH(NPG!$A177,generale!$A$16:$A$4963,0),COLUMN())=0,0,INDEX(generale!$A$16:$G$4963,MATCH(NPG!$A177,generale!$A$16:$A$4963,0),COLUMN()))","v":6},{"$f":"generale!G187","v":"P"},1,3,8,5,1,4,3,4,0,7,0,14,9,0,8,2,1,7,5,1,null,null,null,null,null,null,null,null,null,null,null,null,null,null,null,null,null,1,1,1,1,16]
[{"$f":"IF(generale!$A188>0,generale!$A188,\"\")","v":"2005-06-24"},{"$f":"IF(INDEX(generale!$A$16:$G$4963,MATCH(NPG!$A178,generale!$A$16:$A$4963,0),COLUMN())=0,0,INDEX(generale!$A$16:$G$4963,MATCH(NPG!$A178,generale!$A$16:$A$4963,0),COLUMN()))","v":16},{"$f":"IF(INDEX(generale!$A$16:$G$4963,MATCH(NPG!$A178,generale!$A$16:$A$4963,0),COLUMN())=0,0,INDEX(generale!$A$16:$G$4963,MATCH(NPG!$A178,generale!$A$16:$A$4963,0),COLUMN()))","v":2},{"$f":"IF(INDEX(generale!$A$16:$G$4963,MATCH(NPG!$A178,generale!$A$16:$A$4963,0),COLUMN())=0,0,INDEX(generale!$A$16:$G$4963,MATCH(NPG!$A178,generale!$A$16:$A$4963,0),COLUMN()))","v":8},{"$f":"IF(INDEX(generale!$A$16:$G$4963,MATCH(NPG!$A178,generale!$A$16:$A$4963,0),COLUMN())=0,0,INDEX(generale!$A$16:$G$4963,MATCH(NPG!$A178,generale!$A$16:$A$4963,0),COLUMN()))","v":12},{"$f":"IF(INDEX(generale!$A$16:$G$4963,MATCH(NPG!$A178,generale!$A$16:$A$4963,0),COLUMN())=0,0,INDEX(generale!$A$16:$G$4963,MATCH(NPG!$A178,generale!$A$16:$A$4963,0),COLUMN()))","v":14},{"$f":"generale!G188","v":"O"},2,0,9,6,2,5,4,0,1,8,1,15,10,1,9,0,1,7,5,1,null,null,null,null,null,null,null,null,null,null,null,null,null,null,null,null,1,1,1,1,1,15]
[{"$f":"IF(generale!$A189>0,generale!$A189,\"\")","v":"2005-06-25"},{"$f":"IF(INDEX(generale!$A$16:$G$4963,MATCH(NPG!$A179,generale!$A$16:$A$4963,0),COLUMN())=0,0,INDEX(generale!$A$16:$G$4963,MATCH(NPG!$A179,generale!$A$16:$A$4963,0),COLUMN()))","v":11},{"$f":"IF(INDEX(generale!$A$16:$G$4963,MATCH(NPG!$A179,generale!$A$16:$A$4963,0),COLUMN())=0,0,INDEX(generale!$A$16:$G$4963,MATCH(NPG!$A179,generale!$A$16:$A$4963,0),COLUMN()))","v":14},{"$f":"IF(INDEX(generale!$A$16:$G$4963,MATCH(NPG!$A179,generale!$A$16:$A$4963,0),COLUMN())=0,0,INDEX(generale!$A$16:$G$4963,MATCH(NPG!$A179,generale!$A$16:$A$4963,0),COLUMN()))","v":3},{"$f":"IF(INDEX(generale!$A$16:$G$4963,MATCH(NPG!$A179,generale!$A$16:$A$4963,0),COLUMN())=0,0,INDEX(generale!$A$16:$G$4963,MATCH(NPG!$A179,generale!$A$16:$A$4963,0),COLUMN()))","v":12},{"$f":"IF(INDEX(generale!$A$16:$G$4963,MATCH(NPG!$A179,generale!$A$16:$A$4963,0),COLUMN())=0,0,INDEX(generale!$A$16:$G$4963,MATCH(NPG!$A179,generale!$A$16:$A$4963,0),COLUMN()))","v":4},{"$f":"generale!G189","v":"T"},3,1,0,7,3,6,5,1,2,9,0,16,11,0,10,1,2,8,5,1,null,null,null,null,null,null,null,null,null,null,null,null,null,null,null,null,null,null,null,1,1,18]
[{"$f":"IF(generale!$A190>0,generale!$A190,\"\")","v":"2005-06-26"},{"$f":"IF(INDEX(generale!$A$16:$G$4963,MATCH(NPG!$A180,generale!$A$16:$A$4963,0),COLUMN())=0,0,INDEX(generale!$A$16:$G$4963,MATCH(NPG!$A180,generale!$A$16:$A$4963,0),COLUMN()))","v":3},{"$f":"IF(INDEX(generale!$A$16:$G$4963,MATCH(NPG!$A180,generale!$A$16:$A$4963,0),COLUMN())=0,0,INDEX(generale!$A$16:$G$4963,MATCH(NPG!$A180,generale!$A$16:$A$4963,0),COLUMN()))","v":7},{"$f":"IF(INDEX(generale!$A$16:$G$4963,MATCH(NPG!$A180,generale!$A$16:$A$4963,0),COLUMN())=0,0,INDEX(generale!$A$16:$G$4963,MATCH(NPG!$A180,generale!$A$16:$A$4963,0),COLUMN()))","v":2},{"$f":"IF(INDEX(generale!$A$16:$G$4963,MATCH(NPG!$A180,generale!$A$16:$A$4963,0),COLUMN())=0,0,INDEX(generale!$A$16:$G$4963,MATCH(NPG!$A180,generale!$A$16:$A$4963,0),COLUMN()))","v":17},{"$f":"IF(INDEX(generale!$A$16:$G$4963,MATCH(NPG!$A180,generale!$A$16:$A$4963,0),COLUMN())=0,0,INDEX(generale!$A$16:$G$4963,MATCH(NPG!$A180,generale!$A$16:$A$4963,0),COLUMN()))","v":11},{"$f":"generale!G190","v":"P"},4,0,0,8,4,7,0,2,3,10,1,17,12,1,11,2,3,8,5,1,null,null,null,null,null,null,null,null,null,null,null,null,null,null,null,null,null,null,1,1,1,17]
[{"$f":"IF(generale!$A191>0,generale!$A191,\"\")","v":"2005-06-27"},{"$f":"IF(INDEX(generale!$A$16:$G$4963,MATCH(NPG!$A181,generale!$A$16:$A$4963,0),COLUMN())=0,0,INDEX(generale!$A$16:$G$4963,MATCH(NPG!$A181,generale!$A$16:$A$4963,0),COLUMN()))","v":16},{"$f":"IF(INDEX(generale!$A$16:$G$4963,MATCH(NPG!$A181,generale!$A$16:$A$4963,0),COLUMN())=0,0,INDEX(generale!$A$16:$G$4963,MATCH(NPG!$A181,generale!$A$16:$A$4963,0),COLUMN()))","v":9},{"$f":"IF(INDEX(generale!$A$16:$G$4963,MATCH(NPG!$A181,generale!$A$16:$A$4963,0),COLUMN())=0,0,INDEX(generale!$A$16:$G$4963,MATCH(NPG!$A181,generale!$A$16:$A$4963,0),COLUMN()))","v":13},{"$f":"IF(INDEX(generale!$A$16:$G$4963,MATCH(NPG!$A181,generale!$A$16:$A$4963,0),COLUMN())=0,0,INDEX(generale!$A$16:$G$4963,MATCH(NPG!$A181,generale!$A$16:$A$4963,0),COLUMN()))","v":12},{"$f":"IF(INDEX(generale!$A$16:$G$4963,MATCH(NPG!$A181,generale!$A$16:$A$4963,0),COLUMN())=0,0,INDEX(generale!$A$16:$G$4963,MATCH(NPG!$A181,generale!$A$16:$A$4963,0),COLUMN()))","v":15},{"$f":"generale!G191","v":"P"},5,1,1,9,5,8,1,3,0,11,2,18,0,2,12,0,3,8,5,1,null,null,null,null,null,null,null,null,null,null,null,null,null,null,null,null,null,1,1,1,1,16,"6"]
[{"$f":"IF(generale!$A192>0,generale!$A192,\"\")","v":"2005-06-28"},{"$f":"IF(INDEX(generale!$A$16:$G$4963,MATCH(NPG!$A182,generale!$A$16:$A$4963,0),COLUMN())=0,0,INDEX(generale!$A$16:$G$4963,MATCH(NPG!$A182,generale!$A$16:$A$4963,0),COLUMN()))","v":1},{"$f":"IF(INDEX(generale!$A$16:$G$4963,MATCH(NPG!$A182,generale!$A$16:$A$4963,0),COLUMN())=0,0,INDEX(generale!$A$16:$G$4963,MATCH(NPG!$A182,generale!$A$16:$A$4963,0),COLUMN()))","v":15},{"$f":"IF(INDEX(generale!$A$16:$G$4963,MATCH(NPG!$A182,generale!$A$16:$A$4963,0),COLUMN())=0,0,INDEX(generale!$A$16:$G$4963,MATCH(NPG!$A182,generale!$A$16:$A$4963,0),COLUMN()))","v":2},{"$f":"IF(INDEX(generale!$A$16:$G$4963,MATCH(NPG!$A182,generale!$A$16:$A$4963,0),COLUMN())=0,0,INDEX(generale!$A$16:$G$4963,MATCH(NPG!$A182,generale!$A$16:$A$4963,0),COLUMN()))","v":7},{"$f":"IF(INDEX(generale!$A$16:$G$4963,MATCH(NPG!$A182,generale!$A$16:$A$4963,0),COLUMN())=0,0,INDEX(generale!$A$16:$G$4963,MATCH(NPG!$A182,generale!$A$16:$A$4963,0),COLUMN()))","v":4},{"$f":"generale!G192","v":"T"},0,0,2,10,6,9,2,4,1,12,3,19,1,3,0,1,3,8,5,1,null,null,null,null,null,null,null,null,null,null,null,null,null,null,null,null,null,1,1,1,1,16]
[{"$f":"IF(generale!$A193>0,generale!$A193,\"\")","v":"2005-06-29"},{"$f":"IF(INDEX(generale!$A$16:$G$4963,MATCH(NPG!$A183,generale!$A$16:$A$4963,0),COLUMN())=0,0,INDEX(generale!$A$16:$G$4963,MATCH(NPG!$A183,generale!$A$16:$A$4963,0),COLUMN()))","v":12},{"$f":"IF(INDEX(generale!$A$16:$G$4963,MATCH(NPG!$A183,generale!$A$16:$A$4963,0),COLUMN())=0,0,INDEX(generale!$A$16:$G$4963,MATCH(NPG!$A183,generale!$A$16:$A$4963,0),COLUMN()))","v":11},{"$f":"IF(INDEX(generale!$A$16:$G$4963,MATCH(NPG!$A183,generale!$A$16:$A$4963,0),COLUMN())=0,0,INDEX(generale!$A$16:$G$4963,MATCH(NPG!$A183,generale!$A$16:$A$4963,0),COLUMN()))","v":14},{"$f":"IF(INDEX(generale!$A$16:$G$4963,MATCH(NPG!$A183,generale!$A$16:$A$4963,0),COLUMN())=0,0,INDEX(generale!$A$16:$G$4963,MATCH(NPG!$A183,generale!$A$16:$A$4963,0),COLUMN()))","v":13},{"$f":"IF(INDEX(generale!$A$16:$G$4963,MATCH(NPG!$A183,generale!$A$16:$A$4963,0),COLUMN())=0,0,INDEX(generale!$A$16:$G$4963,MATCH(NPG!$A183,generale!$A$16:$A$4963,0),COLUMN()))","v":4},{"$f":"generale!G193","v":"P"},1,1,3,11,7,10,3,5,2,13,0,0,2,0,1,2,3,8,5,1,null,null,null,null,null,null,null,null,null,null,null,null,null,null,null,null,null,1,1,1,1,16]
[{"$f":"IF(generale!$A194>0,generale!$A194,\"\")","v":"2005-06-30"},{"$f":"IF(INDEX(generale!$A$16:$G$4963,MATCH(NPG!$A184,generale!$A$16:$A$4963,0),COLUMN())=0,0,INDEX(generale!$A$16:$G$4963,MATCH(NPG!$A184,generale!$A$16:$A$4963,0),COLUMN()))","v":4},{"$f":"IF(INDEX(generale!$A$16:$G$4963,MATCH(NPG!$A184,generale!$A$16:$A$4963,0),COLUMN())=0,0,INDEX(generale!$A$16:$G$4963,MATCH(NPG!$A184,generale!$A$16:$A$4963,0),COLUMN()))","v":14},{"$f":"IF(INDEX(generale!$A$16:$G$4963,MATCH(NPG!$A184,generale!$A$16:$A$4963,0),COLUMN())=0,0,INDEX(generale!$A$16:$G$4963,MATCH(NPG!$A184,generale!$A$16:$A$4963,0),COLUMN()))","v":13},{"$f":"IF(INDEX(generale!$A$16:$G$4963,MATCH(NPG!$A184,generale!$A$16:$A$4963,0),COLUMN())=0,0,INDEX(generale!$A$16:$G$4963,MATCH(NPG!$A184,generale!$A$16:$A$4963,0),COLUMN()))","v":6},{"$f":"IF(INDEX(generale!$A$16:$G$4963,MATCH(NPG!$A184,generale!$A$16:$A$4963,0),COLUMN())=0,0,INDEX(generale!$A$16:$G$4963,MATCH(NPG!$A184,generale!$A$16:$A$4963,0),COLUMN()))","v":9},{"$f":"generale!G194","v":"T"},2,2,4,0,8,11,4,6,3,14,1,1,0,0,2,3,3,8,5,1,null,null,null,null,null,null,null,null,null,null,null,null,null,null,null,null,null,1,1,1,1,16]
[{"$f":"IF(generale!$A195>0,generale!$A195,\"\")","v":"2005-07-01"},{"$f":"IF(INDEX(generale!$A$16:$G$4963,MATCH(NPG!$A185,generale!$A$16:$A$4963,0),COLUMN())=0,0,INDEX(generale!$A$16:$G$4963,MATCH(NPG!$A185,generale!$A$16:$A$4963,0),COLUMN()))","v":1},{"$f":"IF(INDEX(generale!$A$16:$G$4963,MATCH(NPG!$A185,generale!$A$16:$A$4963,0),COLUMN())=0,0,INDEX(generale!$A$16:$G$4963,MATCH(NPG!$A185,generale!$A$16:$A$4963,0),COLUMN()))","v":18},{"$f":"IF(INDEX(generale!$A$16:$G$4963,MATCH(NPG!$A185,generale!$A$16:$A$4963,0),COLUMN())=0,0,INDEX(generale!$A$16:$G$4963,MATCH(NPG!$A185,generale!$A$16:$A$4963,0),COLUMN()))","v":10},{"$f":"IF(INDEX(generale!$A$16:$G$4963,MATCH(NPG!$A185,generale!$A$16:$A$4963,0),COLUMN())=0,0,INDEX(generale!$A$16:$G$4963,MATCH(NPG!$A185,generale!$A$16:$A$4963,0),COLUMN()))","v":11},{"$f":"IF(INDEX(generale!$A$16:$G$4963,MATCH(NPG!$A185,generale!$A$16:$A$4963,0),COLUMN())=0,0,INDEX(generale!$A$16:$G$4963,MATCH(NPG!$A185,generale!$A$16:$A$4963,0),COLUMN()))","v":14},{"$f":"generale!G195","v":"T"},0,3,5,1,9,12,5,7,4,0,2,2,1,1,3,4,3,0,5,1,null,null,null,null,null,null,null,null,null,null,null,null,null,null,null,null,null,1,1,1,1,16]
[{"$f":"IF(generale!$A196>0,generale!$A196,\"\")","v":"2005-07-02"},{"$f":"IF(INDEX(generale!$A$16:$G$4963,MATCH(NPG!$A186,generale!$A$16:$A$4963,0),COLUMN())=0,0,INDEX(generale!$A$16:$G$4963,MATCH(NPG!$A186,generale!$A$16:$A$4963,0),COLUMN()))","v":8},{"$f":"IF(INDEX(generale!$A$16:$G$4963,MATCH(NPG!$A186,generale!$A$16:$A$4963,0),COLUMN())=0,0,INDEX(generale!$A$16:$G$4963,MATCH(NPG!$A186,generale!$A$16:$A$4963,0),COLUMN()))","v":1},{"$f":"IF(INDEX(generale!$A$16:$G$4963,MATCH(NPG!$A186,generale!$A$16:$A$4963,0),COLUMN())=0,0,INDEX(generale!$A$16:$G$4963,MATCH(NPG!$A186,generale!$A$16:$A$4963,0),COLUMN()))","v":3},{"$f":"IF(INDEX(generale!$A$16:$G$4963,MATCH(NPG!$A186,generale!$A$16:$A$4963,0),COLUMN())=0,0,INDEX(generale!$A$16:$G$4963,MATCH(NPG!$A186,generale!$A$16:$A$4963,0),COLUMN()))","v":7},{"$f":"IF(INDEX(generale!$A$16:$G$4963,MATCH(NPG!$A186,generale!$A$16:$A$4963,0),COLUMN())=0,0,INDEX(generale!$A$16:$G$4963,MATCH(NPG!$A186,generale!$A$16:$A$4963,0),COLUMN()))","v":2},{"$f":"generale!G196","v":"P"},0,4,0,2,10,13,6,0,5,1,3,3,2,2,4,5,3,0,5,1,null,null,null,null,null,null,null,null,null,null,null,null,null,null,null,null,null,1,1,1,1,16]
[{"$f":"IF(generale!$A197>0,generale!$A197,\"\")","v":"2005-07-03"},{"$f":"IF(INDEX(generale!$A$16:$G$4963,MATCH(NPG!$A187,generale!$A$16:$A$4963,0),COLUMN())=0,0,INDEX(generale!$A$16:$G$4963,MATCH(NPG!$A187,generale!$A$16:$A$4963,0),COLUMN()))","v":12},{"$f":"IF(INDEX(generale!$A$16:$G$4963,MATCH(NPG!$A187,generale!$A$16:$A$4963,0),COLUMN())=0,0,INDEX(generale!$A$16:$G$4963,MATCH(NPG!$A187,generale!$A$16:$A$4963,0),COLUMN()))","v":4},{"$f":"IF(INDEX(generale!$A$16:$G$4963,MATCH(NPG!$A187,generale!$A$16:$A$4963,0),COLUMN())=0,0,INDEX(generale!$A$16:$G$4963,MATCH(NPG!$A187,generale!$A$16:$A$4963,0),COLUMN()))","v":3},{"$f":"IF(INDEX(generale!$A$16:$G$4963,MATCH(NPG!$A187,generale!$A$16:$A$4963,0),COLUMN())=0,0,INDEX(generale!$A$16:$G$4963,MATCH(NPG!$A187,generale!$A$16:$A$4963,0),COLUMN()))","v":5},{"$f":"IF(INDEX(generale!$A$16:$G$4963,MATCH(NPG!$A187,generale!$A$16:$A$4963,0),COLUMN())=0,0,INDEX(generale!$A$16:$G$4963,MATCH(NPG!$A187,generale!$A$16:$A$4963,0),COLUMN()))","v":7},{"$f":"generale!G197","v":"P"},1,5,0,0,11,14,7,1,6,2,4,0,3,3,5,6,3,0,5,1,null,null,null,null,null,null,null,null,null,null,null,null,null,null,null,null,null,1,1,1,1,16]
[{"$f":"IF(generale!$A198>0,generale!$A198,\"\")","v":"2005-07-04"},{"$f":"IF(INDEX(generale!$A$16:$G$4963,MATCH(NPG!$A188,generale!$A$16:$A$4963,0),COLUMN())=0,0,INDEX(generale!$A$16:$G$4963,MATCH(NPG!$A188,generale!$A$16:$A$4963,0),COLUMN()))","v":15},{"$f":"IF(INDEX(generale!$A$16:$G$4963,MATCH(NPG!$A188,generale!$A$16:$A$4963,0),COLUMN())=0,0,INDEX(generale!$A$16:$G$4963,MATCH(NPG!$A188,generale!$A$16:$A$4963,0),COLUMN()))","v":16},{"$f":"IF(INDEX(generale!$A$16:$G$4963,MATCH(NPG!$A188,generale!$A$16:$A$4963,0),COLUMN())=0,0,INDEX(generale!$A$16:$G$4963,MATCH(NPG!$A188,generale!$A$16:$A$4963,0),COLUMN()))","v":10},{"$f":"IF(INDEX(generale!$A$16:$G$4963,MATCH(NPG!$A188,generale!$A$16:$A$4963,0),COLUMN())=0,0,INDEX(generale!$A$16:$G$4963,MATCH(NPG!$A188,generale!$A$16:$A$4963,0),COLUMN()))","v":1},{"$f":"IF(INDEX(generale!$A$16:$G$4963,MATCH(NPG!$A188,generale!$A$16:$A$4963,0),COLUMN())=0,0,INDEX(generale!$A$16:$G$4963,MATCH(NPG!$A188,generale!$A$16:$A$4963,0),COLUMN()))","v":9},{"$f":"generale!G198","v":"O"},2,6,1,1,12,15,8,2,7,0,5,1,4,4,0,0,4,1,5,1,null,null,null,null,null,null,null,null,null,null,null,null,null,null,null,null,null,null,null,1,1,18]
[{"$f":"IF(generale!$A199>0,generale!$A199,\"\")","v":"2005-07-05"},{"$f":"IF(INDEX(generale!$A$16:$G$4963,MATCH(NPG!$A189,generale!$A$16:$A$4963,0),COLUMN())=0,0,INDEX(generale!$A$16:$G$4963,MATCH(NPG!$A189,generale!$A$16:$A$4963,0),COLUMN()))","v":3},{"$f":"IF(INDEX(generale!$A$16:$G$4963,MATCH(NPG!$A189,generale!$A$16:$A$4963,0),COLUMN())=0,0,INDEX(generale!$A$16:$G$4963,MATCH(NPG!$A189,generale!$A$16:$A$4963,0),COLUMN()))","v":4},{"$f":"IF(INDEX(generale!$A$16:$G$4963,MATCH(NPG!$A189,generale!$A$16:$A$4963,0),COLUMN())=0,0,INDEX(generale!$A$16:$G$4963,MATCH(NPG!$A189,generale!$A$16:$A$4963,0),COLUMN()))","v":5},{"$f":"IF(INDEX(generale!$A$16:$G$4963,MATCH(NPG!$A189,generale!$A$16:$A$4963,0),COLUMN())=0,0,INDEX(generale!$A$16:$G$4963,MATCH(NPG!$A189,generale!$A$16:$A$4963,0),COLUMN()))","v":6},{"$f":"IF(INDEX(generale!$A$16:$G$4963,MATCH(NPG!$A189,generale!$A$16:$A$4963,0),COLUMN())=0,0,INDEX(generale!$A$16:$G$4963,MATCH(NPG!$A189,generale!$A$16:$A$4963,0),COLUMN()))","v":16},{"$f":"generale!G199","v":"P"},3,7,0,0,0,16,9,3,8,1,6,2,5,5,1,0,4,1,5,1,null,null,null,null,null,null,null,null,null,null,null,null,null,null,null,null,1,1,1,1,1,15]
[{"$f":"IF(generale!$A200>0,generale!$A200,\"\")","v":"2005-07-06"},{"$f":"IF(INDEX(generale!$A$16:$G$4963,MATCH(NPG!$A190,generale!$A$16:$A$4963,0),COLUMN())=0,0,INDEX(generale!$A$16:$G$4963,MATCH(NPG!$A190,generale!$A$16:$A$4963,0),COLUMN()))","v":15},{"$f":"IF(INDEX(generale!$A$16:$G$4963,MATCH(NPG!$A190,generale!$A$16:$A$4963,0),COLUMN())=0,0,INDEX(generale!$A$16:$G$4963,MATCH(NPG!$A190,generale!$A$16:$A$4963,0),COLUMN()))","v":5},{"$f":"IF(INDEX(generale!$A$16:$G$4963,MATCH(NPG!$A190,generale!$A$16:$A$4963,0),COLUMN())=0,0,INDEX(generale!$A$16:$G$4963,MATCH(NPG!$A190,generale!$A$16:$A$4963,0),COLUMN()))","v":6},{"$f":"IF(INDEX(generale!$A$16:$G$4963,MATCH(NPG!$A190,generale!$A$16:$A$4963,0),COLUMN())=0,0,INDEX(generale!$A$16:$G$4963,MATCH(NPG!$A190,generale!$A$16:$A$4963,0),COLUMN()))","v":3},{"$f":"IF(INDEX(generale!$A$16:$G$4963,MATCH(NPG!$A190,generale!$A$16:$A$4963,0),COLUMN())=0,0,INDEX(generale!$A$16:$G$4963,MATCH(NPG!$A190,generale!$A$16:$A$4963,0),COLUMN()))","v":12},{"$f":"generale!G200","v":"T"},4,8,1,1,0,0,10,4,9,2,7,3,6,6,0,1,4,1,5,1,null,null,null,null,null,null,null,null,null,null,null,null,null,null,null,null,null,1,1,1,1,16,"8-14"]
[{"$f":"IF(generale!$A201>0,generale!$A201,\"\")","v":"2005-07-07"},{"$f":"IF(INDEX(generale!$A$16:$G$4963,MATCH(NPG!$A191,generale!$A$16:$A$4963,0),COLUMN())=0,0,INDEX(generale!$A$16:$G$4963,MATCH(NPG!$A191,generale!$A$16:$A$4963,0),COLUMN()))","v":6},{"$f":"IF(INDEX(generale!$A$16:$G$4963,MATCH(NPG!$A191,generale!$A$16:$A$4963,0),COLUMN())=0,0,INDEX(generale!$A$16:$G$4963,MATCH(NPG!$A191,generale!$A$16:$A$4963,0),COLUMN()))","v":5},{"$f":"IF(INDEX(generale!$A$16:$G$4963,MATCH(NPG!$A191,generale!$A$16:$A$4963,0),COLUMN())=0,0,INDEX(generale!$A$16:$G$4963,MATCH(NPG!$A191,generale!$A$16:$A$4963,0),COLUMN()))","v":17},{"$f":"IF(INDEX(generale!$A$16:$G$4963,MATCH(NPG!$A191,generale!$A$16:$A$4963,0),COLUMN())=0,0,INDEX(generale!$A$16:$G$4963,MATCH(NPG!$A191,generale!$A$16:$A$4963,0),COLUMN()))","v":4},{"$f":"IF(INDEX(generale!$A$16:$G$4963,MATCH(NPG!$A191,generale!$A$16:$A$4963,0),COLUMN())=0,0,INDEX(generale!$A$16:$G$4963,MATCH(NPG!$A191,generale!$A$16:$A$4963,0),COLUMN()))","v":3},{"$f":"generale!G201","v":"T"},5,9,2,2,0,0,11,5,10,3,8,4,7,7,1,2,0,1,5,1,null,null,null,null,null,null,null,null,null,null,null,null,null,null,null,null,null,1,1,1,1,16]
[{"$f":"IF(generale!$A202>0,generale!$A202,\"\")","v":"2005-07-08"},{"$f":"IF(INDEX(generale!$A$16:$G$4963,MATCH(NPG!$A192,generale!$A$16:$A$4963,0),COLUMN())=0,0,INDEX(generale!$A$16:$G$4963,MATCH(NPG!$A192,generale!$A$16:$A$4963,0),COLUMN()))","v":8},{"$f":"IF(INDEX(generale!$A$16:$G$4963,MATCH(NPG!$A192,generale!$A$16:$A$4963,0),COLUMN())=0,0,INDEX(generale!$A$16:$G$4963,MATCH(NPG!$A192,generale!$A$16:$A$4963,0),COLUMN()))","v":12},{"$f":"IF(INDEX(generale!$A$16:$G$4963,MATCH(NPG!$A192,generale!$A$16:$A$4963,0),COLUMN())=0,0,INDEX(generale!$A$16:$G$4963,MATCH(NPG!$A192,generale!$A$16:$A$4963,0),COLUMN()))","v":4},{"$f":"IF(INDEX(generale!$A$16:$G$4963,MATCH(NPG!$A192,generale!$A$16:$A$4963,0),COLUMN())=0,0,INDEX(generale!$A$16:$G$4963,MATCH(NPG!$A192,generale!$A$16:$A$4963,0),COLUMN()))","v":13},{"$f":"IF(INDEX(generale!$A$16:$G$4963,MATCH(NPG!$A192,generale!$A$16:$A$4963,0),COLUMN())=0,0,INDEX(generale!$A$16:$G$4963,MATCH(NPG!$A192,generale!$A$16:$A$4963,0),COLUMN()))","v":1},{"$f":"generale!G202","v":"T"},6,10,3,0,1,1,12,0,11,4,9,0,8,8,2,3,0,1,5,1,null,null,null,null,null,null,null,null,null,null,null,null,null,null,null,null,null,1,1,1,1,16]
[{"$f":"IF(generale!$A203>0,generale!$A203,\"\")","v":"2005-07-09"},{"$f":"IF(INDEX(generale!$A$16:$G$4963,MATCH(NPG!$A193,generale!$A$16:$A$4963,0),COLUMN())=0,0,INDEX(generale!$A$16:$G$4963,MATCH(NPG!$A193,generale!$A$16:$A$4963,0),COLUMN()))","v":13},{"$f":"IF(INDEX(generale!$A$16:$G$4963,MATCH(NPG!$A193,generale!$A$16:$A$4963,0),COLUMN())=0,0,INDEX(generale!$A$16:$G$4963,MATCH(NPG!$A193,generale!$A$16:$A$4963,0),COLUMN()))","v":7},{"$f":"IF(INDEX(generale!$A$16:$G$4963,MATCH(NPG!$A193,generale!$A$16:$A$4963,0),COLUMN())=0,0,INDEX(generale!$A$16:$G$4963,MATCH(NPG!$A193,generale!$A$16:$A$4963,0),COLUMN()))","v":8},{"$f":"IF(INDEX(generale!$A$16:$G$4963,MATCH(NPG!$A193,generale!$A$16:$A$4963,0),COLUMN())=0,0,INDEX(generale!$A$16:$G$4963,MATCH(NPG!$A193,generale!$A$16:$A$4963,0),COLUMN()))","v":3},{"$f":"IF(INDEX(generale!$A$16:$G$4963,MATCH(NPG!$A193,generale!$A$16:$A$4963,0),COLUMN())=0,0,INDEX(generale!$A$16:$G$4963,MATCH(NPG!$A193,generale!$A$16:$A$4963,0),COLUMN()))","v":10},{"$f":"generale!G203","v":"T"},7,11,4,1,2,2,0,0,12,5,10,1,0,9,3,3,0,1,5,1,null,null,null,null,null,null,null,null,null,null,null,null,null,null,null,null,1,1,1,1,1,15]
[{"$f":"IF(generale!$A204>0,generale!$A204,\"\")","v":"2005-07-10"},{"$f":"IF(INDEX(generale!$A$16:$G$4963,MATCH(NPG!$A194,generale!$A$16:$A$4963,0),COLUMN())=0,0,INDEX(generale!$A$16:$G$4963,MATCH(NPG!$A194,generale!$A$16:$A$4963,0),COLUMN()))","v":15},{"$f":"IF(INDEX(generale!$A$16:$G$4963,MATCH(NPG!$A194,generale!$A$16:$A$4963,0),COLUMN())=0,0,INDEX(generale!$A$16:$G$4963,MATCH(NPG!$A194,generale!$A$16:$A$4963,0),COLUMN()))","v":6},{"$f":"IF(INDEX(generale!$A$16:$G$4963,MATCH(NPG!$A194,generale!$A$16:$A$4963,0),COLUMN())=0,0,INDEX(generale!$A$16:$G$4963,MATCH(NPG!$A194,generale!$A$16:$A$4963,0),COLUMN()))","v":9},{"$f":"IF(INDEX(generale!$A$16:$G$4963,MATCH(NPG!$A194,generale!$A$16:$A$4963,0),COLUMN())=0,0,INDEX(generale!$A$16:$G$4963,MATCH(NPG!$A194,generale!$A$16:$A$4963,0),COLUMN()))","v":8},{"$f":"IF(INDEX(generale!$A$16:$G$4963,MATCH(NPG!$A194,generale!$A$16:$A$4963,0),COLUMN())=0,0,INDEX(generale!$A$16:$G$4963,MATCH(NPG!$A194,generale!$A$16:$A$4963,0),COLUMN()))","v":17},{"$f":"generale!G204","v":"P"},8,12,5,2,3,0,1,1,0,6,11,2,1,10,0,3,0,1,5,1,null,null,null,null,null,null,null,null,null,null,null,null,null,null,null,null,1,1,1,1,1,15]
[{"$f":"IF(generale!$A205>0,generale!$A205,\"\")","v":"2005-07-11"},{"$f":"IF(INDEX(generale!$A$16:$G$4963,MATCH(NPG!$A195,generale!$A$16:$A$4963,0),COLUMN())=0,0,INDEX(generale!$A$16:$G$4963,MATCH(NPG!$A195,generale!$A$16:$A$4963,0),COLUMN()))","v":3},{"$f":"IF(INDEX(generale!$A$16:$G$4963,MATCH(NPG!$A195,generale!$A$16:$A$4963,0),COLUMN())=0,0,INDEX(generale!$A$16:$G$4963,MATCH(NPG!$A195,generale!$A$16:$A$4963,0),COLUMN()))","v":13},{"$f":"IF(INDEX(generale!$A$16:$G$4963,MATCH(NPG!$A195,generale!$A$16:$A$4963,0),COLUMN())=0,0,INDEX(generale!$A$16:$G$4963,MATCH(NPG!$A195,generale!$A$16:$A$4963,0),COLUMN()))","v":7},{"$f":"IF(INDEX(generale!$A$16:$G$4963,MATCH(NPG!$A195,generale!$A$16:$A$4963,0),COLUMN())=0,0,INDEX(generale!$A$16:$G$4963,MATCH(NPG!$A195,generale!$A$16:$A$4963,0),COLUMN()))","v":4},{"$f":"IF(INDEX(generale!$A$16:$G$4963,MATCH(NPG!$A195,generale!$A$16:$A$4963,0),COLUMN())=0,0,INDEX(generale!$A$16:$G$4963,MATCH(NPG!$A195,generale!$A$16:$A$4963,0),COLUMN()))","v":12},{"$f":"generale!G205","v":"P"},9,13,0,3,4,1,0,2,1,7,12,3,0,11,1,3,0,1,5,1,null,null,null,null,null,null,null,null,null,null,null,null,null,null,null,null,1,1,1,1,1,15]
[{"$f":"IF(generale!$A206>0,generale!$A206,\"\")","v":"2005-07-12"},{"$f":"IF(INDEX(generale!$A$16:$G$4963,MATCH(NPG!$A196,generale!$A$16:$A$4963,0),COLUMN())=0,0,INDEX(generale!$A$16:$G$4963,MATCH(NPG!$A196,generale!$A$16:$A$4963,0),COLUMN()))","v":8},{"$f":"IF(INDEX(generale!$A$16:$G$4963,MATCH(NPG!$A196,generale!$A$16:$A$4963,0),COLUMN())=0,0,INDEX(generale!$A$16:$G$4963,MATCH(NPG!$A196,generale!$A$16:$A$4963,0),COLUMN()))","v":17},{"$f":"IF(INDEX(generale!$A$16:$G$4963,MATCH(NPG!$A196,generale!$A$16:$A$4963,0),COLUMN())=0,0,INDEX(generale!$A$16:$G$4963,MATCH(NPG!$A196,generale!$A$16:$A$4963,0),COLUMN()))","v":15},{"$f":"IF(INDEX(generale!$A$16:$G$4963,MATCH(NPG!$A196,generale!$A$16:$A$4963,0),COLUMN())=0,0,INDEX(generale!$A$16:$G$4963,MATCH(NPG!$A196,generale!$A$16:$A$4963,0),COLUMN()))","v":10},{"$f":"IF(INDEX(generale!$A$16:$G$4963,MATCH(NPG!$A196,generale!$A$16:$A$4963,0),COLUMN())=0,0,INDEX(generale!$A$16:$G$4963,MATCH(NPG!$A196,generale!$A$16:$A$4963,0),COLUMN()))","v":6},{"$f":"generale!G206","v":"O"},{"$f":"IF($G196<>0,IF(OR(LEN(SUBSTITUTE(SUBSTITUTE($B196,H$1,,1),,1))=0,LEN(SUBSTITUTE(SUBSTITUTE($C196,H$1,,1),,1))=0,LEN(SUBSTITUTE(SUBSTITUTE($D196,H$1,,1),,1))=0),0,H195+1-AC196),\"\")","v":10},{"$f":"IF($G196<>0,IF(OR(LEN(SUBSTITUTE(SUBSTITUTE($B196,I$1,,1),,1))=0,LEN(SUBSTITUTE(SUBSTITUTE($C196,I$1,,1),,1))=0,LEN(SUBSTITUTE(SUBSTITUTE($D196,I$1,,1),,1))=0),0,I195+1-AD196),\"\")","v":14},{"$f":"IF($G196<>0,IF(OR(LEN(SUBSTITUTE(SUBSTITUTE($B196,J$1,,1),,1))=0,LEN(SUBSTITUTE(SUBSTITUTE($C196,J$1,,1),,1))=0,LEN(SUBSTITUTE(SUBSTITUTE($D196,J$1,,1),,1))=0),0,J195+1-AE196),\"\")","v":1},{"$f":"IF($G196<>0,IF(OR(LEN(SUBSTITUTE(SUBSTITUTE($B196,K$1,,1),,1))=0,LEN(SUBSTITUTE(SUBSTITUTE($C196,K$1,,1),,1))=0,LEN(SUBSTITUTE(SUBSTITUTE($D196,K$1,,1),,1))=0),0,K195+1-AF196),\"\")","v":4},{"$f":"IF($G196<>0,IF(OR(LEN(SUBSTITUTE(SUBSTITUTE($B196,L$1,,1),,1))=0,LEN(SUBSTITUTE(SUBSTITUTE($C196,L$1,,1),,1))=0,LEN(SUBSTITUTE(SUBSTITUTE($D196,L$1,,1),,1))=0),0,L195+1-AG196),\"\")","v":5},{"$f":"IF($G196<>0,IF(OR(LEN(SUBSTITUTE(SUBSTITUTE($B196,M$1,,1),,1))=0,LEN(SUBSTITUTE(SUBSTITUTE($C196,M$1,,1),,1))=0,LEN(SUBSTITUTE(SUBSTITUTE($D196,M$1,,1),,1))=0),0,M195+1-AH196),\"\")","v":2},{"$f":"IF($G196<>0,IF(OR(LEN(SUBSTITUTE(SUBSTITUTE($B196,N$1,,1),,1))=0,LEN(SUBSTITUTE(SUBSTITUTE($C196,N$1,,1),,1))=0,LEN(SUBSTITUTE(SUBSTITUTE($D196,N$1,,1),,1))=0),0,N195+1-AI196),\"\")","v":1},{"$f":"IF($G196<>0,IF(OR(LEN(SUBSTITUTE(SUBSTITUTE($B196,O$1,,1),,1))=0,LEN(SUBSTITUTE(SUBSTITUTE($C196,O$1,,1),,1))=0,LEN(SUBSTITUTE(SUBSTITUTE($D196,O$1,,1),,1))=0),0,O195+1-AJ196),\"\")","v":0},{"$f":"IF($G196<>0,IF(OR(LEN(SUBSTITUTE(SUBSTITUTE($B196,P$1,,1),,1))=0,LEN(SUBSTITUTE(SUBSTITUTE($C196,P$1,,1),,1))=0,LEN(SUBSTITUTE(SUBSTITUTE($D196,P$1,,1),,1))=0),0,P195+1-AK196),\"\")","v":2},{"$f":"IF($G196<>0,IF(OR(LEN(SUBSTITUTE(SUBSTITUTE($B196,Q$1,,1),,1))=0,LEN(SUBSTITUTE(SUBSTITUTE($C196,Q$1,,1),,1))=0,LEN(SUBSTITUTE(SUBSTITUTE($D196,Q$1,,1),,1))=0),0,Q195+1-AL196),\"\")","v":8},{"$f":"IF($G196<>0,IF(OR(LEN(SUBSTITUTE(SUBSTITUTE($B196,R$1,,1),,1))=0,LEN(SUBSTITUTE(SUBSTITUTE($C196,R$1,,1),,1))=0,LEN(SUBSTITUTE(SUBSTITUTE($D196,R$1,,1),,1))=0),0,R195+1-AM196),\"\")","v":13},{"$f":"IF($G196<>0,IF(OR(LEN(SUBSTITUTE(SUBSTITUTE($B196,S$1,,1),,1))=0,LEN(SUBSTITUTE(SUBSTITUTE($C196,S$1,,1),,1))=0,LEN(SUBSTITUTE(SUBSTITUTE($D196,S$1,,1),,1))=0),0,S195+1-AN196),\"\")","v":4},{"$f":"IF($G196<>0,IF(OR(LEN(SUBSTITUTE(SUBSTITUTE($B196,T$1,,1),,1))=0,LEN(SUBSTITUTE(SUBSTITUTE($C196,T$1,,1),,1))=0,LEN(SUBSTITUTE(SUBSTITUTE($D196,T$1,,1),,1))=0),0,T195+1-AO196),\"\")","v":1},{"$f":"IF($G196<>0,IF(OR(LEN(SUBSTITUTE(SUBSTITUTE($B196,U$1,,1),,1))=0,LEN(SUBSTITUTE(SUBSTITUTE($C196,U$1,,1),,1))=0,LEN(SUBSTITUTE(SUBSTITUTE($D196,U$1,,1),,1))=0),0,U195+1-AP196),\"\")","v":12},{"$f":"IF($G196<>0,IF(OR(LEN(SUBSTITUTE(SUBSTITUTE($B196,V$1,,1),,1))=0,LEN(SUBSTITUTE(SUBSTITUTE($C196,V$1,,1),,1))=0,LEN(SUBSTITUTE(SUBSTITUTE($D196,V$1,,1),,1))=0),0,V195+1-AQ196),\"\")","v":0},{"$f":"IF($G196<>0,IF(OR(LEN(SUBSTITUTE(SUBSTITUTE($B196,W$1,,1),,1))=0,LEN(SUBSTITUTE(SUBSTITUTE($C196,W$1,,1),,1))=0,LEN(SUBSTITUTE(SUBSTITUTE($D196,W$1,,1),,1))=0),0,W195+1-AR196),\"\")","v":4},{"$f":"IF($G196<>0,IF(OR(LEN(SUBSTITUTE(SUBSTITUTE($B196,X$1,,1),,1))=0,LEN(SUBSTITUTE(SUBSTITUTE($C196,X$1,,1),,1))=0,LEN(SUBSTITUTE(SUBSTITUTE($D196,X$1,,1),,1))=0),0,X195+1-AS196),\"\")","v":0},{"$f":"IF($G196<>0,IF(OR(LEN(SUBSTITUTE(SUBSTITUTE($B196,Y$1,,1),,1))=0,LEN(SUBSTITUTE(SUBSTITUTE($C196,Y$1,,1),,1))=0,LEN(SUBSTITUTE(SUBSTITUTE($D196,Y$1,,1),,1))=0),0,Y195+1-AT196),\"\")","v":1},{"$f":"IF($G196<>0,IF(OR(LEN(SUBSTITUTE(SUBSTITUTE($B196,Z$1,,1),,1))=0,LEN(SUBSTITUTE(SUBSTITUTE($C196,Z$1,,1),,1))=0,LEN(SUBSTITUTE(SUBSTITUTE($D196,Z$1,,1),,1))=0),0,Z195+1-AU196),\"\")","v":5},{"$f":"IF($G196<>0,IF(OR(LEN(SUBSTITUTE(SUBSTITUTE($B196,AA$1,,1),,1))=0,LEN(SUBSTITUTE(SUBSTITUTE($C196,AA$1,,1),,1))=0,LEN(SUBSTITUTE(SUBSTITUTE($D196,AA$1,,1),,1))=0),0,AA195+1-AV196),\"\")","v":1},null,null,null,null,null,null,null,null,null,null,null,null,null,null,null,null,null,1,1,1,1,{"$f":"IF(A196<>\"\",20-SUM(AC196:AV196),\"\")","v":16}]
[{"$f":"IF(generale!$A207>0,generale!$A207,\"\")","v":"2005-07-13"},{"$f":"IF(INDEX(generale!$A$16:$G$4963,MATCH(NPG!$A197,generale!$A$16:$A$4963,0),COLUMN())=0,0,INDEX(generale!$A$16:$G$4963,MATCH(NPG!$A197,generale!$A$16:$A$4963,0),COLUMN()))","v":7},{"$f":"IF(INDEX(generale!$A$16:$G$4963,MATCH(NPG!$A197,generale!$A$16:$A$4963,0),COLUMN())=0,0,INDEX(generale!$A$16:$G$4963,MATCH(NPG!$A197,generale!$A$16:$A$4963,0),COLUMN()))","v":2},{"$f":"IF(INDEX(generale!$A$16:$G$4963,MATCH(NPG!$A197,generale!$A$16:$A$4963,0),COLUMN())=0,0,INDEX(generale!$A$16:$G$4963,MATCH(NPG!$A197,generale!$A$16:$A$4963,0),COLUMN()))","v":12},{"$f":"IF(INDEX(generale!$A$16:$G$4963,MATCH(NPG!$A197,generale!$A$16:$A$4963,0),COLUMN())=0,0,INDEX(generale!$A$16:$G$4963,MATCH(NPG!$A197,generale!$A$16:$A$4963,0),COLUMN()))","v":14},{"$f":"IF(INDEX(generale!$A$16:$G$4963,MATCH(NPG!$A197,generale!$A$16:$A$4963,0),COLUMN())=0,0,INDEX(generale!$A$16:$G$4963,MATCH(NPG!$A197,generale!$A$16:$A$4963,0),COLUMN()))","v":11},{"$f":"generale!G207","v":"T"},11,0,2,5,6,3,0,1,3,9,14,0,2,13,1,4,0,1,5,1,null,null,null,null,null,null,null,null,null,null,null,null,null,null,null,null,1,1,1,1,1,15]
[{"$f":"IF(generale!$A208>0,generale!$A208,\"\")","v":"2005-07-14"},{"$f":"IF(INDEX(generale!$A$16:$G$4963,MATCH(NPG!$A198,generale!$A$16:$A$4963,0),COLUMN())=0,0,INDEX(generale!$A$16:$G$4963,MATCH(NPG!$A198,generale!$A$16:$A$4963,0),COLUMN()))","v":4},{"$f":"IF(INDEX(generale!$A$16:$G$4963,MATCH(NPG!$A198,generale!$A$16:$A$4963,0),COLUMN())=0,0,INDEX(generale!$A$16:$G$4963,MATCH(NPG!$A198,generale!$A$16:$A$4963,0),COLUMN()))","v":3},{"$f":"IF(INDEX(generale!$A$16:$G$4963,MATCH(NPG!$A198,generale!$A$16:$A$4963,0),COLUMN())=0,0,INDEX(generale!$A$16:$G$4963,MATCH(NPG!$A198,generale!$A$16:$A$4963,0),COLUMN()))","v":8},{"$f":"IF(INDEX(generale!$A$16:$G$4963,MATCH(NPG!$A198,generale!$A$16:$A$4963,0),COLUMN())=0,0,INDEX(generale!$A$16:$G$4963,MATCH(NPG!$A198,generale!$A$16:$A$4963,0),COLUMN()))","v":14},{"$f":"IF(INDEX(generale!$A$16:$G$4963,MATCH(NPG!$A198,generale!$A$16:$A$4963,0),COLUMN())=0,0,INDEX(generale!$A$16:$G$4963,MATCH(NPG!$A198,generale!$A$16:$A$4963,0),COLUMN()))","v":10},{"$f":"generale!G208","v":"P"},12,1,0,0,7,4,1,0,4,10,15,1,3,14,2,5,0,1,5,1,null,null,null,null,null,null,null,null,null,null,null,null,null,null,null,null,null,1,1,1,1,16,"10"]
[{"$f":"IF(generale!$A209>0,generale!$A209,\"\")","v":"2005-07-15"},{"$f":"IF(INDEX(generale!$A$16:$G$4963,MATCH(NPG!$A199,generale!$A$16:$A$4963,0),COLUMN())=0,0,INDEX(generale!$A$16:$G$4963,MATCH(NPG!$A199,generale!$A$16:$A$4963,0),COLUMN()))","v":1},{"$f":"IF(INDEX(generale!$A$16:$G$4963,MATCH(NPG!$A199,generale!$A$16:$A$4963,0),COLUMN())=0,0,INDEX(generale!$A$16:$G$4963,MATCH(NPG!$A199,generale!$A$16:$A$4963,0),COLUMN()))","v":8},{"$f":"IF(INDEX(generale!$A$16:$G$4963,MATCH(NPG!$A199,generale!$A$16:$A$4963,0),COLUMN())=0,0,INDEX(generale!$A$16:$G$4963,MATCH(NPG!$A199,generale!$A$16:$A$4963,0),COLUMN()))","v":10},{"$f":"IF(INDEX(generale!$A$16:$G$4963,MATCH(NPG!$A199,generale!$A$16:$A$4963,0),COLUMN())=0,0,INDEX(generale!$A$16:$G$4963,MATCH(NPG!$A199,generale!$A$16:$A$4963,0),COLUMN()))","v":5},{"$f":"IF(INDEX(generale!$A$16:$G$4963,MATCH(NPG!$A199,generale!$A$16:$A$4963,0),COLUMN())=0,0,INDEX(generale!$A$16:$G$4963,MATCH(NPG!$A199,generale!$A$16:$A$4963,0),COLUMN()))","v":3},{"$f":"generale!G209","v":"T"},0,2,1,1,8,5,2,0,5,0,16,2,4,15,3,6,1,2,6,1,null,null,null,null,null,null,null,null,null,null,null,null,null,null,null,null,null,null,null,null,1,19]
[{"$f":"IF(generale!$A210>0,generale!$A210,\"\")","v":"2005-07-16"},{"$f":"IF(INDEX(generale!$A$16:$G$4963,MATCH(NPG!$A200,generale!$A$16:$A$4963,0),COLUMN())=0,0,INDEX(generale!$A$16:$G$4963,MATCH(NPG!$A200,generale!$A$16:$A$4963,0),COLUMN()))","v":3},{"$f":"IF(INDEX(generale!$A$16:$G$4963,MATCH(NPG!$A200,generale!$A$16:$A$4963,0),COLUMN())=0,0,INDEX(generale!$A$16:$G$4963,MATCH(NPG!$A200,generale!$A$16:$A$4963,0),COLUMN()))","v":12},{"$f":"IF(INDEX(generale!$A$16:$G$4963,MATCH(NPG!$A200,generale!$A$16:$A$4963,0),COLUMN())=0,0,INDEX(generale!$A$16:$G$4963,MATCH(NPG!$A200,generale!$A$16:$A$4963,0),COLUMN()))","v":4},{"$f":"IF(INDEX(generale!$A$16:$G$4963,MATCH(NPG!$A200,generale!$A$16:$A$4963,0),COLUMN())=0,0,INDEX(generale!$A$16:$G$4963,MATCH(NPG!$A200,generale!$A$16:$A$4963,0),COLUMN()))","v":9},{"$f":"IF(INDEX(generale!$A$16:$G$4963,MATCH(NPG!$A200,generale!$A$16:$A$4963,0),COLUMN())=0,0,INDEX(generale!$A$16:$G$4963,MATCH(NPG!$A200,generale!$A$16:$A$4963,0),COLUMN()))","v":1},{"$f":"generale!G210","v":"P"},1,3,0,0,9,6,3,1,6,1,17,0,5,16,4,7,2,3,6,1,null,null,null,null,null,null,null,null,null,null,null,null,null,null,null,null,null,null,null,1,1,18,"8"]
[{"$f":"IF(generale!$A211>0,generale!$A211,\"\")","v":"2005-07-17"},{"$f":"IF(INDEX(generale!$A$16:$G$4963,MATCH(NPG!$A201,generale!$A$16:$A$4963,0),COLUMN())=0,0,INDEX(generale!$A$16:$G$4963,MATCH(NPG!$A201,generale!$A$16:$A$4963,0),COLUMN()))","v":4},{"$f":"IF(INDEX(generale!$A$16:$G$4963,MATCH(NPG!$A201,generale!$A$16:$A$4963,0),COLUMN())=0,0,INDEX(generale!$A$16:$G$4963,MATCH(NPG!$A201,generale!$A$16:$A$4963,0),COLUMN()))","v":11},{"$f":"IF(INDEX(generale!$A$16:$G$4963,MATCH(NPG!$A201,generale!$A$16:$A$4963,0),COLUMN())=0,0,INDEX(generale!$A$16:$G$4963,MATCH(NPG!$A201,generale!$A$16:$A$4963,0),COLUMN()))","v":8},{"$f":"IF(INDEX(generale!$A$16:$G$4963,MATCH(NPG!$A201,generale!$A$16:$A$4963,0),COLUMN())=0,0,INDEX(generale!$A$16:$G$4963,MATCH(NPG!$A201,generale!$A$16:$A$4963,0),COLUMN()))","v":1},{"$f":"IF(INDEX(generale!$A$16:$G$4963,MATCH(NPG!$A201,generale!$A$16:$A$4963,0),COLUMN())=0,0,INDEX(generale!$A$16:$G$4963,MATCH(NPG!$A201,generale!$A$16:$A$4963,0),COLUMN()))","v":3},{"$f":"generale!G211","v":"T"},2,4,1,0,10,7,4,0,7,2,0,1,6,17,5,8,3,4,6,1,null,null,null,null,null,null,null,null,null,null,null,null,null,null,null,null,null,null,null,1,1,18]
[{"$f":"IF(generale!$A212>0,generale!$A212,\"\")","v":"2005-07-18"},{"$f":"IF(INDEX(generale!$A$16:$G$4963,MATCH(NPG!$A202,generale!$A$16:$A$4963,0),COLUMN())=0,0,INDEX(generale!$A$16:$G$4963,MATCH(NPG!$A202,generale!$A$16:$A$4963,0),COLUMN()))","v":15},{"$f":"IF(INDEX(generale!$A$16:$G$4963,MATCH(NPG!$A202,generale!$A$16:$A$4963,0),COLUMN())=0,0,INDEX(generale!$A$16:$G$4963,MATCH(NPG!$A202,generale!$A$16:$A$4963,0),COLUMN()))","v":9},{"$f":"IF(INDEX(generale!$A$16:$G$4963,MATCH(NPG!$A202,generale!$A$16:$A$4963,0),COLUMN())=0,0,INDEX(generale!$A$16:$G$4963,MATCH(NPG!$A202,generale!$A$16:$A$4963,0),COLUMN()))","v":17},{"$f":"IF(INDEX(generale!$A$16:$G$4963,MATCH(NPG!$A202,generale!$A$16:$A$4963,0),COLUMN())=0,0,INDEX(generale!$A$16:$G$4963,MATCH(NPG!$A202,generale!$A$16:$A$4963,0),COLUMN()))","v":7},{"$f":"IF(INDEX(generale!$A$16:$G$4963,MATCH(NPG!$A202,generale!$A$16:$A$4963,0),COLUMN())=0,0,INDEX(generale!$A$16:$G$4963,MATCH(NPG!$A202,generale!$A$16:$A$4963,0),COLUMN()))","v":12},{"$f":"generale!G212","v":"P"},3,5,2,1,11,8,5,1,0,3,1,2,7,18,0,8,0,4,6,1,null,null,null,null,null,null,null,null,null,null,null,null,null,null,null,1,1,1,1,1,1,14,"15"]
[{"$f":"IF(generale!$A213>0,generale!$A213,\"\")","v":"2005-07-19"},{"$f":"IF(INDEX(generale!$A$16:$G$4963,MATCH(NPG!$A203,generale!$A$16:$A$4963,0),COLUMN())=0,0,INDEX(generale!$A$16:$G$4963,MATCH(NPG!$A203,generale!$A$16:$A$4963,0),COLUMN()))","v":13},{"$f":"IF(INDEX(generale!$A$16:$G$4963,MATCH(NPG!$A203,generale!$A$16:$A$4963,0),COLUMN())=0,0,INDEX(generale!$A$16:$G$4963,MATCH(NPG!$A203,generale!$A$16:$A$4963,0),COLUMN()))","v":1},{"$f":"IF(INDEX(generale!$A$16:$G$4963,MATCH(NPG!$A203,generale!$A$16:$A$4963,0),COLUMN())=0,0,INDEX(generale!$A$16:$G$4963,MATCH(NPG!$A203,generale!$A$16:$A$4963,0),COLUMN()))","v":9},{"$f":"IF(INDEX(generale!$A$16:$G$4963,MATCH(NPG!$A203,generale!$A$16:$A$4963,0),COLUMN())=0,0,INDEX(generale!$A$16:$G$4963,MATCH(NPG!$A203,generale!$A$16:$A$4963,0),COLUMN()))","v":16},{"$f":"IF(INDEX(generale!$A$16:$G$4963,MATCH(NPG!$A203,generale!$A$16:$A$4963,0),COLUMN())=0,0,INDEX(generale!$A$16:$G$4963,MATCH(NPG!$A203,generale!$A$16:$A$4963,0),COLUMN()))","v":11},{"$f":"generale!G213","v":"T"},0,6,3,2,12,9,6,2,0,4,2,3,0,19,1,9,0,4,6,1,null,null,null,null,null,null,null,null,null,null,null,null,null,null,null,null,null,1,1,1,1,16]
[{"$f":"IF(generale!$A214>0,generale!$A214,\"\")","v":"2005-07-20"},{"$f":"IF(INDEX(generale!$A$16:$G$4963,MATCH(NPG!$A204,generale!$A$16:$A$4963,0),COLUMN())=0,0,INDEX(generale!$A$16:$G$4963,MATCH(NPG!$A204,generale!$A$16:$A$4963,0),COLUMN()))","v":3},{"$f":"IF(INDEX(generale!$A$16:$G$4963,MATCH(NPG!$A204,generale!$A$16:$A$4963,0),COLUMN())=0,0,INDEX(generale!$A$16:$G$4963,MATCH(NPG!$A204,generale!$A$16:$A$4963,0),COLUMN()))","v":12},{"$f":"IF(INDEX(generale!$A$16:$G$4963,MATCH(NPG!$A204,generale!$A$16:$A$4963,0),COLUMN())=0,0,INDEX(generale!$A$16:$G$4963,MATCH(NPG!$A204,generale!$A$16:$A$4963,0),COLUMN()))","v":17},{"$f":"IF(INDEX(generale!$A$16:$G$4963,MATCH(NPG!$A204,generale!$A$16:$A$4963,0),COLUMN())=0,0,INDEX(generale!$A$16:$G$4963,MATCH(NPG!$A204,generale!$A$16:$A$4963,0),COLUMN()))","v":6},{"$f":"IF(INDEX(generale!$A$16:$G$4963,MATCH(NPG!$A204,generale!$A$16:$A$4963,0),COLUMN())=0,0,INDEX(generale!$A$16:$G$4963,MATCH(NPG!$A204,generale!$A$16:$A$4963,0),COLUMN()))","v":15},{"$f":"generale!G214","v":"T"},1,7,0,3,13,10,7,3,1,5,3,0,1,20,2,10,0,4,6,1,null,null,null,null,null,null,null,null,null,null,null,null,null,null,null,null,null,1,1,1,1,16,"4"]
[{"$f":"IF(generale!$A215>0,generale!$A215,\"\")","v":"2005-07-21"},{"$f":"IF(INDEX(generale!$A$16:$G$4963,MATCH(NPG!$A205,generale!$A$16:$A$4963,0),COLUMN())=0,0,INDEX(generale!$A$16:$G$4963,MATCH(NPG!$A205,generale!$A$16:$A$4963,0),COLUMN()))","v":1},{"$f":"IF(INDEX(generale!$A$16:$G$4963,MATCH(NPG!$A205,generale!$A$16:$A$4963,0),COLUMN())=0,0,INDEX(generale!$A$16:$G$4963,MATCH(NPG!$A205,generale!$A$16:$A$4963,0),COLUMN()))","v":4},{"$f":"IF(INDEX(generale!$A$16:$G$4963,MATCH(NPG!$A205,generale!$A$16:$A$4963,0),COLUMN())=0,0,INDEX(generale!$A$16:$G$4963,MATCH(NPG!$A205,generale!$A$16:$A$4963,0),COLUMN()))","v":5},{"$f":"IF(INDEX(generale!$A$16:$G$4963,MATCH(NPG!$A205,generale!$A$16:$A$4963,0),COLUMN())=0,0,INDEX(generale!$A$16:$G$4963,MATCH(NPG!$A205,generale!$A$16:$A$4963,0),COLUMN()))","v":10},{"$f":"IF(INDEX(generale!$A$16:$G$4963,MATCH(NPG!$A205,generale!$A$16:$A$4963,0),COLUMN())=0,0,INDEX(generale!$A$16:$G$4963,MATCH(NPG!$A205,generale!$A$16:$A$4963,0),COLUMN()))","v":13},{"$f":"generale!G215","v":"P"},0,8,1,0,0,11,8,4,2,6,4,1,2,21,3,10,0,4,6,1,null,null,null,null,null,null,null,null,null,null,null,null,null,null,null,null,1,1,1,1,1,15]
[{"$f":"IF(generale!$A216>0,generale!$A216,\"\")","v":"2005-07-22"},{"$f":"IF(INDEX(generale!$A$16:$G$4963,MATCH(NPG!$A206,generale!$A$16:$A$4963,0),COLUMN())=0,0,INDEX(generale!$A$16:$G$4963,MATCH(NPG!$A206,generale!$A$16:$A$4963,0),COLUMN()))","v":10},{"$f":"IF(INDEX(generale!$A$16:$G$4963,MATCH(NPG!$A206,generale!$A$16:$A$4963,0),COLUMN())=0,0,INDEX(generale!$A$16:$G$4963,MATCH(NPG!$A206,generale!$A$16:$A$4963,0),COLUMN()))","v":1},{"$f":"IF(INDEX(generale!$A$16:$G$4963,MATCH(NPG!$A206,generale!$A$16:$A$4963,0),COLUMN())=0,0,INDEX(generale!$A$16:$G$4963,MATCH(NPG!$A206,generale!$A$16:$A$4963,0),COLUMN()))","v":16},{"$f":"IF(INDEX(generale!$A$16:$G$4963,MATCH(NPG!$A206,generale!$A$16:$A$4963,0),COLUMN())=0,0,INDEX(generale!$A$16:$G$4963,MATCH(NPG!$A206,generale!$A$16:$A$4963,0),COLUMN()))","v":15},{"$f":"IF(INDEX(generale!$A$16:$G$4963,MATCH(NPG!$A206,generale!$A$16:$A$4963,0),COLUMN())=0,0,INDEX(generale!$A$16:$G$4963,MATCH(NPG!$A206,generale!$A$16:$A$4963,0),COLUMN()))","v":5},{"$f":"generale!G216","v":"P"},0,9,2,1,1,12,9,5,3,0,5,2,3,22,4,0,0,4,6,1,null,null,null,null,null,null,null,null,null,null,null,null,null,null,null,null,1,1,1,1,1,15,"1"]
[{"$f":"IF(generale!$A217>0,generale!$A217,\"\")","v":"2005-07-23"},{"$f":"IF(INDEX(generale!$A$16:$G$4963,MATCH(NPG!$A207,generale!$A$16:$A$4963,0),COLUMN())=0,0,INDEX(generale!$A$16:$G$4963,MATCH(NPG!$A207,generale!$A$16:$A$4963,0),COLUMN()))","v":5},{"$f":"IF(INDEX(generale!$A$16:$G$4963,MATCH(NPG!$A207,generale!$A$16:$A$4963,0),COLUMN())=0,0,INDEX(generale!$A$16:$G$4963,MATCH(NPG!$A207,generale!$A$16:$A$4963,0),COLUMN()))","v":10},{"$f":"IF(INDEX(generale!$A$16:$G$4963,MATCH(NPG!$A207,generale!$A$16:$A$4963,0),COLUMN())=0,0,INDEX(generale!$A$16:$G$4963,MATCH(NPG!$A207,generale!$A$16:$A$4963,0),COLUMN()))","v":2},{"$f":"IF(INDEX(generale!$A$16:$G$4963,MATCH(NPG!$A207,generale!$A$16:$A$4963,0),COLUMN())=0,0,INDEX(generale!$A$16:$G$4963,MATCH(NPG!$A207,generale!$A$16:$A$4963,0),COLUMN()))","v":8},{"$f":"IF(INDEX(generale!$A$16:$G$4963,MATCH(NPG!$A207,generale!$A$16:$A$4963,0),COLUMN())=0,0,INDEX(generale!$A$16:$G$4963,MATCH(NPG!$A207,generale!$A$16:$A$4963,0),COLUMN()))","v":7},{"$f":"generale!G217","v":"T"},1,0,3,2,0,13,10,6,4,0,6,3,4,23,5,1,1,5,6,1,null,null,null,null,null,null,null,null,null,null,null,null,null,null,null,null,null,null,null,1,1,18]
[{"$f":"IF(generale!$A218>0,generale!$A218,\"\")","v":"2005-07-24"},{"$f":"IF(INDEX(generale!$A$16:$G$4963,MATCH(NPG!$A208,generale!$A$16:$A$4963,0),COLUMN())=0,0,INDEX(generale!$A$16:$G$4963,MATCH(NPG!$A208,generale!$A$16:$A$4963,0),COLUMN()))","v":15},{"$f":"IF(INDEX(generale!$A$16:$G$4963,MATCH(NPG!$A208,generale!$A$16:$A$4963,0),COLUMN())=0,0,INDEX(generale!$A$16:$G$4963,MATCH(NPG!$A208,generale!$A$16:$A$4963,0),COLUMN()))","v":1},{"$f":"IF(INDEX(generale!$A$16:$G$4963,MATCH(NPG!$A208,generale!$A$16:$A$4963,0),COLUMN())=0,0,INDEX(generale!$A$16:$G$4963,MATCH(NPG!$A208,generale!$A$16:$A$4963,0),COLUMN()))","v":3},{"$f":"IF(INDEX(generale!$A$16:$G$4963,MATCH(NPG!$A208,generale!$A$16:$A$4963,0),COLUMN())=0,0,INDEX(generale!$A$16:$G$4963,MATCH(NPG!$A208,generale!$A$16:$A$4963,0),COLUMN()))","v":8},{"$f":"IF(INDEX(generale!$A$16:$G$4963,MATCH(NPG!$A208,generale!$A$16:$A$4963,0),COLUMN())=0,0,INDEX(generale!$A$16:$G$4963,MATCH(NPG!$A208,generale!$A$16:$A$4963,0),COLUMN()))","v":7},{"$f":"generale!G218","v":"P"},0,1,0,3,1,14,11,7,5,1,7,4,5,24,0,2,2,5,6,1,null,null,null,null,null,null,null,null,null,null,null,null,null,null,null,null,null,null,1,1,1,17,"13"]
[{"$f":"IF(generale!$A219>0,generale!$A219,\"\")","v":"2005-07-25"},{"$f":"IF(INDEX(generale!$A$16:$G$4963,MATCH(NPG!$A209,generale!$A$16:$A$4963,0),COLUMN())=0,0,INDEX(generale!$A$16:$G$4963,MATCH(NPG!$A209,generale!$A$16:$A$4963,0),COLUMN()))","v":9},{"$f":"IF(INDEX(generale!$A$16:$G$4963,MATCH(NPG!$A209,generale!$A$16:$A$4963,0),COLUMN())=0,0,INDEX(generale!$A$16:$G$4963,MATCH(NPG!$A209,generale!$A$16:$A$4963,0),COLUMN()))","v":5},{"$f":"IF(INDEX(generale!$A$16:$G$4963,MATCH(NPG!$A209,generale!$A$16:$A$4963,0),COLUMN())=0,0,INDEX(generale!$A$16:$G$4963,MATCH(NPG!$A209,generale!$A$16:$A$4963,0),COLUMN()))","v":14},{"$f":"IF(INDEX(generale!$A$16:$G$4963,MATCH(NPG!$A209,generale!$A$16:$A$4963,0),COLUMN())=0,0,INDEX(generale!$A$16:$G$4963,MATCH(NPG!$A209,generale!$A$16:$A$4963,0),COLUMN()))","v":13},{"$f":"IF(INDEX(generale!$A$16:$G$4963,MATCH(NPG!$A209,generale!$A$16:$A$4963,0),COLUMN())=0,0,INDEX(generale!$A$16:$G$4963,MATCH(NPG!$A209,generale!$A$16:$A$4963,0),COLUMN()))","v":18},{"$f":"generale!G219","v":"P"},1,2,1,4,0,15,12,8,0,2,8,5,6,0,1,3,2,5,6,1,null,null,null,null,null,null,null,null,null,null,null,null,null,null,null,null,null,1,1,1,1,16,"5-6-11"]
[{"$f":"IF(generale!$A220>0,generale!$A220,\"\")","v":"2005-07-26"},{"$f":"IF(INDEX(generale!$A$16:$G$4963,MATCH(NPG!$A210,generale!$A$16:$A$4963,0),COLUMN())=0,0,INDEX(generale!$A$16:$G$4963,MATCH(NPG!$A210,generale!$A$16:$A$4963,0),COLUMN()))","v":2},{"$f":"IF(INDEX(generale!$A$16:$G$4963,MATCH(NPG!$A210,generale!$A$16:$A$4963,0),COLUMN())=0,0,INDEX(generale!$A$16:$G$4963,MATCH(NPG!$A210,generale!$A$16:$A$4963,0),COLUMN()))","v":6},{"$f":"IF(INDEX(generale!$A$16:$G$4963,MATCH(NPG!$A210,generale!$A$16:$A$4963,0),COLUMN())=0,0,INDEX(generale!$A$16:$G$4963,MATCH(NPG!$A210,generale!$A$16:$A$4963,0),COLUMN()))","v":9},{"$f":"IF(INDEX(generale!$A$16:$G$4963,MATCH(NPG!$A210,generale!$A$16:$A$4963,0),COLUMN())=0,0,INDEX(generale!$A$16:$G$4963,MATCH(NPG!$A210,generale!$A$16:$A$4963,0),COLUMN()))","v":11},{"$f":"IF(INDEX(generale!$A$16:$G$4963,MATCH(NPG!$A210,generale!$A$16:$A$4963,0),COLUMN())=0,0,INDEX(generale!$A$16:$G$4963,MATCH(NPG!$A210,generale!$A$16:$A$4963,0),COLUMN()))","v":3},{"$f":"generale!G220","v":"T"},2,0,2,5,1,0,13,9,0,3,9,6,7,1,2,4,2,5,6,1,null,null,null,null,null,null,null,null,null,null,null,null,null,null,null,null,null,1,1,1,1,16]
[{"$f":"IF(generale!$A221>0,generale!$A221,\"\")","v":"2005-07-27"},{"$f":"IF(INDEX(generale!$A$16:$G$4963,MATCH(NPG!$A211,generale!$A$16:$A$4963,0),COLUMN())=0,0,INDEX(generale!$A$16:$G$4963,MATCH(NPG!$A211,generale!$A$16:$A$4963,0),COLUMN()))","v":6},{"$f":"IF(INDEX(generale!$A$16:$G$4963,MATCH(NPG!$A211,generale!$A$16:$A$4963,0),COLUMN())=0,0,INDEX(generale!$A$16:$G$4963,MATCH(NPG!$A211,generale!$A$16:$A$4963,0),COLUMN()))","v":11},{"$f":"IF(INDEX(generale!$A$16:$G$4963,MATCH(NPG!$A211,generale!$A$16:$A$4963,0),COLUMN())=0,0,INDEX(generale!$A$16:$G$4963,MATCH(NPG!$A211,generale!$A$16:$A$4963,0),COLUMN()))","v":16},{"$f":"IF(INDEX(generale!$A$16:$G$4963,MATCH(NPG!$A211,generale!$A$16:$A$4963,0),COLUMN())=0,0,INDEX(generale!$A$16:$G$4963,MATCH(NPG!$A211,generale!$A$16:$A$4963,0),COLUMN()))","v":9},{"$f":"IF(INDEX(generale!$A$16:$G$4963,MATCH(NPG!$A211,generale!$A$16:$A$4963,0),COLUMN())=0,0,INDEX(generale!$A$16:$G$4963,MATCH(NPG!$A211,generale!$A$16:$A$4963,0),COLUMN()))","v":10},{"$f":"generale!G221","v":"P"},3,1,3,6,2,0,14,10,1,4,0,7,8,2,3,0,2,5,6,1,null,null,null,null,null,null,null,null,null,null,null,null,null,null,null,null,1,1,1,1,1,15]
[{"$f":"IF(generale!$A222>0,generale!$A222,\"\")","v":"2005-07-28"},{"$f":"IF(INDEX(generale!$A$16:$G$4963,MATCH(NPG!$A212,generale!$A$16:$A$4963,0),COLUMN())=0,0,INDEX(generale!$A$16:$G$4963,MATCH(NPG!$A212,generale!$A$16:$A$4963,0),COLUMN()))","v":9},{"$f":"IF(INDEX(generale!$A$16:$G$4963,MATCH(NPG!$A212,generale!$A$16:$A$4963,0),COLUMN())=0,0,INDEX(generale!$A$16:$G$4963,MATCH(NPG!$A212,generale!$A$16:$A$4963,0),COLUMN()))","v":14},{"$f":"IF(INDEX(generale!$A$16:$G$4963,MATCH(NPG!$A212,generale!$A$16:$A$4963,0),COLUMN())=0,0,INDEX(generale!$A$16:$G$4963,MATCH(NPG!$A212,generale!$A$16:$A$4963,0),COLUMN()))","v":11},{"$f":"IF(INDEX(generale!$A$16:$G$4963,MATCH(NPG!$A212,generale!$A$16:$A$4963,0),COLUMN())=0,0,INDEX(generale!$A$16:$G$4963,MATCH(NPG!$A212,generale!$A$16:$A$4963,0),COLUMN()))","v":18},{"$f":"IF(INDEX(generale!$A$16:$G$4963,MATCH(NPG!$A212,generale!$A$16:$A$4963,0),COLUMN())=0,0,INDEX(generale!$A$16:$G$4963,MATCH(NPG!$A212,generale!$A$16:$A$4963,0),COLUMN()))","v":7},{"$f":"generale!G222","v":"T"},4,2,4,7,3,1,15,11,0,5,0,8,9,0,4,1,2,5,6,1,null,null,null,null,null,null,null,null,null,null,null,null,null,null,null,null,null,1,1,1,1,16]
[{"$f":"IF(generale!$A223>0,generale!$A223,\"\")","v":"2005-07-29"},{"$f":"IF(INDEX(generale!$A$16:$G$4963,MATCH(NPG!$A213,generale!$A$16:$A$4963,0),COLUMN())=0,0,INDEX(generale!$A$16:$G$4963,MATCH(NPG!$A213,generale!$A$16:$A$4963,0),COLUMN()))","v":6},{"$f":"IF(INDEX(generale!$A$16:$G$4963,MATCH(NPG!$A213,generale!$A$16:$A$4963,0),COLUMN())=0,0,INDEX(generale!$A$16:$G$4963,MATCH(NPG!$A213,generale!$A$16:$A$4963,0),COLUMN()))","v":8},{"$f":"IF(INDEX(generale!$A$16:$G$4963,MATCH(NPG!$A213,generale!$A$16:$A$4963,0),COLUMN())=0,0,INDEX(generale!$A$16:$G$4963,MATCH(NPG!$A213,generale!$A$16:$A$4963,0),COLUMN()))","v":18},{"$f":"IF(INDEX(generale!$A$16:$G$4963,MATCH(NPG!$A213,generale!$A$16:$A$4963,0),COLUMN())=0,0,INDEX(generale!$A$16:$G$4963,MATCH(NPG!$A213,generale!$A$16:$A$4963,0),COLUMN()))","v":3},{"$f":"IF(INDEX(generale!$A$16:$G$4963,MATCH(NPG!$A213,generale!$A$16:$A$4963,0),COLUMN())=0,0,INDEX(generale!$A$16:$G$4963,MATCH(NPG!$A213,generale!$A$16:$A$4963,0),COLUMN()))","v":11},{"$f":"generale!G223","v":"P"},5,3,5,8,4,0,16,0,1,6,1,9,10,1,5,1,2,0,6,1,null,null,null,null,null,null,null,null,null,null,null,null,null,null,null,null,1,1,1,1,1,15]
[{"$f":"IF(generale!$A224>0,generale!$A224,\"\")","v":"2005-07-30"},{"$f":"IF(INDEX(generale!$A$16:$G$4963,MATCH(NPG!$A214,generale!$A$16:$A$4963,0),COLUMN())=0,0,INDEX(generale!$A$16:$G$4963,MATCH(NPG!$A214,generale!$A$16:$A$4963,0),COLUMN()))","v":7},{"$f":"IF(INDEX(generale!$A$16:$G$4963,MATCH(NPG!$A214,generale!$A$16:$A$4963,0),COLUMN())=0,0,INDEX(generale!$A$16:$G$4963,MATCH(NPG!$A214,generale!$A$16:$A$4963,0),COLUMN()))","v":18},{"$f":"IF(INDEX(generale!$A$16:$G$4963,MATCH(NPG!$A214,generale!$A$16:$A$4963,0),COLUMN())=0,0,INDEX(generale!$A$16:$G$4963,MATCH(NPG!$A214,generale!$A$16:$A$4963,0),COLUMN()))","v":17},{"$f":"IF(INDEX(generale!$A$16:$G$4963,MATCH(NPG!$A214,generale!$A$16:$A$4963,0),COLUMN())=0,0,INDEX(generale!$A$16:$G$4963,MATCH(NPG!$A214,generale!$A$16:$A$4963,0),COLUMN()))","v":6},{"$f":"IF(INDEX(generale!$A$16:$G$4963,MATCH(NPG!$A214,generale!$A$16:$A$4963,0),COLUMN())=0,0,INDEX(generale!$A$16:$G$4963,MATCH(NPG!$A214,generale!$A$16:$A$4963,0),COLUMN()))","v":10},{"$f":"generale!G224","v":"P"},6,4,6,9,5,1,0,1,2,7,2,10,11,2,6,2,0,0,6,1,null,null,null,null,null,null,null,null,null,null,null,null,null,null,null,null,null,1,1,1,1,16]
[{"$f":"IF(generale!$A225>0,generale!$A225,\"\")","v":"2005-07-31"},{"$f":"IF(INDEX(generale!$A$16:$G$4963,MATCH(NPG!$A215,generale!$A$16:$A$4963,0),COLUMN())=0,0,INDEX(generale!$A$16:$G$4963,MATCH(NPG!$A215,generale!$A$16:$A$4963,0),COLUMN()))","v":14},{"$f":"IF(INDEX(generale!$A$16:$G$4963,MATCH(NPG!$A215,generale!$A$16:$A$4963,0),COLUMN())=0,0,INDEX(generale!$A$16:$G$4963,MATCH(NPG!$A215,generale!$A$16:$A$4963,0),COLUMN()))","v":1},{"$f":"IF(INDEX(generale!$A$16:$G$4963,MATCH(NPG!$A215,generale!$A$16:$A$4963,0),COLUMN())=0,0,INDEX(generale!$A$16:$G$4963,MATCH(NPG!$A215,generale!$A$16:$A$4963,0),COLUMN()))","v":12},{"$f":"IF(INDEX(generale!$A$16:$G$4963,MATCH(NPG!$A215,generale!$A$16:$A$4963,0),COLUMN())=0,0,INDEX(generale!$A$16:$G$4963,MATCH(NPG!$A215,generale!$A$16:$A$4963,0),COLUMN()))","v":13},{"$f":"IF(INDEX(generale!$A$16:$G$4963,MATCH(NPG!$A215,generale!$A$16:$A$4963,0),COLUMN())=0,0,INDEX(generale!$A$16:$G$4963,MATCH(NPG!$A215,generale!$A$16:$A$4963,0),COLUMN()))","v":15},{"$f":"generale!G225","v":"T"},0,5,7,10,6,2,1,2,3,8,3,0,12,0,6,2,0,0,6,1,null,null,null,null,null,null,null,null,null,null,null,null,null,null,1,1,1,1,1,1,1,13]
[{"$f":"IF(generale!$A226>0,generale!$A226,\"\")","v":"2005-08-01"},{"$f":"IF(INDEX(generale!$A$16:$G$4963,MATCH(NPG!$A216,generale!$A$16:$A$4963,0),COLUMN())=0,0,INDEX(generale!$A$16:$G$4963,MATCH(NPG!$A216,generale!$A$16:$A$4963,0),COLUMN()))","v":8},{"$f":"IF(INDEX(generale!$A$16:$G$4963,MATCH(NPG!$A216,generale!$A$16:$A$4963,0),COLUMN())=0,0,INDEX(generale!$A$16:$G$4963,MATCH(NPG!$A216,generale!$A$16:$A$4963,0),COLUMN()))","v":5},{"$f":"IF(INDEX(generale!$A$16:$G$4963,MATCH(NPG!$A216,generale!$A$16:$A$4963,0),COLUMN())=0,0,INDEX(generale!$A$16:$G$4963,MATCH(NPG!$A216,generale!$A$16:$A$4963,0),COLUMN()))","v":3},{"$f":"IF(INDEX(generale!$A$16:$G$4963,MATCH(NPG!$A216,generale!$A$16:$A$4963,0),COLUMN())=0,0,INDEX(generale!$A$16:$G$4963,MATCH(NPG!$A216,generale!$A$16:$A$4963,0),COLUMN()))","v":15},{"$f":"IF(INDEX(generale!$A$16:$G$4963,MATCH(NPG!$A216,generale!$A$16:$A$4963,0),COLUMN())=0,0,INDEX(generale!$A$16:$G$4963,MATCH(NPG!$A216,generale!$A$16:$A$4963,0),COLUMN()))","v":1},{"$f":"generale!G226","v":"P"},1,6,0,11,0,3,2,0,4,9,4,1,13,1,7,3,0,0,6,1,null,null,null,null,null,null,null,null,null,null,null,null,null,null,null,null,null,1,1,1,1,16]
[{"$f":"IF(generale!$A227>0,generale!$A227,\"\")","v":"2005-08-02"},{"$f":"IF(INDEX(generale!$A$16:$G$4963,MATCH(NPG!$A217,generale!$A$16:$A$4963,0),COLUMN())=0,0,INDEX(generale!$A$16:$G$4963,MATCH(NPG!$A217,generale!$A$16:$A$4963,0),COLUMN()))","v":12},{"$f":"IF(INDEX(generale!$A$16:$G$4963,MATCH(NPG!$A217,generale!$A$16:$A$4963,0),COLUMN())=0,0,INDEX(generale!$A$16:$G$4963,MATCH(NPG!$A217,generale!$A$16:$A$4963,0),COLUMN()))","v":3},{"$f":"IF(INDEX(generale!$A$16:$G$4963,MATCH(NPG!$A217,generale!$A$16:$A$4963,0),COLUMN())=0,0,INDEX(generale!$A$16:$G$4963,MATCH(NPG!$A217,generale!$A$16:$A$4963,0),COLUMN()))","v":10},{"$f":"IF(INDEX(generale!$A$16:$G$4963,MATCH(NPG!$A217,generale!$A$16:$A$4963,0),COLUMN())=0,0,INDEX(generale!$A$16:$G$4963,MATCH(NPG!$A217,generale!$A$16:$A$4963,0),COLUMN()))","v":9},{"$f":"IF(INDEX(generale!$A$16:$G$4963,MATCH(NPG!$A217,generale!$A$16:$A$4963,0),COLUMN())=0,0,INDEX(generale!$A$16:$G$4963,MATCH(NPG!$A217,generale!$A$16:$A$4963,0),COLUMN()))","v":7},{"$f":"generale!G227","v":"P"},2,7,0,12,1,4,3,1,5,0,5,0,14,2,8,4,0,0,6,1,null,null,null,null,null,null,null,null,null,null,null,null,null,null,null,null,null,1,1,1,1,16]
[{"$f":"IF(generale!$A228>0,generale!$A228,\"\")","v":"2005-08-03"},{"$f":"IF(INDEX(generale!$A$16:$G$4963,MATCH(NPG!$A218,generale!$A$16:$A$4963,0),COLUMN())=0,0,INDEX(generale!$A$16:$G$4963,MATCH(NPG!$A218,generale!$A$16:$A$4963,0),COLUMN()))","v":9},{"$f":"IF(INDEX(generale!$A$16:$G$4963,MATCH(NPG!$A218,generale!$A$16:$A$4963,0),COLUMN())=0,0,INDEX(generale!$A$16:$G$4963,MATCH(NPG!$A218,generale!$A$16:$A$4963,0),COLUMN()))","v":8},{"$f":"IF(INDEX(generale!$A$16:$G$4963,MATCH(NPG!$A218,generale!$A$16:$A$4963,0),COLUMN())=0,0,INDEX(generale!$A$16:$G$4963,MATCH(NPG!$A218,generale!$A$16:$A$4963,0),COLUMN()))","v":15},{"$f":"IF(INDEX(generale!$A$16:$G$4963,MATCH(NPG!$A218,generale!$A$16:$A$4963,0),COLUMN())=0,0,INDEX(generale!$A$16:$G$4963,MATCH(NPG!$A218,generale!$A$16:$A$4963,0),COLUMN()))","v":6},{"$f":"IF(INDEX(generale!$A$16:$G$4963,MATCH(NPG!$A218,generale!$A$16:$A$4963,0),COLUMN())=0,0,INDEX(generale!$A$16:$G$4963,MATCH(NPG!$A218,generale!$A$16:$A$4963,0),COLUMN()))","v":4},{"$f":"generale!G228","v":"T"},3,8,1,13,2,5,4,0,0,1,6,1,15,3,0,5,1,1,6,1,null,null,null,null,null,null,null,null,null,null,null,null,null,null,null,null,null,null,null,1,1,18,"2"]
[{"$f":"IF(generale!$A229>0,generale!$A229,\"\")","v":"2005-08-04"},{"$f":"IF(INDEX(generale!$A$16:$G$4963,MATCH(NPG!$A219,generale!$A$16:$A$4963,0),COLUMN())=0,0,INDEX(generale!$A$16:$G$4963,MATCH(NPG!$A219,generale!$A$16:$A$4963,0),COLUMN()))","v":8},{"$f":"IF(INDEX(generale!$A$16:$G$4963,MATCH(NPG!$A219,generale!$A$16:$A$4963,0),COLUMN())=0,0,INDEX(generale!$A$16:$G$4963,MATCH(NPG!$A219,generale!$A$16:$A$4963,0),COLUMN()))","v":10},{"$f":"IF(INDEX(generale!$A$16:$G$4963,MATCH(NPG!$A219,generale!$A$16:$A$4963,0),COLUMN())=0,0,INDEX(generale!$A$16:$G$4963,MATCH(NPG!$A219,generale!$A$16:$A$4963,0),COLUMN()))","v":6},{"$f":"IF(INDEX(generale!$A$16:$G$4963,MATCH(NPG!$A219,generale!$A$16:$A$4963,0),COLUMN())=0,0,INDEX(generale!$A$16:$G$4963,MATCH(NPG!$A219,generale!$A$16:$A$4963,0),COLUMN()))","v":13},{"$f":"IF(INDEX(generale!$A$16:$G$4963,MATCH(NPG!$A219,generale!$A$16:$A$4963,0),COLUMN())=0,0,INDEX(generale!$A$16:$G$4963,MATCH(NPG!$A219,generale!$A$16:$A$4963,0),COLUMN()))","v":2},{"$f":"generale!G229","v":"T"},4,9,2,14,3,0,5,0,1,0,7,2,16,4,0,5,1,1,6,1,null,null,null,null,null,null,null,null,null,null,null,null,null,null,null,1,1,1,1,1,1,14]
[{"$f":"IF(generale!$A230>0,generale!$A230,\"\")","v":"2005-08-05"},{"$f":"IF(INDEX(generale!$A$16:$G$4963,MATCH(NPG!$A220,generale!$A$16:$A$4963,0),COLUMN())=0,0,INDEX(generale!$A$16:$G$4963,MATCH(NPG!$A220,generale!$A$16:$A$4963,0),COLUMN()))","v":12},{"$f":"IF(INDEX(generale!$A$16:$G$4963,MATCH(NPG!$A220,generale!$A$16:$A$4963,0),COLUMN())=0,0,INDEX(generale!$A$16:$G$4963,MATCH(NPG!$A220,generale!$A$16:$A$4963,0),COLUMN()))","v":7},{"$f":"IF(INDEX(generale!$A$16:$G$4963,MATCH(NPG!$A220,generale!$A$16:$A$4963,0),COLUMN())=0,0,INDEX(generale!$A$16:$G$4963,MATCH(NPG!$A220,generale!$A$16:$A$4963,0),COLUMN()))","v":9},{"$f":"IF(INDEX(generale!$A$16:$G$4963,MATCH(NPG!$A220,generale!$A$16:$A$4963,0),COLUMN())=0,0,INDEX(generale!$A$16:$G$4963,MATCH(NPG!$A220,generale!$A$16:$A$4963,0),COLUMN()))","v":2},{"$f":"IF(INDEX(generale!$A$16:$G$4963,MATCH(NPG!$A220,generale!$A$16:$A$4963,0),COLUMN())=0,0,INDEX(generale!$A$16:$G$4963,MATCH(NPG!$A220,generale!$A$16:$A$4963,0),COLUMN()))","v":11},{"$f":"generale!G230","v":"T"},5,10,3,15,4,1,0,1,0,1,8,0,17,5,1,6,1,1,6,1,null,null,null,null,null,null,null,null,null,null,null,null,null,null,null,null,null,1,1,1,1,16]
[{"$f":"IF(generale!$A231>0,generale!$A231,\"\")","v":"2005-08-06"},{"$f":"IF(INDEX(generale!$A$16:$G$4963,MATCH(NPG!$A221,generale!$A$16:$A$4963,0),COLUMN())=0,0,INDEX(generale!$A$16:$G$4963,MATCH(NPG!$A221,generale!$A$16:$A$4963,0),COLUMN()))","v":15},{"$f":"IF(INDEX(generale!$A$16:$G$4963,MATCH(NPG!$A221,generale!$A$16:$A$4963,0),COLUMN())=0,0,INDEX(generale!$A$16:$G$4963,MATCH(NPG!$A221,generale!$A$16:$A$4963,0),COLUMN()))","v":2},{"$f":"IF(INDEX(generale!$A$16:$G$4963,MATCH(NPG!$A221,generale!$A$16:$A$4963,0),COLUMN())=0,0,INDEX(generale!$A$16:$G$4963,MATCH(NPG!$A221,generale!$A$16:$A$4963,0),COLUMN()))","v":3},{"$f":"IF(INDEX(generale!$A$16:$G$4963,MATCH(NPG!$A221,generale!$A$16:$A$4963,0),COLUMN())=0,0,INDEX(generale!$A$16:$G$4963,MATCH(NPG!$A221,generale!$A$16:$A$4963,0),COLUMN()))","v":11},{"$f":"IF(INDEX(generale!$A$16:$G$4963,MATCH(NPG!$A221,generale!$A$16:$A$4963,0),COLUMN())=0,0,INDEX(generale!$A$16:$G$4963,MATCH(NPG!$A221,generale!$A$16:$A$4963,0),COLUMN()))","v":10},{"$f":"generale!G231","v":"P"},6,0,0,16,5,2,1,2,1,2,9,1,18,6,0,7,1,1,6,1,null,null,null,null,null,null,null,null,null,null,null,null,null,null,null,null,null,1,1,1,1,16]
[{"$f":"IF(generale!$A232>0,generale!$A232,\"\")","v":"2005-08-07"},{"$f":"IF(INDEX(generale!$A$16:$G$4963,MATCH(NPG!$A222,generale!$A$16:$A$4963,0),COLUMN())=0,0,INDEX(generale!$A$16:$G$4963,MATCH(NPG!$A222,generale!$A$16:$A$4963,0),COLUMN()))","v":2},{"$f":"IF(INDEX(generale!$A$16:$G$4963,MATCH(NPG!$A222,generale!$A$16:$A$4963,0),COLUMN())=0,0,INDEX(generale!$A$16:$G$4963,MATCH(NPG!$A222,generale!$A$16:$A$4963,0),COLUMN()))","v":13},{"$f":"IF(INDEX(generale!$A$16:$G$4963,MATCH(NPG!$A222,generale!$A$16:$A$4963,0),COLUMN())=0,0,INDEX(generale!$A$16:$G$4963,MATCH(NPG!$A222,generale!$A$16:$A$4963,0),COLUMN()))","v":3},{"$f":"IF(INDEX(generale!$A$16:$G$4963,MATCH(NPG!$A222,generale!$A$16:$A$4963,0),COLUMN())=0,0,INDEX(generale!$A$16:$G$4963,MATCH(NPG!$A222,generale!$A$16:$A$4963,0),COLUMN()))","v":1},{"$f":"IF(INDEX(generale!$A$16:$G$4963,MATCH(NPG!$A222,generale!$A$16:$A$4963,0),COLUMN())=0,0,INDEX(generale!$A$16:$G$4963,MATCH(NPG!$A222,generale!$A$16:$A$4963,0),COLUMN()))","v":9},{"$f":"generale!G232","v":"P"},7,0,0,17,6,3,2,3,2,3,10,2,0,7,1,8,1,1,6,1,null,null,null,null,null,null,null,null,null,null,null,null,null,null,null,null,null,1,1,1,1,16]
[{"$f":"IF(generale!$A233>0,generale!$A233,\"\")","v":"2005-08-08"},{"$f":"IF(INDEX(generale!$A$16:$G$4963,MATCH(NPG!$A223,generale!$A$16:$A$4963,0),COLUMN())=0,0,INDEX(generale!$A$16:$G$4963,MATCH(NPG!$A223,generale!$A$16:$A$4963,0),COLUMN()))","v":3},{"$f":"IF(INDEX(generale!$A$16:$G$4963,MATCH(NPG!$A223,generale!$A$16:$A$4963,0),COLUMN())=0,0,INDEX(generale!$A$16:$G$4963,MATCH(NPG!$A223,generale!$A$16:$A$4963,0),COLUMN()))","v":11},{"$f":"IF(INDEX(generale!$A$16:$G$4963,MATCH(NPG!$A223,generale!$A$16:$A$4963,0),COLUMN())=0,0,INDEX(generale!$A$16:$G$4963,MATCH(NPG!$A223,generale!$A$16:$A$4963,0),COLUMN()))","v":13},{"$f":"IF(INDEX(generale!$A$16:$G$4963,MATCH(NPG!$A223,generale!$A$16:$A$4963,0),COLUMN())=0,0,INDEX(generale!$A$16:$G$4963,MATCH(NPG!$A223,generale!$A$16:$A$4963,0),COLUMN()))","v":17},{"$f":"IF(INDEX(generale!$A$16:$G$4963,MATCH(NPG!$A223,generale!$A$16:$A$4963,0),COLUMN())=0,0,INDEX(generale!$A$16:$G$4963,MATCH(NPG!$A223,generale!$A$16:$A$4963,0),COLUMN()))","v":15},{"$f":"generale!G233","v":"P"},8,1,0,18,7,4,3,4,3,4,0,3,0,8,2,8,1,1,6,1,null,null,null,null,null,null,null,null,null,null,null,null,null,null,null,null,1,1,1,1,1,15]
[{"$f":"IF(generale!$A234>0,generale!$A234,\"\")","v":"2005-08-09"},{"$f":"IF(INDEX(generale!$A$16:$G$4963,MATCH(NPG!$A224,generale!$A$16:$A$4963,0),COLUMN())=0,0,INDEX(generale!$A$16:$G$4963,MATCH(NPG!$A224,generale!$A$16:$A$4963,0),COLUMN()))","v":3},{"$f":"IF(INDEX(generale!$A$16:$G$4963,MATCH(NPG!$A224,generale!$A$16:$A$4963,0),COLUMN())=0,0,INDEX(generale!$A$16:$G$4963,MATCH(NPG!$A224,generale!$A$16:$A$4963,0),COLUMN()))","v":8},{"$f":"IF(INDEX(generale!$A$16:$G$4963,MATCH(NPG!$A224,generale!$A$16:$A$4963,0),COLUMN())=0,0,INDEX(generale!$A$16:$G$4963,MATCH(NPG!$A224,generale!$A$16:$A$4963,0),COLUMN()))","v":14},{"$f":"IF(INDEX(generale!$A$16:$G$4963,MATCH(NPG!$A224,generale!$A$16:$A$4963,0),COLUMN())=0,0,INDEX(generale!$A$16:$G$4963,MATCH(NPG!$A224,generale!$A$16:$A$4963,0),COLUMN()))","v":6},{"$f":"IF(INDEX(generale!$A$16:$G$4963,MATCH(NPG!$A224,generale!$A$16:$A$4963,0),COLUMN())=0,0,INDEX(generale!$A$16:$G$4963,MATCH(NPG!$A224,generale!$A$16:$A$4963,0),COLUMN()))","v":5},{"$f":"generale!G234","v":"T"},9,2,0,19,8,5,4,0,4,5,1,4,1,0,3,9,1,1,6,1,null,null,null,null,null,null,null,null,null,null,null,null,null,null,null,null,null,1,1,1,1,16]
[{"$f":"IF(generale!$A235>0,generale!$A235,\"\")","v":"2005-08-10"},{"$f":"IF(INDEX(generale!$A$16:$G$4963,MATCH(NPG!$A225,generale!$A$16:$A$4963,0),COLUMN())=0,0,INDEX(generale!$A$16:$G$4963,MATCH(NPG!$A225,generale!$A$16:$A$4963,0),COLUMN()))","v":2},{"$f":"IF(INDEX(generale!$A$16:$G$4963,MATCH(NPG!$A225,generale!$A$16:$A$4963,0),COLUMN())=0,0,INDEX(generale!$A$16:$G$4963,MATCH(NPG!$A225,generale!$A$16:$A$4963,0),COLUMN()))","v":16},{"$f":"IF(INDEX(generale!$A$16:$G$4963,MATCH(NPG!$A225,generale!$A$16:$A$4963,0),COLUMN())=0,0,INDEX(generale!$A$16:$G$4963,MATCH(NPG!$A225,generale!$A$16:$A$4963,0),COLUMN()))","v":13},{"$f":"IF(INDEX(generale!$A$16:$G$4963,MATCH(NPG!$A225,generale!$A$16:$A$4963,0),COLUMN())=0,0,INDEX(generale!$A$16:$G$4963,MATCH(NPG!$A225,generale!$A$16:$A$4963,0),COLUMN()))","v":7},{"$f":"IF(INDEX(generale!$A$16:$G$4963,MATCH(NPG!$A225,generale!$A$16:$A$4963,0),COLUMN())=0,0,INDEX(generale!$A$16:$G$4963,MATCH(NPG!$A225,generale!$A$16:$A$4963,0),COLUMN()))","v":4},{"$f":"generale!G235","v":"P"},10,0,1,20,9,6,5,1,5,6,2,5,0,1,4,0,2,2,6,1,null,null,null,null,null,null,null,null,null,null,null,null,null,null,null,null,null,null,null,1,1,18,"18"]
[{"$f":"IF(generale!$A236>0,generale!$A236,\"\")","v":"2005-08-11"},{"$f":"IF(INDEX(generale!$A$16:$G$4963,MATCH(NPG!$A226,generale!$A$16:$A$4963,0),COLUMN())=0,0,INDEX(generale!$A$16:$G$4963,MATCH(NPG!$A226,generale!$A$16:$A$4963,0),COLUMN()))","v":16},{"$f":"IF(INDEX(generale!$A$16:$G$4963,MATCH(NPG!$A226,generale!$A$16:$A$4963,0),COLUMN())=0,0,INDEX(generale!$A$16:$G$4963,MATCH(NPG!$A226,generale!$A$16:$A$4963,0),COLUMN()))","v":7},{"$f":"IF(INDEX(generale!$A$16:$G$4963,MATCH(NPG!$A226,generale!$A$16:$A$4963,0),COLUMN())=0,0,INDEX(generale!$A$16:$G$4963,MATCH(NPG!$A226,generale!$A$16:$A$4963,0),COLUMN()))","v":4},{"$f":"IF(INDEX(generale!$A$16:$G$4963,MATCH(NPG!$A226,generale!$A$16:$A$4963,0),COLUMN())=0,0,INDEX(generale!$A$16:$G$4963,MATCH(NPG!$A226,generale!$A$16:$A$4963,0),COLUMN()))","v":2},{"$f":"IF(INDEX(generale!$A$16:$G$4963,MATCH(NPG!$A226,generale!$A$16:$A$4963,0),COLUMN())=0,0,INDEX(generale!$A$16:$G$4963,MATCH(NPG!$A226,generale!$A$16:$A$4963,0),COLUMN()))","v":6},{"$f":"generale!G236","v":"T"},11,1,2,0,10,7,0,2,6,7,3,6,1,2,5,0,3,2,6,1,null,null,null,null,null,null,null,null,null,null,null,null,null,null,null,null,null,null,1,1,1,17,"3"]
[{"$f":"IF(generale!$A237>0,generale!$A237,\"\")","v":"2005-08-12"},{"$f":"IF(INDEX(generale!$A$16:$G$4963,MATCH(NPG!$A227,generale!$A$16:$A$4963,0),COLUMN())=0,0,INDEX(generale!$A$16:$G$4963,MATCH(NPG!$A227,generale!$A$16:$A$4963,0),COLUMN()))","v":6},{"$f":"IF(INDEX(generale!$A$16:$G$4963,MATCH(NPG!$A227,generale!$A$16:$A$4963,0),COLUMN())=0,0,INDEX(generale!$A$16:$G$4963,MATCH(NPG!$A227,generale!$A$16:$A$4963,0),COLUMN()))","v":3},{"$f":"IF(INDEX(generale!$A$16:$G$4963,MATCH(NPG!$A227,generale!$A$16:$A$4963,0),COLUMN())=0,0,INDEX(generale!$A$16:$G$4963,MATCH(NPG!$A227,generale!$A$16:$A$4963,0),COLUMN()))","v":15},{"$f":"IF(INDEX(generale!$A$16:$G$4963,MATCH(NPG!$A227,generale!$A$16:$A$4963,0),COLUMN())=0,0,INDEX(generale!$A$16:$G$4963,MATCH(NPG!$A227,generale!$A$16:$A$4963,0),COLUMN()))","v":7},{"$f":"IF(INDEX(generale!$A$16:$G$4963,MATCH(NPG!$A227,generale!$A$16:$A$4963,0),COLUMN())=0,0,INDEX(generale!$A$16:$G$4963,MATCH(NPG!$A227,generale!$A$16:$A$4963,0),COLUMN()))","v":17},{"$f":"generale!G237","v":"O"},12,2,0,1,11,0,1,3,7,8,4,7,2,3,0,1,4,2,6,1,null,null,null,null,null,null,null,null,null,null,null,null,null,null,null,null,null,null,1,1,1,17]
[{"$f":"IF(generale!$A238>0,generale!$A238,\"\")","v":"2005-08-13"},{"$f":"IF(INDEX(generale!$A$16:$G$4963,MATCH(NPG!$A228,generale!$A$16:$A$4963,0),COLUMN())=0,0,INDEX(generale!$A$16:$G$4963,MATCH(NPG!$A228,generale!$A$16:$A$4963,0),COLUMN()))","v":11},{"$f":"IF(INDEX(generale!$A$16:$G$4963,MATCH(NPG!$A228,generale!$A$16:$A$4963,0),COLUMN())=0,0,INDEX(generale!$A$16:$G$4963,MATCH(NPG!$A228,generale!$A$16:$A$4963,0),COLUMN()))","v":9},{"$f":"IF(INDEX(generale!$A$16:$G$4963,MATCH(NPG!$A228,generale!$A$16:$A$4963,0),COLUMN())=0,0,INDEX(generale!$A$16:$G$4963,MATCH(NPG!$A228,generale!$A$16:$A$4963,0),COLUMN()))","v":10},{"$f":"IF(INDEX(generale!$A$16:$G$4963,MATCH(NPG!$A228,generale!$A$16:$A$4963,0),COLUMN())=0,0,INDEX(generale!$A$16:$G$4963,MATCH(NPG!$A228,generale!$A$16:$A$4963,0),COLUMN()))","v":1},{"$f":"IF(INDEX(generale!$A$16:$G$4963,MATCH(NPG!$A228,generale!$A$16:$A$4963,0),COLUMN())=0,0,INDEX(generale!$A$16:$G$4963,MATCH(NPG!$A228,generale!$A$16:$A$4963,0),COLUMN()))","v":6},{"$f":"generale!G238","v":"P"},13,3,1,2,12,1,2,4,0,0,0,8,3,4,1,2,4,2,6,1,null,null,null,null,null,null,null,null,null,null,null,null,null,null,null,null,null,1,1,1,1,16]
[{"$f":"IF(generale!$A239>0,generale!$A239,\"\")","v":"2005-08-14"},{"$f":"IF(INDEX(generale!$A$16:$G$4963,MATCH(NPG!$A229,generale!$A$16:$A$4963,0),COLUMN())=0,0,INDEX(generale!$A$16:$G$4963,MATCH(NPG!$A229,generale!$A$16:$A$4963,0),COLUMN()))","v":7},{"$f":"IF(INDEX(generale!$A$16:$G$4963,MATCH(NPG!$A229,generale!$A$16:$A$4963,0),COLUMN())=0,0,INDEX(generale!$A$16:$G$4963,MATCH(NPG!$A229,generale!$A$16:$A$4963,0),COLUMN()))","v":10},{"$f":"IF(INDEX(generale!$A$16:$G$4963,MATCH(NPG!$A229,generale!$A$16:$A$4963,0),COLUMN())=0,0,INDEX(generale!$A$16:$G$4963,MATCH(NPG!$A229,generale!$A$16:$A$4963,0),COLUMN()))","v":16},{"$f":"IF(INDEX(generale!$A$16:$G$4963,MATCH(NPG!$A229,generale!$A$16:$A$4963,0),COLUMN())=0,0,INDEX(generale!$A$16:$G$4963,MATCH(NPG!$A229,generale!$A$16:$A$4963,0),COLUMN()))","v":3},{"$f":"IF(INDEX(generale!$A$16:$G$4963,MATCH(NPG!$A229,generale!$A$16:$A$4963,0),COLUMN())=0,0,INDEX(generale!$A$16:$G$4963,MATCH(NPG!$A229,generale!$A$16:$A$4963,0),COLUMN()))","v":8},{"$f":"generale!G239","v":"P"},14,4,2,3,13,2,0,5,1,0,1,9,4,5,2,0,4,2,6,1,null,null,null,null,null,null,null,null,null,null,null,null,null,null,null,null,null,1,1,1,1,16]
[{"$f":"IF(generale!$A240>0,generale!$A240,\"\")","v":"2005-08-15"},{"$f":"IF(INDEX(generale!$A$16:$G$4963,MATCH(NPG!$A230,generale!$A$16:$A$4963,0),COLUMN())=0,0,INDEX(generale!$A$16:$G$4963,MATCH(NPG!$A230,generale!$A$16:$A$4963,0),COLUMN()))","v":8},{"$f":"IF(INDEX(generale!$A$16:$G$4963,MATCH(NPG!$A230,generale!$A$16:$A$4963,0),COLUMN())=0,0,INDEX(generale!$A$16:$G$4963,MATCH(NPG!$A230,generale!$A$16:$A$4963,0),COLUMN()))","v":12},{"$f":"IF(INDEX(generale!$A$16:$G$4963,MATCH(NPG!$A230,generale!$A$16:$A$4963,0),COLUMN())=0,0,INDEX(generale!$A$16:$G$4963,MATCH(NPG!$A230,generale!$A$16:$A$4963,0),COLUMN()))","v":14},{"$f":"IF(INDEX(generale!$A$16:$G$4963,MATCH(NPG!$A230,generale!$A$16:$A$4963,0),COLUMN())=0,0,INDEX(generale!$A$16:$G$4963,MATCH(NPG!$A230,generale!$A$16:$A$4963,0),COLUMN()))","v":5},{"$f":"IF(INDEX(generale!$A$16:$G$4963,MATCH(NPG!$A230,generale!$A$16:$A$4963,0),COLUMN())=0,0,INDEX(generale!$A$16:$G$4963,MATCH(NPG!$A230,generale!$A$16:$A$4963,0),COLUMN()))","v":10},{"$f":"generale!G240","v":"P"},15,5,3,4,14,3,1,0,2,1,2,0,5,0,3,1,4,2,6,1,null,null,null,null,null,null,null,null,null,null,null,null,null,null,null,null,null,1,1,1,1,16]
[{"$f":"IF(generale!$A241>0,generale!$A241,\"\")","v":"2005-08-16"},{"$f":"IF(INDEX(generale!$A$16:$G$4963,MATCH(NPG!$A231,generale!$A$16:$A$4963,0),COLUMN())=0,0,INDEX(generale!$A$16:$G$4963,MATCH(NPG!$A231,generale!$A$16:$A$4963,0),COLUMN()))","v":5},{"$f":"IF(INDEX(generale!$A$16:$G$4963,MATCH(NPG!$A231,generale!$A$16:$A$4963,0),COLUMN())=0,0,INDEX(generale!$A$16:$G$4963,MATCH(NPG!$A231,generale!$A$16:$A$4963,0),COLUMN()))","v":6},{"$f":"IF(INDEX(generale!$A$16:$G$4963,MATCH(NPG!$A231,generale!$A$16:$A$4963,0),COLUMN())=0,0,INDEX(generale!$A$16:$G$4963,MATCH(NPG!$A231,generale!$A$16:$A$4963,0),COLUMN()))","v":8},{"$f":"IF(INDEX(generale!$A$16:$G$4963,MATCH(NPG!$A231,generale!$A$16:$A$4963,0),COLUMN())=0,0,INDEX(generale!$A$16:$G$4963,MATCH(NPG!$A231,generale!$A$16:$A$4963,0),COLUMN()))","v":7},{"$f":"IF(INDEX(generale!$A$16:$G$4963,MATCH(NPG!$A231,generale!$A$16:$A$4963,0),COLUMN())=0,0,INDEX(generale!$A$16:$G$4963,MATCH(NPG!$A231,generale!$A$16:$A$4963,0),COLUMN()))","v":14},{"$f":"generale!G241","v":"T"},16,6,4,5,0,0,2,0,3,2,3,1,6,1,4,2,4,2,6,1,null,null,null,null,null,null,null,null,null,null,null,null,null,null,null,null,null,1,1,1,1,16]
[{"$f":"IF(generale!$A242>0,generale!$A242,\"\")","v":"2005-08-17"},{"$f":"IF(INDEX(generale!$A$16:$G$4963,MATCH(NPG!$A232,generale!$A$16:$A$4963,0),COLUMN())=0,0,INDEX(generale!$A$16:$G$4963,MATCH(NPG!$A232,generale!$A$16:$A$4963,0),COLUMN()))","v":17},{"$f":"IF(INDEX(generale!$A$16:$G$4963,MATCH(NPG!$A232,generale!$A$16:$A$4963,0),COLUMN())=0,0,INDEX(generale!$A$16:$G$4963,MATCH(NPG!$A232,generale!$A$16:$A$4963,0),COLUMN()))","v":7},{"$f":"IF(INDEX(generale!$A$16:$G$4963,MATCH(NPG!$A232,generale!$A$16:$A$4963,0),COLUMN())=0,0,INDEX(generale!$A$16:$G$4963,MATCH(NPG!$A232,generale!$A$16:$A$4963,0),COLUMN()))","v":8},{"$f":"IF(INDEX(generale!$A$16:$G$4963,MATCH(NPG!$A232,generale!$A$16:$A$4963,0),COLUMN())=0,0,INDEX(generale!$A$16:$G$4963,MATCH(NPG!$A232,generale!$A$16:$A$4963,0),COLUMN()))","v":11},{"$f":"IF(INDEX(generale!$A$16:$G$4963,MATCH(NPG!$A232,generale!$A$16:$A$4963,0),COLUMN())=0,0,INDEX(generale!$A$16:$G$4963,MATCH(NPG!$A232,generale!$A$16:$A$4963,0),COLUMN()))","v":14},{"$f":"generale!G242","v":"P"},17,7,5,6,1,1,0,0,4,3,4,2,7,2,5,3,0,2,6,1,null,null,null,null,null,null,null,null,null,null,null,null,null,null,null,null,null,1,1,1,1,16]
[{"$f":"IF(generale!$A243>0,generale!$A243,\"\")","v":"2005-08-18"},{"$f":"IF(INDEX(generale!$A$16:$G$4963,MATCH(NPG!$A233,generale!$A$16:$A$4963,0),COLUMN())=0,0,INDEX(generale!$A$16:$G$4963,MATCH(NPG!$A233,generale!$A$16:$A$4963,0),COLUMN()))","v":2},{"$f":"IF(INDEX(generale!$A$16:$G$4963,MATCH(NPG!$A233,generale!$A$16:$A$4963,0),COLUMN())=0,0,INDEX(generale!$A$16:$G$4963,MATCH(NPG!$A233,generale!$A$16:$A$4963,0),COLUMN()))","v":10},{"$f":"IF(INDEX(generale!$A$16:$G$4963,MATCH(NPG!$A233,generale!$A$16:$A$4963,0),COLUMN())=0,0,INDEX(generale!$A$16:$G$4963,MATCH(NPG!$A233,generale!$A$16:$A$4963,0),COLUMN()))","v":11},{"$f":"IF(INDEX(generale!$A$16:$G$4963,MATCH(NPG!$A233,generale!$A$16:$A$4963,0),COLUMN())=0,0,INDEX(generale!$A$16:$G$4963,MATCH(NPG!$A233,generale!$A$16:$A$4963,0),COLUMN()))","v":1},{"$f":"IF(INDEX(generale!$A$16:$G$4963,MATCH(NPG!$A233,generale!$A$16:$A$4963,0),COLUMN())=0,0,INDEX(generale!$A$16:$G$4963,MATCH(NPG!$A233,generale!$A$16:$A$4963,0),COLUMN()))","v":14},{"$f":"generale!G243","v":"T"},18,0,6,7,2,2,1,1,5,0,0,3,8,3,6,4,0,2,6,1,null,null,null,null,null,null,null,null,null,null,null,null,null,null,null,null,null,1,1,1,1,16]
[{"$f":"IF(generale!$A244>0,generale!$A244,\"\")","v":"2005-08-19"},{"$f":"IF(INDEX(generale!$A$16:$G$4963,MATCH(NPG!$A234,generale!$A$16:$A$4963,0),COLUMN())=0,0,INDEX(generale!$A$16:$G$4963,MATCH(NPG!$A234,generale!$A$16:$A$4963,0),COLUMN()))","v":4},{"$f":"IF(INDEX(generale!$A$16:$G$4963,MATCH(NPG!$A234,generale!$A$16:$A$4963,0),COLUMN())=0,0,INDEX(generale!$A$16:$G$4963,MATCH(NPG!$A234,generale!$A$16:$A$4963,0),COLUMN()))","v":11},{"$f":"IF(INDEX(generale!$A$16:$G$4963,MATCH(NPG!$A234,generale!$A$16:$A$4963,0),COLUMN())=0,0,INDEX(generale!$A$16:$G$4963,MATCH(NPG!$A234,generale!$A$16:$A$4963,0),COLUMN()))","v":15},{"$f":"IF(INDEX(generale!$A$16:$G$4963,MATCH(NPG!$A234,generale!$A$16:$A$4963,0),COLUMN())=0,0,INDEX(generale!$A$16:$G$4963,MATCH(NPG!$A234,generale!$A$16:$A$4963,0),COLUMN()))","v":5},{"$f":"IF(INDEX(generale!$A$16:$G$4963,MATCH(NPG!$A234,generale!$A$16:$A$4963,0),COLUMN())=0,0,INDEX(generale!$A$16:$G$4963,MATCH(NPG!$A234,generale!$A$16:$A$4963,0),COLUMN()))","v":14},{"$f":"generale!G244","v":"P"},19,1,7,0,3,3,2,2,6,1,0,4,9,4,0,4,0,2,6,1,null,null,null,null,null,null,null,null,null,null,null,1,null,null,null,null,1,1,1,1,1,14,"5"]
[{"$f":"IF(generale!$A245>0,generale!$A245,\"\")","v":"2005-08-20"},{"$f":"IF(INDEX(generale!$A$16:$G$4963,MATCH(NPG!$A235,generale!$A$16:$A$4963,0),COLUMN())=0,0,INDEX(generale!$A$16:$G$4963,MATCH(NPG!$A235,generale!$A$16:$A$4963,0),COLUMN()))","v":12},{"$f":"IF(INDEX(generale!$A$16:$G$4963,MATCH(NPG!$A235,generale!$A$16:$A$4963,0),COLUMN())=0,0,INDEX(generale!$A$16:$G$4963,MATCH(NPG!$A235,generale!$A$16:$A$4963,0),COLUMN()))","v":8},{"$f":"IF(INDEX(generale!$A$16:$G$4963,MATCH(NPG!$A235,generale!$A$16:$A$4963,0),COLUMN())=0,0,INDEX(generale!$A$16:$G$4963,MATCH(NPG!$A235,generale!$A$16:$A$4963,0),COLUMN()))","v":13},{"$f":"IF(INDEX(generale!$A$16:$G$4963,MATCH(NPG!$A235,generale!$A$16:$A$4963,0),COLUMN())=0,0,INDEX(generale!$A$16:$G$4963,MATCH(NPG!$A235,generale!$A$16:$A$4963,0),COLUMN()))","v":1},{"$f":"IF(INDEX(generale!$A$16:$G$4963,MATCH(NPG!$A235,generale!$A$16:$A$4963,0),COLUMN())=0,0,INDEX(generale!$A$16:$G$4963,MATCH(NPG!$A235,generale!$A$16:$A$4963,0),COLUMN()))","v":4},{"$f":"generale!G245","v":"P"},20,2,8,1,4,4,3,0,7,2,1,0,0,5,1,4,0,2,6,1,null,null,null,null,null,null,null,null,null,null,null,null,null,null,null,null,1,1,1,1,1,15]
[{"$f":"IF(generale!$A246>0,generale!$A246,\"\")","v":"2005-08-21"},{"$f":"IF(INDEX(generale!$A$16:$G$4963,MATCH(NPG!$A236,generale!$A$16:$A$4963,0),COLUMN())=0,0,INDEX(generale!$A$16:$G$4963,MATCH(NPG!$A236,generale!$A$16:$A$4963,0),COLUMN()))","v":16},{"$f":"IF(INDEX(generale!$A$16:$G$4963,MATCH(NPG!$A236,generale!$A$16:$A$4963,0),COLUMN())=0,0,INDEX(generale!$A$16:$G$4963,MATCH(NPG!$A236,generale!$A$16:$A$4963,0),COLUMN()))","v":17},{"$f":"IF(INDEX(generale!$A$16:$G$4963,MATCH(NPG!$A236,generale!$A$16:$A$4963,0),COLUMN())=0,0,INDEX(generale!$A$16:$G$4963,MATCH(NPG!$A236,generale!$A$16:$A$4963,0),COLUMN()))","v":18},{"$f":"IF(INDEX(generale!$A$16:$G$4963,MATCH(NPG!$A236,generale!$A$16:$A$4963,0),COLUMN())=0,0,INDEX(generale!$A$16:$G$4963,MATCH(NPG!$A236,generale!$A$16:$A$4963,0),COLUMN()))","v":9},{"$f":"IF(INDEX(generale!$A$16:$G$4963,MATCH(NPG!$A236,generale!$A$16:$A$4963,0),COLUMN())=0,0,INDEX(generale!$A$16:$G$4963,MATCH(NPG!$A236,generale!$A$16:$A$4963,0),COLUMN()))","v":20},{"$f":"generale!G246","v":"P"},21,3,9,2,5,5,4,1,8,3,2,1,1,6,2,0,0,0,6,1,null,null,null,null,null,null,null,null,null,null,null,null,null,null,null,null,null,1,1,1,1,16,"2-4"]
[{"$f":"IF(generale!$A247>0,generale!$A247,\"\")","v":"2005-08-22"},{"$f":"IF(INDEX(generale!$A$16:$G$4963,MATCH(NPG!$A237,generale!$A$16:$A$4963,0),COLUMN())=0,0,INDEX(generale!$A$16:$G$4963,MATCH(NPG!$A237,generale!$A$16:$A$4963,0),COLUMN()))","v":15},{"$f":"IF(INDEX(generale!$A$16:$G$4963,MATCH(NPG!$A237,generale!$A$16:$A$4963,0),COLUMN())=0,0,INDEX(generale!$A$16:$G$4963,MATCH(NPG!$A237,generale!$A$16:$A$4963,0),COLUMN()))","v":4},{"$f":"IF(INDEX(generale!$A$16:$G$4963,MATCH(NPG!$A237,generale!$A$16:$A$4963,0),COLUMN())=0,0,INDEX(generale!$A$16:$G$4963,MATCH(NPG!$A237,generale!$A$16:$A$4963,0),COLUMN()))","v":8},{"$f":"IF(INDEX(generale!$A$16:$G$4963,MATCH(NPG!$A237,generale!$A$16:$A$4963,0),COLUMN())=0,0,INDEX(generale!$A$16:$G$4963,MATCH(NPG!$A237,generale!$A$16:$A$4963,0),COLUMN()))","v":6},{"$f":"IF(INDEX(generale!$A$16:$G$4963,MATCH(NPG!$A237,generale!$A$16:$A$4963,0),COLUMN())=0,0,INDEX(generale!$A$16:$G$4963,MATCH(NPG!$A237,generale!$A$16:$A$4963,0),COLUMN()))","v":12},{"$f":"generale!G247","v":"T"},22,4,10,0,6,6,5,0,9,4,3,2,2,7,0,1,0,0,6,1,null,null,null,null,null,null,null,null,null,null,null,null,null,null,null,null,null,1,1,1,1,16]
[{"$f":"IF(generale!$A248>0,generale!$A248,\"\")","v":"2005-08-23"},{"$f":"IF(INDEX(generale!$A$16:$G$4963,MATCH(NPG!$A238,generale!$A$16:$A$4963,0),COLUMN())=0,0,INDEX(generale!$A$16:$G$4963,MATCH(NPG!$A238,generale!$A$16:$A$4963,0),COLUMN()))","v":14},{"$f":"IF(INDEX(generale!$A$16:$G$4963,MATCH(NPG!$A238,generale!$A$16:$A$4963,0),COLUMN())=0,0,INDEX(generale!$A$16:$G$4963,MATCH(NPG!$A238,generale!$A$16:$A$4963,0),COLUMN()))","v":4},{"$f":"IF(INDEX(generale!$A$16:$G$4963,MATCH(NPG!$A238,generale!$A$16:$A$4963,0),COLUMN())=0,0,INDEX(generale!$A$16:$G$4963,MATCH(NPG!$A238,generale!$A$16:$A$4963,0),COLUMN()))","v":16},{"$f":"IF(INDEX(generale!$A$16:$G$4963,MATCH(NPG!$A238,generale!$A$16:$A$4963,0),COLUMN())=0,0,INDEX(generale!$A$16:$G$4963,MATCH(NPG!$A238,generale!$A$16:$A$4963,0),COLUMN()))","v":6},{"$f":"IF(INDEX(generale!$A$16:$G$4963,MATCH(NPG!$A238,generale!$A$16:$A$4963,0),COLUMN())=0,0,INDEX(generale!$A$16:$G$4963,MATCH(NPG!$A238,generale!$A$16:$A$4963,0),COLUMN()))","v":3},{"$f":"generale!G248","v":"P"},23,5,11,0,7,7,6,1,10,5,4,3,3,0,0,0,0,0,6,1,null,null,null,null,null,null,null,null,null,null,null,null,null,null,null,1,1,1,1,1,1,14,"9"]
[{"$f":"IF(generale!$A249>0,generale!$A249,\"\")","v":"2005-08-24"},{"$f":"IF(INDEX(generale!$A$16:$G$4963,MATCH(NPG!$A239,generale!$A$16:$A$4963,0),COLUMN())=0,0,INDEX(generale!$A$16:$G$4963,MATCH(NPG!$A239,generale!$A$16:$A$4963,0),COLUMN()))","v":9},{"$f":"IF(INDEX(generale!$A$16:$G$4963,MATCH(NPG!$A239,generale!$A$16:$A$4963,0),COLUMN())=0,0,INDEX(generale!$A$16:$G$4963,MATCH(NPG!$A239,generale!$A$16:$A$4963,0),COLUMN()))","v":15},{"$f":"IF(INDEX(generale!$A$16:$G$4963,MATCH(NPG!$A239,generale!$A$16:$A$4963,0),COLUMN())=0,0,INDEX(generale!$A$16:$G$4963,MATCH(NPG!$A239,generale!$A$16:$A$4963,0),COLUMN()))","v":7},{"$f":"IF(INDEX(generale!$A$16:$G$4963,MATCH(NPG!$A239,generale!$A$16:$A$4963,0),COLUMN())=0,0,INDEX(generale!$A$16:$G$4963,MATCH(NPG!$A239,generale!$A$16:$A$4963,0),COLUMN()))","v":8},{"$f":"IF(INDEX(generale!$A$16:$G$4963,MATCH(NPG!$A239,generale!$A$16:$A$4963,0),COLUMN())=0,0,INDEX(generale!$A$16:$G$4963,MATCH(NPG!$A239,generale!$A$16:$A$4963,0),COLUMN()))","v":3},{"$f":"generale!G249","v":"T"},24,6,12,1,8,8,0,2,0,6,5,4,4,1,0,1,1,1,6,1,null,null,null,null,null,null,null,null,null,null,null,null,null,null,null,null,null,null,null,1,1,18,"15"]
[{"$f":"IF(generale!$A250>0,generale!$A250,\"\")","v":"2005-08-25"},{"$f":"IF(INDEX(generale!$A$16:$G$4963,MATCH(NPG!$A240,generale!$A$16:$A$4963,0),COLUMN())=0,0,INDEX(generale!$A$16:$G$4963,MATCH(NPG!$A240,generale!$A$16:$A$4963,0),COLUMN()))","v":2},{"$f":"IF(INDEX(generale!$A$16:$G$4963,MATCH(NPG!$A240,generale!$A$16:$A$4963,0),COLUMN())=0,0,INDEX(generale!$A$16:$G$4963,MATCH(NPG!$A240,generale!$A$16:$A$4963,0),COLUMN()))","v":9},{"$f":"IF(INDEX(generale!$A$16:$G$4963,MATCH(NPG!$A240,generale!$A$16:$A$4963,0),COLUMN())=0,0,INDEX(generale!$A$16:$G$4963,MATCH(NPG!$A240,generale!$A$16:$A$4963,0),COLUMN()))","v":15},{"$f":"IF(INDEX(generale!$A$16:$G$4963,MATCH(NPG!$A240,generale!$A$16:$A$4963,0),COLUMN())=0,0,INDEX(generale!$A$16:$G$4963,MATCH(NPG!$A240,generale!$A$16:$A$4963,0),COLUMN()))","v":10},{"$f":"IF(INDEX(generale!$A$16:$G$4963,MATCH(NPG!$A240,generale!$A$16:$A$4963,0),COLUMN())=0,0,INDEX(generale!$A$16:$G$4963,MATCH(NPG!$A240,generale!$A$16:$A$4963,0),COLUMN()))","v":3},{"$f":"generale!G250","v":"O"},25,0,13,2,9,9,1,3,0,7,6,5,5,2,0,2,1,1,6,1,null,null,null,null,null,null,null,null,null,null,null,null,null,null,null,null,null,1,1,1,1,16]
[{"$f":"IF(generale!$A251>0,generale!$A251,\"\")","v":"2005-08-26"},{"$f":"IF(INDEX(generale!$A$16:$G$4963,MATCH(NPG!$A241,generale!$A$16:$A$4963,0),COLUMN())=0,0,INDEX(generale!$A$16:$G$4963,MATCH(NPG!$A241,generale!$A$16:$A$4963,0),COLUMN()))","v":2},{"$f":"IF(INDEX(generale!$A$16:$G$4963,MATCH(NPG!$A241,generale!$A$16:$A$4963,0),COLUMN())=0,0,INDEX(generale!$A$16:$G$4963,MATCH(NPG!$A241,generale!$A$16:$A$4963,0),COLUMN()))","v":14},{"$f":"IF(INDEX(generale!$A$16:$G$4963,MATCH(NPG!$A241,generale!$A$16:$A$4963,0),COLUMN())=0,0,INDEX(generale!$A$16:$G$4963,MATCH(NPG!$A241,generale!$A$16:$A$4963,0),COLUMN()))","v":5},{"$f":"IF(INDEX(generale!$A$16:$G$4963,MATCH(NPG!$A241,generale!$A$16:$A$4963,0),COLUMN())=0,0,INDEX(generale!$A$16:$G$4963,MATCH(NPG!$A241,generale!$A$16:$A$4963,0),COLUMN()))","v":7},{"$f":"IF(INDEX(generale!$A$16:$G$4963,MATCH(NPG!$A241,generale!$A$16:$A$4963,0),COLUMN())=0,0,INDEX(generale!$A$16:$G$4963,MATCH(NPG!$A241,generale!$A$16:$A$4963,0),COLUMN()))","v":13},{"$f":"generale!G251","v":"P"},26,0,14,3,0,10,2,4,1,8,7,6,6,0,1,3,2,2,6,1,null,null,null,null,null,null,null,null,null,null,null,null,null,null,null,null,null,null,null,1,1,18]
[{"$f":"IF(generale!$A252>0,generale!$A252,\"\")","v":"2005-08-27"},{"$f":"IF(INDEX(generale!$A$16:$G$4963,MATCH(NPG!$A242,generale!$A$16:$A$4963,0),COLUMN())=0,0,INDEX(generale!$A$16:$G$4963,MATCH(NPG!$A242,generale!$A$16:$A$4963,0),COLUMN()))","v":8},{"$f":"IF(INDEX(generale!$A$16:$G$4963,MATCH(NPG!$A242,generale!$A$16:$A$4963,0),COLUMN())=0,0,INDEX(generale!$A$16:$G$4963,MATCH(NPG!$A242,generale!$A$16:$A$4963,0),COLUMN()))","v":10},{"$f":"IF(INDEX(generale!$A$16:$G$4963,MATCH(NPG!$A242,generale!$A$16:$A$4963,0),COLUMN())=0,0,INDEX(generale!$A$16:$G$4963,MATCH(NPG!$A242,generale!$A$16:$A$4963,0),COLUMN()))","v":15},{"$f":"IF(INDEX(generale!$A$16:$G$4963,MATCH(NPG!$A242,generale!$A$16:$A$4963,0),COLUMN())=0,0,INDEX(generale!$A$16:$G$4963,MATCH(NPG!$A242,generale!$A$16:$A$4963,0),COLUMN()))","v":4},{"$f":"IF(INDEX(generale!$A$16:$G$4963,MATCH(NPG!$A242,generale!$A$16:$A$4963,0),COLUMN())=0,0,INDEX(generale!$A$16:$G$4963,MATCH(NPG!$A242,generale!$A$16:$A$4963,0),COLUMN()))","v":11},{"$f":"generale!G252","v":"T"},27,1,15,4,1,11,3,0,2,0,8,7,7,1,0,4,2,2,6,1,null,null,null,null,null,null,null,null,null,null,null,null,null,null,null,null,null,1,1,1,1,16]
[{"$f":"IF(generale!$A253>0,generale!$A253,\"\")","v":"2005-08-28"},{"$f":"IF(INDEX(generale!$A$16:$G$4963,MATCH(NPG!$A243,generale!$A$16:$A$4963,0),COLUMN())=0,0,INDEX(generale!$A$16:$G$4963,MATCH(NPG!$A243,generale!$A$16:$A$4963,0),COLUMN()))","v":4},{"$f":"IF(INDEX(generale!$A$16:$G$4963,MATCH(NPG!$A243,generale!$A$16:$A$4963,0),COLUMN())=0,0,INDEX(generale!$A$16:$G$4963,MATCH(NPG!$A243,generale!$A$16:$A$4963,0),COLUMN()))","v":7},{"$f":"IF(INDEX(generale!$A$16:$G$4963,MATCH(NPG!$A243,generale!$A$16:$A$4963,0),COLUMN())=0,0,INDEX(generale!$A$16:$G$4963,MATCH(NPG!$A243,generale!$A$16:$A$4963,0),COLUMN()))","v":3},{"$f":"IF(INDEX(generale!$A$16:$G$4963,MATCH(NPG!$A243,generale!$A$16:$A$4963,0),COLUMN())=0,0,INDEX(generale!$A$16:$G$4963,MATCH(NPG!$A243,generale!$A$16:$A$4963,0),COLUMN()))","v":5},{"$f":"IF(INDEX(generale!$A$16:$G$4963,MATCH(NPG!$A243,generale!$A$16:$A$4963,0),COLUMN())=0,0,INDEX(generale!$A$16:$G$4963,MATCH(NPG!$A243,generale!$A$16:$A$4963,0),COLUMN()))","v":6},{"$f":"generale!G253","v":"P"},28,2,0,0,2,12,0,1,3,1,9,8,8,2,1,5,2,2,6,1,null,null,null,null,null,null,null,null,null,null,null,null,null,null,null,null,null,1,1,1,1,16]
[{"$f":"IF(generale!$A254>0,generale!$A254,\"\")","v":"2005-08-29"},{"$f":"IF(INDEX(generale!$A$16:$G$4963,MATCH(NPG!$A244,generale!$A$16:$A$4963,0),COLUMN())=0,0,INDEX(generale!$A$16:$G$4963,MATCH(NPG!$A244,generale!$A$16:$A$4963,0),COLUMN()))","v":8},{"$f":"IF(INDEX(generale!$A$16:$G$4963,MATCH(NPG!$A244,generale!$A$16:$A$4963,0),COLUMN())=0,0,INDEX(generale!$A$16:$G$4963,MATCH(NPG!$A244,generale!$A$16:$A$4963,0),COLUMN()))","v":18},{"$f":"IF(INDEX(generale!$A$16:$G$4963,MATCH(NPG!$A244,generale!$A$16:$A$4963,0),COLUMN())=0,0,INDEX(generale!$A$16:$G$4963,MATCH(NPG!$A244,generale!$A$16:$A$4963,0),COLUMN()))","v":9},{"$f":"IF(INDEX(generale!$A$16:$G$4963,MATCH(NPG!$A244,generale!$A$16:$A$4963,0),COLUMN())=0,0,INDEX(generale!$A$16:$G$4963,MATCH(NPG!$A244,generale!$A$16:$A$4963,0),COLUMN()))","v":5},{"$f":"IF(INDEX(generale!$A$16:$G$4963,MATCH(NPG!$A244,generale!$A$16:$A$4963,0),COLUMN())=0,0,INDEX(generale!$A$16:$G$4963,MATCH(NPG!$A244,generale!$A$16:$A$4963,0),COLUMN()))","v":7},{"$f":"generale!G254","v":"T"},29,3,1,1,3,13,1,0,0,2,10,9,9,3,2,6,2,0,6,1,null,null,null,null,null,null,null,null,null,null,null,null,null,null,null,null,null,1,1,1,1,16]
[{"$f":"IF(generale!$A255>0,generale!$A255,\"\")","v":"2005-08-30"},{"$f":"IF(INDEX(generale!$A$16:$G$4963,MATCH(NPG!$A245,generale!$A$16:$A$4963,0),COLUMN())=0,0,INDEX(generale!$A$16:$G$4963,MATCH(NPG!$A245,generale!$A$16:$A$4963,0),COLUMN()))","v":17},{"$f":"IF(INDEX(generale!$A$16:$G$4963,MATCH(NPG!$A245,generale!$A$16:$A$4963,0),COLUMN())=0,0,INDEX(generale!$A$16:$G$4963,MATCH(NPG!$A245,generale!$A$16:$A$4963,0),COLUMN()))","v":9},{"$f":"IF(INDEX(generale!$A$16:$G$4963,MATCH(NPG!$A245,generale!$A$16:$A$4963,0),COLUMN())=0,0,INDEX(generale!$A$16:$G$4963,MATCH(NPG!$A245,generale!$A$16:$A$4963,0),COLUMN()))","v":12},{"$f":"IF(INDEX(generale!$A$16:$G$4963,MATCH(NPG!$A245,generale!$A$16:$A$4963,0),COLUMN())=0,0,INDEX(generale!$A$16:$G$4963,MATCH(NPG!$A245,generale!$A$16:$A$4963,0),COLUMN()))","v":15},{"$f":"IF(INDEX(generale!$A$16:$G$4963,MATCH(NPG!$A245,generale!$A$16:$A$4963,0),COLUMN())=0,0,INDEX(generale!$A$16:$G$4963,MATCH(NPG!$A245,generale!$A$16:$A$4963,0),COLUMN()))","v":18},{"$f":"generale!G255","v":"P"},30,4,2,2,4,14,2,1,0,3,11,0,10,4,3,7,0,0,6,1,null,null,null,null,null,null,null,null,null,null,null,null,null,null,null,null,null,1,1,1,1,16]
[{"$f":"IF(generale!$A256>0,generale!$A256,\"\")","v":"2005-08-31"},{"$f":"IF(INDEX(generale!$A$16:$G$4963,MATCH(NPG!$A246,generale!$A$16:$A$4963,0),COLUMN())=0,0,INDEX(generale!$A$16:$G$4963,MATCH(NPG!$A246,generale!$A$16:$A$4963,0),COLUMN()))","v":17},{"$f":"IF(INDEX(generale!$A$16:$G$4963,MATCH(NPG!$A246,generale!$A$16:$A$4963,0),COLUMN())=0,0,INDEX(generale!$A$16:$G$4963,MATCH(NPG!$A246,generale!$A$16:$A$4963,0),COLUMN()))","v":19},{"$f":"IF(INDEX(generale!$A$16:$G$4963,MATCH(NPG!$A246,generale!$A$16:$A$4963,0),COLUMN())=0,0,INDEX(generale!$A$16:$G$4963,MATCH(NPG!$A246,generale!$A$16:$A$4963,0),COLUMN()))","v":1},{"$f":"IF(INDEX(generale!$A$16:$G$4963,MATCH(NPG!$A246,generale!$A$16:$A$4963,0),COLUMN())=0,0,INDEX(generale!$A$16:$G$4963,MATCH(NPG!$A246,generale!$A$16:$A$4963,0),COLUMN()))","v":5},{"$f":"IF(INDEX(generale!$A$16:$G$4963,MATCH(NPG!$A246,generale!$A$16:$A$4963,0),COLUMN())=0,0,INDEX(generale!$A$16:$G$4963,MATCH(NPG!$A246,generale!$A$16:$A$4963,0),COLUMN()))","v":6},{"$f":"generale!G256","v":"T"},0,5,3,3,5,15,3,2,1,4,12,1,11,5,4,8,0,0,0,1,null,null,null,null,null,null,null,null,null,null,null,null,null,null,null,null,null,null,1,1,1,17,"3"]
[{"$f":"IF(generale!$A257>0,generale!$A257,\"\")","v":"2005-09-01"},{"$f":"IF(INDEX(generale!$A$16:$G$4963,MATCH(NPG!$A247,generale!$A$16:$A$4963,0),COLUMN())=0,0,INDEX(generale!$A$16:$G$4963,MATCH(NPG!$A247,generale!$A$16:$A$4963,0),COLUMN()))","v":10},{"$f":"IF(INDEX(generale!$A$16:$G$4963,MATCH(NPG!$A247,generale!$A$16:$A$4963,0),COLUMN())=0,0,INDEX(generale!$A$16:$G$4963,MATCH(NPG!$A247,generale!$A$16:$A$4963,0),COLUMN()))","v":18},{"$f":"IF(INDEX(generale!$A$16:$G$4963,MATCH(NPG!$A247,generale!$A$16:$A$4963,0),COLUMN())=0,0,INDEX(generale!$A$16:$G$4963,MATCH(NPG!$A247,generale!$A$16:$A$4963,0),COLUMN()))","v":14},{"$f":"IF(INDEX(generale!$A$16:$G$4963,MATCH(NPG!$A247,generale!$A$16:$A$4963,0),COLUMN())=0,0,INDEX(generale!$A$16:$G$4963,MATCH(NPG!$A247,generale!$A$16:$A$4963,0),COLUMN()))","v":5},{"$f":"IF(INDEX(generale!$A$16:$G$4963,MATCH(NPG!$A247,generale!$A$16:$A$4963,0),COLUMN())=0,0,INDEX(generale!$A$16:$G$4963,MATCH(NPG!$A247,generale!$A$16:$A$4963,0),COLUMN()))","v":13},{"$f":"generale!G257","v":"T"},1,6,4,4,6,16,4,3,2,0,13,2,12,0,5,9,0,0,0,1,null,null,null,null,null,null,null,null,null,null,null,null,null,null,null,null,null,1,1,1,1,16,"13"]
[{"$f":"IF(generale!$A258>0,generale!$A258,\"\")","v":"2005-09-02"},{"$f":"IF(INDEX(generale!$A$16:$G$4963,MATCH(NPG!$A248,generale!$A$16:$A$4963,0),COLUMN())=0,0,INDEX(generale!$A$16:$G$4963,MATCH(NPG!$A248,generale!$A$16:$A$4963,0),COLUMN()))","v":4},{"$f":"IF(INDEX(generale!$A$16:$G$4963,MATCH(NPG!$A248,generale!$A$16:$A$4963,0),COLUMN())=0,0,INDEX(generale!$A$16:$G$4963,MATCH(NPG!$A248,generale!$A$16:$A$4963,0),COLUMN()))","v":12},{"$f":"IF(INDEX(generale!$A$16:$G$4963,MATCH(NPG!$A248,generale!$A$16:$A$4963,0),COLUMN())=0,0,INDEX(generale!$A$16:$G$4963,MATCH(NPG!$A248,generale!$A$16:$A$4963,0),COLUMN()))","v":11},{"$f":"IF(INDEX(generale!$A$16:$G$4963,MATCH(NPG!$A248,generale!$A$16:$A$4963,0),COLUMN())=0,0,INDEX(generale!$A$16:$G$4963,MATCH(NPG!$A248,generale!$A$16:$A$4963,0),COLUMN()))","v":14},{"$f":"IF(INDEX(generale!$A$16:$G$4963,MATCH(NPG!$A248,generale!$A$16:$A$4963,0),COLUMN())=0,0,INDEX(generale!$A$16:$G$4963,MATCH(NPG!$A248,generale!$A$16:$A$4963,0),COLUMN()))","v":10},{"$f":"generale!G258","v":"T"},2,7,5,0,6,17,5,4,3,1,0,0,13,0,6,10,1,1,0,2,null,null,null,null,null,1,null,null,null,null,null,null,null,null,1,null,null,null,null,1,null,17]
[{"$f":"IF(generale!$A259>0,generale!$A259,\"\")","v":"2005-09-03"},{"$f":"IF(INDEX(generale!$A$16:$G$4963,MATCH(NPG!$A249,generale!$A$16:$A$4963,0),COLUMN())=0,0,INDEX(generale!$A$16:$G$4963,MATCH(NPG!$A249,generale!$A$16:$A$4963,0),COLUMN()))","v":14},{"$f":"IF(INDEX(generale!$A$16:$G$4963,MATCH(NPG!$A249,generale!$A$16:$A$4963,0),COLUMN())=0,0,INDEX(generale!$A$16:$G$4963,MATCH(NPG!$A249,generale!$A$16:$A$4963,0),COLUMN()))","v":17},{"$f":"IF(INDEX(generale!$A$16:$G$4963,MATCH(NPG!$A249,generale!$A$16:$A$4963,0),COLUMN())=0,0,INDEX(generale!$A$16:$G$4963,MATCH(NPG!$A249,generale!$A$16:$A$4963,0),COLUMN()))","v":8},{"$f":"IF(INDEX(generale!$A$16:$G$4963,MATCH(NPG!$A249,generale!$A$16:$A$4963,0),COLUMN())=0,0,INDEX(generale!$A$16:$G$4963,MATCH(NPG!$A249,generale!$A$16:$A$4963,0),COLUMN()))","v":16},{"$f":"IF(INDEX(generale!$A$16:$G$4963,MATCH(NPG!$A249,generale!$A$16:$A$4963,0),COLUMN())=0,0,INDEX(generale!$A$16:$G$4963,MATCH(NPG!$A249,generale!$A$16:$A$4963,0),COLUMN()))","v":12},{"$f":"generale!G259","v":"T"},3,8,6,1,7,18,6,0,4,2,1,1,14,0,6,10,0,1,0,2,null,null,null,null,null,null,null,null,null,null,null,null,null,null,null,1,1,1,1,1,1,14]
[{"$f":"IF(generale!$A260>0,generale!$A260,\"\")","v":"2005-09-04"},{"$f":"IF(INDEX(generale!$A$16:$G$4963,MATCH(NPG!$A250,generale!$A$16:$A$4963,0),COLUMN())=0,0,INDEX(generale!$A$16:$G$4963,MATCH(NPG!$A250,generale!$A$16:$A$4963,0),COLUMN()))","v":6},{"$f":"IF(INDEX(generale!$A$16:$G$4963,MATCH(NPG!$A250,generale!$A$16:$A$4963,0),COLUMN())=0,0,INDEX(generale!$A$16:$G$4963,MATCH(NPG!$A250,generale!$A$16:$A$4963,0),COLUMN()))","v":10},{"$f":"IF(INDEX(generale!$A$16:$G$4963,MATCH(NPG!$A250,generale!$A$16:$A$4963,0),COLUMN())=0,0,INDEX(generale!$A$16:$G$4963,MATCH(NPG!$A250,generale!$A$16:$A$4963,0),COLUMN()))","v":5},{"$f":"IF(INDEX(generale!$A$16:$G$4963,MATCH(NPG!$A250,generale!$A$16:$A$4963,0),COLUMN())=0,0,INDEX(generale!$A$16:$G$4963,MATCH(NPG!$A250,generale!$A$16:$A$4963,0),COLUMN()))","v":9},{"$f":"IF(INDEX(generale!$A$16:$G$4963,MATCH(NPG!$A250,generale!$A$16:$A$4963,0),COLUMN())=0,0,INDEX(generale!$A$16:$G$4963,MATCH(NPG!$A250,generale!$A$16:$A$4963,0),COLUMN()))","v":1},{"$f":"generale!G260","v":"P"},4,9,7,2,0,0,7,1,5,0,2,2,15,1,7,11,0,1,0,2,null,null,null,null,null,null,null,null,null,null,null,null,null,null,null,null,null,1,1,1,1,16,"16"]
[{"$f":"IF(generale!$A261>0,generale!$A261,\"\")","v":"2005-09-05"},{"$f":"IF(INDEX(generale!$A$16:$G$4963,MATCH(NPG!$A251,generale!$A$16:$A$4963,0),COLUMN())=0,0,INDEX(generale!$A$16:$G$4963,MATCH(NPG!$A251,generale!$A$16:$A$4963,0),COLUMN()))","v":4},{"$f":"IF(INDEX(generale!$A$16:$G$4963,MATCH(NPG!$A251,generale!$A$16:$A$4963,0),COLUMN())=0,0,INDEX(generale!$A$16:$G$4963,MATCH(NPG!$A251,generale!$A$16:$A$4963,0),COLUMN()))","v":7},{"$f":"IF(INDEX(generale!$A$16:$G$4963,MATCH(NPG!$A251,generale!$A$16:$A$4963,0),COLUMN())=0,0,INDEX(generale!$A$16:$G$4963,MATCH(NPG!$A251,generale!$A$16:$A$4963,0),COLUMN()))","v":12},{"$f":"IF(INDEX(generale!$A$16:$G$4963,MATCH(NPG!$A251,generale!$A$16:$A$4963,0),COLUMN())=0,0,INDEX(generale!$A$16:$G$4963,MATCH(NPG!$A251,generale!$A$16:$A$4963,0),COLUMN()))","v":13},{"$f":"IF(INDEX(generale!$A$16:$G$4963,MATCH(NPG!$A251,generale!$A$16:$A$4963,0),COLUMN())=0,0,INDEX(generale!$A$16:$G$4963,MATCH(NPG!$A251,generale!$A$16:$A$4963,0),COLUMN()))","v":1},{"$f":"generale!G261","v":"P"},5,10,8,0,1,1,0,2,6,1,3,0,16,2,8,12,0,1,0,2,null,null,null,null,null,null,null,null,null,null,null,null,null,null,null,null,null,1,1,1,1,16,"9"]
[{"$f":"IF(generale!$A262>0,generale!$A262,\"\")","v":"2005-09-06"},{"$f":"IF(INDEX(generale!$A$16:$G$4963,MATCH(NPG!$A252,generale!$A$16:$A$4963,0),COLUMN())=0,0,INDEX(generale!$A$16:$G$4963,MATCH(NPG!$A252,generale!$A$16:$A$4963,0),COLUMN()))","v":7},{"$f":"IF(INDEX(generale!$A$16:$G$4963,MATCH(NPG!$A252,generale!$A$16:$A$4963,0),COLUMN())=0,0,INDEX(generale!$A$16:$G$4963,MATCH(NPG!$A252,generale!$A$16:$A$4963,0),COLUMN()))","v":12},{"$f":"IF(INDEX(generale!$A$16:$G$4963,MATCH(NPG!$A252,generale!$A$16:$A$4963,0),COLUMN())=0,0,INDEX(generale!$A$16:$G$4963,MATCH(NPG!$A252,generale!$A$16:$A$4963,0),COLUMN()))","v":9},{"$f":"IF(INDEX(generale!$A$16:$G$4963,MATCH(NPG!$A252,generale!$A$16:$A$4963,0),COLUMN())=0,0,INDEX(generale!$A$16:$G$4963,MATCH(NPG!$A252,generale!$A$16:$A$4963,0),COLUMN()))","v":6},{"$f":"IF(INDEX(generale!$A$16:$G$4963,MATCH(NPG!$A252,generale!$A$16:$A$4963,0),COLUMN())=0,0,INDEX(generale!$A$16:$G$4963,MATCH(NPG!$A252,generale!$A$16:$A$4963,0),COLUMN()))","v":2},{"$f":"generale!G262","v":"O"},6,11,9,1,2,2,0,3,0,2,4,0,17,3,9,13,1,2,0,2,null,null,null,null,null,null,null,null,null,null,null,null,null,null,null,null,null,null,null,1,1,18,"12"]
[{"$f":"IF(generale!$A263>0,generale!$A263,\"\")","v":"2005-09-07"},{"$f":"IF(INDEX(generale!$A$16:$G$4963,MATCH(NPG!$A253,generale!$A$16:$A$4963,0),COLUMN())=0,0,INDEX(generale!$A$16:$G$4963,MATCH(NPG!$A253,generale!$A$16:$A$4963,0),COLUMN()))","v":13},{"$f":"IF(INDEX(generale!$A$16:$G$4963,MATCH(NPG!$A253,generale!$A$16:$A$4963,0),COLUMN())=0,0,INDEX(generale!$A$16:$G$4963,MATCH(NPG!$A253,generale!$A$16:$A$4963,0),COLUMN()))","v":3},{"$f":"IF(INDEX(generale!$A$16:$G$4963,MATCH(NPG!$A253,generale!$A$16:$A$4963,0),COLUMN())=0,0,INDEX(generale!$A$16:$G$4963,MATCH(NPG!$A253,generale!$A$16:$A$4963,0),COLUMN()))","v":6},{"$f":"IF(INDEX(generale!$A$16:$G$4963,MATCH(NPG!$A253,generale!$A$16:$A$4963,0),COLUMN())=0,0,INDEX(generale!$A$16:$G$4963,MATCH(NPG!$A253,generale!$A$16:$A$4963,0),COLUMN()))","v":1},{"$f":"IF(INDEX(generale!$A$16:$G$4963,MATCH(NPG!$A253,generale!$A$16:$A$4963,0),COLUMN())=0,0,INDEX(generale!$A$16:$G$4963,MATCH(NPG!$A253,generale!$A$16:$A$4963,0),COLUMN()))","v":5},{"$f":"generale!G263","v":"T"},7,12,0,2,3,0,1,4,1,3,5,1,0,4,10,14,1,2,0,2,null,null,null,null,null,null,null,null,null,null,null,null,null,null,null,null,null,1,1,1,1,16]
[{"$f":"IF(generale!$A264>0,generale!$A264,\"\")","v":"2005-09-08"},{"$f":"IF(INDEX(generale!$A$16:$G$4963,MATCH(NPG!$A254,generale!$A$16:$A$4963,0),COLUMN())=0,0,INDEX(generale!$A$16:$G$4963,MATCH(NPG!$A254,generale!$A$16:$A$4963,0),COLUMN()))","v":3},{"$f":"IF(INDEX(generale!$A$16:$G$4963,MATCH(NPG!$A254,generale!$A$16:$A$4963,0),COLUMN())=0,0,INDEX(generale!$A$16:$G$4963,MATCH(NPG!$A254,generale!$A$16:$A$4963,0),COLUMN()))","v":14},{"$f":"IF(INDEX(generale!$A$16:$G$4963,MATCH(NPG!$A254,generale!$A$16:$A$4963,0),COLUMN())=0,0,INDEX(generale!$A$16:$G$4963,MATCH(NPG!$A254,generale!$A$16:$A$4963,0),COLUMN()))","v":13},{"$f":"IF(INDEX(generale!$A$16:$G$4963,MATCH(NPG!$A254,generale!$A$16:$A$4963,0),COLUMN())=0,0,INDEX(generale!$A$16:$G$4963,MATCH(NPG!$A254,generale!$A$16:$A$4963,0),COLUMN()))","v":15},{"$f":"IF(INDEX(generale!$A$16:$G$4963,MATCH(NPG!$A254,generale!$A$16:$A$4963,0),COLUMN())=0,0,INDEX(generale!$A$16:$G$4963,MATCH(NPG!$A254,generale!$A$16:$A$4963,0),COLUMN()))","v":7},{"$f":"generale!G264","v":"P"},8,13,0,3,4,1,2,5,2,4,6,2,0,0,11,15,1,2,0,2,null,null,null,null,null,null,null,null,null,null,null,null,null,null,null,null,null,1,1,1,1,16]
[{"$f":"IF(generale!$A265>0,generale!$A265,\"\")","v":"2005-09-09"},{"$f":"IF(INDEX(generale!$A$16:$G$4963,MATCH(NPG!$A255,generale!$A$16:$A$4963,0),COLUMN())=0,0,INDEX(generale!$A$16:$G$4963,MATCH(NPG!$A255,generale!$A$16:$A$4963,0),COLUMN()))","v":11},{"$f":"IF(INDEX(generale!$A$16:$G$4963,MATCH(NPG!$A255,generale!$A$16:$A$4963,0),COLUMN())=0,0,INDEX(generale!$A$16:$G$4963,MATCH(NPG!$A255,generale!$A$16:$A$4963,0),COLUMN()))","v":3},{"$f":"IF(INDEX(generale!$A$16:$G$4963,MATCH(NPG!$A255,generale!$A$16:$A$4963,0),COLUMN())=0,0,INDEX(generale!$A$16:$G$4963,MATCH(NPG!$A255,generale!$A$16:$A$4963,0),COLUMN()))","v":12},{"$f":"IF(INDEX(generale!$A$16:$G$4963,MATCH(NPG!$A255,generale!$A$16:$A$4963,0),COLUMN())=0,0,INDEX(generale!$A$16:$G$4963,MATCH(NPG!$A255,generale!$A$16:$A$4963,0),COLUMN()))","v":6},{"$f":"IF(INDEX(generale!$A$16:$G$4963,MATCH(NPG!$A255,generale!$A$16:$A$4963,0),COLUMN())=0,0,INDEX(generale!$A$16:$G$4963,MATCH(NPG!$A255,generale!$A$16:$A$4963,0),COLUMN()))","v":8},{"$f":"generale!G265","v":"O"},9,14,0,4,5,2,3,6,3,5,0,0,1,1,12,16,1,2,0,2,null,null,null,null,null,null,null,null,null,null,null,null,null,null,null,null,null,1,1,1,1,16]
[{"$f":"IF(generale!$A266>0,generale!$A266,\"\")","v":"2005-09-10"},{"$f":"IF(INDEX(generale!$A$16:$G$4963,MATCH(NPG!$A256,generale!$A$16:$A$4963,0),COLUMN())=0,0,INDEX(generale!$A$16:$G$4963,MATCH(NPG!$A256,generale!$A$16:$A$4963,0),COLUMN()))","v":1},{"$f":"IF(INDEX(generale!$A$16:$G$4963,MATCH(NPG!$A256,generale!$A$16:$A$4963,0),COLUMN())=0,0,INDEX(generale!$A$16:$G$4963,MATCH(NPG!$A256,generale!$A$16:$A$4963,0),COLUMN()))","v":5},{"$f":"IF(INDEX(generale!$A$16:$G$4963,MATCH(NPG!$A256,generale!$A$16:$A$4963,0),COLUMN())=0,0,INDEX(generale!$A$16:$G$4963,MATCH(NPG!$A256,generale!$A$16:$A$4963,0),COLUMN()))","v":3},{"$f":"IF(INDEX(generale!$A$16:$G$4963,MATCH(NPG!$A256,generale!$A$16:$A$4963,0),COLUMN())=0,0,INDEX(generale!$A$16:$G$4963,MATCH(NPG!$A256,generale!$A$16:$A$4963,0),COLUMN()))","v":8},{"$f":"IF(INDEX(generale!$A$16:$G$4963,MATCH(NPG!$A256,generale!$A$16:$A$4963,0),COLUMN())=0,0,INDEX(generale!$A$16:$G$4963,MATCH(NPG!$A256,generale!$A$16:$A$4963,0),COLUMN()))","v":14},{"$f":"generale!G266","v":"T"},0,15,0,5,0,3,4,7,4,6,1,1,2,2,13,17,2,3,1,2,null,null,null,null,null,null,null,null,null,null,null,null,null,null,null,null,null,null,null,null,1,19,"13"]
[{"$f":"IF(generale!$A267>0,generale!$A267,\"\")","v":"2005-09-11"},{"$f":"IF(INDEX(generale!$A$16:$G$4963,MATCH(NPG!$A257,generale!$A$16:$A$4963,0),COLUMN())=0,0,INDEX(generale!$A$16:$G$4963,MATCH(NPG!$A257,generale!$A$16:$A$4963,0),COLUMN()))","v":14},{"$f":"IF(INDEX(generale!$A$16:$G$4963,MATCH(NPG!$A257,generale!$A$16:$A$4963,0),COLUMN())=0,0,INDEX(generale!$A$16:$G$4963,MATCH(NPG!$A257,generale!$A$16:$A$4963,0),COLUMN()))","v":12},{"$f":"IF(INDEX(generale!$A$16:$G$4963,MATCH(NPG!$A257,generale!$A$16:$A$4963,0),COLUMN())=0,0,INDEX(generale!$A$16:$G$4963,MATCH(NPG!$A257,generale!$A$16:$A$4963,0),COLUMN()))","v":10},{"$f":"IF(INDEX(generale!$A$16:$G$4963,MATCH(NPG!$A257,generale!$A$16:$A$4963,0),COLUMN())=0,0,INDEX(generale!$A$16:$G$4963,MATCH(NPG!$A257,generale!$A$16:$A$4963,0),COLUMN()))","v":2},{"$f":"IF(INDEX(generale!$A$16:$G$4963,MATCH(NPG!$A257,generale!$A$16:$A$4963,0),COLUMN())=0,0,INDEX(generale!$A$16:$G$4963,MATCH(NPG!$A257,generale!$A$16:$A$4963,0),COLUMN()))","v":6},{"$f":"generale!G267","v":"P"},1,16,1,6,1,4,5,8,5,0,2,0,3,0,14,18,2,3,1,2,null,null,null,null,null,null,null,null,null,null,null,null,null,null,null,null,null,1,1,1,1,16,"5"]
[{"$f":"IF(generale!$A268>0,generale!$A268,\"\")","v":"2005-09-12"},{"$f":"IF(INDEX(generale!$A$16:$G$4963,MATCH(NPG!$A258,generale!$A$16:$A$4963,0),COLUMN())=0,0,INDEX(generale!$A$16:$G$4963,MATCH(NPG!$A258,generale!$A$16:$A$4963,0),COLUMN()))","v":11},{"$f":"IF(INDEX(generale!$A$16:$G$4963,MATCH(NPG!$A258,generale!$A$16:$A$4963,0),COLUMN())=0,0,INDEX(generale!$A$16:$G$4963,MATCH(NPG!$A258,generale!$A$16:$A$4963,0),COLUMN()))","v":8},{"$f":"IF(INDEX(generale!$A$16:$G$4963,MATCH(NPG!$A258,generale!$A$16:$A$4963,0),COLUMN())=0,0,INDEX(generale!$A$16:$G$4963,MATCH(NPG!$A258,generale!$A$16:$A$4963,0),COLUMN()))","v":4},{"$f":"IF(INDEX(generale!$A$16:$G$4963,MATCH(NPG!$A258,generale!$A$16:$A$4963,0),COLUMN())=0,0,INDEX(generale!$A$16:$G$4963,MATCH(NPG!$A258,generale!$A$16:$A$4963,0),COLUMN()))","v":9},{"$f":"IF(INDEX(generale!$A$16:$G$4963,MATCH(NPG!$A258,generale!$A$16:$A$4963,0),COLUMN())=0,0,INDEX(generale!$A$16:$G$4963,MATCH(NPG!$A258,generale!$A$16:$A$4963,0),COLUMN()))","v":15},{"$f":"generale!G268","v":"T"},2,17,2,0,2,5,6,0,6,1,0,1,4,1,15,19,3,4,2,3,null,null,null,null,null,null,null,null,null,null,null,null,null,null,null,null,null,null,null,null,null,20,"10"]
[{"$f":"IF(generale!$A269>0,generale!$A269,\"\")","v":"2005-09-13"},{"$f":"IF(INDEX(generale!$A$16:$G$4963,MATCH(NPG!$A259,generale!$A$16:$A$4963,0),COLUMN())=0,0,INDEX(generale!$A$16:$G$4963,MATCH(NPG!$A259,generale!$A$16:$A$4963,0),COLUMN()))","v":4},{"$f":"IF(INDEX(generale!$A$16:$G$4963,MATCH(NPG!$A259,generale!$A$16:$A$4963,0),COLUMN())=0,0,INDEX(generale!$A$16:$G$4963,MATCH(NPG!$A259,generale!$A$16:$A$4963,0),COLUMN()))","v":7},{"$f":"IF(INDEX(generale!$A$16:$G$4963,MATCH(NPG!$A259,generale!$A$16:$A$4963,0),COLUMN())=0,0,INDEX(generale!$A$16:$G$4963,MATCH(NPG!$A259,generale!$A$16:$A$4963,0),COLUMN()))","v":16},{"$f":"IF(INDEX(generale!$A$16:$G$4963,MATCH(NPG!$A259,generale!$A$16:$A$4963,0),COLUMN())=0,0,INDEX(generale!$A$16:$G$4963,MATCH(NPG!$A259,generale!$A$16:$A$4963,0),COLUMN()))","v":13},{"$f":"IF(INDEX(generale!$A$16:$G$4963,MATCH(NPG!$A259,generale!$A$16:$A$4963,0),COLUMN())=0,0,INDEX(generale!$A$16:$G$4963,MATCH(NPG!$A259,generale!$A$16:$A$4963,0),COLUMN()))","v":14},{"$f":"generale!G269","v":"T"},3,18,3,0,3,6,0,1,7,2,1,2,5,2,15,0,3,4,2,3,null,null,null,null,null,null,null,null,null,null,null,null,null,null,null,1,1,1,1,1,1,14,"5"]
[{"$f":"IF(generale!$A270>0,generale!$A270,\"\")","v":"2005-09-14"},{"$f":"IF(INDEX(generale!$A$16:$G$4963,MATCH(NPG!$A260,generale!$A$16:$A$4963,0),COLUMN())=0,0,INDEX(generale!$A$16:$G$4963,MATCH(NPG!$A260,generale!$A$16:$A$4963,0),COLUMN()))","v":5},{"$f":"IF(INDEX(generale!$A$16:$G$4963,MATCH(NPG!$A260,generale!$A$16:$A$4963,0),COLUMN())=0,0,INDEX(generale!$A$16:$G$4963,MATCH(NPG!$A260,generale!$A$16:$A$4963,0),COLUMN()))","v":6},{"$f":"IF(INDEX(generale!$A$16:$G$4963,MATCH(NPG!$A260,generale!$A$16:$A$4963,0),COLUMN())=0,0,INDEX(generale!$A$16:$G$4963,MATCH(NPG!$A260,generale!$A$16:$A$4963,0),COLUMN()))","v":2},{"$f":"IF(INDEX(generale!$A$16:$G$4963,MATCH(NPG!$A260,generale!$A$16:$A$4963,0),COLUMN())=0,0,INDEX(generale!$A$16:$G$4963,MATCH(NPG!$A260,generale!$A$16:$A$4963,0),COLUMN()))","v":9},{"$f":"IF(INDEX(generale!$A$16:$G$4963,MATCH(NPG!$A260,generale!$A$16:$A$4963,0),COLUMN())=0,0,INDEX(generale!$A$16:$G$4963,MATCH(NPG!$A260,generale!$A$16:$A$4963,0),COLUMN()))","v":13},{"$f":"generale!G270","v":"P"},{"$f":"IF($G260<>0,IF(OR(LEN(SUBSTITUTE(SUBSTITUTE($B260,H$1,,1),,1))=0,LEN(SUBSTITUTE(SUBSTITUTE($C260,H$1,,1),,1))=0,LEN(SUBSTITUTE(SUBSTITUTE($D260,H$1,,1),,1))=0),0,H259+1-AC260),\"\")","v":4},{"$f":"IF($G260<>0,IF(OR(LEN(SUBSTITUTE(SUBSTITUTE($B260,I$1,,1),,1))=0,LEN(SUBSTITUTE(SUBSTITUTE($C260,I$1,,1),,1))=0,LEN(SUBSTITUTE(SUBSTITUTE($D260,I$1,,1),,1))=0),0,I259+1-AD260),\"\")","v":0},{"$f":"IF($G260<>0,IF(OR(LEN(SUBSTITUTE(SUBSTITUTE($B260,J$1,,1),,1))=0,LEN(SUBSTITUTE(SUBSTITUTE($C260,J$1,,1),,1))=0,LEN(SUBSTITUTE(SUBSTITUTE($D260,J$1,,1),,1))=0),0,J259+1-AE260),\"\")","v":4},{"$f":"IF($G260<>0,IF(OR(LEN(SUBSTITUTE(SUBSTITUTE($B260,K$1,,1),,1))=0,LEN(SUBSTITUTE(SUBSTITUTE($C260,K$1,,1),,1))=0,LEN(SUBSTITUTE(SUBSTITUTE($D260,K$1,,1),,1))=0),0,K259+1-AF260),\"\")","v":1},{"$f":"IF($G260<>0,IF(OR(LEN(SUBSTITUTE(SUBSTITUTE($B260,L$1,,1),,1))=0,LEN(SUBSTITUTE(SUBSTITUTE($C260,L$1,,1),,1))=0,LEN(SUBSTITUTE(SUBSTITUTE($D260,L$1,,1),,1))=0),0,L259+1-AG260),\"\")","v":0},{"$f":"IF($G260<>0,IF(OR(LEN(SUBSTITUTE(SUBSTITUTE($B260,M$1,,1),,1))=0,LEN(SUBSTITUTE(SUBSTITUTE($C260,M$1,,1),,1))=0,LEN(SUBSTITUTE(SUBSTITUTE($D260,M$1,,1),,1))=0),0,M259+1-AH260),\"\")","v":0},{"$f":"IF($G260<>0,IF(OR(LEN(SUBSTITUTE(SUBSTITUTE($B260,N$1,,1),,1))=0,LEN(SUBSTITUTE(SUBSTITUTE($C260,N$1,,1),,1))=0,LEN(SUBSTITUTE(SUBSTITUTE($D260,N$1,,1),,1))=0),0,N259+1-AI260),\"\")","v":1},{"$f":"IF($G260<>0,IF(OR(LEN(SUBSTITUTE(SUBSTITUTE($B260,O$1,,1),,1))=0,LEN(SUBSTITUTE(SUBSTITUTE($C260,O$1,,1),,1))=0,LEN(SUBSTITUTE(SUBSTITUTE($D260,O$1,,1),,1))=0),0,O259+1-AJ260),\"\")","v":2},{"$f":"IF($G260<>0,IF(OR(LEN(SUBSTITUTE(SUBSTITUTE($B260,P$1,,1),,1))=0,LEN(SUBSTITUTE(SUBSTITUTE($C260,P$1,,1),,1))=0,LEN(SUBSTITUTE(SUBSTITUTE($D260,P$1,,1),,1))=0),0,P259+1-AK260),\"\")","v":8},{"$f":"IF($G260<>0,IF(OR(LEN(SUBSTITUTE(SUBSTITUTE($B260,Q$1,,1),,1))=0,LEN(SUBSTITUTE(SUBSTITUTE($C260,Q$1,,1),,1))=0,LEN(SUBSTITUTE(SUBSTITUTE($D260,Q$1,,1),,1))=0),0,Q259+1-AL260),\"\")","v":3},{"$f":"IF($G260<>0,IF(OR(LEN(SUBSTITUTE(SUBSTITUTE($B260,R$1,,1),,1))=0,LEN(SUBSTITUTE(SUBSTITUTE($C260,R$1,,1),,1))=0,LEN(SUBSTITUTE(SUBSTITUTE($D260,R$1,,1),,1))=0),0,R259+1-AM260),\"\")","v":2},{"$f":"IF($G260<>0,IF(OR(LEN(SUBSTITUTE(SUBSTITUTE($B260,S$1,,1),,1))=0,LEN(SUBSTITUTE(SUBSTITUTE($C260,S$1,,1),,1))=0,LEN(SUBSTITUTE(SUBSTITUTE($D260,S$1,,1),,1))=0),0,S259+1-AN260),\"\")","v":3},{"$f":"IF($G260<>0,IF(OR(LEN(SUBSTITUTE(SUBSTITUTE($B260,T$1,,1),,1))=0,LEN(SUBSTITUTE(SUBSTITUTE($C260,T$1,,1),,1))=0,LEN(SUBSTITUTE(SUBSTITUTE($D260,T$1,,1),,1))=0),0,T259+1-AO260),\"\")","v":6},{"$f":"IF($G260<>0,IF(OR(LEN(SUBSTITUTE(SUBSTITUTE($B260,U$1,,1),,1))=0,LEN(SUBSTITUTE(SUBSTITUTE($C260,U$1,,1),,1))=0,LEN(SUBSTITUTE(SUBSTITUTE($D260,U$1,,1),,1))=0),0,U259+1-AP260),\"\")","v":3},{"$f":"IF($G260<>0,IF(OR(LEN(SUBSTITUTE(SUBSTITUTE($B260,V$1,,1),,1))=0,LEN(SUBSTITUTE(SUBSTITUTE($C260,V$1,,1),,1))=0,LEN(SUBSTITUTE(SUBSTITUTE($D260,V$1,,1),,1))=0),0,V259+1-AQ260),\"\")","v":16},{"$f":"IF($G260<>0,IF(OR(LEN(SUBSTITUTE(SUBSTITUTE($B260,W$1,,1),,1))=0,LEN(SUBSTITUTE(SUBSTITUTE($C260,W$1,,1),,1))=0,LEN(SUBSTITUTE(SUBSTITUTE($D260,W$1,,1),,1))=0),0,W259+1-AR260),\"\")","v":0},{"$f":"IF($G260<>0,IF(OR(LEN(SUBSTITUTE(SUBSTITUTE($B260,X$1,,1),,1))=0,LEN(SUBSTITUTE(SUBSTITUTE($C260,X$1,,1),,1))=0,LEN(SUBSTITUTE(SUBSTITUTE($D260,X$1,,1),,1))=0),0,X259+1-AS260),\"\")","v":3},{"$f":"IF($G260<>0,IF(OR(LEN(SUBSTITUTE(SUBSTITUTE($B260,Y$1,,1),,1))=0,LEN(SUBSTITUTE(SUBSTITUTE($C260,Y$1,,1),,1))=0,LEN(SUBSTITUTE(SUBSTITUTE($D260,Y$1,,1),,1))=0),0,Y259+1-AT260),\"\")","v":4},{"$f":"IF($G260<>0,IF(OR(LEN(SUBSTITUTE(SUBSTITUTE($B260,Z$1,,1),,1))=0,LEN(SUBSTITUTE(SUBSTITUTE($C260,Z$1,,1),,1))=0,LEN(SUBSTITUTE(SUBSTITUTE($D260,Z$1,,1),,1))=0),0,Z259+1-AU260),\"\")","v":2},{"$f":"IF($G260<>0,IF(OR(LEN(SUBSTITUTE(SUBSTITUTE($B260,AA$1,,1),,1))=0,LEN(SUBSTITUTE(SUBSTITUTE($C260,AA$1,,1),,1))=0,LEN(SUBSTITUTE(SUBSTITUTE($D260,AA$1,,1),,1))=0),0,AA259+1-AV260),\"\")","v":3},null,null,null,null,null,null,null,null,null,null,null,null,null,null,null,null,1,1,1,1,1,{"$f":"IF(A260<>\"\",20-SUM(AC260:AV260),\"\")","v":15}]
[{"$f":"IF(generale!$A271>0,generale!$A271,\"\")","v":"2005-09-15"},{"$f":"IF(INDEX(generale!$A$16:$G$4963,MATCH(NPG!$A261,generale!$A$16:$A$4963,0),COLUMN())=0,0,INDEX(generale!$A$16:$G$4963,MATCH(NPG!$A261,generale!$A$16:$A$4963,0),COLUMN()))","v":7},{"$f":"IF(INDEX(generale!$A$16:$G$4963,MATCH(NPG!$A261,generale!$A$16:$A$4963,0),COLUMN())=0,0,INDEX(generale!$A$16:$G$4963,MATCH(NPG!$A261,generale!$A$16:$A$4963,0),COLUMN()))","v":3},{"$f":"IF(INDEX(generale!$A$16:$G$4963,MATCH(NPG!$A261,generale!$A$16:$A$4963,0),COLUMN())=0,0,INDEX(generale!$A$16:$G$4963,MATCH(NPG!$A261,generale!$A$16:$A$4963,0),COLUMN()))","v":13},{"$f":"IF(INDEX(generale!$A$16:$G$4963,MATCH(NPG!$A261,generale!$A$16:$A$4963,0),COLUMN())=0,0,INDEX(generale!$A$16:$G$4963,MATCH(NPG!$A261,generale!$A$16:$A$4963,0),COLUMN()))","v":17},{"$f":"IF(INDEX(generale!$A$16:$G$4963,MATCH(NPG!$A261,generale!$A$16:$A$4963,0),COLUMN())=0,0,INDEX(generale!$A$16:$G$4963,MATCH(NPG!$A261,generale!$A$16:$A$4963,0),COLUMN()))","v":11},{"$f":"generale!G271","v":"O"},5,1,0,2,1,1,0,3,9,4,3,4,0,4,17,1,3,4,2,3,null,null,null,null,null,null,null,null,null,null,null,null,null,null,null,null,null,1,1,1,1,16]
[{"$f":"IF(generale!$A272>0,generale!$A272,\"\")","v":"2005-09-16"},{"$f":"IF(INDEX(generale!$A$16:$G$4963,MATCH(NPG!$A262,generale!$A$16:$A$4963,0),COLUMN())=0,0,INDEX(generale!$A$16:$G$4963,MATCH(NPG!$A262,generale!$A$16:$A$4963,0),COLUMN()))","v":17},{"$f":"IF(INDEX(generale!$A$16:$G$4963,MATCH(NPG!$A262,generale!$A$16:$A$4963,0),COLUMN())=0,0,INDEX(generale!$A$16:$G$4963,MATCH(NPG!$A262,generale!$A$16:$A$4963,0),COLUMN()))","v":12},{"$f":"IF(INDEX(generale!$A$16:$G$4963,MATCH(NPG!$A262,generale!$A$16:$A$4963,0),COLUMN())=0,0,INDEX(generale!$A$16:$G$4963,MATCH(NPG!$A262,generale!$A$16:$A$4963,0),COLUMN()))","v":13},{"$f":"IF(INDEX(generale!$A$16:$G$4963,MATCH(NPG!$A262,generale!$A$16:$A$4963,0),COLUMN())=0,0,INDEX(generale!$A$16:$G$4963,MATCH(NPG!$A262,generale!$A$16:$A$4963,0),COLUMN()))","v":1},{"$f":"IF(INDEX(generale!$A$16:$G$4963,MATCH(NPG!$A262,generale!$A$16:$A$4963,0),COLUMN())=0,0,INDEX(generale!$A$16:$G$4963,MATCH(NPG!$A262,generale!$A$16:$A$4963,0),COLUMN()))","v":2},{"$f":"generale!G272","v":"P"},6,2,1,3,2,2,1,4,10,5,4,0,0,5,18,2,0,4,2,3,null,null,null,null,null,null,null,null,null,null,null,null,null,null,null,null,null,1,1,1,1,16]
[{"$f":"IF(generale!$A273>0,generale!$A273,\"\")","v":"2005-09-17"},{"$f":"IF(INDEX(generale!$A$16:$G$4963,MATCH(NPG!$A263,generale!$A$16:$A$4963,0),COLUMN())=0,0,INDEX(generale!$A$16:$G$4963,MATCH(NPG!$A263,generale!$A$16:$A$4963,0),COLUMN()))","v":13},{"$f":"IF(INDEX(generale!$A$16:$G$4963,MATCH(NPG!$A263,generale!$A$16:$A$4963,0),COLUMN())=0,0,INDEX(generale!$A$16:$G$4963,MATCH(NPG!$A263,generale!$A$16:$A$4963,0),COLUMN()))","v":5},{"$f":"IF(INDEX(generale!$A$16:$G$4963,MATCH(NPG!$A263,generale!$A$16:$A$4963,0),COLUMN())=0,0,INDEX(generale!$A$16:$G$4963,MATCH(NPG!$A263,generale!$A$16:$A$4963,0),COLUMN()))","v":1},{"$f":"IF(INDEX(generale!$A$16:$G$4963,MATCH(NPG!$A263,generale!$A$16:$A$4963,0),COLUMN())=0,0,INDEX(generale!$A$16:$G$4963,MATCH(NPG!$A263,generale!$A$16:$A$4963,0),COLUMN()))","v":9},{"$f":"IF(INDEX(generale!$A$16:$G$4963,MATCH(NPG!$A263,generale!$A$16:$A$4963,0),COLUMN())=0,0,INDEX(generale!$A$16:$G$4963,MATCH(NPG!$A263,generale!$A$16:$A$4963,0),COLUMN()))","v":18},{"$f":"generale!G273","v":"P"},0,3,2,4,0,3,2,5,11,6,5,1,0,6,19,3,1,5,2,3,null,null,null,null,null,null,null,null,null,null,null,null,null,null,null,null,null,null,null,1,1,18]
[{"$f":"IF(generale!$A274>0,generale!$A274,\"\")","v":"2005-09-18"},{"$f":"IF(INDEX(generale!$A$16:$G$4963,MATCH(NPG!$A264,generale!$A$16:$A$4963,0),COLUMN())=0,0,INDEX(generale!$A$16:$G$4963,MATCH(NPG!$A264,generale!$A$16:$A$4963,0),COLUMN()))","v":11},{"$f":"IF(INDEX(generale!$A$16:$G$4963,MATCH(NPG!$A264,generale!$A$16:$A$4963,0),COLUMN())=0,0,INDEX(generale!$A$16:$G$4963,MATCH(NPG!$A264,generale!$A$16:$A$4963,0),COLUMN()))","v":8},{"$f":"IF(INDEX(generale!$A$16:$G$4963,MATCH(NPG!$A264,generale!$A$16:$A$4963,0),COLUMN())=0,0,INDEX(generale!$A$16:$G$4963,MATCH(NPG!$A264,generale!$A$16:$A$4963,0),COLUMN()))","v":12},{"$f":"IF(INDEX(generale!$A$16:$G$4963,MATCH(NPG!$A264,generale!$A$16:$A$4963,0),COLUMN())=0,0,INDEX(generale!$A$16:$G$4963,MATCH(NPG!$A264,generale!$A$16:$A$4963,0),COLUMN()))","v":9},{"$f":"IF(INDEX(generale!$A$16:$G$4963,MATCH(NPG!$A264,generale!$A$16:$A$4963,0),COLUMN())=0,0,INDEX(generale!$A$16:$G$4963,MATCH(NPG!$A264,generale!$A$16:$A$4963,0),COLUMN()))","v":4},{"$f":"generale!G274","v":"T"},1,4,3,5,1,4,3,0,12,7,0,0,1,7,20,3,1,5,2,3,null,null,null,null,null,null,null,null,null,null,null,null,1,null,null,null,1,1,1,1,1,14]
[{"$f":"IF(generale!$A275>0,generale!$A275,\"\")","v":"2005-09-19"},{"$f":"IF(INDEX(generale!$A$16:$G$4963,MATCH(NPG!$A265,generale!$A$16:$A$4963,0),COLUMN())=0,0,INDEX(generale!$A$16:$G$4963,MATCH(NPG!$A265,generale!$A$16:$A$4963,0),COLUMN()))","v":9},{"$f":"IF(INDEX(generale!$A$16:$G$4963,MATCH(NPG!$A265,generale!$A$16:$A$4963,0),COLUMN())=0,0,INDEX(generale!$A$16:$G$4963,MATCH(NPG!$A265,generale!$A$16:$A$4963,0),COLUMN()))","v":11},{"$f":"IF(INDEX(generale!$A$16:$G$4963,MATCH(NPG!$A265,generale!$A$16:$A$4963,0),COLUMN())=0,0,INDEX(generale!$A$16:$G$4963,MATCH(NPG!$A265,generale!$A$16:$A$4963,0),COLUMN()))","v":7},{"$f":"IF(INDEX(generale!$A$16:$G$4963,MATCH(NPG!$A265,generale!$A$16:$A$4963,0),COLUMN())=0,0,INDEX(generale!$A$16:$G$4963,MATCH(NPG!$A265,generale!$A$16:$A$4963,0),COLUMN()))","v":12},{"$f":"IF(INDEX(generale!$A$16:$G$4963,MATCH(NPG!$A265,generale!$A$16:$A$4963,0),COLUMN())=0,0,INDEX(generale!$A$16:$G$4963,MATCH(NPG!$A265,generale!$A$16:$A$4963,0),COLUMN()))","v":5},{"$f":"generale!G275","v":"P"},2,5,4,6,2,5,0,1,0,8,0,1,2,8,21,4,2,5,2,3,null,null,null,null,null,null,null,null,null,null,null,null,null,null,null,null,null,null,1,1,1,17]
[{"$f":"IF(generale!$A276>0,generale!$A276,\"\")","v":"2005-09-20"},{"$f":"IF(INDEX(generale!$A$16:$G$4963,MATCH(NPG!$A266,generale!$A$16:$A$4963,0),COLUMN())=0,0,INDEX(generale!$A$16:$G$4963,MATCH(NPG!$A266,generale!$A$16:$A$4963,0),COLUMN()))","v":14},{"$f":"IF(INDEX(generale!$A$16:$G$4963,MATCH(NPG!$A266,generale!$A$16:$A$4963,0),COLUMN())=0,0,INDEX(generale!$A$16:$G$4963,MATCH(NPG!$A266,generale!$A$16:$A$4963,0),COLUMN()))","v":8},{"$f":"IF(INDEX(generale!$A$16:$G$4963,MATCH(NPG!$A266,generale!$A$16:$A$4963,0),COLUMN())=0,0,INDEX(generale!$A$16:$G$4963,MATCH(NPG!$A266,generale!$A$16:$A$4963,0),COLUMN()))","v":5},{"$f":"IF(INDEX(generale!$A$16:$G$4963,MATCH(NPG!$A266,generale!$A$16:$A$4963,0),COLUMN())=0,0,INDEX(generale!$A$16:$G$4963,MATCH(NPG!$A266,generale!$A$16:$A$4963,0),COLUMN()))","v":13},{"$f":"IF(INDEX(generale!$A$16:$G$4963,MATCH(NPG!$A266,generale!$A$16:$A$4963,0),COLUMN())=0,0,INDEX(generale!$A$16:$G$4963,MATCH(NPG!$A266,generale!$A$16:$A$4963,0),COLUMN()))","v":3},{"$f":"generale!G276","v":"T"},3,5,5,7,0,6,1,0,1,9,1,2,3,0,22,4,2,5,2,3,null,null,1,null,null,null,null,null,null,null,null,null,null,null,null,null,1,1,1,1,1,14]
[{"$f":"IF(generale!$A277>0,generale!$A277,\"\")","v":"2005-09-21"},{"$f":"IF(INDEX(generale!$A$16:$G$4963,MATCH(NPG!$A267,generale!$A$16:$A$4963,0),COLUMN())=0,0,INDEX(generale!$A$16:$G$4963,MATCH(NPG!$A267,generale!$A$16:$A$4963,0),COLUMN()))","v":9},{"$f":"IF(INDEX(generale!$A$16:$G$4963,MATCH(NPG!$A267,generale!$A$16:$A$4963,0),COLUMN())=0,0,INDEX(generale!$A$16:$G$4963,MATCH(NPG!$A267,generale!$A$16:$A$4963,0),COLUMN()))","v":17},{"$f":"IF(INDEX(generale!$A$16:$G$4963,MATCH(NPG!$A267,generale!$A$16:$A$4963,0),COLUMN())=0,0,INDEX(generale!$A$16:$G$4963,MATCH(NPG!$A267,generale!$A$16:$A$4963,0),COLUMN()))","v":7},{"$f":"IF(INDEX(generale!$A$16:$G$4963,MATCH(NPG!$A267,generale!$A$16:$A$4963,0),COLUMN())=0,0,INDEX(generale!$A$16:$G$4963,MATCH(NPG!$A267,generale!$A$16:$A$4963,0),COLUMN()))","v":1},{"$f":"IF(INDEX(generale!$A$16:$G$4963,MATCH(NPG!$A267,generale!$A$16:$A$4963,0),COLUMN())=0,0,INDEX(generale!$A$16:$G$4963,MATCH(NPG!$A267,generale!$A$16:$A$4963,0),COLUMN()))","v":6},{"$f":"generale!G277","v":"T"},4,6,6,8,0,7,0,1,0,10,2,3,4,0,22,4,0,5,2,3,null,null,null,null,null,1,null,null,null,null,null,null,null,null,1,1,1,1,1,1,1,12]
[{"$f":"IF(generale!$A278>0,generale!$A278,\"\")","v":"2005-09-22"},{"$f":"IF(INDEX(generale!$A$16:$G$4963,MATCH(NPG!$A268,generale!$A$16:$A$4963,0),COLUMN())=0,0,INDEX(generale!$A$16:$G$4963,MATCH(NPG!$A268,generale!$A$16:$A$4963,0),COLUMN()))","v":5},{"$f":"IF(INDEX(generale!$A$16:$G$4963,MATCH(NPG!$A268,generale!$A$16:$A$4963,0),COLUMN())=0,0,INDEX(generale!$A$16:$G$4963,MATCH(NPG!$A268,generale!$A$16:$A$4963,0),COLUMN()))","v":3},{"$f":"IF(INDEX(generale!$A$16:$G$4963,MATCH(NPG!$A268,generale!$A$16:$A$4963,0),COLUMN())=0,0,INDEX(generale!$A$16:$G$4963,MATCH(NPG!$A268,generale!$A$16:$A$4963,0),COLUMN()))","v":4},{"$f":"IF(INDEX(generale!$A$16:$G$4963,MATCH(NPG!$A268,generale!$A$16:$A$4963,0),COLUMN())=0,0,INDEX(generale!$A$16:$G$4963,MATCH(NPG!$A268,generale!$A$16:$A$4963,0),COLUMN()))","v":14},{"$f":"IF(INDEX(generale!$A$16:$G$4963,MATCH(NPG!$A268,generale!$A$16:$A$4963,0),COLUMN())=0,0,INDEX(generale!$A$16:$G$4963,MATCH(NPG!$A268,generale!$A$16:$A$4963,0),COLUMN()))","v":11},{"$f":"generale!G278","v":"T"},5,7,0,0,0,8,1,2,1,11,3,4,5,1,23,5,1,6,2,3,null,null,null,null,null,null,null,null,null,null,null,null,null,null,null,null,null,null,null,1,1,18]
[{"$f":"IF(generale!$A279>0,generale!$A279,\"\")","v":"2005-09-23"},{"$f":"IF(INDEX(generale!$A$16:$G$4963,MATCH(NPG!$A269,generale!$A$16:$A$4963,0),COLUMN())=0,0,INDEX(generale!$A$16:$G$4963,MATCH(NPG!$A269,generale!$A$16:$A$4963,0),COLUMN()))","v":14},{"$f":"IF(INDEX(generale!$A$16:$G$4963,MATCH(NPG!$A269,generale!$A$16:$A$4963,0),COLUMN())=0,0,INDEX(generale!$A$16:$G$4963,MATCH(NPG!$A269,generale!$A$16:$A$4963,0),COLUMN()))","v":3},{"$f":"IF(INDEX(generale!$A$16:$G$4963,MATCH(NPG!$A269,generale!$A$16:$A$4963,0),COLUMN())=0,0,INDEX(generale!$A$16:$G$4963,MATCH(NPG!$A269,generale!$A$16:$A$4963,0),COLUMN()))","v":1},{"$f":"IF(INDEX(generale!$A$16:$G$4963,MATCH(NPG!$A269,generale!$A$16:$A$4963,0),COLUMN())=0,0,INDEX(generale!$A$16:$G$4963,MATCH(NPG!$A269,generale!$A$16:$A$4963,0),COLUMN()))","v":9},{"$f":"IF(INDEX(generale!$A$16:$G$4963,MATCH(NPG!$A269,generale!$A$16:$A$4963,0),COLUMN())=0,0,INDEX(generale!$A$16:$G$4963,MATCH(NPG!$A269,generale!$A$16:$A$4963,0),COLUMN()))","v":2},{"$f":"generale!G279","v":"T"},0,8,0,1,1,9,2,3,2,12,4,5,6,0,23,5,1,6,2,3,null,null,null,null,null,null,null,null,null,null,null,null,null,null,null,1,1,1,1,1,1,14]
[{"$f":"IF(generale!$A280>0,generale!$A280,\"\")","v":"2005-09-24"},{"$f":"IF(INDEX(generale!$A$16:$G$4963,MATCH(NPG!$A270,generale!$A$16:$A$4963,0),COLUMN())=0,0,INDEX(generale!$A$16:$G$4963,MATCH(NPG!$A270,generale!$A$16:$A$4963,0),COLUMN()))","v":3},{"$f":"IF(INDEX(generale!$A$16:$G$4963,MATCH(NPG!$A270,generale!$A$16:$A$4963,0),COLUMN())=0,0,INDEX(generale!$A$16:$G$4963,MATCH(NPG!$A270,generale!$A$16:$A$4963,0),COLUMN()))","v":12},{"$f":"IF(INDEX(generale!$A$16:$G$4963,MATCH(NPG!$A270,generale!$A$16:$A$4963,0),COLUMN())=0,0,INDEX(generale!$A$16:$G$4963,MATCH(NPG!$A270,generale!$A$16:$A$4963,0),COLUMN()))","v":9},{"$f":"IF(INDEX(generale!$A$16:$G$4963,MATCH(NPG!$A270,generale!$A$16:$A$4963,0),COLUMN())=0,0,INDEX(generale!$A$16:$G$4963,MATCH(NPG!$A270,generale!$A$16:$A$4963,0),COLUMN()))","v":11},{"$f":"IF(INDEX(generale!$A$16:$G$4963,MATCH(NPG!$A270,generale!$A$16:$A$4963,0),COLUMN())=0,0,INDEX(generale!$A$16:$G$4963,MATCH(NPG!$A270,generale!$A$16:$A$4963,0),COLUMN()))","v":6},{"$f":"generale!G280","v":"P"},1,9,0,2,2,10,3,4,0,13,5,0,7,1,23,5,1,6,2,3,null,null,null,null,null,null,null,null,null,null,null,null,null,null,null,1,1,1,1,1,1,14]
[{"$f":"IF(generale!$A281>0,generale!$A281,\"\")","v":"2005-09-25"},{"$f":"IF(INDEX(generale!$A$16:$G$4963,MATCH(NPG!$A271,generale!$A$16:$A$4963,0),COLUMN())=0,0,INDEX(generale!$A$16:$G$4963,MATCH(NPG!$A271,generale!$A$16:$A$4963,0),COLUMN()))","v":16},{"$f":"IF(INDEX(generale!$A$16:$G$4963,MATCH(NPG!$A271,generale!$A$16:$A$4963,0),COLUMN())=0,0,INDEX(generale!$A$16:$G$4963,MATCH(NPG!$A271,generale!$A$16:$A$4963,0),COLUMN()))","v":17},{"$f":"IF(INDEX(generale!$A$16:$G$4963,MATCH(NPG!$A271,generale!$A$16:$A$4963,0),COLUMN())=0,0,INDEX(generale!$A$16:$G$4963,MATCH(NPG!$A271,generale!$A$16:$A$4963,0),COLUMN()))","v":20},{"$f":"IF(INDEX(generale!$A$16:$G$4963,MATCH(NPG!$A271,generale!$A$16:$A$4963,0),COLUMN())=0,0,INDEX(generale!$A$16:$G$4963,MATCH(NPG!$A271,generale!$A$16:$A$4963,0),COLUMN()))","v":1},{"$f":"IF(INDEX(generale!$A$16:$G$4963,MATCH(NPG!$A271,generale!$A$16:$A$4963,0),COLUMN())=0,0,INDEX(generale!$A$16:$G$4963,MATCH(NPG!$A271,generale!$A$16:$A$4963,0),COLUMN()))","v":19},{"$f":"generale!G281","v":"T"},2,10,1,3,3,11,4,5,1,14,6,1,8,2,24,0,0,7,2,0,null,null,null,null,null,null,null,null,null,null,null,null,null,null,null,null,null,null,null,1,1,18]
[{"$f":"IF(generale!$A282>0,generale!$A282,\"\")","v":"2005-09-26"},{"$f":"IF(INDEX(generale!$A$16:$G$4963,MATCH(NPG!$A272,generale!$A$16:$A$4963,0),COLUMN())=0,0,INDEX(generale!$A$16:$G$4963,MATCH(NPG!$A272,generale!$A$16:$A$4963,0),COLUMN()))","v":2},{"$f":"IF(INDEX(generale!$A$16:$G$4963,MATCH(NPG!$A272,generale!$A$16:$A$4963,0),COLUMN())=0,0,INDEX(generale!$A$16:$G$4963,MATCH(NPG!$A272,generale!$A$16:$A$4963,0),COLUMN()))","v":9},{"$f":"IF(INDEX(generale!$A$16:$G$4963,MATCH(NPG!$A272,generale!$A$16:$A$4963,0),COLUMN())=0,0,INDEX(generale!$A$16:$G$4963,MATCH(NPG!$A272,generale!$A$16:$A$4963,0),COLUMN()))","v":15},{"$f":"IF(INDEX(generale!$A$16:$G$4963,MATCH(NPG!$A272,generale!$A$16:$A$4963,0),COLUMN())=0,0,INDEX(generale!$A$16:$G$4963,MATCH(NPG!$A272,generale!$A$16:$A$4963,0),COLUMN()))","v":11},{"$f":"IF(INDEX(generale!$A$16:$G$4963,MATCH(NPG!$A272,generale!$A$16:$A$4963,0),COLUMN())=0,0,INDEX(generale!$A$16:$G$4963,MATCH(NPG!$A272,generale!$A$16:$A$4963,0),COLUMN()))","v":7},{"$f":"generale!G282","v":"T"},3,0,2,4,4,12,5,6,0,15,7,2,9,3,0,1,1,7,2,0,null,null,null,null,null,null,null,null,null,null,null,null,null,null,null,null,null,null,1,1,1,17]
[{"$f":"IF(generale!$A283>0,generale!$A283,\"\")","v":"2005-09-27"},{"$f":"IF(INDEX(generale!$A$16:$G$4963,MATCH(NPG!$A273,generale!$A$16:$A$4963,0),COLUMN())=0,0,INDEX(generale!$A$16:$G$4963,MATCH(NPG!$A273,generale!$A$16:$A$4963,0),COLUMN()))","v":1},{"$f":"IF(INDEX(generale!$A$16:$G$4963,MATCH(NPG!$A273,generale!$A$16:$A$4963,0),COLUMN())=0,0,INDEX(generale!$A$16:$G$4963,MATCH(NPG!$A273,generale!$A$16:$A$4963,0),COLUMN()))","v":8},{"$f":"IF(INDEX(generale!$A$16:$G$4963,MATCH(NPG!$A273,generale!$A$16:$A$4963,0),COLUMN())=0,0,INDEX(generale!$A$16:$G$4963,MATCH(NPG!$A273,generale!$A$16:$A$4963,0),COLUMN()))","v":15},{"$f":"IF(INDEX(generale!$A$16:$G$4963,MATCH(NPG!$A273,generale!$A$16:$A$4963,0),COLUMN())=0,0,INDEX(generale!$A$16:$G$4963,MATCH(NPG!$A273,generale!$A$16:$A$4963,0),COLUMN()))","v":16},{"$f":"IF(INDEX(generale!$A$16:$G$4963,MATCH(NPG!$A273,generale!$A$16:$A$4963,0),COLUMN())=0,0,INDEX(generale!$A$16:$G$4963,MATCH(NPG!$A273,generale!$A$16:$A$4963,0),COLUMN()))","v":7},{"$f":"generale!G283","v":"P"},0,1,3,4,5,13,6,0,1,16,8,3,10,4,0,2,2,8,2,0,null,null,null,null,1,null,null,null,null,null,null,null,null,null,null,null,null,null,null,1,1,17]
[{"$f":"IF(generale!$A284>0,generale!$A284,\"\")","v":"2005-09-28"},{"$f":"IF(INDEX(generale!$A$16:$G$4963,MATCH(NPG!$A274,generale!$A$16:$A$4963,0),COLUMN())=0,0,INDEX(generale!$A$16:$G$4963,MATCH(NPG!$A274,generale!$A$16:$A$4963,0),COLUMN()))","v":8},{"$f":"IF(INDEX(generale!$A$16:$G$4963,MATCH(NPG!$A274,generale!$A$16:$A$4963,0),COLUMN())=0,0,INDEX(generale!$A$16:$G$4963,MATCH(NPG!$A274,generale!$A$16:$A$4963,0),COLUMN()))","v":15},{"$f":"IF(INDEX(generale!$A$16:$G$4963,MATCH(NPG!$A274,generale!$A$16:$A$4963,0),COLUMN())=0,0,INDEX(generale!$A$16:$G$4963,MATCH(NPG!$A274,generale!$A$16:$A$4963,0),COLUMN()))","v":18},{"$f":"IF(INDEX(generale!$A$16:$G$4963,MATCH(NPG!$A274,generale!$A$16:$A$4963,0),COLUMN())=0,0,INDEX(generale!$A$16:$G$4963,MATCH(NPG!$A274,generale!$A$16:$A$4963,0),COLUMN()))","v":17},{"$f":"IF(INDEX(generale!$A$16:$G$4963,MATCH(NPG!$A274,generale!$A$16:$A$4963,0),COLUMN())=0,0,INDEX(generale!$A$16:$G$4963,MATCH(NPG!$A274,generale!$A$16:$A$4963,0),COLUMN()))","v":16},{"$f":"generale!G284","v":"T"},1,2,4,5,6,14,7,0,2,17,9,4,11,5,0,3,3,0,2,0,null,null,null,null,null,null,null,null,null,null,null,null,null,null,null,null,null,null,null,1,1,18]
[{"$f":"IF(generale!$A285>0,generale!$A285,\"\")","v":"2005-09-29"},{"$f":"IF(INDEX(generale!$A$16:$G$4963,MATCH(NPG!$A275,generale!$A$16:$A$4963,0),COLUMN())=0,0,INDEX(generale!$A$16:$G$4963,MATCH(NPG!$A275,generale!$A$16:$A$4963,0),COLUMN()))","v":14},{"$f":"IF(INDEX(generale!$A$16:$G$4963,MATCH(NPG!$A275,generale!$A$16:$A$4963,0),COLUMN())=0,0,INDEX(generale!$A$16:$G$4963,MATCH(NPG!$A275,generale!$A$16:$A$4963,0),COLUMN()))","v":2},{"$f":"IF(INDEX(generale!$A$16:$G$4963,MATCH(NPG!$A275,generale!$A$16:$A$4963,0),COLUMN())=0,0,INDEX(generale!$A$16:$G$4963,MATCH(NPG!$A275,generale!$A$16:$A$4963,0),COLUMN()))","v":6},{"$f":"IF(INDEX(generale!$A$16:$G$4963,MATCH(NPG!$A275,generale!$A$16:$A$4963,0),COLUMN())=0,0,INDEX(generale!$A$16:$G$4963,MATCH(NPG!$A275,generale!$A$16:$A$4963,0),COLUMN()))","v":9},{"$f":"IF(INDEX(generale!$A$16:$G$4963,MATCH(NPG!$A275,generale!$A$16:$A$4963,0),COLUMN())=0,0,INDEX(generale!$A$16:$G$4963,MATCH(NPG!$A275,generale!$A$16:$A$4963,0),COLUMN()))","v":11},{"$f":"generale!G285","v":"P"},2,0,5,6,7,0,8,1,3,18,10,5,12,0,1,4,3,0,2,0,null,null,null,null,null,null,null,null,null,null,null,null,null,null,null,null,null,1,1,1,1,16]
[{"$f":"IF(generale!$A286>0,generale!$A286,\"\")","v":"2005-09-30"},{"$f":"IF(INDEX(generale!$A$16:$G$4963,MATCH(NPG!$A276,generale!$A$16:$A$4963,0),COLUMN())=0,0,INDEX(generale!$A$16:$G$4963,MATCH(NPG!$A276,generale!$A$16:$A$4963,0),COLUMN()))","v":6},{"$f":"IF(INDEX(generale!$A$16:$G$4963,MATCH(NPG!$A276,generale!$A$16:$A$4963,0),COLUMN())=0,0,INDEX(generale!$A$16:$G$4963,MATCH(NPG!$A276,generale!$A$16:$A$4963,0),COLUMN()))","v":10},{"$f":"IF(INDEX(generale!$A$16:$G$4963,MATCH(NPG!$A276,generale!$A$16:$A$4963,0),COLUMN())=0,0,INDEX(generale!$A$16:$G$4963,MATCH(NPG!$A276,generale!$A$16:$A$4963,0),COLUMN()))","v":12},{"$f":"IF(INDEX(generale!$A$16:$G$4963,MATCH(NPG!$A276,generale!$A$16:$A$4963,0),COLUMN())=0,0,INDEX(generale!$A$16:$G$4963,MATCH(NPG!$A276,generale!$A$16:$A$4963,0),COLUMN()))","v":7},{"$f":"IF(INDEX(generale!$A$16:$G$4963,MATCH(NPG!$A276,generale!$A$16:$A$4963,0),COLUMN())=0,0,INDEX(generale!$A$16:$G$4963,MATCH(NPG!$A276,generale!$A$16:$A$4963,0),COLUMN()))","v":11},{"$f":"generale!G286","v":"T"},3,1,6,7,8,0,9,2,4,0,11,0,13,1,2,5,3,0,2,0,null,null,null,null,null,null,null,null,null,null,null,null,null,null,null,null,null,1,1,1,1,16]
[{"$f":"IF(generale!$A287>0,generale!$A287,\"\")","v":"2005-10-01"},{"$f":"IF(INDEX(generale!$A$16:$G$4963,MATCH(NPG!$A277,generale!$A$16:$A$4963,0),COLUMN())=0,0,INDEX(generale!$A$16:$G$4963,MATCH(NPG!$A277,generale!$A$16:$A$4963,0),COLUMN()))","v":4},{"$f":"IF(INDEX(generale!$A$16:$G$4963,MATCH(NPG!$A277,generale!$A$16:$A$4963,0),COLUMN())=0,0,INDEX(generale!$A$16:$G$4963,MATCH(NPG!$A277,generale!$A$16:$A$4963,0),COLUMN()))","v":13},{"$f":"IF(INDEX(generale!$A$16:$G$4963,MATCH(NPG!$A277,generale!$A$16:$A$4963,0),COLUMN())=0,0,INDEX(generale!$A$16:$G$4963,MATCH(NPG!$A277,generale!$A$16:$A$4963,0),COLUMN()))","v":3},{"$f":"IF(INDEX(generale!$A$16:$G$4963,MATCH(NPG!$A277,generale!$A$16:$A$4963,0),COLUMN())=0,0,INDEX(generale!$A$16:$G$4963,MATCH(NPG!$A277,generale!$A$16:$A$4963,0),COLUMN()))","v":8},{"$f":"IF(INDEX(generale!$A$16:$G$4963,MATCH(NPG!$A277,generale!$A$16:$A$4963,0),COLUMN())=0,0,INDEX(generale!$A$16:$G$4963,MATCH(NPG!$A277,generale!$A$16:$A$4963,0),COLUMN()))","v":17},{"$f":"generale!G287","v":"P"},4,2,0,0,9,1,10,3,5,1,12,1,0,2,3,6,3,0,2,0,null,null,null,null,null,null,null,null,null,null,null,null,null,null,null,null,null,1,1,1,1,16]
[{"$f":"IF(generale!$A288>0,generale!$A288,\"\")","v":"2005-10-02"},{"$f":"IF(INDEX(generale!$A$16:$G$4963,MATCH(NPG!$A278,generale!$A$16:$A$4963,0),COLUMN())=0,0,INDEX(generale!$A$16:$G$4963,MATCH(NPG!$A278,generale!$A$16:$A$4963,0),COLUMN()))","v":13},{"$f":"IF(INDEX(generale!$A$16:$G$4963,MATCH(NPG!$A278,generale!$A$16:$A$4963,0),COLUMN())=0,0,INDEX(generale!$A$16:$G$4963,MATCH(NPG!$A278,generale!$A$16:$A$4963,0),COLUMN()))","v":2},{"$f":"IF(INDEX(generale!$A$16:$G$4963,MATCH(NPG!$A278,generale!$A$16:$A$4963,0),COLUMN())=0,0,INDEX(generale!$A$16:$G$4963,MATCH(NPG!$A278,generale!$A$16:$A$4963,0),COLUMN()))","v":5},{"$f":"IF(INDEX(generale!$A$16:$G$4963,MATCH(NPG!$A278,generale!$A$16:$A$4963,0),COLUMN())=0,0,INDEX(generale!$A$16:$G$4963,MATCH(NPG!$A278,generale!$A$16:$A$4963,0),COLUMN()))","v":7},{"$f":"IF(INDEX(generale!$A$16:$G$4963,MATCH(NPG!$A278,generale!$A$16:$A$4963,0),COLUMN())=0,0,INDEX(generale!$A$16:$G$4963,MATCH(NPG!$A278,generale!$A$16:$A$4963,0),COLUMN()))","v":12},{"$f":"generale!G288","v":"P"},5,0,1,1,0,2,11,4,6,2,13,2,0,3,4,7,4,0,2,0,null,null,null,null,null,null,null,null,null,null,null,null,null,null,null,null,null,null,1,1,1,17]
[{"$f":"IF(generale!$A289>0,generale!$A289,\"\")","v":"2005-10-03"},{"$f":"IF(INDEX(generale!$A$16:$G$4963,MATCH(NPG!$A279,generale!$A$16:$A$4963,0),COLUMN())=0,0,INDEX(generale!$A$16:$G$4963,MATCH(NPG!$A279,generale!$A$16:$A$4963,0),COLUMN()))","v":10},{"$f":"IF(INDEX(generale!$A$16:$G$4963,MATCH(NPG!$A279,generale!$A$16:$A$4963,0),COLUMN())=0,0,INDEX(generale!$A$16:$G$4963,MATCH(NPG!$A279,generale!$A$16:$A$4963,0),COLUMN()))","v":12},{"$f":"IF(INDEX(generale!$A$16:$G$4963,MATCH(NPG!$A279,generale!$A$16:$A$4963,0),COLUMN())=0,0,INDEX(generale!$A$16:$G$4963,MATCH(NPG!$A279,generale!$A$16:$A$4963,0),COLUMN()))","v":7},{"$f":"IF(INDEX(generale!$A$16:$G$4963,MATCH(NPG!$A279,generale!$A$16:$A$4963,0),COLUMN())=0,0,INDEX(generale!$A$16:$G$4963,MATCH(NPG!$A279,generale!$A$16:$A$4963,0),COLUMN()))","v":2},{"$f":"IF(INDEX(generale!$A$16:$G$4963,MATCH(NPG!$A279,generale!$A$16:$A$4963,0),COLUMN())=0,0,INDEX(generale!$A$16:$G$4963,MATCH(NPG!$A279,generale!$A$16:$A$4963,0),COLUMN()))","v":6},{"$f":"generale!G289","v":"T"},6,1,2,2,1,3,0,5,7,0,14,0,1,4,5,8,5,1,3,1,null,null,null,null,null,null,null,null,null,null,null,null,null,null,null,null,null,null,null,null,null,20]
[{"$f":"IF(generale!$A290>0,generale!$A290,\"\")","v":"2005-10-04"},{"$f":"IF(INDEX(generale!$A$16:$G$4963,MATCH(NPG!$A280,generale!$A$16:$A$4963,0),COLUMN())=0,0,INDEX(generale!$A$16:$G$4963,MATCH(NPG!$A280,generale!$A$16:$A$4963,0),COLUMN()))","v":7},{"$f":"IF(INDEX(generale!$A$16:$G$4963,MATCH(NPG!$A280,generale!$A$16:$A$4963,0),COLUMN())=0,0,INDEX(generale!$A$16:$G$4963,MATCH(NPG!$A280,generale!$A$16:$A$4963,0),COLUMN()))","v":11},{"$f":"IF(INDEX(generale!$A$16:$G$4963,MATCH(NPG!$A280,generale!$A$16:$A$4963,0),COLUMN())=0,0,INDEX(generale!$A$16:$G$4963,MATCH(NPG!$A280,generale!$A$16:$A$4963,0),COLUMN()))","v":5},{"$f":"IF(INDEX(generale!$A$16:$G$4963,MATCH(NPG!$A280,generale!$A$16:$A$4963,0),COLUMN())=0,0,INDEX(generale!$A$16:$G$4963,MATCH(NPG!$A280,generale!$A$16:$A$4963,0),COLUMN()))","v":1},{"$f":"IF(INDEX(generale!$A$16:$G$4963,MATCH(NPG!$A280,generale!$A$16:$A$4963,0),COLUMN())=0,0,INDEX(generale!$A$16:$G$4963,MATCH(NPG!$A280,generale!$A$16:$A$4963,0),COLUMN()))","v":3},{"$f":"generale!G290","v":"T"},7,2,3,3,0,4,0,6,8,1,0,1,2,5,6,9,5,1,3,1,null,null,null,null,null,null,null,null,null,null,null,null,null,null,null,null,null,1,1,1,1,16]
[{"$f":"IF(generale!$A291>0,generale!$A291,\"\")","v":"2005-10-05"},{"$f":"IF(INDEX(generale!$A$16:$G$4963,MATCH(NPG!$A281,generale!$A$16:$A$4963,0),COLUMN())=0,0,INDEX(generale!$A$16:$G$4963,MATCH(NPG!$A281,generale!$A$16:$A$4963,0),COLUMN()))","v":1},{"$f":"IF(INDEX(generale!$A$16:$G$4963,MATCH(NPG!$A281,generale!$A$16:$A$4963,0),COLUMN())=0,0,INDEX(generale!$A$16:$G$4963,MATCH(NPG!$A281,generale!$A$16:$A$4963,0),COLUMN()))","v":15},{"$f":"IF(INDEX(generale!$A$16:$G$4963,MATCH(NPG!$A281,generale!$A$16:$A$4963,0),COLUMN())=0,0,INDEX(generale!$A$16:$G$4963,MATCH(NPG!$A281,generale!$A$16:$A$4963,0),COLUMN()))","v":14},{"$f":"IF(INDEX(generale!$A$16:$G$4963,MATCH(NPG!$A281,generale!$A$16:$A$4963,0),COLUMN())=0,0,INDEX(generale!$A$16:$G$4963,MATCH(NPG!$A281,generale!$A$16:$A$4963,0),COLUMN()))","v":18},{"$f":"IF(INDEX(generale!$A$16:$G$4963,MATCH(NPG!$A281,generale!$A$16:$A$4963,0),COLUMN())=0,0,INDEX(generale!$A$16:$G$4963,MATCH(NPG!$A281,generale!$A$16:$A$4963,0),COLUMN()))","v":9},{"$f":"generale!G291","v":"T"},0,3,4,4,1,5,1,7,9,2,1,2,3,0,0,10,6,1,3,1,null,null,null,null,null,null,null,null,null,null,null,null,null,null,null,null,null,null,1,1,1,17]
[{"$f":"IF(generale!$A292>0,generale!$A292,\"\")","v":"2005-10-06"},{"$f":"IF(INDEX(generale!$A$16:$G$4963,MATCH(NPG!$A282,generale!$A$16:$A$4963,0),COLUMN())=0,0,INDEX(generale!$A$16:$G$4963,MATCH(NPG!$A282,generale!$A$16:$A$4963,0),COLUMN()))","v":9},{"$f":"IF(INDEX(generale!$A$16:$G$4963,MATCH(NPG!$A282,generale!$A$16:$A$4963,0),COLUMN())=0,0,INDEX(generale!$A$16:$G$4963,MATCH(NPG!$A282,generale!$A$16:$A$4963,0),COLUMN()))","v":5},{"$f":"IF(INDEX(generale!$A$16:$G$4963,MATCH(NPG!$A282,generale!$A$16:$A$4963,0),COLUMN())=0,0,INDEX(generale!$A$16:$G$4963,MATCH(NPG!$A282,generale!$A$16:$A$4963,0),COLUMN()))","v":17},{"$f":"IF(INDEX(generale!$A$16:$G$4963,MATCH(NPG!$A282,generale!$A$16:$A$4963,0),COLUMN())=0,0,INDEX(generale!$A$16:$G$4963,MATCH(NPG!$A282,generale!$A$16:$A$4963,0),COLUMN()))","v":7},{"$f":"IF(INDEX(generale!$A$16:$G$4963,MATCH(NPG!$A282,generale!$A$16:$A$4963,0),COLUMN())=0,0,INDEX(generale!$A$16:$G$4963,MATCH(NPG!$A282,generale!$A$16:$A$4963,0),COLUMN()))","v":1},{"$f":"generale!G292","v":"P"},1,4,5,5,0,6,2,8,0,3,2,3,4,1,1,11,0,2,3,1,null,null,null,null,null,null,null,null,null,null,null,null,null,null,null,null,null,null,null,1,1,18]
[{"$f":"IF(generale!$A293>0,generale!$A293,\"\")","v":"2005-10-07"},{"$f":"IF(INDEX(generale!$A$16:$G$4963,MATCH(NPG!$A283,generale!$A$16:$A$4963,0),COLUMN())=0,0,INDEX(generale!$A$16:$G$4963,MATCH(NPG!$A283,generale!$A$16:$A$4963,0),COLUMN()))","v":11},{"$f":"IF(INDEX(generale!$A$16:$G$4963,MATCH(NPG!$A283,generale!$A$16:$A$4963,0),COLUMN())=0,0,INDEX(generale!$A$16:$G$4963,MATCH(NPG!$A283,generale!$A$16:$A$4963,0),COLUMN()))","v":12},{"$f":"IF(INDEX(generale!$A$16:$G$4963,MATCH(NPG!$A283,generale!$A$16:$A$4963,0),COLUMN())=0,0,INDEX(generale!$A$16:$G$4963,MATCH(NPG!$A283,generale!$A$16:$A$4963,0),COLUMN()))","v":8},{"$f":"IF(INDEX(generale!$A$16:$G$4963,MATCH(NPG!$A283,generale!$A$16:$A$4963,0),COLUMN())=0,0,INDEX(generale!$A$16:$G$4963,MATCH(NPG!$A283,generale!$A$16:$A$4963,0),COLUMN()))","v":15},{"$f":"IF(INDEX(generale!$A$16:$G$4963,MATCH(NPG!$A283,generale!$A$16:$A$4963,0),COLUMN())=0,0,INDEX(generale!$A$16:$G$4963,MATCH(NPG!$A283,generale!$A$16:$A$4963,0),COLUMN()))","v":3},{"$f":"generale!G293","v":"T"},2,5,6,6,1,7,3,0,1,4,0,0,5,2,2,12,1,2,3,1,null,null,null,null,null,null,null,null,null,null,null,null,null,null,null,null,null,null,1,1,1,17]
[{"$f":"IF(generale!$A294>0,generale!$A294,\"\")","v":"2005-10-08"},{"$f":"IF(INDEX(generale!$A$16:$G$4963,MATCH(NPG!$A284,generale!$A$16:$A$4963,0),COLUMN())=0,0,INDEX(generale!$A$16:$G$4963,MATCH(NPG!$A284,generale!$A$16:$A$4963,0),COLUMN()))","v":11},{"$f":"IF(INDEX(generale!$A$16:$G$4963,MATCH(NPG!$A284,generale!$A$16:$A$4963,0),COLUMN())=0,0,INDEX(generale!$A$16:$G$4963,MATCH(NPG!$A284,generale!$A$16:$A$4963,0),COLUMN()))","v":4},{"$f":"IF(INDEX(generale!$A$16:$G$4963,MATCH(NPG!$A284,generale!$A$16:$A$4963,0),COLUMN())=0,0,INDEX(generale!$A$16:$G$4963,MATCH(NPG!$A284,generale!$A$16:$A$4963,0),COLUMN()))","v":17},{"$f":"IF(INDEX(generale!$A$16:$G$4963,MATCH(NPG!$A284,generale!$A$16:$A$4963,0),COLUMN())=0,0,INDEX(generale!$A$16:$G$4963,MATCH(NPG!$A284,generale!$A$16:$A$4963,0),COLUMN()))","v":9},{"$f":"IF(INDEX(generale!$A$16:$G$4963,MATCH(NPG!$A284,generale!$A$16:$A$4963,0),COLUMN())=0,0,INDEX(generale!$A$16:$G$4963,MATCH(NPG!$A284,generale!$A$16:$A$4963,0),COLUMN()))","v":5},{"$f":"generale!G294","v":"P"},3,6,7,0,2,8,4,1,2,5,0,1,6,3,3,13,0,2,3,1,null,null,null,null,null,null,null,null,null,null,null,null,null,null,null,null,null,1,1,1,1,16]
[{"$f":"IF(generale!$A295>0,generale!$A295,\"\")","v":"2005-10-09"},{"$f":"IF(INDEX(generale!$A$16:$G$4963,MATCH(NPG!$A285,generale!$A$16:$A$4963,0),COLUMN())=0,0,INDEX(generale!$A$16:$G$4963,MATCH(NPG!$A285,generale!$A$16:$A$4963,0),COLUMN()))","v":8},{"$f":"IF(INDEX(generale!$A$16:$G$4963,MATCH(NPG!$A285,generale!$A$16:$A$4963,0),COLUMN())=0,0,INDEX(generale!$A$16:$G$4963,MATCH(NPG!$A285,generale!$A$16:$A$4963,0),COLUMN()))","v":4},{"$f":"IF(INDEX(generale!$A$16:$G$4963,MATCH(NPG!$A285,generale!$A$16:$A$4963,0),COLUMN())=0,0,INDEX(generale!$A$16:$G$4963,MATCH(NPG!$A285,generale!$A$16:$A$4963,0),COLUMN()))","v":13},{"$f":"IF(INDEX(generale!$A$16:$G$4963,MATCH(NPG!$A285,generale!$A$16:$A$4963,0),COLUMN())=0,0,INDEX(generale!$A$16:$G$4963,MATCH(NPG!$A285,generale!$A$16:$A$4963,0),COLUMN()))","v":9},{"$f":"IF(INDEX(generale!$A$16:$G$4963,MATCH(NPG!$A285,generale!$A$16:$A$4963,0),COLUMN())=0,0,INDEX(generale!$A$16:$G$4963,MATCH(NPG!$A285,generale!$A$16:$A$4963,0),COLUMN()))","v":14},{"$f":"generale!G295","v":"O"},4,7,8,0,3,9,5,0,3,6,1,2,0,4,4,14,0,2,3,1,null,null,null,null,null,null,null,null,null,null,null,null,null,null,null,null,null,1,1,1,1,16]
[{"$f":"IF(generale!$A296>0,generale!$A296,\"\")","v":"2005-10-10"},{"$f":"IF(INDEX(generale!$A$16:$G$4963,MATCH(NPG!$A286,generale!$A$16:$A$4963,0),COLUMN())=0,0,INDEX(generale!$A$16:$G$4963,MATCH(NPG!$A286,generale!$A$16:$A$4963,0),COLUMN()))","v":9},{"$f":"IF(INDEX(generale!$A$16:$G$4963,MATCH(NPG!$A286,generale!$A$16:$A$4963,0),COLUMN())=0,0,INDEX(generale!$A$16:$G$4963,MATCH(NPG!$A286,generale!$A$16:$A$4963,0),COLUMN()))","v":17},{"$f":"IF(INDEX(generale!$A$16:$G$4963,MATCH(NPG!$A286,generale!$A$16:$A$4963,0),COLUMN())=0,0,INDEX(generale!$A$16:$G$4963,MATCH(NPG!$A286,generale!$A$16:$A$4963,0),COLUMN()))","v":16},{"$f":"IF(INDEX(generale!$A$16:$G$4963,MATCH(NPG!$A286,generale!$A$16:$A$4963,0),COLUMN())=0,0,INDEX(generale!$A$16:$G$4963,MATCH(NPG!$A286,generale!$A$16:$A$4963,0),COLUMN()))","v":13},{"$f":"IF(INDEX(generale!$A$16:$G$4963,MATCH(NPG!$A286,generale!$A$16:$A$4963,0),COLUMN())=0,0,INDEX(generale!$A$16:$G$4963,MATCH(NPG!$A286,generale!$A$16:$A$4963,0),COLUMN()))","v":12},{"$f":"generale!G296","v":"P"},5,8,9,1,4,10,6,1,0,7,2,3,1,5,5,0,0,3,3,1,null,null,null,null,null,null,null,null,null,null,null,null,null,null,null,null,null,null,null,1,1,18]
[{"$f":"IF(generale!$A297>0,generale!$A297,\"\")","v":"2005-10-11"},{"$f":"IF(INDEX(generale!$A$16:$G$4963,MATCH(NPG!$A287,generale!$A$16:$A$4963,0),COLUMN())=0,0,INDEX(generale!$A$16:$G$4963,MATCH(NPG!$A287,generale!$A$16:$A$4963,0),COLUMN()))","v":14},{"$f":"IF(INDEX(generale!$A$16:$G$4963,MATCH(NPG!$A287,generale!$A$16:$A$4963,0),COLUMN())=0,0,INDEX(generale!$A$16:$G$4963,MATCH(NPG!$A287,generale!$A$16:$A$4963,0),COLUMN()))","v":16},{"$f":"IF(INDEX(generale!$A$16:$G$4963,MATCH(NPG!$A287,generale!$A$16:$A$4963,0),COLUMN())=0,0,INDEX(generale!$A$16:$G$4963,MATCH(NPG!$A287,generale!$A$16:$A$4963,0),COLUMN()))","v":6},{"$f":"IF(INDEX(generale!$A$16:$G$4963,MATCH(NPG!$A287,generale!$A$16:$A$4963,0),COLUMN())=0,0,INDEX(generale!$A$16:$G$4963,MATCH(NPG!$A287,generale!$A$16:$A$4963,0),COLUMN()))","v":5},{"$f":"IF(INDEX(generale!$A$16:$G$4963,MATCH(NPG!$A287,generale!$A$16:$A$4963,0),COLUMN())=0,0,INDEX(generale!$A$16:$G$4963,MATCH(NPG!$A287,generale!$A$16:$A$4963,0),COLUMN()))","v":12},{"$f":"generale!G297","v":"T"},6,9,10,2,5,0,7,2,1,8,3,4,2,0,6,0,1,4,3,1,null,null,null,null,null,null,null,null,null,null,null,null,null,null,null,null,null,null,null,1,1,18]
[{"$f":"IF(generale!$A298>0,generale!$A298,\"\")","v":"2005-10-12"},{"$f":"IF(INDEX(generale!$A$16:$G$4963,MATCH(NPG!$A288,generale!$A$16:$A$4963,0),COLUMN())=0,0,INDEX(generale!$A$16:$G$4963,MATCH(NPG!$A288,generale!$A$16:$A$4963,0),COLUMN()))","v":13},{"$f":"IF(INDEX(generale!$A$16:$G$4963,MATCH(NPG!$A288,generale!$A$16:$A$4963,0),COLUMN())=0,0,INDEX(generale!$A$16:$G$4963,MATCH(NPG!$A288,generale!$A$16:$A$4963,0),COLUMN()))","v":1},{"$f":"IF(INDEX(generale!$A$16:$G$4963,MATCH(NPG!$A288,generale!$A$16:$A$4963,0),COLUMN())=0,0,INDEX(generale!$A$16:$G$4963,MATCH(NPG!$A288,generale!$A$16:$A$4963,0),COLUMN()))","v":7},{"$f":"IF(INDEX(generale!$A$16:$G$4963,MATCH(NPG!$A288,generale!$A$16:$A$4963,0),COLUMN())=0,0,INDEX(generale!$A$16:$G$4963,MATCH(NPG!$A288,generale!$A$16:$A$4963,0),COLUMN()))","v":2},{"$f":"IF(INDEX(generale!$A$16:$G$4963,MATCH(NPG!$A288,generale!$A$16:$A$4963,0),COLUMN())=0,0,INDEX(generale!$A$16:$G$4963,MATCH(NPG!$A288,generale!$A$16:$A$4963,0),COLUMN()))","v":16},{"$f":"generale!G298","v":"P"},0,10,11,3,6,1,0,3,2,9,4,5,0,1,7,1,1,4,3,1,null,null,null,null,null,null,null,null,null,null,null,null,null,null,null,null,null,1,1,1,1,16]
[{"$f":"IF(generale!$A299>0,generale!$A299,\"\")","v":"2005-10-13"},{"$f":"IF(INDEX(generale!$A$16:$G$4963,MATCH(NPG!$A289,generale!$A$16:$A$4963,0),COLUMN())=0,0,INDEX(generale!$A$16:$G$4963,MATCH(NPG!$A289,generale!$A$16:$A$4963,0),COLUMN()))","v":18},{"$f":"IF(INDEX(generale!$A$16:$G$4963,MATCH(NPG!$A289,generale!$A$16:$A$4963,0),COLUMN())=0,0,INDEX(generale!$A$16:$G$4963,MATCH(NPG!$A289,generale!$A$16:$A$4963,0),COLUMN()))","v":13},{"$f":"IF(INDEX(generale!$A$16:$G$4963,MATCH(NPG!$A289,generale!$A$16:$A$4963,0),COLUMN())=0,0,INDEX(generale!$A$16:$G$4963,MATCH(NPG!$A289,generale!$A$16:$A$4963,0),COLUMN()))","v":16},{"$f":"IF(INDEX(generale!$A$16:$G$4963,MATCH(NPG!$A289,generale!$A$16:$A$4963,0),COLUMN())=0,0,INDEX(generale!$A$16:$G$4963,MATCH(NPG!$A289,generale!$A$16:$A$4963,0),COLUMN()))","v":3},{"$f":"IF(INDEX(generale!$A$16:$G$4963,MATCH(NPG!$A289,generale!$A$16:$A$4963,0),COLUMN())=0,0,INDEX(generale!$A$16:$G$4963,MATCH(NPG!$A289,generale!$A$16:$A$4963,0),COLUMN()))","v":2},{"$f":"generale!G299","v":"T"},1,11,12,4,7,2,1,4,3,10,5,6,0,2,8,0,1,0,3,1,null,null,null,null,null,null,null,null,null,null,null,null,null,null,null,null,1,1,1,1,1,15]
[{"$f":"IF(generale!$A300>0,generale!$A300,\"\")","v":"2005-10-14"},{"$f":"IF(INDEX(generale!$A$16:$G$4963,MATCH(NPG!$A290,generale!$A$16:$A$4963,0),COLUMN())=0,0,INDEX(generale!$A$16:$G$4963,MATCH(NPG!$A290,generale!$A$16:$A$4963,0),COLUMN()))","v":6},{"$f":"IF(INDEX(generale!$A$16:$G$4963,MATCH(NPG!$A290,generale!$A$16:$A$4963,0),COLUMN())=0,0,INDEX(generale!$A$16:$G$4963,MATCH(NPG!$A290,generale!$A$16:$A$4963,0),COLUMN()))","v":11},{"$f":"IF(INDEX(generale!$A$16:$G$4963,MATCH(NPG!$A290,generale!$A$16:$A$4963,0),COLUMN())=0,0,INDEX(generale!$A$16:$G$4963,MATCH(NPG!$A290,generale!$A$16:$A$4963,0),COLUMN()))","v":10},{"$f":"IF(INDEX(generale!$A$16:$G$4963,MATCH(NPG!$A290,generale!$A$16:$A$4963,0),COLUMN())=0,0,INDEX(generale!$A$16:$G$4963,MATCH(NPG!$A290,generale!$A$16:$A$4963,0),COLUMN()))","v":12},{"$f":"IF(INDEX(generale!$A$16:$G$4963,MATCH(NPG!$A290,generale!$A$16:$A$4963,0),COLUMN())=0,0,INDEX(generale!$A$16:$G$4963,MATCH(NPG!$A290,generale!$A$16:$A$4963,0),COLUMN()))","v":13},{"$f":"generale!G300","v":"P"},2,12,13,5,8,0,2,5,4,0,0,6,1,3,8,1,1,0,3,1,null,null,null,null,null,null,null,null,null,null,null,null,1,null,null,1,null,1,1,1,1,14]
[{"$f":"IF(generale!$A301>0,generale!$A301,\"\")","v":"2005-10-15"},{"$f":"IF(INDEX(generale!$A$16:$G$4963,MATCH(NPG!$A291,generale!$A$16:$A$4963,0),COLUMN())=0,0,INDEX(generale!$A$16:$G$4963,MATCH(NPG!$A291,generale!$A$16:$A$4963,0),COLUMN()))","v":3},{"$f":"IF(INDEX(generale!$A$16:$G$4963,MATCH(NPG!$A291,generale!$A$16:$A$4963,0),COLUMN())=0,0,INDEX(generale!$A$16:$G$4963,MATCH(NPG!$A291,generale!$A$16:$A$4963,0),COLUMN()))","v":1},{"$f":"IF(INDEX(generale!$A$16:$G$4963,MATCH(NPG!$A291,generale!$A$16:$A$4963,0),COLUMN())=0,0,INDEX(generale!$A$16:$G$4963,MATCH(NPG!$A291,generale!$A$16:$A$4963,0),COLUMN()))","v":2},{"$f":"IF(INDEX(generale!$A$16:$G$4963,MATCH(NPG!$A291,generale!$A$16:$A$4963,0),COLUMN())=0,0,INDEX(generale!$A$16:$G$4963,MATCH(NPG!$A291,generale!$A$16:$A$4963,0),COLUMN()))","v":14},{"$f":"IF(INDEX(generale!$A$16:$G$4963,MATCH(NPG!$A291,generale!$A$16:$A$4963,0),COLUMN())=0,0,INDEX(generale!$A$16:$G$4963,MATCH(NPG!$A291,generale!$A$16:$A$4963,0),COLUMN()))","v":12},{"$f":"generale!G301","v":"T"},0,0,0,6,9,1,3,6,5,1,1,7,2,4,9,2,1,0,3,1,null,null,null,null,null,null,null,null,null,null,null,null,null,null,null,null,null,1,1,1,1,16]
[{"$f":"IF(generale!$A302>0,generale!$A302,\"\")","v":"2005-10-16"},{"$f":"IF(INDEX(generale!$A$16:$G$4963,MATCH(NPG!$A292,generale!$A$16:$A$4963,0),COLUMN())=0,0,INDEX(generale!$A$16:$G$4963,MATCH(NPG!$A292,generale!$A$16:$A$4963,0),COLUMN()))","v":10},{"$f":"IF(INDEX(generale!$A$16:$G$4963,MATCH(NPG!$A292,generale!$A$16:$A$4963,0),COLUMN())=0,0,INDEX(generale!$A$16:$G$4963,MATCH(NPG!$A292,generale!$A$16:$A$4963,0),COLUMN()))","v":5},{"$f":"IF(INDEX(generale!$A$16:$G$4963,MATCH(NPG!$A292,generale!$A$16:$A$4963,0),COLUMN())=0,0,INDEX(generale!$A$16:$G$4963,MATCH(NPG!$A292,generale!$A$16:$A$4963,0),COLUMN()))","v":14},{"$f":"IF(INDEX(generale!$A$16:$G$4963,MATCH(NPG!$A292,generale!$A$16:$A$4963,0),COLUMN())=0,0,INDEX(generale!$A$16:$G$4963,MATCH(NPG!$A292,generale!$A$16:$A$4963,0),COLUMN()))","v":2},{"$f":"IF(INDEX(generale!$A$16:$G$4963,MATCH(NPG!$A292,generale!$A$16:$A$4963,0),COLUMN())=0,0,INDEX(generale!$A$16:$G$4963,MATCH(NPG!$A292,generale!$A$16:$A$4963,0),COLUMN()))","v":6},{"$f":"generale!G302","v":"P"},1,1,1,7,0,2,4,7,6,0,2,8,3,0,10,3,2,1,3,1,null,null,null,null,null,null,null,null,null,null,null,null,null,null,null,null,null,null,null,1,1,18]
[{"$f":"IF(generale!$A303>0,generale!$A303,\"\")","v":"2005-10-17"},{"$f":"IF(INDEX(generale!$A$16:$G$4963,MATCH(NPG!$A293,generale!$A$16:$A$4963,0),COLUMN())=0,0,INDEX(generale!$A$16:$G$4963,MATCH(NPG!$A293,generale!$A$16:$A$4963,0),COLUMN()))","v":9},{"$f":"IF(INDEX(generale!$A$16:$G$4963,MATCH(NPG!$A293,generale!$A$16:$A$4963,0),COLUMN())=0,0,INDEX(generale!$A$16:$G$4963,MATCH(NPG!$A293,generale!$A$16:$A$4963,0),COLUMN()))","v":17},{"$f":"IF(INDEX(generale!$A$16:$G$4963,MATCH(NPG!$A293,generale!$A$16:$A$4963,0),COLUMN())=0,0,INDEX(generale!$A$16:$G$4963,MATCH(NPG!$A293,generale!$A$16:$A$4963,0),COLUMN()))","v":8},{"$f":"IF(INDEX(generale!$A$16:$G$4963,MATCH(NPG!$A293,generale!$A$16:$A$4963,0),COLUMN())=0,0,INDEX(generale!$A$16:$G$4963,MATCH(NPG!$A293,generale!$A$16:$A$4963,0),COLUMN()))","v":4},{"$f":"IF(INDEX(generale!$A$16:$G$4963,MATCH(NPG!$A293,generale!$A$16:$A$4963,0),COLUMN())=0,0,INDEX(generale!$A$16:$G$4963,MATCH(NPG!$A293,generale!$A$16:$A$4963,0),COLUMN()))","v":16},{"$f":"generale!G303","v":"P"},2,2,2,8,1,3,5,0,0,1,3,9,4,1,11,4,0,1,3,1,null,null,null,null,null,null,null,null,null,null,null,null,null,null,null,null,null,1,1,1,1,16]
[{"$f":"IF(generale!$A304>0,generale!$A304,\"\")","v":"2005-10-18"},{"$f":"IF(INDEX(generale!$A$16:$G$4963,MATCH(NPG!$A294,generale!$A$16:$A$4963,0),COLUMN())=0,0,INDEX(generale!$A$16:$G$4963,MATCH(NPG!$A294,generale!$A$16:$A$4963,0),COLUMN()))","v":6},{"$f":"IF(INDEX(generale!$A$16:$G$4963,MATCH(NPG!$A294,generale!$A$16:$A$4963,0),COLUMN())=0,0,INDEX(generale!$A$16:$G$4963,MATCH(NPG!$A294,generale!$A$16:$A$4963,0),COLUMN()))","v":14},{"$f":"IF(INDEX(generale!$A$16:$G$4963,MATCH(NPG!$A294,generale!$A$16:$A$4963,0),COLUMN())=0,0,INDEX(generale!$A$16:$G$4963,MATCH(NPG!$A294,generale!$A$16:$A$4963,0),COLUMN()))","v":16},{"$f":"IF(INDEX(generale!$A$16:$G$4963,MATCH(NPG!$A294,generale!$A$16:$A$4963,0),COLUMN())=0,0,INDEX(generale!$A$16:$G$4963,MATCH(NPG!$A294,generale!$A$16:$A$4963,0),COLUMN()))","v":4},{"$f":"IF(INDEX(generale!$A$16:$G$4963,MATCH(NPG!$A294,generale!$A$16:$A$4963,0),COLUMN())=0,0,INDEX(generale!$A$16:$G$4963,MATCH(NPG!$A294,generale!$A$16:$A$4963,0),COLUMN()))","v":9},{"$f":"generale!G304","v":"T"},3,3,3,9,2,0,6,1,1,2,4,10,5,0,12,0,1,2,3,1,null,null,null,null,null,null,null,null,null,null,null,null,null,null,null,null,null,null,null,1,1,18]
[{"$f":"IF(generale!$A305>0,generale!$A305,\"\")","v":"2005-10-19"},{"$f":"IF(INDEX(generale!$A$16:$G$4963,MATCH(NPG!$A295,generale!$A$16:$A$4963,0),COLUMN())=0,0,INDEX(generale!$A$16:$G$4963,MATCH(NPG!$A295,generale!$A$16:$A$4963,0),COLUMN()))","v":15},{"$f":"IF(INDEX(generale!$A$16:$G$4963,MATCH(NPG!$A295,generale!$A$16:$A$4963,0),COLUMN())=0,0,INDEX(generale!$A$16:$G$4963,MATCH(NPG!$A295,generale!$A$16:$A$4963,0),COLUMN()))","v":16},{"$f":"IF(INDEX(generale!$A$16:$G$4963,MATCH(NPG!$A295,generale!$A$16:$A$4963,0),COLUMN())=0,0,INDEX(generale!$A$16:$G$4963,MATCH(NPG!$A295,generale!$A$16:$A$4963,0),COLUMN()))","v":13},{"$f":"IF(INDEX(generale!$A$16:$G$4963,MATCH(NPG!$A295,generale!$A$16:$A$4963,0),COLUMN())=0,0,INDEX(generale!$A$16:$G$4963,MATCH(NPG!$A295,generale!$A$16:$A$4963,0),COLUMN()))","v":6},{"$f":"IF(INDEX(generale!$A$16:$G$4963,MATCH(NPG!$A295,generale!$A$16:$A$4963,0),COLUMN())=0,0,INDEX(generale!$A$16:$G$4963,MATCH(NPG!$A295,generale!$A$16:$A$4963,0),COLUMN()))","v":10},{"$f":"generale!G305","v":"T"},4,4,4,10,3,1,7,2,2,3,5,11,0,1,0,0,2,2,3,1,null,null,null,null,null,null,null,null,null,null,null,null,null,null,null,null,null,null,1,1,1,17]
[{"$f":"IF(generale!$A306>0,generale!$A306,\"\")","v":"2005-10-20"},{"$f":"IF(INDEX(generale!$A$16:$G$4963,MATCH(NPG!$A296,generale!$A$16:$A$4963,0),COLUMN())=0,0,INDEX(generale!$A$16:$G$4963,MATCH(NPG!$A296,generale!$A$16:$A$4963,0),COLUMN()))","v":14},{"$f":"IF(INDEX(generale!$A$16:$G$4963,MATCH(NPG!$A296,generale!$A$16:$A$4963,0),COLUMN())=0,0,INDEX(generale!$A$16:$G$4963,MATCH(NPG!$A296,generale!$A$16:$A$4963,0),COLUMN()))","v":13},{"$f":"IF(INDEX(generale!$A$16:$G$4963,MATCH(NPG!$A296,generale!$A$16:$A$4963,0),COLUMN())=0,0,INDEX(generale!$A$16:$G$4963,MATCH(NPG!$A296,generale!$A$16:$A$4963,0),COLUMN()))","v":16},{"$f":"IF(INDEX(generale!$A$16:$G$4963,MATCH(NPG!$A296,generale!$A$16:$A$4963,0),COLUMN())=0,0,INDEX(generale!$A$16:$G$4963,MATCH(NPG!$A296,generale!$A$16:$A$4963,0),COLUMN()))","v":7},{"$f":"IF(INDEX(generale!$A$16:$G$4963,MATCH(NPG!$A296,generale!$A$16:$A$4963,0),COLUMN())=0,0,INDEX(generale!$A$16:$G$4963,MATCH(NPG!$A296,generale!$A$16:$A$4963,0),COLUMN()))","v":8},{"$f":"generale!G306","v":"P"},5,5,5,11,4,2,8,3,3,4,6,12,0,0,0,0,2,2,3,1,null,null,null,null,null,null,null,null,null,null,null,null,null,null,null,1,1,1,1,1,1,14]
[{"$f":"IF(generale!$A307>0,generale!$A307,\"\")","v":"2005-10-21"},{"$f":"IF(INDEX(generale!$A$16:$G$4963,MATCH(NPG!$A297,generale!$A$16:$A$4963,0),COLUMN())=0,0,INDEX(generale!$A$16:$G$4963,MATCH(NPG!$A297,generale!$A$16:$A$4963,0),COLUMN()))","v":8},{"$f":"IF(INDEX(generale!$A$16:$G$4963,MATCH(NPG!$A297,generale!$A$16:$A$4963,0),COLUMN())=0,0,INDEX(generale!$A$16:$G$4963,MATCH(NPG!$A297,generale!$A$16:$A$4963,0),COLUMN()))","v":2},{"$f":"IF(INDEX(generale!$A$16:$G$4963,MATCH(NPG!$A297,generale!$A$16:$A$4963,0),COLUMN())=0,0,INDEX(generale!$A$16:$G$4963,MATCH(NPG!$A297,generale!$A$16:$A$4963,0),COLUMN()))","v":1},{"$f":"IF(INDEX(generale!$A$16:$G$4963,MATCH(NPG!$A297,generale!$A$16:$A$4963,0),COLUMN())=0,0,INDEX(generale!$A$16:$G$4963,MATCH(NPG!$A297,generale!$A$16:$A$4963,0),COLUMN()))","v":17},{"$f":"IF(INDEX(generale!$A$16:$G$4963,MATCH(NPG!$A297,generale!$A$16:$A$4963,0),COLUMN())=0,0,INDEX(generale!$A$16:$G$4963,MATCH(NPG!$A297,generale!$A$16:$A$4963,0),COLUMN()))","v":4},{"$f":"generale!G307","v":"T"},0,0,6,12,5,3,9,0,4,5,7,13,1,1,1,1,3,3,3,1,null,null,null,null,null,null,null,null,null,null,null,null,null,null,null,null,null,null,null,1,1,18]
[{"$f":"IF(generale!$A308>0,generale!$A308,\"\")","v":"2005-10-22"},{"$f":"IF(INDEX(generale!$A$16:$G$4963,MATCH(NPG!$A298,generale!$A$16:$A$4963,0),COLUMN())=0,0,INDEX(generale!$A$16:$G$4963,MATCH(NPG!$A298,generale!$A$16:$A$4963,0),COLUMN()))","v":12},{"$f":"IF(INDEX(generale!$A$16:$G$4963,MATCH(NPG!$A298,generale!$A$16:$A$4963,0),COLUMN())=0,0,INDEX(generale!$A$16:$G$4963,MATCH(NPG!$A298,generale!$A$16:$A$4963,0),COLUMN()))","v":13},{"$f":"IF(INDEX(generale!$A$16:$G$4963,MATCH(NPG!$A298,generale!$A$16:$A$4963,0),COLUMN())=0,0,INDEX(generale!$A$16:$G$4963,MATCH(NPG!$A298,generale!$A$16:$A$4963,0),COLUMN()))","v":17},{"$f":"IF(INDEX(generale!$A$16:$G$4963,MATCH(NPG!$A298,generale!$A$16:$A$4963,0),COLUMN())=0,0,INDEX(generale!$A$16:$G$4963,MATCH(NPG!$A298,generale!$A$16:$A$4963,0),COLUMN()))","v":1},{"$f":"IF(INDEX(generale!$A$16:$G$4963,MATCH(NPG!$A298,generale!$A$16:$A$4963,0),COLUMN())=0,0,INDEX(generale!$A$16:$G$4963,MATCH(NPG!$A298,generale!$A$16:$A$4963,0),COLUMN()))","v":2},{"$f":"generale!G308","v":"O"},1,1,7,13,6,4,10,1,5,6,8,0,0,2,2,2,0,3,3,1,null,null,null,null,null,null,null,null,null,null,null,null,null,null,null,null,null,1,1,1,1,16]
[{"$f":"IF(generale!$A309>0,generale!$A309,\"\")","v":"2005-10-23"},{"$f":"IF(INDEX(generale!$A$16:$G$4963,MATCH(NPG!$A299,generale!$A$16:$A$4963,0),COLUMN())=0,0,INDEX(generale!$A$16:$G$4963,MATCH(NPG!$A299,generale!$A$16:$A$4963,0),COLUMN()))","v":5},{"$f":"IF(INDEX(generale!$A$16:$G$4963,MATCH(NPG!$A299,generale!$A$16:$A$4963,0),COLUMN())=0,0,INDEX(generale!$A$16:$G$4963,MATCH(NPG!$A299,generale!$A$16:$A$4963,0),COLUMN()))","v":1},{"$f":"IF(INDEX(generale!$A$16:$G$4963,MATCH(NPG!$A299,generale!$A$16:$A$4963,0),COLUMN())=0,0,INDEX(generale!$A$16:$G$4963,MATCH(NPG!$A299,generale!$A$16:$A$4963,0),COLUMN()))","v":14},{"$f":"IF(INDEX(generale!$A$16:$G$4963,MATCH(NPG!$A299,generale!$A$16:$A$4963,0),COLUMN())=0,0,INDEX(generale!$A$16:$G$4963,MATCH(NPG!$A299,generale!$A$16:$A$4963,0),COLUMN()))","v":17},{"$f":"IF(INDEX(generale!$A$16:$G$4963,MATCH(NPG!$A299,generale!$A$16:$A$4963,0),COLUMN())=0,0,INDEX(generale!$A$16:$G$4963,MATCH(NPG!$A299,generale!$A$16:$A$4963,0),COLUMN()))","v":12},{"$f":"generale!G309","v":"P"},0,2,8,14,0,5,11,2,6,7,9,1,1,0,3,2,0,3,3,1,null,null,null,null,null,null,null,null,null,null,null,null,null,null,null,null,1,1,1,1,1,15]
[{"$f":"IF(generale!$A310>0,generale!$A310,\"\")","v":"2005-10-24"},{"$f":"IF(INDEX(generale!$A$16:$G$4963,MATCH(NPG!$A300,generale!$A$16:$A$4963,0),COLUMN())=0,0,INDEX(generale!$A$16:$G$4963,MATCH(NPG!$A300,generale!$A$16:$A$4963,0),COLUMN()))","v":4},{"$f":"IF(INDEX(generale!$A$16:$G$4963,MATCH(NPG!$A300,generale!$A$16:$A$4963,0),COLUMN())=0,0,INDEX(generale!$A$16:$G$4963,MATCH(NPG!$A300,generale!$A$16:$A$4963,0),COLUMN()))","v":11},{"$f":"IF(INDEX(generale!$A$16:$G$4963,MATCH(NPG!$A300,generale!$A$16:$A$4963,0),COLUMN())=0,0,INDEX(generale!$A$16:$G$4963,MATCH(NPG!$A300,generale!$A$16:$A$4963,0),COLUMN()))","v":15},{"$f":"IF(INDEX(generale!$A$16:$G$4963,MATCH(NPG!$A300,generale!$A$16:$A$4963,0),COLUMN())=0,0,INDEX(generale!$A$16:$G$4963,MATCH(NPG!$A300,generale!$A$16:$A$4963,0),COLUMN()))","v":12},{"$f":"IF(INDEX(generale!$A$16:$G$4963,MATCH(NPG!$A300,generale!$A$16:$A$4963,0),COLUMN())=0,0,INDEX(generale!$A$16:$G$4963,MATCH(NPG!$A300,generale!$A$16:$A$4963,0),COLUMN()))","v":13},{"$f":"generale!G310","v":"T"},1,3,9,0,1,6,12,3,7,8,0,2,2,1,0,3,0,3,3,1,null,null,null,null,null,null,null,null,null,null,null,null,null,null,null,1,null,1,1,1,1,15]
[{"$f":"IF(generale!$A311>0,generale!$A311,\"\")","v":"2005-10-25"},{"$f":"IF(INDEX(generale!$A$16:$G$4963,MATCH(NPG!$A301,generale!$A$16:$A$4963,0),COLUMN())=0,0,INDEX(generale!$A$16:$G$4963,MATCH(NPG!$A301,generale!$A$16:$A$4963,0),COLUMN()))","v":2},{"$f":"IF(INDEX(generale!$A$16:$G$4963,MATCH(NPG!$A301,generale!$A$16:$A$4963,0),COLUMN())=0,0,INDEX(generale!$A$16:$G$4963,MATCH(NPG!$A301,generale!$A$16:$A$4963,0),COLUMN()))","v":11},{"$f":"IF(INDEX(generale!$A$16:$G$4963,MATCH(NPG!$A301,generale!$A$16:$A$4963,0),COLUMN())=0,0,INDEX(generale!$A$16:$G$4963,MATCH(NPG!$A301,generale!$A$16:$A$4963,0),COLUMN()))","v":7},{"$f":"IF(INDEX(generale!$A$16:$G$4963,MATCH(NPG!$A301,generale!$A$16:$A$4963,0),COLUMN())=0,0,INDEX(generale!$A$16:$G$4963,MATCH(NPG!$A301,generale!$A$16:$A$4963,0),COLUMN()))","v":15},{"$f":"IF(INDEX(generale!$A$16:$G$4963,MATCH(NPG!$A301,generale!$A$16:$A$4963,0),COLUMN())=0,0,INDEX(generale!$A$16:$G$4963,MATCH(NPG!$A301,generale!$A$16:$A$4963,0),COLUMN()))","v":5},{"$f":"generale!G311","v":"T"},2,0,10,1,2,7,0,4,8,9,0,3,3,2,1,4,1,4,3,1,null,null,null,null,null,null,null,null,null,null,null,null,null,null,null,null,null,null,null,1,1,18]
[{"$f":"IF(generale!$A312>0,generale!$A312,\"\")","v":"2005-10-26"},{"$f":"IF(INDEX(generale!$A$16:$G$4963,MATCH(NPG!$A302,generale!$A$16:$A$4963,0),COLUMN())=0,0,INDEX(generale!$A$16:$G$4963,MATCH(NPG!$A302,generale!$A$16:$A$4963,0),COLUMN()))","v":16},{"$f":"IF(INDEX(generale!$A$16:$G$4963,MATCH(NPG!$A302,generale!$A$16:$A$4963,0),COLUMN())=0,0,INDEX(generale!$A$16:$G$4963,MATCH(NPG!$A302,generale!$A$16:$A$4963,0),COLUMN()))","v":11},{"$f":"IF(INDEX(generale!$A$16:$G$4963,MATCH(NPG!$A302,generale!$A$16:$A$4963,0),COLUMN())=0,0,INDEX(generale!$A$16:$G$4963,MATCH(NPG!$A302,generale!$A$16:$A$4963,0),COLUMN()))","v":2},{"$f":"IF(INDEX(generale!$A$16:$G$4963,MATCH(NPG!$A302,generale!$A$16:$A$4963,0),COLUMN())=0,0,INDEX(generale!$A$16:$G$4963,MATCH(NPG!$A302,generale!$A$16:$A$4963,0),COLUMN()))","v":1},{"$f":"IF(INDEX(generale!$A$16:$G$4963,MATCH(NPG!$A302,generale!$A$16:$A$4963,0),COLUMN())=0,0,INDEX(generale!$A$16:$G$4963,MATCH(NPG!$A302,generale!$A$16:$A$4963,0),COLUMN()))","v":5},{"$f":"generale!G312","v":"T"},3,0,11,2,3,8,1,5,9,10,0,4,4,3,2,0,1,4,3,1,null,null,null,null,null,null,null,null,null,null,null,null,null,null,null,null,null,1,1,1,1,16]
[{"$f":"IF(generale!$A313>0,generale!$A313,\"\")","v":"2005-10-27"},{"$f":"IF(INDEX(generale!$A$16:$G$4963,MATCH(NPG!$A303,generale!$A$16:$A$4963,0),COLUMN())=0,0,INDEX(generale!$A$16:$G$4963,MATCH(NPG!$A303,generale!$A$16:$A$4963,0),COLUMN()))","v":5},{"$f":"IF(INDEX(generale!$A$16:$G$4963,MATCH(NPG!$A303,generale!$A$16:$A$4963,0),COLUMN())=0,0,INDEX(generale!$A$16:$G$4963,MATCH(NPG!$A303,generale!$A$16:$A$4963,0),COLUMN()))","v":19},{"$f":"IF(INDEX(generale!$A$16:$G$4963,MATCH(NPG!$A303,generale!$A$16:$A$4963,0),COLUMN())=0,0,INDEX(generale!$A$16:$G$4963,MATCH(NPG!$A303,generale!$A$16:$A$4963,0),COLUMN()))","v":2},{"$f":"IF(INDEX(generale!$A$16:$G$4963,MATCH(NPG!$A303,generale!$A$16:$A$4963,0),COLUMN())=0,0,INDEX(generale!$A$16:$G$4963,MATCH(NPG!$A303,generale!$A$16:$A$4963,0),COLUMN()))","v":1},{"$f":"IF(INDEX(generale!$A$16:$G$4963,MATCH(NPG!$A303,generale!$A$16:$A$4963,0),COLUMN())=0,0,INDEX(generale!$A$16:$G$4963,MATCH(NPG!$A303,generale!$A$16:$A$4963,0),COLUMN()))","v":10},{"$f":"generale!G313","v":"O"},4,0,12,3,0,9,2,6,10,11,1,5,5,4,2,0,1,4,0,1,null,null,null,null,null,null,null,null,null,null,null,null,null,null,null,1,1,1,1,1,1,14]
[{"$f":"IF(generale!$A314>0,generale!$A314,\"\")","v":"2005-10-28"},{"$f":"IF(INDEX(generale!$A$16:$G$4963,MATCH(NPG!$A304,generale!$A$16:$A$4963,0),COLUMN())=0,0,INDEX(generale!$A$16:$G$4963,MATCH(NPG!$A304,generale!$A$16:$A$4963,0),COLUMN()))","v":4},{"$f":"IF(INDEX(generale!$A$16:$G$4963,MATCH(NPG!$A304,generale!$A$16:$A$4963,0),COLUMN())=0,0,INDEX(generale!$A$16:$G$4963,MATCH(NPG!$A304,generale!$A$16:$A$4963,0),COLUMN()))","v":2},{"$f":"IF(INDEX(generale!$A$16:$G$4963,MATCH(NPG!$A304,generale!$A$16:$A$4963,0),COLUMN())=0,0,INDEX(generale!$A$16:$G$4963,MATCH(NPG!$A304,generale!$A$16:$A$4963,0),COLUMN()))","v":14},{"$f":"IF(INDEX(generale!$A$16:$G$4963,MATCH(NPG!$A304,generale!$A$16:$A$4963,0),COLUMN())=0,0,INDEX(generale!$A$16:$G$4963,MATCH(NPG!$A304,generale!$A$16:$A$4963,0),COLUMN()))","v":10},{"$f":"IF(INDEX(generale!$A$16:$G$4963,MATCH(NPG!$A304,generale!$A$16:$A$4963,0),COLUMN())=0,0,INDEX(generale!$A$16:$G$4963,MATCH(NPG!$A304,generale!$A$16:$A$4963,0),COLUMN()))","v":5},{"$f":"generale!G314","v":"P"},5,0,13,0,1,10,3,7,11,12,2,6,6,0,3,0,1,4,0,1,null,null,null,null,null,null,null,null,null,null,null,null,null,null,null,null,1,1,1,1,1,15]
[{"$f":"IF(generale!$A315>0,generale!$A315,\"\")","v":"2005-10-29"},{"$f":"IF(INDEX(generale!$A$16:$G$4963,MATCH(NPG!$A305,generale!$A$16:$A$4963,0),COLUMN())=0,0,INDEX(generale!$A$16:$G$4963,MATCH(NPG!$A305,generale!$A$16:$A$4963,0),COLUMN()))","v":1},{"$f":"IF(INDEX(generale!$A$16:$G$4963,MATCH(NPG!$A305,generale!$A$16:$A$4963,0),COLUMN())=0,0,INDEX(generale!$A$16:$G$4963,MATCH(NPG!$A305,generale!$A$16:$A$4963,0),COLUMN()))","v":6},{"$f":"IF(INDEX(generale!$A$16:$G$4963,MATCH(NPG!$A305,generale!$A$16:$A$4963,0),COLUMN())=0,0,INDEX(generale!$A$16:$G$4963,MATCH(NPG!$A305,generale!$A$16:$A$4963,0),COLUMN()))","v":7},{"$f":"IF(INDEX(generale!$A$16:$G$4963,MATCH(NPG!$A305,generale!$A$16:$A$4963,0),COLUMN())=0,0,INDEX(generale!$A$16:$G$4963,MATCH(NPG!$A305,generale!$A$16:$A$4963,0),COLUMN()))","v":9},{"$f":"IF(INDEX(generale!$A$16:$G$4963,MATCH(NPG!$A305,generale!$A$16:$A$4963,0),COLUMN())=0,0,INDEX(generale!$A$16:$G$4963,MATCH(NPG!$A305,generale!$A$16:$A$4963,0),COLUMN()))","v":12},{"$f":"generale!G315","v":"O"},0,1,14,1,2,0,0,8,12,13,3,7,7,1,4,1,2,5,0,1,null,null,null,null,null,null,null,null,null,null,null,null,null,null,null,null,null,null,null,1,1,18]
[{"$f":"IF(generale!$A316>0,generale!$A316,\"\")","v":"2005-10-30"},{"$f":"IF(INDEX(generale!$A$16:$G$4963,MATCH(NPG!$A306,generale!$A$16:$A$4963,0),COLUMN())=0,0,INDEX(generale!$A$16:$G$4963,MATCH(NPG!$A306,generale!$A$16:$A$4963,0),COLUMN()))","v":15},{"$f":"IF(INDEX(generale!$A$16:$G$4963,MATCH(NPG!$A306,generale!$A$16:$A$4963,0),COLUMN())=0,0,INDEX(generale!$A$16:$G$4963,MATCH(NPG!$A306,generale!$A$16:$A$4963,0),COLUMN()))","v":5},{"$f":"IF(INDEX(generale!$A$16:$G$4963,MATCH(NPG!$A306,generale!$A$16:$A$4963,0),COLUMN())=0,0,INDEX(generale!$A$16:$G$4963,MATCH(NPG!$A306,generale!$A$16:$A$4963,0),COLUMN()))","v":14},{"$f":"IF(INDEX(generale!$A$16:$G$4963,MATCH(NPG!$A306,generale!$A$16:$A$4963,0),COLUMN())=0,0,INDEX(generale!$A$16:$G$4963,MATCH(NPG!$A306,generale!$A$16:$A$4963,0),COLUMN()))","v":3},{"$f":"IF(INDEX(generale!$A$16:$G$4963,MATCH(NPG!$A306,generale!$A$16:$A$4963,0),COLUMN())=0,0,INDEX(generale!$A$16:$G$4963,MATCH(NPG!$A306,generale!$A$16:$A$4963,0),COLUMN()))","v":6},{"$f":"generale!G316","v":"P"},1,2,15,2,0,1,1,9,13,14,4,8,8,0,0,2,3,6,0,1,null,null,null,null,null,null,null,null,null,null,null,null,null,null,null,null,null,null,null,1,1,18]
[{"$f":"IF(generale!$A317>0,generale!$A317,\"\")","v":"2005-10-31"},{"$f":"IF(INDEX(generale!$A$16:$G$4963,MATCH(NPG!$A307,generale!$A$16:$A$4963,0),COLUMN())=0,0,INDEX(generale!$A$16:$G$4963,MATCH(NPG!$A307,generale!$A$16:$A$4963,0),COLUMN()))","v":5},{"$f":"IF(INDEX(generale!$A$16:$G$4963,MATCH(NPG!$A307,generale!$A$16:$A$4963,0),COLUMN())=0,0,INDEX(generale!$A$16:$G$4963,MATCH(NPG!$A307,generale!$A$16:$A$4963,0),COLUMN()))","v":12},{"$f":"IF(INDEX(generale!$A$16:$G$4963,MATCH(NPG!$A307,generale!$A$16:$A$4963,0),COLUMN())=0,0,INDEX(generale!$A$16:$G$4963,MATCH(NPG!$A307,generale!$A$16:$A$4963,0),COLUMN()))","v":2},{"$f":"IF(INDEX(generale!$A$16:$G$4963,MATCH(NPG!$A307,generale!$A$16:$A$4963,0),COLUMN())=0,0,INDEX(generale!$A$16:$G$4963,MATCH(NPG!$A307,generale!$A$16:$A$4963,0),COLUMN()))","v":8},{"$f":"IF(INDEX(generale!$A$16:$G$4963,MATCH(NPG!$A307,generale!$A$16:$A$4963,0),COLUMN())=0,0,INDEX(generale!$A$16:$G$4963,MATCH(NPG!$A307,generale!$A$16:$A$4963,0),COLUMN()))","v":11},{"$f":"generale!G317","v":"P"},2,0,16,3,0,2,2,10,14,15,5,0,9,1,1,3,3,6,0,1,null,null,null,null,null,null,null,null,null,null,null,null,null,null,null,null,null,1,1,1,1,16]
[{"$f":"IF(generale!$A318>0,generale!$A318,\"\")","v":"2005-11-01"},{"$f":"IF(INDEX(generale!$A$16:$G$4963,MATCH(NPG!$A308,generale!$A$16:$A$4963,0),COLUMN())=0,0,INDEX(generale!$A$16:$G$4963,MATCH(NPG!$A308,generale!$A$16:$A$4963,0),COLUMN()))","v":18},{"$f":"IF(INDEX(generale!$A$16:$G$4963,MATCH(NPG!$A308,generale!$A$16:$A$4963,0),COLUMN())=0,0,INDEX(generale!$A$16:$G$4963,MATCH(NPG!$A308,generale!$A$16:$A$4963,0),COLUMN()))","v":1},{"$f":"IF(INDEX(generale!$A$16:$G$4963,MATCH(NPG!$A308,generale!$A$16:$A$4963,0),COLUMN())=0,0,INDEX(generale!$A$16:$G$4963,MATCH(NPG!$A308,generale!$A$16:$A$4963,0),COLUMN()))","v":15},{"$f":"IF(INDEX(generale!$A$16:$G$4963,MATCH(NPG!$A308,generale!$A$16:$A$4963,0),COLUMN())=0,0,INDEX(generale!$A$16:$G$4963,MATCH(NPG!$A308,generale!$A$16:$A$4963,0),COLUMN()))","v":11},{"$f":"IF(INDEX(generale!$A$16:$G$4963,MATCH(NPG!$A308,generale!$A$16:$A$4963,0),COLUMN())=0,0,INDEX(generale!$A$16:$G$4963,MATCH(NPG!$A308,generale!$A$16:$A$4963,0),COLUMN()))","v":3},{"$f":"generale!G318","v":"P"},0,1,17,4,1,3,3,11,15,16,6,1,10,2,0,4,3,0,0,1,null,null,null,null,null,null,null,null,null,null,null,null,null,null,null,null,null,1,1,1,1,16]
[{"$f":"IF(generale!$A319>0,generale!$A319,\"\")","v":"2005-11-02"},{"$f":"IF(INDEX(generale!$A$16:$G$4963,MATCH(NPG!$A309,generale!$A$16:$A$4963,0),COLUMN())=0,0,INDEX(generale!$A$16:$G$4963,MATCH(NPG!$A309,generale!$A$16:$A$4963,0),COLUMN()))","v":6},{"$f":"IF(INDEX(generale!$A$16:$G$4963,MATCH(NPG!$A309,generale!$A$16:$A$4963,0),COLUMN())=0,0,INDEX(generale!$A$16:$G$4963,MATCH(NPG!$A309,generale!$A$16:$A$4963,0),COLUMN()))","v":5},{"$f":"IF(INDEX(generale!$A$16:$G$4963,MATCH(NPG!$A309,generale!$A$16:$A$4963,0),COLUMN())=0,0,INDEX(generale!$A$16:$G$4963,MATCH(NPG!$A309,generale!$A$16:$A$4963,0),COLUMN()))","v":1},{"$f":"IF(INDEX(generale!$A$16:$G$4963,MATCH(NPG!$A309,generale!$A$16:$A$4963,0),COLUMN())=0,0,INDEX(generale!$A$16:$G$4963,MATCH(NPG!$A309,generale!$A$16:$A$4963,0),COLUMN()))","v":4},{"$f":"IF(INDEX(generale!$A$16:$G$4963,MATCH(NPG!$A309,generale!$A$16:$A$4963,0),COLUMN())=0,0,INDEX(generale!$A$16:$G$4963,MATCH(NPG!$A309,generale!$A$16:$A$4963,0),COLUMN()))","v":3},{"$f":"generale!G319","v":"T"},0,2,18,5,0,0,4,12,16,17,7,2,11,3,1,5,3,0,0,1,null,null,null,null,null,null,null,null,null,null,null,null,null,null,null,null,null,1,1,1,1,16]
[{"$f":"IF(generale!$A320>0,generale!$A320,\"\")","v":"2005-11-03"},{"$f":"IF(INDEX(generale!$A$16:$G$4963,MATCH(NPG!$A310,generale!$A$16:$A$4963,0),COLUMN())=0,0,INDEX(generale!$A$16:$G$4963,MATCH(NPG!$A310,generale!$A$16:$A$4963,0),COLUMN()))","v":9},{"$f":"IF(INDEX(generale!$A$16:$G$4963,MATCH(NPG!$A310,generale!$A$16:$A$4963,0),COLUMN())=0,0,INDEX(generale!$A$16:$G$4963,MATCH(NPG!$A310,generale!$A$16:$A$4963,0),COLUMN()))","v":15},{"$f":"IF(INDEX(generale!$A$16:$G$4963,MATCH(NPG!$A310,generale!$A$16:$A$4963,0),COLUMN())=0,0,INDEX(generale!$A$16:$G$4963,MATCH(NPG!$A310,generale!$A$16:$A$4963,0),COLUMN()))","v":10},{"$f":"IF(INDEX(generale!$A$16:$G$4963,MATCH(NPG!$A310,generale!$A$16:$A$4963,0),COLUMN())=0,0,INDEX(generale!$A$16:$G$4963,MATCH(NPG!$A310,generale!$A$16:$A$4963,0),COLUMN()))","v":13},{"$f":"IF(INDEX(generale!$A$16:$G$4963,MATCH(NPG!$A310,generale!$A$16:$A$4963,0),COLUMN())=0,0,INDEX(generale!$A$16:$G$4963,MATCH(NPG!$A310,generale!$A$16:$A$4963,0),COLUMN()))","v":14},{"$f":"generale!G320","v":"T"},1,3,19,6,1,0,5,13,0,0,8,3,12,4,0,5,3,0,0,1,null,null,null,null,null,null,1,null,null,null,null,null,null,null,null,1,1,1,1,1,1,13]
[{"$f":"IF(generale!$A321>0,generale!$A321,\"\")","v":"2005-11-04"},{"$f":"IF(INDEX(generale!$A$16:$G$4963,MATCH(NPG!$A311,generale!$A$16:$A$4963,0),COLUMN())=0,0,INDEX(generale!$A$16:$G$4963,MATCH(NPG!$A311,generale!$A$16:$A$4963,0),COLUMN()))","v":6},{"$f":"IF(INDEX(generale!$A$16:$G$4963,MATCH(NPG!$A311,generale!$A$16:$A$4963,0),COLUMN())=0,0,INDEX(generale!$A$16:$G$4963,MATCH(NPG!$A311,generale!$A$16:$A$4963,0),COLUMN()))","v":12},{"$f":"IF(INDEX(generale!$A$16:$G$4963,MATCH(NPG!$A311,generale!$A$16:$A$4963,0),COLUMN())=0,0,INDEX(generale!$A$16:$G$4963,MATCH(NPG!$A311,generale!$A$16:$A$4963,0),COLUMN()))","v":1},{"$f":"IF(INDEX(generale!$A$16:$G$4963,MATCH(NPG!$A311,generale!$A$16:$A$4963,0),COLUMN())=0,0,INDEX(generale!$A$16:$G$4963,MATCH(NPG!$A311,generale!$A$16:$A$4963,0),COLUMN()))","v":9},{"$f":"IF(INDEX(generale!$A$16:$G$4963,MATCH(NPG!$A311,generale!$A$16:$A$4963,0),COLUMN())=0,0,INDEX(generale!$A$16:$G$4963,MATCH(NPG!$A311,generale!$A$16:$A$4963,0),COLUMN()))","v":15},{"$f":"generale!G321","v":"T"},0,4,20,7,2,0,6,14,1,1,9,0,13,5,1,6,3,0,0,1,null,null,null,null,null,null,null,null,null,null,null,null,null,null,null,null,null,1,1,1,1,16]
[{"$f":"IF(generale!$A322>0,generale!$A322,\"\")","v":"2005-11-05"},{"$f":"IF(INDEX(generale!$A$16:$G$4963,MATCH(NPG!$A312,generale!$A$16:$A$4963,0),COLUMN())=0,0,INDEX(generale!$A$16:$G$4963,MATCH(NPG!$A312,generale!$A$16:$A$4963,0),COLUMN()))","v":3},{"$f":"IF(INDEX(generale!$A$16:$G$4963,MATCH(NPG!$A312,generale!$A$16:$A$4963,0),COLUMN())=0,0,INDEX(generale!$A$16:$G$4963,MATCH(NPG!$A312,generale!$A$16:$A$4963,0),COLUMN()))","v":14},{"$f":"IF(INDEX(generale!$A$16:$G$4963,MATCH(NPG!$A312,generale!$A$16:$A$4963,0),COLUMN())=0,0,INDEX(generale!$A$16:$G$4963,MATCH(NPG!$A312,generale!$A$16:$A$4963,0),COLUMN()))","v":6},{"$f":"IF(INDEX(generale!$A$16:$G$4963,MATCH(NPG!$A312,generale!$A$16:$A$4963,0),COLUMN())=0,0,INDEX(generale!$A$16:$G$4963,MATCH(NPG!$A312,generale!$A$16:$A$4963,0),COLUMN()))","v":5},{"$f":"IF(INDEX(generale!$A$16:$G$4963,MATCH(NPG!$A312,generale!$A$16:$A$4963,0),COLUMN())=0,0,INDEX(generale!$A$16:$G$4963,MATCH(NPG!$A312,generale!$A$16:$A$4963,0),COLUMN()))","v":15},{"$f":"generale!G322","v":"O"},0,4,0,7,2,0,6,14,1,1,9,0,13,0,1,6,3,0,0,1,null,1,1,1,1,1,1,1,1,1,1,1,1,1,1,1,1,1,1,1,1,0]
[{"$f":"IF(generale!$A323>0,generale!$A323,\"\")","v":"2005-11-06"},{"$f":"IF(INDEX(generale!$A$16:$G$4963,MATCH(NPG!$A313,generale!$A$16:$A$4963,0),COLUMN())=0,0,INDEX(generale!$A$16:$G$4963,MATCH(NPG!$A313,generale!$A$16:$A$4963,0),COLUMN()))","v":4},{"$f":"IF(INDEX(generale!$A$16:$G$4963,MATCH(NPG!$A313,generale!$A$16:$A$4963,0),COLUMN())=0,0,INDEX(generale!$A$16:$G$4963,MATCH(NPG!$A313,generale!$A$16:$A$4963,0),COLUMN()))","v":6},{"$f":"IF(INDEX(generale!$A$16:$G$4963,MATCH(NPG!$A313,generale!$A$16:$A$4963,0),COLUMN())=0,0,INDEX(generale!$A$16:$G$4963,MATCH(NPG!$A313,generale!$A$16:$A$4963,0),COLUMN()))","v":12},{"$f":"IF(INDEX(generale!$A$16:$G$4963,MATCH(NPG!$A313,generale!$A$16:$A$4963,0),COLUMN())=0,0,INDEX(generale!$A$16:$G$4963,MATCH(NPG!$A313,generale!$A$16:$A$4963,0),COLUMN()))","v":11},{"$f":"IF(INDEX(generale!$A$16:$G$4963,MATCH(NPG!$A313,generale!$A$16:$A$4963,0),COLUMN())=0,0,INDEX(generale!$A$16:$G$4963,MATCH(NPG!$A313,generale!$A$16:$A$4963,0),COLUMN()))","v":3},{"$f":"generale!G323","v":"O"},1,5,1,0,3,0,7,15,2,2,10,0,14,1,2,7,4,0,0,1,null,null,null,null,null,null,null,null,null,null,null,null,null,null,null,null,null,null,1,1,1,17]
[{"$f":"IF(generale!$A324>0,generale!$A324,\"\")","v":"2005-11-07"},{"$f":"IF(INDEX(generale!$A$16:$G$4963,MATCH(NPG!$A314,generale!$A$16:$A$4963,0),COLUMN())=0,0,INDEX(generale!$A$16:$G$4963,MATCH(NPG!$A314,generale!$A$16:$A$4963,0),COLUMN()))","v":6},{"$f":"IF(INDEX(generale!$A$16:$G$4963,MATCH(NPG!$A314,generale!$A$16:$A$4963,0),COLUMN())=0,0,INDEX(generale!$A$16:$G$4963,MATCH(NPG!$A314,generale!$A$16:$A$4963,0),COLUMN()))","v":13},{"$f":"IF(INDEX(generale!$A$16:$G$4963,MATCH(NPG!$A314,generale!$A$16:$A$4963,0),COLUMN())=0,0,INDEX(generale!$A$16:$G$4963,MATCH(NPG!$A314,generale!$A$16:$A$4963,0),COLUMN()))","v":3},{"$f":"IF(INDEX(generale!$A$16:$G$4963,MATCH(NPG!$A314,generale!$A$16:$A$4963,0),COLUMN())=0,0,INDEX(generale!$A$16:$G$4963,MATCH(NPG!$A314,generale!$A$16:$A$4963,0),COLUMN()))","v":5},{"$f":"IF(INDEX(generale!$A$16:$G$4963,MATCH(NPG!$A314,generale!$A$16:$A$4963,0),COLUMN())=0,0,INDEX(generale!$A$16:$G$4963,MATCH(NPG!$A314,generale!$A$16:$A$4963,0),COLUMN()))","v":1},{"$f":"generale!G324","v":"T"},2,6,0,1,4,0,8,16,3,3,11,1,0,2,3,8,5,0,0,1,null,null,null,null,null,null,null,null,null,null,null,null,null,null,null,null,null,null,1,1,1,17]
[{"$f":"IF(generale!$A325>0,generale!$A325,\"\")","v":"2005-11-08"},{"$f":"IF(INDEX(generale!$A$16:$G$4963,MATCH(NPG!$A315,generale!$A$16:$A$4963,0),COLUMN())=0,0,INDEX(generale!$A$16:$G$4963,MATCH(NPG!$A315,generale!$A$16:$A$4963,0),COLUMN()))","v":4},{"$f":"IF(INDEX(generale!$A$16:$G$4963,MATCH(NPG!$A315,generale!$A$16:$A$4963,0),COLUMN())=0,0,INDEX(generale!$A$16:$G$4963,MATCH(NPG!$A315,generale!$A$16:$A$4963,0),COLUMN()))","v":2},{"$f":"IF(INDEX(generale!$A$16:$G$4963,MATCH(NPG!$A315,generale!$A$16:$A$4963,0),COLUMN())=0,0,INDEX(generale!$A$16:$G$4963,MATCH(NPG!$A315,generale!$A$16:$A$4963,0),COLUMN()))","v":6},{"$f":"IF(INDEX(generale!$A$16:$G$4963,MATCH(NPG!$A315,generale!$A$16:$A$4963,0),COLUMN())=0,0,INDEX(generale!$A$16:$G$4963,MATCH(NPG!$A315,generale!$A$16:$A$4963,0),COLUMN()))","v":14},{"$f":"IF(INDEX(generale!$A$16:$G$4963,MATCH(NPG!$A315,generale!$A$16:$A$4963,0),COLUMN())=0,0,INDEX(generale!$A$16:$G$4963,MATCH(NPG!$A315,generale!$A$16:$A$4963,0),COLUMN()))","v":10},{"$f":"generale!G325","v":"P"},3,0,1,0,5,0,9,17,4,4,12,2,1,3,4,9,6,0,0,1,null,null,null,null,null,null,null,null,null,null,null,null,null,null,null,null,null,null,1,1,1,17]
[{"$f":"IF(generale!$A326>0,generale!$A326,\"\")","v":"2005-11-09"},{"$f":"IF(INDEX(generale!$A$16:$G$4963,MATCH(NPG!$A316,generale!$A$16:$A$4963,0),COLUMN())=0,0,INDEX(generale!$A$16:$G$4963,MATCH(NPG!$A316,generale!$A$16:$A$4963,0),COLUMN()))","v":17},{"$f":"IF(INDEX(generale!$A$16:$G$4963,MATCH(NPG!$A316,generale!$A$16:$A$4963,0),COLUMN())=0,0,INDEX(generale!$A$16:$G$4963,MATCH(NPG!$A316,generale!$A$16:$A$4963,0),COLUMN()))","v":2},{"$f":"IF(INDEX(generale!$A$16:$G$4963,MATCH(NPG!$A316,generale!$A$16:$A$4963,0),COLUMN())=0,0,INDEX(generale!$A$16:$G$4963,MATCH(NPG!$A316,generale!$A$16:$A$4963,0),COLUMN()))","v":1},{"$f":"IF(INDEX(generale!$A$16:$G$4963,MATCH(NPG!$A316,generale!$A$16:$A$4963,0),COLUMN())=0,0,INDEX(generale!$A$16:$G$4963,MATCH(NPG!$A316,generale!$A$16:$A$4963,0),COLUMN()))","v":4},{"$f":"IF(INDEX(generale!$A$16:$G$4963,MATCH(NPG!$A316,generale!$A$16:$A$4963,0),COLUMN())=0,0,INDEX(generale!$A$16:$G$4963,MATCH(NPG!$A316,generale!$A$16:$A$4963,0),COLUMN()))","v":8},{"$f":"generale!G326","v":"T"},0,0,2,1,6,1,10,18,5,5,13,3,2,4,5,10,0,1,0,1,null,null,null,null,null,null,null,null,null,null,null,null,null,null,null,null,null,null,null,1,1,18]
[{"$f":"IF(generale!$A327>0,generale!$A327,\"\")","v":"2005-11-10"},{"$f":"IF(INDEX(generale!$A$16:$G$4963,MATCH(NPG!$A317,generale!$A$16:$A$4963,0),COLUMN())=0,0,INDEX(generale!$A$16:$G$4963,MATCH(NPG!$A317,generale!$A$16:$A$4963,0),COLUMN()))","v":5},{"$f":"IF(INDEX(generale!$A$16:$G$4963,MATCH(NPG!$A317,generale!$A$16:$A$4963,0),COLUMN())=0,0,INDEX(generale!$A$16:$G$4963,MATCH(NPG!$A317,generale!$A$16:$A$4963,0),COLUMN()))","v":6},{"$f":"IF(INDEX(generale!$A$16:$G$4963,MATCH(NPG!$A317,generale!$A$16:$A$4963,0),COLUMN())=0,0,INDEX(generale!$A$16:$G$4963,MATCH(NPG!$A317,generale!$A$16:$A$4963,0),COLUMN()))","v":18},{"$f":"IF(INDEX(generale!$A$16:$G$4963,MATCH(NPG!$A317,generale!$A$16:$A$4963,0),COLUMN())=0,0,INDEX(generale!$A$16:$G$4963,MATCH(NPG!$A317,generale!$A$16:$A$4963,0),COLUMN()))","v":15},{"$f":"IF(INDEX(generale!$A$16:$G$4963,MATCH(NPG!$A317,generale!$A$16:$A$4963,0),COLUMN())=0,0,INDEX(generale!$A$16:$G$4963,MATCH(NPG!$A317,generale!$A$16:$A$4963,0),COLUMN()))","v":10},{"$f":"generale!G327","v":"T"},1,1,3,2,0,0,11,19,6,6,14,4,3,5,6,10,1,0,0,1,null,null,null,null,null,null,null,null,null,null,null,null,null,null,null,null,1,null,1,1,1,16]
[{"$f":"IF(generale!$A328>0,generale!$A328,\"\")","v":"2005-11-11"},{"$f":"IF(INDEX(generale!$A$16:$G$4963,MATCH(NPG!$A318,generale!$A$16:$A$4963,0),COLUMN())=0,0,INDEX(generale!$A$16:$G$4963,MATCH(NPG!$A318,generale!$A$16:$A$4963,0),COLUMN()))","v":4},{"$f":"IF(INDEX(generale!$A$16:$G$4963,MATCH(NPG!$A318,generale!$A$16:$A$4963,0),COLUMN())=0,0,INDEX(generale!$A$16:$G$4963,MATCH(NPG!$A318,generale!$A$16:$A$4963,0),COLUMN()))","v":11},{"$f":"IF(INDEX(generale!$A$16:$G$4963,MATCH(NPG!$A318,generale!$A$16:$A$4963,0),COLUMN())=0,0,INDEX(generale!$A$16:$G$4963,MATCH(NPG!$A318,generale!$A$16:$A$4963,0),COLUMN()))","v":9},{"$f":"IF(INDEX(generale!$A$16:$G$4963,MATCH(NPG!$A318,generale!$A$16:$A$4963,0),COLUMN())=0,0,INDEX(generale!$A$16:$G$4963,MATCH(NPG!$A318,generale!$A$16:$A$4963,0),COLUMN()))","v":5},{"$f":"IF(INDEX(generale!$A$16:$G$4963,MATCH(NPG!$A318,generale!$A$16:$A$4963,0),COLUMN())=0,0,INDEX(generale!$A$16:$G$4963,MATCH(NPG!$A318,generale!$A$16:$A$4963,0),COLUMN()))","v":13},{"$f":"generale!G328","v":"P"},2,2,4,0,1,1,12,20,0,7,0,5,4,6,7,11,1,0,0,1,null,null,null,null,null,null,null,null,null,null,null,null,null,null,null,null,null,1,1,1,1,16]
[{"$f":"IF(generale!$A329>0,generale!$A329,\"\")","v":"2005-11-12"},{"$f":"IF(INDEX(generale!$A$16:$G$4963,MATCH(NPG!$A319,generale!$A$16:$A$4963,0),COLUMN())=0,0,INDEX(generale!$A$16:$G$4963,MATCH(NPG!$A319,generale!$A$16:$A$4963,0),COLUMN()))","v":14},{"$f":"IF(INDEX(generale!$A$16:$G$4963,MATCH(NPG!$A319,generale!$A$16:$A$4963,0),COLUMN())=0,0,INDEX(generale!$A$16:$G$4963,MATCH(NPG!$A319,generale!$A$16:$A$4963,0),COLUMN()))","v":11},{"$f":"IF(INDEX(generale!$A$16:$G$4963,MATCH(NPG!$A319,generale!$A$16:$A$4963,0),COLUMN())=0,0,INDEX(generale!$A$16:$G$4963,MATCH(NPG!$A319,generale!$A$16:$A$4963,0),COLUMN()))","v":8},{"$f":"IF(INDEX(generale!$A$16:$G$4963,MATCH(NPG!$A319,generale!$A$16:$A$4963,0),COLUMN())=0,0,INDEX(generale!$A$16:$G$4963,MATCH(NPG!$A319,generale!$A$16:$A$4963,0),COLUMN()))","v":5},{"$f":"IF(INDEX(generale!$A$16:$G$4963,MATCH(NPG!$A319,generale!$A$16:$A$4963,0),COLUMN())=0,0,INDEX(generale!$A$16:$G$4963,MATCH(NPG!$A319,generale!$A$16:$A$4963,0),COLUMN()))","v":4},{"$f":"generale!G329","v":"P"},3,3,5,1,2,2,13,0,1,8,0,6,5,0,8,12,1,0,0,1,null,null,null,null,null,null,null,null,null,null,null,null,null,null,null,null,null,1,1,1,1,16]
[{"$f":"IF(generale!$A330>0,generale!$A330,\"\")","v":"2005-11-13"},{"$f":"IF(INDEX(generale!$A$16:$G$4963,MATCH(NPG!$A320,generale!$A$16:$A$4963,0),COLUMN())=0,0,INDEX(generale!$A$16:$G$4963,MATCH(NPG!$A320,generale!$A$16:$A$4963,0),COLUMN()))","v":15},{"$f":"IF(INDEX(generale!$A$16:$G$4963,MATCH(NPG!$A320,generale!$A$16:$A$4963,0),COLUMN())=0,0,INDEX(generale!$A$16:$G$4963,MATCH(NPG!$A320,generale!$A$16:$A$4963,0),COLUMN()))","v":4},{"$f":"IF(INDEX(generale!$A$16:$G$4963,MATCH(NPG!$A320,generale!$A$16:$A$4963,0),COLUMN())=0,0,INDEX(generale!$A$16:$G$4963,MATCH(NPG!$A320,generale!$A$16:$A$4963,0),COLUMN()))","v":1},{"$f":"IF(INDEX(generale!$A$16:$G$4963,MATCH(NPG!$A320,generale!$A$16:$A$4963,0),COLUMN())=0,0,INDEX(generale!$A$16:$G$4963,MATCH(NPG!$A320,generale!$A$16:$A$4963,0),COLUMN()))","v":8},{"$f":"IF(INDEX(generale!$A$16:$G$4963,MATCH(NPG!$A320,generale!$A$16:$A$4963,0),COLUMN())=0,0,INDEX(generale!$A$16:$G$4963,MATCH(NPG!$A320,generale!$A$16:$A$4963,0),COLUMN()))","v":5},{"$f":"generale!G330","v":"O"},0,4,6,0,3,3,14,1,2,9,1,7,6,1,0,13,1,0,0,1,null,null,null,null,null,null,null,null,null,null,null,null,null,null,null,null,null,1,1,1,1,16]
[{"$f":"IF(generale!$A331>0,generale!$A331,\"\")","v":"2005-11-14"},{"$f":"IF(INDEX(generale!$A$16:$G$4963,MATCH(NPG!$A321,generale!$A$16:$A$4963,0),COLUMN())=0,0,INDEX(generale!$A$16:$G$4963,MATCH(NPG!$A321,generale!$A$16:$A$4963,0),COLUMN()))","v":17},{"$f":"IF(INDEX(generale!$A$16:$G$4963,MATCH(NPG!$A321,generale!$A$16:$A$4963,0),COLUMN())=0,0,INDEX(generale!$A$16:$G$4963,MATCH(NPG!$A321,generale!$A$16:$A$4963,0),COLUMN()))","v":11},{"$f":"IF(INDEX(generale!$A$16:$G$4963,MATCH(NPG!$A321,generale!$A$16:$A$4963,0),COLUMN())=0,0,INDEX(generale!$A$16:$G$4963,MATCH(NPG!$A321,generale!$A$16:$A$4963,0),COLUMN()))","v":9},{"$f":"IF(INDEX(generale!$A$16:$G$4963,MATCH(NPG!$A321,generale!$A$16:$A$4963,0),COLUMN())=0,0,INDEX(generale!$A$16:$G$4963,MATCH(NPG!$A321,generale!$A$16:$A$4963,0),COLUMN()))","v":13},{"$f":"IF(INDEX(generale!$A$16:$G$4963,MATCH(NPG!$A321,generale!$A$16:$A$4963,0),COLUMN())=0,0,INDEX(generale!$A$16:$G$4963,MATCH(NPG!$A321,generale!$A$16:$A$4963,0),COLUMN()))","v":14},{"$f":"generale!G331","v":"T"},1,5,7,1,4,4,15,2,0,10,0,8,7,2,1,14,0,1,0,1,null,null,null,null,null,null,null,null,null,null,null,null,null,null,null,null,null,null,null,1,1,18]
[{"$f":"IF(generale!$A332>0,generale!$A332,\"\")","v":"2005-11-15"},{"$f":"IF(INDEX(generale!$A$16:$G$4963,MATCH(NPG!$A322,generale!$A$16:$A$4963,0),COLUMN())=0,0,INDEX(generale!$A$16:$G$4963,MATCH(NPG!$A322,generale!$A$16:$A$4963,0),COLUMN()))","v":12},{"$f":"IF(INDEX(generale!$A$16:$G$4963,MATCH(NPG!$A322,generale!$A$16:$A$4963,0),COLUMN())=0,0,INDEX(generale!$A$16:$G$4963,MATCH(NPG!$A322,generale!$A$16:$A$4963,0),COLUMN()))","v":9},{"$f":"IF(INDEX(generale!$A$16:$G$4963,MATCH(NPG!$A322,generale!$A$16:$A$4963,0),COLUMN())=0,0,INDEX(generale!$A$16:$G$4963,MATCH(NPG!$A322,generale!$A$16:$A$4963,0),COLUMN()))","v":13},{"$f":"IF(INDEX(generale!$A$16:$G$4963,MATCH(NPG!$A322,generale!$A$16:$A$4963,0),COLUMN())=0,0,INDEX(generale!$A$16:$G$4963,MATCH(NPG!$A322,generale!$A$16:$A$4963,0),COLUMN()))","v":5},{"$f":"IF(INDEX(generale!$A$16:$G$4963,MATCH(NPG!$A322,generale!$A$16:$A$4963,0),COLUMN())=0,0,INDEX(generale!$A$16:$G$4963,MATCH(NPG!$A322,generale!$A$16:$A$4963,0),COLUMN()))","v":15},{"$f":"generale!G332","v":"T"},2,6,8,2,5,5,16,3,0,11,1,0,0,3,2,15,0,1,0,1,null,null,null,null,null,null,null,null,null,null,null,null,null,null,null,null,null,1,1,1,1,16]
[{"$f":"IF(generale!$A333>0,generale!$A333,\"\")","v":"2005-11-16"},{"$f":"IF(INDEX(generale!$A$16:$G$4963,MATCH(NPG!$A323,generale!$A$16:$A$4963,0),COLUMN())=0,0,INDEX(generale!$A$16:$G$4963,MATCH(NPG!$A323,generale!$A$16:$A$4963,0),COLUMN()))","v":4},{"$f":"IF(INDEX(generale!$A$16:$G$4963,MATCH(NPG!$A323,generale!$A$16:$A$4963,0),COLUMN())=0,0,INDEX(generale!$A$16:$G$4963,MATCH(NPG!$A323,generale!$A$16:$A$4963,0),COLUMN()))","v":12},{"$f":"IF(INDEX(generale!$A$16:$G$4963,MATCH(NPG!$A323,generale!$A$16:$A$4963,0),COLUMN())=0,0,INDEX(generale!$A$16:$G$4963,MATCH(NPG!$A323,generale!$A$16:$A$4963,0),COLUMN()))","v":3},{"$f":"IF(INDEX(generale!$A$16:$G$4963,MATCH(NPG!$A323,generale!$A$16:$A$4963,0),COLUMN())=0,0,INDEX(generale!$A$16:$G$4963,MATCH(NPG!$A323,generale!$A$16:$A$4963,0),COLUMN()))","v":6},{"$f":"IF(INDEX(generale!$A$16:$G$4963,MATCH(NPG!$A323,generale!$A$16:$A$4963,0),COLUMN())=0,0,INDEX(generale!$A$16:$G$4963,MATCH(NPG!$A323,generale!$A$16:$A$4963,0),COLUMN()))","v":5},{"$f":"generale!G333","v":"T"},3,7,0,0,6,6,17,4,1,12,2,0,1,4,3,16,0,1,0,1,null,null,null,null,null,null,null,null,null,null,null,null,null,null,null,null,null,1,1,1,1,16]
[{"$f":"IF(generale!$A334>0,generale!$A334,\"\")","v":"2005-11-17"},{"$f":"IF(INDEX(generale!$A$16:$G$4963,MATCH(NPG!$A324,generale!$A$16:$A$4963,0),COLUMN())=0,0,INDEX(generale!$A$16:$G$4963,MATCH(NPG!$A324,generale!$A$16:$A$4963,0),COLUMN()))","v":7},{"$f":"IF(INDEX(generale!$A$16:$G$4963,MATCH(NPG!$A324,generale!$A$16:$A$4963,0),COLUMN())=0,0,INDEX(generale!$A$16:$G$4963,MATCH(NPG!$A324,generale!$A$16:$A$4963,0),COLUMN()))","v":6},{"$f":"IF(INDEX(generale!$A$16:$G$4963,MATCH(NPG!$A324,generale!$A$16:$A$4963,0),COLUMN())=0,0,INDEX(generale!$A$16:$G$4963,MATCH(NPG!$A324,generale!$A$16:$A$4963,0),COLUMN()))","v":5},{"$f":"IF(INDEX(generale!$A$16:$G$4963,MATCH(NPG!$A324,generale!$A$16:$A$4963,0),COLUMN())=0,0,INDEX(generale!$A$16:$G$4963,MATCH(NPG!$A324,generale!$A$16:$A$4963,0),COLUMN()))","v":3},{"$f":"IF(INDEX(generale!$A$16:$G$4963,MATCH(NPG!$A324,generale!$A$16:$A$4963,0),COLUMN())=0,0,INDEX(generale!$A$16:$G$4963,MATCH(NPG!$A324,generale!$A$16:$A$4963,0),COLUMN()))","v":15},{"$f":"generale!G334","v":"P"},{"$f":"IF($G324<>0,IF(OR(LEN(SUBSTITUTE(SUBSTITUTE($B324,H$1,,1),,1))=0,LEN(SUBSTITUTE(SUBSTITUTE($C324,H$1,,1),,1))=0,LEN(SUBSTITUTE(SUBSTITUTE($D324,H$1,,1),,1))=0),0,H323+1-AC324),\"\")","v":4},{"$f":"IF($G324<>0,IF(OR(LEN(SUBSTITUTE(SUBSTITUTE($B324,I$1,,1),,1))=0,LEN(SUBSTITUTE(SUBSTITUTE($C324,I$1,,1),,1))=0,LEN(SUBSTITUTE(SUBSTITUTE($D324,I$1,,1),,1))=0),0,I323+1-AD324),\"\")","v":8},{"$f":"IF($G324<>0,IF(OR(LEN(SUBSTITUTE(SUBSTITUTE($B324,J$1,,1),,1))=0,LEN(SUBSTITUTE(SUBSTITUTE($C324,J$1,,1),,1))=0,LEN(SUBSTITUTE(SUBSTITUTE($D324,J$1,,1),,1))=0),0,J323+1-AE324),\"\")","v":1},{"$f":"IF($G324<>0,IF(OR(LEN(SUBSTITUTE(SUBSTITUTE($B324,K$1,,1),,1))=0,LEN(SUBSTITUTE(SUBSTITUTE($C324,K$1,,1),,1))=0,LEN(SUBSTITUTE(SUBSTITUTE($D324,K$1,,1),,1))=0),0,K323+1-AF324),\"\")","v":1},{"$f":"IF($G324<>0,IF(OR(LEN(SUBSTITUTE(SUBSTITUTE($B324,L$1,,1),,1))=0,LEN(SUBSTITUTE(SUBSTITUTE($C324,L$1,,1),,1))=0,LEN(SUBSTITUTE(SUBSTITUTE($D324,L$1,,1),,1))=0),0,L323+1-AG324),\"\")","v":0},{"$f":"IF($G324<>0,IF(OR(LEN(SUBSTITUTE(SUBSTITUTE($B324,M$1,,1),,1))=0,LEN(SUBSTITUTE(SUBSTITUTE($C324,M$1,,1),,1))=0,LEN(SUBSTITUTE(SUBSTITUTE($D324,M$1,,1),,1))=0),0,M323+1-AH324),\"\")","v":0},{"$f":"IF($G324<>0,IF(OR(LEN(SUBSTITUTE(SUBSTITUTE($B324,N$1,,1),,1))=0,LEN(SUBSTITUTE(SUBSTITUTE($C324,N$1,,1),,1))=0,LEN(SUBSTITUTE(SUBSTITUTE($D324,N$1,,1),,1))=0),0,N323+1-AI324),\"\")","v":0},{"$f":"IF($G324<>0,IF(OR(LEN(SUBSTITUTE(SUBSTITUTE($B324,O$1,,1),,1))=0,LEN(SUBSTITUTE(SUBSTITUTE($C324,O$1,,1),,1))=0,LEN(SUBSTITUTE(SUBSTITUTE($D324,O$1,,1),,1))=0),0,O323+1-AJ324),\"\")","v":5},{"$f":"IF($G324<>0,IF(OR(LEN(SUBSTITUTE(SUBSTITUTE($B324,P$1,,1),,1))=0,LEN(SUBSTITUTE(SUBSTITUTE($C324,P$1,,1),,1))=0,LEN(SUBSTITUTE(SUBSTITUTE($D324,P$1,,1),,1))=0),0,P323+1-AK324),\"\")","v":2},{"$f":"IF($G324<>0,IF(OR(LEN(SUBSTITUTE(SUBSTITUTE($B324,Q$1,,1),,1))=0,LEN(SUBSTITUTE(SUBSTITUTE($C324,Q$1,,1),,1))=0,LEN(SUBSTITUTE(SUBSTITUTE($D324,Q$1,,1),,1))=0),0,Q323+1-AL324),\"\")","v":13},{"$f":"IF($G324<>0,IF(OR(LEN(SUBSTITUTE(SUBSTITUTE($B324,R$1,,1),,1))=0,LEN(SUBSTITUTE(SUBSTITUTE($C324,R$1,,1),,1))=0,LEN(SUBSTITUTE(SUBSTITUTE($D324,R$1,,1),,1))=0),0,R323+1-AM324),\"\")","v":3},{"$f":"IF($G324<>0,IF(OR(LEN(SUBSTITUTE(SUBSTITUTE($B324,S$1,,1),,1))=0,LEN(SUBSTITUTE(SUBSTITUTE($C324,S$1,,1),,1))=0,LEN(SUBSTITUTE(SUBSTITUTE($D324,S$1,,1),,1))=0),0,S323